{"text_format":"2","workbook":"xlsx","n_sheets":1,"sheets":["pca_2026 do compras"],"not_rendered":{"charts":0,"images":0,"macros":0,"external_links":0,"defined_names":1,"comments":0,"pivot_tables":0},"unopened":[],"bounds":{"document_bytes":16777216,"sheet_cells":100000,"run_cost":"one","rows_first":2000,"rows_last":500,"rows_between":2000,"halvings":0,"cell_chars":16384,"cell_head_chars":4096},"cells_cut":0,"cells_raw":0,"read":"whole","date_system":"1900"}

{"sheet":"pca_2026 do compras","index":0,"n_rows":3884,"n_cols":27,"rows_kept":3884,"cut":false,"hidden":false,"merged":[]}
["Número da contratação","Status da contratação","Situação da Execução","Título da contratação","Categoria da contratação","UASG Atual","Data estimada para o início do processo de contratação","Data estimada para a conclusão do processo de contratação","Prazo estimado de duração do processo de contratação (dias)","Área requisitante","Nº DFD","Prioridade","Nº do Item no DFD","Data da conclusão da Contratação no DFD","Classificação da Contratação","Código Classe/Grupo","Nome Classe/Grupo","Código PDM material","Nome do PDM material","Código material/serviço","Descrição material/serviço","Unidade Fornecimento","Valor Unitário","Quantidade","Valor Total"]
["16/2026","Aprovada",null,"SEINFRA E OUTROS - MATERIAIS ELÉTRICOS E ELETRÔNICOS","BENS",153052.0,"2026-04-27","2026-07-31",95.0,"CEPAE - CENTRO DE ENSINO E PESQUISA APLICADA À EDUCAÇÃO","167/2025","Médio",10.0,"2026-03-02","Material",5935.0,"CONECTORES ELÉTRICOS",2085.0,"ADAPTADOR",440987.0,"APLICAÇÃO: MULTIPLICADOR DE TOMADAS, CONEXÃO: TIPO T, CORRENTE NOMINAL: 10, MODELO: BENJAMIM, QUANTIDADE PINOS: 3, TENSÃO NOMINAL: 250, TIPO: 3 SAÍDAS PARA PLUG COM 3 PINO, TIPO PINO: REDONDO","UN",15.0,30.0,450.0]
["16/2026","Aprovada",null,"SEINFRA E OUTROS - MATERIAIS ELÉTRICOS E ELETRÔNICOS","BENS",153052.0,"2026-04-27","2026-07-31",95.0,"FCT- FACULDADE DE CIÊNCIAS E TECNOLOGIA","291/2025","Médio",3.0,"2026-06-15","Material",6910.0,"Acessórios para treinamento",18663.0,"Módulo Eletrônico",607408.0,"aplicação: motor de passo, referência fabricante: tmc2208, tipo: módulo driver, uso: arduíno e robotica","UN",300.0,5.0,1500.0]
["16/2026","Aprovada",null,"SEINFRA E OUTROS - MATERIAIS ELÉTRICOS E ELETRÔNICOS","BENS",153052.0,"2026-04-27","2026-07-31",95.0,"FCT- FACULDADE DE CIÊNCIAS E TECNOLOGIA","291/2025","Médio",4.0,"2026-06-15","Material",6910.0,"Acessórios para treinamento",18663.0,"Módulo Eletrônico",607409.0,"aplicação: câmera vga, referência fabricante: ov7670, tipo: modulo eletrônico, uso: arduíno e robotica","UN",350.0,5.0,1750.0]
["16/2026","Aprovada",null,"SEINFRA E OUTROS - MATERIAIS ELÉTRICOS E ELETRÔNICOS","BENS",153052.0,"2026-04-27","2026-07-31",95.0,"IF - INSTITUTO DE FÍSICA","352/2025","Médio",3.0,"2026-07-10","Material",6130.0,"Conversores Elétricos Estáticos",7709.0,"Fonte Alimentação",288965.0,"aplicação: microcomputador, características adicionais: fan cooler: 12 cm ball bearing ultra silencioso, compatibilidade: pentium iv - padrão atx, corrente alimentação: 10/5,5, corrente saída: 30/0,5/1/2,5, dimensões: 8,60 x 15 x 14, modelo: atx, potência: 450, quantidade conexão alimentação: 9, tensão alimentação: 115/230, tensão saída: +3,3v/+5v/-12v/+5vsb, freqüência: 50/60","UN",250.0,10.0,2500.0]
["16/2026","Aprovada",null,"SEINFRA E OUTROS - MATERIAIS ELÉTRICOS E ELETRÔNICOS","BENS",153052.0,"2026-04-27","2026-07-31",95.0,"FAV - FACULDADE DE ARTES VISUAIS","334/2025","Médio",16.0,"2026-12-01","Material",6130.0,"CONVERSORES ELÉTRICOS ESTÁTICOS",7709.0,"FONTE ALIMENTAÇÃO",612424.0,"APLICAÇÃO: COMPUTADOR, CARACTERÍSTICAS ADICIONAIS 1: PROTEÇÃO: OVP/ UVP/ OPP/ SCP / SIP, COM PFC ATIVO, POTÊNCIA: 600, TENSÃO ALIMENTAÇÃO: BIVOLT","UN",320.0,30.0,9600.0]
["16/2026","Aprovada",null,"SEINFRA E OUTROS - MATERIAIS ELÉTRICOS E ELETRÔNICOS","BENS",153052.0,"2026-04-27","2026-07-31",95.0,"EMC - ESCOLA DE ENGENHARIA ELÉTRICA MECÂNICA E DE COMPUTAÇÃO","328/2025","Baixo",1.0,"2026-06-01","Material",5940.0,"BORNES, TERMINAIS E LÂMINAS TERMINAIS",14958.0,"TERMINAL ELÉTRICO",614572.0,"BITOLA CONDUTOR: 0,5-1,5, CARACTERÍSTICAS ADICIONAIS: LARGURA:7,8MM; COMPRIMENTO:21MM, DIAMETRO FURO: 3, LINGUETA: OLHAL, MATERIAL: COBRE ELETROLÍTICO, MATERIAL ISOLAMENTO: NYLON, REFERÊNCIA FABRICANTE: RV 1.25-3","UN",0.43,200.0,86.0]
["16/2026","Aprovada",null,"SEINFRA E OUTROS - MATERIAIS ELÉTRICOS E ELETRÔNICOS","BENS",153052.0,"2026-04-27","2026-07-31",95.0,"EMC - ESCOLA DE ENGENHARIA ELÉTRICA MECÂNICA E DE COMPUTAÇÃO","328/2025","Baixo",2.0,"2026-06-01","Material",5940.0,"BORNES, TERMINAIS E LÂMINAS TERMINAIS",14958.0,"TERMINAL ELÉTRICO",389860.0,"BITOLA CONDUTOR: 2,5, LINGUETA: OLHAL, MATERIAL: COBRE, TIPO: PRÉ-ISOLADO","UN",0.45,200.0,90.0]
["16/2026","Aprovada",null,"SEINFRA E OUTROS - MATERIAIS ELÉTRICOS E ELETRÔNICOS","BENS",153052.0,"2026-04-27","2026-07-31",95.0,"EMC - ESCOLA DE ENGENHARIA ELÉTRICA MECÂNICA E DE COMPUTAÇÃO","328/2025","Baixo",3.0,"2026-06-01","Material",5940.0,"BORNES, TERMINAIS E LÂMINAS TERMINAIS",14958.0,"TERMINAL ELÉTRICO",389861.0,"BITOLA CONDUTOR: 4, LINGUETA: OLHAL, MATERIAL: COBRE, TIPO: PRÉ-ISOLADO","UN",0.52,200.0,104.0]
["16/2026","Aprovada",null,"SEINFRA E OUTROS - MATERIAIS ELÉTRICOS E ELETRÔNICOS","BENS",153052.0,"2026-04-27","2026-07-31",95.0,"EMC - ESCOLA DE ENGENHARIA ELÉTRICA MECÂNICA E DE COMPUTAÇÃO","328/2025","Baixo",4.0,"2026-06-01","Material",5940.0,"BORNES, TERMINAIS E LÂMINAS TERMINAIS",14958.0,"TERMINAL ELÉTRICO",389538.0,"BITOLA CONDUTOR: 6,0, MATERIAL: COBRE, TIPO: PINO","UN",0.88,200.0,176.0]
["16/2026","Aprovada",null,"SEINFRA E OUTROS - MATERIAIS ELÉTRICOS E ELETRÔNICOS","BENS",153052.0,"2026-04-27","2026-07-31",95.0,"EMC - ESCOLA DE ENGENHARIA ELÉTRICA MECÂNICA E DE COMPUTAÇÃO","328/2025","Baixo",5.0,"2026-06-01","Material",5940.0,"BORNES, TERMINAIS E LÂMINAS TERMINAIS",14958.0,"TERMINAL ELÉTRICO",473294.0,"DIAMETRO FURO: 1,5, LINGUETA: GARFO, MATERIAL: PVC, TIPO: PRÉ-ISOLADO","UN",0.4,200.0,80.0]
["16/2026","Aprovada",null,"SEINFRA E OUTROS - MATERIAIS ELÉTRICOS E ELETRÔNICOS","BENS",153052.0,"2026-04-27","2026-07-31",95.0,"EMC - ESCOLA DE ENGENHARIA ELÉTRICA MECÂNICA E DE COMPUTAÇÃO","328/2025","Baixo",6.0,"2026-06-01","Material",5940.0,"BORNES, TERMINAIS E LÂMINAS TERMINAIS",14958.0,"TERMINAL ELÉTRICO",418878.0,"FIXAÇÃO: POR COMPRESSÃO, LINGUETA: GARFO, MATERIAL: COBRE ELETROLÍTICO, MATERIAL ISOLAMENTO: PVC, REVESTIMENTO: ESTANHADO, SEÇÃO NOMINAL CONDUTOR: 2,5, TIPO: ISOLADO","UN",0.5,200.0,100.0]
["16/2026","Aprovada",null,"SEINFRA E OUTROS - MATERIAIS ELÉTRICOS E ELETRÔNICOS","BENS",153052.0,"2026-04-27","2026-07-31",95.0,"EMC - ESCOLA DE ENGENHARIA ELÉTRICA MECÂNICA E DE COMPUTAÇÃO","328/2025","Baixo",7.0,"2026-06-01","Material",5940.0,"BORNES, TERMINAIS E LÂMINAS TERMINAIS",14958.0,"TERMINAL ELÉTRICO",418879.0,"FIXAÇÃO: POR COMPRESSÃO, LINGUETA: GARFO, MATERIAL: COBRE ELETROLÍTICO, MATERIAL ISOLAMENTO: PVC, REVESTIMENTO: ESTANHADO, SEÇÃO NOMINAL CONDUTOR: 4, TIPO: ISOLADO","UN",0.84,200.0,168.0]
["16/2026","Aprovada",null,"SEINFRA E OUTROS - MATERIAIS ELÉTRICOS E ELETRÔNICOS","BENS",153052.0,"2026-04-27","2026-07-31",95.0,"EMC - ESCOLA DE ENGENHARIA ELÉTRICA MECÂNICA E DE COMPUTAÇÃO","328/2025","Baixo",8.0,"2026-06-01","Material",5940.0,"BORNES, TERMINAIS E LÂMINAS TERMINAIS",14958.0,"TERMINAL ELÉTRICO",377569.0,"APLICAÇÃO: LIGAÇÃO ELÉTRICA, CARACTERÍSTICAS ADICIONAIS: GARFO-TPF 23-5,M5, LINGUETA: GARFO, MATERIAL: COBRE, SEÇÃO NOMINAL CONDUTOR: 4,0 A 6,0, TIPO: GARFO","UN",0.96,200.0,192.0]
["16/2026","Aprovada",null,"SEINFRA E OUTROS - MATERIAIS ELÉTRICOS E ELETRÔNICOS","BENS",153052.0,"2026-04-27","2026-07-31",95.0,"EMC - ESCOLA DE ENGENHARIA ELÉTRICA MECÂNICA E DE COMPUTAÇÃO","328/2025","Baixo",9.0,"2026-06-01","Material",5940.0,"BORNES, TERMINAIS E LÂMINAS TERMINAIS",14958.0,"TERMINAL ELÉTRICO",473327.0,"APLICAÇÃO: MANUTENÇÃO ELÉTRICA, CARACTERÍSTICAS ADICIONAIS: PINO TPP 49, DIAMETRO FURO: 1,5, MATERIAL: LIGA ALUMÍNIO, REVESTIMENTO: PVC, TIPO: PRÉ-ISOLADO","UN",0.41,200.0,82.0]
["16/2026","Aprovada",null,"SEINFRA E OUTROS - MATERIAIS ELÉTRICOS E ELETRÔNICOS","BENS",153052.0,"2026-04-27","2026-07-31",95.0,"EMC - ESCOLA DE ENGENHARIA ELÉTRICA MECÂNICA E DE COMPUTAÇÃO","328/2025","Baixo",10.0,"2026-06-01","Material",5940.0,"BORNES, TERMINAIS E LÂMINAS TERMINAIS",14958.0,"TERMINAL ELÉTRICO",415090.0,"COR DA ISOLAÇÃO: VERMELHA, LINGUETA: PINO, MATERIAL: TERMOPLÁSTICO, REVESTIMENTO: MATERIAL ISOLANTE, SEÇÃO NOMINAL CONDUTOR: 1,5 A 2,5, TIPO: PRÉ-ISOLADO","UN",0.46,200.0,92.0]
["16/2026","Aprovada",null,"SEINFRA E OUTROS - MATERIAIS ELÉTRICOS E ELETRÔNICOS","BENS",153052.0,"2026-04-27","2026-07-31",95.0,"EMC - ESCOLA DE ENGENHARIA ELÉTRICA MECÂNICA E DE COMPUTAÇÃO","328/2025","Baixo",11.0,"2026-06-01","Material",5940.0,"BORNES, TERMINAIS E LÂMINAS TERMINAIS",14958.0,"TERMINAL ELÉTRICO",415672.0,"LINGUETA: PINO, MATERIAL: COBRE, SEÇÃO NOMINAL CONDUTOR: 4","UN",0.59,200.0,118.0]
["16/2026","Aprovada",null,"SEINFRA E OUTROS - MATERIAIS ELÉTRICOS E ELETRÔNICOS","BENS",153052.0,"2026-04-27","2026-07-31",95.0,"EMC - ESCOLA DE ENGENHARIA ELÉTRICA MECÂNICA E DE COMPUTAÇÃO","328/2025","Baixo",12.0,"2026-06-01","Material",5940.0,"BORNES, TERMINAIS E LÂMINAS TERMINAIS",14958.0,"TERMINAL ELÉTRICO",415089.0,"COR DA ISOLAÇÃO: VERMELHA, LINGUETA: PINO, MATERIAL: TERMOPLÁSTICO, REVESTIMENTO: MATERIAL ISOLANTE, SEÇÃO NOMINAL CONDUTOR: 4 A 6, TIPO: PRÉ-ISOLADO","UN",0.59,200.0,118.0]
["16/2026","Aprovada",null,"SEINFRA E OUTROS - MATERIAIS ELÉTRICOS E ELETRÔNICOS","BENS",153052.0,"2026-04-27","2026-07-31",95.0,"EMC - ESCOLA DE ENGENHARIA ELÉTRICA MECÂNICA E DE COMPUTAÇÃO","328/2025","Baixo",13.0,"2026-06-01","Material",5940.0,"BORNES, TERMINAIS E LÂMINAS TERMINAIS",14958.0,"TERMINAL ELÉTRICO",379932.0,"APLICAÇÃO: CABO ELÉTRICO, COMPONENTES: LUVA, FIXAÇÃO: POR COMPRESSÃO, MATERIAL: COBRE, REVESTIMENTO: ESTANHADO, SEÇÃO NOMINAL CONDUTOR: 2,5, TIPO: OLHAL","UN",0.68,200.0,136.0]
["16/2026","Aprovada",null,"SEINFRA E OUTROS - MATERIAIS ELÉTRICOS E ELETRÔNICOS","BENS",153052.0,"2026-04-27","2026-07-31",95.0,"EMC - ESCOLA DE ENGENHARIA ELÉTRICA MECÂNICA E DE COMPUTAÇÃO","328/2025","Baixo",14.0,"2026-06-01","Material",5940.0,"BORNES, TERMINAIS E LÂMINAS TERMINAIS",14958.0,"TERMINAL ELÉTRICO",379930.0,"APLICAÇÃO: CABO ELÉTRICO, COMPONENTES: LUVA, FIXAÇÃO: POR COMPRESSÃO, MATERIAL: COBRE, REVESTIMENTO: ESTANHADO, SEÇÃO NOMINAL CONDUTOR: 6, TIPO: OLHAL","UN",0.56,200.0,112.0]
["16/2026","Aprovada",null,"SEINFRA E OUTROS - MATERIAIS ELÉTRICOS E ELETRÔNICOS","BENS",153052.0,"2026-04-27","2026-07-31",95.0,"EMC - ESCOLA DE ENGENHARIA ELÉTRICA MECÂNICA E DE COMPUTAÇÃO","328/2025","Baixo",15.0,"2026-06-01","Material",5940.0,"BORNES, TERMINAIS E LÂMINAS TERMINAIS",12648.0,"TERMINAL CABO",461246.0,"APLICAÇÃO: INSTALAÇÕES ELÉTRICAS, BITOLA: 22, MATERIAL: COBRE ESTANHADO, REFERÊNCIA FABRICANTE: INTELLI TI-1-8, SEÇÃO NOMINAL CONDUTOR: 1, TENSÃO ISOLAMENTO: 760, TIPO: ILHÓS PRÉ-ISOLADO","UN",0.02,200.0,4.0]
["16/2026","Aprovada",null,"SEINFRA E OUTROS - MATERIAIS ELÉTRICOS E ELETRÔNICOS","BENS",153052.0,"2026-04-27","2026-07-31",95.0,"EMC - ESCOLA DE ENGENHARIA ELÉTRICA MECÂNICA E DE COMPUTAÇÃO","328/2025","Baixo",16.0,"2026-06-01","Material",5940.0,"BORNES, TERMINAIS E LÂMINAS TERMINAIS",12648.0,"TERMINAL CABO",461246.0,"APLICAÇÃO: INSTALAÇÕES ELÉTRICAS, BITOLA: 22, MATERIAL: COBRE ESTANHADO, REFERÊNCIA FABRICANTE: INTELLI TI-1-8, SEÇÃO NOMINAL CONDUTOR: 1, TENSÃO ISOLAMENTO: 760, TIPO: ILHÓS PRÉ-ISOLADO","UN",0.06,200.0,12.0]
["16/2026","Aprovada",null,"SEINFRA E OUTROS - MATERIAIS ELÉTRICOS E ELETRÔNICOS","BENS",153052.0,"2026-04-27","2026-07-31",95.0,"EMC - ESCOLA DE ENGENHARIA ELÉTRICA MECÂNICA E DE COMPUTAÇÃO","328/2025","Baixo",17.0,"2026-06-01","Material",5940.0,"BORNES, TERMINAIS E LÂMINAS TERMINAIS",12648.0,"TERMINAL CABO",461251.0,"APLICAÇÃO: INSTALAÇÕES ELÉTRICAS, BITOLA: 22, MATERIAL: COBRE ESTANHADO, REFERÊNCIA FABRICANTE: INTELLI, SEÇÃO NOMINAL CONDUTOR: 1,5, TENSÃO ISOLAMENTO: 760, TIPO: ILHÓS PRÉ-ISOLADO","UN",0.08,200.0,16.0]
["16/2026","Aprovada",null,"SEINFRA E OUTROS - MATERIAIS ELÉTRICOS E ELETRÔNICOS","BENS",153052.0,"2026-04-27","2026-07-31",95.0,"EMC - ESCOLA DE ENGENHARIA ELÉTRICA MECÂNICA E DE COMPUTAÇÃO","328/2025","Baixo",18.0,"2026-06-01","Material",5940.0,"BORNES, TERMINAIS E LÂMINAS TERMINAIS",12648.0,"TERMINAL CABO",435919.0,"COR: AZUL, LINGUETA: PINO TUBULAR, MATERIAL: COBRE ESTANHADO, MATERIAL ISOLAMENTO: POLIPROPILENO, SEÇÃO NOMINAL CONDUTOR: 2,5, TIPO: ILHÓS PRÉ-ISOLADO","UN",0.1,200.0,20.0]
["16/2026","Aprovada",null,"SEINFRA E OUTROS - MATERIAIS ELÉTRICOS E ELETRÔNICOS","BENS",153052.0,"2026-04-27","2026-07-31",95.0,"EMC - ESCOLA DE ENGENHARIA ELÉTRICA MECÂNICA E DE COMPUTAÇÃO","328/2025","Baixo",19.0,"2026-06-01","Material",5940.0,"BORNES, TERMINAIS E LÂMINAS TERMINAIS",12648.0,"TERMINAL CABO",435919.0,"COR: AZUL, LINGUETA: PINO TUBULAR, MATERIAL: COBRE ESTANHADO, MATERIAL ISOLAMENTO: POLIPROPILENO, SEÇÃO NOMINAL CONDUTOR: 2,5, TIPO: ILHÓS PRÉ-ISOLADO","UN",0.16,200.0,32.0]
["16/2026","Aprovada",null,"SEINFRA E OUTROS - MATERIAIS ELÉTRICOS E ELETRÔNICOS","BENS",153052.0,"2026-04-27","2026-07-31",95.0,"EMC - ESCOLA DE ENGENHARIA ELÉTRICA MECÂNICA E DE COMPUTAÇÃO","328/2025","Baixo",20.0,"2026-06-01","Material",5940.0,"BORNES, TERMINAIS E LÂMINAS TERMINAIS",12648.0,"TERMINAL CABO",429683.0,"COR: AMARELA, LINGUETA: TUBULAR, MATERIAL: COBRE ESTANHADO, REFERÊNCIA FABRICANTE: INTELLI TI-6-12, SEÇÃO NOMINAL CONDUTOR: 6, TIPO: ILHÓS PRÉ-ISOLADO","UN",0.24,200.0,48.0]
["16/2026","Aprovada",null,"SEINFRA E OUTROS - MATERIAIS ELÉTRICOS E ELETRÔNICOS","BENS",153052.0,"2026-04-27","2026-07-31",95.0,"EMC - ESCOLA DE ENGENHARIA ELÉTRICA MECÂNICA E DE COMPUTAÇÃO","388/2025","Baixo",4.0,"2026-06-10","Material",5962.0,"MICROCIRCUITOS ELETRÔNICOS",5043.0,"CIRCUITO INTEGRADO",349252.0,"ENCAPSULAMENTO: DIP, QUANTIDADE PINOS: 8, REFERÊNCIA 2: LM741, TIPO: AMPLIFICADOR OPERACIONAL","UN",2.5,300.0,750.0]
["16/2026","Aprovada",null,"SEINFRA E OUTROS - MATERIAIS ELÉTRICOS E ELETRÔNICOS","BENS",153052.0,"2026-04-27","2026-07-31",95.0,"EMC - ESCOLA DE ENGENHARIA ELÉTRICA MECÂNICA E DE COMPUTAÇÃO","388/2025","Baixo",5.0,"2026-06-10","Material",5961.0,"DISPOSITIVOS A SEMICONDUTOR E PLACAS ASSOCIADAS (CIRCUITOS)",19145.0,"TRANSISTOR POTÊNCIA",614204.0,"CORRENTE MÁXIMA DE COLETOR (IC): 200, ENCAPSULAMENTO: TO-18, MATERIAL: SILÍCIO, POLARIDADE: PNP, POTÊNCIA DE DISSIPAÇÃO: 1, TENSÃO COLETOR-EMISSOR BASE ABERTA-VCE0: 32, TIPO: BCY58X","UN",0.5,400.0,200.0]
["16/2026","Aprovada",null,"SEINFRA E OUTROS - MATERIAIS ELÉTRICOS E ELETRÔNICOS","BENS",153052.0,"2026-04-27","2026-07-31",95.0,"EMC - ESCOLA DE ENGENHARIA ELÉTRICA MECÂNICA E DE COMPUTAÇÃO","388/2025","Baixo",6.0,"2026-06-10","Material",5961.0,"DISPOSITIVOS A SEMICONDUTOR E PLACAS ASSOCIADAS (CIRCUITOS)",19145.0,"TRANSISTOR POTÊNCIA",614204.0,"CORRENTE MÁXIMA DE COLETOR (IC): 200, ENCAPSULAMENTO: TO-18, MATERIAL: SILÍCIO, POLARIDADE: PNP, POTÊNCIA DE DISSIPAÇÃO: 1, TENSÃO COLETOR-EMISSOR BASE ABERTA-VCE0: 32, TIPO: BCY58X","UN",0.5,400.0,200.0]
["16/2026","Aprovada",null,"SEINFRA E OUTROS - MATERIAIS ELÉTRICOS E ELETRÔNICOS","BENS",153052.0,"2026-04-27","2026-07-31",95.0,"EMC - ESCOLA DE ENGENHARIA ELÉTRICA MECÂNICA E DE COMPUTAÇÃO","388/2025","Baixo",7.0,"2026-06-10","Material",5961.0,"DISPOSITIVOS A SEMICONDUTOR E PLACAS ASSOCIADAS (CIRCUITOS)",16618.0,"DIODO RETIFICADOR",257568.0,"APLICAÇÃO: RETIFICAÇÃO DE SINAL, MATERIAL: PLÁSTICO, TIPO: 1N 4007, POTÊNCIA: 02, TENSÃO: VDC 1000","UN",0.3,400.0,120.0]
["16/2026","Aprovada",null,"SEINFRA E OUTROS - MATERIAIS ELÉTRICOS E ELETRÔNICOS","BENS",153052.0,"2026-04-27","2026-07-31",95.0,"EMC - ESCOLA DE ENGENHARIA ELÉTRICA MECÂNICA E DE COMPUTAÇÃO","388/2025","Baixo",8.0,"2026-06-10","Material",5961.0,"DISPOSITIVOS A SEMICONDUTOR E PLACAS ASSOCIADAS (CIRCUITOS)",16618.0,"DIODO RETIFICADOR",292282.0,"APLICAÇÃO: RETIFICAÇÃO DE SINAL, MATERIAL: SILÍCIO, TIPO: 1N 4148, TENSÃO: VDC 75","UN",0.15,400.0,60.0]
["16/2026","Aprovada",null,"SEINFRA E OUTROS - MATERIAIS ELÉTRICOS E ELETRÔNICOS","BENS",153052.0,"2026-04-27","2026-07-31",95.0,"EMC - ESCOLA DE ENGENHARIA ELÉTRICA MECÂNICA E DE COMPUTAÇÃO","388/2025","Baixo",9.0,"2026-06-10","Material",5905.0,"RESISTORES",1.0,"RESISTOR CARBONO",393590.0,"APLICAÇÃO: ELETRÔNICA, POTÊNCIA NOMINAL: 1/4, RESISTÊNCIA NOMINAL: 4K7, TIPO: FIXO","UN",0.2,400.0,80.0]
["16/2026","Aprovada",null,"SEINFRA E OUTROS - MATERIAIS ELÉTRICOS E ELETRÔNICOS","BENS",153052.0,"2026-04-27","2026-07-31",95.0,"EMC - ESCOLA DE ENGENHARIA ELÉTRICA MECÂNICA E DE COMPUTAÇÃO","388/2025","Baixo",10.0,"2026-06-10","Material",5905.0,"RESISTORES",1.0,"RESISTOR CARBONO",393584.0,"APLICAÇÃO: ELETRÔNICA, POTÊNCIA NOMINAL: 1/4, RESISTÊNCIA NOMINAL: 10.000, TIPO: FIXO","UN",0.2,400.0,80.0]
["16/2026","Aprovada",null,"SEINFRA E OUTROS - MATERIAIS ELÉTRICOS E ELETRÔNICOS","BENS",153052.0,"2026-04-27","2026-07-31",95.0,"EMC - ESCOLA DE ENGENHARIA ELÉTRICA MECÂNICA E DE COMPUTAÇÃO","388/2025","Baixo",11.0,"2026-06-10","Material",5905.0,"RESISTORES",1.0,"RESISTOR CARBONO",347044.0,"POTÊNCIA NOMINAL: 0,5, RESISTÊNCIA NOMINAL: 47, TIPO: FIXO, TOLERÂNCIA: +/- 5","UN",0.2,400.0,80.0]
["16/2026","Aprovada",null,"SEINFRA E OUTROS - MATERIAIS ELÉTRICOS E ELETRÔNICOS","BENS",153052.0,"2026-04-27","2026-07-31",95.0,"EMC - ESCOLA DE ENGENHARIA ELÉTRICA MECÂNICA E DE COMPUTAÇÃO","388/2025","Baixo",12.0,"2026-06-10","Material",5905.0,"Resistores",1.0,"Resistor Carbono",393606.0,"aplicação: eletrônica, potência nominal: 1/4, resistência nominal: 100, tipo: fixo","UN",0.2,200.0,40.0]
["16/2026","Aprovada",null,"SEINFRA E OUTROS - MATERIAIS ELÉTRICOS E ELETRÔNICOS","BENS",153052.0,"2026-04-27","2026-07-31",95.0,"EMC - ESCOLA DE ENGENHARIA ELÉTRICA MECÂNICA E DE COMPUTAÇÃO","388/2025","Baixo",17.0,"2026-06-10","Material",5910.0,"CAPACITORES",14774.0,"CAPACITOR",600840.0,"CAPACITÂNCIA: 4,7, TENSÃO: 35 V, TIPO: TÂNTALO","UN",0.5,200.0,100.0]
["16/2026","Aprovada",null,"SEINFRA E OUTROS - MATERIAIS ELÉTRICOS E ELETRÔNICOS","BENS",153052.0,"2026-04-27","2026-07-31",95.0,"EMC - ESCOLA DE ENGENHARIA ELÉTRICA MECÂNICA E DE COMPUTAÇÃO","388/2025","Baixo",18.0,"2026-06-10","Material",5910.0,"CAPACITORES",19191.0,"CAPACITOR FIXO POLIÉSTER",362381.0,"APLICAÇÃO: ELETRÔNICA, CAPACITÂNCIA NOMINAL: 10, TENSÃO NOMINAL: 250","UN",0.5,200.0,100.0]
["16/2026","Aprovada",null,"SEINFRA E OUTROS - MATERIAIS ELÉTRICOS E ELETRÔNICOS","BENS",153052.0,"2026-04-27","2026-07-31",95.0,"EMC - ESCOLA DE ENGENHARIA ELÉTRICA MECÂNICA E DE COMPUTAÇÃO","388/2025","Baixo",19.0,"2026-06-10","Material",5910.0,"CAPACITORES",19191.0,"CAPACITOR FIXO POLIÉSTER",362375.0,"APLICAÇÃO: ELETRÔNICA, CAPACITÂNCIA NOMINAL: 22, TENSÃO NOMINAL: 250","UN",0.5,200.0,100.0]
["16/2026","Aprovada",null,"SEINFRA E OUTROS - MATERIAIS ELÉTRICOS E ELETRÔNICOS","BENS",153052.0,"2026-04-27","2026-07-31",95.0,"EMC - ESCOLA DE ENGENHARIA ELÉTRICA MECÂNICA E DE COMPUTAÇÃO","388/2025","Baixo",20.0,"2026-06-10","Material",5910.0,"CAPACITORES",19191.0,"CAPACITOR FIXO POLIÉSTER",362382.0,"APLICAÇÃO: ELETRÔNICA, CAPACITÂNCIA NOMINAL: 33, TENSÃO NOMINAL: 250","UN",0.5,200.0,100.0]
["16/2026","Aprovada",null,"SEINFRA E OUTROS - MATERIAIS ELÉTRICOS E ELETRÔNICOS","BENS",153052.0,"2026-04-27","2026-07-31",95.0,"EMC - ESCOLA DE ENGENHARIA ELÉTRICA MECÂNICA E DE COMPUTAÇÃO","388/2025","Baixo",21.0,"2026-06-10","Material",5910.0,"CAPACITORES",19191.0,"CAPACITOR FIXO POLIÉSTER",362377.0,"APLICAÇÃO: ELETRÔNICA, CAPACITÂNCIA NOMINAL: 47, TENSÃO NOMINAL: 250","UN",0.5,200.0,100.0]
["16/2026","Aprovada",null,"SEINFRA E OUTROS - MATERIAIS ELÉTRICOS E ELETRÔNICOS","BENS",153052.0,"2026-04-27","2026-07-31",95.0,"EMC - ESCOLA DE ENGENHARIA ELÉTRICA MECÂNICA E DE COMPUTAÇÃO","388/2025","Baixo",22.0,"2026-06-10","Material",5910.0,"CAPACITORES",19191.0,"CAPACITOR FIXO POLIÉSTER",379705.0,"APLICAÇÃO: ELETRÔNICA, CAPACITÂNCIA NOMINAL: 100, TENSÃO NOMINAL: 250","UN",0.5,200.0,100.0]
["16/2026","Aprovada",null,"SEINFRA E OUTROS - MATERIAIS ELÉTRICOS E ELETRÔNICOS","BENS",153052.0,"2026-04-27","2026-07-31",95.0,"EMC - ESCOLA DE ENGENHARIA ELÉTRICA MECÂNICA E DE COMPUTAÇÃO","388/2025","Baixo",23.0,"2026-06-10","Material",5910.0,"CAPACITORES",19191.0,"CAPACITOR FIXO POLIÉSTER",454136.0,"APLICAÇÃO: ELETRÔNICA, CAPACITÂNCIA NOMINAL: 150, TENSÃO NOMINAL: 400","UN",0.5,200.0,100.0]
["16/2026","Aprovada",null,"SEINFRA E OUTROS - MATERIAIS ELÉTRICOS E ELETRÔNICOS","BENS",153052.0,"2026-04-27","2026-07-31",95.0,"EMC - ESCOLA DE ENGENHARIA ELÉTRICA MECÂNICA E DE COMPUTAÇÃO","388/2025","Baixo",24.0,"2026-06-10","Material",5910.0,"CAPACITORES",19191.0,"CAPACITOR FIXO POLIÉSTER",454137.0,"APLICAÇÃO: ELETRÔNICA, CAPACITÂNCIA NOMINAL: 220, TENSÃO NOMINAL: 630","UN",0.5,200.0,100.0]
["16/2026","Aprovada",null,"SEINFRA E OUTROS - MATERIAIS ELÉTRICOS E ELETRÔNICOS","BENS",153052.0,"2026-04-27","2026-07-31",95.0,"EMC - ESCOLA DE ENGENHARIA ELÉTRICA MECÂNICA E DE COMPUTAÇÃO","388/2025","Baixo",25.0,"2026-06-10","Material",5910.0,"CAPACITORES",19191.0,"CAPACITOR FIXO POLIÉSTER",393663.0,"APLICAÇÃO: ELETRÔNICA, CAPACITÂNCIA NOMINAL: 330, TENSÃO NOMINAL: 50","UN",0.5,200.0,100.0]
["16/2026","Aprovada",null,"SEINFRA E OUTROS - MATERIAIS ELÉTRICOS E ELETRÔNICOS","BENS",153052.0,"2026-04-27","2026-07-31",95.0,"EMC - ESCOLA DE ENGENHARIA ELÉTRICA MECÂNICA E DE COMPUTAÇÃO","388/2025","Baixo",26.0,"2026-06-10","Material",5910.0,"CAPACITORES",19191.0,"CAPACITOR FIXO POLIÉSTER",369524.0,"APLICAÇÃO: ELETRÔNICA, CAPACITÂNCIA NOMINAL: 470, TENSÃO NOMINAL: 250","UN",0.5,200.0,100.0]
["16/2026","Aprovada",null,"SEINFRA E OUTROS - MATERIAIS ELÉTRICOS E ELETRÔNICOS","BENS",153052.0,"2026-04-27","2026-07-31",95.0,"EMC - ESCOLA DE ENGENHARIA ELÉTRICA MECÂNICA E DE COMPUTAÇÃO","388/2025","Baixo",27.0,"2026-06-10","Material",5910.0,"CAPACITORES",14774.0,"CAPACITOR",600839.0,"CAPACITÂNCIA: 3,3, TENSÃO: 35 V, TIPO: TÂNTALO","UN",0.4,200.0,80.0]
["16/2026","Aprovada",null,"SEINFRA E OUTROS - MATERIAIS ELÉTRICOS E ELETRÔNICOS","BENS",153052.0,"2026-04-27","2026-07-31",95.0,"EMC - ESCOLA DE ENGENHARIA ELÉTRICA MECÂNICA E DE COMPUTAÇÃO","388/2025","Baixo",28.0,"2026-06-10","Material",5910.0,"CAPACITORES",14774.0,"CAPACITOR",600840.0,"CAPACITÂNCIA: 4,7, TENSÃO: 35 V, TIPO: TÂNTALO","UN",0.5,200.0,100.0]
["16/2026","Aprovada",null,"SEINFRA E OUTROS - MATERIAIS ELÉTRICOS E ELETRÔNICOS","BENS",153052.0,"2026-04-27","2026-07-31",95.0,"EMC - ESCOLA DE ENGENHARIA ELÉTRICA MECÂNICA E DE COMPUTAÇÃO","388/2025","Baixo",29.0,"2026-06-10","Material",5910.0,"CAPACITORES",14774.0,"CAPACITOR",248335.0,"CAPACITÂNCIA: 10, TENSÃO: 25 V, TIPO: ELETROLÍTICO","UN",0.5,200.0,100.0]
["16/2026","Aprovada",null,"SEINFRA E OUTROS - MATERIAIS ELÉTRICOS E ELETRÔNICOS","BENS",153052.0,"2026-04-27","2026-07-31",95.0,"EMC - ESCOLA DE ENGENHARIA ELÉTRICA MECÂNICA E DE COMPUTAÇÃO","388/2025","Baixo",30.0,"2026-06-10","Material",5910.0,"CAPACITORES",14774.0,"CAPACITOR",292217.0,"APLICAÇÃO: EQUIPAMENTOS ELETRÔNICOS EM GERAL, CAPACITÂNCIA: 22, TENSÃO: 50, TIPO: ELETROLÍTICO","UN",0.7,200.0,140.0]
["16/2026","Aprovada",null,"SEINFRA E OUTROS - MATERIAIS ELÉTRICOS E ELETRÔNICOS","BENS",153052.0,"2026-04-27","2026-07-31",95.0,"EMC - ESCOLA DE ENGENHARIA ELÉTRICA MECÂNICA E DE COMPUTAÇÃO","388/2025","Baixo",31.0,"2026-06-10","Material",5910.0,"Capacitores",14774.0,"Capacitor",238440.0,"capacitância: 33, material: carvão, tensão: 25 v, tipo: eletrolítico","UN",0.7,50.0,35.0]
["16/2026","Aprovada",null,"SEINFRA E OUTROS - MATERIAIS ELÉTRICOS E ELETRÔNICOS","BENS",153052.0,"2026-04-27","2026-07-31",95.0,"EMC - ESCOLA DE ENGENHARIA ELÉTRICA MECÂNICA E DE COMPUTAÇÃO","388/2025","Baixo",32.0,"2026-06-10","Material",5910.0,"Capacitores",14774.0,"Capacitor",607410.0,"capacitância: 47, tensão: 63 v, tipo: eletrolítico","UN",0.7,50.0,35.0]
["16/2026","Aprovada",null,"SEINFRA E OUTROS - MATERIAIS ELÉTRICOS E ELETRÔNICOS","BENS",153052.0,"2026-04-27","2026-07-31",95.0,"EMC - ESCOLA DE ENGENHARIA ELÉTRICA MECÂNICA E DE COMPUTAÇÃO","388/2025","Baixo",33.0,"2026-06-10","Material",5910.0,"Capacitores",14774.0,"Capacitor",238441.0,"capacitância: 100, material: carvão, tensão: 25 v, tipo: eletrolítico","UN",1.0,50.0,50.0]
["16/2026","Aprovada",null,"SEINFRA E OUTROS - MATERIAIS ELÉTRICOS E ELETRÔNICOS","BENS",153052.0,"2026-04-27","2026-07-31",95.0,"EMC - ESCOLA DE ENGENHARIA ELÉTRICA MECÂNICA E DE COMPUTAÇÃO","388/2025","Baixo",34.0,"2026-06-10","Material",5962.0,"Microcircuitos eletrônicos",5043.0,"Circuito Integrado",261862.0,"aplicação: eletrônica, quantidade pinos: 14, referência: 74ls00","UN",2.5,100.0,250.0]
["16/2026","Aprovada",null,"SEINFRA E OUTROS - MATERIAIS ELÉTRICOS E ELETRÔNICOS","BENS",153052.0,"2026-04-27","2026-07-31",95.0,"EMC - ESCOLA DE ENGENHARIA ELÉTRICA MECÂNICA E DE COMPUTAÇÃO","388/2025","Baixo",35.0,"2026-06-10","Material",5962.0,"Microcircuitos eletrônicos",5043.0,"Circuito Integrado",261860.0,"aplicação: eletrônica, quantidade pinos: 14, referência: 74ls04","UN",3.0,50.0,150.0]
["16/2026","Aprovada",null,"SEINFRA E OUTROS - MATERIAIS ELÉTRICOS E ELETRÔNICOS","BENS",153052.0,"2026-04-27","2026-07-31",95.0,"EMC - ESCOLA DE ENGENHARIA ELÉTRICA MECÂNICA E DE COMPUTAÇÃO","388/2025","Baixo",36.0,"2026-06-10","Material",5962.0,"Microcircuitos eletrônicos",5043.0,"Circuito Integrado",424351.0,"aplicação: eletrônica, encapsulamento: dip, quantidade pinos: 14, referência 3: 74ls08","UN",4.0,100.0,400.0]
["16/2026","Aprovada",null,"SEINFRA E OUTROS - MATERIAIS ELÉTRICOS E ELETRÔNICOS","BENS",153052.0,"2026-04-27","2026-07-31",95.0,"EMC - ESCOLA DE ENGENHARIA ELÉTRICA MECÂNICA E DE COMPUTAÇÃO","388/2025","Baixo",37.0,"2026-06-10","Material",5962.0,"Microcircuitos eletrônicos",5043.0,"Circuito Integrado",261857.0,"aplicação: eletrônica, quantidade pinos: 14, referência: 74ls32","UN",3.0,100.0,300.0]
["16/2026","Aprovada",null,"SEINFRA E OUTROS - MATERIAIS ELÉTRICOS E ELETRÔNICOS","BENS",153052.0,"2026-04-27","2026-07-31",95.0,"EMC - ESCOLA DE ENGENHARIA ELÉTRICA MECÂNICA E DE COMPUTAÇÃO","388/2025","Baixo",38.0,"2026-06-10","Material",5905.0,"Resistores",1.0,"Resistor Carbono",393549.0,"aplicação: eletrônica, potência nominal: 1/4, resistência nominal: 180, tipo: fixo","UN",0.2,100.0,20.0]
["16/2026","Aprovada",null,"SEINFRA E OUTROS - MATERIAIS ELÉTRICOS E ELETRÔNICOS","BENS",153052.0,"2026-04-27","2026-07-31",95.0,"EMC - ESCOLA DE ENGENHARIA ELÉTRICA MECÂNICA E DE COMPUTAÇÃO","388/2025","Baixo",39.0,"2026-06-10","Material",5905.0,"Resistores",1.0,"Resistor Carbono",600576.0,"aplicação: eletrônica, potência nominal: 1/4, resistência nominal: 1, tipo: fixo","UN",0.2,100.0,20.0]
["16/2026","Aprovada",null,"SEINFRA E OUTROS - MATERIAIS ELÉTRICOS E ELETRÔNICOS","BENS",153052.0,"2026-04-27","2026-07-31",95.0,"EMC - ESCOLA DE ENGENHARIA ELÉTRICA MECÂNICA E DE COMPUTAÇÃO","388/2025","Baixo",40.0,"2026-06-10","Material",5920.0,"Fusíveis interruptores, isolantes e protetores",7886.0,"Fusível Vidro",291430.0,"aplicação: eletrônica, corrente nominal: 20, diâmetro: 30, voltagem: 250","UN",0.5,100.0,50.0]
["16/2026","Aprovada",null,"SEINFRA E OUTROS - MATERIAIS ELÉTRICOS E ELETRÔNICOS","BENS",153052.0,"2026-04-27","2026-07-31",95.0,"EMC - ESCOLA DE ENGENHARIA ELÉTRICA MECÂNICA E DE COMPUTAÇÃO","392/2025","Médio",5.0,"2026-07-15","Material",5935.0,"Conectores elétricos",484.0,"Tomada",614591.0,"características adicionais: com prensa cabo plástico, corrente nominal: 10, formato contato: 2p + t, material: pvc - cloreto de polivinila, modelo: plugue, normas técnicas: nbr 14136, referência: pial 615833, tensão nominal: 250, tipo: macho","UN",5.0,50.0,250.0]
["16/2026","Aprovada",null,"SEINFRA E OUTROS - MATERIAIS ELÉTRICOS E ELETRÔNICOS","BENS",153052.0,"2026-04-27","2026-07-31",95.0,"EMC - ESCOLA DE ENGENHARIA ELÉTRICA MECÂNICA E DE COMPUTAÇÃO","392/2025","Médio",10.0,"2026-07-15","Material",6910.0,"Acessórios para treinamento",17181.0,"Acessórios Para Estudo/Treinamento",626128.0,"aplicação: kit prototipagem, apresentação: 1 placa, display lcd 1.3, + 20 jumpers, características adicionais: tensão de operação: 5v, tensão de entrada: 3-10v, tipo: kit arduino nano v3.0 atmega328\"","UN",300.0,2.0,600.0]
["16/2026","Aprovada",null,"SEINFRA E OUTROS - MATERIAIS ELÉTRICOS E ELETRÔNICOS","BENS",153052.0,"2026-04-27","2026-07-31",95.0,"EMC - ESCOLA DE ENGENHARIA ELÉTRICA MECÂNICA E DE COMPUTAÇÃO","394/2025","Médio",1.0,"2026-08-10","Material",5963.0,"Módulos eletrônicos",18663.0,"Módulo Eletrônico",475612.0,"aplicação: plc allen bradley, modelo: 1769-iq32, referência fabricante: 1769-iq32 allen bradley, tipo: entradas digitais","UN",5822.95,1.0,5822.95]
["16/2026","Aprovada",null,"SEINFRA E OUTROS - MATERIAIS ELÉTRICOS E ELETRÔNICOS","BENS",153052.0,"2026-04-27","2026-07-31",95.0,"EMC - ESCOLA DE ENGENHARIA ELÉTRICA MECÂNICA E DE COMPUTAÇÃO","700/2025","Médio",2.0,"2026-09-10","Material",5915.0,"Filtros e redes",7472.0,"Filtro Linha",632182.0,"características adicionais: proteção contra surtos e sobrecargas, componentes: gabinete plástico, lâmina de cobre no cabo, comprimento cabo: 3, corrente máxima: 10, corrente nominal: 10, número pólos: 2p + t, potência máxima: 2200, quantidade saída: 5 tomadas tripolares + 2 usb, tensão alimentação: 110/220","UN",45.0,5.0,225.0]
["16/2026","Aprovada",null,"SEINFRA E OUTROS - MATERIAIS ELÉTRICOS E ELETRÔNICOS","BENS",153052.0,"2026-04-27","2026-07-31",95.0,"EMC - ESCOLA DE ENGENHARIA ELÉTRICA MECÂNICA E DE COMPUTAÇÃO","700/2025","Médio",3.0,"2026-09-10","Material",5962.0,"Microcircuitos eletrônicos",5043.0,"Circuito Integrado",458748.0,"aplicação: práticas eletrônicas, corrente nominal: 2, encapsulamento: dip, quantidade pinos: 14, referência 3: ir 2113, tensão saída: 10 a 20, tipo: acionador mosfets ou igbts","UN",60.0,50.0,3000.0]
["16/2026","Aprovada",null,"SEINFRA E OUTROS - MATERIAIS ELÉTRICOS E ELETRÔNICOS","BENS",153052.0,"2026-04-27","2026-07-31",95.0,"EMC - ESCOLA DE ENGENHARIA ELÉTRICA MECÂNICA E DE COMPUTAÇÃO","700/2025","Médio",4.0,"2026-09-10","Material",5962.0,"Microcircuitos eletrônicos",5043.0,"Circuito Integrado",348753.0,"encapsulamento: pdip, quantidade pinos: 16, referência 2: cd4017b (texas instruments), tipo: contador de década","UN",130.0,20.0,2600.0]
["16/2026","Aprovada",null,"SEINFRA E OUTROS - MATERIAIS ELÉTRICOS E ELETRÔNICOS","BENS",153052.0,"2026-04-27","2026-07-31",95.0,"PRAE - PRO-REITORIA DE ASSUNTOS ESTUDANTIS","508/2025","Alto",5.0,"2026-01-15","Material",5935.0,"Conectores elétricos",19194.0,"Pino Tomada",364928.0,"aplicação: ar condicionado, corrente nominal: 20, quantidade polos: 3 p, tensão nominal: 125/250","UN",18.0,4.0,72.0]
["16/2026","Aprovada",null,"SEINFRA E OUTROS - MATERIAIS ELÉTRICOS E ELETRÔNICOS","BENS",153052.0,"2026-04-27","2026-07-31",95.0,"SEINFRA - SECRETARIA DE INFRAESTRUTURA","912/2025","Médio",21.0,"2026-04-01","Material",6130.0,"Conversores elétricos estáticos",7709.0,"Fonte Alimentação",477960.0,"aplicação: servidor, corrente nominal: 91,6, dimensões: 353 x 750 x 360, frequência nominal: 50/60, modelo: pws-721p-1r, potência nominal: 720, referência fabricante: 80 plus glod, temperatura operação: 10 a 35, tensão alimentação: 100/240, tensão saída: 12","UN",849.0,200.0,169800.0]
["16/2026","Aprovada",null,"SEINFRA E OUTROS - MATERIAIS ELÉTRICOS E ELETRÔNICOS","BENS",153052.0,"2026-04-27","2026-07-31",95.0,"SEINFRA - SECRETARIA DE INFRAESTRUTURA","914/2025","Médio",8.0,"2026-03-02","Material",6130.0,"Conversores elétricos estáticos",14302.0,"Fonte Alimentação Ininterrupta",612197.0,"aplicação: microscópio eletrônico de varredura (mev), bateria: 7,2 ah, capacidade de sobrecarga: 120% carga 25 seg., capacidade nominal: 5 kva, cor: grafite, dimensões: 720 x 200 x 600, distorção harmônica total (thd): saída menor que 0,1% linear, fator de crista: 3:1, frequência: 60, normas técnicas: em conformidade com normas da abnt, software: compatível com interface rs-232, tensão entrada: (f+n+t) 220, tensão saída: (f+n+t) 110, tipo: tecnol.dsp (processador digital de sinal), tipo alarme: sonoro, tipo estabilizador interno: bypass estático isolado, tipo onda: senoidal pura, variação entrada: +/- 5%","UN",380.0,50.0,19000.0]
["16/2026","Aprovada",null,"SEINFRA E OUTROS - MATERIAIS ELÉTRICOS E ELETRÔNICOS","BENS",153052.0,"2026-04-27","2026-07-31",95.0,"SEINFRA - SECRETARIA DE INFRAESTRUTURA","914/2025","Médio",15.0,"2026-03-02","Material",5962.0,"Microcircuitos eletrônicos",5043.0,"Circuito Integrado",349220.0,"encapsulamento: to-220, quantidade pinos: 3, referência 2: tic 106d, tipo: retificador","UN",23.5,40.0,940.0]
["16/2026","Aprovada",null,"SEINFRA E OUTROS - MATERIAIS ELÉTRICOS E ELETRÔNICOS","BENS",153052.0,"2026-04-27","2026-07-31",95.0,"SEINFRA - SECRETARIA DE INFRAESTRUTURA","914/2025","Médio",16.0,"2026-03-02","Material",5962.0,"Microcircuitos eletrônicos",5043.0,"Circuito Integrado",349221.0,"encapsulamento: to-220, referência 2: tic 246, tipo: retificador","UN",11.0,40.0,440.0]
["16/2026","Aprovada",null,"SEINFRA E OUTROS - MATERIAIS ELÉTRICOS E ELETRÔNICOS","BENS",153052.0,"2026-04-27","2026-07-31",95.0,"SEINFRA - SECRETARIA DE INFRAESTRUTURA","914/2025","Médio",19.0,"2026-03-02","Material",5910.0,"Capacitores",14774.0,"Capacitor",244935.0,"aplicação: equipamentos eletrônicos em geral, capacitância: 680, material: alumínio eletrolítico, tensão: 200 vac, tipo: eletrolítico, características adicionais: impedância de 9,7 ohms, 50/60 hertz","UN",20.69,60.0,1241.4]
["16/2026","Aprovada",null,"SEINFRA E OUTROS - MATERIAIS ELÉTRICOS E ELETRÔNICOS","BENS",153052.0,"2026-04-27","2026-07-31",95.0,"SEINFRA - SECRETARIA DE INFRAESTRUTURA","914/2025","Médio",20.0,"2026-03-02","Material",5910.0,"Capacitores",14774.0,"Capacitor",483530.0,"capacitância: 6, material: alumínio eletrolítico, tensão: 450_vac, tipo: duplo(fase e partida)","UN",21.32,30.0,639.6]
["16/2026","Aprovada",null,"SEINFRA E OUTROS - MATERIAIS ELÉTRICOS E ELETRÔNICOS","BENS",153052.0,"2026-04-27","2026-07-31",95.0,"SEINFRA - SECRETARIA DE INFRAESTRUTURA","914/2025","Médio",21.0,"2026-03-02","Material",5930.0,"Chaves elétricas",4884.0,"Chave Fim De Curso",604201.0,"características adicionais: micro chave, corrente nominal: 16, número saídas: 2, tensão nominal: 250, tipo acionamento: retilíneo","UN",11.59,30.0,347.7]
["16/2026","Aprovada",null,"SEINFRA E OUTROS - MATERIAIS ELÉTRICOS E ELETRÔNICOS","BENS",153052.0,"2026-04-27","2026-07-31",95.0,"PRPI - PRO-REITORIA DE PESQUISA E INOVAÇÃO","947/2025","Alto",5.0,"2026-03-31","Material",6130.0,"Conversores elétricos estáticos",7709.0,"Fonte Alimentação",601651.0,"corrente saída: 30, frequência nominal: 50/60, tensão alimentação: 110 / 220, tensão saída: 12, tipo: chaveada","UN",70.0,1.0,70.0]
["16/2026","Aprovada",null,"SEINFRA E OUTROS - MATERIAIS ELÉTRICOS E ELETRÔNICOS","BENS",153052.0,"2026-04-27","2026-07-31",95.0,"DTEL - DIRETORIA DE TELECOMUNICAÇÕES","1028/2025","Médio",9.0,"2026-08-01","Material",6130.0,"Conversores elétricos estáticos",14302.0,"Fonte Alimentação Ininterrupta",603924.0,"bateria: 1 selada/vrla/estacionária/chumbo-ácido, capacidade bateria: 7, características adicionais: faixa de variação de tensão de entrada com  regula, características adicionais 1: 4 tomadas de 10a, frequência: 50/60, tensão bateria: 12, tensão entrada: 120, tensão saída: 120, tipo: no-break, tipo onda: semi-senoidal, variação frequência entrada: +/- 5%","UN",150.0,5.0,750.0]
["16/2026","Aprovada",null,"SEINFRA E OUTROS - MATERIAIS ELÉTRICOS E ELETRÔNICOS","BENS",153052.0,"2026-04-27","2026-07-31",95.0,"DTEL - DIRETORIA DE TELECOMUNICAÇÕES","1028/2025","Médio",10.0,"2026-08-01","Material",6130.0,"Conversores elétricos estáticos",14302.0,"Fonte Alimentação Ininterrupta",603924.0,"bateria: 1 selada/vrla/estacionária/chumbo-ácido, capacidade bateria: 7, características adicionais: faixa de variação de tensão de entrada com  regula, características adicionais 1: 4 tomadas de 10a, frequência: 50/60, tensão bateria: 12, tensão entrada: 120, tensão saída: 120, tipo: no-break, tipo onda: semi-senoidal, variação frequência entrada: +/- 5%","UN",434.0,140.0,60760.0]
["16/2026","Aprovada",null,"SEINFRA E OUTROS - MATERIAIS ELÉTRICOS E ELETRÔNICOS","BENS",153052.0,"2026-04-27","2026-07-31",95.0,"DTEL - DIRETORIA DE TELECOMUNICAÇÕES","1028/2025","Médio",11.0,"2026-08-01","Material",6130.0,"Conversores elétricos estáticos",14302.0,"Fonte Alimentação Ininterrupta",463300.0,"aplicação: alimentação de cargas de informática, bateria: selada, capacidade bateria: internas de 12v dc de 7, dimensões: 258 x 208 x 92 (axlxp), frequência: 60, tensão entrada: 100/240, tensão saída: 12, tipo: no-break, tipo alarme: led indicador sobrecarga","UN",196.36,40.0,7854.4]
["16/2026","Aprovada",null,"SEINFRA E OUTROS - MATERIAIS ELÉTRICOS E ELETRÔNICOS","BENS",153052.0,"2026-04-27","2026-07-31",95.0,"DTEL - DIRETORIA DE TELECOMUNICAÇÕES","1029/2025","Médio",7.0,"2026-06-01","Material",6130.0,"Conversores elétricos estáticos",7709.0,"Fonte Alimentação",342814.0,"aplicação: câmera de vigilância, corrente saída: 2, tensão saída: 12","UN",20.57,60.0,1234.2]
["16/2026","Aprovada",null,"SEINFRA E OUTROS - MATERIAIS ELÉTRICOS E ELETRÔNICOS","BENS",153052.0,"2026-04-27","2026-07-31",95.0,"DTEL - DIRETORIA DE TELECOMUNICAÇÕES","1029/2025","Médio",8.0,"2026-06-01","Material",6130.0,"Conversores elétricos estáticos",7709.0,"Fonte Alimentação",430680.0,"acessórios: fonte ac/dc 12v, aplicação: microcâmeras cftv, características adicionais: estabilizada, corrente nominal: 10, dimensões: 200 x 100 x 50, frequência nominal: 50/60, potência nominal: 120, referência fabricante: vivatec, tensão alimentação: 110/240, tensão saída: 12, tipo: chaveada","UN",64.21,35.0,2247.35]
["16/2026","Aprovada",null,"SEINFRA E OUTROS - MATERIAIS ELÉTRICOS E ELETRÔNICOS","BENS",153052.0,"2026-04-27","2026-07-31",95.0,"DTEL - DIRETORIA DE TELECOMUNICAÇÕES","1029/2025","Médio",9.0,"2026-06-01","Material",6130.0,"Conversores elétricos estáticos",7709.0,"Fonte Alimentação",342814.0,"aplicação: câmera de vigilância, corrente saída: 2, tensão saída: 12","UN",54.53,50.0,2726.5]
["16/2026","Aprovada",null,"SEINFRA E OUTROS - MATERIAIS ELÉTRICOS E ELETRÔNICOS","BENS",153052.0,"2026-04-27","2026-07-31",95.0,"DTEL - DIRETORIA DE TELECOMUNICAÇÕES","1029/2025","Médio",10.0,"2026-06-01","Material",6130.0,"Conversores elétricos estáticos",7709.0,"Fonte Alimentação",453159.0,"corrente saída: 20, frequência nominal: 50/60, tensão alimentação: 110 / 220, tensão saída: 12, tipo: chaveada","UN",73.54,50.0,3677.0]
["16/2026","Aprovada",null,"SEINFRA E OUTROS - MATERIAIS ELÉTRICOS E ELETRÔNICOS","BENS",153052.0,"2026-04-27","2026-07-31",95.0,"DTEL - DIRETORIA DE TELECOMUNICAÇÕES","1029/2025","Médio",11.0,"2026-06-01","Material",6130.0,"Conversores elétricos estáticos",7709.0,"Fonte Alimentação",603990.0,"aplicação: led, características adicionais 1: automática, proteção: ip67, corrente saída: 10, potência: 120, tensão alimentação: 110/275, tensão saída: 12, tipo: fonte blindada a prova d´agua","UN",158.5,40.0,6340.0]
["16/2026","Aprovada",null,"SEINFRA E OUTROS - MATERIAIS ELÉTRICOS E ELETRÔNICOS","BENS",153052.0,"2026-04-27","2026-07-31",95.0,"DTEL - DIRETORIA DE TELECOMUNICAÇÕES","1029/2025","Médio",12.0,"2026-06-01","Material",6130.0,"Conversores elétricos estáticos",7709.0,"Fonte Alimentação",612787.0,"aplicação: notebooks lenovo, características adicionais 1: tecnologia power delivery, compatibilidade: usb-c 3.1, corrente saída: 2 a / 2,25 a / 3 a / 3,25, frequência nominal: 50/60, potência: 65, tensão alimentação: 110/240, tensão saída: 5 v / 9 v / 15 v / 20","UN",34.21,200.0,6842.0]
["168/2026","Aprovada",null,"BC - AQUISIÇÃO DE BIBLIOCANTO","BENS",153052.0,"2026-01-02","2026-06-02",151.0,"BC - BIBLIOTECA CENTRAL","986/2025","Médio",1.0,"2026-07-01","Material",7510.0,"Artigos para escritório",1340.0,"Bibliocanto",352027.0,"altura: 20, cor: cinza, espessura: 1,20, formato: em l\", largura: 20, material: chapa aço, profundidade: 20, tratamento superficial: anti-ferrugem\"","UN",30.0,200.0,6000.0]
["169/2026","Aprovada",null,"CIDARQ - SERVIÇO DE LIMPEZA","SERVICOS",153052.0,"2026-01-02","2026-08-04",214.0,"CIDARQ - CENTRO DE INFORMAÇÃO DOCUMENTO E ARQUIVOS","835/2025","Alto",1.0,"2026-10-31","Serviço",853.0,"Serviços De Limpeza",null,null,24023.0,"Prestação de Serviço de Limpeza e Conservação - Outras      Necessidades",null,20000.0,2.0,40000.0]
["129/2026","Aprovada",null,"AQUISIÇÃO DE EXTINTORES","BENS",153052.0,"2026-01-02","2026-07-02",181.0,"GOIAS - REGIONAL GOIAS","982/2025","Médio",1.0,"2026-07-01","Material",4210.0,"Equipamentos para combate a incêndio",1301.0,"Extintor Incêndio",623903.0,"acabamento superficial cilindro: pintura epóxi-pó eletrostático, aplicação: incêndio classe a\", \"b\" e \"c\", capacidade: 6, material carga: pó químico seco - pqs, material cilindro: aço carbônico, material mangueira: borracha, material trama: nylon, material válvula saída: latão forjado, normas técnicas: nbr 15808, pressão serviço: 10,5\"","CIL",500.0,1.0,500.0]
["130/2026","Aprovada",null,"PRAE - Pagamento de arbitragem esportiva em competições oficiais","SERVICOS",153052.0,"2026-08-03","2026-11-30",119.0,"PRAE - PRO-REITORIA DE ASSUNTOS ESTUDANTIS","693/2025","Alto",1.0,"2026-01-15","Serviço",839.0,"OUTROS SERVIÇOS DE NEGÓCIOS, TÉCNICOS E PROFISSIONAIS",null,null,18449.0,"PLANEJAMENTO / ORGANIZAÇÃO / EXECUÇÃO / ARBITRAGEM / ATIVIDADES LÚDICAS / DESPORTIVAS / RECREATIVAS / COLÔNIA DE FÉRIAS","UN",25000.0,1.0,25000.0]
["131/2026","Aprovada",null,"PRAE - Manutenção preventiva dos equipamentos da Academia do Centro de Lazer e Esportes","SERVICOS",153052.0,"2026-08-03","2026-12-07",126.0,"PRAE - PRO-REITORIA DE ASSUNTOS ESTUDANTIS","692/2025","Alto",1.0,"2026-01-15","Serviço",871.0,"SERVIÇOS DE MANUTENÇÃO E REPARO DE PRODUTOS FABRICADOS DE METAL,MAQUINARIA E EQUIPAMENTOS",null,null,16284.0,"MANUTENÇÃO E REPARO EM EQUIPAMENTO DE CONDICIONAMENTO FÍSICO/ ERGOMÉTRICO","UN",30000.0,1.0,30000.0]
["133/2026","Aprovada",null,"CIDARQ - PRATELEIRAS ARQUIVO DESLIZANTE + INSTALAÇÃO","SERVICOS",153052.0,"2026-01-02","2026-07-02",181.0,"CIDARQ - CENTRO DE INFORMAÇÃO DOCUMENTO E ARQUIVOS","810/2025","Alto",1.0,"2026-06-30","Material",7125.0,"Armários e estantes",14421.0,"Prateleira",329021.0,"acabamento: aço, aplicação: arquivamento de documentos, características adicionais: pintura antiferrugem, comprimento: 0,92, cor: cinza, largura: 0,45, material: aço, uso: arquivo","UN",190.0,50.0,9500.0]
["133/2026","Aprovada",null,"CIDARQ - PRATELEIRAS ARQUIVO DESLIZANTE + INSTALAÇÃO","SERVICOS",153052.0,"2026-01-02","2026-07-02",181.0,"CIDARQ - CENTRO DE INFORMAÇÃO DOCUMENTO E ARQUIVOS","810/2025","Alto",1.0,"2026-06-30","Serviço",873.0,"Serviços De Instalação(À Exceção Da Construção)",null,null,13102.0,"Instalação / Montagem / Assistência Técnica de Sistema   de Arquivamento Deslizante",null,20000.0,1.0,20000.0]
["133/2026","Aprovada",null,"CIDARQ - PRATELEIRAS ARQUIVO DESLIZANTE + INSTALAÇÃO","SERVICOS",153052.0,"2026-01-02","2026-07-02",181.0,"CIDARQ - CENTRO DE INFORMAÇÃO DOCUMENTO E ARQUIVOS","810/2025","Alto",2.0,"2026-06-30","Material",9515.0,"Placas, chapas, fitas e laminados finos de ferro e de aço",4817.0,"Chapa Aço",346545.0,"acabamento: galvanizada, comprimento: 2, espessura: 0,95, largura: 1, material: aço, normas técnicas: sae 1010/1020","UN",190.0,10.0,1900.0]
["134/2026","Aprovada",null,"MOBILIÁRIOS DE AÇO","BENS",153052.0,"2026-01-02","2026-07-02",181.0,"GOIAS - REGIONAL GOIAS","665/2025","Alto",1.0,"2026-07-01","Material",7125.0,"Armários e estantes",14006.0,"Armário Arquivo",612386.0,"altura: 1,23, características adicionais: cada gaveta com 02 chave de travamento comporta, componentes adicionais: 130 suporte de laminas, 3 aparadores de laminas,, largura: 0,71, material: chapas de aço, material base: metal, padrão acabamento: texturizado, profundidade: 0,50, quantidade gavetas: 10, revestimento: pintura em esmalte sintetico","UN",3700.0,2.0,7400.0]
["134/2026","Aprovada",null,"MOBILIÁRIOS DE AÇO","BENS",153052.0,"2026-01-02","2026-07-02",181.0,"GOIAS - REGIONAL GOIAS","665/2025","Alto",2.0,"2026-07-01","Material",7125.0,"ARMÁRIOS E ESTANTES",319.0,"ARMÁRIO ESTANTE",307130.0,"ACABAMENTO SUPERFICIAL: PINTADO, ALTURA: 1,98, COR: CINZA, LARGURA: 0,92, MATERIAL: AÇO, PROFUNDIDADE: 0,30, QUANTIDADE PRATELEIRAS INTERNAS: 6","UN",255.7,4.0,1022.8]
["134/2026","Aprovada",null,"MOBILIÁRIOS DE AÇO","BENS",153052.0,"2026-01-02","2026-07-02",181.0,"BC - BIBLIOTECA CENTRAL","757/2025","Médio",5.0,"2026-07-01","Material",7125.0,"Armários e estantes",319.0,"Armário Estante",252015.0,"acabamento superficial: pintado em epóxi-pó, altura: 1,98, características adicionais: prateleiras reguláveis, cor: cinza, largura: 0,90, material: aço, profundidade: 0,40, quantidade prateleiras internas: 4","UN",2700.0,4.0,10800.0]
["134/2026","Aprovada",null,"MOBILIÁRIOS DE AÇO","BENS",153052.0,"2026-01-02","2026-07-02",181.0,"BC - BIBLIOTECA CENTRAL","757/2025","Médio",9.0,"2026-07-01","Material",7125.0,"Armários e estantes",218.0,"Estante",622174.0,"acabamento superficial: fosfatizado, pintura em esmalte sintético, altura: 200, largura: 120, material: aço, profundidade: 0,60, quantidade prateleiras: 6","UN",2500.0,2.0,5000.0]
["134/2026","Aprovada",null,"MOBILIÁRIOS DE AÇO","BENS",153052.0,"2026-01-02","2026-07-02",181.0,"BC - BIBLIOTECA CENTRAL","757/2025","Médio",11.0,"2026-07-01","Material",7125.0,"Armários e estantes",14421.0,"Prateleira",342172.0,"aplicação: armários/estantes, características adicionais: chapa 22 com 8 parafusos, comprimento: 0,92, cor: cinza, largura: 0,30, material: aço","UN",3000.0,14.0,42000.0]
["134/2026","Aprovada",null,"MOBILIÁRIOS DE AÇO","BENS",153052.0,"2026-01-02","2026-07-02",181.0,"PRPI - PRO-REITORIA DE PESQUISA E INOVAÇÃO","776/2025","Médio",1.0,"2026-04-30","Material",7125.0,"Armários e estantes",15290.0,"Armário",622156.0,"acabamento superficial: pintura epóxi, altura: 2000, aplicação: guardar ferramentas material, características adicionais: conforme modelo, cor: preta, espessura: 20, largura: 2955, material: chapa de aço, material base: chapa de aço, material portas: chapa de aço, material prateleiras: chapa de aço, material pé: chapa de aço espessura: 20 mm, profundidade: 495, quantidade gavetas: 7, quantidade portas: 2, quantidade prateleiras: 04, revestimento: inox, tipo: alto, modulado, tipo bordas: reta, tipo portas: com fechadura","UN",800.0,1.0,800.0]
["134/2026","Aprovada",null,"MOBILIÁRIOS DE AÇO","BENS",153052.0,"2026-01-02","2026-07-02",181.0,"GOIAS - REGIONAL GOIAS","979/2025","Médio",1.0,"2026-07-01","Material",7125.0,"Armários e estantes",309.0,"Armário Aço",626474.0,"acabamento superficial: polido, altura: 55, largura: 1,50, material: aço inox aisi 430, profundidade: 40, quantidade portas: 4, quantidade prateleiras: 1, tipo: parede","UN",800.0,2.0,1600.0]
["134/2026","Aprovada",null,"MOBILIÁRIOS DE AÇO","BENS",153052.0,"2026-01-02","2026-07-02",181.0,"GOIAS - REGIONAL GOIAS","979/2025","Médio",2.0,"2026-07-01","Material",7195.0,"Mobiliários diversos e acessórios",16082.0,"Mesa Refeitório",622994.0,"altura: 64, características adicionais: 2 bancos com assentos em termoplástico, comprimento: 3.200, largura: 820, material estrutura: aço carbono tubular, material tampo: plástico injetado","UN",1300.0,1.0,1300.0]
["134/2026","Aprovada",null,"MOBILIÁRIOS DE AÇO","BENS",153052.0,"2026-01-02","2026-07-02",181.0,"GOIAS - REGIONAL GOIAS","979/2025","Médio",3.0,"2026-07-01","Material",7195.0,"Mobiliários diversos e acessórios",9611.0,"Mesa",327056.0,"comprimento: 1,20, largura: 0,90, material: aço inoxidável, profundidade: 0,70","UN",1000.0,12.0,12000.0]
["135/2026","Aprovada",null,"RG E IIG- POLTRONAS PARA AUDITORIO CENTRO DE AULAS ","BENS",153052.0,"2025-12-02","2026-06-02",182.0,"PPG Psicologia - FE-TAXAS","298/2025","Médio",3.0,"2026-06-20","Material",7195.0,"Mobiliários Diversos E Acessórios",324.0,"Balcão Atendimento",604295.0,"altura: 1750, características adicionais: com sapatas niveladoras em nylon injetado., cor revestimento: cerezo leon, largura: 1750, material corpo: madeira mdp, material estrutura: mdp 25mm, profundidade: 1100","UN",1000.0,1.0,1000.0]
["135/2026","Aprovada",null,"RG E IIG- POLTRONAS PARA AUDITORIO CENTRO DE AULAS ","BENS",153052.0,"2025-12-02","2026-06-02",182.0,"IIG - INSTITUTO DE INOVAÇÃO EM GESTÃO","794/2025","Médio",1.0,"2026-12-31","Material",7195.0,"MOBILIÁRIOS DIVERSOS E ACESSÓRIOS",18365.0,"POLTRONA AUDITÓRIO",613469.0,"ALTURA: 865, COR REVESTIMENTO: PRETA, LARGURA: 900, MATERIAL ASSENTO/ENCOSTO: ESPUMA DE POLIURETANO, MATERIAL ESTRUTURA: AÇO, PROFUNDIDADE: 710, QUANTIDADE ASSENTOS: 1, REVESTIMENTO ASSENTO E ENCOSTO: VINIL, TIPO ASSENTOS: REBATÍVEL, TIPO PRANCHETA: ESCAMOTEÁVEL","UN",1819.5,70.0,127365.0]
["135/2026","Aprovada",null,"RG E IIG- POLTRONAS PARA AUDITORIO CENTRO DE AULAS ","BENS",153052.0,"2025-12-02","2026-06-02",182.0,"GOIAS - REGIONAL GOIAS","976/2025","Médio",1.0,"2026-07-01","Material",7195.0,"MOBILIÁRIOS DIVERSOS E ACESSÓRIOS",18365.0,"POLTRONA AUDITÓRIO",296891.0,"TIPO ASSENTOS: FIXO, MATERIAL ASSENTO: ESPUMA POLIURETANO INJETADO, PINTURA: ELETROSTÁTICA EPÓXI-PÓ NA COR PRETO FOSCO, REVESTIMENTO ASSENTO E ENCOSTO: TECIDO LÃ 100%, CARACTERÍSTICAS ADICIONAIS: FORMATO ANATÔMICO,  SUPERFÍCIE METÁLICA C/TRATAMEN, MATERIAL ESTRUTURA: RESINA POLIÉSTER REFORÇADA COM FIBRA DE VIDRO","UN",3048.92,186.0,567099.12]
["135/2026","Aprovada",null,"RG E IIG- POLTRONAS PARA AUDITORIO CENTRO DE AULAS ","BENS",153052.0,"2025-12-02","2026-06-02",182.0,"GOIAS - REGIONAL GOIAS","976/2025","Médio",2.0,"2026-07-01","Material",7195.0,"MOBILIÁRIOS DIVERSOS E ACESSÓRIOS",18365.0,"POLTRONA AUDITÓRIO",603498.0,"ESTRUTURA: AÇO, QUANTIDADE ASSENTOS: 1, TIPO ASSENTOS: FIXO, REVESTIMENTO ASSENTO E ENCOSTO: COURVIN, MATERIAL ESTRUTURA: AÇO, COR REVESTIMENTO: PRETA, MATERIAL ASSENTO/ENCOSTO: ESPUMA LAMINADA, LARGURA: 830, PROFUNDIDADE: 670, ALTURA: 750","UN",5653.05,4.0,22612.2]
["136/2026","Aprovada",null,"CIDARQ - MESA DE HIGIENIZAÇÃO","BENS",153052.0,"2026-02-02","2026-08-03",182.0,"CIDARQ - CENTRO DE INFORMAÇÃO DOCUMENTO E ARQUIVOS","805/2025","Alto",1.0,"2026-04-30","Material",7195.0,"MOBILIÁRIOS DIVERSOS E ACESSÓRIOS",1334.0,"MESA HIGIENIZAÇÃO",273037.0,"ALTURA: 155, APLICAÇÃO: COLETAR SUJIDADES ESTRUTURA PAPEL, CAPACIDADE SUCÇÃO: 25, CARACTERÍSTICAS ADICIONAIS: PRÉ-FILTROS COM 1 GRELHA DE ALUMÍNIO, ALTURA REGU-, COMPRIMENTO: 110, ESPESSURA TAMPAS BASCULANTES: 6, LARGURA: 72, MATERIAL: MADEIRA LAMINADA REVESTIDA EM MATERIAL MELAMÍNICO, MATERIAL DOBRADIÇA: LATÃO CROMADO, MATERIAL FILTRO: POLIESTIRENO, MATERIAL ROTOR: NYLON, MATERIAL TAMPAS BASCULANTES: ACRÍLICO TRANSPARENTE, MATERIAL TAMPO: MADEIRA DE LEI COMPENSADA, POTÊNCIA LÂMPADA: 20, POTÊNCIA MOTOR: 50, QUANTIDADE FILTROS: 1, QUANTIDADE LUMINÁRIAS: 1, REVESTIMENTO: LAMINADO MELAMÍNICO HD TEXTURIZADO, TENSÃO MOTOR: 110","UN",12000.0,2.0,24000.0]
["139/2026","Aprovada",null,"FIRMINÓPOLIS - MATERIAL LIMPEZA","BENS",153052.0,"2026-01-02","2026-06-02",151.0,"CAMPUS FIRMINÓPOLIS","865/2025","Médio",1.0,"2026-04-01","Material",7930.0,"Compostos e preparados para limpeza e polimento",2387.0,"Amaciante De Roupa",349194.0,"aspecto físico: líquido viscoso, características adicionais: embalagem plástica tampa e alça e biodegradável, composição: cloreto de dialquildimetilamônio","FR",11.82,60.0,709.2]
["139/2026","Aprovada",null,"FIRMINÓPOLIS - MATERIAL LIMPEZA","BENS",153052.0,"2026-01-02","2026-06-02",151.0,"CAMPUS FIRMINÓPOLIS","865/2025","Médio",3.0,"2026-04-01","Material",8540.0,"Artigos de papel para higiene",8122.0,"Guardanapo De Papel",243002.0,"características adicionais: macio, comprimento: 23, cor: branca, largura: 22, material: celulose, tipo folhas: dupla","PCT",2.5,100.0,250.0]
["139/2026","Aprovada",null,"FIRMINÓPOLIS - MATERIAL LIMPEZA","BENS",153052.0,"2026-01-02","2026-06-02",151.0,"CAMPUS FIRMINÓPOLIS","865/2025","Médio",4.0,"2026-04-01","Material",8540.0,"Artigos de papel para higiene",12792.0,"Toalha De Papel",440603.0,"características adicionais: gofrado, em bobinas de 60 folhas, comprimento: 22, cor: branca, largura: 20, material: 100% fibras celulósicas, tipo folha: dupla picotada","PCT",6.31,50.0,315.5]
["139/2026","Aprovada",null,"FIRMINÓPOLIS - MATERIAL LIMPEZA","BENS",153052.0,"2026-01-02","2026-06-02",151.0,"CAMPUS FIRMINÓPOLIS","865/2025","Médio",5.0,"2026-04-01","Material",7920.0,"Vassouras, escovas, rodos, esponjas e esfregões",10344.0,"Pano Limpeza",425748.0,"características adicionais: lavado, alvejado, bainha, comprimento: 70, largura: 40, material: 100% algodão","UN",7.5,24.0,180.0]
["139/2026","Aprovada",null,"FIRMINÓPOLIS - MATERIAL LIMPEZA","BENS",153052.0,"2026-01-02","2026-06-02",151.0,"CAMPUS FIRMINÓPOLIS","865/2025","Médio",6.0,"2026-04-01","Material",7920.0,"Vassouras, escovas, rodos, esponjas e esfregões",10319.0,"Palha Aço",382312.0,"abrasividade: média, aplicação: limpeza em geral, características adicionais: nº 2, material: aço carbono","PCT",2.7,100.0,270.0]
["139/2026","Aprovada",null,"FIRMINÓPOLIS - MATERIAL LIMPEZA","BENS",153052.0,"2026-01-02","2026-06-02",151.0,"CAMPUS FIRMINÓPOLIS","865/2025","Médio",7.0,"2026-04-01","Material",8415.0,"Vestuário para fins especiais",419.0,"Luva De Proteção",208988.0,"acabamento palma: antiderrapante, aplicação: limpeza, características adicionais: com forro, cor: amarela, esterilidade: não esterilizada, material: borracha, tamanho: médio, tipo punho: curto","PAR",12.0,20.0,240.0]
["140/2026","Aprovada",null,"SIN - AQUISIÇÃO DE TENDA ","BENS",153052.0,"2026-01-02","2026-06-02",151.0,"SIN - SECRETARIA DE INCLUSÃO","752/2025","Alto",3.0,"2026-01-20","Material",8340.0,"Barracas e encerados",1529.0,"Barraca / Barraca Acampamento",612240.0,"aplicação: abrigo/cobertura de eventos, comprimento: 6, largura: 6, material armação: aço galvanizado, material cobertura: lona pvc, tipo: pirâmide, tratamento superficial: impermeabilizado","UN",4160.82,1.0,4160.82]
["141/2026","Aprovada",null,"PRPI - RAÇÃO","BENS",153052.0,"2025-12-01","2026-06-01",182.0,"PRPI - PRO-REITORIA DE PESQUISA E INOVAÇÃO","949/2025","Alto",1.0,"2026-02-28","Material",8710.0,"Forragens e alimentos",1012.0,"Ração Animal",440965.0,"características adicionais: irradiada através de raios gama: 7,5 a 10 kgy, dosagem  máxima umidade: 12, dosagem máxima cálcio: 1,4, dosagem máxima matéria fibrosa: 8, dosagem máxima matéria mineral: 10, dosagem mínima extrato etéreo: 5, dosagem mínima fósforo: 0,6, dosagem mínima proteína: 22, espécie animal: rato e hamster, ingredientes: proteínas, tipo: peletizada","EMB",300.0,500.0,150000.0]
["142/2026","Aprovada",null,"FIRMINÓPOLIS - Gêneros alimentícios","BENS",153052.0,"2026-01-02","2026-06-02",151.0,"CAMPUS FIRMINÓPOLIS","864/2025","Alto",1.0,"2026-03-01","Material",8955.0,"Café, chá e chocolate",19765.0,"Achocolatado",463556.0,"apresentação: pó, característica adicional: enriquecido com vitaminas, sabor: tradicional","EMB",10.0,44.0,440.0]
["142/2026","Aprovada",null,"FIRMINÓPOLIS - Gêneros alimentícios","BENS",153052.0,"2026-01-02","2026-06-02",151.0,"CAMPUS FIRMINÓPOLIS","864/2025","Alto",2.0,"2026-03-01","Material",8955.0,"Café, chá e chocolate",19766.0,"Café",463584.0,"apresentação: torrado moído, empacotamento: almofada, intensidade: média, tipo: tradicional","PCT",25.0,66.0,1650.0]
["142/2026","Aprovada",null,"FIRMINÓPOLIS - Gêneros alimentícios","BENS",153052.0,"2026-01-02","2026-06-02",151.0,"CAMPUS FIRMINÓPOLIS","864/2025","Alto",3.0,"2026-03-01","Material",8950.0,"Condimentos e produtos correlatos",853.0,"Vinagre",249818.0,"acidez: 4, aspecto físico: líquido, aspecto visual: límpido e sem depósitos, matéria-prima: vinho branco, tipo: neutro","FR",3.5,66.0,231.0]
["142/2026","Aprovada",null,"FIRMINÓPOLIS - Gêneros alimentícios","BENS",153052.0,"2026-01-02","2026-06-02",151.0,"CAMPUS FIRMINÓPOLIS","864/2025","Alto",4.0,"2026-03-01","Material",8945.0,"Óleos e gorduras comestíveis",19767.0,"Óleo Vegetal Comestível",463692.0,"espécie vegetal: soja, tipo: puro, tipo qualidade: tipo 1","EMB",7.0,495.0,3465.0]
["142/2026","Aprovada",null,"FIRMINÓPOLIS - Gêneros alimentícios","BENS",153052.0,"2026-01-02","2026-06-02",151.0,"CAMPUS FIRMINÓPOLIS","864/2025","Alto",5.0,"2026-03-01","Material",8945.0,"Óleos e gorduras comestíveis",19768.0,"Azeite",463697.0,"espécie vegetal: de oliva, teor da acidez: virgem - entre 0,8% e 2%, tipo: puro","EMB",28.0,33.0,924.0]
["142/2026","Aprovada",null,"FIRMINÓPOLIS - Gêneros alimentícios","BENS",153052.0,"2026-01-02","2026-06-02",151.0,"CAMPUS FIRMINÓPOLIS","864/2025","Alto",6.0,"2026-03-01","Material",8920.0,"Produtos de panificação e cereais",19712.0,"Fermento",459586.0,"apresentação: pó, tipo: químico","EMB",3.0,33.0,99.0]
["142/2026","Aprovada",null,"FIRMINÓPOLIS - Gêneros alimentícios","BENS",153052.0,"2026-01-02","2026-06-02",151.0,"CAMPUS FIRMINÓPOLIS","864/2025","Alto",7.0,"2026-03-01","Material",8950.0,"Condimentos e produtos correlatos",19715.0,"Molho De Mesa",459658.0,"apresentação: creme, composição: tradicional, tipo: maionese","EMB",5.0,33.0,165.0]
["142/2026","Aprovada",null,"FIRMINÓPOLIS - Gêneros alimentícios","BENS",153052.0,"2026-01-02","2026-06-02",151.0,"CAMPUS FIRMINÓPOLIS","864/2025","Alto",8.0,"2026-03-01","Material",8950.0,"Condimentos e produtos correlatos",19715.0,"Molho De Mesa",476902.0,"apresentação: líquido, composição: com sabor, tipo: madeira","EMB",7.5,66.0,495.0]
["142/2026","Aprovada",null,"FIRMINÓPOLIS - Gêneros alimentícios","BENS",153052.0,"2026-01-02","2026-06-02",151.0,"CAMPUS FIRMINÓPOLIS","864/2025","Alto",9.0,"2026-03-01","Material",8950.0,"Condimentos e produtos correlatos",19716.0,"Massa De Tomate",459670.0,"apresentação: creme, composição: tradicional, tipo: extrato concentrado","EMB",3.0,132.0,396.0]
["142/2026","Aprovada",null,"FIRMINÓPOLIS - Gêneros alimentícios","BENS",153052.0,"2026-01-02","2026-06-02",151.0,"CAMPUS FIRMINÓPOLIS","864/2025","Alto",10.0,"2026-03-01","Material",8950.0,"Condimentos e produtos correlatos",12619.0,"Tempero",608265.0,"aplicação: uso culinário, apresentação: pasta, tipo: completo com pimenta","EMB",5.0,55.0,275.0]
["142/2026","Aprovada",null,"FIRMINÓPOLIS - Gêneros alimentícios","BENS",153052.0,"2026-01-02","2026-06-02",151.0,"CAMPUS FIRMINÓPOLIS","864/2025","Alto",11.0,"2026-03-01","Material",8950.0,"Condimentos e produtos correlatos",19774.0,"Condimento",463857.0,"apresentação: pó, tipo: açafrão","EMB",16.0,15.0,240.0]
["142/2026","Aprovada",null,"FIRMINÓPOLIS - Gêneros alimentícios","BENS",153052.0,"2026-01-02","2026-06-02",151.0,"CAMPUS FIRMINÓPOLIS","864/2025","Alto",12.0,"2026-03-01","Material",8950.0,"Condimentos e produtos correlatos",19774.0,"Condimento",482951.0,"adicional: desidratado, apresentação: casca, tipo: canela","EMB",4.5,66.0,297.0]
["142/2026","Aprovada",null,"FIRMINÓPOLIS - Gêneros alimentícios","BENS",153052.0,"2026-01-02","2026-06-02",151.0,"CAMPUS FIRMINÓPOLIS","864/2025","Alto",13.0,"2026-03-01","Material",8950.0,"Condimentos e produtos correlatos",19774.0,"Condimento",463896.0,"apresentação: flor, tipo: erva doce","EMB",16.0,22.0,352.0]
["142/2026","Aprovada",null,"FIRMINÓPOLIS - Gêneros alimentícios","BENS",153052.0,"2026-01-02","2026-06-02",151.0,"CAMPUS FIRMINÓPOLIS","864/2025","Alto",14.0,"2026-03-01","Material",8950.0,"Condimentos e produtos correlatos",19774.0,"Condimento",463916.0,"apresentação: desidratado, tipo: orégano","EMB",18.0,11.0,198.0]
["142/2026","Aprovada",null,"FIRMINÓPOLIS - Gêneros alimentícios","BENS",153052.0,"2026-01-02","2026-06-02",151.0,"CAMPUS FIRMINÓPOLIS","864/2025","Alto",15.0,"2026-03-01","Material",8950.0,"Condimentos e produtos correlatos",19774.0,"Condimento",463917.0,"apresentação: pó, tipo: páprica","EMB",14.0,11.0,154.0]
["142/2026","Aprovada",null,"FIRMINÓPOLIS - Gêneros alimentícios","BENS",153052.0,"2026-01-02","2026-06-02",151.0,"CAMPUS FIRMINÓPOLIS","864/2025","Alto",16.0,"2026-03-01","Material",8950.0,"Condimentos e produtos correlatos",19774.0,"Condimento",463925.0,"apresentação: semente, tipo: pimenta calabresa","EMB",16.0,11.0,176.0]
["142/2026","Aprovada",null,"FIRMINÓPOLIS - Gêneros alimentícios","BENS",153052.0,"2026-01-02","2026-06-02",151.0,"CAMPUS FIRMINÓPOLIS","864/2025","Alto",17.0,"2026-03-01","Material",8950.0,"Condimentos e produtos correlatos",19774.0,"Condimento",463920.0,"apresentação: moído, tipo: pimenta do reino","EMB",12.0,11.0,132.0]
["142/2026","Aprovada",null,"FIRMINÓPOLIS - Gêneros alimentícios","BENS",153052.0,"2026-01-02","2026-06-02",151.0,"CAMPUS FIRMINÓPOLIS","864/2025","Alto",18.0,"2026-03-01","Material",8950.0,"Condimentos e produtos correlatos",19774.0,"Condimento",463937.0,"apresentação: pó, tipo: urucum","EMB",8.0,11.0,88.0]
["142/2026","Aprovada",null,"FIRMINÓPOLIS - Gêneros alimentícios","BENS",153052.0,"2026-01-02","2026-06-02",151.0,"CAMPUS FIRMINÓPOLIS","864/2025","Alto",19.0,"2026-03-01","Material",8950.0,"Condimentos e produtos correlatos",19774.0,"Condimento",463938.0,"adicional: cabeça, apresentação: natural, tipo: alho","KG",12.0,33.0,396.0]
["142/2026","Aprovada",null,"FIRMINÓPOLIS - Gêneros alimentícios","BENS",153052.0,"2026-01-02","2026-06-02",151.0,"CAMPUS FIRMINÓPOLIS","864/2025","Alto",20.0,"2026-03-01","Material",8950.0,"Condimentos e produtos correlatos",19774.0,"Condimento",463923.0,"apresentação: natural, tipo: pimenta de cheiro","KG",29.0,22.0,638.0]
["142/2026","Aprovada",null,"FIRMINÓPOLIS - Gêneros alimentícios","BENS",153052.0,"2026-01-02","2026-06-02",151.0,"CAMPUS FIRMINÓPOLIS","864/2025","Alto",21.0,"2026-03-01","Material",8920.0,"Produtos de panificação e cereais",19696.0,"Amido",459077.0,"base: de milho","EMB",8.0,22.0,176.0]
["142/2026","Aprovada",null,"FIRMINÓPOLIS - Gêneros alimentícios","BENS",153052.0,"2026-01-02","2026-06-02",151.0,"CAMPUS FIRMINÓPOLIS","864/2025","Alto",22.0,"2026-03-01","Material",8920.0,"Produtos de panificação e cereais",19720.0,"Farinha De Trigo",460263.0,"grupo: doméstico, ingrediente adicional: fortificada com ferro e ácido fólico, tipo: tipo 1, especial","EMB",6.0,33.0,198.0]
["142/2026","Aprovada",null,"FIRMINÓPOLIS - Gêneros alimentícios","BENS",153052.0,"2026-01-02","2026-06-02",151.0,"CAMPUS FIRMINÓPOLIS","864/2025","Alto",23.0,"2026-03-01","Material",8920.0,"Produtos de panificação e cereais",9791.0,"Mistura Alimentícia",279242.0,"aplicação: bolo, ingredientes: farinha de trigo, açucar, fermento em pó, sabor: natural","EMB",10.0,66.0,660.0]
["142/2026","Aprovada",null,"FIRMINÓPOLIS - Gêneros alimentícios","BENS",153052.0,"2026-01-02","2026-06-02",151.0,"CAMPUS FIRMINÓPOLIS","864/2025","Alto",24.0,"2026-03-01","Material",8920.0,"Produtos de panificação e cereais",14047.0,"Farinha Quibe",326330.0,"composição: grãos de trigo selecionados e moídos, tipo: crú","KG",9.0,11.0,99.0]
["142/2026","Aprovada",null,"FIRMINÓPOLIS - Gêneros alimentícios","BENS",153052.0,"2026-01-02","2026-06-02",151.0,"CAMPUS FIRMINÓPOLIS","864/2025","Alto",25.0,"2026-03-01","Material",8920.0,"Produtos de panificação e cereais",19694.0,"Farinha De Milho",470688.0,"característica adicional: não transgênico, grão: amarelo, tipo: fubá","EMB",6.0,22.0,132.0]
["142/2026","Aprovada",null,"FIRMINÓPOLIS - Gêneros alimentícios","BENS",153052.0,"2026-01-02","2026-06-02",151.0,"CAMPUS FIRMINÓPOLIS","864/2025","Alto",26.0,"2026-03-01","Material",8920.0,"Produtos de panificação e cereais",19692.0,"Farinha De Mandioca",458920.0,"acidez: baixa acidez, aspecto físico: tipo 1, classe: fina, grupo: seca, subgrupo: branca torrada","EMB",7.0,33.0,231.0]
["142/2026","Aprovada",null,"FIRMINÓPOLIS - Gêneros alimentícios","BENS",153052.0,"2026-01-02","2026-06-02",151.0,"CAMPUS FIRMINÓPOLIS","864/2025","Alto",27.0,"2026-03-01","Material",8920.0,"Produtos de panificação e cereais",19690.0,"Arroz Beneficiado",458904.0,"classe: longo fino, qualidade: tipo 1, subgrupo: polido, tipo: agulhinha/branco","EMB",28.0,220.0,6160.0]
["142/2026","Aprovada",null,"FIRMINÓPOLIS - Gêneros alimentícios","BENS",153052.0,"2026-01-02","2026-06-02",151.0,"CAMPUS FIRMINÓPOLIS","864/2025","Alto",28.0,"2026-03-01","Material",8920.0,"Produtos de panificação e cereais",19691.0,"Macarrão",459004.0,"apresentação: lasanha, base da massa: de farinha de trigo, ingredientes adicionais: com ovos, teor de umidade: massa pré-cozida, tipo: fresca","EMB",6.0,99.0,594.0]
["142/2026","Aprovada",null,"FIRMINÓPOLIS - Gêneros alimentícios","BENS",153052.0,"2026-01-02","2026-06-02",151.0,"CAMPUS FIRMINÓPOLIS","864/2025","Alto",29.0,"2026-03-01","Material",8920.0,"Produtos de panificação e cereais",19691.0,"Macarrão",458953.0,"apresentação: espaguete, base da massa: de farinha de trigo, ingredientes adicionais: com ovos, teor de umidade: massa seca","EMB",6.0,132.0,792.0]
["142/2026","Aprovada",null,"FIRMINÓPOLIS - Gêneros alimentícios","BENS",153052.0,"2026-01-02","2026-06-02",151.0,"CAMPUS FIRMINÓPOLIS","864/2025","Alto",30.0,"2026-03-01","Material",8910.0,"Ovos e laticínios",17295.0,"Creme De Leite",446533.0,"processamento: uht, teor gordura: até 20% de gordura, tratamento: homogeneizado","EMB",4.0,330.0,1320.0]
["142/2026","Aprovada",null,"FIRMINÓPOLIS - Gêneros alimentícios","BENS",153052.0,"2026-01-02","2026-06-02",151.0,"CAMPUS FIRMINÓPOLIS","864/2025","Alto",31.0,"2026-03-01","Material",8910.0,"Ovos e laticínios",8753.0,"Leite Fluido",445995.0,"origem: de vaca, processamento: uht, teor gordura: integral, tipo: a","CX",5.0,330.0,1650.0]
["142/2026","Aprovada",null,"FIRMINÓPOLIS - Gêneros alimentícios","BENS",153052.0,"2026-01-02","2026-06-02",151.0,"CAMPUS FIRMINÓPOLIS","864/2025","Alto",32.0,"2026-03-01","Material",8910.0,"Ovos e laticínios",11534.0,"Queijo",446633.0,"apresentação: peça, origem: de vaca, variedade: muçarela","KG",30.0,66.0,1980.0]
["142/2026","Aprovada",null,"FIRMINÓPOLIS - Gêneros alimentícios","BENS",153052.0,"2026-01-02","2026-06-02",151.0,"CAMPUS FIRMINÓPOLIS","864/2025","Alto",33.0,"2026-03-01","Material",8910.0,"Ovos e laticínios",11534.0,"Queijo",446648.0,"apresentação: ralado, origem: de vaca, variedade: parmesão","KG",30.0,22.0,660.0]
["142/2026","Aprovada",null,"FIRMINÓPOLIS - Gêneros alimentícios","BENS",153052.0,"2026-01-02","2026-06-02",151.0,"CAMPUS FIRMINÓPOLIS","864/2025","Alto",34.0,"2026-03-01","Material",8910.0,"Ovos e laticínios",19586.0,"Ovo",446619.0,"classe: a, grupo: branco, origem: galinha, tipo: médio","BJ",15.0,165.0,2475.0]
["142/2026","Aprovada",null,"FIRMINÓPOLIS - Gêneros alimentícios","BENS",153052.0,"2026-01-02","2026-06-02",151.0,"CAMPUS FIRMINÓPOLIS","864/2025","Alto",35.0,"2026-03-01","Material",8950.0,"Condimentos e produtos correlatos",852.0,"Sal",291893.0,"aplicação: alimentícia, características adicionais: teor mínimo cloreto de sódio 98,5%, tipo: refinado","KG",4.0,33.0,132.0]
["142/2026","Aprovada",null,"FIRMINÓPOLIS - Gêneros alimentícios","BENS",153052.0,"2026-01-02","2026-06-02",151.0,"CAMPUS FIRMINÓPOLIS","864/2025","Alto",36.0,"2026-03-01","Material",8920.0,"Produtos de panificação e cereais",19721.0,"Pão",460401.0,"apresentação: fatiado, base: de farinha de trigo refinada, tipo: de forma, tipo adicional: tradicional, tipo embalagem: embalagem individual","EMB",12.0,660.0,7920.0]
["142/2026","Aprovada",null,"FIRMINÓPOLIS - Gêneros alimentícios","BENS",153052.0,"2026-01-02","2026-06-02",151.0,"CAMPUS FIRMINÓPOLIS","864/2025","Alto",37.0,"2026-03-01","Material",8920.0,"Produtos de panificação e cereais",19721.0,"Pão",460385.0,"base: de farinha de trigo refinada, tipo: semi-doce, tipo adicional: bisnaga, careca/seda","EMB",8.0,660.0,5280.0]
["142/2026","Aprovada",null,"FIRMINÓPOLIS - Gêneros alimentícios","BENS",153052.0,"2026-01-02","2026-06-02",151.0,"CAMPUS FIRMINÓPOLIS","864/2025","Alto",38.0,"2026-03-01","Material",8945.0,"Óleos e gorduras comestíveis",19769.0,"Gordura Vegetal - Margarina",463699.0,"composição básica: mínimo de 80% de gordura, sabor: com sal, subtipo: cremosa, tipo: margarina","EMB",8.0,66.0,528.0]
["142/2026","Aprovada",null,"FIRMINÓPOLIS - Gêneros alimentícios","BENS",153052.0,"2026-01-02","2026-06-02",151.0,"CAMPUS FIRMINÓPOLIS","864/2025","Alto",39.0,"2026-03-01","Material",8905.0,"Carnes, aves e peixes",2156.0,"Frios",447764.0,"apresentação: fatiado, estado de conservação: resfriado(a), tipo preparação: cozido, variedade: apresuntado","KG",18.0,33.0,594.0]
["142/2026","Aprovada",null,"FIRMINÓPOLIS - Gêneros alimentícios","BENS",153052.0,"2026-01-02","2026-06-02",151.0,"CAMPUS FIRMINÓPOLIS","864/2025","Alto",40.0,"2026-03-01","Material",8905.0,"Carnes, aves e peixes",9806.0,"Embutido",449183.0,"estado de conservação: resfriado(a), sabor: temperada, tamanho: fina, tipo: linguiça de carne suína, tipo preparação: fresca","KG",18.0,330.0,5940.0]
["142/2026","Aprovada",null,"FIRMINÓPOLIS - Gêneros alimentícios","BENS",153052.0,"2026-01-02","2026-06-02",151.0,"CAMPUS FIRMINÓPOLIS","864/2025","Alto",41.0,"2026-03-01","Material",8905.0,"Carnes, aves e peixes",17294.0,"Carne Suína In Natura",447517.0,"apresentação: peça inteira, estado de conservação: resfriado(a), tipo corte: lombo","KG",22.0,66.0,1452.0]
["142/2026","Aprovada",null,"FIRMINÓPOLIS - Gêneros alimentícios","BENS",153052.0,"2026-01-02","2026-06-02",151.0,"CAMPUS FIRMINÓPOLIS","864/2025","Alto",42.0,"2026-03-01","Material",8905.0,"Carnes, aves e peixes",4552.0,"Carne Defumada",447666.0,"apresentação: em mantas, estado de conservação: resfriado(a), tipo animal: suína, tipo corte: toucinho (bacon)","KG",20.0,22.0,440.0]
["142/2026","Aprovada",null,"FIRMINÓPOLIS - Gêneros alimentícios","BENS",153052.0,"2026-01-02","2026-06-02",151.0,"CAMPUS FIRMINÓPOLIS","864/2025","Alto",43.0,"2026-03-01","Material",8905.0,"Carnes, aves e peixes",4550.0,"Carne De Ave In Natura",447596.0,"apresentação: inteiro, estado de conservação: congelado(a), processamento: com pele, com osso, tipo animal: frango, tipo corte: peito","KG",19.0,264.0,5016.0]
["142/2026","Aprovada",null,"FIRMINÓPOLIS - Gêneros alimentícios","BENS",153052.0,"2026-01-02","2026-06-02",151.0,"CAMPUS FIRMINÓPOLIS","864/2025","Alto",44.0,"2026-03-01","Material",8905.0,"Carnes, aves e peixes",4550.0,"Carne De Ave In Natura",447641.0,"apresentação: inteiro, estado de conservação: congelado(a), tipo animal: frango, tipo corte: carcaça","KG",16.0,660.0,10560.0]
["142/2026","Aprovada",null,"FIRMINÓPOLIS - Gêneros alimentícios","BENS",153052.0,"2026-01-02","2026-06-02",151.0,"CAMPUS FIRMINÓPOLIS","864/2025","Alto",45.0,"2026-03-01","Material",8905.0,"Carnes, aves e peixes",4548.0,"Carne Bovina In Natura",447471.0,"apresentação: peça inteira, estado de conservação: resfriado(a), tipo corte: maminha da alcatra","KG",35.0,495.0,17325.0]
["142/2026","Aprovada",null,"FIRMINÓPOLIS - Gêneros alimentícios","BENS",153052.0,"2026-01-02","2026-06-02",151.0,"CAMPUS FIRMINÓPOLIS","864/2025","Alto",46.0,"2026-03-01","Material",8905.0,"Carnes, aves e peixes",4548.0,"Carne Bovina In Natura",447442.0,"apresentação: peça inteira, estado de conservação: resfriado(a), tipo corte: lagarto","KG",36.0,495.0,17820.0]
["142/2026","Aprovada",null,"FIRMINÓPOLIS - Gêneros alimentícios","BENS",153052.0,"2026-01-02","2026-06-02",151.0,"CAMPUS FIRMINÓPOLIS","864/2025","Alto",47.0,"2026-03-01","Material",8905.0,"Carnes, aves e peixes",4548.0,"Carne Bovina In Natura",447432.0,"apresentação: peça inteira, estado de conservação: resfriado(a), tipo corte: coxão mole","KG",38.0,495.0,18810.0]
["142/2026","Aprovada",null,"FIRMINÓPOLIS - Gêneros alimentícios","BENS",153052.0,"2026-01-02","2026-06-02",151.0,"CAMPUS FIRMINÓPOLIS","864/2025","Alto",48.0,"2026-03-01","Material",8905.0,"Carnes, aves e peixes",4548.0,"Carne Bovina In Natura",465394.0,"apresentação: peça inteira, estado de conservação: resfriado(a), tipo corte: coxão duro","KG",33.0,495.0,16335.0]
["142/2026","Aprovada",null,"FIRMINÓPOLIS - Gêneros alimentícios","BENS",153052.0,"2026-01-02","2026-06-02",151.0,"CAMPUS FIRMINÓPOLIS","864/2025","Alto",49.0,"2026-03-01","Material",8905.0,"Carnes, aves e peixes",4548.0,"Carne Bovina In Natura",447386.0,"apresentação: cortada, estado de conservação: resfriado(a), tipo corte: acém","KG",30.0,495.0,14850.0]
["142/2026","Aprovada",null,"FIRMINÓPOLIS - Gêneros alimentícios","BENS",153052.0,"2026-01-02","2026-06-02",151.0,"CAMPUS FIRMINÓPOLIS","864/2025","Alto",50.0,"2026-03-01","Material",8915.0,"Frutas, verduras e legumes",19789.0,"Fruta",464374.0,"apresentação: natural, tipo: abacaxi pérola","KG",5.0,330.0,1650.0]
["142/2026","Aprovada",null,"FIRMINÓPOLIS - Gêneros alimentícios","BENS",153052.0,"2026-01-02","2026-06-02",151.0,"CAMPUS FIRMINÓPOLIS","864/2025","Alto",51.0,"2026-03-01","Material",8915.0,"Frutas, verduras e legumes",19789.0,"Fruta",464377.0,"apresentação: natural, tipo: banana da terra / banana comprida","KG",8.0,165.0,1320.0]
["142/2026","Aprovada",null,"FIRMINÓPOLIS - Gêneros alimentícios","BENS",153052.0,"2026-01-02","2026-06-02",151.0,"CAMPUS FIRMINÓPOLIS","864/2025","Alto",52.0,"2026-03-01","Material",8915.0,"Frutas, verduras e legumes",19789.0,"Fruta",464381.0,"apresentação: natural, tipo: banana prata / banana branca","KG",6.0,165.0,990.0]
["142/2026","Aprovada",null,"FIRMINÓPOLIS - Gêneros alimentícios","BENS",153052.0,"2026-01-02","2026-06-02",151.0,"CAMPUS FIRMINÓPOLIS","864/2025","Alto",53.0,"2026-03-01","Material",8915.0,"Frutas, verduras e legumes",19789.0,"Fruta",464393.0,"apresentação: natural, tipo: laranja pera","KG",5.0,220.0,1100.0]
["142/2026","Aprovada",null,"FIRMINÓPOLIS - Gêneros alimentícios","BENS",153052.0,"2026-01-02","2026-06-02",151.0,"CAMPUS FIRMINÓPOLIS","864/2025","Alto",54.0,"2026-03-01","Material",8915.0,"Frutas, verduras e legumes",19789.0,"Fruta",464405.0,"apresentação: natural, tipo: mamão formosa","KG",7.5,330.0,2475.0]
["142/2026","Aprovada",null,"FIRMINÓPOLIS - Gêneros alimentícios","BENS",153052.0,"2026-01-02","2026-06-02",151.0,"CAMPUS FIRMINÓPOLIS","864/2025","Alto",55.0,"2026-03-01","Material",8915.0,"Frutas, verduras e legumes",19789.0,"Fruta",464418.0,"apresentação: natural, tipo: melancia vermelha","KG",2.5,330.0,825.0]
["142/2026","Aprovada",null,"FIRMINÓPOLIS - Gêneros alimentícios","BENS",153052.0,"2026-01-02","2026-06-02",151.0,"CAMPUS FIRMINÓPOLIS","864/2025","Alto",56.0,"2026-03-01","Material",8915.0,"Frutas, verduras e legumes",13388.0,"Verdura In Natura*",481121.0,"aplicação: culinária em geral, características adicionais: 1ª qualidade/folha verde vivo/sem fungos., espécie: comum, tipo: repolho verde","KG",4.0,165.0,660.0]
["142/2026","Aprovada",null,"FIRMINÓPOLIS - Gêneros alimentícios","BENS",153052.0,"2026-01-02","2026-06-02",151.0,"CAMPUS FIRMINÓPOLIS","864/2025","Alto",57.0,"2026-03-01","Material",8915.0,"Frutas, verduras e legumes",19773.0,"Verdura In Natura",463818.0,"tipo: acelga","KG",7.0,99.0,693.0]
["142/2026","Aprovada",null,"FIRMINÓPOLIS - Gêneros alimentícios","BENS",153052.0,"2026-01-02","2026-06-02",151.0,"CAMPUS FIRMINÓPOLIS","864/2025","Alto",58.0,"2026-03-01","Material",8915.0,"Frutas, verduras e legumes",19773.0,"Verdura In Natura",463832.0,"tipo: alface crespa","KG",6.0,165.0,990.0]
["142/2026","Aprovada",null,"FIRMINÓPOLIS - Gêneros alimentícios","BENS",153052.0,"2026-01-02","2026-06-02",151.0,"CAMPUS FIRMINÓPOLIS","864/2025","Alto",59.0,"2026-03-01","Material",8915.0,"Frutas, verduras e legumes",19773.0,"Verdura In Natura",463822.0,"tipo: couve","KG",5.0,88.0,440.0]
["142/2026","Aprovada",null,"FIRMINÓPOLIS - Gêneros alimentícios","BENS",153052.0,"2026-01-02","2026-06-02",151.0,"CAMPUS FIRMINÓPOLIS","864/2025","Alto",60.0,"2026-03-01","Material",8915.0,"Frutas, verduras e legumes",19773.0,"Verdura In Natura",463826.0,"tipo: rúcula","KG",4.5,88.0,396.0]
["142/2026","Aprovada",null,"FIRMINÓPOLIS - Gêneros alimentícios","BENS",153052.0,"2026-01-02","2026-06-02",151.0,"CAMPUS FIRMINÓPOLIS","864/2025","Alto",61.0,"2026-03-01","Material",8915.0,"Frutas, verduras e legumes",19772.0,"Legume In Natura",463807.0,"tipo: vagem macarrão","KG",18.0,33.0,594.0]
["142/2026","Aprovada",null,"FIRMINÓPOLIS - Gêneros alimentícios","BENS",153052.0,"2026-01-02","2026-06-02",151.0,"CAMPUS FIRMINÓPOLIS","864/2025","Alto",62.0,"2026-03-01","Material",8915.0,"Frutas, verduras e legumes",19772.0,"Legume In Natura",463806.0,"tipo: tomate salada","KG",6.0,660.0,3960.0]
["142/2026","Aprovada",null,"FIRMINÓPOLIS - Gêneros alimentícios","BENS",153052.0,"2026-01-02","2026-06-02",151.0,"CAMPUS FIRMINÓPOLIS","864/2025","Alto",63.0,"2026-03-01","Material",8915.0,"Frutas, verduras e legumes",19772.0,"Legume In Natura",463809.0,"tipo: pimentão verde","KG",7.0,11.0,77.0]
["142/2026","Aprovada",null,"FIRMINÓPOLIS - Gêneros alimentícios","BENS",153052.0,"2026-01-02","2026-06-02",151.0,"CAMPUS FIRMINÓPOLIS","864/2025","Alto",64.0,"2026-03-01","Material",8915.0,"Frutas, verduras e legumes",19772.0,"Legume In Natura",463796.0,"tipo: pepino","KG",5.0,66.0,330.0]
["142/2026","Aprovada",null,"FIRMINÓPOLIS - Gêneros alimentícios","BENS",153052.0,"2026-01-02","2026-06-02",151.0,"CAMPUS FIRMINÓPOLIS","864/2025","Alto",65.0,"2026-03-01","Material",8915.0,"Frutas, verduras e legumes",19772.0,"Legume In Natura",463778.0,"tipo: chuchu verde","KG",5.0,66.0,330.0]
["142/2026","Aprovada",null,"FIRMINÓPOLIS - Gêneros alimentícios","BENS",153052.0,"2026-01-02","2026-06-02",151.0,"CAMPUS FIRMINÓPOLIS","864/2025","Alto",66.0,"2026-03-01","Material",8915.0,"Frutas, verduras e legumes",19772.0,"Legume In Natura",463770.0,"tipo: cenoura","KG",5.0,132.0,660.0]
["142/2026","Aprovada",null,"FIRMINÓPOLIS - Gêneros alimentícios","BENS",153052.0,"2026-01-02","2026-06-02",151.0,"CAMPUS FIRMINÓPOLIS","864/2025","Alto",67.0,"2026-03-01","Material",8915.0,"Frutas, verduras e legumes",19772.0,"Legume In Natura",463781.0,"tipo: cebola branca","KG",6.0,132.0,792.0]
["142/2026","Aprovada",null,"FIRMINÓPOLIS - Gêneros alimentícios","BENS",153052.0,"2026-01-02","2026-06-02",151.0,"CAMPUS FIRMINÓPOLIS","864/2025","Alto",68.0,"2026-03-01","Material",8915.0,"Frutas, verduras e legumes",19772.0,"Legume In Natura",463767.0,"tipo: beterraba","KG",5.0,66.0,330.0]
["142/2026","Aprovada",null,"FIRMINÓPOLIS - Gêneros alimentícios","BENS",153052.0,"2026-01-02","2026-06-02",151.0,"CAMPUS FIRMINÓPOLIS","864/2025","Alto",69.0,"2026-03-01","Material",8915.0,"Frutas, verduras e legumes",19772.0,"Legume In Natura",463754.0,"tipo: batata inglesa","KG",5.0,220.0,1100.0]
["142/2026","Aprovada",null,"FIRMINÓPOLIS - Gêneros alimentícios","BENS",153052.0,"2026-01-02","2026-06-02",151.0,"CAMPUS FIRMINÓPOLIS","864/2025","Alto",70.0,"2026-03-01","Material",8915.0,"Frutas, verduras e legumes",19772.0,"Legume In Natura",463753.0,"tipo: batata doce","KG",4.0,132.0,528.0]
["142/2026","Aprovada",null,"FIRMINÓPOLIS - Gêneros alimentícios","BENS",153052.0,"2026-01-02","2026-06-02",151.0,"CAMPUS FIRMINÓPOLIS","864/2025","Alto",71.0,"2026-03-01","Material",8915.0,"Frutas, verduras e legumes",19772.0,"Legume In Natura",463749.0,"tipo: abobrinha italiana","KG",5.0,66.0,330.0]
["142/2026","Aprovada",null,"FIRMINÓPOLIS - Gêneros alimentícios","BENS",153052.0,"2026-01-02","2026-06-02",151.0,"CAMPUS FIRMINÓPOLIS","864/2025","Alto",72.0,"2026-03-01","Material",8915.0,"Frutas, verduras e legumes",19772.0,"Legume In Natura",463748.0,"tipo: abóbora cabotiá / japonesa","KG",4.0,66.0,264.0]
["142/2026","Aprovada",null,"FIRMINÓPOLIS - Gêneros alimentícios","BENS",153052.0,"2026-01-02","2026-06-02",151.0,"CAMPUS FIRMINÓPOLIS","864/2025","Alto",73.0,"2026-03-01","Material",8915.0,"Frutas, verduras e legumes",19714.0,"Legume Em Conserva",462824.0,"tipo: milho verde","KG",4.0,99.0,396.0]
["142/2026","Aprovada",null,"FIRMINÓPOLIS - Gêneros alimentícios","BENS",153052.0,"2026-01-02","2026-06-02",151.0,"CAMPUS FIRMINÓPOLIS","864/2025","Alto",74.0,"2026-03-01","Material",8915.0,"Frutas, verduras e legumes",19714.0,"Legume Em Conserva",462823.0,"tipo: ervilha","EMB",4.0,44.0,176.0]
["142/2026","Aprovada",null,"FIRMINÓPOLIS - Gêneros alimentícios","BENS",153052.0,"2026-01-02","2026-06-02",151.0,"CAMPUS FIRMINÓPOLIS","864/2025","Alto",75.0,"2026-03-01","Material",8915.0,"Frutas, verduras e legumes",19714.0,"Legume Em Conserva",459636.0,"apresentação: com caroço, tamanho: grande, tipo: azeitona verde","EMB",15.0,33.0,495.0]
["142/2026","Aprovada",null,"FIRMINÓPOLIS - Gêneros alimentícios","BENS",153052.0,"2026-01-02","2026-06-02",151.0,"CAMPUS FIRMINÓPOLIS","864/2025","Alto",76.0,"2026-03-01","Material",8915.0,"Frutas, verduras e legumes",19792.0,"Leguminosa",464553.0,"tipo: tipo 1, variedade: feijão carioca","EMB",6.5,165.0,1072.5]
["142/2026","Aprovada",null,"FIRMINÓPOLIS - Gêneros alimentícios","BENS",153052.0,"2026-01-02","2026-06-02",151.0,"CAMPUS FIRMINÓPOLIS","864/2025","Alto",77.0,"2026-03-01","Material",8915.0,"Frutas, verduras e legumes",19792.0,"Leguminosa",464552.0,"tipo: tipo 1, variedade: feijão preto","EMB",7.0,165.0,1155.0]
["143/2026","Aprovada",null,"DLOG - AQUISIÇÃO PLAQUETAS IDENTIFICAÇÃO PATRIMONIAL","BENS",153052.0,"2026-01-02","2026-06-02",151.0,"DLOG - DIRETORIA DE LOGÍSTICA","938/2025","Alto",1.0,"2026-12-31","Material",9905.0,"CARTAZES, MOSTRUÁRIOS E PLACAS DE IDENTIFICAÇÃO",{"$nulls":5},240000.0,1.0,240000.0]
["22/2026","Aprovada",null,"GERADORES ELÉTRICOS","BENS",153052.0,"2026-04-27","2026-07-17",81.0,"INF - INSTITUTO DE INFORMÁTICA","376/2025","Médio",1.0,"2026-06-30","Material",6115.0,"Geradores e conjuntos geradores elétricos",8113.0,"Grupo Diesel Gerador",318249.0,"acessórios: bateria partida c/ cabos terminais, conjunto apoio, aplicação: sistema de emergência, componentes: módulo microprocessado(usca), disjuntor termomag-, frequência: 60, potência: 230, quantidade fases: trifásico, tensão saída: 380/220, tipo comando: painel comando automático, montado em armário, tipo operação: comando e supervisão de uma unidade de corrente, uso: fonte auxiliar tensão","UN",200000.0,1.0,200000.0]
["40/2026","Devolvida",null,"INSTRUMENTOS MUSICAIS E ACESSÓRIOS","BENS",153052.0,"2026-06-08","2026-09-04",88.0,"EMAC - ESCOLA DE MÚSICA E ARTES CÊNICAS","255/2025","Médio",1.0,"2026-06-10","Material",7710.0,"INSTRUMENTOS MUSICAIS",7095.0,"ESTANTE - PARTITURA",29688.0,"NOME: ESTANTE - PARTITURA","UN",204.55,22.0,4500.1]
["40/2026","Devolvida",null,"INSTRUMENTOS MUSICAIS E ACESSÓRIOS","BENS",153052.0,"2026-06-08","2026-09-04",88.0,"EMAC - ESCOLA DE MÚSICA E ARTES CÊNICAS","258/2025","Médio",1.0,"2026-05-01","Material",7710.0,"Instrumentos musicais",10698.0,"Piano",468496.0,"acessórios: s/ banqueta, c/ pedal, modelo: portátil, tecla: 88 teclas, tipo: digital, tipo som: polifonia 256","UN",4500.0,1.0,4500.0]
["42/2026","Aprovada",null,"MATERIAL ESPORTIVO E BRINQUEDOS","BENS",153052.0,"2026-05-25","2026-08-28",95.0,"CEPAE - CENTRO DE ENSINO E PESQUISA APLICADA À EDUCAÇÃO","201/2025","Médio",12.0,"2026-03-02","Material",7820.0,"Jogos, brinquedos e artigos correlatos com rodas",3868.0,"Brinquedo Em Geral",624639.0,"aplicação: pedagógica, características adicionais: atóxico, componentes 01: panelas, pratos, garfos, facas, frigideira e alime, cor: diversas, material: plástico, tipo 1: jogo de cozinha, uso: criancas em idade pre-escolar","UN",30.0,5.0,150.0]
["42/2026","Aprovada",null,"MATERIAL ESPORTIVO E BRINQUEDOS","BENS",153052.0,"2026-05-25","2026-08-28",95.0,"CEPAE - CENTRO DE ENSINO E PESQUISA APLICADA À EDUCAÇÃO","201/2025","Médio",13.0,"2026-03-02","Material",7820.0,"Jogos, brinquedos e artigos correlatos com rodas",3868.0,"Brinquedo Em Geral",624605.0,"aplicação: pedagógica, componentes 01: vaca, porco, galinha, burro, cavalo, cachorro, cor: multicolor, material: pvc, tipo: conjunto animais","UN",31.0,5.0,155.0]
["42/2026","Aprovada",null,"MATERIAL ESPORTIVO E BRINQUEDOS","BENS",153052.0,"2026-05-25","2026-08-28",95.0,"CEPAE - CENTRO DE ENSINO E PESQUISA APLICADA À EDUCAÇÃO","201/2025","Médio",14.0,"2026-03-02","Material",7820.0,"Jogos, brinquedos e artigos correlatos com rodas",3868.0,"Brinquedo Em Geral",623552.0,"características adicionais 1: 54 peças ,certificado inmetro, dimensão 1: 30 x 8, material: madeira/mdf, tipo 2: jogo de empilhar blocos","UN",28.3,5.0,141.5]
["42/2026","Aprovada",null,"MATERIAL ESPORTIVO E BRINQUEDOS","BENS",153052.0,"2026-05-25","2026-08-28",95.0,"CEPAE - CENTRO DE ENSINO E PESQUISA APLICADA À EDUCAÇÃO","201/2025","Médio",15.0,"2026-03-02","Material",7820.0,"Jogos, brinquedos e artigos correlatos com rodas",3868.0,"Brinquedo Em Geral",622762.0,"características adicionais 1: todo costurado, olhos em plastico, componentes 01: indio, negro, deficiente visual, idoso,, dimensão 1: 35 a 40, material: feltro/eva, tipo 2: kit de fantoches inclusao social","UN",250.0,5.0,1250.0]
["42/2026","Aprovada",null,"MATERIAL ESPORTIVO E BRINQUEDOS","BENS",153052.0,"2026-05-25","2026-08-28",95.0,"CEPAE - CENTRO DE ENSINO E PESQUISA APLICADA À EDUCAÇÃO","201/2025","Médio",16.0,"2026-03-02","Material",7820.0,"Jogos, brinquedos e artigos correlatos com rodas",3868.0,"Brinquedo Em Geral",622761.0,"características adicionais 1: todo costurado, olhos em plastico, componentes 01: pai, mae, filho, filha, avó e avô, dimensão 1: 35 a 40, material: feltro/eva, tipo 2: kit fantoches da familia negra","UN",280.0,5.0,1400.0]
["42/2026","Aprovada",null,"MATERIAL ESPORTIVO E BRINQUEDOS","BENS",153052.0,"2026-05-25","2026-08-28",95.0,"CEPAE - CENTRO DE ENSINO E PESQUISA APLICADA À EDUCAÇÃO","201/2025","Médio",17.0,"2026-03-02","Material",7820.0,"Jogos, brinquedos e artigos correlatos com rodas",3868.0,"Brinquedo Em Geral",622759.0,"características adicionais 1: todo costurado, olhos em plastico, componentes 01: cachorro, gato, vaca, coelho, cavalo, pato, dimensão 1: 35 a 40, material: feltro/eva, tipo 2: kit de fantoches animais domesticos","UN",160.0,5.0,800.0]
["42/2026","Aprovada",null,"MATERIAL ESPORTIVO E BRINQUEDOS","BENS",153052.0,"2026-05-25","2026-08-28",95.0,"CEPAE - CENTRO DE ENSINO E PESQUISA APLICADA À EDUCAÇÃO","201/2025","Médio",18.0,"2026-03-02","Material",7820.0,"Jogos, brinquedos e artigos correlatos com rodas",3868.0,"Brinquedo Em Geral",622431.0,"componentes 01: tubo de 1/2, dimensão 1: 50 x 400, material: espuma/vinil/bagun, tipo 2: tunel ludico\"","UN",350.0,2.0,700.0]
["42/2026","Aprovada",null,"MATERIAL ESPORTIVO E BRINQUEDOS","BENS",153052.0,"2026-05-25","2026-08-28",95.0,"CEPAE - CENTRO DE ENSINO E PESQUISA APLICADA À EDUCAÇÃO","201/2025","Médio",19.0,"2026-03-02","Material",7820.0,"Jogos, brinquedos e artigos correlatos com rodas",3868.0,"Brinquedo Em Geral",622400.0,"características adicionais 1: leao, o jacare, o elefante, a girafa, a zebra,, componentes: 6 personagens, dimensão 1: 35 a 40, material: feltro/eva, tipo 2: kit de fantoches animais selvagens","UN",175.0,5.0,875.0]
["42/2026","Aprovada",null,"MATERIAL ESPORTIVO E BRINQUEDOS","BENS",153052.0,"2026-05-25","2026-08-28",95.0,"CEPAE - CENTRO DE ENSINO E PESQUISA APLICADA À EDUCAÇÃO","201/2025","Médio",20.0,"2026-03-02","Material",7820.0,"Jogos, brinquedos e artigos correlatos com rodas",3868.0,"Brinquedo Em Geral",622320.0,"características adicionais 1: superficies elevadas com, pontos, riscos, ondas, componentes 01: 5 tapetes, dimensão 1: 24,5 x 24,5, material: bagum, tipo 2: kit com tapete sensorial, uso: criancas em idade pre-escolar","UN",210.0,5.0,1050.0]
["42/2026","Aprovada",null,"MATERIAL ESPORTIVO E BRINQUEDOS","BENS",153052.0,"2026-05-25","2026-08-28",95.0,"CEPAE - CENTRO DE ENSINO E PESQUISA APLICADA À EDUCAÇÃO","201/2025","Médio",21.0,"2026-03-02","Material",7820.0,"Jogos, brinquedos e artigos correlatos com rodas",3868.0,"Brinquedo Em Geral",622166.0,"características adicionais 1: 54 peças ,certificado inmetro, dimensão 1: 28 x 30 x 8, material: madeira/mdf, tipo 2: jogo de empilhar blocos","UN",90.0,5.0,450.0]
["42/2026","Aprovada",null,"MATERIAL ESPORTIVO E BRINQUEDOS","BENS",153052.0,"2026-05-25","2026-08-28",95.0,"FEFD - FACULDADE DE EDUCAÇÃO FÍSICA E DANÇA","240/2025","Médio",1.0,"2026-05-30","Material",7810.0,"Equipamento para atletismo e desporto",6811.0,"Equipamento / Acessórios Desporto",603186.0,"características adicionais: com catraca de 50 milímetros., dimensões: 10 m x 5, material: poliéster, tipo: slackline","UN",200.0,3.0,600.0]
["42/2026","Aprovada",null,"MATERIAL ESPORTIVO E BRINQUEDOS","BENS",153052.0,"2026-05-25","2026-08-28",95.0,"CEPAE - CENTRO DE ENSINO E PESQUISA APLICADA À EDUCAÇÃO","261/2025","Médio",1.0,"2026-03-02","Material",7830.0,"Equipamento para ginástica e recreação",15172.0,"Fita Ginástica Rítmica",237838.0,"comprimento: 6, cor: azul, largura: 7, material: cetim","UN",28.0,15.0,420.0]
["42/2026","Aprovada",null,"MATERIAL ESPORTIVO E BRINQUEDOS","BENS",153052.0,"2026-05-25","2026-08-28",95.0,"CEPAE - CENTRO DE ENSINO E PESQUISA APLICADA À EDUCAÇÃO","261/2025","Médio",2.0,"2026-03-02","Material",7810.0,"Equipamento para atletismo e desporto",6811.0,"Equipamento / Acessórios Desporto",604845.0,"características adicionais: não dobrável, dimensões: 25 x 22 x 05, material: ferro, tipo: suporte, uso: rede de tênis de mesa","UN",31.0,2.0,62.0]
["42/2026","Aprovada",null,"MATERIAL ESPORTIVO E BRINQUEDOS","BENS",153052.0,"2026-05-25","2026-08-28",95.0,"CEPAE - CENTRO DE ENSINO E PESQUISA APLICADA À EDUCAÇÃO","261/2025","Médio",3.0,"2026-03-02","Material",7810.0,"Equipamento para atletismo e desporto",6811.0,"Equipamento / Acessórios Desporto",603186.0,"características adicionais: com catraca de 50 milímetros., dimensões: 10 m x 5, material: poliéster, tipo: slackline","UN",300.0,2.0,600.0]
["42/2026","Aprovada",null,"MATERIAL ESPORTIVO E BRINQUEDOS","BENS",153052.0,"2026-05-25","2026-08-28",95.0,"CEPAE - CENTRO DE ENSINO E PESQUISA APLICADA À EDUCAÇÃO","261/2025","Médio",4.0,"2026-03-02","Material",7810.0,"Equipamento para atletismo e desporto",6811.0,"Equipamento / Acessórios Desporto",602656.0,"características adicionais: 3 cartões: um vermelho, um amarelo e um azul, material: pvc, tipo: cartão, uso: árbitro","UN",23.0,4.0,92.0]
["42/2026","Aprovada",null,"MATERIAL ESPORTIVO E BRINQUEDOS","BENS",153052.0,"2026-05-25","2026-08-28",95.0,"CEPAE - CENTRO DE ENSINO E PESQUISA APLICADA À EDUCAÇÃO","261/2025","Médio",5.0,"2026-03-02","Material",7810.0,"Equipamento para atletismo e desporto",6811.0,"Equipamento / Acessórios Desporto",486832.0,"características adicionais: luva de foco com manopla curvada, material: 100% poliéster, tipo: manopla aparadora de soco, uso: treinamento de artes marciais","UN",90.0,5.0,450.0]
["42/2026","Aprovada",null,"MATERIAL ESPORTIVO E BRINQUEDOS","BENS",153052.0,"2026-05-25","2026-08-28",95.0,"CEPAE - CENTRO DE ENSINO E PESQUISA APLICADA À EDUCAÇÃO","261/2025","Médio",6.0,"2026-03-02","Material",7810.0,"Equipamento para atletismo e desporto",6811.0,"Equipamento / Acessórios Desporto",486404.0,"dimensões: 167 x 46 x 71, material: poliéster, tipo: rede aparadora de bolas, uso: tênis de mesa","UN",400.0,3.0,1200.0]
["42/2026","Aprovada",null,"MATERIAL ESPORTIVO E BRINQUEDOS","BENS",153052.0,"2026-05-25","2026-08-28",95.0,"CEPAE - CENTRO DE ENSINO E PESQUISA APLICADA À EDUCAÇÃO","261/2025","Médio",7.0,"2026-03-02","Material",7810.0,"Equipamento para atletismo e desporto",6811.0,"Equipamento / Acessórios Desporto",486539.0,"características adicionais: com três alças, dimensões: 60 x 12 x 40, material: policloreto, tipo: aparador de chute e soco, uso: treinamento de artes marciais","UN",90.0,5.0,450.0]
["42/2026","Aprovada",null,"MATERIAL ESPORTIVO E BRINQUEDOS","BENS",153052.0,"2026-05-25","2026-08-28",95.0,"CEPAE - CENTRO DE ENSINO E PESQUISA APLICADA À EDUCAÇÃO","261/2025","Médio",8.0,"2026-03-02","Material",7810.0,"Equipamento para atletismo e desporto",6811.0,"Equipamento / Acessórios Desporto",486243.0,"características adicionais: revestido com lona vinílica, dimensões: 200 x 100 x 20, material: espuma, tipo: colchão, uso: práticas esportivas","UN",1100.0,1.0,1100.0]
["42/2026","Aprovada",null,"MATERIAL ESPORTIVO E BRINQUEDOS","BENS",153052.0,"2026-05-25","2026-08-28",95.0,"CEPAE - CENTRO DE ENSINO E PESQUISA APLICADA À EDUCAÇÃO","261/2025","Médio",9.0,"2026-03-02","Material",7810.0,"Equipamento para atletismo e desporto",6811.0,"Equipamento / Acessórios Desporto",467597.0,"características adicionais: fio 8 enchimento de borracha dupla face, cor preta, material: tela poliester, tipo: aparador de soco reta/luva de foco, uso: treinamento de artes marciais","UN",104.0,5.0,520.0]
["42/2026","Aprovada",null,"MATERIAL ESPORTIVO E BRINQUEDOS","BENS",153052.0,"2026-05-25","2026-08-28",95.0,"CEPAE - CENTRO DE ENSINO E PESQUISA APLICADA À EDUCAÇÃO","261/2025","Médio",10.0,"2026-03-02","Material",7810.0,"Equipamento para atletismo e desporto",6811.0,"Equipamento / Acessórios Desporto",467301.0,"características adicionais: fechamento em velcro. tamanho 03, material: couro sintético, tipo: protetor de tórax, uso: treinamento de artes marciais","UN",100.0,5.0,500.0]
["42/2026","Aprovada",null,"MATERIAL ESPORTIVO E BRINQUEDOS","BENS",153052.0,"2026-05-25","2026-08-28",95.0,"CEPAE - CENTRO DE ENSINO E PESQUISA APLICADA À EDUCAÇÃO","261/2025","Médio",11.0,"2026-03-02","Material",7810.0,"Equipamento para atletismo e desporto",6811.0,"Equipamento / Acessórios Desporto",466700.0,"características adicionais: diâmetro máximo: 1cm, dimensões: 40 a 60, material: fibra de vidro, tipo: estilete, uso: ginástica rítimica","UN",100.0,5.0,500.0]
["42/2026","Aprovada",null,"MATERIAL ESPORTIVO E BRINQUEDOS","BENS",153052.0,"2026-05-25","2026-08-28",95.0,"CEPAE - CENTRO DE ENSINO E PESQUISA APLICADA À EDUCAÇÃO","261/2025","Médio",12.0,"2026-03-02","Material",7810.0,"Equipamento para atletismo e desporto",6811.0,"Equipamento / Acessórios Desporto",464879.0,"características adicionais: dupla face, tamanho 02, material: vinil, tipo: protetor de tórax, uso: treinamento de artes marciais","UN",100.0,5.0,500.0]
["42/2026","Aprovada",null,"MATERIAL ESPORTIVO E BRINQUEDOS","BENS",153052.0,"2026-05-25","2026-08-28",95.0,"CEPAE - CENTRO DE ENSINO E PESQUISA APLICADA À EDUCAÇÃO","261/2025","Médio",13.0,"2026-03-02","Material",7810.0,"Equipamento para atletismo e desporto",6811.0,"Equipamento / Acessórios Desporto",464874.0,"características adicionais: modelo manopla, alcochoado de espuma, unissex, dimensões: 22 x 18, material: sintético, tipo: escudo, uso: treinamento de artes marciais","UN",265.0,5.0,1325.0]
["42/2026","Aprovada",null,"MATERIAL ESPORTIVO E BRINQUEDOS","BENS",153052.0,"2026-05-25","2026-08-28",95.0,"CEPAE - CENTRO DE ENSINO E PESQUISA APLICADA À EDUCAÇÃO","261/2025","Médio",14.0,"2026-03-02","Material",7810.0,"Equipamento para atletismo e desporto",6811.0,"Equipamento / Acessórios Desporto",464872.0,"características adicionais: com 6 metros de comprimento, dimensões: 4 a 6, material: cetim, tipo: fita, uso: ginástica rítimica","UN",28.0,8.0,224.0]
["42/2026","Aprovada",null,"MATERIAL ESPORTIVO E BRINQUEDOS","BENS",153052.0,"2026-05-25","2026-08-28",95.0,"CEPAE - CENTRO DE ENSINO E PESQUISA APLICADA À EDUCAÇÃO","261/2025","Médio",15.0,"2026-03-02","Material",7810.0,"Equipamento para atletismo e desporto",6811.0,"Equipamento / Acessórios Desporto",464870.0,"características adicionais: indeformável, tamanho oficial adulto, material: couro sintético/espuma, tipo: luva para karatê, uso: treinamento de artes marciais","UN",28.0,8.0,224.0]
["42/2026","Aprovada",null,"MATERIAL ESPORTIVO E BRINQUEDOS","BENS",153052.0,"2026-05-25","2026-08-28",95.0,"CEPAE - CENTRO DE ENSINO E PESQUISA APLICADA À EDUCAÇÃO","261/2025","Médio",16.0,"2026-03-02","Material",7810.0,"Equipamento para atletismo e desporto",6811.0,"Equipamento / Acessórios Desporto",464870.0,"características adicionais: indeformável, tamanho oficial adulto, material: couro sintético/espuma, tipo: luva para karatê, uso: treinamento de artes marciais","UN",60.0,10.0,600.0]
["42/2026","Aprovada",null,"MATERIAL ESPORTIVO E BRINQUEDOS","BENS",153052.0,"2026-05-25","2026-08-28",95.0,"CEPAE - CENTRO DE ENSINO E PESQUISA APLICADA À EDUCAÇÃO","261/2025","Médio",17.0,"2026-03-02","Material",7810.0,"Equipamento para atletismo e desporto",6811.0,"Equipamento / Acessórios Desporto",464867.0,"características adicionais: fechamento com velcro, dimensões: 19 x 68, material: couro sintético, tipo: protetor de cabeça com grade, uso: treinamento de artes marciais","UN",200.0,10.0,2000.0]
["42/2026","Aprovada",null,"MATERIAL ESPORTIVO E BRINQUEDOS","BENS",153052.0,"2026-05-25","2026-08-28",95.0,"CEPAE - CENTRO DE ENSINO E PESQUISA APLICADA À EDUCAÇÃO","261/2025","Médio",18.0,"2026-03-02","Material",7810.0,"Equipamento para atletismo e desporto",6811.0,"Equipamento / Acessórios Desporto",464866.0,"características adicionais: encapado com fita adesiva, dimensões: 78 a 80, material: pvc, tipo: aro, uso: ginástica rítimica","UN",100.0,5.0,500.0]
["42/2026","Aprovada",null,"MATERIAL ESPORTIVO E BRINQUEDOS","BENS",153052.0,"2026-05-25","2026-08-28",95.0,"CEPAE - CENTRO DE ENSINO E PESQUISA APLICADA À EDUCAÇÃO","261/2025","Médio",19.0,"2026-03-02","Material",7810.0,"Equipamento para atletismo e desporto",6811.0,"Equipamento / Acessórios Desporto",464865.0,"características adicionais: ponteiras de borracha, dimensões: 100, material: pvc, tipo: bastão, uso: ginástica artística","UN",60.0,5.0,300.0]
["42/2026","Aprovada",null,"MATERIAL ESPORTIVO E BRINQUEDOS","BENS",153052.0,"2026-05-25","2026-08-28",95.0,"CEPAE - CENTRO DE ENSINO E PESQUISA APLICADA À EDUCAÇÃO","261/2025","Médio",20.0,"2026-03-02","Material",7810.0,"Equipamento para atletismo e desporto",6811.0,"Equipamento / Acessórios Desporto",464861.0,"características adicionais: tipo oficial, dimensões: 300, material: linho, tipo: corda, uso: ginástica rítimica","UN",50.0,5.0,250.0]
["42/2026","Aprovada",null,"MATERIAL ESPORTIVO E BRINQUEDOS","BENS",153052.0,"2026-05-25","2026-08-28",95.0,"CEPAE - CENTRO DE ENSINO E PESQUISA APLICADA À EDUCAÇÃO","261/2025","Médio",21.0,"2026-03-02","Material",7810.0,"Equipamento para atletismo e desporto",6811.0,"Equipamento / Acessórios Desporto",450347.0,"características adicionais: fechamento em velcro e cardaço, material: poliuretano com revestimento interno em espuma, tipo: protetor de cabeça com grade, uso: proteção  cabeça, orelhas, maxilar e queixo","UN",150.0,5.0,750.0]
["42/2026","Aprovada",null,"MATERIAL ESPORTIVO E BRINQUEDOS","BENS",153052.0,"2026-05-25","2026-08-28",95.0,"CEPAE - CENTRO DE ENSINO E PESQUISA APLICADA À EDUCAÇÃO","261/2025","Médio",22.0,"2026-03-02","Material",7810.0,"Equipamento para atletismo e desporto",6811.0,"Equipamento / Acessórios Desporto",450342.0,"características adicionais: duplo com 4 elásticos, material: eva com fechamento em velcro, tipo: cinto de tração individual, uso: treinamento de arranque e explosão","UN",106.0,5.0,530.0]
["42/2026","Aprovada",null,"MATERIAL ESPORTIVO E BRINQUEDOS","BENS",153052.0,"2026-05-25","2026-08-28",95.0,"CEPAE - CENTRO DE ENSINO E PESQUISA APLICADA À EDUCAÇÃO","261/2025","Médio",23.0,"2026-03-02","Material",7810.0,"Equipamento para atletismo e desporto",6811.0,"Equipamento / Acessórios Desporto",450328.0,"características adicionais: sistema digital com duas agulhas, tipo: calibrador de bolas, uso: regulagem de pressão de ar","UN",80.0,5.0,400.0]
["42/2026","Aprovada",null,"MATERIAL ESPORTIVO E BRINQUEDOS","BENS",153052.0,"2026-05-25","2026-08-28",95.0,"CEPAE - CENTRO DE ENSINO E PESQUISA APLICADA À EDUCAÇÃO","261/2025","Médio",24.0,"2026-03-02","Material",7810.0,"Equipamento para atletismo e desporto",6811.0,"Equipamento / Acessórios Desporto",450236.0,"características adicionais: com suporte e alças, dimensões: 40 x 60 x 13, material: couro sintético, tipo: aparador de chute e soco, uso: treinamento de artes marciais","UN",90.0,5.0,450.0]
["42/2026","Aprovada",null,"MATERIAL ESPORTIVO E BRINQUEDOS","BENS",153052.0,"2026-05-25","2026-08-28",95.0,"CEPAE - CENTRO DE ENSINO E PESQUISA APLICADA À EDUCAÇÃO","261/2025","Médio",25.0,"2026-03-02","Material",7810.0,"Equipamento para atletismo e desporto",14832.0,"Bola Voleibol",372134.0,"aplicação: volei de quadra, características adicionais: matrizada, com miolo substituível, circunferência: 65 a 67, cor: verde e azul, material: microfibra, peso cheia: 325 a 400, pressão: 03 - 04","UN",280.0,10.0,2800.0]
["42/2026","Aprovada",null,"MATERIAL ESPORTIVO E BRINQUEDOS","BENS",153052.0,"2026-05-25","2026-08-28",95.0,"CEPAE - CENTRO DE ENSINO E PESQUISA APLICADA À EDUCAÇÃO","261/2025","Médio",26.0,"2026-03-02","Material",7810.0,"Equipamento para atletismo e desporto",14833.0,"Bola Futsal",410345.0,"características adicionais: 32 gomos, válvula removível, lubrifacada, chancela, circunferência: 55 a 59, material: pu, peso cheia: 350 a 380","UN",99.0,10.0,990.0]
["42/2026","Aprovada",null,"MATERIAL ESPORTIVO E BRINQUEDOS","BENS",153052.0,"2026-05-25","2026-08-28",95.0,"CEPAE - CENTRO DE ENSINO E PESQUISA APLICADA À EDUCAÇÃO","261/2025","Médio",27.0,"2026-03-02","Material",7810.0,"Equipamento para atletismo e desporto",14833.0,"Bola Futsal",410346.0,"características adicionais: 32 gomos, válvula removível, lubrifacada, chancela, circunferência: 61 a 64, material: pu, peso cheia: 410 a 440","UN",99.0,10.0,990.0]
["42/2026","Aprovada",null,"MATERIAL ESPORTIVO E BRINQUEDOS","BENS",153052.0,"2026-05-25","2026-08-28",95.0,"PRAE - PRO-REITORIA DE ASSUNTOS ESTUDANTIS","509/2025","Alto",2.0,"2026-01-15","Material",7810.0,"Equipamento para atletismo e desporto",14836.0,"Bola Basquetebol",476378.0,"circunferência: 72, material: pvc, peso cheia: 300 a 310, pressão: 02 - 03","UN",50.0,8.0,400.0]
["42/2026","Aprovada",null,"MATERIAL ESPORTIVO E BRINQUEDOS","BENS",153052.0,"2026-05-25","2026-08-28",95.0,"PRAE - PRO-REITORIA DE ASSUNTOS ESTUDANTIS","509/2025","Alto",3.0,"2026-01-15","Material",8465.0,"Equipamentos individuais",1206.0,"Bolsa Esportiva",240870.0,"material: nailon, tamanho: médio","UN",84.18,1.0,84.18]
["42/2026","Aprovada",null,"MATERIAL ESPORTIVO E BRINQUEDOS","BENS",153052.0,"2026-05-25","2026-08-28",95.0,"PRAE - PRO-REITORIA DE ASSUNTOS ESTUDANTIS","509/2025","Alto",4.0,"2026-01-15","Material",4240.0,"Equipamento para segurança e salvamento",14859.0,"Rede Proteção",457626.0,"comprimento: 20, cor: branca, largura: 7, material: polietileno, tamanho fio: 25 mm, tamanho trama: 50 x 50","M",2268.0,2.0,4536.0]
["42/2026","Aprovada",null,"MATERIAL ESPORTIVO E BRINQUEDOS","BENS",153052.0,"2026-05-25","2026-08-28",95.0,"PRAE - PRO-REITORIA DE ASSUNTOS ESTUDANTIS","960/2025","Alto",1.0,"2026-01-15","Material",8415.0,"Vestuário para fins especiais",16516.0,"Agasalho Desportivo",626032.0,"características adicionais: conforme modelo, cor: preta, material: 100% poliéster, tamanho: sob medida","UN",200.0,300.0,60000.0]
["45/2026","Aprovada",null,"INF - SERVIÇO Armazenamento de fotos e histórico de eventos realizados no INF.","SERVICOS",153052.0,"2026-04-15","2026-07-10",86.0,"INF - INSTITUTO DE INFORMÁTICA","370/2025","Médio",1.0,"2026-06-30","Serviço",163.0,"Serviços de hospedagem em tecnologia da informação e  comunicacão (tic)",null,null,27065.0,"Serviços de hospedagem de sistemas",null,200.0,1.0,200.0]
["48/2026","Aprovada",null,"EMAC - SERVIÇO ASSISTÊNCIA TÉCNICA PRODUÇÃO\t","SERVICOS",153052.0,"2026-08-10","2026-11-20",102.0,"EMAC - ESCOLA DE MÚSICA E ARTES CÊNICAS","151/2025","Médio",1.0,"2026-12-31","Serviço",851.0,"SERVIÇOS DE AGÊNCIAS DE EMPREGOS E FORNECIMENTO DE PESSOAL",null,null,25704.0,"ASSISTÊNCIA TÉCNICA PRODUÇÃO","UN",2000.0,4.0,8000.0]
["51/2026","Aprovada",null,"INF - SERVIÇOS DE ASSINATURAS DE PLATAFORMAS E SISTEMAS DE INFORMAÇÃO, PARA EDIÇÃO DE IMAGEM","SERVICOS",153052.0,"2026-05-27","2026-08-07",72.0,"INF - INSTITUTO DE INFORMÁTICA","362/2025","Médio",1.0,"2026-06-30","Serviço",839.0,"OUTROS SERVIÇOS DE NEGÓCIOS, TÉCNICOS E PROFISSIONAIS",null,null,12904.0,"ELABORAÇÃO DE ARTE - GRÁFICA",null,500.0,2.0,1000.0]
["54/2026","Aprovada",null,"INF - SERVIÇO DE MANUTENÇÃO DE AR CONDICIONADO","SERVICOS",153052.0,"2026-04-22","2026-06-26",65.0,"INF - INSTITUTO DE INFORMÁTICA","361/2025","Médio",1.0,"2026-06-30","Serviço",871.0,"Serviços De Manutenção E Reparo De Produtos Fabricados De Metal,Maquinaria E Equipamentos",null,null,2771.0,"Ar Condicionado - Manutenção de Sistemas / Limpeza",null,24000.0,1.0,24000.0]
["59/2026","Aprovada",null,"INF - INSCRIÇÃO DE DOCENTES E TAES EM EVENTOS","SERVICOS",153052.0,"2026-05-25","2026-07-17",53.0,"INF - INSTITUTO DE INFORMÁTICA","373/2025","Médio",1.0,"2026-06-30","Serviço",929.0,"Outros serviços de educação e treinamento",null,null,25232.0,"Pagamento inscrição eventos",null,10000.0,1.0,10000.0]
["145/2026","Aprovada",null,"CIDARQ - SERVIÇO DIGITALIZAÇÃO","SERVICOS",153052.0,"2026-03-02","2026-08-31",182.0,"CIDARQ - CENTRO DE INFORMAÇÃO DOCUMENTO E ARQUIVOS","834/2025","Alto",1.0,"2026-08-31","Serviço",168.0,"Serviços Auxiliares De Tecnologia Da Informação  E  Comunicação (Tic)",null,null,27278.0,"Serviços de Digitalização / Indexação de Documentos",null,20000.0,2.0,40000.0]
["146/2026","Aprovada",null,"DCOM E OUTROS - CONTRATAÇÃO SOFTWARES DIVERSOS","SERVICOS",153052.0,"2025-12-01","2026-06-01",182.0,"BC - BIBLIOTECA CENTRAL","686/2025","Médio",1.0,"2026-04-01","Serviço",182.0,"Serviços De  Licenciamento E  Contratos De Transferência De Tecnologia",null,null,27502.0,"Cessão Temporária de Direitos Sobre Programas de Computador Locação de Software",null,360.0,1.0,360.0]
["146/2026","Aprovada",null,"DCOM E OUTROS - CONTRATAÇÃO SOFTWARES DIVERSOS","SERVICOS",153052.0,"2025-12-01","2026-06-01",182.0,"BC - BIBLIOTECA CENTRAL","659/2025","Médio",1.0,"2026-04-01","Serviço",182.0,"Serviços De  Licenciamento E  Contratos De Transferência De Tecnologia",null,null,27502.0,"Cessão Temporária de Direitos Sobre Programas de Computador Locação de Software",null,1998.0,1.0,1998.0]
["146/2026","Aprovada",null,"DCOM E OUTROS - CONTRATAÇÃO SOFTWARES DIVERSOS","SERVICOS",153052.0,"2025-12-01","2026-06-01",182.0,"BC - BIBLIOTECA CENTRAL","688/2025","Alto",1.0,"2026-04-01","Serviço",182.0,"Serviços De  Licenciamento E  Contratos De Transferência De Tecnologia",null,null,27502.0,"Cessão Temporária de Direitos Sobre Programas de Computador Locação de Software",null,12000.0,1.0,12000.0]
["146/2026","Aprovada",null,"DCOM E OUTROS - CONTRATAÇÃO SOFTWARES DIVERSOS","SERVICOS",153052.0,"2025-12-01","2026-06-01",182.0,"BC - BIBLIOTECA CENTRAL","698/2025","Médio",1.0,"2026-06-01","Serviço",182.0,"SERVIÇOS DE  LICENCIAMENTO E  CONTRATOS DE TRANSFERÊNCIA DE TECNOLOGIA",null,null,27502.0,"CESSÃO TEMPORÁRIA DE DIREITOS SOBRE PROGRAMAS DE COMPUTADOR LOCAÇÃO DE SOFTWARE",null,16000.0,1.0,16000.0]
["146/2026","Aprovada",null,"DCOM E OUTROS - CONTRATAÇÃO SOFTWARES DIVERSOS","SERVICOS",153052.0,"2025-12-01","2026-06-01",182.0,"SECOM - SECRETARIA DE COMUNICAÇÃO","824/2025","Alto",1.0,"2026-06-30","Serviço",182.0,"Serviços De  Licenciamento E  Contratos De Transferência De Tecnologia",null,null,27502.0,"Cessão Temporária de Direitos Sobre Programas de Computador Locação de Software",null,77.25,12.0,927.0]
["146/2026","Aprovada",null,"DCOM E OUTROS - CONTRATAÇÃO SOFTWARES DIVERSOS","SERVICOS",153052.0,"2025-12-01","2026-06-01",182.0,"SECOM - SECRETARIA DE COMUNICAÇÃO","825/2025","Alto",1.0,"2026-06-30","Serviço",182.0,"Serviços De  Licenciamento E  Contratos De Transferência De Tecnologia",null,null,27502.0,"Cessão Temporária de Direitos Sobre Programas de Computador Locação de Software",null,678.0,15.0,10170.0]
["146/2026","Aprovada",null,"DCOM E OUTROS - CONTRATAÇÃO SOFTWARES DIVERSOS","SERVICOS",153052.0,"2025-12-01","2026-06-01",182.0,"DCOM - DIRETORIA DE COMPRAS","845/2025","Médio",1.0,"2026-01-10","Serviço",182.0,"Serviços De  Licenciamento E  Contratos De Transferência De Tecnologia",null,null,27502.0,"Cessão Temporária de Direitos Sobre Programas de Computador Locação de Software",null,678.0,20.0,13560.0]
["146/2026","Aprovada",null,"DCOM E OUTROS - CONTRATAÇÃO SOFTWARES DIVERSOS","SERVICOS",153052.0,"2025-12-01","2026-06-01",182.0,"CERCOMP - CENTRO DE RECURSOS COMPUTACIONAIS","956/2025","Baixo",1.0,"2026-08-01","Serviço",182.0,"Serviços De  Licenciamento E  Contratos De Transferência De Tecnologia",null,null,27502.0,"Cessão Temporária de Direitos Sobre Programas de Computador Locação de Software",null,3000.0,12.0,36000.0]
["146/2026","Aprovada",null,"DCOM E OUTROS - CONTRATAÇÃO SOFTWARES DIVERSOS","SERVICOS",153052.0,"2025-12-01","2026-06-01",182.0,"PRAE - PRO-REITORIA DE ASSUNTOS ESTUDANTIS","958/2025","Médio",1.0,"2026-01-15","Serviço",182.0,"Serviços De  Licenciamento E  Contratos De Transferência De Tecnologia",null,null,27502.0,"Cessão Temporária de Direitos Sobre Programas de Computador Locação de Software",null,130.0,1.0,130.0]
["147/2026","Aprovada",null,"SEINFRA - Serviço plantio de grama e remoção de entulhos","SERVICOS",153052.0,"2025-12-01","2026-06-02",183.0,"SEINFRA - SECRETARIA DE INFRAESTRUTURA","737/2025","Alto",1.0,"2026-02-02","Serviço",543.0,"Serviço De Preparação Do Local Da Construção",null,null,1953.0,"Obras Civis de Jardins e Áreas Gramadas",null,40.0,35000.0,1400000.0]
["148/2026","Aprovada",null,"DINTER FE - SERVIÇO REFORMA CORREDOR","SERVICOS",153052.0,"2025-12-01","2026-06-01",182.0,"DINTER UFG-IFMT","633/2025","Alto",1.0,"2026-09-30","Serviço",545.0,"TIPOS ESPECIAIS DE SERVIÇOS DE CONSTRUÇÃO",null,null,1627.0,"MANUTENÇÃO / REFORMA PREDIAL",null,6000.0,1.0,6000.0]
["150/2026","Aprovada",null,"PRAE - ANUIDADE FGDU","SERVICOS",153052.0,"2025-12-01","2026-01-02",32.0,"DCOM - DIRETORIA DE COMPRAS","842/2025","Médio",1.0,"2026-05-20","Serviço",612.0,"Serviços Do Comércio Por Atacado Prestado Por Comissão Ou   Por Contrato",null,null,4243.0,"Assinatura de Jornais, Revistas e Periódicos",null,850.0,3.0,2550.0]
["150/2026","Aprovada",null,"PRAE - ANUIDADE FGDU","SERVICOS",153052.0,"2025-12-01","2026-01-02",32.0,"PRAE - PRO-REITORIA DE ASSUNTOS ESTUDANTIS","964/2025","Baixo",1.0,"2026-01-02","Serviço",711.0,"Serviços de intermediação financeira,exceto serviço bancáriode investimento,serviços de seguros e de pensões",null,null,20010.0,"Recolhimento contribuição / anuidade",null,3000.0,1.0,3000.0]
["151/2026","Aprovada",null,"BC - ANUIDADE ABEC","SERVICOS",153052.0,"2025-12-01","2026-01-02",32.0,"BC - BIBLIOTECA CENTRAL","650/2025","Alto",1.0,"2026-03-31","Serviço",711.0,"Serviços De Intermediação Financeira,Exceto Serviço Bancáriode Investimento,Serviços De Seguros E De Pensões",null,null,20010.0,"Recolhimento Contribuição / Anuidade",null,930.0,1.0,930.0]
["31/2026","Devolvida",null,"EQUIPAMENTO PARA ROBÓTICA","BENS",153052.0,"2026-05-18","2026-08-07",81.0,"FCT- FACULDADE DE CIÊNCIAS E TECNOLOGIA","374/2025","Baixo",1.0,"2026-06-15","Material",6640.0,"Equipamentos e artigos de laboratório",11765.0,"Equipamento / Acessório Robótico",475141.0,"aplicação: equipamentos de robótica, características adicionais: mede distancias entre 1 a 250cm. precisão de +/-1, tipo: sensor ultrasonico ev3","UN",6780.0,1.0,6780.0]
["153/2026","Aprovada",null,"DCOM - LOCAÇÃO DE TENDAS E BANHEIROS","SERVICOS",153052.0,"2026-08-03","2026-12-30",149.0,"DCOM - DIRETORIA DE COMPRAS","840/2025","Médio",1.0,"2026-12-01","Serviço",732.0,"Serviços De Leasing Ou Aluguel Relacionados A Outros Bens",null,null,17612.0,"Locação Guarita / Cabine Sanitária",null,300.0,15.0,4500.0]
["153/2026","Aprovada",null,"DCOM - LOCAÇÃO DE TENDAS E BANHEIROS","SERVICOS",153052.0,"2026-08-03","2026-12-30",149.0,"DCOM - DIRETORIA DE COMPRAS","840/2025","Médio",2.0,"2026-12-01","Serviço",732.0,"Serviços De Leasing Ou Aluguel Relacionados A Outros Bens",null,null,17612.0,"Locação Guarita / Cabine Sanitária",null,180.0,50.0,9000.0]
["153/2026","Aprovada",null,"DCOM - LOCAÇÃO DE TENDAS E BANHEIROS","SERVICOS",153052.0,"2026-08-03","2026-12-30",149.0,"DCOM - DIRETORIA DE COMPRAS","840/2025","Médio",3.0,"2026-12-01","Serviço",732.0,"Serviços De Leasing Ou Aluguel Relacionados A Outros Bens",null,null,21164.0,"Locação Cobertura Desmontável",null,80.0,20.0,1600.0]
["153/2026","Aprovada",null,"DCOM - LOCAÇÃO DE TENDAS E BANHEIROS","SERVICOS",153052.0,"2026-08-03","2026-12-30",149.0,"DCOM - DIRETORIA DE COMPRAS","840/2025","Médio",4.0,"2026-12-01","Serviço",732.0,"Serviços De Leasing Ou Aluguel Relacionados A Outros Bens",null,null,21164.0,"Locação Cobertura Desmontável",null,70.0,20.0,1400.0]
["153/2026","Aprovada",null,"DCOM - LOCAÇÃO DE TENDAS E BANHEIROS","SERVICOS",153052.0,"2026-08-03","2026-12-30",149.0,"DCOM - DIRETORIA DE COMPRAS","840/2025","Médio",5.0,"2026-12-01","Serviço",732.0,"Serviços De Leasing Ou Aluguel Relacionados A Outros Bens",null,null,21164.0,"Locação Cobertura Desmontável",null,70.0,20.0,1400.0]
["153/2026","Aprovada",null,"DCOM - LOCAÇÃO DE TENDAS E BANHEIROS","SERVICOS",153052.0,"2026-08-03","2026-12-30",149.0,"DCOM - DIRETORIA DE COMPRAS","840/2025","Médio",6.0,"2026-12-01","Serviço",732.0,"Serviços De Leasing Ou Aluguel Relacionados A Outros Bens",null,null,21164.0,"Locação Cobertura Desmontável",null,80.0,20.0,1600.0]
["153/2026","Aprovada",null,"DCOM - LOCAÇÃO DE TENDAS E BANHEIROS","SERVICOS",153052.0,"2026-08-03","2026-12-30",149.0,"DCOM - DIRETORIA DE COMPRAS","840/2025","Médio",7.0,"2026-12-01","Serviço",732.0,"Serviços De Leasing Ou Aluguel Relacionados A Outros Bens",null,null,21164.0,"Locação Cobertura Desmontável",null,40.0,30.0,1200.0]
["153/2026","Aprovada",null,"DCOM - LOCAÇÃO DE TENDAS E BANHEIROS","SERVICOS",153052.0,"2026-08-03","2026-12-30",149.0,"DCOM - DIRETORIA DE COMPRAS","840/2025","Médio",8.0,"2026-12-01","Serviço",732.0,"Serviços De Leasing Ou Aluguel Relacionados A Outros Bens",null,null,21164.0,"Locação Cobertura Desmontável",null,65.0,30.0,1950.0]
["153/2026","Aprovada",null,"DCOM - LOCAÇÃO DE TENDAS E BANHEIROS","SERVICOS",153052.0,"2026-08-03","2026-12-30",149.0,"DCOM - DIRETORIA DE COMPRAS","840/2025","Médio",9.0,"2026-12-01","Serviço",732.0,"Serviços De Leasing Ou Aluguel Relacionados A Outros Bens",null,null,21164.0,"Locação Cobertura Desmontável",null,75.0,20.0,1500.0]
["153/2026","Aprovada",null,"DCOM - LOCAÇÃO DE TENDAS E BANHEIROS","SERVICOS",153052.0,"2026-08-03","2026-12-30",149.0,"DCOM - DIRETORIA DE COMPRAS","840/2025","Médio",10.0,"2026-12-01","Serviço",732.0,"Serviços De Leasing Ou Aluguel Relacionados A Outros Bens",null,null,21164.0,"Locação Cobertura Desmontável",null,800.0,30.0,24000.0]
["153/2026","Aprovada",null,"DCOM - LOCAÇÃO DE TENDAS E BANHEIROS","SERVICOS",153052.0,"2026-08-03","2026-12-30",149.0,"DCOM - DIRETORIA DE COMPRAS","840/2025","Médio",11.0,"2026-12-01","Serviço",732.0,"Serviços De Leasing Ou Aluguel Relacionados A Outros Bens",null,null,21164.0,"Locação Cobertura Desmontável",null,900.0,30.0,27000.0]
["153/2026","Aprovada",null,"DCOM - LOCAÇÃO DE TENDAS E BANHEIROS","SERVICOS",153052.0,"2026-08-03","2026-12-30",149.0,"DCOM - DIRETORIA DE COMPRAS","840/2025","Médio",12.0,"2026-12-01","Serviço",732.0,"Serviços De Leasing Ou Aluguel Relacionados A Outros Bens",null,null,21164.0,"Locação Cobertura Desmontável",null,400.0,30.0,12000.0]
["153/2026","Aprovada",null,"DCOM - LOCAÇÃO DE TENDAS E BANHEIROS","SERVICOS",153052.0,"2026-08-03","2026-12-30",149.0,"DCOM - DIRETORIA DE COMPRAS","840/2025","Médio",13.0,"2026-12-01","Serviço",732.0,"Serviços De Leasing Ou Aluguel Relacionados A Outros Bens",null,null,21164.0,"Locação Cobertura Desmontável",null,500.0,30.0,15000.0]
["153/2026","Aprovada",null,"DCOM - LOCAÇÃO DE TENDAS E BANHEIROS","SERVICOS",153052.0,"2026-08-03","2026-12-30",149.0,"DCOM - DIRETORIA DE COMPRAS","840/2025","Médio",14.0,"2026-12-01","Serviço",732.0,"Serviços De Leasing Ou Aluguel Relacionados A Outros Bens",null,null,21164.0,"Locação Cobertura Desmontável",null,800.0,30.0,24000.0]
["153/2026","Aprovada",null,"DCOM - LOCAÇÃO DE TENDAS E BANHEIROS","SERVICOS",153052.0,"2026-08-03","2026-12-30",149.0,"DCOM - DIRETORIA DE COMPRAS","840/2025","Médio",15.0,"2026-12-01","Serviço",732.0,"Serviços De Leasing Ou Aluguel Relacionados A Outros Bens",null,null,13099.0,"Locação / Montagem / Desmontagem de Stands e Projetos em Feiras e Exposições",null,500.0,20.0,10000.0]
["153/2026","Aprovada",null,"DCOM - LOCAÇÃO DE TENDAS E BANHEIROS","SERVICOS",153052.0,"2026-08-03","2026-12-30",149.0,"DCOM - DIRETORIA DE COMPRAS","840/2025","Médio",16.0,"2026-12-01","Serviço",732.0,"Serviços De Leasing Ou Aluguel Relacionados A Outros Bens",null,null,13099.0,"Locação / Montagem / Desmontagem de Stands e Projetos em Feiras e Exposições",null,400.0,20.0,8000.0]
["33/2026","Aprovada",null,"FO - MATERIAL ODONTOLÓGICO DIVERSO","BENS",153052.0,"2026-02-23","2026-05-22",88.0,"FO - FACULDADE DE ODONTOLOGIA","296/2025","Médio",1.0,"2026-03-28","Material",6520.0,"Instrumentos, equipamentos e suprimentos dentários",{"$nulls":5},1122304.12,1.0,1122304.12]
["47/2026","Aprovada",null,"SERVIÇO DE CHAVEIRO - DIVERSAS UNIDADES","SERVICOS",153052.0,"2026-08-10","2026-10-23",74.0,"EMAC - ESCOLA DE MÚSICA E ARTES CÊNICAS","151/2025","Médio",3.0,"2026-12-31","Serviço",839.0,"OUTROS SERVIÇOS DE NEGÓCIOS, TÉCNICOS E PROFISSIONAIS",null,null,5436.0,"CHAVEIRO","UN",100.0,20.0,2000.0]
["47/2026","Aprovada",null,"SERVIÇO DE CHAVEIRO - DIVERSAS UNIDADES","SERVICOS",153052.0,"2026-08-10","2026-10-23",74.0,"FIC - FACULDADE DE INFORMAÇÃO E COMUNICAÇÃO","634/2025","Baixo",2.0,"2026-06-30","Serviço",839.0,"Outros Serviços De Negócios, Técnicos E Profissionais",null,null,5436.0,"Chaveiro",null,8910.14,1.0,8910.14]
["47/2026","Aprovada",null,"SERVIÇO DE CHAVEIRO - DIVERSAS UNIDADES","SERVICOS",153052.0,"2026-08-10","2026-10-23",74.0,"BC - BIBLIOTECA CENTRAL","651/2025","Médio",1.0,"2026-06-30","Serviço",839.0,"Outros Serviços De Negócios, Técnicos E Profissionais",null,null,5436.0,"Chaveiro",null,15.0,10.0,150.0]
["32/2026","Aprovada",null,"FO - MATERIAIS LABORATORIAIS, HOSPITALARES, QUÍMICOS, DE PROTEÇÃO E SEGURANÇA, ENTRE OUTROS.","BENS",153052.0,"2026-02-09","2026-05-22",102.0,"FO - FACULDADE DE ODONTOLOGIA","251/2025","Médio",1.0,"2026-03-25","Material",6810.0,"PRODUTOS QUÍMICOS",{"$nulls":5},20761.99,1.0,20761.99]
["32/2026","Aprovada",null,"FO - MATERIAIS LABORATORIAIS, HOSPITALARES, QUÍMICOS, DE PROTEÇÃO E SEGURANÇA, ENTRE OUTROS.","BENS",153052.0,"2026-02-09","2026-05-22",102.0,"FO - FACULDADE DE ODONTOLOGIA","251/2025","Médio",2.0,"2026-03-25","Material",6640.0,"EQUIPAMENTOS E ARTIGOS DE LABORATÓRIO",{"$nulls":5},11903.15,1.0,11903.15]
["32/2026","Aprovada",null,"FO - MATERIAIS LABORATORIAIS, HOSPITALARES, QUÍMICOS, DE PROTEÇÃO E SEGURANÇA, ENTRE OUTROS.","BENS",153052.0,"2026-02-09","2026-05-22",102.0,"FO - FACULDADE DE ODONTOLOGIA","251/2025","Médio",3.0,"2026-03-25","Material",6530.0,"Mobiliário, equipamentos, utensílios e  suprimentos  hospitalares",{"$nulls":5},24278.84,1.0,24278.84]
["32/2026","Aprovada",null,"FO - MATERIAIS LABORATORIAIS, HOSPITALARES, QUÍMICOS, DE PROTEÇÃO E SEGURANÇA, ENTRE OUTROS.","BENS",153052.0,"2026-02-09","2026-05-22",102.0,"FO - FACULDADE DE ODONTOLOGIA","251/2025","Médio",4.0,"2026-03-25","Material",4240.0,"Equipamento para segurança e salvamento",{"$nulls":5},158638.5,1.0,158638.5]
["32/2026","Aprovada",null,"FO - MATERIAIS LABORATORIAIS, HOSPITALARES, QUÍMICOS, DE PROTEÇÃO E SEGURANÇA, ENTRE OUTROS.","BENS",153052.0,"2026-02-09","2026-05-22",102.0,"FO - FACULDADE DE ODONTOLOGIA","251/2025","Médio",5.0,"2026-03-25","Material",6550.0,"Substâncias Para Diagnóstico \"In Vitro\",  Reagentes,  Conjuntos E Jogos Para Teste",{"$nulls":5},214.5,1.0,214.5]
["32/2026","Aprovada",null,"FO - MATERIAIS LABORATORIAIS, HOSPITALARES, QUÍMICOS, DE PROTEÇÃO E SEGURANÇA, ENTRE OUTROS.","BENS",153052.0,"2026-02-09","2026-05-22",102.0,"FO - FACULDADE DE ODONTOLOGIA","251/2025","Médio",6.0,"2026-03-25","Material",5110.0,"Ferramentas manuais de corte, não acionadas por força motriz",{"$nulls":5},437.0,1.0,437.0]
["32/2026","Aprovada",null,"FO - MATERIAIS LABORATORIAIS, HOSPITALARES, QUÍMICOS, DE PROTEÇÃO E SEGURANÇA, ENTRE OUTROS.","BENS",153052.0,"2026-02-09","2026-05-22",102.0,"FO - FACULDADE DE ODONTOLOGIA","251/2025","Médio",7.0,"2026-03-25","Material",6830.0,"Gases comprimidos e liquefeitos",{"$nulls":5},408.5,1.0,408.5]
["157/2026","Aprovada",null,"CC- PROJETO E MONTAGEM DE ILUMINACAO","SERVICOS",153052.0,"2026-01-02","2026-06-15",164.0,"CC - CENTRO CULTURAL","770/2025","Alto",1.0,"2026-06-15","Serviço",859.0,"Outros Serviços De Suporte",null,null,15296.0,"Projeto e Montagem de Iluminação - Residencial / Comercial /Artística",null,200000.0,1.0,200000.0]
["37/2026","Aprovada",null,"LIVROS DIVERSOS","BENS",153052.0,"2026-05-18","2026-08-07",81.0,"FH - FACULDADE DE HISTÓRIA","281/2025","Baixo",1.0,"2026-10-31","Material",7610.0,"LIVROS E FOLHETOS",{"$nulls":5},4288.91,1.0,4288.91]
["37/2026","Aprovada",null,"LIVROS DIVERSOS","BENS",153052.0,"2026-05-18","2026-08-07",81.0,"BC - BIBLIOTECA CENTRAL","756/2025","Alto",1.0,"2026-07-01","Material",7610.0,"Livros e folhetos",19783.0,"Livro Didático",486167.0,"conteúdo: ciências humanas, definição: coleção disciplinar, formato: impresso, grau: ensino superior / universitário","UN",1000000.0,1.0,1000000.0]
["159/2026","Aprovada",null,"DLOG - GERENCIAMENTO DE FROTA","SERVICOS",153052.0,"2025-12-01","2026-06-01",182.0,"DLOG - DIRETORIA DE LOGÍSTICA","933/2025","Alto",1.0,"2026-06-01","Serviço",859.0,"Outros serviços de suporte",null,null,25372.0,"Controle de abastecimento de veículos",null,1881296.5,1.0,1881296.5]
["160/2026","Aprovada",null,"DLOG - Serviço de TRR (Transportador-Revendedor-Retalhista","SERVICOS",153052.0,"2025-11-21","2026-03-02",101.0,"DLOG - DIRETORIA DE LOGÍSTICA","932/2025","Alto",1.0,"2026-03-01","Serviço",859.0,"Outros serviços de suporte",null,null,25372.0,"Controle de abastecimento de veículos",null,658453.78,1.0,658453.78]
["163/2026","Aprovada",null,"PROAD - SERVIÇO AUXILIAR E TECNICO AUDIO CENTRO DE EVENTOS","SERVICOS",153052.0,"2026-01-15","2026-08-04",201.0,"PROAD - PRO-REITORIA DE ADMINISTRAÇÃO E FINANÇAS","972/2025","Médio",1.0,"2026-08-04","Serviço",859.0,"Outros Serviços De Suporte",null,null,25631.0,"Auxiliar de Serviços Técnicos",null,445720.0,1.0,445720.0]
["164/2026","Aprovada",null,"SECOM - Serviço de impressão e colagem de outdoors","SERVICOS",153052.0,"2025-12-01","2026-06-01",182.0,"SECOM - SECRETARIA DE COMUNICAÇÃO","826/2025","Médio",1.0,"2026-10-31","Serviço",881.0,"Serviços De Manufatura Em Insumos Físicos Que Sao Propriedade De Outros(Exceto Maquinaria E Equipamento)",null,null,14249.0,"Locação / Confecção / Manutenção de Painel Visual",null,330.0,84.0,27720.0]
["165/2026","Aprovada",null,"PRAE - SERVIÇO CONFECÇÃO DE UNIFORMES ","BENS",153052.0,"2025-11-20","2026-01-15",56.0,"PRAE - PRO-REITORIA DE ASSUNTOS ESTUDANTIS","957/2025","Médio",1.0,"2026-01-15","Serviço",881.0,"Serviços De Manufatura Em Insumos Físicos Que Sao Propriedade De Outros(Exceto Maquinaria E Equipamento)",null,null,10030.0,"Confecção - Bordado - Aviamento de Roupa / fardamento / camiseta",null,50.0,25.0,1250.0]
["128/2026","Aprovada",null,"AQUISIÇÃO DE RELÓGIO DE PAREDE","BENS",153052.0,"2026-03-02","2026-09-02",184.0,"BC - BIBLIOTECA CENTRAL","757/2025","Médio",13.0,"2026-07-01","Material",6645.0,"Instrumentos para medição de tempo",482.0,"Relógio",330252.0,"características adicionais: 4 dígitos led, 100mmx60mm, rede rs-485, 110/220 v, funcionamento: elétrico, material: poliuretano rígido, mostrador: digital, tipo: parede","UN",160.0,10.0,1600.0]
["156/2026","Aprovada",null,"PROAD - Serviços de Limpeza Campus Colemar e Samambaia","SERVICOS",153052.0,"2026-06-01","2026-12-30",212.0,"PROAD - PRO-REITORIA DE ADMINISTRAÇÃO E FINANÇAS","968/2025","Médio",1.0,"2026-12-31","Serviço",853.0,"Serviços De Limpeza",null,null,25194.0,"Serviço Especializado de Limpeza",null,306489.36,12.0,3677872.32]
["156/2026","Aprovada",null,"PROAD - Serviços de Limpeza Campus Colemar e Samambaia","SERVICOS",153052.0,"2026-06-01","2026-12-30",212.0,"PROAD - PRO-REITORIA DE ADMINISTRAÇÃO E FINANÇAS","969/2025","Médio",1.0,"2026-06-20","Serviço",853.0,"Serviços De Limpeza",null,null,25194.0,"Serviço Especializado de Limpeza",null,7764589.65,1.0,7764589.65]
["56/2026","Devolvida",null,"FAV - MANUTENÇÃO DE PERSIANAS","SERVICOS",153052.0,"2026-08-24","2026-11-13",81.0,"FAV - FACULDADE DE ARTES VISUAIS","314/2025","Médio",1.0,"2026-12-01","Serviço",872.0,"Serviços de reparo de outros bens",null,null,9954.0,"Instalação / manutenção / reparo - porta sanfonada /  persiana ( horizontal / vertical )",null,15000.0,1.0,15000.0]
["60/2026","Aprovada",null,"INF - CURSOS DE CAPACITAÇÃO.\t","SERVICOS",153052.0,"2026-05-25","2026-07-24",60.0,"INF - INSTITUTO DE INFORMÁTICA","372/2025","Médio",1.0,"2026-06-30","Serviço",929.0,"Outros serviços de educação e treinamento",null,null,21172.0,"Treinamento qualificação profissional",null,5000.0,1.0,5000.0]
["58/2026","Aprovada",null,"FEFD - SERVIÇO DE PROMOÇÃO DE EVENTOS","SERVICOS",153052.0,"2026-04-29","2026-06-26",58.0,"FEFD - FACULDADE DE EDUCAÇÃO FÍSICA E DANÇA","241/2025","Alto",1.0,"2026-05-30","Serviço",962.0,"Serviços De Promoção E Apresentação Relacionados As Artes Cênicas E Outros Espetáculos Ao Vivo",null,null,12610.0,"Realização de Shows / Concursos / Artísticos / Culturais",null,12000.0,1.0,12000.0]
["58/2026","Aprovada",null,"FEFD - SERVIÇO DE PROMOÇÃO DE EVENTOS","SERVICOS",153052.0,"2026-04-29","2026-06-26",58.0,"FEFD - FACULDADE DE EDUCAÇÃO FÍSICA E DANÇA","241/2025","Alto",2.0,"2026-05-30","Serviço",962.0,"Serviços De Promoção E Apresentação Relacionados As Artes Cênicas E Outros Espetáculos Ao Vivo",null,null,14591.0,"Promoção de Eventos",null,6000.0,1.0,6000.0]
["53/2026","Aprovada",null,"EECA - SERVIÇOS DE MANUTENÇÃO E CALIBRAÇÃO","SERVICOS",153052.0,"2026-07-13","2026-10-16",95.0,"EECA - ESCOLA DE ENGENHARIA CIVIL E AMBIENTAL","292/2025","Alto",1.0,"2026-10-30","Serviço",872.0,"Serviços de reparo de outros bens",null,null,14427.0,"Aferição, calibração e medição de máquinas / instrumentos  /sensores / padrões / equipamentos",null,250.0,3.0,750.0]
["53/2026","Aprovada",null,"EECA - SERVIÇOS DE MANUTENÇÃO E CALIBRAÇÃO","SERVICOS",153052.0,"2026-07-13","2026-10-16",95.0,"EECA - ESCOLA DE ENGENHARIA CIVIL E AMBIENTAL","292/2025","Alto",2.0,"2026-10-30","Serviço",872.0,"Serviços de reparo de outros bens",null,null,14427.0,"Aferição, calibração e medição de máquinas / instrumentos  /sensores / padrões / equipamentos",null,350.0,1.0,350.0]
["53/2026","Aprovada",null,"EECA - SERVIÇOS DE MANUTENÇÃO E CALIBRAÇÃO","SERVICOS",153052.0,"2026-07-13","2026-10-16",95.0,"EECA - ESCOLA DE ENGENHARIA CIVIL E AMBIENTAL","292/2025","Alto",3.0,"2026-10-30","Serviço",872.0,"Serviços de reparo de outros bens",null,null,14427.0,"Aferição, calibração e medição de máquinas / instrumentos  /sensores / padrões / equipamentos",null,1200.0,12.0,14400.0]
["53/2026","Aprovada",null,"EECA - SERVIÇOS DE MANUTENÇÃO E CALIBRAÇÃO","SERVICOS",153052.0,"2026-07-13","2026-10-16",95.0,"EECA - ESCOLA DE ENGENHARIA CIVIL E AMBIENTAL","292/2025","Alto",4.0,"2026-10-30","Serviço",872.0,"Serviços de reparo de outros bens",null,null,14443.0,"Aferição e/ou calibração de instrumento de  medir  força  deuso geral",null,578.0,2.0,1156.0]
["53/2026","Aprovada",null,"EECA - SERVIÇOS DE MANUTENÇÃO E CALIBRAÇÃO","SERVICOS",153052.0,"2026-07-13","2026-10-16",95.0,"EECA - ESCOLA DE ENGENHARIA CIVIL E AMBIENTAL","292/2025","Alto",5.0,"2026-10-30","Serviço",872.0,"Serviços de reparo de outros bens",null,null,14478.0,"Aferição, calibração e medição de avaliação geométrica",null,70.0,12.0,840.0]
["53/2026","Aprovada",null,"EECA - SERVIÇOS DE MANUTENÇÃO E CALIBRAÇÃO","SERVICOS",153052.0,"2026-07-13","2026-10-16",95.0,"EECA - ESCOLA DE ENGENHARIA CIVIL E AMBIENTAL","292/2025","Alto",6.0,"2026-10-30","Serviço",872.0,"Serviços de reparo de outros bens",null,null,14460.0,"Aferição e/ou calibração de sensores",null,130.0,1.0,130.0]
["53/2026","Aprovada",null,"EECA - SERVIÇOS DE MANUTENÇÃO E CALIBRAÇÃO","SERVICOS",153052.0,"2026-07-13","2026-10-16",95.0,"EECA - ESCOLA DE ENGENHARIA CIVIL E AMBIENTAL","292/2025","Alto",7.0,"2026-10-30","Serviço",859.0,"Outros serviços de suporte",null,null,19097.0,"Fontes referência - fornecimento / calibração",null,360.0,9.0,3240.0]
["53/2026","Aprovada",null,"EECA - SERVIÇOS DE MANUTENÇÃO E CALIBRAÇÃO","SERVICOS",153052.0,"2026-07-13","2026-10-16",95.0,"EECA - ESCOLA DE ENGENHARIA CIVIL E AMBIENTAL","292/2025","Alto",8.0,"2026-10-30","Serviço",872.0,"Serviços de reparo de outros bens",null,null,14460.0,"Aferição e/ou calibração de sensores",null,211.0,1.0,211.0]
["53/2026","Aprovada",null,"EECA - SERVIÇOS DE MANUTENÇÃO E CALIBRAÇÃO","SERVICOS",153052.0,"2026-07-13","2026-10-16",95.0,"EECA - ESCOLA DE ENGENHARIA CIVIL E AMBIENTAL","292/2025","Alto",9.0,"2026-10-30","Serviço",872.0,"Serviços de reparo de outros bens",null,null,14427.0,"Aferição, calibração e medição de máquinas / instrumentos  /sensores / padrões / equipamentos",null,610.0,1.0,610.0]
["53/2026","Aprovada",null,"EECA - SERVIÇOS DE MANUTENÇÃO E CALIBRAÇÃO","SERVICOS",153052.0,"2026-07-13","2026-10-16",95.0,"EECA - ESCOLA DE ENGENHARIA CIVIL E AMBIENTAL","292/2025","Alto",10.0,"2026-10-30","Serviço",871.0,"Serviços De Manutenção E Reparo De Produtos Fabricados De Metal,Maquinaria E Equipamentos",null,null,2623.0,"Manutenção / Reparo - Bateria",null,907.0,2.0,1814.0]
["2026-05-01","Devolvida",null,"QUADROS, LOUSAS, TOTENS E SUPORTES","BENS",153052.0,"2026-03-23","2026-06-26",95.0,"CEPAE - CENTRO DE ENSINO E PESQUISA APLICADA À EDUCAÇÃO","197/2025","Médio",4.0,"2026-03-02","Material",7195.0,"Mobiliários diversos e acessórios",14399.0,"Quadro Avisos",486401.0,"altura: 80, finalidade: anexar avisos, largura: 120, material: madeira revestida com cortiça, material moldura: alumínio","UN",200.0,2.0,400.0]
["2026-05-01","Devolvida",null,"QUADROS, LOUSAS, TOTENS E SUPORTES","BENS",153052.0,"2026-03-23","2026-06-26",95.0,"CEPAE - CENTRO DE ENSINO E PESQUISA APLICADA À EDUCAÇÃO","197/2025","Médio",5.0,"2026-03-02","Material",7195.0,"Mobiliários diversos e acessórios",14399.0,"Quadro Avisos",467619.0,"características adicionais: tamanho a4, auto-adesivo, finalidade: anexar avisos, material: polipropileno","UN",20.0,15.0,300.0]
["2026-05-01","Devolvida",null,"QUADROS, LOUSAS, TOTENS E SUPORTES","BENS",153052.0,"2026-03-23","2026-06-26",95.0,"FEFD - FACULDADE DE EDUCAÇÃO FÍSICA E DANÇA","223/2025","Alto",1.0,"2026-05-30","Material",7110.0,"Mobiliário para escritório",1454.0,"Quadro Branco",466525.0,"acabamento superficial moldura: anodizado natural, comprimento: 300, largura: 120, material: mdf, material moldura: alumínio","UN",1248.0,5.0,6240.0]
["2026-05-01","Devolvida",null,"QUADROS, LOUSAS, TOTENS E SUPORTES","BENS",153052.0,"2026-03-23","2026-06-26",95.0,"EMAC - ESCOLA DE MÚSICA E ARTES CÊNICAS","260/2025","Médio",1.0,"2026-04-17","Material",7110.0,"MOBILIÁRIO PARA ESCRITÓRIO",1454.0,"QUADRO BRANCO",269951.0,"MATERIAL: LAMINADO MELAMÍNICO BRILHANTE, ACABAMENTO SUPERFICIAL MOLDURA: ALUMÍNIO, COR MOLDURA: NATURAL, FINALIDADE: MARCADOR, LARGURA: 100, COMPRIMENTO: 150, TIPO FIXAÇÃO: COM CAVALETE, MATERIAL PÉS: ALUMÍNIO COM RODAS PLÁSTICAS, COMPONENTES ADICIONAIS: SUPORTE PARA APAGADOR - PINCÉIS DE ALUMÍNIO","UN",1000.0,4.0,4000.0]
["2026-05-01","Devolvida",null,"QUADROS, LOUSAS, TOTENS E SUPORTES","BENS",153052.0,"2026-03-23","2026-06-26",95.0,"FAV - FACULDADE DE ARTES VISUAIS","311/2025","Médio",1.0,"2026-12-01","Material",7110.0,"MOBILIÁRIO PARA ESCRITÓRIO",1454.0,"QUADRO BRANCO",620266.0,"ACABAMENTO SUPERFICIAL MOLDURA: ALUMÍNIO, ALTURA: 180, CARACTERÍSTICAS ADICIONAIS: SUPORTE PARA APAGADOR E CANETAS, COMPRIMENTO: 120, COR MOLDURA: BRANCO, FINALIDADE: LANÇAMENTO INFORMAÇÕES, MATERIAL: LAMINADO MELAMÍNICO BRILHANTE, MATERIAL MOLDURA: ALUMÍNIO, TIPO FIXAÇÃO: ACESSÓRIOS PARA INSTALAÇÃO","UN",300.0,4.0,1200.0]
["2026-05-01","Devolvida",null,"QUADROS, LOUSAS, TOTENS E SUPORTES","BENS",153052.0,"2026-03-23","2026-06-26",95.0,"FAV - FACULDADE DE ARTES VISUAIS","311/2025","Médio",3.0,"2026-12-01","Material",7110.0,"Mobiliário para escritório",12395.0,"Suporte De Videocassete / Televisao",470758.0,"características adicionais: carga máxima 100 kg, com trava de segurança e meca, material: aço, tamanho: para tv de 10 a 85\", tipo: vesa fixo\"","UN",30.0,10.0,300.0]
["2026-06-01","Devolvida",null,"ARMÁRIOS DE AÇO","BENS",153052.0,"2026-03-09","2026-06-19",102.0,"ICB - INSTITUTO DE CIÊNCIAS BIOLÓGICAS","188/2025","Alto",1.0,"2026-08-31","Material",7125.0,"Armários e estantes",309.0,"Armário Aço",236870.0,"acabamento superficial: pintura lisa, altura: 1,90, cor: cinza, largura: 1,18, profundidade: 0,40, quantidade portas: 2, quantidade prateleiras: 04, tipo fixação portas: com dobradiças, tratamento superficial: fosfatizado","UN",800.0,7.0,5600.0]
["2026-06-01","Devolvida",null,"ARMÁRIOS DE AÇO","BENS",153052.0,"2026-03-09","2026-06-19",102.0,"CEPAE - CENTRO DE ENSINO E PESQUISA APLICADA À EDUCAÇÃO","197/2025","Médio",8.0,"2026-03-02","Material",7125.0,"Armários e estantes",309.0,"Armário Aço",601719.0,"acabamento superficial: pintado, altura: 1,98, características adicionais: capacidade de 70kg por prateleira, cor: cinza, largura: 1,04, material: chapa aço 22, profundidade: 0,50, quantidade portas: 2, quantidade prateleiras: 04","UN",586.0,1.0,586.0]
["2026-07-01","Aprovada",null,"SERVIDORES - TIC","CONTRATACOES_TIC",153052.0,"2026-03-30","2026-07-03",95.0,"INF - INSTITUTO DE INFORMÁTICA","358/2025","Médio",1.0,"2026-06-30","Material",7010.0,"Computadores",10293.0,"Servidor",457714.0,"armazenamento sas: com discos sas, armazenamento sata: com discos sata, armazenamento ssd: com discos ssd, fonte alimentação: redundante (swap/hot plug), garantia on site: superior 48, interface rede lan: 2, interface rede san: 2, memória ram: 512, núcleos por processador: 15 a 20, processadores físicos: 2, sistema operacional: proprietário, tipo: rack","UN",108000.0,1.0,108000.0]
["2026-07-01","Aprovada",null,"SERVIDORES - TIC","CONTRATACOES_TIC",153052.0,"2026-03-30","2026-07-03",95.0,"INF - INSTITUTO DE INFORMÁTICA","365/2025","Médio",1.0,"2026-06-30","Material",7010.0,"Computadores",10293.0,"Servidor",476994.0,"armazenamento sas: com discos sas, armazenamento sata: sem discos sata, armazenamento ssd: sem discos ssd, fonte alimentação: redundante (swap/hot plug), garantia on site: 24, interface rede lan: 2, interface rede san: 2, memória ram: 16, núcleos por processador: 8, processadores físicos: 2, sistema operacional: proprietário, tipo: nas - network attached storage","UN",70000.0,2.0,140000.0]
["2026-07-01","Aprovada",null,"SERVIDORES - TIC","CONTRATACOES_TIC",153052.0,"2026-03-30","2026-07-03",95.0,"DTEL - DIRETORIA DE TELECOMUNICAÇÕES","883/2025","Alto",20.0,"2026-06-01","Material",7010.0,"Computadores",10293.0,"Servidor",608692.0,"armazenamento sas: sem discos sas, armazenamento sata: com discos sata, armazenamento ssd: com discos ssd, fonte alimentação: redundante (swap/hot plug), garantia on site: superior 48, interface rede lan: 2, interface rede san: sem san, memória ram: 32, núcleos por processador: 15 a 20, processadores físicos: 1, sistema operacional: proprietário, tipo: rack","UN",96255.0,1.0,96255.0]
["2026-07-01","Aprovada",null,"SERVIDORES - TIC","CONTRATACOES_TIC",153052.0,"2026-03-30","2026-07-03",95.0,"DTEL - DIRETORIA DE TELECOMUNICAÇÕES","884/2025","Médio",13.0,"2026-08-01","Material",7010.0,"Computadores",10293.0,"Servidor",608692.0,"armazenamento sas: sem discos sas, armazenamento sata: com discos sata, armazenamento ssd: com discos ssd, fonte alimentação: redundante (swap/hot plug), garantia on site: superior 48, interface rede lan: 2, interface rede san: sem san, memória ram: 32, núcleos por processador: 15 a 20, processadores físicos: 1, sistema operacional: proprietário, tipo: rack","UN",96255.0,1.0,96255.0]
["170/2026","Aprovada",null,"DCF - ASSESSSORIA FISCAL DIGITAL ? EFDREINF, ESOCIAL E DCTFWEB","SERVICOS",153052.0,"2026-01-02","2026-03-02",59.0,"DCF - DIRETORIA DE CONTABILIDADE E FINANÇAS","998/2025","Alto",1.0,"2026-01-31","Serviço",831.0,"Serviços De Consultoria E De Gerência/Gestão",null,null,787.0,"Consultoria e Assessoria - Tributária",null,40000.0,1.0,40000.0]
["49/2026","Aprovada",null,"EMAC - SERVIÇOS DE MANUTENÇÃO E REPARO DE PRODUTOS FABRICADOS DE METAL,MAQUINARIA E EQUIPAMENTOS","SERVICOS",153052.0,"2026-08-10","2026-11-20",102.0,"EMAC - ESCOLA DE MÚSICA E ARTES CÊNICAS","151/2025","Médio",2.0,"2026-12-31","Serviço",871.0,"SERVIÇOS DE MANUTENÇÃO E REPARO DE PRODUTOS FABRICADOS DE METAL,MAQUINARIA E EQUIPAMENTOS",null,null,2739.0,"INSTALAÇÃO/MANUTENÇÃO- EQUIPAMENTO ELETRÔNICO/ELETROMECÂNICO","UN",1000.0,5.0,5000.0]
["138/2026","Aprovada",null,"DLOG E OUTROS- MATERIAL DE LIMPEZA ","BENS",153052.0,"2025-12-01","2026-06-02",183.0,"ICB - INSTITUTO DE CIÊNCIAS BIOLÓGICAS","187/2025","Médio",2.0,"2026-08-31","Material",8540.0,"Artigos de papel para higiene",15570.0,"Lenço Descartável",385383.0,"aplicação: limpeza instrumentos, apresentação: envelope 50 unidades, características adicionais: macio e duplo, comprimento: 21,50, largura: 14,80, material: papel","CX",9.9,30.0,297.0]
["138/2026","Aprovada",null,"DLOG E OUTROS- MATERIAL DE LIMPEZA ","BENS",153052.0,"2025-12-01","2026-06-02",183.0,"IPTSP - INSTITUTO DE PATOLOGIA TROPICAL E SAÚDE PÚBLICA","141/2025","Médio",74.0,"2026-07-31","Material",8540.0,"Artigos de papel para higiene",12792.0,"Toalha De Papel",481231.0,"aplicação: higiene pessoal, características adicionais: interfolhada, comprimento: 21,50, cor: branca, largura: 24 a 25, material: papel, tipo folha: 2 dobras","PCT",15.6,5.0,78.0]
["138/2026","Aprovada",null,"DLOG E OUTROS- MATERIAL DE LIMPEZA ","BENS",153052.0,"2025-12-01","2026-06-02",183.0,"IPTSP - INSTITUTO DE PATOLOGIA TROPICAL E SAÚDE PÚBLICA","141/2025","Médio",78.0,"2026-07-31","Material",8540.0,"Artigos de papel para higiene",15570.0,"Lenço Descartável",385383.0,"aplicação: limpeza instrumentos, apresentação: envelope 50 unidades, características adicionais: macio e duplo, comprimento: 21,50, largura: 14,80, material: papel","CX",5.0,4.0,20.0]
["138/2026","Aprovada",null,"DLOG E OUTROS- MATERIAL DE LIMPEZA ","BENS",153052.0,"2025-12-01","2026-06-02",183.0,"GOIAS - REGIONAL GOIAS","714/2025","Alto",6.0,"2026-07-01","Material",7350.0,"Louça e artigos de mesa",5849.0,"Copo Descartável",481295.0,"capacidade: 200, cor: incolor, material: poliestireno","PCT",10.0,100.0,1000.0]
["138/2026","Aprovada",null,"DLOG E OUTROS- MATERIAL DE LIMPEZA ","BENS",153052.0,"2025-12-01","2026-06-02",183.0,"GOIAS - REGIONAL GOIAS","714/2025","Alto",7.0,"2026-07-01","Material",7920.0,"Vassouras, escovas, rodos, esponjas e esfregões",7042.0,"Esponja Limpeza",620662.0,"aplicação: limpeza geral, características adicionais: dupla face, comprimento mínimo: 102, espessura mínima: 28, formato: retangular, largura mínima: 69, material: espuma / fibra","UN",5.0,50.0,250.0]
["138/2026","Aprovada",null,"DLOG E OUTROS- MATERIAL DE LIMPEZA ","BENS",153052.0,"2025-12-01","2026-06-02",183.0,"GOIAS - REGIONAL GOIAS","714/2025","Alto",22.0,"2026-07-01","Material",8540.0,"Artigos de papel para higiene",10383.0,"Papel Higiênico",292731.0,"características adicionais: macio, comprimento: 50, cor: branca, largura: 8, material: celulose vegetal, tipo: folha simples","PCT",15.0,30.0,450.0]
["138/2026","Aprovada",null,"DLOG E OUTROS- MATERIAL DE LIMPEZA ","BENS",153052.0,"2025-12-01","2026-06-02",183.0,"GOIAS - REGIONAL GOIAS","714/2025","Alto",35.0,"2026-07-01","Material",7920.0,"Vassouras, escovas, rodos, esponjas e esfregões",14441.0,"Vassourinha",278323.0,"aplicação: limpeza sanitário, material cabo: plástico, material cerda: náilon","UN",15.0,15.0,225.0]
["138/2026","Aprovada",null,"DLOG E OUTROS- MATERIAL DE LIMPEZA ","BENS",153052.0,"2025-12-01","2026-06-02",183.0,"CAMPUS FIRMINÓPOLIS","865/2025","Médio",2.0,"2026-04-01","Material",7350.0,"Louça e artigos de mesa",5849.0,"Copo Descartável",341916.0,"aplicação: líquidos frios e quentes, capacidade: 200, características adicionais: nbr 14865/2002-abnt, cor: incolor, material: resina termoplástica","PCT",7.75,100.0,775.0]
["138/2026","Aprovada",null,"DLOG E OUTROS- MATERIAL DE LIMPEZA ","BENS",153052.0,"2025-12-01","2026-06-02",183.0,"DLOG - DIRETORIA DE LOGÍSTICA","990/2025","Alto",1.0,"2026-07-30","Material",7930.0,"Compostos e preparados para limpeza e polimento",2166.0,"Água Sanitária",292730.0,"composição química: hipoclorito de sódio, hidróxido de sódio, cloreto, cor: incolor, densidade: de 1,20 a 1, teor cloro ativo: varia de 2 a 2,50%, classe corrosivo: classe 8, número risco: 85, risco saúde: 3, corrosividade: 1, peso molecular cloro: 74,50, aplicação: lavagem e alvejante de roupas, banheiras, pias,","GRF",6.923,8000.0,55384.0]
["138/2026","Aprovada",null,"DLOG E OUTROS- MATERIAL DE LIMPEZA ","BENS",153052.0,"2025-12-01","2026-06-02",183.0,"DLOG - DIRETORIA DE LOGÍSTICA","990/2025","Alto",2.0,"2026-07-30","Material",7930.0,"Compostos e preparados para limpeza e polimento",2166.0,"Água Sanitária",299605.0,"composição química: hipoclorito de sódio, hidróxido de sódio, cloreto, cor: incolor, teor cloro ativo: varia de 2 a 2,50%, aplicação: lavagem e alvejante de roupas, banheiras, pias,","FR",2.1505,7000.0,15053.5]
["138/2026","Aprovada",null,"DLOG E OUTROS- MATERIAL DE LIMPEZA ","BENS",153052.0,"2025-12-01","2026-06-02",183.0,"DLOG - DIRETORIA DE LOGÍSTICA","990/2025","Alto",3.0,"2026-07-30","Material",7930.0,"Compostos e preparados para limpeza e polimento",715.0,"Álcool Etílico Limpeza De Ambientes",390766.0,"aplicação: limpeza, concentração: 92,8°inpm, tipo: etílico hidratado","GL",28.75,3000.0,86250.0]
["138/2026","Aprovada",null,"DLOG E OUTROS- MATERIAL DE LIMPEZA ","BENS",153052.0,"2025-12-01","2026-06-02",183.0,"DLOG - DIRETORIA DE LOGÍSTICA","990/2025","Alto",4.0,"2026-07-30","Material",7930.0,"Compostos e preparados para limpeza e polimento",715.0,"Álcool Etílico Limpeza De Ambientes",300077.0,"aplicação: limpeza, concentração: 48 inpm, tipo: etílico, aparência visual: líquido, límpido, isento de partículas","FR",5.75,6000.0,34500.0]
["138/2026","Aprovada",null,"DLOG E OUTROS- MATERIAL DE LIMPEZA ","BENS",153052.0,"2025-12-01","2026-06-02",183.0,"DLOG - DIRETORIA DE LOGÍSTICA","990/2025","Alto",5.0,"2026-07-30","Material",6505.0,"Drogas e medicamentos",2259.0,"Álcool Etílico",269941.0,"teor alcoólico: 70%_(70°gl), tipo: hidratado, apresentação: líquido","GL",27.669,3000.0,83007.0]
["138/2026","Aprovada",null,"DLOG E OUTROS- MATERIAL DE LIMPEZA ","BENS",153052.0,"2025-12-01","2026-06-02",183.0,"DLOG - DIRETORIA DE LOGÍSTICA","990/2025","Alto",6.0,"2026-07-30","Material",6505.0,"Drogas e medicamentos",2259.0,"Álcool Etílico",269941.0,"teor alcoólico: 70%_(70°gl), tipo: hidratado, apresentação: líquido","FR",4.393,7000.0,30751.0]
["138/2026","Aprovada",null,"DLOG E OUTROS- MATERIAL DE LIMPEZA ","BENS",153052.0,"2025-12-01","2026-06-02",183.0,"DLOG - DIRETORIA DE LOGÍSTICA","990/2025","Alto",7.0,"2026-07-30","Material",7240.0,"Recepientes para uso doméstico e comercial",764.0,"Balde",216086.0,"capacidade: 20, características adicionais: não aplicável, cor: preta, material: plástico, material alça: arame galvanizado, tamanho: extra","UN",12.4775,1600.0,19964.0]
["138/2026","Aprovada",null,"DLOG E OUTROS- MATERIAL DE LIMPEZA ","BENS",153052.0,"2025-12-01","2026-06-02",183.0,"DLOG - DIRETORIA DE LOGÍSTICA","990/2025","Alto",8.0,"2026-07-30","Material",7240.0,"Recepientes para uso doméstico e comercial",764.0,"Balde",216079.0,"capacidade: 8, características adicionais: não aplicável, cor: natural, material: plástico, material alça: arame galvanizado, tamanho: pequeno","UN",4.485,1500.0,6727.5]
["138/2026","Aprovada",null,"DLOG E OUTROS- MATERIAL DE LIMPEZA ","BENS",153052.0,"2025-12-01","2026-06-02",183.0,"DLOG - DIRETORIA DE LOGÍSTICA","990/2025","Alto",9.0,"2026-07-30","Material",4020.0,"Cabos de fibra, cordoalhas e barbantes",3324.0,"Barbante",306725.0,"cor: natural, material: algodão","EMB",7.935,500.0,3967.5]
["138/2026","Aprovada",null,"DLOG E OUTROS- MATERIAL DE LIMPEZA ","BENS",153052.0,"2025-12-01","2026-06-02",183.0,"DLOG - DIRETORIA DE LOGÍSTICA","990/2025","Alto",10.0,"2026-07-30","Material",7240.0,"Recepientes para uso doméstico e comercial",3819.0,"Borrifador",272254.0,"aplicação: acondicionar solução reveladora, capacidade: 500, material: plástico, tipo: spray, contendo bico borrifador","UN",4.37,2000.0,8740.0]
["138/2026","Aprovada",null,"DLOG E OUTROS- MATERIAL DE LIMPEZA ","BENS",153052.0,"2025-12-01","2026-06-02",183.0,"DLOG - DIRETORIA DE LOGÍSTICA","990/2025","Alto",11.0,"2026-07-30","Material",7220.0,"Revestimentos para pisos",745.0,"Capacho",300417.0,"características adicionais: fundo antiderrapante, comprimento: 60, cor: cinza, largura: 40, material: fibra sintética","UN",62.1,500.0,31050.0]
["138/2026","Aprovada",null,"DLOG E OUTROS- MATERIAL DE LIMPEZA ","BENS",153052.0,"2025-12-01","2026-06-02",183.0,"DLOG - DIRETORIA DE LOGÍSTICA","990/2025","Alto",12.0,"2026-07-30","Material",7220.0,"Revestimentos para pisos",745.0,"Capacho",215841.0,"altura: 20, comprimento: 800, cor: cinza, largura: 600, material: fibra sintética","UN",62.1,500.0,31050.0]
["138/2026","Aprovada",null,"DLOG E OUTROS- MATERIAL DE LIMPEZA ","BENS",153052.0,"2025-12-01","2026-06-02",183.0,"DLOG - DIRETORIA DE LOGÍSTICA","990/2025","Alto",13.0,"2026-07-30","Material",7240.0,"Recepientes para uso doméstico e comercial",15025.0,"Cesto Lixo",239916.0,"capacidade: 10, características adicionais: sem tampa, material: plástico","UN",3.7375,600.0,2242.5]
["138/2026","Aprovada",null,"DLOG E OUTROS- MATERIAL DE LIMPEZA ","BENS",153052.0,"2025-12-01","2026-06-02",183.0,"DLOG - DIRETORIA DE LOGÍSTICA","990/2025","Alto",14.0,"2026-07-30","Material",7350.0,"Louça e artigos de mesa",5849.0,"Copo Descartável",293185.0,"aplicação: café, capacidade: 50, características adicionais: atóxico, de acordo c/ norma abnt, nbr 14865, cor: branco, material: poliestireno, peso mínimo: 0,75","PCT",6.9,2000.0,13800.0]
["138/2026","Aprovada",null,"DLOG E OUTROS- MATERIAL DE LIMPEZA ","BENS",153052.0,"2025-12-01","2026-06-02",183.0,"DLOG - DIRETORIA DE LOGÍSTICA","990/2025","Alto",15.0,"2026-07-30","Material",7350.0,"Louça e artigos de mesa",5849.0,"Copo Descartável",316755.0,"aplicação: líquidos frios e quentes, capacidade: 200, características adicionais: nbr 14865/2002-abnt, cor: branco, material: resina termoplástica, peso mínimo: 2,20","PCT",10.35,8000.0,82800.0]
["138/2026","Aprovada",null,"DLOG E OUTROS- MATERIAL DE LIMPEZA ","BENS",153052.0,"2025-12-01","2026-06-02",183.0,"DLOG - DIRETORIA DE LOGÍSTICA","990/2025","Alto",16.0,"2026-07-30","Material",4540.0,"Equipamentos diversos de instalações hidráulicas, sanitáriase de calefação",6090.0,"Desentupidor Pia",446101.0,"comprimento cabo: 20, cor: preta, material: borracha flexível, material cabo: plástico resistente, tipo: sanfonado","UN",4.5425,200.0,908.5]
["138/2026","Aprovada",null,"DLOG E OUTROS- MATERIAL DE LIMPEZA ","BENS",153052.0,"2025-12-01","2026-06-02",183.0,"DLOG - DIRETORIA DE LOGÍSTICA","990/2025","Alto",17.0,"2026-07-30","Material",4510.0,"Dispositivos e acessórios para instalações hidráulicas",6092.0,"Desentupidor Vaso Sanitário",241711.0,"altura: 10, comprimento cabo: 50, cor: preta, diâmetro: 16, material: borracha flexível, material cabo: madeira","UN",6.6815,300.0,2004.45]
["138/2026","Aprovada",null,"DLOG E OUTROS- MATERIAL DE LIMPEZA ","BENS",153052.0,"2025-12-01","2026-06-02",183.0,"DLOG - DIRETORIA DE LOGÍSTICA","990/2025","Alto",18.0,"2026-07-30","Material",6840.0,"Pesticidas e desinfetantes",14487.0,"Desinfetante",420084.0,"característica adicional: com aroma, composição: à base de quaternário de amônio, forma física: solução aquosa concentrada","L",5.9225,7000.0,41457.5]
["138/2026","Aprovada",null,"DLOG E OUTROS- MATERIAL DE LIMPEZA ","BENS",153052.0,"2025-12-01","2026-06-02",183.0,"DLOG - DIRETORIA DE LOGÍSTICA","990/2025","Alto",19.0,"2026-07-30","Material",6850.0,"Especialidades químicas diversas",15405.0,"Desodorizador",261168.0,"aplicação: aromatizador ambiental, apresentação: aerosol, essência: lavanda","FR",9.1885,2500.0,22971.25]
["138/2026","Aprovada",null,"DLOG E OUTROS- MATERIAL DE LIMPEZA ","BENS",153052.0,"2025-12-01","2026-06-02",183.0,"DLOG - DIRETORIA DE LOGÍSTICA","990/2025","Alto",20.0,"2026-07-30","Material",7930.0,"Compostos e preparados para limpeza e polimento",6136.0,"Detergente",372748.0,"aspecto físico: líquido, características adicionais: biodegradável, bico dosador, composição: alquil benzeno sulfato sódio, lauril, éter, neutro","EMB",9.7175,7500.0,72881.25]
["138/2026","Aprovada",null,"DLOG E OUTROS- MATERIAL DE LIMPEZA ","BENS",153052.0,"2025-12-01","2026-06-02",183.0,"DLOG - DIRETORIA DE LOGÍSTICA","990/2025","Alto",21.0,"2026-07-30","Material",7930.0,"Compostos e preparados para limpeza e polimento",6136.0,"Detergente",372748.0,"aspecto físico: líquido, características adicionais: biodegradável, bico dosador, composição: alquil benzeno sulfato sódio, lauril, éter, neutro","FR",0.9545,6500.0,6204.25]
["138/2026","Aprovada",null,"DLOG E OUTROS- MATERIAL DE LIMPEZA ","BENS",153052.0,"2025-12-01","2026-06-02",183.0,"DLOG - DIRETORIA DE LOGÍSTICA","990/2025","Alto",22.0,"2026-07-30","Material",7920.0,"Vassouras, escovas, rodos, esponjas e esfregões",6254.0,"Disco De Feltro De Enceradeira",614590.0,"diametro: 380, uso: limpeza","UN",30.4175,400.0,12167.0]
["138/2026","Aprovada",null,"DLOG E OUTROS- MATERIAL DE LIMPEZA ","BENS",153052.0,"2025-12-01","2026-06-02",183.0,"DLOG - DIRETORIA DE LOGÍSTICA","990/2025","Alto",23.0,"2026-07-30","Material",7920.0,"Vassouras, escovas, rodos, esponjas e esfregões",6254.0,"Disco De Feltro De Enceradeira",614590.0,"diametro: 380, uso: limpeza","UN",23.46,750.0,17595.0]
["138/2026","Aprovada",null,"DLOG E OUTROS- MATERIAL DE LIMPEZA ","BENS",153052.0,"2025-12-01","2026-06-02",183.0,"DLOG - DIRETORIA DE LOGÍSTICA","990/2025","Alto",24.0,"2026-07-30","Material",7920.0,"Vassouras, escovas, rodos, esponjas e esfregões",6950.0,"Escova Limpeza Geral",333358.0,"aplicação: vaso sanitário, características adicionais: formato arredondado, material cerdas: náilon, material corpo: plástico","UN",2.875,1000.0,2875.0]
["138/2026","Aprovada",null,"DLOG E OUTROS- MATERIAL DE LIMPEZA ","BENS",153052.0,"2025-12-01","2026-06-02",183.0,"DLOG - DIRETORIA DE LOGÍSTICA","990/2025","Alto",25.0,"2026-07-30","Material",7920.0,"Vassouras, escovas, rodos, esponjas e esfregões",6950.0,"Escova Limpeza Geral",279310.0,"características adicionais: com suporte, material cerdas: nylon, material corpo: plástico","UN",4.6575,1000.0,4657.5]
["138/2026","Aprovada",null,"DLOG E OUTROS- MATERIAL DE LIMPEZA ","BENS",153052.0,"2025-12-01","2026-06-02",183.0,"DLOG - DIRETORIA DE LOGÍSTICA","990/2025","Alto",26.0,"2026-07-30","Material",7920.0,"Vassouras, escovas, rodos, esponjas e esfregões",7042.0,"Esponja Limpeza",296307.0,"material: lã aço","PCT",2.3,3500.0,8050.0]
["138/2026","Aprovada",null,"DLOG E OUTROS- MATERIAL DE LIMPEZA ","BENS",153052.0,"2025-12-01","2026-06-02",183.0,"DLOG - DIRETORIA DE LOGÍSTICA","990/2025","Alto",27.0,"2026-07-30","Material",7920.0,"Vassouras, escovas, rodos, esponjas e esfregões",7042.0,"Esponja Limpeza",454956.0,"aplicação: peças de vidro, inox e superfícies antiaderentes, características adicionais: verde amarela; manta não tecido, fibras sintéticas, comprimento mínimo: 110, formato: retangular, largura mínima: 75, material: poliuretano","PCT",2.3,2500.0,5750.0]
["138/2026","Aprovada",null,"DLOG E OUTROS- MATERIAL DE LIMPEZA ","BENS",153052.0,"2025-12-01","2026-06-02",183.0,"DLOG - DIRETORIA DE LOGÍSTICA","990/2025","Alto",28.0,"2026-07-30","Material",7920.0,"Vassouras, escovas, rodos, esponjas e esfregões",7174.0,"Estopa",300146.0,"características adicionais: lavada, cor: branca, material: fio algodão alvejado, aplicação: limpeza pesada","PCT",3.3695,500.0,1684.75]
["138/2026","Aprovada",null,"DLOG E OUTROS- MATERIAL DE LIMPEZA ","BENS",153052.0,"2025-12-01","2026-06-02",183.0,"DLOG - DIRETORIA DE LOGÍSTICA","990/2025","Alto",29.0,"2026-07-30","Material",7920.0,"Vassouras, escovas, rodos, esponjas e esfregões",7630.0,"Flanela",420506.0,"comprimento: 60, cor: amarela, largura: 30, material: 100% algodão","UN",2.0125,8000.0,16100.0]
["138/2026","Aprovada",null,"DLOG E OUTROS- MATERIAL DE LIMPEZA ","BENS",153052.0,"2025-12-01","2026-06-02",183.0,"DLOG - DIRETORIA DE LOGÍSTICA","990/2025","Alto",30.0,"2026-07-30","Material",6810.0,"Produtos químicos",790.0,"Hipoclorito De Sódio",343298.0,"aspecto físico: líquido amarelo esverdeado, características adicionais: produto concentrado, não estabilizado, concentração: teor mínimo de 10 % de cloro ativo","L",6.9,7000.0,48300.0]
["138/2026","Aprovada",null,"DLOG E OUTROS- MATERIAL DE LIMPEZA ","BENS",153052.0,"2025-12-01","2026-06-02",183.0,"DLOG - DIRETORIA DE LOGÍSTICA","990/2025","Alto",31.0,"2026-07-30","Material",7930.0,"Compostos e preparados para limpeza e polimento",8847.0,"Limpa-Vidro",242252.0,"aspecto físico: líquido, composição: tensoativos aniônicos / sequestrantes / hidróxido","FR",2.576,4000.0,10304.0]
["138/2026","Aprovada",null,"DLOG E OUTROS- MATERIAL DE LIMPEZA ","BENS",153052.0,"2025-12-01","2026-06-02",183.0,"DLOG - DIRETORIA DE LOGÍSTICA","990/2025","Alto",32.0,"2026-07-30","Material",7920.0,"Vassouras, escovas, rodos, esponjas e esfregões",14017.0,"Pá Coletora Lixo",327925.0,"aplicação: limpeza, características adicionais: largura do coletor 26 cm, comprimento cabo: 15, material cabo: plástico, material coletor: plástico resistente","UN",3.45,1500.0,5175.0]
["138/2026","Aprovada",null,"DLOG E OUTROS- MATERIAL DE LIMPEZA ","BENS",153052.0,"2025-12-01","2026-06-02",183.0,"DLOG - DIRETORIA DE LOGÍSTICA","990/2025","Alto",33.0,"2026-07-30","Material",7920.0,"Vassouras, escovas, rodos, esponjas e esfregões",14017.0,"Pá Coletora Lixo",416112.0,"comprimento cabo: 90, material cabo: plástico, material coletor: plástico, modelo: sem tampa","UN",6.7505,1000.0,6750.5]
["138/2026","Aprovada",null,"DLOG E OUTROS- MATERIAL DE LIMPEZA ","BENS",153052.0,"2025-12-01","2026-06-02",183.0,"DLOG - DIRETORIA DE LOGÍSTICA","990/2025","Alto",34.0,"2026-07-30","Material",7920.0,"Vassouras, escovas, rodos, esponjas e esfregões",11781.0,"Rodo",243865.0,"comprimento suporte: 60, cor: suporte e cabo natural, material cabo: alumínio, material suporte: alumínio, quantidade borrachas: 1","UN",21.4015,2000.0,42803.0]
["138/2026","Aprovada",null,"DLOG E OUTROS- MATERIAL DE LIMPEZA ","BENS",153052.0,"2025-12-01","2026-06-02",183.0,"DLOG - DIRETORIA DE LOGÍSTICA","990/2025","Alto",35.0,"2026-07-30","Material",7920.0,"Vassouras, escovas, rodos, esponjas e esfregões",11781.0,"Rodo",232034.0,"comprimento suporte: 60, cor: suporte e cabo prata, material cabo: madeira, material suporte: madeira, quantidade borrachas: 1","UN",9.936,2000.0,19872.0]
["138/2026","Aprovada",null,"DLOG E OUTROS- MATERIAL DE LIMPEZA ","BENS",153052.0,"2025-12-01","2026-06-02",183.0,"DLOG - DIRETORIA DE LOGÍSTICA","990/2025","Alto",36.0,"2026-07-30","Material",7930.0,"Compostos e preparados para limpeza e polimento",11863.0,"Sabão Barra",298406.0,"características adicionais: 1ª qualidade, composição básica: sabão glicerinado, tipo: neutro","PCT",5.198,4800.0,24950.4]
["138/2026","Aprovada",null,"DLOG E OUTROS- MATERIAL DE LIMPEZA ","BENS",153052.0,"2025-12-01","2026-06-02",183.0,"DLOG - DIRETORIA DE LOGÍSTICA","990/2025","Alto",37.0,"2026-07-30","Material",7930.0,"Compostos e preparados para limpeza e polimento",11865.0,"Sabão Pó",226792.0,"aplicação: limpeza geral, aditivos: alvejante, odor: não aplicável","CX",5.405,3500.0,18917.5]
["138/2026","Aprovada",null,"DLOG E OUTROS- MATERIAL DE LIMPEZA ","BENS",153052.0,"2025-12-01","2026-06-02",183.0,"DLOG - DIRETORIA DE LOGÍSTICA","990/2025","Alto",38.0,"2026-07-30","Material",8520.0,"Sabonetes, artigos para barbear e dentifrícios",11870.0,"Sabonete Líquido",428071.0,"aplicação: assepsia das mãos, aspecto físico: líquido cremoso perolado, características adicionais: ph neutro, densidade 0,9 a 1,05 g/m3, composição: agentes emolientes e hidratantes,compostos de sais","GL",22.3675,5000.0,111837.5]
["138/2026","Aprovada",null,"DLOG E OUTROS- MATERIAL DE LIMPEZA ","BENS",153052.0,"2025-12-01","2026-06-02",183.0,"DLOG - DIRETORIA DE LOGÍSTICA","990/2025","Alto",39.0,"2026-07-30","Material",8520.0,"Sabonetes, artigos para barbear e dentifrícios",11870.0,"Sabonete Líquido",428071.0,"aplicação: assepsia das mãos, aspecto físico: líquido cremoso perolado, características adicionais: ph neutro, densidade 0,9 a 1,05 g/m3, composição: agentes emolientes e hidratantes,compostos de sais","FR",4.3125,5000.0,21562.5]
["138/2026","Aprovada",null,"DLOG E OUTROS- MATERIAL DE LIMPEZA ","BENS",153052.0,"2025-12-01","2026-06-02",183.0,"DLOG - DIRETORIA DE LOGÍSTICA","990/2025","Alto",40.0,"2026-07-30","Material",8105.0,"Sacos e bolsas",11890.0,"Saco De Algodão",240494.0,"aplicação: limpeza de chão, características adicionais: duplo, cor: branco, material: 100% algodão, peso: 120, tamanho: 74 x 45, tipo: alvejado","UN",3.335,12000.0,40020.0]
["138/2026","Aprovada",null,"DLOG E OUTROS- MATERIAL DE LIMPEZA ","BENS",153052.0,"2025-12-01","2026-06-02",183.0,"DLOG - DIRETORIA DE LOGÍSTICA","990/2025","Alto",41.0,"2026-07-30","Material",8105.0,"Sacos e bolsas",11903.0,"Saco Plástico Lixo",230572.0,"capacidade: 100, cor: azul, largura: 74","PCT",28.75,600.0,17250.0]
["138/2026","Aprovada",null,"DLOG E OUTROS- MATERIAL DE LIMPEZA ","BENS",153052.0,"2025-12-01","2026-06-02",183.0,"DLOG - DIRETORIA DE LOGÍSTICA","990/2025","Alto",42.0,"2026-07-30","Material",8105.0,"Sacos e bolsas",11903.0,"Saco Plástico Lixo",353776.0,"altura: 105, aplicação: hospitalar, capacidade: 100, cor: branco leitoso, largura: 75, material: polietileno alta densidade","PCT",53.475,200.0,10695.0]
["138/2026","Aprovada",null,"DLOG E OUTROS- MATERIAL DE LIMPEZA ","BENS",153052.0,"2025-12-01","2026-06-02",183.0,"DLOG - DIRETORIA DE LOGÍSTICA","990/2025","Alto",43.0,"2026-07-30","Material",8105.0,"Sacos e bolsas",11903.0,"Saco Plástico Lixo",372845.0,"aplicação: coleta seletiva, capacidade: 100, características adicionais: reforçado, cor: marrom","PCT",26.3925,300.0,7917.75]
["138/2026","Aprovada",null,"DLOG E OUTROS- MATERIAL DE LIMPEZA ","BENS",153052.0,"2025-12-01","2026-06-02",183.0,"DLOG - DIRETORIA DE LOGÍSTICA","990/2025","Alto",44.0,"2026-07-30","Material",8105.0,"Sacos e bolsas",11903.0,"Saco Plástico Lixo",329395.0,"capacidade: 100, características adicionais: nº 14, reforçado, cor: preta","PCT",24.4375,2000.0,48875.0]
["138/2026","Aprovada",null,"DLOG E OUTROS- MATERIAL DE LIMPEZA ","BENS",153052.0,"2025-12-01","2026-06-02",183.0,"DLOG - DIRETORIA DE LOGÍSTICA","990/2025","Alto",45.0,"2026-07-30","Material",8105.0,"Sacos e bolsas",11903.0,"Saco Plástico Lixo",372844.0,"aplicação: coleta seletiva, capacidade: 100, características adicionais: reforçado, cor: verde","PCT",32.2,200.0,6440.0]
["138/2026","Aprovada",null,"DLOG E OUTROS- MATERIAL DE LIMPEZA ","BENS",153052.0,"2025-12-01","2026-06-02",183.0,"DLOG - DIRETORIA DE LOGÍSTICA","990/2025","Alto",46.0,"2026-07-30","Material",8105.0,"Sacos e bolsas",11903.0,"Saco Plástico Lixo",403320.0,"altura: 58, aplicação: coleta de lixo, capacidade: 15, largura: 39, material: plástico biodegradável","PCT",9.43,300.0,2829.0]
["138/2026","Aprovada",null,"DLOG E OUTROS- MATERIAL DE LIMPEZA ","BENS",153052.0,"2025-12-01","2026-06-02",183.0,"DLOG - DIRETORIA DE LOGÍSTICA","990/2025","Alto",47.0,"2026-07-30","Material",8105.0,"Sacos e bolsas",11903.0,"Saco Plástico Lixo",375948.0,"capacidade: 200, características adicionais: com simbologia de substância infectante, cor: branco leitoso, material: polietileno, normas técnicas: nbr 7500, nbr 9191","PCT",36.3975,200.0,7279.5]
["138/2026","Aprovada",null,"DLOG E OUTROS- MATERIAL DE LIMPEZA ","BENS",153052.0,"2025-12-01","2026-06-02",183.0,"DLOG - DIRETORIA DE LOGÍSTICA","990/2025","Alto",48.0,"2026-07-30","Material",8105.0,"Sacos e bolsas",11903.0,"Saco Plástico Lixo",332974.0,"altura: 125, aplicação: restaurante, capacidade: 240, cor: cinza, largura: 120, material: polietileno","PCT",68.9425,300.0,20682.75]
["138/2026","Aprovada",null,"DLOG E OUTROS- MATERIAL DE LIMPEZA ","BENS",153052.0,"2025-12-01","2026-06-02",183.0,"DLOG - DIRETORIA DE LOGÍSTICA","990/2025","Alto",49.0,"2026-07-30","Material",8105.0,"Sacos e bolsas",11903.0,"Saco Plástico Lixo",353775.0,"altura: 62, aplicação: hospitalar, capacidade: 30, cor: branco leitoso, largura: 59, material: polietileno alta densidade","PCT",12.9375,400.0,5175.0]
["138/2026","Aprovada",null,"DLOG E OUTROS- MATERIAL DE LIMPEZA ","BENS",153052.0,"2025-12-01","2026-06-02",183.0,"DLOG - DIRETORIA DE LOGÍSTICA","990/2025","Alto",50.0,"2026-07-30","Material",8105.0,"Sacos e bolsas",11903.0,"Saco Plástico Lixo",353773.0,"altura: 57, aplicação: hospitalar, capacidade: 50, cor: branco leitoso, largura: 70, material: polietileno alta densidade","PCT",20.125,500.0,10062.5]
["138/2026","Aprovada",null,"DLOG E OUTROS- MATERIAL DE LIMPEZA ","BENS",153052.0,"2025-12-01","2026-06-02",183.0,"DLOG - DIRETORIA DE LOGÍSTICA","990/2025","Alto",51.0,"2026-07-30","Material",8105.0,"Sacos e bolsas",11903.0,"Saco Plástico Lixo",372616.0,"capacidade: 50, cor: preta","PCT",13.225,600.0,7935.0]
["138/2026","Aprovada",null,"DLOG E OUTROS- MATERIAL DE LIMPEZA ","BENS",153052.0,"2025-12-01","2026-06-02",183.0,"DLOG - DIRETORIA DE LOGÍSTICA","990/2025","Alto",52.0,"2026-07-30","Material",8105.0,"Sacos e bolsas",11902.0,"Saco",313364.0,"aplicação: coleta de lixo, capacidade: 240, cor: preta, material: plástico","PCT",57.5,600.0,34500.0]
["138/2026","Aprovada",null,"DLOG E OUTROS- MATERIAL DE LIMPEZA ","BENS",153052.0,"2025-12-01","2026-06-02",183.0,"DLOG - DIRETORIA DE LOGÍSTICA","990/2025","Alto",53.0,"2026-07-30","Material",7930.0,"Compostos e preparados para limpeza e polimento",15022.0,"Saponáceo",241703.0,"aplicação: limpeza pisos, paredes e louças, aspecto físico: pó, características adicionais: biodegradável, composição: tensoativos aniônicos, alcalinizantes, agente","FR",4.922,4000.0,19688.0]
["138/2026","Aprovada",null,"DLOG E OUTROS- MATERIAL DE LIMPEZA ","BENS",153052.0,"2025-12-01","2026-06-02",183.0,"DLOG - DIRETORIA DE LOGÍSTICA","990/2025","Alto",54.0,"2026-07-30","Material",7930.0,"Compostos e preparados para limpeza e polimento",17562.0,"Solução Limpadora",314815.0,"aspecto físico: líquido, características adicionais: composto de alcalinizante e coadjuvante perfume  e, tipo: tira limo","FR",4.002,5000.0,20010.0]
["138/2026","Aprovada",null,"DLOG E OUTROS- MATERIAL DE LIMPEZA ","BENS",153052.0,"2025-12-01","2026-06-02",183.0,"DLOG - DIRETORIA DE LOGÍSTICA","990/2025","Alto",55.0,"2026-07-30","Material",7930.0,"Compostos e preparados para limpeza e polimento",11200.0,"Solução Limpeza Multiuso",289840.0,"aspecto físico: líquido, tipo uso: limpeza e remoção de resíduos, cor: incolor","GL",17.457,2000.0,34914.0]
["138/2026","Aprovada",null,"DLOG E OUTROS- MATERIAL DE LIMPEZA ","BENS",153052.0,"2025-12-01","2026-06-02",183.0,"DLOG - DIRETORIA DE LOGÍSTICA","990/2025","Alto",56.0,"2026-07-30","Material",7930.0,"Compostos e preparados para limpeza e polimento",11200.0,"Solução Limpeza Multiuso",289840.0,"aspecto físico: líquido, tipo uso: limpeza e remoção de resíduos, cor: incolor","FR",3.45,6000.0,20700.0]
["138/2026","Aprovada",null,"DLOG E OUTROS- MATERIAL DE LIMPEZA ","BENS",153052.0,"2025-12-01","2026-06-02",183.0,"DLOG - DIRETORIA DE LOGÍSTICA","990/2025","Alto",57.0,"2026-07-30","Material",8540.0,"Artigos de papel para higiene",12792.0,"Toalha De Papel",424890.0,"características adicionais: gofrado, gramatura: 23 g/m2, comprimento: 22, cor: branca, largura: 21,50, material: 100% fibra celulose virgem, tipo folha: interfolha, 2 dobras","PCT",8.28,18000.0,149040.0]
["138/2026","Aprovada",null,"DLOG E OUTROS- MATERIAL DE LIMPEZA ","BENS",153052.0,"2025-12-01","2026-06-02",183.0,"DLOG - DIRETORIA DE LOGÍSTICA","990/2025","Alto",58.0,"2026-07-30","Material",8540.0,"Artigos de papel para higiene",12792.0,"Toalha De Papel",301404.0,"material: papel, tipo folha: 2 dobras","CX",27.9565,14000.0,391391.0]
["138/2026","Aprovada",null,"DLOG E OUTROS- MATERIAL DE LIMPEZA ","BENS",153052.0,"2025-12-01","2026-06-02",183.0,"DLOG - DIRETORIA DE LOGÍSTICA","990/2025","Alto",59.0,"2026-07-30","Material",8540.0,"Artigos de papel para higiene",12792.0,"Toalha De Papel",627264.0,"características adicionais: 100% fibras celulósicas, comprimento: 22,5, cor: branca, largura: 20,50, material: papel, tipo folha: simples","FD",70.725,4000.0,282900.0]
["138/2026","Aprovada",null,"DLOG E OUTROS- MATERIAL DE LIMPEZA ","BENS",153052.0,"2025-12-01","2026-06-02",183.0,"DLOG - DIRETORIA DE LOGÍSTICA","990/2025","Alto",60.0,"2026-07-30","Material",7920.0,"Vassouras, escovas, rodos, esponjas e esfregões",13327.0,"Vassoura",312607.0,"comprimento cepa: 15, material cepa: plástico, material cerdas: náilon, comprimento cerdas: mínimo 12, tipo: leque, tipo cabo: reforçado, aplicação: limpeza em geral, comprimento cabo: 150","UN",21.85,2500.0,54625.0]
["138/2026","Aprovada",null,"DLOG E OUTROS- MATERIAL DE LIMPEZA ","BENS",153052.0,"2025-12-01","2026-06-02",183.0,"DLOG - DIRETORIA DE LOGÍSTICA","990/2025","Alto",61.0,"2026-07-30","Material",7920.0,"Vassouras, escovas, rodos, esponjas e esfregões",13327.0,"Vassoura",285633.0,"comprimento cepa: 60, material cerdas: pêlo sintético, material cabo: madeira, tipo cabo: reforçado","UN",16.399,2600.0,42637.4]
["138/2026","Aprovada",null,"DLOG E OUTROS- MATERIAL DE LIMPEZA ","BENS",153052.0,"2025-12-01","2026-06-02",183.0,"DLOG - DIRETORIA DE LOGÍSTICA","990/2025","Alto",62.0,"2026-07-30","Material",7920.0,"Vassouras, escovas, rodos, esponjas e esfregões",13327.0,"Vassoura",283655.0,"características adicionais: sem cabo, comprimento cepa: 30, material cepa: madeira, material cerdas: pêlo sintético, material cabo: madeira, aplicação: limpeza em geral","CX",28.75,600.0,17250.0]
["138/2026","Aprovada",null,"DLOG E OUTROS- MATERIAL DE LIMPEZA ","BENS",153052.0,"2025-12-01","2026-06-02",183.0,"DLOG - DIRETORIA DE LOGÍSTICA","990/2025","Alto",63.0,"2026-07-30","Material",7920.0,"Vassouras, escovas, rodos, esponjas e esfregões",13327.0,"Vassoura",245629.0,"material cerdas: sisal, material cabo: madeira, tipo: vasculho, aplicação: limpeza teto, comprimento cabo: 170","UN",19.412,2000.0,38824.0]
["138/2026","Aprovada",null,"DLOG E OUTROS- MATERIAL DE LIMPEZA ","BENS",153052.0,"2025-12-01","2026-06-02",183.0,"DLOG - DIRETORIA DE LOGÍSTICA","990/2025","Alto",64.0,"2026-07-30","Material",7920.0,"VASSOURAS, ESCOVAS, RODOS, ESPONJAS E ESFREGÕES",13327.0,"VASSOURA",234665.0,"CARACTERÍSTICAS ADICIONAIS: COM CABO, MATERIAL CERDAS: PALHA, MATERIAL CABO: MADEIRA, COMPRIMENTO CERDAS: 60, TIPO CABO: COMPRIDO, APLICAÇÃO: LIMPEZA EM GERAL","UN",8.372,4000.0,33488.0]
["138/2026","Aprovada",null,"DLOG E OUTROS- MATERIAL DE LIMPEZA ","BENS",153052.0,"2025-12-01","2026-06-02",183.0,"DLOG - DIRETORIA DE LOGÍSTICA","990/2025","Alto",65.0,"2026-07-30","Material",7920.0,"Vassouras, escovas, rodos, esponjas e esfregões",13327.0,"Vassoura",226152.0,"características adicionais: com cabo rosqueado, comprimento cepa: 40, material cepa: plástico, material cerdas: polipropileno, material cabo: madeira plastificada, comprimento cerdas: mínimo 5","UN",13.3975,1500.0,20096.25]
["138/2026","Aprovada",null,"DLOG E OUTROS- MATERIAL DE LIMPEZA ","BENS",153052.0,"2025-12-01","2026-06-02",183.0,"DLOG - DIRETORIA DE LOGÍSTICA","990/2025","Alto",66.0,"2026-07-30","Material",8540.0,"Artigos de papel para higiene",10383.0,"Papel Higiênico",233648.0,"características adicionais: não aplicável, comprimento: 300, cor: branca, largura: 10, material: celulose virgem, quantidade folhas: simples","FD",61.99,8000.0,495920.0]
["138/2026","Aprovada",null,"DLOG E OUTROS- MATERIAL DE LIMPEZA ","BENS",153052.0,"2025-12-01","2026-06-02",183.0,"DLOG - DIRETORIA DE LOGÍSTICA","990/2025","Alto",67.0,"2026-07-30","Material",8540.0,"Artigos de papel para higiene",10383.0,"Papel Higiênico",314739.0,"comprimento: 600, cor: branca, largura: 10, material: celulose vegetal, tipo: folha simples","FD",52.0,5000.0,260000.0]
["138/2026","Aprovada",null,"DLOG E OUTROS- MATERIAL DE LIMPEZA ","BENS",153052.0,"2025-12-01","2026-06-02",183.0,"DLOG - DIRETORIA DE LOGÍSTICA","990/2025","Alto",68.0,"2026-07-30","Material",8540.0,"ARTIGOS DE PAPEL PARA HIGIENE",10383.0,"PAPEL HIGIÊNICO",224638.0,"CARACTERÍSTICAS ADICIONAIS: COM PERFUME, COMPRIMENTO: 30, COR: BRANCA, LARGURA: 10, MATERIAL: CELULOSE VIRGEM, QUANTIDADE FOLHAS: DUPLA, TIPO: PICOTADO","FD",71.668,9000.0,645012.0]
["2026-01-01","Aprovada",null,"PROAD - Contratação de empresa especializada na execução de serviços de vigilância armada e ostensiv","SERVICOS",153052.0,"2025-01-08","2026-01-08",365.0,"PROAD - PRO-REITORIA DE ADMINISTRAÇÃO E FINANÇAS","2025-02-01","Alto",1.0,"2026-01-01","Serviço",852.0,"SERVIÇOS DE INVESTIGAÇÃO E SEGURANÇA",null,null,24015.0,"SERVIÇO DE VIGILÂNCIA ARMADA",null,1.10716988E7,1.0,1.10716988E7]
["24/2026","Aprovada",null,"MATERIAIS DE COPA E COZINHA ","BENS",153052.0,"2026-05-18","2026-08-14",88.0,"CEPAE - CENTRO DE ENSINO E PESQUISA APLICADA À EDUCAÇÃO","166/2025","Médio",1.0,"2026-02-03","Material",6760.0,"Equipamento fotográfico e acessórios",916.0,"Bolsa",601573.0,"aplicação: guarda de material de primeiros-socorros, características adicionais: divisórias tipo colmeia/pochete fixada com velcro, dimensões: 35 x 50 x 25, material: cordura, tipo: mochila com 4 bolsos, alças para mãos e ombro","UN",100.0,1.0,100.0]
["24/2026","Aprovada",null,"MATERIAIS DE COPA E COZINHA ","BENS",153052.0,"2026-05-18","2026-08-14",88.0,"ICB - INSTITUTO DE CIÊNCIAS BIOLÓGICAS","186/2025","Baixo",1.0,"2026-08-31","Material",9999.0,"Itens diversos",13531.0,"Pote",461130.0,"capacidade: 500, características adicionais: com tampa rosqueável, material: polietileno","UN",5.0,200.0,1000.0]
["24/2026","Aprovada",null,"MATERIAIS DE COPA E COZINHA ","BENS",153052.0,"2026-05-18","2026-08-14",88.0,"ICB - INSTITUTO DE CIÊNCIAS BIOLÓGICAS","187/2025","Médio",4.0,"2026-08-31","Material",7290.0,"Utensílios comerciais e domésticos diversos",13320.0,"Vaso",243834.0,"altura: 11, capacidade: 1, características adicionais: com prato, cor: preta, diâmetro externo: 13, material: plástico, tipo: com furo","UN",2.5,20.0,50.0]
["24/2026","Aprovada",null,"MATERIAIS DE COPA E COZINHA ","BENS",153052.0,"2026-05-18","2026-08-14",88.0,"IPTSP - INSTITUTO DE PATOLOGIA TROPICAL E SAÚDE PÚBLICA","141/2025","Médio",63.0,"2026-07-31","Material",7360.0,"JOGOS, CONJUNTOS  E  EQUIPAMENTOS PARA PREPARAR E SERVIR ALIMENTOS",1133.0,"BANDEJA",479594.0,"ALTURA: 7,7, CARACTERÍSTICAS ADICIONAIS: CAPACIDADE 7 LITROS, COMPRIMENTO: 45, LARGURA: 28, MATERIAL: POLIPROPILENO","UN",11.9,10.0,119.0]
["24/2026","Aprovada",null,"MATERIAIS DE COPA E COZINHA ","BENS",153052.0,"2026-05-18","2026-08-14",88.0,"IPTSP - INSTITUTO DE PATOLOGIA TROPICAL E SAÚDE PÚBLICA","141/2025","Médio",64.0,"2026-07-31","Material",7360.0,"JOGOS, CONJUNTOS  E  EQUIPAMENTOS PARA PREPARAR E SERVIR ALIMENTOS",1133.0,"BANDEJA",320842.0,"ALTURA: 7, CARACTERÍSTICAS ADICIONAIS: LISA, COMPRIMENTO: 30, COR: BRANCA, LARGURA: 22, MATERIAL: PLÁSTICO RÍGIDO E RESISTENTE","UN",6.0,6.0,36.0]
["24/2026","Aprovada",null,"MATERIAIS DE COPA E COZINHA ","BENS",153052.0,"2026-05-18","2026-08-14",88.0,"IPTSP - INSTITUTO DE PATOLOGIA TROPICAL E SAÚDE PÚBLICA","141/2025","Médio",79.0,"2026-07-31","Material",9330.0,"Artigos de plástico",4149.0,"Caixa Plástica",432610.0,"altura: 14, aplicação: acondicionamento de material, características adicionais: tampa e travas, largura: 41, material: polipropileno, tipo: caixa organizadora, transmitância: transparente, profundidade: 29","UN",29.0,2.0,58.0]
["24/2026","Aprovada",null,"MATERIAIS DE COPA E COZINHA ","BENS",153052.0,"2026-05-18","2026-08-14",88.0,"CEPAE - CENTRO DE ENSINO E PESQUISA APLICADA À EDUCAÇÃO","232/2025","Alto",1.0,"2026-03-02","Material",9390.0,"Produtos diversos não metálicos",10829.0,"Placa Corte",334561.0,"comprimento: 50, cor: branca, espessura: 1,50, largura: 30, material: polietileno","UN",76.0,4.0,304.0]
["24/2026","Aprovada",null,"MATERIAIS DE COPA E COZINHA ","BENS",153052.0,"2026-05-18","2026-08-14",88.0,"CEPAE - CENTRO DE ENSINO E PESQUISA APLICADA À EDUCAÇÃO","232/2025","Alto",2.0,"2026-03-02","Material",9390.0,"Produtos diversos não metálicos",10829.0,"Placa Corte",334889.0,"comprimento: 50, cor: amarela, espessura: 1,50, largura: 30, material: polietileno","UN",76.0,4.0,304.0]
["24/2026","Aprovada",null,"MATERIAIS DE COPA E COZINHA ","BENS",153052.0,"2026-05-18","2026-08-14",88.0,"CEPAE - CENTRO DE ENSINO E PESQUISA APLICADA À EDUCAÇÃO","232/2025","Alto",3.0,"2026-03-02","Material",9390.0,"Produtos diversos não metálicos",10829.0,"Placa Corte",334559.0,"comprimento: 50, cor: verde, espessura: 1,50, largura: 30, material: polietileno","UN",76.0,4.0,304.0]
["24/2026","Aprovada",null,"MATERIAIS DE COPA E COZINHA ","BENS",153052.0,"2026-05-18","2026-08-14",88.0,"CEPAE - CENTRO DE ENSINO E PESQUISA APLICADA À EDUCAÇÃO","232/2025","Alto",4.0,"2026-03-02","Material",9390.0,"Produtos diversos não metálicos",10829.0,"Placa Corte",334639.0,"comprimento: 50, cor: vermelha, espessura: 1,50, largura: 30, material: polietileno","UN",76.0,4.0,304.0]
["24/2026","Aprovada",null,"MATERIAIS DE COPA E COZINHA ","BENS",153052.0,"2026-05-18","2026-08-14",88.0,"CEPAE - CENTRO DE ENSINO E PESQUISA APLICADA À EDUCAÇÃO","232/2025","Alto",6.0,"2026-03-02","Material",9390.0,"PRODUTOS DIVERSOS NÃO METÁLICOS",4175.0,"CAIXA TÉRMICA",352594.0,"CAPACIDADE: 50, CARACTERÍSTICAS ADICIONAIS: DUPLA CAMADA PVC, RODAS, ALÇA, RODILHAS, TORNEIRA, MATERIAL: TERMOPLÁSTICO","UN",300.0,1.0,300.0]
["24/2026","Aprovada",null,"MATERIAIS DE COPA E COZINHA ","BENS",153052.0,"2026-05-18","2026-08-14",88.0,"CEPAE - CENTRO DE ENSINO E PESQUISA APLICADA À EDUCAÇÃO","232/2025","Alto",7.0,"2026-03-02","Material",7330.0,"UTENSÍLIOS E FERRAMENTAS MANUAIS DE COZINHA",1057.0,"ASSADEIRA COZINHA COMERCIAL",295918.0,"ALTURA: 8, CARACTERÍSTICAS ADICIONAIS: COM ALÇAS MESMO MATERIAL, COMPRIMENTO: 60, FORMATO: RETANGULAR, LARGURA: 40, MATERIAL: ALUMÍNIO REFORÇADO","UN",120.0,6.0,720.0]
["24/2026","Aprovada",null,"MATERIAIS DE COPA E COZINHA ","BENS",153052.0,"2026-05-18","2026-08-14",88.0,"CEPAE - CENTRO DE ENSINO E PESQUISA APLICADA À EDUCAÇÃO","232/2025","Alto",8.0,"2026-03-02","Material",7340.0,"Cutelaria e talheres",5362.0,"Colher",254936.0,"características adicionais: lisa e polida com 1,50 mm de espessura, comprimento: 18, material cabo: aço inoxidável, material corpo: aço inoxidável, tipo: sobremesa","DZ",15.0,70.0,1050.0]
["24/2026","Aprovada",null,"MATERIAIS DE COPA E COZINHA ","BENS",153052.0,"2026-05-18","2026-08-14",88.0,"CEPAE - CENTRO DE ENSINO E PESQUISA APLICADA À EDUCAÇÃO","232/2025","Alto",9.0,"2026-03-02","Material",7330.0,"Utensílios e ferramentas manuais de cozinha",15550.0,"Escorredor Louça",396189.0,"capacidade: 36 pratos, características adicionais: retangular/tipo industrial, material: aço inoxidável","UN",250.0,1.0,250.0]
["24/2026","Aprovada",null,"MATERIAIS DE COPA E COZINHA ","BENS",153052.0,"2026-05-18","2026-08-14",88.0,"CEPAE - CENTRO DE ENSINO E PESQUISA APLICADA À EDUCAÇÃO","232/2025","Alto",10.0,"2026-03-02","Material",7330.0,"Utensílios e ferramentas manuais de cozinha",7843.0,"Frigideira",313574.0,"características adicionais: c/ tampa e revestimento interno e externo, diâmetro: 28, material: alumínio, material cabo: baquelite antitérmico, revestimento: teflon","UN",70.0,2.0,140.0]
["24/2026","Aprovada",null,"MATERIAIS DE COPA E COZINHA ","BENS",153052.0,"2026-05-18","2026-08-14",88.0,"CEPAE - CENTRO DE ENSINO E PESQUISA APLICADA À EDUCAÇÃO","232/2025","Alto",12.0,"2026-03-02","Material",7330.0,"UTENSÍLIOS E FERRAMENTAS MANUAIS DE COZINHA",3193.0,"BACIA",292588.0,"CAPACIDADE: 20, MATERIAL: PLÁSTICO","UN",18.0,4.0,72.0]
["24/2026","Aprovada",null,"MATERIAIS DE COPA E COZINHA ","BENS",153052.0,"2026-05-18","2026-08-14",88.0,"CEPAE - CENTRO DE ENSINO E PESQUISA APLICADA À EDUCAÇÃO","232/2025","Alto",13.0,"2026-03-02","Material",7330.0,"Utensílios e ferramentas manuais de cozinha",16080.0,"Cortador",339435.0,"aplicação: legumes, características adicionais: facas aço inox, pés e coluna tubo aço 5/8, material: alumínio fundido, tipo: manual\"","UN",50.0,1.0,50.0]
["24/2026","Aprovada",null,"MATERIAIS DE COPA E COZINHA ","BENS",153052.0,"2026-05-18","2026-08-14",88.0,"CEPAE - CENTRO DE ENSINO E PESQUISA APLICADA À EDUCAÇÃO","232/2025","Alto",14.0,"2026-03-02","Material",7330.0,"Utensílios e ferramentas manuais de cozinha",10334.0,"Panela",455536.0,"capacidade: 1,4, características adicionais: tampa e cabo em aço inoxidável, material: aço inoxidável","UN",150.0,1.0,150.0]
["24/2026","Aprovada",null,"MATERIAIS DE COPA E COZINHA ","BENS",153052.0,"2026-05-18","2026-08-14",88.0,"CEPAE - CENTRO DE ENSINO E PESQUISA APLICADA À EDUCAÇÃO","232/2025","Alto",15.0,"2026-03-02","Material",7330.0,"Utensílios e ferramentas manuais de cozinha",11826.0,"Rolo Massa",320821.0,"material: polipropileno, tamanho: 40","UN",64.0,1.0,64.0]
["24/2026","Aprovada",null,"MATERIAIS DE COPA E COZINHA ","BENS",153052.0,"2026-05-18","2026-08-14",88.0,"CEPAE - CENTRO DE ENSINO E PESQUISA APLICADA À EDUCAÇÃO","232/2025","Alto",16.0,"2026-03-02","Material",7330.0,"Utensílios e ferramentas manuais de cozinha",1075.0,"Panela Pressão",421715.0,"capacidade: 10, características adicionais: tampa com sistema de fechamento externo, material: alumínio polido","UN",160.0,1.0,160.0]
["24/2026","Aprovada",null,"MATERIAIS DE COPA E COZINHA ","BENS",153052.0,"2026-05-18","2026-08-14",88.0,"CEPAE - CENTRO DE ENSINO E PESQUISA APLICADA À EDUCAÇÃO","232/2025","Alto",17.0,"2026-03-02","Material",7330.0,"Utensílios e ferramentas manuais de cozinha",1075.0,"Panela Pressão",421716.0,"capacidade: 7, características adicionais: tampa com sistema de fechamento externo, material: alumínio polido, sistema segurança: válvula segurança","UN",130.0,1.0,130.0]
["24/2026","Aprovada",null,"MATERIAIS DE COPA E COZINHA ","BENS",153052.0,"2026-05-18","2026-08-14",88.0,"CEPAE - CENTRO DE ENSINO E PESQUISA APLICADA À EDUCAÇÃO","234/2025","Alto",26.0,"2026-03-02","Material",9920.0,"Artigos para fumantes",7795.0,"Fósforo",241343.0,"cor cabeça: vermelha, material corpo: madeira, tipo: longo","CX",3.5,15.0,52.5]
["24/2026","Aprovada",null,"MATERIAIS DE COPA E COZINHA ","BENS",153052.0,"2026-05-18","2026-08-14",88.0,"IPTSP - INSTITUTO DE PATOLOGIA TROPICAL E SAÚDE PÚBLICA","141/2025","Médio",113.0,"2026-07-31","Material",7330.0,"Utensílios e ferramentas manuais de cozinha",10617.0,"Peneira Cozinha",286587.0,"características adicionais: tipo coador chá, malha fina, diâmetro: 10, material: plástico","UN",2.69,1.0,2.69]
["24/2026","Aprovada",null,"MATERIAIS DE COPA E COZINHA ","BENS",153052.0,"2026-05-18","2026-08-14",88.0,"FCT- FACULDADE DE CIÊNCIAS E TECNOLOGIA","285/2025","Médio",1.0,"2026-06-15","Material",9390.0,"Produtos Diversos Não Metálicos",4175.0,"Caixa Térmica",461680.0,"aplicação: transporte de hemocomponentes, capacidade: 30, características adicionais: alça,tampa, rodízios, termômetro digital, separado, material: plástico revestido em poliestireno","UN",100.0,5.0,500.0]
["24/2026","Aprovada",null,"MATERIAIS DE COPA E COZINHA ","BENS",153052.0,"2026-05-18","2026-08-14",88.0,"FCT- FACULDADE DE CIÊNCIAS E TECNOLOGIA","285/2025","Médio",2.0,"2026-06-15","Material",8115.0,"Caixas, caixotes e engradados",4149.0,"Caixa Plástica",410282.0,"altura: 13, capacidade: 25, características adicionais: com alças embutidas e tampa hermeticamente fechada, comprimento: 60, cor: branca, largura: 40, material: polietileno","UN",100.0,10.0,1000.0]
["24/2026","Aprovada",null,"MATERIAIS DE COPA E COZINHA ","BENS",153052.0,"2026-05-18","2026-08-14",88.0,"FCT- FACULDADE DE CIÊNCIAS E TECNOLOGIA","285/2025","Médio",3.0,"2026-06-15","Material",8115.0,"Caixas, caixotes e engradados",4149.0,"Caixa Plástica",438009.0,"altura: 196, capacidade: 20, comprimento: 487, cor: branca, largura: 331, material: plástico, tipo: organizador com tampa","UN",40.0,20.0,800.0]
["24/2026","Aprovada",null,"MATERIAIS DE COPA E COZINHA ","BENS",153052.0,"2026-05-18","2026-08-14",88.0,"FCT- FACULDADE DE CIÊNCIAS E TECNOLOGIA","285/2025","Médio",4.0,"2026-06-15","Material",8115.0,"Caixas, caixotes e engradados",4149.0,"Caixa Plástica",383257.0,"altura: 31, capacidade: 50, características adicionais: vazada/monobloco/sem tampa, comprimento: 55, cor: preta, largura: 35,50, material: polipropileno, tipo: empilhável","UN",50.0,20.0,1000.0]
["24/2026","Aprovada",null,"MATERIAIS DE COPA E COZINHA ","BENS",153052.0,"2026-05-18","2026-08-14",88.0,"FCT- FACULDADE DE CIÊNCIAS E TECNOLOGIA","286/2025","Médio",1.0,"2026-06-15","Material",7310.0,"Equipamentos para cozinhar, assar e servir alimentos",1100.0,"Bandeja Metálica",281219.0,"altura: 4, características adicionais: com 3 divisões e tampa, comprimento: 70, largura: 70, material: alumínio, formato: retangular, tipo: descartável","CX",63.0,2.0,126.0]
["24/2026","Aprovada",null,"MATERIAIS DE COPA E COZINHA ","BENS",153052.0,"2026-05-18","2026-08-14",88.0,"EECA - ESCOLA DE ENGENHARIA CIVIL E AMBIENTAL","315/2025","Médio",1.0,"2026-09-30","Material",7330.0,"Utensílios e ferramentas manuais de cozinha",3193.0,"Bacia",236285.0,"diâmetro: 40, material: alumínio","UN",50.76,10.0,507.6]
["24/2026","Aprovada",null,"MATERIAIS DE COPA E COZINHA ","BENS",153052.0,"2026-05-18","2026-08-14",88.0,"EECA - ESCOLA DE ENGENHARIA CIVIL E AMBIENTAL","315/2025","Médio",2.0,"2026-09-30","Material",7340.0,"Cutelaria e talheres",1132.0,"Concha",454990.0,"capacidade: 500, características adicionais: tipo pegador de cereais em empórios, material cabo: aço inoxidável, material corpo: aço inoxidável","UN",178.65,10.0,1786.5]
["24/2026","Aprovada",null,"MATERIAIS DE COPA E COZINHA ","BENS",153052.0,"2026-05-18","2026-08-14",88.0,"EECA - ESCOLA DE ENGENHARIA CIVIL E AMBIENTAL","315/2025","Médio",3.0,"2026-09-30","Material",7360.0,"Jogos, conjuntos  e  equipamentos para preparar e servir alimentos",1133.0,"Bandeja",292812.0,"comprimento: 45, largura: 30, material: aço inoxidável, formato: retangular","UN",69.46,31.0,2153.26]
["24/2026","Aprovada",null,"MATERIAIS DE COPA E COZINHA ","BENS",153052.0,"2026-05-18","2026-08-14",88.0,"FANUT - FACULDADE DE NUTRIÇÃO","324/2025","Médio",11.0,"2026-12-01","Material",7330.0,"Utensílios e ferramentas manuais de cozinha",1057.0,"Assadeira Cozinha Comercial",295918.0,"altura: 8, características adicionais: com alças mesmo material, comprimento: 60, formato: retangular, largura: 40, material: alumínio reforçado","UN",180.0,2.0,360.0]
["24/2026","Aprovada",null,"MATERIAIS DE COPA E COZINHA ","BENS",153052.0,"2026-05-18","2026-08-14",88.0,"FANUT - FACULDADE DE NUTRIÇÃO","324/2025","Médio",39.0,"2026-12-01","Material",7360.0,"Jogos, conjuntos  e  equipamentos para preparar e servir alimentos",1133.0,"Bandeja",330215.0,"altura: 8, comprimento: 44, finalidade: armazanamento de copos, largura: 29, material: plástico, formato: retangular","UN",30.0,4.0,120.0]
["24/2026","Aprovada",null,"MATERIAIS DE COPA E COZINHA ","BENS",153052.0,"2026-05-18","2026-08-14",88.0,"CEPAE - CENTRO DE ENSINO E PESQUISA APLICADA À EDUCAÇÃO","623/2025","Alto",6.0,"2026-02-02","Material",7340.0,"Cutelaria e talheres",7276.0,"Faca",242549.0,"comprimento cabo: 14, comprimento lâmina: 20, largura lâmina: 4,5, material cabo: polipropileno, material lâmina: aço inoxidável","UN",34.0,9.0,306.0]
["24/2026","Aprovada",null,"MATERIAIS DE COPA E COZINHA ","BENS",153052.0,"2026-05-18","2026-08-14",88.0,"CEPAE - CENTRO DE ENSINO E PESQUISA APLICADA À EDUCAÇÃO","623/2025","Alto",7.0,"2026-02-02","Material",7340.0,"Cutelaria e talheres",7276.0,"Faca",397160.0,"comprimento lâmina: 5, material cabo: polipropileno injetado, material lâmina: aço inoxidável","UN",23.0,9.0,207.0]
["24/2026","Aprovada",null,"MATERIAIS DE COPA E COZINHA ","BENS",153052.0,"2026-05-18","2026-08-14",88.0,"CEPAE - CENTRO DE ENSINO E PESQUISA APLICADA À EDUCAÇÃO","623/2025","Alto",8.0,"2026-02-02","Material",7340.0,"Cutelaria e talheres",7276.0,"Faca",631610.0,"aplicação: cozinha escolar, comprimento lâmina: 4, espessura: 2,5, material cabo: polipropileno, material lâmina: aço inoxidável, tamanho: 21, tipo: corte de legumes","UN",18.0,9.0,162.0]
["24/2026","Aprovada",null,"MATERIAIS DE COPA E COZINHA ","BENS",153052.0,"2026-05-18","2026-08-14",88.0,"CEPAE - CENTRO DE ENSINO E PESQUISA APLICADA À EDUCAÇÃO","623/2025","Alto",9.0,"2026-02-02","Material",7340.0,"Cutelaria e talheres",7276.0,"Faca",299056.0,"aplicação: cortar pão, comprimento cabo: 10, comprimento lâmina: 17, largura lâmina: 2,5, material cabo: polipropileno, material lâmina: aço inoxidável","UN",40.0,3.0,120.0]
["24/2026","Aprovada",null,"MATERIAIS DE COPA E COZINHA ","BENS",153052.0,"2026-05-18","2026-08-14",88.0,"CEPAE - CENTRO DE ENSINO E PESQUISA APLICADA À EDUCAÇÃO","623/2025","Alto",10.0,"2026-02-02","Material",7340.0,"Cutelaria e talheres",17712.0,"Cutelo",331212.0,"características adicionais: cabo atóxico, com ação antimicrobiana, comprimento lâmina: 6, material cabo: polipropileno, material lâmina: aço inoxidável","UN",42.0,2.0,84.0]
["24/2026","Aprovada",null,"MATERIAIS DE COPA E COZINHA ","BENS",153052.0,"2026-05-18","2026-08-14",88.0,"CEPAE - CENTRO DE ENSINO E PESQUISA APLICADA À EDUCAÇÃO","623/2025","Alto",11.0,"2026-02-02","Material",7350.0,"Louça e artigos de mesa",18599.0,"Forma Papel",450208.0,"aplicação: acondicionamento de doce, cor: branca, tamanho: nº 2, tipo papel: corrugado","PCT",4.0,20.0,80.0]
["24/2026","Aprovada",null,"MATERIAIS DE COPA E COZINHA ","BENS",153052.0,"2026-05-18","2026-08-14",88.0,"CEPAE - CENTRO DE ENSINO E PESQUISA APLICADA À EDUCAÇÃO","623/2025","Alto",12.0,"2026-02-02","Material",7330.0,"Utensílios e ferramentas manuais de cozinha",5282.0,"Coador Café",613576.0,"aplicação: cafeteira, características adicionais: permanente, material: aço inoxidável","UN",41.0,2.0,82.0]
["24/2026","Aprovada",null,"MATERIAIS DE COPA E COZINHA ","BENS",153052.0,"2026-05-18","2026-08-14",88.0,"CEPAE - CENTRO DE ENSINO E PESQUISA APLICADA À EDUCAÇÃO","623/2025","Alto",13.0,"2026-02-02","Material",7330.0,"Utensílios e ferramentas manuais de cozinha",15550.0,"Escorredor Louça",396188.0,"capacidade: 36 copos, material: aço inoxidável","UN",72.63,2.0,145.26]
["24/2026","Aprovada",null,"MATERIAIS DE COPA E COZINHA ","BENS",153052.0,"2026-05-18","2026-08-14",88.0,"CEPAE - CENTRO DE ENSINO E PESQUISA APLICADA À EDUCAÇÃO","623/2025","Alto",14.0,"2026-02-02","Material",7340.0,"Cutelaria e talheres",10595.0,"Pegador Alimento",455553.0,"características adicionais: com 5 cm de largura, comprimento: 21, material: aço inoxidável","UN",18.0,5.0,90.0]
["24/2026","Aprovada",null,"MATERIAIS DE COPA E COZINHA ","BENS",153052.0,"2026-05-18","2026-08-14",88.0,"CEPAE - CENTRO DE ENSINO E PESQUISA APLICADA À EDUCAÇÃO","623/2025","Alto",15.0,"2026-02-02","Material",7360.0,"Jogos, conjuntos  e  equipamentos para preparar e servir alimentos",1133.0,"Bandeja",363697.0,"altura: 9,80, comprimento: 60,80, cor: branca, largura: 40,70, material: polietileno alta densidade","UN",70.0,5.0,350.0]
["24/2026","Aprovada",null,"MATERIAIS DE COPA E COZINHA ","BENS",153052.0,"2026-05-18","2026-08-14",88.0,"CEPAE - CENTRO DE ENSINO E PESQUISA APLICADA À EDUCAÇÃO","623/2025","Alto",17.0,"2026-02-02","Material",7350.0,"Louça e artigos de mesa",12722.0,"Tigela",619729.0,"capacidade: 550, características adicionais: redonda azul, diâmetro: 8 x 14, material: polipropileno, uso: merenda escolar","UN",4.5,100.0,450.0]
["24/2026","Aprovada",null,"MATERIAIS DE COPA E COZINHA ","BENS",153052.0,"2026-05-18","2026-08-14",88.0,"CEPAE - CENTRO DE ENSINO E PESQUISA APLICADA À EDUCAÇÃO","642/2025","Alto",1.0,"2026-02-02","Material",7330.0,"Utensílios e ferramentas manuais de cozinha",{"$nulls":5},810.0,1.0,810.0]
["24/2026","Aprovada",null,"MATERIAIS DE COPA E COZINHA ","BENS",153052.0,"2026-05-18","2026-08-14",88.0,"GOIAS - REGIONAL GOIAS","714/2025","Alto",14.0,"2026-07-01","Material",7330.0,"Utensílios e ferramentas manuais de cozinha",1115.0,"Garrafa Térmica",437878.0,"capacidade: 1,90, características adicionais: com pressão, ampola inquebrável, material: aço inoxidável","UN",150.0,2.0,300.0]
["24/2026","Aprovada",null,"MATERIAIS DE COPA E COZINHA ","BENS",153052.0,"2026-05-18","2026-08-14",88.0,"SIN - SECRETARIA DE INCLUSÃO","749/2025","Alto",4.0,"2026-01-20","Material",7330.0,"Utensílios e ferramentas manuais de cozinha",10334.0,"Panela",467232.0,"características adicionais: elétrica, potência 1200 w, c/ tampa de vidro, diâmetro: 32, material: alumínio, material cabo: polipropileno, tamanho: c/ ajuste manual de temperatura, tipo: grill c/ grelha removível e antiaderente","UN",457.34,1.0,457.34]
["24/2026","Aprovada",null,"MATERIAIS DE COPA E COZINHA ","BENS",153052.0,"2026-05-18","2026-08-14",88.0,"DASS - DIRETORIA DE ASSISTÊNCIA À SAÚDE DO SERVIDOR","790/2025","Médio",1.0,"2026-04-30","Material",7210.0,"Utensílios domésticos",14733.0,"Colchonete",237898.0,"aplicação: aula de educação física e ginástica, comprimento: 0,95, espessura: 4, largura: 42, material: espuma, revestimento: napa","UN",50.0,10.0,500.0]
["24/2026","Aprovada",null,"MATERIAIS DE COPA E COZINHA ","BENS",153052.0,"2026-05-18","2026-08-14",88.0,"CAMPUS FIRMINÓPOLIS","866/2025","Alto",1.0,"2026-03-01","Material",7210.0,"Utensílios domésticos",756.0,"Travesseiro",303643.0,"comprimento: 0,50, cor: branca, densidade: 28, largura: 0,70, material: espuma, revestimento: 100% algodão","UN",45.0,30.0,1350.0]
["24/2026","Aprovada",null,"MATERIAIS DE COPA E COZINHA ","BENS",153052.0,"2026-05-18","2026-08-14",88.0,"CAMPUS FIRMINÓPOLIS","866/2025","Alto",2.0,"2026-03-01","Material",7210.0,"Utensílios domésticos",754.0,"Toalha Rosto",402822.0,"comprimento: 70, cor: branca, largura: 50, material: 100% algodão","UN",10.0,20.0,200.0]
["24/2026","Aprovada",null,"MATERIAIS DE COPA E COZINHA ","BENS",153052.0,"2026-05-18","2026-08-14",88.0,"CAMPUS FIRMINÓPOLIS","866/2025","Alto",3.0,"2026-03-01","Material",7210.0,"Utensílios domésticos",19710.0,"Toalha Banho",477475.0,"cor: branco, material: 100% algodão, medidas mínimas (c x l): 0,90 x 0,70","UN",29.0,10.0,290.0]
["24/2026","Aprovada",null,"MATERIAIS DE COPA E COZINHA ","BENS",153052.0,"2026-05-18","2026-08-14",88.0,"CAMPUS FIRMINÓPOLIS","866/2025","Alto",4.0,"2026-03-01","Material",7220.0,"Revestimentos para pisos",755.0,"Tapete Banheiro",612167.0,"características adicionais: gramatura 200 g/m2, comprimento: 90, cor: branca, largura: 60, material: 100% algodão, tipo: antiderrapante","UN",32.0,20.0,640.0]
["24/2026","Aprovada",null,"MATERIAIS DE COPA E COZINHA ","BENS",153052.0,"2026-05-18","2026-08-14",88.0,"CAMPUS FIRMINÓPOLIS","866/2025","Alto",5.0,"2026-03-01","Material",7210.0,"Utensílios domésticos",10341.0,"Pano Prato",364252.0,"características adicionais: com arremate, comprimento: 80, cor: branca, largura: 50, material: algodão","PCT",30.0,5.0,150.0]
["24/2026","Aprovada",null,"MATERIAIS DE COPA E COZINHA ","BENS",153052.0,"2026-05-18","2026-08-14",88.0,"CAMPUS FIRMINÓPOLIS","866/2025","Alto",6.0,"2026-03-01","Material",7210.0,"Utensílios domésticos",18651.0,"Jogo Cama",478501.0,"componentes: lençol com elástico, fronha, cor: variada, material: 100% algodão, medida: 1,60 x 0,90, tipo: solteiro","UN",38.0,20.0,760.0]
["24/2026","Aprovada",null,"MATERIAIS DE COPA E COZINHA ","BENS",153052.0,"2026-05-18","2026-08-14",88.0,"CAMPUS FIRMINÓPOLIS","866/2025","Alto",7.0,"2026-03-01","Material",7210.0,"Utensílios domésticos",14361.0,"Forro Mesa",611678.0,"características adicionais: não absorve líquidos / impermeável, comprimento: 4,50, cor: variada, formato: retangular, largura: 1,60","UN",28.0,20.0,560.0]
["24/2026","Aprovada",null,"MATERIAIS DE COPA E COZINHA ","BENS",153052.0,"2026-05-18","2026-08-14",88.0,"GOIAS - REGIONAL GOIAS","980/2025","Médio",1.0,"2026-07-01","Material",7210.0,"Utensílios domésticos",19709.0,"Colchão",485165.0,"características adicionais: tecido antialergico/antiacaro, bordado matelasse d, densidade: d-45, material: espuma poliuretano, tamanho altura: 0,18, tamanho largura x comprimento: 0,88 x 1,88, tecido de revestimento: sintético poliéster, tipo: espuma","UN",500.0,33.0,16500.0]
["24/2026","Aprovada",null,"MATERIAIS DE COPA E COZINHA ","BENS",153052.0,"2026-05-18","2026-08-14",88.0,"GOIAS - REGIONAL GOIAS","983/2025","Médio",1.0,"2026-07-01","Material",7330.0,"Utensílios e ferramentas manuais de cozinha",10334.0,"Panela",617399.0,"características adicionais: jogo com 5 unidades, material: aço inoxidável, material cabo: aço inoxidável, tipo: com fundo triplo","UN",600.0,3.0,1800.0]
["24/2026","Aprovada",null,"MATERIAIS DE COPA E COZINHA ","BENS",153052.0,"2026-05-18","2026-08-14",88.0,"GOIAS - REGIONAL GOIAS","983/2025","Médio",2.0,"2026-07-01","Material",7330.0,"Utensílios e ferramentas manuais de cozinha",1075.0,"Panela Pressão",626118.0,"capacidade: 5, características adicionais: tampa com alça, material: aço inoxidável, sistema segurança: válvula segurança","UN",400.0,2.0,800.0]
["24/2026","Aprovada",null,"MATERIAIS DE COPA E COZINHA ","BENS",153052.0,"2026-05-18","2026-08-14",88.0,"DLOG - DIRETORIA DE LOGÍSTICA","1012/2025","Alto",1.0,"2026-07-30","Material",7330.0,"Utensílios e ferramentas manuais de cozinha",1115.0,"Garrafa Térmica",468442.0,"capacidade: 2, características adicionais: tampa tipo pressão, ampola inquebrável, material: aço inoxidável","UN",54.395,300.0,16318.5]
["24/2026","Aprovada",null,"MATERIAIS DE COPA E COZINHA ","BENS",153052.0,"2026-05-18","2026-08-14",88.0,"SECPLAN - SECRETARIA DE PLANEJAMENTO","1018/2025","Médio",1.0,"2026-08-01","Material",7350.0,"Louça E Artigos De Mesa",1118.0,"Prato Porcelana",304000.0,"aplicação: refeição, formato: redondo, características adicionais: borda espessura 3,5 cm, cor: branca, tipo: fundo, diâmetro: 24","UN",52.0,20.0,1040.0]
["24/2026","Aprovada",null,"MATERIAIS DE COPA E COZINHA ","BENS",153052.0,"2026-05-18","2026-08-14",88.0,"SECPLAN - SECRETARIA DE PLANEJAMENTO","1018/2025","Médio",2.0,"2026-08-01","Material",7350.0,"Louça e artigos de mesa",5848.0,"Copo De Vidro",628196.0,"altura: 95, capacidade: 410, características adicionais: superfície lisa e parede grossa, cor: incolor, diâmetro boca: 90, tipo uso: uisque/batidas/aperitivos","UN",35.0,15.0,525.0]
["24/2026","Aprovada",null,"MATERIAIS DE COPA E COZINHA ","BENS",153052.0,"2026-05-18","2026-08-14",88.0,"SECPLAN - SECRETARIA DE PLANEJAMENTO","1018/2025","Médio",3.0,"2026-08-01","Material",7350.0,"Louça e artigos de mesa",1154.0,"Xícara",443808.0,"capacidade: 270, características adicionais: com pires, cor: branca, material: porcelana, tipo: café","DZ",350.0,2.0,700.0]
["24/2026","Aprovada",null,"MATERIAIS DE COPA E COZINHA ","BENS",153052.0,"2026-05-18","2026-08-14",88.0,"SECPLAN - SECRETARIA DE PLANEJAMENTO","1018/2025","Médio",4.0,"2026-08-01","Material",7330.0,"Utensílios e ferramentas manuais de cozinha",1287.0,"Jarra",428385.0,"aplicação: copa e cozinha, capacidade: 2, material: aço inoxidável, modelo: com tampa e alça","UN",250.0,5.0,1250.0]
["24/2026","Aprovada",null,"MATERIAIS DE COPA E COZINHA ","BENS",153052.0,"2026-05-18","2026-08-14",88.0,"SECPLAN - SECRETARIA DE PLANEJAMENTO","1018/2025","Médio",5.0,"2026-08-01","Material",7350.0,"Louça e artigos de mesa",11036.0,"Porta-Copo",386952.0,"aplicação: copos descartáveis de 300ml, diâmetro base: 100, material: aço inoxidável","UN",250.0,1.0,250.0]
["24/2026","Aprovada",null,"MATERIAIS DE COPA E COZINHA ","BENS",153052.0,"2026-05-18","2026-08-14",88.0,"SECPLAN - SECRETARIA DE PLANEJAMENTO","1018/2025","Médio",6.0,"2026-08-01","Material",7350.0,"Louça e artigos de mesa",1095.0,"Caneca Cerâmica",331897.0,"altura: 9, capacidade: 300, características adicionais: com alça em cerâmica, diâmetro: 7, tipo uso: alimentos líquidos","UN",110.0,6.0,660.0]
["174/2026","Aprovada",null,"DLOG -  GAS GLP","BENS",153052.0,"2025-11-24","2026-04-30",157.0,"DLOG - DIRETORIA DE LOGÍSTICA","1003/2025","Alto",1.0,"2026-04-30","Material",6830.0,"Gases comprimidos e liquefeitos",19744.0,"Gás Refino De Petróleo",461652.0,"tipo: gás liquefeito de petróleo - glp, uso: doméstico","BTJ",548.55,125.0,68568.75]
["174/2026","Aprovada",null,"DLOG -  GAS GLP","BENS",153052.0,"2025-11-24","2026-04-30",157.0,"DLOG - DIRETORIA DE LOGÍSTICA","1003/2025","Alto",2.0,"2026-04-30","Material",6830.0,"Gases comprimidos e liquefeitos",19744.0,"Gás Refino De Petróleo",461652.0,"tipo: gás liquefeito de petróleo - glp, uso: doméstico","BTJ",169.05,490.0,82834.5]
["174/2026","Aprovada",null,"DLOG -  GAS GLP","BENS",153052.0,"2025-11-24","2026-04-30",157.0,"DLOG - DIRETORIA DE LOGÍSTICA","1003/2025","Alto",3.0,"2026-04-30","Material",6830.0,"Gases comprimidos e liquefeitos",19744.0,"Gás Refino De Petróleo",461651.0,"tipo: gás liquefeito de petróleo - glp, uso: industrial","KG",6.325,39600.0,250470.0]
["2026-09-01","Aprovada",null,"EECA E OUTROS - EQUIPAMENTOS DE OFICINA ","BENS",153052.0,"2026-04-20","2026-09-18",151.0,"EECA - ESCOLA DE ENGENHARIA CIVIL E AMBIENTAL","294/2025","Alto",1.0,"2026-10-02","Material",6675.0,"Instrumentos de desenho, topografia e cartografia",12993.0,"Tripe Para Equipamento De Topografia",605748.0,"altura aberto: 165, altura fechado: 101, características adicionais: mesa plana, trava dupla e trava rápida, material base: alumínio, material corpo: aluminio","UN",800.0,3.0,2400.0]
["2026-09-01","Aprovada",null,"EECA E OUTROS - EQUIPAMENTOS DE OFICINA ","BENS",153052.0,"2026-04-20","2026-09-18",151.0,"EECA - ESCOLA DE ENGENHARIA CIVIL E AMBIENTAL","294/2025","Alto",2.0,"2026-10-02","Material",6675.0,"Instrumentos de desenho, topografia e cartografia",9779.0,"Mira Uso Topográfico",419564.0,"comprimento: 4, material: alumínio, tipo: telescópica, milimetrada, com 4 segmentos","UN",400.0,4.0,1600.0]
["2026-09-01","Aprovada",null,"EECA E OUTROS - EQUIPAMENTOS DE OFICINA ","BENS",153052.0,"2026-04-20","2026-09-18",151.0,"EECA - ESCOLA DE ENGENHARIA CIVIL E AMBIENTAL","306/2025","Médio",1.0,"2026-10-30","Material",5130.0,"Ferramentas manuais acionadas por força motriz",7868.0,"Furadeira",449192.0,"potência: 800, tamanho mandril: 1/2, tensão alimentação: 220, tipo: profissional, velocidade: 900","UN",450.0,4.0,1800.0]
["2026-09-01","Aprovada",null,"EECA E OUTROS - EQUIPAMENTOS DE OFICINA ","BENS",153052.0,"2026-04-20","2026-09-18",151.0,"EECA - ESCOLA DE ENGENHARIA CIVIL E AMBIENTAL","306/2025","Médio",2.0,"2026-10-30","Material",5130.0,"Ferramentas manuais acionadas por força motriz",10424.0,"Parafusadeira",607558.0,"componentes: com maleta, acessórios, bateria, carregador bivolt, rotação: mínima: 600, voltagem: 110/220","UN",462.0,1.0,462.0]
["2026-09-01","Aprovada",null,"EECA E OUTROS - EQUIPAMENTOS DE OFICINA ","BENS",153052.0,"2026-04-20","2026-09-18",151.0,"EECA - ESCOLA DE ENGENHARIA CIVIL E AMBIENTAL","306/2025","Médio",3.0,"2026-10-30","Material",3920.0,"Equipamentos não autopropulsionado para movimentação  de  materiais",4584.0,"Carrinho Transporte",486335.0,"altura: 126, aplicação: transporte de materiais, capacidade: 200 a 280, largura: 41, material: metal, material rodas: pneu com câmara de ar, profundidade: 26, quantidade rodas: 2, tipo: plataforma","UN",320.0,1.0,320.0]
["2026-09-01","Aprovada",null,"EECA E OUTROS - EQUIPAMENTOS DE OFICINA ","BENS",153052.0,"2026-04-20","2026-09-18",151.0,"EECA - ESCOLA DE ENGENHARIA CIVIL E AMBIENTAL","318/2025","Alto",1.0,"2026-08-31","Material",3590.0,"Equipamentos diversos para serviços profissionais e  comerciais",16887.0,"Equipamentos Diversos Para Serviços Profissionais",443026.0,"características adicionais 1: 05 moldes tronco cônicos, 05 agulhas de penetração, tipo: aparelho de vicat automático, uso: determinação de início e fim de pega de cimento, voltagem: 220/380","UN",1400.0,1.0,1400.0]
["2026-09-01","Aprovada",null,"EECA E OUTROS - EQUIPAMENTOS DE OFICINA ","BENS",153052.0,"2026-04-20","2026-09-18",151.0,"EECA - ESCOLA DE ENGENHARIA CIVIL E AMBIENTAL","318/2025","Alto",2.0,"2026-08-31","Material",3895.0,"Equipamentos diversos para construção",9796.0,"Betoneira",324249.0,"capacidade tambor: 145, características adicionais: monofásico, com rodas, funcionamento motor: elétrico, normas técnicas: nbr 10342, potência motor: 1/3, rotação: 1.750","UN",4970.0,1.0,4970.0]
["2026-09-01","Aprovada",null,"EECA E OUTROS - EQUIPAMENTOS DE OFICINA ","BENS",153052.0,"2026-04-20","2026-09-18",151.0,"EA - ESCOLA DE AGRONOMIA","354/2025","Médio",6.0,"2026-09-01","Material",5120.0,"Ferramentas manuais sem corte, não acionadas  por  força  motriz",12856.0,"Trado",603330.0,"aplicação: perfuração e coleta de solo, características adicionais: comprimento de 100cm, diâmetro: 1/5, material: aço inox, tipo: holandês","UN",2000.0,2.0,4000.0]
["2026-09-01","Aprovada",null,"EECA E OUTROS - EQUIPAMENTOS DE OFICINA ","BENS",153052.0,"2026-04-20","2026-09-18",151.0,"EMC - ESCOLA DE ENGENHARIA ELÉTRICA MECÂNICA E DE COMPUTAÇÃO","394/2025","Médio",16.0,"2026-08-10","Material",3413.0,"Máquinas de furar e abrir roscas",7869.0,"Furadeira - Fresadora De Bancada Industrial",471265.0,"características adicionais: dimensões: 400mm (eixo x) 300 mm (eixo y) e 100 mm, interface: usb, material: ferro /aço fundido, modelo: cnc de bancada, motor do eixo: fonte: dc sem ecova, rotação 4.500 a 15.000 rpm","UN",850.0,1.0,850.0]
["2026-09-01","Aprovada",null,"EECA E OUTROS - EQUIPAMENTOS DE OFICINA ","BENS",153052.0,"2026-04-20","2026-09-18",151.0,"BC - BIBLIOTECA CENTRAL","757/2025","Médio",2.0,"2026-07-01","Material",3405.0,"Máquinas de serrar e limar",1065.0,"Guilhotina Industrial",237076.0,"altura corte: 60 mm, características adicionais: bancada tipo mesa / sistema luz para corte, comprimento: 780, comprimento corte: 510 mm, largura: 830, quantidade facas: 2, tensão: 220 v","UN",30000.0,1.0,30000.0]
["2026-09-01","Aprovada",null,"EECA E OUTROS - EQUIPAMENTOS DE OFICINA ","BENS",153052.0,"2026-04-20","2026-09-18",151.0,"DLOG - DIRETORIA DE LOGÍSTICA","945/2025","Alto",1.0,"2026-04-30","Material",3920.0,"Equipamentos não autopropulsionado para movimentação  de  materiais",10315.0,"Paleteira",483883.0,"altura garfo elevado: 200, aplicação: transporte carga, capacidade carga: 2.000, características adicionais: elevação hidráulica e controle manual, comprimento garfo: 1.000/1.150, largura garfo: 680, material roda: nylon","UN",1000.0,1.0,1000.0]
["2026-09-01","Aprovada",null,"EECA E OUTROS - EQUIPAMENTOS DE OFICINA ","BENS",153052.0,"2026-04-20","2026-09-18",151.0,"DLOG - DIRETORIA DE LOGÍSTICA","954/2025","Alto",4.0,"2026-12-31","Material",3990.0,"Equipamentos diversos para movimentação de materiais",4584.0,"Carrinho Transporte",486629.0,"altura: 134, aplicação: transporte de materiais, capacidade: 400, características adicionais: com rolamento, largura: 49, material: aço, material rodas: borracha maciça, quantidade rodas: 2, tratamento superficial: pintura sólida","UN",1200.0,1.0,1200.0]
["2026-09-01","Aprovada",null,"EECA E OUTROS - EQUIPAMENTOS DE OFICINA ","BENS",153052.0,"2026-04-20","2026-09-18",151.0,"DLOG - DIRETORIA DE LOGÍSTICA","1013/2025","Médio",1.0,"2026-12-31","Material",5120.0,"Ferramentas manuais sem corte, não acionadas  por  força  motriz",1051.0,"Macaco Hidro-Pneumático",220454.0,"altura aberto: 400, altura fechado: 250, capacidade: 30, características adicionais: acionamento manual/pneumático, curso hidráulico: 150, peso: 20,60, pressão ideal trabalho: 150","UN",2386.52,1.0,2386.52]
["2026-09-01","Aprovada",null,"EECA E OUTROS - EQUIPAMENTOS DE OFICINA ","BENS",153052.0,"2026-04-20","2026-09-18",151.0,"DLOG - DIRETORIA DE LOGÍSTICA","1013/2025","Médio",2.0,"2026-12-31","Material",5120.0,"Ferramentas manuais sem corte, não acionadas  por  força  motriz",965.0,"Torquímetro Estalo Escala (Kg.M).",217890.0,"comprimento: 18 1/2, divisão: 0,20, encaixe: 1/2, tipo: fixo reversível, torque máximo: 30, torque mínimo: 6","UN",500.0,1.0,500.0]
["2026-09-01","Aprovada",null,"EECA E OUTROS - EQUIPAMENTOS DE OFICINA ","BENS",153052.0,"2026-04-20","2026-09-18",151.0,"DLOG - DIRETORIA DE LOGÍSTICA","1013/2025","Médio",3.0,"2026-12-31","Material",3413.0,"Máquinas de furar e abrir roscas",7868.0,"Furadeira",633135.0,"capacidade perfuração aço: 13, capacidade perfuração concreto: 16, capacidade perfuração madeira: 30, características adicionais: duas velocidades, variável e reversível, potência: 850, tamanho mandril: 1/2, tensão alimentação: 220, tipo: impacto, velocidade: 00 a 3.500","UN",2600.0,1.0,2600.0]
["2026-09-01","Aprovada",null,"EECA E OUTROS - EQUIPAMENTOS DE OFICINA ","BENS",153052.0,"2026-04-20","2026-09-18",151.0,"DLOG - DIRETORIA DE LOGÍSTICA","1013/2025","Médio",5.0,"2026-12-31","Material",7910.0,"ENCERADEIRAS E ASPIRADORES DE PÓ",3096.0,"ASPIRADOR PÓ / ÁGUA - INDUSTRIAL",339484.0,"CAPACIDADE: 70, CARACTERÍSTICAS ADICIONAIS: VÁCUO: 165MBAR, CABO ELÉTRICO 5M, FREQUÊNCIA: 50/60, POTÊNCIA MOTOR: 1.300, TENSÃO ALIMENTAÇÃO: 220","UN",3985.73,1.0,3985.73]
["2026-09-01","Aprovada",null,"EECA E OUTROS - EQUIPAMENTOS DE OFICINA ","BENS",153052.0,"2026-04-20","2026-09-18",151.0,"DLOG - DIRETORIA DE LOGÍSTICA","1013/2025","Médio",6.0,"2026-12-31","Material",5120.0,"Ferramentas manuais sem corte, não acionadas  por  força  motriz",1050.0,"Macaco Hidráulico",451603.0,"capacidade: 4.000, características adicionais: haste cromada, rodas em nylon, descida controlada, comprimento total: 1.237","UN",1852.0,1.0,1852.0]
["2026-09-01","Aprovada",null,"EECA E OUTROS - EQUIPAMENTOS DE OFICINA ","BENS",153052.0,"2026-04-20","2026-09-18",151.0,"DLOG - DIRETORIA DE LOGÍSTICA","1013/2025","Médio",7.0,"2026-12-31","Material",5120.0,"Ferramentas Manuais Sem Corte, Não Acionadas  Por  Força  Motriz",1050.0,"Macaco Hidráulico",447277.0,"capacidade: 600, características adicionais: telescópico, comprimento total: 1.820","UN",1749.89,1.0,1749.89]
["2026-09-01","Aprovada",null,"EECA E OUTROS - EQUIPAMENTOS DE OFICINA ","BENS",153052.0,"2026-04-20","2026-09-18",151.0,"DLOG - DIRETORIA DE LOGÍSTICA","1013/2025","Médio",8.0,"2026-12-31","Material",5120.0,"Ferramentas manuais sem corte, não acionadas  por  força  motriz",1050.0,"Macaco Hidráulico",287786.0,"altura alberto: 482, altura fechado: 240, capacidade: 10, características adicionais: pistão aço 1020, curso hidráulico: 157, curso mecânico: 85, formato: garrafa","UN",4040.0,1.0,4040.0]
["175/2026","Aprovada",null,"DLOG -  Aquisição de CERA LÍQUIDA para o almoxarifado central da UFG","BENS",153052.0,"2025-11-20","2026-04-30",161.0,"DLOG - DIRETORIA DE LOGÍSTICA","1009/2025","Alto",1.0,"2026-04-30","Material",7930.0,"Compostos e preparados para limpeza e polimento",4780.0,"Cera Polimento Piso",355838.0,"aspecto físico: líquido, características adicionais: anti-derrapante, composição básica: polímero acrílico, resinas nivelantes, emulsão de, cor: incolor, superfície indicada: pisos laváveis, tipo: autobrilho","GL",57.5,5000.0,287500.0]
["137/2026","Aprovada",null,"AQUISIÇÃO DE LIXEIRAS","BENS",153052.0,"2025-12-02","2026-06-02",182.0,"CEPAE - CENTRO DE ENSINO E PESQUISA APLICADA À EDUCAÇÃO","166/2025","Médio",56.0,"2026-02-03","Material",7240.0,"Recepientes para uso doméstico e comercial",15114.0,"Coletor Lixo",371903.0,"aplicação: uso hospitalar, capacidade: 20, componentes: tampa acionada por pedal, cor: branca, dimensão: 33 x 60, material: polipropileno","UN",67.0,2.0,134.0]
["137/2026","Aprovada",null,"AQUISIÇÃO DE LIXEIRAS","BENS",153052.0,"2025-12-02","2026-06-02",182.0,"CEPAE - CENTRO DE ENSINO E PESQUISA APLICADA À EDUCAÇÃO","197/2025","Médio",7.0,"2026-03-02","Material",7240.0,"Recepientes para uso doméstico e comercial",15740.0,"Conjunto Lixeira Coleta Seletiva",618375.0,"capacidade: 40, características adicionais: altura 61,5cm, largura 29 cm, profundidade 40,5cm,, cor: vermelha, material: polipropileno","CJ",600.0,1.0,600.0]
["137/2026","Aprovada",null,"AQUISIÇÃO DE LIXEIRAS","BENS",153052.0,"2025-12-02","2026-06-02",182.0,"CEPAE - CENTRO DE ENSINO E PESQUISA APLICADA À EDUCAÇÃO","197/2025","Médio",9.0,"2026-03-02","Material",7240.0,"Recepientes para uso doméstico e comercial",11495.0,"Lixeira",620233.0,"aplicação: coleta seletiva, capacidade: 50, características adicionais\t2: dimensões: 77,5 x 41 x 32,5 cm, cor: azul, impressão: conforme modelo, material: polipropileno, revestimento: tratamento em uv, tipo: com tampa vai-vem","UN",70.0,10.0,700.0]
["137/2026","Aprovada",null,"AQUISIÇÃO DE LIXEIRAS","BENS",153052.0,"2025-12-02","2026-06-02",182.0,"CEPAE - CENTRO DE ENSINO E PESQUISA APLICADA À EDUCAÇÃO","201/2025","Médio",10.0,"2026-03-02","Material",7240.0,"Recepientes para uso doméstico e comercial",11495.0,"Lixeira",610861.0,"capacidade: 100, características adicionais: conforme modelo, cor: branca, material: polietileno alta densidade, tipo: com tampa e pedal acoplados","UN",205.0,3.0,615.0]
["137/2026","Aprovada",null,"AQUISIÇÃO DE LIXEIRAS","BENS",153052.0,"2025-12-02","2026-06-02",182.0,"CEPAE - CENTRO DE ENSINO E PESQUISA APLICADA À EDUCAÇÃO","201/2025","Médio",11.0,"2026-03-02","Material",7240.0,"Recepientes para uso doméstico e comercial",11495.0,"Lixeira",611059.0,"capacidade: 60 litros, características adicionais: conforme modelo, cor: branca, material: polietileno ou polipropileno, tipo: com tampa e pedal acoplados","UN",72.0,10.0,720.0]
["137/2026","Aprovada",null,"AQUISIÇÃO DE LIXEIRAS","BENS",153052.0,"2025-12-02","2026-06-02",182.0,"PROGRAD - PRO-REITORIA DE GRADUAÇÃO","768/2025","Médio",3.0,"2026-08-30","Material",7240.0,"RECEPIENTES PARA USO DOMÉSTICO E COMERCIAL",11495.0,"LIXEIRA",610861.0,"CAPACIDADE: 100, CARACTERÍSTICAS ADICIONAIS: CONFORME MODELO, COR: BRANCA, MATERIAL: POLIETILENO ALTA DENSIDADE, TIPO: COM TAMPA E PEDAL ACOPLADOS","UN",350.0,10.0,3500.0]
["137/2026","Aprovada",null,"AQUISIÇÃO DE LIXEIRAS","BENS",153052.0,"2025-12-02","2026-06-02",182.0,"GOIAS - REGIONAL GOIAS","981/2025","Médio",1.0,"2026-07-01","Material",7240.0,"Recepientes para uso doméstico e comercial",15740.0,"Conjunto Lixeira Coleta Seletiva",337699.0,"aplicação: separar material reciclável, capacidade: 50, cor: azul, vermelha, verde, amarela e marrom, material: aço galvanizado, material estrutura: aço galvanizado, quantidade lixeiras: 5","CJ",700.0,2.0,1400.0]
["176/2026","Aprovada",null,"EECA e EMC aquisição bombonas","BENS",153052.0,"2026-01-02","2026-06-02",151.0,"EECA - ESCOLA DE ENGENHARIA CIVIL E AMBIENTAL","313/2025","Médio",1.0,"2026-09-30","Material",8110.0,"Tambores e latas",3799.0,"Bombona",392730.0,"aplicação: acondicionamento produto perigoso, capacidade: 100, características adicionais: alça e tampa removível, cor: azul, material: plástico","UN",259.53,10.0,2595.3]
["176/2026","Aprovada",null,"EECA e EMC aquisição bombonas","BENS",153052.0,"2026-01-02","2026-06-02",151.0,"EMC - ESCOLA DE ENGENHARIA ELÉTRICA MECÂNICA E DE COMPUTAÇÃO","390/2025","Médio",39.0,"2026-08-08","Material",8110.0,"Tambores e latas",3799.0,"Bombona",483538.0,"aplicação: transporte combustível, capacidade: 5, dimensões: 29cm x 20cm x 13cm, material: polietileno","UN",25.0,20.0,500.0]
["177/2026","Aprovada",null,"DLOG - AQUISIÇÃO DE PALETE","BENS",153052.0,"2025-12-02","2026-04-30",149.0,"DLOG - DIRETORIA DE LOGÍSTICA","945/2025","Alto",3.0,"2026-04-30","Material",8135.0,"Materiais a granel para acondicionamento e embalagem",1346.0,"Palete",301367.0,"altura: 145, características adicionais: dupla face não reversível,  fixação pneumática pre, comprimento: 1,20, largura: 1, material: madeira, quantidade entradas: 4, tipo: pbr, tipo madeira: pinus e eucalípto","UN",50.0,50.0,2500.0]
["180/2026","Aprovada",null,"CERCOMP - Aquisição solução ampliação data center","CONTRATACOES_TIC",153052.0,"2026-01-02","2026-07-30",209.0,"CERCOMP - CENTRO DE RECURSOS COMPUTACIONAIS","1023/2025","Alto",1.0,"2026-07-31","Serviço",182.0,"Serviços De  Licenciamento E  Contratos De Transferência De Tecnologia",null,null,27464.0,"Licenciamento de Direitos Permanentes  de  Uso  de  Softwarepara Servidor",null,264950.0,8.0,2119600.0]
["180/2026","Aprovada",null,"CERCOMP - Aquisição solução ampliação data center","CONTRATACOES_TIC",153052.0,"2026-01-02","2026-07-30",209.0,"CERCOMP - CENTRO DE RECURSOS COMPUTACIONAIS","1023/2025","Alto",1.0,"2026-07-31","Material",7050.0,"Equipamentos de rede de tic - local e remota",5522.0,"Switch",463274.0,"alimentação: 110/220, aplicação: conectar servidores e equipamentos em rede, quantidade portas: 24, tipo portas: ethernet 10/100/1000, velocidade porta: 10/100/1000","UN",162748.0,2.0,325496.0]
["180/2026","Aprovada",null,"CERCOMP - Aquisição solução ampliação data center","CONTRATACOES_TIC",153052.0,"2026-01-02","2026-07-30",209.0,"CERCOMP - CENTRO DE RECURSOS COMPUTACIONAIS","1023/2025","Alto",2.0,"2026-07-31","Material",7010.0,"Computadores",10293.0,"Servidor",461600.0,"armazenamento sas: com discos sas, armazenamento sata: sem discos sata, armazenamento ssd: com discos ssd, fonte alimentação: redundante (swap/hot plug), garantia on site: superior 48, interface rede lan: 2, interface rede san: 1, memória ram: 64, núcleos por processador: 10 a 14, processadores físicos: 2, sistema operacional: sem sistema operacional, tipo: rack","UN",351656.0,4.0,1406624.0]
["180/2026","Aprovada",null,"CERCOMP - Aquisição solução ampliação data center","CONTRATACOES_TIC",153052.0,"2026-01-02","2026-07-30",209.0,"CERCOMP - CENTRO DE RECURSOS COMPUTACIONAIS","1023/2025","Alto",3.0,"2026-07-31","Material",7010.0,"Computadores",10293.0,"Servidor",461600.0,"armazenamento sas: com discos sas, armazenamento sata: sem discos sata, armazenamento ssd: com discos ssd, fonte alimentação: redundante (swap/hot plug), garantia on site: superior 48, interface rede lan: 2, interface rede san: 1, memória ram: 64, núcleos por processador: 10 a 14, processadores físicos: 2, sistema operacional: sem sistema operacional, tipo: rack","UN",2311000.0,1.0,2311000.0]
["180/2026","Aprovada",null,"CERCOMP - Aquisição solução ampliação data center","CONTRATACOES_TIC",153052.0,"2026-01-02","2026-07-30",209.0,"CERCOMP - CENTRO DE RECURSOS COMPUTACIONAIS","1023/2025","Alto",2.0,"2026-07-31","Serviço",182.0,"Serviços De  Licenciamento E  Contratos De Transferência De Tecnologia",null,null,27464.0,"Licenciamento de Direitos Permanentes  de  Uso  de  Softwarepara Servidor",null,46872.0,20.0,937440.0]
["180/2026","Aprovada",null,"CERCOMP - Aquisição solução ampliação data center","CONTRATACOES_TIC",153052.0,"2026-01-02","2026-07-30",209.0,"CERCOMP - CENTRO DE RECURSOS COMPUTACIONAIS","1023/2025","Alto",3.0,"2026-07-31","Serviço",182.0,"Serviços De  Licenciamento E  Contratos De Transferência De Tecnologia",null,null,27464.0,"Licenciamento de Direitos Permanentes  de  Uso  de  Softwarepara Servidor",null,72742.0,8.0,581936.0]
["180/2026","Aprovada",null,"CERCOMP - Aquisição solução ampliação data center","CONTRATACOES_TIC",153052.0,"2026-01-02","2026-07-30",209.0,"CERCOMP - CENTRO DE RECURSOS COMPUTACIONAIS","1023/2025","Alto",4.0,"2026-07-31","Material",7010.0,"Computadores",10293.0,"Servidor",461600.0,"armazenamento sas: com discos sas, armazenamento sata: sem discos sata, armazenamento ssd: com discos ssd, fonte alimentação: redundante (swap/hot plug), garantia on site: superior 48, interface rede lan: 2, interface rede san: 1, memória ram: 64, núcleos por processador: 10 a 14, processadores físicos: 2, sistema operacional: sem sistema operacional, tipo: rack","UN",2155984.0,1.0,2155984.0]
["178/2026","Aprovada",null,"DLOG - Aquisição de AÇUCAR para o almoxarifado central da UFG","BENS",153052.0,"2025-12-01","2026-04-30",150.0,"DLOG - DIRETORIA DE LOGÍSTICA","1001/2025","Alto",1.0,"2026-04-30","Material",8925.0,"Açúcar, confeitos, castanhas, nozes e similares",19777.0,"Açúcar",463989.0,"prazo validade mínimo: 12 meses, tipo: cristal","EMB",9.0505,3500.0,31676.75]
["179/2026","Aprovada",null,"DLOG - Aquisição de Água Mineral","BENS",153052.0,"2026-01-30","2026-07-30",181.0,"DLOG - DIRETORIA DE LOGÍSTICA","1002/2025","Alto",1.0,"2026-07-30","Material",8960.0,"Bebidas não alcoólicas",19555.0,"Água Mineral Natural",445484.0,"material embalagem: plástico, tipo: sem gás, tipo embalagem: descartável","GRR",10.81,36432.0,393829.92]
["166/2026","Aprovada",null,"DLOG - CAPACITAÇÃO DE SERVIDORES","SERVICOS",153052.0,"2026-03-02","2026-05-04",63.0,"DLOG - DIRETORIA DE LOGÍSTICA","931/2025","Alto",1.0,"2026-05-01","Serviço",929.0,"Outros serviços de educação e treinamento",null,null,21172.0,"Treinamento qualificação profissional",null,2000.0,1.0,2000.0]
["166/2026","Aprovada",null,"DLOG - CAPACITAÇÃO DE SERVIDORES","SERVICOS",153052.0,"2026-03-02","2026-05-04",63.0,"DLOG - DIRETORIA DE LOGÍSTICA","931/2025","Alto",2.0,"2026-05-01","Serviço",929.0,"Outros serviços de educação e treinamento",null,null,21172.0,"Treinamento qualificação profissional",null,2000.0,2.0,4000.0]
["166/2026","Aprovada",null,"DLOG - CAPACITAÇÃO DE SERVIDORES","SERVICOS",153052.0,"2026-03-02","2026-05-04",63.0,"DLOG - DIRETORIA DE LOGÍSTICA","931/2025","Alto",3.0,"2026-05-01","Serviço",929.0,"Outros serviços de educação e treinamento",null,null,21172.0,"Treinamento qualificação profissional",null,2000.0,2.0,4000.0]
["166/2026","Aprovada",null,"DLOG - CAPACITAÇÃO DE SERVIDORES","SERVICOS",153052.0,"2026-03-02","2026-05-04",63.0,"DLOG - DIRETORIA DE LOGÍSTICA","931/2025","Alto",4.0,"2026-05-01","Serviço",929.0,"Outros serviços de educação e treinamento",null,null,21172.0,"Treinamento qualificação profissional",null,4000.0,2.0,8000.0]
["166/2026","Aprovada",null,"DLOG - CAPACITAÇÃO DE SERVIDORES","SERVICOS",153052.0,"2026-03-02","2026-05-04",63.0,"DLOG - DIRETORIA DE LOGÍSTICA","931/2025","Alto",5.0,"2026-05-01","Serviço",929.0,"Outros serviços de educação e treinamento",null,null,21172.0,"Treinamento qualificação profissional",null,4000.0,2.0,8000.0]
["166/2026","Aprovada",null,"DLOG - CAPACITAÇÃO DE SERVIDORES","SERVICOS",153052.0,"2026-03-02","2026-05-04",63.0,"DLOG - DIRETORIA DE LOGÍSTICA","931/2025","Alto",6.0,"2026-05-01","Serviço",929.0,"Outros serviços de educação e treinamento",null,null,21172.0,"Treinamento qualificação profissional",null,4040.0,2.0,8080.0]
["166/2026","Aprovada",null,"DLOG - CAPACITAÇÃO DE SERVIDORES","SERVICOS",153052.0,"2026-03-02","2026-05-04",63.0,"DLOG - DIRETORIA DE LOGÍSTICA","931/2025","Alto",7.0,"2026-05-01","Serviço",929.0,"Outros serviços de educação e treinamento",null,null,21172.0,"Treinamento qualificação profissional",null,2000.0,6.0,12000.0]
["166/2026","Aprovada",null,"DLOG - CAPACITAÇÃO DE SERVIDORES","SERVICOS",153052.0,"2026-03-02","2026-05-04",63.0,"DLOG - DIRETORIA DE LOGÍSTICA","931/2025","Alto",8.0,"2026-05-01","Serviço",929.0,"Outros serviços de educação e treinamento",null,null,25232.0,"Pagamento inscrição eventos",null,5000.0,3.0,15000.0]
["166/2026","Aprovada",null,"DLOG - CAPACITAÇÃO DE SERVIDORES","SERVICOS",153052.0,"2026-03-02","2026-05-04",63.0,"DLOG - DIRETORIA DE LOGÍSTICA","931/2025","Alto",9.0,"2026-05-01","Serviço",929.0,"Outros serviços de educação e treinamento",null,null,25232.0,"Pagamento inscrição eventos",null,5000.0,3.0,15000.0]
["166/2026","Aprovada",null,"DLOG - CAPACITAÇÃO DE SERVIDORES","SERVICOS",153052.0,"2026-03-02","2026-05-04",63.0,"DLOG - DIRETORIA DE LOGÍSTICA","1010/2025","Médio",1.0,"2026-12-14","Serviço",929.0,"OUTROS SERVIÇOS DE EDUCAÇÃO E TREINAMENTO",null,null,17663.0,"CURSO APERFEIÇOAMENTO / ESPECIALIZAÇÃO PROFISSIONAL",null,1300.0,3.0,3900.0]
["19/2026","Aprovada",null,"SERRAGEM TIPO PINUS","BENS",153052.0,"2026-05-04","2026-08-07",95.0,"IPTSP - INSTITUTO DE PATOLOGIA TROPICAL E SAÚDE PÚBLICA","141/2025","Médio",126.0,"2026-07-31","Material",5510.0,"Tábuas e artigos correlatos à base de madeira",12045.0,"Serragem",427369.0,"tipo: pinus","KG",6.2,1765.0,10943.0]
["36/2026","Aprovada",null,"MATERIAIS DE PROTEÇÃO COMUM","BENS",153052.0,"2026-04-06","2026-07-17",102.0,"EECA - ESCOLA DE ENGENHARIA CIVIL E AMBIENTAL","293/2025","Alto",4.0,"2026-10-30","Material",8415.0,"Vestuário para fins especiais",8974.0,"Luva Proteção",440936.0,"características adicionais: dorso sem emendas, tira de reforço entre polegar e, material: raspa de couro, tamanho: adulto, tamanho cano: longo","PAR",31.0,10.0,310.0]
["36/2026","Aprovada",null,"MATERIAIS DE PROTEÇÃO COMUM","BENS",153052.0,"2026-04-06","2026-07-17",102.0,"EECA - ESCOLA DE ENGENHARIA CIVIL E AMBIENTAL","293/2025","Alto",5.0,"2026-10-30","Material",4240.0,"Equipamento para segurança e salvamento",1372.0,"Capacete Segurança",343207.0,"aplicação: construção civil, características adicionais: aba frontal,copa estrias,dupla suspensão e jugular, cor: branca, material: plástico","UN",157.41,5.0,787.05]
["36/2026","Aprovada",null,"MATERIAIS DE PROTEÇÃO COMUM","BENS",153052.0,"2026-04-06","2026-07-17",102.0,"EECA - ESCOLA DE ENGENHARIA CIVIL E AMBIENTAL","293/2025","Alto",6.0,"2026-10-30","Material",8415.0,"Vestuário para fins especiais",8518.0,"Jaleco",250134.0,"características adicionais: com gola, cor: azul-marinho, material: brim, posição bolsos: 1 lado esquerdo peito e 2 laterais abaixo cintura, quantidade bolsos: 3, quantidade botões: 5, tamanho: m, tipo: longo, tipo manga: curta, tipo tecido: brim (leve)","UN",61.0,10.0,610.0]
["36/2026","Aprovada",null,"MATERIAIS DE PROTEÇÃO COMUM","BENS",153052.0,"2026-04-06","2026-07-17",102.0,"EECA - ESCOLA DE ENGENHARIA CIVIL E AMBIENTAL","293/2025","Alto",7.0,"2026-10-30","Material",4240.0,"Equipamento para segurança e salvamento",1306.0,"Respirador",486883.0,"aplicação: classe n95, pff2 ou equivalente, características adicionais: eficiência filtração mínima 94% - s, formato: tipo concha, material: camadas fibras sintéticas, quantidade pontos fixação: tiras vedação anatômica, clipe nasal, quantidade válvulas: s/ válvulas, tamanho peça facial: adulto, tipo: c/ cor, tipo uso: descartável","UN",1.3,100.0,130.0]
["36/2026","Aprovada",null,"MATERIAIS DE PROTEÇÃO COMUM","BENS",153052.0,"2026-04-06","2026-07-17",102.0,"EECA - ESCOLA DE ENGENHARIA CIVIL E AMBIENTAL","293/2025","Alto",8.0,"2026-10-30","Material",4240.0,"Equipamento para segurança e salvamento",13722.0,"Luva Segurança",486638.0,"aplicação: segurança e proteção individual., características adicionais: resistente à temperatura até 400 °c, material: kevlar, modelo: cano longo, tamanho: único","PAR",150.44,2.0,300.88]
["36/2026","Aprovada",null,"MATERIAIS DE PROTEÇÃO COMUM","BENS",153052.0,"2026-04-06","2026-07-17",102.0,"DLOG - DIRETORIA DE LOGÍSTICA","955/2025","Alto",1.0,"2026-12-31","Material",8415.0,"Vestuário para fins especiais",8974.0,"Luva Proteção",604413.0,"características adicionais: punho reforçado couro napa bovina, cor: castanho claro, material: couro, tamanho: sob medida, tamanho cano: curto, uso: caatinga","PAR",19.89,10.0,198.9]
["29/2026","Aprovada",null,"MATERIAIS QUÍMICOS, SUBSTÂNCIAS PARA DIAGNÓSTICO, MEIOS DE CULTURA E TESTES - OUTRAS UNIDADES","BENS",153052.0,"2026-02-23","2026-06-26",123.0,"CEPAE - CENTRO DE ENSINO E PESQUISA APLICADA À EDUCAÇÃO","166/2025","Médio",13.0,"2026-02-03","Material",6505.0,"Drogas e medicamentos",5118.0,"Cloreto De Sódio",448699.0,"concentraçao: 0,9 %, forma farmaceutica: solução injetável","BOL",6.0,50.0,300.0]
["29/2026","Aprovada",null,"MATERIAIS QUÍMICOS, SUBSTÂNCIAS PARA DIAGNÓSTICO, MEIOS DE CULTURA E TESTES - OUTRAS UNIDADES","BENS",153052.0,"2026-02-23","2026-06-26",123.0,"CEPAE - CENTRO DE ENSINO E PESQUISA APLICADA À EDUCAÇÃO","166/2025","Médio",14.0,"2026-02-03","Material",6505.0,"Drogas e medicamentos",5118.0,"Cloreto De Sódio",448699.0,"concentraçao: 0,9 %, forma farmaceutica: solução injetável","AM",1.9,300.0,570.0]
["29/2026","Aprovada",null,"MATERIAIS QUÍMICOS, SUBSTÂNCIAS PARA DIAGNÓSTICO, MEIOS DE CULTURA E TESTES - OUTRAS UNIDADES","BENS",153052.0,"2026-02-23","2026-06-26",123.0,"CEPAE - CENTRO DE ENSINO E PESQUISA APLICADA À EDUCAÇÃO","166/2025","Médio",15.0,"2026-02-03","Material",6505.0,"Drogas e medicamentos",17357.0,"Clorexidina Digluconato",269881.0,"aplicação: solução tópica, dosagem: 0,2%","FR",25.0,10.0,250.0]
["29/2026","Aprovada",null,"MATERIAIS QUÍMICOS, SUBSTÂNCIAS PARA DIAGNÓSTICO, MEIOS DE CULTURA E TESTES - OUTRAS UNIDADES","BENS",153052.0,"2026-02-23","2026-06-26",123.0,"CEPAE - CENTRO DE ENSINO E PESQUISA APLICADA À EDUCAÇÃO","166/2025","Médio",26.0,"2026-02-03","Material",6508.0,"Cosméticos e artigos de toucador de natureza medicinal",5937.0,"Lenço Umedecido",434965.0,"característica adicional: hipoalergênico, componentes: c/ emoliente, isento de álcool, dimensões: cerca de 15 x 20, material: não tecido, tipo uso: descartável, uso: infantil","UN",11.0,8.0,88.0]
["29/2026","Aprovada",null,"MATERIAIS QUÍMICOS, SUBSTÂNCIAS PARA DIAGNÓSTICO, MEIOS DE CULTURA E TESTES - OUTRAS UNIDADES","BENS",153052.0,"2026-02-23","2026-06-26",123.0,"CEPAE - CENTRO DE ENSINO E PESQUISA APLICADA À EDUCAÇÃO","166/2025","Médio",29.0,"2026-02-03","Material",6508.0,"Cosméticos e artigos de toucador de natureza medicinal",18179.0,"Ácidos Graxos Essenciais",452484.0,"componentes: óleo de girassol e óleo de canola, composição: composto dos ácidos caprílico, cáprico, láurico, forma farmacêutica: loção cremosa hidratante, outros componentes: petrolato e vitamina e\"\"","FR",9.59,3.0,28.77]
["29/2026","Aprovada",null,"MATERIAIS QUÍMICOS, SUBSTÂNCIAS PARA DIAGNÓSTICO, MEIOS DE CULTURA E TESTES - OUTRAS UNIDADES","BENS",153052.0,"2026-02-23","2026-06-26",123.0,"FF - FACULDADE DE FÁRMACIA","193/2025","Médio",3.0,"2026-08-01","Material",6550.0,"SUBSTÂNCIAS PARA DIAGNÓSTICO \"IN VITRO\",  REAGENTES,  CONJUNTOS E JOGOS PARA TESTE",6610.0,"ENZIMA",371056.0,"ASPECTO FÍSICO: PÓ, CARACTERÍSTICAS ADICIONAIS: GRAU VII, CONCENTRAÇÃO: > 300, TIPO: INVERTASE DE SACCHAROMYCES CEREVISIAE","FR",850.0,2.0,1700.0]
["29/2026","Aprovada",null,"MATERIAIS QUÍMICOS, SUBSTÂNCIAS PARA DIAGNÓSTICO, MEIOS DE CULTURA E TESTES - OUTRAS UNIDADES","BENS",153052.0,"2026-02-23","2026-06-26",123.0,"FF - FACULDADE DE FÁRMACIA","193/2025","Médio",4.0,"2026-08-01","Material",6550.0,"SUBSTÂNCIAS PARA DIAGNÓSTICO \"IN VITRO\",  REAGENTES,  CONJUNTOS E JOGOS PARA TESTE",6610.0,"ENZIMA",327791.0,"ASPECTO FÍSICO: PÓ, CONCENTRAÇÃO: > 2.400, TIPO: PEPSINA DE MUCOSA GÁSTRICA SUÍNA","FR",210.0,6.0,1260.0]
["29/2026","Aprovada",null,"MATERIAIS QUÍMICOS, SUBSTÂNCIAS PARA DIAGNÓSTICO, MEIOS DE CULTURA E TESTES - OUTRAS UNIDADES","BENS",153052.0,"2026-02-23","2026-06-26",123.0,"FF - FACULDADE DE FÁRMACIA","193/2025","Médio",5.0,"2026-08-01","Material",6550.0,"SUBSTÂNCIAS PARA DIAGNÓSTICO \"IN VITRO\",  REAGENTES,  CONJUNTOS E JOGOS PARA TESTE",6610.0,"ENZIMA",444322.0,"ASPECTO FÍSICO: PÓ, CARACTERÍSTICA ADICIONAL*: TIPO IX, CONCENTRAÇÃO: MÍNIMO DE 50.000, TIPO: UREASE","FR",870.0,2.0,1740.0]
["29/2026","Aprovada",null,"MATERIAIS QUÍMICOS, SUBSTÂNCIAS PARA DIAGNÓSTICO, MEIOS DE CULTURA E TESTES - OUTRAS UNIDADES","BENS",153052.0,"2026-02-23","2026-06-26",123.0,"FF - FACULDADE DE FÁRMACIA","193/2025","Médio",9.0,"2026-08-01","Material",6810.0,"PRODUTOS QUÍMICOS",18189.0,"ÁLCOOL ETÍLICO",349664.0,"ASPECTO FÍSICO: LÍQUIDO LÍMPIDO, INCOLOR, VOLÁTIL, CARACTERÍSTICA ADICIONAL: ABSOLUTO, REAGENTE UV/HPLC, FÓRMULA QUÍMICA: C2H5OH, GRAU DE PUREZA: MÍNIMO DE 99,7% P/P INPM, NÚMERO DE REFERÊNCIA QUÍMICA: CAS 64-17-5, PESO MOLECULAR: 46,07, TEOR ALCOÓLICO: MÍNIMO DE 99,5°GL","L",79.0,40.0,3160.0]
["29/2026","Aprovada",null,"MATERIAIS QUÍMICOS, SUBSTÂNCIAS PARA DIAGNÓSTICO, MEIOS DE CULTURA E TESTES - OUTRAS UNIDADES","BENS",153052.0,"2026-02-23","2026-06-26",123.0,"FF - FACULDADE DE FÁRMACIA","193/2025","Médio",16.0,"2026-08-01","Material",6810.0,"PRODUTOS QUÍMICOS",1847.0,"ACETONITRILA",347148.0,"ASPECTO FÍSICO: LÍQUIDO INCOLOR, LÍMPIDO, ODOR DE ÉTER, CARACTERÍSTICA ADICIONAL: REAGENTE P/ HPLC, FÓRMULA QUÍMICA: CH3CN, GRAU DE PUREZA: PUREZA MÍNIMA DE 99,9%, NÚMERO DE REFERÊNCIA QUÍMICA: CAS 75-05-8, PESO MOLECULAR: 41,05","L",225.0,20.0,4500.0]
["29/2026","Aprovada",null,"MATERIAIS QUÍMICOS, SUBSTÂNCIAS PARA DIAGNÓSTICO, MEIOS DE CULTURA E TESTES - OUTRAS UNIDADES","BENS",153052.0,"2026-02-23","2026-06-26",123.0,"FF - FACULDADE DE FÁRMACIA","193/2025","Médio",17.0,"2026-08-01","Material",6810.0,"PRODUTOS QUÍMICOS",2265.0,"ÁLCOOL METÍLICO",425423.0,"ASPECTO FÍSICO: LÍQUIDO LÍMPIDO, INCOLOR, ODOR CARACTERÍSTICO, CARACTERÍSTICA ADICIONAL: REAGENTE P/ UV/HPLC, FÓRMULA QUÍMICA: CH3OH, GRAU DE PUREZA: PUREZA MÍNIMA DE 99,9%, NÚMERO DE REFERÊNCIA QUÍMICA: CAS 67-56-1, PESO MOLECULAR: 32,04","L",95.0,30.0,2850.0]
["29/2026","Aprovada",null,"MATERIAIS QUÍMICOS, SUBSTÂNCIAS PARA DIAGNÓSTICO, MEIOS DE CULTURA E TESTES - OUTRAS UNIDADES","BENS",153052.0,"2026-02-23","2026-06-26",123.0,"CEPAE - CENTRO DE ENSINO E PESQUISA APLICADA À EDUCAÇÃO","234/2025","Alto",7.0,"2026-03-02","Material",6810.0,"Produtos químicos",18189.0,"Álcool Etílico",405780.0,"aspecto físico: líquido límpido, incolor, volátil, característica adicional: hidratado, fórmula química: c2h5oh, grau de pureza: mínimo de 70 °inpm (70% p/p), número de referência química: cas 64-17-5, peso molecular: 46,07, teor alcoólico: mínimo de 77 °gl (77% v/v a 20 °c)","L",11.49,80.0,919.2]
["29/2026","Aprovada",null,"MATERIAIS QUÍMICOS, SUBSTÂNCIAS PARA DIAGNÓSTICO, MEIOS DE CULTURA E TESTES - OUTRAS UNIDADES","BENS",153052.0,"2026-02-23","2026-06-26",123.0,"CEPAE - CENTRO DE ENSINO E PESQUISA APLICADA À EDUCAÇÃO","257/2025","Médio",6.0,"2026-03-02","Material",6810.0,"Produtos químicos",18189.0,"Álcool Etílico",445457.0,"aspecto físico: líquido, característica adicional: absoluto, reagente p.a. acs iso, fórmula química: c2h5oh, grau de pureza: pureza mínima de 99,9%, número de referência química: cas 64-17-5, peso molecular: 46,07","L",19.89,10.0,198.9]
["29/2026","Aprovada",null,"MATERIAIS QUÍMICOS, SUBSTÂNCIAS PARA DIAGNÓSTICO, MEIOS DE CULTURA E TESTES - OUTRAS UNIDADES","BENS",153052.0,"2026-02-23","2026-06-26",123.0,"CEPAE - CENTRO DE ENSINO E PESQUISA APLICADA À EDUCAÇÃO","257/2025","Médio",7.0,"2026-03-02","Material",6810.0,"PRODUTOS QUÍMICOS",13496.0,"ZINCO",402644.0,"ASPECTO FÍSICO: GRÂNULOS BRANCO-AZULADOS OU CINZA PRATA, INODOROS, CARACTERÍSTICA ADICIONAL: REAGENTE P.A.,ISO, GRANULAÇÃO ESPECÍFICA, FÓRMULA QUÍMICA: ZN, GRAU DE PUREZA: PUREZA MÍNIMA DE 99,9%, NÚMERO DE REFERÊNCIA QUÍMICA: CAS 7440-66-6, PESO MOLECULAR: 65,38","G",123.48,250.0,30870.0]
["29/2026","Aprovada",null,"MATERIAIS QUÍMICOS, SUBSTÂNCIAS PARA DIAGNÓSTICO, MEIOS DE CULTURA E TESTES - OUTRAS UNIDADES","BENS",153052.0,"2026-02-23","2026-06-26",123.0,"FCT- FACULDADE DE CIÊNCIAS E TECNOLOGIA","275/2025","Médio",1.0,"2026-06-15","Material",6810.0,"PRODUTOS QUÍMICOS",4529.0,"CARBURETO DE CÁLCIO",361466.0,"ASPECTO FÍSICO: CRISTAL CINZA OU GRUMOS ESCUROS, ODOR DE ALHO, COMPOSIÇÃO: CAC2, GRAU DE PUREZA: TEOR MÍNIMO DE 80%, NÚMERO DE REFERÊNCIA QUÍMICA: CAS 75-20-7, PESO MOLECULAR: 64,1","G",0.4769,1950.0,929.955]
["29/2026","Aprovada",null,"MATERIAIS QUÍMICOS, SUBSTÂNCIAS PARA DIAGNÓSTICO, MEIOS DE CULTURA E TESTES - OUTRAS UNIDADES","BENS",153052.0,"2026-02-23","2026-06-26",123.0,"FF - FACULDADE DE FÁRMACIA","193/2025","Médio",28.0,"2026-08-01","Material",7930.0,"COMPOSTOS E PREPARADOS PARA LIMPEZA E POLIMENTO",715.0,"ÁLCOOL ETÍLICO LIMPEZA DE AMBIENTES",481012.0,"APLICAÇÃO: LIMPEZA, CARACTERÍSTICAS ADICIONAIS: LÍQUIDO, CONCENTRAÇÃO: 70%, TIPO: ETÍLICO","FR",8.72,200.0,1744.0]
["29/2026","Aprovada",null,"MATERIAIS QUÍMICOS, SUBSTÂNCIAS PARA DIAGNÓSTICO, MEIOS DE CULTURA E TESTES - OUTRAS UNIDADES","BENS",153052.0,"2026-02-23","2026-06-26",123.0,"FF - FACULDADE DE FÁRMACIA","193/2025","Médio",29.0,"2026-08-01","Material",6505.0,"Drogas e medicamentos",2259.0,"Álcool Etílico",618744.0,"adicional: especialmente manipulado, forma farmacêutica: solução injetável, teor alcoólico: absoluto, mínimo de 99,5%","FR",30.1,30.0,903.0]
["29/2026","Aprovada",null,"MATERIAIS QUÍMICOS, SUBSTÂNCIAS PARA DIAGNÓSTICO, MEIOS DE CULTURA E TESTES - OUTRAS UNIDADES","BENS",153052.0,"2026-02-23","2026-06-26",123.0,"FF - FACULDADE DE FÁRMACIA","193/2025","Médio",31.0,"2026-08-01","Material",6810.0,"PRODUTOS QUÍMICOS",15466.0,"CLOROFÓRMIO",445473.0,"ASPECTO FÍSICO: LÍQUIDO, CARACTERÍSTICAS ADICIONAIS 1: REAGENTE ACS, ESTABILIZADO C/ AMILENO, FÓRMULA QUÍMICA: CHCL3, GRAU DE PUREZA: PUREZA MÍNIMA DE 99,8%, NÚMERO DE REFERÊNCIA QUÍMICA: CAS 67-66-3, PESO MOLECULAR: 119,38","L",58.0,30.0,1740.0]
["29/2026","Aprovada",null,"MATERIAIS QUÍMICOS, SUBSTÂNCIAS PARA DIAGNÓSTICO, MEIOS DE CULTURA E TESTES - OUTRAS UNIDADES","BENS",153052.0,"2026-02-23","2026-06-26",123.0,"EECA - ESCOLA DE ENGENHARIA CIVIL E AMBIENTAL","308/2025","Alto",3.0,"2026-10-30","Material",6550.0,"Substâncias para diagnóstico \"in vitro\",  reagentes,  conjuntos e jogos para teste",14801.0,"Reagente Analítico 4",391817.0,"apresentação*: cartela plástica, característica adicional: nmp cerca de 1 a 2420 cfu/100 ml, esterilidade: estéril, descartável, tipo de análise: quantitativo coliformes, e.coli, enterococcus sp","UN",45.0,50.0,2250.0]
["29/2026","Aprovada",null,"MATERIAIS QUÍMICOS, SUBSTÂNCIAS PARA DIAGNÓSTICO, MEIOS DE CULTURA E TESTES - OUTRAS UNIDADES","BENS",153052.0,"2026-02-23","2026-06-26",123.0,"EECA - ESCOLA DE ENGENHARIA CIVIL E AMBIENTAL","309/2025","Alto",1.0,"2026-11-03","Material",6550.0,"Substâncias para diagnóstico \"in vitro\",  reagentes,  conjuntos e jogos para teste",14801.0,"Reagente Analítico 4",407641.0,"aspecto físico: pó, tipo: onpg-mug","UN",30.0,100.0,3000.0]
["29/2026","Aprovada",null,"MATERIAIS QUÍMICOS, SUBSTÂNCIAS PARA DIAGNÓSTICO, MEIOS DE CULTURA E TESTES - OUTRAS UNIDADES","BENS",153052.0,"2026-02-23","2026-06-26",123.0,"EECA - ESCOLA DE ENGENHARIA CIVIL E AMBIENTAL","309/2025","Alto",5.0,"2026-11-03","Material",6810.0,"Produtos químicos",15933.0,"Hexametafosfato Sódio (Shmp)",355654.0,"aspecto físico: pó ou cristal besbranquiçado, inodoro,higroscópico, característica adicional: reagente p.a., composição química: (napo3)n anidro, grau de pureza: pureza mínima de 99%, número de referência química: cas 10124-56-8, peso molecular: (n)101,96","KG",111.18,2.0,222.36]
["29/2026","Aprovada",null,"MATERIAIS QUÍMICOS, SUBSTÂNCIAS PARA DIAGNÓSTICO, MEIOS DE CULTURA E TESTES - OUTRAS UNIDADES","BENS",153052.0,"2026-02-23","2026-06-26",123.0,"EECA - ESCOLA DE ENGENHARIA CIVIL E AMBIENTAL","309/2025","Alto",6.0,"2026-11-03","Material",6810.0,"Produtos químicos",16160.0,"Nitrato De Prata",353060.0,"aspecto físico: cristal incolor, transparente, inodoro, característica adicional: reagente p.a., fórmula química: agno3, número de referência química: cas 7761-88-8, peso molecular: 169,87, teor de pureza: pureza mínima de 99,5%","G",12.0,25.0,300.0]
["29/2026","Aprovada",null,"MATERIAIS QUÍMICOS, SUBSTÂNCIAS PARA DIAGNÓSTICO, MEIOS DE CULTURA E TESTES - OUTRAS UNIDADES","BENS",153052.0,"2026-02-23","2026-06-26",123.0,"EECA - ESCOLA DE ENGENHARIA CIVIL E AMBIENTAL","309/2025","Alto",8.0,"2026-11-03","Material",6810.0,"Produtos químicos",709.0,"Ácido Acético",345906.0,"aspecto físico: líquido límpido transparente, característica adicional: glacial,reagente p.a.-acs-iso, fórmula química: c2h4o2, grau de pureza: pureza mínima de 99,7%, número de referência química: cas 64-19-7, peso molecular: 60,05","L",38.68,3.0,116.04]
["29/2026","Aprovada",null,"MATERIAIS QUÍMICOS, SUBSTÂNCIAS PARA DIAGNÓSTICO, MEIOS DE CULTURA E TESTES - OUTRAS UNIDADES","BENS",153052.0,"2026-02-23","2026-06-26",123.0,"EECA - ESCOLA DE ENGENHARIA CIVIL E AMBIENTAL","309/2025","Alto",9.0,"2026-11-03","Material",6810.0,"Produtos químicos",14141.0,"Ácido Sulfúrico",355811.0,"aspecto físico: líquido incolor, inodoro, viscoso, cristalino, característica adicional: reagente p.a., fórmula química: h2so4, grau de pureza: pureza mínima de 95%, massa molecular: 98,09, número de referência química: cas 7664-93-9","L",79.99,3.0,239.97]
["29/2026","Aprovada",null,"MATERIAIS QUÍMICOS, SUBSTÂNCIAS PARA DIAGNÓSTICO, MEIOS DE CULTURA E TESTES - OUTRAS UNIDADES","BENS",153052.0,"2026-02-23","2026-06-26",123.0,"EECA - ESCOLA DE ENGENHARIA CIVIL E AMBIENTAL","309/2025","Alto",10.0,"2026-11-03","Material",6810.0,"Produtos químicos",8235.0,"Hidróxido De Amônio",366499.0,"aspecto físico: líquido límpido, incolor, volátil, de odor acre, característica adicional: em solução aquosa, reagente p.a. acs iso, fórmula química: nh4oh, grau de pureza: teor de nh3 entre 28 e 30%, número de referência química: cas 1336-21-6, peso molecular: 35,05","L",28.17,3.0,84.51]
["29/2026","Aprovada",null,"MATERIAIS QUÍMICOS, SUBSTÂNCIAS PARA DIAGNÓSTICO, MEIOS DE CULTURA E TESTES - OUTRAS UNIDADES","BENS",153052.0,"2026-02-23","2026-06-26",123.0,"EECA - ESCOLA DE ENGENHARIA CIVIL E AMBIENTAL","309/2025","Alto",11.0,"2026-11-03","Material",6810.0,"Produtos químicos",18131.0,"Ácido Etilenodiaminotetracético (Edta)",621153.0,"aspecto físico: pó, característica adicional*: grau farmacêutico, fórmula química: c10h14n2o8na2.2h2o (sal dissódico dihidratado), grau de pureza*: pureza mínima de 99%, massa molar: 372,24, número de referência química*: cas 6381-92-6\"","G",0.09,500.0,45.0]
["29/2026","Aprovada",null,"MATERIAIS QUÍMICOS, SUBSTÂNCIAS PARA DIAGNÓSTICO, MEIOS DE CULTURA E TESTES - OUTRAS UNIDADES","BENS",153052.0,"2026-02-23","2026-06-26",123.0,"EECA - ESCOLA DE ENGENHARIA CIVIL E AMBIENTAL","309/2025","Alto",12.0,"2026-11-03","Material",6810.0,"Produtos químicos",2263.0,"Álcool Propílico",380789.0,"aspecto físico: líquido límpido, incolor, odor característico, característica adicional: reagente p.a. acs, fórmula química: ch3(ch2)2oh  (1-propanol ou normal), grau de pureza: pureza mínima de 99,5%, número de referência química: cas 71-23-8, peso molecular*: 60,10","L",399.0,2.0,798.0]
["29/2026","Aprovada",null,"MATERIAIS QUÍMICOS, SUBSTÂNCIAS PARA DIAGNÓSTICO, MEIOS DE CULTURA E TESTES - OUTRAS UNIDADES","BENS",153052.0,"2026-02-23","2026-06-26",123.0,"EECA - ESCOLA DE ENGENHARIA CIVIL E AMBIENTAL","309/2025","Alto",13.0,"2026-11-03","Material",7930.0,"Compostos e preparados para limpeza e polimento",715.0,"Álcool Etílico Limpeza De Ambientes",481012.0,"aplicação: limpeza, características adicionais: líquido, concentração: 70%, tipo: etílico","FR",20.0,60.0,1200.0]
["29/2026","Aprovada",null,"MATERIAIS QUÍMICOS, SUBSTÂNCIAS PARA DIAGNÓSTICO, MEIOS DE CULTURA E TESTES - OUTRAS UNIDADES","BENS",153052.0,"2026-02-23","2026-06-26",123.0,"EECA - ESCOLA DE ENGENHARIA CIVIL E AMBIENTAL","309/2025","Alto",14.0,"2026-11-03","Material",6810.0,"Produtos químicos",790.0,"Hipoclorito De Sódio",378971.0,"aspecto físico: líquido amarelo esverdeado, características adicionais: estabilizado, concentração: teor mínimo de 12 % de cloro ativo","L",16.0,20.0,320.0]
["29/2026","Aprovada",null,"MATERIAIS QUÍMICOS, SUBSTÂNCIAS PARA DIAGNÓSTICO, MEIOS DE CULTURA E TESTES - OUTRAS UNIDADES","BENS",153052.0,"2026-02-23","2026-06-26",123.0,"FCT- FACULDADE DE CIÊNCIAS E TECNOLOGIA","351/2025","Médio",10.0,"2026-06-15","Material",6810.0,"Produtos químicos",713.0,"Ácido Nítrico",384366.0,"aspecto físico: líquido límpido,incolor à amarelado,odor sufocante, fórmula química: hno3, grau de pureza: teor mínimo na faixa entre 53 e 55%, número de referência química: cas 7697-37-2, peso molecular: 63,01","L",150.0,2.0,300.0]
["29/2026","Aprovada",null,"MATERIAIS QUÍMICOS, SUBSTÂNCIAS PARA DIAGNÓSTICO, MEIOS DE CULTURA E TESTES - OUTRAS UNIDADES","BENS",153052.0,"2026-02-23","2026-06-26",123.0,"FCT- FACULDADE DE CIÊNCIAS E TECNOLOGIA","351/2025","Médio",11.0,"2026-06-15","Material",6550.0,"Substâncias para diagnóstico \"in vitro\",  reagentes,  conjuntos e jogos para teste",2018.0,"Ácido Perclórico",380377.0,"aspecto físico: líquido incolor ou levemente amarelado, característica adicional: reagente p.a. acs, fórmula química: hclo4, grau de pureza: concentração mínima de 70%, número de referência química: cas 7601-90-3, peso molecular: 100,46","L",90.0,2.0,180.0]
["29/2026","Aprovada",null,"MATERIAIS QUÍMICOS, SUBSTÂNCIAS PARA DIAGNÓSTICO, MEIOS DE CULTURA E TESTES - OUTRAS UNIDADES","BENS",153052.0,"2026-02-23","2026-06-26",123.0,"FCT- FACULDADE DE CIÊNCIAS E TECNOLOGIA","351/2025","Médio",18.0,"2026-06-15","Material",6810.0,"Produtos químicos",2259.0,"Álcool Etílico",445578.0,"forma farmacêutica: solução injetável, teor alcoólico: absoluto, mínimo de 95%","L",20.0,20.0,400.0]
["29/2026","Aprovada",null,"MATERIAIS QUÍMICOS, SUBSTÂNCIAS PARA DIAGNÓSTICO, MEIOS DE CULTURA E TESTES - OUTRAS UNIDADES","BENS",153052.0,"2026-02-23","2026-06-26",123.0,"IF - INSTITUTO DE FÍSICA","375/2025","Médio",1.0,"2026-04-01","Material",6810.0,"Produtos Químicos",848.0,"Acetona",380786.0,"aspecto físico: líquido límpido transparente, característica adicional: reagente p.a. acs, fórmula química: c3h6o, grau de pureza: pureza mínima de 99,5%, massa molecular: 58,08, número de referência química: cas 67-64-1","L",50.0,65.0,3250.0]
["29/2026","Aprovada",null,"MATERIAIS QUÍMICOS, SUBSTÂNCIAS PARA DIAGNÓSTICO, MEIOS DE CULTURA E TESTES - OUTRAS UNIDADES","BENS",153052.0,"2026-02-23","2026-06-26",123.0,"IF - INSTITUTO DE FÍSICA","375/2025","Médio",2.0,"2026-04-01","Material",6810.0,"Produtos Químicos",788.0,"Ácido Clorídrico",355813.0,"aspecto físico: líquido límpido, incolor/amarelado, fumegante, característica adicional: reagente p.a., fórmula química: hcl, número de referência química: cas 7647-01-0, peso molecular: 36,46, teor: teor mínimo de 37%","L",45.0,12.0,540.0]
["29/2026","Aprovada",null,"MATERIAIS QUÍMICOS, SUBSTÂNCIAS PARA DIAGNÓSTICO, MEIOS DE CULTURA E TESTES - OUTRAS UNIDADES","BENS",153052.0,"2026-02-23","2026-06-26",123.0,"FANUT - FACULDADE DE NUTRIÇÃO","324/2025","Médio",1.0,"2026-12-01","Material",6810.0,"Produtos químicos",13.0,"Ácido Benzóico",347347.0,"aspecto físico: pó branco ou cristal incolor, c/ odor forte, fórmula química: c6h5cooh, peso molecular: 122,12, grau de pureza: pureza mínima de 99,5%, característica adicional: reagente p.a., número de referência química: cas 65-85-0","ML",27.65,1.0,27.65]
["29/2026","Aprovada",null,"MATERIAIS QUÍMICOS, SUBSTÂNCIAS PARA DIAGNÓSTICO, MEIOS DE CULTURA E TESTES - OUTRAS UNIDADES","BENS",153052.0,"2026-02-23","2026-06-26",123.0,"FANUT - FACULDADE DE NUTRIÇÃO","324/2025","Médio",2.0,"2026-12-01","Material",6810.0,"Produtos químicos",1891.0,"Ácido Cítrico",351610.0,"aspecto físico: cristal incolor, inodoro, sabor ácido agradável, característica adicional: reagente p.a. acs, fórmula química: c6h8o7 anidro, número de referência química*: cas 77-92-9, peso molecular: 192,12, pureza mínima: pureza mínima de 99,5%","G",34.89,1.0,34.89]
["29/2026","Aprovada",null,"MATERIAIS QUÍMICOS, SUBSTÂNCIAS PARA DIAGNÓSTICO, MEIOS DE CULTURA E TESTES - OUTRAS UNIDADES","BENS",153052.0,"2026-02-23","2026-06-26",123.0,"FANUT - FACULDADE DE NUTRIÇÃO","324/2025","Médio",3.0,"2026-12-01","Material",6810.0,"PRODUTOS QUÍMICOS",788.0,"ÁCIDO CLORÍDRICO",441630.0,"ASPECTO FÍSICO: LÍQUIDO, CARACTERÍSTICAS ADICIONAIS 1: REAGENTE ACS, FÓRMULA QUÍMICA: HCL, NÚMERO DE REFERÊNCIA QUÍMICA: CAS 7647-01-0, PESO MOLECULAR: 36,46, TEOR: TEOR MÍNIMO DE 37%","G",0.11,500.0,55.0]
["29/2026","Aprovada",null,"MATERIAIS QUÍMICOS, SUBSTÂNCIAS PARA DIAGNÓSTICO, MEIOS DE CULTURA E TESTES - OUTRAS UNIDADES","BENS",153052.0,"2026-02-23","2026-06-26",123.0,"FANUT - FACULDADE DE NUTRIÇÃO","324/2025","Médio",4.0,"2026-12-01","Material",6810.0,"Produtos químicos",17832.0,"Ácido Tricloroacético",347504.0,"aspecto físico: cristais brancos, característica adicional: reagente p.a., fórmula química: ccl3cooh, grau de pureza: pureza mínima de 99%, massa molecular: 163,39, número de referência química: cas 76-03-9","G",0.32,500.0,160.0]
["29/2026","Aprovada",null,"MATERIAIS QUÍMICOS, SUBSTÂNCIAS PARA DIAGNÓSTICO, MEIOS DE CULTURA E TESTES - OUTRAS UNIDADES","BENS",153052.0,"2026-02-23","2026-06-26",123.0,"FANUT - FACULDADE DE NUTRIÇÃO","324/2025","Médio",5.0,"2026-12-01","Material",6810.0,"Produtos químicos",2250.0,"Álcool Amílico (Pentílico)",370365.0,"aspecto físico: líquido límpido, incolor, odor desagradável, característica adicional: reagente p.a. acs, fórmula química: c5h12o (álcool isoamílico; 3-metil-1-butanol), grau de pureza: pureza mínima de 98,5%, número de referência química: cas 123-51-3, peso molecular: 88,15","L",69.0,1.0,69.0]
["29/2026","Aprovada",null,"MATERIAIS QUÍMICOS, SUBSTÂNCIAS PARA DIAGNÓSTICO, MEIOS DE CULTURA E TESTES - OUTRAS UNIDADES","BENS",153052.0,"2026-02-23","2026-06-26",123.0,"FANUT - FACULDADE DE NUTRIÇÃO","324/2025","Médio",6.0,"2026-12-01","Material",6810.0,"Produtos químicos",14483.0,"Cloreto De Potássio",352777.0,"aspecto físico: pó ou cristal branco, inodoro, característica adicional: reagente p.a., fórmula química: kcl, grau de pureza: pureza mínima de 99%, massa molecular: 74,55, número de referência química: cas 7447-40-7","KG",46.24,1.0,46.24]
["29/2026","Aprovada",null,"MATERIAIS QUÍMICOS, SUBSTÂNCIAS PARA DIAGNÓSTICO, MEIOS DE CULTURA E TESTES - OUTRAS UNIDADES","BENS",153052.0,"2026-02-23","2026-06-26",123.0,"FANUT - FACULDADE DE NUTRIÇÃO","324/2025","Médio",7.0,"2026-12-01","Material",6810.0,"Produtos químicos",18153.0,"Cloreto De Sódio",366472.0,"aspecto físico: pó cristalino branco ou cristais incolores, característica adicional: reagente p.a., composição química: nacl anidro, número de referência química: cas 7647-14-5, peso molecular: 58,45, pureza mínima: pureza mínima de 99,5%","KG",24.15,1.0,24.15]
["29/2026","Aprovada",null,"MATERIAIS QUÍMICOS, SUBSTÂNCIAS PARA DIAGNÓSTICO, MEIOS DE CULTURA E TESTES - OUTRAS UNIDADES","BENS",153052.0,"2026-02-23","2026-06-26",123.0,"FANUT - FACULDADE DE NUTRIÇÃO","324/2025","Médio",8.0,"2026-12-01","Material",6810.0,"Produtos químicos",8235.0,"Hidróxido De Amônio",347756.0,"aspecto físico: líquido límpido, incolor, volátil, de odor acre, característica adicional: em solução aquosa, reagente p.a., fórmula química: nh4oh, grau de pureza: teor de nh3 entre 28 e 30%, número de referência química: cas 1336-21-6, peso molecular: 35,05","L",37.79,1.0,37.79]
["29/2026","Aprovada",null,"MATERIAIS QUÍMICOS, SUBSTÂNCIAS PARA DIAGNÓSTICO, MEIOS DE CULTURA E TESTES - OUTRAS UNIDADES","BENS",153052.0,"2026-02-23","2026-06-26",123.0,"FANUT - FACULDADE DE NUTRIÇÃO","324/2025","Médio",9.0,"2026-12-01","Material",6810.0,"Produtos químicos",15013.0,"Negro De Eriocromo T",354392.0,"aspecto físico: pó escuro, preto marrom, inodoro, característica adicional: reagente p.a., fórmula química: c20h12n3o7sna, número de referência química: cas 1787-61-7, peso molecular: 461,38","G",0.0421,1500.0,63.15]
["29/2026","Aprovada",null,"MATERIAIS QUÍMICOS, SUBSTÂNCIAS PARA DIAGNÓSTICO, MEIOS DE CULTURA E TESTES - OUTRAS UNIDADES","BENS",153052.0,"2026-02-23","2026-06-26",123.0,"FANUT - FACULDADE DE NUTRIÇÃO","325/2025","Médio",1.0,"2026-12-01","Material",6550.0,"Substâncias para diagnóstico \"in vitro\",  reagentes,  conjuntos e jogos para teste",2146.0,"Ágar",387015.0,"aspecto físico: pó, tipo: ágar bacteriológico","FR",3000.0,1.0,3000.0]
["29/2026","Aprovada",null,"MATERIAIS QUÍMICOS, SUBSTÂNCIAS PARA DIAGNÓSTICO, MEIOS DE CULTURA E TESTES - OUTRAS UNIDADES","BENS",153052.0,"2026-02-23","2026-06-26",123.0,"FANUT - FACULDADE DE NUTRIÇÃO","325/2025","Médio",2.0,"2026-12-01","Material",6550.0,"Substâncias para diagnóstico \"in vitro\",  reagentes,  conjuntos e jogos para teste",18913.0,"Meio De Cultura",326291.0,"apresentação: pó, tipo: ágar citrato de simmons","FR",1000.0,1.0,1000.0]
["29/2026","Aprovada",null,"MATERIAIS QUÍMICOS, SUBSTÂNCIAS PARA DIAGNÓSTICO, MEIOS DE CULTURA E TESTES - OUTRAS UNIDADES","BENS",153052.0,"2026-02-23","2026-06-26",123.0,"FANUT - FACULDADE DE NUTRIÇÃO","325/2025","Médio",3.0,"2026-12-01","Material",6550.0,"Substâncias para diagnóstico \"in vitro\",  reagentes,  conjuntos e jogos para teste",8561.0,"Meio De Cultura,",434588.0,"apresentação: pó, tipo: ágar cromogênico e. coli o157:h7","FR",2000.0,1.0,2000.0]
["29/2026","Aprovada",null,"MATERIAIS QUÍMICOS, SUBSTÂNCIAS PARA DIAGNÓSTICO, MEIOS DE CULTURA E TESTES - OUTRAS UNIDADES","BENS",153052.0,"2026-02-23","2026-06-26",123.0,"FANUT - FACULDADE DE NUTRIÇÃO","325/2025","Médio",4.0,"2026-12-01","Material",6550.0,"Substâncias para diagnóstico \"in vitro\",  reagentes,  conjuntos e jogos para teste",8561.0,"Meio De Cultura,",434588.0,"apresentação: pó, tipo: ágar cromogênico e. coli o157:h7","FR",1200.0,1.0,1200.0]
["29/2026","Aprovada",null,"MATERIAIS QUÍMICOS, SUBSTÂNCIAS PARA DIAGNÓSTICO, MEIOS DE CULTURA E TESTES - OUTRAS UNIDADES","BENS",153052.0,"2026-02-23","2026-06-26",123.0,"FANUT - FACULDADE DE NUTRIÇÃO","325/2025","Médio",5.0,"2026-12-01","Material",6550.0,"Substâncias para diagnóstico \"in vitro\",  reagentes,  conjuntos e jogos para teste",12247.0,"Reagente Analítico 3",455686.0,"apresentação: teste, características adicionais: amplificação de ácidos nucleicos, tipo: conjunto completo, tipo de análise: qualitativo salmonella sp","TESTE",100.0,25.0,2500.0]
["29/2026","Aprovada",null,"MATERIAIS QUÍMICOS, SUBSTÂNCIAS PARA DIAGNÓSTICO, MEIOS DE CULTURA E TESTES - OUTRAS UNIDADES","BENS",153052.0,"2026-02-23","2026-06-26",123.0,"FANUT - FACULDADE DE NUTRIÇÃO","324/2025","Médio",10.0,"2026-12-01","Material",6810.0,"Produtos químicos",15088.0,"Tartarato De Sódio E Potássio",412378.0,"aspecto físico: pó branco ou cristal incolor, inodoro, fórmula química: nakc4h4o6.4h2o, grau de pureza: pureza mínima de 99%, número de referência química: cas 6381-59-5, peso molecular: 282,22","KG",100.0,1.0,100.0]
["29/2026","Aprovada",null,"MATERIAIS QUÍMICOS, SUBSTÂNCIAS PARA DIAGNÓSTICO, MEIOS DE CULTURA E TESTES - OUTRAS UNIDADES","BENS",153052.0,"2026-02-23","2026-06-26",123.0,"FANUT - FACULDADE DE NUTRIÇÃO","324/2025","Médio",17.0,"2026-12-01","Material",6810.0,"Produtos químicos",13873.0,"Éter De Petróleo",352740.0,"aspecto físico: líquido incolor, límpido, com odor de gasolina, característica adicional: reagente p.a., faixa de destilação: destilados entre 30° e 60°c, fórmula química: mistura de hidrocarbonetos derivados do petróleo, número de referência química: cas 8032-32-4, teor de pureza: pureza mínima de 99,5%","L",90.0,8.0,720.0]
["29/2026","Aprovada",null,"MATERIAIS QUÍMICOS, SUBSTÂNCIAS PARA DIAGNÓSTICO, MEIOS DE CULTURA E TESTES - OUTRAS UNIDADES","BENS",153052.0,"2026-02-23","2026-06-26",123.0,"FANUT - FACULDADE DE NUTRIÇÃO","324/2025","Médio",29.0,"2026-12-01","Material",6550.0,"Substâncias para diagnóstico \"in vitro\",  reagentes,  conjuntos e jogos para teste",12254.0,"Solução Tampão",234416.0,"aplicação: calibragem de peagâmetro, leitura: ph 4,0","FR",21.05,3.0,63.15]
["29/2026","Aprovada",null,"MATERIAIS QUÍMICOS, SUBSTÂNCIAS PARA DIAGNÓSTICO, MEIOS DE CULTURA E TESTES - OUTRAS UNIDADES","BENS",153052.0,"2026-02-23","2026-06-26",123.0,"FANUT - FACULDADE DE NUTRIÇÃO","324/2025","Médio",30.0,"2026-12-01","Material",6550.0,"Substâncias para diagnóstico \"in vitro\",  reagentes,  conjuntos e jogos para teste",12254.0,"Solução Tampão",253072.0,"aplicação: calibragem de peagâmetro, leitura: ph 6,86","FR",25.0,2.0,50.0]
["29/2026","Aprovada",null,"MATERIAIS QUÍMICOS, SUBSTÂNCIAS PARA DIAGNÓSTICO, MEIOS DE CULTURA E TESTES - OUTRAS UNIDADES","BENS",153052.0,"2026-02-23","2026-06-26",123.0,"FANUT - FACULDADE DE NUTRIÇÃO","324/2025","Médio",31.0,"2026-12-01","Material",6550.0,"Substâncias para diagnóstico \"in vitro\",  reagentes,  conjuntos e jogos para teste",12254.0,"Solução Tampão",234417.0,"aplicação: calibragem de peagâmetro, leitura: ph 7,0","FR",25.0,3.0,75.0]
["29/2026","Aprovada",null,"MATERIAIS QUÍMICOS, SUBSTÂNCIAS PARA DIAGNÓSTICO, MEIOS DE CULTURA E TESTES - OUTRAS UNIDADES","BENS",153052.0,"2026-02-23","2026-06-26",123.0,"FANUT - FACULDADE DE NUTRIÇÃO","324/2025","Médio",32.0,"2026-12-01","Material",6550.0,"Substâncias para diagnóstico \"in vitro\",  reagentes,  conjuntos e jogos para teste",12254.0,"Solução Tampão",289050.0,"aplicação: calibragem de peagâmetro, leitura: ph 10","FR",25.0,3.0,75.0]
["29/2026","Aprovada",null,"MATERIAIS QUÍMICOS, SUBSTÂNCIAS PARA DIAGNÓSTICO, MEIOS DE CULTURA E TESTES - OUTRAS UNIDADES","BENS",153052.0,"2026-02-23","2026-06-26",123.0,"FANUT - FACULDADE DE NUTRIÇÃO","324/2025","Médio",33.0,"2026-12-01","Material",6810.0,"Produtos químicos",12327.0,"Sulfato De Cobre Ii",366492.0,"aspecto físico: fino cristal azul, característica adicional: reagente p.a. acs iso, composição química: cuso4.5h2o, grau de pureza: pureza mínima de 99%, número de referência química: cas 7758-98-7, peso da molécula: 249,68","L",76.0,1.0,76.0]
["29/2026","Aprovada",null,"MATERIAIS QUÍMICOS, SUBSTÂNCIAS PARA DIAGNÓSTICO, MEIOS DE CULTURA E TESTES - OUTRAS UNIDADES","BENS",153052.0,"2026-02-23","2026-06-26",123.0,"FANUT - FACULDADE DE NUTRIÇÃO","324/2025","Médio",34.0,"2026-12-01","Material",6810.0,"Produtos químicos",12345.0,"Sulfato De Potássio",357865.0,"aspecto físico: cristais brancos, inodoros, característica adicional: reagente p.a. acs, fórmula química: k2so4, grau de pureza: pureza mínima de 99%, número de referência química: cas 7778-80-5, peso molecular: 174,26","KG",70.0,1.0,70.0]
["29/2026","Aprovada",null,"MATERIAIS QUÍMICOS, SUBSTÂNCIAS PARA DIAGNÓSTICO, MEIOS DE CULTURA E TESTES - OUTRAS UNIDADES","BENS",153052.0,"2026-02-23","2026-06-26",123.0,"FANUT - FACULDADE DE NUTRIÇÃO","324/2025","Médio",35.0,"2026-12-01","Material",6810.0,"Produtos químicos",18706.0,"Tiossulfato De Sódio",347745.0,"aspecto físico: cristal incolor, inodoro, característica adicional: reagente p.a., fórmula química: na2s2o3 anidro, grau de pureza: pureza mínima de 98%, número de referência química: cas 7772-98-7, peso molecular: 158,11","L",40.0,1.0,40.0]
["29/2026","Aprovada",null,"MATERIAIS QUÍMICOS, SUBSTÂNCIAS PARA DIAGNÓSTICO, MEIOS DE CULTURA E TESTES - OUTRAS UNIDADES","BENS",153052.0,"2026-02-23","2026-06-26",123.0,"EMC - ESCOLA DE ENGENHARIA ELÉTRICA MECÂNICA E DE COMPUTAÇÃO","390/2025","Médio",19.0,"2026-08-08","Material",6810.0,"Produtos químicos",782.0,"Glicerol",432626.0,"aspecto físico*: líquido límpido, incolor, fórmula química*: c21h40o4, grau de pureza: mínimo de 95%, massa molar: 92,09, número de referência química*: cas 56-81-5","KG",50.0,3.0,150.0]
["29/2026","Aprovada",null,"MATERIAIS QUÍMICOS, SUBSTÂNCIAS PARA DIAGNÓSTICO, MEIOS DE CULTURA E TESTES - OUTRAS UNIDADES","BENS",153052.0,"2026-02-23","2026-06-26",123.0,"EMC - ESCOLA DE ENGENHARIA ELÉTRICA MECÂNICA E DE COMPUTAÇÃO","390/2025","Médio",25.0,"2026-08-08","Material",6810.0,"Produtos químicos",788.0,"Ácido Clorídrico",447937.0,"aspecto físico: líquido, fórmula química: dcl (deuterado), grau de pureza: pureza isotópica mínima de 99% em deutério, número de referência química: cas 7698-05-7, peso molecular: 37,47","L",24.0,2.0,48.0]
["29/2026","Aprovada",null,"MATERIAIS QUÍMICOS, SUBSTÂNCIAS PARA DIAGNÓSTICO, MEIOS DE CULTURA E TESTES - OUTRAS UNIDADES","BENS",153052.0,"2026-02-23","2026-06-26",123.0,"EMC - ESCOLA DE ENGENHARIA ELÉTRICA MECÂNICA E DE COMPUTAÇÃO","390/2025","Médio",26.0,"2026-08-08","Material",6810.0,"Produtos químicos",713.0,"Ácido Nítrico",414843.0,"aspecto físico: líquido límpido,incolor à amarelado,odor sufocante, fórmula química: hno3, grau de pureza: pureza mínima de 99,5%, número de referência química: cas 7697-37-2, peso molecular: 63,01","L",50.0,2.0,100.0]
["29/2026","Aprovada",null,"MATERIAIS QUÍMICOS, SUBSTÂNCIAS PARA DIAGNÓSTICO, MEIOS DE CULTURA E TESTES - OUTRAS UNIDADES","BENS",153052.0,"2026-02-23","2026-06-26",123.0,"EMC - ESCOLA DE ENGENHARIA ELÉTRICA MECÂNICA E DE COMPUTAÇÃO","390/2025","Médio",27.0,"2026-08-08","Material",6810.0,"Produtos químicos",782.0,"Glicerol",432626.0,"aspecto físico*: líquido límpido, incolor, fórmula química*: c21h40o4, grau de pureza: mínimo de 95%, massa molar: 92,09, número de referência química*: cas 56-81-5","L",24.0,2.0,48.0]
["29/2026","Aprovada",null,"MATERIAIS QUÍMICOS, SUBSTÂNCIAS PARA DIAGNÓSTICO, MEIOS DE CULTURA E TESTES - OUTRAS UNIDADES","BENS",153052.0,"2026-02-23","2026-06-26",123.0,"EMC - ESCOLA DE ENGENHARIA ELÉTRICA MECÂNICA E DE COMPUTAÇÃO","390/2025","Médio",28.0,"2026-08-08","Material",6810.0,"Produtos químicos",14141.0,"Ácido Sulfúrico",447817.0,"aspecto físico: líquido incolor, fumegante, viscoso, cristalino, fórmula química: h2so4.so3, grau de pureza: teor de 105% (h2so4), massa molecular: 178,14, número de referência química: cas 8014-95-7","L",24.0,2.0,48.0]
["29/2026","Aprovada",null,"MATERIAIS QUÍMICOS, SUBSTÂNCIAS PARA DIAGNÓSTICO, MEIOS DE CULTURA E TESTES - OUTRAS UNIDADES","BENS",153052.0,"2026-02-23","2026-06-26",123.0,"EMC - ESCOLA DE ENGENHARIA ELÉTRICA MECÂNICA E DE COMPUTAÇÃO","390/2025","Médio",29.0,"2026-08-08","Material",6810.0,"Produtos químicos",18189.0,"Álcool Etílico",445457.0,"aspecto físico: líquido, característica adicional: absoluto, reagente p.a. acs iso, fórmula química: c2h5oh, grau de pureza: pureza mínima de 99,9%, número de referência química: cas 64-17-5, peso molecular: 46,07","L",20.0,10.0,200.0]
["29/2026","Aprovada",null,"MATERIAIS QUÍMICOS, SUBSTÂNCIAS PARA DIAGNÓSTICO, MEIOS DE CULTURA E TESTES - OUTRAS UNIDADES","BENS",153052.0,"2026-02-23","2026-06-26",123.0,"EMC - ESCOLA DE ENGENHARIA ELÉTRICA MECÂNICA E DE COMPUTAÇÃO","390/2025","Médio",31.0,"2026-08-08","Material",6810.0,"Produtos químicos",14936.0,"Gás Comprimido",426556.0,"aspecto físico: incolor, inodoro, fórmula química: co2, grau de pureza: teor mínimo de 99,90%, massa molecular: 44,0, nome: dióxido de carbono, número de referência química: cas 124-38-9","CM3",9.41,50.0,470.5]
["29/2026","Aprovada",null,"MATERIAIS QUÍMICOS, SUBSTÂNCIAS PARA DIAGNÓSTICO, MEIOS DE CULTURA E TESTES - OUTRAS UNIDADES","BENS",153052.0,"2026-02-23","2026-06-26",123.0,"EMC - ESCOLA DE ENGENHARIA ELÉTRICA MECÂNICA E DE COMPUTAÇÃO","390/2025","Médio",32.0,"2026-08-08","Material",6830.0,"Gases comprimidos e liquefeitos",9789.0,"Mistura Gasosa",463964.0,"composição: argonio + oxido de carbono, concentração: 75% e 25%","CIL",24.0,20.0,480.0]
["29/2026","Aprovada",null,"MATERIAIS QUÍMICOS, SUBSTÂNCIAS PARA DIAGNÓSTICO, MEIOS DE CULTURA E TESTES - OUTRAS UNIDADES","BENS",153052.0,"2026-02-23","2026-06-26",123.0,"EMC - ESCOLA DE ENGENHARIA ELÉTRICA MECÂNICA E DE COMPUTAÇÃO","390/2025","Médio",33.0,"2026-08-08","Material",6810.0,"Produtos químicos",14936.0,"Gás Comprimido",456250.0,"aspecto físico: incolor, inodoro, fórmula química: ar, grau de pureza: pureza mínima de 99,997%, massa molecular: 39,94, nome: argônio, número de referência química: cas 7440-37-1","M3",24.0,20.0,480.0]
["29/2026","Aprovada",null,"MATERIAIS QUÍMICOS, SUBSTÂNCIAS PARA DIAGNÓSTICO, MEIOS DE CULTURA E TESTES - OUTRAS UNIDADES","BENS",153052.0,"2026-02-23","2026-06-26",123.0,"EMC - ESCOLA DE ENGENHARIA ELÉTRICA MECÂNICA E DE COMPUTAÇÃO","390/2025","Médio",36.0,"2026-08-08","Material",6810.0,"Produtos químicos",848.0,"Acetona",455286.0,"aspecto físico: líquido, fórmula química: c3h6o, grau de pureza: pureza mínima de 99%, massa molecular: 58,08, número de referência química: cas 67-64-1","L",60.0,5.0,300.0]
["29/2026","Aprovada",null,"MATERIAIS QUÍMICOS, SUBSTÂNCIAS PARA DIAGNÓSTICO, MEIOS DE CULTURA E TESTES - OUTRAS UNIDADES","BENS",153052.0,"2026-02-23","2026-06-26",123.0,"EMC - ESCOLA DE ENGENHARIA ELÉTRICA MECÂNICA E DE COMPUTAÇÃO","390/2025","Médio",37.0,"2026-08-08","Material",6810.0,"Produtos químicos",773.0,"Cloreto De Ferro",415314.0,"aspecto físico: pó cristalino, marrom amarelado, características adicionais: reagente p.a., composição: fecl3·6h2o ou ýfe(h2o)6¨cl3, número de referência química: cas 10025-77-1, peso molecular: 270,30, pureza mínima: pureza mínima de 99%","KG",150.0,1.0,150.0]
["29/2026","Aprovada",null,"MATERIAIS QUÍMICOS, SUBSTÂNCIAS PARA DIAGNÓSTICO, MEIOS DE CULTURA E TESTES - OUTRAS UNIDADES","BENS",153052.0,"2026-02-23","2026-06-26",123.0,"FANUT - FACULDADE DE NUTRIÇÃO","324/2025","Médio",43.0,"2026-12-01","Material",6810.0,"Produtos químicos",12327.0,"Sulfato De Cobre Ii",366492.0,"aspecto físico: fino cristal azul, característica adicional: reagente p.a. acs iso, composição química: cuso4.5h2o, grau de pureza: pureza mínima de 99%, número de referência química: cas 7758-98-7, peso da molécula: 249,68","L",80.0,1.0,80.0]
["29/2026","Aprovada",null,"MATERIAIS QUÍMICOS, SUBSTÂNCIAS PARA DIAGNÓSTICO, MEIOS DE CULTURA E TESTES - OUTRAS UNIDADES","BENS",153052.0,"2026-02-23","2026-06-26",123.0,"EMC - ESCOLA DE ENGENHARIA ELÉTRICA MECÂNICA E DE COMPUTAÇÃO","392/2025","Médio",4.0,"2026-07-15","Material",6810.0,"Produtos químicos",3500.0,"Benzina",380630.0,"aspecto físico: líquido incolor, límpido, com odor de gasolina, característica adicional: benzina retificada, faixa de destilação: destilados na faixa entre 60 e 120°c, fórmula química: mistura de hidrocarbonetos derivados do petróleo, grau de pureza: pureza mínima de 97%, número de referência química: cas 64742-49-0","L",75.0,3.0,225.0]
["29/2026","Aprovada",null,"MATERIAIS QUÍMICOS, SUBSTÂNCIAS PARA DIAGNÓSTICO, MEIOS DE CULTURA E TESTES - OUTRAS UNIDADES","BENS",153052.0,"2026-02-23","2026-06-26",123.0,"EMC - ESCOLA DE ENGENHARIA ELÉTRICA MECÂNICA E DE COMPUTAÇÃO","392/2025","Médio",39.0,"2026-07-15","Material",6810.0,"Produtos químicos",3498.0,"Benzeno",478018.0,"aspecto físico*: líquido, fórmula química*: c9h9no ý(r)-(+)-alfa-metilbenzil isocianato¨, grau de pureza*: pureza mínima de 99%, massa molar: 147,17, número de referência química*: cas 33375-06-3","L",604.94,1.0,604.94]
["29/2026","Aprovada",null,"MATERIAIS QUÍMICOS, SUBSTÂNCIAS PARA DIAGNÓSTICO, MEIOS DE CULTURA E TESTES - OUTRAS UNIDADES","BENS",153052.0,"2026-02-23","2026-06-26",123.0,"CEPAE - CENTRO DE ENSINO E PESQUISA APLICADA À EDUCAÇÃO","622/2025","Alto",3.0,"2026-02-02","Material",6810.0,"Produtos químicos",790.0,"Hipoclorito De Sódio",437156.0,"aspecto físico: solução aquosa, concentração: até 2,5% de cloro ativo","UN",17.0,200.0,3400.0]
["29/2026","Aprovada",null,"MATERIAIS QUÍMICOS, SUBSTÂNCIAS PARA DIAGNÓSTICO, MEIOS DE CULTURA E TESTES - OUTRAS UNIDADES","BENS",153052.0,"2026-02-23","2026-06-26",123.0,"GOIAS - REGIONAL GOIAS","701/2025","Alto",1.0,"2026-07-01","Material",6810.0,"Produtos químicos",709.0,"Ácido Acético",484213.0,"aspecto físico: líquido, característica adicional: padrão de referência, fórmula química: c2h4o2, grau de pureza: pureza mínima de 99%, número de referência química: cas 64-19-7, peso molecular: 60,05","L",80.0,1.0,80.0]
["29/2026","Aprovada",null,"MATERIAIS QUÍMICOS, SUBSTÂNCIAS PARA DIAGNÓSTICO, MEIOS DE CULTURA E TESTES - OUTRAS UNIDADES","BENS",153052.0,"2026-02-23","2026-06-26",123.0,"GOIAS - REGIONAL GOIAS","701/2025","Alto",2.0,"2026-07-01","Material",6810.0,"Produtos químicos",788.0,"Ácido Clorídrico",441630.0,"aspecto físico: líquido, características adicionais 1: reagente acs, fórmula química: hcl, número de referência química: cas 7647-01-0, peso molecular: 36,46, teor: teor mínimo de 37%","L",70.0,11.0,770.0]
["29/2026","Aprovada",null,"MATERIAIS QUÍMICOS, SUBSTÂNCIAS PARA DIAGNÓSTICO, MEIOS DE CULTURA E TESTES - OUTRAS UNIDADES","BENS",153052.0,"2026-02-23","2026-06-26",123.0,"GOIAS - REGIONAL GOIAS","701/2025","Alto",7.0,"2026-07-01","Material",6810.0,"Produtos químicos",14483.0,"Cloreto De Potássio",458161.0,"aspecto físico: pó ou cristal branco, inodoro, característica adicional: reagente p.a., fórmula química: kcl, grau de pureza: pureza mínima de 99,5%, massa molecular: 74,55, número de referência química: cas 7447-40-7","KG",50.0,1.0,50.0]
["29/2026","Aprovada",null,"MATERIAIS QUÍMICOS, SUBSTÂNCIAS PARA DIAGNÓSTICO, MEIOS DE CULTURA E TESTES - OUTRAS UNIDADES","BENS",153052.0,"2026-02-23","2026-06-26",123.0,"GOIAS - REGIONAL GOIAS","701/2025","Alto",8.0,"2026-07-01","Material",6810.0,"Produtos químicos",18153.0,"Cloreto De Sódio",438787.0,"aspecto físico: pó cristalino branco ou cristais incolores, composição química: nacl anidro, número de referência química: cas 7647-14-5, peso molecular: 58,45, pureza mínima: pureza mínima de 99%","KG",50.0,1.0,50.0]
["29/2026","Aprovada",null,"MATERIAIS QUÍMICOS, SUBSTÂNCIAS PARA DIAGNÓSTICO, MEIOS DE CULTURA E TESTES - OUTRAS UNIDADES","BENS",153052.0,"2026-02-23","2026-06-26",123.0,"GOIAS - REGIONAL GOIAS","701/2025","Alto",16.0,"2026-07-01","Material",6810.0,"Produtos químicos",8239.0,"Hidróxido De Sódio",445526.0,"aspecto físico: em lentilhas ou micro pérolas esbranquiçadas, característica adicional: reagente p.a. acs, fórmula química: naoh, grau de pureza: pureza mínima de 98%, número de referência química: cas 1310-73-2, peso molecular: 40","KG",30.0,1.0,30.0]
["29/2026","Aprovada",null,"MATERIAIS QUÍMICOS, SUBSTÂNCIAS PARA DIAGNÓSTICO, MEIOS DE CULTURA E TESTES - OUTRAS UNIDADES","BENS",153052.0,"2026-02-23","2026-06-26",123.0,"GOIAS - REGIONAL GOIAS","701/2025","Alto",38.0,"2026-07-01","Material",6810.0,"PRODUTOS QUÍMICOS",3520.0,"BICARBONATO DE SÓDIO",412637.0,"ASPECTO FÍSICO: PÓ BRANCO, FINO, CARACTERISTICA ADICIONAL: REAGENTE P.A., FÓRMULA QUÍMICA: NAHCO3, GRAU DE PUREZA: PUREZA MÍNIMA DE 99%, NÚMERO DE REFERÊNCIA QUÍMICA*: CAS 144-55-8, PESO MOLECULAR: 84,01","G",0.04,500.0,20.0]
["29/2026","Aprovada",null,"MATERIAIS QUÍMICOS, SUBSTÂNCIAS PARA DIAGNÓSTICO, MEIOS DE CULTURA E TESTES - OUTRAS UNIDADES","BENS",153052.0,"2026-02-23","2026-06-26",123.0,"GOIAS - REGIONAL GOIAS","701/2025","Alto",39.0,"2026-07-01","Material",6810.0,"PRODUTOS QUÍMICOS",7357.0,"FENOLFTALEÍNA",366476.0,"ASPECTO FÍSICO: CRISTAL BRANCO A LEVEMENTE AMARELADO, CARACTERÍSTICA ADICIONAL: REAGENTE ACS, COMPOSIÇÃO: C20H1404, NÚMERO DE REFERÊNCIA QUÍMICA: CAS 77-09-8, PESO MOLECULAR: 318,33","G",0.3,100.0,30.0]
["29/2026","Aprovada",null,"MATERIAIS QUÍMICOS, SUBSTÂNCIAS PARA DIAGNÓSTICO, MEIOS DE CULTURA E TESTES - OUTRAS UNIDADES","BENS",153052.0,"2026-02-23","2026-06-26",123.0,"FAV - FACULDADE DE ARTES VISUAIS","334/2025","Médio",35.0,"2026-12-01","Material",6810.0,"Produtos químicos",2263.0,"Álcool Propílico",475010.0,"aspecto físico: líquido, característica adicional: reagente p.a. acs, fórmula química: (ch3)2choh (isopropílico ou iso-propanol), grau de pureza: pureza mínima de 99,8%, número de referência química: cas 67-63-0, peso molecular*: 60,10","L",35.0,5.0,175.0]
["29/2026","Aprovada",null,"MATERIAIS QUÍMICOS, SUBSTÂNCIAS PARA DIAGNÓSTICO, MEIOS DE CULTURA E TESTES - OUTRAS UNIDADES","BENS",153052.0,"2026-02-23","2026-06-26",123.0,"PRPI - PRO-REITORIA DE PESQUISA E INOVAÇÃO","947/2025","Alto",1.0,"2026-03-31","Material",6810.0,"Produtos químicos",848.0,"Acetona",362770.0,"aspecto físico: deuterada, líquido límpido, incolor, odor forte, característica adicional: contém 0,05% v/v de tms, fórmula química: cd3cocd3 (hexadeuteroacetona), grau de pureza: pureza radiosótopa mínima de 99,9 atom % d, massa molecular: 64,12, número de referência química: cas 666-52-4","L",24.0,15.0,360.0]
["29/2026","Aprovada",null,"MATERIAIS QUÍMICOS, SUBSTÂNCIAS PARA DIAGNÓSTICO, MEIOS DE CULTURA E TESTES - OUTRAS UNIDADES","BENS",153052.0,"2026-02-23","2026-06-26",123.0,"PRPI - PRO-REITORIA DE PESQUISA E INOVAÇÃO","947/2025","Alto",2.0,"2026-03-31","Material",6505.0,"Drogas e medicamentos",2259.0,"Álcool Etílico",618744.0,"adicional: especialmente manipulado, forma farmacêutica: solução injetável, teor alcoólico: absoluto, mínimo de 99,5%","GL",80.0,1.0,80.0]
["29/2026","Aprovada",null,"MATERIAIS QUÍMICOS, SUBSTÂNCIAS PARA DIAGNÓSTICO, MEIOS DE CULTURA E TESTES - OUTRAS UNIDADES","BENS",153052.0,"2026-02-23","2026-06-26",123.0,"DTEL - DIRETORIA DE TELECOMUNICAÇÕES","1022/2025","Médio",7.0,"2026-05-01","Material",6810.0,"Produtos químicos",2263.0,"Álcool Propílico",475010.0,"aspecto físico: líquido, característica adicional: reagente p.a. acs, fórmula química: (ch3)2choh (isopropílico ou iso-propanol), grau de pureza: pureza mínima de 99,8%, número de referência química: cas 67-63-0, peso molecular*: 60,10","L",60.76,2.0,121.52]
["29/2026","Aprovada",null,"MATERIAIS QUÍMICOS, SUBSTÂNCIAS PARA DIAGNÓSTICO, MEIOS DE CULTURA E TESTES - OUTRAS UNIDADES","BENS",153052.0,"2026-02-23","2026-06-26",123.0,"DTEL - DIRETORIA DE TELECOMUNICAÇÕES","1022/2025","Médio",47.0,"2026-05-01","Material",7050.0,"Equipamentos de rede de tic - local e remota",6357.0,"Distribuidor Interno Otico",125563.0,"nome: distribuidor interno otico","UN",884.37,5.0,4421.85]
["29/2026","Aprovada",null,"MATERIAIS QUÍMICOS, SUBSTÂNCIAS PARA DIAGNÓSTICO, MEIOS DE CULTURA E TESTES - OUTRAS UNIDADES","BENS",153052.0,"2026-02-23","2026-06-26",123.0,"DTEL - DIRETORIA DE TELECOMUNICAÇÕES","1022/2025","Médio",58.0,"2026-05-01","Material",7050.0,"Equipamentos de rede de tic - local e remota",16158.0,"Patch Panel",372086.0,"aplicação: rede de informática, características adicionais: 2u, categoria: 6, ul 94v-0, padrão: 19, portas: 48, tipo portas: modular","UN",468.74,20.0,9374.8]
["29/2026","Aprovada",null,"MATERIAIS QUÍMICOS, SUBSTÂNCIAS PARA DIAGNÓSTICO, MEIOS DE CULTURA E TESTES - OUTRAS UNIDADES","BENS",153052.0,"2026-02-23","2026-06-26",123.0,"DTEL - DIRETORIA DE TELECOMUNICAÇÕES","1022/2025","Médio",82.0,"2026-05-01","Material",6810.0,"Produtos químicos",2263.0,"Álcool Propílico",475010.0,"aspecto físico: líquido, característica adicional: reagente p.a. acs, fórmula química: (ch3)2choh (isopropílico ou iso-propanol), grau de pureza: pureza mínima de 99,8%, número de referência química: cas 67-63-0, peso molecular*: 60,10","L",60.76,2.0,121.52]
["2026-02-01","Aprovada",null,"DCOM - AQUISIÇÃO PAPEL A4 E A3","BENS",153052.0,"2026-02-02","2026-06-24",142.0,"DCOM - DIRETORIA DE COMPRAS","21/2025","Médio",1.0,"2026-06-24","Material",9310.0,"Papéis e papelões",19746.0,"Papel Para Impressão Formatado",461889.0,"característica adicional: alvura superior, cor: branco, gramatura: 75, tamanho (c x l): 297 x 210, tipo: sulfite/apergaminhado/ofício","EMB",13.95,10000.0,139500.0]
["2026-02-01","Aprovada",null,"DCOM - AQUISIÇÃO PAPEL A4 E A3","BENS",153052.0,"2026-02-02","2026-06-24",142.0,"DCOM - DIRETORIA DE COMPRAS","21/2025","Médio",2.0,"2026-06-24","Material",9310.0,"Papéis e papelões",19746.0,"Papel Para Impressão Formatado",461863.0,"cor: branco, gramatura: 75, tamanho (c x l): 420 x 297, tipo: sulfite/apergaminhado/ofício","EMB",29.55,7.0,206.85]
["158/2026","Aprovada",null,"BC E EMAC - SERVIÇO DE AFINAÇÃO DE PIANO E INSTRUMENTOS MUSICAIS","SERVICOS",153052.0,"2025-12-01","2026-04-01",121.0,"EMAC - ESCOLA DE MÚSICA E ARTES CÊNICAS","151/2025","Médio",4.0,"2026-12-31","Serviço",872.0,"SERVIÇOS DE REPARO DE OUTROS BENS",null,null,15687.0,"AFINAÇÃO DE INSTRUMENTOS MUSICAIS","UN",400.0,12.0,4800.0]
["158/2026","Aprovada",null,"BC E EMAC - SERVIÇO DE AFINAÇÃO DE PIANO E INSTRUMENTOS MUSICAIS","SERVICOS",153052.0,"2025-12-01","2026-04-01",121.0,"EMAC - ESCOLA DE MÚSICA E ARTES CÊNICAS","151/2025","Médio",5.0,"2026-12-31","Serviço",872.0,"SERVIÇOS DE REPARO DE OUTROS BENS",null,null,18791.0,"CONSERTO INSTRUMENTO MUSICAL","UN",1000.0,5.0,5000.0]
["158/2026","Aprovada",null,"BC E EMAC - SERVIÇO DE AFINAÇÃO DE PIANO E INSTRUMENTOS MUSICAIS","SERVICOS",153052.0,"2025-12-01","2026-04-01",121.0,"BC - BIBLIOTECA CENTRAL","666/2025","Baixo",1.0,"2026-04-01","Serviço",872.0,"Serviços De Reparo De Outros Bens",null,null,15687.0,"Afinação de Instrumentos Musicais",null,2000.0,1.0,2000.0]
["18/2026","Aprovada",null,"MATERIAIS DE LIMPEZA","BENS",153052.0,"2026-05-04","2026-07-31",88.0,"CEPAE - CENTRO DE ENSINO E PESQUISA APLICADA À EDUCAÇÃO","166/2025","Médio",25.0,"2026-02-03","Material",8520.0,"Sabonetes, artigos para barbear e dentifrícios",11870.0,"Sabonete Líquido",384525.0,"acidez: ph neutro, aspecto físico: líquido viscoso cremoso, características adicionais: sem essência, composição: glicerina, agentes emolientes","FR",10.0,4.0,40.0]
["18/2026","Aprovada",null,"MATERIAIS DE LIMPEZA","BENS",153052.0,"2026-05-04","2026-07-31",88.0,"CEPAE - CENTRO DE ENSINO E PESQUISA APLICADA À EDUCAÇÃO","167/2025","Médio",5.0,"2026-03-02","Material",9160.0,"CERAS, ÓLEOS E GORDURAS DIVERSOS",681.0,"CERA",292586.0,"APLICAÇÃO: LIMPEZA DE PISOS, CARACTERÍSTICAS ADICIONAIS: ANTIDERRAPANTE, IMPERMEABILIZANTE, COMPOSIÇÃO: A BASE DE ÁGUA, CARNAÚBA E RESINAS METALIZADAS, COR: INCOLOR LEITOSO, TIPO: LÍQUIDA","BOM",150.0,100.0,15000.0]
["18/2026","Aprovada",null,"MATERIAIS DE LIMPEZA","BENS",153052.0,"2026-05-04","2026-07-31",88.0,"ICB - INSTITUTO DE CIÊNCIAS BIOLÓGICAS","182/2025","Alto",3.0,"2026-08-31","Material",8530.0,"Artigos para higiene pessoal",8612.0,"Lâmina Barbear",241535.0,"comprimento: 43 mm, largura: 22 mm, material: aço inoxidável, tipo uso: descartável","EMB",12.0,80.0,960.0]
["18/2026","Aprovada",null,"MATERIAIS DE LIMPEZA","BENS",153052.0,"2026-05-04","2026-07-31",88.0,"CEPAE - CENTRO DE ENSINO E PESQUISA APLICADA À EDUCAÇÃO","167/2025","Médio",7.0,"2026-03-02","Material",5345.0,"DISCOS E PEDRAS ABRASIVOS",17002.0,"DISCOS E PEDRAS ABRASIVOS",307508.0,"CARACTERÍSTICAS ADICIONAIS: COMPATÍVEL COM MÁQUINA LAVADORA, MATERIAL: FIBRAS SINTÉTICAS, TAMANHO: Nº 510, USO: LIMPEZA PESADA DE PISOS","UN",50.0,30.0,1500.0]
["18/2026","Aprovada",null,"MATERIAIS DE LIMPEZA","BENS",153052.0,"2026-05-04","2026-07-31",88.0,"CEPAE - CENTRO DE ENSINO E PESQUISA APLICADA À EDUCAÇÃO","234/2025","Alto",1.0,"2026-03-02","Material",8520.0,"SABONETES, ARTIGOS PARA BARBEAR E DENTIFRÍCIOS",11870.0,"SABONETE LÍQUIDO",463131.0,"ACIDEZ: PH 6 A 8, APLICAÇÃO: ASSEPSIA DAS MÃOS, ASPECTO FÍSICO: LÍQUIDO VISCOSO, CARACTERÍSTICAS ADICIONAIS: AGENTE BACTERICIDA, COMPOSIÇÃO: TENSOATIVOS ANIÔNICOS E NÃO ANIÔNICOS,   SOLVENTE","GL",19.0,10.0,190.0]
["18/2026","Aprovada",null,"MATERIAIS DE LIMPEZA","BENS",153052.0,"2026-05-04","2026-07-31",88.0,"CEPAE - CENTRO DE ENSINO E PESQUISA APLICADA À EDUCAÇÃO","234/2025","Alto",2.0,"2026-03-02","Material",7930.0,"COMPOSTOS E PREPARADOS PARA LIMPEZA E POLIMENTO",11200.0,"SOLUÇÃO LIMPEZA MULTIUSO",404258.0,"ASPECTO FÍSICO: PÓ, CARACTERÍSTICAS ADICIONAIS: SEM ENXÁGUE, COMPOSIÇÃO BÁSICA: HIPOCLORITO DE SÓDIO","KG",21.5,10.0,215.0]
["18/2026","Aprovada",null,"MATERIAIS DE LIMPEZA","BENS",153052.0,"2026-05-04","2026-07-31",88.0,"CEPAE - CENTRO DE ENSINO E PESQUISA APLICADA À EDUCAÇÃO","234/2025","Alto",3.0,"2026-03-02","Material",6850.0,"Especialidades químicas diversas",6096.0,"Desincrostante",301134.0,"aspecto físico: líquido, características adicionais: odor característico, biodegradável, peso específi, composição: hidróxidos, sequestrantes e umectantes, princípio ativo: soda cáustica, teor acidez: ph 1%: 12,00 a 13,00%, cor: incolor, aplicação: remoção de gorduras carbonizadas em chapas e equi","GL",40.5,2.0,81.0]
["18/2026","Aprovada",null,"MATERIAIS DE LIMPEZA","BENS",153052.0,"2026-05-04","2026-07-31",88.0,"CEPAE - CENTRO DE ENSINO E PESQUISA APLICADA À EDUCAÇÃO","234/2025","Alto",4.0,"2026-03-02","Material",7930.0,"COMPOSTOS E PREPARADOS PARA LIMPEZA E POLIMENTO",6136.0,"DETERGENTE",310039.0,"APLICAÇÃO: LAVAGEM DE LOUÇA, CARACTERÍSTICAS ADICIONAIS: CONTÉM TENSOATIVO BIODEGRADÁVEL, COMPONENTE ATIVO: LINEAR ALQUIBENZENO SULFONATO DE SÓDIO, COMPOSIÇÃO: TENSOATIVOS ANIÔNICOS/PRESERVANTES E ESPESSANTES","EMB",68.0,140.0,9520.0]
["18/2026","Aprovada",null,"MATERIAIS DE LIMPEZA","BENS",153052.0,"2026-05-04","2026-07-31",88.0,"CEPAE - CENTRO DE ENSINO E PESQUISA APLICADA À EDUCAÇÃO","234/2025","Alto",5.0,"2026-03-02","Material",7930.0,"Compostos e preparados para limpeza e polimento",15221.0,"Detergente Ácido",251594.0,"aplicação: limpeza de alumínio, aspecto físico: líquido, composição básica: tensoativos aniônicos, corante e água","FR",3.2,4.0,12.8]
["18/2026","Aprovada",null,"MATERIAIS DE LIMPEZA","BENS",153052.0,"2026-05-04","2026-07-31",88.0,"CEPAE - CENTRO DE ENSINO E PESQUISA APLICADA À EDUCAÇÃO","234/2025","Alto",6.0,"2026-03-02","Material",7930.0,"Compostos e preparados para limpeza e polimento",2166.0,"Água Sanitária",299605.0,"composição química: hipoclorito de sódio, hidróxido de sódio, cloreto, cor: incolor, teor cloro ativo: varia de 2 a 2,50%, aplicação: lavagem e alvejante de roupas, banheiras, pias,","GRF",8.7,20.0,174.0]
["18/2026","Aprovada",null,"MATERIAIS DE LIMPEZA","BENS",153052.0,"2026-05-04","2026-07-31",88.0,"CEPAE - CENTRO DE ENSINO E PESQUISA APLICADA À EDUCAÇÃO","234/2025","Alto",8.0,"2026-03-02","Material",7920.0,"Vassouras, escovas, rodos, esponjas e esfregões",7042.0,"Esponja Limpeza",481018.0,"aplicação: limpeza geral, material: lã aço","EMB",2.5,10.0,25.0]
["18/2026","Aprovada",null,"MATERIAIS DE LIMPEZA","BENS",153052.0,"2026-05-04","2026-07-31",88.0,"CEPAE - CENTRO DE ENSINO E PESQUISA APLICADA À EDUCAÇÃO","234/2025","Alto",9.0,"2026-03-02","Material",7920.0,"VASSOURAS, ESCOVAS, RODOS, ESPONJAS E ESFREGÕES",7042.0,"ESPONJA LIMPEZA",433820.0,"APLICAÇÃO: UTENSÍLIOS E LIMPEZA EM GERAL, FORMATO: CIRCULAR, MATERIAL: LÂ AÇO INOXIDÁVEL","UN",5.0,80.0,400.0]
["18/2026","Aprovada",null,"MATERIAIS DE LIMPEZA","BENS",153052.0,"2026-05-04","2026-07-31",88.0,"CEPAE - CENTRO DE ENSINO E PESQUISA APLICADA À EDUCAÇÃO","234/2025","Alto",10.0,"2026-03-02","Material",7920.0,"Vassouras, escovas, rodos, esponjas e esfregões",7042.0,"Esponja Limpeza",481020.0,"aplicação: utensílios domésticos, características adicionais: dupla face, formato: retangular, material: espuma / fibra","UN",3.0,400.0,1200.0]
["18/2026","Aprovada",null,"MATERIAIS DE LIMPEZA","BENS",153052.0,"2026-05-04","2026-07-31",88.0,"CEPAE - CENTRO DE ENSINO E PESQUISA APLICADA À EDUCAÇÃO","234/2025","Alto",17.0,"2026-03-02","Material",8540.0,"Artigos de papel para higiene",12792.0,"Toalha De Papel",436328.0,"características adicionais: interfolhada, comprimento: 20, cor: branca, largura: 21, material: 100% celulose virgem, tipo folha: 2 dobras","FD",11.0,40.0,440.0]
["18/2026","Aprovada",null,"MATERIAIS DE LIMPEZA","BENS",153052.0,"2026-05-04","2026-07-31",88.0,"CEPAE - CENTRO DE ENSINO E PESQUISA APLICADA À EDUCAÇÃO","234/2025","Alto",22.0,"2026-03-02","Material",7920.0,"Vassouras, escovas, rodos, esponjas e esfregões",10344.0,"Pano Limpeza",276802.0,"aplicação: limpeza fina, características adicionais: alto grau absorção s/despreendimento de particula, comprimento: 300, cor: laranja, largura: 33, material: tecido especial","RO",86.0,6.0,516.0]
["18/2026","Aprovada",null,"MATERIAIS DE LIMPEZA","BENS",153052.0,"2026-05-04","2026-07-31",88.0,"CEPAE - CENTRO DE ENSINO E PESQUISA APLICADA À EDUCAÇÃO","234/2025","Alto",23.0,"2026-03-02","Material",7920.0,"Vassouras, escovas, rodos, esponjas e esfregões",10344.0,"Pano Limpeza",276828.0,"aplicação: limpeza geral, características adicionais: alto grau absorção s/despreendimento de particula, comprimento: 300, cor: verde, largura: 33, material: tecido especial","RO",86.0,6.0,516.0]
["18/2026","Aprovada",null,"MATERIAIS DE LIMPEZA","BENS",153052.0,"2026-05-04","2026-07-31",88.0,"CEPAE - CENTRO DE ENSINO E PESQUISA APLICADA À EDUCAÇÃO","234/2025","Alto",25.0,"2026-03-02","Material",7240.0,"Recepientes para uso doméstico e comercial",3819.0,"Borrifador",272254.0,"aplicação: acondicionar solução reveladora, capacidade: 500, material: plástico, tipo: spray, contendo bico borrifador","FR",13.0,10.0,130.0]
["18/2026","Aprovada",null,"MATERIAIS DE LIMPEZA","BENS",153052.0,"2026-05-04","2026-07-31",88.0,"CEPAE - CENTRO DE ENSINO E PESQUISA APLICADA À EDUCAÇÃO","234/2025","Alto",28.0,"2026-03-02","Material",8145.0,"Recipientes especializados para transporte e armazenagem",7824.0,"Frasco",477989.0,"aplicação: armazenar produtos de higiene, capacidade: 1000, características adicionais: com válvula pump, cor: incolor, material: pet","UN",15.0,10.0,150.0]
["18/2026","Aprovada",null,"MATERIAIS DE LIMPEZA","BENS",153052.0,"2026-05-04","2026-07-31",88.0,"IPTSP - INSTITUTO DE PATOLOGIA TROPICAL E SAÚDE PÚBLICA","141/2025","Médio",99.0,"2026-07-31","Material",6840.0,"Pesticidas e desinfetantes",6137.0,"Detergente Saneante",416418.0,"aspecto físico: líquido, composição: isento de fosfatos, sem cloro, tipo: alcalino","L",73.7,5.0,368.5]
["18/2026","Aprovada",null,"MATERIAIS DE LIMPEZA","BENS",153052.0,"2026-05-04","2026-07-31",88.0,"EECA - ESCOLA DE ENGENHARIA CIVIL E AMBIENTAL","309/2025","Alto",7.0,"2026-11-03","Material",6850.0,"Especialidades químicas diversas",6096.0,"Desincrostante",463127.0,"aspecto físico: líquido, composição: tensoativos não-iônico e acidulante, princípio ativo: ácido fosfórico 25 a 35%, teor acidez: ph 1 a 3, tipo: limpeza pesada","GL",34.0,5.0,170.0]
["18/2026","Aprovada",null,"MATERIAIS DE LIMPEZA","BENS",153052.0,"2026-05-04","2026-07-31",88.0,"EECA - ESCOLA DE ENGENHARIA CIVIL E AMBIENTAL","312/2025","Alto",1.0,"2026-08-31","Material",7920.0,"Vassouras, escovas, rodos, esponjas e esfregões",6950.0,"Escova Limpeza Geral",440011.0,"características adicionais: 4 fileiras, material cerdas: aço, material corpo: madeira","UN",18.97,4.0,75.88]
["18/2026","Aprovada",null,"MATERIAIS DE LIMPEZA","BENS",153052.0,"2026-05-04","2026-07-31",88.0,"EECA - ESCOLA DE ENGENHARIA CIVIL E AMBIENTAL","312/2025","Alto",2.0,"2026-08-31","Material",7920.0,"Vassouras, escovas, rodos, esponjas e esfregões",7174.0,"Estopa",300146.0,"características adicionais: lavada, cor: branca, material: fio algodão alvejado, aplicação: limpeza pesada","PCT",14.21,11.0,156.31]
["18/2026","Aprovada",null,"MATERIAIS DE LIMPEZA","BENS",153052.0,"2026-05-04","2026-07-31",88.0,"EECA - ESCOLA DE ENGENHARIA CIVIL E AMBIENTAL","312/2025","Alto",3.0,"2026-08-31","Material",7920.0,"Vassouras, escovas, rodos, esponjas e esfregões",10344.0,"Pano Limpeza",608446.0,"aplicação: limpeza pesada, características adicionais: com alto poder de absorção., comprimento: 40, largura: 40, material: 100% algodão","UN",13.69,40.0,547.6]
["18/2026","Aprovada",null,"MATERIAIS DE LIMPEZA","BENS",153052.0,"2026-05-04","2026-07-31",88.0,"EECA - ESCOLA DE ENGENHARIA CIVIL E AMBIENTAL","312/2025","Alto",4.0,"2026-08-31","Material",7930.0,"Compostos e preparados para limpeza e polimento",6136.0,"Detergente",449798.0,"aplicação: lavagem de louças, aroma: inodoro, aspecto físico: líquido incolor, características adicionais: ph 6,5 a 7,5, composição: dodecilbenzeno sulfonato de sódio","EMB",53.94,10.0,539.4]
["18/2026","Aprovada",null,"MATERIAIS DE LIMPEZA","BENS",153052.0,"2026-05-04","2026-07-31",88.0,"EECA - ESCOLA DE ENGENHARIA CIVIL E AMBIENTAL","312/2025","Alto",5.0,"2026-08-31","Material",8540.0,"Artigos de papel para higiene",12792.0,"Toalha De Papel",481231.0,"aplicação: higiene pessoal, características adicionais: interfolhada, comprimento: 21,50, cor: branca, largura: 24 a 25, material: papel, tipo folha: 2 dobras","EMB",64.36,15.0,965.4]
["18/2026","Aprovada",null,"MATERIAIS DE LIMPEZA","BENS",153052.0,"2026-05-04","2026-07-31",88.0,"EECA - ESCOLA DE ENGENHARIA CIVIL E AMBIENTAL","312/2025","Alto",6.0,"2026-08-31","Material",7920.0,"Vassouras, escovas, rodos, esponjas e esfregões",7042.0,"Esponja Limpeza",481018.0,"aplicação: limpeza geral, material: lã aço","PCT",3.24,12.0,38.88]
["18/2026","Aprovada",null,"MATERIAIS DE LIMPEZA","BENS",153052.0,"2026-05-04","2026-07-31",88.0,"FCT- FACULDADE DE CIÊNCIAS E TECNOLOGIA","351/2025","Médio",2.0,"2026-06-15","Material",7920.0,"Vassouras, escovas, rodos, esponjas e esfregões",10344.0,"Pano Limpeza",484741.0,"aplicação: polimento, características adicionais: granulometria 3 a 6 mm, diâmetro: 250, material: lã, tipo: aka-moran","UN",5.0,5.0,25.0]
["18/2026","Aprovada",null,"MATERIAIS DE LIMPEZA","BENS",153052.0,"2026-05-04","2026-07-31",88.0,"FCT- FACULDADE DE CIÊNCIAS E TECNOLOGIA","351/2025","Médio",12.0,"2026-06-15","Material",8730.0,"Sementes E Mudas De Plantas",16449.0,"Esponja Floral",255052.0,"altura: 7,50, comprimento: 23, cor: verde, largura: 10, material: resina fenólica, uso: decoração","UN",70.0,1.0,70.0]
["18/2026","Aprovada",null,"MATERIAIS DE LIMPEZA","BENS",153052.0,"2026-05-04","2026-07-31",88.0,"EMC - ESCOLA DE ENGENHARIA ELÉTRICA MECÂNICA E DE COMPUTAÇÃO","390/2025","Médio",30.0,"2026-08-08","Material",9320.0,"Artigos de borracha",8958.0,"Luva Borracha",477578.0,"características adicionais: aveludada internamente, antiderrapante e bordas aj, cor: amarela, material: látex natural, tamanho: sob medida","CX",37.9,8.0,303.2]
["18/2026","Aprovada",null,"MATERIAIS DE LIMPEZA","BENS",153052.0,"2026-05-04","2026-07-31",88.0,"EMC - ESCOLA DE ENGENHARIA ELÉTRICA MECÂNICA E DE COMPUTAÇÃO","392/2025","Médio",45.0,"2026-07-15","Material",7920.0,"Vassouras, escovas, rodos, esponjas e esfregões",10344.0,"Pano Limpeza",342439.0,"características adicionais: sem furos, acondiconado em embalagem de 20 kg., comprimento: 30, largura: 30, material: malha algodão","BOB",106.905,2.0,213.81]
["18/2026","Aprovada",null,"MATERIAIS DE LIMPEZA","BENS",153052.0,"2026-05-04","2026-07-31",88.0,"CEPAE - CENTRO DE ENSINO E PESQUISA APLICADA À EDUCAÇÃO","623/2025","Alto",2.0,"2026-02-02","Material",7240.0,"Recepientes para uso doméstico e comercial",2826.0,"Dispenser Papel Toalha",630614.0,"características adicionais: capacidade até 1.000 folhas duplas, cor: branca, dimensões: 20 x 23, material: plástico resistente, tipo: para fixação em parede","UN",30.0,1.0,30.0]
["18/2026","Aprovada",null,"MATERIAIS DE LIMPEZA","BENS",153052.0,"2026-05-04","2026-07-31",88.0,"FCT- FACULDADE DE CIÊNCIAS E TECNOLOGIA","676/2025","Médio",2.0,"2026-06-15","Material",8540.0,"Artigos de papel para higiene",12792.0,"Toalha De Papel",481231.0,"aplicação: higiene pessoal, características adicionais: interfolhada, comprimento: 21,50, cor: branca, largura: 24 a 25, material: papel, tipo folha: 2 dobras","EMB",19.32,25.0,483.0]
["18/2026","Aprovada",null,"MATERIAIS DE LIMPEZA","BENS",153052.0,"2026-05-04","2026-07-31",88.0,"FAV - FACULDADE DE ARTES VISUAIS","334/2025","Médio",34.0,"2026-12-01","Material",7920.0,"Vassouras, escovas, rodos, esponjas e esfregões",5670.0,"Conjunto Para Limpeza",464159.0,"aplicação: equipamentos eletroeletrônicos, componentes: kit antiestático: luva, pinça, escova e pulseira","UN",115.0,1.0,115.0]
["18/2026","Aprovada",null,"MATERIAIS DE LIMPEZA","BENS",153052.0,"2026-05-04","2026-07-31",88.0,"PRAE - PRO-REITORIA DE ASSUNTOS ESTUDANTIS","961/2025","Alto",1.0,"2026-01-15","Material",8540.0,"Artigos de papel para higiene",12792.0,"Toalha De Papel",346297.0,"aplicação: em toaletes, características adicionais: luxo e gramatura 27 a 29 g/m², comprimento: 22,50, cor: branca, largura: 20,50, material: 100% fibra celulose virgem, tipo folha: interfolha","PCT",33.15,4.0,132.6]
["43/2026","Aprovada",null,"RAÇÃO PARA CAMUNDONGO","BENS",153052.0,"2026-05-27","2026-08-28",93.0,"IQ - INSTITUTO DE QUÍMICA","177/2025","Alto",37.0,"2026-08-01","Material",8710.0,"Forragens e alimentos",10213.0,"Óleo Vegetal",244580.0,"cor: amarela, matéria prima: soja, tipo: cru, aplicação: ração animal","EMB",7.4,12.0,88.8]
["43/2026","Aprovada",null,"RAÇÃO PARA CAMUNDONGO","BENS",153052.0,"2026-05-27","2026-08-28",93.0,"IPTSP - INSTITUTO DE PATOLOGIA TROPICAL E SAÚDE PÚBLICA","141/2025","Médio",125.0,"2026-07-31","Material",8710.0,"Forragens e alimentos",13840.0,"Ração Camundongo",311337.0,"aplicação: ratos e camundongos de biotério, apresentação: peletizada de forma cilíndrica, características adicionais: papel multifolheado contendo saco plástico para au, componentes: milho integral, farelo de soja, farelo de trigo,, componentes vitamínicos: vitamina a, d3, b1, b11, b12, b6 e e","SC",330.0,121.0,39930.0]
["52/2026","Aprovada",null,"OBRAS E REFORMAS","SERVICOS",153052.0,"2026-06-10","2026-09-18",100.0,"FEN - FACULDADE DE ENFERMAGEM","93/2025","Alto",1.0,"2026-06-05","Serviço",545.0,"TIPOS ESPECIAIS DE SERVIÇOS DE CONSTRUÇÃO",null,null,1627.0,"MANUTENÇÃO / REFORMA PREDIAL",null,15000.0,6.0,90000.0]
["52/2026","Aprovada",null,"OBRAS E REFORMAS","SERVICOS",153052.0,"2026-06-10","2026-09-18",100.0,"IPTSP - INSTITUTO DE PATOLOGIA TROPICAL E SAÚDE PÚBLICA","141/2025","Médio",1.0,"2026-07-31","Serviço",545.0,"TIPOS ESPECIAIS DE SERVIÇOS DE CONSTRUÇÃO",null,null,1627.0,"MANUTENÇÃO / REFORMA PREDIAL",null,67301.98,1.0,67301.98]
["52/2026","Aprovada",null,"OBRAS E REFORMAS","SERVICOS",153052.0,"2026-06-10","2026-09-18",100.0,"FD - FACULDADE DE DIREITO","333/2025","Alto",1.0,"2026-06-05","Serviço",545.0,"TIPOS ESPECIAIS DE SERVIÇOS DE CONSTRUÇÃO",null,null,1627.0,"MANUTENÇÃO / REFORMA PREDIAL",null,35000.0,1.0,35000.0]
["52/2026","Aprovada",null,"OBRAS E REFORMAS","SERVICOS",153052.0,"2026-06-10","2026-09-18",100.0,"FL - FACULDADE DE LETRAS","400/2025","Médio",1.0,"2026-07-31","Serviço",545.0,"Tipos especiais de serviços de construção",null,null,1627.0,"Manutenção / reforma predial",null,100000.0,1.0,100000.0]
["52/2026","Aprovada",null,"OBRAS E REFORMAS","SERVICOS",153052.0,"2026-06-10","2026-09-18",100.0,"IPTSP - INSTITUTO DE PATOLOGIA TROPICAL E SAÚDE PÚBLICA","417/2025","Médio",1.0,"2026-07-31","Serviço",545.0,"TIPOS ESPECIAIS DE SERVIÇOS DE CONSTRUÇÃO",null,null,1627.0,"MANUTENÇÃO / REFORMA PREDIAL",null,62445.12,1.0,62445.12]
["52/2026","Aprovada",null,"OBRAS E REFORMAS","SERVICOS",153052.0,"2026-06-10","2026-09-18",100.0,"FM - FACULDADE DE MEDICINA","594/2025","Alto",1.0,"2026-05-01","Serviço",542.0,"SERVIÇOS GERAIS DE CONSTRUÇÃO PARA OBRAS DE ENGENHARIA CIVIL",null,null,13455.0,"OBRAS CIVIS - PEQUENAS OBRAS / PINTURA EM GERAL",null,157628.02,1.0,157628.02]
["30/2026","Aprovada",null,"MATERIAIS HOSPITALARES (INSTRUMENTOS, VESTUÁRIOS E EPI'S)","BENS",153052.0,"2026-03-02","2026-06-12",102.0,"CEPAE - CENTRO DE ENSINO E PESQUISA APLICADA À EDUCAÇÃO","166/2025","Médio",2.0,"2026-02-03","Material",6532.0,"Vestuário hospitalar e cirúrgico e itens correlatos de  finalidades especiais",30247.0,"Luva P/ Procedimento De Saúde Não Cirúrgico C/ Anvisa",619841.0,"cor: c/ cor, esterilidade: não estéril, uso único, formato: ambidestra, material: borracha natural - látex, pó: com pó bioabsorvível, superfície: superfície lisa, tamanho: médio - m","EMB",35.0,20.0,700.0]
["30/2026","Aprovada",null,"MATERIAIS HOSPITALARES (INSTRUMENTOS, VESTUÁRIOS E EPI'S)","BENS",153052.0,"2026-03-02","2026-06-12",102.0,"CEPAE - CENTRO DE ENSINO E PESQUISA APLICADA À EDUCAÇÃO","166/2025","Médio",3.0,"2026-02-03","Material",6532.0,"Vestuário hospitalar e cirúrgico e itens correlatos de  finalidades especiais",30029.0,"Máscara Cirúrgica",485312.0,"cor: c/ cor, eficiência: efp maior que 98% e bfe maior que 95%, esterilidade: descartável, filtro: elemento filtrante interno, formato: retangular, c/ pregas horizontais, material: não tecido 100% polipropileno, modelo: ajustável, clipe nasal, quantidade camadas: mínimo 3 camadas, tamanho: adulto","UN",8.0,150.0,1200.0]
["30/2026","Aprovada",null,"MATERIAIS HOSPITALARES (INSTRUMENTOS, VESTUÁRIOS E EPI'S)","BENS",153052.0,"2026-03-02","2026-06-12",102.0,"CEPAE - CENTRO DE ENSINO E PESQUISA APLICADA À EDUCAÇÃO","166/2025","Médio",4.0,"2026-02-03","Material",6515.0,"Instrumentos, equipamentos e suprimentos médicos  e  cirúrgicos",12670.0,"Termômetro Clínico",438089.0,"ajuste: digital, infravermelho, componentes: c/ alarmes, medição à distância, escala: até 50, memória: memória até 10 medições, tipo*: uso em testa","UN",4.0,4.0,16.0]
["30/2026","Aprovada",null,"MATERIAIS HOSPITALARES (INSTRUMENTOS, VESTUÁRIOS E EPI'S)","BENS",153052.0,"2026-03-02","2026-06-12",102.0,"CEPAE - CENTRO DE ENSINO E PESQUISA APLICADA À EDUCAÇÃO","166/2025","Médio",5.0,"2026-02-03","Material",6515.0,"Instrumentos, equipamentos e suprimentos médicos  e  cirúrgicos",6960.0,"Esfigmomanômetro",432482.0,"ajuste: digital, característica adicional: c/ frequencímetro, faixa de operação: até 300, material braçadeira: braçadeira em nylon, tamanho: adulto, tipo fecho: fecho em velcro, tipo*: de pulso","UN",50.0,1.0,50.0]
["30/2026","Aprovada",null,"MATERIAIS HOSPITALARES (INSTRUMENTOS, VESTUÁRIOS E EPI'S)","BENS",153052.0,"2026-03-02","2026-06-12",102.0,"CEPAE - CENTRO DE ENSINO E PESQUISA APLICADA À EDUCAÇÃO","166/2025","Médio",6.0,"2026-02-03","Material",6515.0,"Instrumentos, equipamentos e suprimentos médicos  e  cirúrgicos",6960.0,"Esfigmomanômetro",432472.0,"ajuste: analógico, aneróide, faixa de operação: até 300, material braçadeira: braçadeira em nylon, tamanho: infantil, tipo fecho: fecho em velcro, tipo*: de braço","UN",60.0,1.0,60.0]
["30/2026","Aprovada",null,"MATERIAIS HOSPITALARES (INSTRUMENTOS, VESTUÁRIOS E EPI'S)","BENS",153052.0,"2026-03-02","2026-06-12",102.0,"CEPAE - CENTRO DE ENSINO E PESQUISA APLICADA À EDUCAÇÃO","166/2025","Médio",7.0,"2026-02-03","Material",6515.0,"Instrumentos, equipamentos e suprimentos médicos  e  cirúrgicos",6960.0,"Esfigmomanômetro",436498.0,"ajuste: digital, faixa de operação: até 300, material braçadeira: braçadeira em nylon, tamanho: adulto, tipo fecho: fecho em velcro, tipo*: de braço","UN",90.0,2.0,180.0]
["30/2026","Aprovada",null,"MATERIAIS HOSPITALARES (INSTRUMENTOS, VESTUÁRIOS E EPI'S)","BENS",153052.0,"2026-03-02","2026-06-12",102.0,"CEPAE - CENTRO DE ENSINO E PESQUISA APLICADA À EDUCAÇÃO","166/2025","Médio",8.0,"2026-02-03","Material",6515.0,"Instrumentos, equipamentos e suprimentos médicos  e  cirúrgicos",379.0,"Estetoscópio",609094.0,"acessórios: olivas anatômicas silicone, auscultador: auscultador duplo aço inox c/ anel de borracha, haste: haste aço inox, tamanho: adulto, tipo: biauricular, tubo: tubo y\" pvc\"","UN",40.0,2.0,80.0]
["30/2026","Aprovada",null,"MATERIAIS HOSPITALARES (INSTRUMENTOS, VESTUÁRIOS E EPI'S)","BENS",153052.0,"2026-03-02","2026-06-12",102.0,"CEPAE - CENTRO DE ENSINO E PESQUISA APLICADA À EDUCAÇÃO","166/2025","Médio",9.0,"2026-02-03","Material",6515.0,"Instrumentos, equipamentos e suprimentos médicos  e  cirúrgicos",13653.0,"Monitor Portátil",389557.0,"acessórios: lancetador, solução controle, componentes: com lancetas, tiras, faixa de operação: até 600, memória: 250 a 500 testes, operação: digital, tempo resposta: até 10, tipo amostra: sangue capilar, tipo de análise: quantitativo de glicose","UN",120.0,2.0,240.0]
["30/2026","Aprovada",null,"MATERIAIS HOSPITALARES (INSTRUMENTOS, VESTUÁRIOS E EPI'S)","BENS",153052.0,"2026-03-02","2026-06-12",102.0,"CEPAE - CENTRO DE ENSINO E PESQUISA APLICADA À EDUCAÇÃO","166/2025","Médio",11.0,"2026-02-03","Material",6515.0,"Instrumentos, equipamentos e suprimentos médicos  e  cirúrgicos",30273.0,"Coletor De Resíduos De Serviço De Saúde",623116.0,"adicional: c/ alça, capacidade: cerca de 3, material: caixa de papelão c/ saco plástico, tipo de resíduo: grupo e - resíduo perfurocortante tóxico, tipo risco: risco químico, uso: uso único","UN",16.0,2.0,32.0]
["30/2026","Aprovada",null,"MATERIAIS HOSPITALARES (INSTRUMENTOS, VESTUÁRIOS E EPI'S)","BENS",153052.0,"2026-03-02","2026-06-12",102.0,"CEPAE - CENTRO DE ENSINO E PESQUISA APLICADA À EDUCAÇÃO","166/2025","Médio",12.0,"2026-02-03","Material",6515.0,"Instrumentos, equipamentos e suprimentos médicos  e  cirúrgicos",30273.0,"Coletor De Resíduos De Serviço De Saúde",623105.0,"adicional: c/ alça, capacidade: cerca de 1, componente: encaixe p/ desconexão de agulha, material: caixa de papelão c/ saco plástico, tipo de resíduo: grupo e - resíduo perfurocortante infectante, tipo risco: risco biológico, uso: uso único","UN",5.0,2.0,10.0]
["30/2026","Aprovada",null,"MATERIAIS HOSPITALARES (INSTRUMENTOS, VESTUÁRIOS E EPI'S)","BENS",153052.0,"2026-03-02","2026-06-12",102.0,"CEPAE - CENTRO DE ENSINO E PESQUISA APLICADA À EDUCAÇÃO","166/2025","Médio",16.0,"2026-02-03","Material",6532.0,"Vestuário hospitalar e cirúrgico e itens correlatos de  finalidades especiais",8774.0,"Lençol Descartável Uso Hospitalar",481799.0,"apresentação 1: c/ elástico, dimensoes: cerca de 150 x 220 cm, gramatura 1: cerca de 40, materia prima: 100% polipropileno, não tecido tnt","UN",0.9,200.0,180.0]
["30/2026","Aprovada",null,"MATERIAIS HOSPITALARES (INSTRUMENTOS, VESTUÁRIOS E EPI'S)","BENS",153052.0,"2026-03-02","2026-06-12",102.0,"CEPAE - CENTRO DE ENSINO E PESQUISA APLICADA À EDUCAÇÃO","166/2025","Médio",17.0,"2026-02-03","Material",6515.0,"Instrumentos, equipamentos e suprimentos médicos  e  cirúrgicos",2202.0,"Imobilizador (Tala)",469638.0,"material: metal revestido de e.v.a., tamanho: tamanhos variados, mínimo 4 peças","UN",10.0,16.0,160.0]
["30/2026","Aprovada",null,"MATERIAIS HOSPITALARES (INSTRUMENTOS, VESTUÁRIOS E EPI'S)","BENS",153052.0,"2026-03-02","2026-06-12",102.0,"CEPAE - CENTRO DE ENSINO E PESQUISA APLICADA À EDUCAÇÃO","166/2025","Médio",18.0,"2026-02-03","Material",6510.0,"Materiais cirúrgicos para curativos",373.0,"Compressa Gaze",615986.0,"adicional: 5 dobras, dimensões: cerca de 7,5 x 7,5, embalagem: embalagem individual, esterilidade*: estéril, uso único, gramatura: 13 fios/, material: 100% algodão","PCT",30.0,12.0,360.0]
["30/2026","Aprovada",null,"MATERIAIS HOSPITALARES (INSTRUMENTOS, VESTUÁRIOS E EPI'S)","BENS",153052.0,"2026-03-02","2026-06-12",102.0,"CEPAE - CENTRO DE ENSINO E PESQUISA APLICADA À EDUCAÇÃO","166/2025","Médio",19.0,"2026-02-03","Material",6510.0,"Materiais cirúrgicos para curativos",30274.0,"Compressa Campo Operatório",623087.0,"dimensão: cerca de 25 x 28, esterilidade: estéril, uso único, fixação: c/ dispositivo de fixação, material: 100% algodão, tipo: com pré-encolhimento","EMB",20.0,3.0,60.0]
["30/2026","Aprovada",null,"MATERIAIS HOSPITALARES (INSTRUMENTOS, VESTUÁRIOS E EPI'S)","BENS",153052.0,"2026-03-02","2026-06-12",102.0,"CEPAE - CENTRO DE ENSINO E PESQUISA APLICADA À EDUCAÇÃO","166/2025","Médio",20.0,"2026-02-03","Material",6510.0,"Materiais cirúrgicos para curativos",3104.0,"Atadura",474789.0,"dimensões: cerca de 15, embalagem: embalagem individual, gramatura 1: cerca de 15 fios/, material 1: tecido misto, tipo 1: crepom","RO",2.0,100.0,200.0]
["30/2026","Aprovada",null,"MATERIAIS HOSPITALARES (INSTRUMENTOS, VESTUÁRIOS E EPI'S)","BENS",153052.0,"2026-03-02","2026-06-12",102.0,"CEPAE - CENTRO DE ENSINO E PESQUISA APLICADA À EDUCAÇÃO","166/2025","Médio",21.0,"2026-02-03","Material",6515.0,"Instrumentos, equipamentos e suprimentos médicos  e  cirúrgicos",19647.0,"Sistema Para Compressão",485515.0,"aplicação: tático, p/ atendimento pré hospitalar, modelo: cinta em nylon, c/ cor, tipo: torniquete não pneumático, tipo fecho: auto ajustável c/ velcro, fivela e barra pressão, tipo uso: reusável","UN",2.0,5.0,10.0]
["30/2026","Aprovada",null,"MATERIAIS HOSPITALARES (INSTRUMENTOS, VESTUÁRIOS E EPI'S)","BENS",153052.0,"2026-03-02","2026-06-12",102.0,"CEPAE - CENTRO DE ENSINO E PESQUISA APLICADA À EDUCAÇÃO","166/2025","Médio",22.0,"2026-02-03","Material",6510.0,"Materiais cirúrgicos para curativos",17139.0,"Fita Hospitalar",437863.0,"componentes: adesivo à base de zinco, cor: com cor, dimensões: cerca de 100, material: dorso em algodão, tipo: esparadrapo, impermeável","EMB",160.0,2.0,320.0]
["30/2026","Aprovada",null,"MATERIAIS HOSPITALARES (INSTRUMENTOS, VESTUÁRIOS E EPI'S)","BENS",153052.0,"2026-03-02","2026-06-12",102.0,"CEPAE - CENTRO DE ENSINO E PESQUISA APLICADA À EDUCAÇÃO","166/2025","Médio",23.0,"2026-02-03","Material",6510.0,"Materiais cirúrgicos para curativos",17139.0,"Fita Hospitalar",437867.0,"características adicionais: hipoalergênico, componentes: adesivo acrílico, cor: com cor, dimensões: cerca de 50, material: dorso em não tecido, tipo: microporosa","UN",16.0,30.0,480.0]
["30/2026","Aprovada",null,"MATERIAIS HOSPITALARES (INSTRUMENTOS, VESTUÁRIOS E EPI'S)","BENS",153052.0,"2026-03-02","2026-06-12",102.0,"CEPAE - CENTRO DE ENSINO E PESQUISA APLICADA À EDUCAÇÃO","166/2025","Médio",27.0,"2026-02-03","Material",6532.0,"Vestuário hospitalar e cirúrgico e itens correlatos de  finalidades especiais",437.0,"Touca Hospitalar",428616.0,"característica adicional 01: hipoalergênica, atóxica, inodora, unissex, cor*: com cor, gramatura*: cerca de 30, material*: não tecido 100% polipropileno, modelo: com elástico em toda volta, tamanho*: único, tipo uso*: descartável","EMB",10.0,1.0,10.0]
["30/2026","Aprovada",null,"MATERIAIS HOSPITALARES (INSTRUMENTOS, VESTUÁRIOS E EPI'S)","BENS",153052.0,"2026-03-02","2026-06-12",102.0,"CEPAE - CENTRO DE ENSINO E PESQUISA APLICADA À EDUCAÇÃO","166/2025","Médio",28.0,"2026-02-03","Material",6510.0,"Materiais cirúrgicos para curativos",18085.0,"Algodão Uso Médico",279727.0,"apresentação: em bolas, esterilidade: não estéril, material: alvejado, purificado, isento de impurezas, tipo: hidrófilo","EMB",7.0,1.0,7.0]
["30/2026","Aprovada",null,"MATERIAIS HOSPITALARES (INSTRUMENTOS, VESTUÁRIOS E EPI'S)","BENS",153052.0,"2026-03-02","2026-06-12",102.0,"CEPAE - CENTRO DE ENSINO E PESQUISA APLICADA À EDUCAÇÃO","166/2025","Médio",30.0,"2026-02-03","Material",6515.0,"Instrumentos, equipamentos e suprimentos médicos  e  cirúrgicos",11700.0,"Reanimador Manual",456411.0,"capacidade balão: cerca 250, componente 1: máscara plástico rígido c/ coxim silicone, componente 2: reservatório de o2 em plástico c/ válvula, componentes 3: entrada de o2 e extensor pvc, material balão: silicone, tamanhos: neonatal, tipo válvula: válvula unidirecional pop off cerca 40 cmh20","UN",220.0,2.0,440.0]
["30/2026","Aprovada",null,"MATERIAIS HOSPITALARES (INSTRUMENTOS, VESTUÁRIOS E EPI'S)","BENS",153052.0,"2026-03-02","2026-06-12",102.0,"CEPAE - CENTRO DE ENSINO E PESQUISA APLICADA À EDUCAÇÃO","166/2025","Médio",31.0,"2026-02-03","Material",6515.0,"Instrumentos, equipamentos e suprimentos médicos  e  cirúrgicos",11700.0,"Reanimador Manual",456410.0,"capacidade balão: cerca 500, componente 1: máscara plástico rígido c/ coxim silicone, componente 2: reservatório de o2 em plástico c/ válvula, componentes 3: entrada de o2 e extensor pvc, material balão: silicone, tamanhos: infantil, tipo válvula: válvula unidirecional pop off cerca 40 cmh20","UN",60.0,2.0,120.0]
["30/2026","Aprovada",null,"MATERIAIS HOSPITALARES (INSTRUMENTOS, VESTUÁRIOS E EPI'S)","BENS",153052.0,"2026-03-02","2026-06-12",102.0,"CEPAE - CENTRO DE ENSINO E PESQUISA APLICADA À EDUCAÇÃO","166/2025","Médio",32.0,"2026-02-03","Material",6515.0,"Instrumentos, equipamentos e suprimentos médicos  e  cirúrgicos",11700.0,"Reanimador Manual",456409.0,"capacidade balão: cerca 1,5, componente 1: máscara plástico rígido c/ coxim silicone, componente 2: reservatório de o2 em plástico c/ válvula, componentes 3: entrada de o2 e extensor pvc, material balão: silicone, tamanhos: adulto, tipo válvula: válvula unidirecional pop off cerca 60 cmh2o","UN",119.0,2.0,238.0]
["30/2026","Aprovada",null,"MATERIAIS HOSPITALARES (INSTRUMENTOS, VESTUÁRIOS E EPI'S)","BENS",153052.0,"2026-03-02","2026-06-12",102.0,"CEPAE - CENTRO DE ENSINO E PESQUISA APLICADA À EDUCAÇÃO","166/2025","Médio",36.0,"2026-02-03","Material",6515.0,"Instrumentos, equipamentos e suprimentos médicos  e  cirúrgicos",9745.0,"Material Gasoterapia",436267.0,"comprimento extensão: cerca de 1,5, esterilidade*: esterilizável, modelo: micronebulizador, tipo extensão: extensor em pvc c/ conectores","UN",13.93,2.0,27.86]
["30/2026","Aprovada",null,"MATERIAIS HOSPITALARES (INSTRUMENTOS, VESTUÁRIOS E EPI'S)","BENS",153052.0,"2026-03-02","2026-06-12",102.0,"CEPAE - CENTRO DE ENSINO E PESQUISA APLICADA À EDUCAÇÃO","166/2025","Médio",37.0,"2026-02-03","Material",6515.0,"Instrumentos, equipamentos e suprimentos médicos  e  cirúrgicos",9745.0,"Material Gasoterapia",435413.0,"esterilidade*: esterilizável, modelo: umidificador, saída: p/ oxigênio, tipo frasco: frasco plástico graduado, c/ tampa, volume: cerca de 250, característica adicional: conector metal c/rosca","UN",15.2,2.0,30.4]
["30/2026","Aprovada",null,"MATERIAIS HOSPITALARES (INSTRUMENTOS, VESTUÁRIOS E EPI'S)","BENS",153052.0,"2026-03-02","2026-06-12",102.0,"CEPAE - CENTRO DE ENSINO E PESQUISA APLICADA À EDUCAÇÃO","166/2025","Médio",38.0,"2026-02-03","Material",6515.0,"Instrumentos, equipamentos e suprimentos médicos  e  cirúrgicos",30260.0,"Cateter Nasal Para Oxigênio",621755.0,"aplicação: p/ polissonografia, componente adicional: c/ filtro, comprimento: cerca de 2,5 m, conector: compatível c/ equipamento, esterilidade: estéril, uso único, material: tubo plástico c/ pronga de silicone, modelo: tipo óculos, tamanho: adulto","UN",1.63,10.0,16.3]
["30/2026","Aprovada",null,"MATERIAIS HOSPITALARES (INSTRUMENTOS, VESTUÁRIOS E EPI'S)","BENS",153052.0,"2026-03-02","2026-06-12",102.0,"CEPAE - CENTRO DE ENSINO E PESQUISA APLICADA À EDUCAÇÃO","166/2025","Médio",39.0,"2026-02-03","Material",6515.0,"Instrumentos, equipamentos e suprimentos médicos  e  cirúrgicos",30260.0,"Cateter Nasal Para Oxigênio",621752.0,"aplicação: p/ polissonografia, comprimento: cerca de 2,5 m, conector: compatível c/ equipamento, esterilidade: estéril, uso único, material: tubo plástico c/ pronga de silicone, modelo: tipo óculos, tamanho: infantil","UN",1.63,10.0,16.3]
["30/2026","Aprovada",null,"MATERIAIS HOSPITALARES (INSTRUMENTOS, VESTUÁRIOS E EPI'S)","BENS",153052.0,"2026-03-02","2026-06-12",102.0,"CEPAE - CENTRO DE ENSINO E PESQUISA APLICADA À EDUCAÇÃO","166/2025","Médio",40.0,"2026-02-03","Material",6515.0,"Instrumentos, equipamentos e suprimentos médicos  e  cirúrgicos",30260.0,"Cateter Nasal Para Oxigênio",621739.0,"aplicação: p/ oxigenoterapia, comprimento: cerca de 2,5 m, conector: compatível c/ fonte o2, esterilidade: estéril, uso único, material: tubo e pronga de silicone, modelo: tipo óculos, tamanho: neonatal","UN",1.63,10.0,16.3]
["30/2026","Aprovada",null,"MATERIAIS HOSPITALARES (INSTRUMENTOS, VESTUÁRIOS E EPI'S)","BENS",153052.0,"2026-03-02","2026-06-12",102.0,"CEPAE - CENTRO DE ENSINO E PESQUISA APLICADA À EDUCAÇÃO","166/2025","Médio",41.0,"2026-02-03","Material",6515.0,"Instrumentos, equipamentos e suprimentos médicos  e  cirúrgicos",7611.0,"Imobilizador (Órtese)",452200.0,"material: polímero  c/ forro atoalhado, posição: lado esquerdo, tamanho: tamanho infantil, tipo: p/ punho, mão e dedos, tipo fecho: tiras c/ velcro ajustáveis","UN",56.26,1.0,56.26]
["30/2026","Aprovada",null,"MATERIAIS HOSPITALARES (INSTRUMENTOS, VESTUÁRIOS E EPI'S)","BENS",153052.0,"2026-03-02","2026-06-12",102.0,"CEPAE - CENTRO DE ENSINO E PESQUISA APLICADA À EDUCAÇÃO","166/2025","Médio",42.0,"2026-02-03","Material",6515.0,"Instrumentos, equipamentos e suprimentos médicos  e  cirúrgicos",7611.0,"Imobilizador (Órtese)",452199.0,"material: polímero  c/ forro atoalhado, posição: lado direito, tamanho: tamanho infantil, tipo: p/ punho, mão e dedos, tipo fecho: tiras c/ velcro ajustáveis","UN",56.26,1.0,56.26]
["30/2026","Aprovada",null,"MATERIAIS HOSPITALARES (INSTRUMENTOS, VESTUÁRIOS E EPI'S)","BENS",153052.0,"2026-03-02","2026-06-12",102.0,"CEPAE - CENTRO DE ENSINO E PESQUISA APLICADA À EDUCAÇÃO","166/2025","Médio",43.0,"2026-02-03","Material",6515.0,"Instrumentos, equipamentos e suprimentos médicos  e  cirúrgicos",7611.0,"Imobilizador (Órtese)",452196.0,"adicionais: c/ marcações para dobras, material: papelão, posição: bilateral, tamanho: tamanho infantil, tipo: p/ membro inferior","UN",3.62,1.0,3.62]
["30/2026","Aprovada",null,"MATERIAIS HOSPITALARES (INSTRUMENTOS, VESTUÁRIOS E EPI'S)","BENS",153052.0,"2026-03-02","2026-06-12",102.0,"CEPAE - CENTRO DE ENSINO E PESQUISA APLICADA À EDUCAÇÃO","166/2025","Médio",44.0,"2026-02-03","Material",6515.0,"Instrumentos, equipamentos e suprimentos médicos  e  cirúrgicos",7611.0,"Imobilizador (Órtese)",452195.0,"adicionais: c/ marcações para dobras, material: papelão, posição: bilateral, tamanho: tamanho infantil, tipo: p/ membro superior","UN",3.62,1.0,3.62]
["30/2026","Aprovada",null,"MATERIAIS HOSPITALARES (INSTRUMENTOS, VESTUÁRIOS E EPI'S)","BENS",153052.0,"2026-03-02","2026-06-12",102.0,"CEPAE - CENTRO DE ENSINO E PESQUISA APLICADA À EDUCAÇÃO","166/2025","Médio",45.0,"2026-02-03","Material",6515.0,"Instrumentos, equipamentos e suprimentos médicos  e  cirúrgicos",7611.0,"Imobilizador (Órtese)",452194.0,"adicionais: c/ marcações para dobras, material: papelão, posição: bilateral, tamanho: tamanho adulto, tipo: p/ membro inferior","UN",3.62,10.0,36.2]
["30/2026","Aprovada",null,"MATERIAIS HOSPITALARES (INSTRUMENTOS, VESTUÁRIOS E EPI'S)","BENS",153052.0,"2026-03-02","2026-06-12",102.0,"CEPAE - CENTRO DE ENSINO E PESQUISA APLICADA À EDUCAÇÃO","166/2025","Médio",46.0,"2026-02-03","Material",6515.0,"Instrumentos, equipamentos e suprimentos médicos  e  cirúrgicos",7611.0,"Imobilizador (Órtese)",452166.0,"adicionais: c/ barbatanas, material: tecido resistente acolchoado, posição: bilateral, tamanho: tamanho p, tipo: p/ punho c/ dedos livres, tipo fecho: tiras c/ velcro ajustáveis","UN",42.0,1.0,42.0]
["30/2026","Aprovada",null,"MATERIAIS HOSPITALARES (INSTRUMENTOS, VESTUÁRIOS E EPI'S)","BENS",153052.0,"2026-03-02","2026-06-12",102.0,"CEPAE - CENTRO DE ENSINO E PESQUISA APLICADA À EDUCAÇÃO","166/2025","Médio",47.0,"2026-02-03","Material",6515.0,"Instrumentos, equipamentos e suprimentos médicos  e  cirúrgicos",7611.0,"Imobilizador (Órtese)",452165.0,"adicionais: c/ barbatanas, material: tecido resistente acolchoado, posição: bilateral, tamanho: tamanho g, tipo: p/ punho c/ dedos livres, tipo fecho: tiras c/ velcro ajustáveis","UN",42.0,1.0,42.0]
["30/2026","Aprovada",null,"MATERIAIS HOSPITALARES (INSTRUMENTOS, VESTUÁRIOS E EPI'S)","BENS",153052.0,"2026-03-02","2026-06-12",102.0,"CEPAE - CENTRO DE ENSINO E PESQUISA APLICADA À EDUCAÇÃO","166/2025","Médio",48.0,"2026-02-03","Material",6515.0,"Instrumentos, equipamentos e suprimentos médicos  e  cirúrgicos",7611.0,"Imobilizador (Órtese)",452152.0,"material: tecido 100 % algodão resistente, modelo: alça regulável, posição: bilateral, tamanho: tamanho p, tipo: tipoia velpeau, tipo fecho: fecho de engate rápido","UN",84.0,1.0,84.0]
["30/2026","Aprovada",null,"MATERIAIS HOSPITALARES (INSTRUMENTOS, VESTUÁRIOS E EPI'S)","BENS",153052.0,"2026-03-02","2026-06-12",102.0,"CEPAE - CENTRO DE ENSINO E PESQUISA APLICADA À EDUCAÇÃO","166/2025","Médio",49.0,"2026-02-03","Material",6515.0,"Instrumentos, equipamentos e suprimentos médicos  e  cirúrgicos",7611.0,"Imobilizador (Órtese)",452150.0,"material: tecido 100 % algodão resistente, modelo: alça regulável, posição: bilateral, tamanho: tamanho m, tipo: tipoia velpeau, tipo fecho: fecho de engate rápido","UN",84.0,1.0,84.0]
["30/2026","Aprovada",null,"MATERIAIS HOSPITALARES (INSTRUMENTOS, VESTUÁRIOS E EPI'S)","BENS",153052.0,"2026-03-02","2026-06-12",102.0,"CEPAE - CENTRO DE ENSINO E PESQUISA APLICADA À EDUCAÇÃO","166/2025","Médio",50.0,"2026-02-03","Material",6515.0,"Instrumentos, equipamentos e suprimentos médicos  e  cirúrgicos",7611.0,"Imobilizador (Órtese)",452150.0,"material: tecido 100 % algodão resistente, modelo: alça regulável, posição: bilateral, tamanho: tamanho m, tipo: tipoia velpeau, tipo fecho: fecho de engate rápido","UN",84.0,1.0,84.0]
["30/2026","Aprovada",null,"MATERIAIS HOSPITALARES (INSTRUMENTOS, VESTUÁRIOS E EPI'S)","BENS",153052.0,"2026-03-02","2026-06-12",102.0,"CEPAE - CENTRO DE ENSINO E PESQUISA APLICADA À EDUCAÇÃO","166/2025","Médio",51.0,"2026-02-03","Material",6515.0,"Instrumentos, equipamentos e suprimentos médicos  e  cirúrgicos",7611.0,"Imobilizador (Órtese)",452149.0,"material: tecido 100 % algodão resistente, modelo: alça regulável, posição: bilateral, tamanho: tamanho g, tipo: tipoia velpeau, tipo fecho: fecho de engate rápido","UN",84.0,1.0,84.0]
["30/2026","Aprovada",null,"MATERIAIS HOSPITALARES (INSTRUMENTOS, VESTUÁRIOS E EPI'S)","BENS",153052.0,"2026-03-02","2026-06-12",102.0,"CEPAE - CENTRO DE ENSINO E PESQUISA APLICADA À EDUCAÇÃO","166/2025","Médio",52.0,"2026-02-03","Material",6515.0,"Instrumentos, equipamentos e suprimentos médicos  e  cirúrgicos",2202.0,"Imobilizador (Tala)",469637.0,"material: metal revestido de e.v.a., tamanho: tamanhos variados, mínimo 6 peças","UN",140.0,2.0,280.0]
["30/2026","Aprovada",null,"MATERIAIS HOSPITALARES (INSTRUMENTOS, VESTUÁRIOS E EPI'S)","BENS",153052.0,"2026-03-02","2026-06-12",102.0,"CEPAE - CENTRO DE ENSINO E PESQUISA APLICADA À EDUCAÇÃO","166/2025","Médio",53.0,"2026-02-03","Material",9999.0,"Itens diversos",7961.0,"Gelo Reutilizável",625126.0,"composição: gel atóxico a base de polímero, neutralizantes, ag, dimensões: 22 x 15 x 2","EMB",2.8,5.0,14.0]
["30/2026","Aprovada",null,"MATERIAIS HOSPITALARES (INSTRUMENTOS, VESTUÁRIOS E EPI'S)","BENS",153052.0,"2026-03-02","2026-06-12",102.0,"CEPAE - CENTRO DE ENSINO E PESQUISA APLICADA À EDUCAÇÃO","166/2025","Médio",54.0,"2026-02-03","Material",6515.0,"Instrumentos, equipamentos e suprimentos médicos  e  cirúrgicos",14219.0,"Bolsa Térmica Uso Em Saúde",433753.0,"aplicação*: p/ gelo, componentes: c/ tampa rosqueável, diâmetro*: cerca 25, material*: polímero flexível, modelo: redonda","UN",29.0,2.0,58.0]
["30/2026","Aprovada",null,"MATERIAIS HOSPITALARES (INSTRUMENTOS, VESTUÁRIOS E EPI'S)","BENS",153052.0,"2026-03-02","2026-06-12",102.0,"CEPAE - CENTRO DE ENSINO E PESQUISA APLICADA À EDUCAÇÃO","166/2025","Médio",55.0,"2026-02-03","Material",6515.0,"Instrumentos, equipamentos e suprimentos médicos  e  cirúrgicos",14219.0,"Bolsa Térmica Uso Em Saúde",433747.0,"aplicação*: p/ calor, capacidade*: cerca 500, componentes: c/ tampa rosqueável, material*: borracha natural, modelo: retangular","UN",67.0,2.0,134.0]
["30/2026","Aprovada",null,"MATERIAIS HOSPITALARES (INSTRUMENTOS, VESTUÁRIOS E EPI'S)","BENS",153052.0,"2026-03-02","2026-06-12",102.0,"CEPAE - CENTRO DE ENSINO E PESQUISA APLICADA À EDUCAÇÃO","166/2025","Médio",59.0,"2026-02-03","Material",6515.0,"Instrumentos, equipamentos e suprimentos médicos  e  cirúrgicos",3192.0,"Bacia - Uso Hospitalar",469451.0,"capacidade: cerca de 2500, diâmetro: cerca de 30, esterilidade: esterilizável, material: aço inoxidável","UN",160.0,1.0,160.0]
["30/2026","Aprovada",null,"MATERIAIS HOSPITALARES (INSTRUMENTOS, VESTUÁRIOS E EPI'S)","BENS",153052.0,"2026-03-02","2026-06-12",102.0,"ICB - INSTITUTO DE CIÊNCIAS BIOLÓGICAS","183/2025","Alto",1.0,"2026-08-31","Material",6515.0,"Instrumentos, equipamentos e suprimentos médicos  e  cirúrgicos",2176.0,"Agulha Coleta Sangue À Vácuo",411901.0,"dimensão: 25 g x 1 1/2, material: aço inoxidável siliconizado, tipo conexão: conector luer lock em plástico, tipo fixação: protetor plástico, tipo ponta: bisel curto trifacetado, uso: estéril, descartável, embalagem individual\"","CX",15.0,4.0,60.0]
["30/2026","Aprovada",null,"MATERIAIS HOSPITALARES (INSTRUMENTOS, VESTUÁRIOS E EPI'S)","BENS",153052.0,"2026-03-02","2026-06-12",102.0,"ICB - INSTITUTO DE CIÊNCIAS BIOLÓGICAS","183/2025","Alto",2.0,"2026-08-31","Material",6510.0,"Materiais cirúrgicos para curativos",18085.0,"Algodão Uso Médico",279727.0,"apresentação: em bolas, esterilidade: não estéril, material: alvejado, purificado, isento de impurezas, tipo: hidrófilo","EMB",10.0,3.0,30.0]
["30/2026","Aprovada",null,"MATERIAIS HOSPITALARES (INSTRUMENTOS, VESTUÁRIOS E EPI'S)","BENS",153052.0,"2026-03-02","2026-06-12",102.0,"ICB - INSTITUTO DE CIÊNCIAS BIOLÓGICAS","183/2025","Alto",3.0,"2026-08-31","Material",6515.0,"Instrumentos, equipamentos e suprimentos médicos  e  cirúrgicos",7955.0,"Gel Para Exame Médico",438929.0,"características adicionais: ph neutro, composição: a base de água","GL",100.0,2.0,200.0]
["30/2026","Aprovada",null,"MATERIAIS HOSPITALARES (INSTRUMENTOS, VESTUÁRIOS E EPI'S)","BENS",153052.0,"2026-03-02","2026-06-12",102.0,"ICB - INSTITUTO DE CIÊNCIAS BIOLÓGICAS","183/2025","Alto",4.0,"2026-08-31","Material",6515.0,"Instrumentos, equipamentos e suprimentos médicos  e  cirúrgicos",17428.0,"Seringa",439652.0,"adicional: graduada (escala ui), numerada, apresentação: embalagem individual, capacidade: 0,5, esterilidade: estéril, descartável, material: polipropileno, tipo agulha: c/ agulha 30 g x 1/2, tipo bico: bico central luer lock ou slip, tipo vedação: êmbolo de borracha\"","EMB",50.0,4.0,200.0]
["30/2026","Aprovada",null,"MATERIAIS HOSPITALARES (INSTRUMENTOS, VESTUÁRIOS E EPI'S)","BENS",153052.0,"2026-03-02","2026-06-12",102.0,"ICB - INSTITUTO DE CIÊNCIAS BIOLÓGICAS","184/2025","Alto",1.0,"2026-08-31","Material",6532.0,"Vestuário hospitalar e cirúrgico e itens correlatos de  finalidades especiais",30247.0,"Luva P/ Procedimento De Saúde Não Cirúrgico C/ Anvisa",619842.0,"cor: c/ cor, esterilidade: não estéril, uso único, formato: ambidestra, material: borracha natural - látex, pó: com pó bioabsorvível, superfície: superfície lisa, tamanho: grande - g","EMB",30.0,2.0,60.0]
["30/2026","Aprovada",null,"MATERIAIS HOSPITALARES (INSTRUMENTOS, VESTUÁRIOS E EPI'S)","BENS",153052.0,"2026-03-02","2026-06-12",102.0,"ICB - INSTITUTO DE CIÊNCIAS BIOLÓGICAS","184/2025","Alto",2.0,"2026-08-31","Material",6532.0,"Vestuário hospitalar e cirúrgico e itens correlatos de  finalidades especiais",30247.0,"Luva P/ Procedimento De Saúde Não Cirúrgico C/ Anvisa",619841.0,"cor: c/ cor, esterilidade: não estéril, uso único, formato: ambidestra, material: borracha natural - látex, pó: com pó bioabsorvível, superfície: superfície lisa, tamanho: médio - m","EMB",30.0,7.0,210.0]
["30/2026","Aprovada",null,"MATERIAIS HOSPITALARES (INSTRUMENTOS, VESTUÁRIOS E EPI'S)","BENS",153052.0,"2026-03-02","2026-06-12",102.0,"ICB - INSTITUTO DE CIÊNCIAS BIOLÓGICAS","184/2025","Alto",3.0,"2026-08-31","Material",6532.0,"Vestuário hospitalar e cirúrgico e itens correlatos de  finalidades especiais",30247.0,"Luva P/ Procedimento De Saúde Não Cirúrgico C/ Anvisa",619840.0,"cor: c/ cor, esterilidade: não estéril, uso único, formato: ambidestra, material: borracha natural - látex, pó: com pó bioabsorvível, superfície: superfície lisa, tamanho: pequeno - p","EMB",30.0,10.0,300.0]
["30/2026","Aprovada",null,"MATERIAIS HOSPITALARES (INSTRUMENTOS, VESTUÁRIOS E EPI'S)","BENS",153052.0,"2026-03-02","2026-06-12",102.0,"FF - FACULDADE DE FÁRMACIA","193/2025","Médio",1.0,"2026-08-01","Material",6532.0,"VESTUÁRIO HOSPITALAR E CIRÚRGICO E ITENS CORRELATOS DE  FINALIDADES ESPECIAIS",421.0,"LUVA PARA PROCEDIMENTO NÃO CIRÚRGICO",392943.0,"CARACTERÍSTICAS ADICIONAIS: COM PÓ, ESTERILIDADE: NÃO ESTÉRIL, MATERIAL: LÁTEX, TAMANHO: MÉDIO, TIPO USO: DESCARTÁVEL","CX",29.0,150.0,4350.0]
["30/2026","Aprovada",null,"MATERIAIS HOSPITALARES (INSTRUMENTOS, VESTUÁRIOS E EPI'S)","BENS",153052.0,"2026-03-02","2026-06-12",102.0,"FF - FACULDADE DE FÁRMACIA","193/2025","Médio",2.0,"2026-08-01","Material",6532.0,"VESTUÁRIO HOSPITALAR E CIRÚRGICO E ITENS CORRELATOS DE  FINALIDADES ESPECIAIS",421.0,"LUVA PARA PROCEDIMENTO NÃO CIRÚRGICO",342918.0,"CARACTERÍSTICAS ADICIONAIS: LUBRIFICADA COM PÓ BIOABSORVÍVEL, ESTERILIDADE: NÃO ESTÉRIL, MATERIAL: LÁTEX, TAMANHO: PEQUENO, TIPO: AMBIDESTRA, TIPO USO: DESCARTÁVEL, COR: BRANCA","CX",29.0,150.0,4350.0]
["30/2026","Aprovada",null,"MATERIAIS HOSPITALARES (INSTRUMENTOS, VESTUÁRIOS E EPI'S)","BENS",153052.0,"2026-03-02","2026-06-12",102.0,"FF - FACULDADE DE FÁRMACIA","193/2025","Médio",12.0,"2026-08-01","Material",8415.0,"VESTUÁRIO PARA FINS ESPECIAIS",419.0,"LUVA DE PROTEÇÃO",450346.0,"ACABAMENTO PALMA: LISO, APLICAÇÃO: LABORATORIAL, CARACTERÍSTICAS ADICIONAIS: SEM PÓ, COR: AZUL, ESTERILIDADE: NÃO ESTERILIZADA, MATERIAL: NITRÍLICA, TAMANHO: PEQUENO, TIPO PUNHO: CURTO","CX",17.58,50.0,879.0]
["30/2026","Aprovada",null,"MATERIAIS HOSPITALARES (INSTRUMENTOS, VESTUÁRIOS E EPI'S)","BENS",153052.0,"2026-03-02","2026-06-12",102.0,"FF - FACULDADE DE FÁRMACIA","193/2025","Médio",13.0,"2026-08-01","Material",8415.0,"VESTUÁRIO PARA FINS ESPECIAIS",419.0,"LUVA DE PROTEÇÃO",450345.0,"ACABAMENTO PALMA: LISO, APLICAÇÃO: LABORATORIAL, CARACTERÍSTICAS ADICIONAIS: SEM PÓ, COR: AZUL, ESTERILIDADE: NÃO ESTERILIZADA, MATERIAL: NITRÍLICA, TAMANHO: MÉDIO, TIPO PUNHO: CURTO","CX",18.92,50.0,946.0]
["30/2026","Aprovada",null,"MATERIAIS HOSPITALARES (INSTRUMENTOS, VESTUÁRIOS E EPI'S)","BENS",153052.0,"2026-03-02","2026-06-12",102.0,"FF - FACULDADE DE FÁRMACIA","193/2025","Médio",14.0,"2026-08-01","Material",8415.0,"VESTUÁRIO PARA FINS ESPECIAIS",419.0,"LUVA DE PROTEÇÃO",450334.0,"ACABAMENTO PALMA: LISO, APLICAÇÃO: LABORATORIAL, CARACTERÍSTICAS ADICIONAIS: SEM PÓ, COR: AZUL, ESTERILIDADE: NÃO ESTERILIZADA, MATERIAL: NITRÍLICA, TAMANHO: GRANDE, TIPO PUNHO: CURTO","CX",18.1,50.0,905.0]
["30/2026","Aprovada",null,"MATERIAIS HOSPITALARES (INSTRUMENTOS, VESTUÁRIOS E EPI'S)","BENS",153052.0,"2026-03-02","2026-06-12",102.0,"FF - FACULDADE DE FÁRMACIA","193/2025","Médio",15.0,"2026-08-01","Material",6515.0,"INSTRUMENTOS, EQUIPAMENTOS E SUPRIMENTOS MÉDICOS  E  CIRÚRGICOS",14216.0,"COLETOR MATERIAL PÉRFURO-CORTANTE",466702.0,"ACESSÓRIOS: ALÇAS RÍGIDAS E TAMPA, CAPACIDADE TOTAL: 13, COMPONENTES ADICIONAIS: PARA RESÍDUOS QUIMIOTERÁPICOS, MATERIAL: PAPELÃO, TIPO USO: DESCARTÁVEL","UN",35.0,150.0,5250.0]
["30/2026","Aprovada",null,"MATERIAIS HOSPITALARES (INSTRUMENTOS, VESTUÁRIOS E EPI'S)","BENS",153052.0,"2026-03-02","2026-06-12",102.0,"IPTSP - INSTITUTO DE PATOLOGIA TROPICAL E SAÚDE PÚBLICA","141/2025","Médio",59.0,"2026-07-31","Material",6515.0,"Instrumentos, equipamentos e suprimentos médicos  e  cirúrgicos",13092.0,"Tubo Para Coleta De Amostra Biológica",376621.0,"característica adicional: à vácuo, componentes: com edta-k3, esterilidade: estéril, descartável, material: plástico, uso: coleta de sangue, volume: 5","UN",31.08,1.0,31.08]
["30/2026","Aprovada",null,"MATERIAIS HOSPITALARES (INSTRUMENTOS, VESTUÁRIOS E EPI'S)","BENS",153052.0,"2026-03-02","2026-06-12",102.0,"IPTSP - INSTITUTO DE PATOLOGIA TROPICAL E SAÚDE PÚBLICA","141/2025","Médio",60.0,"2026-07-31","Material",6515.0,"Instrumentos, equipamentos e suprimentos médicos  e  cirúrgicos",13092.0,"Tubo Para Coleta De Amostra Biológica",372351.0,"característica adicional: à vácuo, componentes: com ativador de coágulo e gel separador, esterilidade: estéril, descartável, material: plástico, uso: coleta de sangue, volume: 6","UN",68.98,1.0,68.98]
["30/2026","Aprovada",null,"MATERIAIS HOSPITALARES (INSTRUMENTOS, VESTUÁRIOS E EPI'S)","BENS",153052.0,"2026-03-02","2026-06-12",102.0,"IPTSP - INSTITUTO DE PATOLOGIA TROPICAL E SAÚDE PÚBLICA","141/2025","Médio",62.0,"2026-07-31","Material",6510.0,"Materiais cirúrgicos para curativos",18085.0,"Algodão Uso Médico",291086.0,"apresentação: macio, sem fibras sintéticas ou plástico, características adicionais: uso em laboratório, material: em fibra de algodão crú, tipo: hidrófobo","EMB",64.66,5.0,323.3]
["30/2026","Aprovada",null,"MATERIAIS HOSPITALARES (INSTRUMENTOS, VESTUÁRIOS E EPI'S)","BENS",153052.0,"2026-03-02","2026-06-12",102.0,"IPTSP - INSTITUTO DE PATOLOGIA TROPICAL E SAÚDE PÚBLICA","141/2025","Médio",77.0,"2026-07-31","Material",6515.0,"Instrumentos, equipamentos e suprimentos médicos  e  cirúrgicos",13831.0,"Swab",396142.0,"apresentação*: embalagem individual em papel grau cirúrgico, esterilidade: estéril, material: haste plástica, tipo de uso: descartável, tipo ponta: ponta em algodão hidrófilo","UN",20.0,2.0,40.0]
["30/2026","Aprovada",null,"MATERIAIS HOSPITALARES (INSTRUMENTOS, VESTUÁRIOS E EPI'S)","BENS",153052.0,"2026-03-02","2026-06-12",102.0,"ICB - INSTITUTO DE CIÊNCIAS BIOLÓGICAS","156/2025","Alto",63.0,"2026-08-31","Material",6515.0,"Instrumentos, equipamentos e suprimentos médicos  e  cirúrgicos",19828.0,"Pinça Cirúrgica",467833.0,"componente: c/ cremalheira, comprimento total: cerca de 14, esterilidade: esterilizável, formato ponta: ponta reta, material: aço inoxidável, modelo 1: kelly, tipo ponta: serrilhada","UN",50.0,20.0,1000.0]
["30/2026","Aprovada",null,"MATERIAIS HOSPITALARES (INSTRUMENTOS, VESTUÁRIOS E EPI'S)","BENS",153052.0,"2026-03-02","2026-06-12",102.0,"CEPAE - CENTRO DE ENSINO E PESQUISA APLICADA À EDUCAÇÃO","234/2025","Alto",11.0,"2026-03-02","Material",6532.0,"VESTUÁRIO HOSPITALAR E CIRÚRGICO E ITENS CORRELATOS DE  FINALIDADES ESPECIAIS",30247.0,"LUVA P/ PROCEDIMENTO DE SAÚDE NÃO CIRÚRGICO C/ ANVISA",619832.0,"COR: TRANSPARENTE, ESTERILIDADE: NÃO ESTÉRIL, USO ÚNICO, FORMATO: AMBIDESTRA, MATERIAL: BORRACHA SINTÉTICA - VINIL / PVC, PÓ: SEM PÓ, SUPERFÍCIE: SUPERFÍCIE LISA, TAMANHO: PEQUENO - P","EMB",30.0,8.0,240.0]
["30/2026","Aprovada",null,"MATERIAIS HOSPITALARES (INSTRUMENTOS, VESTUÁRIOS E EPI'S)","BENS",153052.0,"2026-03-02","2026-06-12",102.0,"CEPAE - CENTRO DE ENSINO E PESQUISA APLICADA À EDUCAÇÃO","234/2025","Alto",12.0,"2026-03-02","Material",6532.0,"VESTUÁRIO HOSPITALAR E CIRÚRGICO E ITENS CORRELATOS DE  FINALIDADES ESPECIAIS",30247.0,"LUVA P/ PROCEDIMENTO DE SAÚDE NÃO CIRÚRGICO C/ ANVISA",619834.0,"COR: TRANSPARENTE, ESTERILIDADE: NÃO ESTÉRIL, USO ÚNICO, FORMATO: AMBIDESTRA, MATERIAL: BORRACHA SINTÉTICA - VINIL / PVC, PÓ: SEM PÓ, SUPERFÍCIE: SUPERFÍCIE LISA, TAMANHO: GRANDE - G","EMB",30.0,28.0,840.0]
["30/2026","Aprovada",null,"MATERIAIS HOSPITALARES (INSTRUMENTOS, VESTUÁRIOS E EPI'S)","BENS",153052.0,"2026-03-02","2026-06-12",102.0,"CEPAE - CENTRO DE ENSINO E PESQUISA APLICADA À EDUCAÇÃO","234/2025","Alto",13.0,"2026-03-02","Material",8415.0,"Vestuário para fins especiais",419.0,"Luva De Proteção",450516.0,"acabamento palma: antiderrapante, aplicação: limpeza, características adicionais: com forro, material: nitrílica, tamanho: único, tipo uso: reutilizável","PAR",6.0,18.0,108.0]
["30/2026","Aprovada",null,"MATERIAIS HOSPITALARES (INSTRUMENTOS, VESTUÁRIOS E EPI'S)","BENS",153052.0,"2026-03-02","2026-06-12",102.0,"CEPAE - CENTRO DE ENSINO E PESQUISA APLICADA À EDUCAÇÃO","234/2025","Alto",24.0,"2026-03-02","Material",8415.0,"VESTUÁRIO PARA FINS ESPECIAIS",12848.0,"TOUCA",369561.0,"APLICAÇÃO: COZINHA INDUSTRIAL, CARACTERÍSTICAS ADICIONAIS: TAMANHO ÚNICO COM ELÁSTICO, COR: BRANCA, MATERIAL: TNT, TIPO: DESCARTÁVEL","PCT",7.0,29.0,203.0]
["30/2026","Aprovada",null,"MATERIAIS HOSPITALARES (INSTRUMENTOS, VESTUÁRIOS E EPI'S)","BENS",153052.0,"2026-03-02","2026-06-12",102.0,"IPTSP - INSTITUTO DE PATOLOGIA TROPICAL E SAÚDE PÚBLICA","141/2025","Médio",88.0,"2026-07-31","Material",6515.0,"Instrumentos, equipamentos e suprimentos médicos  e  cirúrgicos",30273.0,"Coletor De Resíduos De Serviço De Saúde",623106.0,"adicional: c/ alça, capacidade: cerca de 1, material: caixa de papelão c/ saco plástico, tipo de resíduo: grupo e - resíduo perfurocortante infectante, tipo risco: risco biológico, uso: uso único","UN",143.9,5.0,719.5]
["30/2026","Aprovada",null,"MATERIAIS HOSPITALARES (INSTRUMENTOS, VESTUÁRIOS E EPI'S)","BENS",153052.0,"2026-03-02","2026-06-12",102.0,"IPTSP - INSTITUTO DE PATOLOGIA TROPICAL E SAÚDE PÚBLICA","141/2025","Médio",89.0,"2026-07-31","Material",6515.0,"Instrumentos, equipamentos e suprimentos médicos  e  cirúrgicos",30273.0,"Coletor De Resíduos De Serviço De Saúde",623109.0,"adicional: c/ alça, capacidade: cerca de 13, material: caixa de papelão c/ saco plástico, tipo de resíduo: grupo e - resíduo perfurocortante infectante, tipo risco: risco biológico, uso: uso único","UN",110.0,7.0,770.0]
["30/2026","Aprovada",null,"MATERIAIS HOSPITALARES (INSTRUMENTOS, VESTUÁRIOS E EPI'S)","BENS",153052.0,"2026-03-02","2026-06-12",102.0,"IPTSP - INSTITUTO DE PATOLOGIA TROPICAL E SAÚDE PÚBLICA","141/2025","Médio",90.0,"2026-07-31","Material",6532.0,"Vestuário hospitalar e cirúrgico e itens correlatos de  finalidades especiais",30247.0,"Luva P/ Procedimento De Saúde Não Cirúrgico C/ Anvisa",619854.0,"cor: c/ cor, esterilidade: não estéril, uso único, formato: ambidestra, material: borracha natural - látex, pó: sem pó, superfície: superfície texturizada, tamanho: médio - m","EMB",17.99,13.0,233.87]
["30/2026","Aprovada",null,"MATERIAIS HOSPITALARES (INSTRUMENTOS, VESTUÁRIOS E EPI'S)","BENS",153052.0,"2026-03-02","2026-06-12",102.0,"IPTSP - INSTITUTO DE PATOLOGIA TROPICAL E SAÚDE PÚBLICA","141/2025","Médio",91.0,"2026-07-31","Material",6532.0,"Vestuário hospitalar e cirúrgico e itens correlatos de  finalidades especiais",30247.0,"Luva P/ Procedimento De Saúde Não Cirúrgico C/ Anvisa",619853.0,"cor: c/ cor, esterilidade: não estéril, uso único, formato: ambidestra, material: borracha natural - látex, pó: sem pó, superfície: superfície texturizada, tamanho: pequeno - p","EMB",17.99,9.0,161.91]
["30/2026","Aprovada",null,"MATERIAIS HOSPITALARES (INSTRUMENTOS, VESTUÁRIOS E EPI'S)","BENS",153052.0,"2026-03-02","2026-06-12",102.0,"IPTSP - INSTITUTO DE PATOLOGIA TROPICAL E SAÚDE PÚBLICA","141/2025","Médio",92.0,"2026-07-31","Material",6532.0,"Vestuário hospitalar e cirúrgico e itens correlatos de  finalidades especiais",30247.0,"Luva P/ Procedimento De Saúde Não Cirúrgico C/ Anvisa",619842.0,"cor: c/ cor, esterilidade: não estéril, uso único, formato: ambidestra, material: borracha natural - látex, pó: com pó bioabsorvível, superfície: superfície lisa, tamanho: grande - g","EMB",25.9,7.0,181.3]
["30/2026","Aprovada",null,"MATERIAIS HOSPITALARES (INSTRUMENTOS, VESTUÁRIOS E EPI'S)","BENS",153052.0,"2026-03-02","2026-06-12",102.0,"IPTSP - INSTITUTO DE PATOLOGIA TROPICAL E SAÚDE PÚBLICA","141/2025","Médio",93.0,"2026-07-31","Material",6532.0,"Vestuário hospitalar e cirúrgico e itens correlatos de  finalidades especiais",30247.0,"Luva P/ Procedimento De Saúde Não Cirúrgico C/ Anvisa",619841.0,"cor: c/ cor, esterilidade: não estéril, uso único, formato: ambidestra, material: borracha natural - látex, pó: com pó bioabsorvível, superfície: superfície lisa, tamanho: médio - m","EMB",25.9,9.0,233.1]
["30/2026","Aprovada",null,"MATERIAIS HOSPITALARES (INSTRUMENTOS, VESTUÁRIOS E EPI'S)","BENS",153052.0,"2026-03-02","2026-06-12",102.0,"IPTSP - INSTITUTO DE PATOLOGIA TROPICAL E SAÚDE PÚBLICA","141/2025","Médio",94.0,"2026-07-31","Material",6532.0,"Vestuário hospitalar e cirúrgico e itens correlatos de  finalidades especiais",30247.0,"Luva P/ Procedimento De Saúde Não Cirúrgico C/ Anvisa",619840.0,"cor: c/ cor, esterilidade: não estéril, uso único, formato: ambidestra, material: borracha natural - látex, pó: com pó bioabsorvível, superfície: superfície lisa, tamanho: pequeno - p","EMB",25.9,7.0,181.3]
["30/2026","Aprovada",null,"MATERIAIS HOSPITALARES (INSTRUMENTOS, VESTUÁRIOS E EPI'S)","BENS",153052.0,"2026-03-02","2026-06-12",102.0,"IPTSP - INSTITUTO DE PATOLOGIA TROPICAL E SAÚDE PÚBLICA","141/2025","Médio",95.0,"2026-07-31","Material",6532.0,"Vestuário hospitalar e cirúrgico e itens correlatos de  finalidades especiais",30029.0,"Máscara Cirúrgica",485312.0,"cor: c/ cor, eficiência: efp maior que 98% e bfe maior que 95%, esterilidade: descartável, filtro: elemento filtrante interno, formato: retangular, c/ pregas horizontais, material: não tecido 100% polipropileno, modelo: ajustável, clipe nasal, quantidade camadas: mínimo 3 camadas, tamanho: adulto","UN",0.3,200.0,60.0]
["30/2026","Aprovada",null,"MATERIAIS HOSPITALARES (INSTRUMENTOS, VESTUÁRIOS E EPI'S)","BENS",153052.0,"2026-03-02","2026-06-12",102.0,"IPTSP - INSTITUTO DE PATOLOGIA TROPICAL E SAÚDE PÚBLICA","141/2025","Médio",102.0,"2026-07-31","Material",6510.0,"Materiais cirúrgicos para curativos",373.0,"Compressa Gaze",272020.0,"características adicionais: embalagem plástica individual, material: tecido 100% algodão, modelo: cor branca,isenta de impurezas, tipo: tipo queijo, camadas: 8 camadas, quantidade fios: 13 fios/cm2, largura: 91, comprimento: 91, dobras: 4 dobras","UN",75.0,4.0,300.0]
["30/2026","Aprovada",null,"MATERIAIS HOSPITALARES (INSTRUMENTOS, VESTUÁRIOS E EPI'S)","BENS",153052.0,"2026-03-02","2026-06-12",102.0,"IPTSP - INSTITUTO DE PATOLOGIA TROPICAL E SAÚDE PÚBLICA","141/2025","Médio",108.0,"2026-07-31","Material",4240.0,"Equipamento para segurança e salvamento",13722.0,"Luva Segurança",286253.0,"aplicação: p/proteção térmica (altas temperaturas), características adicionais: forro isolante c/dupla camada de algodão, comprimento: 35,5, material: neoprene, modelo: palma antiderrapante, tamanho: 9¹/²","PAR",64.9,1.0,64.9]
["30/2026","Aprovada",null,"MATERIAIS HOSPITALARES (INSTRUMENTOS, VESTUÁRIOS E EPI'S)","BENS",153052.0,"2026-03-02","2026-06-12",102.0,"IPTSP - INSTITUTO DE PATOLOGIA TROPICAL E SAÚDE PÚBLICA","141/2025","Médio",109.0,"2026-07-31","Material",6515.0,"Instrumentos, equipamentos e suprimentos médicos  e  cirúrgicos",18351.0,"Embalagem P/ Esterilização",442385.0,"apresentação: rolo, componentes: c/ indicador químico, componentes adicionais: termosselante, composição: c/ filme polímero multilaminado, gramatura / espessura: cerca de 60, material: papel grau cirúrgico, tamanho: cerca de 10, tipo uso: uso único","RO",78.9,1.0,78.9]
["30/2026","Aprovada",null,"MATERIAIS HOSPITALARES (INSTRUMENTOS, VESTUÁRIOS E EPI'S)","BENS",153052.0,"2026-03-02","2026-06-12",102.0,"IPTSP - INSTITUTO DE PATOLOGIA TROPICAL E SAÚDE PÚBLICA","141/2025","Médio",110.0,"2026-07-31","Material",6515.0,"Instrumentos, equipamentos e suprimentos médicos  e  cirúrgicos",18351.0,"Embalagem P/ Esterilização",443438.0,"apresentação: rolo, componentes: c/ indicador químico, componentes adicionais: termosselante, composição: c/ filme polímero multilaminado, gramatura / espessura: cerca de 60, material: papel grau cirúrgico, tamanho: cerca de 15, tipo uso: uso único","RO",102.9,1.0,102.9]
["30/2026","Aprovada",null,"MATERIAIS HOSPITALARES (INSTRUMENTOS, VESTUÁRIOS E EPI'S)","BENS",153052.0,"2026-03-02","2026-06-12",102.0,"IPTSP - INSTITUTO DE PATOLOGIA TROPICAL E SAÚDE PÚBLICA","141/2025","Médio",111.0,"2026-07-31","Material",6515.0,"Instrumentos, equipamentos e suprimentos médicos  e  cirúrgicos",18351.0,"Embalagem P/ Esterilização",442388.0,"apresentação: rolo, componentes: c/ indicador químico, componentes adicionais: termosselante, composição: c/ filme polímero multilaminado, gramatura / espessura: cerca de 60, material: papel grau cirúrgico, tamanho: cerca de 40, tipo uso: uso único","RO",280.0,1.0,280.0]
["30/2026","Aprovada",null,"MATERIAIS HOSPITALARES (INSTRUMENTOS, VESTUÁRIOS E EPI'S)","BENS",153052.0,"2026-03-02","2026-06-12",102.0,"IPTSP - INSTITUTO DE PATOLOGIA TROPICAL E SAÚDE PÚBLICA","141/2025","Médio",114.0,"2026-07-31","Material",6515.0,"Instrumentos, equipamentos e suprimentos médicos  e  cirúrgicos",17428.0,"Seringa",440635.0,"adicional: graduada (escala ui), numerada, apresentação: embalagem individual, capacidade: 1, componente adicional: c/ sistema segurança segundo nr/32, esterilidade: estéril, descartável, material: polipropileno, tipo agulha: c/ agulha 30 g x 5/16, tipo bico: bico central luer lock ou slip, tipo vedação: êmbolo de borracha\"","EMB",31.5,2.0,63.0]
["30/2026","Aprovada",null,"MATERIAIS HOSPITALARES (INSTRUMENTOS, VESTUÁRIOS E EPI'S)","BENS",153052.0,"2026-03-02","2026-06-12",102.0,"FEN - FACULDADE DE ENFERMAGEM","249/2025","Alto",1.0,"2026-05-01","Material",6515.0,"Instrumentos, equipamentos e suprimentos médicos  e  cirúrgicos",{"$nulls":5},1000.0,1.0,1000.0]
["30/2026","Aprovada",null,"MATERIAIS HOSPITALARES (INSTRUMENTOS, VESTUÁRIOS E EPI'S)","BENS",153052.0,"2026-03-02","2026-06-12",102.0,"FEN - FACULDADE DE ENFERMAGEM","250/2025","Alto",1.0,"2026-06-01","Material",6515.0,"Instrumentos, equipamentos e suprimentos médicos  e  cirúrgicos",{"$nulls":5},1000.0,1.0,1000.0]
["30/2026","Aprovada",null,"MATERIAIS HOSPITALARES (INSTRUMENTOS, VESTUÁRIOS E EPI'S)","BENS",153052.0,"2026-03-02","2026-06-12",102.0,"IPTSP - INSTITUTO DE PATOLOGIA TROPICAL E SAÚDE PÚBLICA","141/2025","Médio",122.0,"2026-07-31","Material",6532.0,"Vestuário hospitalar e cirúrgico e itens correlatos de  finalidades especiais",30247.0,"Luva P/ Procedimento De Saúde Não Cirúrgico C/ Anvisa",619855.0,"cor: c/ cor, esterilidade: não estéril, uso único, formato: ambidestra, material: borracha natural - látex, pó: sem pó, superfície: superfície texturizada, tamanho: grande - g","EMB",17.99,5.0,89.95]
["30/2026","Aprovada",null,"MATERIAIS HOSPITALARES (INSTRUMENTOS, VESTUÁRIOS E EPI'S)","BENS",153052.0,"2026-03-02","2026-06-12",102.0,"CEPAE - CENTRO DE ENSINO E PESQUISA APLICADA À EDUCAÇÃO","257/2025","Médio",1.0,"2026-03-02","Material",8415.0,"VESTUÁRIO PARA FINS ESPECIAIS",8518.0,"JALECO",392742.0,"CARACTERÍSTICAS ADICIONAIS: FECHAMENTO EM TRANSPASSE LATERAL/TRIPLA AMARRAÇÃO, MATERIAL: 100% POLIPROPILENO, TAMANHO: GG, TIPO: DESCARTÁVEL, TIPO MANGA: MANGA LONGA E PUNHO COM ELÁSTICO, TIPO TECIDO: ATÓXICO/POROSO/SEM LATÉX/HIPOALERGÊNCICO, USO: MÉDICO HOSPITALAR","PCT",33.9,50.0,1695.0]
["30/2026","Aprovada",null,"MATERIAIS HOSPITALARES (INSTRUMENTOS, VESTUÁRIOS E EPI'S)","BENS",153052.0,"2026-03-02","2026-06-12",102.0,"CEPAE - CENTRO DE ENSINO E PESQUISA APLICADA À EDUCAÇÃO","257/2025","Médio",2.0,"2026-03-02","Material",8415.0,"VESTUÁRIO PARA FINS ESPECIAIS",8518.0,"JALECO",392739.0,"CARACTERÍSTICAS ADICIONAIS: FECHAMENTO EM TRANSPASSE LATERAL/TRIPLA AMARRAÇÃO, MATERIAL: 100% POLIPROPILENO, TAMANHO: G, TIPO: DESCARTÁVEL, TIPO MANGA: MANGA LONGA E PUNHO COM ELÁSTICO, TIPO TECIDO: ATÓXICO/POROSO/SEM LATÉX/HIPOALERGÊNCICO, USO: MÉDICO HOSPITALAR","PCT",33.9,50.0,1695.0]
["30/2026","Aprovada",null,"MATERIAIS HOSPITALARES (INSTRUMENTOS, VESTUÁRIOS E EPI'S)","BENS",153052.0,"2026-03-02","2026-06-12",102.0,"CEPAE - CENTRO DE ENSINO E PESQUISA APLICADA À EDUCAÇÃO","257/2025","Médio",3.0,"2026-03-02","Material",8415.0,"Vestuário para fins especiais",8518.0,"Jaleco",392740.0,"características adicionais: fechamento em transpasse lateral/tripla amarração, material: 100% polipropileno, tamanho: m, tipo: descartável, tipo manga: manga longa e punho com elástico, tipo tecido: atóxico/poroso/sem latéx/hipoalergêncico, uso: médico hospitalar","PCT",33.9,100.0,3390.0]
["30/2026","Aprovada",null,"MATERIAIS HOSPITALARES (INSTRUMENTOS, VESTUÁRIOS E EPI'S)","BENS",153052.0,"2026-03-02","2026-06-12",102.0,"CEPAE - CENTRO DE ENSINO E PESQUISA APLICADA À EDUCAÇÃO","257/2025","Médio",4.0,"2026-03-02","Material",8415.0,"Vestuário para fins especiais",8518.0,"Jaleco",392741.0,"características adicionais: fechamento em transpasse lateral/tripla amarração, material: 100% polipropileno, tamanho: p, tipo: descartável, tipo manga: manga longa e punho com elástico, tipo tecido: atóxico/poroso/sem latéx/hipoalergêncico, uso: médico hospitalar","PCT",33.9,100.0,3390.0]
["30/2026","Aprovada",null,"MATERIAIS HOSPITALARES (INSTRUMENTOS, VESTUÁRIOS E EPI'S)","BENS",153052.0,"2026-03-02","2026-06-12",102.0,"EECA - ESCOLA DE ENGENHARIA CIVIL E AMBIENTAL","293/2025","Alto",1.0,"2026-10-30","Material",6532.0,"Vestuário Hospitalar E Cirúrgico E Itens Correlatos De  Finalidades Especiais",30247.0,"Luva P/ Procedimento De Saúde Não Cirúrgico C/ Anvisa",619859.0,"cor: c/ cor, embalagem: par em embalagem individual, esterilidade: estéril, uso único, formato: ambidestra, material: borracha natural - látex, pó: com pó bioabsorvível, superfície: superfície lisa, tamanho: grande - g","EMB",55.0,42.0,2310.0]
["30/2026","Aprovada",null,"MATERIAIS HOSPITALARES (INSTRUMENTOS, VESTUÁRIOS E EPI'S)","BENS",153052.0,"2026-03-02","2026-06-12",102.0,"EECA - ESCOLA DE ENGENHARIA CIVIL E AMBIENTAL","293/2025","Alto",2.0,"2026-10-30","Material",6532.0,"Vestuário Hospitalar E Cirúrgico E Itens Correlatos De  Finalidades Especiais",30247.0,"Luva P/ Procedimento De Saúde Não Cirúrgico C/ Anvisa",619858.0,"cor: c/ cor, embalagem: par em embalagem individual, esterilidade: estéril, uso único, formato: ambidestra, material: borracha natural - látex, pó: com pó bioabsorvível, superfície: superfície lisa, tamanho: médio - m","EMB",55.0,42.0,2310.0]
["30/2026","Aprovada",null,"MATERIAIS HOSPITALARES (INSTRUMENTOS, VESTUÁRIOS E EPI'S)","BENS",153052.0,"2026-03-02","2026-06-12",102.0,"EECA - ESCOLA DE ENGENHARIA CIVIL E AMBIENTAL","293/2025","Alto",3.0,"2026-10-30","Material",6532.0,"Vestuário Hospitalar E Cirúrgico E Itens Correlatos De  Finalidades Especiais",30247.0,"Luva P/ Procedimento De Saúde Não Cirúrgico C/ Anvisa",619857.0,"cor: c/ cor, embalagem: par em embalagem individual, esterilidade: estéril, uso único, formato: ambidestra, material: borracha natural - látex, pó: com pó bioabsorvível, superfície: superfície lisa, tamanho: pequeno - p","EMB",50.0,42.0,2100.0]
["30/2026","Aprovada",null,"MATERIAIS HOSPITALARES (INSTRUMENTOS, VESTUÁRIOS E EPI'S)","BENS",153052.0,"2026-03-02","2026-06-12",102.0,"EECA - ESCOLA DE ENGENHARIA CIVIL E AMBIENTAL","293/2025","Alto",9.0,"2026-10-30","Material",6515.0,"Instrumentos, equipamentos e suprimentos médicos  e  cirúrgicos",9410.0,"Máscara Descartável Uso Geral",385112.0,"características adicionais: grampo ajuste nasal em alumínio, material: fibra de poliéster, tipo fixação: tira elástica","CX",50.0,10.0,500.0]
["30/2026","Aprovada",null,"MATERIAIS HOSPITALARES (INSTRUMENTOS, VESTUÁRIOS E EPI'S)","BENS",153052.0,"2026-03-02","2026-06-12",102.0,"IPTSP - INSTITUTO DE PATOLOGIA TROPICAL E SAÚDE PÚBLICA","141/2025","Médio",133.0,"2026-07-31","Material",6515.0,"Instrumentos, equipamentos e suprimentos médicos  e  cirúrgicos",19829.0,"Pinça Anatômica",468069.0,"componente: s/ cremalheira, comprimento total: cerca de 12, esterilidade: esterilizável, formato ponta: ponta reta, material: aço inoxidável, modelo 1: relojoeiro, tipo ponta: lisa","UN",27.1,5.0,135.5]
["30/2026","Aprovada",null,"MATERIAIS HOSPITALARES (INSTRUMENTOS, VESTUÁRIOS E EPI'S)","BENS",153052.0,"2026-03-02","2026-06-12",102.0,"IPTSP - INSTITUTO DE PATOLOGIA TROPICAL E SAÚDE PÚBLICA","141/2025","Médio",134.0,"2026-07-31","Material",6515.0,"Instrumentos, equipamentos e suprimentos médicos  e  cirúrgicos",19829.0,"Pinça Anatômica",476091.0,"componente: s/ cremalheira, comprimento total: cerca de 14, esterilidade: esterilizável, formato ponta: ponta curva, material: aço inoxidável, modelo 2: micro plataforma, tipo ponta: lisa","UN",11.9,4.0,47.6]
["30/2026","Aprovada",null,"MATERIAIS HOSPITALARES (INSTRUMENTOS, VESTUÁRIOS E EPI'S)","BENS",153052.0,"2026-03-02","2026-06-12",102.0,"FF - FACULDADE DE FÁRMACIA","193/2025","Médio",33.0,"2026-08-01","Material",6532.0,"VESTUÁRIO HOSPITALAR E CIRÚRGICO E ITENS CORRELATOS DE  FINALIDADES ESPECIAIS",30247.0,"LUVA P/ PROCEDIMENTO DE SAÚDE NÃO CIRÚRGICO C/ ANVISA",619859.0,"COR: C/ COR, EMBALAGEM: PAR EM EMBALAGEM INDIVIDUAL, ESTERILIDADE: ESTÉRIL, USO ÚNICO, FORMATO: AMBIDESTRA, MATERIAL: BORRACHA NATURAL - LÁTEX, PÓ: COM PÓ BIOABSORVÍVEL, SUPERFÍCIE: SUPERFÍCIE LISA, TAMANHO: GRANDE - G","EMB",29.0,100.0,2900.0]
["30/2026","Aprovada",null,"MATERIAIS HOSPITALARES (INSTRUMENTOS, VESTUÁRIOS E EPI'S)","BENS",153052.0,"2026-03-02","2026-06-12",102.0,"FCT- FACULDADE DE CIÊNCIAS E TECNOLOGIA","342/2025","Médio",1.0,"2026-06-15","Material",4240.0,"Equipamento para segurança e salvamento",13711.0,"Máscara Multiuso",479905.0,"características adicionais: com 2 filtros laterais substituíveis, finalidade: odores, poluição, germes, bactérias, material: pvc, tamanho: único, tipo correia: ajustável ao rosto, tipo uso: reutilizável","UN",40.0,7.0,280.0]
["30/2026","Aprovada",null,"MATERIAIS HOSPITALARES (INSTRUMENTOS, VESTUÁRIOS E EPI'S)","BENS",153052.0,"2026-03-02","2026-06-12",102.0,"FCT- FACULDADE DE CIÊNCIAS E TECNOLOGIA","342/2025","Médio",2.0,"2026-06-15","Material",4240.0,"Equipamento para segurança e salvamento",13722.0,"Luva Segurança",613245.0,"aplicação: soldador, características adicionais: costurado com fio kevlar, forrada até o punho, material: raspa de couro, tamanho: variado","PAR",70.0,10.0,700.0]
["30/2026","Aprovada",null,"MATERIAIS HOSPITALARES (INSTRUMENTOS, VESTUÁRIOS E EPI'S)","BENS",153052.0,"2026-03-02","2026-06-12",102.0,"FCT- FACULDADE DE CIÊNCIAS E TECNOLOGIA","342/2025","Médio",3.0,"2026-06-15","Material",4240.0,"Equipamento para segurança e salvamento",419.0,"Luva De Proteção",626303.0,"acabamento palma: antiderrapante, aplicação: limpeza, características adicionais: antiderrapante (grip de bolinhas), finalidade: epi - equipamento de proteção individual, material: latéx, tamanho: grande","PAR",12.0,40.0,480.0]
["30/2026","Aprovada",null,"MATERIAIS HOSPITALARES (INSTRUMENTOS, VESTUÁRIOS E EPI'S)","BENS",153052.0,"2026-03-02","2026-06-12",102.0,"FCT- FACULDADE DE CIÊNCIAS E TECNOLOGIA","342/2025","Médio",4.0,"2026-06-15","Material",4240.0,"EQUIPAMENTO PARA SEGURANÇA E SALVAMENTO",30032.0,"MÁSCARA PROTEÇÃO RESP. C/ ANVISA",485531.0,"ADICIONAL: CARVÃO ATIVADO, ADICIONAL 2: S/ VÁLVULA, CLASSE: PFF2, N95 OU EQUIVALENTE, COMPONENTE: CLIPE NASAL, COR: C/ COR, ESTERILIDADE: DESCARTÁVEL, FILTRO: EFICIÊNCIA FILTRAÇÃO MÍN. 94% S, MATERIAL: CAMADAS FIBRAS SINTÉTICAS, MODELO: RESPIRADOR TIPO CONCHA, TAMANHO: ADULTO, TIPO FIXAÇÃO: TIRAS VEDAÇÃO ANATÔMICA","UN",2.0,300.0,600.0]
["30/2026","Aprovada",null,"MATERIAIS HOSPITALARES (INSTRUMENTOS, VESTUÁRIOS E EPI'S)","BENS",153052.0,"2026-03-02","2026-06-12",102.0,"FCT- FACULDADE DE CIÊNCIAS E TECNOLOGIA","342/2025","Médio",5.0,"2026-06-15","Material",8415.0,"Vestuário para fins especiais",1203.0,"Avental",620990.0,"aplicação: proteção, características adicionais: com mangas longas com punho, cor: branca, gramatura: 50, material: tnt, tamanho: sob medida, tipo: descartável","UN",5.0,10.0,50.0]
["30/2026","Aprovada",null,"MATERIAIS HOSPITALARES (INSTRUMENTOS, VESTUÁRIOS E EPI'S)","BENS",153052.0,"2026-03-02","2026-06-12",102.0,"FCT- FACULDADE DE CIÊNCIAS E TECNOLOGIA","342/2025","Médio",6.0,"2026-06-15","Material",8415.0,"Vestuário para fins especiais",1203.0,"Avental",620990.0,"aplicação: proteção, características adicionais: com mangas longas com punho, cor: branca, gramatura: 50, material: tnt, tamanho: sob medida, tipo: descartável","UN",60.0,5.0,300.0]
["30/2026","Aprovada",null,"MATERIAIS HOSPITALARES (INSTRUMENTOS, VESTUÁRIOS E EPI'S)","BENS",153052.0,"2026-03-02","2026-06-12",102.0,"FCT- FACULDADE DE CIÊNCIAS E TECNOLOGIA","342/2025","Médio",7.0,"2026-06-15","Material",4240.0,"Equipamento para segurança e salvamento",1377.0,"Óculos Proteção",312489.0,"aplicação: odontologia, características adicionais: proteção mínima de 99% uva e uvb, pinos metálicos, cor armação: incolor, cor lente: incolor, material armação: náilon flexível, material lente: policarbonato, tipo fixação: haste ajustáveis tipo espátula","UN",4.0,100.0,400.0]
["30/2026","Aprovada",null,"MATERIAIS HOSPITALARES (INSTRUMENTOS, VESTUÁRIOS E EPI'S)","BENS",153052.0,"2026-03-02","2026-06-12",102.0,"FCT- FACULDADE DE CIÊNCIAS E TECNOLOGIA","342/2025","Médio",8.0,"2026-06-15","Material",6515.0,"Instrumentos, equipamentos e suprimentos médicos  e  cirúrgicos",30247.0,"Luva P/ Procedimento De Saúde Não Cirúrgico C/ Anvisa",619849.0,"cor: c/ cor, esterilidade: não estéril, uso único, formato: ambidestra, material: borracha natural - látex, pó: com pó bioabsorvível, superfície: superfície texturizada, tamanho: pequeno - p","EMB",50.0,1.0,50.0]
["30/2026","Aprovada",null,"MATERIAIS HOSPITALARES (INSTRUMENTOS, VESTUÁRIOS E EPI'S)","BENS",153052.0,"2026-03-02","2026-06-12",102.0,"FCT- FACULDADE DE CIÊNCIAS E TECNOLOGIA","342/2025","Médio",9.0,"2026-06-15","Material",6515.0,"Instrumentos, equipamentos e suprimentos médicos  e  cirúrgicos",30247.0,"Luva P/ Procedimento De Saúde Não Cirúrgico C/ Anvisa",619850.0,"cor: c/ cor, esterilidade: não estéril, uso único, formato: ambidestra, material: borracha natural - látex, pó: com pó bioabsorvível, superfície: superfície texturizada, tamanho: médio - m","EMB",50.0,1.0,50.0]
["30/2026","Aprovada",null,"MATERIAIS HOSPITALARES (INSTRUMENTOS, VESTUÁRIOS E EPI'S)","BENS",153052.0,"2026-03-02","2026-06-12",102.0,"FCT- FACULDADE DE CIÊNCIAS E TECNOLOGIA","342/2025","Médio",10.0,"2026-06-15","Material",6515.0,"Instrumentos, equipamentos e suprimentos médicos  e  cirúrgicos",30247.0,"Luva P/ Procedimento De Saúde Não Cirúrgico C/ Anvisa",619851.0,"cor: c/ cor, esterilidade: não estéril, uso único, formato: ambidestra, material: borracha natural - látex, pó: com pó bioabsorvível, superfície: superfície texturizada, tamanho: grande - g","EMB",50.0,1.0,50.0]
["30/2026","Aprovada",null,"MATERIAIS HOSPITALARES (INSTRUMENTOS, VESTUÁRIOS E EPI'S)","BENS",153052.0,"2026-03-02","2026-06-12",102.0,"FCT- FACULDADE DE CIÊNCIAS E TECNOLOGIA","342/2025","Médio",11.0,"2026-06-15","Material",4240.0,"Equipamento para segurança e salvamento",8958.0,"Luva Borracha",366699.0,"características adicionais: anatômica, antiderrapante, material: látex, tamanho: médio, tipo: cano longo","PAR",20.0,5.0,100.0]
["30/2026","Aprovada",null,"MATERIAIS HOSPITALARES (INSTRUMENTOS, VESTUÁRIOS E EPI'S)","BENS",153052.0,"2026-03-02","2026-06-12",102.0,"FCT- FACULDADE DE CIÊNCIAS E TECNOLOGIA","342/2025","Médio",12.0,"2026-06-15","Material",4240.0,"Equipamento para segurança e salvamento",1415.0,"Bota Segurança",624508.0,"características adicionais: biqueira de pvc, com cadarço, cor: marrom, material: couro, material sola: borracha, tamanho: sob medida, tipo cano: curto, tipo uso: proteção","PAR",45.0,1.0,45.0]
["30/2026","Aprovada",null,"MATERIAIS HOSPITALARES (INSTRUMENTOS, VESTUÁRIOS E EPI'S)","BENS",153052.0,"2026-03-02","2026-06-12",102.0,"FCT- FACULDADE DE CIÊNCIAS E TECNOLOGIA","351/2025","Médio",19.0,"2026-06-15","Material",9420.0,"Fibras vegetais, animais e sintéticas",18085.0,"Algodão Uso Médico",279727.0,"apresentação: em bolas, esterilidade: não estéril, material: alvejado, purificado, isento de impurezas, tipo: hidrófilo","EMB",12.0,50.0,600.0]
["30/2026","Aprovada",null,"MATERIAIS HOSPITALARES (INSTRUMENTOS, VESTUÁRIOS E EPI'S)","BENS",153052.0,"2026-03-02","2026-06-12",102.0,"FANUT - FACULDADE DE NUTRIÇÃO","324/2025","Médio",40.0,"2026-12-01","Material",6515.0,"Instrumentos, equipamentos e suprimentos médicos  e  cirúrgicos",18087.0,"Frasco - Tipo Almotolia",421821.0,"capacidade: 1.000, cor: transparente, material: polietileno (plástico), tipo bico: bico curvo, tipo tampa: tampa em rosca","UN",15.5,4.0,62.0]
["30/2026","Aprovada",null,"MATERIAIS HOSPITALARES (INSTRUMENTOS, VESTUÁRIOS E EPI'S)","BENS",153052.0,"2026-03-02","2026-06-12",102.0,"CEPAE - CENTRO DE ENSINO E PESQUISA APLICADA À EDUCAÇÃO","622/2025","Alto",1.0,"2026-02-02","Material",8415.0,"Vestuário para fins especiais",8974.0,"Luva Proteção",435861.0,"aplicação: proteção térmica, características adicionais: resistente a temperatura até 250 ºc, formato: anatômico, material: silicone, tamanho cano: 35 cm, tipo: ambidestra/antiderrapante/impermeável","PAR",211.0,2.0,422.0]
["30/2026","Aprovada",null,"MATERIAIS HOSPITALARES (INSTRUMENTOS, VESTUÁRIOS E EPI'S)","BENS",153052.0,"2026-03-02","2026-06-12",102.0,"CEPAE - CENTRO DE ENSINO E PESQUISA APLICADA À EDUCAÇÃO","622/2025","Alto",2.0,"2026-02-02","Material",4240.0,"Equipamento para segurança e salvamento",13722.0,"Luva Segurança",342889.0,"aplicação: segurança e proteção individual., material: malha em aço, tamanho: m","PAR",367.0,2.0,734.0]
["30/2026","Aprovada",null,"MATERIAIS HOSPITALARES (INSTRUMENTOS, VESTUÁRIOS E EPI'S)","BENS",153052.0,"2026-03-02","2026-06-12",102.0,"GOIAS - REGIONAL GOIAS","701/2025","Alto",24.0,"2026-07-01","Material",4240.0,"Equipamento para segurança e salvamento",1377.0,"Óculos Proteção",608634.0,"aplicação: proteção dos olhos, contra poeira e resíduos do ar, características adicionais: uva/uvb/ajuste comprimento hastes, cor armação: amarela/preta, cor lente: incolor, material armação: polímero, material lente: policarbonato, tipo lente: anti-risco, tipo proteção: lateral/frontal","UN",5.0,10.0,50.0]
["30/2026","Aprovada",null,"MATERIAIS HOSPITALARES (INSTRUMENTOS, VESTUÁRIOS E EPI'S)","BENS",153052.0,"2026-03-02","2026-06-12",102.0,"CC - CENTRO CULTURAL","742/2025","Médio",1.0,"2026-06-22","Material",8415.0,"Vestuário para fins especiais",419.0,"Luva De Proteção",618825.0,"aplicação: uso geral, material: 100% algodão, tamanho: variados, tipo punho: sem punho, tipo uso: reutilizável","PAR",230.0,5.0,1150.0]
["30/2026","Aprovada",null,"MATERIAIS HOSPITALARES (INSTRUMENTOS, VESTUÁRIOS E EPI'S)","BENS",153052.0,"2026-03-02","2026-06-12",102.0,"PRPI - PRO-REITORIA DE PESQUISA E INOVAÇÃO","948/2025","Alto",1.0,"2026-03-31","Material",8415.0,"Vestuário para fins especiais",8518.0,"Jaleco",342908.0,"características adicionais: comprido, botão de pressão, punho malha sanfonada, cor: branca, material: tnt, quantidade botões: 4, tamanho: gg, tipo: descartável, tipo gola: padre, tipo manga: comprida","PCT",30.0,50.0,1500.0]
["30/2026","Aprovada",null,"MATERIAIS HOSPITALARES (INSTRUMENTOS, VESTUÁRIOS E EPI'S)","BENS",153052.0,"2026-03-02","2026-06-12",102.0,"PRPI - PRO-REITORIA DE PESQUISA E INOVAÇÃO","948/2025","Alto",2.0,"2026-03-31","Material",6532.0,"Vestuário hospitalar e cirúrgico e itens correlatos de  finalidades especiais",30247.0,"Luva P/ Procedimento De Saúde Não Cirúrgico C/ Anvisa",619842.0,"cor: c/ cor, esterilidade: não estéril, uso único, formato: ambidestra, material: borracha natural - látex, pó: com pó bioabsorvível, superfície: superfície lisa, tamanho: grande - g","EMB",40.0,35.0,1400.0]
["30/2026","Aprovada",null,"MATERIAIS HOSPITALARES (INSTRUMENTOS, VESTUÁRIOS E EPI'S)","BENS",153052.0,"2026-03-02","2026-06-12",102.0,"PRPI - PRO-REITORIA DE PESQUISA E INOVAÇÃO","948/2025","Alto",3.0,"2026-03-31","Material",6532.0,"Vestuário hospitalar e cirúrgico e itens correlatos de  finalidades especiais",30247.0,"Luva P/ Procedimento De Saúde Não Cirúrgico C/ Anvisa",619841.0,"cor: c/ cor, esterilidade: não estéril, uso único, formato: ambidestra, material: borracha natural - látex, pó: com pó bioabsorvível, superfície: superfície lisa, tamanho: médio - m","EMB",40.0,35.0,1400.0]
["30/2026","Aprovada",null,"MATERIAIS HOSPITALARES (INSTRUMENTOS, VESTUÁRIOS E EPI'S)","BENS",153052.0,"2026-03-02","2026-06-12",102.0,"PRPI - PRO-REITORIA DE PESQUISA E INOVAÇÃO","948/2025","Alto",4.0,"2026-03-31","Material",6532.0,"Vestuário hospitalar e cirúrgico e itens correlatos de  finalidades especiais",30247.0,"Luva P/ Procedimento De Saúde Não Cirúrgico C/ Anvisa",619840.0,"cor: c/ cor, esterilidade: não estéril, uso único, formato: ambidestra, material: borracha natural - látex, pó: com pó bioabsorvível, superfície: superfície lisa, tamanho: pequeno - p","EMB",40.0,35.0,1400.0]
["30/2026","Aprovada",null,"MATERIAIS HOSPITALARES (INSTRUMENTOS, VESTUÁRIOS E EPI'S)","BENS",153052.0,"2026-03-02","2026-06-12",102.0,"PRPI - PRO-REITORIA DE PESQUISA E INOVAÇÃO","948/2025","Alto",5.0,"2026-03-31","Material",6532.0,"Vestuário hospitalar e cirúrgico e itens correlatos de  finalidades especiais",30029.0,"Máscara Cirúrgica",485312.0,"cor: c/ cor, eficiência: efp maior que 98% e bfe maior que 95%, esterilidade: descartável, filtro: elemento filtrante interno, formato: retangular, c/ pregas horizontais, material: não tecido 100% polipropileno, modelo: ajustável, clipe nasal, quantidade camadas: mínimo 3 camadas, tamanho: adulto","UN",30.0,30.0,900.0]
["30/2026","Aprovada",null,"MATERIAIS HOSPITALARES (INSTRUMENTOS, VESTUÁRIOS E EPI'S)","BENS",153052.0,"2026-03-02","2026-06-12",102.0,"PRPI - PRO-REITORIA DE PESQUISA E INOVAÇÃO","948/2025","Alto",6.0,"2026-03-31","Material",6532.0,"Vestuário hospitalar e cirúrgico e itens correlatos de  finalidades especiais",437.0,"Touca Hospitalar",428620.0,"característica adicional 01: hipoalergênica, atóxica, inodora, unissex, cor*: sem cor, gramatura*: cerca de 30, material*: não tecido 100% polipropileno, modelo: com elástico em toda volta, tamanho*: único, tipo uso*: descartável","EMB",30.0,20.0,600.0]
["2026-08-01","Aprovada",null,"COMPUTADORES, NOTEBOOKS E MONITORES - TIC","CONTRATACOES_TIC",153052.0,"2026-01-26","2026-07-24",179.0,"FEN - FACULDADE DE ENFERMAGEM","102/2025","Alto",1.0,"2026-07-01","Material",7010.0,"Computadores",{"$nulls":5},23500.0,1.0,23500.0]
["2026-08-01","Aprovada",null,"COMPUTADORES, NOTEBOOKS E MONITORES - TIC","CONTRATACOES_TIC",153052.0,"2026-01-26","2026-07-24",179.0,"FF - FACULDADE DE FÁRMACIA","193/2025","Médio",22.0,"2026-08-01","Material",7010.0,"COMPUTADORES",6661.0,"MICROCOMPUTADOR",469148.0,"ARMAZENAMENTO HDD: ATÉ 500, ARMAZENAMENTO SSD: SEM DISCO SSD, COMPONENTES ADICIONAIS: COM TECLADO E MOUSE, GARANTIA ON SITE: 12, MEMÓRIA RAM: 5 A 8, MONITOR: ATÉ 20, NÚCLEOS POR PROCESSADOR: ATÉ 4, SISTEMA OPERACIONAL: PROPRIETÁRIO","UN",6000.0,1.0,6000.0]
["2026-08-01","Aprovada",null,"COMPUTADORES, NOTEBOOKS E MONITORES - TIC","CONTRATACOES_TIC",153052.0,"2026-01-26","2026-07-24",179.0,"FF - FACULDADE DE FÁRMACIA","193/2025","Médio",23.0,"2026-08-01","Material",7010.0,"COMPUTADORES",8435.0,"NOTEBOOK",451924.0,"ALIMENTAÇÃO: BIVOLT AUTOMÁTICA, ARMAZENAMENTO HDD: 1, ARMAZENAMENTO SSD: SEM DISCO SSD, BATERIA: ATÉ 4 CÉLULAS, GARANTIA ON SITE: 36, INTERATIVIDADE DA TELA: SEM INTERATIVIDADE, MEMÓRIA RAM: 5 A 8, NÚCLEOS POR PROCESSADOR: ATÉ 4, SISTEMA OPERACIONAL: OPEN SOURCE, TELA: SUPERIOR A 14","UN",7000.0,1.0,7000.0]
["2026-08-01","Aprovada",null,"COMPUTADORES, NOTEBOOKS E MONITORES - TIC","CONTRATACOES_TIC",153052.0,"2026-01-26","2026-07-24",179.0,"CEPAE - CENTRO DE ENSINO E PESQUISA APLICADA À EDUCAÇÃO","167/2025","Médio",6.0,"2026-03-02","Material",7010.0,"COMPUTADORES",8435.0,"NOTEBOOK",617766.0,"ALIMENTAÇÃO: BIVOLT AUTOMÁTICA, ARMAZENAMENTO HDD: 480 A 1.000, ARMAZENAMENTO SSD: MINIMO DE 1 TB, BATERIA: DEFINIDO PELO FABRICANTE, GARANTIA ON SITE: 36, INTERATIVIDADE DA TELA: SEM INTERATIVIDADE, MEMÓRIA RAM: SUPERIOR A 8, NÚCLEOS POR PROCESSADOR: 4 A 8, SISTEMA OPERACIONAL: PROPRIETÁRIO, TELA: SUPERIOR A 14","UN",3100.0,20.0,62000.0]
["2026-08-01","Aprovada",null,"COMPUTADORES, NOTEBOOKS E MONITORES - TIC","CONTRATACOES_TIC",153052.0,"2026-01-26","2026-07-24",179.0,"ICB - INSTITUTO DE CIÊNCIAS BIOLÓGICAS","196/2025","Alto",1.0,"2026-08-31","Material",7010.0,"Computadores",8435.0,"Notebook",619126.0,"alimentação: bivolt automática, armazenamento hdd: sem disco hdd, armazenamento ssd: 310 a 500, bateria: minimo de 6 celulas, garantia on site: superior a 36, interatividade da tela: sem interatividade, memória ram: superior a 8, núcleos por processador: superior a 8, sistema operacional: proprietário, tela: superior a 14","UN",3700.0,1.0,3700.0]
["2026-08-01","Aprovada",null,"COMPUTADORES, NOTEBOOKS E MONITORES - TIC","CONTRATACOES_TIC",153052.0,"2026-01-26","2026-07-24",179.0,"ICB - INSTITUTO DE CIÊNCIAS BIOLÓGICAS","196/2025","Alto",2.0,"2026-08-31","Material",7010.0,"Computadores",6661.0,"Microcomputador",471901.0,"armazenamento hdd: 1, armazenamento ssd: 110 a 300, componentes adicionais: com teclado e mouse, gabinete: compacto, garantia on site: superior a 36, memória ram: superior a 8, monitor: 21 a 29, núcleos por processador: 4 a 8, sistema operacional: proprietário","UN",5500.0,1.0,5500.0]
["2026-08-01","Aprovada",null,"COMPUTADORES, NOTEBOOKS E MONITORES - TIC","CONTRATACOES_TIC",153052.0,"2026-01-26","2026-07-24",179.0,"ICB - INSTITUTO DE CIÊNCIAS BIOLÓGICAS","196/2025","Alto",3.0,"2026-08-31","Material",7010.0,"Computadores",6661.0,"Microcomputador",472633.0,"armazenamento hdd: sem disco hdd, armazenamento ssd: 310 a 500, componentes adicionais: com teclado e mouse, gabinete: ultracompacto, garantia on site: superior a 36, memória ram: superior a 8, monitor: sem monitor, núcleos por processador: 4 a 8, sistema operacional: proprietário","UN",5047.0,1.0,5047.0]
["2026-08-01","Aprovada",null,"COMPUTADORES, NOTEBOOKS E MONITORES - TIC","CONTRATACOES_TIC",153052.0,"2026-01-26","2026-07-24",179.0,"ICB - INSTITUTO DE CIÊNCIAS BIOLÓGICAS","196/2025","Alto",4.0,"2026-08-31","Material",7060.0,"Peças e acessórios para computadores",6669.0,"Monitor Computador",606908.0,"ajuste: ajuste de rotação, altura e inclinação do display, alimentação: bivolt, formato tela: widescreen, garantia on site: 12, interatividade da tela: sem interatividade, qualidade de imagem: 4 k, tamanho tela: 23 a 30, tipo de tela: led","UN",1199.0,1.0,1199.0]
["2026-08-01","Aprovada",null,"COMPUTADORES, NOTEBOOKS E MONITORES - TIC","CONTRATACOES_TIC",153052.0,"2026-01-26","2026-07-24",179.0,"ICB - INSTITUTO DE CIÊNCIAS BIOLÓGICAS","196/2025","Alto",5.0,"2026-08-31","Material",7010.0,"Computadores",6661.0,"Microcomputador",618577.0,"armazenamento hdd: sem disco hdd, armazenamento ssd: 310 a 500, componentes adicionais: com teclado e mouse, gabinete: compacto, garantia on site: superior a 36, memória ram: superior a 8, monitor: 21 a 29, núcleos por processador: superior a 8, outros recursos: conforme edital, sistema operacional: proprietário","UN",3818.0,1.0,3818.0]
["2026-08-01","Aprovada",null,"COMPUTADORES, NOTEBOOKS E MONITORES - TIC","CONTRATACOES_TIC",153052.0,"2026-01-26","2026-07-24",179.0,"ICB - INSTITUTO DE CIÊNCIAS BIOLÓGICAS","196/2025","Alto",6.0,"2026-08-31","Material",7010.0,"Computadores",6661.0,"Microcomputador",471901.0,"armazenamento hdd: 1, armazenamento ssd: 110 a 300, componentes adicionais: com teclado e mouse, gabinete: compacto, garantia on site: superior a 36, memória ram: superior a 8, monitor: 21 a 29, núcleos por processador: 4 a 8, sistema operacional: proprietário","UN",5457.0,1.0,5457.0]
["2026-08-01","Aprovada",null,"COMPUTADORES, NOTEBOOKS E MONITORES - TIC","CONTRATACOES_TIC",153052.0,"2026-01-26","2026-07-24",179.0,"CEPAE - CENTRO DE ENSINO E PESQUISA APLICADA À EDUCAÇÃO","197/2025","Médio",1.0,"2026-03-02","Material",7060.0,"Peças e acessórios para computadores",6669.0,"Monitor Computador",625673.0,"ajuste: ajuste de rotação, altura e inclinação do display, alimentação: bivolt, formato tela: widescreen, garantia on site: 12, interatividade da tela: sem interatividade, qualidade de imagem: full hd, tamanho tela: 23 a 30, tipo de tela: led","UN",1700.0,2.0,3400.0]
["2026-08-01","Aprovada",null,"COMPUTADORES, NOTEBOOKS E MONITORES - TIC","CONTRATACOES_TIC",153052.0,"2026-01-26","2026-07-24",179.0,"CEPAE - CENTRO DE ENSINO E PESQUISA APLICADA À EDUCAÇÃO","197/2025","Médio",2.0,"2026-03-02","Material",7010.0,"Computadores",8435.0,"Notebook",609382.0,"alimentação: bivolt automática, armazenamento hdd: sem disco hdd, armazenamento ssd: superior a 500, bateria: até 4 células, garantia on site: 36, interatividade da tela: sem interatividade, memória ram: superior a 8, núcleos por processador: superior a 8, sistema operacional: proprietário, tela: superior a 14","UN",3500.0,3.0,10500.0]
["2026-08-01","Aprovada",null,"COMPUTADORES, NOTEBOOKS E MONITORES - TIC","CONTRATACOES_TIC",153052.0,"2026-01-26","2026-07-24",179.0,"CEPAE - CENTRO DE ENSINO E PESQUISA APLICADA À EDUCAÇÃO","201/2025","Médio",1.0,"2026-03-02","Material",7010.0,"Computadores",8435.0,"Notebook",613702.0,"alimentação: bivolt automática, armazenamento hdd: sem disco hdd, armazenamento ssd: superior a 500, bateria: definido pelo fabricante, garantia on site: 36, interatividade da tela: sem interatividade, memória ram: superior a 8, núcleos por processador: superior a 8, sistema operacional: proprietário, tela: superior a 14","UN",3500.0,4.0,14000.0]
["2026-08-01","Aprovada",null,"COMPUTADORES, NOTEBOOKS E MONITORES - TIC","CONTRATACOES_TIC",153052.0,"2026-01-26","2026-07-24",179.0,"CEPAE - CENTRO DE ENSINO E PESQUISA APLICADA À EDUCAÇÃO","206/2025","Médio",1.0,"2026-03-02","Material",7010.0,"Computadores",6661.0,"Microcomputador",471901.0,"armazenamento hdd: 1, armazenamento ssd: 110 a 300, componentes adicionais: com teclado e mouse, gabinete: compacto, garantia on site: superior a 36, memória ram: superior a 8, monitor: 21 a 29, núcleos por processador: 4 a 8, sistema operacional: proprietário","UN",2000.0,1.0,2000.0]
["2026-08-01","Aprovada",null,"COMPUTADORES, NOTEBOOKS E MONITORES - TIC","CONTRATACOES_TIC",153052.0,"2026-01-26","2026-07-24",179.0,"ICB - INSTITUTO DE CIÊNCIAS BIOLÓGICAS","196/2025","Alto",7.0,"2026-08-31","Material",7010.0,"Computadores",8435.0,"Notebook",617766.0,"alimentação: bivolt automática, armazenamento hdd: 480 a 1.000, armazenamento ssd: minimo de 1 tb, bateria: definido pelo fabricante, garantia on site: 36, interatividade da tela: sem interatividade, memória ram: superior a 8, núcleos por processador: 4 a 8, sistema operacional: proprietário, tela: superior a 14","UN",5500.0,1.0,5500.0]
["2026-08-01","Aprovada",null,"COMPUTADORES, NOTEBOOKS E MONITORES - TIC","CONTRATACOES_TIC",153052.0,"2026-01-26","2026-07-24",179.0,"FEFD - FACULDADE DE EDUCAÇÃO FÍSICA E DANÇA","217/2025","Alto",1.0,"2026-05-30","Material",7010.0,"Computadores",8435.0,"Notebook",485857.0,"alimentação: bivolt automática, armazenamento hdd: sem disco hdd, armazenamento ssd: superior a 500, bateria: superior a 4 células, garantia on site: superior a 36, interatividade da tela: sem interatividade, memória ram: superior a 8, núcleos por processador: até 4, sistema operacional: proprietário, tela: superior a 14","UN",4872.0,1.0,4872.0]
["2026-08-01","Aprovada",null,"COMPUTADORES, NOTEBOOKS E MONITORES - TIC","CONTRATACOES_TIC",153052.0,"2026-01-26","2026-07-24",179.0,"IPTSP - INSTITUTO DE PATOLOGIA TROPICAL E SAÚDE PÚBLICA","141/2025","Médio",127.0,"2026-07-31","Material",7010.0,"COMPUTADORES",6661.0,"MICROCOMPUTADOR",618577.0,"ARMAZENAMENTO HDD: SEM DISCO HDD, ARMAZENAMENTO SSD: 310 A 500, COMPONENTES ADICIONAIS: COM TECLADO E MOUSE, GABINETE: COMPACTO, GARANTIA ON SITE: SUPERIOR A 36, MEMÓRIA RAM: SUPERIOR A 8, MONITOR: 21 A 29, NÚCLEOS POR PROCESSADOR: SUPERIOR A 8, OUTROS RECURSOS: CONFORME EDITAL, SISTEMA OPERACIONAL: PROPRIETÁRIO","UN",5000.0,3.0,15000.0]
["2026-08-01","Aprovada",null,"COMPUTADORES, NOTEBOOKS E MONITORES - TIC","CONTRATACOES_TIC",153052.0,"2026-01-26","2026-07-24",179.0,"FH - FACULDADE DE HISTÓRIA","278/2025","Baixo",1.0,"2026-06-30","Material",7010.0,"Computadores",8435.0,"Notebook",618644.0,"alimentação: bivolt automática, armazenamento hdd: sem disco hdd, armazenamento ssd: minimo de 1 tb, bateria: pelo menos 40 wh, garantia on site: superior a 36, interatividade da tela: sem interatividade, memória ram: superior a 8, núcleos por processador: superior a 8, sistema operacional: proprietário, tela: até 14","UN",4000.0,2.0,8000.0]
["2026-08-01","Aprovada",null,"COMPUTADORES, NOTEBOOKS E MONITORES - TIC","CONTRATACOES_TIC",153052.0,"2026-01-26","2026-07-24",179.0,"FACE - FACULDADE DE ADMINISTRAÇÃO CIÊNCIAS CONTÁBEIS E CIÊNCIAS ECONÔMICAS","282/2025","Médio",1.0,"2026-05-29","Material",7010.0,"COMPUTADORES",6661.0,"MICROCOMPUTADOR",622948.0,"ARMAZENAMENTO HDD: SEM DISCO HDD, ARMAZENAMENTO SSD: SUPERIOR A 500, COMPONENTES ADICIONAIS: COM TECLADO E MOUSE, GABINETE: TORRE, GARANTIA ON SITE: 36, MEMÓRIA RAM: SUPERIOR A 8, MONITOR: 21 A 29, NÚCLEOS POR PROCESSADOR: SUPERIOR A 8, SISTEMA OPERACIONAL: PROPRIETÁRIO","UN",6654.645,4.0,26618.58]
["2026-08-01","Aprovada",null,"COMPUTADORES, NOTEBOOKS E MONITORES - TIC","CONTRATACOES_TIC",153052.0,"2026-01-26","2026-07-24",179.0,"PPG Psicologia - FE-TAXAS","298/2025","Médio",1.0,"2026-06-20","Material",7010.0,"COMPUTADORES",8435.0,"NOTEBOOK",626072.0,"ALIMENTAÇÃO: BIVOLT AUTOMÁTICA, ARMAZENAMENTO HDD: 3, ARMAZENAMENTO SSD: SUPERIOR A 500, BATERIA: ATÉ 4 CÉLULAS, GARANTIA ON SITE: 12, INTERATIVIDADE DA TELA: SEM INTERATIVIDADE, MEMÓRIA RAM: SUPERIOR A 8, NÚCLEOS POR PROCESSADOR: SUPERIOR A 8, SISTEMA OPERACIONAL: PROPRIETÁRIO, TELA: SUPERIOR A 14","UN",5200.0,1.0,5200.0]
["2026-08-01","Aprovada",null,"COMPUTADORES, NOTEBOOKS E MONITORES - TIC","CONTRATACOES_TIC",153052.0,"2026-01-26","2026-07-24",179.0,"EVZ - ESCOLA DE VETERINÁRIA E ZOOTECNIA","302/2025","Médio",1.0,"2026-09-03","Material",7010.0,"Computadores",6661.0,"Microcomputador",451723.0,"armazenamento hdd: 1, armazenamento ssd: 110 a 300, componentes adicionais: com teclado e mouse, garantia on site: 36, memória ram: superior a 8, monitor: 21 a 29, núcleos por processador: até 4, sistema operacional: open source","UN",7030.0,3.0,21090.0]
["2026-08-01","Aprovada",null,"COMPUTADORES, NOTEBOOKS E MONITORES - TIC","CONTRATACOES_TIC",153052.0,"2026-01-26","2026-07-24",179.0,"IME - INSTITUTO DE MATEMÁTICA E ESTATÍSTICA","327/2025","Alto",1.0,"2026-07-31","Material",7010.0,"COMPUTADORES",6661.0,"MICROCOMPUTADOR",618569.0,"ARMAZENAMENTO HDD: SEM DISCO HDD, ARMAZENAMENTO SSD: 110 A 300, COMPONENTES ADICIONAIS: COM TECLADO E MOUSE, GABINETE: COMPACTO, GARANTIA ON SITE: 36, MEMÓRIA RAM: SUPERIOR A 8, MONITOR: 21 A 29, NÚCLEOS POR PROCESSADOR: 4 A 8, OUTROS RECURSOS: CONFORME EDITAL, SISTEMA OPERACIONAL: PROPRIETÁRIO","UN",4850.0,5.0,24250.0]
["2026-08-01","Aprovada",null,"COMPUTADORES, NOTEBOOKS E MONITORES - TIC","CONTRATACOES_TIC",153052.0,"2026-01-26","2026-07-24",179.0,"FO - FACULDADE DE ODONTOLOGIA","329/2025","Baixo",1.0,"2026-05-01","Material",7010.0,"Computadores",6661.0,"Microcomputador",451723.0,"armazenamento hdd: 1, armazenamento ssd: 110 a 300, componentes adicionais: com teclado e mouse, garantia on site: 36, memória ram: superior a 8, monitor: 21 a 29, núcleos por processador: até 4, sistema operacional: open source","UN",8000.0,1.0,8000.0]
["2026-08-01","Aprovada",null,"COMPUTADORES, NOTEBOOKS E MONITORES - TIC","CONTRATACOES_TIC",153052.0,"2026-01-26","2026-07-24",179.0,"FO - FACULDADE DE ODONTOLOGIA","329/2025","Baixo",2.0,"2026-05-01","Material",7010.0,"Computadores",6661.0,"Microcomputador",620336.0,"armazenamento hdd: sem disco hdd, armazenamento ssd: até 2 tb, componentes adicionais: com teclado e mouse, gabinete: torre, garantia on site: 36, memória ram: 32, monitor: sem monitor, núcleos por processador: superior a 8, outros recursos: conforme edital, sistema operacional: proprietário","UN",11641.51,1.0,11641.51]
["2026-08-01","Aprovada",null,"COMPUTADORES, NOTEBOOKS E MONITORES - TIC","CONTRATACOES_TIC",153052.0,"2026-01-26","2026-07-24",179.0,"IME - INSTITUTO DE MATEMÁTICA E ESTATÍSTICA","327/2025","Alto",2.0,"2026-07-31","Material",7010.0,"Computadores",8435.0,"Notebook",601762.0,"alimentação: bivolt automática, armazenamento hdd: sem disco hdd, armazenamento ssd: 110 a 300, bateria: até 4 células, garantia on site: 36, interatividade da tela: sem interatividade, memória ram: superior a 8, núcleos por processador: 4 a 8, sistema operacional: proprietário, tela: superior a 14","UN",5000.0,3.0,15000.0]
["2026-08-01","Aprovada",null,"COMPUTADORES, NOTEBOOKS E MONITORES - TIC","CONTRATACOES_TIC",153052.0,"2026-01-26","2026-07-24",179.0,"FAFIL- FACULDADE DE FILOSOFIA","330/2025","Médio",1.0,"2026-09-30","Material",7010.0,"Computadores",6661.0,"Microcomputador",620952.0,"armazenamento hdd: sem disco hdd, armazenamento ssd: até 2 tb, componentes adicionais: com teclado e mouse, gabinete: ultracompacto, garantia on site: superior a 36, memória ram: superior a 8, monitor: 21 a 29, núcleos por processador: 4 a 8, outros recursos: conforme edital, sistema operacional: proprietário","UN",6018.95,1.0,6018.95]
["2026-08-01","Aprovada",null,"COMPUTADORES, NOTEBOOKS E MONITORES - TIC","CONTRATACOES_TIC",153052.0,"2026-01-26","2026-07-24",179.0,"FD - FACULDADE DE DIREITO","336/2025","Médio",1.0,"2026-04-30","Material",7010.0,"COMPUTADORES",8435.0,"NOTEBOOK",485857.0,"ALIMENTAÇÃO: BIVOLT AUTOMÁTICA, ARMAZENAMENTO HDD: SEM DISCO HDD, ARMAZENAMENTO SSD: SUPERIOR A 500, BATERIA: SUPERIOR A 4 CÉLULAS, GARANTIA ON SITE: SUPERIOR A 36, INTERATIVIDADE DA TELA: SEM INTERATIVIDADE, MEMÓRIA RAM: SUPERIOR A 8, NÚCLEOS POR PROCESSADOR: ATÉ 4, SISTEMA OPERACIONAL: PROPRIETÁRIO, TELA: SUPERIOR A 14","UN",7000.0,4.0,28000.0]
["2026-08-01","Aprovada",null,"COMPUTADORES, NOTEBOOKS E MONITORES - TIC","CONTRATACOES_TIC",153052.0,"2026-01-26","2026-07-24",179.0,"FD - FACULDADE DE DIREITO","345/2025","Médio",1.0,"2026-06-30","Material",7010.0,"COMPUTADORES",6669.0,"MONITOR COMPUTADOR",619127.0,"AJUSTE: COM REGULAGEM DE ALTURA, ALIMENTAÇÃO: BIVOLT, FORMATO TELA: WIDESCREEN, GARANTIA ON SITE: SUPERIOR A 36, INTERATIVIDADE DA TELA: SEM INTERATIVIDADE, QUALIDADE DE IMAGEM: FULL HD, TAMANHO TELA: ATÉ 22, TIPO DE TELA: LED","UN",700.0,6.0,4200.0]
["2026-08-01","Aprovada",null,"COMPUTADORES, NOTEBOOKS E MONITORES - TIC","CONTRATACOES_TIC",153052.0,"2026-01-26","2026-07-24",179.0,"FD - FACULDADE DE DIREITO","345/2025","Médio",2.0,"2026-06-30","Material",7010.0,"COMPUTADORES",6661.0,"MICROCOMPUTADOR",618577.0,"ARMAZENAMENTO HDD: SEM DISCO HDD, ARMAZENAMENTO SSD: 310 A 500, COMPONENTES ADICIONAIS: COM TECLADO E MOUSE, GABINETE: COMPACTO, GARANTIA ON SITE: SUPERIOR A 36, MEMÓRIA RAM: SUPERIOR A 8, MONITOR: 21 A 29, NÚCLEOS POR PROCESSADOR: SUPERIOR A 8, OUTROS RECURSOS: CONFORME EDITAL, SISTEMA OPERACIONAL: PROPRIETÁRIO","UN",3500.0,4.0,14000.0]
["2026-08-01","Aprovada",null,"COMPUTADORES, NOTEBOOKS E MONITORES - TIC","CONTRATACOES_TIC",153052.0,"2026-01-26","2026-07-24",179.0,"INF - INSTITUTO DE INFORMÁTICA","356/2025","Médio",1.0,"2026-06-30","Material",7010.0,"Computadores",6661.0,"Microcomputador",613033.0,"armazenamento hdd: sem disco hdd, armazenamento ssd: superior a 500, componentes adicionais: com teclado e mouse, gabinete: torre, garantia on site: 12, memória ram: 32, monitor: 21 a 29, núcleos por processador: 4 a 8, outros recursos: conforme edital, sistema operacional: open source","UN",6000.0,6.0,36000.0]
["2026-08-01","Aprovada",null,"COMPUTADORES, NOTEBOOKS E MONITORES - TIC","CONTRATACOES_TIC",153052.0,"2026-01-26","2026-07-24",179.0,"IF - INSTITUTO DE FÍSICA","364/2025","Médio",1.0,"2026-06-10","Material",7010.0,"Computadores",6661.0,"Microcomputador",622948.0,"armazenamento hdd: sem disco hdd, armazenamento ssd: superior a 500, componentes adicionais: com teclado e mouse, gabinete: torre, garantia on site: 36, memória ram: superior a 8, monitor: 21 a 29, núcleos por processador: superior a 8, sistema operacional: proprietário","UN",5677.34,1.0,5677.34]
["2026-08-01","Aprovada",null,"COMPUTADORES, NOTEBOOKS E MONITORES - TIC","CONTRATACOES_TIC",153052.0,"2026-01-26","2026-07-24",179.0,"FAV - FACULDADE DE ARTES VISUAIS","334/2025","Médio",18.0,"2026-12-01","Material",7010.0,"COMPUTADORES",6669.0,"MONITOR COMPUTADOR",626432.0,"AJUSTE: COM REGULAGEM DE ALTURA, ALIMENTAÇÃO: BIVOLT, FORMATO TELA: WIDESCREEN, GARANTIA ON SITE: 12, INTERATIVIDADE DA TELA: SEM INTERATIVIDADE, QUALIDADE DE IMAGEM: FULL HD, TAMANHO TELA: 23 A 30, TIPO DE TELA: LED","UN",800.0,5.0,4000.0]
["2026-08-01","Aprovada",null,"COMPUTADORES, NOTEBOOKS E MONITORES - TIC","CONTRATACOES_TIC",153052.0,"2026-01-26","2026-07-24",179.0,"PPG Direito e Políticas Públicas - FD-TAXAS","599/2025","Baixo",2.0,"2026-07-31","Material",7010.0,"COMPUTADORES",8435.0,"NOTEBOOK",482382.0,"ALIMENTAÇÃO: BIVOLT AUTOMÁTICA, ARMAZENAMENTO HDD: SEM DISCO HDD, ARMAZENAMENTO SSD: SUPERIOR A 500, BATERIA: SUPERIOR A 4 CÉLULAS, GARANTIA ON SITE: 36, INTERATIVIDADE DA TELA: SEM INTERATIVIDADE, MEMÓRIA RAM: SUPERIOR A 8, NÚCLEOS POR PROCESSADOR: 4 A 8, SISTEMA OPERACIONAL: PROPRIETÁRIO, TELA: SUPERIOR A 14","UN",5300.0,2.0,10600.0]
["2026-08-01","Aprovada",null,"COMPUTADORES, NOTEBOOKS E MONITORES - TIC","CONTRATACOES_TIC",153052.0,"2026-01-26","2026-07-24",179.0,"PPG Direito e Políticas Públicas - FD-TAXAS","599/2025","Baixo",4.0,"2026-07-31","Material",7010.0,"Computadores",6661.0,"Microcomputador",480442.0,"armazenamento hdd: superior a 4, armazenamento ssd: superior a 500, componentes adicionais: sem teclado e mouse, gabinete: torre, garantia on site: 24, memória ram: 32, monitor: sem monitor, núcleos por processador: superior a 8, sistema operacional: proprietário","UN",7500.0,3.0,22500.0]
["2026-08-01","Aprovada",null,"COMPUTADORES, NOTEBOOKS E MONITORES - TIC","CONTRATACOES_TIC",153052.0,"2026-01-26","2026-07-24",179.0,"PPG Assistência e Avaliação em Saúde - FF-TAXAS","597/2025","Médio",1.0,"2026-07-30","Material",7010.0,"COMPUTADORES",19246.0,"TABLET",609347.0,"ARMAZENAMENTO EXTERNO: SEM ARMAZENAMENTO EXTERNO, ARMAZENAMENTO INTERNO: SUPERIOR A 32, CONECTIVIDADE: WI-FI / 5G / BLUETOOTH, CÂMERA FRONTAL: SUPERIOR A 8, CÂMERA TRASEIRA: SUPERIOR A 13, MEMÓRIA RAM: MÍNIMO 8, PROCESSADOR: OCTA CORE OU SUPERIOR, SISTEMA OPERACIONAL: PROPRIETÁRIO, TELA: SUPERIOR A 10","UN",1340.0,1.0,1340.0]
["2026-08-01","Aprovada",null,"COMPUTADORES, NOTEBOOKS E MONITORES - TIC","CONTRATACOES_TIC",153052.0,"2026-01-26","2026-07-24",179.0,"FIC - FACULDADE DE INFORMAÇÃO E COMUNICAÇÃO","634/2025","Baixo",1.0,"2026-06-30","Material",7010.0,"COMPUTADORES",6661.0,"MICROCOMPUTADOR",630956.0,"ARMAZENAMENTO HDD: SEM DISCO HDD, ARMAZENAMENTO SSD: SUPERIOR A 500, COMPONENTES ADICIONAIS: COM TECLADO E MOUSE, GABINETE: TORRE, GARANTIA ON SITE: SUPERIOR A 36, MEMÓRIA RAM: SUPERIOR A 8, MONITOR: 21 A 29, NÚCLEOS POR PROCESSADOR: SUPERIOR A 8, OUTROS RECURSOS: CONFORME EDITAL, SISTEMA OPERACIONAL: PROPRIETÁRIO","UN",5000.0,10.0,50000.0]
["2026-08-01","Aprovada",null,"COMPUTADORES, NOTEBOOKS E MONITORES - TIC","CONTRATACOES_TIC",153052.0,"2026-01-26","2026-07-24",179.0,"IQ - INSTITUTO DE QUÍMICA","179/2025","Médio",1.0,"2026-08-01","Material",7010.0,"COMPUTADORES",6661.0,"MICROCOMPUTADOR",630956.0,"ARMAZENAMENTO HDD: SEM DISCO HDD, ARMAZENAMENTO SSD: SUPERIOR A 500, COMPONENTES ADICIONAIS: COM TECLADO E MOUSE, GABINETE: TORRE, GARANTIA ON SITE: SUPERIOR A 36, MEMÓRIA RAM: SUPERIOR A 8, MONITOR: 21 A 29, NÚCLEOS POR PROCESSADOR: SUPERIOR A 8, OUTROS RECURSOS: CONFORME EDITAL, SISTEMA OPERACIONAL: PROPRIETÁRIO","UN",5500.0,2.0,11000.0]
["2026-08-01","Aprovada",null,"COMPUTADORES, NOTEBOOKS E MONITORES - TIC","CONTRATACOES_TIC",153052.0,"2026-01-26","2026-07-24",179.0,"FAV - FACULDADE DE ARTES VISUAIS","15/2025","Médio",7.0,"2026-12-01","Material",7010.0,"COMPUTADORES",8435.0,"NOTEBOOK",482382.0,"ALIMENTAÇÃO: BIVOLT AUTOMÁTICA, ARMAZENAMENTO HDD: SEM DISCO HDD, ARMAZENAMENTO SSD: SUPERIOR A 500, BATERIA: SUPERIOR A 4 CÉLULAS, GARANTIA ON SITE: 36, INTERATIVIDADE DA TELA: SEM INTERATIVIDADE, MEMÓRIA RAM: SUPERIOR A 8, NÚCLEOS POR PROCESSADOR: 4 A 8, SISTEMA OPERACIONAL: PROPRIETÁRIO, TELA: SUPERIOR A 14","UN",4950.0,1.0,4950.0]
["2026-08-01","Aprovada",null,"COMPUTADORES, NOTEBOOKS E MONITORES - TIC","CONTRATACOES_TIC",153052.0,"2026-01-26","2026-07-24",179.0,"FAV - FACULDADE DE ARTES VISUAIS","15/2025","Médio",8.0,"2026-12-01","Material",7010.0,"Computadores",6661.0,"Microcomputador",630956.0,"armazenamento hdd: sem disco hdd, armazenamento ssd: superior a 500, componentes adicionais: com teclado e mouse, gabinete: torre, garantia on site: superior a 36, memória ram: superior a 8, monitor: 21 a 29, núcleos por processador: superior a 8, outros recursos: conforme edital, sistema operacional: proprietário","UN",5200.0,1.0,5200.0]
["2026-08-01","Aprovada",null,"COMPUTADORES, NOTEBOOKS E MONITORES - TIC","CONTRATACOES_TIC",153052.0,"2026-01-26","2026-07-24",179.0,"SETI - SECRETARIA DE TECNOLOGIA E INFORMAÇÃO","935/2025","Médio",1.0,"2026-12-10","Material",7010.0,"Computadores",6661.0,"Microcomputador",630956.0,"armazenamento hdd: sem disco hdd, armazenamento ssd: superior a 500, componentes adicionais: com teclado e mouse, gabinete: torre, garantia on site: superior a 36, memória ram: superior a 8, monitor: 21 a 29, núcleos por processador: superior a 8, outros recursos: conforme edital, sistema operacional: proprietário","UN",3359.0,224.0,752416.0]
["2026-08-01","Aprovada",null,"COMPUTADORES, NOTEBOOKS E MONITORES - TIC","CONTRATACOES_TIC",153052.0,"2026-01-26","2026-07-24",179.0,"SETI - SECRETARIA DE TECNOLOGIA E INFORMAÇÃO","935/2025","Médio",2.0,"2026-12-10","Material",7010.0,"Computadores",8435.0,"Notebook",630376.0,"alimentação: bivolt automática, armazenamento hdd: sem disco hdd, armazenamento ssd: minimo de 1 tb, bateria: definido pelo fabricante, garantia on site: superior a 36, interatividade da tela: sem interatividade, memória ram: minimo de 64, núcleos por processador: superior a 8, sistema operacional: proprietário, tela: superior a 14","UN",3188.0,102.0,325176.0]
["2026-08-01","Aprovada",null,"COMPUTADORES, NOTEBOOKS E MONITORES - TIC","CONTRATACOES_TIC",153052.0,"2026-01-26","2026-07-24",179.0,"SETI - SECRETARIA DE TECNOLOGIA E INFORMAÇÃO","935/2025","Médio",3.0,"2026-12-10","Material",7060.0,"Peças e acessórios para computadores",6669.0,"Monitor Computador",619128.0,"ajuste: com regulagem de altura, alimentação: bivolt, formato tela: ultrawide, garantia on site: superior a 36, interatividade da tela: sem interatividade, qualidade de imagem: full hd, tamanho tela: 23 a 30, tipo de tela: lcd","UN",786.0,72.0,56592.0]
["2026-08-01","Aprovada",null,"COMPUTADORES, NOTEBOOKS E MONITORES - TIC","CONTRATACOES_TIC",153052.0,"2026-01-26","2026-07-24",179.0,"EVZ - ESCOLA DE VETERINÁRIA E ZOOTECNIA","965/2025","Médio",3.0,"2026-09-30","Material",7010.0,"Computadores",6661.0,"Microcomputador",633035.0,"armazenamento hdd: 2, armazenamento ssd: até 2 tb, componentes adicionais: com teclado e mouse, gabinete: torre, garantia on site: superior a 36, memória ram: 32, monitor: 21 a 29, núcleos por processador: superior a 8, outros recursos: conforme edital, sistema operacional: proprietário","UN",3359.0,12.0,40308.0]
["182/2026","Aprovada",null,"DTEL - SEINFRA E OUTROS - AQUISIÇÃO DE FITAS ISOLANTES E TUBOS ISOLANTES ","BENS",153052.0,"2025-12-01","2026-06-01",182.0,"FCT- FACULDADE DE CIÊNCIAS E TECNOLOGIA","291/2025","Médio",1.0,"2026-06-15","Material",5970.0,"Isoladores elétricos e materiais isolantes",18853.0,"Fita Isolante Elétrica Adesiva",419864.0,"comprimento nominal: 20, cor: preta, largura nominal: 19, material dorso: filme de pvc anti-chama","UN",7.0,5.0,35.0]
["182/2026","Aprovada",null,"DTEL - SEINFRA E OUTROS - AQUISIÇÃO DE FITAS ISOLANTES E TUBOS ISOLANTES ","BENS",153052.0,"2025-12-01","2026-06-01",182.0,"EMC - ESCOLA DE ENGENHARIA ELÉTRICA MECÂNICA E DE COMPUTAÇÃO","328/2025","Baixo",27.0,"2026-06-01","Material",5970.0,"Isoladores elétricos e materiais isolantes",7592.0,"Fita Isolante Elétrica",285271.0,"características adicionais: anti-chama, comprimento: 20, largura: 19, resistência à tensão: até 600","RO",20.0,22.0,440.0]
["182/2026","Aprovada",null,"DTEL - SEINFRA E OUTROS - AQUISIÇÃO DE FITAS ISOLANTES E TUBOS ISOLANTES ","BENS",153052.0,"2025-12-01","2026-06-01",182.0,"EMC - ESCOLA DE ENGENHARIA ELÉTRICA MECÂNICA E DE COMPUTAÇÃO","328/2025","Baixo",28.0,"2026-06-01","Material",5970.0,"ISOLADORES ELÉTRICOS E MATERIAIS ISOLANTES",7592.0,"FITA ISOLANTE ELÉTRICA",450105.0,"APLICAÇÃO: ISOLAÇÃO PRIMÁRIA E VEDAÇÃO DE EMENDAS, CARACTERÍSTICAS ADICIONAIS: AUTOFUSÃO, CLASSE TEMPERATURA: 105, COMPRIMENTO NOMINAL: 10, LARGURA NOMINAL: 19, MATERIAL BÁSICO: BORRACHA ETILENO-PROPILENO (EPR), RESISTÊNCIA À TENSÃO: ATÉ 69.000","RO",24.99,20.0,499.8]
["182/2026","Aprovada",null,"DTEL - SEINFRA E OUTROS - AQUISIÇÃO DE FITAS ISOLANTES E TUBOS ISOLANTES ","BENS",153052.0,"2025-12-01","2026-06-01",182.0,"FCT- FACULDADE DE CIÊNCIAS E TECNOLOGIA","284/2025","Médio",6.0,"2026-06-15","Material",5970.0,"Isoladores elétricos e materiais isolantes",7592.0,"Fita Isolante Elétrica",604732.0,"aplicação: instalações elétricas, comprimento: 20, cor: preta, largura: 19, material básico: filme de pvc antichama","UN",7.0,10.0,70.0]
["182/2026","Aprovada",null,"DTEL - SEINFRA E OUTROS - AQUISIÇÃO DE FITAS ISOLANTES E TUBOS ISOLANTES ","BENS",153052.0,"2025-12-01","2026-06-01",182.0,"SEINFRA - SECRETARIA DE INFRAESTRUTURA","738/2025","Médio",58.0,"2026-07-06","Material",5970.0,"Isoladores elétricos e materiais isolantes",8492.0,"Isolador Epoxi",486557.0,"aplicação: painés elétricos ou manter a isolação elétrica, cor: laranja, dimensões: 25 x 30, tamanho da rosca: 1/4, tipo / modelo: mns","UN",8.14,50.0,407.0]
["182/2026","Aprovada",null,"DTEL - SEINFRA E OUTROS - AQUISIÇÃO DE FITAS ISOLANTES E TUBOS ISOLANTES ","BENS",153052.0,"2025-12-01","2026-06-01",182.0,"SEINFRA - SECRETARIA DE INFRAESTRUTURA","738/2025","Médio",114.0,"2026-07-06","Material",5970.0,"Isoladores elétricos e materiais isolantes",7592.0,"Fita Isolante Elétrica",262198.0,"características adicionais: anti-chama, classe temperatura: 90, comprimento: 20, cor: amarela, largura: 19, material básico: pvc - com adesivo a base de borracha, resistência à tensão: até 750, espessura: 0,19","UN",24.99,50.0,1249.5]
["182/2026","Aprovada",null,"DTEL - SEINFRA E OUTROS - AQUISIÇÃO DE FITAS ISOLANTES E TUBOS ISOLANTES ","BENS",153052.0,"2025-12-01","2026-06-01",182.0,"SEINFRA - SECRETARIA DE INFRAESTRUTURA","738/2025","Médio",115.0,"2026-07-06","Material",5970.0,"Isoladores elétricos e materiais isolantes",7592.0,"Fita Isolante Elétrica",262199.0,"características adicionais: anti-chama, classe temperatura: 90, comprimento: 20, cor: azul, largura: 20, material básico: pvc - com adesivo a base de borracha, resistência à tensão: até 750, espessura: 0,19","UN",24.99,50.0,1249.5]
["182/2026","Aprovada",null,"DTEL - SEINFRA E OUTROS - AQUISIÇÃO DE FITAS ISOLANTES E TUBOS ISOLANTES ","BENS",153052.0,"2025-12-01","2026-06-01",182.0,"SEINFRA - SECRETARIA DE INFRAESTRUTURA","738/2025","Médio",116.0,"2026-07-06","Material",5970.0,"Isoladores elétricos e materiais isolantes",7592.0,"Fita Isolante Elétrica",317582.0,"características adicionais: anti-chama, classe temperatura: 90, comprimento: 20, cor: branca, largura: 19, material básico: filme pvc c/ adesivo, resistência à tensão: até 750, espessura: 0,10","UN",24.99,50.0,1249.5]
["182/2026","Aprovada",null,"DTEL - SEINFRA E OUTROS - AQUISIÇÃO DE FITAS ISOLANTES E TUBOS ISOLANTES ","BENS",153052.0,"2025-12-01","2026-06-01",182.0,"SEINFRA - SECRETARIA DE INFRAESTRUTURA","738/2025","Médio",117.0,"2026-07-06","Material",5970.0,"Isoladores elétricos e materiais isolantes",7592.0,"Fita Isolante Elétrica",226937.0,"características adicionais: não aplicável, classe temperatura: 90, comprimento: 20, cor: preta, largura: 19, material básico: pvc auto-extinguível, normas técnicas: não aplicável, resistência à tensão: até 750, espessura: 0,15","UN",24.99,4800.0,119952.0]
["182/2026","Aprovada",null,"DTEL - SEINFRA E OUTROS - AQUISIÇÃO DE FITAS ISOLANTES E TUBOS ISOLANTES ","BENS",153052.0,"2025-12-01","2026-06-01",182.0,"SEINFRA - SECRETARIA DE INFRAESTRUTURA","738/2025","Médio",118.0,"2026-07-06","Material",5970.0,"Isoladores elétricos e materiais isolantes",7592.0,"Fita Isolante Elétrica",290044.0,"características adicionais: anti-chama, classe temperatura: 90, comprimento: 20, cor: verde, largura: 19, material básico: pvc - com adesivo a base de borracha, resistência à tensão: até 750, espessura: 0,19","UN",24.99,50.0,1249.5]
["182/2026","Aprovada",null,"DTEL - SEINFRA E OUTROS - AQUISIÇÃO DE FITAS ISOLANTES E TUBOS ISOLANTES ","BENS",153052.0,"2025-12-01","2026-06-01",182.0,"SEINFRA - SECRETARIA DE INFRAESTRUTURA","738/2025","Médio",119.0,"2026-07-06","Material",5970.0,"Isoladores elétricos e materiais isolantes",7592.0,"Fita Isolante Elétrica",290045.0,"características adicionais: anti-chama, classe temperatura: 90, comprimento: 20, cor: vermelha, largura: 19, material básico: pvc - com adesivo a base de borracha, resistência à tensão: até 750, espessura: 0,19","UN",24.99,50.0,1249.5]
["182/2026","Aprovada",null,"DTEL - SEINFRA E OUTROS - AQUISIÇÃO DE FITAS ISOLANTES E TUBOS ISOLANTES ","BENS",153052.0,"2025-12-01","2026-06-01",182.0,"SEINFRA - SECRETARIA DE INFRAESTRUTURA","909/2025","Médio",13.0,"2026-03-02","Material",5970.0,"Isoladores elétricos e materiais isolantes",504.0,"Tubo Isolante",384950.0,"aplicação: cabo ar condicionado split, tipo: espaguete termo-retrátil, diâmetro: 50, material isolante básico: pvc","UN",42.0,30.0,1260.0]
["182/2026","Aprovada",null,"DTEL - SEINFRA E OUTROS - AQUISIÇÃO DE FITAS ISOLANTES E TUBOS ISOLANTES ","BENS",153052.0,"2025-12-01","2026-06-01",182.0,"SEINFRA - SECRETARIA DE INFRAESTRUTURA","912/2025","Médio",28.0,"2026-04-01","Material",5970.0,"Isoladores elétricos e materiais isolantes",504.0,"Tubo Isolante",614607.0,"características adicionais: : espaguete isolante termo retrátil colorido, classe temperatura: 125, cor: preta, material: poliolefinas, tipo: kit com 150 peças de espaguete","UN",24.9,20.0,498.0]
["182/2026","Aprovada",null,"DTEL - SEINFRA E OUTROS - AQUISIÇÃO DE FITAS ISOLANTES E TUBOS ISOLANTES ","BENS",153052.0,"2025-12-01","2026-06-01",182.0,"SEINFRA - SECRETARIA DE INFRAESTRUTURA","726/2025","Médio",14.0,"2026-03-02","Material",5970.0,"Isoladores elétricos e materiais isolantes",504.0,"Tubo Isolante",624392.0,"aplicação: isolamento térmico tubulações de refrigeração, bitola: 1/4, comprimento: 2, tipo: tubo cilíndrico","UN",2.87,200.0,574.0]
["182/2026","Aprovada",null,"DTEL - SEINFRA E OUTROS - AQUISIÇÃO DE FITAS ISOLANTES E TUBOS ISOLANTES ","BENS",153052.0,"2025-12-01","2026-06-01",182.0,"SEINFRA - SECRETARIA DE INFRAESTRUTURA","726/2025","Médio",15.0,"2026-03-02","Material",5970.0,"Isoladores elétricos e materiais isolantes",504.0,"Tubo Isolante",624393.0,"aplicação: isolamento térmico tubulações de refrigeração, bitola: 3/8, comprimento: 2, tipo: tubo cilíndrico","UN",3.97,200.0,794.0]
["182/2026","Aprovada",null,"DTEL - SEINFRA E OUTROS - AQUISIÇÃO DE FITAS ISOLANTES E TUBOS ISOLANTES ","BENS",153052.0,"2025-12-01","2026-06-01",182.0,"SEINFRA - SECRETARIA DE INFRAESTRUTURA","726/2025","Médio",16.0,"2026-03-02","Material",5970.0,"Isoladores elétricos e materiais isolantes",504.0,"Tubo Isolante",624394.0,"aplicação: isolamento térmico tubulações de refrigeração, bitola: 5/8, comprimento: 2, tipo: tubo cilíndrico","UN",4.92,200.0,984.0]
["182/2026","Aprovada",null,"DTEL - SEINFRA E OUTROS - AQUISIÇÃO DE FITAS ISOLANTES E TUBOS ISOLANTES ","BENS",153052.0,"2025-12-01","2026-06-01",182.0,"SEINFRA - SECRETARIA DE INFRAESTRUTURA","726/2025","Médio",17.0,"2026-03-02","Material",5970.0,"Isoladores elétricos e materiais isolantes",504.0,"Tubo Isolante",624391.0,"aplicação: isolamento térmico tubulações de refrigeração, bitola: 1/2, comprimento: 2, tipo: tubo cilíndrico","UN",4.7,200.0,940.0]
["182/2026","Aprovada",null,"DTEL - SEINFRA E OUTROS - AQUISIÇÃO DE FITAS ISOLANTES E TUBOS ISOLANTES ","BENS",153052.0,"2025-12-01","2026-06-01",182.0,"SEINFRA - SECRETARIA DE INFRAESTRUTURA","726/2025","Médio",18.0,"2026-03-02","Material",5970.0,"Isoladores elétricos e materiais isolantes",504.0,"Tubo Isolante",387605.0,"aplicação: cabo ar condicionado split, bitola: 3/4, tipo: tubo cilíndrico, diâmetro: 10","UN",6.22,200.0,1244.0]
["182/2026","Aprovada",null,"DTEL - SEINFRA E OUTROS - AQUISIÇÃO DE FITAS ISOLANTES E TUBOS ISOLANTES ","BENS",153052.0,"2025-12-01","2026-06-01",182.0,"SEINFRA - SECRETARIA DE INFRAESTRUTURA","726/2025","Médio",19.0,"2026-03-02","Material",5970.0,"Isoladores elétricos e materiais isolantes",504.0,"Tubo Isolante",387607.0,"aplicação: cabo ar condicionado split, bitola: 7/8, tipo: tubo cilíndrico, diâmetro: 10","UN",6.26,200.0,1252.0]
["182/2026","Aprovada",null,"DTEL - SEINFRA E OUTROS - AQUISIÇÃO DE FITAS ISOLANTES E TUBOS ISOLANTES ","BENS",153052.0,"2025-12-01","2026-06-01",182.0,"SEINFRA - SECRETARIA DE INFRAESTRUTURA","726/2025","Médio",68.0,"2026-03-02","Material",5970.0,"Isoladores elétricos e materiais isolantes",7592.0,"Fita Isolante Elétrica",604732.0,"aplicação: instalações elétricas, comprimento: 20, cor: preta, largura: 19, material básico: filme de pvc antichama","UN",4.67,100.0,467.0]
["182/2026","Aprovada",null,"DTEL - SEINFRA E OUTROS - AQUISIÇÃO DE FITAS ISOLANTES E TUBOS ISOLANTES ","BENS",153052.0,"2025-12-01","2026-06-01",182.0,"DTEL - DIRETORIA DE TELECOMUNICAÇÕES","1022/2025","Médio",73.0,"2026-05-01","Material",5970.0,"Isoladores elétricos e materiais isolantes",504.0,"Tubo Isolante",472577.0,"aplicação: eletrônica, diâmetro nominal: 4, espessura: 0,4, tipo: espaguete termo-retrátil","M",5.2,30.0,156.0]
["182/2026","Aprovada",null,"DTEL - SEINFRA E OUTROS - AQUISIÇÃO DE FITAS ISOLANTES E TUBOS ISOLANTES ","BENS",153052.0,"2025-12-01","2026-06-01",182.0,"DTEL - DIRETORIA DE TELECOMUNICAÇÕES","1026/2025","Médio",42.0,"2026-10-01","Material",5970.0,"Isoladores elétricos e materiais isolantes",18853.0,"Fita Isolante Elétrica Adesiva",483487.0,"aplicação: qualquer superfície, comprimento nominal: 10, cor: preta, espessura nominal: 0,76, largura nominal: 19, material dorso: borracha de etileno-propileno, normas técnicas: astm-d-4388, resistência à tensão: 69, temperatura máxima operação: 90°, tipo adesivo: auto fusão","UN",27.58,5.0,137.9]
["182/2026","Aprovada",null,"DTEL - SEINFRA E OUTROS - AQUISIÇÃO DE FITAS ISOLANTES E TUBOS ISOLANTES ","BENS",153052.0,"2025-12-01","2026-06-01",182.0,"DTEL - DIRETORIA DE TELECOMUNICAÇÕES","1026/2025","Médio",43.0,"2026-10-01","Material",5970.0,"Isoladores elétricos e materiais isolantes",18853.0,"Fita Isolante Elétrica Adesiva",419569.0,"alongamento: mínimo de 150%, características adicionais: adesão ao aço mínima de 2,70 n/cm, cor: preta, espessura nominal: 0,19, largura nominal: 19, material dorso: filme de pvc anti-chama, resistência a tração: mínimo de 27,3 n/cm, resistência à tensão: até 8,5, tipo adesivo: à base de resina e borracha","UN",16.68,250.0,4170.0]
["2026-12-01","Aprovada",null,"ELETRODOMÉSTICOS E EQUIPAMENTOS COMUNS","BENS",153052.0,"2026-03-30","2026-07-10",102.0,"FE - FACULDADE DE EDUCAÇÃO","108/2025","Alto",1.0,"2026-06-20","Material",7310.0,"Equipamentos para cozinhar, assar e servir alimentos",1045.0,"Forno Microondas",383270.0,"capacidade: 38, características adicionais: prato giratório/trava segurança/timer/memória, cor: branca, potência: 900, voltagem: 220","UN",750.0,2.0,1500.0]
["2026-12-01","Aprovada",null,"ELETRODOMÉSTICOS E EQUIPAMENTOS COMUNS","BENS",153052.0,"2026-03-30","2026-07-10",102.0,"CEPAE - CENTRO DE ENSINO E PESQUISA APLICADA À EDUCAÇÃO","163/2025","Médio",1.0,"2026-03-02","Material",4110.0,"Equipamento para refrigeração",3492.0,"Bebedouro Água Garrafão",344547.0,"capacidade: 20, características adicionais: 2 torneiras água natural/gelada, refrigeração 4l/h, material: aço inoxidável, tipo: vertical elétrico, voltagem: 220","UN",859.0,1.0,859.0]
["2026-12-01","Aprovada",null,"ELETRODOMÉSTICOS E EQUIPAMENTOS COMUNS","BENS",153052.0,"2026-03-30","2026-07-10",102.0,"ICB - INSTITUTO DE CIÊNCIAS BIOLÓGICAS","191/2025","Alto",1.0,"2026-08-31","Material",4110.0,"Equipamento para refrigeração",3492.0,"Bebedouro Água Garrafão",313572.0,"capacidade: 20, características adicionais: 2 torneiras, cor: branca, tipo: vertical elétrico, voltagem: 220, capacidade refrigeração: 4, saída água: natural e gelada","UN",633.6,1.0,633.6]
["2026-12-01","Aprovada",null,"ELETRODOMÉSTICOS E EQUIPAMENTOS COMUNS","BENS",153052.0,"2026-03-30","2026-07-10",102.0,"ICB - INSTITUTO DE CIÊNCIAS BIOLÓGICAS","191/2025","Alto",2.0,"2026-08-31","Material",4110.0,"Equipamento para refrigeração",785.0,"Refrigerador Duplex",405244.0,"capacidade congelador: 47, capacidade refrigeração: 300, características adicionais: controle temperatura, selo procel a\", cor: branca, sistema degelo: frost free, tensão alimentação: 220\"","UN",2700.0,1.0,2700.0]
["2026-12-01","Aprovada",null,"ELETRODOMÉSTICOS E EQUIPAMENTOS COMUNS","BENS",153052.0,"2026-03-30","2026-07-10",102.0,"ICB - INSTITUTO DE CIÊNCIAS BIOLÓGICAS","191/2025","Alto",3.0,"2026-08-31","Material",4610.0,"Equipamentos para purificação de água",15695.0,"Aparelho Purificador De Água",611887.0,"capacidade: 2, características adicionais: água gelada e água natural, tipo: cinco filtragens, tipo fixação: parede, voltagem: 220","UN",1269.52,1.0,1269.52]
["2026-12-01","Aprovada",null,"ELETRODOMÉSTICOS E EQUIPAMENTOS COMUNS","BENS",153052.0,"2026-03-30","2026-07-10",102.0,"ICB - INSTITUTO DE CIÊNCIAS BIOLÓGICAS","191/2025","Alto",4.0,"2026-08-31","Material",7310.0,"Equipamentos para cozinhar, assar e servir alimentos",1045.0,"Forno Microondas",354973.0,"capacidade: 30, características adicionais: com prato giratório, cor: branca, voltagem: 220","UN",659.0,1.0,659.0]
["2026-12-01","Aprovada",null,"ELETRODOMÉSTICOS E EQUIPAMENTOS COMUNS","BENS",153052.0,"2026-03-30","2026-07-10",102.0,"CEPAE - CENTRO DE ENSINO E PESQUISA APLICADA À EDUCAÇÃO","165/2025","Médio",4.0,"2026-02-03","Material",4110.0,"Equipamento para refrigeração",3489.0,"Bebedouro Água",436862.0,"capacidade água: 6, características adicionais: 1 torneira água gelada, 1 torneira água natural, material corpo: aço inoxidável, material gabinete: aço inoxidável, tipo: vertical elétrico, voltagem: 220","UN",900.0,1.0,900.0]
["2026-12-01","Aprovada",null,"ELETRODOMÉSTICOS E EQUIPAMENTOS COMUNS","BENS",153052.0,"2026-03-30","2026-07-10",102.0,"CEPAE - CENTRO DE ENSINO E PESQUISA APLICADA À EDUCAÇÃO","197/2025","Médio",12.0,"2026-03-02","Material",4110.0,"Equipamento para refrigeração",3489.0,"Bebedouro Água",230082.0,"características adicionais: 02 saídas água gelada adulto e 01 saída criança, tipo: pressão conjugado, profundidade: 27, largura: 74, altura: 95, acabamento externo: pintura em epoxi","UN",1500.0,1.0,1500.0]
["2026-12-01","Aprovada",null,"ELETRODOMÉSTICOS E EQUIPAMENTOS COMUNS","BENS",153052.0,"2026-03-30","2026-07-10",102.0,"CEPAE - CENTRO DE ENSINO E PESQUISA APLICADA À EDUCAÇÃO","197/2025","Médio",13.0,"2026-03-02","Material",4110.0,"Equipamento para refrigeração",3492.0,"Bebedouro Água Garrafão",301129.0,"capacidade: 20, características adicionais: termostato, cor: branca, material: polipropileno, tipo: vertical elétrico, voltagem: 110/220, apresentação: garrafão, saída água: natural e gelada","UN",700.0,1.0,700.0]
["2026-12-01","Aprovada",null,"ELETRODOMÉSTICOS E EQUIPAMENTOS COMUNS","BENS",153052.0,"2026-03-30","2026-07-10",102.0,"CEPAE - CENTRO DE ENSINO E PESQUISA APLICADA À EDUCAÇÃO","201/2025","Médio",4.0,"2026-03-02","Material",3510.0,"Equipamentos de lavanderia e lavagem a seco",9309.0,"Máquina Lavar Roupa",296236.0,"aplicação: doméstica, capacidade: 4, características adicionais: com 3 programas de lavagem, tipo: tanquinho automático, voltagem: 220","UN",379.0,1.0,379.0]
["2026-12-01","Aprovada",null,"ELETRODOMÉSTICOS E EQUIPAMENTOS COMUNS","BENS",153052.0,"2026-03-30","2026-07-10",102.0,"CEPAE - CENTRO DE ENSINO E PESQUISA APLICADA À EDUCAÇÃO","201/2025","Médio",6.0,"2026-03-02","Material",4110.0,"Equipamento para refrigeração",3489.0,"Bebedouro Água",307496.0,"capacidade água: 100, características adicionais: 4 torneiras latão cromado, material corpo: aço inoxidável, tipo: industrial, voltagem: 220","UN",2690.0,1.0,2690.0]
["2026-12-01","Aprovada",null,"ELETRODOMÉSTICOS E EQUIPAMENTOS COMUNS","BENS",153052.0,"2026-03-30","2026-07-10",102.0,"CEPAE - CENTRO DE ENSINO E PESQUISA APLICADA À EDUCAÇÃO","201/2025","Médio",9.0,"2026-03-02","Material",3510.0,"Equipamentos de lavanderia e lavagem a seco",7405.0,"Ferro Passar Roupa",607777.0,"características adicionais: base cerâmica gliss, potência: 1.200, tensão alimentação: 220, tipo: elétrico vapor e spray","UN",161.0,1.0,161.0]
["2026-12-01","Aprovada",null,"ELETRODOMÉSTICOS E EQUIPAMENTOS COMUNS","BENS",153052.0,"2026-03-30","2026-07-10",102.0,"CEPAE - CENTRO DE ENSINO E PESQUISA APLICADA À EDUCAÇÃO","232/2025","Alto",5.0,"2026-03-02","Material",4110.0,"Equipamento para refrigeração",783.0,"Freezer",432552.0,"capacidade: 500, características adicionais: triplafunção; eficiência energética etiqueta a\", quantidade tampas: 2, tensão alimentação: 110/220, tipo: horizontal\"","UN",3500.0,1.0,3500.0]
["2026-12-01","Aprovada",null,"ELETRODOMÉSTICOS E EQUIPAMENTOS COMUNS","BENS",153052.0,"2026-03-30","2026-07-10",102.0,"ICB - INSTITUTO DE CIÊNCIAS BIOLÓGICAS","189/2025","Alto",7.0,"2026-08-31","Material",4110.0,"Equipamento para refrigeração",783.0,"Freezer",439305.0,"capacidade: 500, características adicionais: dupla ação (congelamento e refrig.) pintura epoxi, cor: branca, quantidade portas: 2, sistema degelo: frost free, tensão alimentação: 110/220, tipo: horizontal, tipo portas: sólida","UN",2700.0,2.0,5400.0]
["2026-12-01","Aprovada",null,"ELETRODOMÉSTICOS E EQUIPAMENTOS COMUNS","BENS",153052.0,"2026-03-30","2026-07-10",102.0,"ICB - INSTITUTO DE CIÊNCIAS BIOLÓGICAS","189/2025","Alto",8.0,"2026-08-31","Material",4110.0,"Equipamento para refrigeração",785.0,"Refrigerador Duplex",374674.0,"capacidade congelador: 110, capacidade refrigeração: 329, cor: branca, sistema degelo: frost free, tensão alimentação: 220, tipo: vertical","UN",1900.0,1.0,1900.0]
["2026-12-01","Aprovada",null,"ELETRODOMÉSTICOS E EQUIPAMENTOS COMUNS","BENS",153052.0,"2026-03-30","2026-07-10",102.0,"EMAC - ESCOLA DE MÚSICA E ARTES CÊNICAS","256/2025","Médio",1.0,"2026-05-30","Material",4130.0,"Componentes de equipamentos para refrigeração e ar  condicionado",18545.0,"Climatizador",297342.0,"características adicionais: vazão do ventilador em m3/h, área máxima climatiza, consumo água: 5, potência: 200, tensão alimentação: 220, tipo: portátil, tipo motor: monofásico, dimensões: 50 x 63 x 45, peso: 18","UN",1125.0,4.0,4500.0]
["2026-12-01","Aprovada",null,"ELETRODOMÉSTICOS E EQUIPAMENTOS COMUNS","BENS",153052.0,"2026-03-30","2026-07-10",102.0,"EMAC - ESCOLA DE MÚSICA E ARTES CÊNICAS","262/2025","Médio",1.0,"2026-04-17","Material",7310.0,"Equipamentos para cozinhar, assar e servir alimentos",1045.0,"Forno Microondas",298405.0,"capacidade: 28, características adicionais: prato giratório/trava de segurança/ painel digital, cor: branca, potência: 900, voltagem: 220","UN",1000.0,2.0,2000.0]
["2026-12-01","Aprovada",null,"ELETRODOMÉSTICOS E EQUIPAMENTOS COMUNS","BENS",153052.0,"2026-03-30","2026-07-10",102.0,"FL - FACULDADE DE LETRAS","270/2025","Alto",1.0,"2026-03-02","Material",4110.0,"EQUIPAMENTO PARA REFRIGERAÇÃO",3489.0,"BEBEDOURO ÁGUA",611720.0,"CAPACIDADE ÁGUA: 200, MATERIAL CORPO: AÇO INOXIDÁVEL, MATERIAL GABINETE: AÇO INOXIDÁVEL, TIPO: INDUSTRIAL, VOLTAGEM: 127/220","UN",4000.0,1.0,4000.0]
["2026-12-01","Aprovada",null,"ELETRODOMÉSTICOS E EQUIPAMENTOS COMUNS","BENS",153052.0,"2026-03-30","2026-07-10",102.0,"PPG Psicologia - FE-TAXAS","298/2025","Médio",2.0,"2026-06-20","Material",4110.0,"Equipamento Para Refrigeração",784.0,"Frigobar",621443.0,"capacidade: 120, características adicionais: prateleiras removíveis/gavetas/etiqueta a', consumo máximo: 19, cor: branca, tensão alimentação: 127/220\"","UN",1500.0,1.0,1500.0]
["2026-12-01","Aprovada",null,"ELETRODOMÉSTICOS E EQUIPAMENTOS COMUNS","BENS",153052.0,"2026-03-30","2026-07-10",102.0,"FAV - FACULDADE DE ARTES VISUAIS","15/2025","Médio",1.0,"2026-12-01","Material",4110.0,"Equipamento para refrigeração",13629.0,"Refrigerador Doméstico",425202.0,"capacidade: 240, características adicionais: com selo de certificado emitido pelo procel, porta, cor: branca, tipo: vertical, voltagem: 110/220","UN",2000.0,1.0,2000.0]
["2026-12-01","Aprovada",null,"ELETRODOMÉSTICOS E EQUIPAMENTOS COMUNS","BENS",153052.0,"2026-03-30","2026-07-10",102.0,"FAV - FACULDADE DE ARTES VISUAIS","15/2025","Médio",2.0,"2026-12-01","Material",7730.0,"FONÓGRAFOS, RÁDIOS E TELEVISORES DE TIPO DOMÉSTICO",12609.0,"TELEVISOR",486188.0,"ACESSÓRIOS: CONTROLE REMOTO, CARACTERÍSTICAS ADICIONAIS: SMART TV, 4 K, WIFI. ENTRADAS HDMI/USB, CONVERSOR, COR: PRETO/PRATA, TAMANHO TELA: 75, TIPO TELA: LED, VOLTAGEM: BIVOLT","UN",5000.0,3.0,15000.0]
["2026-12-01","Aprovada",null,"ELETRODOMÉSTICOS E EQUIPAMENTOS COMUNS","BENS",153052.0,"2026-03-30","2026-07-10",102.0,"FAV - FACULDADE DE ARTES VISUAIS","15/2025","Médio",3.0,"2026-12-01","Material",3510.0,"Equipamentos De Lavanderia E Lavagem A Seco",9309.0,"Máquina Lavar Roupa",445415.0,"aplicação: doméstica, lavagem/enxágüe e centrifugação, capacidade: 11, características adicionais: com 5 programas de lavagem e abertura superior, material cesto: aço inoxidável, material gabinete: metálico, tipo: automática, voltagem: 127/220","UN",2000.0,1.0,2000.0]
["2026-12-01","Aprovada",null,"ELETRODOMÉSTICOS E EQUIPAMENTOS COMUNS","BENS",153052.0,"2026-03-30","2026-07-10",102.0,"FAV - FACULDADE DE ARTES VISUAIS","15/2025","Médio",4.0,"2026-12-01","Material",3510.0,"Equipamentos de lavanderia e lavagem a seco",9309.0,"Máquina Lavar Roupa",296236.0,"aplicação: doméstica, capacidade: 4, características adicionais: com 3 programas de lavagem, tipo: tanquinho automático, voltagem: 220","UN",500.0,1.0,500.0]
["2026-12-01","Aprovada",null,"ELETRODOMÉSTICOS E EQUIPAMENTOS COMUNS","BENS",153052.0,"2026-03-30","2026-07-10",102.0,"FAV - FACULDADE DE ARTES VISUAIS","15/2025","Médio",5.0,"2026-12-01","Material",3510.0,"EQUIPAMENTOS DE LAVANDERIA E LAVAGEM A SECO",9309.0,"MÁQUINA LAVAR ROUPA",469917.0,"APLICAÇÃO: DOMÉSTICA, CAPACIDADE: 10, CARACTERÍSTICAS ADICIONAIS: PAINEL MECÂNICO,  COM 6 PROGRAMAS DE LAVAGEM, TIPO: TANQUINHO AUTOMÁTICO, VOLTAGEM: 127","UN",550.0,1.0,550.0]
["2026-12-01","Aprovada",null,"ELETRODOMÉSTICOS E EQUIPAMENTOS COMUNS","BENS",153052.0,"2026-03-30","2026-07-10",102.0,"FAV - FACULDADE DE ARTES VISUAIS","15/2025","Médio",6.0,"2026-12-01","Material",7310.0,"Equipamentos para cozinhar, assar e servir alimentos",17704.0,"Fogão Elétrico",617471.0,"altura: 7, componentes: 2 bocas, largura: 43, material: aço inoxidável, potência: 2000, profundidade: 21, voltagem: 220","UN",200.0,2.0,400.0]
["2026-12-01","Aprovada",null,"ELETRODOMÉSTICOS E EQUIPAMENTOS COMUNS","BENS",153052.0,"2026-03-30","2026-07-10",102.0,"FAV - FACULDADE DE ARTES VISUAIS","311/2025","Médio",2.0,"2026-12-01","Material",3610.0,"Equipamento Para Impressão, Duplicação E Encadernação",52.0,"Guilhotina",456780.0,"alavanca: normal, capacidade corte: 20 folhas, comprimento lâmina: 46, dimensões: 355 x 555, funcionamento: manual, material: aço inoxidável, tipo: portátil","UN",200.0,1.0,200.0]
["2026-12-01","Aprovada",null,"ELETRODOMÉSTICOS E EQUIPAMENTOS COMUNS","BENS",153052.0,"2026-03-30","2026-07-10",102.0,"FANUT - FACULDADE DE NUTRIÇÃO","326/2025","Médio",1.0,"2026-12-01","Material",4110.0,"Equipamento para refrigeração",3492.0,"Bebedouro água garrafão",null,null,null,900.0,1.0,900.0]
["2026-12-01","Aprovada",null,"ELETRODOMÉSTICOS E EQUIPAMENTOS COMUNS","BENS",153052.0,"2026-03-30","2026-07-10",102.0,"FD - FACULDADE DE DIREITO","346/2025","Alto",1.0,"2026-03-02","Material",4110.0,"EQUIPAMENTO PARA REFRIGERAÇÃO",3489.0,"BEBEDOURO ÁGUA",611720.0,"CAPACIDADE ÁGUA: 200, MATERIAL CORPO: AÇO INOXIDÁVEL, MATERIAL GABINETE: AÇO INOXIDÁVEL, TIPO: INDUSTRIAL, VOLTAGEM: 127/220","UN",6000.0,2.0,12000.0]
["2026-12-01","Aprovada",null,"ELETRODOMÉSTICOS E EQUIPAMENTOS COMUNS","BENS",153052.0,"2026-03-30","2026-07-10",102.0,"IF - INSTITUTO DE FÍSICA","355/2025","Alto",1.0,"2026-03-31","Material",4110.0,"Equipamento Para Refrigeração",3489.0,"Bebedouro Água",395320.0,"capacidade água: 100, características adicionais: 3 torneiras baixa pressão/ temperatura 4ºc a 9ºc, material corpo: aço inoxidável, material gabinete: aço inox e poliuretano injetado, tipo: industrial","UN",3000.0,4.0,12000.0]
["2026-12-01","Aprovada",null,"ELETRODOMÉSTICOS E EQUIPAMENTOS COMUNS","BENS",153052.0,"2026-03-30","2026-07-10",102.0,"CEPAE - CENTRO DE ENSINO E PESQUISA APLICADA À EDUCAÇÃO","623/2025","Alto",16.0,"2026-02-02","Material",7310.0,"Equipamentos para cozinhar, assar e servir alimentos",8105.0,"Fritadeira",601738.0,"capacidade: 5,5, características adicionais: tipo fryer, sem utilizar óleo, material estrutura: aço inoxidável, potência: 1900, tensão alimentação: 110","UN",300.0,1.0,300.0]
["2026-12-01","Aprovada",null,"ELETRODOMÉSTICOS E EQUIPAMENTOS COMUNS","BENS",153052.0,"2026-03-30","2026-07-10",102.0,"PPG Educação - FE-TAXAS","626/2025","Alto",1.0,"2026-08-31","Material",4110.0,"Equipamento Para Refrigeração",784.0,"Frigobar",360271.0,"capacidade: 120, características adicionais: prateleiras removíveis, cor: branca, tensão alimentação: 110/220","UN",1500.0,3.0,4500.0]
["2026-12-01","Aprovada",null,"ELETRODOMÉSTICOS E EQUIPAMENTOS COMUNS","BENS",153052.0,"2026-03-30","2026-07-10",102.0,"FIC - FACULDADE DE INFORMAÇÃO E COMUNICAÇÃO","634/2025","Baixo",4.0,"2026-06-30","Material",7730.0,"FONÓGRAFOS, RÁDIOS E TELEVISORES DE TIPO DOMÉSTICO",12609.0,"TELEVISOR",611856.0,"ACESSÓRIOS: CONTROLE REMOTO, CARACTERÍSTICAS ADICIONAIS: SMART TV, 4 K, WIFI. ENTRADAS HDMI/USB, CONVERSOR, COR: PRETA, TAMANHO TELA: 75, TIPO TELA: LED TOUCH SCREEN, VOLTAGEM: 110/220","UN",4000.0,6.0,24000.0]
["2026-12-01","Aprovada",null,"ELETRODOMÉSTICOS E EQUIPAMENTOS COMUNS","BENS",153052.0,"2026-03-30","2026-07-10",102.0,"FE - FACULDADE DE EDUCAÇÃO","118/2025","Alto",1.0,"2026-06-20","Material",7730.0,"Fonógrafos, Rádios E Televisores De Tipo Doméstico",12609.0,"Televisor",601704.0,"acessórios: controle remoto, características adicionais: entradas hdmi, usb, bluetooth, wifi, tamanho tela: 65, tipo tela: led, voltagem: bivolt","UN",2993.9,9.0,26945.1]
["2026-12-01","Aprovada",null,"ELETRODOMÉSTICOS E EQUIPAMENTOS COMUNS","BENS",153052.0,"2026-03-30","2026-07-10",102.0,"IQ - INSTITUTO DE QUÍMICA","277/2025","Médio",1.0,"2026-08-01","Material",4110.0,"Equipamento para refrigeração",785.0,"Refrigerador Duplex",602846.0,"capacidade refrigeração: 350, características adicionais: prateleiras removíveis, gavetão, sistema multiflow, cor: branca, sistema degelo: frost free, tensão alimentação: 220, tipo: vertical, tipo portas: fixas","UN",2300.0,3.0,6900.0]
["2026-12-01","Aprovada",null,"ELETRODOMÉSTICOS E EQUIPAMENTOS COMUNS","BENS",153052.0,"2026-03-30","2026-07-10",102.0,"EVZ - ESCOLA DE VETERINÁRIA E ZOOTECNIA","679/2025","Médio",1.0,"2026-09-03","Material",7310.0,"Equipamentos para cozinhar, assar e servir alimentos",1045.0,"Forno Microondas",446092.0,"capacidade: 34, material: aço inoxidável, potência: 1.000, voltagem: 110/220","UN",649.0,7.0,4543.0]
["2026-12-01","Aprovada",null,"ELETRODOMÉSTICOS E EQUIPAMENTOS COMUNS","BENS",153052.0,"2026-03-30","2026-07-10",102.0,"FEFD - FACULDADE DE EDUCAÇÃO FÍSICA E DANÇA","682/2025","Médio",1.0,"2026-12-30","Material",7510.0,"Artigos para escritório",3489.0,"Bebedouro Água",430493.0,"capacidade água: 50, características adicionais: 2 torneiras geladas, material gabinete: aço inoxidável, tipo: industrial, voltagem: 220","UN",1500.0,1.0,1500.0]
["2026-12-01","Aprovada",null,"ELETRODOMÉSTICOS E EQUIPAMENTOS COMUNS","BENS",153052.0,"2026-03-30","2026-07-10",102.0,"CE - CENTRO DE EVENTOS","710/2025","Alto",1.0,"2026-03-01","Material",4110.0,"Equipamento para refrigeração",3489.0,"Bebedouro Água",624240.0,"capacidade água: 120, características adicionais: 4 torneiras latão cromado, material corpo: aço inoxidável, material gabinete: aço inox e poliuretano injetado, tipo: industrial, vazão: 120, voltagem: 220","UN",3000.0,2.0,6000.0]
["2026-12-01","Aprovada",null,"ELETRODOMÉSTICOS E EQUIPAMENTOS COMUNS","BENS",153052.0,"2026-03-30","2026-07-10",102.0,"SIN - SECRETARIA DE INCLUSÃO","752/2025","Alto",4.0,"2026-01-20","Material",4110.0,"Equipamento para refrigeração",785.0,"Refrigerador Duplex",602846.0,"capacidade refrigeração: 350, características adicionais: prateleiras removíveis, gavetão, sistema multiflow, cor: branca, sistema degelo: frost free, tensão alimentação: 220, tipo: vertical, tipo portas: fixas","UN",3090.27,1.0,3090.27]
["2026-12-01","Aprovada",null,"ELETRODOMÉSTICOS E EQUIPAMENTOS COMUNS","BENS",153052.0,"2026-03-30","2026-07-10",102.0,"SIN - SECRETARIA DE INCLUSÃO","752/2025","Alto",8.0,"2026-01-20","Material",7310.0,"Equipamentos para cozinhar, assar e servir alimentos",17704.0,"Fogão Elétrico",367049.0,"características adicionais: lâmpada indicadora liga e desliga, componentes: 2 acendedores, material: vitrocerâmico, potência: 1.200 a 1.700, uso: doméstico, voltagem: 220","UN",879.0,1.0,879.0]
["2026-12-01","Aprovada",null,"ELETRODOMÉSTICOS E EQUIPAMENTOS COMUNS","BENS",153052.0,"2026-03-30","2026-07-10",102.0,"SIN - SECRETARIA DE INCLUSÃO","752/2025","Alto",11.0,"2026-01-20","Material",7310.0,"Equipamentos para cozinhar, assar e servir alimentos",1069.0,"Cafeteira Elétrica",470922.0,"capacidade: 1,2, características adicionais: termostato/resistência blindada/visor/sapatas anti, material: aço inoxidável, potência: 800, voltagem: 220","UN",218.47,1.0,218.47]
["2026-12-01","Aprovada",null,"ELETRODOMÉSTICOS E EQUIPAMENTOS COMUNS","BENS",153052.0,"2026-03-30","2026-07-10",102.0,"DFP - DIRETORIA FINANCEIRA DE PESSOAS","754/2025","Alto",1.0,"2026-01-02","Material",4110.0,"Equipamento para refrigeração",3492.0,"Bebedouro Água Garrafão",402920.0,"capacidade: 20, características adicionais: baixo consumo energia,termostato regulável,inmetro, material: plástico abs e chapa aço inoxidável, tipo: elétrico de coluna, voltagem: 220","UN",1100.0,1.0,1100.0]
["2026-12-01","Aprovada",null,"ELETRODOMÉSTICOS E EQUIPAMENTOS COMUNS","BENS",153052.0,"2026-03-30","2026-07-10",102.0,"FAV - FACULDADE DE ARTES VISUAIS","334/2025","Médio",33.0,"2026-12-01","Material",7910.0,"Enceradeiras e aspiradores de pó",3094.0,"Aspirador Pó - Microcomputador",607913.0,"características adicionais: aspirador e soprador; portátil; sem fio; carregame, potência: 60, voltagem: 110/220","UN",150.0,1.0,150.0]
["2026-12-01","Aprovada",null,"ELETRODOMÉSTICOS E EQUIPAMENTOS COMUNS","BENS",153052.0,"2026-03-30","2026-07-10",102.0,"BC - BIBLIOTECA CENTRAL","762/2025","Médio",1.0,"2026-07-05","Material",4110.0,"Equipamento para refrigeração",785.0,"Refrigerador Duplex",620945.0,"capacidade congelador: 75, capacidade refrigeração: 450, características adicionais: gavetas congelador, cor: branca, sistema degelo: frost free, tensão alimentação: 220, tipo: vertical","UN",3300.0,2.0,6600.0]
["2026-12-01","Aprovada",null,"ELETRODOMÉSTICOS E EQUIPAMENTOS COMUNS","BENS",153052.0,"2026-03-30","2026-07-10",102.0,"BC - BIBLIOTECA CENTRAL","762/2025","Médio",2.0,"2026-07-05","Material",4110.0,"Equipamento para refrigeração",3489.0,"Bebedouro Água",430493.0,"capacidade água: 50, características adicionais: 2 torneiras geladas, material gabinete: aço inoxidável, tipo: industrial, voltagem: 220","UN",2800.0,2.0,5600.0]
["2026-12-01","Aprovada",null,"ELETRODOMÉSTICOS E EQUIPAMENTOS COMUNS","BENS",153052.0,"2026-03-30","2026-07-10",102.0,"BC - BIBLIOTECA CENTRAL","762/2025","Médio",3.0,"2026-07-05","Material",7310.0,"Equipamentos para cozinhar, assar e servir alimentos",1045.0,"Forno Microondas",354973.0,"capacidade: 30, características adicionais: com prato giratório, cor: branca, voltagem: 220","UN",700.0,4.0,2800.0]
["2026-12-01","Aprovada",null,"ELETRODOMÉSTICOS E EQUIPAMENTOS COMUNS","BENS",153052.0,"2026-03-30","2026-07-10",102.0,"PROGRAD - PRO-REITORIA DE GRADUAÇÃO","768/2025","Médio",1.0,"2026-08-30","Material",7310.0,"EQUIPAMENTOS PARA COZINHAR, ASSAR E SERVIR ALIMENTOS",1069.0,"CAFETEIRA ELÉTRICA",613880.0,"CAPACIDADE: 1,50, MATERIAL: PLÁSTICO RESISTENTE, POTÊNCIA: 1.170, VOLTAGEM: 110/220","UN",550.0,1.0,550.0]
["2026-12-01","Aprovada",null,"ELETRODOMÉSTICOS E EQUIPAMENTOS COMUNS","BENS",153052.0,"2026-03-30","2026-07-10",102.0,"PROGRAD - PRO-REITORIA DE GRADUAÇÃO","768/2025","Médio",2.0,"2026-08-30","Material",4610.0,"EQUIPAMENTOS PARA PURIFICAÇÃO DE ÁGUA",15695.0,"APARELHO PURIFICADOR DE ÁGUA",611887.0,"CAPACIDADE: 2, CARACTERÍSTICAS ADICIONAIS: ÁGUA GELADA E ÁGUA NATURAL, TIPO: CINCO FILTRAGENS, TIPO FIXAÇÃO: PAREDE, VOLTAGEM: 220","UN",600.0,1.0,600.0]
["2026-12-01","Aprovada",null,"ELETRODOMÉSTICOS E EQUIPAMENTOS COMUNS","BENS",153052.0,"2026-03-30","2026-07-10",102.0,"PRPI - PRO-REITORIA DE PESQUISA E INOVAÇÃO","775/2025","Médio",1.0,"2026-04-30","Material",4110.0,"Equipamento para refrigeração",14072.0,"Freezer Vertical",449403.0,"aplicação: laboratório, capacidade: 300, características adicionais: 5 gavetas em aço/compressor hermético/4 rodízios e, funções: display digital/alarme/conecção usb/degelo manual, quantidade de portas: 1, temperatura operação: -70°c a -80°c, voltagem: bivolt","UN",7000.0,1.0,7000.0]
["2026-12-01","Aprovada",null,"ELETRODOMÉSTICOS E EQUIPAMENTOS COMUNS","BENS",153052.0,"2026-03-30","2026-07-10",102.0,"IIG - INSTITUTO DE INOVAÇÃO EM GESTÃO","801/2025","Alto",1.0,"2026-12-31","Material",4110.0,"EQUIPAMENTO PARA REFRIGERAÇÃO",3489.0,"BEBEDOURO ÁGUA",619006.0,"CARACTERÍSTICAS ADICIONAIS: TORNEIRAS EM LATÃO CROMADO COM BOTÕES INDEPENDENTE, MATERIAL GABINETE: AÇO INOXIDÁVEL, TIPO: INDUSTRIAL, VAZÃO ÁGUA GELADA: 6, VOLTAGEM: 127/220","UN",1449.0,3.0,4347.0]
["2026-12-01","Aprovada",null,"ELETRODOMÉSTICOS E EQUIPAMENTOS COMUNS","BENS",153052.0,"2026-03-30","2026-07-10",102.0,"CIDARQ - CENTRO DE INFORMAÇÃO DOCUMENTO E ARQUIVOS","807/2025","Baixo",1.0,"2026-05-30","Material",7730.0,"Fonógrafos, rádios e televisores de tipo doméstico",12609.0,"Televisor",471011.0,"acessórios: controle remoto/sleep time/vhf/uhf e tv a cabo, características adicionais: smart tv, 4 k, wifi. entradas hdmi/usb, conversor, tamanho tela: 55, tipo tela: led, voltagem: bivolt","UN",3500.0,1.0,3500.0]
["2026-12-01","Aprovada",null,"ELETRODOMÉSTICOS E EQUIPAMENTOS COMUNS","BENS",153052.0,"2026-03-30","2026-07-10",102.0,"CIDARQ - CENTRO DE INFORMAÇÃO DOCUMENTO E ARQUIVOS","808/2025","Alto",1.0,"2026-06-30","Material",7910.0,"Enceradeiras e aspiradores de pó",13814.0,"Aspirador De Pó E Água",448227.0,"capacidade: 20, características adicionais: bocais, prolongador e filtro padrão hepa, material: tanque em aço inox, potência: 1.400, tensão alimentação: 127","UN",660.0,1.0,660.0]
["2026-12-01","Aprovada",null,"ELETRODOMÉSTICOS E EQUIPAMENTOS COMUNS","BENS",153052.0,"2026-03-30","2026-07-10",102.0,"CIDARQ - CENTRO DE INFORMAÇÃO DOCUMENTO E ARQUIVOS","811/2025","Alto",1.0,"2026-08-31","Material",4110.0,"Equipamento para refrigeração",3492.0,"Bebedouro Água Garrafão",401655.0,"acabamento externo: pintura epoxi pó, capacidade: 20, características adicionais: 2 torneiras;depósito água e tampo superior em aço, cor: branca, material: aço galvanizado, tipo: elétrico de coluna, voltagem: 220","UN",640.0,2.0,1280.0]
["2026-12-01","Aprovada",null,"ELETRODOMÉSTICOS E EQUIPAMENTOS COMUNS","BENS",153052.0,"2026-03-30","2026-07-10",102.0,"PROPESSOAS - PRO-REITORIA DE GESTÃO DE PESSOAS","836/2025","Médio",1.0,"2026-03-31","Material",7730.0,"FONÓGRAFOS, RÁDIOS E TELEVISORES DE TIPO DOMÉSTICO",12609.0,"TELEVISOR",611856.0,"ACESSÓRIOS: CONTROLE REMOTO, CARACTERÍSTICAS ADICIONAIS: SMART TV, 4 K, WIFI. ENTRADAS HDMI/USB, CONVERSOR, COR: PRETA, TAMANHO TELA: 75, TIPO TELA: LED TOUCH SCREEN, VOLTAGEM: 110/220","UN",4000.0,1.0,4000.0]
["2026-12-01","Aprovada",null,"ELETRODOMÉSTICOS E EQUIPAMENTOS COMUNS","BENS",153052.0,"2026-03-30","2026-07-10",102.0,"PROPESSOAS - PRO-REITORIA DE GESTÃO DE PESSOAS","837/2025","Médio",1.0,"2026-03-31","Material",4110.0,"Equipamento para refrigeração",784.0,"Frigobar",334163.0,"capacidade: 122, cor: branca, tensão alimentação: 110/220","UN",1200.0,1.0,1200.0]
["2026-12-01","Aprovada",null,"ELETRODOMÉSTICOS E EQUIPAMENTOS COMUNS","BENS",153052.0,"2026-03-30","2026-07-10",102.0,"CAMPUS FIRMINÓPOLIS","137/2025","Médio",1.0,"2026-04-01","Material",7320.0,"Equipamentos e aparelhos de cozinha",13581.0,"Liquidificador",607776.0,"capacidade: 3, características adicionais: 12 velocidades, copo reforçado, potência: 1.200, uso: doméstico, voltagem: 220","UN",280.0,1.0,280.0]
["2026-12-01","Aprovada",null,"ELETRODOMÉSTICOS E EQUIPAMENTOS COMUNS","BENS",153052.0,"2026-03-30","2026-07-10",102.0,"CAMPUS FIRMINÓPOLIS","137/2025","Médio",2.0,"2026-04-01","Material",3510.0,"Equipamentos de lavanderia e lavagem a seco",7405.0,"Ferro Passar Roupa",607775.0,"capacidade: 320, características adicionais: base steamglide plus, potência: 2.000, tensão alimentação: 220, tipo: elétrico vapor e spray","UN",150.0,1.0,150.0]
["2026-12-01","Aprovada",null,"ELETRODOMÉSTICOS E EQUIPAMENTOS COMUNS","BENS",153052.0,"2026-03-30","2026-07-10",102.0,"CAMPUS FIRMINÓPOLIS","137/2025","Médio",3.0,"2026-04-01","Material",7320.0,"Equipamentos e aparelhos de cozinha",1097.0,"Sanduicheira",367474.0,"características adicionais: prepara 2 sanduíches por vez, material: aço inoxidável, tensão: 220","UN",130.0,2.0,260.0]
["2026-12-01","Aprovada",null,"ELETRODOMÉSTICOS E EQUIPAMENTOS COMUNS","BENS",153052.0,"2026-03-30","2026-07-10",102.0,"PRAE - PRO-REITORIA DE ASSUNTOS ESTUDANTIS","508/2025","Alto",6.0,"2026-01-15","Material",7730.0,"Fonógrafos, rádios e televisores de tipo doméstico",12609.0,"Televisor",470801.0,"acessórios: controle remoto/sleep time/vhf/uhf e tv a cabo, características adicionais: smart tv, full hd, entradas hdmi/usb, conversor di, tamanho tela: 42, tipo tela: led, voltagem: bivolt","UN",1500.0,1.0,1500.0]
["2026-12-01","Aprovada",null,"ELETRODOMÉSTICOS E EQUIPAMENTOS COMUNS","BENS",153052.0,"2026-03-30","2026-07-10",102.0,"PRAE - PRO-REITORIA DE ASSUNTOS ESTUDANTIS","859/2025","Alto",2.0,"2026-01-15","Material",4110.0,"Equipamento para refrigeração",3489.0,"Bebedouro Água",338715.0,"capacidade água: 20, características adicionais: pré-tratamento contra corrosão/pintura epóxi pó/na, material corpo: aço carbono, material gabinete: aço carbono, tipo: vertical elétrico, voltagem: 110/220","UN",650.0,1.0,650.0]
["2026-12-01","Aprovada",null,"ELETRODOMÉSTICOS E EQUIPAMENTOS COMUNS","BENS",153052.0,"2026-03-30","2026-07-10",102.0,"SEINFRA - SECRETARIA DE INFRAESTRUTURA","929/2025","Médio",1.0,"2026-03-02","Material",4110.0,"Equipamento para refrigeração",3492.0,"Bebedouro Água Garrafão",605584.0,"capacidade: 20, características adicionais: cabo usb, bateria recarregável, material: polipropileno e aço inoxidável, tipo: encaixe, voltagem: 5","UN",600.0,1.0,600.0]
["2026-12-01","Aprovada",null,"ELETRODOMÉSTICOS E EQUIPAMENTOS COMUNS","BENS",153052.0,"2026-03-30","2026-07-10",102.0,"DLOG - DIRETORIA DE LOGÍSTICA","915/2025","Alto",4.0,"2026-06-01","Material",4610.0,"Equipamentos para purificação de água",15695.0,"Aparelho Purificador De Água",622129.0,"características adicionais: lâmpada ultravioleta/micro filtro, tipo: osmose reversa, vazão: 2, voltagem: bivolt","UN",650.0,1.0,650.0]
["2026-12-01","Aprovada",null,"ELETRODOMÉSTICOS E EQUIPAMENTOS COMUNS","BENS",153052.0,"2026-03-30","2026-07-10",102.0,"GOIAS - REGIONAL GOIAS","978/2025","Médio",1.0,"2026-07-01","Material",4110.0,"Equipamento para refrigeração",785.0,"Refrigerador Duplex",620945.0,"capacidade congelador: 75, capacidade refrigeração: 450, características adicionais: gavetas congelador, cor: branca, sistema degelo: frost free, tensão alimentação: 220, tipo: vertical","UN",3000.0,2.0,6000.0]
["2026-12-01","Aprovada",null,"ELETRODOMÉSTICOS E EQUIPAMENTOS COMUNS","BENS",153052.0,"2026-03-30","2026-07-10",102.0,"GOIAS - REGIONAL GOIAS","978/2025","Médio",2.0,"2026-07-01","Material",4110.0,"Equipamento para refrigeração",3489.0,"Bebedouro Água",311387.0,"capacidade água: 200, características adicionais: 4 torneiras latão cromado, serpentina cobre locali, material gabinete: aço inoxidável, tipo: industrial, voltagem: 110/220, material reservatório água: aço inoxidável","UN",4000.0,1.0,4000.0]
["2026-12-01","Aprovada",null,"ELETRODOMÉSTICOS E EQUIPAMENTOS COMUNS","BENS",153052.0,"2026-03-30","2026-07-10",102.0,"GOIAS - REGIONAL GOIAS","980/2025","Médio",2.0,"2026-07-01","Material",3510.0,"Equipamentos de lavanderia e lavagem a seco",9309.0,"Máquina Lavar Roupa",438940.0,"aplicação: doméstica, capacidade: 15, características adicionais: lavadoura e secadora, cor: branca, material cesto: aço inoxidável, material gabinete: metálico, tipo: automática, voltagem: 127/220","UN",2000.0,4.0,8000.0]
["2026-12-01","Aprovada",null,"ELETRODOMÉSTICOS E EQUIPAMENTOS COMUNS","BENS",153052.0,"2026-03-30","2026-07-10",102.0,"GOIAS - REGIONAL GOIAS","980/2025","Médio",3.0,"2026-07-01","Material",7310.0,"Equipamentos para cozinhar, assar e servir alimentos",1045.0,"Forno Microondas",479243.0,"capacidade: 31, características adicionais: timer, prato giratório, auto descongelamento, material: aço inoxidável, potência: 1.400, voltagem: 220","UN",800.0,5.0,4000.0]
["2026-12-01","Aprovada",null,"ELETRODOMÉSTICOS E EQUIPAMENTOS COMUNS","BENS",153052.0,"2026-03-30","2026-07-10",102.0,"GOIAS - REGIONAL GOIAS","980/2025","Médio",4.0,"2026-07-01","Material",7310.0,"Equipamentos para cozinhar, assar e servir alimentos",1041.0,"Fogão Gás",425200.0,"características adicionais: acendimento automático / forno autolimpante / tam-, cor: branca, normas técnicas: selo inmetro gategoria a\", quantidade bocas: 4, tipo fogão: convencional, voltagem: 110/220\"","UN",800.0,2.0,1600.0]
["2026-12-01","Aprovada",null,"ELETRODOMÉSTICOS E EQUIPAMENTOS COMUNS","BENS",153052.0,"2026-03-30","2026-07-10",102.0,"GOIAS - REGIONAL GOIAS","980/2025","Médio",5.0,"2026-07-01","Material",4140.0,"Ventiladores, circuladores de ar e ventoinhas",703.0,"Coifa",327793.0,"aplicação: cozinha, características adicionais: com exaustor, 3 níveis velocidade, 220 v dimensões, material: aço inoxidável escovado, tipo: de parede","UN",700.0,2.0,1400.0]
["2026-12-01","Aprovada",null,"ELETRODOMÉSTICOS E EQUIPAMENTOS COMUNS","BENS",153052.0,"2026-03-30","2026-07-10",102.0,"PPG Direito e Políticas Públicas - FD-TAXAS","987/2025","Baixo",1.0,"2026-07-31","Material",7105.0,"Mobiliário doméstico",12609.0,"Televisor",460902.0,"acessórios: controle remoto, características adicionais: smart tv, 4 k, wifi. entradas hdmi/usb, conversor, tamanho tela: 85, tipo tela: led, voltagem: 110/220","UN",9500.0,1.0,9500.0]
["2026-12-01","Aprovada",null,"ELETRODOMÉSTICOS E EQUIPAMENTOS COMUNS","BENS",153052.0,"2026-03-30","2026-07-10",102.0,"DCF - DIRETORIA DE CONTABILIDADE E FINANÇAS","994/2025","Médio",1.0,"2026-01-31","Material",4110.0,"Equipamento para refrigeração",3492.0,"Bebedouro Água Garrafão",263375.0,"capacidade: 20, características adicionais: 2 torneiras, serpentina, mangueira, torneiras ató-, material: aço inoxidável, tipo: torre, voltagem: 220, frequência: 60, saída água: natural e gelada","UN",1000.0,1.0,1000.0]
["2026-12-01","Aprovada",null,"ELETRODOMÉSTICOS E EQUIPAMENTOS COMUNS","BENS",153052.0,"2026-03-30","2026-07-10",102.0,"DLOG - DIRETORIA DE LOGÍSTICA","1000/2025","Médio",2.0,"2026-12-10","Material",4110.0,"Equipamento para refrigeração",3492.0,"Bebedouro Água Garrafão",402920.0,"capacidade: 20, características adicionais: baixo consumo energia,termostato regulável,inmetro, material: plástico abs e chapa aço inoxidável, tipo: elétrico de coluna, voltagem: 220","UN",1150.0,1.0,1150.0]
["35/2026","Aprovada",null,"PESTICIDAS, DEFENSIVOS E FERTILIZANTES","BENS",153052.0,"2026-05-04","2026-07-24",81.0,"EVZ - ESCOLA DE VETERINÁRIA E ZOOTECNIA","301/2025","Alto",1.0,"2026-09-30","Material",8720.0,"Fertilizantes",1554.0,"Fertilizante Ureia",321945.0,"apresentação: granulado, características adicionais: fórmula química nh2conh2, composição química nitrogênio: 46, cor: branca","TON",2500.0,20.0,50000.0]
["35/2026","Aprovada",null,"PESTICIDAS, DEFENSIVOS E FERTILIZANTES","BENS",153052.0,"2026-05-04","2026-07-24",81.0,"EVZ - ESCOLA DE VETERINÁRIA E ZOOTECNIA","301/2025","Alto",2.0,"2026-09-30","Material",8720.0,"Fertilizantes",2122.0,"Adubo Químico",452057.0,"aspecto físico: pó/granulado, composição básica 1: cloreto de potássio 60% k20, cor: branca","TON",2500.0,9.0,22500.0]
["35/2026","Aprovada",null,"PESTICIDAS, DEFENSIVOS E FERTILIZANTES","BENS",153052.0,"2026-05-04","2026-07-24",81.0,"EVZ - ESCOLA DE VETERINÁRIA E ZOOTECNIA","301/2025","Alto",3.0,"2026-09-30","Material",8720.0,"Fertilizantes",2122.0,"Adubo Químico",438237.0,"aspecto físico: granulado, características adicionais: map - fosfato monoamônico, composição básica: 50% p2o5 + 11% n","TON",2700.0,13.0,35100.0]
["35/2026","Aprovada",null,"PESTICIDAS, DEFENSIVOS E FERTILIZANTES","BENS",153052.0,"2026-05-04","2026-07-24",81.0,"EVZ - ESCOLA DE VETERINÁRIA E ZOOTECNIA","301/2025","Alto",4.0,"2026-09-30","Material",9620.0,"Minerais Naturais E Sintéticos",15160.0,"Calcário Dolomitico",402221.0,"aspecto físico: pó, composição: 30,3% caco3, 22,4% mgco3, prnt > 95%, pn > 109%, cor: branca, uso: correção acidez do solo","TON",130.0,24.0,3120.0]
["35/2026","Aprovada",null,"PESTICIDAS, DEFENSIVOS E FERTILIZANTES","BENS",153052.0,"2026-05-04","2026-07-24",81.0,"EA - ESCOLA DE AGRONOMIA","343/2025","Médio",1.0,"2026-08-01","Material",8720.0,"Fertilizantes",2122.0,"Adubo Químico",452057.0,"aspecto físico: pó/granulado, composição básica 1: cloreto de potássio 60% k20, cor: branca","TON",2900.0,6.0,17400.0]
["35/2026","Aprovada",null,"PESTICIDAS, DEFENSIVOS E FERTILIZANTES","BENS",153052.0,"2026-05-04","2026-07-24",81.0,"EA - ESCOLA DE AGRONOMIA","343/2025","Médio",2.0,"2026-08-01","Material",8720.0,"Fertilizantes",995.0,"Fertilizante Natural",465465.0,"aplicação: agrícola, apresentação: farelo, composição química: mínimo 17% de calcio, 25% de enxofre e 0,6 % p205, tipo: gesso agrícola","T",193.0,20.0,3860.0]
["46/2026","Aprovada",null,"FCT - Aquisição e Atualização de Licenças de Software","CONTRATACOES_TIC",153052.0,"2026-04-29","2026-07-10",72.0,"FCT- FACULDADE DE CIÊNCIAS E TECNOLOGIA","380/2025","Médio",1.0,"2026-06-15","Serviço",182.0,"Serviços de  licenciamento e  contratos de transferência de tecnologia",null,null,27502.0,"Cessão temporária de direitos sobre programas de computador locação de software",null,420.0,1.0,420.0]
["46/2026","Aprovada",null,"FCT - Aquisição e Atualização de Licenças de Software","CONTRATACOES_TIC",153052.0,"2026-04-29","2026-07-10",72.0,"FCT- FACULDADE DE CIÊNCIAS E TECNOLOGIA","380/2025","Médio",2.0,"2026-06-15","Serviço",182.0,"Serviços de  licenciamento e  contratos de transferência de tecnologia",null,null,27502.0,"Cessão temporária de direitos sobre programas de computador locação de software",null,42.8,10.0,428.0]
["46/2026","Aprovada",null,"FCT - Aquisição e Atualização de Licenças de Software","CONTRATACOES_TIC",153052.0,"2026-04-29","2026-07-10",72.0,"FCT- FACULDADE DE CIÊNCIAS E TECNOLOGIA","381/2025","Médio",1.0,"2026-06-15","Serviço",182.0,"Serviços de  licenciamento e  contratos de transferência de tecnologia",null,null,27472.0,"Licenciamento de direitos  permanentes de uso de outros softwares / programas de computador",null,2500.0,5.0,12500.0]
["46/2026","Aprovada",null,"FCT - Aquisição e Atualização de Licenças de Software","CONTRATACOES_TIC",153052.0,"2026-04-29","2026-07-10",72.0,"FCT- FACULDADE DE CIÊNCIAS E TECNOLOGIA","381/2025","Médio",2.0,"2026-06-15","Serviço",182.0,"Serviços de  licenciamento e  contratos de transferência de tecnologia",null,null,27472.0,"Licenciamento de direitos  permanentes de uso de outros softwares / programas de computador",null,11500.0,1.0,11500.0]
["46/2026","Aprovada",null,"FCT - Aquisição e Atualização de Licenças de Software","CONTRATACOES_TIC",153052.0,"2026-04-29","2026-07-10",72.0,"FCT- FACULDADE DE CIÊNCIAS E TECNOLOGIA","381/2025","Médio",3.0,"2026-06-15","Serviço",182.0,"Serviços de  licenciamento e  contratos de transferência de tecnologia",null,null,27472.0,"Licenciamento de direitos  permanentes de uso de outros softwares / programas de computador",null,460.0,10.0,4600.0]
["46/2026","Aprovada",null,"FCT - Aquisição e Atualização de Licenças de Software","CONTRATACOES_TIC",153052.0,"2026-04-29","2026-07-10",72.0,"FCT- FACULDADE DE CIÊNCIAS E TECNOLOGIA","381/2025","Médio",4.0,"2026-06-15","Serviço",182.0,"Serviços de  licenciamento e  contratos de transferência de tecnologia",null,null,27472.0,"Licenciamento de direitos  permanentes de uso de outros softwares / programas de computador",null,120.0,1.0,120.0]
["186/2026","Aprovada",null,"DTEL - SEINFRA + OUTRAS UNIDADES - INSTRUMENTO DE TESTE E DE MEDIÇÃO","BENS",153052.0,"2026-02-05","2026-07-03",148.0,"CEPAE - CENTRO DE ENSINO E PESQUISA APLICADA À EDUCAÇÃO","166/2025","Médio",10.0,"2026-02-03","Material",6636.0,"Câmaras de controle ambiental e equipamentos correlatos",13674.0,"Oxímetro Digital",257708.0,"características adicionais: eletrodo oxigênio e bolsa transporte, faixa medição oxigênio: 0 a 99, faixa temperatura: -5 a 45, tipo: portátil, tipo correção pressão atmosférica: manual, tolerância máxima erro medição: 1% para 0,1 mg/l","UN",60.0,3.0,180.0]
["186/2026","Aprovada",null,"DTEL - SEINFRA + OUTRAS UNIDADES - INSTRUMENTO DE TESTE E DE MEDIÇÃO","BENS",153052.0,"2026-02-05","2026-07-03",148.0,"CEPAE - CENTRO DE ENSINO E PESQUISA APLICADA À EDUCAÇÃO","166/2025","Médio",34.0,"2026-02-03","Material",6695.0,"Instrumentos combinados diversos",7676.0,"Fluxômetro",280471.0,"aplicação: controle fluxo oxigênio medicinal, capacidade fluxo: 0 a 15, componentes: flutuador esférico,porca conexão c/abas em latão, conexão saída: conexão saída c/resca em latão cromado, pressão: pressão calibração até 3,5, regulagem: vazão regulada p/válvula agulha c/manopla fixada, tipo conexão: conexões conforme abnt, tipo escala: escala numérica","UN",56.9,1.0,56.9]
["186/2026","Aprovada",null,"DTEL - SEINFRA + OUTRAS UNIDADES - INSTRUMENTO DE TESTE E DE MEDIÇÃO","BENS",153052.0,"2026-02-05","2026-07-03",148.0,"EECA - ESCOLA DE ENGENHARIA CIVIL E AMBIENTAL","303/2025","Médio",1.0,"2026-10-30","Material",6685.0,"Instrumentos para medição e controle de pressão,temperatura e umidade",12667.0,"Termohigrômetro-Anemômetro",425845.0,"características adicionais: data logger u23-001, usb, faixa temperatura -40°c, precisão: temperatura: +/-0,2°c, umidade: +/-2,5%, tipo: manual","UN",720.0,2.0,1440.0]
["186/2026","Aprovada",null,"DTEL - SEINFRA + OUTRAS UNIDADES - INSTRUMENTO DE TESTE E DE MEDIÇÃO","BENS",153052.0,"2026-02-05","2026-07-03",148.0,"FD - FACULDADE DE DIREITO","349/2025","Alto",9.0,"2026-04-30","Material",6625.0,"Instrumento De Teste E De Medição De Propriedades Elétricas E Eletrônicas",12692.0,"Testador",279583.0,"aplicação: rede de informática e informação, bateria: 9, características adicionais: verificação ethernet, teste continuidade, comprime, conectores: rj 11  / rj45 / bnc, padrão: 568 a / 568 a","UN",350.0,2.0,700.0]
["186/2026","Aprovada",null,"DTEL - SEINFRA + OUTRAS UNIDADES - INSTRUMENTO DE TESTE E DE MEDIÇÃO","BENS",153052.0,"2026-02-05","2026-07-03",148.0,"EA - ESCOLA DE AGRONOMIA","354/2025","Médio",10.0,"2026-09-01","Material",6685.0,"Instrumentos Para Medição E Controle De Pressão,Temperatura E Umidade",13220.0,"Vacuômetro",373418.0,"capacidade: 0 a 12.000 microns, características adicionais: leitura vácuo 7 escalas internacionais, material: metálico, modelo: digital, tipo: portátil","UN",500.0,3.0,1500.0]
["186/2026","Aprovada",null,"DTEL - SEINFRA + OUTRAS UNIDADES - INSTRUMENTO DE TESTE E DE MEDIÇÃO","BENS",153052.0,"2026-02-05","2026-07-03",148.0,"EMC - ESCOLA DE ENGENHARIA ELÉTRICA MECÂNICA E DE COMPUTAÇÃO","394/2025","Médio",12.0,"2026-08-10","Material",6625.0,"Instrumento de teste e de medição de propriedades elétricas e eletrônicas",10012.0,"Multímetro",467274.0,"capacitância: 10n/100n/10u/100u/10m, características adicionais: tipo automotivo, teste continuidade, auto desliga-, corrente ac: 60m/600m/20, corrente dc: 600u/6m/60m/600m/20, frequência: 10 - 10, resistência: 600/6k/60k/600k/6m/60, temperatura: 30 - +1000ºc, tensão ac: 600m/6/60/600/750, tensão dc: 600m/6/60/600/1000, tipo: digital","UN",826.2,1.0,826.2]
["186/2026","Aprovada",null,"DTEL - SEINFRA + OUTRAS UNIDADES - INSTRUMENTO DE TESTE E DE MEDIÇÃO","BENS",153052.0,"2026-02-05","2026-07-03",148.0,"EMC - ESCOLA DE ENGENHARIA ELÉTRICA MECÂNICA E DE COMPUTAÇÃO","394/2025","Médio",13.0,"2026-08-10","Material",6625.0,"Instrumento de teste e de medição de propriedades elétricas e eletrônicas",10012.0,"Multímetro",603537.0,"capacidade: 1000 v, características adicionais: display lcd 3.3/4 dígitos, 6000 contagens, corrente ac: 60/600/1000, corrente dc: 200/60/600/1000, dimensões: 190 x 70 x 30, funcionamento: 2 baterias 1,5v (aaa), resistência: 600/6k/60k/600k/6m/60, sensibilidade: 20 mohms, ac/dc, tensão ac: 600/1000, tensão dc: 600/1000, tipo: digital","UN",334.99,1.0,334.99]
["186/2026","Aprovada",null,"DTEL - SEINFRA + OUTRAS UNIDADES - INSTRUMENTO DE TESTE E DE MEDIÇÃO","BENS",153052.0,"2026-02-05","2026-07-03",148.0,"CC - CENTRO CULTURAL","745/2025","Alto",1.0,"2026-03-02","Material",6685.0,"Instrumentos para medição e controle de pressão,temperatura e umidade",14825.0,"Termohigrômetro",601368.0,"altura: 60, aplicação: monitoramento temperatura e humidade, características adicionais: data logger, interface usb,protocolo de calibração, comprimento: 38, espessura: 18,50, faixa medição umidade relativa: 0 a 100, faixa temperatura: -20 a 70, fonte alimentação: bateria, tipo: digital","UN",196.0,5.0,980.0]
["186/2026","Aprovada",null,"DTEL - SEINFRA + OUTRAS UNIDADES - INSTRUMENTO DE TESTE E DE MEDIÇÃO","BENS",153052.0,"2026-02-05","2026-07-03",148.0,"SEINFRA - SECRETARIA DE INFRAESTRUTURA","738/2025","Médio",26.0,"2026-07-06","Material",6625.0,"Instrumento de teste e de medição de propriedades elétricas e eletrônicas",4897.0,"Chave De Teste Elétrico",389055.0,"características adicionais: caneta, portátil, detecção tensão, sinal de alerta, comprimento: 150, cor cabo: azul, material cabo: plástico, material haste: plástico, tipo ponta: metal","UN",58.98,14.0,825.72]
["186/2026","Aprovada",null,"DTEL - SEINFRA + OUTRAS UNIDADES - INSTRUMENTO DE TESTE E DE MEDIÇÃO","BENS",153052.0,"2026-02-05","2026-07-03",148.0,"SEINFRA - SECRETARIA DE INFRAESTRUTURA","738/2025","Médio",130.0,"2026-07-06","Material",6625.0,"Instrumento de teste e de medição de propriedades elétricas e eletrônicas",4897.0,"Chave De Teste Elétrico",389055.0,"características adicionais: caneta, portátil, detecção tensão, sinal de alerta, comprimento: 150, cor cabo: azul, material cabo: plástico, material haste: plástico, tipo ponta: metal","UN",5.39,14.0,75.46]
["186/2026","Aprovada",null,"DTEL - SEINFRA + OUTRAS UNIDADES - INSTRUMENTO DE TESTE E DE MEDIÇÃO","BENS",153052.0,"2026-02-05","2026-07-03",148.0,"DAC - DIRETORIA DE ACESSIBILIDADE","854/2025","Médio",2.0,"2026-06-30","Material",6650.0,"Instrumentos Óticos, Equipamentos De Teste, Componentes  E Acessórios",13507.0,"Lupa Eletrônica",475679.0,"faixa ampliação: 2 a 14 vezes, fonte alimentação: carregador, tipo: portátil, tipo acoplamento: suporte com perna","UN",1449.99,2.0,2899.98]
["186/2026","Aprovada",null,"DTEL - SEINFRA + OUTRAS UNIDADES - INSTRUMENTO DE TESTE E DE MEDIÇÃO","BENS",153052.0,"2026-02-05","2026-07-03",148.0,"DTEL - DIRETORIA DE TELECOMUNICAÇÕES","881/2025","Baixo",9.0,"2026-10-01","Material",6625.0,"Instrumento de teste e de medição de propriedades elétricas e eletrônicas",10012.0,"Multímetro",467274.0,"capacitância: 10n/100n/10u/100u/10m, características adicionais: tipo automotivo, teste continuidade, auto desliga-, corrente ac: 60m/600m/20, corrente dc: 600u/6m/60m/600m/20, frequência: 10 - 10, resistência: 600/6k/60k/600k/6m/60, temperatura: 30 - +1000ºc, tensão ac: 600m/6/60/600/750, tensão dc: 600m/6/60/600/1000, tipo: digital","UN",186.41,2.0,372.82]
["186/2026","Aprovada",null,"DTEL - SEINFRA + OUTRAS UNIDADES - INSTRUMENTO DE TESTE E DE MEDIÇÃO","BENS",153052.0,"2026-02-05","2026-07-03",148.0,"SEINFRA - SECRETARIA DE INFRAESTRUTURA","901/2025","Médio",1.0,"2026-06-01","Material",6625.0,"INSTRUMENTO DE TESTE E DE MEDIÇÃO DE PROPRIEDADES ELÉTRICAS E ELETRÔNICAS",17743.0,"ANALISADOR DE ENERGIA ELÉTRICA",602150.0,"APLICAÇÃO: MEDIÇÃO DE PARÂMETROS ELÉTRICOS TRIFÁSICOS, CARACTERÍSTICAS ADICIONAIS: BATERIA RECARREGÁVEL, CORRENTE MÁXIMA: 3.000, FREQUÊNCIA: 50/60 HZ, MEDIÇÃO DE TENSÃO: MÁX. 1000V, TIPO: DIGITAL","UN",35910.0,1.0,35910.0]
["186/2026","Aprovada",null,"DTEL - SEINFRA + OUTRAS UNIDADES - INSTRUMENTO DE TESTE E DE MEDIÇÃO","BENS",153052.0,"2026-02-05","2026-07-03",148.0,"SEINFRA - SECRETARIA DE INFRAESTRUTURA","905/2025","Médio",1.0,"2026-06-01","Material",6625.0,"INSTRUMENTO DE TESTE E DE MEDIÇÃO DE PROPRIEDADES ELÉTRICAS E ELETRÔNICAS",9533.0,"MEDIDOR DEMANDA ELETRICIDADE",326006.0,"APLICAÇÃO: MONITORAMENTO QUALIDADE ENERGIA ELÉTRICA, DIAGNÓS-, CARACTERÍSTICAS ADICIONAIS: ENTRADAS TENSÃO E CORRENTE PROVENIENTES DE TRANSDU, TIPO: DIGITAL, TIPO USO: REGISTRADOR GRANDEZAS ELÉTRICAS, TIPO DISPLAY: LCD","UN",2500.0,1.0,2500.0]
["186/2026","Aprovada",null,"DTEL - SEINFRA + OUTRAS UNIDADES - INSTRUMENTO DE TESTE E DE MEDIÇÃO","BENS",153052.0,"2026-02-05","2026-07-03",148.0,"SEINFRA - SECRETARIA DE INFRAESTRUTURA","906/2025","Médio",1.0,"2026-06-01","Material",6625.0,"Instrumento de teste e de medição de propriedades elétricas e eletrônicas",12692.0,"Testador",326619.0,"aplicação: testador de cabos, características adicionais: conexão trocada, curto circuito, circuito aberto e, conectores: rj-45/ rj-11","UN",23224.23,1.0,23224.23]
["186/2026","Aprovada",null,"DTEL - SEINFRA + OUTRAS UNIDADES - INSTRUMENTO DE TESTE E DE MEDIÇÃO","BENS",153052.0,"2026-02-05","2026-07-03",148.0,"SEINFRA - SECRETARIA DE INFRAESTRUTURA","912/2025","Médio",29.0,"2026-04-01","Material",6625.0,"Instrumento de teste e de medição de propriedades elétricas e eletrônicas",12692.0,"Testador",603351.0,"aplicação: testador de cabos, bateria: 9, conectores: xlr, trs, rca, pd10, in p2, material: plástico rígido","UN",444.0,5.0,2220.0]
["186/2026","Aprovada",null,"DTEL - SEINFRA + OUTRAS UNIDADES - INSTRUMENTO DE TESTE E DE MEDIÇÃO","BENS",153052.0,"2026-02-05","2026-07-03",148.0,"SEINFRA - SECRETARIA DE INFRAESTRUTURA","913/2025","Médio",11.0,"2026-04-01","Material",6685.0,"Instrumentos para medição e controle de pressão,temperatura e umidade",5815.0,"Controlador Eletrônico De Temperatura",621528.0,"aplicação: acionamento elétrico, faixa temperatura: -50 a 200, modelo: digital, tensão: 115/230","UN",290.0,30.0,8700.0]
["186/2026","Aprovada",null,"DTEL - SEINFRA + OUTRAS UNIDADES - INSTRUMENTO DE TESTE E DE MEDIÇÃO","BENS",153052.0,"2026-02-05","2026-07-03",148.0,"DLOG - DIRETORIA DE LOGÍSTICA","1013/2025","Médio",4.0,"2026-12-31","Material",6625.0,"Instrumento De Teste E De Medição De Propriedades Elétricas E Eletrônicas",10012.0,"Multímetro",603537.0,"capacidade: 1000 v, características adicionais: display lcd 3.3/4 dígitos, 6000 contagens, corrente ac: 60/600/1000, corrente dc: 200/60/600/1000, dimensões: 190 x 70 x 30, funcionamento: 2 baterias 1,5v (aaa), resistência: 600/6k/60k/600k/6m/60, sensibilidade: 20 mohms, ac/dc, tensão ac: 600/1000, tensão dc: 600/1000, tipo: digital","UN",350.0,1.0,350.0]
["186/2026","Aprovada",null,"DTEL - SEINFRA + OUTRAS UNIDADES - INSTRUMENTO DE TESTE E DE MEDIÇÃO","BENS",153052.0,"2026-02-05","2026-07-03",148.0,"DTEL - DIRETORIA DE TELECOMUNICAÇÕES","1026/2025","Médio",77.0,"2026-10-01","Material",6625.0,"Instrumento de teste e de medição de propriedades elétricas e eletrônicas",12692.0,"Testador",360407.0,"aplicação: testador de cabos, bateria: 9, características adicionais: c/led's indicadores local/defeito e conexões inter, conectores: rj-45","UN",473.36,10.0,4733.6]
["183/2026","Aprovada",null,"DTEL - SEINFRA E OUTROS - AQUISIÇÃO DE SUPRIMENTOS DE ELETRICIDADE (LUVA, ELETRODUTO E OUTROS)","BENS",153052.0,"2025-12-01","2026-06-01",182.0,"FD - FACULDADE DE DIREITO","349/2025","Alto",10.0,"2026-04-30","Material",5975.0,"Ferragens E Suprimentos De Eletricidade",19261.0,"Conexão Canaleta",428594.0,"angulação: 90°, aplicação: canaleta pvc, cor: branca, material: pvc rígido antichama, tamanho: 20 x 10, tipo: curva plana","UN",20.0,50.0,1000.0]
["183/2026","Aprovada",null,"DTEL - SEINFRA E OUTROS - AQUISIÇÃO DE SUPRIMENTOS DE ELETRICIDADE (LUVA, ELETRODUTO E OUTROS)","BENS",153052.0,"2025-12-01","2026-06-01",182.0,"EECA - ESCOLA DE ENGENHARIA CIVIL E AMBIENTAL","678/2025","Alto",3.0,"2026-10-30","Material",5975.0,"Ferragens e suprimentos de eletricidade",17408.0,"Tampão Conexão",361239.0,"diâmetro: 3/4, material: pvc, tipo rosca: soldável, uso: instalações hidráulicas","UN",0.8,20.0,16.0]
["183/2026","Aprovada",null,"DTEL - SEINFRA E OUTROS - AQUISIÇÃO DE SUPRIMENTOS DE ELETRICIDADE (LUVA, ELETRODUTO E OUTROS)","BENS",153052.0,"2025-12-01","2026-06-01",182.0,"GOIAS - REGIONAL GOIAS","711/2025","Alto",2.0,"2026-07-01","Material",5975.0,"Ferragens e suprimentos de eletricidade",4148.0,"Caixa Passagem",411139.0,"aplicação: instalações elétricas, dimensões: 30 x 30, material: alumínio, posição relativa: sobrepor","UN",12.0,40.0,480.0]
["183/2026","Aprovada",null,"DTEL - SEINFRA E OUTROS - AQUISIÇÃO DE SUPRIMENTOS DE ELETRICIDADE (LUVA, ELETRODUTO E OUTROS)","BENS",153052.0,"2025-12-01","2026-06-01",182.0,"SEINFRA - SECRETARIA DE INFRAESTRUTURA","738/2025","Médio",25.0,"2026-07-06","Material",5975.0,"Ferragens e suprimentos de eletricidade",4148.0,"Caixa Passagem",444800.0,"aplicação: instalação cftv, características adicionais: juntas com bolsas, lisas para simples encaixe, componentes: tampa cega, cor: cinza, dimensões: 94,5 x 50, material: pvc, posição relativa: sobrepor, tipo: condulete com 5 entradas","UN",11.17,2900.0,32393.0]
["183/2026","Aprovada",null,"DTEL - SEINFRA E OUTROS - AQUISIÇÃO DE SUPRIMENTOS DE ELETRICIDADE (LUVA, ELETRODUTO E OUTROS)","BENS",153052.0,"2025-12-01","2026-06-01",182.0,"SEINFRA - SECRETARIA DE INFRAESTRUTURA","738/2025","Médio",40.0,"2026-07-06","Material",5975.0,"Ferragens e suprimentos de eletricidade",14343.0,"Curva Eletroduto",447133.0,"angulação: 90°, aplicação: instalação elétrica, cor: cinza, diâmetro nominal: 1, material: pvc, tipo: curva longa","UN",2.55,700.0,1785.0]
["183/2026","Aprovada",null,"DTEL - SEINFRA E OUTROS - AQUISIÇÃO DE SUPRIMENTOS DE ELETRICIDADE (LUVA, ELETRODUTO E OUTROS)","BENS",153052.0,"2025-12-01","2026-06-01",182.0,"SEINFRA - SECRETARIA DE INFRAESTRUTURA","738/2025","Médio",69.0,"2026-07-06","Material",5975.0,"Ferragens e suprimentos de eletricidade",15599.0,"Luva Eletroduto",469283.0,"aplicação: instalações elétricas, bitola: 1, características adicionais: para conexão tubo eletroduto condulete de 3/4, cor: cinza, material: pvc rígido anti-chama, tipo: chapa lisa","UN",1.02,1000.0,1020.0]
["183/2026","Aprovada",null,"DTEL - SEINFRA E OUTROS - AQUISIÇÃO DE SUPRIMENTOS DE ELETRICIDADE (LUVA, ELETRODUTO E OUTROS)","BENS",153052.0,"2025-12-01","2026-06-01",182.0,"SEINFRA - SECRETARIA DE INFRAESTRUTURA","738/2025","Médio",70.0,"2026-07-06","Material",5975.0,"Ferragens e suprimentos de eletricidade",492.0,"Luva Emenda Compressão Estanhada",212321.0,"aplicação: cabo cobre, comprimento: 40, diâmetro externo: 10,50, material: liga cobre, seção nominal condutor: 35, tipo: externo, tratamento superficial: estanhado","UN",2.6,200.0,520.0]
["183/2026","Aprovada",null,"DTEL - SEINFRA E OUTROS - AQUISIÇÃO DE SUPRIMENTOS DE ELETRICIDADE (LUVA, ELETRODUTO E OUTROS)","BENS",153052.0,"2025-12-01","2026-06-01",182.0,"SEINFRA - SECRETARIA DE INFRAESTRUTURA","738/2025","Médio",71.0,"2026-07-06","Material",5975.0,"Ferragens e suprimentos de eletricidade",492.0,"Luva Emenda Compressão Estanhada",212322.0,"aplicação: cabo cobre, comprimento: 45, diâmetro externo: 13, material: liga cobre, seção nominal condutor: 50, tipo: externo, tratamento superficial: estanhado","UN",4.51,200.0,902.0]
["183/2026","Aprovada",null,"DTEL - SEINFRA E OUTROS - AQUISIÇÃO DE SUPRIMENTOS DE ELETRICIDADE (LUVA, ELETRODUTO E OUTROS)","BENS",153052.0,"2025-12-01","2026-06-01",182.0,"SEINFRA - SECRETARIA DE INFRAESTRUTURA","738/2025","Médio",72.0,"2026-07-06","Material",5975.0,"Ferragens e suprimentos de eletricidade",492.0,"Luva Emenda Compressão Estanhada",232815.0,"aplicação: cabo cobre, comprimento: 48, diâmetro externo: 14,30, material: liga cobre, seção nominal condutor: 25, tipo: externo, tratamento superficial: estanhado","UN",2.3,100.0,230.0]
["183/2026","Aprovada",null,"DTEL - SEINFRA E OUTROS - AQUISIÇÃO DE SUPRIMENTOS DE ELETRICIDADE (LUVA, ELETRODUTO E OUTROS)","BENS",153052.0,"2025-12-01","2026-06-01",182.0,"SEINFRA - SECRETARIA DE INFRAESTRUTURA","738/2025","Médio",73.0,"2026-07-06","Material",5975.0,"Ferragens e suprimentos de eletricidade",492.0,"Luva Emenda Compressão Estanhada",212323.0,"aplicação: cabo cobre, comprimento: 48, diâmetro externo: 14,30, material: liga cobre, seção nominal condutor: 70, tipo: externo, tratamento superficial: estanhado","UN",5.62,100.0,562.0]
["183/2026","Aprovada",null,"DTEL - SEINFRA E OUTROS - AQUISIÇÃO DE SUPRIMENTOS DE ELETRICIDADE (LUVA, ELETRODUTO E OUTROS)","BENS",153052.0,"2025-12-01","2026-06-01",182.0,"SEINFRA - SECRETARIA DE INFRAESTRUTURA","738/2025","Médio",74.0,"2026-07-06","Material",5975.0,"Ferragens e suprimentos de eletricidade",492.0,"Luva Emenda Compressão Estanhada",212324.0,"aplicação: cabo cobre, comprimento: 54, diâmetro externo: 17, material: liga cobre, seção nominal condutor: 95, tipo: externo, tratamento superficial: estanhado","UN",6.92,100.0,692.0]
["183/2026","Aprovada",null,"DTEL - SEINFRA E OUTROS - AQUISIÇÃO DE SUPRIMENTOS DE ELETRICIDADE (LUVA, ELETRODUTO E OUTROS)","BENS",153052.0,"2025-12-01","2026-06-01",182.0,"SEINFRA - SECRETARIA DE INFRAESTRUTURA","738/2025","Médio",75.0,"2026-07-06","Material",5975.0,"Ferragens e suprimentos de eletricidade",492.0,"Luva Emenda Compressão Estanhada",212325.0,"aplicação: cabo cobre, comprimento: 57, diâmetro externo: 19, material: liga cobre, seção nominal condutor: 120, tipo: externo, tratamento superficial: estanhado","UN",9.74,100.0,974.0]
["183/2026","Aprovada",null,"DTEL - SEINFRA E OUTROS - AQUISIÇÃO DE SUPRIMENTOS DE ELETRICIDADE (LUVA, ELETRODUTO E OUTROS)","BENS",153052.0,"2025-12-01","2026-06-01",182.0,"SEINFRA - SECRETARIA DE INFRAESTRUTURA","738/2025","Médio",76.0,"2026-07-06","Material",5975.0,"Ferragens e suprimentos de eletricidade",492.0,"Luva Emenda Compressão Estanhada",212319.0,"aplicação: cabo cobre, comprimento: 24, diâmetro externo: 6,90, material: liga cobre, seção nominal condutor: 10, tipo: externo, tratamento superficial: estanhado","UN",1.4,100.0,140.0]
["183/2026","Aprovada",null,"DTEL - SEINFRA E OUTROS - AQUISIÇÃO DE SUPRIMENTOS DE ELETRICIDADE (LUVA, ELETRODUTO E OUTROS)","BENS",153052.0,"2025-12-01","2026-06-01",182.0,"SEINFRA - SECRETARIA DE INFRAESTRUTURA","738/2025","Médio",77.0,"2026-07-06","Material",5975.0,"Ferragens e suprimentos de eletricidade",492.0,"Luva Emenda Compressão Estanhada",212320.0,"aplicação: cabo cobre, comprimento: 40, diâmetro externo: 7,90, material: liga cobre, seção nominal condutor: 16, tipo: externo, tratamento superficial: estanhado","UN",1.66,200.0,332.0]
["183/2026","Aprovada",null,"DTEL - SEINFRA E OUTROS - AQUISIÇÃO DE SUPRIMENTOS DE ELETRICIDADE (LUVA, ELETRODUTO E OUTROS)","BENS",153052.0,"2025-12-01","2026-06-01",182.0,"SEINFRA - SECRETARIA DE INFRAESTRUTURA","738/2025","Médio",78.0,"2026-07-06","Material",5975.0,"Ferragens e suprimentos de eletricidade",492.0,"Luva Emenda Compressão Estanhada",212320.0,"aplicação: cabo cobre, comprimento: 40, diâmetro externo: 7,90, material: liga cobre, seção nominal condutor: 16, tipo: externo, tratamento superficial: estanhado","UN",25.07,50.0,1253.5]
["183/2026","Aprovada",null,"DTEL - SEINFRA E OUTROS - AQUISIÇÃO DE SUPRIMENTOS DE ELETRICIDADE (LUVA, ELETRODUTO E OUTROS)","BENS",153052.0,"2025-12-01","2026-06-01",182.0,"SEINFRA - SECRETARIA DE INFRAESTRUTURA","738/2025","Médio",79.0,"2026-07-06","Material",5975.0,"Ferragens e suprimentos de eletricidade",492.0,"Luva Emenda Compressão Estanhada",212320.0,"aplicação: cabo cobre, comprimento: 40, diâmetro externo: 7,90, material: liga cobre, seção nominal condutor: 16, tipo: externo, tratamento superficial: estanhado","UN",25.07,100.0,2507.0]
["183/2026","Aprovada",null,"DTEL - SEINFRA E OUTROS - AQUISIÇÃO DE SUPRIMENTOS DE ELETRICIDADE (LUVA, ELETRODUTO E OUTROS)","BENS",153052.0,"2025-12-01","2026-06-01",182.0,"SEINFRA - SECRETARIA DE INFRAESTRUTURA","738/2025","Médio",80.0,"2026-07-06","Material",5975.0,"Ferragens e suprimentos de eletricidade",15710.0,"Passa Fio",299949.0,"aplicação: passagem cabo/fio, comprimento: 15, material: pvc, tipo: fita","UN",18.35,30.0,550.5]
["183/2026","Aprovada",null,"DTEL - SEINFRA E OUTROS - AQUISIÇÃO DE SUPRIMENTOS DE ELETRICIDADE (LUVA, ELETRODUTO E OUTROS)","BENS",153052.0,"2025-12-01","2026-06-01",182.0,"SEINFRA - SECRETARIA DE INFRAESTRUTURA","738/2025","Médio",111.0,"2026-07-06","Material",5975.0,"Ferragens e suprimentos de eletricidade",6462.0,"Eletroduto",431050.0,"cor: preta, diâmetro externo: 50, material: polietileno alta densidade, normas técnicas: nbr15715, tipo: flexível corrugado","M",5.0,50.0,250.0]
["183/2026","Aprovada",null,"DTEL - SEINFRA E OUTROS - AQUISIÇÃO DE SUPRIMENTOS DE ELETRICIDADE (LUVA, ELETRODUTO E OUTROS)","BENS",153052.0,"2025-12-01","2026-06-01",182.0,"SEINFRA - SECRETARIA DE INFRAESTRUTURA","738/2025","Médio",112.0,"2026-07-06","Material",5975.0,"Ferragens e suprimentos de eletricidade",6462.0,"Eletroduto",436241.0,"diâmetro nominal: 1, material: metálico, revestimento: polietileno, tipo: flexível sealtube","M",10.69,1000.0,10690.0]
["183/2026","Aprovada",null,"DTEL - SEINFRA E OUTROS - AQUISIÇÃO DE SUPRIMENTOS DE ELETRICIDADE (LUVA, ELETRODUTO E OUTROS)","BENS",153052.0,"2025-12-01","2026-06-01",182.0,"SEINFRA - SECRETARIA DE INFRAESTRUTURA","738/2025","Médio",113.0,"2026-07-06","Material",5975.0,"Ferragens e suprimentos de eletricidade",6462.0,"Eletroduto",348254.0,"características adicionais: com rosca, comprimento: 3, cor: cinza, diâmetro nominal: 1, material: pvc, tipo: rígido anti-chama","M",6.3,1000.0,6300.0]
["183/2026","Aprovada",null,"DTEL - SEINFRA E OUTROS - AQUISIÇÃO DE SUPRIMENTOS DE ELETRICIDADE (LUVA, ELETRODUTO E OUTROS)","BENS",153052.0,"2025-12-01","2026-06-01",182.0,"SEINFRA - SECRETARIA DE INFRAESTRUTURA","738/2025","Médio",121.0,"2026-07-06","Material",5975.0,"Ferragens e suprimentos de eletricidade",7009.0,"Placa Cega",265305.0,"aplicação: tampa caixa rede elétrica, características adicionais: com parafuso, formato: retangular, material: pvc, comprimento: 4, largura: 2","UN",3.27,100.0,327.0]
["183/2026","Aprovada",null,"DTEL - SEINFRA E OUTROS - AQUISIÇÃO DE SUPRIMENTOS DE ELETRICIDADE (LUVA, ELETRODUTO E OUTROS)","BENS",153052.0,"2025-12-01","2026-06-01",182.0,"SEINFRA - SECRETARIA DE INFRAESTRUTURA","784/2025","Médio",25.0,"2026-06-01","Material",5975.0,"Ferragens e suprimentos de eletricidade",18925.0,"Emenda",428093.0,"aplicação: perfilado, material: aço pré-galvanizado, perfil: i\", uso: interno\"","UN",1.88,300.0,564.0]
["183/2026","Aprovada",null,"DTEL - SEINFRA E OUTROS - AQUISIÇÃO DE SUPRIMENTOS DE ELETRICIDADE (LUVA, ELETRODUTO E OUTROS)","BENS",153052.0,"2025-12-01","2026-06-01",182.0,"SEINFRA - SECRETARIA DE INFRAESTRUTURA","726/2025","Médio",69.0,"2026-03-02","Material",5975.0,"Ferragens e suprimentos de eletricidade",17408.0,"Tampão Conexão",269456.0,"diâmetro: 1/4, material: latão, posição rosca: interna","UN",12.0,50.0,600.0]
["183/2026","Aprovada",null,"DTEL - SEINFRA E OUTROS - AQUISIÇÃO DE SUPRIMENTOS DE ELETRICIDADE (LUVA, ELETRODUTO E OUTROS)","BENS",153052.0,"2025-12-01","2026-06-01",182.0,"DTEL - DIRETORIA DE TELECOMUNICAÇÕES","1022/2025","Médio",5.0,"2026-05-01","Material",5975.0,"Ferragens e suprimentos de eletricidade",15620.0,"Adaptador Condulete",433420.0,"bitola: 1, características adicionais: sistema travamento dos acessórios e proteção cabos, cor: cinza, material: pvc - cloreto de polivinila, normas técnicas: nbr15465","UN",1.44,4000.0,5760.0]
["183/2026","Aprovada",null,"DTEL - SEINFRA E OUTROS - AQUISIÇÃO DE SUPRIMENTOS DE ELETRICIDADE (LUVA, ELETRODUTO E OUTROS)","BENS",153052.0,"2025-12-01","2026-06-01",182.0,"DTEL - DIRETORIA DE TELECOMUNICAÇÕES","1022/2025","Médio",27.0,"2026-05-01","Material",5975.0,"Ferragens e suprimentos de eletricidade",4148.0,"Caixa Passagem",369361.0,"cor: cinza texturizado, grau proteção: ip 65, material: alumínio fundido, modelo: necl3-y (nutsteel), uso: ligação, derivação e passagem de condutores elétri, bitola: 1, código: necl320e03ny (nutsteel)","UN",75.86,50.0,3793.0]
["183/2026","Aprovada",null,"DTEL - SEINFRA E OUTROS - AQUISIÇÃO DE SUPRIMENTOS DE ELETRICIDADE (LUVA, ELETRODUTO E OUTROS)","BENS",153052.0,"2025-12-01","2026-06-01",182.0,"DTEL - DIRETORIA DE TELECOMUNICAÇÕES","1022/2025","Médio",28.0,"2026-05-01","Material",5975.0,"Ferragens e suprimentos de eletricidade",4148.0,"Caixa Passagem",411139.0,"aplicação: instalações elétricas, dimensões: 30 x 30, material: alumínio, posição relativa: sobrepor","UN",135.94,30.0,4078.2]
["183/2026","Aprovada",null,"DTEL - SEINFRA E OUTROS - AQUISIÇÃO DE SUPRIMENTOS DE ELETRICIDADE (LUVA, ELETRODUTO E OUTROS)","BENS",153052.0,"2025-12-01","2026-06-01",182.0,"DTEL - DIRETORIA DE TELECOMUNICAÇÕES","1022/2025","Médio",29.0,"2026-05-01","Material",5975.0,"Ferragens e suprimentos de eletricidade",4148.0,"Caixa Passagem",448154.0,"aplicação: instalação telefônica subterrânea, dimensões: 30 x 30, formato: quadrada, material: pvc, tipo: t-16","UN",160.97,30.0,4829.1]
["183/2026","Aprovada",null,"DTEL - SEINFRA E OUTROS - AQUISIÇÃO DE SUPRIMENTOS DE ELETRICIDADE (LUVA, ELETRODUTO E OUTROS)","BENS",153052.0,"2025-12-01","2026-06-01",182.0,"DTEL - DIRETORIA DE TELECOMUNICAÇÕES","1022/2025","Médio",30.0,"2026-05-01","Material",5975.0,"Ferragens e suprimentos de eletricidade",4148.0,"Caixa Passagem",347628.0,"características adicionais: com tampa alta e parafuso articulado., material: ferro esmaltado, comprimento: 300, largura: 300, altura: 120","UN",112.05,100.0,11205.0]
["183/2026","Aprovada",null,"DTEL - SEINFRA E OUTROS - AQUISIÇÃO DE SUPRIMENTOS DE ELETRICIDADE (LUVA, ELETRODUTO E OUTROS)","BENS",153052.0,"2025-12-01","2026-06-01",182.0,"DTEL - DIRETORIA DE TELECOMUNICAÇÕES","1022/2025","Médio",31.0,"2026-05-01","Material",5975.0,"Ferragens e suprimentos de eletricidade",14260.0,"Canaleta",460764.0,"aplicação: instalação elétrica, características adicionais: com divisória / com adesivo dupla face, cor: branca, dimensões: 20x12x2000 (lxaxc), material: pvc - cloreto de polivinila, uso: sistema x\"\"","UN",19.39,50.0,969.5]
["183/2026","Aprovada",null,"DTEL - SEINFRA E OUTROS - AQUISIÇÃO DE SUPRIMENTOS DE ELETRICIDADE (LUVA, ELETRODUTO E OUTROS)","BENS",153052.0,"2025-12-01","2026-06-01",182.0,"DTEL - DIRETORIA DE TELECOMUNICAÇÕES","1022/2025","Médio",34.0,"2026-05-01","Material",5975.0,"Ferragens e suprimentos de eletricidade",5545.0,"Condulete",484530.0,"bitola: 1/2 - 1, características adicionais: sem rosca e sem tampa, cor: cinza, material: pvc, referência fabricante: inpol, tipo: multiplo","UN",11.57,2000.0,23140.0]
["183/2026","Aprovada",null,"DTEL - SEINFRA E OUTROS - AQUISIÇÃO DE SUPRIMENTOS DE ELETRICIDADE (LUVA, ELETRODUTO E OUTROS)","BENS",153052.0,"2025-12-01","2026-06-01",182.0,"DTEL - DIRETORIA DE TELECOMUNICAÇÕES","1022/2025","Médio",46.0,"2026-05-01","Material",5975.0,"Ferragens e suprimentos de eletricidade",14343.0,"Curva Eletroduto",447133.0,"angulação: 90°, aplicação: instalação elétrica, cor: cinza, diâmetro nominal: 1, material: pvc, tipo: curva longa","UN",5.73,500.0,2865.0]
["183/2026","Aprovada",null,"DTEL - SEINFRA E OUTROS - AQUISIÇÃO DE SUPRIMENTOS DE ELETRICIDADE (LUVA, ELETRODUTO E OUTROS)","BENS",153052.0,"2025-12-01","2026-06-01",182.0,"DTEL - DIRETORIA DE TELECOMUNICAÇÕES","1022/2025","Médio",48.0,"2026-05-01","Material",5975.0,"Ferragens e suprimentos de eletricidade",6462.0,"Eletroduto",334266.0,"aplicação: instalação elétrica, material: fita de aço galvanizado c/revestimento em pvc, tipo: flexível, bitola: 3/4","M",26.09,100.0,2609.0]
["183/2026","Aprovada",null,"DTEL - SEINFRA E OUTROS - AQUISIÇÃO DE SUPRIMENTOS DE ELETRICIDADE (LUVA, ELETRODUTO E OUTROS)","BENS",153052.0,"2025-12-01","2026-06-01",182.0,"DTEL - DIRETORIA DE TELECOMUNICAÇÕES","1022/2025","Médio",49.0,"2026-05-01","Material",5975.0,"Ferragens e suprimentos de eletricidade",6462.0,"Eletroduto",377729.0,"aplicação: manutenção predial, características adicionais: sem rosca, com a logomarca impressa, comprimento: 3, cor: preta, diâmetro nominal: 1, material: pvc, tipo: rígido anti-chama","UN",32.5,1000.0,32500.0]
["183/2026","Aprovada",null,"DTEL - SEINFRA E OUTROS - AQUISIÇÃO DE SUPRIMENTOS DE ELETRICIDADE (LUVA, ELETRODUTO E OUTROS)","BENS",153052.0,"2025-12-01","2026-06-01",182.0,"DTEL - DIRETORIA DE TELECOMUNICAÇÕES","1022/2025","Médio",56.0,"2026-05-01","Material",5975.0,"Ferragens e suprimentos de eletricidade",15599.0,"Luva Eletroduto",250535.0,"bitola: 1, cor: cinza, material: pvc - cloreto de polivinila, tipo fixação: pressão","UN",2.97,500.0,1485.0]
["183/2026","Aprovada",null,"DTEL - SEINFRA E OUTROS - AQUISIÇÃO DE SUPRIMENTOS DE ELETRICIDADE (LUVA, ELETRODUTO E OUTROS)","BENS",153052.0,"2025-12-01","2026-06-01",182.0,"DTEL - DIRETORIA DE TELECOMUNICAÇÕES","1022/2025","Médio",62.0,"2026-05-01","Material",5975.0,"Ferragens e suprimentos de eletricidade",493.0,"Prensa-Fios",319567.0,"elemento fixação: porcas, faixa diâmetro cabo: 3/4, material: pvc, tratamento superficial: pvc","UN",4.71,100.0,471.0]
["183/2026","Aprovada",null,"DTEL - SEINFRA E OUTROS - AQUISIÇÃO DE SUPRIMENTOS DE ELETRICIDADE (LUVA, ELETRODUTO E OUTROS)","BENS",153052.0,"2025-12-01","2026-06-01",182.0,"DTEL - DIRETORIA DE TELECOMUNICAÇÕES","1022/2025","Médio",66.0,"2026-05-01","Material",5975.0,"Ferragens e suprimentos de eletricidade",15621.0,"Tampa Condulete",470900.0,"aplicação: 2 conectores rj11 e rj45, bitola: 4 x 2, características adicionais: com moldura e suporte para 2 conectores, cor: cinza, formato: retangular, material: pvc","UN",4.8,50.0,240.0]
["183/2026","Aprovada",null,"DTEL - SEINFRA E OUTROS - AQUISIÇÃO DE SUPRIMENTOS DE ELETRICIDADE (LUVA, ELETRODUTO E OUTROS)","BENS",153052.0,"2025-12-01","2026-06-01",182.0,"DTEL - DIRETORIA DE TELECOMUNICAÇÕES","1022/2025","Médio",67.0,"2026-05-01","Material",5975.0,"Ferragens e suprimentos de eletricidade",15621.0,"Tampa Condulete",453675.0,"características adicionais: com suporte para uma rj-45, cor: cinza, material: termoplástico, tamanho: 4 x 2","UN",5.29,50.0,264.5]
["183/2026","Aprovada",null,"DTEL - SEINFRA E OUTROS - AQUISIÇÃO DE SUPRIMENTOS DE ELETRICIDADE (LUVA, ELETRODUTO E OUTROS)","BENS",153052.0,"2025-12-01","2026-06-01",182.0,"DTEL - DIRETORIA DE TELECOMUNICAÇÕES","1022/2025","Médio",68.0,"2026-05-01","Material",5975.0,"Ferragens e suprimentos de eletricidade",15621.0,"Tampa Condulete",453675.0,"características adicionais: com suporte para uma rj-45, cor: cinza, material: termoplástico, tamanho: 4 x 2","UN",5.29,200.0,1058.0]
["183/2026","Aprovada",null,"DTEL - SEINFRA E OUTROS - AQUISIÇÃO DE SUPRIMENTOS DE ELETRICIDADE (LUVA, ELETRODUTO E OUTROS)","BENS",153052.0,"2025-12-01","2026-06-01",182.0,"DTEL - DIRETORIA DE TELECOMUNICAÇÕES","1022/2025","Médio",69.0,"2026-05-01","Material",5975.0,"Ferragens e suprimentos de eletricidade",15621.0,"Tampa Condulete",420432.0,"aplicação: instalações elétricas, bitola: 1, características adicionais: cega, cor: cinza, material: pvc","UN",3.72,1000.0,3720.0]
["183/2026","Aprovada",null,"DTEL - SEINFRA E OUTROS - AQUISIÇÃO DE SUPRIMENTOS DE ELETRICIDADE (LUVA, ELETRODUTO E OUTROS)","BENS",153052.0,"2025-12-01","2026-06-01",182.0,"DTEL - DIRETORIA DE TELECOMUNICAÇÕES","1022/2025","Médio",70.0,"2026-05-01","Material",5975.0,"Ferragens e suprimentos de eletricidade",15621.0,"Tampa Condulete",470900.0,"aplicação: 2 conectores rj11 e rj45, bitola: 4 x 2, características adicionais: com moldura e suporte para 2 conectores, cor: cinza, formato: retangular, material: pvc","UN",6.04,1000.0,6040.0]
["183/2026","Aprovada",null,"DTEL - SEINFRA E OUTROS - AQUISIÇÃO DE SUPRIMENTOS DE ELETRICIDADE (LUVA, ELETRODUTO E OUTROS)","BENS",153052.0,"2025-12-01","2026-06-01",182.0,"DTEL - DIRETORIA DE TELECOMUNICAÇÕES","1026/2025","Médio",62.0,"2026-10-01","Material",5975.0,"Ferragens e suprimentos de eletricidade",15710.0,"Passa Fio",483177.0,"acabamento: epoxi pó(alta resistência a riscos), altura: 1u; 80, aplicação: organizador de cabos horizontal, características adicionais: capacidades: cat.5e: 40; cat.6: 24; cat.6a: 12, cor: preta, largura padrão: 19, material: aço, tipo: fechado com tampa removível","UN",50.24,10.0,502.4]
["183/2026","Aprovada",null,"DTEL - SEINFRA E OUTROS - AQUISIÇÃO DE SUPRIMENTOS DE ELETRICIDADE (LUVA, ELETRODUTO E OUTROS)","BENS",153052.0,"2025-12-01","2026-06-01",182.0,"DTEL - DIRETORIA DE TELECOMUNICAÇÕES","1026/2025","Médio",63.0,"2026-10-01","Material",5975.0,"Ferragens e suprimentos de eletricidade",15710.0,"Passa Fio",270726.0,"aplicação: passar fio,em geral,pelo conduite, comprimento: 30, material: náilon","UN",197.23,10.0,1972.3]
["184/2026","Aprovada",null,"DTEL - AQUISIÇÃO FIBRA ÓTICA  E TRANSCEPTOR","BENS",153052.0,"2026-06-01","2026-12-01",183.0,"DTEL - DIRETORIA DE TELECOMUNICAÇÕES","1022/2025","Médio",15.0,"2026-05-01","Material",6015.0,"Cabos de fibra ótica",4028.0,"Cabo Fibra Ótica",348307.0,"características adicionais: geleado com núcleo dielétrico/aço corrugado, quantidade fibras: 8, revestimento externo: termoplástico na cor preta, tipo: monomodo, normas técnicas: abnt 15108 e nbr 15110","M",45.19,1000.0,45190.0]
["184/2026","Aprovada",null,"DTEL - AQUISIÇÃO FIBRA ÓTICA  E TRANSCEPTOR","BENS",153052.0,"2026-06-01","2026-12-01",183.0,"DTEL - DIRETORIA DE TELECOMUNICAÇÕES","1022/2025","Médio",16.0,"2026-05-01","Material",6015.0,"Cabos de fibra ótica",4028.0,"Cabo Fibra Ótica",348307.0,"características adicionais: geleado com núcleo dielétrico/aço corrugado, quantidade fibras: 8, revestimento externo: termoplástico na cor preta, tipo: monomodo, normas técnicas: abnt 15108 e nbr 15110","M",62.5,2000.0,125000.0]
["184/2026","Aprovada",null,"DTEL - AQUISIÇÃO FIBRA ÓTICA  E TRANSCEPTOR","BENS",153052.0,"2026-06-01","2026-12-01",183.0,"DTEL - DIRETORIA DE TELECOMUNICAÇÕES","1022/2025","Médio",50.0,"2026-05-01","Material",6015.0,"Cabos de fibra ótica",16117.0,"Extensão Óptica",404621.0,"caracteristicas adicionais: formato adequado ao processo de fusão, comprimento: 2,5, diametro: 3, tipo cabo óptico: monofibra, tipo conector: sc/sc, tipo extensão: monomodo duplex","UN",38.86,30.0,1165.8]
["184/2026","Aprovada",null,"DTEL - AQUISIÇÃO FIBRA ÓTICA  E TRANSCEPTOR","BENS",153052.0,"2026-06-01","2026-12-01",183.0,"DTEL - DIRETORIA DE TELECOMUNICAÇÕES","1022/2025","Médio",51.0,"2026-05-01","Material",6015.0,"Cabos de fibra ótica",16117.0,"Extensão Óptica",401067.0,"comprimento: 5, diametro: 9/125, tipo conector: sc, tipo extensão: mono-modo","UN",48.17,50.0,2408.5]
["184/2026","Aprovada",null,"DTEL - AQUISIÇÃO FIBRA ÓTICA  E TRANSCEPTOR","BENS",153052.0,"2026-06-01","2026-12-01",183.0,"DTEL - DIRETORIA DE TELECOMUNICAÇÕES","1022/2025","Médio",52.0,"2026-05-01","Material",6015.0,"Cabos de fibra ótica",16117.0,"Extensão Óptica",437886.0,"caracteristicas adicionais: formato adequado ao processo de fusão, comprimento: 2,5, diametro: 3, tipo cabo óptico: monofibra, tipo conector: sc/lc, tipo extensão: monomodo duplex","UN",59.64,50.0,2982.0]
["184/2026","Aprovada",null,"DTEL - AQUISIÇÃO FIBRA ÓTICA  E TRANSCEPTOR","BENS",153052.0,"2026-06-01","2026-12-01",183.0,"DTEL - DIRETORIA DE TELECOMUNICAÇÕES","1022/2025","Médio",53.0,"2026-05-01","Material",6015.0,"Cabos de fibra ótica",16117.0,"Extensão Óptica",447180.0,"comprimento: 1,50, cor: azul, diâmetro núcleo: 9/125, material das capas: em pvc, revestimento primário: em acrilato, revestimento segundário: polimérico e termoplástico, tipo conector: sc/lc, tipo extensão: monomodo duplex","UN",34.61,100.0,3461.0]
["184/2026","Aprovada",null,"DTEL - AQUISIÇÃO FIBRA ÓTICA  E TRANSCEPTOR","BENS",153052.0,"2026-06-01","2026-12-01",183.0,"DTEL - DIRETORIA DE TELECOMUNICAÇÕES","1022/2025","Médio",59.0,"2026-05-01","Material",6070.0,"Acessórios e materiais de fibras óticas",1725.0,"Peça / Acessório - Fibra Óptica",415573.0,"acessórios: ferramenta para montagem do conector na fibra, aplicação: telecomunicação/informática, conector: sc/upc, diâmetro núcleo: 62,5/125, tipo: conjunto de conectores ópticos, tipo fibra: multimodo","UN",4.83,150.0,724.5]
["184/2026","Aprovada",null,"DTEL - AQUISIÇÃO FIBRA ÓTICA  E TRANSCEPTOR","BENS",153052.0,"2026-06-01","2026-12-01",183.0,"DTEL - DIRETORIA DE TELECOMUNICAÇÕES","1022/2025","Médio",60.0,"2026-05-01","Material",6070.0,"Acessórios e materiais de fibras óticas",1725.0,"Peça / Acessório - Fibra Óptica",415573.0,"acessórios: ferramenta para montagem do conector na fibra, aplicação: telecomunicação/informática, conector: sc/upc, diâmetro núcleo: 62,5/125, tipo: conjunto de conectores ópticos, tipo fibra: multimodo","UN",8.11,100.0,811.0]
["184/2026","Aprovada",null,"DTEL - AQUISIÇÃO FIBRA ÓTICA  E TRANSCEPTOR","BENS",153052.0,"2026-06-01","2026-12-01",183.0,"DTEL - DIRETORIA DE TELECOMUNICAÇÕES","1022/2025","Médio",61.0,"2026-05-01","Material",6070.0,"ACESSÓRIOS E MATERIAIS DE FIBRAS ÓTICAS",1725.0,"PEÇA / ACESSÓRIO - FIBRA ÓPTICA",602355.0,"ACESSÓRIOS: PROTETORES DE EMENDA 40 MM, ABRAÇADEIRAS, ETIQUETA, APLICAÇÃO: ALOJAR NO MÍNIMO 12 EMENDAS DE FIBRAS ÓTICAS, TIPO: KIT BANDEJA DE EMENDA 12F, TIPO FIBRA: MULTIMODO, USO: FIXAÇÃO DE SPLITTERS ÓPTICOS OU EMENDAS MECÂNICAS","UN",6.32,500.0,3160.0]
["184/2026","Aprovada",null,"DTEL - AQUISIÇÃO FIBRA ÓTICA  E TRANSCEPTOR","BENS",153052.0,"2026-06-01","2026-12-01",183.0,"DTEL - DIRETORIA DE TELECOMUNICAÇÕES","1028/2025","Médio",12.0,"2026-08-01","Material",6030.0,"Dispositivos de fibra ótica",14655.0,"Transceptor Conversor Cabo Fibra Ótica",374361.0,"características adicionais: conversor de mídia rj-45, padrão: fast ethernet - 100 fx, taxa recepção: 100 base-fx, taxa transmissão: 10/100 mbps, tipo conector: rj-45, fx multimodo, velocidade transferêcia: 10/100 base-tx","UN",183.14,40.0,7325.6]
["181/2026","Aprovada",null,"DTEL + OUTRAS UNIDADES - CONECTORES ELETRICOS","BENS",153052.0,"2025-12-02","2026-05-01",150.0,"FD - FACULDADE DE DIREITO","349/2025","Alto",8.0,"2026-04-30","Material",5935.0,"Conectores elétricos",15560.0,"Conector",626230.0,"aplicação: cabo trançado, categoria: 5e, material: termoplástico, tipo: conector rj45 macho cat 5e","PCT",150.0,3.0,450.0]
["181/2026","Aprovada",null,"DTEL + OUTRAS UNIDADES - CONECTORES ELETRICOS","BENS",153052.0,"2025-12-02","2026-05-01",150.0,"EMC - ESCOLA DE ENGENHARIA ELÉTRICA MECÂNICA E DE COMPUTAÇÃO","328/2025","Baixo",21.0,"2026-06-01","Material",5935.0,"CONECTORES ELÉTRICOS",13544.0,"CONECTOR ELÉTRICO",474275.0,"CARACTERÍSTICAS ADICIONAIS: MOLA CAGE CLAMP COMPACT: AÇO INOXIDÁVEL  CROMO-NÍ-, COMPONENTE: CONDUTORES: FLEXÍVEL: 0,14 - 4 MM²;, CORRENTE NOMINAL: 32, MATERIAL: NYLON, TEMPERATURA MÁXIMA: 105, TENSÃO NOMINAL: 450, TIPO: CONECTOR DE EMENDA 2P, TIPO CONSTRUTIVO: GRAU DE PROTEÇÃO: IP20","UN",2.41,40.0,96.4]
["181/2026","Aprovada",null,"DTEL + OUTRAS UNIDADES - CONECTORES ELETRICOS","BENS",153052.0,"2025-12-02","2026-05-01",150.0,"EMC - ESCOLA DE ENGENHARIA ELÉTRICA MECÂNICA E DE COMPUTAÇÃO","328/2025","Baixo",22.0,"2026-06-01","Material",5935.0,"CONECTORES ELÉTRICOS",13544.0,"CONECTOR ELÉTRICO",474276.0,"CARACTERÍSTICAS ADICIONAIS: MOLA CAGE CLAMP COMPACT: AÇO INOXIDÁVEL  CROMO-NÍ-, COMPONENTE: CONDUTORES: FLEXÍVEL: 0,14 - 4 MM²;, CORRENTE NOMINAL: 32, MATERIAL: NYLON, TEMPERATURA MÁXIMA: 105, TENSÃO NOMINAL: 450, TIPO: CONECTOR DE EMENDA 3P, TIPO CONSTRUTIVO: GRAU DE PROTEÇÃO: IP20","UN",2.3,40.0,92.0]
["181/2026","Aprovada",null,"DTEL + OUTRAS UNIDADES - CONECTORES ELETRICOS","BENS",153052.0,"2025-12-02","2026-05-01",150.0,"EMC - ESCOLA DE ENGENHARIA ELÉTRICA MECÂNICA E DE COMPUTAÇÃO","328/2025","Baixo",23.0,"2026-06-01","Material",5935.0,"CONECTORES ELÉTRICOS",13544.0,"CONECTOR ELÉTRICO",474274.0,"CARACTERÍSTICAS ADICIONAIS: MOLA CAGE CLAMP COMPACT: AÇO INOXIDÁVEL  CROMO-NÍ-, COMPONENTE: CONDUTORES: FLEXÍVEL: 0,14 - 4 MM²;, CORRENTE NOMINAL: 32, MATERIAL: NYLON, TEMPERATURA MÁXIMA: 105, TENSÃO NOMINAL: 450, TIPO: CONECTOR DE EMENDA 5P, TIPO CONSTRUTIVO: GRAU DE PROTEÇÃO: IP20","UN",3.81,40.0,152.4]
["181/2026","Aprovada",null,"DTEL + OUTRAS UNIDADES - CONECTORES ELETRICOS","BENS",153052.0,"2025-12-02","2026-05-01",150.0,"EMC - ESCOLA DE ENGENHARIA ELÉTRICA MECÂNICA E DE COMPUTAÇÃO","328/2025","Baixo",24.0,"2026-06-01","Material",5935.0,"CONECTORES ELÉTRICOS",13544.0,"CONECTOR ELÉTRICO",617759.0,"APLICAÇÃO: INSTALAÇÕES ELÉTRICAS, CARACTERÍSTICAS ADICIONAIS: MOLA CAGE CLAMP COMPACT: AÇO INOXIDÁVEL  CROMO-NÍ-, COMPONENTE: CONDUTORES: FLEXÍVEL: 0,5 ? 6 MM² / 20 ? 10 AWG, CORRENTE NOMINAL: 41, MATERIAL: NYLON, TEMPERATURA MÁXIMA: 105, TENSÃO NOMINAL: 450, TIPO: CONECTOR DE EMENDA 2P, TIPO CONSTRUTIVO: GRAU DE PROTEÇÃO: IP20","UN",3.54,40.0,141.6]
["181/2026","Aprovada",null,"DTEL + OUTRAS UNIDADES - CONECTORES ELETRICOS","BENS",153052.0,"2025-12-02","2026-05-01",150.0,"EMC - ESCOLA DE ENGENHARIA ELÉTRICA MECÂNICA E DE COMPUTAÇÃO","328/2025","Baixo",25.0,"2026-06-01","Material",5935.0,"CONECTORES ELÉTRICOS",13544.0,"CONECTOR ELÉTRICO",474276.0,"CARACTERÍSTICAS ADICIONAIS: MOLA CAGE CLAMP COMPACT: AÇO INOXIDÁVEL  CROMO-NÍ-, COMPONENTE: CONDUTORES: FLEXÍVEL: 0,14 - 4 MM²;, CORRENTE NOMINAL: 32, MATERIAL: NYLON, TEMPERATURA MÁXIMA: 105, TENSÃO NOMINAL: 450, TIPO: CONECTOR DE EMENDA 3P, TIPO CONSTRUTIVO: GRAU DE PROTEÇÃO: IP20","UN",4.41,40.0,176.4]
["181/2026","Aprovada",null,"DTEL + OUTRAS UNIDADES - CONECTORES ELETRICOS","BENS",153052.0,"2025-12-02","2026-05-01",150.0,"EMC - ESCOLA DE ENGENHARIA ELÉTRICA MECÂNICA E DE COMPUTAÇÃO","328/2025","Baixo",26.0,"2026-06-01","Material",5935.0,"CONECTORES ELÉTRICOS",13544.0,"CONECTOR ELÉTRICO",474274.0,"CARACTERÍSTICAS ADICIONAIS: MOLA CAGE CLAMP COMPACT: AÇO INOXIDÁVEL  CROMO-NÍ-, COMPONENTE: CONDUTORES: FLEXÍVEL: 0,14 - 4 MM²;, CORRENTE NOMINAL: 32, MATERIAL: NYLON, TEMPERATURA MÁXIMA: 105, TENSÃO NOMINAL: 450, TIPO: CONECTOR DE EMENDA 5P, TIPO CONSTRUTIVO: GRAU DE PROTEÇÃO: IP20","UN",6.44,40.0,257.6]
["181/2026","Aprovada",null,"DTEL + OUTRAS UNIDADES - CONECTORES ELETRICOS","BENS",153052.0,"2025-12-02","2026-05-01",150.0,"GOIAS - REGIONAL GOIAS","712/2025","Alto",1.0,"2026-07-01","Material",5935.0,"Conectores elétricos",15560.0,"Conector",375963.0,"aplicação: cabo de rede, categoria: 6, tipo: macho, padrão: rj45","UN",1.0,500.0,500.0]
["181/2026","Aprovada",null,"DTEL + OUTRAS UNIDADES - CONECTORES ELETRICOS","BENS",153052.0,"2025-12-02","2026-05-01",150.0,"GOIAS - REGIONAL GOIAS","712/2025","Alto",2.0,"2026-07-01","Material",5935.0,"Conectores elétricos",15560.0,"Conector",375963.0,"aplicação: cabo de rede, categoria: 6, tipo: macho, padrão: rj45","PCT",160.0,7.0,1120.0]
["181/2026","Aprovada",null,"DTEL + OUTRAS UNIDADES - CONECTORES ELETRICOS","BENS",153052.0,"2025-12-02","2026-05-01",150.0,"GOIAS - REGIONAL GOIAS","712/2025","Alto",3.0,"2026-07-01","Material",5935.0,"CONECTORES ELÉTRICOS",15560.0,"CONECTOR",318595.0,"APLICAÇÃO: CABO DE REDE, CARACTERÍSTICAS ADICIONAIS: CAT 5E, TIPO: RJ 45 FÊMEA","UN",11.68,30.0,350.4]
["181/2026","Aprovada",null,"DTEL + OUTRAS UNIDADES - CONECTORES ELETRICOS","BENS",153052.0,"2025-12-02","2026-05-01",150.0,"DTEL - DIRETORIA DE TELECOMUNICAÇÕES","1022/2025","Médio",35.0,"2026-05-01","Material",5935.0,"Conectores elétricos",5575.0,"Conector Áudio-Vídeo",428038.0,"aplicação: equipamentos eletrônicos, tipo: p4 fêmea","UN",3.86,100.0,386.0]
["181/2026","Aprovada",null,"DTEL + OUTRAS UNIDADES - CONECTORES ELETRICOS","BENS",153052.0,"2025-12-02","2026-05-01",150.0,"DTEL - DIRETORIA DE TELECOMUNICAÇÕES","1022/2025","Médio",36.0,"2026-05-01","Material",5935.0,"Conectores elétricos",5575.0,"Conector Áudio-Vídeo",428038.0,"aplicação: equipamentos eletrônicos, tipo: p4 fêmea","UN",4.24,100.0,424.0]
["181/2026","Aprovada",null,"DTEL + OUTRAS UNIDADES - CONECTORES ELETRICOS","BENS",153052.0,"2025-12-02","2026-05-01",150.0,"DTEL - DIRETORIA DE TELECOMUNICAÇÕES","1022/2025","Médio",37.0,"2026-05-01","Material",5935.0,"Conectores elétricos",5575.0,"Conector Áudio-Vídeo",399894.0,"aplicação: equipamentos eletrônicos, tipo: p4 macho","UN",7.45,400.0,2980.0]
["181/2026","Aprovada",null,"DTEL + OUTRAS UNIDADES - CONECTORES ELETRICOS","BENS",153052.0,"2025-12-02","2026-05-01",150.0,"DTEL - DIRETORIA DE TELECOMUNICAÇÕES","1022/2025","Médio",38.0,"2026-05-01","Material",5935.0,"Conectores elétricos",5575.0,"Conector Áudio-Vídeo",399894.0,"aplicação: equipamentos eletrônicos, tipo: p4 macho","UN",7.45,700.0,5215.0]
["181/2026","Aprovada",null,"DTEL + OUTRAS UNIDADES - CONECTORES ELETRICOS","BENS",153052.0,"2025-12-02","2026-05-01",150.0,"DTEL - DIRETORIA DE TELECOMUNICAÇÕES","1022/2025","Médio",39.0,"2026-05-01","Material",5935.0,"Conectores elétricos",5567.0,"Conector Cabo Coaxial",394095.0,"aplicação: cabo rg316 macho reto, impedância: 50, material: bronze, material contato: ouro de 0.4 no mínimo, referência: r141075000 (radiall), tipo: bnc","UN",3.4,100.0,340.0]
["181/2026","Aprovada",null,"DTEL + OUTRAS UNIDADES - CONECTORES ELETRICOS","BENS",153052.0,"2025-12-02","2026-05-01",150.0,"DTEL - DIRETORIA DE TELECOMUNICAÇÕES","1022/2025","Médio",40.0,"2026-05-01","Material",5935.0,"Conectores elétricos",14743.0,"Conector Cabo Par Trançado",463218.0,"aplicação: para cabo utp, características adicionais: padrão t568 a/b, categoria: 5e, modelo: rj45, quantidade vias: 8, tipo: macho","UN",3.12,2000.0,6240.0]
["181/2026","Aprovada",null,"DTEL + OUTRAS UNIDADES - CONECTORES ELETRICOS","BENS",153052.0,"2025-12-02","2026-05-01",150.0,"DTEL - DIRETORIA DE TELECOMUNICAÇÕES","1022/2025","Médio",41.0,"2026-05-01","Material",5935.0,"Conectores elétricos",14743.0,"Conector Cabo Par Trançado",473147.0,"aplicação: cabo de rede, categoria: 5e, compatibilidade: rj11, código de cor: branco, modelo: rj45, tipo: keystone","UN",28.21,400.0,11284.0]
["181/2026","Aprovada",null,"DTEL + OUTRAS UNIDADES - CONECTORES ELETRICOS","BENS",153052.0,"2025-12-02","2026-05-01",150.0,"DTEL - DIRETORIA DE TELECOMUNICAÇÕES","1022/2025","Médio",44.0,"2026-05-01","Material",5935.0,"Conectores elétricos",15560.0,"Conector",347465.0,"aplicação: cabo de rede, categoria: 6, material: policarbonato, tipo: rj 45 macho, número conectores: 4 pares, quantidade de vias: 8","UN",5.57,2000.0,11140.0]
["181/2026","Aprovada",null,"DTEL + OUTRAS UNIDADES - CONECTORES ELETRICOS","BENS",153052.0,"2025-12-02","2026-05-01",150.0,"DTEL - DIRETORIA DE TELECOMUNICAÇÕES","1022/2025","Médio",45.0,"2026-05-01","Material",5935.0,"Conectores elétricos",15560.0,"Conector",469535.0,"aplicação: cabo de rede, categoria: 6, tipo: rj 45 fêmea","UN",37.39,1000.0,37390.0]
["2026-11-01","Aprovada",null,"EQUIPAMENTOS ESPECÍFICOS PARA LABORATÓRIO","BENS",153052.0,"2026-03-09","2026-06-26",109.0,"CEPAE - CENTRO DE ENSINO E PESQUISA APLICADA À EDUCAÇÃO","166/2025","Médio",35.0,"2026-02-03","Material",6530.0,"Mobiliário, equipamentos, utensílios e  suprimentos  hospitalares",30261.0,"Válvula Reguladora Para Gases Medicinais",621803.0,"compatibilidade: p/ cilindro, componente: c/ 1 manômetro, material: latão cromado e polímero, modelo: válvula reguladora de pressão, tipo de gás: p/ oxigênio","UN",293.0,1.0,293.0]
["2026-11-01","Aprovada",null,"EQUIPAMENTOS ESPECÍFICOS PARA LABORATÓRIO","BENS",153052.0,"2026-03-09","2026-06-26",109.0,"CEPAE - CENTRO DE ENSINO E PESQUISA APLICADA À EDUCAÇÃO","166/2025","Médio",57.0,"2026-02-03","Material",6530.0,"Mobiliário, equipamentos, utensílios e  suprimentos  hospitalares",9649.0,"Mesa De Mayo",415922.0,"altura: altura regulável, componentes: bandeja aço inox mínimo de 46 x 30cm, material: estrutura tubular em aço inox, outros componentes: 3 rodízios","UN",262.0,1.0,262.0]
["2026-11-01","Aprovada",null,"EQUIPAMENTOS ESPECÍFICOS PARA LABORATÓRIO","BENS",153052.0,"2026-03-09","2026-06-26",109.0,"CEPAE - CENTRO DE ENSINO E PESQUISA APLICADA À EDUCAÇÃO","166/2025","Médio",58.0,"2026-02-03","Material",6530.0,"Mobiliário, equipamentos, utensílios e  suprimentos  hospitalares",17467.0,"Armário Vitrine",365063.0,"altura: 1,65, aplicação: uso hospitalar, características adicionais: fundo e teto em chapa aço esmaltado, largura: 0,65, material porta: vidro 3mm, material prateleiras: 4 prateleiras vidro c/ 4mm espessura, profundidade: 0,40, quantidade portas: 2 portas, tipo fechadura: fechadura cilíndrica","UN",1001.3,1.0,1001.3]
["2026-11-01","Aprovada",null,"EQUIPAMENTOS ESPECÍFICOS PARA LABORATÓRIO","BENS",153052.0,"2026-03-09","2026-06-26",109.0,"ICB - INSTITUTO DE CIÊNCIAS BIOLÓGICAS","185/2025","Alto",1.0,"2026-08-31","Material",6640.0,"Equipamentos e artigos de laboratório",17489.0,"Cuba Laboratório",424164.0,"acessórios: c/ tampa, capacidade: até 30 lâminas, material: vidro, tipo: vertical","UN",2250.0,1.0,2250.0]
["2026-11-01","Aprovada",null,"EQUIPAMENTOS ESPECÍFICOS PARA LABORATÓRIO","BENS",153052.0,"2026-03-09","2026-06-26",109.0,"ICB - INSTITUTO DE CIÊNCIAS BIOLÓGICAS","189/2025","Alto",1.0,"2026-08-31","Material",6670.0,"Escalas e balanças",491.0,"Balança Comercial",212165.0,"capacidade: 20, divisões painel: 5, tipo painel: digital luminoso, largura: 470, profundidade: 420","UN",3135.0,1.0,3135.0]
["2026-11-01","Aprovada",null,"EQUIPAMENTOS ESPECÍFICOS PARA LABORATÓRIO","BENS",153052.0,"2026-03-09","2026-06-26",109.0,"ICB - INSTITUTO DE CIÊNCIAS BIOLÓGICAS","189/2025","Alto",2.0,"2026-08-31","Material",6640.0,"Equipamentos e artigos de laboratório",6072.0,"Banho Maria",414531.0,"ajuste: ajuste mecânico, com visor digital, componentes: com tampa cônica, temperatura: até 100, volume: cerca de 5","UN",2300.0,1.0,2300.0]
["2026-11-01","Aprovada",null,"EQUIPAMENTOS ESPECÍFICOS PARA LABORATÓRIO","BENS",153052.0,"2026-03-09","2026-06-26",109.0,"ICB - INSTITUTO DE CIÊNCIAS BIOLÓGICAS","189/2025","Alto",3.0,"2026-08-31","Material",6640.0,"Equipamentos e artigos de laboratório",4663.0,"Capela Exaustão",428031.0,"componentes: janela corrediça com contra peso, dimensões: cerca de 250 x 90 x 150, material: fibra de vidro, outros componentes: com lâmpada interna, tipo: de gases, vazão: até 1500","UN",2300.0,4.0,9200.0]
["2026-11-01","Aprovada",null,"EQUIPAMENTOS ESPECÍFICOS PARA LABORATÓRIO","BENS",153052.0,"2026-03-09","2026-06-26",109.0,"ICB - INSTITUTO DE CIÊNCIAS BIOLÓGICAS","189/2025","Alto",4.0,"2026-08-31","Material",4140.0,"Ventiladores, circuladores de ar e ventoinhas",704.0,"Exaustor",271063.0,"aplicação: parede, diâmetro: 40, material: chapa aço tratado, potência motor: 1/4, rotação motor: 1500, tensão: 127/220, vazão: 4200","UN",367.55,2.0,735.1]
["2026-11-01","Aprovada",null,"EQUIPAMENTOS ESPECÍFICOS PARA LABORATÓRIO","BENS",153052.0,"2026-03-09","2026-06-26",109.0,"ICB - INSTITUTO DE CIÊNCIAS BIOLÓGICAS","189/2025","Alto",5.0,"2026-08-31","Material",6640.0,"Equipamentos e artigos de laboratório",7059.0,"Microscópio",440806.0,"adicional: inclinação até 30°, aumento: c/ objetivas até 100x, oculares até 10x, componentes: iluminação em led, refletida e transmitida, tipo: binocular, tipo de análise: ótico","UN",2000.0,1.0,2000.0]
["2026-11-01","Aprovada",null,"EQUIPAMENTOS ESPECÍFICOS PARA LABORATÓRIO","BENS",153052.0,"2026-03-09","2026-06-26",109.0,"ICB - INSTITUTO DE CIÊNCIAS BIOLÓGICAS","189/2025","Alto",6.0,"2026-08-31","Material",6630.0,"Instrumentos para análises químicas",9540.0,"Medidor Índice Acidez",256068.0,"aplicação: medição de ph em soluções químicas, faixa medição: de 0 14 ph, -1999,9 a 1999,9milivolt, formato: retangular, material corpo: aço inoxidável, modelo: microprocessado, precisão: 0,02 ph 0,2°c 0,2 milivolt, resolução: 0,001ph, 0,1 milivolt e 0,1ºc, tipo: bancada","UN",1300.0,1.0,1300.0]
["2026-11-01","Aprovada",null,"EQUIPAMENTOS ESPECÍFICOS PARA LABORATÓRIO","BENS",153052.0,"2026-03-09","2026-06-26",109.0,"FF - FACULDADE DE FÁRMACIA","193/2025","Médio",10.0,"2026-08-01","Material",6630.0,"INSTRUMENTOS PARA ANÁLISES QUÍMICAS",17981.0,"PLACA CROMATOGRÁFICA",405072.0,"APLICAÇÃO: LABORATÓRIO, CARACTERÍSTICAS ADICIONAIS: DIMENSÕES: 200 X 200 X 0,2 MM, COMPOSIÇÃO: SILICA GEL 60 F 254","CX",960.0,4.0,3840.0]
["2026-11-01","Aprovada",null,"EQUIPAMENTOS ESPECÍFICOS PARA LABORATÓRIO","BENS",153052.0,"2026-03-09","2026-06-26",109.0,"FF - FACULDADE DE FÁRMACIA","193/2025","Médio",18.0,"2026-08-01","Material",6630.0,"INSTRUMENTOS PARA ANÁLISES QUÍMICAS",5370.0,"COLUNA CROMATOGRÁFICA",458181.0,"APLICAÇÃO: CROMOTOGRAFIA GASOSA, CARACTERÍSTICAS ADICIONAIS: PARA DETERMINAÇÃO DE ESTERÓIS, COMPOSIÇÃO: 95 % DIMETIL E 5 POR CENTO DIFENILPOLISILOX, COMPRIMENTO: 30, DIÂMETRO: O,25, ESPESSURA FILME: 0,25, REFERÊNCIA: CAPILAR","UN",3186.0,2.0,6372.0]
["2026-11-01","Aprovada",null,"EQUIPAMENTOS ESPECÍFICOS PARA LABORATÓRIO","BENS",153052.0,"2026-03-09","2026-06-26",109.0,"FF - FACULDADE DE FÁRMACIA","193/2025","Médio",19.0,"2026-08-01","Material",6630.0,"INSTRUMENTOS PARA ANÁLISES QUÍMICAS",15437.0,"COLUNA PARA HPLC",413017.0,"CARACTERÍSTICAS ADICIONAIS: QUIMICAMENTE LIGADA A GRUPO OCTADECILSILANO, COMPRIMENTO: 150, DIÂMETRO: 4,60, MATERIAL: SILICA, REVESTIMENTO: AÇO INOXIDÁVEL, TAMANHO PARTÍCULAS: 5","UN",3048.0,2.0,6096.0]
["2026-11-01","Aprovada",null,"EQUIPAMENTOS ESPECÍFICOS PARA LABORATÓRIO","BENS",153052.0,"2026-03-09","2026-06-26",109.0,"FF - FACULDADE DE FÁRMACIA","193/2025","Médio",20.0,"2026-08-01","Material",6630.0,"INSTRUMENTOS PARA ANÁLISES QUÍMICAS",15449.0,"PRÉ-COLUNA PARA HPLC",413738.0,"APLICAÇÃO: CROMATOGRAFIA LÍQUIDA DE ALTO DESEMPENHO, CARACTERÍSTICAS ADICIONAIS: LIGADA A CADEIAS DE C-18, COMPRIMENTO: 4, DIÂMETRO: 3, MATERIAL: SILICA, REVESTIMENTO: AÇO INOXIDÁVEL, TAMANHO PARTÍCULAS: 5","UN",2574.0,2.0,5148.0]
["2026-11-01","Aprovada",null,"EQUIPAMENTOS ESPECÍFICOS PARA LABORATÓRIO","BENS",153052.0,"2026-03-09","2026-06-26",109.0,"FF - FACULDADE DE FÁRMACIA","193/2025","Médio",21.0,"2026-08-01","Material",6630.0,"INSTRUMENTOS PARA ANÁLISES QUÍMICAS",15449.0,"PRÉ-COLUNA PARA HPLC",458268.0,"APLICAÇÃO: ANÁLISES LABORATORIAIS, CARACTERÍSTICAS ADICIONAIS: FORMATO: GUARD COLUMN, COMPRIMENTO: 10, DIÂMETRO: 4","UN",2540.0,2.0,5080.0]
["2026-11-01","Aprovada",null,"EQUIPAMENTOS ESPECÍFICOS PARA LABORATÓRIO","BENS",153052.0,"2026-03-09","2026-06-26",109.0,"FEN - FACULDADE DE ENFERMAGEM","248/2025","Alto",1.0,"2026-04-24","Material",6530.0,"Mobiliário, equipamentos, utensílios e  suprimentos  hospitalares",{"$nulls":5},2500.0,1.0,2500.0]
["2026-11-01","Aprovada",null,"EQUIPAMENTOS ESPECÍFICOS PARA LABORATÓRIO","BENS",153052.0,"2026-03-09","2026-06-26",109.0,"IPTSP - INSTITUTO DE PATOLOGIA TROPICAL E SAÚDE PÚBLICA","141/2025","Médio",131.0,"2026-07-31","Material",4110.0,"Equipamento para refrigeração",12668.0,"Termômetro",384214.0,"alimentação: pilha, aplicação: geladeira, características adicionais: display cristal, base magnética, alarme, sensor, faixa medição temperatura: -50°c a +70, material: plástico, tipo: digital","UN",100.0,4.0,400.0]
["2026-11-01","Aprovada",null,"EQUIPAMENTOS ESPECÍFICOS PARA LABORATÓRIO","BENS",153052.0,"2026-03-09","2026-06-26",109.0,"EECA - ESCOLA DE ENGENHARIA CIVIL E AMBIENTAL","294/2025","Alto",3.0,"2026-10-02","Material",6670.0,"Escalas e balanças",14489.0,"Balança Eletrônica",436111.0,"capacidade pesagem: 3,100, características adicionais: linearidade +/-0,02g, dimensões: 30 x 19 x 8, sensibilidade: 0,01, tipo: precisão, tipo painel: digital, voltagem: 110/220","UN",4790.0,1.0,4790.0]
["2026-11-01","Aprovada",null,"EQUIPAMENTOS ESPECÍFICOS PARA LABORATÓRIO","BENS",153052.0,"2026-03-09","2026-06-26",109.0,"EECA - ESCOLA DE ENGENHARIA CIVIL E AMBIENTAL","307/2025","Alto",1.0,"2026-10-30","Material",5220.0,"Calibres de inspeção e ferramentas de precisão",4299.0,"Paquímetro Especial",327048.0,"aplicação: medição dentes de engrenagem, capacidade: módulo 1 a 26, características adicionais: bicos medição em metal duro alta resistência e  pa, material: aço inoxidável temperado, resolução: 0,02, tipo escala: métrica","UN",230.99,2.0,461.98]
["2026-11-01","Aprovada",null,"EQUIPAMENTOS ESPECÍFICOS PARA LABORATÓRIO","BENS",153052.0,"2026-03-09","2026-06-26",109.0,"EECA - ESCOLA DE ENGENHARIA CIVIL E AMBIENTAL","307/2025","Alto",3.0,"2026-10-30","Material",5220.0,"Calibres de inspeção e ferramentas de precisão",1039.0,"Paquímetro Digital",602052.0,"alimentação: bateria, capacidade: 300, características adicionais: função bateria baixa carga, funções: conversão de unidades de medida mm/pol, material: aço inoxidável temperado alta resistência, resolução: 0,01","UN",957.33,2.0,1914.66]
["2026-11-01","Aprovada",null,"EQUIPAMENTOS ESPECÍFICOS PARA LABORATÓRIO","BENS",153052.0,"2026-03-09","2026-06-26",109.0,"EECA - ESCOLA DE ENGENHARIA CIVIL E AMBIENTAL","318/2025","Alto",3.0,"2026-08-31","Material",6630.0,"Instrumentos para análises químicas",9540.0,"Medidor Índice Acidez",440330.0,"características adicionais: calibração ph automatica 5 pontos, faixa medição: de -2,00 a +20,00 ph, material corpo: plástico, modelo: digital, tensão: 110/220, tipo: bancada","UN",1400.0,1.0,1400.0]
["2026-11-01","Aprovada",null,"EQUIPAMENTOS ESPECÍFICOS PARA LABORATÓRIO","BENS",153052.0,"2026-03-09","2026-06-26",109.0,"EECA - ESCOLA DE ENGENHARIA CIVIL E AMBIENTAL","321/2025","Alto",28.0,"2026-09-30","Material",4110.0,"EQUIPAMENTO PARA REFRIGERAÇÃO",12668.0,"TERMÔMETRO",452542.0,"APLICAÇÃO: LABORATÓRIO, CARACTERÍSTICAS ADICIONAIS: CAPILAR, DIVISÃO DA ESCALA 1, COMPRIMENTO 260 MM, ELEMENTO EXPANSÃO: LÍQUIDO AVERMELHADO, FAIXA MEDIÇÃO TEMPERATURA: - 10 A 110, MATERIAL: VIDRO, PRECISÃO: 1, TIPO: ANALÓGICO","UN",30.0,20.0,600.0]
["2026-11-01","Aprovada",null,"EQUIPAMENTOS ESPECÍFICOS PARA LABORATÓRIO","BENS",153052.0,"2026-03-09","2026-06-26",109.0,"EA - ESCOLA DE AGRONOMIA","354/2025","Médio",1.0,"2026-09-01","Material",6670.0,"Escalas e balanças",489.0,"Balança Precisão",255026.0,"capacidade máxima: 0,50, quantidade dígitos: 5, resolução: 0,01, tipo painel: cristal líquido com iluminação, comprimento: 292, largura: 210, altura: 70","UN",7000.0,1.0,7000.0]
["2026-11-01","Aprovada",null,"EQUIPAMENTOS ESPECÍFICOS PARA LABORATÓRIO","BENS",153052.0,"2026-03-09","2026-06-26",109.0,"EA - ESCOLA DE AGRONOMIA","354/2025","Médio",2.0,"2026-09-01","Material",6670.0,"Escalas e balanças",489.0,"Balança Precisão",426006.0,"capacidade máxima: 35, quantidade dígitos: 8, resolução: 0,1, tipo painel: cristal líquido com iluminação","UN",2500.0,1.0,2500.0]
["2026-11-01","Aprovada",null,"EQUIPAMENTOS ESPECÍFICOS PARA LABORATÓRIO","BENS",153052.0,"2026-03-09","2026-06-26",109.0,"EA - ESCOLA DE AGRONOMIA","354/2025","Médio",3.0,"2026-09-01","Material",6640.0,"Equipamentos e artigos de laboratório",4347.0,"Câmara Germinação",256999.0,"aplicação: criação insetos, envelhecimento precoce sementes,, características adicionais: simulação de 2 temperaturas,dia e noite, variação, material haste: aço inox aisi 304, tensão alimentação: 220, tipo: eletrônico digital","UN",12000.0,1.0,12000.0]
["2026-11-01","Aprovada",null,"EQUIPAMENTOS ESPECÍFICOS PARA LABORATÓRIO","BENS",153052.0,"2026-03-09","2026-06-26",109.0,"EA - ESCOLA DE AGRONOMIA","354/2025","Médio",4.0,"2026-09-01","Material",6635.0,"Equipamentos para testes de propriedades físicas",10619.0,"Penetrômetro",612650.0,"aplicação: ensaios de penetração de solos, modelo: sul africano, normas técnicas: nbr 17091/2023, tipo: cone de penetração dinâmica - dcp","UN",10000.0,1.0,10000.0]
["2026-11-01","Aprovada",null,"EQUIPAMENTOS ESPECÍFICOS PARA LABORATÓRIO","BENS",153052.0,"2026-03-09","2026-06-26",109.0,"EA - ESCOLA DE AGRONOMIA","354/2025","Médio",5.0,"2026-09-01","Material",6640.0,"Equipamentos e artigos de laboratório",526.0,"Agitador Magnético",449855.0,"adicional: vibratório, ajuste: ajuste digital, capacidade: até 20 peneiras, material: gabinete metálico, anticorrosivo, temporização: com temporizador até 99","UN",23000.0,1.0,23000.0]
["2026-11-01","Aprovada",null,"EQUIPAMENTOS ESPECÍFICOS PARA LABORATÓRIO","BENS",153052.0,"2026-03-09","2026-06-26",109.0,"EA - ESCOLA DE AGRONOMIA","354/2025","Médio",7.0,"2026-09-01","Material",6675.0,"Instrumentos de desenho, topografia e cartografia",8403.0,"Peças / Componentes Topografia",462263.0,"características adicionais: 4gb de memória interna para 400 horas com interva, tipo: receptor gnss - rtk, uso: para rastrear sinais de satélites: gps, glonass,s","UN",2200.0,4.0,8800.0]
["2026-11-01","Aprovada",null,"EQUIPAMENTOS ESPECÍFICOS PARA LABORATÓRIO","BENS",153052.0,"2026-03-09","2026-06-26",109.0,"EA - ESCOLA DE AGRONOMIA","354/2025","Médio",8.0,"2026-09-01","Material",4620.0,"Equipamentos para destilação de água, para  uso  marítimo e industrial",6121.0,"Destilador Água",441546.0,"aplicação: laboratório, capacidade: 10, características adicionais: desligamento automático na falta dágua;    lâmpada, material: aço inox aisi 304, voltagem: 220","UN",2500.0,1.0,2500.0]
["2026-11-01","Aprovada",null,"EQUIPAMENTOS ESPECÍFICOS PARA LABORATÓRIO","BENS",153052.0,"2026-03-09","2026-06-26",109.0,"EA - ESCOLA DE AGRONOMIA","354/2025","Médio",9.0,"2026-09-01","Material",6635.0,"EQUIPAMENTOS PARA TESTES DE PROPRIEDADES FÍSICAS",18590.0,"MEDIDOR LABORATÓRIO",485192.0,"APLICAÇÃO: MEDIÇÕES METROLÓGICAS, TIPO: PORTÁTIL, USO: MEDIR MASSA E DIMENSIONAIS","UN",1600.0,1.0,1600.0]
["2026-11-01","Aprovada",null,"EQUIPAMENTOS ESPECÍFICOS PARA LABORATÓRIO","BENS",153052.0,"2026-03-09","2026-06-26",109.0,"FF - FACULDADE DE FÁRMACIA","193/2025","Médio",34.0,"2026-08-01","Material",6670.0,"ESCALAS E BALANÇAS",490.0,"BALANÇA ANALÍTICA",287577.0,"CAPACIDADE: 200, CARACTERÍSTICAS ADICIONAIS: PROTEÇÃO VENTO EM VIDRO, ALTURA LIVRE 250MM, PÉS R, DIÂMETRO PRATO: 100, FREQUÊNCIA: 50/60, RESOLUÇÃO: 0,001, TEMPO MEDIÇÃO: 3 A 10, TIPO PAINEL: DIGITAL, LARGURA: 210, ALTURA: 290, PROFUNDIDADE: 292","UN",3000.0,6.0,18000.0]
["2026-11-01","Aprovada",null,"EQUIPAMENTOS ESPECÍFICOS PARA LABORATÓRIO","BENS",153052.0,"2026-03-09","2026-06-26",109.0,"EMC - ESCOLA DE ENGENHARIA ELÉTRICA MECÂNICA E DE COMPUTAÇÃO","394/2025","Médio",9.0,"2026-08-10","Material",5220.0,"Calibres de inspeção e ferramentas de precisão",14701.0,"Paquímetro Universal",607663.0,"aplicação: medição externa/interna e profundidade, capacidade: 0 - 150, material: plástico, tipo escala: métrica com graduação de 0,05mm","UN",30.38,1.0,30.38]
["2026-11-01","Aprovada",null,"EQUIPAMENTOS ESPECÍFICOS PARA LABORATÓRIO","BENS",153052.0,"2026-03-09","2026-06-26",109.0,"EMC - ESCOLA DE ENGENHARIA ELÉTRICA MECÂNICA E DE COMPUTAÇÃO","394/2025","Médio",10.0,"2026-08-10","Material",5220.0,"Calibres de inspeção e ferramentas de precisão",878.0,"Micrômetro Externo",602045.0,"capacidade: 0 a 25, características adicionais: pontas de contato em metal duro, componentes: catraca, leitura: 0,01, material: arco aço forjado","UN",653.8,1.0,653.8]
["2026-11-01","Aprovada",null,"EQUIPAMENTOS ESPECÍFICOS PARA LABORATÓRIO","BENS",153052.0,"2026-03-09","2026-06-26",109.0,"EMC - ESCOLA DE ENGENHARIA ELÉTRICA MECÂNICA E DE COMPUTAÇÃO","394/2025","Médio",11.0,"2026-08-10","Material",5220.0,"Calibres de inspeção e ferramentas de precisão",1038.0,"Micrômetro Digital",262471.0,"capacidade: 0 a 25, material: display cristal líquido, precisão: aproximadamente 2, resolução: 0,001","UN",449.0,1.0,449.0]
["2026-11-01","Aprovada",null,"EQUIPAMENTOS ESPECÍFICOS PARA LABORATÓRIO","BENS",153052.0,"2026-03-09","2026-06-26",109.0,"CEPAE - CENTRO DE ENSINO E PESQUISA APLICADA À EDUCAÇÃO","623/2025","Alto",3.0,"2026-02-02","Material",4110.0,"Equipamento para refrigeração",12668.0,"Termômetro",366333.0,"aplicação: nutrição hospitalar, características adicionais: tecla liga e desliga, alarme a prova d'água, faixa medição temperatura: - 50°c a 300, material: aço inoxidável, tipo: espeto","UN",60.0,4.0,240.0]
["2026-11-01","Aprovada",null,"EQUIPAMENTOS ESPECÍFICOS PARA LABORATÓRIO","BENS",153052.0,"2026-03-09","2026-06-26",109.0,"GOIAS - REGIONAL GOIAS","662/2025","Alto",1.0,"2026-07-01","Material",6640.0,"Equipamentos e artigos de laboratório",526.0,"Agitador Magnético",452706.0,"ajuste: ajuste mecânico, botão controle velocidade, capacidade: até 2, material: gabinete metálico, anticorrosivo, rotação: até 2000, temperatura: controle temperatura até 400","UN",2000.0,1.0,2000.0]
["2026-11-01","Aprovada",null,"EQUIPAMENTOS ESPECÍFICOS PARA LABORATÓRIO","BENS",153052.0,"2026-03-09","2026-06-26",109.0,"GOIAS - REGIONAL GOIAS","662/2025","Alto",2.0,"2026-07-01","Material",6640.0,"Equipamentos e artigos de laboratório",9118.0,"Manta Aquecedora",416189.0,"ajuste: ajuste mecânico, botão controle, capacidade: 1000, temperatura: até 300, tipo: para balão","UN",750.0,1.0,750.0]
["2026-11-01","Aprovada",null,"EQUIPAMENTOS ESPECÍFICOS PARA LABORATÓRIO","BENS",153052.0,"2026-03-09","2026-06-26",109.0,"GOIAS - REGIONAL GOIAS","662/2025","Alto",3.0,"2026-07-01","Material",6640.0,"Equipamentos e artigos de laboratório",7059.0,"Microscópio",601089.0,"adicional: inclinação até 45°, rotação de 360°, aumento: objetivas até 100x, zoom até 1600x, componentes: iluminação em led, tipo: binocular, tipo de análise: ótico","UN",2000.0,3.0,6000.0]
["2026-11-01","Aprovada",null,"EQUIPAMENTOS ESPECÍFICOS PARA LABORATÓRIO","BENS",153052.0,"2026-03-09","2026-06-26",109.0,"GOIAS - REGIONAL GOIAS","662/2025","Alto",4.0,"2026-07-01","Material",4110.0,"Equipamento para refrigeração",12668.0,"Termômetro",600067.0,"alimentação: bateria 1,5v tamanho aa, aplicação: temperatura de superfícies entre 10 a 60 ºc, características adicionais: parâmetros: emissividade, temperatura refletida,, faixa medição temperatura: -20 a 400, material: plástico, tipo: termovisor  infravermelho portátil","UN",1461.0,2.0,2922.0]
["2026-11-01","Aprovada",null,"EQUIPAMENTOS ESPECÍFICOS PARA LABORATÓRIO","BENS",153052.0,"2026-03-09","2026-06-26",109.0,"FCT- FACULDADE DE CIÊNCIAS E TECNOLOGIA","674/2025","Médio",1.0,"2026-06-15","Material",5220.0,"Calibres de inspeção e ferramentas de precisão",1039.0,"Paquímetro Digital",620900.0,"alimentação: bateria cr 2032 ou lr-44, capacidade: 0,0 a 150,0 mm, características adicionais: com roldana para ajuste rapido, botão que permita, material: aço inoxidavel, precisão: 0,02, resolução: 0,01","UN",895.21,1.0,895.21]
["2026-11-01","Aprovada",null,"EQUIPAMENTOS ESPECÍFICOS PARA LABORATÓRIO","BENS",153052.0,"2026-03-09","2026-06-26",109.0,"FCT- FACULDADE DE CIÊNCIAS E TECNOLOGIA","674/2025","Médio",2.0,"2026-06-15","Material",5220.0,"Calibres de inspeção e ferramentas de precisão",4299.0,"Paquímetro Especial",327048.0,"aplicação: medição dentes de engrenagem, capacidade: módulo 1 a 26, características adicionais: bicos medição em metal duro alta resistência e  pa, material: aço inoxidável temperado, resolução: 0,02, tipo escala: métrica","UN",204.88,2.0,409.76]
["2026-11-01","Aprovada",null,"EQUIPAMENTOS ESPECÍFICOS PARA LABORATÓRIO","BENS",153052.0,"2026-03-09","2026-06-26",109.0,"GOIAS - REGIONAL GOIAS","662/2025","Alto",5.0,"2026-07-01","Material",6640.0,"Equipamentos e artigos de laboratório",5537.0,"Condensador",464039.0,"adicional: com 2 juntas, comprimento: cerca de 20, material: vidro, tipo: tipo allihn, tipo coluna: coluna em bola","UN",450.0,2.0,900.0]
["2026-11-01","Aprovada",null,"EQUIPAMENTOS ESPECÍFICOS PARA LABORATÓRIO","BENS",153052.0,"2026-03-09","2026-06-26",109.0,"PRPI - PRO-REITORIA DE PESQUISA E INOVAÇÃO","775/2025","Médio",2.0,"2026-04-30","Material",6640.0,"Equipamentos e artigos de laboratório",4681.0,"Estufa Laboratório",415169.0,"adicional: c/ vedação, ajuste: ajuste digital,c/ painel de controle, programável, capacidade: cerca de 250, componentes: c/ até 3 bandejas, material*: gabinete aço inox, temperatura: até 300, tipo: c/ renovação ar","UN",7000.0,1.0,7000.0]
["2026-11-01","Aprovada",null,"EQUIPAMENTOS ESPECÍFICOS PARA LABORATÓRIO","BENS",153052.0,"2026-03-09","2026-06-26",109.0,"PRAE - PRO-REITORIA DE ASSUNTOS ESTUDANTIS","859/2025","Alto",1.0,"2026-01-15","Serviço",182.0,"Serviços De  Licenciamento E  Contratos De Transferência De Tecnologia",null,null,27502.0,"Cessão Temporária de Direitos Sobre Programas de Computador Locação de Software",null,130.0,1.0,130.0]
["2026-11-01","Aprovada",null,"EQUIPAMENTOS ESPECÍFICOS PARA LABORATÓRIO","BENS",153052.0,"2026-03-09","2026-06-26",109.0,"PRAE - PRO-REITORIA DE ASSUNTOS ESTUDANTIS","859/2025","Alto",1.0,"2026-01-15","Material",6670.0,"Escalas e balanças",14489.0,"Balança Eletrônica",385395.0,"capacidade pesagem: 150, características adicionais: com sistema de medição de biopedância, tipo: digital, voltagem: 110/220","UN",4180.0,1.0,4180.0]
["44/2026","Aprovada",null,"CEPAE - GÊNEROS ALIMENTÍCIOS EM GERAL","BENS",153052.0,"2026-05-13","2026-08-21",100.0,"CEPAE - CENTRO DE ENSINO E PESQUISA APLICADA À EDUCAÇÃO","211/2025","Alto",1.0,"2026-03-02","Material",8950.0,"Condimentos e produtos correlatos",19774.0,"Condimento",463857.0,"apresentação: pó, tipo: açafrão","EMB",3.0,180.0,540.0]
["44/2026","Aprovada",null,"CEPAE - GÊNEROS ALIMENTÍCIOS EM GERAL","BENS",153052.0,"2026-05-13","2026-08-21",100.0,"CEPAE - CENTRO DE ENSINO E PESQUISA APLICADA À EDUCAÇÃO","211/2025","Alto",2.0,"2026-03-02","Material",8925.0,"Açúcar, confeitos, castanhas, nozes e similares",19777.0,"Açúcar",603269.0,"coloração: branca, tipo: cristal","EMB",18.0,30.0,540.0]
["44/2026","Aprovada",null,"CEPAE - GÊNEROS ALIMENTÍCIOS EM GERAL","BENS",153052.0,"2026-05-13","2026-08-21",100.0,"CEPAE - CENTRO DE ENSINO E PESQUISA APLICADA À EDUCAÇÃO","211/2025","Alto",3.0,"2026-03-02","Material",8915.0,"Frutas, verduras e legumes",19789.0,"Fruta",474374.0,"adicional: preta, apresentação: desidratada / seca, tipo 1: ameixa","KG",38.0,20.0,760.0]
["44/2026","Aprovada",null,"CEPAE - GÊNEROS ALIMENTÍCIOS EM GERAL","BENS",153052.0,"2026-05-13","2026-08-21",100.0,"CEPAE - CENTRO DE ENSINO E PESQUISA APLICADA À EDUCAÇÃO","211/2025","Alto",4.0,"2026-03-02","Material",8915.0,"Frutas, verduras e legumes",19791.0,"Oleaginosa",464534.0,"adicional: sem casca, apresentação: natural, tipo: amendoim","EMB",15.0,20.0,300.0]
["44/2026","Aprovada",null,"CEPAE - GÊNEROS ALIMENTÍCIOS EM GERAL","BENS",153052.0,"2026-05-13","2026-08-21",100.0,"CEPAE - CENTRO DE ENSINO E PESQUISA APLICADA À EDUCAÇÃO","211/2025","Alto",5.0,"2026-03-02","Material",8920.0,"Produtos de panificação e cereais",19696.0,"Amido",459077.0,"base: de milho","EMB",4.0,65.0,260.0]
["44/2026","Aprovada",null,"CEPAE - GÊNEROS ALIMENTÍCIOS EM GERAL","BENS",153052.0,"2026-05-13","2026-08-21",100.0,"CEPAE - CENTRO DE ENSINO E PESQUISA APLICADA À EDUCAÇÃO","211/2025","Alto",6.0,"2026-03-02","Material",8920.0,"Produtos de panificação e cereais",19690.0,"Arroz Beneficiado",458904.0,"classe: longo fino, qualidade: tipo 1, subgrupo: polido, tipo: agulhinha/branco","EMB",21.0,480.0,10080.0]
["44/2026","Aprovada",null,"CEPAE - GÊNEROS ALIMENTÍCIOS EM GERAL","BENS",153052.0,"2026-05-13","2026-08-21",100.0,"CEPAE - CENTRO DE ENSINO E PESQUISA APLICADA À EDUCAÇÃO","211/2025","Alto",7.0,"2026-03-02","Material",8920.0,"Produtos de panificação e cereais",19690.0,"Arroz Beneficiado",458906.0,"classe: longo fino, qualidade: tipo 1, subgrupo: integral, tipo: agulhinha","EMB",20.8,100.0,2080.0]
["44/2026","Aprovada",null,"CEPAE - GÊNEROS ALIMENTÍCIOS EM GERAL","BENS",153052.0,"2026-05-13","2026-08-21",100.0,"CEPAE - CENTRO DE ENSINO E PESQUISA APLICADA À EDUCAÇÃO","211/2025","Alto",8.0,"2026-03-02","Material",8920.0,"Produtos de panificação e cereais",19722.0,"Aveia Beneficiada",460501.0,"apresentação: em flocos finos, classe: branca, presença de glúten: contém glúten","EMB",3.95,25.0,98.75]
["44/2026","Aprovada",null,"CEPAE - GÊNEROS ALIMENTÍCIOS EM GERAL","BENS",153052.0,"2026-05-13","2026-08-21",100.0,"CEPAE - CENTRO DE ENSINO E PESQUISA APLICADA À EDUCAÇÃO","211/2025","Alto",9.0,"2026-03-02","Material",8945.0,"ÓLEOS E GORDURAS COMESTÍVEIS",19768.0,"AZEITE",463697.0,"ESPÉCIE VEGETAL: DE OLIVA, TEOR DA ACIDEZ: VIRGEM - ENTRE 0,8% E 2%, TIPO: PURO","EMB",30.0,30.0,900.0]
["44/2026","Aprovada",null,"CEPAE - GÊNEROS ALIMENTÍCIOS EM GERAL","BENS",153052.0,"2026-05-13","2026-08-21",100.0,"CEPAE - CENTRO DE ENSINO E PESQUISA APLICADA À EDUCAÇÃO","211/2025","Alto",10.0,"2026-03-02","Material",8915.0,"Frutas, verduras e legumes",19714.0,"Legume Em Conserva",459639.0,"apresentação: sem caroço, tamanho: grande, tipo: azeitona verde","EMB",6.0,20.0,120.0]
["44/2026","Aprovada",null,"CEPAE - GÊNEROS ALIMENTÍCIOS EM GERAL","BENS",153052.0,"2026-05-13","2026-08-21",100.0,"CEPAE - CENTRO DE ENSINO E PESQUISA APLICADA À EDUCAÇÃO","211/2025","Alto",11.0,"2026-03-02","Material",8910.0,"Ovos e laticínios",15354.0,"Leite Soja",331954.0,"aspecto físico: líquido, sabor: natural, uso: oral","EMB",8.5,20.0,170.0]
["44/2026","Aprovada",null,"CEPAE - GÊNEROS ALIMENTÍCIOS EM GERAL","BENS",153052.0,"2026-05-13","2026-08-21",100.0,"CEPAE - CENTRO DE ENSINO E PESQUISA APLICADA À EDUCAÇÃO","211/2025","Alto",12.0,"2026-03-02","Material",8920.0,"Produtos de panificação e cereais",883.0,"Biscoito",217129.0,"características adicionais: sem recheio, sabor: água e sal, classificação: salgado, apresentação: quadrado","PCT",3.14,450.0,1413.0]
["44/2026","Aprovada",null,"CEPAE - GÊNEROS ALIMENTÍCIOS EM GERAL","BENS",153052.0,"2026-05-13","2026-08-21",100.0,"CEPAE - CENTRO DE ENSINO E PESQUISA APLICADA À EDUCAÇÃO","211/2025","Alto",13.0,"2026-03-02","Material",8920.0,"Produtos de panificação e cereais",883.0,"Biscoito",478564.0,"características adicionais: sem recheio, ingredientes: arroz integral, sal, sabor: salgado, tipo: bolacha","PCT",7.53,20.0,150.6]
["44/2026","Aprovada",null,"CEPAE - GÊNEROS ALIMENTÍCIOS EM GERAL","BENS",153052.0,"2026-05-13","2026-08-21",100.0,"CEPAE - CENTRO DE ENSINO E PESQUISA APLICADA À EDUCAÇÃO","211/2025","Alto",14.0,"2026-03-02","Material",8920.0,"Produtos de panificação e cereais",883.0,"Biscoito",245803.0,"características adicionais: sem recheio, ingredientes: açúcar, farinha de trigo e glúten, sabor: coco, tipo: rosquinha, aplicação: alimentação humana, classificação: doce, apresentação: redondo","PCT",5.38,400.0,2152.0]
["44/2026","Aprovada",null,"CEPAE - GÊNEROS ALIMENTÍCIOS EM GERAL","BENS",153052.0,"2026-05-13","2026-08-21",100.0,"CEPAE - CENTRO DE ENSINO E PESQUISA APLICADA À EDUCAÇÃO","211/2025","Alto",15.0,"2026-03-02","Material",8920.0,"Produtos de panificação e cereais",883.0,"Biscoito",232141.0,"características adicionais: integral e sem recheio, sabor: água e sal, classificação: salgado, apresentação: quadrado","PCT",5.38,350.0,1883.0]
["44/2026","Aprovada",null,"CEPAE - GÊNEROS ALIMENTÍCIOS EM GERAL","BENS",153052.0,"2026-05-13","2026-08-21",100.0,"CEPAE - CENTRO DE ENSINO E PESQUISA APLICADA À EDUCAÇÃO","211/2025","Alto",16.0,"2026-03-02","Material",8915.0,"Frutas, verduras e legumes",19763.0,"Cacau",463532.0,"apresentação: pó, prazo validade mínimo: 12 meses","PCT",9.8,100.0,980.0]
["44/2026","Aprovada",null,"CEPAE - GÊNEROS ALIMENTÍCIOS EM GERAL","BENS",153052.0,"2026-05-13","2026-08-21",100.0,"CEPAE - CENTRO DE ENSINO E PESQUISA APLICADA À EDUCAÇÃO","211/2025","Alto",17.0,"2026-03-02","Material",8950.0,"Condimentos e produtos correlatos",19774.0,"Condimento",463873.0,"apresentação: casca, tipo: canela","EMB",3.35,50.0,167.5]
["44/2026","Aprovada",null,"CEPAE - GÊNEROS ALIMENTÍCIOS EM GERAL","BENS",153052.0,"2026-05-13","2026-08-21",100.0,"CEPAE - CENTRO DE ENSINO E PESQUISA APLICADA À EDUCAÇÃO","211/2025","Alto",18.0,"2026-03-02","Material",8950.0,"Condimentos e produtos correlatos",19774.0,"Condimento",463872.0,"apresentação: pó, tipo: canela","EMB",3.78,30.0,113.4]
["44/2026","Aprovada",null,"CEPAE - GÊNEROS ALIMENTÍCIOS EM GERAL","BENS",153052.0,"2026-05-13","2026-08-21",100.0,"CEPAE - CENTRO DE ENSINO E PESQUISA APLICADA À EDUCAÇÃO","211/2025","Alto",19.0,"2026-03-02","Material",8915.0,"Frutas, verduras e legumes",19791.0,"Oleaginosa",464531.0,"apresentação: natural, tipo: baru","UN",40.0,20.0,800.0]
["44/2026","Aprovada",null,"CEPAE - GÊNEROS ALIMENTÍCIOS EM GERAL","BENS",153052.0,"2026-05-13","2026-08-21",100.0,"CEPAE - CENTRO DE ENSINO E PESQUISA APLICADA À EDUCAÇÃO","211/2025","Alto",20.0,"2026-03-02","Material",8925.0,"Açúcar, confeitos, castanhas, nozes e similares",5293.0,"Côco Ralado",225698.0,"apresentação: desidratado e triturado, características adicionais: desengordurado, ingredientes: amêndoa de côco, processo conservação: ins 233-ms","PCT",3.68,20.0,73.6]
["44/2026","Aprovada",null,"CEPAE - GÊNEROS ALIMENTÍCIOS EM GERAL","BENS",153052.0,"2026-05-13","2026-08-21",100.0,"CEPAE - CENTRO DE ENSINO E PESQUISA APLICADA À EDUCAÇÃO","211/2025","Alto",21.0,"2026-03-02","Material",8925.0,"Açúcar, confeitos, castanhas, nozes e similares",5293.0,"Côco Ralado",225698.0,"apresentação: desidratado e triturado, características adicionais: desengordurado, ingredientes: amêndoa de côco, processo conservação: ins 233-ms","PCT",24.59,4.0,98.36]
["44/2026","Aprovada",null,"CEPAE - GÊNEROS ALIMENTÍCIOS EM GERAL","BENS",153052.0,"2026-05-13","2026-08-21",100.0,"CEPAE - CENTRO DE ENSINO E PESQUISA APLICADA À EDUCAÇÃO","211/2025","Alto",22.0,"2026-03-02","Material",8950.0,"CONDIMENTOS E PRODUTOS CORRELATOS",19774.0,"CONDIMENTO",463937.0,"APRESENTAÇÃO: PÓ, TIPO: URUCUM","EMB",2.0,10.0,20.0]
["44/2026","Aprovada",null,"CEPAE - GÊNEROS ALIMENTÍCIOS EM GERAL","BENS",153052.0,"2026-05-13","2026-08-21",100.0,"CEPAE - CENTRO DE ENSINO E PESQUISA APLICADA À EDUCAÇÃO","211/2025","Alto",23.0,"2026-03-02","Material",8950.0,"Condimentos e produtos correlatos",19774.0,"Condimento",463892.0,"apresentação: flor, tipo: cravo da índia","UN",6.5,10.0,65.0]
["44/2026","Aprovada",null,"CEPAE - GÊNEROS ALIMENTÍCIOS EM GERAL","BENS",153052.0,"2026-05-13","2026-08-21",100.0,"CEPAE - CENTRO DE ENSINO E PESQUISA APLICADA À EDUCAÇÃO","211/2025","Alto",24.0,"2026-03-02","Material",8910.0,"Ovos e laticínios",17295.0,"Creme De Leite",446533.0,"processamento: uht, teor gordura: até 20% de gordura, tratamento: homogeneizado","EMB",18.0,30.0,540.0]
["44/2026","Aprovada",null,"CEPAE - GÊNEROS ALIMENTÍCIOS EM GERAL","BENS",153052.0,"2026-05-13","2026-08-21",100.0,"CEPAE - CENTRO DE ENSINO E PESQUISA APLICADA À EDUCAÇÃO","211/2025","Alto",25.0,"2026-03-02","Material",8950.0,"Condimentos e produtos correlatos",19716.0,"Massa De Tomate",459670.0,"apresentação: creme, composição: tradicional, tipo: extrato concentrado","KG",9.29,160.0,1486.4]
["44/2026","Aprovada",null,"CEPAE - GÊNEROS ALIMENTÍCIOS EM GERAL","BENS",153052.0,"2026-05-13","2026-08-21",100.0,"CEPAE - CENTRO DE ENSINO E PESQUISA APLICADA À EDUCAÇÃO","211/2025","Alto",26.0,"2026-03-02","Material",8950.0,"Condimentos e produtos correlatos",19716.0,"Massa De Tomate",459670.0,"apresentação: creme, composição: tradicional, tipo: extrato concentrado","EMB",3.19,40.0,127.6]
["44/2026","Aprovada",null,"CEPAE - GÊNEROS ALIMENTÍCIOS EM GERAL","BENS",153052.0,"2026-05-13","2026-08-21",100.0,"CEPAE - CENTRO DE ENSINO E PESQUISA APLICADA À EDUCAÇÃO","211/2025","Alto",27.0,"2026-03-02","Material",8920.0,"Produtos de panificação e cereais",13884.0,"Farinha Arroz",343597.0,"características adicionais: não contém glúten, ingrediente: farinha arroz, açúcar, vitaminas, sais minerais e","EMB",8.0,10.0,80.0]
["44/2026","Aprovada",null,"CEPAE - GÊNEROS ALIMENTÍCIOS EM GERAL","BENS",153052.0,"2026-05-13","2026-08-21",100.0,"CEPAE - CENTRO DE ENSINO E PESQUISA APLICADA À EDUCAÇÃO","211/2025","Alto",28.0,"2026-03-02","Material",8920.0,"Produtos de panificação e cereais",19692.0,"Farinha De Mandioca",458920.0,"acidez: baixa acidez, aspecto físico: tipo 1, classe: fina, grupo: seca, subgrupo: branca torrada","EMB",8.0,160.0,1280.0]
["44/2026","Aprovada",null,"CEPAE - GÊNEROS ALIMENTÍCIOS EM GERAL","BENS",153052.0,"2026-05-13","2026-08-21",100.0,"CEPAE - CENTRO DE ENSINO E PESQUISA APLICADA À EDUCAÇÃO","211/2025","Alto",29.0,"2026-03-02","Material",8920.0,"Produtos de panificação e cereais",19694.0,"Farinha De Milho",470687.0,"apresentação: torrada, característica adicional: não transgênico, grão: amarelo","EMB",2.7,120.0,324.0]
["44/2026","Aprovada",null,"CEPAE - GÊNEROS ALIMENTÍCIOS EM GERAL","BENS",153052.0,"2026-05-13","2026-08-21",100.0,"CEPAE - CENTRO DE ENSINO E PESQUISA APLICADA À EDUCAÇÃO","211/2025","Alto",30.0,"2026-03-02","Material",8920.0,"Produtos de panificação e cereais",19720.0,"Farinha De Trigo",460263.0,"grupo: doméstico, ingrediente adicional: fortificada com ferro e ácido fólico, tipo: tipo 1, especial","EMB",5.9,200.0,1180.0]
["44/2026","Aprovada",null,"CEPAE - GÊNEROS ALIMENTÍCIOS EM GERAL","BENS",153052.0,"2026-05-13","2026-08-21",100.0,"CEPAE - CENTRO DE ENSINO E PESQUISA APLICADA À EDUCAÇÃO","211/2025","Alto",31.0,"2026-03-02","Material",8915.0,"Frutas, verduras e legumes",19792.0,"Leguminosa",464559.0,"tipo: tipo 1, variedade: feijão branco","EMB",7.69,40.0,307.6]
["44/2026","Aprovada",null,"CEPAE - GÊNEROS ALIMENTÍCIOS EM GERAL","BENS",153052.0,"2026-05-13","2026-08-21",100.0,"CEPAE - CENTRO DE ENSINO E PESQUISA APLICADA À EDUCAÇÃO","211/2025","Alto",32.0,"2026-03-02","Material",8915.0,"Frutas, verduras e legumes",19792.0,"Leguminosa",464553.0,"tipo: tipo 1, variedade: feijão carioca","EMB",5.75,700.0,4025.0]
["44/2026","Aprovada",null,"CEPAE - GÊNEROS ALIMENTÍCIOS EM GERAL","BENS",153052.0,"2026-05-13","2026-08-21",100.0,"CEPAE - CENTRO DE ENSINO E PESQUISA APLICADA À EDUCAÇÃO","211/2025","Alto",33.0,"2026-03-02","Material",8915.0,"Frutas, verduras e legumes",19792.0,"Leguminosa",464552.0,"tipo: tipo 1, variedade: feijão preto","EMB",6.5,100.0,650.0]
["44/2026","Aprovada",null,"CEPAE - GÊNEROS ALIMENTÍCIOS EM GERAL","BENS",153052.0,"2026-05-13","2026-08-21",100.0,"CEPAE - CENTRO DE ENSINO E PESQUISA APLICADA À EDUCAÇÃO","211/2025","Alto",34.0,"2026-03-02","Material",8920.0,"Produtos de panificação e cereais",19712.0,"Fermento",481031.0,"apresentação: pó, composição: saccharomyces cerevisiae, tipo: biológico seco","EMB",1.65,100.0,165.0]
["44/2026","Aprovada",null,"CEPAE - GÊNEROS ALIMENTÍCIOS EM GERAL","BENS",153052.0,"2026-05-13","2026-08-21",100.0,"CEPAE - CENTRO DE ENSINO E PESQUISA APLICADA À EDUCAÇÃO","211/2025","Alto",35.0,"2026-03-02","Material",8920.0,"Produtos de panificação e cereais",19712.0,"Fermento",459586.0,"apresentação: pó, tipo: químico","EMB",3.42,60.0,205.2]
["44/2026","Aprovada",null,"CEPAE - GÊNEROS ALIMENTÍCIOS EM GERAL","BENS",153052.0,"2026-05-13","2026-08-21",100.0,"CEPAE - CENTRO DE ENSINO E PESQUISA APLICADA À EDUCAÇÃO","211/2025","Alto",36.0,"2026-03-02","Material",8920.0,"Produtos de panificação e cereais",19694.0,"Farinha De Milho",479080.0,"apresentação: pré-cozida, característica adicional: não transgênico, grão: amarelo, tipo: flocada","EMB",2.0,50.0,100.0]
["44/2026","Aprovada",null,"CEPAE - GÊNEROS ALIMENTÍCIOS EM GERAL","BENS",153052.0,"2026-05-13","2026-08-21",100.0,"CEPAE - CENTRO DE ENSINO E PESQUISA APLICADA À EDUCAÇÃO","211/2025","Alto",37.0,"2026-03-02","Material",8950.0,"Condimentos e produtos correlatos",19774.0,"Condimento",463904.0,"apresentação: folha, tipo: louro","EMB",3.55,30.0,106.5]
["44/2026","Aprovada",null,"CEPAE - GÊNEROS ALIMENTÍCIOS EM GERAL","BENS",153052.0,"2026-05-13","2026-08-21",100.0,"CEPAE - CENTRO DE ENSINO E PESQUISA APLICADA À EDUCAÇÃO","211/2025","Alto",38.0,"2026-03-02","Material",8915.0,"Frutas, verduras e legumes",19792.0,"Leguminosa",464569.0,"variedade: grão de bico","EMB",7.0,40.0,280.0]
["44/2026","Aprovada",null,"CEPAE - GÊNEROS ALIMENTÍCIOS EM GERAL","BENS",153052.0,"2026-05-13","2026-08-21",100.0,"CEPAE - CENTRO DE ENSINO E PESQUISA APLICADA À EDUCAÇÃO","211/2025","Alto",39.0,"2026-03-02","Material",8910.0,"Ovos e laticínios",19588.0,"Iogurte Natural",446701.0,"sabor: sem sabor, teor gordura: integral","EMB",3.5,20.0,70.0]
["44/2026","Aprovada",null,"CEPAE - GÊNEROS ALIMENTÍCIOS EM GERAL","BENS",153052.0,"2026-05-13","2026-08-21",100.0,"CEPAE - CENTRO DE ENSINO E PESQUISA APLICADA À EDUCAÇÃO","211/2025","Alto",40.0,"2026-03-02","Material",8910.0,"Ovos e laticínios",19588.0,"Iogurte Natural",446704.0,"componentes: com polpa ou pedaços de fruta, sabor: com sabor, teor gordura: integral","EMB",13.25,300.0,3975.0]
["44/2026","Aprovada",null,"CEPAE - GÊNEROS ALIMENTÍCIOS EM GERAL","BENS",153052.0,"2026-05-13","2026-08-21",100.0,"CEPAE - CENTRO DE ENSINO E PESQUISA APLICADA À EDUCAÇÃO","211/2025","Alto",41.0,"2026-03-02","Material",8910.0,"Ovos e laticínios",19779.0,"Leite Côco",464012.0,"característica adicional: teor de gordura reduzida, tipo: magro","EMB",21.0,30.0,630.0]
["44/2026","Aprovada",null,"CEPAE - GÊNEROS ALIMENTÍCIOS EM GERAL","BENS",153052.0,"2026-05-13","2026-08-21",100.0,"CEPAE - CENTRO DE ENSINO E PESQUISA APLICADA À EDUCAÇÃO","211/2025","Alto",42.0,"2026-03-02","Material",8910.0,"Ovos e laticínios",19779.0,"Leite Côco",464012.0,"característica adicional: teor de gordura reduzida, tipo: magro","CX",6.0,30.0,180.0]
["44/2026","Aprovada",null,"CEPAE - GÊNEROS ALIMENTÍCIOS EM GERAL","BENS",153052.0,"2026-05-13","2026-08-21",100.0,"CEPAE - CENTRO DE ENSINO E PESQUISA APLICADA À EDUCAÇÃO","211/2025","Alto",43.0,"2026-03-02","Material",8910.0,"OVOS E LATICÍNIOS",8755.0,"LEITE EM PÓ",446019.0,"ORIGEM: DE VACA, SOLUBILIDADE: INSTANTÂNEO, TEOR GORDURA: INTEGRAL","EMB",16.0,300.0,4800.0]
["44/2026","Aprovada",null,"CEPAE - GÊNEROS ALIMENTÍCIOS EM GERAL","BENS",153052.0,"2026-05-13","2026-08-21",100.0,"CEPAE - CENTRO DE ENSINO E PESQUISA APLICADA À EDUCAÇÃO","211/2025","Alto",44.0,"2026-03-02","Material",8910.0,"Ovos e laticínios",8753.0,"Leite Fluido",445995.0,"origem: de vaca, processamento: uht, teor gordura: integral, tipo: a","CX",5.0,1800.0,9000.0]
["44/2026","Aprovada",null,"CEPAE - GÊNEROS ALIMENTÍCIOS EM GERAL","BENS",153052.0,"2026-05-13","2026-08-21",100.0,"CEPAE - CENTRO DE ENSINO E PESQUISA APLICADA À EDUCAÇÃO","211/2025","Alto",45.0,"2026-03-02","Material",8910.0,"Ovos e laticínios",8753.0,"Leite Fluido",445998.0,"origem: de vaca, processamento: uht, teor gordura: integral, tipo: a, tipo restrição: zero lactose","CX",5.0,150.0,750.0]
["44/2026","Aprovada",null,"CEPAE - GÊNEROS ALIMENTÍCIOS EM GERAL","BENS",153052.0,"2026-05-13","2026-08-21",100.0,"CEPAE - CENTRO DE ENSINO E PESQUISA APLICADA À EDUCAÇÃO","211/2025","Alto",46.0,"2026-03-02","Material",8915.0,"Frutas, verduras e legumes",19792.0,"Leguminosa",464574.0,"variedade: lentilha verde","EMB",9.27,40.0,370.8]
["44/2026","Aprovada",null,"CEPAE - GÊNEROS ALIMENTÍCIOS EM GERAL","BENS",153052.0,"2026-05-13","2026-08-21",100.0,"CEPAE - CENTRO DE ENSINO E PESQUISA APLICADA À EDUCAÇÃO","211/2025","Alto",47.0,"2026-03-02","Material",8920.0,"Produtos de panificação e cereais",19691.0,"Macarrão",458963.0,"apresentação: ave maria/pai nosso, base da massa: de farinha de trigo, ingredientes adicionais: com ovos, teor de umidade: massa seca","EMB",6.5,150.0,975.0]
["44/2026","Aprovada",null,"CEPAE - GÊNEROS ALIMENTÍCIOS EM GERAL","BENS",153052.0,"2026-05-13","2026-08-21",100.0,"CEPAE - CENTRO DE ENSINO E PESQUISA APLICADA À EDUCAÇÃO","211/2025","Alto",48.0,"2026-03-02","Material",8920.0,"Produtos de panificação e cereais",19691.0,"Macarrão",458951.0,"apresentação: espaguete, base da massa: de farinha de trigo, teor de umidade: massa seca","EMB",6.5,800.0,5200.0]
["44/2026","Aprovada",null,"CEPAE - GÊNEROS ALIMENTÍCIOS EM GERAL","BENS",153052.0,"2026-05-13","2026-08-21",100.0,"CEPAE - CENTRO DE ENSINO E PESQUISA APLICADA À EDUCAÇÃO","211/2025","Alto",49.0,"2026-03-02","Material",8920.0,"Produtos de panificação e cereais",19691.0,"Macarrão",458974.0,"apresentação: parafuso, base da massa: de farinha de trigo, teor de umidade: massa seca","EMB",6.5,700.0,4550.0]
["44/2026","Aprovada",null,"CEPAE - GÊNEROS ALIMENTÍCIOS EM GERAL","BENS",153052.0,"2026-05-13","2026-08-21",100.0,"CEPAE - CENTRO DE ENSINO E PESQUISA APLICADA À EDUCAÇÃO","211/2025","Alto",50.0,"2026-03-02","Material",8920.0,"PRODUTOS DE PANIFICAÇÃO E CEREAIS",19691.0,"MACARRÃO",480340.0,"APRESENTAÇÃO: PENNE, BASE DA MASSA: DE ARROZ, PRESENÇA DE GLÚTEN: NÃO CONTÉM GLÚTEN, TEOR DE UMIDADE: MASSA SECA","EMB",24.0,50.0,1200.0]
["44/2026","Aprovada",null,"CEPAE - GÊNEROS ALIMENTÍCIOS EM GERAL","BENS",153052.0,"2026-05-13","2026-08-21",100.0,"CEPAE - CENTRO DE ENSINO E PESQUISA APLICADA À EDUCAÇÃO","211/2025","Alto",51.0,"2026-03-02","Material",8910.0,"Ovos e laticínios",8756.0,"Manteiga",446384.0,"composição: com sal, tipo: extra","POTE",22.0,120.0,2640.0]
["44/2026","Aprovada",null,"CEPAE - GÊNEROS ALIMENTÍCIOS EM GERAL","BENS",153052.0,"2026-05-13","2026-08-21",100.0,"CEPAE - CENTRO DE ENSINO E PESQUISA APLICADA À EDUCAÇÃO","211/2025","Alto",52.0,"2026-03-02","Material",8920.0,"Produtos de panificação e cereais",19691.0,"Macarrão",459004.0,"apresentação: lasanha, base da massa: de farinha de trigo, ingredientes adicionais: com ovos, teor de umidade: massa pré-cozida, tipo: fresca","EMB",7.49,20.0,149.8]
["44/2026","Aprovada",null,"CEPAE - GÊNEROS ALIMENTÍCIOS EM GERAL","BENS",153052.0,"2026-05-13","2026-08-21",100.0,"CEPAE - CENTRO DE ENSINO E PESQUISA APLICADA À EDUCAÇÃO","211/2025","Alto",53.0,"2026-03-02","Material",8920.0,"Produtos de panificação e cereais",14581.0,"Milho",279262.0,"aplicação: mungunzá (canjica), tipo: grão","PCT",6.0,84.0,504.0]
["44/2026","Aprovada",null,"CEPAE - GÊNEROS ALIMENTÍCIOS EM GERAL","BENS",153052.0,"2026-05-13","2026-08-21",100.0,"CEPAE - CENTRO DE ENSINO E PESQUISA APLICADA À EDUCAÇÃO","211/2025","Alto",54.0,"2026-03-02","Material",8920.0,"Produtos de panificação e cereais",19748.0,"Milho De Pipoca",462122.0,"classe: amarela, formato estourado: tipo irregular/butterfly, grupo: duro, qualidade: tipo 1","EMB",5.0,90.0,450.0]
["44/2026","Aprovada",null,"CEPAE - GÊNEROS ALIMENTÍCIOS EM GERAL","BENS",153052.0,"2026-05-13","2026-08-21",100.0,"CEPAE - CENTRO DE ENSINO E PESQUISA APLICADA À EDUCAÇÃO","211/2025","Alto",55.0,"2026-03-02","Material",8950.0,"Condimentos e produtos correlatos",19715.0,"Molho De Mesa",459653.0,"apresentação: líquido, composição: tradicional, tipo: shoyu","EMB",15.0,30.0,450.0]
["44/2026","Aprovada",null,"CEPAE - GÊNEROS ALIMENTÍCIOS EM GERAL","BENS",153052.0,"2026-05-13","2026-08-21",100.0,"CEPAE - CENTRO DE ENSINO E PESQUISA APLICADA À EDUCAÇÃO","211/2025","Alto",56.0,"2026-03-02","Material",8950.0,"CONDIMENTOS E PRODUTOS CORRELATOS",19774.0,"CONDIMENTO",463913.0,"APRESENTAÇÃO: GRÃO, TIPO: NOZ MOSCADA","UN",4.0,4.0,16.0]
["44/2026","Aprovada",null,"CEPAE - GÊNEROS ALIMENTÍCIOS EM GERAL","BENS",153052.0,"2026-05-13","2026-08-21",100.0,"CEPAE - CENTRO DE ENSINO E PESQUISA APLICADA À EDUCAÇÃO","211/2025","Alto",57.0,"2026-03-02","Material",8945.0,"Óleos e gorduras comestíveis",19767.0,"Óleo Vegetal Comestível",463691.0,"espécie vegetal: girasol, teor da acidez: alto oléico - menor que 0,8%, tipo: puro, tipo qualidade: tipo 1","EMB",15.0,200.0,3000.0]
["44/2026","Aprovada",null,"CEPAE - GÊNEROS ALIMENTÍCIOS EM GERAL","BENS",153052.0,"2026-05-13","2026-08-21",100.0,"CEPAE - CENTRO DE ENSINO E PESQUISA APLICADA À EDUCAÇÃO","211/2025","Alto",58.0,"2026-03-02","Material",8945.0,"Óleos e gorduras comestíveis",19767.0,"Óleo Vegetal Comestível",463692.0,"espécie vegetal: soja, tipo: puro, tipo qualidade: tipo 1","EMB",5.0,400.0,2000.0]
["44/2026","Aprovada",null,"CEPAE - GÊNEROS ALIMENTÍCIOS EM GERAL","BENS",153052.0,"2026-05-13","2026-08-21",100.0,"CEPAE - CENTRO DE ENSINO E PESQUISA APLICADA À EDUCAÇÃO","211/2025","Alto",59.0,"2026-03-02","Material",8950.0,"Condimentos e produtos correlatos",19774.0,"Condimento",463916.0,"apresentação: desidratado, tipo: orégano","EMB",3.0,120.0,360.0]
["44/2026","Aprovada",null,"CEPAE - GÊNEROS ALIMENTÍCIOS EM GERAL","BENS",153052.0,"2026-05-13","2026-08-21",100.0,"CEPAE - CENTRO DE ENSINO E PESQUISA APLICADA À EDUCAÇÃO","211/2025","Alto",60.0,"2026-03-02","Material",8910.0,"Ovos e laticínios",19586.0,"Ovo",446619.0,"classe: a, grupo: branco, origem: galinha, tipo: médio","BJ",8.0,500.0,4000.0]
["44/2026","Aprovada",null,"CEPAE - GÊNEROS ALIMENTÍCIOS EM GERAL","BENS",153052.0,"2026-05-13","2026-08-21",100.0,"CEPAE - CENTRO DE ENSINO E PESQUISA APLICADA À EDUCAÇÃO","211/2025","Alto",61.0,"2026-03-02","Material",8920.0,"Produtos de panificação e cereais",19721.0,"Pão",460385.0,"base: de farinha de trigo refinada, tipo: semi-doce, tipo adicional: bisnaga, careca/seda","KG",20.0,168.0,3360.0]
["44/2026","Aprovada",null,"CEPAE - GÊNEROS ALIMENTÍCIOS EM GERAL","BENS",153052.0,"2026-05-13","2026-08-21",100.0,"CEPAE - CENTRO DE ENSINO E PESQUISA APLICADA À EDUCAÇÃO","211/2025","Alto",62.0,"2026-03-02","Material",8920.0,"Produtos de panificação e cereais",19721.0,"Pão",460403.0,"apresentação: fatiado, base: de farinha de trigo integral, tipo: de forma, tipo embalagem: embalagem individual","EMB",8.0,320.0,2560.0]
["44/2026","Aprovada",null,"CEPAE - GÊNEROS ALIMENTÍCIOS EM GERAL","BENS",153052.0,"2026-05-13","2026-08-21",100.0,"CEPAE - CENTRO DE ENSINO E PESQUISA APLICADA À EDUCAÇÃO","211/2025","Alto",63.0,"2026-03-02","Material",8920.0,"Produtos de panificação e cereais",19721.0,"Pão",460380.0,"base: de farinha de trigo refinada, tipo: tipo françês/branco/de sal","KG",20.0,560.0,11200.0]
["44/2026","Aprovada",null,"CEPAE - GÊNEROS ALIMENTÍCIOS EM GERAL","BENS",153052.0,"2026-05-13","2026-08-21",100.0,"CEPAE - CENTRO DE ENSINO E PESQUISA APLICADA À EDUCAÇÃO","211/2025","Alto",64.0,"2026-03-02","Material",8915.0,"FRUTAS, VERDURAS E LEGUMES",19790.0,"POLPA DE FRUTA",464493.0,"APRESENTAÇÃO: CONGELADA, TIPO: AÇAÍ","KG",23.0,220.0,5060.0]
["44/2026","Aprovada",null,"CEPAE - GÊNEROS ALIMENTÍCIOS EM GERAL","BENS",153052.0,"2026-05-13","2026-08-21",100.0,"CEPAE - CENTRO DE ENSINO E PESQUISA APLICADA À EDUCAÇÃO","211/2025","Alto",65.0,"2026-03-02","Material",8915.0,"Frutas, verduras e legumes",19790.0,"Polpa De Fruta",464514.0,"apresentação: congelada, tipo: goiaba vermelha","KG",12.0,20.0,240.0]
["44/2026","Aprovada",null,"CEPAE - GÊNEROS ALIMENTÍCIOS EM GERAL","BENS",153052.0,"2026-05-13","2026-08-21",100.0,"CEPAE - CENTRO DE ENSINO E PESQUISA APLICADA À EDUCAÇÃO","211/2025","Alto",66.0,"2026-03-02","Material",8915.0,"Frutas, verduras e legumes",19790.0,"Polpa De Fruta",464461.0,"apresentação: congelada, tipo: morango","KG",21.0,20.0,420.0]
["44/2026","Aprovada",null,"CEPAE - GÊNEROS ALIMENTÍCIOS EM GERAL","BENS",153052.0,"2026-05-13","2026-08-21",100.0,"CEPAE - CENTRO DE ENSINO E PESQUISA APLICADA À EDUCAÇÃO","211/2025","Alto",67.0,"2026-03-02","Material",8920.0,"Produtos de panificação e cereais",19696.0,"Amido",459079.0,"acidez: polvilho doce, aspecto físico: tipo 1, base: de mandioca, grupo: fécula","EMB",10.0,150.0,1500.0]
["44/2026","Aprovada",null,"CEPAE - GÊNEROS ALIMENTÍCIOS EM GERAL","BENS",153052.0,"2026-05-13","2026-08-21",100.0,"CEPAE - CENTRO DE ENSINO E PESQUISA APLICADA À EDUCAÇÃO","211/2025","Alto",68.0,"2026-03-02","Material",8905.0,"Carnes, aves e peixes",4560.0,"Proteína Texturizada Soja",245598.0,"apresentação: farinha, aspecto físico: sólido, composição básica: proteína de soja 50% e carboidrato 30%","PCT",10.2,80.0,816.0]
["44/2026","Aprovada",null,"CEPAE - GÊNEROS ALIMENTÍCIOS EM GERAL","BENS",153052.0,"2026-05-13","2026-08-21",100.0,"CEPAE - CENTRO DE ENSINO E PESQUISA APLICADA À EDUCAÇÃO","211/2025","Alto",69.0,"2026-03-02","Material",8950.0,"Condimentos e produtos correlatos",11369.0,"Queijo Ralado",225850.0,"aplicação: culinária industrial, ingredientes: queijo parmezon, material embalagem: papel metálico, tipo conservante: ácido sórbico","KG",44.0,100.0,4400.0]
["44/2026","Aprovada",null,"CEPAE - GÊNEROS ALIMENTÍCIOS EM GERAL","BENS",153052.0,"2026-05-13","2026-08-21",100.0,"CEPAE - CENTRO DE ENSINO E PESQUISA APLICADA À EDUCAÇÃO","211/2025","Alto",70.0,"2026-03-02","Material",8910.0,"Ovos e laticínios",11534.0,"Queijo",446660.0,"apresentação: peça, origem: de vaca, tipo: fresco, variedade: minas","KG",30.0,40.0,1200.0]
["44/2026","Aprovada",null,"CEPAE - GÊNEROS ALIMENTÍCIOS EM GERAL","BENS",153052.0,"2026-05-13","2026-08-21",100.0,"CEPAE - CENTRO DE ENSINO E PESQUISA APLICADA À EDUCAÇÃO","211/2025","Alto",71.0,"2026-03-02","Material",8910.0,"Ovos e laticínios",11534.0,"Queijo",446638.0,"apresentação: fatiado, origem: de vaca, teor gordura: baixo teor de gordura, tipo restrição: zero lactose, variedade: muçarela","KG",39.0,50.0,1950.0]
["44/2026","Aprovada",null,"CEPAE - GÊNEROS ALIMENTÍCIOS EM GERAL","BENS",153052.0,"2026-05-13","2026-08-21",100.0,"CEPAE - CENTRO DE ENSINO E PESQUISA APLICADA À EDUCAÇÃO","211/2025","Alto",72.0,"2026-03-02","Material",8910.0,"Ovos e laticínios",11534.0,"Queijo",446633.0,"apresentação: peça, origem: de vaca, variedade: muçarela","KG",34.0,240.0,8160.0]
["44/2026","Aprovada",null,"CEPAE - GÊNEROS ALIMENTÍCIOS EM GERAL","BENS",153052.0,"2026-05-13","2026-08-21",100.0,"CEPAE - CENTRO DE ENSINO E PESQUISA APLICADA À EDUCAÇÃO","211/2025","Alto",73.0,"2026-03-02","Material",8950.0,"Condimentos e produtos correlatos",852.0,"Sal",216911.0,"acidez: 7,50, aditivos: iodo/prussiato amarelo soda/sílico alumínio sódio, aplicação: alimentícia, teor máximo sódio: 196, tipo: refinado","KG",2.0,180.0,360.0]
["44/2026","Aprovada",null,"CEPAE - GÊNEROS ALIMENTÍCIOS EM GERAL","BENS",153052.0,"2026-05-13","2026-08-21",100.0,"CEPAE - CENTRO DE ENSINO E PESQUISA APLICADA À EDUCAÇÃO","211/2025","Alto",74.0,"2026-03-02","Material",8920.0,"Produtos de panificação e cereais",14047.0,"Farinha Quibe",326330.0,"composição: grãos de trigo selecionados e moídos, tipo: crú","SC",6.0,80.0,480.0]
["44/2026","Aprovada",null,"CEPAE - GÊNEROS ALIMENTÍCIOS EM GERAL","BENS",153052.0,"2026-05-13","2026-08-21",100.0,"CEPAE - CENTRO DE ENSINO E PESQUISA APLICADA À EDUCAÇÃO","211/2025","Alto",75.0,"2026-03-02","Material",8915.0,"Frutas, verduras e legumes",19789.0,"Fruta",464883.0,"adicional: preta, apresentação: desidratada / seca, tipo 1: uva passa","UN",8.0,100.0,800.0]
["44/2026","Aprovada",null,"CEPAE - GÊNEROS ALIMENTÍCIOS EM GERAL","BENS",153052.0,"2026-05-13","2026-08-21",100.0,"CEPAE - CENTRO DE ENSINO E PESQUISA APLICADA À EDUCAÇÃO","211/2025","Alto",76.0,"2026-03-02","Material",8950.0,"CONDIMENTOS E PRODUTOS CORRELATOS",853.0,"VINAGRE",340581.0,"ACIDEZ: 4,20, ASPECTO FÍSICO: LÍQUIDO, ASPECTO VISUAL: LÍMPIDO E SEM DEPÓSITOS, MATÉRIA-PRIMA: MAÇÃ, TIPO: AROMÁTICO","FR",5.0,15.0,75.0]
["44/2026","Aprovada",null,"CEPAE - GÊNEROS ALIMENTÍCIOS EM GERAL","BENS",153052.0,"2026-05-13","2026-08-21",100.0,"CEPAE - CENTRO DE ENSINO E PESQUISA APLICADA À EDUCAÇÃO","211/2025","Alto",77.0,"2026-03-02","Material",8905.0,"Carnes, aves e peixes",4548.0,"Carne Bovina In Natura",465394.0,"apresentação: peça inteira, estado de conservação: resfriado(a), tipo corte: coxão duro","KG",30.0,225.0,6750.0]
["44/2026","Aprovada",null,"CEPAE - GÊNEROS ALIMENTÍCIOS EM GERAL","BENS",153052.0,"2026-05-13","2026-08-21",100.0,"CEPAE - CENTRO DE ENSINO E PESQUISA APLICADA À EDUCAÇÃO","211/2025","Alto",78.0,"2026-03-02","Material",8905.0,"Carnes, aves e peixes",4548.0,"Carne Bovina In Natura",480370.0,"apresentação: peça inteira, estado de conservação: resfriado(a), tipo corte: patinho","KG",30.0,225.0,6750.0]
["44/2026","Aprovada",null,"CEPAE - GÊNEROS ALIMENTÍCIOS EM GERAL","BENS",153052.0,"2026-05-13","2026-08-21",100.0,"CEPAE - CENTRO DE ENSINO E PESQUISA APLICADA À EDUCAÇÃO","211/2025","Alto",79.0,"2026-03-02","Material",8905.0,"Carnes, aves e peixes",4548.0,"Carne Bovina In Natura",447497.0,"apresentação: moida, estado de conservação: resfriado(a), tipo corte: músculo traseiro","KG",26.0,400.0,10400.0]
["44/2026","Aprovada",null,"CEPAE - GÊNEROS ALIMENTÍCIOS EM GERAL","BENS",153052.0,"2026-05-13","2026-08-21",100.0,"CEPAE - CENTRO DE ENSINO E PESQUISA APLICADA À EDUCAÇÃO","211/2025","Alto",80.0,"2026-03-02","Material",8905.0,"CARNES, AVES E PEIXES",4550.0,"CARNE DE AVE IN NATURA",447581.0,"APRESENTAÇÃO: FATIADO, ESTADO DE CONSERVAÇÃO: CONGELADO(A), PROCESSAMENTO: SEM PELE, SEM OSSO, TIPO ANIMAL: FRANGO, TIPO CORTE: FILÉ DE PEITO","KG",17.0,1050.0,17850.0]
["44/2026","Aprovada",null,"CEPAE - GÊNEROS ALIMENTÍCIOS EM GERAL","BENS",153052.0,"2026-05-13","2026-08-21",100.0,"CEPAE - CENTRO DE ENSINO E PESQUISA APLICADA À EDUCAÇÃO","211/2025","Alto",81.0,"2026-03-02","Material",8905.0,"Carnes, aves e peixes",4550.0,"Carne De Ave In Natura",451063.0,"apresentação: inteiro, estado de conservação: congelado(a), processamento: sem pele, sem osso, tipo animal: frango, tipo corte: coxa e sobrecoxa","KG",10.0,1200.0,12000.0]
["44/2026","Aprovada",null,"CEPAE - GÊNEROS ALIMENTÍCIOS EM GERAL","BENS",153052.0,"2026-05-13","2026-08-21",100.0,"CEPAE - CENTRO DE ENSINO E PESQUISA APLICADA À EDUCAÇÃO","211/2025","Alto",82.0,"2026-03-02","Material",8905.0,"Carnes, aves e peixes",17294.0,"Carne Suína In Natura",447524.0,"apresentação: peça inteira, estado de conservação: resfriado(a), processamento: sem osso, sem pele, tipo corte: pernil","KG",19.0,360.0,6840.0]
["44/2026","Aprovada",null,"CEPAE - GÊNEROS ALIMENTÍCIOS EM GERAL","BENS",153052.0,"2026-05-13","2026-08-21",100.0,"CEPAE - CENTRO DE ENSINO E PESQUISA APLICADA À EDUCAÇÃO","211/2025","Alto",83.0,"2026-03-02","Material",8905.0,"Carnes, aves e peixes",17294.0,"Carne Suína In Natura",447517.0,"apresentação: peça inteira, estado de conservação: resfriado(a), tipo corte: lombo","KG",23.0,600.0,13800.0]
["44/2026","Aprovada",null,"CEPAE - GÊNEROS ALIMENTÍCIOS EM GERAL","BENS",153052.0,"2026-05-13","2026-08-21",100.0,"CEPAE - CENTRO DE ENSINO E PESQUISA APLICADA À EDUCAÇÃO","211/2025","Alto",84.0,"2026-03-02","Material",8905.0,"CARNES, AVES E PEIXES",9806.0,"EMBUTIDO",447715.0,"ESTADO DE CONSERVAÇÃO: RESFRIADO(A), TAMANHO: FINA, TIPO: LINGUIÇA DE CARNE SUÍNA, TIPO PREPARAÇÃO: FRESCA","KG",19.0,160.0,3040.0]
["44/2026","Aprovada",null,"CEPAE - GÊNEROS ALIMENTÍCIOS EM GERAL","BENS",153052.0,"2026-05-13","2026-08-21",100.0,"CEPAE - CENTRO DE ENSINO E PESQUISA APLICADA À EDUCAÇÃO","211/2025","Alto",85.0,"2026-03-02","Material",8905.0,"Carnes, aves e peixes",9382.0,"Peixe In Natura",448953.0,"apresentação: sem pele, estado de conservação: congelado(a), tipo corte: filé, variedade: tilápia","KG",39.0,132.0,5148.0]
["44/2026","Aprovada",null,"CEPAE - GÊNEROS ALIMENTÍCIOS EM GERAL","BENS",153052.0,"2026-05-13","2026-08-21",100.0,"CEPAE - CENTRO DE ENSINO E PESQUISA APLICADA À EDUCAÇÃO","211/2025","Alto",86.0,"2026-03-02","Material",8915.0,"Frutas, verduras e legumes",19772.0,"Legume In Natura",463748.0,"tipo: abóbora cabotiá / japonesa","KG",6.5,300.0,1950.0]
["44/2026","Aprovada",null,"CEPAE - GÊNEROS ALIMENTÍCIOS EM GERAL","BENS",153052.0,"2026-05-13","2026-08-21",100.0,"CEPAE - CENTRO DE ENSINO E PESQUISA APLICADA À EDUCAÇÃO","211/2025","Alto",87.0,"2026-03-02","Material",8915.0,"Frutas, verduras e legumes",19772.0,"Legume In Natura",463751.0,"tipo: abobrinha de pescoço / menina","KG",5.0,200.0,1000.0]
["44/2026","Aprovada",null,"CEPAE - GÊNEROS ALIMENTÍCIOS EM GERAL","BENS",153052.0,"2026-05-13","2026-08-21",100.0,"CEPAE - CENTRO DE ENSINO E PESQUISA APLICADA À EDUCAÇÃO","211/2025","Alto",88.0,"2026-03-02","Material",8915.0,"Frutas, verduras e legumes",19772.0,"Legume In Natura",463754.0,"tipo: batata inglesa","KG",8.9,400.0,3560.0]
["44/2026","Aprovada",null,"CEPAE - GÊNEROS ALIMENTÍCIOS EM GERAL","BENS",153052.0,"2026-05-13","2026-08-21",100.0,"CEPAE - CENTRO DE ENSINO E PESQUISA APLICADA À EDUCAÇÃO","211/2025","Alto",89.0,"2026-03-02","Material",8915.0,"Frutas, verduras e legumes",19772.0,"Legume In Natura",463760.0,"tipo: batata baroa / mandioquinha","KG",8.39,40.0,335.6]
["44/2026","Aprovada",null,"CEPAE - GÊNEROS ALIMENTÍCIOS EM GERAL","BENS",153052.0,"2026-05-13","2026-08-21",100.0,"CEPAE - CENTRO DE ENSINO E PESQUISA APLICADA À EDUCAÇÃO","211/2025","Alto",90.0,"2026-03-02","Material",8915.0,"Frutas, verduras e legumes",19772.0,"Legume In Natura",463753.0,"tipo: batata doce","KG",4.85,100.0,485.0]
["44/2026","Aprovada",null,"CEPAE - GÊNEROS ALIMENTÍCIOS EM GERAL","BENS",153052.0,"2026-05-13","2026-08-21",100.0,"CEPAE - CENTRO DE ENSINO E PESQUISA APLICADA À EDUCAÇÃO","211/2025","Alto",91.0,"2026-03-02","Material",8915.0,"Frutas, verduras e legumes",19772.0,"Legume In Natura",463767.0,"tipo: beterraba","KG",5.14,160.0,822.4]
["44/2026","Aprovada",null,"CEPAE - GÊNEROS ALIMENTÍCIOS EM GERAL","BENS",153052.0,"2026-05-13","2026-08-21",100.0,"CEPAE - CENTRO DE ENSINO E PESQUISA APLICADA À EDUCAÇÃO","211/2025","Alto",92.0,"2026-03-02","Material",8915.0,"Frutas, verduras e legumes",19772.0,"Legume In Natura",463764.0,"tipo: berinjela","KG",6.99,30.0,209.7]
["44/2026","Aprovada",null,"CEPAE - GÊNEROS ALIMENTÍCIOS EM GERAL","BENS",153052.0,"2026-05-13","2026-08-21",100.0,"CEPAE - CENTRO DE ENSINO E PESQUISA APLICADA À EDUCAÇÃO","211/2025","Alto",93.0,"2026-03-02","Material",8915.0,"FRUTAS, VERDURAS E LEGUMES",19772.0,"LEGUME IN NATURA",463781.0,"TIPO: CEBOLA BRANCA","KG",5.52,350.0,1932.0]
["44/2026","Aprovada",null,"CEPAE - GÊNEROS ALIMENTÍCIOS EM GERAL","BENS",153052.0,"2026-05-13","2026-08-21",100.0,"CEPAE - CENTRO DE ENSINO E PESQUISA APLICADA À EDUCAÇÃO","211/2025","Alto",94.0,"2026-03-02","Material",8915.0,"Frutas, verduras e legumes",19772.0,"Legume In Natura",463770.0,"tipo: cenoura","KG",5.91,350.0,2068.5]
["44/2026","Aprovada",null,"CEPAE - GÊNEROS ALIMENTÍCIOS EM GERAL","BENS",153052.0,"2026-05-13","2026-08-21",100.0,"CEPAE - CENTRO DE ENSINO E PESQUISA APLICADA À EDUCAÇÃO","211/2025","Alto",95.0,"2026-03-02","Material",8915.0,"Frutas, verduras e legumes",19772.0,"Legume In Natura",463778.0,"tipo: chuchu verde","KG",5.7,300.0,1710.0]
["44/2026","Aprovada",null,"CEPAE - GÊNEROS ALIMENTÍCIOS EM GERAL","BENS",153052.0,"2026-05-13","2026-08-21",100.0,"CEPAE - CENTRO DE ENSINO E PESQUISA APLICADA À EDUCAÇÃO","211/2025","Alto",96.0,"2026-03-02","Material",8915.0,"Frutas, verduras e legumes",19772.0,"Legume In Natura",463790.0,"tipo: jiló","KG",6.5,10.0,65.0]
["44/2026","Aprovada",null,"CEPAE - GÊNEROS ALIMENTÍCIOS EM GERAL","BENS",153052.0,"2026-05-13","2026-08-21",100.0,"CEPAE - CENTRO DE ENSINO E PESQUISA APLICADA À EDUCAÇÃO","211/2025","Alto",97.0,"2026-03-02","Material",8915.0,"Frutas, verduras e legumes",19772.0,"Legume In Natura",463795.0,"tipo: mandioca / aipim","KG",7.61,300.0,2283.0]
["44/2026","Aprovada",null,"CEPAE - GÊNEROS ALIMENTÍCIOS EM GERAL","BENS",153052.0,"2026-05-13","2026-08-21",100.0,"CEPAE - CENTRO DE ENSINO E PESQUISA APLICADA À EDUCAÇÃO","211/2025","Alto",98.0,"2026-03-02","Material",8915.0,"Frutas, verduras e legumes",19772.0,"Legume In Natura",463797.0,"tipo: milho verde","KG",7.99,250.0,1997.5]
["44/2026","Aprovada",null,"CEPAE - GÊNEROS ALIMENTÍCIOS EM GERAL","BENS",153052.0,"2026-05-13","2026-08-21",100.0,"CEPAE - CENTRO DE ENSINO E PESQUISA APLICADA À EDUCAÇÃO","211/2025","Alto",99.0,"2026-03-02","Material",8915.0,"Frutas, verduras e legumes",19772.0,"Legume In Natura",463796.0,"tipo: pepino","KG",5.0,140.0,700.0]
["44/2026","Aprovada",null,"CEPAE - GÊNEROS ALIMENTÍCIOS EM GERAL","BENS",153052.0,"2026-05-13","2026-08-21",100.0,"CEPAE - CENTRO DE ENSINO E PESQUISA APLICADA À EDUCAÇÃO","211/2025","Alto",100.0,"2026-03-02","Material",8915.0,"Frutas, verduras e legumes",19772.0,"Legume In Natura",463801.0,"tipo: pepino japonês","KG",6.9,80.0,552.0]
["44/2026","Aprovada",null,"CEPAE - GÊNEROS ALIMENTÍCIOS EM GERAL","BENS",153052.0,"2026-05-13","2026-08-21",100.0,"CEPAE - CENTRO DE ENSINO E PESQUISA APLICADA À EDUCAÇÃO","211/2025","Alto",101.0,"2026-03-02","Material",8915.0,"Frutas, verduras e legumes",19772.0,"Legume In Natura",463802.0,"tipo: pimentão amarelo","KG",15.5,50.0,775.0]
["44/2026","Aprovada",null,"CEPAE - GÊNEROS ALIMENTÍCIOS EM GERAL","BENS",153052.0,"2026-05-13","2026-08-21",100.0,"CEPAE - CENTRO DE ENSINO E PESQUISA APLICADA À EDUCAÇÃO","211/2025","Alto",102.0,"2026-03-02","Material",8915.0,"Frutas, verduras e legumes",19772.0,"Legume In Natura",463809.0,"tipo: pimentão verde","KG",7.69,100.0,769.0]
["44/2026","Aprovada",null,"CEPAE - GÊNEROS ALIMENTÍCIOS EM GERAL","BENS",153052.0,"2026-05-13","2026-08-21",100.0,"CEPAE - CENTRO DE ENSINO E PESQUISA APLICADA À EDUCAÇÃO","211/2025","Alto",103.0,"2026-03-02","Material",8915.0,"Frutas, verduras e legumes",19772.0,"Legume In Natura",463811.0,"apresentação: orgânico, tipo: pimentão vermelho","KG",15.5,50.0,775.0]
["44/2026","Aprovada",null,"CEPAE - GÊNEROS ALIMENTÍCIOS EM GERAL","BENS",153052.0,"2026-05-13","2026-08-21",100.0,"CEPAE - CENTRO DE ENSINO E PESQUISA APLICADA À EDUCAÇÃO","211/2025","Alto",104.0,"2026-03-02","Material",8915.0,"Frutas, verduras e legumes",19772.0,"Legume In Natura",463792.0,"tipo: quiabo","KG",10.13,60.0,607.8]
["44/2026","Aprovada",null,"CEPAE - GÊNEROS ALIMENTÍCIOS EM GERAL","BENS",153052.0,"2026-05-13","2026-08-21",100.0,"CEPAE - CENTRO DE ENSINO E PESQUISA APLICADA À EDUCAÇÃO","211/2025","Alto",105.0,"2026-03-02","Material",8915.0,"Frutas, verduras e legumes",19772.0,"Legume In Natura",463799.0,"tipo: rabanete","KG",9.1,40.0,364.0]
["44/2026","Aprovada",null,"CEPAE - GÊNEROS ALIMENTÍCIOS EM GERAL","BENS",153052.0,"2026-05-13","2026-08-21",100.0,"CEPAE - CENTRO DE ENSINO E PESQUISA APLICADA À EDUCAÇÃO","211/2025","Alto",106.0,"2026-03-02","Material",8915.0,"Frutas, verduras e legumes",19772.0,"Legume In Natura",463806.0,"tipo: tomate salada","KG",7.33,320.0,2345.6]
["44/2026","Aprovada",null,"CEPAE - GÊNEROS ALIMENTÍCIOS EM GERAL","BENS",153052.0,"2026-05-13","2026-08-21",100.0,"CEPAE - CENTRO DE ENSINO E PESQUISA APLICADA À EDUCAÇÃO","211/2025","Alto",107.0,"2026-03-02","Material",8915.0,"Frutas, verduras e legumes",19772.0,"Legume In Natura",463805.0,"tipo: tomate italiano","KG",6.38,320.0,2041.6]
["44/2026","Aprovada",null,"CEPAE - GÊNEROS ALIMENTÍCIOS EM GERAL","BENS",153052.0,"2026-05-13","2026-08-21",100.0,"CEPAE - CENTRO DE ENSINO E PESQUISA APLICADA À EDUCAÇÃO","211/2025","Alto",108.0,"2026-03-02","Material",8915.0,"Frutas, verduras e legumes",19772.0,"Legume In Natura",463807.0,"tipo: vagem macarrão","KG",12.25,120.0,1470.0]
["44/2026","Aprovada",null,"CEPAE - GÊNEROS ALIMENTÍCIOS EM GERAL","BENS",153052.0,"2026-05-13","2026-08-21",100.0,"CEPAE - CENTRO DE ENSINO E PESQUISA APLICADA À EDUCAÇÃO","211/2025","Alto",109.0,"2026-03-02","Material",8915.0,"Frutas, verduras e legumes",19789.0,"Fruta",464353.0,"apresentação: natural, tipo: pequi","KG",16.0,40.0,640.0]
["44/2026","Aprovada",null,"CEPAE - GÊNEROS ALIMENTÍCIOS EM GERAL","BENS",153052.0,"2026-05-13","2026-08-21",100.0,"CEPAE - CENTRO DE ENSINO E PESQUISA APLICADA À EDUCAÇÃO","211/2025","Alto",110.0,"2026-03-02","Material",8915.0,"Frutas, verduras e legumes",19773.0,"Verdura In Natura",463818.0,"tipo: acelga","UN",6.7,300.0,2010.0]
["44/2026","Aprovada",null,"CEPAE - GÊNEROS ALIMENTÍCIOS EM GERAL","BENS",153052.0,"2026-05-13","2026-08-21",100.0,"CEPAE - CENTRO DE ENSINO E PESQUISA APLICADA À EDUCAÇÃO","211/2025","Alto",111.0,"2026-03-02","Material",8915.0,"Frutas, verduras e legumes",19773.0,"Verdura In Natura",463819.0,"tipo: agrião","UN",4.5,250.0,1125.0]
["44/2026","Aprovada",null,"CEPAE - GÊNEROS ALIMENTÍCIOS EM GERAL","BENS",153052.0,"2026-05-13","2026-08-21",100.0,"CEPAE - CENTRO DE ENSINO E PESQUISA APLICADA À EDUCAÇÃO","211/2025","Alto",112.0,"2026-03-02","Material",8915.0,"Frutas, verduras e legumes",19773.0,"Verdura In Natura",463832.0,"tipo: alface crespa","UN",3.4,300.0,1020.0]
["44/2026","Aprovada",null,"CEPAE - GÊNEROS ALIMENTÍCIOS EM GERAL","BENS",153052.0,"2026-05-13","2026-08-21",100.0,"CEPAE - CENTRO DE ENSINO E PESQUISA APLICADA À EDUCAÇÃO","211/2025","Alto",113.0,"2026-03-02","Material",8915.0,"Frutas, verduras e legumes",19773.0,"Verdura In Natura",463830.0,"tipo: alface americana","UN",3.5,300.0,1050.0]
["44/2026","Aprovada",null,"CEPAE - GÊNEROS ALIMENTÍCIOS EM GERAL","BENS",153052.0,"2026-05-13","2026-08-21",100.0,"CEPAE - CENTRO DE ENSINO E PESQUISA APLICADA À EDUCAÇÃO","211/2025","Alto",114.0,"2026-03-02","Material",8915.0,"Frutas, verduras e legumes",19773.0,"Verdura In Natura",463838.0,"tipo: brócolis japonês","UN",6.26,120.0,751.2]
["44/2026","Aprovada",null,"CEPAE - GÊNEROS ALIMENTÍCIOS EM GERAL","BENS",153052.0,"2026-05-13","2026-08-21",100.0,"CEPAE - CENTRO DE ENSINO E PESQUISA APLICADA À EDUCAÇÃO","211/2025","Alto",115.0,"2026-03-02","Material",8915.0,"Frutas, verduras e legumes",19773.0,"Verdura In Natura",463822.0,"tipo: couve","UN",3.5,330.0,1155.0]
["44/2026","Aprovada",null,"CEPAE - GÊNEROS ALIMENTÍCIOS EM GERAL","BENS",153052.0,"2026-05-13","2026-08-21",100.0,"CEPAE - CENTRO DE ENSINO E PESQUISA APLICADA À EDUCAÇÃO","211/2025","Alto",116.0,"2026-03-02","Material",8915.0,"Frutas, verduras e legumes",19773.0,"Verdura In Natura",463831.0,"tipo: couve-flor","UN",11.0,120.0,1320.0]
["44/2026","Aprovada",null,"CEPAE - GÊNEROS ALIMENTÍCIOS EM GERAL","BENS",153052.0,"2026-05-13","2026-08-21",100.0,"CEPAE - CENTRO DE ENSINO E PESQUISA APLICADA À EDUCAÇÃO","211/2025","Alto",117.0,"2026-03-02","Material",8915.0,"Frutas, verduras e legumes",19773.0,"Verdura In Natura",463824.0,"tipo: espinafre","UN",3.5,80.0,280.0]
["44/2026","Aprovada",null,"CEPAE - GÊNEROS ALIMENTÍCIOS EM GERAL","BENS",153052.0,"2026-05-13","2026-08-21",100.0,"CEPAE - CENTRO DE ENSINO E PESQUISA APLICADA À EDUCAÇÃO","211/2025","Alto",118.0,"2026-03-02","Material",8915.0,"Frutas, verduras e legumes",19773.0,"Verdura In Natura",463826.0,"tipo: rúcula","UN",4.0,80.0,320.0]
["44/2026","Aprovada",null,"CEPAE - GÊNEROS ALIMENTÍCIOS EM GERAL","BENS",153052.0,"2026-05-13","2026-08-21",100.0,"CEPAE - CENTRO DE ENSINO E PESQUISA APLICADA À EDUCAÇÃO","211/2025","Alto",119.0,"2026-03-02","Material",8915.0,"Frutas, verduras e legumes",19773.0,"Verdura In Natura",615267.0,"adicional: cortada, higienizada, apresentação: natural, tipo: salsinha","UN",3.33,130.0,432.9]
["44/2026","Aprovada",null,"CEPAE - GÊNEROS ALIMENTÍCIOS EM GERAL","BENS",153052.0,"2026-05-13","2026-08-21",100.0,"CEPAE - CENTRO DE ENSINO E PESQUISA APLICADA À EDUCAÇÃO","211/2025","Alto",120.0,"2026-03-02","Material",8915.0,"Frutas, verduras e legumes",19773.0,"Verdura In Natura",463839.0,"tipo: repolho branco / verde","KG",5.63,350.0,1970.5]
["44/2026","Aprovada",null,"CEPAE - GÊNEROS ALIMENTÍCIOS EM GERAL","BENS",153052.0,"2026-05-13","2026-08-21",100.0,"CEPAE - CENTRO DE ENSINO E PESQUISA APLICADA À EDUCAÇÃO","211/2025","Alto",121.0,"2026-03-02","Material",8915.0,"Frutas, verduras e legumes",19773.0,"Verdura In Natura",463829.0,"tipo: repolho roxo","KG",6.15,80.0,492.0]
["44/2026","Aprovada",null,"CEPAE - GÊNEROS ALIMENTÍCIOS EM GERAL","BENS",153052.0,"2026-05-13","2026-08-21",100.0,"CEPAE - CENTRO DE ENSINO E PESQUISA APLICADA À EDUCAÇÃO","211/2025","Alto",122.0,"2026-03-02","Material",8950.0,"Condimentos e produtos correlatos",19774.0,"Condimento",463906.0,"apresentação: natural, tipo: manjericão","UN",3.69,30.0,110.7]
["44/2026","Aprovada",null,"CEPAE - GÊNEROS ALIMENTÍCIOS EM GERAL","BENS",153052.0,"2026-05-13","2026-08-21",100.0,"CEPAE - CENTRO DE ENSINO E PESQUISA APLICADA À EDUCAÇÃO","211/2025","Alto",123.0,"2026-03-02","Material",8950.0,"Condimentos e produtos correlatos",19774.0,"Condimento",479694.0,"apresentação: folha, tipo: coentro","UN",3.55,130.0,461.5]
["44/2026","Aprovada",null,"CEPAE - GÊNEROS ALIMENTÍCIOS EM GERAL","BENS",153052.0,"2026-05-13","2026-08-21",100.0,"CEPAE - CENTRO DE ENSINO E PESQUISA APLICADA À EDUCAÇÃO","211/2025","Alto",124.0,"2026-03-02","Material",8950.0,"Condimentos e produtos correlatos",19774.0,"Condimento",463898.0,"apresentação: natural, tipo: hortelã","UN",3.59,80.0,287.2]
["44/2026","Aprovada",null,"CEPAE - GÊNEROS ALIMENTÍCIOS EM GERAL","BENS",153052.0,"2026-05-13","2026-08-21",100.0,"CEPAE - CENTRO DE ENSINO E PESQUISA APLICADA À EDUCAÇÃO","211/2025","Alto",125.0,"2026-03-02","Material",8950.0,"Condimentos e produtos correlatos",19774.0,"Condimento",463878.0,"apresentação: natural, tipo: cebolinha","UN",3.5,350.0,1225.0]
["44/2026","Aprovada",null,"CEPAE - GÊNEROS ALIMENTÍCIOS EM GERAL","BENS",153052.0,"2026-05-13","2026-08-21",100.0,"CEPAE - CENTRO DE ENSINO E PESQUISA APLICADA À EDUCAÇÃO","211/2025","Alto",126.0,"2026-03-02","Material",8915.0,"Frutas, verduras e legumes",19789.0,"Fruta",464371.0,"apresentação: natural, tipo: abacate manteiga","KG",6.43,150.0,964.5]
["44/2026","Aprovada",null,"CEPAE - GÊNEROS ALIMENTÍCIOS EM GERAL","BENS",153052.0,"2026-05-13","2026-08-21",100.0,"CEPAE - CENTRO DE ENSINO E PESQUISA APLICADA À EDUCAÇÃO","211/2025","Alto",127.0,"2026-03-02","Material",8915.0,"Frutas, verduras e legumes",19789.0,"Fruta",464374.0,"apresentação: natural, tipo: abacaxi pérola","UN",12.0,700.0,8400.0]
["44/2026","Aprovada",null,"CEPAE - GÊNEROS ALIMENTÍCIOS EM GERAL","BENS",153052.0,"2026-05-13","2026-08-21",100.0,"CEPAE - CENTRO DE ENSINO E PESQUISA APLICADA À EDUCAÇÃO","211/2025","Alto",128.0,"2026-03-02","Material",8915.0,"Frutas, verduras e legumes",19789.0,"Fruta",466549.0,"apresentação: natural, tipo 1: ameixa","KG",15.0,40.0,600.0]
["44/2026","Aprovada",null,"CEPAE - GÊNEROS ALIMENTÍCIOS EM GERAL","BENS",153052.0,"2026-05-13","2026-08-21",100.0,"CEPAE - CENTRO DE ENSINO E PESQUISA APLICADA À EDUCAÇÃO","211/2025","Alto",129.0,"2026-03-02","Material",8915.0,"Frutas, verduras e legumes",19789.0,"Fruta",464376.0,"apresentação: natural, tipo: banana maçã","KG",7.39,850.0,6281.5]
["44/2026","Aprovada",null,"CEPAE - GÊNEROS ALIMENTÍCIOS EM GERAL","BENS",153052.0,"2026-05-13","2026-08-21",100.0,"CEPAE - CENTRO DE ENSINO E PESQUISA APLICADA À EDUCAÇÃO","211/2025","Alto",130.0,"2026-03-02","Material",8915.0,"Frutas, verduras e legumes",19789.0,"Fruta",464380.0,"apresentação: natural, tipo: banana nanica / banana d'água","KG",4.5,510.0,2295.0]
["44/2026","Aprovada",null,"CEPAE - GÊNEROS ALIMENTÍCIOS EM GERAL","BENS",153052.0,"2026-05-13","2026-08-21",100.0,"CEPAE - CENTRO DE ENSINO E PESQUISA APLICADA À EDUCAÇÃO","211/2025","Alto",131.0,"2026-03-02","Material",8915.0,"Frutas, verduras e legumes",19789.0,"Fruta",464377.0,"apresentação: natural, tipo: banana da terra / banana comprida","KG",6.5,140.0,910.0]
["44/2026","Aprovada",null,"CEPAE - GÊNEROS ALIMENTÍCIOS EM GERAL","BENS",153052.0,"2026-05-13","2026-08-21",100.0,"CEPAE - CENTRO DE ENSINO E PESQUISA APLICADA À EDUCAÇÃO","211/2025","Alto",132.0,"2026-03-02","Material",8915.0,"Frutas, verduras e legumes",19789.0,"Fruta",464381.0,"apresentação: natural, tipo: banana prata / banana branca","KG",5.4,1050.0,5670.0]
["44/2026","Aprovada",null,"CEPAE - GÊNEROS ALIMENTÍCIOS EM GERAL","BENS",153052.0,"2026-05-13","2026-08-21",100.0,"CEPAE - CENTRO DE ENSINO E PESQUISA APLICADA À EDUCAÇÃO","211/2025","Alto",133.0,"2026-03-02","Material",8915.0,"Frutas, verduras e legumes",19789.0,"Fruta",464385.0,"apresentação: natural, tipo: caqui rama forte","KG",5.97,50.0,298.5]
["44/2026","Aprovada",null,"CEPAE - GÊNEROS ALIMENTÍCIOS EM GERAL","BENS",153052.0,"2026-05-13","2026-08-21",100.0,"CEPAE - CENTRO DE ENSINO E PESQUISA APLICADA À EDUCAÇÃO","211/2025","Alto",134.0,"2026-03-02","Material",8915.0,"Frutas, verduras e legumes",19789.0,"Fruta",464392.0,"apresentação: natural, tipo: goiaba vermelha","KG",7.5,50.0,375.0]
["44/2026","Aprovada",null,"CEPAE - GÊNEROS ALIMENTÍCIOS EM GERAL","BENS",153052.0,"2026-05-13","2026-08-21",100.0,"CEPAE - CENTRO DE ENSINO E PESQUISA APLICADA À EDUCAÇÃO","211/2025","Alto",135.0,"2026-03-02","Material",8915.0,"Frutas, verduras e legumes",19789.0,"Fruta",464393.0,"apresentação: natural, tipo: laranja pera","KG",4.5,3000.0,13500.0]
["44/2026","Aprovada",null,"CEPAE - GÊNEROS ALIMENTÍCIOS EM GERAL","BENS",153052.0,"2026-05-13","2026-08-21",100.0,"CEPAE - CENTRO DE ENSINO E PESQUISA APLICADA À EDUCAÇÃO","211/2025","Alto",136.0,"2026-03-02","Material",8915.0,"Frutas, verduras e legumes",19789.0,"Fruta",464398.0,"apresentação: natural, tipo: limão taiti","KG",6.5,150.0,975.0]
["44/2026","Aprovada",null,"CEPAE - GÊNEROS ALIMENTÍCIOS EM GERAL","BENS",153052.0,"2026-05-13","2026-08-21",100.0,"CEPAE - CENTRO DE ENSINO E PESQUISA APLICADA À EDUCAÇÃO","211/2025","Alto",137.0,"2026-03-02","Material",8915.0,"Frutas, verduras e legumes",19789.0,"Fruta",464401.0,"apresentação: natural, tipo: maçã fuji","KG",8.5,700.0,5950.0]
["44/2026","Aprovada",null,"CEPAE - GÊNEROS ALIMENTÍCIOS EM GERAL","BENS",153052.0,"2026-05-13","2026-08-21",100.0,"CEPAE - CENTRO DE ENSINO E PESQUISA APLICADA À EDUCAÇÃO","211/2025","Alto",138.0,"2026-03-02","Material",8915.0,"Frutas, verduras e legumes",19789.0,"Fruta",464400.0,"apresentação: natural, tipo: maçã gala","KG",7.5,700.0,5250.0]
["44/2026","Aprovada",null,"CEPAE - GÊNEROS ALIMENTÍCIOS EM GERAL","BENS",153052.0,"2026-05-13","2026-08-21",100.0,"CEPAE - CENTRO DE ENSINO E PESQUISA APLICADA À EDUCAÇÃO","211/2025","Alto",139.0,"2026-03-02","Material",8915.0,"Frutas, verduras e legumes",19789.0,"Fruta",464405.0,"apresentação: natural, tipo: mamão formosa","KG",7.8,700.0,5460.0]
["44/2026","Aprovada",null,"CEPAE - GÊNEROS ALIMENTÍCIOS EM GERAL","BENS",153052.0,"2026-05-13","2026-08-21",100.0,"CEPAE - CENTRO DE ENSINO E PESQUISA APLICADA À EDUCAÇÃO","211/2025","Alto",140.0,"2026-03-02","Material",8915.0,"Frutas, verduras e legumes",19789.0,"Fruta",464406.0,"apresentação: natural, tipo: manga tommy","KG",6.9,430.0,2967.0]
["44/2026","Aprovada",null,"CEPAE - GÊNEROS ALIMENTÍCIOS EM GERAL","BENS",153052.0,"2026-05-13","2026-08-21",100.0,"CEPAE - CENTRO DE ENSINO E PESQUISA APLICADA À EDUCAÇÃO","211/2025","Alto",141.0,"2026-03-02","Material",8915.0,"Frutas, verduras e legumes",19789.0,"Fruta",464415.0,"apresentação: natural, tipo: maracujá azedo / maracujá amarelo","KG",10.7,200.0,2140.0]
["44/2026","Aprovada",null,"CEPAE - GÊNEROS ALIMENTÍCIOS EM GERAL","BENS",153052.0,"2026-05-13","2026-08-21",100.0,"CEPAE - CENTRO DE ENSINO E PESQUISA APLICADA À EDUCAÇÃO","211/2025","Alto",142.0,"2026-03-02","Material",8915.0,"Frutas, verduras e legumes",19789.0,"Fruta",464418.0,"apresentação: natural, tipo: melancia vermelha","KG",3.5,2000.0,7000.0]
["44/2026","Aprovada",null,"CEPAE - GÊNEROS ALIMENTÍCIOS EM GERAL","BENS",153052.0,"2026-05-13","2026-08-21",100.0,"CEPAE - CENTRO DE ENSINO E PESQUISA APLICADA À EDUCAÇÃO","211/2025","Alto",143.0,"2026-03-02","Material",8915.0,"Frutas, verduras e legumes",19789.0,"Fruta",464422.0,"apresentação: natural, tipo: melão amarelo","KG",5.5,380.0,2090.0]
["44/2026","Aprovada",null,"CEPAE - GÊNEROS ALIMENTÍCIOS EM GERAL","BENS",153052.0,"2026-05-13","2026-08-21",100.0,"CEPAE - CENTRO DE ENSINO E PESQUISA APLICADA À EDUCAÇÃO","211/2025","Alto",144.0,"2026-03-02","Material",8915.0,"Frutas, verduras e legumes",19789.0,"Fruta",464436.0,"apresentação: natural, tipo: tangerina poncan","KG",7.5,800.0,6000.0]
["44/2026","Aprovada",null,"CEPAE - GÊNEROS ALIMENTÍCIOS EM GERAL","BENS",153052.0,"2026-05-13","2026-08-21",100.0,"CEPAE - CENTRO DE ENSINO E PESQUISA APLICADA À EDUCAÇÃO","211/2025","Alto",145.0,"2026-03-02","Material",8915.0,"Frutas, verduras e legumes",19789.0,"Fruta",464328.0,"apresentação: natural, tipo: morango","KG",28.5,35.0,997.5]
["44/2026","Aprovada",null,"CEPAE - GÊNEROS ALIMENTÍCIOS EM GERAL","BENS",153052.0,"2026-05-13","2026-08-21",100.0,"CEPAE - CENTRO DE ENSINO E PESQUISA APLICADA À EDUCAÇÃO","211/2025","Alto",146.0,"2026-03-02","Material",8915.0,"Frutas, verduras e legumes",19789.0,"Fruta",464426.0,"apresentação: natural, tipo: pera d'água","KG",10.5,80.0,840.0]
["44/2026","Aprovada",null,"CEPAE - GÊNEROS ALIMENTÍCIOS EM GERAL","BENS",153052.0,"2026-05-13","2026-08-21",100.0,"CEPAE - CENTRO DE ENSINO E PESQUISA APLICADA À EDUCAÇÃO","211/2025","Alto",147.0,"2026-03-02","Material",8915.0,"Frutas, verduras e legumes",19789.0,"Fruta",464333.0,"apresentação: natural, tipo: pêssego","KG",15.0,50.0,750.0]
["44/2026","Aprovada",null,"CEPAE - GÊNEROS ALIMENTÍCIOS EM GERAL","BENS",153052.0,"2026-05-13","2026-08-21",100.0,"CEPAE - CENTRO DE ENSINO E PESQUISA APLICADA À EDUCAÇÃO","211/2025","Alto",148.0,"2026-03-02","Material",8915.0,"Frutas, verduras e legumes",19789.0,"Fruta",464903.0,"adicional: sem semente, apresentação: natural, tipo 1: uva crimson","KG",26.0,50.0,1300.0]
["44/2026","Aprovada",null,"CEPAE - GÊNEROS ALIMENTÍCIOS EM GERAL","BENS",153052.0,"2026-05-13","2026-08-21",100.0,"CEPAE - CENTRO DE ENSINO E PESQUISA APLICADA À EDUCAÇÃO","621/2025","Alto",1.0,"2026-02-02","Material",8950.0,"Condimentos e produtos correlatos",19774.0,"Condimento",463853.0,"adicional: descascado, apresentação: natural, tipo: alho","KG",25.5,140.0,3570.0]
["44/2026","Aprovada",null,"CEPAE - GÊNEROS ALIMENTÍCIOS EM GERAL","BENS",153052.0,"2026-05-13","2026-08-21",100.0,"CEPAE - CENTRO DE ENSINO E PESQUISA APLICADA À EDUCAÇÃO","621/2025","Alto",2.0,"2026-02-02","Material",8950.0,"Condimentos e produtos correlatos",853.0,"Vinagre",217091.0,"acidez: 4,20, aspecto físico: líquido, aspecto visual: límpido e sem depósitos, matéria-prima: limão, tipo: aromático","FR",7.8,15.0,117.0]
["44/2026","Aprovada",null,"CEPAE - GÊNEROS ALIMENTÍCIOS EM GERAL","BENS",153052.0,"2026-05-13","2026-08-21",100.0,"CEPAE - CENTRO DE ENSINO E PESQUISA APLICADA À EDUCAÇÃO","621/2025","Alto",3.0,"2026-02-02","Material",8905.0,"Carnes, aves e peixes",4548.0,"Carne Bovina In Natura",447391.0,"apresentação: cortada em cubos, estado de conservação: resfriado(a), tipo corte: paleta (pá)","KG",32.44,360.0,11678.4]
["44/2026","Aprovada",null,"CEPAE - GÊNEROS ALIMENTÍCIOS EM GERAL","BENS",153052.0,"2026-05-13","2026-08-21",100.0,"CEPAE - CENTRO DE ENSINO E PESQUISA APLICADA À EDUCAÇÃO","621/2025","Alto",4.0,"2026-02-02","Material",8950.0,"Condimentos e produtos correlatos",19774.0,"Condimento",463938.0,"adicional: cabeça, apresentação: natural, tipo: alho","KG",22.75,70.0,1592.5]
["44/2026","Aprovada",null,"CEPAE - GÊNEROS ALIMENTÍCIOS EM GERAL","BENS",153052.0,"2026-05-13","2026-08-21",100.0,"CEPAE - CENTRO DE ENSINO E PESQUISA APLICADA À EDUCAÇÃO","621/2025","Alto",5.0,"2026-02-02","Material",8915.0,"Frutas, verduras e legumes",19772.0,"Legume In Natura",463780.0,"tipo: cebola roxa","KG",6.55,50.0,327.5]
["44/2026","Aprovada",null,"CEPAE - GÊNEROS ALIMENTÍCIOS EM GERAL","BENS",153052.0,"2026-05-13","2026-08-21",100.0,"CEPAE - CENTRO DE ENSINO E PESQUISA APLICADA À EDUCAÇÃO","621/2025","Alto",6.0,"2026-02-02","Material",8915.0,"Frutas, verduras e legumes",19772.0,"Legume In Natura",463789.0,"tipo: inhame","KG",6.16,120.0,739.2]
["13/2026","Aprovada",null,"ARES CONDICIONADOS","BENS",153052.0,"2026-04-13","2026-08-14",123.0,"FEN - FACULDADE DE ENFERMAGEM","94/2025","Alto",1.0,"2026-04-25","Material",4120.0,"EQUIPAMENTO DE AR CONDICIONADO",{"$nulls":5},9000.0,1.0,9000.0]
["13/2026","Aprovada",null,"ARES CONDICIONADOS","BENS",153052.0,"2026-04-13","2026-08-14",123.0,"FEN - FACULDADE DE ENFERMAGEM","94/2025","Alto",2.0,"2026-04-25","Material",4120.0,"EQUIPAMENTO DE AR CONDICIONADO",{"$nulls":5},6000.0,1.0,6000.0]
["13/2026","Aprovada",null,"ARES CONDICIONADOS","BENS",153052.0,"2026-04-13","2026-08-14",123.0,"FE - FACULDADE DE EDUCAÇÃO","106/2025","Alto",1.0,"2026-06-20","Material",4120.0,"Equipamento De Ar Condicionado",13768.0,"Aparelho Ar Condicionado",617852.0,"capacidade refrigeração: 18.000, características adicionais: com controle remoto sem fio, freqüência: 60, garantia: 1, modelo: piso-teto inverter, tensão: 220, tipo: split","UN",4000.0,2.0,8000.0]
["13/2026","Aprovada",null,"ARES CONDICIONADOS","BENS",153052.0,"2026-04-13","2026-08-14",123.0,"ICB - INSTITUTO DE CIÊNCIAS BIOLÓGICAS","200/2025","Alto",1.0,"2026-08-31","Material",4120.0,"Equipamento de ar condicionado",13768.0,"Aparelho Ar Condicionado",483097.0,"capacidade refrigeração: 30.000, características adicionais 1: ciclo frio, selo procel, controle remoto sem fio, modelo: split inverter, tensão: 220, tipo: split","UN",6000.0,1.0,6000.0]
["13/2026","Aprovada",null,"ARES CONDICIONADOS","BENS",153052.0,"2026-04-13","2026-08-14",123.0,"ICB - INSTITUTO DE CIÊNCIAS BIOLÓGICAS","200/2025","Alto",2.0,"2026-08-31","Material",4120.0,"Equipamento de ar condicionado",13768.0,"Aparelho Ar Condicionado",441655.0,"capacidade refrigeração: 36.000, características adicionais: compressor rotativo/refrigerar/ventilar/renovar ar, modelo: teto/piso, tensão: 220, tipo: split","UN",6000.0,1.0,6000.0]
["13/2026","Aprovada",null,"ARES CONDICIONADOS","BENS",153052.0,"2026-04-13","2026-08-14",123.0,"ICB - INSTITUTO DE CIÊNCIAS BIOLÓGICAS","200/2025","Alto",3.0,"2026-08-31","Material",4120.0,"Equipamento de ar condicionado",13768.0,"Aparelho Ar Condicionado",456466.0,"capacidade refrigeração: 9.000, características adicionais 1: controle remoto/display digital/timer/selo procel, modelo: split inverter, tensão: 110/220, tipo: split","UN",1500.0,2.0,3000.0]
["13/2026","Aprovada",null,"ARES CONDICIONADOS","BENS",153052.0,"2026-04-13","2026-08-14",123.0,"ICB - INSTITUTO DE CIÊNCIAS BIOLÓGICAS","200/2025","Alto",4.0,"2026-08-31","Material",4120.0,"Equipamento de ar condicionado",13768.0,"Aparelho Ar Condicionado",458192.0,"capacidade refrigeração: 12.000, características adicionais 1: controle remoto s/fio, inverter, tensão: 220, tipo: split hi wall","UN",2915.0,1.0,2915.0]
["13/2026","Aprovada",null,"ARES CONDICIONADOS","BENS",153052.0,"2026-04-13","2026-08-14",123.0,"ICB - INSTITUTO DE CIÊNCIAS BIOLÓGICAS","200/2025","Alto",5.0,"2026-08-31","Material",4120.0,"Equipamento de ar condicionado",13768.0,"Aparelho Ar Condicionado",458191.0,"capacidade refrigeração: 18.000, características adicionais 1: controle remoto s/fio, inverter, tensão: 220, tipo: split hi wall","UN",3519.12,2.0,7038.24]
["13/2026","Aprovada",null,"ARES CONDICIONADOS","BENS",153052.0,"2026-04-13","2026-08-14",123.0,"FEFD - FACULDADE DE EDUCAÇÃO FÍSICA E DANÇA","221/2025","Alto",1.0,"2026-05-30","Material",4110.0,"EQUIPAMENTO PARA REFRIGERAÇÃO",13768.0,"APARELHO AR CONDICIONADO",440747.0,"CAPACIDADE REFRIGERAÇÃO: 24.000, CARACTERÍSTICAS ADICIONAIS 1: CONTROLE REMOTO/DISPLAY DIGITAL/TIMER/SELO PROCEL, MODELO: SPLIT INVERTER, TENSÃO: 110/220, TIPO: SPLIT","UN",3422.95,2.0,6845.9]
["13/2026","Aprovada",null,"ARES CONDICIONADOS","BENS",153052.0,"2026-04-13","2026-08-14",123.0,"IQ - INSTITUTO DE QUÍMICA","178/2025","Médio",1.0,"2026-08-01","Material",4120.0,"EQUIPAMENTO DE AR CONDICIONADO",13768.0,"APARELHO AR CONDICIONADO",619108.0,"CAPACIDADE REFRIGERAÇÃO: 9.000, CARACTERÍSTICAS ADICIONAIS 1: CONTROLE REMOTO/CICLO REVERSO (QUENTE/FRIO), FREQÜÊNCIA: 60, GARANTIA: 1, MODELO: SPLIT INVERTER, TENSÃO: 220, TIPO: HI-WALL","UN",1700.0,4.0,6800.0]
["13/2026","Aprovada",null,"ARES CONDICIONADOS","BENS",153052.0,"2026-04-13","2026-08-14",123.0,"IQ - INSTITUTO DE QUÍMICA","178/2025","Médio",2.0,"2026-08-01","Material",4120.0,"Equipamento De Ar Condicionado",13768.0,"Aparelho Ar Condicionado",617852.0,"capacidade refrigeração: 18.000, características adicionais: com controle remoto sem fio, freqüência: 60, garantia: 1, modelo: piso-teto inverter, tensão: 220, tipo: split","UN",3361.2,2.0,6722.4]
["13/2026","Aprovada",null,"ARES CONDICIONADOS","BENS",153052.0,"2026-04-13","2026-08-14",123.0,"FH - FACULDADE DE HISTÓRIA","279/2025","Baixo",1.0,"2026-06-30","Material",4120.0,"Equipamento de ar condicionado",13768.0,"Aparelho Ar Condicionado",621109.0,"capacidade refrigeração: 30.000, características adicionais 1: controle remoto sem fio / ciclo só frio / inverter, freqüência: 60, garantia: 1, modelo: teto/piso, tensão: 220, tipo: split","UN",6000.0,1.0,6000.0]
["13/2026","Aprovada",null,"ARES CONDICIONADOS","BENS",153052.0,"2026-04-13","2026-08-14",123.0,"IESA - INSTITUTO DE ESTUDOS SOCIOAMBIENTAIS","288/2025","Médio",1.0,"2026-04-30","Material",4120.0,"Equipamento de ar condicionado",13768.0,"Aparelho Ar Condicionado",441655.0,"capacidade refrigeração: 36.000, características adicionais: compressor rotativo/refrigerar/ventilar/renovar ar, modelo: teto/piso, tensão: 220, tipo: split","UN",7500.0,1.0,7500.0]
["13/2026","Aprovada",null,"ARES CONDICIONADOS","BENS",153052.0,"2026-04-13","2026-08-14",123.0,"IPTSP - INSTITUTO DE PATOLOGIA TROPICAL E SAÚDE PÚBLICA","141/2025","Médio",135.0,"2026-07-31","Material",4120.0,"Equipamento de ar condicionado",13768.0,"Aparelho Ar Condicionado",355750.0,"capacidade refrigeração: 30.000, características adicionais 1: ciclo frio, selo procel, controle remoto sem fio, modelo: teto/piso, nível ruído interno: 57, tensão: 220, tipo: split","UN",5600.0,4.0,22400.0]
["13/2026","Aprovada",null,"ARES CONDICIONADOS","BENS",153052.0,"2026-04-13","2026-08-14",123.0,"IPTSP - INSTITUTO DE PATOLOGIA TROPICAL E SAÚDE PÚBLICA","141/2025","Médio",136.0,"2026-07-31","Material",4120.0,"Equipamento de ar condicionado",13768.0,"Aparelho Ar Condicionado",458191.0,"capacidade refrigeração: 18.000, características adicionais 1: controle remoto s/fio, inverter, tensão: 220, tipo: split hi wall","UN",2850.0,1.0,2850.0]
["13/2026","Aprovada",null,"ARES CONDICIONADOS","BENS",153052.0,"2026-04-13","2026-08-14",123.0,"IPTSP - INSTITUTO DE PATOLOGIA TROPICAL E SAÚDE PÚBLICA","141/2025","Médio",137.0,"2026-07-31","Material",4120.0,"Equipamento de ar condicionado",13768.0,"Aparelho Ar Condicionado",453530.0,"capacidade refrigeração: 22.000, características adicionais 1: com controle remoto, modelo: split inverter, tensão: 220, tipo: split","UN",4100.0,1.0,4100.0]
["13/2026","Aprovada",null,"ARES CONDICIONADOS","BENS",153052.0,"2026-04-13","2026-08-14",123.0,"IPTSP - INSTITUTO DE PATOLOGIA TROPICAL E SAÚDE PÚBLICA","141/2025","Médio",138.0,"2026-07-31","Material",4120.0,"Equipamento de ar condicionado",13768.0,"Aparelho Ar Condicionado",458192.0,"capacidade refrigeração: 12.000, características adicionais 1: controle remoto s/fio, inverter, tensão: 220, tipo: split hi wall","UN",2000.0,2.0,4000.0]
["13/2026","Aprovada",null,"ARES CONDICIONADOS","BENS",153052.0,"2026-04-13","2026-08-14",123.0,"EVZ - ESCOLA DE VETERINÁRIA E ZOOTECNIA","302/2025","Médio",3.0,"2026-09-03","Material",4120.0,"EQUIPAMENTO DE AR CONDICIONADO",13768.0,"APARELHO AR CONDICIONADO",621098.0,"CAPACIDADE REFRIGERAÇÃO: 36.000, CARACTERÍSTICAS ADICIONAIS 1: CONTROLE REMOTO SEM FIO / CICLO SÓ FRIO / INVERTER, FREQÜÊNCIA: 60, GARANTIA: 1, MODELO: TETO/PISO, TENSÃO: 220, TIPO: SPLIT","UN",7860.0,3.0,23580.0]
["13/2026","Aprovada",null,"ARES CONDICIONADOS","BENS",153052.0,"2026-04-13","2026-08-14",123.0,"IF - INSTITUTO DE FÍSICA","353/2025","Médio",1.0,"2026-05-02","Material",4120.0,"Equipamento De Ar Condicionado",13768.0,"Aparelho Ar Condicionado",453530.0,"capacidade refrigeração: 22.000, características adicionais 1: com controle remoto, modelo: split inverter, tensão: 220, tipo: split","UN",5000.0,3.0,15000.0]
["13/2026","Aprovada",null,"ARES CONDICIONADOS","BENS",153052.0,"2026-04-13","2026-08-14",123.0,"FANUT - FACULDADE DE NUTRIÇÃO","383/2025","Médio",1.0,"2026-12-01","Material",4120.0,"EQUIPAMENTO DE AR CONDICIONADO",13768.0,"APARELHO AR CONDICIONADO",429601.0,"CAPACIDADE REFRIGERAÇÃO: 15.000, CARACTERÍSTICAS ADICIONAIS: UNIDADE EVAPORADORA, UNIDADE CONDENSADORA,  ALETAS, TIPO: SPLIT","UN",3100.0,3.0,9300.0]
["13/2026","Aprovada",null,"ARES CONDICIONADOS","BENS",153052.0,"2026-04-13","2026-08-14",123.0,"FANUT - FACULDADE DE NUTRIÇÃO","383/2025","Médio",2.0,"2026-12-01","Material",4110.0,"EQUIPAMENTO PARA REFRIGERAÇÃO",3489.0,"BEBEDOURO ÁGUA",430493.0,"CAPACIDADE ÁGUA: 50, CARACTERÍSTICAS ADICIONAIS: 2 TORNEIRAS GELADAS, MATERIAL GABINETE: AÇO INOXIDÁVEL, TIPO: INDUSTRIAL, VOLTAGEM: 220","UN",1760.0,1.0,1760.0]
["13/2026","Aprovada",null,"ARES CONDICIONADOS","BENS",153052.0,"2026-04-13","2026-08-14",123.0,"FM - FACULDADE DE MEDICINA","592/2025","Alto",1.0,"2026-04-01","Material",4120.0,"EQUIPAMENTO DE AR CONDICIONADO",{"$nulls":5},30000.0,1.0,30000.0]
["13/2026","Aprovada",null,"ARES CONDICIONADOS","BENS",153052.0,"2026-04-13","2026-08-14",123.0,"PPG Direito e Políticas Públicas - FD-TAXAS","599/2025","Baixo",3.0,"2026-07-31","Material",4120.0,"Equipamento de ar condicionado",13768.0,"Aparelho Ar Condicionado",618527.0,"capacidade refrigeração: 18.000, características adicionais: com controle remoto sem fio, características adicionais 1: controle remoto s/fio, quente/frio, selo procel, freqüência: 60, garantia: 1, modelo: split inverter, tensão: 220, tipo: split hi wall","UN",3300.0,3.0,9900.0]
["13/2026","Aprovada",null,"ARES CONDICIONADOS","BENS",153052.0,"2026-04-13","2026-08-14",123.0,"FIC - FACULDADE DE INFORMAÇÃO E COMUNICAÇÃO","634/2025","Baixo",5.0,"2026-06-30","Material",4120.0,"Equipamento De Ar Condicionado",{"$nulls":5},10000.0,1.0,10000.0]
["13/2026","Aprovada",null,"ARES CONDICIONADOS","BENS",153052.0,"2026-04-13","2026-08-14",123.0,"DINTER UFG-IFMT","630/2025","Alto",1.0,"2026-08-31","Material",4120.0,"Equipamento de ar condicionado",13768.0,"Aparelho Ar Condicionado",440747.0,"capacidade refrigeração: 24.000, características adicionais 1: controle remoto/display digital/timer/selo procel, modelo: split inverter, tensão: 110/220, tipo: split","UN",3800.0,2.0,7600.0]
["13/2026","Aprovada",null,"ARES CONDICIONADOS","BENS",153052.0,"2026-04-13","2026-08-14",123.0,"EECA - ESCOLA DE ENGENHARIA CIVIL E AMBIENTAL","639/2025","Alto",1.0,"2026-08-31","Material",4120.0,"Equipamento de ar condicionado",13768.0,"Aparelho Ar Condicionado",459763.0,"capacidade refrigeração: 48.000, características adicionais 1: com controle remoto, modelo: piso-teto inverter, tensão: 380, tipo: split","UN",9800.0,1.0,9800.0]
["13/2026","Aprovada",null,"ARES CONDICIONADOS","BENS",153052.0,"2026-04-13","2026-08-14",123.0,"IQ - INSTITUTO DE QUÍMICA","178/2025","Médio",3.0,"2026-08-01","Material",4120.0,"EQUIPAMENTO DE AR CONDICIONADO",13768.0,"APARELHO AR CONDICIONADO",618525.0,"CAPACIDADE REFRIGERAÇÃO: 12.000, CARACTERÍSTICAS ADICIONAIS: COM CONTROLE REMOTO SEM FIO, CARACTERÍSTICAS ADICIONAIS 1: CONTROLE REMOTO S/FIO, QUENTE/FRIO, SELO PROCEL, FREQÜÊNCIA: 60, GARANTIA: 1, MODELO: SPLIT INVERTER, TENSÃO: 220, TIPO: SPLIT HI WALL","UN",2037.16,2.0,4074.32]
["13/2026","Aprovada",null,"ARES CONDICIONADOS","BENS",153052.0,"2026-04-13","2026-08-14",123.0,"FD - FACULDADE DE DIREITO","663/2025","Alto",1.0,"2026-09-14","Material",4120.0,"EQUIPAMENTO DE AR CONDICIONADO",13768.0,"APARELHO AR CONDICIONADO",612237.0,"CAPACIDADE REFRIGERAÇÃO: 48.000, CARACTERÍSTICAS ADICIONAIS: CONTROLE REMOTO/CICLO REVERSO (QUENTE/FRIO), FREQÜÊNCIA: 60, GARANTIA: 1, MODELO: PISO-TETO INVERTER, NÍVEL RUÍDO INTERNO: 47/45/42, TENSÃO: 220, TIPO: SPLIT","UN",8500.0,3.0,25500.0]
["13/2026","Aprovada",null,"ARES CONDICIONADOS","BENS",153052.0,"2026-04-13","2026-08-14",123.0,"FD - FACULDADE DE DIREITO","663/2025","Alto",2.0,"2026-09-14","Material",4120.0,"Equipamento De Ar Condicionado",13768.0,"Aparelho Ar Condicionado",618525.0,"capacidade refrigeração: 12.000, características adicionais: com controle remoto sem fio, características adicionais 1: controle remoto s/fio, quente/frio, selo procel, freqüência: 60, garantia: 1, modelo: split inverter, tensão: 220, tipo: split hi wall","UN",2500.0,3.0,7500.0]
["13/2026","Aprovada",null,"ARES CONDICIONADOS","BENS",153052.0,"2026-04-13","2026-08-14",123.0,"GOIAS - REGIONAL GOIAS","697/2025","Alto",1.0,"2026-07-01","Material",4120.0,"Equipamento de ar condicionado",13768.0,"Aparelho Ar Condicionado",352862.0,"capacidade refrigeração: 12.000, características adicionais 1: automático, controle remoto, selo procel, tensão: 220, tipo: split","UN",3000.0,1.0,3000.0]
["13/2026","Aprovada",null,"ARES CONDICIONADOS","BENS",153052.0,"2026-04-13","2026-08-14",123.0,"FL - FACULDADE DE LETRAS","708/2025","Baixo",1.0,"2026-07-31","Material",4120.0,"Equipamento de ar condicionado",13768.0,"Aparelho Ar Condicionado",440745.0,"capacidade refrigeração: 18.000, características adicionais 1: controle remoto/display digital/timer/selo procel, modelo: split inverter, tensão: 110/220, tipo: split","UN",3000.0,4.0,12000.0]
["13/2026","Aprovada",null,"ARES CONDICIONADOS","BENS",153052.0,"2026-04-13","2026-08-14",123.0,"BC - BIBLIOTECA CENTRAL","758/2025","Médio",2.0,"2026-07-01","Material",4120.0,"Equipamento de ar condicionado",13768.0,"Aparelho Ar Condicionado",414749.0,"capacidade refrigeração: 9.000, características adicionais 1: controle remoto sem fio, tensão: 220, tipo: split","UN",3000.0,3.0,9000.0]
["13/2026","Aprovada",null,"ARES CONDICIONADOS","BENS",153052.0,"2026-04-13","2026-08-14",123.0,"BC - BIBLIOTECA CENTRAL","758/2025","Médio",5.0,"2026-07-01","Material",4120.0,"Equipamento de ar condicionado",13768.0,"Aparelho Ar Condicionado",458192.0,"capacidade refrigeração: 12.000, características adicionais 1: controle remoto s/fio, inverter, tensão: 220, tipo: split hi wall","UN",2650.0,2.0,5300.0]
["13/2026","Aprovada",null,"ARES CONDICIONADOS","BENS",153052.0,"2026-04-13","2026-08-14",123.0,"PRPI - PRO-REITORIA DE PESQUISA E INOVAÇÃO","774/2025","Médio",1.0,"2026-04-30","Material",4120.0,"Equipamento de ar condicionado",13768.0,"Aparelho Ar Condicionado",480928.0,"capacidade refrigeração: 24.000, freqüência: 60, tensão: 220, tipo: split","UN",4000.0,4.0,16000.0]
["13/2026","Aprovada",null,"ARES CONDICIONADOS","BENS",153052.0,"2026-04-13","2026-08-14",123.0,"PRPI - PRO-REITORIA DE PESQUISA E INOVAÇÃO","774/2025","Médio",2.0,"2026-04-30","Material",4120.0,"Equipamento de ar condicionado",13768.0,"Aparelho Ar Condicionado",612237.0,"capacidade refrigeração: 48.000, características adicionais: controle remoto/ciclo reverso (quente/frio), freqüência: 60, garantia: 1, modelo: piso-teto inverter, nível ruído interno: 47/45/42, tensão: 220, tipo: split","UN",9000.0,1.0,9000.0]
["13/2026","Aprovada",null,"ARES CONDICIONADOS","BENS",153052.0,"2026-04-13","2026-08-14",123.0,"PRAE - PRO-REITORIA DE ASSUNTOS ESTUDANTIS","856/2025","Alto",4.0,"2026-01-15","Material",4120.0,"Equipamento de ar condicionado",13768.0,"Aparelho Ar Condicionado",618525.0,"capacidade refrigeração: 12.000, características adicionais: com controle remoto sem fio, características adicionais 1: controle remoto s/fio, quente/frio, selo procel, freqüência: 60, garantia: 1, modelo: split inverter, tensão: 220, tipo: split hi wall","UN",2500.0,5.0,12500.0]
["13/2026","Aprovada",null,"ARES CONDICIONADOS","BENS",153052.0,"2026-04-13","2026-08-14",123.0,"SEINFRA - SECRETARIA DE INFRAESTRUTURA","916/2025","Médio",1.0,"2026-04-01","Material",4120.0,"Equipamento de ar condicionado",13768.0,"Aparelho Ar Condicionado",238836.0,"capacidade refrigeração: 24.000, características adicionais: compressor rotativo condensadora / direcionamento, freqüência: 60, tensão: 220, tipo: split, largura externa: 1.080, altura externa: 295, profundidade externa: 185","UN",1017.0,20.0,20340.0]
["13/2026","Aprovada",null,"ARES CONDICIONADOS","BENS",153052.0,"2026-04-13","2026-08-14",123.0,"DLOG - DIRETORIA DE LOGÍSTICA","915/2025","Alto",1.0,"2026-06-01","Material",4120.0,"Equipamento de ar condicionado",13768.0,"Aparelho Ar Condicionado",603717.0,"capacidade refrigeração: 20.000, características adicionais 1: bomba de dreno, freqüência: 60, modelo: fancolete hidrônico, tensão: 220, tipo: cassete 4 vias, vazão ar: 374","UN",4000.0,1.0,4000.0]
["13/2026","Aprovada",null,"ARES CONDICIONADOS","BENS",153052.0,"2026-04-13","2026-08-14",123.0,"DLOG - DIRETORIA DE LOGÍSTICA","1000/2025","Médio",1.0,"2026-12-10","Material",4120.0,"Equipamento de ar condicionado",13768.0,"Aparelho Ar Condicionado",618525.0,"capacidade refrigeração: 12.000, características adicionais: com controle remoto sem fio, características adicionais 1: controle remoto s/fio, quente/frio, selo procel, freqüência: 60, garantia: 1, modelo: split inverter, tensão: 220, tipo: split hi wall","UN",3500.0,1.0,3500.0]
["162/2026","Aprovada",null,"CC - REFORMA PISO DE MADEIRA","SERVICOS",153052.0,"2025-12-01","2026-06-01",182.0,"CC - CENTRO CULTURAL","772/2025","Médio",1.0,"2026-06-08","Serviço",873.0,"SERVIÇOS DE INSTALAÇÃO(À EXCEÇÃO DA CONSTRUÇÃO)",null,null,21989.0,"INSTALAÇÃO / MANUTENÇÃO / REMOÇÃO - PISO MADEIRA",null,35000.0,1.0,35000.0]
["88/2026","Aprovada",null,"MÓBILIÁRIOS EM GERAL","BENS",153052.0,"2026-01-02","2026-07-02",181.0,"PPG Direito e Políticas Públicas - FD-TAXAS","599/2025","Baixo",6.0,"2026-07-31","Material",7110.0,"Mobiliário Para Escritório",321.0,"Mesa Escritório",630988.0,"altura: 77, características adicionais 1: conforme modelo, comprimento: 120, largura: 75, material estrutura: aço, material tampo: granito","UN",1500.0,28.0,42000.0]
["88/2026","Aprovada",null,"MÓBILIÁRIOS EM GERAL","BENS",153052.0,"2026-01-02","2026-07-02",181.0,"PPG Direito e Políticas Públicas - FD-TAXAS","599/2025","Baixo",7.0,"2026-07-31","Material",7110.0,"Mobiliário para escritório",313.0,"Cadeira Escritório",613325.0,"características adicionais: encosto em tela, cor estrutura: preta, dimensões assento: 480 x 490, dimensões encosto: 380 x 450, material assento: polipropileno / espuma poliuretano injetada, material encosto: polipropileno telado, material estrutura: tubo aço, material revestimento assento e encosto: polipropileno, quantidade pés: 4, tipo base: giratória, tratamento superficial estrutura: pintura em epóxi","UN",1600.0,28.0,44800.0]
["88/2026","Aprovada",null,"MÓBILIÁRIOS EM GERAL","BENS",153052.0,"2026-01-02","2026-07-02",181.0,"PPG Educação - FE-TAXAS","629/2025","Alto",1.0,"2026-08-31","Material",7195.0,"Mobiliários diversos e acessórios",14785.0,"Estação Trabalho",629390.0,"características adicionais: painel com elevação: 30 cm, tampo  75 cm do solo, componentes: 1 tampo, 1 painel frontal, 2 paineis lateriais, dimensões do tampo: 700 x 600 mm, dimensões painel frontal: 1260 x 700 mm, dimensões painel lateral: 1560 x 700 mm, estrutura: chapa mdp 25mm, tipo: cabine de estudo individual, tipo tampo: madeira mdp","UN",1000.0,4.0,4000.0]
["88/2026","Aprovada",null,"MÓBILIÁRIOS EM GERAL","BENS",153052.0,"2026-01-02","2026-07-02",181.0,"IESA - INSTITUTO DE ESTUDOS SOCIOAMBIENTAIS","640/2025","Médio",1.0,"2026-05-29","Material",7125.0,"ARMÁRIOS E ESTANTES",15290.0,"ARMÁRIO",603764.0,"ALTURA: 1,60, CARACTERÍSTICAS ADICIONAIS: FECHADURA FRONTAL, ESPESSURA: 25, LARGURA: 0,80, MATERIAL: MDP, PROFUNDIDADE: 0,50, QUANTIDADE PORTAS: 2, QUANTIDADE PRATELEIRAS: 3 INTERNAS REGULÁVEIS, REVESTIMENTO: LAMINADO MELAMÍNICO BAIXA PRESSÃO, TIPO: ALTO, TIPO PORTAS: COM FECHADURA","UN",920.0,3.0,2760.0]
["88/2026","Aprovada",null,"MÓBILIÁRIOS EM GERAL","BENS",153052.0,"2026-01-02","2026-07-02",181.0,"IESA - INSTITUTO DE ESTUDOS SOCIOAMBIENTAIS","641/2025","Médio",1.0,"2026-05-29","Material",7110.0,"Mobiliário para escritório",14334.0,"Mesa",628202.0,"acabamento estrutura: pintura eletrostática a pó, altura: 760, características adicionais: com caixa de tomadas, comprimento: 3300, cor: madeirado, espessura tampo: 25, formato: retangular, formato base: pés com seção retangular, formato tampo: retangular, largura: 800, material borda: pvc, material estrutura: aço, material tampo: mdp","UN",2804.55,1.0,2804.55]
["88/2026","Aprovada",null,"MÓBILIÁRIOS EM GERAL","BENS",153052.0,"2026-01-02","2026-07-02",181.0,"IESA - INSTITUTO DE ESTUDOS SOCIOAMBIENTAIS","647/2025","Médio",1.0,"2026-05-29","Material",7110.0,"Mobiliário Para Escritório",342.0,"Mesa Reunião Redonda",611831.0,"acabamento superficial: laminado melamínico, altura: 0,784, características adicionais: tipo pés painel em x, sapatas reguladoras de nível, cor estrutura: preta, diâmetro: 1,20, material: madeira mdf, tipo madeira: mdf, tipo revestimento: laminado melamínico baixa pressão","UN",644.25,2.0,1288.5]
["88/2026","Aprovada",null,"MÓBILIÁRIOS EM GERAL","BENS",153052.0,"2026-01-02","2026-07-02",181.0,"IESA - INSTITUTO DE ESTUDOS SOCIOAMBIENTAIS","649/2025","Médio",1.0,"2026-05-29","Material",7110.0,"MOBILIÁRIO PARA ESCRITÓRIO",10984.0,"POLTRONA",486589.0,"ACABAMENTO SUPERFICIAL ESTRUTURA: PINTURA ELETROSTÁTICA EM EPÓXI-PÓ, CARACTERÍSTICAS ADICIONAIS: BASE EM S\" OU TRAPEZOIDAL COM BRAÇOS, COR ESTRUTURA: PRETA, MATERIAL ASSENTO E ENCOSTO: ESPUMA POLIURETANO INJETADO, MATERIAL ESTRUTURA: TUBO AÇO, MATERIAL REVESTIMENTO ASSENTO E ENCOSTO: COURO ECOLÓGICO, TIPO: FIXA, TIPO ESPALDAR: BAIXO\"","UN",1089.0,8.0,8712.0]
["88/2026","Aprovada",null,"MÓBILIÁRIOS EM GERAL","BENS",153052.0,"2026-01-02","2026-07-02",181.0,"PPG Educação - FE-TAXAS","658/2025","Alto",1.0,"2026-08-31","Material",9999.0,"Itens diversos",17368.0,"Conjunto Escolar",482926.0,"componentes: 1 mesa e 4 cadeiras, espessura tampo: 18, formato mesa: redonda, material tampo: mdf, revestimento tampo: laminado melamínico","UN",1000.0,3.0,3000.0]
["88/2026","Aprovada",null,"MÓBILIÁRIOS EM GERAL","BENS",153052.0,"2026-01-02","2026-07-02",181.0,"IQ - INSTITUTO DE QUÍMICA","645/2025","Médio",1.0,"2026-08-01","Material",7195.0,"MOBILIÁRIOS DIVERSOS E ACESSÓRIOS",14785.0,"ESTAÇÃO TRABALHO",613255.0,"ACABAMENTO ESTRUTURA: PINTURA ELETROSTÁTICA, ALTURA: 1,10, CARACTERÍSTICAS ADICIONAIS: PASSAGEM FIAÇÃO/SUPORTE TOMADAS, COMPONENTES: 01 MESA EM L\", COMPRIMENTO: 1,40, ESPESSURA TAMPO: 25, ESTRUTURA: ALUMÍNIO ANODIZADO NATURAL, LARGURA: 1,40, REVESTIMENTO: LAMINADO MELAMÍNICO, TIPO: MODULAR C/PAINEL DIVISOR, TIPO TAMPO: MDF/CURVO\"","UN",600.0,4.0,2400.0]
["88/2026","Aprovada",null,"MÓBILIÁRIOS EM GERAL","BENS",153052.0,"2026-01-02","2026-07-02",181.0,"GOIAS - REGIONAL GOIAS","665/2025","Alto",3.0,"2026-07-01","Material",7110.0,"Mobiliário para escritório",313.0,"Cadeira Escritório",602025.0,"acabamento superficial estrutura: pintura epóxi, apoio braço: com braços reguláveis, características adicionais: apoio de cabeça, regulagem de altura e inclinação, cor: preta, material assento: compensado multilaminado e espuma injetada, material encosto: tela 100% poliéster, material estrutura: aço, material revestimento assento e encosto: poliéster, quantidade pés: 5, tipo base: giratória, tipo encosto: regulável","UN",600.0,3.0,1800.0]
["88/2026","Aprovada",null,"MÓBILIÁRIOS EM GERAL","BENS",153052.0,"2026-01-02","2026-07-02",181.0,"GOIAS - REGIONAL GOIAS","665/2025","Alto",4.0,"2026-07-01","Material",7110.0,"Mobiliário para escritório",313.0,"Cadeira Escritório",602025.0,"acabamento superficial estrutura: pintura epóxi, apoio braço: com braços reguláveis, características adicionais: apoio de cabeça, regulagem de altura e inclinação, cor: preta, material assento: compensado multilaminado e espuma injetada, material encosto: tela 100% poliéster, material estrutura: aço, material revestimento assento e encosto: poliéster, quantidade pés: 5, tipo base: giratória, tipo encosto: regulável","UN",600.0,2.0,1200.0]
["88/2026","Aprovada",null,"MÓBILIÁRIOS EM GERAL","BENS",153052.0,"2026-01-02","2026-07-02",181.0,"FEFD - FACULDADE DE EDUCAÇÃO FÍSICA E DANÇA","680/2025","Alto",1.0,"2026-05-30","Material",7110.0,"MOBILIÁRIO PARA ESCRITÓRIO",1454.0,"QUADRO BRANCO",466525.0,"ACABAMENTO SUPERFICIAL MOLDURA: ANODIZADO NATURAL, COMPRIMENTO: 300, LARGURA: 120, MATERIAL: MDF, MATERIAL MOLDURA: ALUMÍNIO","UN",1248.0,3.0,3744.0]
["88/2026","Aprovada",null,"MÓBILIÁRIOS EM GERAL","BENS",153052.0,"2026-01-02","2026-07-02",181.0,"IQ - INSTITUTO DE QUÍMICA","645/2025","Médio",2.0,"2026-08-01","Material",7110.0,"MOBILIÁRIO PARA ESCRITÓRIO",313.0,"CADEIRA ESCRITÓRIO",384572.0,"ACABAMENTO SUPERFICIAL ESTRUTURA: PINTURA A PÓ, APOIO BRAÇO: SEM BRAÇOS, COR: AZUL, COR ESTRUTURA: PRETA, MATERIAL ASSENTO: COMPENSADO/ESPUMA LAMINADA, MATERIAL ENCOSTO: COMPENSADO/ESPUMA LAMINADA, MATERIAL ESTRUTURA: TUBO AÇO, MATERIAL REVESTIMENTO ASSENTO E ENCOSTO: TECIDO, QUANTIDADE PÉS: 5, TIPO BASE: GIRATÓRIA, TIPO ENCOSTO: ESPALDAR BAIXO REGULÁVEL","UN",360.0,8.0,2880.0]
["88/2026","Aprovada",null,"MÓBILIÁRIOS EM GERAL","BENS",153052.0,"2026-01-02","2026-07-02",181.0,"IQ - INSTITUTO DE QUÍMICA","645/2025","Médio",3.0,"2026-08-01","Material",7125.0,"Armários e estantes",15290.0,"Armário",356459.0,"acabamento superficial: lâmina de bambu combustado / bambu vertical, altura: 1,60, características adicionais: puxadores em zamac e chaves com cópias, espessura: 28, largura: 0,90, material: madeira mdf, profundidade: 0,50, quantidade portas: 2, quantidade prateleiras: 3, tipo: alto","UN",500.0,5.0,2500.0]
["88/2026","Aprovada",null,"MÓBILIÁRIOS EM GERAL","BENS",153052.0,"2026-01-02","2026-07-02",181.0,"SIN - SECRETARIA DE INCLUSÃO","752/2025","Alto",7.0,"2026-01-20","Material",7110.0,"Mobiliário para escritório",342.0,"Mesa Reunião Redonda",619734.0,"acabamento superficial: laminado melamínico, altura: 750, cor tampo: cinza, diâmetro: 1000, espessura tampo: 25, material: madeira, material estrutura: tubo de aço, quantidade pés: 4, tipo madeira: mdf","UN",1163.69,1.0,1163.69]
["88/2026","Aprovada",null,"MÓBILIÁRIOS EM GERAL","BENS",153052.0,"2026-01-02","2026-07-02",181.0,"DFP - DIRETORIA FINANCEIRA DE PESSOAS","746/2025","Alto",1.0,"2026-01-02","Material",7110.0,"Mobiliário para escritório",10984.0,"Poltrona",611356.0,"altura: 1.100, características adicionais: com braços/rodízios duplos, cor: preta, largura: 500, material assento e encosto: espuma expandida d33, material estrutura: aluminio injetado, material revestimento assento e encosto: courvin, tipo: giratória, tipo espaldar: alto","UN",3362.0,6.0,20172.0]
["88/2026","Aprovada",null,"MÓBILIÁRIOS EM GERAL","BENS",153052.0,"2026-01-02","2026-07-02",181.0,"BC - BIBLIOTECA CENTRAL","757/2025","Médio",4.0,"2026-07-01","Material",7110.0,"Mobiliário para escritório",313.0,"Cadeira Escritório",478072.0,"características adicionais: encosto em tela, cor: preta, dimensões assento: 475 x 455, dimensões encosto: 475 x 485, material assento: espuma injetada, material encosto: poliamida, material estrutura: aço carbono, material revestimento assento e encosto: poliamida, quantidade pés: 5, tipo base: giratória com 5 rodízios duplos, tipo encosto: baixo","UN",934.11,20.0,18682.2]
["88/2026","Aprovada",null,"MÓBILIÁRIOS EM GERAL","BENS",153052.0,"2026-01-02","2026-07-02",181.0,"BC - BIBLIOTECA CENTRAL","757/2025","Médio",12.0,"2026-07-01","Material",7110.0,"Mobiliário para escritório",1454.0,"Quadro Branco",613732.0,"acabamento superficial moldura: alumínio, altura: 120, características adicionais: suporte para apagador e pincel, cor moldura: natural, finalidade: sala de aula, largura: 150, material: laminado melamínico brilhante, material moldura: alumínio anodizado","UN",390.0,2.0,780.0]
["88/2026","Aprovada",null,"MÓBILIÁRIOS EM GERAL","BENS",153052.0,"2026-01-02","2026-07-02",181.0,"PROGRAD - PRO-REITORIA DE GRADUAÇÃO","769/2025","Médio",1.0,"2026-08-21","Material",7110.0,"Mobiliário Para Escritório",4661.0,"Carteira Escolar",232339.0,"acabamento estrutura: pintado, características adicionais: fixa/estofamento com d-38/revestimento tecido/, material estrutura: ferro","UN",250.0,20.0,5000.0]
["88/2026","Aprovada",null,"MÓBILIÁRIOS EM GERAL","BENS",153052.0,"2026-01-02","2026-07-02",181.0,"PRPI - PRO-REITORIA DE PESQUISA E INOVAÇÃO","776/2025","Médio",2.0,"2026-04-30","Material",7110.0,"Mobiliário para escritório",9660.0,"Mesa Reunião Retangular",603343.0,"altura: 0,75, características adicionais: calha metálica para fiação. sapatas niveladoras, comprimento: 2, espessura tampo: 25, largura: 1,00, material: madeira mdf, material borda lateral: pvc, material face superior: laminado melamínico, material tampo: mdf, revestimento: laminado melamínico baixa pressão, tipo bordas: arredondadas, tipo estrutura: madeira","UN",2000.0,1.0,2000.0]
["88/2026","Aprovada",null,"MÓBILIÁRIOS EM GERAL","BENS",153052.0,"2026-01-02","2026-07-02",181.0,"PRAE - PRO-REITORIA DE ASSUNTOS ESTUDANTIS","473/2025","Alto",1.0,"2026-01-15","Material",7110.0,"Mobiliário para escritório",9660.0,"Mesa Reunião Retangular",264583.0,"altura: 0,74, características adicionais: tratamento antiferruginoso, comprimento: 2,50, cor: marfim, espessura tampo: 25, largura: 1,20, material: madeira, material borda lateral: pvc, material face superior: laminado melamínico, revestimento: post forming, tipo bordas: arredondadas em (post-forming), tipo estrutura: tubo aço, cor extrutura: preto","UN",6000.0,1.0,6000.0]
["88/2026","Aprovada",null,"MÓBILIÁRIOS EM GERAL","BENS",153052.0,"2026-01-02","2026-07-02",181.0,"PRAE - PRO-REITORIA DE ASSUNTOS ESTUDANTIS","473/2025","Alto",2.0,"2026-01-15","Material",7110.0,"Mobiliário para escritório",313.0,"Cadeira Escritório",395750.0,"apoio braço: com braços, cor: preta, material assento: espuma injetada, material encosto: espuma injetada, material estrutura: aço, material revestimento assento e encosto: couro ecológico vinil, tipo base: giratória, tipo encosto: médio, tratamento superficial estrutura: pintura em epoxi preto","UN",1000.0,6.0,6000.0]
["88/2026","Aprovada",null,"MÓBILIÁRIOS EM GERAL","BENS",153052.0,"2026-01-02","2026-07-02",181.0,"PRAE - PRO-REITORIA DE ASSUNTOS ESTUDANTIS","468/2025","Baixo",1.0,"2026-01-15","Material",7110.0,"Mobiliário para escritório",313.0,"Cadeira Escritório",445779.0,"acabamento superficial estrutura: pintura epóxi, apoio braço: com braços reguláveis, características adicionais: com rodízios, cor: preta, cor estrutura: preta, dimensões assento: 490  x  460, dimensões encosto: 430  x  390, material assento: espuma injetada, material encosto: espuma injetada, material estrutura: aço, material revestimento assento e encosto: couro ecológico, quantidade pés: 5, tipo base: giratória, tipo encosto: espaldar baixo, tipo sistema regulagem vertical: a gás, tratamento superficial estrutura: pintura em epóxi","UN",1000.0,11.0,11000.0]
["88/2026","Aprovada",null,"MÓBILIÁRIOS EM GERAL","BENS",153052.0,"2026-01-02","2026-07-02",181.0,"IIG - INSTITUTO DE INOVAÇÃO EM GESTÃO","794/2025","Médio",2.0,"2026-12-31","Material",5410.0,"Edificações pré-fabricadas e portáteis",11336.0,"Pulpito Portatil",613032.0,"altura: 120, características adicionais: conforme modelo do órgão, espessura do tampo: 10, largura: 45, material: acrílico, profundidade: 45","UN",1097.52,1.0,1097.52]
["88/2026","Aprovada",null,"MÓBILIÁRIOS EM GERAL","BENS",153052.0,"2026-01-02","2026-07-02",181.0,"PROPESSOAS - PRO-REITORIA DE GESTÃO DE PESSOAS","838/2025","Médio",1.0,"2026-03-31","Material",7110.0,"Mobiliário para escritório",313.0,"Cadeira Escritório",485893.0,"apoio braço: com braços reguláveis, cor: preta, material assento: polipropileno injetado, material encosto: tela 100% poliéster, material estrutura: aço, material revestimento assento e encosto: couro sintético, quantidade pés: 5, tipo base: giratória, tipo encosto: médio, tipo sistema regulagem vertical: a gás, tratamento superficial estrutura: pintura em epóxi","UN",650.0,10.0,6500.0]
["88/2026","Aprovada",null,"MÓBILIÁRIOS EM GERAL","BENS",153052.0,"2026-01-02","2026-07-02",181.0,"PRAE - PRO-REITORIA DE ASSUNTOS ESTUDANTIS","856/2025","Alto",5.0,"2026-01-15","Material",7110.0,"Mobiliário para escritório",10984.0,"Poltrona",307039.0,"acabamento superficial estrutura: polido, cor estrutura: prata, cor tecido: terracota, material assento e encosto: espuma, material estrutura: aço inox, material revestimento assento e encosto: couro, tipo: barcelona, tipo estrutura: barras tipo mola","UN",1000.0,6.0,6000.0]
["88/2026","Aprovada",null,"MÓBILIÁRIOS EM GERAL","BENS",153052.0,"2026-01-02","2026-07-02",181.0,"PRAE - PRO-REITORIA DE ASSUNTOS ESTUDANTIS","508/2025","Alto",7.0,"2026-01-15","Material",7105.0,"Mobiliário doméstico",12395.0,"Suporte De Videocassete / Televisao",628028.0,"acabamento superficial: pintura eletrostática, características adicionais: parafusos, buchas de fixação, cor: preta, material: aço, tamanho: para tv de 32 até 75\", tipo: parede articulado\"","UN",385.0,1.0,385.0]
["88/2026","Aprovada",null,"MÓBILIÁRIOS EM GERAL","BENS",153052.0,"2026-01-02","2026-07-02",181.0,"FCT- FACULDADE DE CIÊNCIAS E TECNOLOGIA","868/2025","Médio",1.0,"2026-06-15","Material",7110.0,"Mobiliário para escritório",14334.0,"Mesa",630282.0,"altura: 70,5, características adicionais: empilhável, proteção contra raios uv, comprimento: 70, cor: branca, formato: quadrada, formato tampo: 70 x 70 cm, largura: 70, material estrutura: polipropileno, material tampo: polipropileno, quantidade pés: 4","UN",368.16,10.0,3681.6]
["88/2026","Aprovada",null,"MÓBILIÁRIOS EM GERAL","BENS",153052.0,"2026-01-02","2026-07-02",181.0,"FCT- FACULDADE DE CIÊNCIAS E TECNOLOGIA","868/2025","Médio",2.0,"2026-06-15","Material",7110.0,"Mobiliário para escritório",4079.0,"Cadeira Empilhável",461919.0,"acabamento superficial: pintura epóxi, altura: 83, características adicionais: com braço, cor: preta, largura: 53, material assento/encosto: polipropileno, material estrutura: polipropileno, profundidade: 40","UN",268.0,160.0,42880.0]
["88/2026","Aprovada",null,"MÓBILIÁRIOS EM GERAL","BENS",153052.0,"2026-01-02","2026-07-02",181.0,"FCT- FACULDADE DE CIÊNCIAS E TECNOLOGIA","868/2025","Médio",3.0,"2026-06-15","Material",6530.0,"Mobiliário, equipamentos, utensílios e  suprimentos  hospitalares",9615.0,"Mesa Refeição",334778.0,"altura: altura mínima de 1,19, características adicionais: 2 pés fixos, 2 c/rodízios de 2, regulagem altura, comprimento tampo: 0,75 a 0,80, largura tampo: 0,40 a 0,45, material estrutura: aço inoxidável com pintura anti corrosiva, revestimento tampo: tampo em mdf\"","UN",230.0,30.0,6900.0]
["88/2026","Aprovada",null,"MÓBILIÁRIOS EM GERAL","BENS",153052.0,"2026-01-02","2026-07-02",181.0,"FCT- FACULDADE DE CIÊNCIAS E TECNOLOGIA","868/2025","Médio",4.0,"2026-06-15","Material",7110.0,"Mobiliário para escritório",313.0,"Cadeira Escritório",629990.0,"apoio braço: sem braços, cor: preta, material encosto: 100 % poliéster, material estrutura: aço, material revestimento assento e encosto: tecido, tipo base: fixa com pés torneados, tipo encosto: baixo","UN",264.51,4.0,1058.04]
["88/2026","Aprovada",null,"MÓBILIÁRIOS EM GERAL","BENS",153052.0,"2026-01-02","2026-07-02",181.0,"FCT- FACULDADE DE CIÊNCIAS E TECNOLOGIA","868/2025","Médio",5.0,"2026-06-15","Material",7125.0,"Armários e estantes",15290.0,"Armário",629770.0,"altura: 740, aplicação: guardar roupas e objetos pessoais, cor: cinza, espessura: 18, largura: 810, material: madeira mdp e mdf, material base: aço tubular de seção retangular, material portas: mdp 18mm, material prateleiras: madeira compensada ou mdf laminado melamínico, material pé: aço tubular, profundidade: 500, quantidade portas: 2, quantidade prateleiras: 2, revestimento: laminado melamínico baixa pressão, tipo: baixo com 02 portas, tipo bordas: bordas arredondadas a 180°, tipo portas: com puxadores","UN",588.495,2.0,1176.99]
["88/2026","Aprovada",null,"MÓBILIÁRIOS EM GERAL","BENS",153052.0,"2026-01-02","2026-07-02",181.0,"FCT- FACULDADE DE CIÊNCIAS E TECNOLOGIA","868/2025","Médio",6.0,"2026-06-15","Material",7125.0,"Armários e estantes",15290.0,"Armário",480995.0,"altura: 2,10, largura: 0,74, material: madeira mdp e mdf, profundidade: 45 a 50, tipo: alto com duas portas","UN",784.35,2.0,1568.7]
["88/2026","Aprovada",null,"MÓBILIÁRIOS EM GERAL","BENS",153052.0,"2026-01-02","2026-07-02",181.0,"FCT- FACULDADE DE CIÊNCIAS E TECNOLOGIA","868/2025","Médio",7.0,"2026-06-15","Material",7110.0,"Mobiliário para escritório",321.0,"Mesa Escritório",471815.0,"altura: 750, características adicionais: retangular e sem gavetas, largura: 1300, material estrutura: madeira, material tampo: tampo em madeira mdp/mdf, profundidade: 600","UN",890.0,3.0,2670.0]
["88/2026","Aprovada",null,"MÓBILIÁRIOS EM GERAL","BENS",153052.0,"2026-01-02","2026-07-02",181.0,"FCT- FACULDADE DE CIÊNCIAS E TECNOLOGIA","868/2025","Médio",8.0,"2026-06-15","Material",7110.0,"Mobiliário para escritório",321.0,"Mesa Escritório",601721.0,"acabamento estrutura: pintura eletrostática, altura: 0,75, características adicionais: conforme modelo, comprimento: 1800, cor estrutura: argila, cor tampo: argila, espessura tampo: 25, largura: 600, material estrutura: aço, material tampo: mdf, revestimento tampo: laminado melamínico","UN",730.0,1.0,730.0]
["88/2026","Aprovada",null,"MÓBILIÁRIOS EM GERAL","BENS",153052.0,"2026-01-02","2026-07-02",181.0,"FCT- FACULDADE DE CIÊNCIAS E TECNOLOGIA","868/2025","Médio",9.0,"2026-06-15","Material",7110.0,"Mobiliário para escritório",336.0,"Gaveteiro Móvel",629858.0,"acabamento bordas: perfil de pvc, altura: 690, cor: branco, largura: 400, material: madeira mdf, material puxador: 4 metálicos tipo alça, profundidade: 470, quantidade gavetas: 4, tipo puxadores: alça, metalico, tipo pés: com rodízio","UN",515.0,4.0,2060.0]
["88/2026","Aprovada",null,"MÓBILIÁRIOS EM GERAL","BENS",153052.0,"2026-01-02","2026-07-02",181.0,"FCT- FACULDADE DE CIÊNCIAS E TECNOLOGIA","868/2025","Médio",10.0,"2026-06-15","Material",7110.0,"Mobiliário para escritório",14334.0,"Mesa",461561.0,"altura: 102, comprimento: 60, cor: variada, formato: quadrada, largura: 60, material estrutura: aço carbono, material tampo: aço carbono","UN",687.5,2.0,1375.0]
["88/2026","Aprovada",null,"MÓBILIÁRIOS EM GERAL","BENS",153052.0,"2026-01-02","2026-07-02",181.0,"FCT- FACULDADE DE CIÊNCIAS E TECNOLOGIA","868/2025","Médio",11.0,"2026-06-15","Material",7105.0,"Mobiliário doméstico",12177.0,"Sofá",607704.0,"altura: 0,85, características adicionais: pés madeira maciça cor castanho, cor: caramelo, largura: 300, material estofamento: espuma d28, material estrutura: madeira, profundidade: 100, quantidade assentos: 2, quantidade módulos: 2, revestimento: couro","UN",2335.0,1.0,2335.0]
["88/2026","Aprovada",null,"MÓBILIÁRIOS EM GERAL","BENS",153052.0,"2026-01-02","2026-07-02",181.0,"FCT- FACULDADE DE CIÊNCIAS E TECNOLOGIA","868/2025","Médio",12.0,"2026-06-15","Material",7110.0,"Mobiliário para escritório",10984.0,"Poltrona",461908.0,"altura: 81, características adicionais: com braços, cor tecido: estampado, largura: 76, material assento e encosto: madeira e espuma d26, material base: madeira, material estrutura: madeira, material revestimento assento e encosto: tecido, profundidade: 56, tipo: fixa, tipo espaldar: médio","UN",690.0,2.0,1380.0]
["88/2026","Aprovada",null,"MÓBILIÁRIOS EM GERAL","BENS",153052.0,"2026-01-02","2026-07-02",181.0,"FCT- FACULDADE DE CIÊNCIAS E TECNOLOGIA","868/2025","Médio",13.0,"2026-06-15","Material",7105.0,"Mobiliário doméstico",15327.0,"Banco",630961.0,"acabamento: laminado melamínico, altura: 45, características adicionais: 1 porta com dobradiças embutidas com amortecedores, cor: conforme orientação da contratante, largura: 1,20, material: madeira mdf, profundidade: 52, tipo assento: 120kg/assento e 15kg/baú","UN",2129.8,4.0,8519.2]
["88/2026","Aprovada",null,"MÓBILIÁRIOS EM GERAL","BENS",153052.0,"2026-01-02","2026-07-02",181.0,"FCT- FACULDADE DE CIÊNCIAS E TECNOLOGIA","868/2025","Médio",14.0,"2026-06-15","Material",7125.0,"Armários e estantes",309.0,"Armário Aço",632321.0,"acabamento superficial: pintura com esmalte sintético, altura: 1,98, características adicionais: pés reguláveis, cor: cinza, largura: 1,21, material: chapa aço 24/14, profundidade: 0,42, quantidade portas: 16, tipo: vertical, tipo fixação portas: fechadura","UN",1137.55,2.0,2275.1]
["88/2026","Aprovada",null,"MÓBILIÁRIOS EM GERAL","BENS",153052.0,"2026-01-02","2026-07-02",181.0,"FCT- FACULDADE DE CIÊNCIAS E TECNOLOGIA","868/2025","Médio",15.0,"2026-06-15","Material",7125.0,"Armários e estantes",15290.0,"Armário",486182.0,"acabamento superficial: plastico abs, altura: 1890, aplicação: guardar roupas e objetos pessoais, características adicionais: antimofo e lavável, largura: 350, material: plastico abs, material base: plastico abs, material portas: plastico abs, material pé: plástico, profundidade: 450, quantidade portas: 2, tipo: alto, tipo portas: fechamento com pitao e cadeado","UN",6500.0,1.0,6500.0]
["88/2026","Aprovada",null,"MÓBILIÁRIOS EM GERAL","BENS",153052.0,"2026-01-02","2026-07-02",181.0,"CERCOMP - CENTRO DE RECURSOS COMPUTACIONAIS","953/2025","Baixo",1.0,"2026-08-01","Material",7110.0,"Mobiliário para escritório",11363.0,"Quadro Magnético",486289.0,"aplicação: treinamento, características adicionais: suporte para apagador e pincel, comprimento: 120, cor: branca, largura: 150, material: laminado melamínico, material moldura: alumínio","UN",500.0,1.0,500.0]
["88/2026","Aprovada",null,"MÓBILIÁRIOS EM GERAL","BENS",153052.0,"2026-01-02","2026-07-02",181.0,"DLOG - DIRETORIA DE LOGÍSTICA","954/2025","Alto",1.0,"2026-12-31","Material",7110.0,"Mobiliário para escritório",14250.0,"Módulo De Trabalho",617304.0,"altura: 750, aplicação: mesa de trabalho., características adicionais: tampo em l\", cor: nogal, dimensões mesa escritório: 1900 x 800 x 1700 x 700, material: madeira mdp, número gavetas mesa escritório: 3\"","UN",1850.0,5.0,9250.0]
["88/2026","Aprovada",null,"MÓBILIÁRIOS EM GERAL","BENS",153052.0,"2026-01-02","2026-07-02",181.0,"DLOG - DIRETORIA DE LOGÍSTICA","954/2025","Alto",2.0,"2026-12-31","Material",7125.0,"Armários e estantes",15290.0,"Armário",351313.0,"acabamento superficial: laminado melamínico, altura: 160, características adicionais: tampo em mdf, revestido em laminado de pvc termo, cor: bege, espessura: 25, largura: 90, material: madeira mdf, material portas: mdf 18mm, revestido na face externa em laminado de, material prateleiras: mdf, profundidade: 45, quantidade portas: 2, quantidade prateleiras: 04, tipo: alto, tipo bordas: arredondadas a 90°","UN",556.9,2.0,1113.8]
["88/2026","Aprovada",null,"MÓBILIÁRIOS EM GERAL","BENS",153052.0,"2026-01-02","2026-07-02",181.0,"DLOG - DIRETORIA DE LOGÍSTICA","954/2025","Alto",3.0,"2026-12-31","Material",7110.0,"Mobiliário para escritório",313.0,"Cadeira Escritório",623641.0,"apoio braço: com braços reguláveis em forma de t\", características adicionais: com rodízios duplos de náilon e 5 pés, cor: preta, material assento: polipropileno / espuma poliuretano injetada, material encosto: polipropileno / espuma poliuretano injetada, material estrutura: aço sae 1020, material revestimento assento e encosto: tecido sintético, tipo base: giratória com 5 rodízios duplos, tipo encosto: espaldar alto, tipo sistema regulagem vertical: pneumático, tratamento superficial estrutura: pintura eletrostática\"","UN",800.0,5.0,4000.0]
["88/2026","Aprovada",null,"MÓBILIÁRIOS EM GERAL","BENS",153052.0,"2026-01-02","2026-07-02",181.0,"EVZ - ESCOLA DE VETERINÁRIA E ZOOTECNIA","965/2025","Médio",1.0,"2026-09-30","Material",7110.0,"Mobiliário para escritório",14334.0,"Mesa",632178.0,"altura: 75, características adicionais: conforme modelo, comprimento: 270 cm (150 + 120 cm), cor: nogal com preto, espessura tampo: 25, formato: em l\", formato base: pés com seção retangular, formato tampo: retangular, largura: 60, material borda: fita de borda, material estrutura: mdp, material tampo: mdp, revestimento: laminado melamínico\"","UN",713.8,9.0,6424.2]
["88/2026","Aprovada",null,"MÓBILIÁRIOS EM GERAL","BENS",153052.0,"2026-01-02","2026-07-02",181.0,"EVZ - ESCOLA DE VETERINÁRIA E ZOOTECNIA","965/2025","Médio",2.0,"2026-09-30","Material",7110.0,"Mobiliário para escritório",14334.0,"Mesa",619400.0,"altura: 0,75, comprimento: 1,20, espessura tampo: 25,8, formato: retangular, largura: 0,60, material estrutura: aço carbono, material tampo: madeira mdf, revestimento: laminado de madeira natural","UN",431.5,7.0,3020.5]
["88/2026","Aprovada",null,"MÓBILIÁRIOS EM GERAL","BENS",153052.0,"2026-01-02","2026-07-02",181.0,"SECPLAN - SECRETARIA DE PLANEJAMENTO","1017/2025","Médio",1.0,"2026-08-01","Material",7195.0,"Mobiliários diversos e acessórios",4083.0,"Cadeira Com Braço",613651.0,"características adicionais: peso maximo recomendado: 150 kg, dimensões assento: 485 x 540, dimensões encosto: 485 x 540, material assento/encosto: madeira de no mínimo 20 mm, material revestimento assento e encosto: espuma injetada de alta densidade, quantidade de pés: 05, tipo assento / encosto: giratórios e contínuos, tipo sistema regulagem vertical: a gás","UN",703.91,10.0,7039.1]
["75/2026","Aprovada",null,"DCOM - CONGRESSO DE PREGOEIROS","SERVICOS",153052.0,"2026-01-02","2026-03-10",67.0,"DCOM - DIRETORIA DE COMPRAS","844/2025","Médio",1.0,"2026-03-01","Serviço",929.0,"Outros Serviços De Educação E Treinamento",null,null,25232.0,"Pagamento Inscrição Eventos",null,6180.0,10.0,61800.0]
["76/2026","Aprovada",null,"DASS - INSCRIÇÃO EM EVENTOS","SERVICOS",153052.0,"2026-05-29","2026-11-30",185.0,"DASS - DIRETORIA DE ASSISTÊNCIA À SAÚDE DO SERVIDOR","792/2025","Médio",1.0,"2026-11-30","Serviço",929.0,"Outros serviços de educação e treinamento",null,null,25232.0,"Pagamento inscrição eventos",null,900.0,10.0,9000.0]
["77/2026","Aprovada",null,"BC - INSCRIÇÃO EM EVENTOS","SERVICOS",153052.0,"2026-01-02","2026-03-31",88.0,"BC - BIBLIOTECA CENTRAL","652/2025","Médio",1.0,"2026-03-31","Serviço",929.0,"OUTROS SERVIÇOS DE EDUCAÇÃO E TREINAMENTO",null,null,25232.0,"PAGAMENTO INSCRIÇÃO EVENTOS",null,1000.0,5.0,5000.0]
["78/2026","Aprovada",null,"FIC - INSCRIÇÃO EM EVENTOS","SERVICOS",153052.0,"2026-01-02","2026-06-30",179.0,"FIC - FACULDADE DE INFORMAÇÃO E COMUNICAÇÃO","634/2025","Baixo",1.0,"2026-06-30","Serviço",929.0,"Outros Serviços De Educação E Treinamento",{"$nulls":5},5000.0,1.0,5000.0]
["89/2026","Aprovada",null,"AQUISIÇÃO DE ESQUADRIAS, PORTAS","BENS",153052.0,"2026-02-10","2026-08-31",202.0,"DINTER UFG-IFMT","631/2025","Alto",1.0,"2026-08-31","Material",5520.0,"Esquadrias",11071.0,"Porta",397645.0,"altura: 2,10, características adicionais: quatro folhas, fechadura blindex, cor: incolor, espessura: 10, largura: 3,20, material: vidro temperado, tipo: de correr","UN",4000.0,1.0,4000.0]
["79/2026","Aprovada",null,"PRAE - INSCRIÇÃO EM EVENTOS","SERVICOS",153052.0,"2025-06-10","2026-01-02",206.0,"PRAE - PRO-REITORIA DE ASSUNTOS ESTUDANTIS","687/2025","Alto",1.0,"2026-01-15","Serviço",929.0,"OUTROS SERVIÇOS DE EDUCAÇÃO E TREINAMENTO",null,null,25232.0,"PAGAMENTO INSCRIÇÃO EVENTOS","UN",108000.0,1.0,108000.0]
["79/2026","Aprovada",null,"PRAE - INSCRIÇÃO EM EVENTOS","SERVICOS",153052.0,"2025-06-10","2026-01-02",206.0,"PRAE - PRO-REITORIA DE ASSUNTOS ESTUDANTIS","509/2025","Alto",1.0,"2026-01-15","Serviço",929.0,"Outros Serviços De Educação E Treinamento",{"$nulls":5},108000.0,1.0,108000.0]
["20/2026","Aprovada",null,"EQUIPAMENTOS DE AUDIO E VÍDEO ","BENS",153052.0,"2026-04-06","2026-07-31",116.0,"FF - FACULDADE DE FÁRMACIA","193/2025","Médio",24.0,"2026-08-01","Material",6730.0,"EQUIPAMENTO PARA PROJEÇÃO FOTOGRÁFICA",907.0,"PROJETOR MULTIMÍDIA",603956.0,"CARACTERÍSTICAS ADICIONAIS: CONEXÃO: HDMI, USB, WI-FI, LUMINOSIDADE MÍNIMA: 4.000, QUANTIDADE ENTRADAS VÍDEO: 4, RESOLUÇÃO: 1.280 X 800, TIPO: INTERATIVO, TIPO LÂMPADA: LED, TIPO PROJEÇÃO: FRONTAL, TIPO ZOOM: DIGITAL, VOLTAGEM: BIVOLT","UN",2600.0,2.0,5200.0]
["20/2026","Aprovada",null,"EQUIPAMENTOS DE AUDIO E VÍDEO ","BENS",153052.0,"2026-04-06","2026-07-31",116.0,"CEPAE - CENTRO DE ENSINO E PESQUISA APLICADA À EDUCAÇÃO","197/2025","Médio",3.0,"2026-03-02","Material",6730.0,"Equipamento para projeção fotográfica",915.0,"Tela Projeção",470923.0,"altura: 182, características adicionais: acondicionada em estojo metálico, cor: branca, largura: 243, material: matte wite, material estrutura: alumínio extrudado, tamanho tela: 120, tipo acabamento: pintura eletrostática, tipo fixação: parede/teto, tipo tela: retrátil","UN",450.0,1.0,450.0]
["20/2026","Aprovada",null,"EQUIPAMENTOS DE AUDIO E VÍDEO ","BENS",153052.0,"2026-04-06","2026-07-31",116.0,"CEPAE - CENTRO DE ENSINO E PESQUISA APLICADA À EDUCAÇÃO","197/2025","Médio",15.0,"2026-03-02","Material",5965.0,"FONES, MICROFONES E ALTO-FALANTES",9732.0,"MICROFONE",460688.0,"ALCANCE: 40 A 80, ALIMENTAÇÃO: BATERIA / PILHA, APLICAÇÃO: AUDITÓRIO, RESPOSTA FREQÜÊNCIA: 40 HZ A 20 KHZ, TIPO: DE MÃO SEM FIO, TIPO RECEPTOR: 2 ANTENAS","UN",2.0,250.0,500.0]
["20/2026","Aprovada",null,"EQUIPAMENTOS DE AUDIO E VÍDEO ","BENS",153052.0,"2026-04-06","2026-07-31",116.0,"CEPAE - CENTRO DE ENSINO E PESQUISA APLICADA À EDUCAÇÃO","199/2025","Médio",4.0,"2026-03-02","Material",5965.0,"Fones, microfones e alto-falantes",9732.0,"Microfone",612281.0,"alcance: 200, alimentação: bateria aa, características adicionais: display lcd, distorção harmônica total: <0,1%, impedância: 50, padrão: cardióide, referência fabricante: ulxd2/sm58, resposta freqüência: 30 hz a 20, sensibilidade: ? 98, tipo: de mão sem fio","UN",120.0,3.0,360.0]
["20/2026","Aprovada",null,"EQUIPAMENTOS DE AUDIO E VÍDEO ","BENS",153052.0,"2026-04-06","2026-07-31",116.0,"CEPAE - CENTRO DE ENSINO E PESQUISA APLICADA À EDUCAÇÃO","201/2025","Médio",7.0,"2026-03-02","Material",5965.0,"Fones, microfones e alto-falantes",9732.0,"Microfone",460688.0,"alcance: 40 a 80, alimentação: bateria / pilha, aplicação: auditório, resposta freqüência: 40 hz a 20 khz, tipo: de mão sem fio, tipo receptor: 2 antenas","UN",250.0,1.0,250.0]
["20/2026","Aprovada",null,"EQUIPAMENTOS DE AUDIO E VÍDEO ","BENS",153052.0,"2026-04-06","2026-07-31",116.0,"CEPAE - CENTRO DE ENSINO E PESQUISA APLICADA À EDUCAÇÃO","201/2025","Médio",8.0,"2026-03-02","Material",5965.0,"Fones, microfones e alto-falantes",9732.0,"Microfone",624663.0,"acessórios: bolsa com zíper, cachimbo ou suporte para pedestal, aplicação: voz principal, características adicionais: dinâmico, componentes adicionais: conector profissional xlr, impedância: 150/350, padrão: polar cardióide, resposta freqüência: 50 a 16.000, sensibilidade: a 1 khz -58, tipo: de mão com fio","UN",185.0,1.0,185.0]
["20/2026","Aprovada",null,"EQUIPAMENTOS DE AUDIO E VÍDEO ","BENS",153052.0,"2026-04-06","2026-07-31",116.0,"FEN - FACULDADE DE ENFERMAGEM","246/2025","Alto",1.0,"2026-02-24","Material",9390.0,"Produtos Diversos Não Metálicos",{"$nulls":5},2000.0,1.0,2000.0]
["20/2026","Aprovada",null,"EQUIPAMENTOS DE AUDIO E VÍDEO ","BENS",153052.0,"2026-04-06","2026-07-31",116.0,"EVZ - ESCOLA DE VETERINÁRIA E ZOOTECNIA","302/2025","Médio",2.0,"2026-09-03","Material",6730.0,"Equipamento Para Projeção Fotográfica",907.0,"Projetor Multimídia",602170.0,"compatibilidade vídeo: ntsc, sdtv, edtv, hdtv, contraste mínimo: 16.000:1, freqüência: 50/60, luminosidade mínima: 3.400, quantidade entrada rgb: 1, quantidade entradas vídeo: 3, resolução: 1920 x 1080 full hd, tipo: teto e mesa, tipo foco: manual, tipo projeção: frontal/retroprojeção/teto, tipo zoom: manual, voltagem: 100/240","UN",3450.0,3.0,10350.0]
["20/2026","Aprovada",null,"EQUIPAMENTOS DE AUDIO E VÍDEO ","BENS",153052.0,"2026-04-06","2026-07-31",116.0,"FD - FACULDADE DE DIREITO","339/2025","Médio",3.0,"2026-04-14","Material",5835.0,"EQUIPAMENTOS PARA GRAVAÇÃO E REPRODUÇÃO DE SOM",9608.0,"MESA ÁUDIO / VÍDEO - SWITCHER DE VÍDEO",626110.0,"ACESSÓRIOS: PRÉ-AMPLIFICADORES DE MICROFONE?D-PRE? COM UM CIRC, CARACTERÍSTICAS ADICIONAIS: 12 LINHAS (6 MONO + 3 ESTÉREO)/1 BARRAMENTO ESTÉRE, CONTROLE GANHO: SPX COM 24 PROGRAMAS 24 BITS / 192 KHZ 2IN / 2OUT, QUANTIDADE CANAIS: 12, TENSÃO ALIMENTAÇÃO: 48, TIPO ENTRADA: 6 ENTRADAS DE MICROFONE, TIPO SAÍDA: SAÍDAS BALANCEADAS XLR","UN",3200.0,2.0,6400.0]
["20/2026","Aprovada",null,"EQUIPAMENTOS DE AUDIO E VÍDEO ","BENS",153052.0,"2026-04-06","2026-07-31",116.0,"FCT- FACULDADE DE CIÊNCIAS E TECNOLOGIA","350/2025","Médio",1.0,"2026-06-16","Material",5965.0,"Fones, microfones e alto-falantes",7703.0,"Fone Ouvido",620179.0,"acessórios: cabo para carregamento 1,5 m, adaptador usb-a, alcance: 30, características adicionais: almofadas com espuma, redução de ruídos, conector: usb, freqüência: 20 hz - 20, sensibilidade: - 40, tipo: headset, tipo fone: estéreo, sem fio","UN",180.0,5.0,900.0]
["20/2026","Aprovada",null,"EQUIPAMENTOS DE AUDIO E VÍDEO ","BENS",153052.0,"2026-04-06","2026-07-31",116.0,"FCT- FACULDADE DE CIÊNCIAS E TECNOLOGIA","350/2025","Médio",2.0,"2026-06-16","Material",5965.0,"Fones, microfones e alto-falantes",7703.0,"Fone Ouvido",611515.0,"freqüência: 20, impedância: 32, potência: 20, sensibilidade: 96, tipo: dinâmico, tipo fone: headphone","UN",80.0,17.0,1360.0]
["20/2026","Aprovada",null,"EQUIPAMENTOS DE AUDIO E VÍDEO ","BENS",153052.0,"2026-04-06","2026-07-31",116.0,"IF - INSTITUTO DE FÍSICA","382/2025","Médio",1.0,"2026-07-01","Material",5965.0,"Fones, Microfones E Alto-Falantes",9732.0,"Microfone",604246.0,"alcance: 100, alimentação: 02 pilhas aa, alimentação receptor: 12 vdc, características adicionais: até 12 canais programáveis, dimensão: 190 x 212 x 43, impedância: 40, material: metal, modulação: banda larga fm, padrão: polar cardióide, resposta freqüência: 516-558, sensibilidade: 2.1, temperatura operação: -10 a + 55, tipo: sem fio, tipo receptor: 2 antenas","UN",2000.0,1.0,2000.0]
["20/2026","Aprovada",null,"EQUIPAMENTOS DE AUDIO E VÍDEO ","BENS",153052.0,"2026-04-06","2026-07-31",116.0,"EMC - ESCOLA DE ENGENHARIA ELÉTRICA MECÂNICA E DE COMPUTAÇÃO","394/2025","Médio",6.0,"2026-08-10","Material",6730.0,"Equipamento para projeção fotográfica",907.0,"Projetor Multimídia",624091.0,"contraste mínimo: 16.000:1, freqüência: 50 a 60, luminosidade mínima: 3.400, potência lâmpada: 200, quantidade autofalantes: 1, quantidade entradas vídeo: 1, resolução: 1920 x 1080 full hd, tamanho mínimo imagem: 30, tipo: teto e mesa, tipo foco: manual, tipo lâmpada: uhe, tipo projeção: frontal/retroprojeção/teto, tipo zoom: manual, voltagem: 100/240","UN",4500.0,1.0,4500.0]
["20/2026","Aprovada",null,"EQUIPAMENTOS DE AUDIO E VÍDEO ","BENS",153052.0,"2026-04-06","2026-07-31",116.0,"EMC - ESCOLA DE ENGENHARIA ELÉTRICA MECÂNICA E DE COMPUTAÇÃO","394/2025","Médio",7.0,"2026-08-10","Material",5965.0,"Fones, microfones e alto-falantes",9732.0,"Microfone",626201.0,"acessórios: bateria, carregador e cabo, alcance: 100, alimentação: 220, aplicação: voz principal, impedância: 50/500, padrão: unidirecional, resposta freqüência: 50 hz a 15.000, tipo: bastão sem fio","UN",2000.0,1.0,2000.0]
["20/2026","Aprovada",null,"EQUIPAMENTOS DE AUDIO E VÍDEO ","BENS",153052.0,"2026-04-06","2026-07-31",116.0,"EMC - ESCOLA DE ENGENHARIA ELÉTRICA MECÂNICA E DE COMPUTAÇÃO","394/2025","Médio",8.0,"2026-08-10","Material",5835.0,"Equipamentos para gravação e reprodução de som",9608.0,"Mesa Áudio / Vídeo - Switcher De Vídeo",626110.0,"acessórios: pré-amplificadores de microfone?d-pre? com um circ, características adicionais: 12 linhas (6 mono + 3 estéreo)/1 barramento estére, controle ganho: spx com 24 programas 24 bits / 192 khz 2in / 2out, quantidade canais: 12, tensão alimentação: 48, tipo entrada: 6 entradas de microfone, tipo saída: saídas balanceadas xlr","UN",2000.0,1.0,2000.0]
["20/2026","Aprovada",null,"EQUIPAMENTOS DE AUDIO E VÍDEO ","BENS",153052.0,"2026-04-06","2026-07-31",116.0,"FL - FACULDADE DE LETRAS","271/2025","Médio",1.0,"2026-08-31","Material",6760.0,"Equipamento fotográfico e acessórios",5758.0,"Conjunto Iluminacao",613731.0,"características adicionais: contendo softbox, tripés e suportes com soquete qu, formato: balão chinez, material armação: alumínio, tipo: estúdio audiovisual, tipo lâmpada: led","UN",600.0,1.0,600.0]
["20/2026","Aprovada",null,"EQUIPAMENTOS DE AUDIO E VÍDEO ","BENS",153052.0,"2026-04-06","2026-07-31",116.0,"FL - FACULDADE DE LETRAS","271/2025","Médio",2.0,"2026-08-31","Material",6760.0,"EQUIPAMENTO FOTOGRÁFICO E ACESSÓRIOS",5758.0,"CONJUNTO ILUMINACAO",481675.0,"CARACTERÍSTICAS ADICIONAIS: CONTENDO SOFTBOX, TRIPÉ, LÂMPADA, FUNDO INFINITO E, TIPO LÂMPADA: LED, VOLTAGEM: 220","UN",1500.0,1.0,1500.0]
["20/2026","Aprovada",null,"EQUIPAMENTOS DE AUDIO E VÍDEO ","BENS",153052.0,"2026-04-06","2026-07-31",116.0,"FL - FACULDADE DE LETRAS","271/2025","Médio",3.0,"2026-08-31","Material",5965.0,"Fones, microfones e alto-falantes",9732.0,"Microfone",612281.0,"alcance: 200, alimentação: bateria aa, características adicionais: display lcd, distorção harmônica total: <0,1%, impedância: 50, padrão: cardióide, referência fabricante: ulxd2/sm58, resposta freqüência: 30 hz a 20, sensibilidade: ? 98, tipo: de mão sem fio","EMB",1500.0,1.0,1500.0]
["20/2026","Aprovada",null,"EQUIPAMENTOS DE AUDIO E VÍDEO ","BENS",153052.0,"2026-04-06","2026-07-31",116.0,"FL - FACULDADE DE LETRAS","399/2025","Médio",1.0,"2026-07-31","Material",6730.0,"EQUIPAMENTO PARA PROJEÇÃO FOTOGRÁFICA",907.0,"PROJETOR MULTIMÍDIA",446924.0,"CAPACIDADE PROJEÇÃO COR: 1.07 BILHÕES DE CORES, CARACTERÍSTICAS ADICIONAIS: CONEXÃO HDMI, RGB E USB, WIFI, SEEN MIRROR/SHARING, FREQÜÊNCIA: 50 A 60, LUMINOSIDADE MÍNIMA: 3.600, QUANTIDADE ENTRADA RGB: 1 S-VÍDEO/1RCA, QUANTIDADE ENTRADAS VÍDEO: 01: SVIDEO E 04 PINOS RCA, RESOLUÇÃO: NATIVA 1920X1200, TIPO: PORTÁTIL, TIPO FOCO: MANUAL, TIPO PROJEÇÃO: FRONTAL/TRASEIRO/TETO/MESA, TIPO ZOOM: MANUAL/DIGITAL, VOLTAGEM: 100/240","UN",4000.0,2.0,8000.0]
["20/2026","Aprovada",null,"EQUIPAMENTOS DE AUDIO E VÍDEO ","BENS",153052.0,"2026-04-06","2026-07-31",116.0,"FEN - FACULDADE DE ENFERMAGEM","92/2025","Alto",1.0,"2026-02-25","Material",6730.0,"Equipamento para projeção fotográfica",907.0,"Projetor Multimídia",367718.0,"características adicionais: zoom optico 1,0 a 1,2 minimo, tipo data show, distância máxima tela: 10.41, distância mínima tela: 0,84, freqüência: 50 a 60, luminosidade mínima: 2200, quantidade entrada rgb: 2, quantidade entradas vídeo: mínimo 2, resolução: 800 x 600, resolução mínima: 800 x 600, tamanho mínimo imagem: 76, tipo: portátil c/bolsa transporte e controle remoto, tipo projeção: frontal/retroprojeção/teto, tipo zoom: digital/optico, voltagem: 110/220","UN",4000.0,2.0,8000.0]
["20/2026","Aprovada",null,"EQUIPAMENTOS DE AUDIO E VÍDEO ","BENS",153052.0,"2026-04-06","2026-07-31",116.0,"FIC - FACULDADE DE INFORMAÇÃO E COMUNICAÇÃO","634/2025","Baixo",2.0,"2026-06-30","Material",6720.0,"CÂMARAS FOTOGRÁFICAS",15692.0,"CÂMERA VÍDEO",611461.0,"CAPACIDADE MEMÓRIA: 256, DIMENSÕES APROXIMADAS: 124,7 X 38,1 X 30, RESOLUÇÃO: 4K, TENSÃO NOMINAL: 7,7, TIPO: COMPACTA, ZOOM ÓPTICO: 8","UN",10000.0,2.0,20000.0]
["20/2026","Aprovada",null,"EQUIPAMENTOS DE AUDIO E VÍDEO ","BENS",153052.0,"2026-04-06","2026-07-31",116.0,"FIC - FACULDADE DE INFORMAÇÃO E COMUNICAÇÃO","634/2025","Baixo",3.0,"2026-06-30","Material",6720.0,"Câmaras fotográficas",13849.0,"Câmera Digital",467643.0,"alimentação câmera: bateria recarregável, características adicionais: alta resolução, memória tipo sd, formato de gravação: mp4, mov, jpeg, resolução: 3840 x 2160 pixels, zoom digital: 6, zoom óptico: 30","UN",7000.0,3.0,21000.0]
["20/2026","Aprovada",null,"EQUIPAMENTOS DE AUDIO E VÍDEO ","BENS",153052.0,"2026-04-06","2026-07-31",116.0,"FIC - FACULDADE DE INFORMAÇÃO E COMUNICAÇÃO","634/2025","Baixo",6.0,"2026-06-30","Material",5965.0,"Fones, Microfones E Alto-Falantes",9732.0,"Microfone",631077.0,"alimentação: bateria, impedância: 300, resposta freqüência: 512 a 608, sensibilidade: -10, tipo: dinâmico","UN",500.0,5.0,2500.0]
["20/2026","Aprovada",null,"EQUIPAMENTOS DE AUDIO E VÍDEO ","BENS",153052.0,"2026-04-06","2026-07-31",116.0,"FIC - FACULDADE DE INFORMAÇÃO E COMUNICAÇÃO","634/2025","Baixo",7.0,"2026-06-30","Material",6730.0,"Equipamento para projeção fotográfica",917.0,"Projetor De Slide",217750.0,"capacidade magazine: 80 eslaides, características adicionais: magazine, freqüência: 50 a 60, tipo foco: controle remoto sem fio, tipo magazine: horizontal, voltagem: 110/220","UN",2500.0,4.0,10000.0]
["20/2026","Aprovada",null,"EQUIPAMENTOS DE AUDIO E VÍDEO ","BENS",153052.0,"2026-04-06","2026-07-31",116.0,"FL - FACULDADE DE LETRAS","271/2025","Médio",4.0,"2026-08-31","Material",5965.0,"Fones, microfones e alto-falantes",14249.0,"Caixa Som",625996.0,"aplicação: uso em geral, componentes adicionais: bluetooth, entradas us, p2 e p10, potência: 1,200, voltagem: 220","UN",3000.0,1.0,3000.0]
["20/2026","Aprovada",null,"EQUIPAMENTOS DE AUDIO E VÍDEO ","BENS",153052.0,"2026-04-06","2026-07-31",116.0,"IESA - INSTITUTO DE ESTUDOS SOCIOAMBIENTAIS","648/2025","Médio",1.0,"2026-04-30","Material",6730.0,"Equipamento Para Projeção Fotográfica",915.0,"Tela Projeção",243493.0,"altura: 180, cor: branca, largura: 180, material: tecido vinil, tipo ajuste tela: acionamento manual, tipo fixação: parede/teto","UN",390.0,3.0,1170.0]
["20/2026","Aprovada",null,"EQUIPAMENTOS DE AUDIO E VÍDEO ","BENS",153052.0,"2026-04-06","2026-07-31",116.0,"GOIAS - REGIONAL GOIAS","671/2025","Alto",1.0,"2026-07-01","Material",6720.0,"Câmaras fotográficas",13849.0,"Câmera Digital",624241.0,"alimentação câmera: bateria, aplicação: uso em geral, capacidade memória interna: 20, características adicionais: lente de 24-3000 mm equivalente (ultra teleobjetiv, formato de gravação: gravação de vídeo 4k uhd (3840 x 2160 pixels) a 30, resolução: 16 mp (4608 x 3456 pixels), sensibilidade: 100-6400 (iso), terminal conexão saída: hdmi, usb, wi-fi, bluetooth, tipo monitor: lcd tft, zoom digital: 4, zoom óptico: 125","UN",899.0,2.0,1798.0]
["20/2026","Aprovada",null,"EQUIPAMENTOS DE AUDIO E VÍDEO ","BENS",153052.0,"2026-04-06","2026-07-31",116.0,"FCT- FACULDADE DE CIÊNCIAS E TECNOLOGIA","350/2025","Médio",3.0,"2026-06-16","Material",6760.0,"Equipamento fotográfico e acessórios",979.0,"Tripé",628035.0,"altura máxima: 1,60, aplicação: câmara fotográfica ou filmadora, capacidade: 5, características adicionais: com encaixe rosca 3/8, material: alumínio, quantidade hastes: 3, tipo cabeça: giratória","UN",110.0,2.0,220.0]
["20/2026","Aprovada",null,"EQUIPAMENTOS DE AUDIO E VÍDEO ","BENS",153052.0,"2026-04-06","2026-07-31",116.0,"FCT- FACULDADE DE CIÊNCIAS E TECNOLOGIA","350/2025","Médio",4.0,"2026-06-16","Material",5965.0,"Fones, microfones e alto-falantes",10580.0,"Pedestal Microfone",604424.0,"acabamento superficial: pintura a pó, características adicionais: fivela, grampo de microfone removível, comprimento haste: 185, cor: preta, formato base: tripé, material base sustentação: liga de plástico, tipo: girafa, tipo haste: telescópica","UN",130.0,2.0,260.0]
["20/2026","Aprovada",null,"EQUIPAMENTOS DE AUDIO E VÍDEO ","BENS",153052.0,"2026-04-06","2026-07-31",116.0,"GOIAS - REGIONAL GOIAS","671/2025","Alto",3.0,"2026-07-01","Material",5965.0,"FONES, MICROFONES E ALTO-FALANTES",9732.0,"MICROFONE",624663.0,"ACESSÓRIOS: BOLSA COM ZÍPER, CACHIMBO OU SUPORTE PARA PEDESTAL, APLICAÇÃO: VOZ PRINCIPAL, CARACTERÍSTICAS ADICIONAIS: DINÂMICO, COMPONENTES ADICIONAIS: CONECTOR PROFISSIONAL XLR, IMPEDÂNCIA: 150/350, PADRÃO: POLAR CARDIÓIDE, RESPOSTA FREQÜÊNCIA: 50 A 16.000, SENSIBILIDADE: A 1 KHZ -58, TIPO: DE MÃO COM FIO","UN",450.0,3.0,1350.0]
["20/2026","Aprovada",null,"EQUIPAMENTOS DE AUDIO E VÍDEO ","BENS",153052.0,"2026-04-06","2026-07-31",116.0,"GOIAS - REGIONAL GOIAS","671/2025","Alto",4.0,"2026-07-01","Material",5965.0,"Fones, microfones e alto-falantes",9732.0,"Microfone",624664.0,"acessórios: cabo de saída law-bmp, cabo de conversão, mini plu, características adicionais: : transmissor bodypack utx-b40, plugue utx-p40,, componentes adicionais: adaptador de montagem, sapata, espuma acústica, ca, resposta freqüência: 536 mhz a 608, tipo: lapela sem fio, omnidirecional, tipo receptor: portátil urx-p40","UN",150.0,2.0,300.0]
["20/2026","Aprovada",null,"EQUIPAMENTOS DE AUDIO E VÍDEO ","BENS",153052.0,"2026-04-06","2026-07-31",116.0,"CC - CENTRO CULTURAL","239/2025","Alto",1.0,"2026-05-24","Material",5965.0,"FONES, MICROFONES E ALTO-FALANTES",9732.0,"MICROFONE",626201.0,"ACESSÓRIOS: BATERIA, CARREGADOR E CABO, ALCANCE: 100, ALIMENTAÇÃO: 220, APLICAÇÃO: VOZ PRINCIPAL, IMPEDÂNCIA: 50/500, PADRÃO: UNIDIRECIONAL, RESPOSTA FREQÜÊNCIA: 50 HZ A 15.000, TIPO: BASTÃO SEM FIO","UN",5000.0,2.0,10000.0]
["20/2026","Aprovada",null,"EQUIPAMENTOS DE AUDIO E VÍDEO ","BENS",153052.0,"2026-04-06","2026-07-31",116.0,"CC - CENTRO CULTURAL","747/2025","Alto",1.0,"2026-03-16","Material",7060.0,"Peças e acessórios para computadores",14249.0,"Caixa Som",625996.0,"aplicação: uso em geral, componentes adicionais: bluetooth, entradas us, p2 e p10, potência: 1,200, voltagem: 220","UN",2000.0,2.0,4000.0]
["20/2026","Aprovada",null,"EQUIPAMENTOS DE AUDIO E VÍDEO ","BENS",153052.0,"2026-04-06","2026-07-31",116.0,"CC - CENTRO CULTURAL","750/2025","Alto",1.0,"2026-03-23","Material",5965.0,"Fones, microfones e alto-falantes",9732.0,"Microfone",611519.0,"acessórios: 1 receptor e 2 transmissores, alcance: 200, alimentação: bateria, padrão: omnidirecional, resposta freqüência: 50hz a 20, tipo: de lapela","UN",500.0,2.0,1000.0]
["20/2026","Aprovada",null,"EQUIPAMENTOS DE AUDIO E VÍDEO ","BENS",153052.0,"2026-04-06","2026-07-31",116.0,"SIN - SECRETARIA DE INCLUSÃO","752/2025","Alto",2.0,"2026-01-20","Material",6710.0,"Câmaras cinematográficas",1024.0,"Filmadora/Monitor Portátil",604548.0,"amplitude zoom digital: mínimo 350, amplitude zoom ótico: mínimo de 20, características adicionais: entrada de áudio, saídas sdi/hdmi/usd, cartão   de, tamanho monitor: 3, tipo: digital, tipo zoom: óptico / digital","UN",9483.01,5.0,47415.05]
["20/2026","Aprovada",null,"EQUIPAMENTOS DE AUDIO E VÍDEO ","BENS",153052.0,"2026-04-06","2026-07-31",116.0,"SIN - SECRETARIA DE INCLUSÃO","752/2025","Alto",6.0,"2026-01-20","Material",6730.0,"Equipamento para projeção fotográfica",915.0,"Tela Projeção",617350.0,"altura: 150, cor: branca, largura: 2,70, material: vinil, material estrutura: aço, tamanho tela: 120, tipo acabamento: pintura eletrostática, tipo ajuste tela: acionamento retrátil e funcionamento rolo, tipo tela: retrátil","UN",1192.99,1.0,1192.99]
["20/2026","Aprovada",null,"EQUIPAMENTOS DE AUDIO E VÍDEO ","BENS",153052.0,"2026-04-06","2026-07-31",116.0,"SIN - SECRETARIA DE INCLUSÃO","752/2025","Alto",9.0,"2026-01-20","Material",5965.0,"Fones, microfones e alto-falantes",7703.0,"Fone Ouvido",620179.0,"acessórios: cabo para carregamento 1,5 m, adaptador usb-a, alcance: 30, características adicionais: almofadas com espuma, redução de ruídos, conector: usb, freqüência: 20 hz - 20, sensibilidade: - 40, tipo: headset, tipo fone: estéreo, sem fio","UN",522.83,5.0,2614.15]
["20/2026","Aprovada",null,"EQUIPAMENTOS DE AUDIO E VÍDEO ","BENS",153052.0,"2026-04-06","2026-07-31",116.0,"SIN - SECRETARIA DE INCLUSÃO","752/2025","Alto",10.0,"2026-01-20","Material",5965.0,"Fones, microfones e alto-falantes",9732.0,"Microfone",612281.0,"alcance: 200, alimentação: bateria aa, características adicionais: display lcd, distorção harmônica total: <0,1%, impedância: 50, padrão: cardióide, referência fabricante: ulxd2/sm58, resposta freqüência: 30 hz a 20, sensibilidade: ? 98, tipo: de mão sem fio","EMB",455.78,1.0,455.78]
["20/2026","Aprovada",null,"EQUIPAMENTOS DE AUDIO E VÍDEO ","BENS",153052.0,"2026-04-06","2026-07-31",116.0,"BC - BIBLIOTECA CENTRAL","759/2025","Médio",3.0,"2026-07-01","Material",6730.0,"Equipamento para projeção fotográfica",907.0,"Projetor Multimídia",626910.0,"capacidade conexão: conexão: rj45, características adicionais: conexão rj45, hdmi, d-sub15 pin, rca, usb a e b, s, contraste mínimo: 16.000, distância máxima tela: 10, distância mínima tela: 90, freqüência: 50/60, luminosidade mínima: 3.800, potência autofalantes: 5, potência lâmpada: 210, quantidade autofalantes: 1, quantidade entradas vídeo: 2, resolução: 1.280 x 800, resolução mínima: 1.280 x 800, tipo: teto e mesa, tipo controle: remoto, sem fio, tipo foco: manual, tipo lâmpada: uhe, tipo projeção: frontral / traseiro / teto, tipo tecnologia: rj45, tipo zoom: óptico, voltagem: bivolt","UN",3300.0,2.0,6600.0]
["20/2026","Aprovada",null,"EQUIPAMENTOS DE AUDIO E VÍDEO ","BENS",153052.0,"2026-04-06","2026-07-31",116.0,"SECOM - SECRETARIA DE COMUNICAÇÃO","766/2025","Alto",1.0,"2026-04-30","Material",6730.0,"EQUIPAMENTO PARA PROJEÇÃO FOTOGRÁFICA",{"$nulls":5},2022.94,1.0,2022.94]
["20/2026","Aprovada",null,"EQUIPAMENTOS DE AUDIO E VÍDEO ","BENS",153052.0,"2026-04-06","2026-07-31",116.0,"PROGRAD - PRO-REITORIA DE GRADUAÇÃO","704/2025","Médio",1.0,"2026-05-30","Material",6730.0,"Equipamento Para Projeção Fotográfica",915.0,"Tela Projeção",611844.0,"altura: 180, características adicionais: enrolamento automático por mola, cor acabamento: preta, largura: 2,40, material: matte wite, tensão entrada: 110/220, tipo ajuste tela: retrátil automático, tipo tela: retrátil","UN",900.0,10.0,9000.0]
["20/2026","Aprovada",null,"EQUIPAMENTOS DE AUDIO E VÍDEO ","BENS",153052.0,"2026-04-06","2026-07-31",116.0,"RADIO","785/2025","Alto",1.0,"2026-12-22","Material",5965.0,"Fones, microfones e alto-falantes",9732.0,"Microfone",338935.0,"alcance: 15 m; dinâmico 100 db e rejeição no mínimo 80 db, alimentação: bateria 9, características adicionais: chave seletora e estação receptora modulação em fm, distorção harmônica total: < 5%, impedância saída: 5, nível de saída de áudio: 0 a 25, potência de saída: 30, resposta freqüência: 40 hz a 20 khz, tipo: sem fio, tipo receptor: 2 antenas, alimentação externa receptor: 110/220, frequência: 230 a 260 mhz","UN",12000.0,2.0,24000.0]
["20/2026","Aprovada",null,"EQUIPAMENTOS DE AUDIO E VÍDEO ","BENS",153052.0,"2026-04-06","2026-07-31",116.0,"DASS - DIRETORIA DE ASSISTÊNCIA À SAÚDE DO SERVIDOR","788/2025","Médio",1.0,"2026-04-30","Material",6710.0,"Câmaras cinematográficas",1024.0,"Filmadora/Monitor Portátil",470898.0,"amplitude zoom digital: 30, amplitude zoom ótico: 15, resolução: 4k, sistema gravação: cartão memória sd/sdhc/sdxc, tipo: digital, tipo zoom: óptico / digital","UN",2500.0,2.0,5000.0]
["20/2026","Aprovada",null,"EQUIPAMENTOS DE AUDIO E VÍDEO ","BENS",153052.0,"2026-04-06","2026-07-31",116.0,"SECOM - SECRETARIA DE COMUNICAÇÃO","827/2025","Médio",1.0,"2026-03-30","Material",6720.0,"CÂMARAS FOTOGRÁFICAS",14570.0,"CÂMERA FOTOGRÁFICA DIGITAL",485489.0,"ACESSÓRIOS: BOLSA, CARREGADOR BATERIA, ALÇA DE PESCOÇO, ALIMENTAÇÃO CÂMERA: BATERIA, CAPACIDADE MEMÓRIA: CARTÃO DE MEMÓRIA DE 512, CARACTERÍSTICAS ADICIONAIS: FULL FRAME MIRRORLESS, FLASH:  SEM LASH EXTERNO, INTERFACE: USB, TIPO FOCO: MULTIFOCAL, TIPO MEMÓRIA: CARTÕES SD/SDHC/SDXC, TIPO VISOR: EVF/LCD","UN",20025.88,1.0,20025.88]
["20/2026","Aprovada",null,"EQUIPAMENTOS DE AUDIO E VÍDEO ","BENS",153052.0,"2026-04-06","2026-07-31",116.0,"SECOM - SECRETARIA DE COMUNICAÇÃO","828/2025","Médio",1.0,"2026-07-28","Material",6760.0,"Equipamento fotográfico e acessórios",8787.0,"Lente Objetiva De Máquina Fotográfica",630523.0,"abertura máxima: f2.8, abertura mínina: f/32, modelo: rf 70-200mm, tipo: fixa","UN",9961.05,1.0,9961.05]
["20/2026","Aprovada",null,"EQUIPAMENTOS DE AUDIO E VÍDEO ","BENS",153052.0,"2026-04-06","2026-07-31",116.0,"SECOM - SECRETARIA DE COMUNICAÇÃO","830/2025","Médio",1.0,"2026-07-28","Material",6760.0,"Equipamento Fotográfico E Acessórios",8788.0,"Lente Para Câmera Fotográfica",626351.0,"abertura máxima: f2,8, distância focal: 24 - 70 mm, distância m´ínima foco: 21 cm, tipo: 24 - 70 mm, tipo de foco: automático, tipo lente: série l, normal, angulares, telefoto","UN",8247.0,1.0,8247.0]
["20/2026","Aprovada",null,"EQUIPAMENTOS DE AUDIO E VÍDEO ","BENS",153052.0,"2026-04-06","2026-07-31",116.0,"PROPESSOAS - PRO-REITORIA DE GESTÃO DE PESSOAS","839/2025","Médio",2.0,"2026-03-31","Material",5965.0,"Fones, microfones e alto-falantes",7703.0,"Fone Ouvido",480914.0,"acoplamento auricular: sobre as orelhas, cor: preta, freqüência: 12hz a 28, potência: 30, tipo: headset, tipo fone: headset com protetor auricular","UN",51.0,10.0,510.0]
["20/2026","Aprovada",null,"EQUIPAMENTOS DE AUDIO E VÍDEO ","BENS",153052.0,"2026-04-06","2026-07-31",116.0,"SECOM - SECRETARIA DE COMUNICAÇÃO","846/2025","Médio",1.0,"2026-06-30","Material",6760.0,"Equipamento fotográfico e acessórios",7635.0,"Flash",470968.0,"características adicionais: cabeça móvel, compatibilidade equipamento: câmera fotográfica digital, tipo alimentação: pilha","UN",4200.0,1.0,4200.0]
["20/2026","Aprovada",null,"EQUIPAMENTOS DE AUDIO E VÍDEO ","BENS",153052.0,"2026-04-06","2026-07-31",116.0,"PROEC - PRO-REITORIA DE EXTENSÃO E CULTURA","847/2025","Alto",1.0,"2026-04-27","Material",5965.0,"Fones, microfones e alto-falantes",9732.0,"Microfone",615065.0,"alcance: 15 a 20, aplicação: telefone celular, características adicionais: usb com 2,4 ghz, padrão unidirecional, padrão: omnidirecional, tipo: lapela sem fio","UN",1000.0,1.0,1000.0]
["20/2026","Aprovada",null,"EQUIPAMENTOS DE AUDIO E VÍDEO ","BENS",153052.0,"2026-04-06","2026-07-31",116.0,"SECOM - SECRETARIA DE COMUNICAÇÃO","848/2025","Alto",1.0,"2026-06-30","Material",5965.0,"Fones, microfones e alto-falantes",9732.0,"Microfone",615065.0,"alcance: 15 a 20, aplicação: telefone celular, características adicionais: usb com 2,4 ghz, padrão unidirecional, padrão: omnidirecional, tipo: lapela sem fio","UN",645.91,1.0,645.91]
["20/2026","Aprovada",null,"EQUIPAMENTOS DE AUDIO E VÍDEO ","BENS",153052.0,"2026-04-06","2026-07-31",116.0,"PRAE - PRO-REITORIA DE ASSUNTOS ESTUDANTIS","508/2025","Alto",1.0,"2026-01-15","Material",5965.0,"Fones, microfones e alto-falantes",2372.0,"Alto-Falante",628165.0,"aplicação: ?notebook, tablet, smartphone, características adicionais: bluetooth ou p2 formato 2.1, potência nominal: 20, tipo: sub woofer","PAR",62.0,2.0,124.0]
["20/2026","Aprovada",null,"EQUIPAMENTOS DE AUDIO E VÍDEO ","BENS",153052.0,"2026-04-06","2026-07-31",116.0,"PRAE - PRO-REITORIA DE ASSUNTOS ESTUDANTIS","508/2025","Alto",8.0,"2026-01-15","Material",5965.0,"Fones, microfones e alto-falantes",9732.0,"Microfone",604661.0,"alcance: até 50 metros, alimentação: pilha, aplicação: auditório, padrão: unidirecional, resposta freqüência: 40 hz a 20 khz, sensibilidade: 76, tipo: headset, tipo receptor: 2 antenas","UN",230.0,20.0,4600.0]
["20/2026","Aprovada",null,"EQUIPAMENTOS DE AUDIO E VÍDEO ","BENS",153052.0,"2026-04-06","2026-07-31",116.0,"PRAE - PRO-REITORIA DE ASSUNTOS ESTUDANTIS","508/2025","Alto",10.0,"2026-01-15","Material",5965.0,"Fones, microfones e alto-falantes",7703.0,"Fone Ouvido",440465.0,"características adicionais: acessórios,com adaptador para conector 1/4 polegas, conector: conector 3.5mm banhado a ouro, freqüência: 5 a 25, tipo: profissional, tipo fone: dobravel, com imãs de neodímio","UN",200.0,3.0,600.0]
["20/2026","Aprovada",null,"EQUIPAMENTOS DE AUDIO E VÍDEO ","BENS",153052.0,"2026-04-06","2026-07-31",116.0,"CIAR- CENTRO INTEGRADO DE APRENDIZAGEM EM REDE","863/2025","Alto",1.0,"2026-04-30","Material",5836.0,"EQUIPAMENTOS PARA GRAVAÇÃO E REPRODUÇÃO DE VÍDEO",14570.0,"CÂMERA FOTOGRÁFICA DIGITAL",628815.0,"ACESSÓRIOS: MICROFONE SHOTGUN, TRIPÉ, BATERIA, ALÇA, ESTOJO, ALIMENTAÇÃO CÂMERA: BATERIA, FORMATO GRAVAÇÃO IMAGEM: MPEG-4, MONITOR: TELA LCD SENSÍVEL AO TOQUE, REFERÊNCIA: CÂMERA CANON EOS R50 MIRRORLESS RF-S 18-45MM CONTE, RESOLUÇÃO MÁXIMA: 26 MEGAPIXELS, RESOLUÇÃO MÍNIMA: 24 MEGAPIXELS, SENSOR IMAGEM: CMOS APS-C, TIPO FOCO: AUTOFOCO, TIPO MEMÓRIA: SD, SDHC, SDXC, TIPO MODO GRAVAÇÃO: UHD 4K, TIPO VISOR: LCD SENSÍVEL AO TOQUE","UN",18000.0,1.0,18000.0]
["20/2026","Aprovada",null,"EQUIPAMENTOS DE AUDIO E VÍDEO ","BENS",153052.0,"2026-04-06","2026-07-31",116.0,"DTEL - DIRETORIA DE TELECOMUNICAÇÕES","883/2025","Alto",18.0,"2026-06-01","Material",6730.0,"Equipamento para projeção fotográfica",907.0,"Projetor Multimídia",473604.0,"capacidade conexão: compatível vários padrões monitores/computadores, capacidade projeção cor: 2.300.000, compatibilidade resolução: xga, luminosidade mínima: 3.200, potência lâmpada: 215, quantidade entrada rgb: 15 pinos, quantidade entradas vídeo: mínimo 5, resolução: 1.024 x 768, tamanho mínimo imagem: 30, tipo: portátil, tipo lâmpada: mercúrio, tipo projeção: frontal/traseiro/teto/mesa, tipo tecnologia: 3lcd, tipo zoom: manual, voltagem: bivolt","UN",2800.0,1.0,2800.0]
["20/2026","Aprovada",null,"EQUIPAMENTOS DE AUDIO E VÍDEO ","BENS",153052.0,"2026-04-06","2026-07-31",116.0,"SEINFRA - SECRETARIA DE INFRAESTRUTURA","912/2025","Médio",22.0,"2026-04-01","Material",5965.0,"Fones, microfones e alto-falantes",7703.0,"Fone Ouvido",620179.0,"acessórios: cabo para carregamento 1,5 m, adaptador usb-a, alcance: 30, características adicionais: almofadas com espuma, redução de ruídos, conector: usb, freqüência: 20 hz - 20, sensibilidade: - 40, tipo: headset, tipo fone: estéreo, sem fio","UN",179.9,30.0,5397.0]
["20/2026","Aprovada",null,"EQUIPAMENTOS DE AUDIO E VÍDEO ","BENS",153052.0,"2026-04-06","2026-07-31",116.0,"SEINFRA - SECRETARIA DE INFRAESTRUTURA","918/2025","Médio",1.0,"2026-04-01","Material",5965.0,"Fones, microfones e alto-falantes",7703.0,"Fone Ouvido",620179.0,"acessórios: cabo para carregamento 1,5 m, adaptador usb-a, alcance: 30, características adicionais: almofadas com espuma, redução de ruídos, conector: usb, freqüência: 20 hz - 20, sensibilidade: - 40, tipo: headset, tipo fone: estéreo, sem fio","UN",179.9,10.0,1799.0]
["20/2026","Aprovada",null,"EQUIPAMENTOS DE AUDIO E VÍDEO ","BENS",153052.0,"2026-04-06","2026-07-31",116.0,"DLOG - DIRETORIA DE LOGÍSTICA","915/2025","Alto",2.0,"2026-06-01","Material",6730.0,"Equipamento Para Projeção Fotográfica",907.0,"Projetor Multimídia",624091.0,"contraste mínimo: 16.000:1, freqüência: 50 a 60, luminosidade mínima: 3.400, potência lâmpada: 200, quantidade autofalantes: 1, quantidade entradas vídeo: 1, resolução: 1920 x 1080 full hd, tamanho mínimo imagem: 30, tipo: teto e mesa, tipo foco: manual, tipo lâmpada: uhe, tipo projeção: frontal/retroprojeção/teto, tipo zoom: manual, voltagem: 100/240","UN",3500.0,1.0,3500.0]
["20/2026","Aprovada",null,"EQUIPAMENTOS DE AUDIO E VÍDEO ","BENS",153052.0,"2026-04-06","2026-07-31",116.0,"DLOG - DIRETORIA DE LOGÍSTICA","915/2025","Alto",3.0,"2026-06-01","Material",6730.0,"Equipamento Para Projeção Fotográfica",915.0,"Tela Projeção",617350.0,"altura: 150, cor: branca, largura: 2,70, material: vinil, material estrutura: aço, tamanho tela: 120, tipo acabamento: pintura eletrostática, tipo ajuste tela: acionamento retrátil e funcionamento rolo, tipo tela: retrátil","UN",550.0,1.0,550.0]
["20/2026","Aprovada",null,"EQUIPAMENTOS DE AUDIO E VÍDEO ","BENS",153052.0,"2026-04-06","2026-07-31",116.0,"DLOG - DIRETORIA DE LOGÍSTICA","915/2025","Alto",5.0,"2026-06-01","Material",5965.0,"Fones, Microfones E Alto-Falantes",9732.0,"Microfone",611519.0,"acessórios: 1 receptor e 2 transmissores, alcance: 200, alimentação: bateria, padrão: omnidirecional, resposta freqüência: 50hz a 20, tipo: de lapela","UN",300.0,1.0,300.0]
["85/2026","Aprovada",null,"EQUIPAMENTOS REFRIGERAÇÃO AMBIENTE (EXCETO AR CONDICIONADO)","BENS",153052.0,"2026-01-09","2026-07-10",182.0,"CEPAE - CENTRO DE ENSINO E PESQUISA APLICADA À EDUCAÇÃO","197/2025","Médio",14.0,"2026-03-02","Material",4140.0,"Ventiladores, circuladores de ar e ventoinhas",710.0,"Ventilador",462426.0,"características adicionais: 03 velocidades/grade de proteção removível, cor: preta, diâmetro: 60, material: aço, potência motor: 170, tensão alimentação: 127/220, tipo: parede","UN",300.0,2.0,600.0]
["85/2026","Aprovada",null,"EQUIPAMENTOS REFRIGERAÇÃO AMBIENTE (EXCETO AR CONDICIONADO)","BENS",153052.0,"2026-01-09","2026-07-10",182.0,"INF - INSTITUTO DE INFORMÁTICA","367/2025","Médio",1.0,"2026-06-30","Material",4140.0,"Ventiladores, circuladores de ar e ventoinhas",18545.0,"Climatizador",625431.0,"capacidade água: 5,7, potência: 65, tensão alimentação: 127, tipo: portátil, tipo motor: monofásico","UN",1500.0,3.0,4500.0]
["85/2026","Aprovada",null,"EQUIPAMENTOS REFRIGERAÇÃO AMBIENTE (EXCETO AR CONDICIONADO)","BENS",153052.0,"2026-01-09","2026-07-10",182.0,"EECA - ESCOLA DE ENGENHARIA CIVIL E AMBIENTAL","639/2025","Alto",2.0,"2026-08-31","Material",4140.0,"Ventiladores, circuladores de ar e ventoinhas",710.0,"Ventilador",453487.0,"características adicionais: hélice com 3 pás, diâmetro: 60, material: aço, potência motor: 180, tensão alimentação: 110, tipo: parede","UN",350.0,5.0,1750.0]
["85/2026","Aprovada",null,"EQUIPAMENTOS REFRIGERAÇÃO AMBIENTE (EXCETO AR CONDICIONADO)","BENS",153052.0,"2026-01-09","2026-07-10",182.0,"FEFD - FACULDADE DE EDUCAÇÃO FÍSICA E DANÇA","681/2025","Médio",1.0,"2026-12-31","Material",4140.0,"Ventiladores, circuladores de ar e ventoinhas",710.0,"Ventilador",453490.0,"características adicionais: hélice com 3 pás, diâmetro: 60, material: aço, potência motor: 200, tensão alimentação: 220, tipo: parede","UN",350.0,9.0,3150.0]
["85/2026","Aprovada",null,"EQUIPAMENTOS REFRIGERAÇÃO AMBIENTE (EXCETO AR CONDICIONADO)","BENS",153052.0,"2026-01-09","2026-07-10",182.0,"BC - BIBLIOTECA CENTRAL","758/2025","Médio",1.0,"2026-07-01","Material",4130.0,"Componentes de equipamentos para refrigeração e ar  condicionado",18545.0,"Climatizador",626948.0,"capacidade água: 75, consumo água: 5, potência: 0,51, tensão alimentação: 220, tipo: portátil, tipo motor: bifásico, vazão ar: 14.000","UN",9500.0,5.0,47500.0]
["85/2026","Aprovada",null,"EQUIPAMENTOS REFRIGERAÇÃO AMBIENTE (EXCETO AR CONDICIONADO)","BENS",153052.0,"2026-01-09","2026-07-10",182.0,"BC - BIBLIOTECA CENTRAL","758/2025","Médio",3.0,"2026-07-01","Material",4140.0,"Ventiladores, circuladores de ar e ventoinhas",710.0,"Ventilador",607073.0,"características adicionais: grade metálica, diâmetro: 100, material: aço, potência motor: 1/2, tensão alimentação: 127/220, tipo: parede","UN",198.0,4.0,792.0]
["85/2026","Aprovada",null,"EQUIPAMENTOS REFRIGERAÇÃO AMBIENTE (EXCETO AR CONDICIONADO)","BENS",153052.0,"2026-01-09","2026-07-10",182.0,"BC - BIBLIOTECA CENTRAL","758/2025","Médio",4.0,"2026-07-01","Material",4140.0,"Ventiladores, circuladores de ar e ventoinhas",710.0,"Ventilador",447029.0,"diâmetro: 65, material: polipropileno, potência motor: 180, quantidade velocidade: mínimo 3, tensão alimentação: 110/220, tipo: coluna","UN",290.0,7.0,2030.0]
["85/2026","Aprovada",null,"EQUIPAMENTOS REFRIGERAÇÃO AMBIENTE (EXCETO AR CONDICIONADO)","BENS",153052.0,"2026-01-09","2026-07-10",182.0,"CC - CENTRO CULTURAL","760/2025","Alto",1.0,"2026-03-16","Material",4130.0,"Componentes de equipamentos para refrigeração e ar  condicionado",13144.0,"Umidificador E Purificador Ambiente",609273.0,"capacidade: 15, características adicionais: sensor controlador de umidade e temperatura, freqüência: 60, material: metálico, tipo: parede, voltagem: 220/380","UN",2000.0,1.0,2000.0]
["85/2026","Aprovada",null,"EQUIPAMENTOS REFRIGERAÇÃO AMBIENTE (EXCETO AR CONDICIONADO)","BENS",153052.0,"2026-01-09","2026-07-10",182.0,"PROGRAD - PRO-REITORIA DE GRADUAÇÃO","768/2025","Médio",4.0,"2026-08-30","Material",4140.0,"VENTILADORES, CIRCULADORES DE AR E VENTOINHAS",710.0,"VENTILADOR",607073.0,"CARACTERÍSTICAS ADICIONAIS: GRADE METÁLICA, DIÂMETRO: 100, MATERIAL: AÇO, POTÊNCIA MOTOR: 1/2, TENSÃO ALIMENTAÇÃO: 127/220, TIPO: PAREDE","UN",300.0,1.0,300.0]
["85/2026","Aprovada",null,"EQUIPAMENTOS REFRIGERAÇÃO AMBIENTE (EXCETO AR CONDICIONADO)","BENS",153052.0,"2026-01-09","2026-07-10",182.0,"SEINFRA - SECRETARIA DE INFRAESTRUTURA","922/2025","Médio",1.0,"2026-04-01","Material",4140.0,"Ventiladores, circuladores de ar e ventoinhas",704.0,"Exaustor",474422.0,"altura: 275, aplicação: dissipar fumaça e impureza no processo de soldagem, características adicionais: estrutura metálica direcionavel, base de borracha, comprimento: 217, largura: 217, potência motor: 30, tipo: de bancada","UN",395.0,3.0,1185.0]
["85/2026","Aprovada",null,"EQUIPAMENTOS REFRIGERAÇÃO AMBIENTE (EXCETO AR CONDICIONADO)","BENS",153052.0,"2026-01-09","2026-07-10",182.0,"GOIAS - REGIONAL GOIAS","984/2025","Médio",1.0,"2026-07-01","Material",4140.0,"Ventiladores, circuladores de ar e ventoinhas",710.0,"Ventilador",467523.0,"características adicionais: hélice com 3 pás velocidade mínima: 1.500 rpm, material: aço, potência motor: 200, tensão alimentação: 220, tipo: parede","UN",250.0,11.0,2750.0]
["90/2026","Aprovada",null,"DTEL, SDH + OUTRAS UNIDADES - SISTEMA DE CONTROLE DE ACESSO E MONITORAMENTO","BENS",153052.0,"2026-01-02","2026-08-03",213.0,"FM - FACULDADE DE MEDICINA","593/2025","Alto",1.0,"2026-04-01","Material",7050.0,"EQUIPAMENTOS DE REDE DE TIC - LOCAL E REMOTA",{"$nulls":5},32000.0,1.0,32000.0]
["90/2026","Aprovada",null,"DTEL, SDH + OUTRAS UNIDADES - SISTEMA DE CONTROLE DE ACESSO E MONITORAMENTO","BENS",153052.0,"2026-01-02","2026-08-03",213.0,"DINTER UFG-IFMT","654/2025","Alto",1.0,"2026-08-31","Material",5830.0,"Sistemas De Intercomunicação E Amplificação De  Voz,  Excetoos De Aeronaves",8439.0,"Interfone",null,null,null,80.0,1.0,80.0]
["90/2026","Aprovada",null,"DTEL, SDH + OUTRAS UNIDADES - SISTEMA DE CONTROLE DE ACESSO E MONITORAMENTO","BENS",153052.0,"2026-01-02","2026-08-03",213.0,"DINTER UFG-IFMT","654/2025","Alto",2.0,"2026-08-31","Material",5945.0,"Relés e solenóides",2042.0,"Acionador Eletromagnético",483925.0,"alimentação: 220, altura: 81, aplicação: fechadura eletromagnética, cor: cinza, largura: 32, tipo: fechadura","UN",800.0,1.0,800.0]
["90/2026","Aprovada",null,"DTEL, SDH + OUTRAS UNIDADES - SISTEMA DE CONTROLE DE ACESSO E MONITORAMENTO","BENS",153052.0,"2026-01-02","2026-08-03",213.0,"GOIAS - REGIONAL GOIAS","671/2025","Alto",2.0,"2026-07-01","Material",7050.0,"Equipamentos de rede de tic - local e remota",15766.0,"Equipamento Wireless",608239.0,"aplicação: sistema de monitoramento eletrônico, características adicionais: antena integrada de 8.5 dbi; alcance 5+ km, frequência: 2.4, suporte vlan: 32, taxa transmissão: 23","UN",899.0,2.0,1798.0]
["90/2026","Aprovada",null,"DTEL, SDH + OUTRAS UNIDADES - SISTEMA DE CONTROLE DE ACESSO E MONITORAMENTO","BENS",153052.0,"2026-01-02","2026-08-03",213.0,"GOIAS - REGIONAL GOIAS","711/2025","Alto",1.0,"2026-07-01","Material",7050.0,"Equipamentos de rede de tic - local e remota",16158.0,"Patch Panel",474171.0,"altura: 1u, aplicação: rede de informática, categoria: 6a, instalação: rack 19 polegadas, norma padrão: eia/tia 568 a/b, padrão: 19, portas: 24, tipo portas: rj-45 femea na parte frontal","UN",500.0,8.0,4000.0]
["90/2026","Aprovada",null,"DTEL, SDH + OUTRAS UNIDADES - SISTEMA DE CONTROLE DE ACESSO E MONITORAMENTO","BENS",153052.0,"2026-01-02","2026-08-03",213.0,"GOIAS - REGIONAL GOIAS","712/2025","Alto",4.0,"2026-07-01","Material",7050.0,"Equipamentos de rede de tic - local e remota",15766.0,"Equipamento Wireless",484745.0,"aplicação: conexão sem fio de equipamentos em rede, frequência: 5  - 2,4, padrão: 802.11 a/b/g/n/ac","UN",29.0,20.0,580.0]
["90/2026","Aprovada",null,"DTEL, SDH + OUTRAS UNIDADES - SISTEMA DE CONTROLE DE ACESSO E MONITORAMENTO","BENS",153052.0,"2026-01-02","2026-08-03",213.0,"PRPI - PRO-REITORIA DE PESQUISA E INOVAÇÃO","777/2025","Alto",2.0,"2026-03-31","Material",6350.0,"Sistemas diversos de sinalização, alarme e detecção para  segurança",11099.0,"Porteiro Eletrônico",480668.0,"aplicação: sistema de segurança, características adicionais: fechadura eletrônica, componentes: painel externo abs de alta resistência e protetor, tipo sistema: eletrônico","UN",300.0,3.0,900.0]
["90/2026","Aprovada",null,"DTEL, SDH + OUTRAS UNIDADES - SISTEMA DE CONTROLE DE ACESSO E MONITORAMENTO","BENS",153052.0,"2026-01-02","2026-08-03",213.0,"FAV - FACULDADE DE ARTES VISUAIS","15/2025","Médio",9.0,"2026-12-01","Material",7050.0,"EQUIPAMENTOS DE REDE DE TIC - LOCAL E REMOTA",237.0,"ROTEADOR",614914.0,"CARACTERÍSTICAS ADICIONAIS: 4 ANTENAS COBERTURA ATÉ 200M, PROTOCOLO LAN: 4 PORTAS LAN 10, PROTOCOLO WAN: 1 PORTA 10/100/1000MBPS, RECURSO SEGURANÇA: WPA - WPA2 - WPS, TENSÃO ALIMENTAÇÃO: 110/220, TIPO ARQUITETURA: DUAL BAND: PADRÃO WIFI 2,4GHZ (ATÉ 400MBPS) E 5GHZ, TIPO LINHA: IP SEM FIO, VELOCIDADE: 1.266","UN",400.0,6.0,2400.0]
["90/2026","Aprovada",null,"DTEL, SDH + OUTRAS UNIDADES - SISTEMA DE CONTROLE DE ACESSO E MONITORAMENTO","BENS",153052.0,"2026-01-02","2026-08-03",213.0,"DTEL - DIRETORIA DE TELECOMUNICAÇÕES","884/2025","Médio",1.0,"2026-08-01","Material",6350.0,"Sistemas diversos de sinalização, alarme e detecção para  segurança",11099.0,"Porteiro Eletrônico",338418.0,"aplicação: sistema de segurança, características adicionais: fixação sobrepor/proteção contra interpéries/cam-, componentes: painel abs cor alumínio natural e branca/interfone, consumo energia: 3, fonte alimentação: 127/220, tipo sistema: eletrônico","UN",436.9,5.0,2184.5]
["90/2026","Aprovada",null,"DTEL, SDH + OUTRAS UNIDADES - SISTEMA DE CONTROLE DE ACESSO E MONITORAMENTO","BENS",153052.0,"2026-01-02","2026-08-03",213.0,"DTEL - DIRETORIA DE TELECOMUNICAÇÕES","884/2025","Médio",2.0,"2026-08-01","Material",6350.0,"Sistemas diversos de sinalização, alarme e detecção para  segurança",1559.0,"Cancela Automática",257489.0,"comprimento: 6, cor gabinete: vermelha, material braço: alumínio, material gabinete: chapa aço, potência motor acionamento: 1/3, tempo abertura: 2, tensão motor acionamento: 220, tipo: simples, tipo acionamento: controle remoto","UN",4394.8,10.0,43948.0]
["90/2026","Aprovada",null,"DTEL, SDH + OUTRAS UNIDADES - SISTEMA DE CONTROLE DE ACESSO E MONITORAMENTO","BENS",153052.0,"2026-01-02","2026-08-03",213.0,"DTEL - DIRETORIA DE TELECOMUNICAÇÕES","884/2025","Médio",3.0,"2026-08-01","Material",5963.0,"Módulos eletrônicos",14501.0,"Controlador Acesso",443453.0,"tipo: display tipo touch-screen, padrão: stand-alone, tipo conexão: rede local, características adicionais: identificaçao através de biometria/smart card, aplicação: monitoramento e controle de portas de acesso, tipo uso: fechadura do tipo eletroima ou eletromagnética","UN",1736.3,10.0,17363.0]
["90/2026","Aprovada",null,"DTEL, SDH + OUTRAS UNIDADES - SISTEMA DE CONTROLE DE ACESSO E MONITORAMENTO","BENS",153052.0,"2026-01-02","2026-08-03",213.0,"DTEL - DIRETORIA DE TELECOMUNICAÇÕES","884/2025","Médio",4.0,"2026-08-01","Material",6350.0,"Sistemas diversos de sinalização, alarme e detecção para  segurança",11099.0,"Porteiro Eletrônico",338418.0,"aplicação: sistema de segurança, características adicionais: fixação sobrepor/proteção contra interpéries/cam-, componentes: painel abs cor alumínio natural e branca/interfone, consumo energia: 3, fonte alimentação: 127/220, tipo sistema: eletrônico","UN",491.12,10.0,4911.2]
["90/2026","Aprovada",null,"DTEL, SDH + OUTRAS UNIDADES - SISTEMA DE CONTROLE DE ACESSO E MONITORAMENTO","BENS",153052.0,"2026-01-02","2026-08-03",213.0,"DTEL - DIRETORIA DE TELECOMUNICAÇÕES","884/2025","Médio",5.0,"2026-08-01","Material",7050.0,"Equipamentos de rede de tic - local e remota",5522.0,"Switch",448264.0,"aplicação: rede metro como vlan, qos, eaps, xstp e oam, características adicionais: compatível com: padrões 802.3u,802.3z e/ou 802.3ab, quantidade portas: 8, suporte vlan: auto mdi/mdi-x,auto-negociação(speed,duplex,flow c, tipo: demarcador lan/wan redes de acesso, tipo portas: 4(10/100/1000base-tx)2(1000base-x)2(100base-fx/100","UN",390.05,10.0,3900.5]
["90/2026","Aprovada",null,"DTEL, SDH + OUTRAS UNIDADES - SISTEMA DE CONTROLE DE ACESSO E MONITORAMENTO","BENS",153052.0,"2026-01-02","2026-08-03",213.0,"DTEL - DIRETORIA DE TELECOMUNICAÇÕES","884/2025","Médio",6.0,"2026-08-01","Material",5963.0,"Módulos eletrônicos",14501.0,"Controlador Acesso",443453.0,"tipo: display tipo touch-screen, padrão: stand-alone, tipo conexão: rede local, características adicionais: identificaçao através de biometria/smart card, aplicação: monitoramento e controle de portas de acesso, tipo uso: fechadura do tipo eletroima ou eletromagnética","UN",993.15,20.0,19863.0]
["90/2026","Aprovada",null,"DTEL, SDH + OUTRAS UNIDADES - SISTEMA DE CONTROLE DE ACESSO E MONITORAMENTO","BENS",153052.0,"2026-01-02","2026-08-03",213.0,"DTEL - DIRETORIA DE TELECOMUNICAÇÕES","884/2025","Médio",7.0,"2026-08-01","Material",6350.0,"Sistemas diversos de sinalização, alarme e detecção para  segurança",6655.0,"Conjunto Controle Acesso Área Restrita",600326.0,"aplicação: sistema de segurança e controle de acesso, características adicionais: sistema eletro-magnético, componentes: catraca bidirecional com leitor de cartão, cofre c, material: aço inox, quantidade braços: 3, tipo catraca: rotativa","UN",7001.96,30.0,210058.8]
["90/2026","Aprovada",null,"DTEL, SDH + OUTRAS UNIDADES - SISTEMA DE CONTROLE DE ACESSO E MONITORAMENTO","BENS",153052.0,"2026-01-02","2026-08-03",213.0,"DTEL - DIRETORIA DE TELECOMUNICAÇÕES","884/2025","Médio",8.0,"2026-08-01","Material",5830.0,"Sistemas de intercomunicação e amplificação de  voz,  excetoos de aeronaves",8434.0,"Intercomunicador Sem Fio",612333.0,"alimentação: bateria de lítio, conecção simultânea: 6, conexão: wireless, uso: intercomunicação de duas vias","UN",1136.33,40.0,45453.2]
["90/2026","Aprovada",null,"DTEL, SDH + OUTRAS UNIDADES - SISTEMA DE CONTROLE DE ACESSO E MONITORAMENTO","BENS",153052.0,"2026-01-02","2026-08-03",213.0,"DTEL - DIRETORIA DE TELECOMUNICAÇÕES","884/2025","Médio",9.0,"2026-08-01","Material",6330.0,"Sistemas de sinalização e alarme para ferrovias",13690.0,"Controlador Passagem Nível",225348.0,"altura: 120, aplicação: calcula a velocidade da composição do item, acio -, características adicionais: armazena as últimas 1.000 ocorrências/eventos,cál-, fonte alimentação: bateria, largura: 65, profundidade: 59, quantidade bateria: 2, temperatura operação: - 10 a + 80, tensão alimentação: 110/127/220/240, tipo sinalização sonora: com controle de volume diurno e noturno, tipo comunicação: via modem, operação: isolado/centralizado, peso: 83, tipo detector: laço indutivo para detecção presença, sentido des-, tipo saída: apoiada em bateria ou em energia ac, tipo sinalização visual: sistema led, tipo equipamento programação: coletor de dados portátil ou lap-top","UN",933.33,50.0,46666.5]
["90/2026","Aprovada",null,"DTEL, SDH + OUTRAS UNIDADES - SISTEMA DE CONTROLE DE ACESSO E MONITORAMENTO","BENS",153052.0,"2026-01-02","2026-08-03",213.0,"DTEL - DIRETORIA DE TELECOMUNICAÇÕES","884/2025","Médio",10.0,"2026-08-01","Material",6350.0,"Sistemas diversos de sinalização, alarme e detecção para  segurança",17740.0,"Identificador Biométrico Digital",609081.0,"alimentação: 12vdc/1a, aplicação: controle do acesso de pessoas mediante cadastramen, capacidade: 3.000 faces/9.500 digitais/memo min 100.000 regist, características adicionais: control reconhec facial/impress dig/cartao proxim, compatibilidade: windows (32-bit), componentes: leitor reconhec facial/leitor biometr/leitor carta, tipo: controle de acesso","UN",1347.32,60.0,80839.2]
["90/2026","Aprovada",null,"DTEL, SDH + OUTRAS UNIDADES - SISTEMA DE CONTROLE DE ACESSO E MONITORAMENTO","BENS",153052.0,"2026-01-02","2026-08-03",213.0,"DTEL - DIRETORIA DE TELECOMUNICAÇÕES","884/2025","Médio",11.0,"2026-08-01","Material",6350.0,"Sistemas diversos de sinalização, alarme e detecção para  segurança",16123.0,"Leitora Cartão Proximidade",362831.0,"aplicação: identificação de aproximação de pessoa com porte d, características adicionais: saídas usb, criptografia 128 bits","UN",331.46,60.0,19887.6]
["90/2026","Aprovada",null,"DTEL, SDH + OUTRAS UNIDADES - SISTEMA DE CONTROLE DE ACESSO E MONITORAMENTO","BENS",153052.0,"2026-01-02","2026-08-03",213.0,"DTEL - DIRETORIA DE TELECOMUNICAÇÕES","884/2025","Médio",12.0,"2026-08-01","Material",5945.0,"Relés e solenóides",2042.0,"Acionador Eletromagnético",483925.0,"alimentação: 220, altura: 81, aplicação: fechadura eletromagnética, cor: cinza, largura: 32, tipo: fechadura","UN",284.96,100.0,28496.0]
["90/2026","Aprovada",null,"DTEL, SDH + OUTRAS UNIDADES - SISTEMA DE CONTROLE DE ACESSO E MONITORAMENTO","BENS",153052.0,"2026-01-02","2026-08-03",213.0,"DTEL - DIRETORIA DE TELECOMUNICAÇÕES","884/2025","Médio",14.0,"2026-08-01","Material",6350.0,"Sistemas diversos de sinalização, alarme e detecção para  segurança",16388.0,"Central Monitoramento",445125.0,"acessórios: teclado visor lcd, compatibilidade sistemas: comunicação ethernet, dimensões: 273 x 290 x 84, tensão: 110 / 220","UN",1500.0,10.0,15000.0]
["90/2026","Aprovada",null,"DTEL, SDH + OUTRAS UNIDADES - SISTEMA DE CONTROLE DE ACESSO E MONITORAMENTO","BENS",153052.0,"2026-01-02","2026-08-03",213.0,"DTEL - DIRETORIA DE TELECOMUNICAÇÕES","884/2025","Médio",15.0,"2026-08-01","Material",7060.0,"Peças e acessórios para computadores",10307.0,"Painel Eletronico - Sistema Auto-Atendimento",612326.0,"características adicionais: conectividade wi-fi/ethernet, material estrutura: aço inox, tamanho tela: 50, tipo: totem, uso: atendimento diversos","UN",10736.2,20.0,214724.0]
["90/2026","Aprovada",null,"DTEL, SDH + OUTRAS UNIDADES - SISTEMA DE CONTROLE DE ACESSO E MONITORAMENTO","BENS",153052.0,"2026-01-02","2026-08-03",213.0,"DTEL - DIRETORIA DE TELECOMUNICAÇÕES","1028/2025","Médio",5.0,"2026-08-01","Material",5930.0,"Chaves elétricas",3829.0,"Botão Comando",364921.0,"aplicação: controle de acesso, tipo: industrial","UN",102.19,40.0,4087.6]
["90/2026","Aprovada",null,"DTEL, SDH + OUTRAS UNIDADES - SISTEMA DE CONTROLE DE ACESSO E MONITORAMENTO","BENS",153052.0,"2026-01-02","2026-08-03",213.0,"DTEL - DIRETORIA DE TELECOMUNICAÇÕES","1028/2025","Médio",6.0,"2026-08-01","Material",5930.0,"Chaves elétricas",3829.0,"Botão Comando",364921.0,"aplicação: controle de acesso, tipo: industrial","UN",122.24,40.0,4889.6]
["90/2026","Aprovada",null,"DTEL, SDH + OUTRAS UNIDADES - SISTEMA DE CONTROLE DE ACESSO E MONITORAMENTO","BENS",153052.0,"2026-01-02","2026-08-03",213.0,"DTEL - DIRETORIA DE TELECOMUNICAÇÕES","1028/2025","Médio",7.0,"2026-08-01","Material",5930.0,"Chaves elétricas",3829.0,"Botão Comando",393926.0,"aplicação: eletrônica, cor: vermelha, diâmetro furos fixação: 22, número contato: 1 na + 1 nf, tipo: emergência, travamento: trava cogumelo 40","UN",130.26,100.0,13026.0]
["90/2026","Aprovada",null,"DTEL, SDH + OUTRAS UNIDADES - SISTEMA DE CONTROLE DE ACESSO E MONITORAMENTO","BENS",153052.0,"2026-01-02","2026-08-03",213.0,"DTEL - DIRETORIA DE TELECOMUNICAÇÕES","1028/2025","Médio",8.0,"2026-08-01","Material",5930.0,"Chaves elétricas",3829.0,"Botão Comando",308556.0,"cor: verde, corrente nominal: 4, diâmetro furos fixação: 22,5, fixação: por porca de plástico, invólucro: termoplástico, material acionador: termoplástico opaco, material aro: plástico cromado, número contato: 2na+2nf, tensão isolamento: 600, tensão nominal: 500","UN",193.54,100.0,19354.0]
["92/2026","Aprovada",null,"DTEL, SDH + OUTRAS UNIDADES - EQUIPAMENTOS DE CFTV ","CONTRATACOES_TIC",153052.0,"2026-01-02","2026-06-01",150.0,"PRPI - PRO-REITORIA DE PESQUISA E INOVAÇÃO","777/2025","Alto",1.0,"2026-03-31","Material",5836.0,"Equipamentos para gravação e reprodução de vídeo",15041.0,"Câmera Vídeo De Segurança",465997.0,"características adicionais: resolução full hd, infravermelho, componentes adicionais: lente 3,6mm, sistema ntsc, luminosidade mínima: colorido 0,1 lux e preto e branco 0,1, resolução horizontal: 2 megapixel, tipo sensor: cmos 1/3, voltagem: 12\"","UN",300.0,4.0,1200.0]
["92/2026","Aprovada",null,"DTEL, SDH + OUTRAS UNIDADES - EQUIPAMENTOS DE CFTV ","CONTRATACOES_TIC",153052.0,"2026-01-02","2026-06-01",150.0,"DTEL - DIRETORIA DE TELECOMUNICAÇÕES","883/2025","Alto",1.0,"2026-06-01","Material",8145.0,"Recipientes especializados para transporte e armazenagem",7092.0,"Estante Rack",413546.0,"acabamento superficial: pintura epóxi texturizada, características adicionais: kit rodas com travas/2 ventiladores 19/1 régua 8, cor: bege, estrutura: aço, padrão: 19\" x 44u x 570 mm, porta frontal: com chave e visor em acrilico, tipo: de piso\"","UN",2052.09,2.0,4104.18]
["92/2026","Aprovada",null,"DTEL, SDH + OUTRAS UNIDADES - EQUIPAMENTOS DE CFTV ","CONTRATACOES_TIC",153052.0,"2026-01-02","2026-06-01",150.0,"DTEL - DIRETORIA DE TELECOMUNICAÇÕES","883/2025","Alto",2.0,"2026-06-01","Material",5836.0,"Equipamentos para gravação e reprodução de vídeo",15692.0,"Câmera Vídeo",604559.0,"características adicionais: comandos via ip, rs-422 ou rs-232, dimensões aproximadas: 162.9 x 204.6 x 170.6, resolução: 3840 x 2160 pixels, resolução horizontal: 74,10, tensão nominal: bivolt, tipo: ptz, zoom digital: 10, zoom óptico: 24","UN",5036.66,5.0,25183.3]
["92/2026","Aprovada",null,"DTEL, SDH + OUTRAS UNIDADES - EQUIPAMENTOS DE CFTV ","CONTRATACOES_TIC",153052.0,"2026-01-02","2026-06-01",150.0,"DTEL - DIRETORIA DE TELECOMUNICAÇÕES","883/2025","Alto",3.0,"2026-06-01","Material",6350.0,"Sistemas diversos de sinalização, alarme e detecção para  segurança",16121.0,"Sistema Circuito Fechado Tv",480124.0,"aplicação: sistema de segurança, componentes: dvr 32 canais, tipo sistema: gravação digital","CJ",2733.93,5.0,13669.65]
["92/2026","Aprovada",null,"DTEL, SDH + OUTRAS UNIDADES - EQUIPAMENTOS DE CFTV ","CONTRATACOES_TIC",153052.0,"2026-01-02","2026-06-01",150.0,"DTEL - DIRETORIA DE TELECOMUNICAÇÕES","883/2025","Alto",4.0,"2026-06-01","Material",8145.0,"Recipientes especializados para transporte e armazenagem",7092.0,"Estante Rack",482643.0,"acabamento superficial: pintura eletrostática epóxi pó microtexturizado, altura externa: 600, características adicionais: tamanho 12u, estrutura: aço, padrão: 19, porta frontal: acrílico com chave, tipo: parede\"","UN",604.14,5.0,3020.7]
["92/2026","Aprovada",null,"DTEL, SDH + OUTRAS UNIDADES - EQUIPAMENTOS DE CFTV ","CONTRATACOES_TIC",153052.0,"2026-01-02","2026-06-01",150.0,"DTEL - DIRETORIA DE TELECOMUNICAÇÕES","883/2025","Alto",5.0,"2026-06-01","Material",6350.0,"Sistemas diversos de sinalização, alarme e detecção para  segurança",16121.0,"Sistema Circuito Fechado Tv",461472.0,"aplicação: sistema de segurança, características adicionais: gravação com resolução de até 6 megapixels, supor-, componentes: gravador nvr 16 canais, tipo sistema: tecnologia hd/analogica","CJ",3194.9,6.0,19169.4]
["92/2026","Aprovada",null,"DTEL, SDH + OUTRAS UNIDADES - EQUIPAMENTOS DE CFTV ","CONTRATACOES_TIC",153052.0,"2026-01-02","2026-06-01",150.0,"DTEL - DIRETORIA DE TELECOMUNICAÇÕES","883/2025","Alto",6.0,"2026-06-01","Material",7050.0,"Equipamentos de rede de tic - local e remota",5522.0,"Switch",484074.0,"aplicação: conectar microcomputador à rede, características adicionais: mínimo de 04 portas 10 gigabit ethernet compatível, quantidade portas: 24, suporte vlan: 1000base-sx, 1000    base-lx, 1000base-zx, 10gbase, tipo portas: 10/100/1000b base-t auto-sensing\"\"","UN",3194.19,10.0,31941.9]
["92/2026","Aprovada",null,"DTEL, SDH + OUTRAS UNIDADES - EQUIPAMENTOS DE CFTV ","CONTRATACOES_TIC",153052.0,"2026-01-02","2026-06-01",150.0,"DTEL - DIRETORIA DE TELECOMUNICAÇÕES","883/2025","Alto",7.0,"2026-06-01","Material",6350.0,"Sistemas diversos de sinalização, alarme e detecção para  segurança",16121.0,"Sistema Circuito Fechado Tv",461529.0,"aplicação: sistema de segurança, características adicionais: resolução de até 4mp lite para gravação, componentes: dvr 8 canais, tipo sistema: gravação digital","CJ",568.58,10.0,5685.8]
["92/2026","Aprovada",null,"DTEL, SDH + OUTRAS UNIDADES - EQUIPAMENTOS DE CFTV ","CONTRATACOES_TIC",153052.0,"2026-01-02","2026-06-01",150.0,"DTEL - DIRETORIA DE TELECOMUNICAÇÕES","883/2025","Alto",8.0,"2026-06-01","Material",6350.0,"Sistemas diversos de sinalização, alarme e detecção para  segurança",16121.0,"Sistema Circuito Fechado Tv",461472.0,"aplicação: sistema de segurança, características adicionais: gravação com resolução de até 6 megapixels, supor-, componentes: gravador nvr 16 canais, tipo sistema: tecnologia hd/analogica","CJ",1402.96,15.0,21044.4]
["92/2026","Aprovada",null,"DTEL, SDH + OUTRAS UNIDADES - EQUIPAMENTOS DE CFTV ","CONTRATACOES_TIC",153052.0,"2026-01-02","2026-06-01",150.0,"DTEL - DIRETORIA DE TELECOMUNICAÇÕES","883/2025","Alto",9.0,"2026-06-01","Material",6350.0,"Sistemas diversos de sinalização, alarme e detecção para  segurança",16121.0,"Sistema Circuito Fechado Tv",461530.0,"aplicação: sistema de segurança, características adicionais: gravação com resolução de até 5 megapixels, componentes: dvr 16 canais, tipo sistema: gravação digital","CJ",730.88,15.0,10963.2]
["92/2026","Aprovada",null,"DTEL, SDH + OUTRAS UNIDADES - EQUIPAMENTOS DE CFTV ","CONTRATACOES_TIC",153052.0,"2026-01-02","2026-06-01",150.0,"DTEL - DIRETORIA DE TELECOMUNICAÇÕES","883/2025","Alto",10.0,"2026-06-01","Material",5836.0,"Equipamentos para gravação e reprodução de vídeo",15041.0,"Câmera Vídeo De Segurança",465997.0,"características adicionais: resolução full hd, infravermelho, componentes adicionais: lente 3,6mm, sistema ntsc, luminosidade mínima: colorido 0,1 lux e preto e branco 0,1, resolução horizontal: 2 megapixel, tipo sensor: cmos 1/3, voltagem: 12\"","UN",382.09,20.0,7641.8]
["92/2026","Aprovada",null,"DTEL, SDH + OUTRAS UNIDADES - EQUIPAMENTOS DE CFTV ","CONTRATACOES_TIC",153052.0,"2026-01-02","2026-06-01",150.0,"DTEL - DIRETORIA DE TELECOMUNICAÇÕES","883/2025","Alto",11.0,"2026-06-01","Material",5836.0,"Equipamentos para gravação e reprodução de vídeo",15041.0,"Câmera Vídeo De Segurança",465997.0,"características adicionais: resolução full hd, infravermelho, componentes adicionais: lente 3,6mm, sistema ntsc, luminosidade mínima: colorido 0,1 lux e preto e branco 0,1, resolução horizontal: 2 megapixel, tipo sensor: cmos 1/3, voltagem: 12\"","UN",267.9,70.0,18753.0]
["92/2026","Aprovada",null,"DTEL, SDH + OUTRAS UNIDADES - EQUIPAMENTOS DE CFTV ","CONTRATACOES_TIC",153052.0,"2026-01-02","2026-06-01",150.0,"DTEL - DIRETORIA DE TELECOMUNICAÇÕES","883/2025","Alto",12.0,"2026-06-01","Material",5836.0,"Equipamentos para gravação e reprodução de vídeo",15041.0,"Câmera Vídeo De Segurança",465997.0,"características adicionais: resolução full hd, infravermelho, componentes adicionais: lente 3,6mm, sistema ntsc, luminosidade mínima: colorido 0,1 lux e preto e branco 0,1, resolução horizontal: 2 megapixel, tipo sensor: cmos 1/3, voltagem: 12\"","UN",897.34,100.0,89734.0]
["92/2026","Aprovada",null,"DTEL, SDH + OUTRAS UNIDADES - EQUIPAMENTOS DE CFTV ","CONTRATACOES_TIC",153052.0,"2026-01-02","2026-06-01",150.0,"DTEL - DIRETORIA DE TELECOMUNICAÇÕES","883/2025","Alto",13.0,"2026-06-01","Material",5836.0,"Equipamentos para gravação e reprodução de vídeo",15692.0,"Câmera Vídeo",485593.0,"capacidade memória: 1024, material: plástico, resolução: 2592 x 1944 pixels, tensão nominal: 12, tipo: cftv digital colorida","UN",769.99,100.0,76999.0]
["92/2026","Aprovada",null,"DTEL, SDH + OUTRAS UNIDADES - EQUIPAMENTOS DE CFTV ","CONTRATACOES_TIC",153052.0,"2026-01-02","2026-06-01",150.0,"DTEL - DIRETORIA DE TELECOMUNICAÇÕES","883/2025","Alto",14.0,"2026-06-01","Material",5836.0,"Equipamentos para gravação e reprodução de vídeo",15692.0,"Câmera Vídeo",485593.0,"capacidade memória: 1024, material: plástico, resolução: 2592 x 1944 pixels, tensão nominal: 12, tipo: cftv digital colorida","UN",785.44,150.0,117816.0]
["92/2026","Aprovada",null,"DTEL, SDH + OUTRAS UNIDADES - EQUIPAMENTOS DE CFTV ","CONTRATACOES_TIC",153052.0,"2026-01-02","2026-06-01",150.0,"DTEL - DIRETORIA DE TELECOMUNICAÇÕES","883/2025","Alto",15.0,"2026-06-01","Material",5836.0,"Equipamentos para gravação e reprodução de vídeo",15041.0,"Câmera Vídeo De Segurança",465997.0,"características adicionais: resolução full hd, infravermelho, componentes adicionais: lente 3,6mm, sistema ntsc, luminosidade mínima: colorido 0,1 lux e preto e branco 0,1, resolução horizontal: 2 megapixel, tipo sensor: cmos 1/3, voltagem: 12\"","UN",315.86,150.0,47379.0]
["92/2026","Aprovada",null,"DTEL, SDH + OUTRAS UNIDADES - EQUIPAMENTOS DE CFTV ","CONTRATACOES_TIC",153052.0,"2026-01-02","2026-06-01",150.0,"DTEL - DIRETORIA DE TELECOMUNICAÇÕES","883/2025","Alto",16.0,"2026-06-01","Material",7050.0,"Equipamentos de rede de tic - local e remota",5522.0,"Switch",480917.0,"alimentação: 110/220, aplicação: conectar gravador de video, características adicionais: 8 cameras ip, rj-45 saida, quantidade portas: 1, tipo: poe ativo cftv-d","UN",318.68,40.0,12747.2]
["92/2026","Aprovada",null,"DTEL, SDH + OUTRAS UNIDADES - EQUIPAMENTOS DE CFTV ","CONTRATACOES_TIC",153052.0,"2026-01-02","2026-06-01",150.0,"DTEL - DIRETORIA DE TELECOMUNICAÇÕES","883/2025","Alto",17.0,"2026-06-01","Material",7050.0,"Equipamentos de rede de tic - local e remota",15766.0,"Equipamento Wireless",605537.0,"aplicação: alimentação de pontos de acesso, conexão: rj-45, frequência: 60, padrão: ieee802.3af/at, quantidade portas: 4, taxa transmissão: 10/100, tensão alimentação: 9 a 48, tipo: adptador injetor poe","UN",542.53,50.0,27126.5]
["92/2026","Aprovada",null,"DTEL, SDH + OUTRAS UNIDADES - EQUIPAMENTOS DE CFTV ","CONTRATACOES_TIC",153052.0,"2026-01-02","2026-06-01",150.0,"DTEL - DIRETORIA DE TELECOMUNICAÇÕES","883/2025","Alto",19.0,"2026-06-01","Material",5895.0,"Equipamentos diversos para comunicações",9886.0,"Monitor Imagem",604256.0,"altura: 682,2, características adicionais: controle externo rs2323c, rj45, receptor ir;, consumo: 150, largura: 1,211,4, profundidade: 86,5, resolução imagem: 1920 x 1080, tamanho tela: 55, tensão operação: 100 a 240, tipo entrada: hdmi/dp/dvi-d/ops/audio/usb 2.0/usb 3.0/rgb, tipo imagem: winde screen, tipo tela: led","UN",6113.33,4.0,24453.32]
["92/2026","Aprovada",null,"DTEL, SDH + OUTRAS UNIDADES - EQUIPAMENTOS DE CFTV ","CONTRATACOES_TIC",153052.0,"2026-01-02","2026-06-01",150.0,"DTEL - DIRETORIA DE TELECOMUNICAÇÕES","1022/2025","Médio",57.0,"2026-05-01","Material",5963.0,"Módulos eletrônicos",18663.0,"Módulo Eletrônico",476376.0,"aplicação: sistemas de automação e comunicação, modelo: porta ethernet: 1000base-lx, referência fabricante: tcseaaf1lfs00, schneider electric, tipo: módulo adaptador de rede ethernet/ip","UN",900.0,15.0,13500.0]
["92/2026","Aprovada",null,"DTEL, SDH + OUTRAS UNIDADES - EQUIPAMENTOS DE CFTV ","CONTRATACOES_TIC",153052.0,"2026-01-02","2026-06-01",150.0,"DTEL - DIRETORIA DE TELECOMUNICAÇÕES","1029/2025","Médio",1.0,"2026-06-01","Material",7290.0,"Utensílios comerciais e domésticos diversos",15747.0,"Bandeja Suporte Equipamentos",383256.0,"altura: 19, aplicação: suporte para equipamentos, características adicionais: ventilada, padrão rack 19, cor: cinza, largura: 19, profundidade: 70\"","UN",276.04,30.0,8281.2]
["92/2026","Aprovada",null,"DTEL, SDH + OUTRAS UNIDADES - EQUIPAMENTOS DE CFTV ","CONTRATACOES_TIC",153052.0,"2026-01-02","2026-06-01",150.0,"DTEL - DIRETORIA DE TELECOMUNICAÇÕES","1029/2025","Médio",2.0,"2026-06-01","Material",5963.0,"Módulos eletrônicos",19124.0,"Conversor Impedância",345002.0,"características adicionais: possuir interface desbalanceada c/ impedancia de 7, tensão isolamento: 1000, tipo: balun g.703 rj45/bnc, tipo operação: sem fonte de alimentação, velocidade transferência: 2048 mbps","UN",29.0,400.0,11600.0]
["92/2026","Aprovada",null,"DTEL, SDH + OUTRAS UNIDADES - EQUIPAMENTOS DE CFTV ","CONTRATACOES_TIC",153052.0,"2026-01-02","2026-06-01",150.0,"DTEL - DIRETORIA DE TELECOMUNICAÇÕES","1029/2025","Médio",3.0,"2026-06-01","Material",5963.0,"Módulos eletrônicos",19124.0,"Conversor Impedância",394507.0,"aplicação: telefonia, características adicionais: adaptador para conexão, padrão tx/rx, impedância d, componentes: 1 par de cabos coaxial de 75 ohms, um cabo de par, tipo: balun bnc/bnc","UN",20.08,700.0,14056.0]
["80/2026","Aprovada",null,"DTEL + OUTRAS UNIDADES - MATERIAIS E EQUIPAMENTOS PARA MANUTENÇÃO TELEFONIA E OUTROS","BENS",153052.0,"2026-02-02","2026-10-01",241.0,"FD - FACULDADE DE DIREITO","349/2025","Alto",11.0,"2026-04-30","Material",5325.0,"Dispositivos Para Fixação",578.0,"Abraçadeira",614249.0,"aplicação: amarração de cabos e fios, características adicionais: pct 100 un, comprimento total: 100, cor: branca, largura: 2,5, material: náilon, tipo: com ranhuras","PCT",120.0,2.0,240.0]
["80/2026","Aprovada",null,"DTEL + OUTRAS UNIDADES - MATERIAIS E EQUIPAMENTOS PARA MANUTENÇÃO TELEFONIA E OUTROS","BENS",153052.0,"2026-02-02","2026-10-01",241.0,"FD - FACULDADE DE DIREITO","349/2025","Alto",12.0,"2026-04-30","Material",5325.0,"Dispositivos Para Fixação",578.0,"Abraçadeira",625050.0,"comprimento total: 200, largura: 4,5, material: náilon 6.6","PCT",120.0,2.0,240.0]
["80/2026","Aprovada",null,"DTEL + OUTRAS UNIDADES - MATERIAIS E EQUIPAMENTOS PARA MANUTENÇÃO TELEFONIA E OUTROS","BENS",153052.0,"2026-02-02","2026-10-01",241.0,"INF - INSTITUTO DE INFORMÁTICA","360/2025","Médio",1.0,"2026-06-30","Material",6015.0,"Cabos de fibra ótica",16117.0,"Extensão Óptica",465026.0,"caracteristicas adicionais: taxa de dados: 10,5gb/s, comprimento de onda:850nm, comprimento: 10, tipo cabo óptico: sfp-10g-aoc, tipo conector: sfp+/sfp+, tipo extensão: multimodo","UN",400.0,8.0,3200.0]
["80/2026","Aprovada",null,"DTEL + OUTRAS UNIDADES - MATERIAIS E EQUIPAMENTOS PARA MANUTENÇÃO TELEFONIA E OUTROS","BENS",153052.0,"2026-02-02","2026-10-01",241.0,"GOIAS - REGIONAL GOIAS","665/2025","Alto",5.0,"2026-07-01","Material",8145.0,"RECIPIENTES ESPECIALIZADOS PARA TRANSPORTE E ARMAZENAGEM",7092.0,"ESTANTE RACK",607742.0,"APLICAÇÃO: REDE DE INFORMÁTICA, ESTRUTURA: AÇO, PADRÃO: 19 X 9U X 570 MM, PORTA FRONTAL: COM CHAVE E VISOR EM ACRILICO, PORTAS: LATERAIS E TRASEIRAS EM AÇO, TIPO: GABINETE\"","UN",581.0,2.0,1162.0]
["80/2026","Aprovada",null,"DTEL + OUTRAS UNIDADES - MATERIAIS E EQUIPAMENTOS PARA MANUTENÇÃO TELEFONIA E OUTROS","BENS",153052.0,"2026-02-02","2026-10-01",241.0,"CC - CENTRO CULTURAL","703/2025","Alto",1.0,"2026-05-18","Material",4240.0,"Equipamento para segurança e salvamento",6883.0,"Escada Extensível",366447.0,"altura aberta: 3,82, altura fechada: 1, capacidade carga: 150, características adicionais: dobravel em 4 partes/trava e sapatas de segurança, material: alumínio, material degrau: alumínio, quantidade degraus: 12","UN",519.0,1.0,519.0]
["80/2026","Aprovada",null,"DTEL + OUTRAS UNIDADES - MATERIAIS E EQUIPAMENTOS PARA MANUTENÇÃO TELEFONIA E OUTROS","BENS",153052.0,"2026-02-02","2026-10-01",241.0,"BC - BIBLIOTECA CENTRAL","757/2025","Médio",8.0,"2026-07-01","Material",3920.0,"Equipamentos não autopropulsionado para movimentação  de  materiais",4584.0,"Carrinho Transporte",486437.0,"altura: 110, aplicação: transporte de livros, características adicionais: alça de empurrar junto a bandeja superior, cor: azul, largura: 70, material: aço, profundidade: 50, quantidade rodas: 4 rodizios, tipo: 3 bandejas, tratamento superficial: pintura elestrostática epóxi","UN",2500.0,3.0,7500.0]
["80/2026","Aprovada",null,"DTEL + OUTRAS UNIDADES - MATERIAIS E EQUIPAMENTOS PARA MANUTENÇÃO TELEFONIA E OUTROS","BENS",153052.0,"2026-02-02","2026-10-01",241.0,"BC - BIBLIOTECA CENTRAL","757/2025","Médio",10.0,"2026-07-01","Material",5440.0,"Equipamentos para montagem de andaime e formas de concreto",765.0,"Escada Doméstica",399576.0,"altura: 1,90, capacidade: 150, características adicionais: pés antiderrapantes, trava de segurança, material: alumínio, número degraus: 6, peso: 6, tipo: dobrável","UN",260.0,4.0,1040.0]
["80/2026","Aprovada",null,"DTEL + OUTRAS UNIDADES - MATERIAIS E EQUIPAMENTOS PARA MANUTENÇÃO TELEFONIA E OUTROS","BENS",153052.0,"2026-02-02","2026-10-01",241.0,"DTEL - DIRETORIA DE TELECOMUNICAÇÕES","881/2025","Baixo",1.0,"2026-10-01","Material",5440.0,"Equipamentos para montagem de andaime e formas de concreto",6882.0,"Escada Extensível De Alumínio",311521.0,"altura aberta: 9, altura fechada: 4,50, capacidade: 150, características adicionais: c/ trava de segurança nos degráus, peso máx. 20kg, material: liga alumínio estrutural, tipo degraus: (2 x 15) acoplados lado a lado, tipo sapata: antiderrapante","UN",1383.53,1.0,1383.53]
["80/2026","Aprovada",null,"DTEL + OUTRAS UNIDADES - MATERIAIS E EQUIPAMENTOS PARA MANUTENÇÃO TELEFONIA E OUTROS","BENS",153052.0,"2026-02-02","2026-10-01",241.0,"DTEL - DIRETORIA DE TELECOMUNICAÇÕES","881/2025","Baixo",2.0,"2026-10-01","Material",5130.0,"Ferramentas manuais acionadas por força motriz",16083.0,"Esmerilhadeira",601425.0,"características adicionais: disco abrasivo, gatilho de vedação contra poeira., diâmetro disco: 4 1/2, potência: 850, rotação: 11.000, tipo: angular, voltagem: 220","UN",498.94,1.0,498.94]
["80/2026","Aprovada",null,"DTEL + OUTRAS UNIDADES - MATERIAIS E EQUIPAMENTOS PARA MANUTENÇÃO TELEFONIA E OUTROS","BENS",153052.0,"2026-02-02","2026-10-01",241.0,"DTEL - DIRETORIA DE TELECOMUNICAÇÕES","881/2025","Baixo",3.0,"2026-10-01","Material",5130.0,"FERRAMENTAS MANUAIS ACIONADAS POR FORÇA MOTRIZ",7868.0,"FURADEIRA",601881.0,"ACESSÓRIOS: 2 BATERIAS, CARREGADOR E MALETA, CAPACIDADE PERFURAÇÃO AÇO: 13, CAPACIDADE PERFURAÇÃO MADEIRA: 38, CARACTERÍSTICAS ADICIONAIS: MANDRIL SEM CHAVE, GATILHO ELETRÔNICO, LUZ DE LED, TAMANHO MANDRIL: 1/2, TENSÃO ALIMENTAÇÃO: 20, TIPO: IMPACTO E PARAFUSADEIRA","UN",1081.64,2.0,2163.28]
["80/2026","Aprovada",null,"DTEL + OUTRAS UNIDADES - MATERIAIS E EQUIPAMENTOS PARA MANUTENÇÃO TELEFONIA E OUTROS","BENS",153052.0,"2026-02-02","2026-10-01",241.0,"DTEL - DIRETORIA DE TELECOMUNICAÇÕES","881/2025","Baixo",4.0,"2026-10-01","Material",3450.0,"Máquinas-ferramenta portáteis",1122.0,"Martelete",220154.0,"capacidade aspiração: não aplicável, capacidade impactos: 0 a 4.900, capacidade perfuração aço: 13, capacidade perfuração concreto: 24, capacidade perfuração madeira: 32, peso: 2,40, potência: 680, rotação: 0 a 1.050, tensão alimentação: 220/230, tipo: rotativo","UN",984.71,2.0,1969.42]
["80/2026","Aprovada",null,"DTEL + OUTRAS UNIDADES - MATERIAIS E EQUIPAMENTOS PARA MANUTENÇÃO TELEFONIA E OUTROS","BENS",153052.0,"2026-02-02","2026-10-01",241.0,"DTEL - DIRETORIA DE TELECOMUNICAÇÕES","881/2025","Baixo",5.0,"2026-10-01","Material",4240.0,"Equipamento para segurança e salvamento",6883.0,"Escada Extensível",366447.0,"altura aberta: 3,82, altura fechada: 1, capacidade carga: 150, características adicionais: dobravel em 4 partes/trava e sapatas de segurança, material: alumínio, material degrau: alumínio, quantidade degraus: 12","UN",759.9,2.0,1519.8]
["80/2026","Aprovada",null,"DTEL + OUTRAS UNIDADES - MATERIAIS E EQUIPAMENTOS PARA MANUTENÇÃO TELEFONIA E OUTROS","BENS",153052.0,"2026-02-02","2026-10-01",241.0,"DTEL - DIRETORIA DE TELECOMUNICAÇÕES","881/2025","Baixo",6.0,"2026-10-01","Material",5210.0,"Instrumentos de medição para artífices",16988.0,"Nível De Precisão",600320.0,"angulação: 0 a 90, projeção: 2 linhas, raio de alcance: 15, tipo: laser, tipo de nivelamento: automático","UN",750.9,2.0,1501.8]
["80/2026","Aprovada",null,"DTEL + OUTRAS UNIDADES - MATERIAIS E EQUIPAMENTOS PARA MANUTENÇÃO TELEFONIA E OUTROS","BENS",153052.0,"2026-02-02","2026-10-01",241.0,"DTEL - DIRETORIA DE TELECOMUNICAÇÕES","881/2025","Baixo",8.0,"2026-10-01","Material",3694.0,"Equipamentos e instalações para saneamento ambiental",14932.0,"Soprador",391294.0,"acionamento: elétrico, características adicionais: maleta transporte/bocais/protetor/espátulas/acessó, potência: 1800, tipo: térmico, voltagem: 110/230, volume ar: 300 a 500, comprimento: 350, largura: 100, altura: 195","UN",229.64,2.0,459.28]
["80/2026","Aprovada",null,"DTEL + OUTRAS UNIDADES - MATERIAIS E EQUIPAMENTOS PARA MANUTENÇÃO TELEFONIA E OUTROS","BENS",153052.0,"2026-02-02","2026-10-01",241.0,"DTEL - DIRETORIA DE TELECOMUNICAÇÕES","881/2025","Baixo",10.0,"2026-10-01","Material",4240.0,"EQUIPAMENTO PARA SEGURANÇA E SALVAMENTO",6878.0,"ESCADA FIBRA VIDRO",370529.0,"ALTURA: 2,60, CAPACIDADE: 110, CARACTERÍSTICAS ADICIONAIS: TIPO TESOURA, DUPLO ACESSO, PÉS ANTIDERRAPANTES, QUANTIDADE DEGRAUS: 8","UN",1224.21,3.0,3672.63]
["80/2026","Aprovada",null,"DTEL + OUTRAS UNIDADES - MATERIAIS E EQUIPAMENTOS PARA MANUTENÇÃO TELEFONIA E OUTROS","BENS",153052.0,"2026-02-02","2026-10-01",241.0,"DTEL - DIRETORIA DE TELECOMUNICAÇÕES","881/2025","Baixo",11.0,"2026-10-01","Material",5805.0,"Equipamento telefônico e telegráfico",16545.0,"Badisco",256578.0,"aplicação: teste de linhas telefônicas, características adicionais: ergométrico, circuito proteção acústica, chamada a, sinalização: mf/dc, tipo: tecla, tipo alimentação: bateria","UN",121.33,10.0,1213.3]
["80/2026","Aprovada",null,"DTEL + OUTRAS UNIDADES - MATERIAIS E EQUIPAMENTOS PARA MANUTENÇÃO TELEFONIA E OUTROS","BENS",153052.0,"2026-02-02","2026-10-01",241.0,"SEINFRA - SECRETARIA DE INFRAESTRUTURA","939/2025","Médio",1.0,"2026-04-01","Material",4240.0,"Equipamento para segurança e salvamento",6883.0,"Escada Extensível",305221.0,"altura aberta: 9,60, altura fechada: 5,43, cor: laranja, material: fibra vidro, material degrau: alumínio, quantidade degraus: 32","UN",1549.9,1.0,1549.9]
["80/2026","Aprovada",null,"DTEL + OUTRAS UNIDADES - MATERIAIS E EQUIPAMENTOS PARA MANUTENÇÃO TELEFONIA E OUTROS","BENS",153052.0,"2026-02-02","2026-10-01",241.0,"DLOG - DIRETORIA DE LOGÍSTICA","945/2025","Alto",2.0,"2026-04-30","Material",5440.0,"Equipamentos para montagem de andaime e formas de concreto",6882.0,"Escada Extensível De Alumínio",260049.0,"altura aberta: 3,40, altura estendida: 6,30, altura fechada: 3,60, capacidade: 120, material: duralumínio, quantidade degraus: 11, tipo degraus: 2x11, tipo sapata: antiderrapante","UN",710.0,2.0,1420.0]
["80/2026","Aprovada",null,"DTEL + OUTRAS UNIDADES - MATERIAIS E EQUIPAMENTOS PARA MANUTENÇÃO TELEFONIA E OUTROS","BENS",153052.0,"2026-02-02","2026-10-01",241.0,"CERCOMP - CENTRO DE RECURSOS COMPUTACIONAIS","952/2025","Baixo",1.0,"2026-08-01","Material",5805.0,"Equipamento telefônico e telegráfico",5863.0,"Cordão Telefônico",444870.0,"aplicação: cabeamento estruturado tráfego voz,dados e imagens, características adicionais: conectores smf - lc/lc, diâmetro: 9, tipo: óptico monomodo","UN",79.9,4.0,319.6]
["80/2026","Aprovada",null,"DTEL + OUTRAS UNIDADES - MATERIAIS E EQUIPAMENTOS PARA MANUTENÇÃO TELEFONIA E OUTROS","BENS",153052.0,"2026-02-02","2026-10-01",241.0,"CERCOMP - CENTRO DE RECURSOS COMPUTACIONAIS","952/2025","Baixo",2.0,"2026-08-01","Material",5805.0,"Equipamento telefônico e telegráfico",5863.0,"Cordão Telefônico",444871.0,"aplicação: cabeamento estruturado tráfego voz,dados e imagens, características adicionais: conectores smf - lc/sc, diâmetro: 9, tipo: óptico monomodo","UN",79.7,4.0,318.8]
["80/2026","Aprovada",null,"DTEL + OUTRAS UNIDADES - MATERIAIS E EQUIPAMENTOS PARA MANUTENÇÃO TELEFONIA E OUTROS","BENS",153052.0,"2026-02-02","2026-10-01",241.0,"DTEL - DIRETORIA DE TELECOMUNICAÇÕES","1022/2025","Médio",1.0,"2026-05-01","Material",5325.0,"Dispositivos para fixação",578.0,"Abraçadeira",604135.0,"comprimento total: 280, cor: preta, largura: 3,6, material: náilon, tipo: com ranhuras","UN",0.42,1000.0,420.0]
["80/2026","Aprovada",null,"DTEL + OUTRAS UNIDADES - MATERIAIS E EQUIPAMENTOS PARA MANUTENÇÃO TELEFONIA E OUTROS","BENS",153052.0,"2026-02-02","2026-10-01",241.0,"DTEL - DIRETORIA DE TELECOMUNICAÇÕES","1022/2025","Médio",2.0,"2026-05-01","Material",5325.0,"Dispositivos para fixação",578.0,"Abraçadeira",378389.0,"aplicação: fixação tubos e canos, características adicionais: c/ parafuso, bucha e porca p/ ajuste, espessura: 1, material: metal galvanizado, tipo: copo","UN",2.22,250.0,555.0]
["80/2026","Aprovada",null,"DTEL + OUTRAS UNIDADES - MATERIAIS E EQUIPAMENTOS PARA MANUTENÇÃO TELEFONIA E OUTROS","BENS",153052.0,"2026-02-02","2026-10-01",241.0,"DTEL - DIRETORIA DE TELECOMUNICAÇÕES","1022/2025","Médio",3.0,"2026-05-01","Material",5325.0,"Dispositivos para fixação",578.0,"Abraçadeira",343315.0,"aplicação: amarração, comprimento total: 205, largura: 3, material: náilon, tipo: autotravante","UN",1.09,1000.0,1090.0]
["80/2026","Aprovada",null,"DTEL + OUTRAS UNIDADES - MATERIAIS E EQUIPAMENTOS PARA MANUTENÇÃO TELEFONIA E OUTROS","BENS",153052.0,"2026-02-02","2026-10-01",241.0,"DTEL - DIRETORIA DE TELECOMUNICAÇÕES","1022/2025","Médio",4.0,"2026-05-01","Material",5325.0,"Dispositivos para fixação",578.0,"Abraçadeira",447038.0,"aplicação: fixação tubos e canos, cor: cinza, diâmetro amarração: 1, material: pvc - cloreto de polivinila","UN",2.3,4000.0,9200.0]
["80/2026","Aprovada",null,"DTEL + OUTRAS UNIDADES - MATERIAIS E EQUIPAMENTOS PARA MANUTENÇÃO TELEFONIA E OUTROS","BENS",153052.0,"2026-02-02","2026-10-01",241.0,"DTEL - DIRETORIA DE TELECOMUNICAÇÕES","1022/2025","Médio",8.0,"2026-05-01","Material",5805.0,"Equipamento telefônico e telegráfico",14718.0,"Bastidor Telefônico",388245.0,"aplicação: distribuição de ramais em central telefônica, características adicionais: 10 pares contato, tampa e selante, material: aço inox, quantidade blocos: 10, referência: m10 b, tipo: engate rápido","UN",36.0,10.0,360.0]
["80/2026","Aprovada",null,"DTEL + OUTRAS UNIDADES - MATERIAIS E EQUIPAMENTOS PARA MANUTENÇÃO TELEFONIA E OUTROS","BENS",153052.0,"2026-02-02","2026-10-01",241.0,"DTEL - DIRETORIA DE TELECOMUNICAÇÕES","1022/2025","Médio",10.0,"2026-05-01","Material",5805.0,"Equipamento telefônico e telegráfico",3602.0,"Bloco Conector",316061.0,"capacidade conexão: 10 pares, características adicionais: engate rápido, material conector: aço estanhado, material corpo: pvc, tipo: m-10","UN",21.67,10.0,216.7]
["80/2026","Aprovada",null,"DTEL + OUTRAS UNIDADES - MATERIAIS E EQUIPAMENTOS PARA MANUTENÇÃO TELEFONIA E OUTROS","BENS",153052.0,"2026-02-02","2026-10-01",241.0,"DTEL - DIRETORIA DE TELECOMUNICAÇÕES","1022/2025","Médio",14.0,"2026-05-01","Material",5995.0,"Conjuntos de cabos, cordões e fios elétricos para  equipamentos de comunicações",4047.0,"Cabo Extensor",607930.0,"aplicação: transmissão de vídeo à distância, comprimento: 60, tipo: extensor hdmi, tipo saída: hdmi fêmea x rj45 fêmea","UN",184.38,100.0,18438.0]
["80/2026","Aprovada",null,"DTEL + OUTRAS UNIDADES - MATERIAIS E EQUIPAMENTOS PARA MANUTENÇÃO TELEFONIA E OUTROS","BENS",153052.0,"2026-02-02","2026-10-01",241.0,"DTEL - DIRETORIA DE TELECOMUNICAÇÕES","1022/2025","Médio",32.0,"2026-05-01","Material",5325.0,"Dispositivos para fixação",4966.0,"Chumbador Especial",460774.0,"aplicação: fixação em concreto, diâmetro rosca: 5/16, material: aço galvanizado, tipo: parabolt","UN",5.49,250.0,1372.5]
["80/2026","Aprovada",null,"DTEL + OUTRAS UNIDADES - MATERIAIS E EQUIPAMENTOS PARA MANUTENÇÃO TELEFONIA E OUTROS","BENS",153052.0,"2026-02-02","2026-10-01",241.0,"DTEL - DIRETORIA DE TELECOMUNICAÇÕES","1022/2025","Médio",33.0,"2026-05-01","Material",5325.0,"Dispositivos para fixação",4966.0,"Chumbador Especial",480158.0,"aplicação: fixação em concreto, características adicionais: com porca/arruela, comprimento pino: 2 1/2, diâmetro rosca: 3/8, material: aço galvanizado, tipo: parabolt","UN",6.54,250.0,1635.0]
["80/2026","Aprovada",null,"DTEL + OUTRAS UNIDADES - MATERIAIS E EQUIPAMENTOS PARA MANUTENÇÃO TELEFONIA E OUTROS","BENS",153052.0,"2026-02-02","2026-10-01",241.0,"DTEL - DIRETORIA DE TELECOMUNICAÇÕES","1022/2025","Médio",42.0,"2026-05-01","Material",5805.0,"Equipamento telefônico e telegráfico",14750.0,"Conector Telefônico",278836.0,"modelo: rj9, tipo: macho 4vias x 4contatos","UN",0.45,100.0,45.0]
["80/2026","Aprovada",null,"DTEL + OUTRAS UNIDADES - MATERIAIS E EQUIPAMENTOS PARA MANUTENÇÃO TELEFONIA E OUTROS","BENS",153052.0,"2026-02-02","2026-10-01",241.0,"DTEL - DIRETORIA DE TELECOMUNICAÇÕES","1022/2025","Médio",43.0,"2026-05-01","Material",5805.0,"Equipamento telefônico e telegráfico",14750.0,"Conector Telefônico",234770.0,"modelo: rj11, padrão: americano(jack), tipo: macho 4vias x 4contatos","UN",0.64,1000.0,640.0]
["80/2026","Aprovada",null,"DTEL + OUTRAS UNIDADES - MATERIAIS E EQUIPAMENTOS PARA MANUTENÇÃO TELEFONIA E OUTROS","BENS",153052.0,"2026-02-02","2026-10-01",241.0,"DTEL - DIRETORIA DE TELECOMUNICAÇÕES","1022/2025","Médio",63.0,"2026-05-01","Material",6110.0,"Equipamentos de controle elétrico",15666.0,"Quadro Elétrico",352284.0,"aplicação: comando, grau proteção: ip 64, altura: 800, largura: 600, profundidade: 250","UN",1295.09,20.0,25901.8]
["80/2026","Aprovada",null,"DTEL + OUTRAS UNIDADES - MATERIAIS E EQUIPAMENTOS PARA MANUTENÇÃO TELEFONIA E OUTROS","BENS",153052.0,"2026-02-02","2026-10-01",241.0,"DTEL - DIRETORIA DE TELECOMUNICAÇÕES","1022/2025","Médio",64.0,"2026-05-01","Material",6350.0,"Sistemas diversos de sinalização, alarme e detecção para  segurança",1531.0,"Sensor Infravermelho",445150.0,"aplicação: sistema alarme residencial/comercial ou industrial, características adicionais: detector duplo e tamper, cor lente: branca, nível sensibilidade: alta e baixa, tempo acionamento: 2, tensão alimentação: 9 a 18, área cobertura: 12/108","UN",150.0,20.0,3000.0]
["80/2026","Aprovada",null,"DTEL + OUTRAS UNIDADES - MATERIAIS E EQUIPAMENTOS PARA MANUTENÇÃO TELEFONIA E OUTROS","BENS",153052.0,"2026-02-02","2026-10-01",241.0,"DTEL - DIRETORIA DE TELECOMUNICAÇÕES","1022/2025","Médio",65.0,"2026-05-01","Material",6350.0,"Sistemas diversos de sinalização, alarme e detecção para  segurança",1531.0,"Sensor Infravermelho",298408.0,"aplicação: sistema alarme residencial/comercial ou industrial, características adicionais: sensor blindado e interruptor tamper, cor lente: branca, nível sensibilidade: alta e baixa, peso: 75, tempo acionamento: 2, tensão alimentação: 10 a 18, área cobertura: 13/120","UN",50.0,100.0,5000.0]
["80/2026","Aprovada",null,"DTEL + OUTRAS UNIDADES - MATERIAIS E EQUIPAMENTOS PARA MANUTENÇÃO TELEFONIA E OUTROS","BENS",153052.0,"2026-02-02","2026-10-01",241.0,"DTEL - DIRETORIA DE TELECOMUNICAÇÕES","1022/2025","Médio",72.0,"2026-05-01","Material",5950.0,"Bobinas e transformadores",19140.0,"Transformador Baixa Potência",379872.0,"aplicação: central de alarme, corrente nominal: 1,5, tensão primária: 110/220, tensão secundária: 16","UN",50.0,10.0,500.0]
["80/2026","Aprovada",null,"DTEL + OUTRAS UNIDADES - MATERIAIS E EQUIPAMENTOS PARA MANUTENÇÃO TELEFONIA E OUTROS","BENS",153052.0,"2026-02-02","2026-10-01",241.0,"DTEL - DIRETORIA DE TELECOMUNICAÇÕES","1022/2025","Médio",74.0,"2026-05-01","Material",8315.0,"Miudezas e aviamentos para costura",13366.0,"Velcro",465494.0,"aplicação: fixação de cabos, apresentação: fita, comprimento: 3, cor: azul, largura: 20, uso: cabeamento rede","RO",19.14,40.0,765.6]
["80/2026","Aprovada",null,"DTEL + OUTRAS UNIDADES - MATERIAIS E EQUIPAMENTOS PARA MANUTENÇÃO TELEFONIA E OUTROS","BENS",153052.0,"2026-02-02","2026-10-01",241.0,"DTEL - DIRETORIA DE TELECOMUNICAÇÕES","1026/2025","Médio",6.0,"2026-10-01","Material",5310.0,"Porcas e arruelas",642.0,"Arruela",486495.0,"características adicionais: forma a\", diâmetro interno: 3/8, material: aço carbono, tipo: lisa, tratamento superficial: galvanizado\"","UN",0.2,1000.0,200.0]
["80/2026","Aprovada",null,"DTEL + OUTRAS UNIDADES - MATERIAIS E EQUIPAMENTOS PARA MANUTENÇÃO TELEFONIA E OUTROS","BENS",153052.0,"2026-02-02","2026-10-01",241.0,"DTEL - DIRETORIA DE TELECOMUNICAÇÕES","1026/2025","Médio",7.0,"2026-10-01","Material",5310.0,"Porcas e arruelas",642.0,"Arruela",390866.0,"características adicionais: padrão 994 comum, diâmetro externo: 20, diâmetro interno: 5/16, espessura: 1,20, material: aço inoxidável, tipo: lisa, tratamento superficial: galvanizado","UN",0.25,1000.0,250.0]
["80/2026","Aprovada",null,"DTEL + OUTRAS UNIDADES - MATERIAIS E EQUIPAMENTOS PARA MANUTENÇÃO TELEFONIA E OUTROS","BENS",153052.0,"2026-02-02","2026-10-01",241.0,"DTEL - DIRETORIA DE TELECOMUNICAÇÕES","1026/2025","Médio",9.0,"2026-10-01","Material",5133.0,"Brocas, alargadores, escariadores, manuais e para uso em  máquinas",3879.0,"Broca",451692.0,"aplicação: broca piloto para suporte serra copo, diâmetro 1: 85, material: bi metal","UN",14.44,5.0,72.2]
["80/2026","Aprovada",null,"DTEL + OUTRAS UNIDADES - MATERIAIS E EQUIPAMENTOS PARA MANUTENÇÃO TELEFONIA E OUTROS","BENS",153052.0,"2026-02-02","2026-10-01",241.0,"DTEL - DIRETORIA DE TELECOMUNICAÇÕES","1026/2025","Médio",10.0,"2026-10-01","Material",5133.0,"Brocas, alargadores, escariadores, manuais e para uso em  máquinas",3879.0,"Broca",284259.0,"aplicação: martelete/concreto, características adicionais: tipo encaixe sds, comprimento: 200, material: aço rápido, componentes: 7 brocas com diâmetro de 0,6mm; 0,8mm; 10mm; 12mm;","UN",171.87,5.0,859.35]
["80/2026","Aprovada",null,"DTEL + OUTRAS UNIDADES - MATERIAIS E EQUIPAMENTOS PARA MANUTENÇÃO TELEFONIA E OUTROS","BENS",153052.0,"2026-02-02","2026-10-01",241.0,"DTEL - DIRETORIA DE TELECOMUNICAÇÕES","1026/2025","Médio",11.0,"2026-10-01","Material",5133.0,"BROCAS, ALARGADORES, ESCARIADORES, MANUAIS E PARA USO EM  MÁQUINAS",3908.0,"BROCA WÍDIA",479279.0,"APLICAÇÃO: DOBRADIÇA/MADEIRA, COMPRIMENTO: 57, DIÂMETRO: 35, MATERIAL CORPO: AÇO","UN",105.81,2.0,211.62]
["80/2026","Aprovada",null,"DTEL + OUTRAS UNIDADES - MATERIAIS E EQUIPAMENTOS PARA MANUTENÇÃO TELEFONIA E OUTROS","BENS",153052.0,"2026-02-02","2026-10-01",241.0,"DTEL - DIRETORIA DE TELECOMUNICAÇÕES","1026/2025","Médio",12.0,"2026-10-01","Material",5133.0,"Brocas, alargadores, escariadores, manuais e para uso em  máquinas",3908.0,"Broca Wídia",440444.0,"características adicionais: encaixe tipo sds plus, comprimento: 300, diâmetro: 16, material corpo: aço","UN",50.29,2.0,100.58]
["80/2026","Aprovada",null,"DTEL + OUTRAS UNIDADES - MATERIAIS E EQUIPAMENTOS PARA MANUTENÇÃO TELEFONIA E OUTROS","BENS",153052.0,"2026-02-02","2026-10-01",241.0,"DTEL - DIRETORIA DE TELECOMUNICAÇÕES","1026/2025","Médio",13.0,"2026-10-01","Material",5133.0,"Brocas, alargadores, escariadores, manuais e para uso em  máquinas",3908.0,"Broca Wídia",342487.0,"aplicação: perfuração de concreto, características adicionais: encaixe tipo sds plus, comprimento: 450, diâmetro: 25, material corpo: aço","UN",141.01,2.0,282.02]
["80/2026","Aprovada",null,"DTEL + OUTRAS UNIDADES - MATERIAIS E EQUIPAMENTOS PARA MANUTENÇÃO TELEFONIA E OUTROS","BENS",153052.0,"2026-02-02","2026-10-01",241.0,"DTEL - DIRETORIA DE TELECOMUNICAÇÕES","1026/2025","Médio",14.0,"2026-10-01","Material",5365.0,"Anéis, buchas e espaçadores",634.0,"Bucha Parafuso",601982.0,"material: plástico, tamanho: 42 mm, tipo: para drywall e gesso bucha fly 4.","UN",0.58,1000.0,580.0]
["80/2026","Aprovada",null,"DTEL + OUTRAS UNIDADES - MATERIAIS E EQUIPAMENTOS PARA MANUTENÇÃO TELEFONIA E OUTROS","BENS",153052.0,"2026-02-02","2026-10-01",241.0,"DTEL - DIRETORIA DE TELECOMUNICAÇÕES","1026/2025","Médio",15.0,"2026-10-01","Material",5365.0,"Anéis, buchas e espaçadores",634.0,"Bucha Parafuso",359440.0,"material: plástico, tamanho: s-8","UN",0.24,1000.0,240.0]
["80/2026","Aprovada",null,"DTEL + OUTRAS UNIDADES - MATERIAIS E EQUIPAMENTOS PARA MANUTENÇÃO TELEFONIA E OUTROS","BENS",153052.0,"2026-02-02","2026-10-01",241.0,"DTEL - DIRETORIA DE TELECOMUNICAÇÕES","1026/2025","Médio",16.0,"2026-10-01","Material",5365.0,"Anéis, buchas e espaçadores",634.0,"Bucha Parafuso",318018.0,"material: plástico, tamanho: s-6","UN",0.68,10000.0,6800.0]
["80/2026","Aprovada",null,"DTEL + OUTRAS UNIDADES - MATERIAIS E EQUIPAMENTOS PARA MANUTENÇÃO TELEFONIA E OUTROS","BENS",153052.0,"2026-02-02","2026-10-01",241.0,"DTEL - DIRETORIA DE TELECOMUNICAÇÕES","1026/2025","Médio",17.0,"2026-10-01","Material",5365.0,"Anéis, buchas e espaçadores",634.0,"Bucha Parafuso",249217.0,"material: náilon, tamanho: s-6","UN",1.96,1000.0,1960.0]
["80/2026","Aprovada",null,"DTEL + OUTRAS UNIDADES - MATERIAIS E EQUIPAMENTOS PARA MANUTENÇÃO TELEFONIA E OUTROS","BENS",153052.0,"2026-02-02","2026-10-01",241.0,"DTEL - DIRETORIA DE TELECOMUNICAÇÕES","1026/2025","Médio",18.0,"2026-10-01","Material",5365.0,"Anéis, buchas e espaçadores",634.0,"Bucha Parafuso",249218.0,"material: náilon, tamanho: s-8","UN",0.24,1000.0,240.0]
["80/2026","Aprovada",null,"DTEL + OUTRAS UNIDADES - MATERIAIS E EQUIPAMENTOS PARA MANUTENÇÃO TELEFONIA E OUTROS","BENS",153052.0,"2026-02-02","2026-10-01",241.0,"DTEL - DIRETORIA DE TELECOMUNICAÇÕES","1026/2025","Médio",28.0,"2026-10-01","Material",5133.0,"Brocas, alargadores, escariadores, manuais e para uso em  máquinas",18615.0,"Conjunto Broca",424697.0,"aplicação: concreto, características adicionais: ponta de vídea, componentes: 5 peças de 5, 6, 7, 8  e 10mm, material: aço","UN",44.75,6.0,268.5]
["80/2026","Aprovada",null,"DTEL + OUTRAS UNIDADES - MATERIAIS E EQUIPAMENTOS PARA MANUTENÇÃO TELEFONIA E OUTROS","BENS",153052.0,"2026-02-02","2026-10-01",241.0,"DTEL - DIRETORIA DE TELECOMUNICAÇÕES","1026/2025","Médio",29.0,"2026-10-01","Material",5133.0,"Brocas, alargadores, escariadores, manuais e para uso em  máquinas",18615.0,"Conjunto Broca",600873.0,"aplicação: metal, componentes: 1,5/2/2,5/3/3,20/3,5/4/4,5/4,8/5/5,5/6/6,5mm ti, material: aço rápido, normas técnicas: din 338","UN",52.08,6.0,312.48]
["80/2026","Aprovada",null,"DTEL + OUTRAS UNIDADES - MATERIAIS E EQUIPAMENTOS PARA MANUTENÇÃO TELEFONIA E OUTROS","BENS",153052.0,"2026-02-02","2026-10-01",241.0,"DTEL - DIRETORIA DE TELECOMUNICAÇÕES","1026/2025","Médio",32.0,"2026-10-01","Material",5345.0,"Discos e pedras abrasivos",567.0,"Disco Corte",456292.0,"características adicionais: reforçado tela fibra de vidro, diâmetro: 115, diâmetro furo: 22,22, espessura: 1, material: óxido alumínio","UN",7.37,30.0,221.1]
["80/2026","Aprovada",null,"DTEL + OUTRAS UNIDADES - MATERIAIS E EQUIPAMENTOS PARA MANUTENÇÃO TELEFONIA E OUTROS","BENS",153052.0,"2026-02-02","2026-10-01",241.0,"DTEL - DIRETORIA DE TELECOMUNICAÇÕES","1026/2025","Médio",33.0,"2026-10-01","Material",5345.0,"Discos e pedras abrasivos",567.0,"Disco Corte",456292.0,"características adicionais: reforçado tela fibra de vidro, diâmetro: 115, diâmetro furo: 22,22, espessura: 1, material: óxido alumínio","UN",7.96,30.0,238.8]
["80/2026","Aprovada",null,"DTEL + OUTRAS UNIDADES - MATERIAIS E EQUIPAMENTOS PARA MANUTENÇÃO TELEFONIA E OUTROS","BENS",153052.0,"2026-02-02","2026-10-01",241.0,"DTEL - DIRETORIA DE TELECOMUNICAÇÕES","1026/2025","Médio",35.0,"2026-10-01","Material",5999.0,"Componentes elétricos e eletrônicos diversos",14754.0,"Ferramenta De Inserção",435519.0,"aplicação: cabeamento estruturado e telefonia, tipo uso: inserção de fios em bloco m10-b","UN",35.48,10.0,354.8]
["80/2026","Aprovada",null,"DTEL + OUTRAS UNIDADES - MATERIAIS E EQUIPAMENTOS PARA MANUTENÇÃO TELEFONIA E OUTROS","BENS",153052.0,"2026-02-02","2026-10-01",241.0,"DTEL - DIRETORIA DE TELECOMUNICAÇÕES","1026/2025","Médio",36.0,"2026-10-01","Material",5999.0,"Componentes elétricos e eletrônicos diversos",14754.0,"Ferramenta De Inserção",235074.0,"aplicação: inserção cabo utp em tomadas rj-45 / patch-panel, características adicionais: com seleção alto/baixo impacto, tipo uso: equipamento distribuição cabos, componentes: lâmina removível e alojamento guardar lâminas, material cabo: pvc rígido","UN",133.66,10.0,1336.6]
["80/2026","Aprovada",null,"DTEL + OUTRAS UNIDADES - MATERIAIS E EQUIPAMENTOS PARA MANUTENÇÃO TELEFONIA E OUTROS","BENS",153052.0,"2026-02-02","2026-10-01",241.0,"DTEL - DIRETORIA DE TELECOMUNICAÇÕES","1026/2025","Médio",37.0,"2026-10-01","Material",3439.0,"Suprimentos e acessórios para soldas diversas, fracas e  fortes",7401.0,"Ferro De Soldar",372138.0,"aplicação: industrial, características adicionais: resistência convencional, formato ponta: metalizada, material ponta: estanho, potência: 60, tensão: 220","UN",42.97,6.0,257.82]
["80/2026","Aprovada",null,"DTEL + OUTRAS UNIDADES - MATERIAIS E EQUIPAMENTOS PARA MANUTENÇÃO TELEFONIA E OUTROS","BENS",153052.0,"2026-02-02","2026-10-01",241.0,"DTEL - DIRETORIA DE TELECOMUNICAÇÕES","1026/2025","Médio",38.0,"2026-10-01","Material",3439.0,"Suprimentos e acessórios para soldas diversas, fracas e  fortes",1136.0,"Fio Solda",219166.0,"diâmetro: 1, material núcleo: resina, normas técnicas: astm b 32/94, percentual material núcleo: 2,20 a 2,60, prazo validade: 24 meses, teor chumbo: 60, teor estanho: 40","UN",82.15,5.0,410.75]
["80/2026","Aprovada",null,"DTEL + OUTRAS UNIDADES - MATERIAIS E EQUIPAMENTOS PARA MANUTENÇÃO TELEFONIA E OUTROS","BENS",153052.0,"2026-02-02","2026-10-01",241.0,"DTEL - DIRETORIA DE TELECOMUNICAÇÕES","1026/2025","Médio",44.0,"2026-10-01","Material",3439.0,"Suprimentos e acessórios para soldas diversas, fracas e  fortes",1137.0,"Fluxo Solda",467332.0,"aplicação: placas circuito impresso, aspecto físico: pastoso, prazo validade: indeterminado","UN",27.84,5.0,139.2]
["80/2026","Aprovada",null,"DTEL + OUTRAS UNIDADES - MATERIAIS E EQUIPAMENTOS PARA MANUTENÇÃO TELEFONIA E OUTROS","BENS",153052.0,"2026-02-02","2026-10-01",241.0,"DTEL - DIRETORIA DE TELECOMUNICAÇÕES","1026/2025","Médio",45.0,"2026-10-01","Material",5920.0,"Fusíveis interruptores, isolantes e protetores",7886.0,"Fusível Vidro",460439.0,"aplicação: registrador, corrente nominal: 2","UN",0.21,250.0,52.5]
["80/2026","Aprovada",null,"DTEL + OUTRAS UNIDADES - MATERIAIS E EQUIPAMENTOS PARA MANUTENÇÃO TELEFONIA E OUTROS","BENS",153052.0,"2026-02-02","2026-10-01",241.0,"DTEL - DIRETORIA DE TELECOMUNICAÇÕES","1026/2025","Médio",46.0,"2026-10-01","Material",5920.0,"Fusíveis interruptores, isolantes e protetores",7886.0,"Fusível Vidro",448504.0,"aplicação: eletrônica, corrente nominal: 1, tensão nominal: 250, tipo: 3 ag","UN",1.46,250.0,365.0]
["80/2026","Aprovada",null,"DTEL + OUTRAS UNIDADES - MATERIAIS E EQUIPAMENTOS PARA MANUTENÇÃO TELEFONIA E OUTROS","BENS",153052.0,"2026-02-02","2026-10-01",241.0,"DTEL - DIRETORIA DE TELECOMUNICAÇÕES","1026/2025","Médio",51.0,"2026-10-01","Material",5305.0,"Parafusos sem porca",10453.0,"Parafuso Cabeça Chata",356392.0,"características adicionais: cementado,bicromatizado zincado,fenda tipo philips, comprimento nominal: 20, diâmetro nominal: 4, material: ferro","UN",0.9,2000.0,1800.0]
["80/2026","Aprovada",null,"DTEL + OUTRAS UNIDADES - MATERIAIS E EQUIPAMENTOS PARA MANUTENÇÃO TELEFONIA E OUTROS","BENS",153052.0,"2026-02-02","2026-10-01",241.0,"DTEL - DIRETORIA DE TELECOMUNICAÇÕES","1026/2025","Médio",52.0,"2026-10-01","Material",5305.0,"Parafusos sem porca",550.0,"Parafuso Auto-Atarraxante",328727.0,"comprimento: 25, diâmetro corpo: 4,20, material: aço carbono, tipo cabeça: chata, tipo fenda: phillips, tratamento superficial: bicromatizado","UN",0.2,1000.0,200.0]
["80/2026","Aprovada",null,"DTEL + OUTRAS UNIDADES - MATERIAIS E EQUIPAMENTOS PARA MANUTENÇÃO TELEFONIA E OUTROS","BENS",153052.0,"2026-02-02","2026-10-01",241.0,"DTEL - DIRETORIA DE TELECOMUNICAÇÕES","1026/2025","Médio",53.0,"2026-10-01","Material",5305.0,"Parafusos sem porca",14522.0,"Parafuso",277898.0,"características adicionais: rosca whitworth 20 fios/pol, comprimento: 3/4, diâmetro: 1/4, material: aço galvanizado, tipo: cabeça lentilha","UN",0.55,500.0,275.0]
["80/2026","Aprovada",null,"DTEL + OUTRAS UNIDADES - MATERIAIS E EQUIPAMENTOS PARA MANUTENÇÃO TELEFONIA E OUTROS","BENS",153052.0,"2026-02-02","2026-10-01",241.0,"DTEL - DIRETORIA DE TELECOMUNICAÇÕES","1026/2025","Médio",54.0,"2026-10-01","Material",5306.0,"Parafusos com porca",10429.0,"Parafuso Com Porca",356116.0,"características adicionais: arruela lisa e de pressão, comprimento: 3/4, diâmetro: 3/8, material: aço carbono, tipo cabeça: lentilha, tratamento superficial: galvanização por imersão a quente","UN",0.7,500.0,350.0]
["80/2026","Aprovada",null,"DTEL + OUTRAS UNIDADES - MATERIAIS E EQUIPAMENTOS PARA MANUTENÇÃO TELEFONIA E OUTROS","BENS",153052.0,"2026-02-02","2026-10-01",241.0,"DTEL - DIRETORIA DE TELECOMUNICAÇÕES","1026/2025","Médio",55.0,"2026-10-01","Material",5305.0,"Parafusos sem porca",10453.0,"Parafuso Cabeça Chata",251786.0,"características adicionais: sem bucha, comprimento nominal: 12, diâmetro nominal: 2,5, material: aço zincado, tipo rosca: soberba, tipo: auto-atarraxante","UN",0.2,2000.0,400.0]
["80/2026","Aprovada",null,"DTEL + OUTRAS UNIDADES - MATERIAIS E EQUIPAMENTOS PARA MANUTENÇÃO TELEFONIA E OUTROS","BENS",153052.0,"2026-02-02","2026-10-01",241.0,"DTEL - DIRETORIA DE TELECOMUNICAÇÕES","1026/2025","Médio",56.0,"2026-10-01","Material",5305.0,"Parafusos sem porca",550.0,"Parafuso Auto-Atarraxante",326153.0,"aplicação: madeira, comprimento: 70, diâmetro corpo: 4,20, material: aço carbono, tipo cabeça: chata, tipo fenda: reta, tratamento superficial: zincado fosco","UN",0.94,500.0,470.0]
["80/2026","Aprovada",null,"DTEL + OUTRAS UNIDADES - MATERIAIS E EQUIPAMENTOS PARA MANUTENÇÃO TELEFONIA E OUTROS","BENS",153052.0,"2026-02-02","2026-10-01",241.0,"DTEL - DIRETORIA DE TELECOMUNICAÇÕES","1026/2025","Médio",57.0,"2026-10-01","Material",5305.0,"Parafusos sem porca",550.0,"Parafuso Auto-Atarraxante",364775.0,"comprimento: 32, diâmetro corpo: 4,20, material: aço carbono, tipo cabeça: panela, tipo fenda: reta, tratamento superficial: zincado","UN",0.54,1000.0,540.0]
["80/2026","Aprovada",null,"DTEL + OUTRAS UNIDADES - MATERIAIS E EQUIPAMENTOS PARA MANUTENÇÃO TELEFONIA E OUTROS","BENS",153052.0,"2026-02-02","2026-10-01",241.0,"DTEL - DIRETORIA DE TELECOMUNICAÇÕES","1026/2025","Médio",58.0,"2026-10-01","Material",5306.0,"Parafusos com porca",15217.0,"Parafuso Com Bucha E Porca",368684.0,"aplicação: fixação de acessórios e ativos do rack, apresentação: kit (01 porca 01 parafuso), material: aço sae 1070, referência bucha: 19 polegadas, tipo porca: gaiola","UN",1.15,500.0,575.0]
["80/2026","Aprovada",null,"DTEL + OUTRAS UNIDADES - MATERIAIS E EQUIPAMENTOS PARA MANUTENÇÃO TELEFONIA E OUTROS","BENS",153052.0,"2026-02-02","2026-10-01",241.0,"DTEL - DIRETORIA DE TELECOMUNICAÇÕES","1026/2025","Médio",59.0,"2026-10-01","Material",5305.0,"Parafusos sem porca",14522.0,"Parafuso",454318.0,"características adicionais: com bucha, comprimento: 85, diâmetro: 12, material: metal cromado, tipo: cabeça sextavada","UN",1.65,500.0,825.0]
["80/2026","Aprovada",null,"DTEL + OUTRAS UNIDADES - MATERIAIS E EQUIPAMENTOS PARA MANUTENÇÃO TELEFONIA E OUTROS","BENS",153052.0,"2026-02-02","2026-10-01",241.0,"DTEL - DIRETORIA DE TELECOMUNICAÇÕES","1026/2025","Médio",60.0,"2026-10-01","Material",5305.0,"Parafusos sem porca",550.0,"Parafuso Auto-Atarraxante",328722.0,"comprimento: 50, diâmetro corpo: 4,80, material: aço carbono, tipo cabeça: chata, tipo fenda: phillips, tratamento superficial: bicromatizado","UN",0.48,2000.0,960.0]
["80/2026","Aprovada",null,"DTEL + OUTRAS UNIDADES - MATERIAIS E EQUIPAMENTOS PARA MANUTENÇÃO TELEFONIA E OUTROS","BENS",153052.0,"2026-02-02","2026-10-01",241.0,"DTEL - DIRETORIA DE TELECOMUNICAÇÕES","1026/2025","Médio",61.0,"2026-10-01","Material",5305.0,"Parafusos sem porca",550.0,"Parafuso Auto-Atarraxante",364775.0,"comprimento: 32, diâmetro corpo: 4,20, material: aço carbono, tipo cabeça: panela, tipo fenda: reta, tratamento superficial: zincado","UN",0.16,10000.0,1600.0]
["80/2026","Aprovada",null,"DTEL + OUTRAS UNIDADES - MATERIAIS E EQUIPAMENTOS PARA MANUTENÇÃO TELEFONIA E OUTROS","BENS",153052.0,"2026-02-02","2026-10-01",241.0,"DTEL - DIRETORIA DE TELECOMUNICAÇÕES","1026/2025","Médio",67.0,"2026-10-01","Material",9999.0,"Itens diversos",11017.0,"Ponteira",602861.0,"aplicação: parafusadeira, características adicionais: 5 peças ph2 acompanha estojo, material: aço, tipo ponta: philips","UN",46.53,5.0,232.65]
["80/2026","Aprovada",null,"DTEL + OUTRAS UNIDADES - MATERIAIS E EQUIPAMENTOS PARA MANUTENÇÃO TELEFONIA E OUTROS","BENS",153052.0,"2026-02-02","2026-10-01",241.0,"DTEL - DIRETORIA DE TELECOMUNICAÇÕES","1026/2025","Médio",68.0,"2026-10-01","Material",5310.0,"Porcas e arruelas",982.0,"Porca Plana",264598.0,"diâmetro nominal: 3/8, formato: sextavado, material: latão, tipo rosca: curta sae","UN",0.75,500.0,375.0]
["80/2026","Aprovada",null,"DTEL + OUTRAS UNIDADES - MATERIAIS E EQUIPAMENTOS PARA MANUTENÇÃO TELEFONIA E OUTROS","BENS",153052.0,"2026-02-02","2026-10-01",241.0,"DTEL - DIRETORIA DE TELECOMUNICAÇÕES","1026/2025","Médio",69.0,"2026-10-01","Material",5310.0,"Porcas e arruelas",982.0,"Porca Plana",264600.0,"diâmetro nominal: 5/16, formato: sextavado, material: latão, tipo rosca: curta sae","UN",0.79,500.0,395.0]
["80/2026","Aprovada",null,"DTEL + OUTRAS UNIDADES - MATERIAIS E EQUIPAMENTOS PARA MANUTENÇÃO TELEFONIA E OUTROS","BENS",153052.0,"2026-02-02","2026-10-01",241.0,"DTEL - DIRETORIA DE TELECOMUNICAÇÕES","1026/2025","Médio",70.0,"2026-10-01","Material",5320.0,"Rebites",610.0,"Rebite Pop",271419.0,"comprimento: 16, diâmetro corpo: 4, material: alumínio, tipo: comum, tipo aba: abaulado","UN",0.37,250.0,92.5]
["80/2026","Aprovada",null,"DTEL + OUTRAS UNIDADES - MATERIAIS E EQUIPAMENTOS PARA MANUTENÇÃO TELEFONIA E OUTROS","BENS",153052.0,"2026-02-02","2026-10-01",241.0,"DTEL - DIRETORIA DE TELECOMUNICAÇÕES","1026/2025","Médio",75.0,"2026-10-01","Material",5340.0,"Ferragens diversas",16474.0,"Suporte Fixação Serra Copo",270167.0,"características adicionais: com broca piloto, comprimento: 59, diâmetro: 19, diâmetro rosca: 1/2, formato: haste hexagonal, material: aço, tipo: a10, uso: serra copo de 14 a 300 mm","UN",63.92,3.0,191.76]
["80/2026","Aprovada",null,"DTEL + OUTRAS UNIDADES - MATERIAIS E EQUIPAMENTOS PARA MANUTENÇÃO TELEFONIA E OUTROS","BENS",153052.0,"2026-02-02","2026-10-01",241.0,"DTEL - DIRETORIA DE TELECOMUNICAÇÕES","1026/2025","Médio",76.0,"2026-10-01","Material",5340.0,"Ferragens diversas",16474.0,"Suporte Fixação Serra Copo",261992.0,"características adicionais: com broca piloto, comprimento: 67, diâmetro: 30, diâmetro rosca: 5/8, formato: haste hexagonal, material: aço, tipo: a2, uso: serra copo de 32 a 152 mm","UN",62.92,3.0,188.76]
["80/2026","Aprovada",null,"DTEL + OUTRAS UNIDADES - MATERIAIS E EQUIPAMENTOS PARA MANUTENÇÃO TELEFONIA E OUTROS","BENS",153052.0,"2026-02-02","2026-10-01",241.0,"DTEL - DIRETORIA DE TELECOMUNICAÇÕES","1026/2025","Médio",78.0,"2026-10-01","Material",5210.0,"Instrumentos de medição para artífices",968.0,"Trena",279114.0,"características adicionais: caixa plástica resistente, com trava e presilha, g, comprimento: 5, largura lâmina: 25, material: aço","UN",16.85,10.0,168.5]
["80/2026","Aprovada",null,"DTEL + OUTRAS UNIDADES - MATERIAIS E EQUIPAMENTOS PARA MANUTENÇÃO TELEFONIA E OUTROS","BENS",153052.0,"2026-02-02","2026-10-01",241.0,"DTEL - DIRETORIA DE TELECOMUNICAÇÕES","1022/2025","Médio",83.0,"2026-05-01","Material",6110.0,"Equipamentos de controle elétrico",15666.0,"Quadro Elétrico",481353.0,"componentes: placa de montagem, flange superior e inferior, dimensões: 500 x 400 x 200, grau proteção: ip65, material: chapa de aço sae 1008","UN",507.42,20.0,10148.4]
["80/2026","Aprovada",null,"DTEL + OUTRAS UNIDADES - MATERIAIS E EQUIPAMENTOS PARA MANUTENÇÃO TELEFONIA E OUTROS","BENS",153052.0,"2026-02-02","2026-10-01",241.0,"DTEL - DIRETORIA DE TELECOMUNICAÇÕES","1022/2025","Médio",84.0,"2026-05-01","Material",5920.0,"Fusíveis interruptores, isolantes e protetores",19146.0,"Protetor Contra Surto De Tensão",413294.0,"aplicação: proteção elétrica equip. rede telecomunicação, características adicionais: antichama;auto-regenerável s/remoção módulo para t, cor: preta, corrente nominal: 120, estrutura: capa apl; blocos de contatos ci, fixação: bloco de engate rápido, formato corpo: reduzido para proteção em série/paralelo, referência fabricante: mpdg slim rs (bargoa), tecnologia: estado sólido p/sobretensão-ptc p/sobrecorrente, tensão disparo: 195 - 300, tensão nominal: 200 - 300","UN",24.48,200.0,4896.0]
["80/2026","Aprovada",null,"DTEL + OUTRAS UNIDADES - MATERIAIS E EQUIPAMENTOS PARA MANUTENÇÃO TELEFONIA E OUTROS","BENS",153052.0,"2026-02-02","2026-10-01",241.0,"DTEL - DIRETORIA DE TELECOMUNICAÇÕES","1022/2025","Médio",85.0,"2026-05-01","Material",5920.0,"Fusíveis interruptores, isolantes e protetores",19146.0,"Protetor Contra Surto De Tensão",620773.0,"aplicação: proteção contra  surto elétrico, características adicionais: led indicativo de  funcionamento, corrente máxima surto: 10, número de pólos: monopolar, tensão nominal: 100 a 240, tipo: varistor de óxido de zinco","UN",37.67,300.0,11301.0]
["80/2026","Aprovada",null,"DTEL + OUTRAS UNIDADES - MATERIAIS E EQUIPAMENTOS PARA MANUTENÇÃO TELEFONIA E OUTROS","BENS",153052.0,"2026-02-02","2026-10-01",241.0,"DTEL - DIRETORIA DE TELECOMUNICAÇÕES","1028/2025","Médio",1.0,"2026-08-01","Material",5945.0,"Relés e solenóides",2042.0,"Acionador Eletromagnético",483925.0,"alimentação: 220, altura: 81, aplicação: fechadura eletromagnética, cor: cinza, largura: 32, tipo: fechadura","UN",160.21,20.0,3204.2]
["80/2026","Aprovada",null,"DTEL + OUTRAS UNIDADES - MATERIAIS E EQUIPAMENTOS PARA MANUTENÇÃO TELEFONIA E OUTROS","BENS",153052.0,"2026-02-02","2026-10-01",241.0,"DTEL - DIRETORIA DE TELECOMUNICAÇÕES","1028/2025","Médio",2.0,"2026-08-01","Material",5945.0,"Relés e solenóides",2042.0,"Acionador Eletromagnético",483925.0,"alimentação: 220, altura: 81, aplicação: fechadura eletromagnética, cor: cinza, largura: 32, tipo: fechadura","UN",387.85,40.0,15514.0]
["15/2026","Aprovada",null,"MATERIAIS PARA LABORATÓRIO, VIDRARIAS","BENS",153052.0,"2026-03-09","2026-06-19",102.0,"ICB - INSTITUTO DE CIÊNCIAS BIOLÓGICAS","156/2025","Alto",1.0,"2026-08-31","Material",6640.0,"EQUIPAMENTOS E ARTIGOS DE LABORATÓRIO",11016.0,"PONTEIRA LABORATÓRIO",408690.0,"CAPACIDADE: ATÉ 10 MCL, ESTERILIDADE*: APIROGÊNICO, LIVRE DE DNASE E RNASE, MATERIAL: POLIPROPILENO, TIPO USO*: DESCARTÁVEL","UN",0.018,2000.0,36.0]
["15/2026","Aprovada",null,"MATERIAIS PARA LABORATÓRIO, VIDRARIAS","BENS",153052.0,"2026-03-09","2026-06-19",102.0,"ICB - INSTITUTO DE CIÊNCIAS BIOLÓGICAS","156/2025","Alto",2.0,"2026-08-31","Material",6640.0,"EQUIPAMENTOS E ARTIGOS DE LABORATÓRIO",11016.0,"PONTEIRA LABORATÓRIO",408692.0,"CAPACIDADE: ATÉ 1000 MCL, ESTERILIDADE*: APIROGÊNICO, LIVRE DE DNASE E RNASE, MATERIAL: POLIPROPILENO, TIPO USO*: DESCARTÁVEL","UN",0.03,2000.0,60.0]
["15/2026","Aprovada",null,"MATERIAIS PARA LABORATÓRIO, VIDRARIAS","BENS",153052.0,"2026-03-09","2026-06-19",102.0,"ICB - INSTITUTO DE CIÊNCIAS BIOLÓGICAS","156/2025","Alto",3.0,"2026-08-31","Material",6640.0,"Equipamentos e artigos de laboratório",7094.0,"Estante Tubo Ensaio",421510.0,"capacidade*: até 25 unidades, diâmetro tubo: para tubos até 30, material: arame revestido em pvc","UN",50.0,10.0,500.0]
["15/2026","Aprovada",null,"MATERIAIS PARA LABORATÓRIO, VIDRARIAS","BENS",153052.0,"2026-03-09","2026-06-19",102.0,"ICB - INSTITUTO DE CIÊNCIAS BIOLÓGICAS","156/2025","Alto",4.0,"2026-08-31","Material",6640.0,"Equipamentos e artigos de laboratório",9749.0,"Placa De Petri",414290.0,"dimensões: cerca de 20 x 100, formato: redonda, material: vidro","UN",18.0,10.0,180.0]
["15/2026","Aprovada",null,"MATERIAIS PARA LABORATÓRIO, VIDRARIAS","BENS",153052.0,"2026-03-09","2026-06-19",102.0,"ICB - INSTITUTO DE CIÊNCIAS BIOLÓGICAS","156/2025","Alto",5.0,"2026-08-31","Material",6640.0,"Equipamentos e artigos de laboratório",15192.0,"Estante Para Microtubos",434961.0,"adicional: térmica, capacidade: 24 tubos, material: plástico, tamanho: para tubos 0,5 ml a 2","UN",13.42,10.0,134.2]
["15/2026","Aprovada",null,"MATERIAIS PARA LABORATÓRIO, VIDRARIAS","BENS",153052.0,"2026-03-09","2026-06-19",102.0,"ICB - INSTITUTO DE CIÊNCIAS BIOLÓGICAS","156/2025","Alto",6.0,"2026-08-31","Material",6640.0,"Equipamentos e artigos de laboratório",5363.0,"Proveta",409891.0,"adicional: com orla e bico, base: base em vidro, capacidade: 100, graduação: graduada, material: vidro","UN",40.0,10.0,400.0]
["15/2026","Aprovada",null,"MATERIAIS PARA LABORATÓRIO, VIDRARIAS","BENS",153052.0,"2026-03-09","2026-06-19",102.0,"ICB - INSTITUTO DE CIÊNCIAS BIOLÓGICAS","156/2025","Alto",7.0,"2026-08-31","Material",6640.0,"Equipamentos e artigos de laboratório",5363.0,"Proveta",409890.0,"adicional: com orla e bico, base: base plástica, capacidade: 50, graduação: graduada, material: vidro","UN",25.44,5.0,127.2]
["15/2026","Aprovada",null,"MATERIAIS PARA LABORATÓRIO, VIDRARIAS","BENS",153052.0,"2026-03-09","2026-06-19",102.0,"ICB - INSTITUTO DE CIÊNCIAS BIOLÓGICAS","156/2025","Alto",8.0,"2026-08-31","Material",6640.0,"Equipamentos e artigos de laboratório",16363.0,"Cubeta Laboratório",410966.0,"material: acrílico, percurso: caminho ótico 10 mm, volume: 1,5","UN",1.33,100.0,133.0]
["15/2026","Aprovada",null,"MATERIAIS PARA LABORATÓRIO, VIDRARIAS","BENS",153052.0,"2026-03-09","2026-06-19",102.0,"ICB - INSTITUTO DE CIÊNCIAS BIOLÓGICAS","156/2025","Alto",9.0,"2026-08-31","Material",6640.0,"Equipamentos e artigos de laboratório",2671.0,"Balão Laboratório",409252.0,"acessórios: rolha de plástico, capacidade: 100, material: vidro, tipo fundo: fundo chato, tipo uso: volumétrico","UN",40.0,10.0,400.0]
["15/2026","Aprovada",null,"MATERIAIS PARA LABORATÓRIO, VIDRARIAS","BENS",153052.0,"2026-03-09","2026-06-19",102.0,"ICB - INSTITUTO DE CIÊNCIAS BIOLÓGICAS","156/2025","Alto",10.0,"2026-08-31","Material",6640.0,"Equipamentos e artigos de laboratório",2671.0,"Balão Laboratório",409247.0,"acessórios: rolha de plástico, capacidade: 500, material: vidro, tipo fundo: fundo chato, tipo uso: volumétrico","UN",80.0,5.0,400.0]
["15/2026","Aprovada",null,"MATERIAIS PARA LABORATÓRIO, VIDRARIAS","BENS",153052.0,"2026-03-09","2026-06-19",102.0,"ICB - INSTITUTO DE CIÊNCIAS BIOLÓGICAS","156/2025","Alto",11.0,"2026-08-31","Material",6640.0,"Equipamentos e artigos de laboratório",13426.0,"Lâmina Laboratório",409705.0,"dimensões: cerca de 75 x 25, material: vidro, tipo borda: borda fosca, tipo*: lapidada","UN",0.2,300.0,60.0]
["15/2026","Aprovada",null,"MATERIAIS PARA LABORATÓRIO, VIDRARIAS","BENS",153052.0,"2026-03-09","2026-06-19",102.0,"ICB - INSTITUTO DE CIÊNCIAS BIOLÓGICAS","156/2025","Alto",12.0,"2026-08-31","Material",6640.0,"Equipamentos e artigos de laboratório",5526.0,"Cassete Laboratório",424233.0,"adicional: perfurado, aplicação: histológico, componentes: com tampa, dimensões: cerca de 3 x 4, material: plástico","UN",0.48,2500.0,1200.0]
["15/2026","Aprovada",null,"MATERIAIS PARA LABORATÓRIO, VIDRARIAS","BENS",153052.0,"2026-03-09","2026-06-19",102.0,"ICB - INSTITUTO DE CIÊNCIAS BIOLÓGICAS","156/2025","Alto",13.0,"2026-08-31","Material",6640.0,"Equipamentos e artigos de laboratório",8637.0,"Lamínula",409644.0,"dimensões: cerca de 25 x 30, material: vidro","UN",0.08,100.0,8.0]
["15/2026","Aprovada",null,"MATERIAIS PARA LABORATÓRIO, VIDRARIAS","BENS",153052.0,"2026-03-09","2026-06-19",102.0,"ICB - INSTITUTO DE CIÊNCIAS BIOLÓGICAS","156/2025","Alto",14.0,"2026-08-31","Material",6640.0,"Equipamentos e artigos de laboratório",8637.0,"Lamínula",409642.0,"dimensões: cerca de 20 x 20, material: vidro","UN",0.08,100.0,8.0]
["15/2026","Aprovada",null,"MATERIAIS PARA LABORATÓRIO, VIDRARIAS","BENS",153052.0,"2026-03-09","2026-06-19",102.0,"ICB - INSTITUTO DE CIÊNCIAS BIOLÓGICAS","156/2025","Alto",15.0,"2026-08-31","Material",6640.0,"Equipamentos e artigos de laboratório",13654.0,"Navalha Laboratório",464231.0,"adicional: alto perfil, aplicação: para micrótomo, dimensões: cerca de 80 x 15, material: aço inox, revestimento: revestida com cerâmica e ptfe, tipo uso: descartável","UN",14.0,50.0,700.0]
["15/2026","Aprovada",null,"MATERIAIS PARA LABORATÓRIO, VIDRARIAS","BENS",153052.0,"2026-03-09","2026-06-19",102.0,"ICB - INSTITUTO DE CIÊNCIAS BIOLÓGICAS","156/2025","Alto",17.0,"2026-08-31","Material",8040.0,"Adesivos",3262.0,"Bálsamo Do Canadá",244472.0,"aspecto físico: líquido viscoso, cor: amarelo-clara, densidade: 0,99, origem: resina extraída da madeira","FR",500.0,3.0,1500.0]
["15/2026","Aprovada",null,"MATERIAIS PARA LABORATÓRIO, VIDRARIAS","BENS",153052.0,"2026-03-09","2026-06-19",102.0,"ICB - INSTITUTO DE CIÊNCIAS BIOLÓGICAS","156/2025","Alto",18.0,"2026-08-31","Material",6640.0,"Equipamentos e artigos de laboratório",13426.0,"Lâmina Laboratório",409705.0,"dimensões: cerca de 75 x 25, material: vidro, tipo borda: borda fosca, tipo*: lapidada","UN",0.2,500.0,100.0]
["15/2026","Aprovada",null,"MATERIAIS PARA LABORATÓRIO, VIDRARIAS","BENS",153052.0,"2026-03-09","2026-06-19",102.0,"ICB - INSTITUTO DE CIÊNCIAS BIOLÓGICAS","156/2025","Alto",19.0,"2026-08-31","Material",6640.0,"Equipamentos e artigos de laboratório",8637.0,"Lamínula",409644.0,"dimensões: cerca de 25 x 30, material: vidro","UN",0.08,1000.0,80.0]
["15/2026","Aprovada",null,"MATERIAIS PARA LABORATÓRIO, VIDRARIAS","BENS",153052.0,"2026-03-09","2026-06-19",102.0,"ICB - INSTITUTO DE CIÊNCIAS BIOLÓGICAS","156/2025","Alto",20.0,"2026-08-31","Material",6640.0,"Equipamentos e artigos de laboratório",8874.0,"Pipeta",423975.0,"capacidade: 3, material: plástico, tipo: pasteur, tipo uso: descartável","UN",0.6,100.0,60.0]
["15/2026","Aprovada",null,"MATERIAIS PARA LABORATÓRIO, VIDRARIAS","BENS",153052.0,"2026-03-09","2026-06-19",102.0,"ICB - INSTITUTO DE CIÊNCIAS BIOLÓGICAS","156/2025","Alto",21.0,"2026-08-31","Material",6640.0,"Equipamentos e artigos de laboratório",13426.0,"Lâmina Laboratório",409705.0,"dimensões: cerca de 75 x 25, material: vidro, tipo borda: borda fosca, tipo*: lapidada","UN",0.2,1500.0,300.0]
["15/2026","Aprovada",null,"MATERIAIS PARA LABORATÓRIO, VIDRARIAS","BENS",153052.0,"2026-03-09","2026-06-19",102.0,"ICB - INSTITUTO DE CIÊNCIAS BIOLÓGICAS","156/2025","Alto",22.0,"2026-08-31","Material",6640.0,"Equipamentos e artigos de laboratório",8637.0,"Lamínula",409644.0,"dimensões: cerca de 25 x 30, material: vidro","UN",0.08,1500.0,120.0]
["15/2026","Aprovada",null,"MATERIAIS PARA LABORATÓRIO, VIDRARIAS","BENS",153052.0,"2026-03-09","2026-06-19",102.0,"ICB - INSTITUTO DE CIÊNCIAS BIOLÓGICAS","156/2025","Alto",23.0,"2026-08-31","Material",6640.0,"Equipamentos e artigos de laboratório",8874.0,"Pipeta",417814.0,"capacidade: 3, escala: escala 0,5 em 0,5 ml, graduação: graduada, material: plástico, tipo: pasteur, tipo uso: descartável","UN",0.6,500.0,300.0]
["15/2026","Aprovada",null,"MATERIAIS PARA LABORATÓRIO, VIDRARIAS","BENS",153052.0,"2026-03-09","2026-06-19",102.0,"ICB - INSTITUTO DE CIÊNCIAS BIOLÓGICAS","156/2025","Alto",24.0,"2026-08-31","Material",6640.0,"Equipamentos e artigos de laboratório",9759.0,"Microtubo",434218.0,"capacidade: 1,5, característica adicional: apirogênico, livre de dnase e rnase, material: polipropileno, tipo fundo: fundo cônico, tipo tampa: tampa pressão chata","UN",0.046,1000.0,46.0]
["15/2026","Aprovada",null,"MATERIAIS PARA LABORATÓRIO, VIDRARIAS","BENS",153052.0,"2026-03-09","2026-06-19",102.0,"ICB - INSTITUTO DE CIÊNCIAS BIOLÓGICAS","156/2025","Alto",25.0,"2026-08-31","Material",6640.0,"Equipamentos e artigos de laboratório",9759.0,"Microtubo",451047.0,"capacidade: 2, graduação: graduado, material: polipropileno, tipo fundo: fundo cônico, tipo tampa: tampa pressão chata","UN",0.052,1000.0,52.0]
["15/2026","Aprovada",null,"MATERIAIS PARA LABORATÓRIO, VIDRARIAS","BENS",153052.0,"2026-03-09","2026-06-19",102.0,"ICB - INSTITUTO DE CIÊNCIAS BIOLÓGICAS","156/2025","Alto",26.0,"2026-08-31","Material",6640.0,"Equipamentos e artigos de laboratório",13426.0,"Lâmina Laboratório",409705.0,"dimensões: cerca de 75 x 25, material: vidro, tipo borda: borda fosca, tipo*: lapidada","UN",0.2,500.0,100.0]
["15/2026","Aprovada",null,"MATERIAIS PARA LABORATÓRIO, VIDRARIAS","BENS",153052.0,"2026-03-09","2026-06-19",102.0,"ICB - INSTITUTO DE CIÊNCIAS BIOLÓGICAS","156/2025","Alto",27.0,"2026-08-31","Material",6640.0,"Equipamentos e artigos de laboratório",8637.0,"Lamínula",409644.0,"dimensões: cerca de 25 x 30, material: vidro","UN",0.08,1000.0,80.0]
["15/2026","Aprovada",null,"MATERIAIS PARA LABORATÓRIO, VIDRARIAS","BENS",153052.0,"2026-03-09","2026-06-19",102.0,"ICB - INSTITUTO DE CIÊNCIAS BIOLÓGICAS","156/2025","Alto",28.0,"2026-08-31","Material",6640.0,"Equipamentos e artigos de laboratório",8874.0,"Pipeta",423975.0,"capacidade: 3, material: plástico, tipo: pasteur, tipo uso: descartável","UN",0.6,100.0,60.0]
["15/2026","Aprovada",null,"MATERIAIS PARA LABORATÓRIO, VIDRARIAS","BENS",153052.0,"2026-03-09","2026-06-19",102.0,"ICB - INSTITUTO DE CIÊNCIAS BIOLÓGICAS","156/2025","Alto",34.0,"2026-08-31","Material",6640.0,"Equipamentos e artigos de laboratório",2690.0,"Papel De Filtro",408324.0,"diâmetro: cerca de 250, tipo: qualitativo","UN",0.36,100.0,36.0]
["15/2026","Aprovada",null,"MATERIAIS PARA LABORATÓRIO, VIDRARIAS","BENS",153052.0,"2026-03-09","2026-06-19",102.0,"ICB - INSTITUTO DE CIÊNCIAS BIOLÓGICAS","156/2025","Alto",35.0,"2026-08-31","Material",6640.0,"Equipamentos e artigos de laboratório",2690.0,"Papel De Filtro",408318.0,"diâmetro: cerca de 150, tipo: qualitativo","UN",0.18,100.0,18.0]
["15/2026","Aprovada",null,"MATERIAIS PARA LABORATÓRIO, VIDRARIAS","BENS",153052.0,"2026-03-09","2026-06-19",102.0,"ICB - INSTITUTO DE CIÊNCIAS BIOLÓGICAS","156/2025","Alto",36.0,"2026-08-31","Material",6640.0,"Equipamentos e artigos de laboratório",13114.0,"Tubo Laboratório",420834.0,"acessórios: tampa rosqueável, dimensões: cerca de 25 x 150, material: vidro, tipo: ensaio, tipo fundo: fundo redondo","UN",2.0,50.0,100.0]
["15/2026","Aprovada",null,"MATERIAIS PARA LABORATÓRIO, VIDRARIAS","BENS",153052.0,"2026-03-09","2026-06-19",102.0,"ICB - INSTITUTO DE CIÊNCIAS BIOLÓGICAS","156/2025","Alto",37.0,"2026-08-31","Material",6640.0,"Equipamentos e artigos de laboratório",10757.0,"Pipetador",411171.0,"ajuste: tipo pera, capacidade: até 100, componentes*: com 3 vias, material: borracha, tipo: manual","UN",25.0,3.0,75.0]
["15/2026","Aprovada",null,"MATERIAIS PARA LABORATÓRIO, VIDRARIAS","BENS",153052.0,"2026-03-09","2026-06-19",102.0,"ICB - INSTITUTO DE CIÊNCIAS BIOLÓGICAS","156/2025","Alto",38.0,"2026-08-31","Material",6640.0,"Equipamentos e artigos de laboratório",15981.0,"Dessecador",409578.0,"acessórios: com luva e torneira, diâmetro interno: cerca de 30, material: vidro, tipo: para vácuo, tipo tampa: tampa de vidro com vedação","UN",1443.0,2.0,2886.0]
["15/2026","Aprovada",null,"MATERIAIS PARA LABORATÓRIO, VIDRARIAS","BENS",153052.0,"2026-03-09","2026-06-19",102.0,"ICB - INSTITUTO DE CIÊNCIAS BIOLÓGICAS","156/2025","Alto",39.0,"2026-08-31","Material",6640.0,"Equipamentos e artigos de laboratório",2690.0,"Papel De Filtro",425257.0,"adicional: ph neutro, dimensões: cerca de 30 x 40, tipo: para germinação","UN",0.334,500.0,167.0]
["15/2026","Aprovada",null,"MATERIAIS PARA LABORATÓRIO, VIDRARIAS","BENS",153052.0,"2026-03-09","2026-06-19",102.0,"ICB - INSTITUTO DE CIÊNCIAS BIOLÓGICAS","156/2025","Alto",40.0,"2026-08-31","Material",6640.0,"Equipamentos e artigos de laboratório",4736.0,"Funil Laboratório",410081.0,"acessórios: torneira de teflon e rolha de plástico, capacidade: 500, formato: pera, material: vidro","UN",180.0,3.0,540.0]
["15/2026","Aprovada",null,"MATERIAIS PARA LABORATÓRIO, VIDRARIAS","BENS",153052.0,"2026-03-09","2026-06-19",102.0,"ICB - INSTITUTO DE CIÊNCIAS BIOLÓGICAS","156/2025","Alto",41.0,"2026-08-31","Material",6640.0,"Equipamentos e artigos de laboratório",17815.0,"Anel Laboratório",421251.0,"diâmetro: 70, material: ferro","UN",50.0,3.0,150.0]
["15/2026","Aprovada",null,"MATERIAIS PARA LABORATÓRIO, VIDRARIAS","BENS",153052.0,"2026-03-09","2026-06-19",102.0,"ICB - INSTITUTO DE CIÊNCIAS BIOLÓGICAS","156/2025","Alto",42.0,"2026-08-31","Material",6640.0,"Equipamentos e artigos de laboratório",7094.0,"Estante Tubo Ensaio",421510.0,"capacidade*: até 25 unidades, diâmetro tubo: para tubos até 30, material: arame revestido em pvc","UN",90.0,3.0,270.0]
["15/2026","Aprovada",null,"MATERIAIS PARA LABORATÓRIO, VIDRARIAS","BENS",153052.0,"2026-03-09","2026-06-19",102.0,"ICB - INSTITUTO DE CIÊNCIAS BIOLÓGICAS","156/2025","Alto",43.0,"2026-08-31","Material",6640.0,"Equipamentos e artigos de laboratório",8637.0,"Lamínula",409644.0,"dimensões: cerca de 25 x 30, material: vidro","UN",0.08,1500.0,120.0]
["15/2026","Aprovada",null,"MATERIAIS PARA LABORATÓRIO, VIDRARIAS","BENS",153052.0,"2026-03-09","2026-06-19",102.0,"ICB - INSTITUTO DE CIÊNCIAS BIOLÓGICAS","156/2025","Alto",44.0,"2026-08-31","Material",6640.0,"Equipamentos e artigos de laboratório",8637.0,"Lamínula",409646.0,"dimensões: cerca de 25 x 50, material: vidro","UN",0.15,1500.0,225.0]
["15/2026","Aprovada",null,"MATERIAIS PARA LABORATÓRIO, VIDRARIAS","BENS",153052.0,"2026-03-09","2026-06-19",102.0,"ICB - INSTITUTO DE CIÊNCIAS BIOLÓGICAS","156/2025","Alto",45.0,"2026-08-31","Material",6640.0,"Equipamentos e artigos de laboratório",13426.0,"Lâmina Laboratório",409705.0,"dimensões: cerca de 75 x 25, material: vidro, tipo borda: borda fosca, tipo*: lapidada","UN",0.2,750.0,150.0]
["15/2026","Aprovada",null,"MATERIAIS PARA LABORATÓRIO, VIDRARIAS","BENS",153052.0,"2026-03-09","2026-06-19",102.0,"ICB - INSTITUTO DE CIÊNCIAS BIOLÓGICAS","156/2025","Alto",46.0,"2026-08-31","Material",6640.0,"Equipamentos e artigos de laboratório",13654.0,"Navalha Laboratório",464231.0,"adicional: alto perfil, aplicação: para micrótomo, dimensões: cerca de 80 x 15, material: aço inox, revestimento: revestida com cerâmica e ptfe, tipo uso: descartável","UN",14.0,100.0,1400.0]
["15/2026","Aprovada",null,"MATERIAIS PARA LABORATÓRIO, VIDRARIAS","BENS",153052.0,"2026-03-09","2026-06-19",102.0,"ICB - INSTITUTO DE CIÊNCIAS BIOLÓGICAS","156/2025","Alto",47.0,"2026-08-31","Material",6640.0,"Equipamentos e artigos de laboratório",6991.0,"Frasco Laboratório",409439.0,"acessórios: com batoque, capacidade: 500, material: vidro âmbar, tipo: reagente, tipo boca: boca estreita, tipo tampa: tampa rosqueável","UN",12.5,20.0,250.0]
["15/2026","Aprovada",null,"MATERIAIS PARA LABORATÓRIO, VIDRARIAS","BENS",153052.0,"2026-03-09","2026-06-19",102.0,"ICB - INSTITUTO DE CIÊNCIAS BIOLÓGICAS","156/2025","Alto",48.0,"2026-08-31","Material",6640.0,"Equipamentos e artigos de laboratório",6991.0,"Frasco Laboratório",409438.0,"acessórios: com batoque, capacidade: 250, material: vidro âmbar, tipo: reagente, tipo boca: boca estreita, tipo tampa: tampa rosqueável","UN",8.0,40.0,320.0]
["15/2026","Aprovada",null,"MATERIAIS PARA LABORATÓRIO, VIDRARIAS","BENS",153052.0,"2026-03-09","2026-06-19",102.0,"ICB - INSTITUTO DE CIÊNCIAS BIOLÓGICAS","156/2025","Alto",49.0,"2026-08-31","Material",6640.0,"Equipamentos e artigos de laboratório",6991.0,"Frasco Laboratório",409442.0,"acessórios: com batoque, capacidade: 100, material: vidro âmbar, tipo: reagente, tipo boca: boca estreita, tipo tampa: tampa rosqueável","UN",3.71,100.0,371.0]
["15/2026","Aprovada",null,"MATERIAIS PARA LABORATÓRIO, VIDRARIAS","BENS",153052.0,"2026-03-09","2026-06-19",102.0,"ICB - INSTITUTO DE CIÊNCIAS BIOLÓGICAS","156/2025","Alto",50.0,"2026-08-31","Material",6640.0,"Equipamentos e artigos de laboratório",6991.0,"Frasco Laboratório",411263.0,"acessórios: com batoque, capacidade: 60, material: vidro âmbar, tipo: reagente, tipo boca: boca estreita, tipo tampa: tampa rosqueável","UN",3.5,100.0,350.0]
["15/2026","Aprovada",null,"MATERIAIS PARA LABORATÓRIO, VIDRARIAS","BENS",153052.0,"2026-03-09","2026-06-19",102.0,"ICB - INSTITUTO DE CIÊNCIAS BIOLÓGICAS","156/2025","Alto",51.0,"2026-08-31","Material",6640.0,"Equipamentos e artigos de laboratório",13114.0,"Tubo Laboratório",409041.0,"adicional: com orla, dimensões: cerca de 20 x 200, material: vidro, tipo: ensaio, tipo fundo: fundo redondo","UN",4.77,50.0,238.5]
["15/2026","Aprovada",null,"MATERIAIS PARA LABORATÓRIO, VIDRARIAS","BENS",153052.0,"2026-03-09","2026-06-19",102.0,"ICB - INSTITUTO DE CIÊNCIAS BIOLÓGICAS","156/2025","Alto",52.0,"2026-08-31","Material",6640.0,"Equipamentos e artigos de laboratório",13114.0,"Tubo Laboratório",420834.0,"acessórios: tampa rosqueável, dimensões: cerca de 25 x 150, material: vidro, tipo: ensaio, tipo fundo: fundo redondo","UN",1.7,200.0,340.0]
["15/2026","Aprovada",null,"MATERIAIS PARA LABORATÓRIO, VIDRARIAS","BENS",153052.0,"2026-03-09","2026-06-19",102.0,"ICB - INSTITUTO DE CIÊNCIAS BIOLÓGICAS","156/2025","Alto",53.0,"2026-08-31","Material",6640.0,"Equipamentos e artigos de laboratório",4352.0,"Câmara Contagem",411380.0,"característica adicional: espelhada, material: vidro, profundidade: profundidade cerca de 0,1, tipo: neubauer","UN",350.0,4.0,1400.0]
["15/2026","Aprovada",null,"MATERIAIS PARA LABORATÓRIO, VIDRARIAS","BENS",153052.0,"2026-03-09","2026-06-19",102.0,"ICB - INSTITUTO DE CIÊNCIAS BIOLÓGICAS","156/2025","Alto",54.0,"2026-08-31","Material",6640.0,"Equipamentos e artigos de laboratório",8637.0,"Lamínula",409644.0,"dimensões: cerca de 25 x 30, material: vidro","UN",0.08,400.0,32.0]
["15/2026","Aprovada",null,"MATERIAIS PARA LABORATÓRIO, VIDRARIAS","BENS",153052.0,"2026-03-09","2026-06-19",102.0,"ICB - INSTITUTO DE CIÊNCIAS BIOLÓGICAS","156/2025","Alto",55.0,"2026-08-31","Material",6640.0,"Equipamentos e artigos de laboratório",13426.0,"Lâmina Laboratório",409705.0,"dimensões: cerca de 75 x 25, material: vidro, tipo borda: borda fosca, tipo*: lapidada","UN",0.2,200.0,40.0]
["15/2026","Aprovada",null,"MATERIAIS PARA LABORATÓRIO, VIDRARIAS","BENS",153052.0,"2026-03-09","2026-06-19",102.0,"ICB - INSTITUTO DE CIÊNCIAS BIOLÓGICAS","156/2025","Alto",57.0,"2026-08-31","Material",6640.0,"Equipamentos e artigos de laboratório",11016.0,"Ponteira Laboratório",408691.0,"capacidade: até 200 mcl, esterilidade*: apirogênico, livre de dnase e rnase, material: polipropileno, tipo uso*: descartável","UN",0.04,2000.0,80.0]
["15/2026","Aprovada",null,"MATERIAIS PARA LABORATÓRIO, VIDRARIAS","BENS",153052.0,"2026-03-09","2026-06-19",102.0,"ICB - INSTITUTO DE CIÊNCIAS BIOLÓGICAS","156/2025","Alto",58.0,"2026-08-31","Material",6640.0,"Equipamentos e artigos de laboratório",11016.0,"Ponteira Laboratório",408692.0,"capacidade: até 1000 mcl, esterilidade*: apirogênico, livre de dnase e rnase, material: polipropileno, tipo uso*: descartável","UN",0.03,1000.0,30.0]
["15/2026","Aprovada",null,"MATERIAIS PARA LABORATÓRIO, VIDRARIAS","BENS",153052.0,"2026-03-09","2026-06-19",102.0,"FF - FACULDADE DE FÁRMACIA","193/2025","Médio",6.0,"2026-08-01","Material",6640.0,"EQUIPAMENTOS E ARTIGOS DE LABORATÓRIO",9748.0,"MICROPIPETA",424686.0,"ADICIONAL: AUTOCLAVÁVEL, AJUSTE: VOLUME REGULÁVEL, CAPACIDADE ASPIRAÇÃO: ATÉ 1000, COMPONENTES: COM EJETOR DE PONTEIRA, TIPO*: MONOCANAL, MECÂNICA","UN",542.44,10.0,5424.4]
["15/2026","Aprovada",null,"MATERIAIS PARA LABORATÓRIO, VIDRARIAS","BENS",153052.0,"2026-03-09","2026-06-19",102.0,"FF - FACULDADE DE FÁRMACIA","193/2025","Médio",7.0,"2026-08-01","Material",6640.0,"EQUIPAMENTOS E ARTIGOS DE LABORATÓRIO",9748.0,"MICROPIPETA",424685.0,"ADICIONAL: AUTOCLAVÁVEL, AJUSTE: VOLUME REGULÁVEL, CAPACIDADE ASPIRAÇÃO: ATÉ 200, COMPONENTES: COM EJETOR DE PONTEIRA, TIPO*: MONOCANAL, MECÂNICA","UN",187.0,10.0,1870.0]
["15/2026","Aprovada",null,"MATERIAIS PARA LABORATÓRIO, VIDRARIAS","BENS",153052.0,"2026-03-09","2026-06-19",102.0,"FF - FACULDADE DE FÁRMACIA","193/2025","Médio",8.0,"2026-08-01","Material",6640.0,"EQUIPAMENTOS E ARTIGOS DE LABORATÓRIO",9748.0,"MICROPIPETA",409082.0,"ADICIONAL: AUTOCLAVÁVEL, AJUSTE: VOLUME REGULÁVEL, CAPACIDADE ASPIRAÇÃO: ATÉ 10, COMPONENTES: COM EJETOR DE PONTEIRA, SUPORTE, TIPO*: MONOCANAL, MECÂNICA","UN",845.0,8.0,6760.0]
["15/2026","Aprovada",null,"MATERIAIS PARA LABORATÓRIO, VIDRARIAS","BENS",153052.0,"2026-03-09","2026-06-19",102.0,"FF - FACULDADE DE FÁRMACIA","193/2025","Médio",11.0,"2026-08-01","Material",6640.0,"EQUIPAMENTOS E ARTIGOS DE LABORATÓRIO",7875.0,"SUPORTE LABORATÓRIO",417188.0,"APLICAÇÃO: PARA MICROPIPETAS, BASE: GIRATÓRIA, CAPACIDADE: ATÉ 10 UNIDADES, MATERIAL: PLÁSTICO, TIPO: ESTANTE","UN",155.0,10.0,1550.0]
["15/2026","Aprovada",null,"MATERIAIS PARA LABORATÓRIO, VIDRARIAS","BENS",153052.0,"2026-03-09","2026-06-19",102.0,"CEPAE - CENTRO DE ENSINO E PESQUISA APLICADA À EDUCAÇÃO","165/2025","Médio",1.0,"2026-02-03","Material",6640.0,"Equipamentos e artigos de laboratório",13426.0,"Lâmina Laboratório",446931.0,"adicional: para patologia, aplicação: preparada, dimensões: cerca de 75 x 25, material: vidro","UN",0.6,200.0,120.0]
["15/2026","Aprovada",null,"MATERIAIS PARA LABORATÓRIO, VIDRARIAS","BENS",153052.0,"2026-03-09","2026-06-19",102.0,"CEPAE - CENTRO DE ENSINO E PESQUISA APLICADA À EDUCAÇÃO","165/2025","Médio",2.0,"2026-02-03","Material",6640.0,"Equipamentos e artigos de laboratório",8637.0,"Lamínula",625517.0,"dimensões: cerca de 15, formato: redonda, material: vidro siliconizado","UN",0.15,300.0,45.0]
["15/2026","Aprovada",null,"MATERIAIS PARA LABORATÓRIO, VIDRARIAS","BENS",153052.0,"2026-03-09","2026-06-19",102.0,"CEPAE - CENTRO DE ENSINO E PESQUISA APLICADA À EDUCAÇÃO","165/2025","Médio",3.0,"2026-02-03","Material",6640.0,"Equipamentos e artigos de laboratório",8874.0,"Pipeta",452500.0,"capacidade: 10, material: plástico, tipo: pasteur, tipo uso: descartável","UN",1.0,100.0,100.0]
["15/2026","Aprovada",null,"MATERIAIS PARA LABORATÓRIO, VIDRARIAS","BENS",153052.0,"2026-03-09","2026-06-19",102.0,"IPTSP - INSTITUTO DE PATOLOGIA TROPICAL E SAÚDE PÚBLICA","141/2025","Médio",32.0,"2026-07-31","Material",6640.0,"Equipamentos e artigos de laboratório",15027.0,"Barra Magnética",419146.0,"características adicionais: lisa, dimensões: cerca de 7 x 30, formato: cilíndrico, material: revestida em ptfe","UN",18.4,2.0,36.8]
["15/2026","Aprovada",null,"MATERIAIS PARA LABORATÓRIO, VIDRARIAS","BENS",153052.0,"2026-03-09","2026-06-19",102.0,"IPTSP - INSTITUTO DE PATOLOGIA TROPICAL E SAÚDE PÚBLICA","141/2025","Médio",33.0,"2026-07-31","Material",6640.0,"EQUIPAMENTOS E ARTIGOS DE LABORATÓRIO",14152.0,"FRASCO PARA CULTURA CELULAR",440058.0,"ADICIONAL: COM FILTRO ESTÉRIL, COMPONENTES: COM BOCAL INCLINADO, ESTERILIDADE*: ESTÉRIL, APIROGÊNICO, LIVRE DE DNASE E RNASE, GRADUAÇÃO: GRADUADO, MATERIAL: POLIESTIRENO, OPACICIDADE: TRANSPARENTE, TIPO TAMPA: TAMPA ROSQUEÁVEL, TIPO USO: DESCARTÁVEL, ÁREA: 25","UN",7.3,100.0,730.0]
["15/2026","Aprovada",null,"MATERIAIS PARA LABORATÓRIO, VIDRARIAS","BENS",153052.0,"2026-03-09","2026-06-19",102.0,"IPTSP - INSTITUTO DE PATOLOGIA TROPICAL E SAÚDE PÚBLICA","141/2025","Médio",34.0,"2026-07-31","Material",6640.0,"Equipamentos e artigos de laboratório",6991.0,"Frasco Laboratório",409443.0,"capacidade: 250, graduação: graduado, material: vidro, tipo: reagente, tipo tampa: tampa rosqueável com vedação","UN",30.0,5.0,150.0]
["15/2026","Aprovada",null,"MATERIAIS PARA LABORATÓRIO, VIDRARIAS","BENS",153052.0,"2026-03-09","2026-06-19",102.0,"IPTSP - INSTITUTO DE PATOLOGIA TROPICAL E SAÚDE PÚBLICA","141/2025","Médio",35.0,"2026-07-31","Material",6640.0,"Equipamentos e artigos de laboratório",6991.0,"Frasco Laboratório",409444.0,"capacidade: 500, graduação: graduado, material: vidro, tipo: reagente, tipo tampa: tampa rosqueável com vedação","UN",32.4,9.0,291.6]
["15/2026","Aprovada",null,"MATERIAIS PARA LABORATÓRIO, VIDRARIAS","BENS",153052.0,"2026-03-09","2026-06-19",102.0,"IPTSP - INSTITUTO DE PATOLOGIA TROPICAL E SAÚDE PÚBLICA","141/2025","Médio",36.0,"2026-07-31","Material",6640.0,"Equipamentos e artigos de laboratório",6991.0,"Frasco Laboratório",409445.0,"capacidade: 1000, graduação: graduado, material: vidro, tipo: reagente, tipo tampa: tampa rosqueável com vedação","UN",49.0,2.0,98.0]
["15/2026","Aprovada",null,"MATERIAIS PARA LABORATÓRIO, VIDRARIAS","BENS",153052.0,"2026-03-09","2026-06-19",102.0,"IPTSP - INSTITUTO DE PATOLOGIA TROPICAL E SAÚDE PÚBLICA","141/2025","Médio",37.0,"2026-07-31","Material",6640.0,"Equipamentos e artigos de laboratório",13426.0,"Lâmina Laboratório",409706.0,"dimensões: cerca de 75 x 25, material: vidro, tipo borda: borda fosca","UN",8.12,28.0,227.36]
["15/2026","Aprovada",null,"MATERIAIS PARA LABORATÓRIO, VIDRARIAS","BENS",153052.0,"2026-03-09","2026-06-19",102.0,"IPTSP - INSTITUTO DE PATOLOGIA TROPICAL E SAÚDE PÚBLICA","141/2025","Médio",38.0,"2026-07-31","Material",6640.0,"Equipamentos e artigos de laboratório",8637.0,"Lamínula",409642.0,"dimensões: cerca de 20 x 20, material: vidro","UN",3.95,4.0,15.8]
["15/2026","Aprovada",null,"MATERIAIS PARA LABORATÓRIO, VIDRARIAS","BENS",153052.0,"2026-03-09","2026-06-19",102.0,"IPTSP - INSTITUTO DE PATOLOGIA TROPICAL E SAÚDE PÚBLICA","141/2025","Médio",39.0,"2026-07-31","Material",6640.0,"Equipamentos e artigos de laboratório",9748.0,"Micropipeta",424686.0,"adicional: autoclavável, ajuste: volume regulável, capacidade aspiração: até 1000, componentes: com ejetor de ponteira, tipo*: monocanal, mecânica","UN",427.0,6.0,2562.0]
["15/2026","Aprovada",null,"MATERIAIS PARA LABORATÓRIO, VIDRARIAS","BENS",153052.0,"2026-03-09","2026-06-19",102.0,"IPTSP - INSTITUTO DE PATOLOGIA TROPICAL E SAÚDE PÚBLICA","141/2025","Médio",40.0,"2026-07-31","Material",6640.0,"Equipamentos e artigos de laboratório",9748.0,"Micropipeta",424684.0,"adicional: autoclavável, ajuste: volume regulável, capacidade aspiração: até 20, componentes: com ejetor de ponteira, tipo*: monocanal, mecânica","UN",438.0,4.0,1752.0]
["15/2026","Aprovada",null,"MATERIAIS PARA LABORATÓRIO, VIDRARIAS","BENS",153052.0,"2026-03-09","2026-06-19",102.0,"IPTSP - INSTITUTO DE PATOLOGIA TROPICAL E SAÚDE PÚBLICA","141/2025","Médio",41.0,"2026-07-31","Material",6640.0,"Equipamentos e artigos de laboratório",9748.0,"Micropipeta",424685.0,"adicional: autoclavável, ajuste: volume regulável, capacidade aspiração: até 200, componentes: com ejetor de ponteira, tipo*: monocanal, mecânica","UN",427.0,4.0,1708.0]
["15/2026","Aprovada",null,"MATERIAIS PARA LABORATÓRIO, VIDRARIAS","BENS",153052.0,"2026-03-09","2026-06-19",102.0,"IPTSP - INSTITUTO DE PATOLOGIA TROPICAL E SAÚDE PÚBLICA","141/2025","Médio",42.0,"2026-07-31","Material",6640.0,"Equipamentos e artigos de laboratório",9759.0,"Microtubo",408179.0,"capacidade: 1,5, característica adicional: apirogênico, livre de dnase e rnase, graduação: graduado, material: polipropileno, tipo fundo: fundo cônico, tipo tampa: tampa pressão chata","UN",72.67,2.0,145.34]
["15/2026","Aprovada",null,"MATERIAIS PARA LABORATÓRIO, VIDRARIAS","BENS",153052.0,"2026-03-09","2026-06-19",102.0,"IPTSP - INSTITUTO DE PATOLOGIA TROPICAL E SAÚDE PÚBLICA","141/2025","Médio",43.0,"2026-07-31","Material",6640.0,"Equipamentos e artigos de laboratório",9759.0,"Microtubo",408182.0,"capacidade: 2, característica adicional: apirogênico, livre de dnase e rnase, graduação: graduado, material: polipropileno, tipo fundo: fundo cônico, tipo tampa: tampa pressão chata","UN",69.9,2.0,139.8]
["15/2026","Aprovada",null,"MATERIAIS PARA LABORATÓRIO, VIDRARIAS","BENS",153052.0,"2026-03-09","2026-06-19",102.0,"IPTSP - INSTITUTO DE PATOLOGIA TROPICAL E SAÚDE PÚBLICA","141/2025","Médio",44.0,"2026-07-31","Material",6640.0,"Equipamentos e artigos de laboratório",10679.0,"Pérola De Vidro - Laboratório",474751.0,"diâmetro: cerca de 4","KG",76.9,1.0,76.9]
["15/2026","Aprovada",null,"MATERIAIS PARA LABORATÓRIO, VIDRARIAS","BENS",153052.0,"2026-03-09","2026-06-19",102.0,"IPTSP - INSTITUTO DE PATOLOGIA TROPICAL E SAÚDE PÚBLICA","141/2025","Médio",45.0,"2026-07-31","Material",6640.0,"EQUIPAMENTOS E ARTIGOS DE LABORATÓRIO",8874.0,"PIPETA",410532.0,"ACESSÓRIOS: COM FILTRO HIDRÓFOBO, CAPACIDADE: 10, EMBALAGEM: EMBALAGEM INDIVIDUAL, ESCALA: ESCALA 0,1 EM 0,1 ML, ESTERILIDADE: ESTÉRIL, GRADUAÇÃO: GRADUADA, MATERIAL: PLÁSTICO, TIPO: SOROLÓGICA, TIPO USO: DESCARTÁVEL","UN",2.35,100.0,235.0]
["15/2026","Aprovada",null,"MATERIAIS PARA LABORATÓRIO, VIDRARIAS","BENS",153052.0,"2026-03-09","2026-06-19",102.0,"IPTSP - INSTITUTO DE PATOLOGIA TROPICAL E SAÚDE PÚBLICA","141/2025","Médio",46.0,"2026-07-31","Material",6640.0,"EQUIPAMENTOS E ARTIGOS DE LABORATÓRIO",8874.0,"PIPETA",410528.0,"ACESSÓRIOS: COM FILTRO HIDRÓFOBO, CAPACIDADE: 5, EMBALAGEM: EMBALAGEM INDIVIDUAL, ESCALA: ESCALA 0,1 EM 0,1 ML, ESTERILIDADE: ESTÉRIL, GRADUAÇÃO: GRADUADA, MATERIAL: PLÁSTICO, TIPO: SOROLÓGICA, TIPO USO: DESCARTÁVEL","UN",2.25,100.0,225.0]
["15/2026","Aprovada",null,"MATERIAIS PARA LABORATÓRIO, VIDRARIAS","BENS",153052.0,"2026-03-09","2026-06-19",102.0,"IPTSP - INSTITUTO DE PATOLOGIA TROPICAL E SAÚDE PÚBLICA","141/2025","Médio",47.0,"2026-07-31","Material",6640.0,"EQUIPAMENTOS E ARTIGOS DE LABORATÓRIO",9749.0,"PLACA DE PETRI",410068.0,"DIMENSÕES: CERCA DE 15 X 60, FORMATO: REDONDA, MATERIAL: VIDRO","UN",9.3,100.0,930.0]
["15/2026","Aprovada",null,"MATERIAIS PARA LABORATÓRIO, VIDRARIAS","BENS",153052.0,"2026-03-09","2026-06-19",102.0,"IPTSP - INSTITUTO DE PATOLOGIA TROPICAL E SAÚDE PÚBLICA","141/2025","Médio",48.0,"2026-07-31","Material",6640.0,"EQUIPAMENTOS E ARTIGOS DE LABORATÓRIO",9749.0,"PLACA DE PETRI",414156.0,"DIMENSÕES: CERCA DE 15 X 80, FORMATO: REDONDA, MATERIAL: VIDRO","UN",9.72,60.0,583.2]
["15/2026","Aprovada",null,"MATERIAIS PARA LABORATÓRIO, VIDRARIAS","BENS",153052.0,"2026-03-09","2026-06-19",102.0,"IPTSP - INSTITUTO DE PATOLOGIA TROPICAL E SAÚDE PÚBLICA","141/2025","Médio",49.0,"2026-07-31","Material",6640.0,"EQUIPAMENTOS E ARTIGOS DE LABORATÓRIO",9749.0,"PLACA DE PETRI",433139.0,"DIMENSÕES: CERCA DE 20 X 150, FORMATO: REDONDA, MATERIAL: VIDRO","UN",30.0,20.0,600.0]
["15/2026","Aprovada",null,"MATERIAIS PARA LABORATÓRIO, VIDRARIAS","BENS",153052.0,"2026-03-09","2026-06-19",102.0,"IPTSP - INSTITUTO DE PATOLOGIA TROPICAL E SAÚDE PÚBLICA","141/2025","Médio",50.0,"2026-07-31","Material",6640.0,"EQUIPAMENTOS E ARTIGOS DE LABORATÓRIO",10848.0,"PLACA LABORATÓRIO",410794.0,"CAPACIDADE: 6 POÇOS, COMPONENTES: COM TAMPA, MATERIAL: PLÁSTICO, TIPO: PARA CULTURA, TIPO FUNDO: FUNDO CHATO, ESTERILIDADE: ESTÉRIL, APIROGÊNICA, LIVRE DE DNASE E RNASE, TIPO USO: DESCARTÁVEL, EMBALAGEM: EMBALAGEM INDIVIDUAL","UN",12.6,50.0,630.0]
["15/2026","Aprovada",null,"MATERIAIS PARA LABORATÓRIO, VIDRARIAS","BENS",153052.0,"2026-03-09","2026-06-19",102.0,"IPTSP - INSTITUTO DE PATOLOGIA TROPICAL E SAÚDE PÚBLICA","141/2025","Médio",51.0,"2026-07-31","Material",6640.0,"EQUIPAMENTOS E ARTIGOS DE LABORATÓRIO",10848.0,"PLACA LABORATÓRIO",450296.0,"CAPACIDADE: 96 POÇOS, COMPONENTES: COM TAMPA, EMBALAGEM PRIMÁRIA: EMBALAGEM INDIVIDUAL, ESTERILIDADE*: ESTÉRIL, APIROGÊNICA, LIVRE DE DNASE E RNASE, MATERIAL: PLÁSTICO, TIPO: PARA CULTURA, TIPO FUNDO: FUNDO EM V\", TIPO USO*: DESCARTÁVEL\"","UN",4.0,50.0,200.0]
["15/2026","Aprovada",null,"MATERIAIS PARA LABORATÓRIO, VIDRARIAS","BENS",153052.0,"2026-03-09","2026-06-19",102.0,"IPTSP - INSTITUTO DE PATOLOGIA TROPICAL E SAÚDE PÚBLICA","141/2025","Médio",52.0,"2026-07-31","Material",6640.0,"Equipamentos e artigos de laboratório",11016.0,"Ponteira Laboratório",446911.0,"capacidade: até 1000 mcl, esterilidade*: apirogênico, livre de dnase e rnase, material: polipropileno, tipo uso*: esterilizável","UN",14.4,1.0,14.4]
["15/2026","Aprovada",null,"MATERIAIS PARA LABORATÓRIO, VIDRARIAS","BENS",153052.0,"2026-03-09","2026-06-19",102.0,"IPTSP - INSTITUTO DE PATOLOGIA TROPICAL E SAÚDE PÚBLICA","141/2025","Médio",53.0,"2026-07-31","Material",6640.0,"Equipamentos e artigos de laboratório",11016.0,"Ponteira Laboratório",408693.0,"capacidade: até 5000 mcl, esterilidade*: apirogênico, livre de dnase e rnase, material: polipropileno, tipo uso*: descartável","UN",55.02,1.0,55.02]
["15/2026","Aprovada",null,"MATERIAIS PARA LABORATÓRIO, VIDRARIAS","BENS",153052.0,"2026-03-09","2026-06-19",102.0,"IPTSP - INSTITUTO DE PATOLOGIA TROPICAL E SAÚDE PÚBLICA","141/2025","Médio",54.0,"2026-07-31","Material",6640.0,"Equipamentos e artigos de laboratório",11016.0,"Ponteira Laboratório",421228.0,"adicional: máxima recuperação, capacidade: até 10 mcl, esterilidade*: apirogênico, livre de dnase e rnase, material: polipropileno, tipo uso*: descartável","UN",29.64,2.0,59.28]
["15/2026","Aprovada",null,"MATERIAIS PARA LABORATÓRIO, VIDRARIAS","BENS",153052.0,"2026-03-09","2026-06-19",102.0,"IPTSP - INSTITUTO DE PATOLOGIA TROPICAL E SAÚDE PÚBLICA","141/2025","Médio",55.0,"2026-07-31","Material",6640.0,"Equipamentos e artigos de laboratório",11016.0,"Ponteira Laboratório",408691.0,"capacidade: até 200 mcl, esterilidade*: apirogênico, livre de dnase e rnase, material: polipropileno, tipo uso*: descartável","UN",73.22,2.0,146.44]
["15/2026","Aprovada",null,"MATERIAIS PARA LABORATÓRIO, VIDRARIAS","BENS",153052.0,"2026-03-09","2026-06-19",102.0,"IPTSP - INSTITUTO DE PATOLOGIA TROPICAL E SAÚDE PÚBLICA","141/2025","Médio",56.0,"2026-07-31","Material",6640.0,"Equipamentos e artigos de laboratório",13114.0,"Tubo Laboratório",409760.0,"acessórios: tampa rosqueável, capacidade: 15, graduação: graduado, material: polipropileno, tipo: centrífuga, tipo fundo: fundo cônico, uso: autoclavável","UN",35.0,4.0,140.0]
["15/2026","Aprovada",null,"MATERIAIS PARA LABORATÓRIO, VIDRARIAS","BENS",153052.0,"2026-03-09","2026-06-19",102.0,"IPTSP - INSTITUTO DE PATOLOGIA TROPICAL E SAÚDE PÚBLICA","141/2025","Médio",57.0,"2026-07-31","Material",6640.0,"Equipamentos e artigos de laboratório",13114.0,"Tubo Laboratório",409759.0,"acessórios: tampa rosqueável, capacidade: 50, graduação: graduado, material: polipropileno, tipo: centrífuga, tipo fundo: fundo cônico, uso: autoclavável","UN",58.0,4.0,232.0]
["15/2026","Aprovada",null,"MATERIAIS PARA LABORATÓRIO, VIDRARIAS","BENS",153052.0,"2026-03-09","2026-06-19",102.0,"IPTSP - INSTITUTO DE PATOLOGIA TROPICAL E SAÚDE PÚBLICA","141/2025","Médio",58.0,"2026-07-31","Material",6640.0,"Equipamentos e artigos de laboratório",13114.0,"Tubo Laboratório",424742.0,"dimensões: cerca de 5 x 40, material: vidro, tipo: duran, tipo fundo: fundo redondo","UN",0.83,20.0,16.6]
["15/2026","Aprovada",null,"MATERIAIS PARA LABORATÓRIO, VIDRARIAS","BENS",153052.0,"2026-03-09","2026-06-19",102.0,"IPTSP - INSTITUTO DE PATOLOGIA TROPICAL E SAÚDE PÚBLICA","141/2025","Médio",61.0,"2026-07-31","Material",6640.0,"Equipamentos e artigos de laboratório",8862.0,"Alfinete Entomológico",427298.0,"adicional: com cabeça, dimensões: cerca de 40 x 0,40, material: aço inox","UN",75.8,2.0,151.6]
["15/2026","Aprovada",null,"MATERIAIS PARA LABORATÓRIO, VIDRARIAS","BENS",153052.0,"2026-03-09","2026-06-19",102.0,"IPTSP - INSTITUTO DE PATOLOGIA TROPICAL E SAÚDE PÚBLICA","141/2025","Médio",65.0,"2026-07-31","Material",6640.0,"Equipamentos e artigos de laboratório",13536.0,"Berço Coloração Lâminas",414669.0,"capacidade: até 30 unidades, componentes: com alça, material: aço inoxidável","UN",174.95,3.0,524.85]
["15/2026","Aprovada",null,"MATERIAIS PARA LABORATÓRIO, VIDRARIAS","BENS",153052.0,"2026-03-09","2026-06-19",102.0,"IPTSP - INSTITUTO DE PATOLOGIA TROPICAL E SAÚDE PÚBLICA","141/2025","Médio",66.0,"2026-07-31","Material",6640.0,"EQUIPAMENTOS E ARTIGOS DE LABORATÓRIO",17079.0,"CABO DE KOLLE",408987.0,"CARACTERÍSTICAS ADICIONAIS: EXTREMIDADE ROSQUEÁVEL, PROTEÇÃO TÉRMICA, COMPRIMENTO: CERCA DE 25, MATERIAL: ALUMÍNIO","UN",26.18,20.0,523.6]
["15/2026","Aprovada",null,"MATERIAIS PARA LABORATÓRIO, VIDRARIAS","BENS",153052.0,"2026-03-09","2026-06-19",102.0,"IPTSP - INSTITUTO DE PATOLOGIA TROPICAL E SAÚDE PÚBLICA","141/2025","Médio",67.0,"2026-07-31","Material",8115.0,"CAIXAS, CAIXOTES E ENGRADADOS",4162.0,"CAIXA",419246.0,"ALTURA: 5, APLICAÇÃO: ARMAZENAR CRIOTUBOS, CARACTERÍSTICAS ADICIONAIS: RETANGULAR, IMPERMEÁVEL, COM TAMPA, COMPRIMENTO: 13,50, COR: BRANCA, LARGURA: 13,50, MATERIAL: PAPELÃO","UN",11.38,7.0,79.66]
["15/2026","Aprovada",null,"MATERIAIS PARA LABORATÓRIO, VIDRARIAS","BENS",153052.0,"2026-03-09","2026-06-19",102.0,"IPTSP - INSTITUTO DE PATOLOGIA TROPICAL E SAÚDE PÚBLICA","141/2025","Médio",68.0,"2026-07-31","Material",6640.0,"Equipamentos e artigos de laboratório",8925.0,"Caixa Laboratório",410241.0,"acessórios: tampa com dobradiça, adicional: numerada, capacidade: 100 lâminas, material: polipropileno","UN",26.2,4.0,104.8]
["15/2026","Aprovada",null,"MATERIAIS PARA LABORATÓRIO, VIDRARIAS","BENS",153052.0,"2026-03-09","2026-06-19",102.0,"IPTSP - INSTITUTO DE PATOLOGIA TROPICAL E SAÚDE PÚBLICA","141/2025","Médio",69.0,"2026-07-31","Material",8115.0,"Caixas, caixotes e engradados",4162.0,"Caixa",311806.0,"altura: 30, aplicação: acondicionar lâminas histológicas, comprimento: 205, largura: 165, material: plástico","UN",8.0,4.0,32.0]
["15/2026","Aprovada",null,"MATERIAIS PARA LABORATÓRIO, VIDRARIAS","BENS",153052.0,"2026-03-09","2026-06-19",102.0,"IPTSP - INSTITUTO DE PATOLOGIA TROPICAL E SAÚDE PÚBLICA","141/2025","Médio",70.0,"2026-07-31","Material",6640.0,"Equipamentos e artigos de laboratório",4760.0,"Escova Laboratório",421505.0,"acessórios: ponta em pincel, comprimento: 25, diâmetro: 1, formato: cilíndrica, material cabo: arame, material cerda: cerda em nylon","UN",8.0,1.0,8.0]
["15/2026","Aprovada",null,"MATERIAIS PARA LABORATÓRIO, VIDRARIAS","BENS",153052.0,"2026-03-09","2026-06-19",102.0,"IPTSP - INSTITUTO DE PATOLOGIA TROPICAL E SAÚDE PÚBLICA","141/2025","Médio",71.0,"2026-07-31","Material",6640.0,"Equipamentos e artigos de laboratório",4760.0,"Escova Laboratório",408573.0,"acessórios: ponta em pincel, comprimento: 50, diâmetro: 8, formato: cilíndrica, material cabo: arame, material cerda: cerda em crina de cavalo","UN",19.5,2.0,39.0]
["15/2026","Aprovada",null,"MATERIAIS PARA LABORATÓRIO, VIDRARIAS","BENS",153052.0,"2026-03-09","2026-06-19",102.0,"IPTSP - INSTITUTO DE PATOLOGIA TROPICAL E SAÚDE PÚBLICA","141/2025","Médio",72.0,"2026-07-31","Material",6640.0,"Equipamentos e artigos de laboratório",6995.0,"Espátula Laboratório",420830.0,"comprimento: cerca de 15, formato: chata com colher, material: aço inox","UN",18.0,2.0,36.0]
["15/2026","Aprovada",null,"MATERIAIS PARA LABORATÓRIO, VIDRARIAS","BENS",153052.0,"2026-03-09","2026-06-19",102.0,"IPTSP - INSTITUTO DE PATOLOGIA TROPICAL E SAÚDE PÚBLICA","141/2025","Médio",75.0,"2026-07-31","Material",6640.0,"Equipamentos e artigos de laboratório",10757.0,"Pipetador",411171.0,"ajuste: tipo pera, capacidade: até 100, componentes*: com 3 vias, material: borracha, tipo: manual","UN",16.5,2.0,33.0]
["15/2026","Aprovada",null,"MATERIAIS PARA LABORATÓRIO, VIDRARIAS","BENS",153052.0,"2026-03-09","2026-06-19",102.0,"IPTSP - INSTITUTO DE PATOLOGIA TROPICAL E SAÚDE PÚBLICA","141/2025","Médio",76.0,"2026-07-31","Material",6640.0,"Equipamentos e artigos de laboratório",2281.0,"Pinça Laboratório",411111.0,"comprimento: cerca de 15, material: aço inox, modelo: histológica, tipo ponta: ponta fina","UN",19.59,2.0,39.18]
["15/2026","Aprovada",null,"MATERIAIS PARA LABORATÓRIO, VIDRARIAS","BENS",153052.0,"2026-03-09","2026-06-19",102.0,"IPTSP - INSTITUTO DE PATOLOGIA TROPICAL E SAÚDE PÚBLICA","141/2025","Médio",80.0,"2026-07-31","Material",6640.0,"Equipamentos e artigos de laboratório",8874.0,"Pipeta",423975.0,"capacidade: 3, material: plástico, tipo: pasteur, tipo uso: descartável","UN",72.0,1.0,72.0]
["15/2026","Aprovada",null,"MATERIAIS PARA LABORATÓRIO, VIDRARIAS","BENS",153052.0,"2026-03-09","2026-06-19",102.0,"ICB - INSTITUTO DE CIÊNCIAS BIOLÓGICAS","156/2025","Alto",59.0,"2026-08-31","Material",6640.0,"Equipamentos e artigos de laboratório",4760.0,"Escova Laboratório",421505.0,"acessórios: ponta em pincel, comprimento: 25, diâmetro: 1, formato: cilíndrica, material cabo: arame, material cerda: cerda em nylon","UN",8.0,2.0,16.0]
["15/2026","Aprovada",null,"MATERIAIS PARA LABORATÓRIO, VIDRARIAS","BENS",153052.0,"2026-03-09","2026-06-19",102.0,"ICB - INSTITUTO DE CIÊNCIAS BIOLÓGICAS","156/2025","Alto",60.0,"2026-08-31","Material",6640.0,"Equipamentos e artigos de laboratório",4760.0,"Escova Laboratório",419759.0,"acessórios: ponta em pincel, comprimento: 25, diâmetro: 1,5, formato: cilíndrica, material cabo: arame, material cerda: cerda em crina de cavalo","UN",8.0,2.0,16.0]
["15/2026","Aprovada",null,"MATERIAIS PARA LABORATÓRIO, VIDRARIAS","BENS",153052.0,"2026-03-09","2026-06-19",102.0,"ICB - INSTITUTO DE CIÊNCIAS BIOLÓGICAS","156/2025","Alto",61.0,"2026-08-31","Material",6640.0,"Equipamentos e artigos de laboratório",4760.0,"Escova Laboratório",411371.0,"acessórios: ponta em pincel, comprimento: 11, diâmetro: 3, formato: cilíndrica, material cabo: arame, material cerda: cerda em crina de cavalo","UN",8.0,2.0,16.0]
["15/2026","Aprovada",null,"MATERIAIS PARA LABORATÓRIO, VIDRARIAS","BENS",153052.0,"2026-03-09","2026-06-19",102.0,"ICB - INSTITUTO DE CIÊNCIAS BIOLÓGICAS","156/2025","Alto",62.0,"2026-08-31","Material",6640.0,"Equipamentos e artigos de laboratório",4760.0,"Escova Laboratório",408572.0,"acessórios: ponta em pincel, comprimento: 50, diâmetro: 5, formato: cilíndrica, material cabo: arame, material cerda: cerda em crina de cavalo","UN",8.0,2.0,16.0]
["15/2026","Aprovada",null,"MATERIAIS PARA LABORATÓRIO, VIDRARIAS","BENS",153052.0,"2026-03-09","2026-06-19",102.0,"IPTSP - INSTITUTO DE PATOLOGIA TROPICAL E SAÚDE PÚBLICA","141/2025","Médio",86.0,"2026-07-31","Material",6640.0,"Equipamentos e artigos de laboratório",8637.0,"Lamínula",409643.0,"dimensões: cerca de 25 x 25, material: vidro","UN",4.37,2.0,8.74]
["15/2026","Aprovada",null,"MATERIAIS PARA LABORATÓRIO, VIDRARIAS","BENS",153052.0,"2026-03-09","2026-06-19",102.0,"IPTSP - INSTITUTO DE PATOLOGIA TROPICAL E SAÚDE PÚBLICA","141/2025","Médio",87.0,"2026-07-31","Material",6640.0,"Equipamentos e artigos de laboratório",8637.0,"Lamínula",409644.0,"dimensões: cerca de 25 x 30, material: vidro","UN",10.19,14.0,142.66]
["15/2026","Aprovada",null,"MATERIAIS PARA LABORATÓRIO, VIDRARIAS","BENS",153052.0,"2026-03-09","2026-06-19",102.0,"IPTSP - INSTITUTO DE PATOLOGIA TROPICAL E SAÚDE PÚBLICA","141/2025","Médio",96.0,"2026-07-31","Material",6640.0,"Equipamentos e artigos de laboratório",13654.0,"Navalha Laboratório",464231.0,"adicional: alto perfil, aplicação: para micrótomo, dimensões: cerca de 80 x 15, material: aço inox, revestimento: revestida com cerâmica e ptfe, tipo uso: descartável","UN",20.76,100.0,2076.0]
["15/2026","Aprovada",null,"MATERIAIS PARA LABORATÓRIO, VIDRARIAS","BENS",153052.0,"2026-03-09","2026-06-19",102.0,"IPTSP - INSTITUTO DE PATOLOGIA TROPICAL E SAÚDE PÚBLICA","141/2025","Médio",100.0,"2026-07-31","Material",6640.0,"Equipamentos e artigos de laboratório",2268.0,"Alcoômetro",408546.0,"característica adicional: calibrado, escala: 0 a 100, material: vidro, modelo: gay lussac","UN",72.29,3.0,216.87]
["15/2026","Aprovada",null,"MATERIAIS PARA LABORATÓRIO, VIDRARIAS","BENS",153052.0,"2026-03-09","2026-06-19",102.0,"IPTSP - INSTITUTO DE PATOLOGIA TROPICAL E SAÚDE PÚBLICA","141/2025","Médio",101.0,"2026-07-31","Material",6640.0,"Equipamentos e artigos de laboratório",2242.0,"Alça Bacteriológica",408809.0,"calibragem: calibrada, componentes: sem cabo, material*: níquel cromo, volume: 10 mcl","UN",6.3,10.0,63.0]
["15/2026","Aprovada",null,"MATERIAIS PARA LABORATÓRIO, VIDRARIAS","BENS",153052.0,"2026-03-09","2026-06-19",102.0,"IPTSP - INSTITUTO DE PATOLOGIA TROPICAL E SAÚDE PÚBLICA","141/2025","Médio",103.0,"2026-07-31","Material",6640.0,"Equipamentos e artigos de laboratório",4760.0,"Escova Laboratório",411370.0,"acessórios: ponta em pincel, comprimento: 12, diâmetro: 6, formato: cilíndrica, material cabo: arame, material cerda: cerda em crina de cavalo","UN",18.8,4.0,75.2]
["15/2026","Aprovada",null,"MATERIAIS PARA LABORATÓRIO, VIDRARIAS","BENS",153052.0,"2026-03-09","2026-06-19",102.0,"IPTSP - INSTITUTO DE PATOLOGIA TROPICAL E SAÚDE PÚBLICA","141/2025","Médio",104.0,"2026-07-31","Material",6640.0,"Equipamentos e artigos de laboratório",4403.0,"Filtro Laboratório",410909.0,"dimensões: cerca de 35, material: pvdf, porosidade: 0,45 µm, tipo: para seringa","UN",371.19,1.0,371.19]
["15/2026","Aprovada",null,"MATERIAIS PARA LABORATÓRIO, VIDRARIAS","BENS",153052.0,"2026-03-09","2026-06-19",102.0,"IPTSP - INSTITUTO DE PATOLOGIA TROPICAL E SAÚDE PÚBLICA","141/2025","Médio",105.0,"2026-07-31","Material",6640.0,"Equipamentos e artigos de laboratório",4403.0,"Filtro Laboratório",434257.0,"dimensões: cerca de 35, embalagem: embalagem individual, esterilidade: estéril, apirogênico, material: poliétersulfona (pes), porosidade: 0,22 µm, tipo: para seringa, tipo uso: descartável","UN",8.75,50.0,437.5]
["15/2026","Aprovada",null,"MATERIAIS PARA LABORATÓRIO, VIDRARIAS","BENS",153052.0,"2026-03-09","2026-06-19",102.0,"IPTSP - INSTITUTO DE PATOLOGIA TROPICAL E SAÚDE PÚBLICA","141/2025","Médio",120.0,"2026-07-31","Material",6640.0,"Equipamentos e artigos de laboratório",10384.0,"Indicador De Ph",412644.0,"escala: 0 a 14, tipo: tira de papel","UN",59.11,2.0,118.22]
["15/2026","Aprovada",null,"MATERIAIS PARA LABORATÓRIO, VIDRARIAS","BENS",153052.0,"2026-03-09","2026-06-19",102.0,"CEPAE - CENTRO DE ENSINO E PESQUISA APLICADA À EDUCAÇÃO","257/2025","Médio",5.0,"2026-03-02","Material",8145.0,"Recipientes especializados para transporte e armazenagem",7822.0,"Frasco Conta-Gotas",414332.0,"capacidade: 100, cor: branco leitoso, material: polietileno","UN",89.68,300.0,26904.0]
["15/2026","Aprovada",null,"MATERIAIS PARA LABORATÓRIO, VIDRARIAS","BENS",153052.0,"2026-03-09","2026-06-19",102.0,"IQ - INSTITUTO DE QUÍMICA","175/2025","Alto",1.0,"2026-08-01","Material",6640.0,"EQUIPAMENTOS E ARTIGOS DE LABORATÓRIO",15027.0,"BARRA MAGNÉTICA",419146.0,"CARACTERÍSTICAS ADICIONAIS: LISA, DIMENSÕES: CERCA DE 7 X 30, FORMATO: CILÍNDRICO, MATERIAL: REVESTIDA EM PTFE","UN",9.5,40.0,380.0]
["15/2026","Aprovada",null,"MATERIAIS PARA LABORATÓRIO, VIDRARIAS","BENS",153052.0,"2026-03-09","2026-06-19",102.0,"IQ - INSTITUTO DE QUÍMICA","175/2025","Alto",2.0,"2026-08-01","Material",6640.0,"EQUIPAMENTOS E ARTIGOS DE LABORATÓRIO",517.0,"BÉQUER",408275.0,"ADICIONAL: COM ORLA E BICO, CAPACIDADE: 50, FORMATO: FORMA BAIXA, GRADUAÇÃO: GRADUADO, MATERIAL: VIDRO","UN",3.75,400.0,1500.0]
["15/2026","Aprovada",null,"MATERIAIS PARA LABORATÓRIO, VIDRARIAS","BENS",153052.0,"2026-03-09","2026-06-19",102.0,"IQ - INSTITUTO DE QUÍMICA","175/2025","Alto",3.0,"2026-08-01","Material",6640.0,"EQUIPAMENTOS E ARTIGOS DE LABORATÓRIO",517.0,"BÉQUER",408266.0,"ADICIONAL: COM ORLA E BICO, CAPACIDADE: 250, FORMATO: FORMA BAIXA, GRADUAÇÃO: GRADUADO, MATERIAL: VIDRO","UN",5.85,60.0,351.0]
["15/2026","Aprovada",null,"MATERIAIS PARA LABORATÓRIO, VIDRARIAS","BENS",153052.0,"2026-03-09","2026-06-19",102.0,"IQ - INSTITUTO DE QUÍMICA","175/2025","Alto",4.0,"2026-08-01","Material",6640.0,"EQUIPAMENTOS E ARTIGOS DE LABORATÓRIO",517.0,"BÉQUER",408277.0,"ADICIONAL: COM ORLA E BICO, CAPACIDADE: 100, FORMATO: FORMA BAIXA, GRADUAÇÃO: GRADUADO, MATERIAL: VIDRO","UN",4.0,300.0,1200.0]
["15/2026","Aprovada",null,"MATERIAIS PARA LABORATÓRIO, VIDRARIAS","BENS",153052.0,"2026-03-09","2026-06-19",102.0,"IQ - INSTITUTO DE QUÍMICA","175/2025","Alto",5.0,"2026-08-01","Material",6640.0,"EQUIPAMENTOS E ARTIGOS DE LABORATÓRIO",517.0,"BÉQUER",408271.0,"ADICIONAL: COM ORLA E BICO, CAPACIDADE: 1000, FORMATO: FORMA BAIXA, GRADUAÇÃO: GRADUADO, MATERIAL: VIDRO","UN",14.0,10.0,140.0]
["15/2026","Aprovada",null,"MATERIAIS PARA LABORATÓRIO, VIDRARIAS","BENS",153052.0,"2026-03-09","2026-06-19",102.0,"IQ - INSTITUTO DE QUÍMICA","175/2025","Alto",6.0,"2026-08-01","Material",6640.0,"EQUIPAMENTOS E ARTIGOS DE LABORATÓRIO",517.0,"BÉQUER",408252.0,"ADICIONAL: COM ORLA E BICO, CAPACIDADE: 500, FORMATO: FORMA ALTA, GRADUAÇÃO: GRADUADO, MATERIAL: VIDRO","UN",9.4,30.0,282.0]
["15/2026","Aprovada",null,"MATERIAIS PARA LABORATÓRIO, VIDRARIAS","BENS",153052.0,"2026-03-09","2026-06-19",102.0,"IQ - INSTITUTO DE QUÍMICA","175/2025","Alto",7.0,"2026-08-01","Material",6640.0,"EQUIPAMENTOS E ARTIGOS DE LABORATÓRIO",517.0,"BÉQUER",408269.0,"ADICIONAL: COM ORLA E BICO, CAPACIDADE: 400, FORMATO: FORMA BAIXA, GRADUAÇÃO: GRADUADO, MATERIAL: VIDRO","UN",7.7,45.0,346.5]
["15/2026","Aprovada",null,"MATERIAIS PARA LABORATÓRIO, VIDRARIAS","BENS",153052.0,"2026-03-09","2026-06-19",102.0,"IQ - INSTITUTO DE QUÍMICA","175/2025","Alto",8.0,"2026-08-01","Material",6640.0,"EQUIPAMENTOS E ARTIGOS DE LABORATÓRIO",3433.0,"BASTÃO LABORATÓRIO",409529.0,"DIMENSÕES: CERCA DE 5 X 300, MATERIAL: VIDRO","UN",1.6,200.0,320.0]
["15/2026","Aprovada",null,"MATERIAIS PARA LABORATÓRIO, VIDRARIAS","BENS",153052.0,"2026-03-09","2026-06-19",102.0,"IQ - INSTITUTO DE QUÍMICA","175/2025","Alto",9.0,"2026-08-01","Material",6640.0,"EQUIPAMENTOS E ARTIGOS DE LABORATÓRIO",4757.0,"BANDEJA LABORATÓRIO",408563.0,"DIMENSÕES: CERCA DE 45 X 30 X 10, TIPO USO: PLÁSTICO","UN",15.0,40.0,600.0]
["15/2026","Aprovada",null,"MATERIAIS PARA LABORATÓRIO, VIDRARIAS","BENS",153052.0,"2026-03-09","2026-06-19",102.0,"IQ - INSTITUTO DE QUÍMICA","175/2025","Alto",10.0,"2026-08-01","Material",6640.0,"EQUIPAMENTOS E ARTIGOS DE LABORATÓRIO",2671.0,"BALÃO LABORATÓRIO",409267.0,"ADICIONAL: COM 2 JUNTAS, CAPACIDADE: 250, MATERIAL: VIDRO, TIPO FUNDO: FUNDO REDONDO","UN",56.0,40.0,2240.0]
["15/2026","Aprovada",null,"MATERIAIS PARA LABORATÓRIO, VIDRARIAS","BENS",153052.0,"2026-03-09","2026-06-19",102.0,"IQ - INSTITUTO DE QUÍMICA","175/2025","Alto",11.0,"2026-08-01","Material",6640.0,"EQUIPAMENTOS E ARTIGOS DE LABORATÓRIO",2671.0,"BALÃO LABORATÓRIO",409268.0,"ADICIONAL: COM 2 JUNTAS, CAPACIDADE: 500, MATERIAL: VIDRO, TIPO FUNDO: FUNDO REDONDO","UN",63.0,15.0,945.0]
["15/2026","Aprovada",null,"MATERIAIS PARA LABORATÓRIO, VIDRARIAS","BENS",153052.0,"2026-03-09","2026-06-19",102.0,"IQ - INSTITUTO DE QUÍMICA","175/2025","Alto",12.0,"2026-08-01","Material",6640.0,"EQUIPAMENTOS E ARTIGOS DE LABORATÓRIO",2671.0,"BALÃO LABORATÓRIO",414373.0,"ADICIONAL: COM 3 JUNTAS, CAPACIDADE: 500, MATERIAL: VIDRO, TIPO FUNDO: FUNDO REDONDO","UN",92.5,10.0,925.0]
["15/2026","Aprovada",null,"MATERIAIS PARA LABORATÓRIO, VIDRARIAS","BENS",153052.0,"2026-03-09","2026-06-19",102.0,"IQ - INSTITUTO DE QUÍMICA","175/2025","Alto",13.0,"2026-08-01","Material",6640.0,"EQUIPAMENTOS E ARTIGOS DE LABORATÓRIO",2671.0,"BALÃO LABORATÓRIO",409250.0,"ACESSÓRIOS: ROLHA DE PLÁSTICO, CAPACIDADE: 10, MATERIAL: VIDRO, TIPO FUNDO: FUNDO CHATO, TIPO USO: VOLUMÉTRICO","UN",12.0,100.0,1200.0]
["15/2026","Aprovada",null,"MATERIAIS PARA LABORATÓRIO, VIDRARIAS","BENS",153052.0,"2026-03-09","2026-06-19",102.0,"IQ - INSTITUTO DE QUÍMICA","175/2025","Alto",14.0,"2026-08-01","Material",6640.0,"EQUIPAMENTOS E ARTIGOS DE LABORATÓRIO",2671.0,"BALÃO LABORATÓRIO",409287.0,"ACESSÓRIOS: ROLHA DE PLÁSTICO, CAPACIDADE: 25, MATERIAL: VIDRO, TIPO FUNDO: FUNDO CHATO, TIPO USO: VOLUMÉTRICO","UN",12.9,150.0,1935.0]
["15/2026","Aprovada",null,"MATERIAIS PARA LABORATÓRIO, VIDRARIAS","BENS",153052.0,"2026-03-09","2026-06-19",102.0,"IQ - INSTITUTO DE QUÍMICA","175/2025","Alto",15.0,"2026-08-01","Material",6640.0,"EQUIPAMENTOS E ARTIGOS DE LABORATÓRIO",2671.0,"BALÃO LABORATÓRIO",409251.0,"ACESSÓRIOS: ROLHA DE PLÁSTICO, CAPACIDADE: 50, MATERIAL: VIDRO, TIPO FUNDO: FUNDO CHATO, TIPO USO: VOLUMÉTRICO","UN",14.0,100.0,1400.0]
["15/2026","Aprovada",null,"MATERIAIS PARA LABORATÓRIO, VIDRARIAS","BENS",153052.0,"2026-03-09","2026-06-19",102.0,"IQ - INSTITUTO DE QUÍMICA","175/2025","Alto",16.0,"2026-08-01","Material",6640.0,"EQUIPAMENTOS E ARTIGOS DE LABORATÓRIO",2671.0,"BALÃO LABORATÓRIO",409247.0,"ACESSÓRIOS: ROLHA DE PLÁSTICO, CAPACIDADE: 500, MATERIAL: VIDRO, TIPO FUNDO: FUNDO CHATO, TIPO USO: VOLUMÉTRICO","UN",33.0,20.0,660.0]
["15/2026","Aprovada",null,"MATERIAIS PARA LABORATÓRIO, VIDRARIAS","BENS",153052.0,"2026-03-09","2026-06-19",102.0,"IQ - INSTITUTO DE QUÍMICA","175/2025","Alto",17.0,"2026-08-01","Material",6640.0,"EQUIPAMENTOS E ARTIGOS DE LABORATÓRIO",4097.0,"CADINHO",408793.0,"CAPACIDADE: ATÉ 50, FORMATO: FORMA BAIXA, MATERIAL: PORCELANA, POROSIDADE: 7 A 8 MICRONS","UN",16.7,10.0,167.0]
["15/2026","Aprovada",null,"MATERIAIS PARA LABORATÓRIO, VIDRARIAS","BENS",153052.0,"2026-03-09","2026-06-19",102.0,"IQ - INSTITUTO DE QUÍMICA","175/2025","Alto",18.0,"2026-08-01","Material",6640.0,"EQUIPAMENTOS E ARTIGOS DE LABORATÓRIO",4097.0,"CADINHO",604000.0,"ACESSÓRIOS: COM PLACA DE VIDRO SINTERIZADO, CAPACIDADE: ATÉ 50, MATERIAL: VIDRO, POROSIDADE: 15 A 40 MICRAS","UN",54.0,15.0,810.0]
["15/2026","Aprovada",null,"MATERIAIS PARA LABORATÓRIO, VIDRARIAS","BENS",153052.0,"2026-03-09","2026-06-19",102.0,"IQ - INSTITUTO DE QUÍMICA","175/2025","Alto",19.0,"2026-08-01","Material",6640.0,"EQUIPAMENTOS E ARTIGOS DE LABORATÓRIO",4493.0,"CÁPSULA DE EVAPORAÇÃO",427017.0,"ADICIONAL: COM BICO, DIÂMETRO: CERCA DE 85, FORMATO: FUNDO REDONDO, MATERIAL: PORCELANA","UN",35.7,20.0,714.0]
["15/2026","Aprovada",null,"MATERIAIS PARA LABORATÓRIO, VIDRARIAS","BENS",153052.0,"2026-03-09","2026-06-19",102.0,"IQ - INSTITUTO DE QUÍMICA","175/2025","Alto",20.0,"2026-08-01","Material",6640.0,"EQUIPAMENTOS E ARTIGOS DE LABORATÓRIO",4493.0,"CÁPSULA DE EVAPORAÇÃO",409490.0,"ADICIONAL: COM BICO, DIÂMETRO: CERCA DE 110, FORMATO: FUNDO REDONDO, MATERIAL: PORCELANA","UN",23.5,20.0,470.0]
["15/2026","Aprovada",null,"MATERIAIS PARA LABORATÓRIO, VIDRARIAS","BENS",153052.0,"2026-03-09","2026-06-19",102.0,"IQ - INSTITUTO DE QUÍMICA","175/2025","Alto",21.0,"2026-08-01","Material",9340.0,"ARTIGOS DE VIDRO",8567.0,"JUNTA CÔNICA",249049.0,"MATERIAL: VIDRO BOROSSILICATO, TIPO: MACHO, TIPO JUNTA: ESMERILHADA E INTERCAMBIÁVEL, MEDIDA REF. 24/40","UN",32.9,10.0,329.0]
["15/2026","Aprovada",null,"MATERIAIS PARA LABORATÓRIO, VIDRARIAS","BENS",153052.0,"2026-03-09","2026-06-19",102.0,"IQ - INSTITUTO DE QUÍMICA","175/2025","Alto",22.0,"2026-08-01","Material",6640.0,"EQUIPAMENTOS E ARTIGOS DE LABORATÓRIO",13904.0,"CONEXÃO LABORATÓRIO",608480.0,"ADICIONAL: TORNEIRA EM PTFE, CAPACIDADE: 25, COMPONENTES: COM 2 JUNTAS, DIÂMETRO JUNTA: JUNTA MACHO E FÊMEA 24/40, GRADUAÇÃO: GRADUADO, MATERIAL 1: VIDRO, TIPO: TRAP","UN",62.2,10.0,622.0]
["15/2026","Aprovada",null,"MATERIAIS PARA LABORATÓRIO, VIDRARIAS","BENS",153052.0,"2026-03-09","2026-06-19",102.0,"IQ - INSTITUTO DE QUÍMICA","175/2025","Alto",23.0,"2026-08-01","Material",6640.0,"EQUIPAMENTOS E ARTIGOS DE LABORATÓRIO",4760.0,"ESCOVA LABORATÓRIO",409847.0,"ACESSÓRIOS: PONTA EM PINCEL, COMPRIMENTO: 25, DIÂMETRO: 2, FORMATO: CILÍNDRICA, MATERIAL CABO: ARAME, MATERIAL CERDA: CERDA EM NYLON","UN",10.3,30.0,309.0]
["15/2026","Aprovada",null,"MATERIAIS PARA LABORATÓRIO, VIDRARIAS","BENS",153052.0,"2026-03-09","2026-06-19",102.0,"IQ - INSTITUTO DE QUÍMICA","175/2025","Alto",24.0,"2026-08-01","Material",6640.0,"EQUIPAMENTOS E ARTIGOS DE LABORATÓRIO",8874.0,"PIPETA",414260.0,"CAPACIDADE: 10, MATERIAL: VIDRO, TIPO: VOLUMÉTRICA","UN",9.95,200.0,1990.0]
["15/2026","Aprovada",null,"MATERIAIS PARA LABORATÓRIO, VIDRARIAS","BENS",153052.0,"2026-03-09","2026-06-19",102.0,"IQ - INSTITUTO DE QUÍMICA","175/2025","Alto",25.0,"2026-08-01","Material",6640.0,"EQUIPAMENTOS E ARTIGOS DE LABORATÓRIO",6995.0,"ESPÁTULA LABORATÓRIO",409370.0,"COMPRIMENTO: CERCA DE 20, FORMATO: CANALETA, MATERIAL: AÇO INOX","UN",16.94,30.0,508.2]
["15/2026","Aprovada",null,"MATERIAIS PARA LABORATÓRIO, VIDRARIAS","BENS",153052.0,"2026-03-09","2026-06-19",102.0,"IQ - INSTITUTO DE QUÍMICA","175/2025","Alto",26.0,"2026-08-01","Material",6640.0,"Equipamentos e artigos de laboratório",6995.0,"Espátula Laboratório",409373.0,"comprimento: cerca de 20, formato: chata com colher, material: arame de aço inox","UN",3.5,100.0,350.0]
["15/2026","Aprovada",null,"MATERIAIS PARA LABORATÓRIO, VIDRARIAS","BENS",153052.0,"2026-03-09","2026-06-19",102.0,"IQ - INSTITUTO DE QUÍMICA","175/2025","Alto",27.0,"2026-08-01","Material",6640.0,"EQUIPAMENTOS E ARTIGOS DE LABORATÓRIO",6991.0,"FRASCO LABORATÓRIO",409438.0,"ACESSÓRIOS: COM BATOQUE, CAPACIDADE: 250, MATERIAL: VIDRO ÂMBAR, TIPO: REAGENTE, TIPO BOCA: BOCA ESTREITA, TIPO TAMPA: TAMPA ROSQUEÁVEL","UN",6.48,150.0,972.0]
["15/2026","Aprovada",null,"MATERIAIS PARA LABORATÓRIO, VIDRARIAS","BENS",153052.0,"2026-03-09","2026-06-19",102.0,"IQ - INSTITUTO DE QUÍMICA","175/2025","Alto",28.0,"2026-08-01","Material",6640.0,"EQUIPAMENTOS E ARTIGOS DE LABORATÓRIO",6991.0,"FRASCO LABORATÓRIO",411263.0,"ACESSÓRIOS: COM BATOQUE, CAPACIDADE: 60, MATERIAL: VIDRO ÂMBAR, TIPO: REAGENTE, TIPO BOCA: BOCA ESTREITA, TIPO TAMPA: TAMPA ROSQUEÁVEL","UN",3.65,100.0,365.0]
["15/2026","Aprovada",null,"MATERIAIS PARA LABORATÓRIO, VIDRARIAS","BENS",153052.0,"2026-03-09","2026-06-19",102.0,"IPTSP - INSTITUTO DE PATOLOGIA TROPICAL E SAÚDE PÚBLICA","141/2025","Médio",124.0,"2026-07-31","Material",6640.0,"Equipamentos e artigos de laboratório",14152.0,"Frasco Para Cultura Celular",443426.0,"adicional: com filtro estéril, componentes: com bocal inclinado, esterilidade*: estéril, apirogênico, livre de dnase e rnase, graduação: graduado, material: poliestireno, opacicidade: transparente, tipo tampa: tampa rosqueável, tipo uso: descartável, área: 75","UN",8.8,100.0,880.0]
["15/2026","Aprovada",null,"MATERIAIS PARA LABORATÓRIO, VIDRARIAS","BENS",153052.0,"2026-03-09","2026-06-19",102.0,"IQ - INSTITUTO DE QUÍMICA","175/2025","Alto",29.0,"2026-08-01","Material",6640.0,"EQUIPAMENTOS E ARTIGOS DE LABORATÓRIO",4760.0,"ESCOVA LABORATÓRIO",419759.0,"ACESSÓRIOS: PONTA EM PINCEL, COMPRIMENTO: 25, DIÂMETRO: 1,5, FORMATO: CILÍNDRICA, MATERIAL CABO: ARAME, MATERIAL CERDA: CERDA EM CRINA DE CAVALO","UN",7.07,30.0,212.1]
["15/2026","Aprovada",null,"MATERIAIS PARA LABORATÓRIO, VIDRARIAS","BENS",153052.0,"2026-03-09","2026-06-19",102.0,"IQ - INSTITUTO DE QUÍMICA","175/2025","Alto",30.0,"2026-08-01","Material",6640.0,"EQUIPAMENTOS E ARTIGOS DE LABORATÓRIO",17593.0,"ERLENMEYER",409368.0,"ADICIONAL: COM ORLA, GRADUAÇÃO: GRADUADO, MATERIAL: VIDRO, TIPO BOCA: BOCA ESTREITA, VOLUME: 50","UN",6.3546,150.0,953.19]
["15/2026","Aprovada",null,"MATERIAIS PARA LABORATÓRIO, VIDRARIAS","BENS",153052.0,"2026-03-09","2026-06-19",102.0,"IQ - INSTITUTO DE QUÍMICA","175/2025","Alto",31.0,"2026-08-01","Material",6640.0,"EQUIPAMENTOS E ARTIGOS DE LABORATÓRIO",4736.0,"FUNIL LABORATÓRIO",411200.0,"ADICIONAL: RAIADO, CAPACIDADE: 180, MATERIAL: VIDRO, TIPO HASTE: HASTE CURTA, TIPO USO: ANALÍTICO","UN",35.7,40.0,1428.0]
["15/2026","Aprovada",null,"MATERIAIS PARA LABORATÓRIO, VIDRARIAS","BENS",153052.0,"2026-03-09","2026-06-19",102.0,"IQ - INSTITUTO DE QUÍMICA","175/2025","Alto",32.0,"2026-08-01","Material",6640.0,"EQUIPAMENTOS E ARTIGOS DE LABORATÓRIO",4736.0,"FUNIL LABORATÓRIO",410094.0,"ADICIONAL: RAIADO, CAPACIDADE: 125, MATERIAL: VIDRO, TIPO HASTE: HASTE CURTA, TIPO USO: ANALÍTICO","UN",30.4325,30.0,912.975]
["15/2026","Aprovada",null,"MATERIAIS PARA LABORATÓRIO, VIDRARIAS","BENS",153052.0,"2026-03-09","2026-06-19",102.0,"IQ - INSTITUTO DE QUÍMICA","175/2025","Alto",33.0,"2026-08-01","Material",6640.0,"EQUIPAMENTOS E ARTIGOS DE LABORATÓRIO",4736.0,"FUNIL LABORATÓRIO",410108.0,"ADICIONAL: LISO, CAPACIDADE: 30, MATERIAL: VIDRO, TIPO HASTE: HASTE CURTA, TIPO USO: ANALÍTICO","UN",12.4783,60.0,748.698]
["15/2026","Aprovada",null,"MATERIAIS PARA LABORATÓRIO, VIDRARIAS","BENS",153052.0,"2026-03-09","2026-06-19",102.0,"IQ - INSTITUTO DE QUÍMICA","175/2025","Alto",34.0,"2026-08-01","Material",6640.0,"EQUIPAMENTOS E ARTIGOS DE LABORATÓRIO",4736.0,"FUNIL LABORATÓRIO",411930.0,"ADICIONAL: LISO, CAPACIDADE: 250, MATERIAL: VIDRO, TIPO HASTE: HASTE CURTA, TIPO USO: ANALÍTICO","UN",29.3813,20.0,587.626]
["15/2026","Aprovada",null,"MATERIAIS PARA LABORATÓRIO, VIDRARIAS","BENS",153052.0,"2026-03-09","2026-06-19",102.0,"IQ - INSTITUTO DE QUÍMICA","175/2025","Alto",35.0,"2026-08-01","Material",6640.0,"EQUIPAMENTOS E ARTIGOS DE LABORATÓRIO",13571.0,"GARRA LABORATÓRIO",410724.0,"ABERTURA: ABERTURA ATÉ 65, ACESSÓRIOS: COM MUFA, MATERIAL: METAL, TIPO GARRA: 2 DEDOS, TIPO PONTA: PONTA REVESTIDA EM PVC","UN",57.24,30.0,1717.2]
["15/2026","Aprovada",null,"MATERIAIS PARA LABORATÓRIO, VIDRARIAS","BENS",153052.0,"2026-03-09","2026-06-19",102.0,"IQ - INSTITUTO DE QUÍMICA","175/2025","Alto",36.0,"2026-08-01","Material",6640.0,"EQUIPAMENTOS E ARTIGOS DE LABORATÓRIO",13571.0,"GARRA LABORATÓRIO",410717.0,"ABERTURA: ABERTURA ATÉ 35, ACESSÓRIOS: COM MUFA GIRATÓRIA, MATERIAL: METAL, TIPO GARRA: 2 DEDOS, TIPO PONTA: PONTA REVESTIDA EM PVC","UN",42.3525,40.0,1694.1]
["15/2026","Aprovada",null,"MATERIAIS PARA LABORATÓRIO, VIDRARIAS","BENS",153052.0,"2026-03-09","2026-06-19",102.0,"IQ - INSTITUTO DE QUÍMICA","175/2025","Alto",37.0,"2026-08-01","Material",6640.0,"EQUIPAMENTOS E ARTIGOS DE LABORATÓRIO",13571.0,"GARRA LABORATÓRIO",410720.0,"ABERTURA: ABERTURA ATÉ 60, ACESSÓRIOS: COM MUFA, ADICIONAL: DUPLA, MATERIAL: METAL, TIPO GARRA: 3 DEDOS, TIPO PONTA: PONTA REVESTIDA EM PVC","UN",42.3525,40.0,1694.1]
["15/2026","Aprovada",null,"MATERIAIS PARA LABORATÓRIO, VIDRARIAS","BENS",153052.0,"2026-03-09","2026-06-19",102.0,"IQ - INSTITUTO DE QUÍMICA","175/2025","Alto",38.0,"2026-08-01","Material",4720.0,"MANGUEIRAS E TUBULAÇÕES FLEXÍVEIS",13821.0,"MANGUEIRA",420189.0,"APARÊNCIA VISUAL: INCOLOR, DIÂMETRO EXTERNO: 11,50, DIÂMETRO INTERNO: 8, MATERIAL: SILICONE","M",26.285,80.0,2102.8]
["15/2026","Aprovada",null,"MATERIAIS PARA LABORATÓRIO, VIDRARIAS","BENS",153052.0,"2026-03-09","2026-06-19",102.0,"IQ - INSTITUTO DE QUÍMICA","175/2025","Alto",39.0,"2026-08-01","Material",4720.0,"MANGUEIRAS E TUBULAÇÕES FLEXÍVEIS",13821.0,"MANGUEIRA",290445.0,"APARÊNCIA VISUAL: TRANSPARENTE, DIÂMETRO EXTERNO: 14,66, DIÂMETRO INTERNO: 9,50, MATERIAL: SILICONE","M",36.67,100.0,3667.0]
["15/2026","Aprovada",null,"MATERIAIS PARA LABORATÓRIO, VIDRARIAS","BENS",153052.0,"2026-03-09","2026-06-19",102.0,"IQ - INSTITUTO DE QUÍMICA","175/2025","Alto",40.0,"2026-08-01","Material",6640.0,"EQUIPAMENTOS E ARTIGOS DE LABORATÓRIO",2690.0,"PAPEL DE FILTRO",408329.0,"DIÂMETRO: CERCA DE 100, TIPO: QUANTITATIVO, TIPO FILTRAÇÃO: FILTRAÇÃO MÉDIA","UN",0.7,2000.0,1400.0]
["15/2026","Aprovada",null,"MATERIAIS PARA LABORATÓRIO, VIDRARIAS","BENS",153052.0,"2026-03-09","2026-06-19",102.0,"IQ - INSTITUTO DE QUÍMICA","175/2025","Alto",41.0,"2026-08-01","Material",6640.0,"EQUIPAMENTOS E ARTIGOS DE LABORATÓRIO",2690.0,"PAPEL DE FILTRO",408332.0,"DIÂMETRO: CERCA DE 120, TIPO: QUANTITATIVO, TIPO FILTRAÇÃO: FILTRAÇÃO MÉDIA","UN",0.7,2000.0,1400.0]
["15/2026","Aprovada",null,"MATERIAIS PARA LABORATÓRIO, VIDRARIAS","BENS",153052.0,"2026-03-09","2026-06-19",102.0,"IQ - INSTITUTO DE QUÍMICA","175/2025","Alto",42.0,"2026-08-01","Material",6640.0,"EQUIPAMENTOS E ARTIGOS DE LABORATÓRIO",2690.0,"PAPEL DE FILTRO",408337.0,"DIÂMETRO: CERCA DE 90, TIPO: QUANTITATIVO, TIPO FILTRAÇÃO: FILTRAÇÃO MÉDIA","UN",0.7,3000.0,2100.0]
["15/2026","Aprovada",null,"MATERIAIS PARA LABORATÓRIO, VIDRARIAS","BENS",153052.0,"2026-03-09","2026-06-19",102.0,"IQ - INSTITUTO DE QUÍMICA","175/2025","Alto",43.0,"2026-08-01","Material",6640.0,"EQUIPAMENTOS E ARTIGOS DE LABORATÓRIO",2281.0,"PINÇA LABORATÓRIO",440497.0,"ADICIONAL: DUPLA E COM MUFA, APLICAÇÃO: PARA BURETA, COMPRIMENTO: CERCA DE 25, MATERIAL: METAL, MODELO: CASTALOY","UN",77.3415,32.0,2474.928]
["15/2026","Aprovada",null,"MATERIAIS PARA LABORATÓRIO, VIDRARIAS","BENS",153052.0,"2026-03-09","2026-06-19",102.0,"IQ - INSTITUTO DE QUÍMICA","175/2025","Alto",44.0,"2026-08-01","Material",6640.0,"EQUIPAMENTOS E ARTIGOS DE LABORATÓRIO",8874.0,"PIPETA",417814.0,"CAPACIDADE: 3, ESCALA: ESCALA 0,5 EM 0,5 ML, GRADUAÇÃO: GRADUADA, MATERIAL: PLÁSTICO, TIPO: PASTEUR, TIPO USO: DESCARTÁVEL","UN",0.261,500.0,130.5]
["15/2026","Aprovada",null,"MATERIAIS PARA LABORATÓRIO, VIDRARIAS","BENS",153052.0,"2026-03-09","2026-06-19",102.0,"IQ - INSTITUTO DE QUÍMICA","175/2025","Alto",45.0,"2026-08-01","Material",6640.0,"EQUIPAMENTOS E ARTIGOS DE LABORATÓRIO",8874.0,"PIPETA",410501.0,"CAPACIDADE: 10, ESCALA: ESCALA 0,1 EM 0,1 ML, GRADUAÇÃO: GRADUADA, MATERIAL: VIDRO, TIPO: SOROLÓGICA","UN",4.008,300.0,1202.4]
["15/2026","Aprovada",null,"MATERIAIS PARA LABORATÓRIO, VIDRARIAS","BENS",153052.0,"2026-03-09","2026-06-19",102.0,"IQ - INSTITUTO DE QUÍMICA","175/2025","Alto",46.0,"2026-08-01","Material",6640.0,"EQUIPAMENTOS E ARTIGOS DE LABORATÓRIO",8874.0,"PIPETA",410504.0,"CAPACIDADE: 20, ESCALA: ESCALA 0,1 EM 0,1 ML, GRADUAÇÃO: GRADUADA, MATERIAL: VIDRO, TIPO: SOROLÓGICA","UN",4.41,80.0,352.8]
["15/2026","Aprovada",null,"MATERIAIS PARA LABORATÓRIO, VIDRARIAS","BENS",153052.0,"2026-03-09","2026-06-19",102.0,"IQ - INSTITUTO DE QUÍMICA","175/2025","Alto",47.0,"2026-08-01","Material",6640.0,"EQUIPAMENTOS E ARTIGOS DE LABORATÓRIO",8874.0,"PIPETA",410477.0,"CAPACIDADE: 2, ESCALA: ESCALA 0,02 EM 0,02 ML, GRADUAÇÃO: GRADUADA, MATERIAL: VIDRO, TIPO: SOROLÓGICA","UN",3.45,50.0,172.5]
["15/2026","Aprovada",null,"MATERIAIS PARA LABORATÓRIO, VIDRARIAS","BENS",153052.0,"2026-03-09","2026-06-19",102.0,"IQ - INSTITUTO DE QUÍMICA","175/2025","Alto",48.0,"2026-08-01","Material",6640.0,"EQUIPAMENTOS E ARTIGOS DE LABORATÓRIO",8874.0,"PIPETA",410489.0,"CAPACIDADE: 5, ESCALA: ESCALA 0,1 EM 0,1 ML, GRADUAÇÃO: GRADUADA, MATERIAL: VIDRO, TIPO: SOROLÓGICA","UN",3.6,150.0,540.0]
["15/2026","Aprovada",null,"MATERIAIS PARA LABORATÓRIO, VIDRARIAS","BENS",153052.0,"2026-03-09","2026-06-19",102.0,"IQ - INSTITUTO DE QUÍMICA","175/2025","Alto",49.0,"2026-08-01","Material",6640.0,"EQUIPAMENTOS E ARTIGOS DE LABORATÓRIO",8874.0,"PIPETA",414261.0,"CAPACIDADE: 20, MATERIAL: VIDRO, TIPO: VOLUMÉTRICA","UN",8.1175,120.0,974.1]
["15/2026","Aprovada",null,"MATERIAIS PARA LABORATÓRIO, VIDRARIAS","BENS",153052.0,"2026-03-09","2026-06-19",102.0,"IQ - INSTITUTO DE QUÍMICA","175/2025","Alto",50.0,"2026-08-01","Material",6640.0,"EQUIPAMENTOS E ARTIGOS DE LABORATÓRIO",8874.0,"PIPETA",414246.0,"CAPACIDADE: 25, ESGOTAMENTO: ESGOTAMENTO TOTAL, MATERIAL: VIDRO, TIPO: VOLUMÉTRICA","UN",11.2479,80.0,899.832]
["15/2026","Aprovada",null,"MATERIAIS PARA LABORATÓRIO, VIDRARIAS","BENS",153052.0,"2026-03-09","2026-06-19",102.0,"IQ - INSTITUTO DE QUÍMICA","175/2025","Alto",51.0,"2026-08-01","Material",6640.0,"EQUIPAMENTOS E ARTIGOS DE LABORATÓRIO",8874.0,"PIPETA",414249.0,"CAPACIDADE: 2, ESGOTAMENTO: ESGOTAMENTO TOTAL, MATERIAL: VIDRO, TIPO: VOLUMÉTRICA","UN",5.9773,50.0,298.865]
["15/2026","Aprovada",null,"MATERIAIS PARA LABORATÓRIO, VIDRARIAS","BENS",153052.0,"2026-03-09","2026-06-19",102.0,"IQ - INSTITUTO DE QUÍMICA","175/2025","Alto",52.0,"2026-08-01","Material",6640.0,"EQUIPAMENTOS E ARTIGOS DE LABORATÓRIO",8874.0,"PIPETA",414266.0,"CAPACIDADE: 5, ESGOTAMENTO: ESGOTAMENTO TOTAL, MATERIAL: VIDRO, TIPO: VOLUMÉTRICA","UN",7.23,100.0,723.0]
["15/2026","Aprovada",null,"MATERIAIS PARA LABORATÓRIO, VIDRARIAS","BENS",153052.0,"2026-03-09","2026-06-19",102.0,"IQ - INSTITUTO DE QUÍMICA","175/2025","Alto",53.0,"2026-08-01","Material",6640.0,"EQUIPAMENTOS E ARTIGOS DE LABORATÓRIO",9501.0,"MATERIAL LABORATÓRIO",419586.0,"DIMENSÕES: CERCA DE 50 X 25, MATERIAL: BORRACHA, TIPO: ALONGA","UN",11.8,50.0,590.0]
["15/2026","Aprovada",null,"MATERIAIS PARA LABORATÓRIO, VIDRARIAS","BENS",153052.0,"2026-03-09","2026-06-19",102.0,"IQ - INSTITUTO DE QUÍMICA","175/2025","Alto",54.0,"2026-08-01","Material",6640.0,"Equipamentos e artigos de laboratório",7875.0,"Suporte Laboratório",421507.0,"aplicação: para pipetas, base: giratória, capacidade: até 15 unidades, material: metal, tipo: estante","UN",169.0,10.0,1690.0]
["15/2026","Aprovada",null,"MATERIAIS PARA LABORATÓRIO, VIDRARIAS","BENS",153052.0,"2026-03-09","2026-06-19",102.0,"IQ - INSTITUTO DE QUÍMICA","175/2025","Alto",55.0,"2026-08-01","Material",6640.0,"EQUIPAMENTOS E ARTIGOS DE LABORATÓRIO",13114.0,"TUBO LABORATÓRIO",409072.0,"ACESSÓRIOS: TAMPA ROSQUEÁVEL, DIMENSÕES: CERCA DE 15 X 100, MATERIAL: VIDRO, TIPO: ENSAIO, TIPO FUNDO: FUNDO REDONDO","UN",1.175,200.0,235.0]
["15/2026","Aprovada",null,"MATERIAIS PARA LABORATÓRIO, VIDRARIAS","BENS",153052.0,"2026-03-09","2026-06-19",102.0,"IQ - INSTITUTO DE QUÍMICA","175/2025","Alto",56.0,"2026-08-01","Material",6640.0,"EQUIPAMENTOS E ARTIGOS DE LABORATÓRIO",13114.0,"TUBO LABORATÓRIO",409040.0,"ADICIONAL: SEM ORLA, DIMENSÕES: CERCA DE 20 X 200, MATERIAL: VIDRO, TIPO: ENSAIO, TIPO FUNDO: FUNDO REDONDO","UN",1.0,300.0,300.0]
["15/2026","Aprovada",null,"MATERIAIS PARA LABORATÓRIO, VIDRARIAS","BENS",153052.0,"2026-03-09","2026-06-19",102.0,"FF - FACULDADE DE FÁRMACIA","193/2025","Médio",25.0,"2026-08-01","Material",6640.0,"EQUIPAMENTOS E ARTIGOS DE LABORATÓRIO",11016.0,"PONTEIRA LABORATÓRIO",446911.0,"CAPACIDADE: ATÉ 1000 MCL, ESTERILIDADE*: APIROGÊNICO, LIVRE DE DNASE E RNASE, MATERIAL: POLIPROPILENO, TIPO USO*: ESTERILIZÁVEL","UN",0.06,5000.0,300.0]
["15/2026","Aprovada",null,"MATERIAIS PARA LABORATÓRIO, VIDRARIAS","BENS",153052.0,"2026-03-09","2026-06-19",102.0,"FF - FACULDADE DE FÁRMACIA","193/2025","Médio",26.0,"2026-08-01","Material",6640.0,"Equipamentos e artigos de laboratório",11016.0,"Ponteira Laboratório",427478.0,"capacidade: até 200 mcl, material: polipropileno, tipo uso*: descartável","UN",0.0086,5000.0,43.0]
["15/2026","Aprovada",null,"MATERIAIS PARA LABORATÓRIO, VIDRARIAS","BENS",153052.0,"2026-03-09","2026-06-19",102.0,"FF - FACULDADE DE FÁRMACIA","193/2025","Médio",27.0,"2026-08-01","Material",6640.0,"Equipamentos e artigos de laboratório",5363.0,"Proveta",409902.0,"acessórios: com rolha de vidro, base: base em vidro, capacidade: 100, graduação: graduada, material: vidro","UN",34.17,30.0,1025.1]
["15/2026","Aprovada",null,"MATERIAIS PARA LABORATÓRIO, VIDRARIAS","BENS",153052.0,"2026-03-09","2026-06-19",102.0,"IPTSP - INSTITUTO DE PATOLOGIA TROPICAL E SAÚDE PÚBLICA","141/2025","Médio",130.0,"2026-07-31","Material",6640.0,"Equipamentos e artigos de laboratório",10384.0,"Indicador De Ph",412644.0,"escala: 0 a 14, tipo: tira de papel","UN",59.11,2.0,118.22]
["15/2026","Aprovada",null,"MATERIAIS PARA LABORATÓRIO, VIDRARIAS","BENS",153052.0,"2026-03-09","2026-06-19",102.0,"IPTSP - INSTITUTO DE PATOLOGIA TROPICAL E SAÚDE PÚBLICA","141/2025","Médio",132.0,"2026-07-31","Material",6640.0,"Equipamentos e artigos de laboratório",7094.0,"Estante Tubo Ensaio",421511.0,"capacidade*: até 60 unidades, diâmetro tubo: para tubos até 30, material: arame revestido em pvc","UN",47.75,5.0,238.75]
["15/2026","Aprovada",null,"MATERIAIS PARA LABORATÓRIO, VIDRARIAS","BENS",153052.0,"2026-03-09","2026-06-19",102.0,"FF - FACULDADE DE FÁRMACIA","193/2025","Médio",30.0,"2026-08-01","Material",6640.0,"Equipamentos e artigos de laboratório",10848.0,"Placa Laboratório",478635.0,"dimensões: cerca de 10 x 10, material: óxido de alumínio, tipo: p/ cromatografia camada delgada","UN",8.3,50.0,415.0]
["15/2026","Aprovada",null,"MATERIAIS PARA LABORATÓRIO, VIDRARIAS","BENS",153052.0,"2026-03-09","2026-06-19",102.0,"FF - FACULDADE DE FÁRMACIA","193/2025","Médio",32.0,"2026-08-01","Material",6640.0,"EQUIPAMENTOS E ARTIGOS DE LABORATÓRIO",16363.0,"CUBETA LABORATÓRIO",606220.0,"ADICIONAL: COM 2 FACES POLIDAS, COMPONENTES: COM TAMPA, MATERIAL: QUARTZO, PERCURSO: CAMINHO ÓPTICO ATÉ 10 MM, VOLUME: ATÉ 1,5","UN",87.52,20.0,1750.4]
["15/2026","Aprovada",null,"MATERIAIS PARA LABORATÓRIO, VIDRARIAS","BENS",153052.0,"2026-03-09","2026-06-19",102.0,"IPTSP - INSTITUTO DE PATOLOGIA TROPICAL E SAÚDE PÚBLICA","141/2025","Médio",139.0,"2026-07-31","Material",6640.0,"Equipamentos e artigos de laboratório",7059.0,"Microscópio",601089.0,"adicional: inclinação até 45°, rotação de 360°, aumento: objetivas até 100x, zoom até 1600x, componentes: iluminação em led, tipo: binocular, tipo de análise: ótico","UN",15082.62,1.0,15082.62]
["15/2026","Aprovada",null,"MATERIAIS PARA LABORATÓRIO, VIDRARIAS","BENS",153052.0,"2026-03-09","2026-06-19",102.0,"IQ - INSTITUTO DE QUÍMICA","175/2025","Alto",57.0,"2026-08-01","Material",6640.0,"Equipamentos e artigos de laboratório",13431.0,"Vidro Relógio",408487.0,"diâmetro: cerca de 25, formato: côncavo","UN",8.06,100.0,806.0]
["15/2026","Aprovada",null,"MATERIAIS PARA LABORATÓRIO, VIDRARIAS","BENS",153052.0,"2026-03-09","2026-06-19",102.0,"IQ - INSTITUTO DE QUÍMICA","175/2025","Alto",58.0,"2026-08-01","Material",6640.0,"Equipamentos e artigos de laboratório",13431.0,"Vidro Relógio",408488.0,"diâmetro: cerca de 15, formato: côncavo","UN",6.865,100.0,686.5]
["15/2026","Aprovada",null,"MATERIAIS PARA LABORATÓRIO, VIDRARIAS","BENS",153052.0,"2026-03-09","2026-06-19",102.0,"IQ - INSTITUTO DE QUÍMICA","175/2025","Alto",59.0,"2026-08-01","Material",6640.0,"Equipamentos e artigos de laboratório",13431.0,"Vidro Relógio",408486.0,"diâmetro: cerca de 10, formato: côncavo","UN",4.76,150.0,714.0]
["15/2026","Aprovada",null,"MATERIAIS PARA LABORATÓRIO, VIDRARIAS","BENS",153052.0,"2026-03-09","2026-06-19",102.0,"IQ - INSTITUTO DE QUÍMICA","175/2025","Alto",60.0,"2026-08-01","Material",6640.0,"EQUIPAMENTOS E ARTIGOS DE LABORATÓRIO",13431.0,"VIDRO RELÓGIO",423500.0,"DIÂMETRO: CERCA DE 7,5, FORMATO: CÔNCAVO","UN",3.51,300.0,1053.0]
["15/2026","Aprovada",null,"MATERIAIS PARA LABORATÓRIO, VIDRARIAS","BENS",153052.0,"2026-03-09","2026-06-19",102.0,"IQ - INSTITUTO DE QUÍMICA","175/2025","Alto",61.0,"2026-08-01","Material",8145.0,"RECIPIENTES ESPECIALIZADOS PARA TRANSPORTE E ARMAZENAGEM",7822.0,"FRASCO CONTA-GOTAS",420716.0,"APLICAÇÃO: USO FARMACÊUTICO, CAPACIDADE: 6, COR: BRANCO LEITOSO, MATERIAL: PLÁSTICO","UN",1.71,1000.0,1710.0]
["15/2026","Aprovada",null,"MATERIAIS PARA LABORATÓRIO, VIDRARIAS","BENS",153052.0,"2026-03-09","2026-06-19",102.0,"EECA - ESCOLA DE ENGENHARIA CIVIL E AMBIENTAL","308/2025","Alto",1.0,"2026-10-30","Material",6640.0,"Equipamentos e artigos de laboratório",15188.0,"Cilindro Esterilizador",440653.0,"características adicionais*: c/ tampa, dimensões: cerca de 120 x 270, formato: redondo, material: aço inoxidável, tipo uso: p/ até 12 placas de petri de 100 x 20 mm","UN",350.0,1.0,350.0]
["15/2026","Aprovada",null,"MATERIAIS PARA LABORATÓRIO, VIDRARIAS","BENS",153052.0,"2026-03-09","2026-06-19",102.0,"EECA - ESCOLA DE ENGENHARIA CIVIL E AMBIENTAL","308/2025","Alto",2.0,"2026-10-30","Material",6640.0,"Equipamentos e artigos de laboratório",15188.0,"Cilindro Esterilizador",439153.0,"características adicionais*: c/ tampa, dimensões: cerca de 90 x 400, formato: redondo, material: aço inoxidável, tipo uso: p/ pipetas","UN",92.0,1.0,92.0]
["15/2026","Aprovada",null,"MATERIAIS PARA LABORATÓRIO, VIDRARIAS","BENS",153052.0,"2026-03-09","2026-06-19",102.0,"EECA - ESCOLA DE ENGENHARIA CIVIL E AMBIENTAL","308/2025","Alto",4.0,"2026-10-30","Material",6640.0,"EQUIPAMENTOS E ARTIGOS DE LABORATÓRIO",10757.0,"PIPETADOR",421099.0,"AJUSTE: TIPO PERA, CAPACIDADE: ATÉ 100, COMPONENTES*: COM 3 VIAS, MATERIAL: PLÁSTICO, TIPO: MANUAL","UN",40.0,9.0,360.0]
["15/2026","Aprovada",null,"MATERIAIS PARA LABORATÓRIO, VIDRARIAS","BENS",153052.0,"2026-03-09","2026-06-19",102.0,"EECA - ESCOLA DE ENGENHARIA CIVIL E AMBIENTAL","308/2025","Alto",5.0,"2026-10-30","Material",6635.0,"Equipamentos para testes de propriedades físicas",14210.0,"Peneira Granulométrica",277445.0,"abertura malhas: 19, altura: 2, aplicação: laboratório de construção civil, diâmetro: 8, material: latão polido","UN",307.0,1.0,307.0]
["15/2026","Aprovada",null,"MATERIAIS PARA LABORATÓRIO, VIDRARIAS","BENS",153052.0,"2026-03-09","2026-06-19",102.0,"EECA - ESCOLA DE ENGENHARIA CIVIL E AMBIENTAL","308/2025","Alto",6.0,"2026-10-30","Material",6635.0,"Equipamentos para testes de propriedades físicas",14210.0,"Peneira Granulométrica",277446.0,"abertura malhas: 25, altura: 2, aplicação: laboratório de construção civil, diâmetro: 8, material: latão polido","UN",442.5,4.0,1770.0]
["15/2026","Aprovada",null,"MATERIAIS PARA LABORATÓRIO, VIDRARIAS","BENS",153052.0,"2026-03-09","2026-06-19",102.0,"EECA - ESCOLA DE ENGENHARIA CIVIL E AMBIENTAL","308/2025","Alto",7.0,"2026-10-30","Material",6635.0,"Equipamentos para testes de propriedades físicas",14210.0,"Peneira Granulométrica",277449.0,"abertura malhas: 9,5, altura: 2, aplicação: laboratório de construção civil, diâmetro: 8, material: latão polido","UN",307.0,1.0,307.0]
["15/2026","Aprovada",null,"MATERIAIS PARA LABORATÓRIO, VIDRARIAS","BENS",153052.0,"2026-03-09","2026-06-19",102.0,"EECA - ESCOLA DE ENGENHARIA CIVIL E AMBIENTAL","308/2025","Alto",8.0,"2026-10-30","Material",6635.0,"Equipamentos para testes de propriedades físicas",14210.0,"Peneira Granulométrica",462400.0,"abertura malhas: 12,5, altura: 2, diâmetro: 8, material: latão polido, normas técnicas: abnt, tipo malha: quadrada","UN",502.45,1.0,502.45]
["15/2026","Aprovada",null,"MATERIAIS PARA LABORATÓRIO, VIDRARIAS","BENS",153052.0,"2026-03-09","2026-06-19",102.0,"EECA - ESCOLA DE ENGENHARIA CIVIL E AMBIENTAL","308/2025","Alto",9.0,"2026-10-30","Material",6635.0,"Equipamentos para testes de propriedades físicas",14210.0,"Peneira Granulométrica",425342.0,"abertura malhas: 1/4, altura: 2, diâmetro: 8, material: aço inoxidável","UN",538.4,1.0,538.4]
["15/2026","Aprovada",null,"MATERIAIS PARA LABORATÓRIO, VIDRARIAS","BENS",153052.0,"2026-03-09","2026-06-19",102.0,"EECA - ESCOLA DE ENGENHARIA CIVIL E AMBIENTAL","308/2025","Alto",10.0,"2026-10-30","Material",6635.0,"Equipamentos para testes de propriedades físicas",14210.0,"Peneira Granulométrica",375673.0,"altura: 2, diâmetro: 8, material: aço inoxidável, tamanho abertura malhas: 4 mesh","UN",399.0,1.0,399.0]
["15/2026","Aprovada",null,"MATERIAIS PARA LABORATÓRIO, VIDRARIAS","BENS",153052.0,"2026-03-09","2026-06-19",102.0,"EECA - ESCOLA DE ENGENHARIA CIVIL E AMBIENTAL","308/2025","Alto",11.0,"2026-10-30","Material",6635.0,"Equipamentos para testes de propriedades físicas",14210.0,"Peneira Granulométrica",420713.0,"altura: 2, diâmetro: 8, material: aço inoxidável, normas técnicas: abnt, tipo malha: quadrada, tamanho abertura malhas: 8 mesh","UN",378.4,1.0,378.4]
["15/2026","Aprovada",null,"MATERIAIS PARA LABORATÓRIO, VIDRARIAS","BENS",153052.0,"2026-03-09","2026-06-19",102.0,"EECA - ESCOLA DE ENGENHARIA CIVIL E AMBIENTAL","308/2025","Alto",12.0,"2026-10-30","Material",6635.0,"Equipamentos para testes de propriedades físicas",14210.0,"Peneira Granulométrica",375678.0,"altura: 2, diâmetro: 8, material: aço inoxidável, tamanho abertura malhas: 14 mesh","UN",378.4,1.0,378.4]
["15/2026","Aprovada",null,"MATERIAIS PARA LABORATÓRIO, VIDRARIAS","BENS",153052.0,"2026-03-09","2026-06-19",102.0,"EECA - ESCOLA DE ENGENHARIA CIVIL E AMBIENTAL","308/2025","Alto",13.0,"2026-10-30","Material",6635.0,"Equipamentos para testes de propriedades físicas",14210.0,"Peneira Granulométrica",269134.0,"altura: 2, diâmetro: 8, material: aço inoxidável, tamanho abertura malhas: 28 mesh","UN",378.4,1.0,378.4]
["15/2026","Aprovada",null,"MATERIAIS PARA LABORATÓRIO, VIDRARIAS","BENS",153052.0,"2026-03-09","2026-06-19",102.0,"EECA - ESCOLA DE ENGENHARIA CIVIL E AMBIENTAL","308/2025","Alto",14.0,"2026-10-30","Material",6635.0,"Equipamentos para testes de propriedades físicas",14210.0,"Peneira Granulométrica",269137.0,"altura: 2, diâmetro: 8, material: aço inoxidável, tamanho abertura malhas: 48 mesh","UN",319.16,1.0,319.16]
["15/2026","Aprovada",null,"MATERIAIS PARA LABORATÓRIO, VIDRARIAS","BENS",153052.0,"2026-03-09","2026-06-19",102.0,"EECA - ESCOLA DE ENGENHARIA CIVIL E AMBIENTAL","308/2025","Alto",15.0,"2026-10-30","Material",6635.0,"Equipamentos para testes de propriedades físicas",14210.0,"Peneira Granulométrica",353954.0,"altura: 2, características adicionais: malha tensionada e afixada por pressão, diâmetro: 8, material: aço inoxidável 304, normas técnicas: iso 3310-01 (mm),astm e11 (pol),série tyler (mesh), tamanho abertura malhas: 100","UN",378.4,1.0,378.4]
["15/2026","Aprovada",null,"MATERIAIS PARA LABORATÓRIO, VIDRARIAS","BENS",153052.0,"2026-03-09","2026-06-19",102.0,"EECA - ESCOLA DE ENGENHARIA CIVIL E AMBIENTAL","308/2025","Alto",16.0,"2026-10-30","Material",6635.0,"Equipamentos para testes de propriedades físicas",14210.0,"Peneira Granulométrica",353955.0,"altura: 2, características adicionais: malha tensionada e afixada por pressão, diâmetro: 8, material: aço inoxidável 304, normas técnicas: iso 3310-01 (mm),astm e11 (pol),série tyler (mesh), tamanho abertura malhas: 200","UN",390.0,1.0,390.0]
["15/2026","Aprovada",null,"MATERIAIS PARA LABORATÓRIO, VIDRARIAS","BENS",153052.0,"2026-03-09","2026-06-19",102.0,"EECA - ESCOLA DE ENGENHARIA CIVIL E AMBIENTAL","309/2025","Alto",2.0,"2026-11-03","Material",6640.0,"Equipamentos e artigos de laboratório",10384.0,"Indicador De Ph",412644.0,"escala: 0 a 14, tipo: tira de papel","UN",1.5,400.0,600.0]
["15/2026","Aprovada",null,"MATERIAIS PARA LABORATÓRIO, VIDRARIAS","BENS",153052.0,"2026-03-09","2026-06-19",102.0,"EECA - ESCOLA DE ENGENHARIA CIVIL E AMBIENTAL","309/2025","Alto",3.0,"2026-11-03","Material",9150.0,"Óleos e graxas para corte, lubrificação e sistemas  hidráulicos",14780.0,"Desengrimpante",602645.0,"aplicação: uso geral, apresentação: spray, composição: base sintética biodegradável","UN",10.83,30.0,324.9]
["15/2026","Aprovada",null,"MATERIAIS PARA LABORATÓRIO, VIDRARIAS","BENS",153052.0,"2026-03-09","2026-06-19",102.0,"EECA - ESCOLA DE ENGENHARIA CIVIL E AMBIENTAL","309/2025","Alto",4.0,"2026-11-03","Material",6520.0,"Instrumentos, equipamentos e suprimentos dentários",7994.0,"Gesso - Uso Odontológico",428417.0,"tipo: pedra especial tipo iv","EMB",25.0,45.0,1125.0]
["15/2026","Aprovada",null,"MATERIAIS PARA LABORATÓRIO, VIDRARIAS","BENS",153052.0,"2026-03-09","2026-06-19",102.0,"EECA - ESCOLA DE ENGENHARIA CIVIL E AMBIENTAL","321/2025","Alto",1.0,"2026-09-30","Material",6640.0,"EQUIPAMENTOS E ARTIGOS DE LABORATÓRIO",17593.0,"ERLENMEYER",420750.0,"ACESSÓRIOS: TAMPA ROSQUEÁVEL COM VEDAÇÃO, GRADUAÇÃO: GRADUADO, MATERIAL: VIDRO, TIPO BOCA: BOCA ESTREITA, VOLUME: 100","UN",10.0,20.0,200.0]
["15/2026","Aprovada",null,"MATERIAIS PARA LABORATÓRIO, VIDRARIAS","BENS",153052.0,"2026-03-09","2026-06-19",102.0,"EECA - ESCOLA DE ENGENHARIA CIVIL E AMBIENTAL","321/2025","Alto",2.0,"2026-09-30","Material",6640.0,"EQUIPAMENTOS E ARTIGOS DE LABORATÓRIO",517.0,"BÉQUER",408266.0,"ADICIONAL: COM ORLA E BICO, CAPACIDADE: 250, FORMATO: FORMA BAIXA, GRADUAÇÃO: GRADUADO, MATERIAL: VIDRO","UN",6.0,18.0,108.0]
["15/2026","Aprovada",null,"MATERIAIS PARA LABORATÓRIO, VIDRARIAS","BENS",153052.0,"2026-03-09","2026-06-19",102.0,"EECA - ESCOLA DE ENGENHARIA CIVIL E AMBIENTAL","321/2025","Alto",3.0,"2026-09-30","Material",6640.0,"EQUIPAMENTOS E ARTIGOS DE LABORATÓRIO",517.0,"BÉQUER",408268.0,"ADICIONAL: COM ORLA E BICO, CAPACIDADE: 500, FORMATO: FORMA BAIXA, GRADUAÇÃO: GRADUADO, MATERIAL: VIDRO","UN",10.0,18.0,180.0]
["15/2026","Aprovada",null,"MATERIAIS PARA LABORATÓRIO, VIDRARIAS","BENS",153052.0,"2026-03-09","2026-06-19",102.0,"EECA - ESCOLA DE ENGENHARIA CIVIL E AMBIENTAL","321/2025","Alto",4.0,"2026-09-30","Material",6640.0,"EQUIPAMENTOS E ARTIGOS DE LABORATÓRIO",517.0,"BÉQUER",408271.0,"ADICIONAL: COM ORLA E BICO, CAPACIDADE: 1000, FORMATO: FORMA BAIXA, GRADUAÇÃO: GRADUADO, MATERIAL: VIDRO","UN",15.0,33.0,495.0]
["15/2026","Aprovada",null,"MATERIAIS PARA LABORATÓRIO, VIDRARIAS","BENS",153052.0,"2026-03-09","2026-06-19",102.0,"EECA - ESCOLA DE ENGENHARIA CIVIL E AMBIENTAL","321/2025","Alto",5.0,"2026-09-30","Material",6640.0,"EQUIPAMENTOS E ARTIGOS DE LABORATÓRIO",517.0,"BÉQUER",408273.0,"ADICIONAL: COM ORLA E BICO, CAPACIDADE: 2000, FORMATO: FORMA BAIXA, GRADUAÇÃO: GRADUADO, MATERIAL: VIDRO","UN",36.0,13.0,468.0]
["15/2026","Aprovada",null,"MATERIAIS PARA LABORATÓRIO, VIDRARIAS","BENS",153052.0,"2026-03-09","2026-06-19",102.0,"EECA - ESCOLA DE ENGENHARIA CIVIL E AMBIENTAL","321/2025","Alto",6.0,"2026-09-30","Material",6640.0,"EQUIPAMENTOS E ARTIGOS DE LABORATÓRIO",517.0,"BÉQUER",408286.0,"ADICIONAL: COM ORLA E BICO, CAPACIDADE: 1000, FORMATO: FORMA BAIXA, GRADUAÇÃO: GRADUADO, MATERIAL: POLIPROPILENO","UN",16.0,33.0,528.0]
["15/2026","Aprovada",null,"MATERIAIS PARA LABORATÓRIO, VIDRARIAS","BENS",153052.0,"2026-03-09","2026-06-19",102.0,"EECA - ESCOLA DE ENGENHARIA CIVIL E AMBIENTAL","321/2025","Alto",7.0,"2026-09-30","Material",6640.0,"EQUIPAMENTOS E ARTIGOS DE LABORATÓRIO",517.0,"BÉQUER",408287.0,"ADICIONAL: COM ORLA E BICO, CAPACIDADE: 2000, FORMATO: FORMA BAIXA, GRADUAÇÃO: GRADUADO, MATERIAL: POLIPROPILENO","UN",22.0,8.0,176.0]
["15/2026","Aprovada",null,"MATERIAIS PARA LABORATÓRIO, VIDRARIAS","BENS",153052.0,"2026-03-09","2026-06-19",102.0,"EECA - ESCOLA DE ENGENHARIA CIVIL E AMBIENTAL","321/2025","Alto",8.0,"2026-09-30","Material",6640.0,"EQUIPAMENTOS E ARTIGOS DE LABORATÓRIO",517.0,"BÉQUER",408289.0,"ADICIONAL: COM ORLA E BICO, CAPACIDADE: 100, FORMATO: FORMA BAIXA, GRADUAÇÃO: GRADUADO, MATERIAL: POLIPROPILENO","UN",5.0,18.0,90.0]
["15/2026","Aprovada",null,"MATERIAIS PARA LABORATÓRIO, VIDRARIAS","BENS",153052.0,"2026-03-09","2026-06-19",102.0,"EECA - ESCOLA DE ENGENHARIA CIVIL E AMBIENTAL","321/2025","Alto",9.0,"2026-09-30","Material",6640.0,"Equipamentos e artigos de laboratório",10757.0,"Pipetador",408654.0,"ajuste: tipo roldana, capacidade: até 2, material: plástico, tipo: manual","UN",21.99,5.0,109.95]
["15/2026","Aprovada",null,"MATERIAIS PARA LABORATÓRIO, VIDRARIAS","BENS",153052.0,"2026-03-09","2026-06-19",102.0,"EECA - ESCOLA DE ENGENHARIA CIVIL E AMBIENTAL","321/2025","Alto",10.0,"2026-09-30","Material",6640.0,"Equipamentos e artigos de laboratório",10757.0,"Pipetador",408655.0,"ajuste: tipo roldana, capacidade: até 10, material: plástico, tipo: manual","UN",21.99,10.0,219.9]
["15/2026","Aprovada",null,"MATERIAIS PARA LABORATÓRIO, VIDRARIAS","BENS",153052.0,"2026-03-09","2026-06-19",102.0,"EECA - ESCOLA DE ENGENHARIA CIVIL E AMBIENTAL","321/2025","Alto",11.0,"2026-09-30","Material",6640.0,"Equipamentos e artigos de laboratório",10757.0,"Pipetador",408656.0,"ajuste: tipo roldana, capacidade: até 25, material: plástico, tipo: manual","UN",21.99,3.0,65.97]
["15/2026","Aprovada",null,"MATERIAIS PARA LABORATÓRIO, VIDRARIAS","BENS",153052.0,"2026-03-09","2026-06-19",102.0,"EECA - ESCOLA DE ENGENHARIA CIVIL E AMBIENTAL","321/2025","Alto",12.0,"2026-09-30","Material",6640.0,"Equipamentos e artigos de laboratório",3964.0,"Bureta",409140.0,"acessórios: com torneira de teflon, adicional: com faixa azul, escala: graduação máxima 0,2 em 0,2 ml, numerada, graduação: graduada, material: vidro, volume: 100","UN",80.0,3.0,240.0]
["15/2026","Aprovada",null,"MATERIAIS PARA LABORATÓRIO, VIDRARIAS","BENS",153052.0,"2026-03-09","2026-06-19",102.0,"EECA - ESCOLA DE ENGENHARIA CIVIL E AMBIENTAL","321/2025","Alto",13.0,"2026-09-30","Material",6640.0,"Equipamentos e artigos de laboratório",2671.0,"Balão Laboratório",409237.0,"acessórios: rolha de vidro, capacidade: 250, material: vidro, tipo fundo: fundo chato, tipo uso: volumétrico","UN",60.0,8.0,480.0]
["15/2026","Aprovada",null,"MATERIAIS PARA LABORATÓRIO, VIDRARIAS","BENS",153052.0,"2026-03-09","2026-06-19",102.0,"EECA - ESCOLA DE ENGENHARIA CIVIL E AMBIENTAL","321/2025","Alto",14.0,"2026-09-30","Material",6640.0,"Equipamentos e artigos de laboratório",17593.0,"Erlenmeyer",409397.0,"adicional: com orla, graduação: graduado, material: vidro, tipo boca: boca larga, volume: 125","UN",12.0,15.0,180.0]
["15/2026","Aprovada",null,"MATERIAIS PARA LABORATÓRIO, VIDRARIAS","BENS",153052.0,"2026-03-09","2026-06-19",102.0,"EECA - ESCOLA DE ENGENHARIA CIVIL E AMBIENTAL","321/2025","Alto",15.0,"2026-09-30","Material",6640.0,"Equipamentos e artigos de laboratório",6991.0,"Frasco Laboratório",409500.0,"capacidade: 250, graduação: graduado, material: vidro, tipo: le chatelier, tipo tampa: rolha de vidro","UN",240.0,4.0,960.0]
["15/2026","Aprovada",null,"MATERIAIS PARA LABORATÓRIO, VIDRARIAS","BENS",153052.0,"2026-03-09","2026-06-19",102.0,"EECA - ESCOLA DE ENGENHARIA CIVIL E AMBIENTAL","321/2025","Alto",16.0,"2026-09-30","Material",6640.0,"Equipamentos e artigos de laboratório",2671.0,"Balão Laboratório",409839.0,"adicional: com 1 junta, capacidade: 500, material: vidro, tipo fundo: fundo chato","UN",60.0,23.0,1380.0]
["15/2026","Aprovada",null,"MATERIAIS PARA LABORATÓRIO, VIDRARIAS","BENS",153052.0,"2026-03-09","2026-06-19",102.0,"EECA - ESCOLA DE ENGENHARIA CIVIL E AMBIENTAL","321/2025","Alto",17.0,"2026-09-30","Material",6640.0,"Equipamentos e artigos de laboratório",4736.0,"Funil Laboratório",411931.0,"adicional: raiado, capacidade: 250, material: vidro, tipo haste: haste curta, tipo uso: analítico","UN",40.0,8.0,320.0]
["15/2026","Aprovada",null,"MATERIAIS PARA LABORATÓRIO, VIDRARIAS","BENS",153052.0,"2026-03-09","2026-06-19",102.0,"EECA - ESCOLA DE ENGENHARIA CIVIL E AMBIENTAL","321/2025","Alto",18.0,"2026-09-30","Material",6640.0,"Equipamentos e artigos de laboratório",8874.0,"Pipeta",414253.0,"capacidade: 50, esgotamento: esgotamento total, material: vidro, tipo: volumétrica","UN",20.0,12.0,240.0]
["15/2026","Aprovada",null,"MATERIAIS PARA LABORATÓRIO, VIDRARIAS","BENS",153052.0,"2026-03-09","2026-06-19",102.0,"EECA - ESCOLA DE ENGENHARIA CIVIL E AMBIENTAL","321/2025","Alto",19.0,"2026-09-30","Material",6640.0,"EQUIPAMENTOS E ARTIGOS DE LABORATÓRIO",517.0,"BÉQUER",419773.0,"ADICIONAL: COM ORLA E BICO, CAPACIDADE: 50, FORMATO: FORMA BAIXA, GRADUAÇÃO: GRADUADO, MATERIAL: POLIPROPILENO","UN",5.0,18.0,90.0]
["15/2026","Aprovada",null,"MATERIAIS PARA LABORATÓRIO, VIDRARIAS","BENS",153052.0,"2026-03-09","2026-06-19",102.0,"EECA - ESCOLA DE ENGENHARIA CIVIL E AMBIENTAL","321/2025","Alto",20.0,"2026-09-30","Material",6640.0,"Equipamentos e artigos de laboratório",17593.0,"Erlenmeyer",419838.0,"adicional: com orla, graduação: graduado, material: vidro, tipo boca: boca larga, volume: 150","UN",14.38,100.0,1438.0]
["15/2026","Aprovada",null,"MATERIAIS PARA LABORATÓRIO, VIDRARIAS","BENS",153052.0,"2026-03-09","2026-06-19",102.0,"EECA - ESCOLA DE ENGENHARIA CIVIL E AMBIENTAL","321/2025","Alto",21.0,"2026-09-30","Material",6640.0,"Equipamentos e artigos de laboratório",6991.0,"Frasco Laboratório",419975.0,"capacidade: 100, graduação: graduado, material: vidro, tipo boca: boca larga, tipo tampa: tampa rosqueável com vedação","UN",89.0,10.0,890.0]
["15/2026","Aprovada",null,"MATERIAIS PARA LABORATÓRIO, VIDRARIAS","BENS",153052.0,"2026-03-09","2026-06-19",102.0,"EECA - ESCOLA DE ENGENHARIA CIVIL E AMBIENTAL","321/2025","Alto",22.0,"2026-09-30","Material",6640.0,"Equipamentos e artigos de laboratório",6991.0,"Frasco Laboratório",420038.0,"capacidade: 450, graduação: graduado, material: vidro, tipo: chapman","UN",270.0,2.0,540.0]
["15/2026","Aprovada",null,"MATERIAIS PARA LABORATÓRIO, VIDRARIAS","BENS",153052.0,"2026-03-09","2026-06-19",102.0,"EECA - ESCOLA DE ENGENHARIA CIVIL E AMBIENTAL","321/2025","Alto",23.0,"2026-09-30","Material",6640.0,"Equipamentos e artigos de laboratório",10757.0,"Pipetador",421099.0,"ajuste: tipo pera, capacidade: até 100, componentes*: com 3 vias, material: plástico, tipo: manual","UN",21.9,10.0,219.0]
["15/2026","Aprovada",null,"MATERIAIS PARA LABORATÓRIO, VIDRARIAS","BENS",153052.0,"2026-03-09","2026-06-19",102.0,"EECA - ESCOLA DE ENGENHARIA CIVIL E AMBIENTAL","321/2025","Alto",24.0,"2026-09-30","Material",6640.0,"Equipamentos e artigos de laboratório",8874.0,"Pipeta",423975.0,"capacidade: 3, material: plástico, tipo: pasteur, tipo uso: descartável","UN",0.22,300.0,66.0]
["15/2026","Aprovada",null,"MATERIAIS PARA LABORATÓRIO, VIDRARIAS","BENS",153052.0,"2026-03-09","2026-06-19",102.0,"EECA - ESCOLA DE ENGENHARIA CIVIL E AMBIENTAL","321/2025","Alto",25.0,"2026-09-30","Material",6640.0,"Equipamentos e artigos de laboratório",4736.0,"Funil Laboratório",427147.0,"adicional: raiado, capacidade: 250, material: vidro, tipo haste: haste longa, tipo uso: analítico","UN",65.0,8.0,520.0]
["15/2026","Aprovada",null,"MATERIAIS PARA LABORATÓRIO, VIDRARIAS","BENS",153052.0,"2026-03-09","2026-06-19",102.0,"EECA - ESCOLA DE ENGENHARIA CIVIL E AMBIENTAL","321/2025","Alto",26.0,"2026-09-30","Material",7290.0,"Utensílios comerciais e domésticos diversos",1333.0,"Escorredor Vidros",449714.0,"comprimento: 50, largura: 50, material: polipropileno, quantidade pinos: 25, tipo: parede","UN",220.0,7.0,1540.0]
["15/2026","Aprovada",null,"MATERIAIS PARA LABORATÓRIO, VIDRARIAS","BENS",153052.0,"2026-03-09","2026-06-19",102.0,"EECA - ESCOLA DE ENGENHARIA CIVIL E AMBIENTAL","321/2025","Alto",27.0,"2026-09-30","Material",6640.0,"Equipamentos e artigos de laboratório",6991.0,"Frasco Laboratório",450304.0,"capacidade: 125, material: vidro, tipo: dreschel","UN",22.0,20.0,440.0]
["15/2026","Aprovada",null,"MATERIAIS PARA LABORATÓRIO, VIDRARIAS","BENS",153052.0,"2026-03-09","2026-06-19",102.0,"EECA - ESCOLA DE ENGENHARIA CIVIL E AMBIENTAL","321/2025","Alto",29.0,"2026-09-30","Material",6640.0,"Equipamentos e artigos de laboratório",2671.0,"Balão Laboratório",458142.0,"acessórios: rolha de vidro, capacidade: 50, material: vidro âmbar, tipo fundo: fundo chato, tipo uso: volumétrico","UN",32.0,6.0,192.0]
["15/2026","Aprovada",null,"MATERIAIS PARA LABORATÓRIO, VIDRARIAS","BENS",153052.0,"2026-03-09","2026-06-19",102.0,"EECA - ESCOLA DE ENGENHARIA CIVIL E AMBIENTAL","321/2025","Alto",30.0,"2026-09-30","Material",6640.0,"Equipamentos e artigos de laboratório",2671.0,"Balão Laboratório",458143.0,"acessórios: rolha de vidro, capacidade: 100, material: vidro âmbar, tipo fundo: fundo chato, tipo uso: volumétrico","UN",68.0,5.0,340.0]
["15/2026","Aprovada",null,"MATERIAIS PARA LABORATÓRIO, VIDRARIAS","BENS",153052.0,"2026-03-09","2026-06-19",102.0,"EECA - ESCOLA DE ENGENHARIA CIVIL E AMBIENTAL","321/2025","Alto",31.0,"2026-09-30","Material",6630.0,"Instrumentos para análises químicas",6461.0,"Eletrodo Medição Ph",477006.0,"características adicionais: junção diafragma: aberta, componentes: 01 diafragma, faixa operação acidez: 2 a 11, temperatura trabalho: 0 a 80, tipo: perfuração de baixa manutenção","UN",218.5,25.0,5462.5]
["15/2026","Aprovada",null,"MATERIAIS PARA LABORATÓRIO, VIDRARIAS","BENS",153052.0,"2026-03-09","2026-06-19",102.0,"EECA - ESCOLA DE ENGENHARIA CIVIL E AMBIENTAL","321/2025","Alto",32.0,"2026-09-30","Material",6640.0,"Equipamentos e artigos de laboratório",6991.0,"Frasco Laboratório",420038.0,"capacidade: 450, graduação: graduado, material: vidro, tipo: chapman","UN",450.0,2.0,900.0]
["15/2026","Aprovada",null,"MATERIAIS PARA LABORATÓRIO, VIDRARIAS","BENS",153052.0,"2026-03-09","2026-06-19",102.0,"ICB - INSTITUTO DE CIÊNCIAS BIOLÓGICAS","156/2025","Alto",64.0,"2026-08-31","Material",6640.0,"Equipamentos e artigos de laboratório",2983.0,"Peça Equipamento Laboratório",434338.0,"tipo*: retículo micrometrado, características adicionais: escala 10 mm, 100 divisões, característica adicional: em cruz, material*: vidro, aplicação*: p/ microscópio ótico, dimensões*: cerca de 20","UN",340.0,1.0,340.0]
["15/2026","Aprovada",null,"MATERIAIS PARA LABORATÓRIO, VIDRARIAS","BENS",153052.0,"2026-03-09","2026-06-19",102.0,"FCT- FACULDADE DE CIÊNCIAS E TECNOLOGIA","351/2025","Médio",1.0,"2026-06-15","Material",6640.0,"Equipamentos E Artigos De Laboratório",13426.0,"Lâmina Laboratório",485227.0,"dimensões: cerca de 50 x 30, material: vidro, tipo borda: borda lisa, tipo*: lapidada","UN",200.0,1.0,200.0]
["15/2026","Aprovada",null,"MATERIAIS PARA LABORATÓRIO, VIDRARIAS","BENS",153052.0,"2026-03-09","2026-06-19",102.0,"FCT- FACULDADE DE CIÊNCIAS E TECNOLOGIA","351/2025","Médio",3.0,"2026-06-15","Material",6640.0,"Equipamentos e artigos de laboratório",2671.0,"Balão Laboratório",453219.0,"acessórios: torneira de vidro, capacidade: 500, material: vidro, tipo fundo: fundo redondo, tipo saída: com 1 saída lateral, tipo uso: schlenk","UN",52.0,6.0,312.0]
["15/2026","Aprovada",null,"MATERIAIS PARA LABORATÓRIO, VIDRARIAS","BENS",153052.0,"2026-03-09","2026-06-19",102.0,"FCT- FACULDADE DE CIÊNCIAS E TECNOLOGIA","351/2025","Médio",4.0,"2026-06-15","Material",6640.0,"Equipamentos E Artigos De Laboratório",517.0,"Béquer",418812.0,"adicional: com orla e bico, capacidade: 500, formato: forma baixa, graduação: graduado, material: polipropileno","UN",11.0,10.0,110.0]
["15/2026","Aprovada",null,"MATERIAIS PARA LABORATÓRIO, VIDRARIAS","BENS",153052.0,"2026-03-09","2026-06-19",102.0,"FCT- FACULDADE DE CIÊNCIAS E TECNOLOGIA","351/2025","Médio",5.0,"2026-06-15","Material",6640.0,"Equipamentos E Artigos De Laboratório",517.0,"Béquer",479598.0,"adicional: com orla e bico, capacidade: 2000, formato: forma alta, graduação: graduado, material: polipropileno","UN",15.6,10.0,156.0]
["15/2026","Aprovada",null,"MATERIAIS PARA LABORATÓRIO, VIDRARIAS","BENS",153052.0,"2026-03-09","2026-06-19",102.0,"FCT- FACULDADE DE CIÊNCIAS E TECNOLOGIA","351/2025","Médio",6.0,"2026-06-15","Material",6640.0,"Equipamentos E Artigos De Laboratório",517.0,"Béquer",479703.0,"capacidade: 1000, formato: forma alta, graduação: graduado, material: polipropileno","UN",14.5,10.0,145.0]
["15/2026","Aprovada",null,"MATERIAIS PARA LABORATÓRIO, VIDRARIAS","BENS",153052.0,"2026-03-09","2026-06-19",102.0,"FCT- FACULDADE DE CIÊNCIAS E TECNOLOGIA","351/2025","Médio",7.0,"2026-06-15","Material",6640.0,"Equipamentos e artigos de laboratório",5363.0,"Proveta",409896.0,"adicional: com orla e bico, base: base plástica, capacidade: 1000, graduação: graduada, material: polipropileno","UN",150.0,1.0,150.0]
["15/2026","Aprovada",null,"MATERIAIS PARA LABORATÓRIO, VIDRARIAS","BENS",153052.0,"2026-03-09","2026-06-19",102.0,"FCT- FACULDADE DE CIÊNCIAS E TECNOLOGIA","351/2025","Médio",8.0,"2026-06-15","Material",6640.0,"Equipamentos e artigos de laboratório",7875.0,"Suporte Laboratório",467648.0,"aplicação: para cartões, tubos e frascos, base: base plana, dimensões: cerca de 55 x 35 x 75, material: aço inoxidável, tipo: estação de trabalho","UN",150.0,1.0,150.0]
["15/2026","Aprovada",null,"MATERIAIS PARA LABORATÓRIO, VIDRARIAS","BENS",153052.0,"2026-03-09","2026-06-19",102.0,"FCT- FACULDADE DE CIÊNCIAS E TECNOLOGIA","351/2025","Médio",9.0,"2026-06-15","Material",6640.0,"Equipamentos e artigos de laboratório",6995.0,"Espátula Laboratório",420830.0,"comprimento: cerca de 15, formato: chata com colher, material: aço inox","UN",12.0,20.0,240.0]
["15/2026","Aprovada",null,"MATERIAIS PARA LABORATÓRIO, VIDRARIAS","BENS",153052.0,"2026-03-09","2026-06-19",102.0,"FCT- FACULDADE DE CIÊNCIAS E TECNOLOGIA","351/2025","Médio",14.0,"2026-06-15","Material",6640.0,"Equipamentos e artigos de laboratório",4097.0,"Cadinho",604031.0,"capacidade: até 75, formato: forma baixa, material: porcelana, tipo fundo: fundo chato","UN",30.0,12.0,360.0]
["15/2026","Aprovada",null,"MATERIAIS PARA LABORATÓRIO, VIDRARIAS","BENS",153052.0,"2026-03-09","2026-06-19",102.0,"FCT- FACULDADE DE CIÊNCIAS E TECNOLOGIA","351/2025","Médio",15.0,"2026-06-15","Material",6640.0,"Equipamentos e artigos de laboratório",2281.0,"Pinça Laboratório",428968.0,"aplicação: para cadinho, comprimento: cerca de 22, material: metal, modelo: tenaz, tipo ponta: ponta curva","UN",50.0,3.0,150.0]
["15/2026","Aprovada",null,"MATERIAIS PARA LABORATÓRIO, VIDRARIAS","BENS",153052.0,"2026-03-09","2026-06-19",102.0,"FCT- FACULDADE DE CIÊNCIAS E TECNOLOGIA","351/2025","Médio",17.0,"2026-06-15","Material",8040.0,"Adesivos",11674.0,"Resina",479327.0,"aspecto físico: líquido, características adicionais: adesivo bicomponente, composição básica: comp a: resina; comp b: endurecedor, cor: branca, solubilidade: insolúvel em água, tipo: epóxi","CJ",1300.0,1.0,1300.0]
["15/2026","Aprovada",null,"MATERIAIS PARA LABORATÓRIO, VIDRARIAS","BENS",153052.0,"2026-03-09","2026-06-19",102.0,"FCT- FACULDADE DE CIÊNCIAS E TECNOLOGIA","351/2025","Médio",20.0,"2026-06-15","Material",9150.0,"Óleos e graxas para corte, lubrificação e sistemas  hidráulicos",10209.0,"Óleo Refrigerante",314644.0,"aplicação: corte de metais em máquinas operatrizes, aspecto físico: líquido castanho escuro translúcido, composição: óleo mineral, aditivos emulsificantes, estabiliza, corrosividade: nula, solubilidade: 100% em água","UN",60.0,5.0,300.0]
["15/2026","Aprovada",null,"MATERIAIS PARA LABORATÓRIO, VIDRARIAS","BENS",153052.0,"2026-03-09","2026-06-19",102.0,"FCT- FACULDADE DE CIÊNCIAS E TECNOLOGIA","369/2025","Médio",2.0,"2026-06-15","Material",6640.0,"Equipamentos e artigos de laboratório",12668.0,"Termômetro",472000.0,"características adicionais: formato espeto a prova dàgua, haste 15 cm, faixa medição temperatura: - 50°c a 300, material: aço inoxidável, precisão: +/- 2, tipo: digital","UN",47.0,5.0,235.0]
["15/2026","Aprovada",null,"MATERIAIS PARA LABORATÓRIO, VIDRARIAS","BENS",153052.0,"2026-03-09","2026-06-19",102.0,"FCT- FACULDADE DE CIÊNCIAS E TECNOLOGIA","369/2025","Médio",3.0,"2026-06-15","Material",6640.0,"Equipamentos e artigos de laboratório",12668.0,"Termômetro",422322.0,"aplicação: visor retroiluminado, características adicionais: contato mira laser (infravermelho), faixa medição temperatura: -30 ºc a +500 ºc, material: emissividade fixa de 0,95, tipo: digital","UN",85.0,2.0,170.0]
["15/2026","Aprovada",null,"MATERIAIS PARA LABORATÓRIO, VIDRARIAS","BENS",153052.0,"2026-03-09","2026-06-19",102.0,"FANUT - FACULDADE DE NUTRIÇÃO","324/2025","Médio",12.0,"2026-12-01","Material",6640.0,"Equipamentos e artigos de laboratório",3964.0,"Bureta",409141.0,"acessórios: com torneira de teflon, adicional: com faixa azul, escala: graduação máxima 0,1 em 0,1 ml, numerada, graduação: graduada, material: vidro, volume: 25","UN",180.0,4.0,720.0]
["15/2026","Aprovada",null,"MATERIAIS PARA LABORATÓRIO, VIDRARIAS","BENS",153052.0,"2026-03-09","2026-06-19",102.0,"FANUT - FACULDADE DE NUTRIÇÃO","324/2025","Médio",13.0,"2026-12-01","Material",6640.0,"Equipamentos e artigos de laboratório",4097.0,"Cadinho",408802.0,"acessórios: com placa de vidro sinterizado, capacidade: até 50, material: vidro, porosidade: 40 a 100 micras","UN",42.0,12.0,504.0]
["15/2026","Aprovada",null,"MATERIAIS PARA LABORATÓRIO, VIDRARIAS","BENS",153052.0,"2026-03-09","2026-06-19",102.0,"FANUT - FACULDADE DE NUTRIÇÃO","324/2025","Médio",14.0,"2026-12-01","Material",6640.0,"Equipamentos e artigos de laboratório",4097.0,"Cadinho",425426.0,"capacidade: até 45, formato: forma alta, material: porcelana","UN",30.0,20.0,600.0]
["15/2026","Aprovada",null,"MATERIAIS PARA LABORATÓRIO, VIDRARIAS","BENS",153052.0,"2026-03-09","2026-06-19",102.0,"FANUT - FACULDADE DE NUTRIÇÃO","324/2025","Médio",15.0,"2026-12-01","Material",6640.0,"Equipamentos e artigos de laboratório",4097.0,"Cadinho",408802.0,"acessórios: com placa de vidro sinterizado, capacidade: até 50, material: vidro, porosidade: 40 a 100 micras","UN",100.0,16.0,1600.0]
["15/2026","Aprovada",null,"MATERIAIS PARA LABORATÓRIO, VIDRARIAS","BENS",153052.0,"2026-03-09","2026-06-19",102.0,"FANUT - FACULDADE DE NUTRIÇÃO","324/2025","Médio",16.0,"2026-12-01","Material",6630.0,"Instrumentos para análises químicas",6461.0,"Eletrodo Medição Ph",282057.0,"características adicionais: sistema ref. ag/agcl, ph 0 a 14, componentes: corpo vidro/ conexão bnc / junção cerâmica, temperatura trabalho: 0 a 80, tipo: combinado universal","UN",250.0,3.0,750.0]
["15/2026","Aprovada",null,"MATERIAIS PARA LABORATÓRIO, VIDRARIAS","BENS",153052.0,"2026-03-09","2026-06-19",102.0,"FANUT - FACULDADE DE NUTRIÇÃO","324/2025","Médio",18.0,"2026-12-01","Material",6640.0,"Equipamentos e artigos de laboratório",15871.0,"Extrator Laboratório",414441.0,"dimensões: cerca de 30, material*: vidro, tipo*: soxhlet","UN",240.0,3.0,720.0]
["15/2026","Aprovada",null,"MATERIAIS PARA LABORATÓRIO, VIDRARIAS","BENS",153052.0,"2026-03-09","2026-06-19",102.0,"FANUT - FACULDADE DE NUTRIÇÃO","324/2025","Médio",19.0,"2026-12-01","Material",6640.0,"Equipamentos e artigos de laboratório",6991.0,"Frasco Laboratório",409426.0,"capacidade: 250, graduação: graduado, material: vidro âmbar, tipo: reagente, tipo tampa: tampa rosqueável com vedação","UN",80.0,8.0,640.0]
["15/2026","Aprovada",null,"MATERIAIS PARA LABORATÓRIO, VIDRARIAS","BENS",153052.0,"2026-03-09","2026-06-19",102.0,"FANUT - FACULDADE DE NUTRIÇÃO","324/2025","Médio",20.0,"2026-12-01","Material",6640.0,"Equipamentos e artigos de laboratório",2690.0,"Papel De Filtro",449087.0,"dimensões: 40 x 40, tipo: qualitativo","UN",90.0,2.0,180.0]
["15/2026","Aprovada",null,"MATERIAIS PARA LABORATÓRIO, VIDRARIAS","BENS",153052.0,"2026-03-09","2026-06-19",102.0,"FANUT - FACULDADE DE NUTRIÇÃO","324/2025","Médio",21.0,"2026-12-01","Material",6640.0,"Equipamentos e artigos de laboratório",8874.0,"Pipeta",423320.0,"acessórios: com 1 junta, capacidade: 5, esgotamento: esgotamento total, material: vidro, tipo: bico de papagaio","UN",190.0,2.0,380.0]
["15/2026","Aprovada",null,"MATERIAIS PARA LABORATÓRIO, VIDRARIAS","BENS",153052.0,"2026-03-09","2026-06-19",102.0,"FANUT - FACULDADE DE NUTRIÇÃO","324/2025","Médio",22.0,"2026-12-01","Material",6640.0,"Equipamentos e artigos de laboratório",8874.0,"Pipeta",423321.0,"acessórios: com 1 junta, capacidade: 10, esgotamento: esgotamento total, material: vidro, tipo: bico de papagaio","UN",200.0,1.0,200.0]
["15/2026","Aprovada",null,"MATERIAIS PARA LABORATÓRIO, VIDRARIAS","BENS",153052.0,"2026-03-09","2026-06-19",102.0,"FANUT - FACULDADE DE NUTRIÇÃO","324/2025","Médio",23.0,"2026-12-01","Material",6640.0,"Equipamentos e artigos de laboratório",8874.0,"Pipeta",423322.0,"acessórios: com 1 junta, capacidade: 20, esgotamento: esgotamento total, material: vidro, tipo: bico de papagaio","UN",200.0,1.0,200.0]
["15/2026","Aprovada",null,"MATERIAIS PARA LABORATÓRIO, VIDRARIAS","BENS",153052.0,"2026-03-09","2026-06-19",102.0,"FANUT - FACULDADE DE NUTRIÇÃO","324/2025","Médio",24.0,"2026-12-01","Material",6640.0,"Equipamentos e artigos de laboratório",8874.0,"Pipeta",410569.0,"capacidade: 1, escala: escala 0,25 em 0,25 ml, graduação: graduada, material: plástico, tipo: pasteur, tipo uso: descartável","UN",130.0,2.0,260.0]
["15/2026","Aprovada",null,"MATERIAIS PARA LABORATÓRIO, VIDRARIAS","BENS",153052.0,"2026-03-09","2026-06-19",102.0,"FANUT - FACULDADE DE NUTRIÇÃO","324/2025","Médio",25.0,"2026-12-01","Material",6640.0,"Equipamentos e artigos de laboratório",8874.0,"Pipeta",414266.0,"capacidade: 5, esgotamento: esgotamento total, material: vidro, tipo: volumétrica","UN",30.0,10.0,300.0]
["15/2026","Aprovada",null,"MATERIAIS PARA LABORATÓRIO, VIDRARIAS","BENS",153052.0,"2026-03-09","2026-06-19",102.0,"FANUT - FACULDADE DE NUTRIÇÃO","324/2025","Médio",26.0,"2026-12-01","Material",6640.0,"Equipamentos e artigos de laboratório",10757.0,"Pipetador",430867.0,"ajuste: tipo pera, capacidade: até 100, material: borracha, tipo: manual","UN",25.0,8.0,200.0]
["15/2026","Aprovada",null,"MATERIAIS PARA LABORATÓRIO, VIDRARIAS","BENS",153052.0,"2026-03-09","2026-06-19",102.0,"FANUT - FACULDADE DE NUTRIÇÃO","324/2025","Médio",27.0,"2026-12-01","Material",6640.0,"Equipamentos e artigos de laboratório",5363.0,"Proveta",409891.0,"adicional: com orla e bico, base: base em vidro, capacidade: 100, graduação: graduada, material: vidro","UN",250.0,2.0,500.0]
["15/2026","Aprovada",null,"MATERIAIS PARA LABORATÓRIO, VIDRARIAS","BENS",153052.0,"2026-03-09","2026-06-19",102.0,"EMC - ESCOLA DE ENGENHARIA ELÉTRICA MECÂNICA E DE COMPUTAÇÃO","390/2025","Médio",1.0,"2026-08-08","Material",6640.0,"Equipamentos e artigos de laboratório",5363.0,"Proveta",409895.0,"adicional: com orla e bico, base: base plástica, capacidade: 500, graduação: graduada, material: polipropileno","UN",20.18,3.0,60.54]
["15/2026","Aprovada",null,"MATERIAIS PARA LABORATÓRIO, VIDRARIAS","BENS",153052.0,"2026-03-09","2026-06-19",102.0,"EMC - ESCOLA DE ENGENHARIA ELÉTRICA MECÂNICA E DE COMPUTAÇÃO","390/2025","Médio",2.0,"2026-08-08","Material",6640.0,"Equipamentos e artigos de laboratório",5363.0,"Proveta",409896.0,"adicional: com orla e bico, base: base plástica, capacidade: 1000, graduação: graduada, material: polipropileno","UN",46.17,2.0,92.34]
["15/2026","Aprovada",null,"MATERIAIS PARA LABORATÓRIO, VIDRARIAS","BENS",153052.0,"2026-03-09","2026-06-19",102.0,"EMC - ESCOLA DE ENGENHARIA ELÉTRICA MECÂNICA E DE COMPUTAÇÃO","390/2025","Médio",3.0,"2026-08-08","Material",6640.0,"Equipamentos e artigos de laboratório",5363.0,"Proveta",409897.0,"adicional: com orla e bico, base: base plástica, capacidade: 2000, graduação: graduada, material: polipropileno","UN",167.58,2.0,335.16]
["15/2026","Aprovada",null,"MATERIAIS PARA LABORATÓRIO, VIDRARIAS","BENS",153052.0,"2026-03-09","2026-06-19",102.0,"EMC - ESCOLA DE ENGENHARIA ELÉTRICA MECÂNICA E DE COMPUTAÇÃO","390/2025","Médio",4.0,"2026-08-08","Material",6640.0,"Equipamentos e artigos de laboratório",3528.0,"Bico De Bünsen",408553.0,"altura: cerca de 15, componentes: com registro, material: base em ferro","UN",113.05,2.0,226.1]
["15/2026","Aprovada",null,"MATERIAIS PARA LABORATÓRIO, VIDRARIAS","BENS",153052.0,"2026-03-09","2026-06-19",102.0,"EMC - ESCOLA DE ENGENHARIA ELÉTRICA MECÂNICA E DE COMPUTAÇÃO","390/2025","Médio",5.0,"2026-08-08","Material",6640.0,"Equipamentos e artigos de laboratório",7875.0,"Suporte Laboratório",470789.0,"dimensões: cerca de 25, material: aço inoxidável, tipo: haste","UN",140.0,3.0,420.0]
["15/2026","Aprovada",null,"MATERIAIS PARA LABORATÓRIO, VIDRARIAS","BENS",153052.0,"2026-03-09","2026-06-19",102.0,"EMC - ESCOLA DE ENGENHARIA ELÉTRICA MECÂNICA E DE COMPUTAÇÃO","390/2025","Médio",7.0,"2026-08-08","Material",6640.0,"Equipamentos e artigos de laboratório",17815.0,"Anel Laboratório",421658.0,"características adicionais: cromado com mufa, diâmetro: 50, material: ferro","UN",42.88,1.0,42.88]
["15/2026","Aprovada",null,"MATERIAIS PARA LABORATÓRIO, VIDRARIAS","BENS",153052.0,"2026-03-09","2026-06-19",102.0,"EMC - ESCOLA DE ENGENHARIA ELÉTRICA MECÂNICA E DE COMPUTAÇÃO","390/2025","Médio",8.0,"2026-08-08","Material",6640.0,"Equipamentos e artigos de laboratório",17815.0,"Anel Laboratório",431837.0,"características adicionais: cromado com mufa, diâmetro: 10, material: ferro","UN",55.13,1.0,55.13]
["15/2026","Aprovada",null,"MATERIAIS PARA LABORATÓRIO, VIDRARIAS","BENS",153052.0,"2026-03-09","2026-06-19",102.0,"EMC - ESCOLA DE ENGENHARIA ELÉTRICA MECÂNICA E DE COMPUTAÇÃO","390/2025","Médio",9.0,"2026-08-08","Material",6640.0,"Equipamentos e artigos de laboratório",17815.0,"Anel Laboratório",432682.0,"características adicionais: cromado com mufa, diâmetro: 15, material: ferro","UN",63.0,1.0,63.0]
["15/2026","Aprovada",null,"MATERIAIS PARA LABORATÓRIO, VIDRARIAS","BENS",153052.0,"2026-03-09","2026-06-19",102.0,"EMC - ESCOLA DE ENGENHARIA ELÉTRICA MECÂNICA E DE COMPUTAÇÃO","390/2025","Médio",10.0,"2026-08-08","Material",6640.0,"Equipamentos e artigos de laboratório",4736.0,"Funil Laboratório",419977.0,"adicional: raiado, capacidade: 125, material: plástico, tipo haste: haste curta, tipo uso: analítico","UN",22.37,2.0,44.74]
["15/2026","Aprovada",null,"MATERIAIS PARA LABORATÓRIO, VIDRARIAS","BENS",153052.0,"2026-03-09","2026-06-19",102.0,"EMC - ESCOLA DE ENGENHARIA ELÉTRICA MECÂNICA E DE COMPUTAÇÃO","390/2025","Médio",11.0,"2026-08-08","Material",6640.0,"Equipamentos e artigos de laboratório",4736.0,"Funil Laboratório",411931.0,"adicional: raiado, capacidade: 250, material: vidro, tipo haste: haste curta, tipo uso: analítico","UN",52.63,2.0,105.26]
["15/2026","Aprovada",null,"MATERIAIS PARA LABORATÓRIO, VIDRARIAS","BENS",153052.0,"2026-03-09","2026-06-19",102.0,"EMC - ESCOLA DE ENGENHARIA ELÉTRICA MECÂNICA E DE COMPUTAÇÃO","390/2025","Médio",12.0,"2026-08-08","Material",6640.0,"Equipamentos e artigos de laboratório",3433.0,"Bastão Laboratório",409529.0,"dimensões: cerca de 5 x 300, material: vidro","UN",2.05,5.0,10.25]
["15/2026","Aprovada",null,"MATERIAIS PARA LABORATÓRIO, VIDRARIAS","BENS",153052.0,"2026-03-09","2026-06-19",102.0,"EMC - ESCOLA DE ENGENHARIA ELÉTRICA MECÂNICA E DE COMPUTAÇÃO","390/2025","Médio",13.0,"2026-08-08","Material",6640.0,"Equipamentos e artigos de laboratório",3433.0,"Bastão Laboratório",431722.0,"adicional: para coleta de barras magnéticas, dimensões: cerca de 8 x 300, material: vidro","UN",2.34,5.0,11.7]
["15/2026","Aprovada",null,"MATERIAIS PARA LABORATÓRIO, VIDRARIAS","BENS",153052.0,"2026-03-09","2026-06-19",102.0,"EMC - ESCOLA DE ENGENHARIA ELÉTRICA MECÂNICA E DE COMPUTAÇÃO","390/2025","Médio",14.0,"2026-08-08","Material",6640.0,"Equipamentos e artigos de laboratório",3433.0,"Bastão Laboratório",409533.0,"dimensões: cerca de 10 x 300, material: polipropileno","UN",5.04,5.0,25.2]
["15/2026","Aprovada",null,"MATERIAIS PARA LABORATÓRIO, VIDRARIAS","BENS",153052.0,"2026-03-09","2026-06-19",102.0,"FANUT - FACULDADE DE NUTRIÇÃO","324/2025","Médio",37.0,"2026-12-01","Material",7240.0,"Recepientes para uso doméstico e comercial",3819.0,"Borrifador",307885.0,"aplicação: material de limpeza, material: plástico, tipo: spray, contendo bico borrifador","FR",20.0,1.0,20.0]
["15/2026","Aprovada",null,"MATERIAIS PARA LABORATÓRIO, VIDRARIAS","BENS",153052.0,"2026-03-09","2026-06-19",102.0,"FANUT - FACULDADE DE NUTRIÇÃO","324/2025","Médio",38.0,"2026-12-01","Material",6640.0,"Equipamentos e artigos de laboratório",15027.0,"Barra Magnética",419146.0,"características adicionais: lisa, dimensões: cerca de 7 x 30, formato: cilíndrico, material: revestida em ptfe","UN",33.38,4.0,133.52]
["15/2026","Aprovada",null,"MATERIAIS PARA LABORATÓRIO, VIDRARIAS","BENS",153052.0,"2026-03-09","2026-06-19",102.0,"FANUT - FACULDADE DE NUTRIÇÃO","324/2025","Médio",41.0,"2026-12-01","Material",6640.0,"Equipamentos e artigos de laboratório",2690.0,"Papel De Filtro",408318.0,"diâmetro: cerca de 150, tipo: qualitativo","UN",15.0,1.0,15.0]
["15/2026","Aprovada",null,"MATERIAIS PARA LABORATÓRIO, VIDRARIAS","BENS",153052.0,"2026-03-09","2026-06-19",102.0,"FANUT - FACULDADE DE NUTRIÇÃO","324/2025","Médio",42.0,"2026-12-01","Material",6635.0,"Equipamentos para testes de propriedades físicas",14210.0,"Peneira Granulométrica",230674.0,"altura: 2, diâmetro: 5, material: aço inoxidável, tipo malha: 180","UN",87.0,1.0,87.0]
["15/2026","Aprovada",null,"MATERIAIS PARA LABORATÓRIO, VIDRARIAS","BENS",153052.0,"2026-03-09","2026-06-19",102.0,"IPTSP - INSTITUTO DE PATOLOGIA TROPICAL E SAÚDE PÚBLICA","417/2025","Médio",1.0,"2026-07-31","Material",6640.0,"Equipamentos e artigos de laboratório",15027.0,"Barra Magnética",419146.0,"características adicionais: lisa, dimensões: cerca de 7 x 30, formato: cilíndrico, material: revestida em ptfe","UN",18.4,2.0,36.8]
["15/2026","Aprovada",null,"MATERIAIS PARA LABORATÓRIO, VIDRARIAS","BENS",153052.0,"2026-03-09","2026-06-19",102.0,"IPTSP - INSTITUTO DE PATOLOGIA TROPICAL E SAÚDE PÚBLICA","417/2025","Médio",2.0,"2026-07-31","Material",6640.0,"EQUIPAMENTOS E ARTIGOS DE LABORATÓRIO",14152.0,"FRASCO PARA CULTURA CELULAR",440058.0,"ADICIONAL: COM FILTRO ESTÉRIL, COMPONENTES: COM BOCAL INCLINADO, ESTERILIDADE*: ESTÉRIL, APIROGÊNICO, LIVRE DE DNASE E RNASE, GRADUAÇÃO: GRADUADO, MATERIAL: POLIESTIRENO, OPACICIDADE: TRANSPARENTE, TIPO TAMPA: TAMPA ROSQUEÁVEL, TIPO USO: DESCARTÁVEL, ÁREA: 25","UN",7.3,100.0,730.0]
["15/2026","Aprovada",null,"MATERIAIS PARA LABORATÓRIO, VIDRARIAS","BENS",153052.0,"2026-03-09","2026-06-19",102.0,"IPTSP - INSTITUTO DE PATOLOGIA TROPICAL E SAÚDE PÚBLICA","417/2025","Médio",3.0,"2026-07-31","Material",6640.0,"Equipamentos e artigos de laboratório",6991.0,"Frasco Laboratório",409443.0,"capacidade: 250, graduação: graduado, material: vidro, tipo: reagente, tipo tampa: tampa rosqueável com vedação","UN",30.0,5.0,150.0]
["15/2026","Aprovada",null,"MATERIAIS PARA LABORATÓRIO, VIDRARIAS","BENS",153052.0,"2026-03-09","2026-06-19",102.0,"IPTSP - INSTITUTO DE PATOLOGIA TROPICAL E SAÚDE PÚBLICA","417/2025","Médio",4.0,"2026-07-31","Material",6640.0,"Equipamentos e artigos de laboratório",6991.0,"Frasco Laboratório",409444.0,"capacidade: 500, graduação: graduado, material: vidro, tipo: reagente, tipo tampa: tampa rosqueável com vedação","UN",32.4,9.0,291.6]
["15/2026","Aprovada",null,"MATERIAIS PARA LABORATÓRIO, VIDRARIAS","BENS",153052.0,"2026-03-09","2026-06-19",102.0,"IPTSP - INSTITUTO DE PATOLOGIA TROPICAL E SAÚDE PÚBLICA","417/2025","Médio",5.0,"2026-07-31","Material",6640.0,"Equipamentos e artigos de laboratório",6991.0,"Frasco Laboratório",409445.0,"capacidade: 1000, graduação: graduado, material: vidro, tipo: reagente, tipo tampa: tampa rosqueável com vedação","UN",49.0,2.0,98.0]
["15/2026","Aprovada",null,"MATERIAIS PARA LABORATÓRIO, VIDRARIAS","BENS",153052.0,"2026-03-09","2026-06-19",102.0,"IPTSP - INSTITUTO DE PATOLOGIA TROPICAL E SAÚDE PÚBLICA","417/2025","Médio",6.0,"2026-07-31","Material",6640.0,"Equipamentos e artigos de laboratório",13426.0,"Lâmina Laboratório",409706.0,"dimensões: cerca de 75 x 25, material: vidro, tipo borda: borda fosca","UN",8.12,28.0,227.36]
["15/2026","Aprovada",null,"MATERIAIS PARA LABORATÓRIO, VIDRARIAS","BENS",153052.0,"2026-03-09","2026-06-19",102.0,"IPTSP - INSTITUTO DE PATOLOGIA TROPICAL E SAÚDE PÚBLICA","417/2025","Médio",7.0,"2026-07-31","Material",6640.0,"Equipamentos e artigos de laboratório",8637.0,"Lamínula",409642.0,"dimensões: cerca de 20 x 20, material: vidro","UN",3.95,4.0,15.8]
["15/2026","Aprovada",null,"MATERIAIS PARA LABORATÓRIO, VIDRARIAS","BENS",153052.0,"2026-03-09","2026-06-19",102.0,"IPTSP - INSTITUTO DE PATOLOGIA TROPICAL E SAÚDE PÚBLICA","417/2025","Médio",8.0,"2026-07-31","Material",6640.0,"Equipamentos e artigos de laboratório",9748.0,"Micropipeta",424686.0,"adicional: autoclavável, ajuste: volume regulável, capacidade aspiração: até 1000, componentes: com ejetor de ponteira, tipo*: monocanal, mecânica","UN",427.0,6.0,2562.0]
["15/2026","Aprovada",null,"MATERIAIS PARA LABORATÓRIO, VIDRARIAS","BENS",153052.0,"2026-03-09","2026-06-19",102.0,"IPTSP - INSTITUTO DE PATOLOGIA TROPICAL E SAÚDE PÚBLICA","417/2025","Médio",9.0,"2026-07-31","Material",6640.0,"Equipamentos e artigos de laboratório",9748.0,"Micropipeta",424684.0,"adicional: autoclavável, ajuste: volume regulável, capacidade aspiração: até 20, componentes: com ejetor de ponteira, tipo*: monocanal, mecânica","UN",438.0,4.0,1752.0]
["15/2026","Aprovada",null,"MATERIAIS PARA LABORATÓRIO, VIDRARIAS","BENS",153052.0,"2026-03-09","2026-06-19",102.0,"IPTSP - INSTITUTO DE PATOLOGIA TROPICAL E SAÚDE PÚBLICA","417/2025","Médio",10.0,"2026-07-31","Material",6640.0,"Equipamentos e artigos de laboratório",9748.0,"Micropipeta",424685.0,"adicional: autoclavável, ajuste: volume regulável, capacidade aspiração: até 200, componentes: com ejetor de ponteira, tipo*: monocanal, mecânica","UN",427.0,4.0,1708.0]
["15/2026","Aprovada",null,"MATERIAIS PARA LABORATÓRIO, VIDRARIAS","BENS",153052.0,"2026-03-09","2026-06-19",102.0,"IPTSP - INSTITUTO DE PATOLOGIA TROPICAL E SAÚDE PÚBLICA","417/2025","Médio",11.0,"2026-07-31","Material",6640.0,"Equipamentos e artigos de laboratório",9759.0,"Microtubo",408179.0,"capacidade: 1,5, característica adicional: apirogênico, livre de dnase e rnase, graduação: graduado, material: polipropileno, tipo fundo: fundo cônico, tipo tampa: tampa pressão chata","UN",72.67,2.0,145.34]
["15/2026","Aprovada",null,"MATERIAIS PARA LABORATÓRIO, VIDRARIAS","BENS",153052.0,"2026-03-09","2026-06-19",102.0,"IPTSP - INSTITUTO DE PATOLOGIA TROPICAL E SAÚDE PÚBLICA","417/2025","Médio",12.0,"2026-07-31","Material",6640.0,"Equipamentos e artigos de laboratório",9759.0,"Microtubo",408182.0,"capacidade: 2, característica adicional: apirogênico, livre de dnase e rnase, graduação: graduado, material: polipropileno, tipo fundo: fundo cônico, tipo tampa: tampa pressão chata","UN",69.9,2.0,139.8]
["15/2026","Aprovada",null,"MATERIAIS PARA LABORATÓRIO, VIDRARIAS","BENS",153052.0,"2026-03-09","2026-06-19",102.0,"IPTSP - INSTITUTO DE PATOLOGIA TROPICAL E SAÚDE PÚBLICA","417/2025","Médio",13.0,"2026-07-31","Material",6640.0,"Equipamentos e artigos de laboratório",10679.0,"Pérola De Vidro - Laboratório",474751.0,"diâmetro: cerca de 4","KG",76.9,1.0,76.9]
["15/2026","Aprovada",null,"MATERIAIS PARA LABORATÓRIO, VIDRARIAS","BENS",153052.0,"2026-03-09","2026-06-19",102.0,"IPTSP - INSTITUTO DE PATOLOGIA TROPICAL E SAÚDE PÚBLICA","417/2025","Médio",14.0,"2026-07-31","Material",6640.0,"EQUIPAMENTOS E ARTIGOS DE LABORATÓRIO",8874.0,"PIPETA",410532.0,"ACESSÓRIOS: COM FILTRO HIDRÓFOBO, CAPACIDADE: 10, EMBALAGEM: EMBALAGEM INDIVIDUAL, ESCALA: ESCALA 0,1 EM 0,1 ML, ESTERILIDADE: ESTÉRIL, GRADUAÇÃO: GRADUADA, MATERIAL: PLÁSTICO, TIPO: SOROLÓGICA, TIPO USO: DESCARTÁVEL","UN",2.35,100.0,235.0]
["15/2026","Aprovada",null,"MATERIAIS PARA LABORATÓRIO, VIDRARIAS","BENS",153052.0,"2026-03-09","2026-06-19",102.0,"IPTSP - INSTITUTO DE PATOLOGIA TROPICAL E SAÚDE PÚBLICA","417/2025","Médio",15.0,"2026-07-31","Material",6640.0,"EQUIPAMENTOS E ARTIGOS DE LABORATÓRIO",8874.0,"PIPETA",410528.0,"ACESSÓRIOS: COM FILTRO HIDRÓFOBO, CAPACIDADE: 5, EMBALAGEM: EMBALAGEM INDIVIDUAL, ESCALA: ESCALA 0,1 EM 0,1 ML, ESTERILIDADE: ESTÉRIL, GRADUAÇÃO: GRADUADA, MATERIAL: PLÁSTICO, TIPO: SOROLÓGICA, TIPO USO: DESCARTÁVEL","UN",2.25,100.0,225.0]
["15/2026","Aprovada",null,"MATERIAIS PARA LABORATÓRIO, VIDRARIAS","BENS",153052.0,"2026-03-09","2026-06-19",102.0,"IPTSP - INSTITUTO DE PATOLOGIA TROPICAL E SAÚDE PÚBLICA","417/2025","Médio",16.0,"2026-07-31","Material",6640.0,"EQUIPAMENTOS E ARTIGOS DE LABORATÓRIO",9749.0,"PLACA DE PETRI",410068.0,"DIMENSÕES: CERCA DE 15 X 60, FORMATO: REDONDA, MATERIAL: VIDRO","UN",9.3,100.0,930.0]
["15/2026","Aprovada",null,"MATERIAIS PARA LABORATÓRIO, VIDRARIAS","BENS",153052.0,"2026-03-09","2026-06-19",102.0,"IPTSP - INSTITUTO DE PATOLOGIA TROPICAL E SAÚDE PÚBLICA","417/2025","Médio",17.0,"2026-07-31","Material",6640.0,"EQUIPAMENTOS E ARTIGOS DE LABORATÓRIO",9749.0,"PLACA DE PETRI",414156.0,"DIMENSÕES: CERCA DE 15 X 80, FORMATO: REDONDA, MATERIAL: VIDRO","UN",9.72,60.0,583.2]
["15/2026","Aprovada",null,"MATERIAIS PARA LABORATÓRIO, VIDRARIAS","BENS",153052.0,"2026-03-09","2026-06-19",102.0,"IPTSP - INSTITUTO DE PATOLOGIA TROPICAL E SAÚDE PÚBLICA","417/2025","Médio",18.0,"2026-07-31","Material",6640.0,"EQUIPAMENTOS E ARTIGOS DE LABORATÓRIO",9749.0,"PLACA DE PETRI",433139.0,"DIMENSÕES: CERCA DE 20 X 150, FORMATO: REDONDA, MATERIAL: VIDRO","UN",30.0,20.0,600.0]
["15/2026","Aprovada",null,"MATERIAIS PARA LABORATÓRIO, VIDRARIAS","BENS",153052.0,"2026-03-09","2026-06-19",102.0,"IPTSP - INSTITUTO DE PATOLOGIA TROPICAL E SAÚDE PÚBLICA","417/2025","Médio",19.0,"2026-07-31","Material",6640.0,"EQUIPAMENTOS E ARTIGOS DE LABORATÓRIO",10848.0,"PLACA LABORATÓRIO",410794.0,"CAPACIDADE: 6 POÇOS, COMPONENTES: COM TAMPA, MATERIAL: PLÁSTICO, TIPO: PARA CULTURA, TIPO FUNDO: FUNDO CHATO, ESTERILIDADE: ESTÉRIL, APIROGÊNICA, LIVRE DE DNASE E RNASE, TIPO USO: DESCARTÁVEL, EMBALAGEM: EMBALAGEM INDIVIDUAL","UN",12.6,50.0,630.0]
["15/2026","Aprovada",null,"MATERIAIS PARA LABORATÓRIO, VIDRARIAS","BENS",153052.0,"2026-03-09","2026-06-19",102.0,"IPTSP - INSTITUTO DE PATOLOGIA TROPICAL E SAÚDE PÚBLICA","417/2025","Médio",20.0,"2026-07-31","Material",6640.0,"EQUIPAMENTOS E ARTIGOS DE LABORATÓRIO",10848.0,"PLACA LABORATÓRIO",450296.0,"CAPACIDADE: 96 POÇOS, COMPONENTES: COM TAMPA, EMBALAGEM PRIMÁRIA: EMBALAGEM INDIVIDUAL, ESTERILIDADE*: ESTÉRIL, APIROGÊNICA, LIVRE DE DNASE E RNASE, MATERIAL: PLÁSTICO, TIPO: PARA CULTURA, TIPO FUNDO: FUNDO EM V\", TIPO USO*: DESCARTÁVEL\"","UN",4.0,50.0,200.0]
["15/2026","Aprovada",null,"MATERIAIS PARA LABORATÓRIO, VIDRARIAS","BENS",153052.0,"2026-03-09","2026-06-19",102.0,"IPTSP - INSTITUTO DE PATOLOGIA TROPICAL E SAÚDE PÚBLICA","417/2025","Médio",21.0,"2026-07-31","Material",6640.0,"Equipamentos e artigos de laboratório",11016.0,"Ponteira Laboratório",446911.0,"capacidade: até 1000 mcl, esterilidade*: apirogênico, livre de dnase e rnase, material: polipropileno, tipo uso*: esterilizável","UN",14.4,1.0,14.4]
["15/2026","Aprovada",null,"MATERIAIS PARA LABORATÓRIO, VIDRARIAS","BENS",153052.0,"2026-03-09","2026-06-19",102.0,"IPTSP - INSTITUTO DE PATOLOGIA TROPICAL E SAÚDE PÚBLICA","417/2025","Médio",22.0,"2026-07-31","Material",6640.0,"Equipamentos e artigos de laboratório",11016.0,"Ponteira Laboratório",408693.0,"capacidade: até 5000 mcl, esterilidade*: apirogênico, livre de dnase e rnase, material: polipropileno, tipo uso*: descartável","UN",55.02,1.0,55.02]
["15/2026","Aprovada",null,"MATERIAIS PARA LABORATÓRIO, VIDRARIAS","BENS",153052.0,"2026-03-09","2026-06-19",102.0,"IPTSP - INSTITUTO DE PATOLOGIA TROPICAL E SAÚDE PÚBLICA","417/2025","Médio",23.0,"2026-07-31","Material",6640.0,"Equipamentos e artigos de laboratório",11016.0,"Ponteira Laboratório",421228.0,"adicional: máxima recuperação, capacidade: até 10 mcl, esterilidade*: apirogênico, livre de dnase e rnase, material: polipropileno, tipo uso*: descartável","UN",29.64,2.0,59.28]
["15/2026","Aprovada",null,"MATERIAIS PARA LABORATÓRIO, VIDRARIAS","BENS",153052.0,"2026-03-09","2026-06-19",102.0,"IPTSP - INSTITUTO DE PATOLOGIA TROPICAL E SAÚDE PÚBLICA","417/2025","Médio",24.0,"2026-07-31","Material",6640.0,"Equipamentos e artigos de laboratório",11016.0,"Ponteira Laboratório",408691.0,"capacidade: até 200 mcl, esterilidade*: apirogênico, livre de dnase e rnase, material: polipropileno, tipo uso*: descartável","UN",73.22,2.0,146.44]
["15/2026","Aprovada",null,"MATERIAIS PARA LABORATÓRIO, VIDRARIAS","BENS",153052.0,"2026-03-09","2026-06-19",102.0,"IPTSP - INSTITUTO DE PATOLOGIA TROPICAL E SAÚDE PÚBLICA","417/2025","Médio",25.0,"2026-07-31","Material",6640.0,"Equipamentos e artigos de laboratório",13114.0,"Tubo Laboratório",409760.0,"acessórios: tampa rosqueável, capacidade: 15, graduação: graduado, material: polipropileno, tipo: centrífuga, tipo fundo: fundo cônico, uso: autoclavável","UN",35.0,4.0,140.0]
["15/2026","Aprovada",null,"MATERIAIS PARA LABORATÓRIO, VIDRARIAS","BENS",153052.0,"2026-03-09","2026-06-19",102.0,"IPTSP - INSTITUTO DE PATOLOGIA TROPICAL E SAÚDE PÚBLICA","417/2025","Médio",26.0,"2026-07-31","Material",6640.0,"Equipamentos e artigos de laboratório",13114.0,"Tubo Laboratório",409759.0,"acessórios: tampa rosqueável, capacidade: 50, graduação: graduado, material: polipropileno, tipo: centrífuga, tipo fundo: fundo cônico, uso: autoclavável","UN",58.0,4.0,232.0]
["15/2026","Aprovada",null,"MATERIAIS PARA LABORATÓRIO, VIDRARIAS","BENS",153052.0,"2026-03-09","2026-06-19",102.0,"IPTSP - INSTITUTO DE PATOLOGIA TROPICAL E SAÚDE PÚBLICA","417/2025","Médio",27.0,"2026-07-31","Material",6640.0,"Equipamentos e artigos de laboratório",13114.0,"Tubo Laboratório",424742.0,"dimensões: cerca de 5 x 40, material: vidro, tipo: duran, tipo fundo: fundo redondo","UN",0.83,20.0,16.6]
["15/2026","Aprovada",null,"MATERIAIS PARA LABORATÓRIO, VIDRARIAS","BENS",153052.0,"2026-03-09","2026-06-19",102.0,"IPTSP - INSTITUTO DE PATOLOGIA TROPICAL E SAÚDE PÚBLICA","417/2025","Médio",28.0,"2026-07-31","Material",6640.0,"Equipamentos e artigos de laboratório",8862.0,"Alfinete Entomológico",427298.0,"adicional: com cabeça, dimensões: cerca de 40 x 0,40, material: aço inox","UN",75.8,2.0,151.6]
["15/2026","Aprovada",null,"MATERIAIS PARA LABORATÓRIO, VIDRARIAS","BENS",153052.0,"2026-03-09","2026-06-19",102.0,"IPTSP - INSTITUTO DE PATOLOGIA TROPICAL E SAÚDE PÚBLICA","417/2025","Médio",29.0,"2026-07-31","Material",6640.0,"Equipamentos e artigos de laboratório",13536.0,"Berço Coloração Lâminas",414669.0,"capacidade: até 30 unidades, componentes: com alça, material: aço inoxidável","UN",174.95,3.0,524.85]
["15/2026","Aprovada",null,"MATERIAIS PARA LABORATÓRIO, VIDRARIAS","BENS",153052.0,"2026-03-09","2026-06-19",102.0,"IPTSP - INSTITUTO DE PATOLOGIA TROPICAL E SAÚDE PÚBLICA","417/2025","Médio",30.0,"2026-07-31","Material",6640.0,"EQUIPAMENTOS E ARTIGOS DE LABORATÓRIO",17079.0,"CABO DE KOLLE",408987.0,"CARACTERÍSTICAS ADICIONAIS: EXTREMIDADE ROSQUEÁVEL, PROTEÇÃO TÉRMICA, COMPRIMENTO: CERCA DE 25, MATERIAL: ALUMÍNIO","UN",26.18,20.0,523.6]
["15/2026","Aprovada",null,"MATERIAIS PARA LABORATÓRIO, VIDRARIAS","BENS",153052.0,"2026-03-09","2026-06-19",102.0,"IPTSP - INSTITUTO DE PATOLOGIA TROPICAL E SAÚDE PÚBLICA","417/2025","Médio",31.0,"2026-07-31","Material",6640.0,"Equipamentos e artigos de laboratório",8925.0,"Caixa Laboratório",410241.0,"acessórios: tampa com dobradiça, adicional: numerada, capacidade: 100 lâminas, material: polipropileno","UN",26.2,4.0,104.8]
["15/2026","Aprovada",null,"MATERIAIS PARA LABORATÓRIO, VIDRARIAS","BENS",153052.0,"2026-03-09","2026-06-19",102.0,"IPTSP - INSTITUTO DE PATOLOGIA TROPICAL E SAÚDE PÚBLICA","417/2025","Médio",32.0,"2026-07-31","Material",6640.0,"Equipamentos e artigos de laboratório",4760.0,"Escova Laboratório",421505.0,"acessórios: ponta em pincel, comprimento: 25, diâmetro: 1, formato: cilíndrica, material cabo: arame, material cerda: cerda em nylon","UN",8.0,1.0,8.0]
["15/2026","Aprovada",null,"MATERIAIS PARA LABORATÓRIO, VIDRARIAS","BENS",153052.0,"2026-03-09","2026-06-19",102.0,"IPTSP - INSTITUTO DE PATOLOGIA TROPICAL E SAÚDE PÚBLICA","417/2025","Médio",33.0,"2026-07-31","Material",6640.0,"Equipamentos e artigos de laboratório",4760.0,"Escova Laboratório",408573.0,"acessórios: ponta em pincel, comprimento: 50, diâmetro: 8, formato: cilíndrica, material cabo: arame, material cerda: cerda em crina de cavalo","UN",19.5,2.0,39.0]
["15/2026","Aprovada",null,"MATERIAIS PARA LABORATÓRIO, VIDRARIAS","BENS",153052.0,"2026-03-09","2026-06-19",102.0,"IPTSP - INSTITUTO DE PATOLOGIA TROPICAL E SAÚDE PÚBLICA","417/2025","Médio",34.0,"2026-07-31","Material",6640.0,"Equipamentos e artigos de laboratório",6995.0,"Espátula Laboratório",420830.0,"comprimento: cerca de 15, formato: chata com colher, material: aço inox","UN",18.0,2.0,36.0]
["15/2026","Aprovada",null,"MATERIAIS PARA LABORATÓRIO, VIDRARIAS","BENS",153052.0,"2026-03-09","2026-06-19",102.0,"IPTSP - INSTITUTO DE PATOLOGIA TROPICAL E SAÚDE PÚBLICA","417/2025","Médio",35.0,"2026-07-31","Material",6640.0,"Equipamentos e artigos de laboratório",10757.0,"Pipetador",411171.0,"ajuste: tipo pera, capacidade: até 100, componentes*: com 3 vias, material: borracha, tipo: manual","UN",16.5,2.0,33.0]
["15/2026","Aprovada",null,"MATERIAIS PARA LABORATÓRIO, VIDRARIAS","BENS",153052.0,"2026-03-09","2026-06-19",102.0,"IPTSP - INSTITUTO DE PATOLOGIA TROPICAL E SAÚDE PÚBLICA","417/2025","Médio",36.0,"2026-07-31","Material",6640.0,"Equipamentos e artigos de laboratório",2281.0,"Pinça Laboratório",411111.0,"comprimento: cerca de 15, material: aço inox, modelo: histológica, tipo ponta: ponta fina","UN",19.59,2.0,39.18]
["15/2026","Aprovada",null,"MATERIAIS PARA LABORATÓRIO, VIDRARIAS","BENS",153052.0,"2026-03-09","2026-06-19",102.0,"IPTSP - INSTITUTO DE PATOLOGIA TROPICAL E SAÚDE PÚBLICA","417/2025","Médio",37.0,"2026-07-31","Material",6640.0,"Equipamentos e artigos de laboratório",8874.0,"Pipeta",423975.0,"capacidade: 3, material: plástico, tipo: pasteur, tipo uso: descartável","UN",72.0,1.0,72.0]
["15/2026","Aprovada",null,"MATERIAIS PARA LABORATÓRIO, VIDRARIAS","BENS",153052.0,"2026-03-09","2026-06-19",102.0,"IPTSP - INSTITUTO DE PATOLOGIA TROPICAL E SAÚDE PÚBLICA","417/2025","Médio",38.0,"2026-07-31","Material",6640.0,"Equipamentos e artigos de laboratório",8637.0,"Lamínula",409643.0,"dimensões: cerca de 25 x 25, material: vidro","UN",4.37,2.0,8.74]
["15/2026","Aprovada",null,"MATERIAIS PARA LABORATÓRIO, VIDRARIAS","BENS",153052.0,"2026-03-09","2026-06-19",102.0,"IPTSP - INSTITUTO DE PATOLOGIA TROPICAL E SAÚDE PÚBLICA","417/2025","Médio",39.0,"2026-07-31","Material",6640.0,"Equipamentos e artigos de laboratório",8637.0,"Lamínula",409644.0,"dimensões: cerca de 25 x 30, material: vidro","UN",10.19,14.0,142.66]
["15/2026","Aprovada",null,"MATERIAIS PARA LABORATÓRIO, VIDRARIAS","BENS",153052.0,"2026-03-09","2026-06-19",102.0,"IPTSP - INSTITUTO DE PATOLOGIA TROPICAL E SAÚDE PÚBLICA","417/2025","Médio",40.0,"2026-07-31","Material",6640.0,"Equipamentos e artigos de laboratório",13654.0,"Navalha Laboratório",464231.0,"adicional: alto perfil, aplicação: para micrótomo, dimensões: cerca de 80 x 15, material: aço inox, revestimento: revestida com cerâmica e ptfe, tipo uso: descartável","UN",20.76,100.0,2076.0]
["15/2026","Aprovada",null,"MATERIAIS PARA LABORATÓRIO, VIDRARIAS","BENS",153052.0,"2026-03-09","2026-06-19",102.0,"IPTSP - INSTITUTO DE PATOLOGIA TROPICAL E SAÚDE PÚBLICA","417/2025","Médio",41.0,"2026-07-31","Material",6640.0,"Equipamentos e artigos de laboratório",2268.0,"Alcoômetro",408546.0,"característica adicional: calibrado, escala: 0 a 100, material: vidro, modelo: gay lussac","UN",72.29,3.0,216.87]
["15/2026","Aprovada",null,"MATERIAIS PARA LABORATÓRIO, VIDRARIAS","BENS",153052.0,"2026-03-09","2026-06-19",102.0,"IPTSP - INSTITUTO DE PATOLOGIA TROPICAL E SAÚDE PÚBLICA","417/2025","Médio",42.0,"2026-07-31","Material",6640.0,"Equipamentos e artigos de laboratório",2242.0,"Alça Bacteriológica",408809.0,"calibragem: calibrada, componentes: sem cabo, material*: níquel cromo, volume: 10 mcl","UN",6.3,10.0,63.0]
["15/2026","Aprovada",null,"MATERIAIS PARA LABORATÓRIO, VIDRARIAS","BENS",153052.0,"2026-03-09","2026-06-19",102.0,"IPTSP - INSTITUTO DE PATOLOGIA TROPICAL E SAÚDE PÚBLICA","417/2025","Médio",43.0,"2026-07-31","Material",6640.0,"Equipamentos e artigos de laboratório",4760.0,"Escova Laboratório",411370.0,"acessórios: ponta em pincel, comprimento: 12, diâmetro: 6, formato: cilíndrica, material cabo: arame, material cerda: cerda em crina de cavalo","UN",18.8,4.0,75.2]
["15/2026","Aprovada",null,"MATERIAIS PARA LABORATÓRIO, VIDRARIAS","BENS",153052.0,"2026-03-09","2026-06-19",102.0,"IPTSP - INSTITUTO DE PATOLOGIA TROPICAL E SAÚDE PÚBLICA","417/2025","Médio",44.0,"2026-07-31","Material",6640.0,"Equipamentos e artigos de laboratório",4403.0,"Filtro Laboratório",410909.0,"dimensões: cerca de 35, material: pvdf, porosidade: 0,45 µm, tipo: para seringa","UN",371.19,1.0,371.19]
["15/2026","Aprovada",null,"MATERIAIS PARA LABORATÓRIO, VIDRARIAS","BENS",153052.0,"2026-03-09","2026-06-19",102.0,"IPTSP - INSTITUTO DE PATOLOGIA TROPICAL E SAÚDE PÚBLICA","417/2025","Médio",45.0,"2026-07-31","Material",6640.0,"Equipamentos e artigos de laboratório",4403.0,"Filtro Laboratório",434257.0,"dimensões: cerca de 35, embalagem: embalagem individual, esterilidade: estéril, apirogênico, material: poliétersulfona (pes), porosidade: 0,22 µm, tipo: para seringa, tipo uso: descartável","UN",8.75,50.0,437.5]
["15/2026","Aprovada",null,"MATERIAIS PARA LABORATÓRIO, VIDRARIAS","BENS",153052.0,"2026-03-09","2026-06-19",102.0,"IPTSP - INSTITUTO DE PATOLOGIA TROPICAL E SAÚDE PÚBLICA","417/2025","Médio",46.0,"2026-07-31","Material",6640.0,"Equipamentos e artigos de laboratório",10384.0,"Indicador De Ph",412644.0,"escala: 0 a 14, tipo: tira de papel","UN",59.11,2.0,118.22]
["15/2026","Aprovada",null,"MATERIAIS PARA LABORATÓRIO, VIDRARIAS","BENS",153052.0,"2026-03-09","2026-06-19",102.0,"IPTSP - INSTITUTO DE PATOLOGIA TROPICAL E SAÚDE PÚBLICA","417/2025","Médio",47.0,"2026-07-31","Material",6640.0,"Equipamentos e artigos de laboratório",2268.0,"Alcoômetro",408546.0,"característica adicional: calibrado, escala: 0 a 100, material: vidro, modelo: gay lussac","UN",72.29,3.0,216.87]
["15/2026","Aprovada",null,"MATERIAIS PARA LABORATÓRIO, VIDRARIAS","BENS",153052.0,"2026-03-09","2026-06-19",102.0,"IPTSP - INSTITUTO DE PATOLOGIA TROPICAL E SAÚDE PÚBLICA","417/2025","Médio",48.0,"2026-07-31","Material",6640.0,"Equipamentos e artigos de laboratório",14152.0,"Frasco Para Cultura Celular",443426.0,"adicional: com filtro estéril, componentes: com bocal inclinado, esterilidade*: estéril, apirogênico, livre de dnase e rnase, graduação: graduado, material: poliestireno, opacicidade: transparente, tipo tampa: tampa rosqueável, tipo uso: descartável, área: 75","UN",8.8,100.0,880.0]
["15/2026","Aprovada",null,"MATERIAIS PARA LABORATÓRIO, VIDRARIAS","BENS",153052.0,"2026-03-09","2026-06-19",102.0,"IPTSP - INSTITUTO DE PATOLOGIA TROPICAL E SAÚDE PÚBLICA","417/2025","Médio",49.0,"2026-07-31","Material",6640.0,"Equipamentos e artigos de laboratório",2242.0,"Alça Bacteriológica",408809.0,"calibragem: calibrada, componentes: sem cabo, material*: níquel cromo, volume: 10 mcl","UN",6.3,10.0,63.0]
["15/2026","Aprovada",null,"MATERIAIS PARA LABORATÓRIO, VIDRARIAS","BENS",153052.0,"2026-03-09","2026-06-19",102.0,"IPTSP - INSTITUTO DE PATOLOGIA TROPICAL E SAÚDE PÚBLICA","417/2025","Médio",50.0,"2026-07-31","Material",6640.0,"Equipamentos e artigos de laboratório",4760.0,"Escova Laboratório",411370.0,"acessórios: ponta em pincel, comprimento: 12, diâmetro: 6, formato: cilíndrica, material cabo: arame, material cerda: cerda em crina de cavalo","UN",18.8,4.0,75.2]
["15/2026","Aprovada",null,"MATERIAIS PARA LABORATÓRIO, VIDRARIAS","BENS",153052.0,"2026-03-09","2026-06-19",102.0,"IPTSP - INSTITUTO DE PATOLOGIA TROPICAL E SAÚDE PÚBLICA","417/2025","Médio",51.0,"2026-07-31","Material",6640.0,"Equipamentos e artigos de laboratório",4403.0,"Filtro Laboratório",410909.0,"dimensões: cerca de 35, material: pvdf, porosidade: 0,45 µm, tipo: para seringa","UN",371.19,1.0,371.19]
["15/2026","Aprovada",null,"MATERIAIS PARA LABORATÓRIO, VIDRARIAS","BENS",153052.0,"2026-03-09","2026-06-19",102.0,"IPTSP - INSTITUTO DE PATOLOGIA TROPICAL E SAÚDE PÚBLICA","417/2025","Médio",52.0,"2026-07-31","Material",6640.0,"Equipamentos e artigos de laboratório",4403.0,"Filtro Laboratório",434257.0,"dimensões: cerca de 35, embalagem: embalagem individual, esterilidade: estéril, apirogênico, material: poliétersulfona (pes), porosidade: 0,22 µm, tipo: para seringa, tipo uso: descartável","UN",8.75,100.0,875.0]
["15/2026","Aprovada",null,"MATERIAIS PARA LABORATÓRIO, VIDRARIAS","BENS",153052.0,"2026-03-09","2026-06-19",102.0,"IPTSP - INSTITUTO DE PATOLOGIA TROPICAL E SAÚDE PÚBLICA","417/2025","Médio",53.0,"2026-07-31","Material",6640.0,"Equipamentos e artigos de laboratório",10384.0,"Indicador De Ph",412644.0,"escala: 0 a 14, tipo: tira de papel","UN",59.11,2.0,118.22]
["15/2026","Aprovada",null,"MATERIAIS PARA LABORATÓRIO, VIDRARIAS","BENS",153052.0,"2026-03-09","2026-06-19",102.0,"IPTSP - INSTITUTO DE PATOLOGIA TROPICAL E SAÚDE PÚBLICA","417/2025","Médio",54.0,"2026-07-31","Material",6640.0,"Equipamentos e artigos de laboratório",7094.0,"Estante Tubo Ensaio",421511.0,"capacidade*: até 60 unidades, diâmetro tubo: para tubos até 30, material: arame revestido em pvc","UN",47.75,5.0,238.75]
["15/2026","Aprovada",null,"MATERIAIS PARA LABORATÓRIO, VIDRARIAS","BENS",153052.0,"2026-03-09","2026-06-19",102.0,"IPTSP - INSTITUTO DE PATOLOGIA TROPICAL E SAÚDE PÚBLICA","141/2025","Médio",140.0,"2026-07-31","Material",6640.0,"Equipamentos e artigos de laboratório",4403.0,"Filtro Laboratório",410909.0,"dimensões: cerca de 35, material: pvdf, porosidade: 0,45 ?m, tipo: para seringa","UN",7.42,50.0,371.0]
["15/2026","Aprovada",null,"MATERIAIS PARA LABORATÓRIO, VIDRARIAS","BENS",153052.0,"2026-03-09","2026-06-19",102.0,"IQ - INSTITUTO DE QUÍMICA","175/2025","Alto",62.0,"2026-08-01","Material",6640.0,"Equipamentos e artigos de laboratório",4736.0,"Funil Laboratório",427126.0,"acessórios: torneira e rolha de vidro, capacidade: 100, formato: bola, material: vidro","UN",100.0,7.0,700.0]
["15/2026","Aprovada",null,"MATERIAIS PARA LABORATÓRIO, VIDRARIAS","BENS",153052.0,"2026-03-09","2026-06-19",102.0,"FCT- FACULDADE DE CIÊNCIAS E TECNOLOGIA","673/2025","Médio",1.0,"2026-06-15","Material",6515.0,"Instrumentos, equipamentos e suprimentos médicos  e  cirúrgicos",18087.0,"Frasco - Tipo Almotolia",421821.0,"capacidade: 1.000, cor: transparente, material: polietileno (plástico), tipo bico: bico curvo, tipo tampa: tampa em rosca","UN",17.27,5.0,86.35]
["15/2026","Aprovada",null,"MATERIAIS PARA LABORATÓRIO, VIDRARIAS","BENS",153052.0,"2026-03-09","2026-06-19",102.0,"FCT- FACULDADE DE CIÊNCIAS E TECNOLOGIA","673/2025","Médio",2.0,"2026-06-15","Material",6515.0,"Instrumentos, equipamentos e suprimentos médicos  e  cirúrgicos",18087.0,"Frasco - Tipo Almotolia",428642.0,"capacidade: 500, material: polietileno (plástico), tipo bico: bico curvo, tipo tampa: tampa em rosca","UN",14.6,5.0,73.0]
["15/2026","Aprovada",null,"MATERIAIS PARA LABORATÓRIO, VIDRARIAS","BENS",153052.0,"2026-03-09","2026-06-19",102.0,"FCT- FACULDADE DE CIÊNCIAS E TECNOLOGIA","673/2025","Médio",3.0,"2026-06-15","Material",6640.0,"Equipamentos e artigos de laboratório",17593.0,"Erlenmeyer",444745.0,"acessórios: com rolha de plástico, graduação: graduado, material: vidro, tipo boca: boca estreita, volume: 250","UN",21.0,2.0,42.0]
["15/2026","Aprovada",null,"MATERIAIS PARA LABORATÓRIO, VIDRARIAS","BENS",153052.0,"2026-03-09","2026-06-19",102.0,"FCT- FACULDADE DE CIÊNCIAS E TECNOLOGIA","673/2025","Médio",4.0,"2026-06-15","Material",6640.0,"Equipamentos e artigos de laboratório",17593.0,"Erlenmeyer",433611.0,"acessórios: com rolha de plástico, graduação: graduado, material: vidro, volume: 500","UN",35.47,2.0,70.94]
["15/2026","Aprovada",null,"MATERIAIS PARA LABORATÓRIO, VIDRARIAS","BENS",153052.0,"2026-03-09","2026-06-19",102.0,"FCT- FACULDADE DE CIÊNCIAS E TECNOLOGIA","673/2025","Médio",5.0,"2026-06-15","Material",6640.0,"Equipamentos e artigos de laboratório",17593.0,"Erlenmeyer",409494.0,"acessórios: tampa rosqueável com vedação, graduação: graduado, material: vidro, tipo boca: boca larga, volume: 1000","UN",48.9,2.0,97.8]
["15/2026","Aprovada",null,"MATERIAIS PARA LABORATÓRIO, VIDRARIAS","BENS",153052.0,"2026-03-09","2026-06-19",102.0,"FCT- FACULDADE DE CIÊNCIAS E TECNOLOGIA","673/2025","Médio",6.0,"2026-06-15","Material",6640.0,"Equipamentos e artigos de laboratório",8041.0,"Gral",442170.0,"acessórios: com pistilo de porcelana, capacidade: cerca de 2500, material: porcelana","UN",529.87,3.0,1589.61]
["15/2026","Aprovada",null,"MATERIAIS PARA LABORATÓRIO, VIDRARIAS","BENS",153052.0,"2026-03-09","2026-06-19",102.0,"FCT- FACULDADE DE CIÊNCIAS E TECNOLOGIA","673/2025","Médio",7.0,"2026-06-15","Material",6640.0,"Equipamentos e artigos de laboratório",8041.0,"Gral",442170.0,"acessórios: com pistilo de porcelana, capacidade: cerca de 2500, material: porcelana","UN",664.77,1.0,664.77]
["15/2026","Aprovada",null,"MATERIAIS PARA LABORATÓRIO, VIDRARIAS","BENS",153052.0,"2026-03-09","2026-06-19",102.0,"FCT- FACULDADE DE CIÊNCIAS E TECNOLOGIA","673/2025","Médio",8.0,"2026-06-15","Material",6640.0,"Equipamentos e artigos de laboratório",13782.0,"Pistilo",408976.0,"comprimento: cerca de 250, material: porcelana","UN",85.64,1.0,85.64]
["15/2026","Aprovada",null,"MATERIAIS PARA LABORATÓRIO, VIDRARIAS","BENS",153052.0,"2026-03-09","2026-06-19",102.0,"FCT- FACULDADE DE CIÊNCIAS E TECNOLOGIA","673/2025","Médio",9.0,"2026-06-15","Material",6640.0,"Equipamentos e artigos de laboratório",13782.0,"Pistilo",408976.0,"comprimento: cerca de 250, material: porcelana","UN",59.54,3.0,178.62]
["15/2026","Aprovada",null,"MATERIAIS PARA LABORATÓRIO, VIDRARIAS","BENS",153052.0,"2026-03-09","2026-06-19",102.0,"FCT- FACULDADE DE CIÊNCIAS E TECNOLOGIA","676/2025","Médio",1.0,"2026-06-15","Material",8125.0,"Garrafas e jarros",1281.0,"Garrafão",380485.0,"aplicação: uso em laboratório, capacidade: 10, características adicionais: com tampa, material: vidro","UN",213.85,1.0,213.85]
["15/2026","Aprovada",null,"MATERIAIS PARA LABORATÓRIO, VIDRARIAS","BENS",153052.0,"2026-03-09","2026-06-19",102.0,"EECA - ESCOLA DE ENGENHARIA CIVIL E AMBIENTAL","321/2025","Alto",33.0,"2026-09-30","Material",6640.0,"Equipamentos e artigos de laboratório",8874.0,"Pipeta",414253.0,"capacidade: 50, esgotamento: esgotamento total, material: vidro, tipo: volumétrica","UN",20.0,3.0,60.0]
["15/2026","Aprovada",null,"MATERIAIS PARA LABORATÓRIO, VIDRARIAS","BENS",153052.0,"2026-03-09","2026-06-19",102.0,"EECA - ESCOLA DE ENGENHARIA CIVIL E AMBIENTAL","321/2025","Alto",34.0,"2026-09-30","Material",6640.0,"Equipamentos e artigos de laboratório",17593.0,"Erlenmeyer",424239.0,"acessórios: tampa rosqueável com ventilação, esterilidade: estéril descartável, graduação: graduado, material: plástico, tipo boca: boca estreita, volume: 250","UN",17.32,10.0,173.2]
["15/2026","Aprovada",null,"MATERIAIS PARA LABORATÓRIO, VIDRARIAS","BENS",153052.0,"2026-03-09","2026-06-19",102.0,"EECA - ESCOLA DE ENGENHARIA CIVIL E AMBIENTAL","321/2025","Alto",35.0,"2026-09-30","Material",6640.0,"Equipamentos e artigos de laboratório",4493.0,"Cápsula De Evaporação",409489.0,"adicional: com bico, diâmetro: cerca de 110, formato: fundo chato, material: porcelana","UN",31.0,10.0,310.0]
["15/2026","Aprovada",null,"MATERIAIS PARA LABORATÓRIO, VIDRARIAS","BENS",153052.0,"2026-03-09","2026-06-19",102.0,"EECA - ESCOLA DE ENGENHARIA CIVIL E AMBIENTAL","321/2025","Alto",36.0,"2026-09-30","Material",6640.0,"Equipamentos e artigos de laboratório",13114.0,"Tubo Laboratório",409038.0,"adicional: sem orla, dimensões: cerca de 20 x 150, material: vidro, tipo: ensaio, tipo fundo: fundo redondo","UN",5.61,20.0,112.2]
["15/2026","Aprovada",null,"MATERIAIS PARA LABORATÓRIO, VIDRARIAS","BENS",153052.0,"2026-03-09","2026-06-19",102.0,"IQ - INSTITUTO DE QUÍMICA","175/2025","Alto",63.0,"2026-08-01","Material",6640.0,"Equipamentos e artigos de laboratório",8874.0,"Pipeta",414260.0,"capacidade: 10, material: vidro, tipo: volumétrica","UN",9.44,150.0,1416.0]
["15/2026","Aprovada",null,"MATERIAIS PARA LABORATÓRIO, VIDRARIAS","BENS",153052.0,"2026-03-09","2026-06-19",102.0,"IQ - INSTITUTO DE QUÍMICA","175/2025","Alto",64.0,"2026-08-01","Material",6640.0,"Equipamentos e artigos de laboratório",13571.0,"Garra Laboratório",410726.0,"abertura: abertura até 90, acessórios: com mufa, material: metal, tipo garra: 3 dedos, tipo ponta: ponta revestida em pvc","UN",52.9,10.0,529.0]
["15/2026","Aprovada",null,"MATERIAIS PARA LABORATÓRIO, VIDRARIAS","BENS",153052.0,"2026-03-09","2026-06-19",102.0,"GOIAS - REGIONAL GOIAS","701/2025","Alto",3.0,"2026-07-01","Material",6640.0,"Equipamentos e artigos de laboratório",17815.0,"Anel Laboratório",432682.0,"características adicionais: cromado com mufa, diâmetro: 15, material: ferro","UN",90.0,5.0,450.0]
["15/2026","Aprovada",null,"MATERIAIS PARA LABORATÓRIO, VIDRARIAS","BENS",153052.0,"2026-03-09","2026-06-19",102.0,"GOIAS - REGIONAL GOIAS","701/2025","Alto",4.0,"2026-07-01","Material",6640.0,"Equipamentos e artigos de laboratório",2671.0,"Balão Laboratório",602402.0,"capacidade: 1000, material: vidro, tipo fundo: fundo redondo","UN",160.0,2.0,320.0]
["15/2026","Aprovada",null,"MATERIAIS PARA LABORATÓRIO, VIDRARIAS","BENS",153052.0,"2026-03-09","2026-06-19",102.0,"GOIAS - REGIONAL GOIAS","701/2025","Alto",5.0,"2026-07-01","Material",6640.0,"Equipamentos e artigos de laboratório",2671.0,"Balão Laboratório",604056.0,"adicional: com orla, capacidade: 250, material: vidro, tipo fundo: fundo redondo","UN",180.0,2.0,360.0]
["15/2026","Aprovada",null,"MATERIAIS PARA LABORATÓRIO, VIDRARIAS","BENS",153052.0,"2026-03-09","2026-06-19",102.0,"GOIAS - REGIONAL GOIAS","701/2025","Alto",6.0,"2026-07-01","Material",6640.0,"Equipamentos e artigos de laboratório",3528.0,"Bico De Bünsen",428057.0,"altura: cerca de 20, componentes: com registro, material: base em ferro","UN",200.0,5.0,1000.0]
["15/2026","Aprovada",null,"MATERIAIS PARA LABORATÓRIO, VIDRARIAS","BENS",153052.0,"2026-03-09","2026-06-19",102.0,"GOIAS - REGIONAL GOIAS","701/2025","Alto",9.0,"2026-07-01","Material",6550.0,"Substâncias para diagnóstico \"in vitro\",  reagentes,  conjuntos e jogos para teste",13893.0,"Corante",455927.0,"aspecto físico: pó, características adicionais: ci 52030, tipo: azul de metileno","FR",150.0,1.0,150.0]
["15/2026","Aprovada",null,"MATERIAIS PARA LABORATÓRIO, VIDRARIAS","BENS",153052.0,"2026-03-09","2026-06-19",102.0,"GOIAS - REGIONAL GOIAS","701/2025","Alto",10.0,"2026-07-01","Material",6550.0,"Substâncias para diagnóstico \"in vitro\",  reagentes,  conjuntos e jogos para teste",13893.0,"Corante",454844.0,"aspecto físico: pó, características adicionais: ci 52040, tipo: azul de toluidina","FR",120.0,1.0,120.0]
["15/2026","Aprovada",null,"MATERIAIS PARA LABORATÓRIO, VIDRARIAS","BENS",153052.0,"2026-03-09","2026-06-19",102.0,"GOIAS - REGIONAL GOIAS","701/2025","Alto",11.0,"2026-07-01","Material",6550.0,"Substâncias para diagnóstico \"in vitro\",  reagentes,  conjuntos e jogos para teste",13893.0,"Corante",441782.0,"componentes: eosina azul de metileno e soluções rinse, tipo*: conjunto coloração para células sanguíneas","FR",150.0,1.0,150.0]
["15/2026","Aprovada",null,"MATERIAIS PARA LABORATÓRIO, VIDRARIAS","BENS",153052.0,"2026-03-09","2026-06-19",102.0,"GOIAS - REGIONAL GOIAS","701/2025","Alto",12.0,"2026-07-01","Material",6550.0,"Substâncias para diagnóstico \"in vitro\",  reagentes,  conjuntos e jogos para teste",13893.0,"Corante",454810.0,"aspecto físico*: líquido, componentes: ácido acético e violeta genciana (turk), tipo*: para coloração de leucócitos","FR",150.0,1.0,150.0]
["15/2026","Aprovada",null,"MATERIAIS PARA LABORATÓRIO, VIDRARIAS","BENS",153052.0,"2026-03-09","2026-06-19",102.0,"GOIAS - REGIONAL GOIAS","701/2025","Alto",13.0,"2026-07-01","Material",6640.0,"Equipamentos e artigos de laboratório",4736.0,"Funil Laboratório",452581.0,"acessórios: torneira de teflon e rolha de plástico, capacidade: 1000, formato: pera, material: vidro","UN",600.0,2.0,1200.0]
["15/2026","Aprovada",null,"MATERIAIS PARA LABORATÓRIO, VIDRARIAS","BENS",153052.0,"2026-03-09","2026-06-19",102.0,"GOIAS - REGIONAL GOIAS","701/2025","Alto",14.0,"2026-07-01","Material",6640.0,"Equipamentos e artigos de laboratório",4736.0,"Funil Laboratório",427147.0,"adicional: raiado, capacidade: 250, material: vidro, tipo haste: haste longa, tipo uso: analítico","UN",40.0,2.0,80.0]
["15/2026","Aprovada",null,"MATERIAIS PARA LABORATÓRIO, VIDRARIAS","BENS",153052.0,"2026-03-09","2026-06-19",102.0,"GOIAS - REGIONAL GOIAS","701/2025","Alto",15.0,"2026-07-01","Material",6640.0,"Equipamentos e artigos de laboratório",8041.0,"Gral",421491.0,"acessórios: com pistilo de porcelana, capacidade: cerca de 200, material: porcelana","UN",40.0,8.0,320.0]
["15/2026","Aprovada",null,"MATERIAIS PARA LABORATÓRIO, VIDRARIAS","BENS",153052.0,"2026-03-09","2026-06-19",102.0,"GOIAS - REGIONAL GOIAS","701/2025","Alto",17.0,"2026-07-01","Material",6640.0,"Equipamentos e artigos de laboratório",10384.0,"Indicador De Ph",412644.0,"escala: 0 a 14, tipo: tira de papel","CM",50.0,5.0,250.0]
["15/2026","Aprovada",null,"MATERIAIS PARA LABORATÓRIO, VIDRARIAS","BENS",153052.0,"2026-03-09","2026-06-19",102.0,"GOIAS - REGIONAL GOIAS","701/2025","Alto",18.0,"2026-07-01","Material",8415.0,"Vestuário para fins especiais",8518.0,"Jaleco",477094.0,"cor: branca, material: tecido, posição bolsos: frontais inferiores, quantidade bolsos: 2, quantidade botões: 5, tamanho: sob medida, tipo: longo, tipo abertura: frontal, tipo gola: gola em v\", tipo manga: longa, tipo tecido: oxford, uso: uniforme\"","PCT",80.0,5.0,400.0]
["15/2026","Aprovada",null,"MATERIAIS PARA LABORATÓRIO, VIDRARIAS","BENS",153052.0,"2026-03-09","2026-06-19",102.0,"GOIAS - REGIONAL GOIAS","701/2025","Alto",19.0,"2026-07-01","Material",6640.0,"Equipamentos e artigos de laboratório",13426.0,"Lâmina Laboratório",422122.0,"adicional: para botânica, aplicação: preparada, dimensões: cerca de 75 x 25, material: vidro, tipo*: conjunto c/ até 100 peças","UN",200.0,1.0,200.0]
["15/2026","Aprovada",null,"MATERIAIS PARA LABORATÓRIO, VIDRARIAS","BENS",153052.0,"2026-03-09","2026-06-19",102.0,"GOIAS - REGIONAL GOIAS","701/2025","Alto",20.0,"2026-07-01","Material",6640.0,"Equipamentos e artigos de laboratório",13426.0,"Lâmina Laboratório",429581.0,"adicional: c/ helmintos, protozoários e artrópodes, aplicação: preparada, dimensões: cerca de 75 x 25, material: vidro, tipo*: conjunto c/ até 50 peças","UN",250.0,1.0,250.0]
["15/2026","Aprovada",null,"MATERIAIS PARA LABORATÓRIO, VIDRARIAS","BENS",153052.0,"2026-03-09","2026-06-19",102.0,"GOIAS - REGIONAL GOIAS","701/2025","Alto",21.0,"2026-07-01","Material",6640.0,"Equipamentos e artigos de laboratório",13426.0,"Lâmina Laboratório",424933.0,"adicional: para histologia, aplicação: preparada, dimensões: cerca de 75 x 25, material: vidro, tipo*: conjunto c/ até 50 peças","UN",200.0,1.0,200.0]
["15/2026","Aprovada",null,"MATERIAIS PARA LABORATÓRIO, VIDRARIAS","BENS",153052.0,"2026-03-09","2026-06-19",102.0,"GOIAS - REGIONAL GOIAS","701/2025","Alto",22.0,"2026-07-01","Material",6640.0,"EQUIPAMENTOS E ARTIGOS DE LABORATÓRIO",13426.0,"LÂMINA LABORATÓRIO",409742.0,"DIMENSÕES: CERCA DE 75 X 50, MATERIAL: VIDRO, TIPO BORDA: BORDA FOSCA, TIPO*: LAPIDADA","UN",40.0,1.0,40.0]
["15/2026","Aprovada",null,"MATERIAIS PARA LABORATÓRIO, VIDRARIAS","BENS",153052.0,"2026-03-09","2026-06-19",102.0,"GOIAS - REGIONAL GOIAS","701/2025","Alto",23.0,"2026-07-01","Material",6532.0,"Vestuário hospitalar e cirúrgico e itens correlatos de  finalidades especiais",30029.0,"Máscara Cirúrgica",485315.0,"componente adicional: visor p/ proteção ocular, cor: c/ cor, eficiência: efp maior que 98% e bfe maior que 95%, esterilidade: descartável, filtro: elemento filtrante interno, formato: retangular, c/ pregas horizontais, material: não tecido 100% polipropileno, modelo: ajustável, clipe nasal, quantidade camadas: mínimo 3 camadas, tamanho: adulto","UN",15.0,3.0,45.0]
["15/2026","Aprovada",null,"MATERIAIS PARA LABORATÓRIO, VIDRARIAS","BENS",153052.0,"2026-03-09","2026-06-19",102.0,"GOIAS - REGIONAL GOIAS","701/2025","Alto",25.0,"2026-07-01","Material",6505.0,"Drogas e medicamentos",460.0,"Peróxido De Hidrogênio (Água Oxigenada)",278440.0,"tipo: 20 volumes","FR",40.0,1.0,40.0]
["15/2026","Aprovada",null,"MATERIAIS PARA LABORATÓRIO, VIDRARIAS","BENS",153052.0,"2026-03-09","2026-06-19",102.0,"GOIAS - REGIONAL GOIAS","701/2025","Alto",26.0,"2026-07-01","Material",6515.0,"INSTRUMENTOS, EQUIPAMENTOS E SUPRIMENTOS MÉDICOS  E  CIRÚRGICOS",19829.0,"PINÇA ANATÔMICA",607670.0,"COMPONENTE: S/ CREMALHEIRA, COMPRIMENTO TOTAL: CERCA DE 12, ESTERILIDADE: ESTERILIZÁVEL, FORMATO PONTA: PONTA RETA, MATERIAL: AÇO INOXIDÁVEL, MODELO 1: LAZAR P/ PONTO, TIPO PONTA: LISA","UN",200.0,2.0,400.0]
["15/2026","Aprovada",null,"MATERIAIS PARA LABORATÓRIO, VIDRARIAS","BENS",153052.0,"2026-03-09","2026-06-19",102.0,"GOIAS - REGIONAL GOIAS","701/2025","Alto",27.0,"2026-07-01","Material",6640.0,"Equipamentos e artigos de laboratório",2281.0,"Pinça Laboratório",419313.0,"aplicação: para tubo de ensaio, comprimento: cerca de 20, material: madeira","UN",8.0,10.0,80.0]
["15/2026","Aprovada",null,"MATERIAIS PARA LABORATÓRIO, VIDRARIAS","BENS",153052.0,"2026-03-09","2026-06-19",102.0,"GOIAS - REGIONAL GOIAS","701/2025","Alto",28.0,"2026-07-01","Material",6640.0,"Equipamentos e artigos de laboratório",2281.0,"Pinça Laboratório",470779.0,"abertura: abertura até 120, adicional: com mufa, aplicação: para condensador, material: metal, revestimento: revestida com pvc, tipo ponta: ponta com 4 dedos","UN",150.0,5.0,750.0]
["15/2026","Aprovada",null,"MATERIAIS PARA LABORATÓRIO, VIDRARIAS","BENS",153052.0,"2026-03-09","2026-06-19",102.0,"GOIAS - REGIONAL GOIAS","701/2025","Alto",29.0,"2026-07-01","Material",6640.0,"Equipamentos e artigos de laboratório",2281.0,"Pinça Laboratório",440497.0,"adicional: dupla e com mufa, aplicação: para bureta, comprimento: cerca de 25, material: metal, modelo: castaloy","UN",100.0,5.0,500.0]
["15/2026","Aprovada",null,"MATERIAIS PARA LABORATÓRIO, VIDRARIAS","BENS",153052.0,"2026-03-09","2026-06-19",102.0,"GOIAS - REGIONAL GOIAS","701/2025","Alto",30.0,"2026-07-01","Material",6640.0,"Equipamentos e artigos de laboratório",2281.0,"Pinça Laboratório",410929.0,"aplicação: para frasco e balão, comprimento: cerca de 20, material: metal, modelo: tesoura, revestimento: revestida com cerâmica, tipo ponta: ponta curva","UN",50.0,3.0,150.0]
["15/2026","Aprovada",null,"MATERIAIS PARA LABORATÓRIO, VIDRARIAS","BENS",153052.0,"2026-03-09","2026-06-19",102.0,"GOIAS - REGIONAL GOIAS","701/2025","Alto",31.0,"2026-07-01","Material",6640.0,"Equipamentos e artigos de laboratório",10757.0,"Pipetador",421099.0,"ajuste: tipo pera, capacidade: até 100, componentes*: com 3 vias, material: plástico, tipo: manual","UN",40.0,4.0,160.0]
["15/2026","Aprovada",null,"MATERIAIS PARA LABORATÓRIO, VIDRARIAS","BENS",153052.0,"2026-03-09","2026-06-19",102.0,"GOIAS - REGIONAL GOIAS","701/2025","Alto",32.0,"2026-07-01","Material",6640.0,"Equipamentos e artigos de laboratório",10757.0,"Pipetador",408656.0,"ajuste: tipo roldana, capacidade: até 25, material: plástico, tipo: manual","UN",50.0,4.0,200.0]
["15/2026","Aprovada",null,"MATERIAIS PARA LABORATÓRIO, VIDRARIAS","BENS",153052.0,"2026-03-09","2026-06-19",102.0,"GOIAS - REGIONAL GOIAS","701/2025","Alto",33.0,"2026-07-01","Material",6640.0,"Equipamentos e artigos de laboratório",9749.0,"Placa De Petri",433139.0,"dimensões: cerca de 20 x 150, formato: redonda, material: vidro","UN",70.0,1.0,70.0]
["15/2026","Aprovada",null,"MATERIAIS PARA LABORATÓRIO, VIDRARIAS","BENS",153052.0,"2026-03-09","2026-06-19",102.0,"GOIAS - REGIONAL GOIAS","701/2025","Alto",35.0,"2026-07-01","Material",6640.0,"Equipamentos e artigos de laboratório",12596.0,"Tela Laboratório",414680.0,"dimensões: cerca de 30 x 30, material: em arame, tratamento superficial: com disco central em amianto","UN",50.0,3.0,150.0]
["15/2026","Aprovada",null,"MATERIAIS PARA LABORATÓRIO, VIDRARIAS","BENS",153052.0,"2026-03-09","2026-06-19",102.0,"GOIAS - REGIONAL GOIAS","701/2025","Alto",36.0,"2026-07-01","Material",6640.0,"Equipamentos e artigos de laboratório",13431.0,"Vidro Relógio",408488.0,"diâmetro: cerca de 15, formato: côncavo","UN",10.0,5.0,50.0]
["15/2026","Aprovada",null,"MATERIAIS PARA LABORATÓRIO, VIDRARIAS","BENS",153052.0,"2026-03-09","2026-06-19",102.0,"GOIAS - REGIONAL GOIAS","701/2025","Alto",37.0,"2026-07-01","Material",8415.0,"Vestuário para fins especiais",419.0,"Luva De Proteção",624868.0,"acabamento palma: revestimento em poliuretano, aplicação: produtos químicos e biológico, esterilidade: não esterilizada, finalidade: epi - equipamento de proteção individual, material: policloreto de vinila (pvc), tamanho: médio, tipo: descartável, tipo punho: curto, tipo uso: descartável","CX",30.0,3.0,90.0]
["15/2026","Aprovada",null,"MATERIAIS PARA LABORATÓRIO, VIDRARIAS","BENS",153052.0,"2026-03-09","2026-06-19",102.0,"GOIAS - REGIONAL GOIAS","714/2025","Alto",21.0,"2026-07-01","Material",6640.0,"Equipamentos e artigos de laboratório",2690.0,"Papel De Filtro",449087.0,"dimensões: 40 x 40, tipo: qualitativo","UN",60.0,5.0,300.0]
["15/2026","Aprovada",null,"MATERIAIS PARA LABORATÓRIO, VIDRARIAS","BENS",153052.0,"2026-03-09","2026-06-19",102.0,"PRAE - PRO-REITORIA DE ASSUNTOS ESTUDANTIS","959/2025","Alto",1.0,"2026-01-15","Material",6515.0,"Instrumentos, equipamentos e suprimentos médicos  e  cirúrgicos",19648.0,"Sistema Compressão Pneumática Intermitente",633238.0,"alimentação: bivolt automático, componente: 1 par de botas pneumáticas, componente 1: unidade de controle com fio, controle: ajuste de pressão (mmhg) e tempo (min), tamanho: adulto g, tipo: microprocessado","UN",7498.0,1.0,7498.0]
["15/2026","Aprovada",null,"MATERIAIS PARA LABORATÓRIO, VIDRARIAS","BENS",153052.0,"2026-03-09","2026-06-19",102.0,"PRAE - PRO-REITORIA DE ASSUNTOS ESTUDANTIS","959/2025","Alto",2.0,"2026-01-15","Material",6515.0,"Instrumentos, equipamentos e suprimentos médicos  e  cirúrgicos",2626.0,"Dispositivo P/ Medidas Antropométricas",600428.0,"adicional: portátil, componente i: c/ visor, escala graduação: c/ escala métrica - mm, cm e polegadas, faixa medição: cerca de 2,3, material*: gabinete plástico, tipo*: estadiômetro digital, ultrassônico","UN",380.0,1.0,380.0]
["15/2026","Aprovada",null,"MATERIAIS PARA LABORATÓRIO, VIDRARIAS","BENS",153052.0,"2026-03-09","2026-06-19",102.0,"PRAE - PRO-REITORIA DE ASSUNTOS ESTUDANTIS","959/2025","Alto",3.0,"2026-01-15","Material",6515.0,"Instrumentos, equipamentos e suprimentos médicos  e  cirúrgicos",7955.0,"Gel Para Exame Médico",475840.0,"aplicação: condutor, características adicionais: ph neutro, composição: a base de água, esterilidade: estéril","FR",31.37,1.0,31.37]
["15/2026","Aprovada",null,"MATERIAIS PARA LABORATÓRIO, VIDRARIAS","BENS",153052.0,"2026-03-09","2026-06-19",102.0,"PRAE - PRO-REITORIA DE ASSUNTOS ESTUDANTIS","959/2025","Alto",4.0,"2026-01-15","Material",6515.0,"Instrumentos, equipamentos e suprimentos médicos  e  cirúrgicos",7955.0,"Gel Para Exame Médico",438929.0,"características adicionais: ph neutro, composição: a base de água","FR",66.99,1.0,66.99]
["15/2026","Aprovada",null,"MATERIAIS PARA LABORATÓRIO, VIDRARIAS","BENS",153052.0,"2026-03-09","2026-06-19",102.0,"PRAE - PRO-REITORIA DE ASSUNTOS ESTUDANTIS","959/2025","Alto",5.0,"2026-01-15","Material",6515.0,"INSTRUMENTOS, EQUIPAMENTOS E SUPRIMENTOS MÉDICOS  E  CIRÚRGICOS",{"$nulls":5},88.99,1.0,88.99]
["15/2026","Aprovada",null,"MATERIAIS PARA LABORATÓRIO, VIDRARIAS","BENS",153052.0,"2026-03-09","2026-06-19",102.0,"PRAE - PRO-REITORIA DE ASSUNTOS ESTUDANTIS","959/2025","Alto",6.0,"2026-01-15","Material",6515.0,"Instrumentos, equipamentos e suprimentos médicos  e  cirúrgicos",383.0,"Malha P/ Fixação Curativo - Ver Inc 30336",446388.0,"adicional: hipoalergênica, apresentação: rolo, largura*: cerca de 20, material*: tecido misto, tipo: tubular, tipo uso: descartável","RO",46.19,1.0,46.19]
["15/2026","Aprovada",null,"MATERIAIS PARA LABORATÓRIO, VIDRARIAS","BENS",153052.0,"2026-03-09","2026-06-19",102.0,"PRAE - PRO-REITORIA DE ASSUNTOS ESTUDANTIS","959/2025","Alto",7.0,"2026-01-15","Material",6515.0,"Instrumentos, equipamentos e suprimentos médicos  e  cirúrgicos",30334.0,"Atadura Ortopédica",628472.0,"comprimento em repouso: rolo cerca de 1,0 m, esterilidade: estéril, largura: cerca de 20 cm, material: manta contínua de fibras sintéticas","EMB",62.9,1.0,62.9]
["2026-10-01","Aprovada",null,"DTEL E OUTROS - EQUIPAMENTOS ELÉTRICOS E ENERGÉTICOS","BENS",153052.0,"2026-04-13","2026-07-10",88.0,"CEPAE - CENTRO DE ENSINO E PESQUISA APLICADA À EDUCAÇÃO","167/2025","Médio",8.0,"2026-03-02","Material",6150.0,"EQUIPAMENTOS DIVERSOS PARA GERAÇÃO E DISTRIBUIÇÃO DE ENERGIA",5714.0,"EXTENSÃO ELÉTRICA",611883.0,"COMPONENTES: 5 TOMADAS, 2P+T, COMPRIMENTO: 3, CONEXÕES: 1(UMA) ENTRADA 2P+T E 5 SAÍDAS 2P+T, CORRENTE NOMINAL: 10, FORMATO CONTATO: PADRÃO BRASILEIRO, FORMAÇÃO DO CABO: 3 X 0,75, GRAU PROTEÇÃO: IP44, MATERIAL: TERMOPLÁSTICO ANTI-CHAMA, NORMAS TÉCNICAS: NBR 14136, NÚMERO PÓLOS: 2P + T, POTÊNCIA MÁXIMA: 2.200, REFERÊNCIA: FORCE LINE 0180200316, SEÇÃO NOMINAL: 0,75, TEMPERATURA OPERAÇÃO: 70°, TENSÃO ENTRADA: 110-127, TENSÃO NOMINAL: 110/220, TIPO: RÉGUA","UN",60.0,30.0,1800.0]
["2026-10-01","Aprovada",null,"DTEL E OUTROS - EQUIPAMENTOS ELÉTRICOS E ENERGÉTICOS","BENS",153052.0,"2026-04-13","2026-07-10",88.0,"EECA - ESCOLA DE ENGENHARIA CIVIL E AMBIENTAL","304/2025","Alto",1.0,"2026-10-30","Material",6110.0,"Equipamentos de controle elétrico",7068.0,"Estabilizador Tensão",318896.0,"aplicação: microcomputador, capacidade: 1,2, características adicionais: iso 9001, rs232 opto acoplada, entrada bateria ext, dimensões: 315x114x156 (cxlxa), freqüência: 60, modelo: personal plus 1200, nível ruído: < 40 a 1 metro, referência fabricante: 1110005, tensão alimentação entrada: 110/220, tensão saída: 110/220, tipo: nobreak, processador risc, potência nominal: 1200","UN",1120.0,2.0,2240.0]
["2026-10-01","Aprovada",null,"DTEL E OUTROS - EQUIPAMENTOS ELÉTRICOS E ENERGÉTICOS","BENS",153052.0,"2026-04-13","2026-07-10",88.0,"FO - FACULDADE DE ODONTOLOGIA","329/2025","Baixo",3.0,"2026-05-01","Material",6110.0,"Equipamentos de controle elétrico",7068.0,"Estabilizador Tensão",273765.0,"capacidade: 3, características adicionais: proteção contra surto de tensão, tensão alimentação entrada: 110/220, tensão alimentação saída: 115","UN",4000.0,1.0,4000.0]
["2026-10-01","Aprovada",null,"DTEL E OUTROS - EQUIPAMENTOS ELÉTRICOS E ENERGÉTICOS","BENS",153052.0,"2026-04-13","2026-07-10",88.0,"FO - FACULDADE DE ODONTOLOGIA","329/2025","Baixo",4.0,"2026-05-01","Material",6110.0,"Equipamentos de controle elétrico",7068.0,"Estabilizador Tensão",300737.0,"capacidade: 1,5, características adicionais: no break interativo/microprocessador risc/baterias, tensão alimentação entrada: 115 / 220, tensão saída: 115","UN",1100.0,3.0,3300.0]
["2026-10-01","Aprovada",null,"DTEL E OUTROS - EQUIPAMENTOS ELÉTRICOS E ENERGÉTICOS","BENS",153052.0,"2026-04-13","2026-07-10",88.0,"IF - INSTITUTO DE FÍSICA","352/2025","Médio",8.0,"2026-07-10","Material",6150.0,"EQUIPAMENTOS DIVERSOS PARA GERAÇÃO E DISTRIBUIÇÃO DE ENERGIA",18863.0,"CABO CONEXÃO",445146.0,"ACESSÓRIOS: PLUG MOLDADO INTEGRADO MACHO/FEMEA, APLICAÇÃO: EQUIPAMENTOS DE INFORMATICA E SIMILARES, COMPRIMENTO CABO: 3, CORRENTE NOMINAL: 10, MATERIAL COBERTURA: BORRACHA FLEXÍVEL, MATERIAL CONDUTOR: COBRE, SEÇÃO NOMINAL: 3 X 0,75, TENSÃO NOMINAL DE OPERAÇÃO: 110/220, TIPO: POWER CORD","UN",34.0,26.0,884.0]
["2026-10-01","Aprovada",null,"DTEL E OUTROS - EQUIPAMENTOS ELÉTRICOS E ENERGÉTICOS","BENS",153052.0,"2026-04-13","2026-07-10",88.0,"EMC - ESCOLA DE ENGENHARIA ELÉTRICA MECÂNICA E DE COMPUTAÇÃO","392/2025","Médio",6.0,"2026-07-15","Material",6150.0,"Equipamentos diversos para geração e distribuição de energia",18863.0,"Cabo Conexão",445144.0,"acessórios: plug moldado integrado macho/femea, aplicação: equipamentos de informatica e similares, comprimento cabo: 1,50, corrente nominal: 10, material cobertura: borracha flexível, material condutor: cobre, seção nominal: 3 x 0,75, tensão nominal de operação: 110/220, tipo: power cord","UN",20.0,20.0,400.0]
["2026-10-01","Aprovada",null,"DTEL E OUTROS - EQUIPAMENTOS ELÉTRICOS E ENERGÉTICOS","BENS",153052.0,"2026-04-13","2026-07-10",88.0,"EMC - ESCOLA DE ENGENHARIA ELÉTRICA MECÂNICA E DE COMPUTAÇÃO","394/2025","Médio",15.0,"2026-08-10","Material",6110.0,"Equipamentos de controle elétrico",18975.0,"Variador Tensão",330695.0,"corrente nominal: 20, frequência nominal: 60, potência nominal: 8,314, quantidade fases: 3, tensão primária: 0 - 240, tensão secundária: 220","UN",2600.0,1.0,2600.0]
["2026-10-01","Aprovada",null,"DTEL E OUTROS - EQUIPAMENTOS ELÉTRICOS E ENERGÉTICOS","BENS",153052.0,"2026-04-13","2026-07-10",88.0,"PPG Educação - FE-TAXAS","617/2025","Alto",1.0,"2026-08-31","Material",6110.0,"Equipamentos de controle elétrico",7068.0,"Estabilizador Tensão",631389.0,"aplicação: proteção de equipamentos de informática, autonomia bateria: 6 horas, capacidade: 2 kva / 2000, capacidade nominal: 2 kva / 2000, características adicionais: chave liga/desliga embutida e temporizada, normas técnicas: nbr 14373, quantidade tomadas saída: 8, tensão alimentação entrada: 84/250, tensão saída: 115, tipo: nobreak","UN",900.0,1.0,900.0]
["2026-10-01","Aprovada",null,"DTEL E OUTROS - EQUIPAMENTOS ELÉTRICOS E ENERGÉTICOS","BENS",153052.0,"2026-04-13","2026-07-10",88.0,"EMC - ESCOLA DE ENGENHARIA ELÉTRICA MECÂNICA E DE COMPUTAÇÃO","700/2025","Médio",5.0,"2026-09-10","Material",6110.0,"Equipamentos de controle elétrico",12051.0,"Servomecanismo De Controle Eletrico",631963.0,"aplicação: motores eletricos, modelo: da180, referência fabricação: da180-s7r6cg0, tensão de alimentação: 220, tipo: amplificador linear, uso: controle velocidade de motor","UN",14970.0,1.0,14970.0]
["2026-10-01","Aprovada",null,"DTEL E OUTROS - EQUIPAMENTOS ELÉTRICOS E ENERGÉTICOS","BENS",153052.0,"2026-04-13","2026-07-10",88.0,"GOIAS - REGIONAL GOIAS","714/2025","Alto",8.0,"2026-07-01","Material",6150.0,"Equipamentos diversos para geração e distribuição de energia",5714.0,"Extensão Elétrica",601752.0,"componentes: 5 tomadas, 2p+t, comprimento: 10, corrente nominal: 10, tensão nominal: 110/220, tipo: régua","UN",120.0,10.0,1200.0]
["2026-10-01","Aprovada",null,"DTEL E OUTROS - EQUIPAMENTOS ELÉTRICOS E ENERGÉTICOS","BENS",153052.0,"2026-04-13","2026-07-10",88.0,"GOIAS - REGIONAL GOIAS","714/2025","Alto",9.0,"2026-07-01","Material",6150.0,"Equipamentos diversos para geração e distribuição de energia",5714.0,"Extensão Elétrica",601752.0,"componentes: 5 tomadas, 2p+t, comprimento: 10, corrente nominal: 10, tensão nominal: 110/220, tipo: régua","UN",120.0,2.0,240.0]
["2026-10-01","Aprovada",null,"DTEL E OUTROS - EQUIPAMENTOS ELÉTRICOS E ENERGÉTICOS","BENS",153052.0,"2026-04-13","2026-07-10",88.0,"GOIAS - REGIONAL GOIAS","714/2025","Alto",10.0,"2026-07-01","Material",6150.0,"EQUIPAMENTOS DIVERSOS PARA GERAÇÃO E DISTRIBUIÇÃO DE ENERGIA",5714.0,"EXTENSÃO ELÉTRICA",601752.0,"COMPONENTES: 5 TOMADAS, 2P+T, COMPRIMENTO: 10, CORRENTE NOMINAL: 10, TENSÃO NOMINAL: 110/220, TIPO: RÉGUA","UN",120.0,10.0,1200.0]
["2026-10-01","Aprovada",null,"DTEL E OUTROS - EQUIPAMENTOS ELÉTRICOS E ENERGÉTICOS","BENS",153052.0,"2026-04-13","2026-07-10",88.0,"PROEC - PRO-REITORIA DE EXTENSÃO E CULTURA","852/2025","Alto",1.0,"2026-04-28","Material",6150.0,"Equipamentos diversos para geração e distribuição de energia",5714.0,"Extensão Elétrica",602472.0,"aplicação: computador, componentes: 1 plugue macho e 1 plugue fêmea, comprimento: 1,5, formato contato: 3 pinos cilíndricos em 180°, tensão nominal: 110/220, tipo: flexível","UN",23.7,5.0,118.5]
["2026-10-01","Aprovada",null,"DTEL E OUTROS - EQUIPAMENTOS ELÉTRICOS E ENERGÉTICOS","BENS",153052.0,"2026-04-13","2026-07-10",88.0,"PRAE - PRO-REITORIA DE ASSUNTOS ESTUDANTIS","508/2025","Alto",2.0,"2026-01-15","Material",6150.0,"Equipamentos diversos para geração e distribuição de energia",18863.0,"Cabo Conexão",615271.0,"aplicação: equipamentos de comunicação e transmissão de sinai, características adicionais: encordoamento classe 5, classe térmica: 60, material condutor: cobre, material isolamento condutor: pvc anti-chama, tensão nominal de operação: 30, tipo: manga 3x22 awg blindado","UN",35.0,2.0,70.0]
["2026-10-01","Aprovada",null,"DTEL E OUTROS - EQUIPAMENTOS ELÉTRICOS E ENERGÉTICOS","BENS",153052.0,"2026-04-13","2026-07-10",88.0,"PRAE - PRO-REITORIA DE ASSUNTOS ESTUDANTIS","508/2025","Alto",3.0,"2026-01-15","Material",6150.0,"Equipamentos diversos para geração e distribuição de energia",5714.0,"Extensão Elétrica",357377.0,"comprimento: 3, número pólos: 2p + t, tipo: flexível, acessórios: 3 entradas","UN",50.0,10.0,500.0]
["2026-10-01","Aprovada",null,"DTEL E OUTROS - EQUIPAMENTOS ELÉTRICOS E ENERGÉTICOS","BENS",153052.0,"2026-04-13","2026-07-10",88.0,"DTEL - DIRETORIA DE TELECOMUNICAÇÕES","1022/2025","Médio",11.0,"2026-05-01","Material",6150.0,"Equipamentos diversos para geração e distribuição de energia",18863.0,"Cabo Conexão",421738.0,"comprimento cabo: 2, material condutor: cobre, material isolamento condutor: pvc anti-chama, tensão isolamento: 450/750, tipo conexão: xlr m - p10","UN",107.52,20.0,2150.4]
["2026-10-01","Aprovada",null,"DTEL E OUTROS - EQUIPAMENTOS ELÉTRICOS E ENERGÉTICOS","BENS",153052.0,"2026-04-13","2026-07-10",88.0,"DTEL - DIRETORIA DE TELECOMUNICAÇÕES","1022/2025","Médio",12.0,"2026-05-01","Material",6150.0,"Equipamentos diversos para geração e distribuição de energia",18863.0,"Cabo Conexão",421738.0,"comprimento cabo: 2, material condutor: cobre, material isolamento condutor: pvc anti-chama, tensão isolamento: 450/750, tipo conexão: xlr m - p10","UN",168.96,20.0,3379.2]
["2026-10-01","Aprovada",null,"DTEL E OUTROS - EQUIPAMENTOS ELÉTRICOS E ENERGÉTICOS","BENS",153052.0,"2026-04-13","2026-07-10",88.0,"DTEL - DIRETORIA DE TELECOMUNICAÇÕES","1022/2025","Médio",71.0,"2026-05-01","Material",6150.0,"Equipamentos diversos para geração e distribuição de energia",12644.0,"Terminador De Cabo ( Equipamento Eletrico Rotativo",398450.0,"características adicionais: entradas de cabos protegidas por borracha tampão, componentes: bandeja interna para acomodação das emendas e tamp, material: aço, tipo cabo: ótico","UN",15.95,100.0,1595.0]
["34/2026","Aprovada",null,"CEPAE- CILINDRO DE GAS","BENS",153052.0,"2026-05-25","2026-08-14",81.0,"CEPAE - CENTRO DE ENSINO E PESQUISA APLICADA À EDUCAÇÃO","166/2025","Médio",33.0,"2026-02-03","Material",8120.0,"Cilindros comerciais e industriais para gases",1178.0,"Cilindro Gás",435808.0,"material: aço, tipo gás: oxigênio, volume: 5","CIL",891.51,1.0,891.51]
["86/2026","Aprovada",null,"SEINFRA E OUTROS - MATERIAIS PARA JARDIM (ACESSÓRIOS PARA MANGUEIRAS, CANOS E TUBOS)","BENS",153052.0,"2026-04-30","2026-10-30",183.0,"FCT- FACULDADE DE CIÊNCIAS E TECNOLOGIA","677/2025","Baixo",1.0,"2026-06-15","Material",5610.0,"Materiais De Origem Mineral Para Construção, A Granel",4184.0,"Cal Hidratada",329857.0,"aplicação: construção civil, cor: creme, material: hidróxido de cálcio, aspecto físico: pó","SC",19.62,3.0,58.86]
["86/2026","Aprovada",null,"SEINFRA E OUTROS - MATERIAIS PARA JARDIM (ACESSÓRIOS PARA MANGUEIRAS, CANOS E TUBOS)","BENS",153052.0,"2026-04-30","2026-10-30",183.0,"EECA - ESCOLA DE ENGENHARIA CIVIL E AMBIENTAL","678/2025","Alto",1.0,"2026-10-30","Material",4730.0,"Acessórios e ferragens especiais para  mangueiras, canos  e tubos",13546.0,"Conexão Hidráulica",334003.0,"aplicação: instalação hidráulica, bitola lado soldável: 3/4, material: pvc - cloreto de polivinila, tipo: curva 90° curta, tipo fixação: soldável","UN",3.83,20.0,76.6]
["86/2026","Aprovada",null,"SEINFRA E OUTROS - MATERIAIS PARA JARDIM (ACESSÓRIOS PARA MANGUEIRAS, CANOS E TUBOS)","BENS",153052.0,"2026-04-30","2026-10-30",183.0,"EECA - ESCOLA DE ENGENHARIA CIVIL E AMBIENTAL","678/2025","Alto",2.0,"2026-10-30","Material",4730.0,"Acessórios e ferragens especiais para  mangueiras, canos  e tubos",623.0,"Tê - Conexão Para Tubos Canos - Roscável",452028.0,"aplicação: instalações prediais água fria, diâmetro entrada: 3/4, material: pvc - cloreto de polivinila","UN",0.4,20.0,8.0]
["86/2026","Aprovada",null,"SEINFRA E OUTROS - MATERIAIS PARA JARDIM (ACESSÓRIOS PARA MANGUEIRAS, CANOS E TUBOS)","BENS",153052.0,"2026-04-30","2026-10-30",183.0,"EECA - ESCOLA DE ENGENHARIA CIVIL E AMBIENTAL","678/2025","Alto",4.0,"2026-10-30","Material",4730.0,"Acessórios e ferragens especiais para  mangueiras, canos  e tubos",13546.0,"Conexão Hidráulica",296005.0,"bitola: 3/4, material: pvc - cloreto de polivinila, tipo: luva de correr, tipo fixação: roscável\"","UN",1.0,30.0,30.0]
["86/2026","Aprovada",null,"SEINFRA E OUTROS - MATERIAIS PARA JARDIM (ACESSÓRIOS PARA MANGUEIRAS, CANOS E TUBOS)","BENS",153052.0,"2026-04-30","2026-10-30",183.0,"EECA - ESCOLA DE ENGENHARIA CIVIL E AMBIENTAL","678/2025","Alto",5.0,"2026-10-30","Material",4730.0,"Acessórios e ferragens especiais para  mangueiras, canos  e tubos",13546.0,"Conexão Hidráulica",370193.0,"aplicação: instalações prediais água fria, bitola i: 3/4, características adicionais: com anel de borracha flexível para vedação, material: pvc, tipo: luva de correr, tipo fixação: soldável","UN",3.09,10.0,30.9]
["86/2026","Aprovada",null,"SEINFRA E OUTROS - MATERIAIS PARA JARDIM (ACESSÓRIOS PARA MANGUEIRAS, CANOS E TUBOS)","BENS",153052.0,"2026-04-30","2026-10-30",183.0,"SEINFRA - SECRETARIA DE INFRAESTRUTURA","781/2025","Médio",9.0,"2026-03-02","Material",9150.0,"Óleos e graxas para corte, lubrificação e sistemas  hidráulicos",19742.0,"Óleo Lubrificante",461662.0,"classificação: din 51524, tipo: sintético, uso: para equipamentos agrícolas, viscosidade: iso 68","GL",1800.0,10.0,18000.0]
["86/2026","Aprovada",null,"SEINFRA E OUTROS - MATERIAIS PARA JARDIM (ACESSÓRIOS PARA MANGUEIRAS, CANOS E TUBOS)","BENS",153052.0,"2026-04-30","2026-10-30",183.0,"SEINFRA - SECRETARIA DE INFRAESTRUTURA","781/2025","Médio",10.0,"2026-03-02","Material",3230.0,"Ferramentas e acessórios de máquinas para trabalho em  madeira",17560.0,"Peça / Acessório - Motoserra",486067.0,"aplicação: motosserra stihl ms 170, características adicionais: 22 dentes ranhura de 1,1mm, passo 3/8,sabre 30 cm, tipo: corrente\"","UN",380.0,24.0,9120.0]
["86/2026","Aprovada",null,"SEINFRA E OUTROS - MATERIAIS PARA JARDIM (ACESSÓRIOS PARA MANGUEIRAS, CANOS E TUBOS)","BENS",153052.0,"2026-04-30","2026-10-30",183.0,"SEINFRA - SECRETARIA DE INFRAESTRUTURA","781/2025","Médio",11.0,"2026-03-02","Material",3230.0,"Ferramentas e acessórios de máquinas para trabalho em  madeira",17560.0,"Peça / Acessório - Motoserra",263701.0,"aplicação: motosserra stihl modelo 038 magnum, referência: 11191201605, tipo: filtro de ar tela de arame","UN",30.0,6.0,180.0]
["86/2026","Aprovada",null,"SEINFRA E OUTROS - MATERIAIS PARA JARDIM (ACESSÓRIOS PARA MANGUEIRAS, CANOS E TUBOS)","BENS",153052.0,"2026-04-30","2026-10-30",183.0,"SEINFRA - SECRETARIA DE INFRAESTRUTURA","781/2025","Médio",13.0,"2026-03-02","Material",3230.0,"Ferramentas e acessórios de máquinas para trabalho em  madeira",17560.0,"Peça / Acessório - Motoserra",397824.0,"aplicação: motosserra stihl 08s, referência: 11081200610, tipo: carburador","UN",250.0,6.0,1500.0]
["86/2026","Aprovada",null,"SEINFRA E OUTROS - MATERIAIS PARA JARDIM (ACESSÓRIOS PARA MANGUEIRAS, CANOS E TUBOS)","BENS",153052.0,"2026-04-30","2026-10-30",183.0,"SEINFRA - SECRETARIA DE INFRAESTRUTURA","781/2025","Médio",14.0,"2026-03-02","Material",3230.0,"Ferramentas e acessórios de máquinas para trabalho em  madeira",17560.0,"Peça / Acessório - Motoserra",402257.0,"aplicação: motosserra stihl, referência 2: 00004007000, tipo: vela de ignição","UN",80.0,6.0,480.0]
["86/2026","Aprovada",null,"SEINFRA E OUTROS - MATERIAIS PARA JARDIM (ACESSÓRIOS PARA MANGUEIRAS, CANOS E TUBOS)","BENS",153052.0,"2026-04-30","2026-10-30",183.0,"SEINFRA - SECRETARIA DE INFRAESTRUTURA","781/2025","Médio",15.0,"2026-03-02","Material",3230.0,"Ferramentas e acessórios de máquinas para trabalho em  madeira",17560.0,"Peça / Acessório - Motoserra",401517.0,"aplicação: motosserra stihl, referência 2: 30030019213, tipo: corrente","UN",450.0,24.0,10800.0]
["86/2026","Aprovada",null,"SEINFRA E OUTROS - MATERIAIS PARA JARDIM (ACESSÓRIOS PARA MANGUEIRAS, CANOS E TUBOS)","BENS",153052.0,"2026-04-30","2026-10-30",183.0,"SEINFRA - SECRETARIA DE INFRAESTRUTURA","781/2025","Médio",16.0,"2026-03-02","Material",3230.0,"Ferramentas e acessórios de máquinas para trabalho em  madeira",17560.0,"Peça / Acessório - Motoserra",263701.0,"aplicação: motosserra stihl modelo 038 magnum, referência: 11191201605, tipo: filtro de ar tela de arame","UN",25.0,6.0,150.0]
["86/2026","Aprovada",null,"SEINFRA E OUTROS - MATERIAIS PARA JARDIM (ACESSÓRIOS PARA MANGUEIRAS, CANOS E TUBOS)","BENS",153052.0,"2026-04-30","2026-10-30",183.0,"SEINFRA - SECRETARIA DE INFRAESTRUTURA","781/2025","Médio",18.0,"2026-03-02","Material",3230.0,"Ferramentas e acessórios de máquinas para trabalho em  madeira",17560.0,"Peça / Acessório - Motoserra",397824.0,"aplicação: motosserra stihl 08s, referência: 11081200610, tipo: carburador","UN",180.0,6.0,1080.0]
["86/2026","Aprovada",null,"SEINFRA E OUTROS - MATERIAIS PARA JARDIM (ACESSÓRIOS PARA MANGUEIRAS, CANOS E TUBOS)","BENS",153052.0,"2026-04-30","2026-10-30",183.0,"SEINFRA - SECRETARIA DE INFRAESTRUTURA","781/2025","Médio",19.0,"2026-03-02","Material",3230.0,"Ferramentas e acessórios de máquinas para trabalho em  madeira",17560.0,"Peça / Acessório - Motoserra",402257.0,"aplicação: motosserra stihl, referência 2: 00004007000, tipo: vela de ignição","UN",100.0,6.0,600.0]
["86/2026","Aprovada",null,"SEINFRA E OUTROS - MATERIAIS PARA JARDIM (ACESSÓRIOS PARA MANGUEIRAS, CANOS E TUBOS)","BENS",153052.0,"2026-04-30","2026-10-30",183.0,"SEINFRA - SECRETARIA DE INFRAESTRUTURA","781/2025","Médio",20.0,"2026-03-02","Material",3230.0,"Ferramentas e acessórios de máquinas para trabalho em  madeira",17560.0,"Peça / Acessório - Motoserra",401517.0,"aplicação: motosserra stihl, referência 2: 30030019213, tipo: corrente","UN",600.0,24.0,14400.0]
["86/2026","Aprovada",null,"SEINFRA E OUTROS - MATERIAIS PARA JARDIM (ACESSÓRIOS PARA MANGUEIRAS, CANOS E TUBOS)","BENS",153052.0,"2026-04-30","2026-10-30",183.0,"SEINFRA - SECRETARIA DE INFRAESTRUTURA","781/2025","Médio",21.0,"2026-03-02","Material",3230.0,"Ferramentas e acessórios de máquinas para trabalho em  madeira",17560.0,"Peça / Acessório - Motoserra",263701.0,"aplicação: motosserra stihl modelo 038 magnum, referência: 11191201605, tipo: filtro de ar tela de arame","UN",130.0,6.0,780.0]
["86/2026","Aprovada",null,"SEINFRA E OUTROS - MATERIAIS PARA JARDIM (ACESSÓRIOS PARA MANGUEIRAS, CANOS E TUBOS)","BENS",153052.0,"2026-04-30","2026-10-30",183.0,"SEINFRA - SECRETARIA DE INFRAESTRUTURA","781/2025","Médio",23.0,"2026-03-02","Material",3230.0,"Ferramentas e acessórios de máquinas para trabalho em  madeira",17560.0,"Peça / Acessório - Motoserra",397824.0,"aplicação: motosserra stihl 08s, referência: 11081200610, tipo: carburador","UN",195.0,6.0,1170.0]
["86/2026","Aprovada",null,"SEINFRA E OUTROS - MATERIAIS PARA JARDIM (ACESSÓRIOS PARA MANGUEIRAS, CANOS E TUBOS)","BENS",153052.0,"2026-04-30","2026-10-30",183.0,"SEINFRA - SECRETARIA DE INFRAESTRUTURA","781/2025","Médio",24.0,"2026-03-02","Material",3230.0,"Ferramentas e acessórios de máquinas para trabalho em  madeira",17560.0,"Peça / Acessório - Motoserra",402257.0,"aplicação: motosserra stihl, referência 2: 00004007000, tipo: vela de ignição","UN",70.0,6.0,420.0]
["86/2026","Aprovada",null,"SEINFRA E OUTROS - MATERIAIS PARA JARDIM (ACESSÓRIOS PARA MANGUEIRAS, CANOS E TUBOS)","BENS",153052.0,"2026-04-30","2026-10-30",183.0,"SEINFRA - SECRETARIA DE INFRAESTRUTURA","781/2025","Médio",25.0,"2026-03-02","Material",3230.0,"Ferramentas e acessórios de máquinas para trabalho em  madeira",17560.0,"Peça / Acessório - Motoserra",401517.0,"aplicação: motosserra stihl, referência 2: 30030019213, tipo: corrente","UN",620.0,24.0,14880.0]
["86/2026","Aprovada",null,"SEINFRA E OUTROS - MATERIAIS PARA JARDIM (ACESSÓRIOS PARA MANGUEIRAS, CANOS E TUBOS)","BENS",153052.0,"2026-04-30","2026-10-30",183.0,"SEINFRA - SECRETARIA DE INFRAESTRUTURA","781/2025","Médio",26.0,"2026-03-02","Material",3230.0,"Ferramentas e acessórios de máquinas para trabalho em  madeira",17560.0,"Peça / Acessório - Motoserra",263701.0,"aplicação: motosserra stihl modelo 038 magnum, referência: 11191201605, tipo: filtro de ar tela de arame","UN",55.0,6.0,330.0]
["86/2026","Aprovada",null,"SEINFRA E OUTROS - MATERIAIS PARA JARDIM (ACESSÓRIOS PARA MANGUEIRAS, CANOS E TUBOS)","BENS",153052.0,"2026-04-30","2026-10-30",183.0,"SEINFRA - SECRETARIA DE INFRAESTRUTURA","781/2025","Médio",28.0,"2026-03-02","Material",3230.0,"Ferramentas e acessórios de máquinas para trabalho em  madeira",17560.0,"Peça / Acessório - Motoserra",397824.0,"aplicação: motosserra stihl 08s, referência: 11081200610, tipo: carburador","UN",140.0,6.0,840.0]
["86/2026","Aprovada",null,"SEINFRA E OUTROS - MATERIAIS PARA JARDIM (ACESSÓRIOS PARA MANGUEIRAS, CANOS E TUBOS)","BENS",153052.0,"2026-04-30","2026-10-30",183.0,"SEINFRA - SECRETARIA DE INFRAESTRUTURA","781/2025","Médio",29.0,"2026-03-02","Material",3230.0,"Ferramentas e acessórios de máquinas para trabalho em  madeira",17560.0,"Peça / Acessório - Motoserra",402257.0,"aplicação: motosserra stihl, referência 2: 00004007000, tipo: vela de ignição","UN",140.0,6.0,840.0]
["86/2026","Aprovada",null,"SEINFRA E OUTROS - MATERIAIS PARA JARDIM (ACESSÓRIOS PARA MANGUEIRAS, CANOS E TUBOS)","BENS",153052.0,"2026-04-30","2026-10-30",183.0,"SEINFRA - SECRETARIA DE INFRAESTRUTURA","781/2025","Médio",30.0,"2026-03-02","Material",3230.0,"Ferramentas e acessórios de máquinas para trabalho em  madeira",17560.0,"Peça / Acessório - Motoserra",626121.0,"aplicação: motoserra modelo sthil ms 361, características adicionais: 30 dentes serrar madeira, tipo: corrente","UN",420.0,24.0,10080.0]
["86/2026","Aprovada",null,"SEINFRA E OUTROS - MATERIAIS PARA JARDIM (ACESSÓRIOS PARA MANGUEIRAS, CANOS E TUBOS)","BENS",153052.0,"2026-04-30","2026-10-30",183.0,"SEINFRA - SECRETARIA DE INFRAESTRUTURA","781/2025","Médio",31.0,"2026-03-02","Material",3230.0,"Ferramentas e acessórios de máquinas para trabalho em  madeira",17560.0,"Peça / Acessório - Motoserra",263701.0,"aplicação: motosserra stihl modelo 038 magnum, referência: 11191201605, tipo: filtro de ar tela de arame","UN",56.0,6.0,336.0]
["86/2026","Aprovada",null,"SEINFRA E OUTROS - MATERIAIS PARA JARDIM (ACESSÓRIOS PARA MANGUEIRAS, CANOS E TUBOS)","BENS",153052.0,"2026-04-30","2026-10-30",183.0,"SEINFRA - SECRETARIA DE INFRAESTRUTURA","781/2025","Médio",33.0,"2026-03-02","Material",3230.0,"Ferramentas e acessórios de máquinas para trabalho em  madeira",17560.0,"Peça / Acessório - Motoserra",397824.0,"aplicação: motosserra stihl 08s, referência: 11081200610, tipo: carburador","UN",600.0,6.0,3600.0]
["86/2026","Aprovada",null,"SEINFRA E OUTROS - MATERIAIS PARA JARDIM (ACESSÓRIOS PARA MANGUEIRAS, CANOS E TUBOS)","BENS",153052.0,"2026-04-30","2026-10-30",183.0,"SEINFRA - SECRETARIA DE INFRAESTRUTURA","781/2025","Médio",34.0,"2026-03-02","Material",3230.0,"Ferramentas e acessórios de máquinas para trabalho em  madeira",17560.0,"Peça / Acessório - Motoserra",397809.0,"aplicação: motosserra stihl 08s, referência: cj8y, tipo: vela ignição","UN",70.0,6.0,420.0]
["86/2026","Aprovada",null,"SEINFRA E OUTROS - MATERIAIS PARA JARDIM (ACESSÓRIOS PARA MANGUEIRAS, CANOS E TUBOS)","BENS",153052.0,"2026-04-30","2026-10-30",183.0,"SEINFRA - SECRETARIA DE INFRAESTRUTURA","781/2025","Médio",35.0,"2026-03-02","Material",3230.0,"Ferramentas e acessórios de máquinas para trabalho em  madeira",17560.0,"Peça / Acessório - Motoserra",401517.0,"aplicação: motosserra stihl, referência 2: 30030019213, tipo: corrente","UN",650.0,24.0,15600.0]
["86/2026","Aprovada",null,"SEINFRA E OUTROS - MATERIAIS PARA JARDIM (ACESSÓRIOS PARA MANGUEIRAS, CANOS E TUBOS)","BENS",153052.0,"2026-04-30","2026-10-30",183.0,"SEINFRA - SECRETARIA DE INFRAESTRUTURA","781/2025","Médio",36.0,"2026-03-02","Material",3230.0,"Ferramentas e acessórios de máquinas para trabalho em  madeira",17560.0,"Peça / Acessório - Motoserra",400621.0,"aplicação: motopoda shindaiwa modelo m-230, referência 1: 9226622, tipo 1: corrente p 3/8 0,043 ga 19 dentes","UN",65.0,24.0,1560.0]
["86/2026","Aprovada",null,"SEINFRA E OUTROS - MATERIAIS PARA JARDIM (ACESSÓRIOS PARA MANGUEIRAS, CANOS E TUBOS)","BENS",153052.0,"2026-04-30","2026-10-30",183.0,"SEINFRA - SECRETARIA DE INFRAESTRUTURA","781/2025","Médio",38.0,"2026-03-02","Material",3230.0,"Ferramentas e acessórios de máquinas para trabalho em  madeira",17560.0,"Peça / Acessório - Motoserra",397824.0,"aplicação: motosserra stihl 08s, referência: 11081200610, tipo: carburador","UN",400.0,24.0,9600.0]
["86/2026","Aprovada",null,"SEINFRA E OUTROS - MATERIAIS PARA JARDIM (ACESSÓRIOS PARA MANGUEIRAS, CANOS E TUBOS)","BENS",153052.0,"2026-04-30","2026-10-30",183.0,"SEINFRA - SECRETARIA DE INFRAESTRUTURA","781/2025","Médio",39.0,"2026-03-02","Material",3230.0,"Ferramentas e acessórios de máquinas para trabalho em  madeira",17560.0,"Peça / Acessório - Motoserra",402257.0,"aplicação: motosserra stihl, referência 2: 00004007000, tipo: vela de ignição","UN",70.0,24.0,1680.0]
["86/2026","Aprovada",null,"SEINFRA E OUTROS - MATERIAIS PARA JARDIM (ACESSÓRIOS PARA MANGUEIRAS, CANOS E TUBOS)","BENS",153052.0,"2026-04-30","2026-10-30",183.0,"SEINFRA - SECRETARIA DE INFRAESTRUTURA","781/2025","Médio",44.0,"2026-03-02","Material",3230.0,"Ferramentas e acessórios de máquinas para trabalho em  madeira",17560.0,"Peça / Acessório - Motoserra",263701.0,"aplicação: motosserra stihl modelo 038 magnum, referência: 11191201605, tipo: filtro de ar tela de arame","UN",272.0,96.0,26112.0]
["86/2026","Aprovada",null,"SEINFRA E OUTROS - MATERIAIS PARA JARDIM (ACESSÓRIOS PARA MANGUEIRAS, CANOS E TUBOS)","BENS",153052.0,"2026-04-30","2026-10-30",183.0,"SEINFRA - SECRETARIA DE INFRAESTRUTURA","781/2025","Médio",45.0,"2026-03-02","Material",2940.0,"Filtros de ar e de óleo, elementos filtrantes e purificado- res de motores, exceto de aeronaves",7466.0,"Filtro Combustível",612437.0,"aplicação 1: veículo van kombi vw tork 1.6, 2004/2005, referência fabricante: 5x0201511, tipo: filtro tanque de combustível, tipo combustível: gasolina","UN",204.0,96.0,19584.0]
["86/2026","Aprovada",null,"SEINFRA E OUTROS - MATERIAIS PARA JARDIM (ACESSÓRIOS PARA MANGUEIRAS, CANOS E TUBOS)","BENS",153052.0,"2026-04-30","2026-10-30",183.0,"SEINFRA - SECRETARIA DE INFRAESTRUTURA","781/2025","Médio",46.0,"2026-03-02","Material",2940.0,"Filtros de ar e de óleo, elementos filtrantes e purificado- res de motores, exceto de aeronaves",7471.0,"Filtro Óleo Hidráulico",247743.0,"aplicação: trator valmet,ano 88,série prata, referência: 306060.00, uso: sistema hidráulico","UN",242.0,96.0,23232.0]
["86/2026","Aprovada",null,"SEINFRA E OUTROS - MATERIAIS PARA JARDIM (ACESSÓRIOS PARA MANGUEIRAS, CANOS E TUBOS)","BENS",153052.0,"2026-04-30","2026-10-30",183.0,"SEINFRA - SECRETARIA DE INFRAESTRUTURA","781/2025","Médio",47.0,"2026-03-02","Material",2940.0,"Filtros de ar e de óleo, elementos filtrantes e purificado- res de motores, exceto de aeronaves",7471.0,"Filtro Óleo Hidráulico",247743.0,"aplicação: trator valmet,ano 88,série prata, referência: 306060.00, uso: sistema hidráulico","UN",215.0,48.0,10320.0]
["86/2026","Aprovada",null,"SEINFRA E OUTROS - MATERIAIS PARA JARDIM (ACESSÓRIOS PARA MANGUEIRAS, CANOS E TUBOS)","BENS",153052.0,"2026-04-30","2026-10-30",183.0,"SEINFRA - SECRETARIA DE INFRAESTRUTURA","781/2025","Médio",49.0,"2026-03-02","Material",9150.0,"Óleos e graxas para corte, lubrificação e sistemas  hidráulicos",19742.0,"Óleo Lubrificante",616955.0,"classificação: api-sm, acea c2, c3, tipo: sintético, uso: motores 4 tempos, viscosidade: sae 5w30","L",150.0,580.0,87000.0]
["86/2026","Aprovada",null,"SEINFRA E OUTROS - MATERIAIS PARA JARDIM (ACESSÓRIOS PARA MANGUEIRAS, CANOS E TUBOS)","BENS",153052.0,"2026-04-30","2026-10-30",183.0,"SEINFRA - SECRETARIA DE INFRAESTRUTURA","781/2025","Médio",50.0,"2026-03-02","Material",9150.0,"Óleos e graxas para corte, lubrificação e sistemas  hidráulicos",19742.0,"Óleo Lubrificante",616955.0,"classificação: api-sm, acea c2, c3, tipo: sintético, uso: motores 4 tempos, viscosidade: sae 5w30","L",150.0,720.0,108000.0]
["86/2026","Aprovada",null,"SEINFRA E OUTROS - MATERIAIS PARA JARDIM (ACESSÓRIOS PARA MANGUEIRAS, CANOS E TUBOS)","BENS",153052.0,"2026-04-30","2026-10-30",183.0,"SEINFRA - SECRETARIA DE INFRAESTRUTURA","781/2025","Médio",54.0,"2026-03-02","Material",9150.0,"Óleos e graxas para corte, lubrificação e sistemas  hidráulicos",609.0,"Graxa",214600.0,"características adicionais: não aplicável, consistência nlgi: 2, ponto gota: 180, tipo aditivos: anticorrosivo, tipo base: óleo mineral, tipo espessante: bário, aplicação: múltipla","BD",1400.0,8.0,11200.0]
["86/2026","Aprovada",null,"SEINFRA E OUTROS - MATERIAIS PARA JARDIM (ACESSÓRIOS PARA MANGUEIRAS, CANOS E TUBOS)","BENS",153052.0,"2026-04-30","2026-10-30",183.0,"SEINFRA - SECRETARIA DE INFRAESTRUTURA","781/2025","Médio",58.0,"2026-03-02","Material",6850.0,"Especialidades químicas diversas",2117.0,"Aditivo Radiador",404776.0,"aplicação: radiador automotivo, características adicionais: com anticorrosivo e passivador, componentes: etileno glicol","GL",1400.0,10.0,14000.0]
["86/2026","Aprovada",null,"SEINFRA E OUTROS - MATERIAIS PARA JARDIM (ACESSÓRIOS PARA MANGUEIRAS, CANOS E TUBOS)","BENS",153052.0,"2026-04-30","2026-10-30",183.0,"SEINFRA - SECRETARIA DE INFRAESTRUTURA","781/2025","Médio",59.0,"2026-03-02","Material",9150.0,"Óleos e graxas para corte, lubrificação e sistemas  hidráulicos",19742.0,"Óleo Lubrificante",467490.0,"classificação: api gl-4, tipo: sintético, uso: para equipamentos agrícolas, viscosidade: sae 10w-30","GL",1300.0,30.0,39000.0]
["86/2026","Aprovada",null,"SEINFRA E OUTROS - MATERIAIS PARA JARDIM (ACESSÓRIOS PARA MANGUEIRAS, CANOS E TUBOS)","BENS",153052.0,"2026-04-30","2026-10-30",183.0,"SEINFRA - SECRETARIA DE INFRAESTRUTURA","781/2025","Médio",60.0,"2026-03-02","Material",9150.0,"Óleos e graxas para corte, lubrificação e sistemas  hidráulicos",10198.0,"Óleo Lubrificante.",618380.0,"apresentação: líquido viscoso, características adicionais: antioxidante, antiespumante e anti-desgaste, origem: mineral, uso: bomba de vácuo, viscosidade: iso vg 68","BD",1550.0,25.0,38750.0]
["86/2026","Aprovada",null,"SEINFRA E OUTROS - MATERIAIS PARA JARDIM (ACESSÓRIOS PARA MANGUEIRAS, CANOS E TUBOS)","BENS",153052.0,"2026-04-30","2026-10-30",183.0,"SEINFRA - SECRETARIA DE INFRAESTRUTURA","781/2025","Médio",61.0,"2026-03-02","Material",2940.0,"Filtros de ar e de óleo, elementos filtrantes e purificado- res de motores, exceto de aeronaves",7466.0,"Filtro Combustível",245596.0,"aplicação: trator massey ferguson 292, referência fabricante: 423651","UN",140.0,8.0,1120.0]
["86/2026","Aprovada",null,"SEINFRA E OUTROS - MATERIAIS PARA JARDIM (ACESSÓRIOS PARA MANGUEIRAS, CANOS E TUBOS)","BENS",153052.0,"2026-04-30","2026-10-30",183.0,"SEINFRA - SECRETARIA DE INFRAESTRUTURA","781/2025","Médio",62.0,"2026-03-02","Material",2940.0,"Filtros de ar e de óleo, elementos filtrantes e purificado- res de motores, exceto de aeronaves",7466.0,"Filtro Combustível",245596.0,"aplicação: trator massey ferguson 292, referência fabricante: 423651","UN",120.0,8.0,960.0]
["86/2026","Aprovada",null,"SEINFRA E OUTROS - MATERIAIS PARA JARDIM (ACESSÓRIOS PARA MANGUEIRAS, CANOS E TUBOS)","BENS",153052.0,"2026-04-30","2026-10-30",183.0,"SEINFRA - SECRETARIA DE INFRAESTRUTURA","781/2025","Médio",63.0,"2026-03-02","Material",2940.0,"Filtros de ar e de óleo, elementos filtrantes e purificado- res de motores, exceto de aeronaves",7466.0,"Filtro Combustível",245596.0,"aplicação: trator massey ferguson 292, referência fabricante: 423651","UN",120.0,8.0,960.0]
["86/2026","Aprovada",null,"SEINFRA E OUTROS - MATERIAIS PARA JARDIM (ACESSÓRIOS PARA MANGUEIRAS, CANOS E TUBOS)","BENS",153052.0,"2026-04-30","2026-10-30",183.0,"SEINFRA - SECRETARIA DE INFRAESTRUTURA","781/2025","Médio",74.0,"2026-03-02","Material",2640.0,"Material para reforma e reparo de pneus e câmaras de ar",11628.0,"Remendo Para Pneu",610044.0,"aplicação: reparação interna de pneus radiais, caracteristicas adicionais: a frio, até 3 lonas, dimensões: 125 x 115, tipo: manchão radial rac 25","UN",90.0,1.0,90.0]
["38/2026","Aprovada",null,"IMPRESSORAS E SCANNERS","CONTRATACOES_TIC",153052.0,"2026-05-18","2026-08-21",95.0,"FCT- FACULDADE DE CIÊNCIAS E TECNOLOGIA","379/2025","Médio",1.0,"2026-06-15","Material",7020.0,"Impressoras",8320.0,"Impressora 3d",625259.0,"alimentação: bivolt, características adicionais: com aquecimento, velocidade de impressão 600 mm/s, conexão: usb e wifi, material gabinete: vidro e perfil de alumínio, padrão: fff/fdm, padrão filamentos: abs, pla, petg, pet, tpu, pa, abs, asa, tipo gabinete: fechado, área mínima de impressão: 300 mm x 300 mm x 300 mm","UN",3500.0,1.0,3500.0]
["38/2026","Aprovada",null,"IMPRESSORAS E SCANNERS","CONTRATACOES_TIC",153052.0,"2026-05-18","2026-08-21",95.0,"EMC - ESCOLA DE ENGENHARIA ELÉTRICA MECÂNICA E DE COMPUTAÇÃO","394/2025","Médio",2.0,"2026-08-10","Material",7020.0,"Impressoras",8320.0,"Impressora 3d",625259.0,"alimentação: bivolt, características adicionais: com aquecimento, velocidade de impressão 600 mm/s, conexão: usb e wifi, material gabinete: vidro e perfil de alumínio, padrão: fff/fdm, padrão filamentos: abs, pla, petg, pet, tpu, pa, abs, asa, tipo gabinete: fechado, área mínima de impressão: 300 mm x 300 mm x 300 mm","UN",5431.09,1.0,5431.09]
["38/2026","Aprovada",null,"IMPRESSORAS E SCANNERS","CONTRATACOES_TIC",153052.0,"2026-05-18","2026-08-21",95.0,"PPG Educação - FE-TAXAS","617/2025","Alto",2.0,"2026-08-31","Material",7020.0,"Impressoras",226.0,"Impressora Multifuncional",630908.0,"capacidade mínima bandeja: 550, capacidade redução ampliação: 25 a 400, frequência: 60, resolução copiadora: 600 x 600, resolução impressão: 1200 x 1200, resolução scanner: 600 x 600, tensão alimentação: 127, tipo impressão: laser, velocidade copiadora colorida: 8, velocidade copiadora preto e branco: 42, velocidade impressão colorida: 2, velocidade impressão preto e branco: 45","UN",2500.0,1.0,2500.0]
["38/2026","Aprovada",null,"IMPRESSORAS E SCANNERS","CONTRATACOES_TIC",153052.0,"2026-05-18","2026-08-21",95.0,"BC - BIBLIOTECA CENTRAL","759/2025","Médio",2.0,"2026-07-01","Material",7020.0,"Impressoras",224.0,"Impressora Laser",470800.0,"capacidade folha: 200, características adicionais: ciclo de trabalho 50.000 páginas/mês, linguagem pc, compatibilidade: windowsxp/vista, linux, apple, mac os x, conexão: usb e ethernet 10/100/100 base tx  rj45 integrado, resolução impressão: 1.200 x 1.200, tensão alimentação: 110/220, tipo impressora: monocromática/impressão frente/verso, tipo papel: a4/a5/ofício i e ii/carta/envelopes/transparências, velocidade impressão preto e branco: 35","UN",3600.0,2.0,7200.0]
["38/2026","Aprovada",null,"IMPRESSORAS E SCANNERS","CONTRATACOES_TIC",153052.0,"2026-05-18","2026-08-21",95.0,"PRPI - PRO-REITORIA DE PESQUISA E INOVAÇÃO","779/2025","Alto",1.0,"2026-03-30","Material",7020.0,"Impressoras",224.0,"Impressora Laser",470800.0,"capacidade folha: 200, características adicionais: ciclo de trabalho 50.000 páginas/mês, linguagem pc, compatibilidade: windowsxp/vista, linux, apple, mac os x, conexão: usb e ethernet 10/100/100 base tx  rj45 integrado, resolução impressão: 1.200 x 1.200, tensão alimentação: 110/220, tipo impressora: monocromática/impressão frente/verso, tipo papel: a4/a5/ofício i e ii/carta/envelopes/transparências, velocidade impressão preto e branco: 35","UN",4500.0,5.0,22500.0]
["93/2026","Aprovada",null,"DLOG - CONTRATAÇÃO SERVIÇO GERENCIAMENTO DE FROTA","SERVICOS",153052.0,"2025-11-17","2026-04-30",164.0,"DLOG - DIRETORIA DE LOGÍSTICA","739/2025","Alto",1.0,"2026-04-30","Material",2590.0,"Componentes diversos para veículos",{"$nulls":5},2041501.58,1.0,2041501.58]
["95/2026","Aprovada",null,"SEINFRA E OUTROS - Equipamentos para manutenção em geral","BENS",153052.0,"2026-01-02","2026-08-03",213.0,"FCT- FACULDADE DE CIÊNCIAS E TECNOLOGIA","369/2025","Médio",1.0,"2026-06-15","Material",5210.0,"Instrumentos de medição para artífices",14964.0,"Alicate Wattimetro",332002.0,"características adicionais: display duplo, kw+pf, kva+kvar, v+hz, trifásico, potência ativa: até 2.000, corrente ac: até 2.000","UN",2500.0,1.0,2500.0]
["95/2026","Aprovada",null,"SEINFRA E OUTROS - Equipamentos para manutenção em geral","BENS",153052.0,"2026-01-02","2026-08-03",213.0,"FCT- FACULDADE DE CIÊNCIAS E TECNOLOGIA","369/2025","Médio",4.0,"2026-06-15","Material",5210.0,"Instrumentos de medição para artífices",2304.0,"Alicate Amperímetro",621682.0,"alimentação: bateria, aplicação: eletricidade, componentes adicionais: bolsa de transporte/  pontos de prova, corrente: cc: 400 a 2000 / dc:400 a 2000, material: pvc, tipo: digital, voltagem: cc: 4, 40, 400 e 1000 / dc: 4, 40, 400 e 750, voltagem bateria: 9","UN",160.0,1.0,160.0]
["95/2026","Aprovada",null,"SEINFRA E OUTROS - Equipamentos para manutenção em geral","BENS",153052.0,"2026-01-02","2026-08-03",213.0,"SEINFRA - SECRETARIA DE INFRAESTRUTURA","738/2025","Médio",109.0,"2026-07-06","Material",5920.0,"Fusíveis interruptores, isolantes e protetores",19146.0,"Protetor Contra Surto De Tensão",612496.0,"aplicação: sistemas de energia solar, características adicionais: anti-chama, corrente máxima surto: 20/40, estrutura: plastica, modelo: dps 1p, tensão nominal: 275","UN",167.57,200.0,33514.0]
["95/2026","Aprovada",null,"SEINFRA E OUTROS - Equipamentos para manutenção em geral","BENS",153052.0,"2026-01-02","2026-08-03",213.0,"SEINFRA - SECRETARIA DE INFRAESTRUTURA","738/2025","Médio",110.0,"2026-07-06","Material",5920.0,"Fusíveis interruptores, isolantes e protetores",19146.0,"Protetor Contra Surto De Tensão",612496.0,"aplicação: sistemas de energia solar, características adicionais: anti-chama, corrente máxima surto: 20/40, estrutura: plastica, modelo: dps 1p, tensão nominal: 275","UN",96.44,200.0,19288.0]
["95/2026","Aprovada",null,"SEINFRA E OUTROS - Equipamentos para manutenção em geral","BENS",153052.0,"2026-01-02","2026-08-03",213.0,"SEINFRA - SECRETARIA DE INFRAESTRUTURA","761/2025","Médio",59.0,"2026-06-01","Material",3405.0,"Máquinas de serrar e limar",1107.0,"Serra Circular",220437.0,"aplicação: mármore, capacidade corte a 45°: não aplicável, capacidade corte a 90°: 60, diâmetro disco: 180, diâmetro furo disco: 25, peso: 6,90, potência: 1.400, rotação: 5.000","UN",30.0,30.0,900.0]
["95/2026","Aprovada",null,"SEINFRA E OUTROS - Equipamentos para manutenção em geral","BENS",153052.0,"2026-01-02","2026-08-03",213.0,"SEINFRA - SECRETARIA DE INFRAESTRUTURA","778/2025","Médio",8.0,"2026-06-01","Material",4240.0,"Equipamento para segurança e salvamento",1304.0,"Lente Industrial / Segurança",288542.0,"aplicação: proteção contra arco voltaico, comprimento: 110, cor: preta, espessura: mínima de 3, forma: retangular, largura: 50, material: vidro, normas técnicas: din 10","UN",3.0,40.0,120.0]
["95/2026","Aprovada",null,"SEINFRA E OUTROS - Equipamentos para manutenção em geral","BENS",153052.0,"2026-01-02","2026-08-03",213.0,"SEINFRA - SECRETARIA DE INFRAESTRUTURA","778/2025","Médio",9.0,"2026-06-01","Material",4240.0,"Equipamento para segurança e salvamento",1304.0,"Lente Industrial / Segurança",240674.0,"aplicação: proteção contra arco voltaico, cor: preta, forma: retangular nº 12, material: policarbonato, normas técnicas: ansi z 87.1/89, csa z 94.3/92 e en 166","UN",3.6,30.0,108.0]
["95/2026","Aprovada",null,"SEINFRA E OUTROS - Equipamentos para manutenção em geral","BENS",153052.0,"2026-01-02","2026-08-03",213.0,"SEINFRA - SECRETARIA DE INFRAESTRUTURA","778/2025","Médio",22.0,"2026-06-01","Material",3920.0,"Equipamentos não autopropulsionado para movimentação  de  materiais",16077.0,"Rodízio Giratório",624385.0,"capacidade carga: 40, características adicionais: com trava, diâmetro externo: 3, material banda rodagem: poliuretano, material estrutura: aço","UN",100.0,90.0,9000.0]
["95/2026","Aprovada",null,"SEINFRA E OUTROS - Equipamentos para manutenção em geral","BENS",153052.0,"2026-01-02","2026-08-03",213.0,"SEINFRA - SECRETARIA DE INFRAESTRUTURA","778/2025","Médio",23.0,"2026-06-01","Material",3920.0,"Equipamentos não autopropulsionado para movimentação  de  materiais",16077.0,"Rodízio Giratório",297099.0,"aplicação: movimentação de móveis, capacidade carga: 40, características adicionais: com trava, cor: preta, diâmetro externo: 2, largura: 55, material: plástico, tipo rolamento: sem rolamento","UN",87.0,70.0,6090.0]
["95/2026","Aprovada",null,"SEINFRA E OUTROS - Equipamentos para manutenção em geral","BENS",153052.0,"2026-01-02","2026-08-03",213.0,"SEINFRA - SECRETARIA DE INFRAESTRUTURA","778/2025","Médio",24.0,"2026-06-01","Material",3920.0,"Equipamentos não autopropulsionado para movimentação  de  materiais",16077.0,"Rodízio Giratório",624385.0,"capacidade carga: 40, características adicionais: com trava, diâmetro externo: 3, material banda rodagem: poliuretano, material estrutura: aço","UN",150.0,40.0,6000.0]
["95/2026","Aprovada",null,"SEINFRA E OUTROS - Equipamentos para manutenção em geral","BENS",153052.0,"2026-01-02","2026-08-03",213.0,"SEINFRA - SECRETARIA DE INFRAESTRUTURA","780/2025","Médio",55.0,"2026-06-01","Material",3895.0,"Equipamentos diversos para construção",19092.0,"Misturador",436308.0,"aplicação: mistururador de tinta, características adicionais: compatível com mandril mandril de 3/8(10mm), material: aço carbono, tipo: haste metálica com hélice\"","UN",170.0,10.0,1700.0]
["95/2026","Aprovada",null,"SEINFRA E OUTROS - Equipamentos para manutenção em geral","BENS",153052.0,"2026-01-02","2026-08-03",213.0,"SEINFRA - SECRETARIA DE INFRAESTRUTURA","780/2025","Médio",59.0,"2026-06-01","Material",5210.0,"Instrumentos de medição para artífices",17516.0,"Linha Pedreiro",262706.0,"tamanho: 100, tipo: trançada","UN",5.0,40.0,200.0]
["95/2026","Aprovada",null,"SEINFRA E OUTROS - Equipamentos para manutenção em geral","BENS",153052.0,"2026-01-02","2026-08-03",213.0,"SEINFRA - SECRETARIA DE INFRAESTRUTURA","780/2025","Médio",63.0,"2026-06-01","Material",5210.0,"Instrumentos de medição para artífices",920.0,"Nível Bolha",601642.0,"comprimento: 300, material corpo: liga de aluminio e plástico pp, tipo bolha: 3 bolhas (diagonal, horinzontal  e  vertical).","UN",19.0,15.0,285.0]
["95/2026","Aprovada",null,"SEINFRA E OUTROS - Equipamentos para manutenção em geral","BENS",153052.0,"2026-01-02","2026-08-03",213.0,"SEINFRA - SECRETARIA DE INFRAESTRUTURA","780/2025","Médio",67.0,"2026-06-01","Material",5210.0,"Instrumentos de medição para artífices",11328.0,"Prumo",265470.0,"aplicação: verificação prumo de parede, características adicionais: corda de algodão, material: latão, peso: 400","UN",25.0,12.0,300.0]
["95/2026","Aprovada",null,"SEINFRA E OUTROS - Equipamentos para manutenção em geral","BENS",153052.0,"2026-01-02","2026-08-03",213.0,"SEINFRA - SECRETARIA DE INFRAESTRUTURA","780/2025","Médio",136.0,"2026-06-01","Material",5210.0,"Instrumentos de medição para artífices",968.0,"Trena",393217.0,"comprimento: 10, largura lâmina: 25, material: aço, revestimento: borracha","UN",25.0,20.0,500.0]
["95/2026","Aprovada",null,"SEINFRA E OUTROS - Equipamentos para manutenção em geral","BENS",153052.0,"2026-01-02","2026-08-03",213.0,"SEINFRA - SECRETARIA DE INFRAESTRUTURA","780/2025","Médio",138.0,"2026-06-01","Material",5210.0,"Instrumentos de medição para artífices",968.0,"Trena",393216.0,"características adicionais: enrolamento automático com trava, comprimento: 5, largura lâmina: 19, material: aço, revestimento: borracha","UN",26.0,20.0,520.0]
["95/2026","Aprovada",null,"SEINFRA E OUTROS - Equipamentos para manutenção em geral","BENS",153052.0,"2026-01-02","2026-08-03",213.0,"SEINFRA - SECRETARIA DE INFRAESTRUTURA","780/2025","Médio",142.0,"2026-06-01","Material",4240.0,"Equipamento para segurança e salvamento",7557.0,"Fita Antiderrapante",443742.0,"comprimento: 30, cor: preta, espessura: 1, largura: 5, material: filme de poliéster","M",74.68,300.0,22404.0]
["95/2026","Aprovada",null,"SEINFRA E OUTROS - Equipamentos para manutenção em geral","BENS",153052.0,"2026-01-02","2026-08-03",213.0,"SEINFRA - SECRETARIA DE INFRAESTRUTURA","781/2025","Médio",1.0,"2026-03-02","Material",3710.0,"Equipamento para preparação do solo",13634.0,"Peça / Componente Roçadeira",356080.0,"aplicação: roçadeira costal stihl fs 220, características adicionais: conjunto de corte trimcut 40-2, tipo: cabeçote de corte","UN",250.0,28.0,7000.0]
["95/2026","Aprovada",null,"SEINFRA E OUTROS - Equipamentos para manutenção em geral","BENS",153052.0,"2026-01-02","2026-08-03",213.0,"SEINFRA - SECRETARIA DE INFRAESTRUTURA","781/2025","Médio",2.0,"2026-03-02","Material",3710.0,"Equipamento para preparação do solo",13634.0,"Peça / Componente Roçadeira",484077.0,"aplicação: roçadeira fs380, características adicionais: roçadeira motorizada sthil, comprimento: 0,30, formato ponta: quadrado, material: nylon, tipo: fio de corte","UN",380.0,100.0,38000.0]
["95/2026","Aprovada",null,"SEINFRA E OUTROS - Equipamentos para manutenção em geral","BENS",153052.0,"2026-01-02","2026-08-03",213.0,"SEINFRA - SECRETARIA DE INFRAESTRUTURA","781/2025","Médio",3.0,"2026-03-02","Material",3710.0,"Equipamento para preparação do solo",1463.0,"Lâmina Corte Roçadeira Manual",366140.0,"diâmetro externo: 330, diâmetro furo encaixe fixação: 20, espessura: 2,25, formato: 2 pontas, material: aço cromo manganês, tipo: costal","UN",180.0,180.0,32400.0]
["95/2026","Aprovada",null,"SEINFRA E OUTROS - Equipamentos para manutenção em geral","BENS",153052.0,"2026-01-02","2026-08-03",213.0,"SEINFRA - SECRETARIA DE INFRAESTRUTURA","781/2025","Médio",4.0,"2026-03-02","Material",3405.0,"Máquinas de serrar e limar",1107.0,"Serra Circular",284256.0,"aplicação: corte de madeira, capacidade corte a 45°: 43, capacidade corte a 90°: 66, diâmetro disco: 185, diâmetro furo disco: 20, peso: 3,90, potência: 1.200, rotação: 5.000, voltagem: 220","UN",165.0,180.0,29700.0]
["95/2026","Aprovada",null,"SEINFRA E OUTROS - Equipamentos para manutenção em geral","BENS",153052.0,"2026-01-02","2026-08-03",213.0,"SEINFRA - SECRETARIA DE INFRAESTRUTURA","781/2025","Médio",5.0,"2026-03-02","Material",3710.0,"Equipamento para preparação do solo",13634.0,"Peça / Componente Roçadeira",353732.0,"aplicação: roçadeira costal stihl fs 220, características adicionais: bomba de combustível incorporada, diafragma multi-, tipo: carburador","UN",450.0,56.0,25200.0]
["95/2026","Aprovada",null,"SEINFRA E OUTROS - Equipamentos para manutenção em geral","BENS",153052.0,"2026-01-02","2026-08-03",213.0,"SEINFRA - SECRETARIA DE INFRAESTRUTURA","781/2025","Médio",6.0,"2026-03-02","Material",3710.0,"Equipamento para preparação do solo",13634.0,"Peça / Componente Roçadeira",353814.0,"aplicação: roçadeira costal stihl fs 220, tipo: filtro de ar","UN",80.0,56.0,4480.0]
["95/2026","Aprovada",null,"SEINFRA E OUTROS - Equipamentos para manutenção em geral","BENS",153052.0,"2026-01-02","2026-08-03",213.0,"SEINFRA - SECRETARIA DE INFRAESTRUTURA","781/2025","Médio",7.0,"2026-03-02","Material",3710.0,"Equipamento para preparação do solo",13634.0,"Peça / Componente Roçadeira",618313.0,"aplicação: rocadeira stihl fs 291 l, características adicionais: ignicao cmr6h ngk, tipo: vela","UN",140.0,56.0,7840.0]
["95/2026","Aprovada",null,"SEINFRA E OUTROS - Equipamentos para manutenção em geral","BENS",153052.0,"2026-01-02","2026-08-03",213.0,"SEINFRA - SECRETARIA DE INFRAESTRUTURA","781/2025","Médio",8.0,"2026-03-02","Material",3710.0,"Equipamento para preparação do solo",13634.0,"Peça / Componente Roçadeira",608444.0,"aplicação: lateral tekna modelos rl520ac-g2 e rl520xs, características adicionais: para uso em tanque de combustível de roçadeira à g, diâmetro: 4,5, material: plástico injetado, tipo: filtro combustível","UN",30.0,56.0,1680.0]
["95/2026","Aprovada",null,"SEINFRA E OUTROS - Equipamentos para manutenção em geral","BENS",153052.0,"2026-01-02","2026-08-03",213.0,"SEINFRA - SECRETARIA DE INFRAESTRUTURA","781/2025","Médio",12.0,"2026-03-02","Material",3710.0,"Equipamento para preparação do solo",13634.0,"Peça / Componente Roçadeira",608444.0,"aplicação: lateral tekna modelos rl520ac-g2 e rl520xs, características adicionais: para uso em tanque de combustível de roçadeira à g, diâmetro: 4,5, material: plástico injetado, tipo: filtro combustível","UN",50.0,6.0,300.0]
["95/2026","Aprovada",null,"SEINFRA E OUTROS - Equipamentos para manutenção em geral","BENS",153052.0,"2026-01-02","2026-08-03",213.0,"SEINFRA - SECRETARIA DE INFRAESTRUTURA","781/2025","Médio",17.0,"2026-03-02","Material",3710.0,"Equipamento para preparação do solo",13634.0,"Peça / Componente Roçadeira",608444.0,"aplicação: lateral tekna modelos rl520ac-g2 e rl520xs, características adicionais: para uso em tanque de combustível de roçadeira à g, diâmetro: 4,5, material: plástico injetado, tipo: filtro combustível","UN",45.0,6.0,270.0]
["95/2026","Aprovada",null,"SEINFRA E OUTROS - Equipamentos para manutenção em geral","BENS",153052.0,"2026-01-02","2026-08-03",213.0,"SEINFRA - SECRETARIA DE INFRAESTRUTURA","781/2025","Médio",22.0,"2026-03-02","Material",3710.0,"Equipamento para preparação do solo",13634.0,"Peça / Componente Roçadeira",608444.0,"aplicação: lateral tekna modelos rl520ac-g2 e rl520xs, características adicionais: para uso em tanque de combustível de roçadeira à g, diâmetro: 4,5, material: plástico injetado, tipo: filtro combustível","UN",60.0,6.0,360.0]
["95/2026","Aprovada",null,"SEINFRA E OUTROS - Equipamentos para manutenção em geral","BENS",153052.0,"2026-01-02","2026-08-03",213.0,"SEINFRA - SECRETARIA DE INFRAESTRUTURA","781/2025","Médio",27.0,"2026-03-02","Material",3710.0,"Equipamento para preparação do solo",13634.0,"Peça / Componente Roçadeira",608444.0,"aplicação: lateral tekna modelos rl520ac-g2 e rl520xs, características adicionais: para uso em tanque de combustível de roçadeira à g, diâmetro: 4,5, material: plástico injetado, tipo: filtro combustível","UN",75.0,6.0,450.0]
["95/2026","Aprovada",null,"SEINFRA E OUTROS - Equipamentos para manutenção em geral","BENS",153052.0,"2026-01-02","2026-08-03",213.0,"SEINFRA - SECRETARIA DE INFRAESTRUTURA","781/2025","Médio",32.0,"2026-03-02","Material",3710.0,"Equipamento para preparação do solo",13634.0,"Peça / Componente Roçadeira",608444.0,"aplicação: lateral tekna modelos rl520ac-g2 e rl520xs, características adicionais: para uso em tanque de combustível de roçadeira à g, diâmetro: 4,5, material: plástico injetado, tipo: filtro combustível","UN",45.0,6.0,270.0]
["95/2026","Aprovada",null,"SEINFRA E OUTROS - Equipamentos para manutenção em geral","BENS",153052.0,"2026-01-02","2026-08-03",213.0,"SEINFRA - SECRETARIA DE INFRAESTRUTURA","781/2025","Médio",37.0,"2026-03-02","Material",3710.0,"Equipamento para preparação do solo",13634.0,"Peça / Componente Roçadeira",608444.0,"aplicação: lateral tekna modelos rl520ac-g2 e rl520xs, características adicionais: para uso em tanque de combustível de roçadeira à g, diâmetro: 4,5, material: plástico injetado, tipo: filtro combustível","UN",60.0,24.0,1440.0]
["95/2026","Aprovada",null,"SEINFRA E OUTROS - Equipamentos para manutenção em geral","BENS",153052.0,"2026-01-02","2026-08-03",213.0,"SEINFRA - SECRETARIA DE INFRAESTRUTURA","781/2025","Médio",40.0,"2026-03-02","Material",3710.0,"Equipamento para preparação do solo",11757.0,"Peça / Componente Equipamento Agrícola",601365.0,"aplicação: trator husqvarna, características adicionais: código: yth 1942, tipo: correia da lâmina de corte","UN",80.0,72.0,5760.0]
["95/2026","Aprovada",null,"SEINFRA E OUTROS - Equipamentos para manutenção em geral","BENS",153052.0,"2026-01-02","2026-08-03",213.0,"SEINFRA - SECRETARIA DE INFRAESTRUTURA","781/2025","Médio",41.0,"2026-03-02","Material",3710.0,"Equipamento para preparação do solo",11757.0,"Peça / Componente Equipamento Agrícola",333055.0,"aplicação: roçadeira arraste 60hp-sp1, características adicionais: 14 garras, tipo: faca","UN",520.0,36.0,18720.0]
["95/2026","Aprovada",null,"SEINFRA E OUTROS - Equipamentos para manutenção em geral","BENS",153052.0,"2026-01-02","2026-08-03",213.0,"SEINFRA - SECRETARIA DE INFRAESTRUTURA","781/2025","Médio",42.0,"2026-03-02","Material",3710.0,"Equipamento para preparação do solo",11757.0,"Peça / Componente Equipamento Agrícola",333055.0,"aplicação: roçadeira arraste 60hp-sp1, características adicionais: 14 garras, tipo: faca","UN",520.0,36.0,18720.0]
["95/2026","Aprovada",null,"SEINFRA E OUTROS - Equipamentos para manutenção em geral","BENS",153052.0,"2026-01-02","2026-08-03",213.0,"SEINFRA - SECRETARIA DE INFRAESTRUTURA","781/2025","Médio",43.0,"2026-03-02","Material",3710.0,"Equipamento para preparação do solo",11757.0,"Peça / Componente Equipamento Agrícola",601365.0,"aplicação: trator husqvarna, características adicionais: código: yth 1942, tipo: correia da lâmina de corte","UN",500.0,48.0,24000.0]
["95/2026","Aprovada",null,"SEINFRA E OUTROS - Equipamentos para manutenção em geral","BENS",153052.0,"2026-01-02","2026-08-03",213.0,"SEINFRA - SECRETARIA DE INFRAESTRUTURA","781/2025","Médio",48.0,"2026-03-02","Material",3710.0,"Equipamento para preparação do solo",11757.0,"Peça / Componente Equipamento Agrícola",616806.0,"aplicação: para microtrator giro zero husqvarna z 242f 2019, características adicionais: ref 586918102, tipo: lâmina de corte","UN",180.0,72.0,12960.0]
["95/2026","Aprovada",null,"SEINFRA E OUTROS - Equipamentos para manutenção em geral","BENS",153052.0,"2026-01-02","2026-08-03",213.0,"SEINFRA - SECRETARIA DE INFRAESTRUTURA","781/2025","Médio",64.0,"2026-03-02","Material",3710.0,"Equipamento para preparação do solo",11757.0,"Peça / Componente Equipamento Agrícola",468848.0,"aplicação: pá carregadeira fiat allis fr12b ano 2006, características adicionais: código: 249711, tipo: filtro ar externo","UN",220.0,8.0,1760.0]
["95/2026","Aprovada",null,"SEINFRA E OUTROS - Equipamentos para manutenção em geral","BENS",153052.0,"2026-01-02","2026-08-03",213.0,"SEINFRA - SECRETARIA DE INFRAESTRUTURA","781/2025","Médio",65.0,"2026-03-02","Material",3710.0,"Equipamento para preparação do solo",11757.0,"Peça / Componente Equipamento Agrícola",468848.0,"aplicação: pá carregadeira fiat allis fr12b ano 2006, características adicionais: código: 249711, tipo: filtro ar externo","UN",180.0,8.0,1440.0]
["95/2026","Aprovada",null,"SEINFRA E OUTROS - Equipamentos para manutenção em geral","BENS",153052.0,"2026-01-02","2026-08-03",213.0,"SEINFRA - SECRETARIA DE INFRAESTRUTURA","781/2025","Médio",66.0,"2026-03-02","Material",3710.0,"Equipamento para preparação do solo",11757.0,"Peça / Componente Equipamento Agrícola",468848.0,"aplicação: pá carregadeira fiat allis fr12b ano 2006, características adicionais: código: 249711, tipo: filtro ar externo","UN",180.0,8.0,1440.0]
["95/2026","Aprovada",null,"SEINFRA E OUTROS - Equipamentos para manutenção em geral","BENS",153052.0,"2026-01-02","2026-08-03",213.0,"SEINFRA - SECRETARIA DE INFRAESTRUTURA","781/2025","Médio",67.0,"2026-03-02","Material",3710.0,"Equipamento para preparação do solo",11757.0,"Peça / Componente Equipamento Agrícola",468850.0,"aplicação: pá carregadeira fiat allis fr12b ano 2006, características adicionais: código: 213131, tipo: filtro do óleo hidráulico","UN",120.0,8.0,960.0]
["95/2026","Aprovada",null,"SEINFRA E OUTROS - Equipamentos para manutenção em geral","BENS",153052.0,"2026-01-02","2026-08-03",213.0,"SEINFRA - SECRETARIA DE INFRAESTRUTURA","781/2025","Médio",68.0,"2026-03-02","Material",3710.0,"Equipamento para preparação do solo",11757.0,"Peça / Componente Equipamento Agrícola",468850.0,"aplicação: pá carregadeira fiat allis fr12b ano 2006, características adicionais: código: 213131, tipo: filtro do óleo hidráulico","UN",210.0,8.0,1680.0]
["95/2026","Aprovada",null,"SEINFRA E OUTROS - Equipamentos para manutenção em geral","BENS",153052.0,"2026-01-02","2026-08-03",213.0,"SEINFRA - SECRETARIA DE INFRAESTRUTURA","781/2025","Médio",69.0,"2026-03-02","Material",3710.0,"Equipamento para preparação do solo",11757.0,"Peça / Componente Equipamento Agrícola",468850.0,"aplicação: pá carregadeira fiat allis fr12b ano 2006, características adicionais: código: 213131, tipo: filtro do óleo hidráulico","UN",210.0,8.0,1680.0]
["95/2026","Aprovada",null,"SEINFRA E OUTROS - Equipamentos para manutenção em geral","BENS",153052.0,"2026-01-02","2026-08-03",213.0,"SEINFRA - SECRETARIA DE INFRAESTRUTURA","869/2025","Alto",1.0,"2026-02-02","Material",3230.0,"Ferramentas e acessórios de máquinas para trabalho em  madeira",17560.0,"Peça / Acessório - Motoserra",600864.0,"aplicação: motosserra husqvarna 390 xp, características adicionais: sabre 42 dentes","UN",6500.0,2.0,13000.0]
["95/2026","Aprovada",null,"SEINFRA E OUTROS - Equipamentos para manutenção em geral","BENS",153052.0,"2026-01-02","2026-08-03",213.0,"SEINFRA - SECRETARIA DE INFRAESTRUTURA","870/2025","Alto",1.0,"2026-02-02","Material",3694.0,"Equipamentos e instalações para saneamento ambiental",14932.0,"Soprador",627515.0,"acionamento: gasolina, aplicação: remoção de folhas de árvores, características adicionais: com cintos de fixação e tubo de sopro., cilindrada motor: 56,5, potência: 2600, tipo: costal","UN",5800.0,2.0,11600.0]
["95/2026","Aprovada",null,"SEINFRA E OUTROS - Equipamentos para manutenção em geral","BENS",153052.0,"2026-01-02","2026-08-03",213.0,"SEINFRA - SECRETARIA DE INFRAESTRUTURA","886/2025","Alto",1.0,"2026-02-02","Material",3740.0,"EQUIPAMENTO PARA CONTROLE DE PRAGAS, DOENÇAS E GEADAS",3764.0,"PULVERIZADOR COSTAL MANUAL",625950.0,"APLICAÇÃO: APLICAÇÃO DE DEFENSIVOS NA AGRICULTURA, CAPACIDADE TANQUE: 20, CARACTERÍSTICAS ADICIONAIS: ACOMPANHADO COM A CINTA DO OPERADOR E SISTEMA BOMB, MATERIAL TANQUE: POLIETILENO, PESO BRUTO MÁXIMO: 5,0, PRESSÃO TRABALHO: 6,8","UN",850.0,3.0,2550.0]
["95/2026","Aprovada",null,"SEINFRA E OUTROS - Equipamentos para manutenção em geral","BENS",153052.0,"2026-01-02","2026-08-03",213.0,"SEINFRA - SECRETARIA DE INFRAESTRUTURA","887/2025","Alto",1.0,"2026-02-02","Material",3710.0,"EQUIPAMENTO PARA PREPARAÇÃO DO SOLO",1461.0,"ROÇADEIRA MANUAL",449873.0,"APLICAÇÃO: CORTE GRAMA, CAPIM, PASTO, ARBUSTO, CAPOEIRAS E PE, CARACTERÍSTICAS ADICIONAIS: LATERAL, PESO APROXIMADO: 7,30, POTÊNCIA MOTOR: 1,7, ROTAÇÃO: 12.300, TIPO: COSTAL, TIPO CORTADOR: FIO NÁILON E/OU LÂMINA AÇO, TIPO MOTOR: GASOLINA","UN",3400.0,1.0,3400.0]
["95/2026","Aprovada",null,"SEINFRA E OUTROS - Equipamentos para manutenção em geral","BENS",153052.0,"2026-01-02","2026-08-03",213.0,"SEINFRA - SECRETARIA DE INFRAESTRUTURA","888/2025","Alto",1.0,"2026-02-02","Material",3710.0,"Equipamento para preparação do solo",1461.0,"Roçadeira Manual",604311.0,"características adicionais: motor 2 tempos á gasolina, deposito de combustível, potência motor: 3hp 63cc, tipo cortador: fio náilon e/ou lâmina aço, tipo empunhadeira: guidões ajustáveis, tipo motor: gasolina","UN",1300.0,1.0,1300.0]
["95/2026","Aprovada",null,"SEINFRA E OUTROS - Equipamentos para manutenção em geral","BENS",153052.0,"2026-01-02","2026-08-03",213.0,"SEINFRA - SECRETARIA DE INFRAESTRUTURA","888/2025","Alto",2.0,"2026-02-02","Material",3710.0,"Equipamento para preparação do solo",1461.0,"Roçadeira Manual",604311.0,"características adicionais: motor 2 tempos á gasolina, deposito de combustível, potência motor: 3hp 63cc, tipo cortador: fio náilon e/ou lâmina aço, tipo empunhadeira: guidões ajustáveis, tipo motor: gasolina","UN",2200.0,1.0,2200.0]
["95/2026","Aprovada",null,"SEINFRA E OUTROS - Equipamentos para manutenção em geral","BENS",153052.0,"2026-01-02","2026-08-03",213.0,"SEINFRA - SECRETARIA DE INFRAESTRUTURA","888/2025","Alto",3.0,"2026-02-02","Material",3710.0,"Equipamento para preparação do solo",1461.0,"Roçadeira Manual",604311.0,"características adicionais: motor 2 tempos á gasolina, deposito de combustível, potência motor: 3hp 63cc, tipo cortador: fio náilon e/ou lâmina aço, tipo empunhadeira: guidões ajustáveis, tipo motor: gasolina","UN",4200.0,1.0,4200.0]
["95/2026","Aprovada",null,"SEINFRA E OUTROS - Equipamentos para manutenção em geral","BENS",153052.0,"2026-01-02","2026-08-03",213.0,"SEINFRA - SECRETARIA DE INFRAESTRUTURA","888/2025","Alto",4.0,"2026-02-02","Material",3710.0,"Equipamento para preparação do solo",1461.0,"Roçadeira Manual",604311.0,"características adicionais: motor 2 tempos á gasolina, deposito de combustível, potência motor: 3hp 63cc, tipo cortador: fio náilon e/ou lâmina aço, tipo empunhadeira: guidões ajustáveis, tipo motor: gasolina","UN",5500.0,1.0,5500.0]
["95/2026","Aprovada",null,"SEINFRA E OUTROS - Equipamentos para manutenção em geral","BENS",153052.0,"2026-01-02","2026-08-03",213.0,"SEINFRA - SECRETARIA DE INFRAESTRUTURA","889/2025","Alto",1.0,"2026-02-02","Material",3710.0,"EQUIPAMENTO PARA PREPARAÇÃO DO SOLO",1409.0,"PERFURADOR SOLO",612629.0,"CAPACIDADE TANQUE: 0,75, COMBUSTÍVEL: GASOLINA, DIMENSÕES DA BROCA: 800 X 200, POTÊNCIA: 2,5, TIPO ESTRUTURA: SOLO, TIPO MOTOR: 2 TEMPOS, REFRIGERADO A AR, MONOCILÍNDRICO","UN",2200.0,1.0,2200.0]
["95/2026","Aprovada",null,"SEINFRA E OUTROS - Equipamentos para manutenção em geral","BENS",153052.0,"2026-01-02","2026-08-03",213.0,"SEINFRA - SECRETARIA DE INFRAESTRUTURA","890/2025","Alto",1.0,"2026-02-02","Material",5130.0,"FERRAMENTAS MANUAIS ACIONADAS POR FORÇA MOTRIZ",7868.0,"FURADEIRA",600950.0,"ACESSÓRIOS: 2 BATERIAS, CARREGADOR E MALETA, CARACTERÍSTICAS ADICIONAIS: ILUMINAÇÃO FRONTAL POR LED, VELOCIDADE VARIÁVEL E, TAMANHO MANDRIL: 1/2, TENSÃO ALIMENTAÇÃO: 18, TIPO: FURADEIRA E PARAFUSADEIRA, VELOCIDADE: BAIXA: 0/600 RPM. ALTA 0/1900","UN",900.0,2.0,1800.0]
["95/2026","Aprovada",null,"SEINFRA E OUTROS - Equipamentos para manutenção em geral","BENS",153052.0,"2026-01-02","2026-08-03",213.0,"SEINFRA - SECRETARIA DE INFRAESTRUTURA","890/2025","Alto",2.0,"2026-02-02","Material",5130.0,"Ferramentas manuais acionadas por força motriz",7868.0,"Furadeira",610469.0,"acessórios: 2 baterias, carregador e maleta, capacidade perfuração aço: 20, características adicionais: sem fio; velocidade variavel, tamanho mandril: 1/2, tensão alimentação: 220, tipo: furadeira e parafusadeira","UN",1980.0,2.0,3960.0]
["95/2026","Aprovada",null,"SEINFRA E OUTROS - Equipamentos para manutenção em geral","BENS",153052.0,"2026-01-02","2026-08-03",213.0,"SEINFRA - SECRETARIA DE INFRAESTRUTURA","891/2025","Alto",1.0,"2026-02-02","Material",5130.0,"Ferramentas manuais acionadas por força motriz",16083.0,"Esmerilhadeira",601425.0,"características adicionais: disco abrasivo, gatilho de vedação contra poeira., diâmetro disco: 4 1/2, potência: 850, rotação: 11.000, tipo: angular, voltagem: 220","UN",2600.0,3.0,7800.0]
["95/2026","Aprovada",null,"SEINFRA E OUTROS - Equipamentos para manutenção em geral","BENS",153052.0,"2026-01-02","2026-08-03",213.0,"SEINFRA - SECRETARIA DE INFRAESTRUTURA","891/2025","Alto",2.0,"2026-02-02","Material",5130.0,"FERRAMENTAS MANUAIS ACIONADAS POR FORÇA MOTRIZ",16083.0,"ESMERILHADEIRA",449077.0,"DIÂMETRO DISCO: 7, POTÊNCIA: 2.600, ROTAÇÃO: 8.500, TIPO: ANGULAR, VOLTAGEM: 220","UN",2400.0,2.0,4800.0]
["95/2026","Aprovada",null,"SEINFRA E OUTROS - Equipamentos para manutenção em geral","BENS",153052.0,"2026-01-02","2026-08-03",213.0,"SEINFRA - SECRETARIA DE INFRAESTRUTURA","892/2025","Médio",1.0,"2026-03-02","Material",3590.0,"Equipamentos diversos para serviços profissionais e  comerciais",16887.0,"Equipamentos Diversos Para Serviços Profissionais",444508.0,"características adicionais: detecção até 120 mm, tipo: detector, uso: água, elétrico e concreto","UN",1649.0,4.0,6596.0]
["95/2026","Aprovada",null,"SEINFRA E OUTROS - Equipamentos para manutenção em geral","BENS",153052.0,"2026-01-02","2026-08-03",213.0,"SEINFRA - SECRETARIA DE INFRAESTRUTURA","893/2025","Baixo",1.0,"2026-03-02","Material",3590.0,"EQUIPAMENTOS DIVERSOS PARA SERVIÇOS PROFISSIONAIS E  COMERCIAIS",16887.0,"EQUIPAMENTOS DIVERSOS PARA SERVIÇOS PROFISSIONAIS",621638.0,"CAPACIDADE: 20, CARACTERISTICAS ADICIONAIS 3: DETECTAR METAIS FERROSOS; DETECTAR METAIS NÃO-FERR, COMPONENTES ADICIONAIS: DETECTAR MADEIRAMENTOS A ATÉ 8 CM DE PROFUNDIDADE, REFERÊNCIA FABRICAÇÃO: BOSCH-06010816G0-000, TIPO 2: DETECTOR E SCANNER DE MATERIAIS, USO 2: DETECÇÃO: CABO ENERGIZADO, METAL MAGNÉTICO, METAL, VOLTAGEM: 220/240","UN",2530.0,2.0,5060.0]
["95/2026","Aprovada",null,"SEINFRA E OUTROS - Equipamentos para manutenção em geral","BENS",153052.0,"2026-01-02","2026-08-03",213.0,"SEINFRA - SECRETARIA DE INFRAESTRUTURA","894/2025","Médio",1.0,"2026-03-02","Material",4630.0,"Equipamentos para tratamento de esgotos",6091.0,"Desentupidor Tubo / Acessórios - Componentes",600256.0,"acessórios: 15 mts cabo 1¼, 15 mts cabo 5/8,  ponta reta de, padrão: para tubos de 1 ½? até 10?, potência: 1, tipo: desentupidor eletrico, tipo motor: monofásico, voltagem: bivolt\"","UN",2750.0,2.0,5500.0]
["95/2026","Aprovada",null,"SEINFRA E OUTROS - Equipamentos para manutenção em geral","BENS",153052.0,"2026-01-02","2026-08-03",213.0,"SEINFRA - SECRETARIA DE INFRAESTRUTURA","895/2025","Médio",1.0,"2026-03-02","Material",5130.0,"FERRAMENTAS MANUAIS ACIONADAS POR FORÇA MOTRIZ",16084.0,"MARTELO PERFURADOR",447118.0,"APLICAÇÃO: DEMOLIÇÃO DE PISOS E CONCRETOS, POTÊNCIA: 850, TIPO: ROMPEDOR, VOLTAGEM: 220","UN",1300.0,3.0,3900.0]
["95/2026","Aprovada",null,"SEINFRA E OUTROS - Equipamentos para manutenção em geral","BENS",153052.0,"2026-01-02","2026-08-03",213.0,"SEINFRA - SECRETARIA DE INFRAESTRUTURA","896/2025","Médio",1.0,"2026-03-02","Material",3895.0,"EQUIPAMENTOS DIVERSOS PARA CONSTRUÇÃO",9795.0,"MISTURADOR / AMASSADEIRA",274880.0,"APLICAÇÃO: ARGAMASSA, CAPACIDADE: 5, CARACTERÍSTICAS ADICIONAIS: PÁ E RECIPIENTE EM AÇO INOX, 2 VELOCIDADES, ROTA-, FUNCIONAMENTO: ELÉTRICO, MATERIAL: ALUMÍNIO FUNDIDO, NORMAS TÉCNICAS: NBR-7215, TIPO ACIONAMENTO: ELETROMECÂNICO, TIPO MOTOR: TRIFÁSICO","UN",890.0,2.0,1780.0]
["95/2026","Aprovada",null,"SEINFRA E OUTROS - Equipamentos para manutenção em geral","BENS",153052.0,"2026-01-02","2026-08-03",213.0,"SEINFRA - SECRETARIA DE INFRAESTRUTURA","897/2025","Médio",1.0,"2026-03-02","Material",3405.0,"MÁQUINAS DE SERRAR E LIMAR",17424.0,"SERRA MÁRMORE",481427.0,"POTÊNCIA: 1.450, VOLTAGEM: 220","UN",560.0,5.0,2800.0]
["95/2026","Aprovada",null,"SEINFRA E OUTROS - Equipamentos para manutenção em geral","BENS",153052.0,"2026-01-02","2026-08-03",213.0,"SEINFRA - SECRETARIA DE INFRAESTRUTURA","898/2025","Médio",1.0,"2026-03-02","Material",3920.0,"Equipamentos não autopropulsionado para movimentação  de  materiais",4585.0,"Carrinho Mão",268235.0,"espessura caçamba: 5, material caçamba: chapa aço galvanizado, material chassi: ferro, material pés: ferro, quantidade roda: 1, tipo roda: pneu maciço, com 3,2 pol de diâmetro, tipo travessa: suporte dianteiro caçamba, comprimento eixo: 25, comprimento: 80, largura: 62, altura: 20","UN",260.0,12.0,3120.0]
["95/2026","Aprovada",null,"SEINFRA E OUTROS - Equipamentos para manutenção em geral","BENS",153052.0,"2026-01-02","2026-08-03",213.0,"SEINFRA - SECRETARIA DE INFRAESTRUTURA","902/2025","Médio",1.0,"2026-06-01","Material",5920.0,"Fusíveis interruptores, isolantes e protetores",19217.0,"Detector Ausencia Tensão",615306.0,"alimentação: bateria 9v, aplicação: rede de baixa e alta tensão, características adicionais: com indicador sonoro e com indicador visual, faixa de operação: baixa: 50v a 1500v ac,  alta: 1,5kv a 138kv ac, faixa tensão: 1 a 138, tipo: sem contato, uso: autoteste","UN",1719.99,2.0,3439.98]
["95/2026","Aprovada",null,"SEINFRA E OUTROS - Equipamentos para manutenção em geral","BENS",153052.0,"2026-01-02","2026-08-03",213.0,"SEINFRA - SECRETARIA DE INFRAESTRUTURA","902/2025","Médio",2.0,"2026-06-01","Material",5920.0,"FUSÍVEIS INTERRUPTORES, ISOLANTES E PROTETORES",19217.0,"DETECTOR AUSENCIA TENSÃO",474815.0,"APLICAÇÃO: MEDIÇÃO REDE DE MÉDIA TENSÃO, FAIXA TENSÃO: 90 A 1.000, NORMAS TÉCNICAS: CATEGORIA DE SEGURANÇA: CAT IV 1000V, TIPO: POR CONTATO, USO: DETECÇÃO DE SEQUÊNCIA DE FASE","UN",449.99,2.0,899.98]
["95/2026","Aprovada",null,"SEINFRA E OUTROS - Equipamentos para manutenção em geral","BENS",153052.0,"2026-01-02","2026-08-03",213.0,"SEINFRA - SECRETARIA DE INFRAESTRUTURA","903/2025","Médio",1.0,"2026-06-01","Material",5999.0,"Componentes elétricos e eletrônicos diversos",1708.0,"Localizador Cabo",422318.0,"aplicação: cabo utp 4 pares e de telefonia, componentes: gerador de tom e ponteira indutiva, duração bateria: 80, tensão bateria: 9","UN",3067.22,1.0,3067.22]
["95/2026","Aprovada",null,"SEINFRA E OUTROS - Equipamentos para manutenção em geral","BENS",153052.0,"2026-01-02","2026-08-03",213.0,"SEINFRA - SECRETARIA DE INFRAESTRUTURA","904/2025","Médio",1.0,"2026-06-01","Material",5220.0,"CALIBRES DE INSPEÇÃO E FERRAMENTAS DE PRECISÃO",4286.0,"MEDIDOR DISTÂNCIA",485900.0,"CAPACIDADE: 50, CARACTERÍSTICAS ADICIONAIS: CONECTIVIDADE BLUETOOTH, PRECISÃO: 1,5, PROTEÇÃO: CLASSE IP54, TIPO: A LASER","UN",500.0,2.0,1000.0]
["95/2026","Aprovada",null,"SEINFRA E OUTROS - Equipamentos para manutenção em geral","BENS",153052.0,"2026-01-02","2026-08-03",213.0,"SEINFRA - SECRETARIA DE INFRAESTRUTURA","899/2025","Médio",1.0,"2026-06-01","Material",7310.0,"Equipamentos para cozinhar, assar e servir alimentos",1045.0,"Forno Microondas",285728.0,"capacidade: 21, características adicionais: timer, trava de segurança, cor: branca, material: aço inoxidável, potência: 800, voltagem: 220, comprimento: 488, largura: 288, altura: 390, peso: 12,5","UN",531.05,1.0,531.05]
["95/2026","Aprovada",null,"SEINFRA E OUTROS - Equipamentos para manutenção em geral","BENS",153052.0,"2026-01-02","2026-08-03",213.0,"SEINFRA - SECRETARIA DE INFRAESTRUTURA","907/2025","Médio",1.0,"2026-03-02","Material",4240.0,"Equipamento para segurança e salvamento",9409.0,"Máscara Soldador",615841.0,"alimentação: célula solar, material: nylon, temperatura operação: -10 a 65, tempo clareamento: 0,1 a 0,9 s, tempo escurecimento: 0,7 milissegundos, tipo: capacete, área de visão: 100 x 50","UN",370.0,2.0,740.0]
["95/2026","Aprovada",null,"SEINFRA E OUTROS - Equipamentos para manutenção em geral","BENS",153052.0,"2026-01-02","2026-08-03",213.0,"SEINFRA - SECRETARIA DE INFRAESTRUTURA","908/2025","Médio",1.0,"2026-06-01","Material",4940.0,"Equipamento especializado diversos para oficina  de  manutenção e reparo",10793.0,"Pistola De Pintura",476746.0,"capacidade: 1.000, características adicionais: bico fluido 1,8 mm, pressão entrada: 50-60, tipo: alta pressão, uso: pintura","UN",299.0,5.0,1495.0]
["95/2026","Aprovada",null,"SEINFRA E OUTROS - Equipamentos para manutenção em geral","BENS",153052.0,"2026-01-02","2026-08-03",213.0,"SEINFRA - SECRETARIA DE INFRAESTRUTURA","900/2025","Baixo",1.0,"2026-06-01","Material",5210.0,"Instrumentos de medição para artífices",2304.0,"Alicate Amperímetro",623915.0,"abertura da garra: 30, alimentação: 3 pilhas aaa de 1,5v, características adicionais: display lcd, teste de continuidade; ncv; true rms, categoria: cat iv 600v / cat iii 1000v, componentes adicionais: bolsa de transporte/  pontos de prova, corrente: dc: 200u/60/600a/1000a - ac: 60/600/1000a, material: plástico, resistência: 400 ohm/ 4000 ohm/ 40, temperatura: -20~1000, tipo: digital, voltagem bateria: 1,5","UN",468.24,10.0,4682.4]
["95/2026","Aprovada",null,"SEINFRA E OUTROS - Equipamentos para manutenção em geral","BENS",153052.0,"2026-01-02","2026-08-03",213.0,"SEINFRA - SECRETARIA DE INFRAESTRUTURA","900/2025","Baixo",2.0,"2026-06-01","Material",5210.0,"Instrumentos de medição para artífices",2304.0,"Alicate Amperímetro",623915.0,"abertura da garra: 30, alimentação: 3 pilhas aaa de 1,5v, características adicionais: display lcd, teste de continuidade; ncv; true rms, categoria: cat iv 600v / cat iii 1000v, componentes adicionais: bolsa de transporte/  pontos de prova, corrente: dc: 200u/60/600a/1000a - ac: 60/600/1000a, material: plástico, resistência: 400 ohm/ 4000 ohm/ 40, temperatura: -20~1000, tipo: digital, voltagem bateria: 1,5","UN",6899.9,2.0,13799.8]
["95/2026","Aprovada",null,"SEINFRA E OUTROS - Equipamentos para manutenção em geral","BENS",153052.0,"2026-01-02","2026-08-03",213.0,"SEINFRA - SECRETARIA DE INFRAESTRUTURA","909/2025","Médio",1.0,"2026-03-02","Material",4310.0,"Bombas e compressores a vácuo",528.0,"Bomba Vácuo",233292.0,"acabamento superficial: pintura eletrostática em epoxi, características adicionais: desligamento automático a 63°c/tubos/conexões pvc, material: aço inoxidável, potência: 0,507, tensão: 220, tratamento superficial: anti-corrosivo, vazão livre: 0,50, vácuo máximo: 0 a 760","UN",1400.0,4.0,5600.0]
["95/2026","Aprovada",null,"SEINFRA E OUTROS - Equipamentos para manutenção em geral","BENS",153052.0,"2026-01-02","2026-08-03",213.0,"SEINFRA - SECRETARIA DE INFRAESTRUTURA","909/2025","Médio",11.0,"2026-03-02","Material",3960.0,"Elevadores e escadas rolantes",6475.0,"Elevador De Carga",620456.0,"altura elevação: 4.140, aplicação: elevação de carga em geral, capacidade de carga: 100, características adicionais: estruturado para montagem em caixa de alvenaria, tipo: elétrico, tipo acionamento: trifásico, 220v, 60 hz, velocidade: 0,25","UN",499.0,4.0,1996.0]
["95/2026","Aprovada",null,"SEINFRA E OUTROS - Equipamentos para manutenção em geral","BENS",153052.0,"2026-01-02","2026-08-03",213.0,"SEINFRA - SECRETARIA DE INFRAESTRUTURA","909/2025","Médio",14.0,"2026-03-02","Material",5920.0,"Fusíveis interruptores, isolantes e protetores",18112.0,"Pulseira Anti-Estática",440494.0,"aplicação: proteção contra eletricidade estática, características adicionais: limitador de corrente:resistor de 1m ohm, componentes: pulseira sem fio, material: plástico","UN",15.0,40.0,600.0]
["95/2026","Aprovada",null,"SEINFRA E OUTROS - Equipamentos para manutenção em geral","BENS",153052.0,"2026-01-02","2026-08-03",213.0,"SEINFRA - SECRETARIA DE INFRAESTRUTURA","909/2025","Médio",21.0,"2026-03-02","Material",5210.0,"Instrumentos de medição para artífices",968.0,"Trena",626385.0,"características adicionais: cor metálica, graduação de 1 mm, comprimento: 5, material: aço","UN",23.9,30.0,717.0]
["95/2026","Aprovada",null,"SEINFRA E OUTROS - Equipamentos para manutenção em geral","BENS",153052.0,"2026-01-02","2026-08-03",213.0,"SEINFRA - SECRETARIA DE INFRAESTRUTURA","909/2025","Médio",25.0,"2026-03-02","Material",5920.0,"Fusíveis interruptores, isolantes e protetores",19217.0,"Detector Ausencia Tensão",615270.0,"aplicação: rede de alta tensão, características adicionais: emite sinais sonoros e luminosos intermitentes, faixa tensão: 1 a 138, tipo: sem contato, uso: detecção de sequência de fase","UN",53.85,30.0,1615.5]
["95/2026","Aprovada",null,"SEINFRA E OUTROS - Equipamentos para manutenção em geral","BENS",153052.0,"2026-01-02","2026-08-03",213.0,"SEINFRA - SECRETARIA DE INFRAESTRUTURA","909/2025","Médio",26.0,"2026-03-02","Material",5220.0,"Calibres de inspeção e ferramentas de precisão",878.0,"Micrômetro Externo",602045.0,"capacidade: 0 a 25, características adicionais: pontas de contato em metal duro, componentes: catraca, leitura: 0,01, material: arco aço forjado","UN",362.0,2.0,724.0]
["95/2026","Aprovada",null,"SEINFRA E OUTROS - Equipamentos para manutenção em geral","BENS",153052.0,"2026-01-02","2026-08-03",213.0,"SEINFRA - SECRETARIA DE INFRAESTRUTURA","909/2025","Médio",29.0,"2026-03-02","Material",5210.0,"Instrumentos de medição para artífices",2304.0,"Alicate Amperímetro",341329.0,"alimentação: 3 pilhas aaa de 1,5v, aplicação: eletricidade, características adicionais: true rms, memória, freqüência 100 khz, freqüência, corrente: 1000a ac/ 1000a dc, material: plástico, resistência: 40, tipo: digital, voltagem: 1000v dc/700v ac, voltagem bateria: 4,5","UN",398.0,15.0,5970.0]
["95/2026","Aprovada",null,"SEINFRA E OUTROS - Equipamentos para manutenção em geral","BENS",153052.0,"2026-01-02","2026-08-03",213.0,"SEINFRA - SECRETARIA DE INFRAESTRUTURA","888/2025","Alto",5.0,"2026-02-02","Material",3750.0,"Implementos e ferramentas de jardinagem",16912.0,"Peças / Componentes - Jardinagem",608085.0,"altura: 10, comprimento: 30, cor: verde, material do corpo: polietileno reciclado, tipo: separador/limitador de grama","UN",1800.0,6.0,10800.0]
["95/2026","Aprovada",null,"SEINFRA E OUTROS - Equipamentos para manutenção em geral","BENS",153052.0,"2026-01-02","2026-08-03",213.0,"SEINFRA - SECRETARIA DE INFRAESTRUTURA","913/2025","Médio",7.0,"2026-04-01","Material",3920.0,"Equipamentos não autopropulsionado para movimentação  de  materiais",16077.0,"Rodízio Giratório",601271.0,"capacidade carga: 30, características adicionais: sem trava, cor: preta, diâmetro externo: 2, material banda rodagem: borracha, material estrutura: aço, quantidade furos fixação: 4","UN",100.0,10.0,1000.0]
["95/2026","Aprovada",null,"SEINFRA E OUTROS - Equipamentos para manutenção em geral","BENS",153052.0,"2026-01-02","2026-08-03",213.0,"SEINFRA - SECRETARIA DE INFRAESTRUTURA","914/2025","Médio",14.0,"2026-03-02","Material",5920.0,"Fusíveis interruptores, isolantes e protetores",100.0,"Elo Fusível",337021.0,"aplicação: para proteção de rede, características adicionais: com arruela de latão, classe: distribuição, corrente nominal: 15, material: estanho, tipo: 15k","UN",21.65,30.0,649.5]
["95/2026","Aprovada",null,"SEINFRA E OUTROS - Equipamentos para manutenção em geral","BENS",153052.0,"2026-01-02","2026-08-03",213.0,"SEINFRA - SECRETARIA DE INFRAESTRUTURA","921/2025","Médio",1.0,"2026-04-01","Material",3438.0,"Equipamentos diversos de solda",1177.0,"Estação Solda",605940.0,"aplicação: soldar/desoldar componentes eletrônicos, características adicionais: estação conjugada, temperatura ajustável, indica-, comprimento: 260, faixa temperatura: 200 a 480, largura: 245, potência nominal: 250, profundidade: 190, temperatura máxima: 200 a 480, tensão alimentação: 220, tipo corrente: alternada e direta","UN",420.0,2.0,840.0]
["95/2026","Aprovada",null,"SEINFRA E OUTROS - Equipamentos para manutenção em geral","BENS",153052.0,"2026-01-02","2026-08-03",213.0,"SEINFRA - SECRETARIA DE INFRAESTRUTURA","923/2025","Médio",1.0,"2026-04-01","Material",4310.0,"Bombas e compressores a vácuo",528.0,"Bomba Vácuo",233292.0,"acabamento superficial: pintura eletrostática em epoxi, características adicionais: desligamento automático a 63°c/tubos/conexões pvc, material: aço inoxidável, potência: 0,507, tensão: 220, tratamento superficial: anti-corrosivo, vazão livre: 0,50, vácuo máximo: 0 a 760","UN",1400.0,3.0,4200.0]
["95/2026","Aprovada",null,"SEINFRA E OUTROS - Equipamentos para manutenção em geral","BENS",153052.0,"2026-01-02","2026-08-03",213.0,"SEINFRA - SECRETARIA DE INFRAESTRUTURA","924/2025","Médio",1.0,"2026-04-01","Material",3590.0,"Equipamentos diversos para serviços profissionais e  comerciais",14029.0,"Lavadora Alta Pressão",601914.0,"potência consumida: 1500w, pressão: 1800, vazão: 360","UN",1200.0,3.0,3600.0]
["95/2026","Aprovada",null,"SEINFRA E OUTROS - Equipamentos para manutenção em geral","BENS",153052.0,"2026-01-02","2026-08-03",213.0,"SEINFRA - SECRETARIA DE INFRAESTRUTURA","925/2025","Médio",1.0,"2026-04-01","Material",3450.0,"Máquinas-ferramenta portáteis",1122.0,"Martelete",617958.0,"características adicionais: encaixe sds-plus, com maleta, potência: 820, tensão alimentação: 220, tipo: rompedor","UN",800.0,1.0,800.0]
["95/2026","Aprovada",null,"SEINFRA E OUTROS - Equipamentos para manutenção em geral","BENS",153052.0,"2026-01-02","2026-08-03",213.0,"SEINFRA - SECRETARIA DE INFRAESTRUTURA","926/2025","Médio",1.0,"2026-04-01","Material",3960.0,"Elevadores e escadas rolantes",6475.0,"Elevador De Carga",620456.0,"altura elevação: 4.140, aplicação: elevação de carga em geral, capacidade de carga: 100, características adicionais: estruturado para montagem em caixa de alvenaria, tipo: elétrico, tipo acionamento: trifásico, 220v, 60 hz, velocidade: 0,25","UN",499.0,2.0,998.0]
["95/2026","Aprovada",null,"SEINFRA E OUTROS - Equipamentos para manutenção em geral","BENS",153052.0,"2026-01-02","2026-08-03",213.0,"SEINFRA - SECRETARIA DE INFRAESTRUTURA","927/2025","Médio",1.0,"2026-03-03","Material",7310.0,"Equipamentos para cozinhar, assar e servir alimentos",1041.0,"Fogão Gás",425200.0,"características adicionais: acendimento automático / forno autolimpante / tam-, cor: branca, normas técnicas: selo inmetro gategoria a\", quantidade bocas: 4, tipo fogão: convencional, voltagem: 110/220\"","UN",616.0,1.0,616.0]
["95/2026","Aprovada",null,"SEINFRA E OUTROS - Equipamentos para manutenção em geral","BENS",153052.0,"2026-01-02","2026-08-03",213.0,"SEINFRA - SECRETARIA DE INFRAESTRUTURA","928/2025","Médio",1.0,"2026-04-01","Material",5805.0,"Equipamento telefônico e telegráfico",1174.0,"Aparelho Telefônico Sem Fio",360028.0,"alimentação: 110/220, características adicionais: carga bateria de 6 horas/2 volumes campainha, cor: preta, função: flash, redial, mute e viva-voz, potência transmissão: 100","UN",120.0,2.0,240.0]
["95/2026","Aprovada",null,"SEINFRA E OUTROS - Equipamentos para manutenção em geral","BENS",153052.0,"2026-01-02","2026-08-03",213.0,"SEINFRA - SECRETARIA DE INFRAESTRUTURA","726/2025","Médio",61.0,"2026-03-02","Material",4310.0,"Bombas e compressores a vácuo",17923.0,"Compressor Hermético Scroll",363501.0,"aplicação: central ar condicionado, capacidade: 60.000, frequência: 60, modelo: hermético scroll, potência: 5.120, tensão: 380","UN",2370.0,10.0,23700.0]
["95/2026","Aprovada",null,"SEINFRA E OUTROS - Equipamentos para manutenção em geral","BENS",153052.0,"2026-01-02","2026-08-03",213.0,"SEINFRA - SECRETARIA DE INFRAESTRUTURA","726/2025","Médio",97.0,"2026-03-02","Material",5210.0,"Instrumentos de medição para artífices",13304.0,"Ponta Prova Multímetro",282404.0,"características adicionais: segurança iec-1010-1 categoria ii 1000 v, comprimento cabo: 920, conexão: banana 4 mm meia isolação, corrente máxima: 16 a / 30 segundos, resistência ôhmica: 0,06, revestimento cabo: pvc - cloreto de polivinila meia flexibilidade, tensão isolamento: 1000","UN",19.5,50.0,975.0]
["95/2026","Aprovada",null,"SEINFRA E OUTROS - Equipamentos para manutenção em geral","BENS",153052.0,"2026-01-02","2026-08-03",213.0,"SEINFRA - SECRETARIA DE INFRAESTRUTURA","940/2025","Alto",1.0,"2026-02-02","Material",3710.0,"Equipamento para preparação do solo",1461.0,"Roçadeira Manual",604311.0,"características adicionais: motor 2 tempos á gasolina, deposito de combustível, potência motor: 3hp 63cc, tipo cortador: fio náilon e/ou lâmina aço, tipo empunhadeira: guidões ajustáveis, tipo motor: gasolina","UN",1300.0,1.0,1300.0]
["95/2026","Aprovada",null,"SEINFRA E OUTROS - Equipamentos para manutenção em geral","BENS",153052.0,"2026-01-02","2026-08-03",213.0,"SEINFRA - SECRETARIA DE INFRAESTRUTURA","940/2025","Alto",2.0,"2026-02-02","Material",3710.0,"Equipamento para preparação do solo",1461.0,"Roçadeira Manual",604311.0,"características adicionais: motor 2 tempos á gasolina, deposito de combustível, potência motor: 3hp 63cc, tipo cortador: fio náilon e/ou lâmina aço, tipo empunhadeira: guidões ajustáveis, tipo motor: gasolina","UN",2200.0,1.0,2200.0]
["95/2026","Aprovada",null,"SEINFRA E OUTROS - Equipamentos para manutenção em geral","BENS",153052.0,"2026-01-02","2026-08-03",213.0,"SEINFRA - SECRETARIA DE INFRAESTRUTURA","940/2025","Alto",3.0,"2026-02-02","Material",3710.0,"Equipamento para preparação do solo",1461.0,"Roçadeira Manual",604311.0,"características adicionais: motor 2 tempos á gasolina, deposito de combustível, potência motor: 3hp 63cc, tipo cortador: fio náilon e/ou lâmina aço, tipo empunhadeira: guidões ajustáveis, tipo motor: gasolina","UN",4200.0,1.0,4200.0]
["95/2026","Aprovada",null,"SEINFRA E OUTROS - Equipamentos para manutenção em geral","BENS",153052.0,"2026-01-02","2026-08-03",213.0,"SEINFRA - SECRETARIA DE INFRAESTRUTURA","940/2025","Alto",4.0,"2026-02-02","Material",3710.0,"Equipamento para preparação do solo",1461.0,"Roçadeira Manual",604311.0,"características adicionais: motor 2 tempos á gasolina, deposito de combustível, potência motor: 3hp 63cc, tipo cortador: fio náilon e/ou lâmina aço, tipo empunhadeira: guidões ajustáveis, tipo motor: gasolina","UN",5500.0,1.0,5500.0]
["95/2026","Aprovada",null,"SEINFRA E OUTROS - Equipamentos para manutenção em geral","BENS",153052.0,"2026-01-02","2026-08-03",213.0,"SEINFRA - SECRETARIA DE INFRAESTRUTURA","941/2025","Alto",1.0,"2026-02-02","Material",5130.0,"Ferramentas manuais acionadas por força motriz",7868.0,"Furadeira",610469.0,"acessórios: 2 baterias, carregador e maleta, capacidade perfuração aço: 20, características adicionais: sem fio; velocidade variavel, tamanho mandril: 1/2, tensão alimentação: 220, tipo: furadeira e parafusadeira","UN",1980.0,2.0,3960.0]
["95/2026","Aprovada",null,"SEINFRA E OUTROS - Equipamentos para manutenção em geral","BENS",153052.0,"2026-01-02","2026-08-03",213.0,"SEINFRA - SECRETARIA DE INFRAESTRUTURA","942/2025","Alto",1.0,"2026-02-02","Material",5130.0,"FERRAMENTAS MANUAIS ACIONADAS POR FORÇA MOTRIZ",16083.0,"ESMERILHADEIRA",449077.0,"DIÂMETRO DISCO: 7, POTÊNCIA: 2.600, ROTAÇÃO: 8.500, TIPO: ANGULAR, VOLTAGEM: 220","UN",2400.0,2.0,4800.0]
["187/2026","Aprovada",null,"DTEL + OUTROS - CABO DE REDE ","BENS",153052.0,"2026-01-02","2026-07-02",181.0,"FD - FACULDADE DE DIREITO","349/2025","Alto",7.0,"2026-04-30","Material",7060.0,"Peças E Acessórios Para Computadores",15410.0,"Adaptador Conector",473562.0,"tipo conectores: vga fêmea para rj45 fêmea","UN",6.5,20.0,130.0]
["187/2026","Aprovada",null,"DTEL + OUTROS - CABO DE REDE ","BENS",153052.0,"2026-01-02","2026-07-02",181.0,"IF - INSTITUTO DE FÍSICA","352/2025","Médio",9.0,"2026-07-10","Material",7080.0,"Peças, Acessórios E Ferramentas Para Redes De Tic",208.0,"Cabo Rede Computador",482232.0,"aplicação: conexão de rede, comprimento: 3, padrão cabeamento: qsfp-40g, referência fabricante: dac, tipo cabo: patch cord","RO",15.0,5.0,75.0]
["187/2026","Aprovada",null,"DTEL + OUTROS - CABO DE REDE ","BENS",153052.0,"2026-01-02","2026-07-02",181.0,"BC - BIBLIOTECA CENTRAL","699/2025","Médio",6.0,"2026-05-01","Material",7080.0,"Peças, acessórios e ferramentas para redes de tic",208.0,"Cabo Rede Computador",404647.0,"bitola condutor: 24, características adicionais: conectores rj-45 ambos os lados, categoria: 6, comprimento: 2, material condutor: cobre, tipo cabo: utp de 4 pares, tipo condutor: flexível","UN",10.0,9.0,90.0]
["187/2026","Aprovada",null,"DTEL + OUTROS - CABO DE REDE ","BENS",153052.0,"2026-01-02","2026-07-02",181.0,"BC - BIBLIOTECA CENTRAL","699/2025","Médio",7.0,"2026-05-01","Material",7080.0,"Peças, acessórios e ferramentas para redes de tic",208.0,"Cabo Rede Computador",410058.0,"bitola condutor: 24, características adicionais: line cord com rj-45 nas pontas;capas montadas ou i, categoria: 5e, comprimento: 10, conector: rj-45, cor: azul, material condutor: cobre rígido, material revestimento: pvc - cloreto de polivinila anti-chama, padrão cabeamento: t568-a, tipo cabo: utp de 4 pares, tipo condutor: flexível","UN",30.0,2.0,60.0]
["187/2026","Aprovada",null,"DTEL + OUTROS - CABO DE REDE ","BENS",153052.0,"2026-01-02","2026-07-02",181.0,"BC - BIBLIOTECA CENTRAL","699/2025","Médio",8.0,"2026-05-01","Material",7080.0,"Peças, acessórios e ferramentas para redes de tic",208.0,"Cabo Rede Computador",393611.0,"aplicação: conexão de rede, bitola condutor: 24, características adicionais: cabo montado(patch cord)com conectores rj-45 em am, categoria: 5e, comprimento: 5, cor: azul, material condutor: cobre, material revestimento: pvc - cloreto de polivinila anti-chama, tipo cabo: utp 4 pares padrão tia 568a","UN",15.0,4.0,60.0]
["187/2026","Aprovada",null,"DTEL + OUTROS - CABO DE REDE ","BENS",153052.0,"2026-01-02","2026-07-02",181.0,"GOIAS - REGIONAL GOIAS","744/2025","Alto",6.0,"2026-07-01","Material",7080.0,"Peças, acessórios e ferramentas para redes de tic",208.0,"Cabo Rede Computador",474228.0,"categoria: 6a, material revestimento: lszh(low smoke zero halogen), padrão cabeamento: utp-6a, tipo cabo: f/utp gigalan, tipo condutor: par trançado","UN",60.0,20.0,1200.0]
["187/2026","Aprovada",null,"DTEL + OUTROS - CABO DE REDE ","BENS",153052.0,"2026-01-02","2026-07-02",181.0,"GOIAS - REGIONAL GOIAS","744/2025","Alto",7.0,"2026-07-01","Material",7080.0,"Peças, acessórios e ferramentas para redes de tic",208.0,"Cabo Rede Computador",605494.0,"aplicação: camera cftv cat5, categoria: 5e, cor: azul, material condutor: cobre rígido, material revestimento: pvc - cloreto de polivinila anti-chama, tipo cabo: 4 pares, tipo condutor: trançado","UN",721.7,5.0,3608.5]
["187/2026","Aprovada",null,"DTEL + OUTROS - CABO DE REDE ","BENS",153052.0,"2026-01-02","2026-07-02",181.0,"GOIAS - REGIONAL GOIAS","744/2025","Alto",17.0,"2026-07-01","Material",7080.0,"Peças, acessórios e ferramentas para redes de tic",208.0,"Cabo Rede Computador",474228.0,"categoria: 6a, material revestimento: lszh(low smoke zero halogen), padrão cabeamento: utp-6a, tipo cabo: f/utp gigalan, tipo condutor: par trançado","UN",45.0,5.0,225.0]
["187/2026","Aprovada",null,"DTEL + OUTROS - CABO DE REDE ","BENS",153052.0,"2026-01-02","2026-07-02",181.0,"PROEC - PRO-REITORIA DE EXTENSÃO E CULTURA","851/2025","Alto",1.0,"2026-04-27","Material",7080.0,"Peças, acessórios e ferramentas para redes de tic",208.0,"Cabo Rede Computador",393611.0,"aplicação: conexão de rede, bitola condutor: 24, características adicionais: cabo montado(patch cord)com conectores rj-45 em am, categoria: 5e, comprimento: 5, cor: azul, material condutor: cobre, material revestimento: pvc - cloreto de polivinila anti-chama, tipo cabo: utp 4 pares padrão tia 568a","UN",30.0,5.0,150.0]
["187/2026","Aprovada",null,"DTEL + OUTROS - CABO DE REDE ","BENS",153052.0,"2026-01-02","2026-07-02",181.0,"DTEL - DIRETORIA DE TELECOMUNICAÇÕES","1022/2025","Médio",17.0,"2026-05-01","Material",7080.0,"Peças, acessórios e ferramentas para redes de tic",208.0,"Cabo Rede Computador",312024.0,"aplicação: rede de informática, bitola condutor: 24, características adicionais: cabo montado( patch cable) conectores rj-45, macho, cor: azul, material condutor: cobre, padrão cabeamento: utp-5e, tipo cabo: utp 4 pares padrão tia 568a, tipo condutor: trançado, comprimento cabo: 2,5","UN",21.7,200.0,4340.0]
["187/2026","Aprovada",null,"DTEL + OUTROS - CABO DE REDE ","BENS",153052.0,"2026-01-02","2026-07-02",181.0,"DTEL - DIRETORIA DE TELECOMUNICAÇÕES","1022/2025","Médio",18.0,"2026-05-01","Material",7080.0,"Peças, acessórios e ferramentas para redes de tic",208.0,"Cabo Rede Computador",273569.0,"aplicação: rede de informática, bitola condutor: 24, características adicionais: cabo montado(line cord) com conectores rj-45 em am, categoria: 5e, material condutor: cobre rígido, padrão cabeamento: utp-5e, tipo condutor: 4 pares, comprimento cabo: 1,5","UN",17.5,300.0,5250.0]
["187/2026","Aprovada",null,"DTEL + OUTROS - CABO DE REDE ","BENS",153052.0,"2026-01-02","2026-07-02",181.0,"DTEL - DIRETORIA DE TELECOMUNICAÇÕES","1022/2025","Médio",19.0,"2026-05-01","Material",7080.0,"Peças, acessórios e ferramentas para redes de tic",208.0,"Cabo Rede Computador",437666.0,"características adicionais: conectorizado, categoria: 6, comprimento: 1,5, conector: rj-45, cor: azul, material condutor: cobre eletrolítico, material revestimento: pvc - cloreto de polivinila anti-chama, padrão cabeamento: gigalan, tipo cabo: patch cord, tipo condutor: trançado flexível","UN",30.3,300.0,9090.0]
["187/2026","Aprovada",null,"DTEL + OUTROS - CABO DE REDE ","BENS",153052.0,"2026-01-02","2026-07-02",181.0,"DTEL - DIRETORIA DE TELECOMUNICAÇÕES","1022/2025","Médio",20.0,"2026-05-01","Material",7080.0,"Peças, acessórios e ferramentas para redes de tic",208.0,"Cabo Rede Computador",437667.0,"características adicionais: conectorizado, categoria: 6, comprimento: 2,5, conector: rj-45, cor: azul, material condutor: cobre eletrolítico, material revestimento: pvc - cloreto de polivinila anti-chama, padrão cabeamento: gigalan, tipo cabo: patch cord, tipo condutor: trançado flexível","UN",38.43,250.0,9607.5]
["187/2026","Aprovada",null,"DTEL + OUTROS - CABO DE REDE ","BENS",153052.0,"2026-01-02","2026-07-02",181.0,"DTEL - DIRETORIA DE TELECOMUNICAÇÕES","1022/2025","Médio",21.0,"2026-05-01","Material",7080.0,"Peças, acessórios e ferramentas para redes de tic",208.0,"Cabo Rede Computador",467548.0,"aplicação: conexão de rede, bitola condutor: 24, características adicionais: awg, utp extra, categoria: 5e, comprimento: 305, cor: azul, material condutor: cobre nú, material revestimento: pvc - cloreto de polivinila anti-chama, padrão cabeamento: utp-5e, tipo cabo: 4 pr, tipo condutor: par trançado","CX",826.07,30.0,24782.1]
["187/2026","Aprovada",null,"DTEL + OUTROS - CABO DE REDE ","BENS",153052.0,"2026-01-02","2026-07-02",181.0,"DTEL - DIRETORIA DE TELECOMUNICAÇÕES","1022/2025","Médio",22.0,"2026-05-01","Material",7080.0,"Peças, acessórios e ferramentas para redes de tic",208.0,"Cabo Rede Computador",465402.0,"aplicação: rede estruturada, categoria: 6, comprimento: 305, cor: vermelha, material condutor: cobre nú, material isolamento condutor: polietileno de alta densidade, material revestimento: pvc - cloreto de polivinila anti-chama, normas técnicas: ansi/tia 568 c.2 - iso/iec -11801, padrão cabeamento: gigalan, tipo cabo: utp, tipo condutor: par trançado","CX",1323.93,20.0,26478.6]
["187/2026","Aprovada",null,"DTEL + OUTROS - CABO DE REDE ","BENS",153052.0,"2026-01-02","2026-07-02",181.0,"FD - FACULDADE DE DIREITO","1033/2025","Baixo",1.0,"2026-04-30","Material",7080.0,"Peças, Acessórios E Ferramentas Para Redes De Tic",14755.0,"Organizador Cabos",485191.0,"características adicionais: bitola: 19 mm, comprimento: 150 cm, cor: preta, material: plástico, tipo: espiral","UN",150.0,4.0,600.0]
["187/2026","Aprovada",null,"DTEL + OUTROS - CABO DE REDE ","BENS",153052.0,"2026-01-02","2026-07-02",181.0,"FD - FACULDADE DE DIREITO","1033/2025","Baixo",2.0,"2026-04-30","Material",7080.0,"Peças, acessórios e ferramentas para redes de tic",208.0,"Cabo Rede Computador",465452.0,"aplicação: rede estruturada, características adicionais: cabo montado, conectores rj-45 com garras duplas, categoria: 6, comprimento: 2,5, conector: rj-45, cor: azul, material revestimento: termoplástico injetado, tipo cabo: patch cord, tipo condutor: par trançado","UN",50.0,20.0,1000.0]
["187/2026","Aprovada",null,"DTEL + OUTROS - CABO DE REDE ","BENS",153052.0,"2026-01-02","2026-07-02",181.0,"FD - FACULDADE DE DIREITO","1033/2025","Baixo",3.0,"2026-04-30","Material",7060.0,"Peças e acessórios para computadores",208.0,"Cabo Rede Computador",467548.0,"aplicação: conexão de rede, bitola condutor: 24, características adicionais: awg, utp extra, categoria: 5e, comprimento: 305, cor: azul, material condutor: cobre nú, material revestimento: pvc - cloreto de polivinila anti-chama, padrão cabeamento: utp-5e, tipo cabo: 4 pr, tipo condutor: par trançado","CX",300.0,2.0,600.0]
["187/2026","Aprovada",null,"DTEL + OUTROS - CABO DE REDE ","BENS",153052.0,"2026-01-02","2026-07-02",181.0,"FD - FACULDADE DE DIREITO","1033/2025","Baixo",4.0,"2026-04-30","Material",7060.0,"Peças e acessórios para computadores",208.0,"Cabo Rede Computador",472692.0,"categoria: 6, material condutor: cobre eletrolítico, material revestimento: termoplástico de alta qualidade, tipo cabo: patch cord","CX",500.0,2.0,1000.0]
["172/2026","Aprovada",null,"PROAD e PRAE (CE e Centro de Esportes)  - Serviços de Limpeza","SERVICOS",153052.0,"2026-02-04","2026-08-04",181.0,"PRAE - PRO-REITORIA DE ASSUNTOS ESTUDANTIS","691/2025","Alto",1.0,"2026-01-15","Serviço",853.0,"SERVIÇOS DE LIMPEZA",null,null,24023.0,"PRESTAÇÃO DE SERVIÇO DE LIMPEZA E CONSERVAÇÃO - OUTRAS      NECESSIDADES","M2",35000.0,1.0,35000.0]
["172/2026","Aprovada",null,"PROAD e PRAE (CE e Centro de Esportes)  - Serviços de Limpeza","SERVICOS",153052.0,"2026-02-04","2026-08-04",181.0,"PROAD - PRO-REITORIA DE ADMINISTRAÇÃO E FINANÇAS","973/2025","Médio",1.0,"2026-08-04","Serviço",853.0,"Serviços De Limpeza",null,null,25194.0,"Serviço Especializado de Limpeza",null,329700.0,1.0,329700.0]
["185/2026","Aprovada",null,"DTEL - SEINFRA E OUTROS - AQUISIÇÃO DE FIOS E CABOS ELÉTRICOS","BENS",153052.0,"2025-12-01","2026-06-01",182.0,"EECA - ESCOLA DE ENGENHARIA CIVIL E AMBIENTAL","317/2025","Alto",5.0,"2026-08-31","Material",6145.0,"Fios e cabos elétricos",4009.0,"Cabo Elétrico Flexível",359854.0,"características adicionais: cabo de força compatível com monitor multiparâmetr, comprimento: 2, material do condutor: cobre","UN",21.99,5.0,109.95]
["185/2026","Aprovada",null,"DTEL - SEINFRA E OUTROS - AQUISIÇÃO DE FIOS E CABOS ELÉTRICOS","BENS",153052.0,"2025-12-01","2026-06-01",182.0,"EMC - ESCOLA DE ENGENHARIA ELÉTRICA MECÂNICA E DE COMPUTAÇÃO","328/2025","Baixo",29.0,"2026-06-01","Material",6145.0,"FIOS E CABOS ELÉTRICOS",18604.0,"CABO ELÉTRICO ISOLADO",616156.0,"CLASSE DE ENCORDOAMENTO: 4, COR DO ISOLAMENTO: PRETA, MATERIAL CONDUTOR: COBRE ELETROLÍTICO, MATERIAL ISOLAMENTO: PVC BWF ANTICHAMA, NORMAS TÉCNICAS: NBR NM 247-3; NM 280, SEÇÃO NOMINAL: 0,75, TENSÃO ISOLAMENTO: 450/750, TIPO: UNIPOLAR, TÊMPERA CONDUTOR: MOLE","M",1.3,40.0,52.0]
["185/2026","Aprovada",null,"DTEL - SEINFRA E OUTROS - AQUISIÇÃO DE FIOS E CABOS ELÉTRICOS","BENS",153052.0,"2025-12-01","2026-06-01",182.0,"EMC - ESCOLA DE ENGENHARIA ELÉTRICA MECÂNICA E DE COMPUTAÇÃO","328/2025","Baixo",30.0,"2026-06-01","Material",6145.0,"FIOS E CABOS ELÉTRICOS",18604.0,"CABO ELÉTRICO ISOLADO",616156.0,"CLASSE DE ENCORDOAMENTO: 4, COR DO ISOLAMENTO: PRETA, MATERIAL CONDUTOR: COBRE ELETROLÍTICO, MATERIAL ISOLAMENTO: PVC BWF ANTICHAMA, NORMAS TÉCNICAS: NBR NM 247-3; NM 280, SEÇÃO NOMINAL: 0,75, TENSÃO ISOLAMENTO: 450/750, TIPO: UNIPOLAR, TÊMPERA CONDUTOR: MOLE","M",1.3,40.0,52.0]
["185/2026","Aprovada",null,"DTEL - SEINFRA E OUTROS - AQUISIÇÃO DE FIOS E CABOS ELÉTRICOS","BENS",153052.0,"2025-12-01","2026-06-01",182.0,"EMC - ESCOLA DE ENGENHARIA ELÉTRICA MECÂNICA E DE COMPUTAÇÃO","328/2025","Baixo",31.0,"2026-06-01","Material",6145.0,"FIOS E CABOS ELÉTRICOS",18604.0,"CABO ELÉTRICO ISOLADO",409292.0,"COR DO ISOLAMENTO: PRETA BRANCA VERMELHA VERDE E AZUL, MATERIAL CONDUTOR: COBRE, MATERIAL ISOLAMENTO: PVC FLEXÍVEL ANTICHAMA, NORMAS TÉCNICAS: NBR NM 247-3; NM 280, SEÇÃO NOMINAL: 1,5, TENSÃO ISOLAMENTO: 750, TÊMPERA CONDUTOR: MOLE","M",1.72,200.0,344.0]
["185/2026","Aprovada",null,"DTEL - SEINFRA E OUTROS - AQUISIÇÃO DE FIOS E CABOS ELÉTRICOS","BENS",153052.0,"2025-12-01","2026-06-01",182.0,"EMC - ESCOLA DE ENGENHARIA ELÉTRICA MECÂNICA E DE COMPUTAÇÃO","328/2025","Baixo",32.0,"2026-06-01","Material",6145.0,"FIOS E CABOS ELÉTRICOS",18604.0,"CABO ELÉTRICO ISOLADO",409292.0,"COR DO ISOLAMENTO: PRETA BRANCA VERMELHA VERDE E AZUL, MATERIAL CONDUTOR: COBRE, MATERIAL ISOLAMENTO: PVC FLEXÍVEL ANTICHAMA, NORMAS TÉCNICAS: NBR NM 247-3; NM 280, SEÇÃO NOMINAL: 1,5, TENSÃO ISOLAMENTO: 750, TÊMPERA CONDUTOR: MOLE","M",1.72,200.0,344.0]
["185/2026","Aprovada",null,"DTEL - SEINFRA E OUTROS - AQUISIÇÃO DE FIOS E CABOS ELÉTRICOS","BENS",153052.0,"2025-12-01","2026-06-01",182.0,"EMC - ESCOLA DE ENGENHARIA ELÉTRICA MECÂNICA E DE COMPUTAÇÃO","328/2025","Baixo",33.0,"2026-06-01","Material",6145.0,"FIOS E CABOS ELÉTRICOS",18604.0,"CABO ELÉTRICO ISOLADO",428657.0,"CARACTERÍSTICAS ADICIONAIS: FLEXÍVEL, COR DO ISOLAMENTO: VERMELHA, MATERIAL CONDUTOR: COBRE, MATERIAL ISOLAMENTO: PVC FLEXÍVEL ANTICHAMA, REFERÊNCIA FABRICANTE: TP FORESPLAST ALCOA OU SIMILAR, SEÇÃO NOMINAL: 2,5, TENSÃO ISOLAMENTO: 450/750","M",2.34,200.0,468.0]
["185/2026","Aprovada",null,"DTEL - SEINFRA E OUTROS - AQUISIÇÃO DE FIOS E CABOS ELÉTRICOS","BENS",153052.0,"2025-12-01","2026-06-01",182.0,"EMC - ESCOLA DE ENGENHARIA ELÉTRICA MECÂNICA E DE COMPUTAÇÃO","328/2025","Baixo",34.0,"2026-06-01","Material",6145.0,"FIOS E CABOS ELÉTRICOS",18604.0,"CABO ELÉTRICO ISOLADO",428654.0,"CARACTERÍSTICAS ADICIONAIS: FLEXÍVEL, COR DO ISOLAMENTO: AZUL, MATERIAL CONDUTOR: COBRE, MATERIAL ISOLAMENTO: PVC FLEXÍVEL ANTICHAMA, REFERÊNCIA FABRICANTE: TP FORESPLAST ALCOA OU SIMILAR, SEÇÃO NOMINAL: 2,5, TENSÃO ISOLAMENTO: 450/750","M",2.34,200.0,468.0]
["185/2026","Aprovada",null,"DTEL - SEINFRA E OUTROS - AQUISIÇÃO DE FIOS E CABOS ELÉTRICOS","BENS",153052.0,"2025-12-01","2026-06-01",182.0,"EMC - ESCOLA DE ENGENHARIA ELÉTRICA MECÂNICA E DE COMPUTAÇÃO","388/2025","Baixo",13.0,"2026-06-10","Material",6145.0,"FIOS E CABOS ELÉTRICOS",18604.0,"CABO ELÉTRICO ISOLADO",409292.0,"COR DO ISOLAMENTO: PRETA BRANCA VERMELHA VERDE E AZUL, MATERIAL CONDUTOR: COBRE, MATERIAL ISOLAMENTO: PVC FLEXÍVEL ANTICHAMA, NORMAS TÉCNICAS: NBR NM 247-3; NM 280, SEÇÃO NOMINAL: 1,5, TENSÃO ISOLAMENTO: 750, TÊMPERA CONDUTOR: MOLE","M",1.72,200.0,344.0]
["185/2026","Aprovada",null,"DTEL - SEINFRA E OUTROS - AQUISIÇÃO DE FIOS E CABOS ELÉTRICOS","BENS",153052.0,"2025-12-01","2026-06-01",182.0,"EMC - ESCOLA DE ENGENHARIA ELÉTRICA MECÂNICA E DE COMPUTAÇÃO","388/2025","Baixo",14.0,"2026-06-10","Material",6145.0,"FIOS E CABOS ELÉTRICOS",18604.0,"CABO ELÉTRICO ISOLADO",409292.0,"COR DO ISOLAMENTO: PRETA BRANCA VERMELHA VERDE E AZUL, MATERIAL CONDUTOR: COBRE, MATERIAL ISOLAMENTO: PVC FLEXÍVEL ANTICHAMA, NORMAS TÉCNICAS: NBR NM 247-3; NM 280, SEÇÃO NOMINAL: 1,5, TENSÃO ISOLAMENTO: 750, TÊMPERA CONDUTOR: MOLE","M",1.72,200.0,344.0]
["185/2026","Aprovada",null,"DTEL - SEINFRA E OUTROS - AQUISIÇÃO DE FIOS E CABOS ELÉTRICOS","BENS",153052.0,"2025-12-01","2026-06-01",182.0,"EMC - ESCOLA DE ENGENHARIA ELÉTRICA MECÂNICA E DE COMPUTAÇÃO","700/2025","Médio",1.0,"2026-09-10","Material",6145.0,"Fios e cabos elétricos",14943.0,"Cabo Áudio E Vídeo",463216.0,"aplicação: equipamentos eletrônicos, comprimento: 10, conectores: hdmi macho, material cobertura: pvc emborrachado, material condutor: cobre, material conector: ouro 24 quilates, material isolamento condutor: pvc","UN",65.0,2.0,130.0]
["185/2026","Aprovada",null,"DTEL - SEINFRA E OUTROS - AQUISIÇÃO DE FIOS E CABOS ELÉTRICOS","BENS",153052.0,"2025-12-01","2026-06-01",182.0,"SEINFRA - SECRETARIA DE INFRAESTRUTURA","738/2025","Médio",16.0,"2026-07-06","Material",6145.0,"Fios e cabos elétricos",4009.0,"Cabo Elétrico Flexível",441216.0,"aplicação: instalação elétrica, classe encordoamento: 5, material cobertura: pvc anti-chama, material do condutor: cobre eletrolítico, material isolamento: composto termoplástico pvc s/ chumbo, seção nominal: 16, temperatura operação: 90, tensão isolamento: 0,6/1, tipo: unipolar, têmpera condutor: mole","RO",1668.0,10.0,16680.0]
["185/2026","Aprovada",null,"DTEL - SEINFRA E OUTROS - AQUISIÇÃO DE FIOS E CABOS ELÉTRICOS","BENS",153052.0,"2025-12-01","2026-06-01",182.0,"SEINFRA - SECRETARIA DE INFRAESTRUTURA","738/2025","Médio",17.0,"2026-07-06","Material",6145.0,"Fios e cabos elétricos",4009.0,"Cabo Elétrico Flexível",441661.0,"bitola: 35,0, classe encordoamento: 5, cor da cobertura: preta, material cobertura: epr (borracha etileno-propileno), material do condutor: cobre eletrolítico, material isolamento: composto termoplástico pvc s/ chumbo, tensão isolamento: 0,6/1, tipo: unipolar","PC",3656.0,4.0,14624.0]
["185/2026","Aprovada",null,"DTEL - SEINFRA E OUTROS - AQUISIÇÃO DE FIOS E CABOS ELÉTRICOS","BENS",153052.0,"2025-12-01","2026-06-01",182.0,"SEINFRA - SECRETARIA DE INFRAESTRUTURA","738/2025","Médio",18.0,"2026-07-06","Material",6145.0,"Fios e cabos elétricos",4009.0,"Cabo Elétrico Flexível",616159.0,"formação condutor: 3 x 2,5, material do condutor: cobre, tensão isolamento: 1, tipo: pp","RO",916.0,15.0,13740.0]
["185/2026","Aprovada",null,"DTEL - SEINFRA E OUTROS - AQUISIÇÃO DE FIOS E CABOS ELÉTRICOS","BENS",153052.0,"2025-12-01","2026-06-01",182.0,"SEINFRA - SECRETARIA DE INFRAESTRUTURA","738/2025","Médio",19.0,"2026-07-06","Material",6145.0,"Fios e cabos elétricos",4009.0,"Cabo Elétrico Flexível",370747.0,"características adicionais: deslizante, unipolar, comprimento: 100, cor da isolação: azul, material cobertura: pvc anti-chama, material do condutor: cobre, normas técnicas: nbr 5410, seção nominal: 2,5, tensão isolamento: 450/750, tipo: bwf","RO",241.0,300.0,72300.0]
["185/2026","Aprovada",null,"DTEL - SEINFRA E OUTROS - AQUISIÇÃO DE FIOS E CABOS ELÉTRICOS","BENS",153052.0,"2025-12-01","2026-06-01",182.0,"SEINFRA - SECRETARIA DE INFRAESTRUTURA","738/2025","Médio",20.0,"2026-07-06","Material",6145.0,"Fios e cabos elétricos",4009.0,"Cabo Elétrico Flexível",419866.0,"cor da cobertura: preta, material do condutor: cobre eletrolítico, material isolamento: isolação extrudada de pvc anti chama, normas técnicas: nbr-6148, nbr-6245, nbr-6812 e nbr-6880, seção nominal: 1,0, temperatura operação: 70, tensão isolamento: 750, têmpera condutor: mole","RO",1099.0,60.0,65940.0]
["185/2026","Aprovada",null,"DTEL - SEINFRA E OUTROS - AQUISIÇÃO DE FIOS E CABOS ELÉTRICOS","BENS",153052.0,"2025-12-01","2026-06-01",182.0,"SEINFRA - SECRETARIA DE INFRAESTRUTURA","738/2025","Médio",21.0,"2026-07-06","Material",6145.0,"Fios e cabos elétricos",4009.0,"Cabo Elétrico Flexível",441659.0,"bitola: 4,0, classe encordoamento: 5, cor da cobertura: preta, material cobertura: pvc anti-chama, material do condutor: cobre eletrolítico, quantidade condutores: 3, tensão isolamento: 750, tipo: multipolar","RO",927.0,5.0,4635.0]
["185/2026","Aprovada",null,"DTEL - SEINFRA E OUTROS - AQUISIÇÃO DE FIOS E CABOS ELÉTRICOS","BENS",153052.0,"2025-12-01","2026-06-01",182.0,"SEINFRA - SECRETARIA DE INFRAESTRUTURA","738/2025","Médio",22.0,"2026-07-06","Material",6145.0,"Fios e cabos elétricos",4009.0,"Cabo Elétrico Flexível",441659.0,"bitola: 4,0, classe encordoamento: 5, cor da cobertura: preta, material cobertura: pvc anti-chama, material do condutor: cobre eletrolítico, quantidade condutores: 3, tensão isolamento: 750, tipo: multipolar","RO",1410.0,8.0,11280.0]
["185/2026","Aprovada",null,"DTEL - SEINFRA E OUTROS - AQUISIÇÃO DE FIOS E CABOS ELÉTRICOS","BENS",153052.0,"2025-12-01","2026-06-01",182.0,"SEINFRA - SECRETARIA DE INFRAESTRUTURA","738/2025","Médio",23.0,"2026-07-06","Material",6145.0,"Fios e cabos elétricos",4009.0,"Cabo Elétrico Flexível",441659.0,"bitola: 4,0, classe encordoamento: 5, cor da cobertura: preta, material cobertura: pvc anti-chama, material do condutor: cobre eletrolítico, quantidade condutores: 3, tensão isolamento: 750, tipo: multipolar","RO",400.0,150.0,60000.0]
["185/2026","Aprovada",null,"DTEL - SEINFRA E OUTROS - AQUISIÇÃO DE FIOS E CABOS ELÉTRICOS","BENS",153052.0,"2025-12-01","2026-06-01",182.0,"SEINFRA - SECRETARIA DE INFRAESTRUTURA","738/2025","Médio",24.0,"2026-07-06","Material",6145.0,"Fios e cabos elétricos",4009.0,"Cabo Elétrico Flexível",622823.0,"aplicação: aparelho ar condicionado, bitola: 2,5, material cobertura: polipropileno, material do condutor: cobre, tipo: pp tetrapolar","RO",152.0,120.0,18240.0]
["185/2026","Aprovada",null,"DTEL - SEINFRA E OUTROS - AQUISIÇÃO DE FIOS E CABOS ELÉTRICOS","BENS",153052.0,"2025-12-01","2026-06-01",182.0,"DTEL - DIRETORIA DE TELECOMUNICAÇÕES","1022/2025","Médio",13.0,"2026-05-01","Material",6145.0,"Fios e cabos elétricos",4009.0,"Cabo Elétrico Flexível",483320.0,"aplicação: manutenção elétrica, características adicionais: certificação inmetro, classe encordoamento: 4, cor da cobertura: vermelha, material do condutor: cobre, material isolamento: composto termoplástico (lshf), não halogenado, normas técnicas: nbr13248, seção nominal: 2,5, tensão isolamento: 750","M",2.94,200.0,588.0]
["185/2026","Aprovada",null,"DTEL - SEINFRA E OUTROS - AQUISIÇÃO DE FIOS E CABOS ELÉTRICOS","BENS",153052.0,"2025-12-01","2026-06-01",182.0,"DTEL - DIRETORIA DE TELECOMUNICAÇÕES","1022/2025","Médio",23.0,"2026-05-01","Material",6145.0,"Fios e cabos elétricos",643.0,"Cabo Telefônico",435544.0,"cor: cinza, diâmetro condutor: 0,50, material condutor: cobre, material isolamento condutor: pvc - cloreto de polivinila, quantidade pares: 2, tipo: cci 50 x 2 pares","M",1.28,200.0,256.0]
["185/2026","Aprovada",null,"DTEL - SEINFRA E OUTROS - AQUISIÇÃO DE FIOS E CABOS ELÉTRICOS","BENS",153052.0,"2025-12-01","2026-06-01",182.0,"DTEL - DIRETORIA DE TELECOMUNICAÇÕES","1022/2025","Médio",24.0,"2026-05-01","Material",6145.0,"Fios e cabos elétricos",643.0,"Cabo Telefônico",367690.0,"aplicação: informática, características adicionais: cabo de conexão quick disconnect, comprimento cabo: com 1.5 metros extensível até 3, tipo: espiral","UN",24.95,1000.0,24950.0]
["185/2026","Aprovada",null,"DTEL - SEINFRA E OUTROS - AQUISIÇÃO DE FIOS E CABOS ELÉTRICOS","BENS",153052.0,"2025-12-01","2026-06-01",182.0,"DTEL - DIRETORIA DE TELECOMUNICAÇÕES","1022/2025","Médio",25.0,"2026-05-01","Material",6145.0,"FIOS E CABOS ELÉTRICOS",643.0,"CABO TELEFÔNICO",358178.0,"COR: BRANCA, QUANTIDADE PARES: 2, QUANTIDADE VIAS: 4, SEÇÃO NOMINAL: 0,12, TIPO: CCI","M",4.95,500.0,2475.0]
["185/2026","Aprovada",null,"DTEL - SEINFRA E OUTROS - AQUISIÇÃO DE FIOS E CABOS ELÉTRICOS","BENS",153052.0,"2025-12-01","2026-06-01",182.0,"DTEL - DIRETORIA DE TELECOMUNICAÇÕES","1022/2025","Médio",26.0,"2026-05-01","Material",6145.0,"FIOS E CABOS ELÉTRICOS",643.0,"CABO TELEFÔNICO",341637.0,"APLICAÇÃO: MATERIAIS ELÉTRICOS E ELETRÔNICOS., MATERIAL CONDUTOR: COBRE ELETROLÍTICO, MATERIAL ISOLAMENTO NÚCLEO: TERMOPLÁSTICO E ALUMÍNIO, QUANTIDADE PARES: 50, TIPO: CTP/APL 50 X 50, MATERIAL: CABO BLINDADO","M",24.95,1000.0,24950.0]
["185/2026","Aprovada",null,"DTEL - SEINFRA E OUTROS - AQUISIÇÃO DE FIOS E CABOS ELÉTRICOS","BENS",153052.0,"2025-12-01","2026-06-01",182.0,"DTEL - DIRETORIA DE TELECOMUNICAÇÕES","1022/2025","Médio",54.0,"2026-05-01","Material",6145.0,"Fios e cabos elétricos",7543.0,"Fio Telefônico",249786.0,"bitola: 0,50, cor: preto e branco, material condutor: cobre, material isolamento: pvc, tipo: jump, quantidade condutor: 2","UN",264.41,2.0,528.82]
["185/2026","Aprovada",null,"DTEL - SEINFRA E OUTROS - AQUISIÇÃO DE FIOS E CABOS ELÉTRICOS","BENS",153052.0,"2025-12-01","2026-06-01",182.0,"DTEL - DIRETORIA DE TELECOMUNICAÇÕES","1022/2025","Médio",55.0,"2026-05-01","Material",6145.0,"Fios e cabos elétricos",7543.0,"Fio Telefônico",235424.0,"bitola: 0,50, cor: preto e laranja, material condutor: cobre, material isolamento: pvc, tipo: jump, quantidade condutor: 2","UN",353.94,2.0,707.88]
["185/2026","Aprovada",null,"DTEL - SEINFRA E OUTROS - AQUISIÇÃO DE FIOS E CABOS ELÉTRICOS","BENS",153052.0,"2025-12-01","2026-06-01",182.0,"DTEL - DIRETORIA DE TELECOMUNICAÇÕES","1022/2025","Médio",75.0,"2026-05-01","Material",6145.0,"Fios e cabos elétricos",14943.0,"Cabo Áudio E Vídeo",428667.0,"conectores: p2-p2, material cobertura: pvc, material condutor: cobre, material conector: cobre cobertura de carbono, resistência ôhmica máxima: 75 ohms","UN",20.25,20.0,405.0]
["185/2026","Aprovada",null,"DTEL - SEINFRA E OUTROS - AQUISIÇÃO DE FIOS E CABOS ELÉTRICOS","BENS",153052.0,"2025-12-01","2026-06-01",182.0,"DTEL - DIRETORIA DE TELECOMUNICAÇÕES","1022/2025","Médio",76.0,"2026-05-01","Material",6145.0,"Fios e cabos elétricos",14943.0,"Cabo Áudio E Vídeo",428668.0,"conectores: p2-p10, material cobertura: pvc, material condutor: cobre, material conector: cobre cobertura de carbono, resistência ôhmica máxima: 75 ohms","UN",32.98,20.0,659.6]
["185/2026","Aprovada",null,"DTEL - SEINFRA E OUTROS - AQUISIÇÃO DE FIOS E CABOS ELÉTRICOS","BENS",153052.0,"2025-12-01","2026-06-01",182.0,"DTEL - DIRETORIA DE TELECOMUNICAÇÕES","1022/2025","Médio",77.0,"2026-05-01","Material",6145.0,"Fios e cabos elétricos",14943.0,"Cabo Áudio E Vídeo",424072.0,"bitola: 22, características adicionais: conector montagem por solda com bucha, comprimento: 10, conectores: xlr fêmea-xlr macho, diâmetro nominal: 6, material condutor: cobre, material conector: niquelado cobertura de carbono, tipo cabo: blindado e balanceado","UN",61.17,20.0,1223.4]
["185/2026","Aprovada",null,"DTEL - SEINFRA E OUTROS - AQUISIÇÃO DE FIOS E CABOS ELÉTRICOS","BENS",153052.0,"2025-12-01","2026-06-01",182.0,"DTEL - DIRETORIA DE TELECOMUNICAÇÕES","1022/2025","Médio",78.0,"2026-05-01","Material",6145.0,"Fios e cabos elétricos",14943.0,"Cabo Áudio E Vídeo",356728.0,"aplicação: transmissão de sinal de áudio mono, características adicionais: blindado e flexível, comprimento: 6, conectores: p10-p10, material condutor: cobre, material isolamento condutor: polietileno","UN",109.81,20.0,2196.2]
["185/2026","Aprovada",null,"DTEL - SEINFRA E OUTROS - AQUISIÇÃO DE FIOS E CABOS ELÉTRICOS","BENS",153052.0,"2025-12-01","2026-06-01",182.0,"DTEL - DIRETORIA DE TELECOMUNICAÇÕES","1022/2025","Médio",79.0,"2026-05-01","Material",6145.0,"Fios e cabos elétricos",14943.0,"Cabo Áudio E Vídeo",426977.0,"características adicionais: profissional, comprimento: 10, conectores: xlr fêmea-xlr macho, material condutor: cobre","UN",118.7,20.0,2374.0]
["185/2026","Aprovada",null,"DTEL - SEINFRA E OUTROS - AQUISIÇÃO DE FIOS E CABOS ELÉTRICOS","BENS",153052.0,"2025-12-01","2026-06-01",182.0,"DTEL - DIRETORIA DE TELECOMUNICAÇÕES","1022/2025","Médio",80.0,"2026-05-01","Material",6145.0,"Fios e cabos elétricos",14943.0,"Cabo Áudio E Vídeo",479549.0,"aplicação: vídeo tv projetores dvds receivers sinais s-vhs, características adicionais: balanceado, blindado e flexível, conectores: macho-macho, material condutor: cobre, tipo cabo: hdmi","UN",32.13,120.0,3855.6]
["185/2026","Aprovada",null,"DTEL - SEINFRA E OUTROS - AQUISIÇÃO DE FIOS E CABOS ELÉTRICOS","BENS",153052.0,"2025-12-01","2026-06-01",182.0,"DTEL - DIRETORIA DE TELECOMUNICAÇÕES","1022/2025","Médio",81.0,"2026-05-01","Material",6145.0,"Fios e cabos elétricos",14943.0,"Cabo Áudio E Vídeo",479549.0,"aplicação: vídeo tv projetores dvds receivers sinais s-vhs, características adicionais: balanceado, blindado e flexível, conectores: macho-macho, material condutor: cobre, tipo cabo: hdmi","UN",29.0,200.0,5800.0]
["161/2026","Aprovada",null,"DLOG - Serviços regularização do imobilizado e avaliação patrimonial","SERVICOS",153052.0,"2026-02-02","2026-12-30",331.0,"DLOG - DIRETORIA DE LOGÍSTICA","919/2025","Médio",1.0,"2026-12-31","Serviço",859.0,"OUTROS SERVIÇOS DE SUPORTE",{"$nulls":5},1140000.0,1.0,1140000.0]
["155/2026","Aprovada",null,"PROAD -  Serviços de Copa/Cozinha/Lavanderia - Goiânia e Firminópolis","SERVICOS",153052.0,"2025-11-21","2026-01-02",42.0,"PROAD - PRO-REITORIA DE ADMINISTRAÇÃO E FINANÇAS","628/2025","Médio",1.0,"2026-01-23","Serviço",881.0,"SERVIÇOS DE MANUFATURA EM INSUMOS FÍSICOS QUE SAO PROPRIEDADE DE OUTROS(EXCETO MAQUINARIA E EQUIPAMENTO)",null,null,30180.0,"SERVIÇOS DIVERSOS DE AUXILIAR DE COZINHA",null,52559.64,8.0,420477.12]
["155/2026","Aprovada",null,"PROAD -  Serviços de Copa/Cozinha/Lavanderia - Goiânia e Firminópolis","SERVICOS",153052.0,"2025-11-21","2026-01-02",42.0,"PROAD - PRO-REITORIA DE ADMINISTRAÇÃO E FINANÇAS","628/2025","Médio",2.0,"2026-01-23","Serviço",851.0,"SERVIÇOS DE AGÊNCIAS DE EMPREGOS E FORNECIMENTO DE PESSOAL",null,null,19399.0,"PRESTAÇÃO DE SERVIÇOS DE COZINHEIRO",null,71197.32,6.0,427183.92]
["155/2026","Aprovada",null,"PROAD -  Serviços de Copa/Cozinha/Lavanderia - Goiânia e Firminópolis","SERVICOS",153052.0,"2025-11-21","2026-01-02",42.0,"PROAD - PRO-REITORIA DE ADMINISTRAÇÃO E FINANÇAS","628/2025","Médio",3.0,"2026-01-23","Serviço",853.0,"SERVIÇOS DE LIMPEZA",null,null,19542.0,"PRESTAÇÃO DE SERVIÇOS DE LAVANDERIA",null,52592.16,2.0,105184.32]
["155/2026","Aprovada",null,"PROAD -  Serviços de Copa/Cozinha/Lavanderia - Goiânia e Firminópolis","SERVICOS",153052.0,"2025-11-21","2026-01-02",42.0,"PROAD - PRO-REITORIA DE ADMINISTRAÇÃO E FINANÇAS","628/2025","Médio",4.0,"2026-01-23","Serviço",859.0,"OUTROS SERVIÇOS DE SUPORTE",null,null,14397.0,"PRESTAÇÃO DE SERVIÇOS DE COPEIRAGEM",null,42779.04,1.0,42779.04]
["155/2026","Aprovada",null,"PROAD -  Serviços de Copa/Cozinha/Lavanderia - Goiânia e Firminópolis","SERVICOS",153052.0,"2025-11-21","2026-01-02",42.0,"PROAD - PRO-REITORIA DE ADMINISTRAÇÃO E FINANÇAS","628/2025","Médio",5.0,"2026-01-23","Serviço",859.0,"OUTROS SERVIÇOS DE SUPORTE",null,null,5363.0,"PRESTAÇÃO DE SERVIÇOS DE GARÇON",null,52610.64,2.0,105221.28]
["154/2026","Aprovada",null,"PROAD - Recepcionistas, Bombeiro Civil e Segurança  para apoio em eventos do Centro de Eventos","SERVICOS",153052.0,"2025-12-01","2026-04-29",149.0,"PROAD - PRO-REITORIA DE ADMINISTRAÇÃO E FINANÇAS","971/2025","Médio",1.0,"2026-04-29","Serviço",851.0,"Serviços De Agências De Empregos E Fornecimento De Pessoal",null,null,8729.0,"Prestação de Serviços de Portaria / Recepção",null,29600.0,1.0,29600.0]
["154/2026","Aprovada",null,"PROAD - Recepcionistas, Bombeiro Civil e Segurança  para apoio em eventos do Centro de Eventos","SERVICOS",153052.0,"2025-12-01","2026-04-29",149.0,"PROAD - PRO-REITORIA DE ADMINISTRAÇÃO E FINANÇAS","974/2025","Médio",1.0,"2026-08-03","Serviço",852.0,"Serviços De Investigação E Segurança",null,null,23795.0,"Prestação de Serviço de  Vigilância e Segurança - Orgânica -24 Horas Diuturnas",null,230.0,1260.0,289800.0]
["154/2026","Aprovada",null,"PROAD - Recepcionistas, Bombeiro Civil e Segurança  para apoio em eventos do Centro de Eventos","SERVICOS",153052.0,"2025-12-01","2026-04-29",149.0,"PROAD - PRO-REITORIA DE ADMINISTRAÇÃO E FINANÇAS","975/2025","Médio",1.0,"2026-08-03","Serviço",852.0,"Serviços De Investigação E Segurança",null,null,25550.0,"Serviços de Prevenção Combate Incêndio / Brigadista",null,212.0,576.0,122112.0]
["152/2026","Aprovada",null,"PROAD - LOCAÇÃO IMÓVEL EM GOIÁS","SERVICOS",153052.0,"2026-02-23","2026-08-24",182.0,"PROAD - PRO-REITORIA DE ADMINISTRAÇÃO E FINANÇAS","967/2025","Médio",1.0,"2026-08-22","Serviço",721.0,"Serviços Imobiliários Relativos A Locação Ou Arrendamento",null,null,4316.0,"Locação de Imóvel",null,44771.64,12.0,537259.68]
["82/2026","Aprovada",null,"FCT - EQUIPAMENTOS PARA RU","BENS",153052.0,"2026-01-15","2026-06-15",151.0,"FCT- FACULDADE DE CIÊNCIAS E TECNOLOGIA","871/2025","Médio",1.0,"2026-06-15","Material",7360.0,"Jogos, conjuntos  e  equipamentos para preparar e servir alimentos",3300.0,"Bandeja De Aço",473187.0,"aplicação: servir refeições, características adicionais: padrão gn 1/1, tela expandida 45mm, comprimento: 530, largura: 325, material: aço inoxidável","UN",72.05,200.0,14410.0]
["82/2026","Aprovada",null,"FCT - EQUIPAMENTOS PARA RU","BENS",153052.0,"2026-01-15","2026-06-15",151.0,"FCT- FACULDADE DE CIÊNCIAS E TECNOLOGIA","871/2025","Médio",2.0,"2026-06-15","Material",4110.0,"Equipamento para refrigeração",3489.0,"Bebedouro Água",608519.0,"características adicionais: com duas torneiras acionamento elétrico através de, material gabinete: aço inoxidável, tipo: pressão, voltagem: 220","UN",1374.44,2.0,2748.88]
["82/2026","Aprovada",null,"FCT - EQUIPAMENTOS PARA RU","BENS",153052.0,"2026-01-15","2026-06-15",151.0,"FCT- FACULDADE DE CIÊNCIAS E TECNOLOGIA","871/2025","Médio",3.0,"2026-06-15","Material",7310.0,"Equipamentos para cozinhar, assar e servir alimentos",11535.0,"Refresqueira",294226.0,"capacidade: 50, material depósito: aço inoxidável, material estrutura: aço inoxidável, tensão: 220, tipo: 2 torneiras","UN",4250.0,1.0,4250.0]
["82/2026","Aprovada",null,"FCT - EQUIPAMENTOS PARA RU","BENS",153052.0,"2026-01-15","2026-06-15",151.0,"FCT- FACULDADE DE CIÊNCIAS E TECNOLOGIA","871/2025","Médio",4.0,"2026-06-15","Material",7240.0,"Recepientes para uso doméstico e comercial",15740.0,"Conjunto Lixeira Coleta Seletiva",612129.0,"aplicação: coleta de lixo, capacidade: 60, cor: azul, vermelha, amarela e cinza, material: polietileno, quantidade lixeiras: 4","CJ",614.5,2.0,1229.0]
["82/2026","Aprovada",null,"FCT - EQUIPAMENTOS PARA RU","BENS",153052.0,"2026-01-15","2026-06-15",151.0,"FCT- FACULDADE DE CIÊNCIAS E TECNOLOGIA","871/2025","Médio",5.0,"2026-06-15","Material",3510.0,"Equipamentos de lavanderia e lavagem a seco",16409.0,"Máquina Lavar Louças",254479.0,"altura: 890, capacidade: 13, características adicionais: 01 porta frontal, ciclo de 120 segundos, largura: 600, material: aço inoxidável, modelo: profissional, potência motor: 0,75, profundidade: 592, voltagem: 220","UN",15775.0,1.0,15775.0]
["82/2026","Aprovada",null,"FCT - EQUIPAMENTOS PARA RU","BENS",153052.0,"2026-01-15","2026-06-15",151.0,"FCT- FACULDADE DE CIÊNCIAS E TECNOLOGIA","871/2025","Médio",6.0,"2026-06-15","Material",7125.0,"Armários e estantes",334.0,"Estante Metálica",448683.0,"altura: 1,80, características adicionais: prateleiras gradeadas, largura: 1,00, material: aço inox aisi 304, profundidade: 0,60, quantidade prateleiras: 4","UN",1489.0,1.0,1489.0]
["82/2026","Aprovada",null,"FCT - EQUIPAMENTOS PARA RU","BENS",153052.0,"2026-01-15","2026-06-15",151.0,"FCT- FACULDADE DE CIÊNCIAS E TECNOLOGIA","871/2025","Médio",7.0,"2026-06-15","Material",7125.0,"Armários e estantes",334.0,"Estante Metálica",445085.0,"altura: 1,75, capacidade: 200, características adicionais: prateleiras gradeadas, largura: 1,50, material: aço inoxidável aisi 304 18.8, profundidade: 55, quantidade prateleiras: 4, tipo prateleiras: reguláveis e removíveis","UN",2080.0,1.0,2080.0]
["82/2026","Aprovada",null,"FCT - EQUIPAMENTOS PARA RU","BENS",153052.0,"2026-01-15","2026-06-15",151.0,"FCT- FACULDADE DE CIÊNCIAS E TECNOLOGIA","871/2025","Médio",8.0,"2026-06-15","Material",7195.0,"Mobiliários diversos e acessórios",3249.0,"Balcão Térmico",615669.0,"altura: 90, características adicionais: protetor salivar, aquecimento resistência elétrica, componentes: tampo em  granito, corre bandeja, comprimento: 220, largura: 77, material: aço inoxidável, quantidade recipiente: 6, tipo recipientes: gn's 1/1","UN",6899.99,1.0,6899.99]
["82/2026","Aprovada",null,"FCT - EQUIPAMENTOS PARA RU","BENS",153052.0,"2026-01-15","2026-06-15",151.0,"FCT- FACULDADE DE CIÊNCIAS E TECNOLOGIA","871/2025","Médio",9.0,"2026-06-15","Material",7195.0,"Mobiliários diversos e acessórios",3249.0,"Balcão Térmico",254460.0,"altura: 85, características adicionais: vitrine superior vidro reto de 10mm de espessura, componentes: com tanque banho maria, comprimento: 215, largura: 120, material: aço inoxidável, quantidade recipiente: 6, tipo recipientes: gn 1/1-200 com alças móveis e tampa, tipo rodízio: dois laterais de corre bandeja","UN",2711.5,1.0,2711.5]
["82/2026","Aprovada",null,"FCT - EQUIPAMENTOS PARA RU","BENS",153052.0,"2026-01-15","2026-06-15",151.0,"FCT- FACULDADE DE CIÊNCIAS E TECNOLOGIA","871/2025","Médio",10.0,"2026-06-15","Material",4110.0,"Equipamento para refrigeração",14072.0,"Freezer Vertical",621816.0,"altura: 170, aplicação: laboratório, capacidade: 300, características adicionais: painel de controle digital, alarme visual e sonoro, largura: 60, profundidade: 60, quantidade de portas: 1, temperatura operação: -30 a -86, voltagem: 127 / 220","UN",3803.0,1.0,3803.0]
["82/2026","Aprovada",null,"FCT - EQUIPAMENTOS PARA RU","BENS",153052.0,"2026-01-15","2026-06-15",151.0,"FCT- FACULDADE DE CIÊNCIAS E TECNOLOGIA","871/2025","Médio",11.0,"2026-06-15","Material",4110.0,"Equipamento para refrigeração",14437.0,"Refrigerador Expositor",232283.0,"aplicação: refrigeração enlatados e congelados, capacidade: 405, características adicionais: porta de vidro transparente, tipo: vertical","UN",4321.37,1.0,4321.37]
["82/2026","Aprovada",null,"FCT - EQUIPAMENTOS PARA RU","BENS",153052.0,"2026-01-15","2026-06-15",151.0,"FCT- FACULDADE DE CIÊNCIAS E TECNOLOGIA","871/2025","Médio",12.0,"2026-06-15","Material",7110.0,"Mobiliário para escritório",13726.0,"Mesa Apoio",611654.0,"acabamento estrutura: chapa de aço, altura: 0,76, características adicionais: pés metálicos, largura: 1,40, material estrutura: aço, material tampo: mdf, profundidade: 0,70, revestimento tampo: laminado melamínico","UN",1320.0,1.0,1320.0]
["82/2026","Aprovada",null,"FCT - EQUIPAMENTOS PARA RU","BENS",153052.0,"2026-01-15","2026-06-15",151.0,"FCT- FACULDADE DE CIÊNCIAS E TECNOLOGIA","871/2025","Médio",13.0,"2026-06-15","Material",7310.0,"Equipamentos para cozinhar, assar e servir alimentos",1056.0,"Chapa Assadeira/Fritadeira",442496.0,"altura: 90, características adicionais: pés com sapatas/gaveta de residuos/chaminé e gabin, comprimento: 90, funcionamento: gás, largura: 96, material: aço inoxidável aisi 304, material queimador: aço inoxidável","UN",4760.18,1.0,4760.18]
["82/2026","Aprovada",null,"FCT - EQUIPAMENTOS PARA RU","BENS",153052.0,"2026-01-15","2026-06-15",151.0,"FCT- FACULDADE DE CIÊNCIAS E TECNOLOGIA","871/2025","Médio",14.0,"2026-06-15","Material",7195.0,"Mobiliários diversos e acessórios",3249.0,"Balcão Térmico",451566.0,"altura: 91, características adicionais: banho maria, componentes: cubas, comprimento: 175, largura: 76, material: aço inoxidável, quantidade recipiente: 4","UN",3763.11,1.0,3763.11]
["82/2026","Aprovada",null,"FCT - EQUIPAMENTOS PARA RU","BENS",153052.0,"2026-01-15","2026-06-15",151.0,"FCT- FACULDADE DE CIÊNCIAS E TECNOLOGIA","871/2025","Médio",15.0,"2026-06-15","Material",7125.0,"Armários e estantes",218.0,"Estante",422754.0,"altura: 160, largura: 120, material: aço inox 304, profundidade: 50, quantidade prateleiras: 4, tipo prateleiras: fixas","UN",1499.0,3.0,4497.0]
["82/2026","Aprovada",null,"FCT - EQUIPAMENTOS PARA RU","BENS",153052.0,"2026-01-15","2026-06-15",151.0,"FCT- FACULDADE DE CIÊNCIAS E TECNOLOGIA","871/2025","Médio",16.0,"2026-06-15","Material",7220.0,"Revestimentos para pisos",14647.0,"Estrado Modular",316739.0,"altura: 10, capacidade carga: até 4 ton/m², características adicionais: antiderrapante /com aberturas /com encaixe modular, comprimento: 100, cor: branca, largura: 80, material: polipropileno","UN",126.0,8.0,1008.0]
["82/2026","Aprovada",null,"FCT - EQUIPAMENTOS PARA RU","BENS",153052.0,"2026-01-15","2026-06-15",151.0,"FCT- FACULDADE DE CIÊNCIAS E TECNOLOGIA","871/2025","Médio",17.0,"2026-06-15","Material",6670.0,"Escalas e balanças",14489.0,"Balança Eletrônica",446942.0,"capacidade pesagem: 60, características adicionais: de bancada e divisões de 10 gramas, freqüência: 50/60, material: aço carbono, número dígitos: 6, sensibilidade: classe de exatidão iii, tipo: coluna articulada, tipo painel: display lcd, teclado membrana selada, voltagem: bateria interna recarregável, adaptador 12 vac-220","UN",1619.5,1.0,1619.5]
["82/2026","Aprovada",null,"FCT - EQUIPAMENTOS PARA RU","BENS",153052.0,"2026-01-15","2026-06-15",151.0,"FCT- FACULDADE DE CIÊNCIAS E TECNOLOGIA","871/2025","Médio",18.0,"2026-06-15","Material",6670.0,"Escalas e balanças",14489.0,"Balança Eletrônica",444157.0,"capacidade pesagem: 15, características adicionais: plataforma aço inoxidável, pés reguláveis e antiad, dimensões: 375 x 425, material: aço carbono, número dígitos: 5, tipo: digital, tipo painel: lcd, voltagem: bivolt","UN",592.0,2.0,1184.0]
["82/2026","Aprovada",null,"FCT - EQUIPAMENTOS PARA RU","BENS",153052.0,"2026-01-15","2026-06-15",151.0,"FCT- FACULDADE DE CIÊNCIAS E TECNOLOGIA","871/2025","Médio",19.0,"2026-06-15","Material",7125.0,"Armários e estantes",14421.0,"Prateleira",445204.0,"capacidade: 150, características adicionais: fixada por mão francesa em aço inox, comprimento: 1,40, espessura: 1,00, largura: 0,40, material: aço inoxidável aisi 304, tipo: suspensa","UN",617.5,4.0,2470.0]
["82/2026","Aprovada",null,"FCT - EQUIPAMENTOS PARA RU","BENS",153052.0,"2026-01-15","2026-06-15",151.0,"FCT- FACULDADE DE CIÊNCIAS E TECNOLOGIA","871/2025","Médio",20.0,"2026-06-15","Material",7125.0,"Armários e estantes",14421.0,"Prateleira",484164.0,"altura: 160, capacidade: 250, características adicionais: 4 rodízios (02 fixos e 02 giratórios com trava), largura: 240, material: aço inox aisi 304, profundidade: 40, tipo: 3 prateleiras com proteção nas laterais e fundos, uso: armazenagem em câmara fria","UN",446.0,8.0,3568.0]
["82/2026","Aprovada",null,"FCT - EQUIPAMENTOS PARA RU","BENS",153052.0,"2026-01-15","2026-06-15",151.0,"FCT- FACULDADE DE CIÊNCIAS E TECNOLOGIA","871/2025","Médio",21.0,"2026-06-15","Material",3920.0,"Equipamentos não autopropulsionado para movimentação  de  materiais",4584.0,"Carrinho Transporte",609142.0,"altura: 1.310, aplicação: movimentação material, capacidade: 350, comprimento: 460, largura: 500, material: alumínio, material rodas: aro metálico, pneu e câmara, quantidade rodas: 4, tipo: 2 em 1: plataforma/armazém","UN",394.25,1.0,394.25]
["82/2026","Aprovada",null,"FCT - EQUIPAMENTOS PARA RU","BENS",153052.0,"2026-01-15","2026-06-15",151.0,"FCT- FACULDADE DE CIÊNCIAS E TECNOLOGIA","871/2025","Médio",22.0,"2026-06-15","Material",7105.0,"Mobiliário doméstico",312.0,"Banqueta",622658.0,"acabamento estrutura: escovado, altura: 80, características adicionais: encosto quadrado, 30cm x 15cm, material base assento: aço inoxidável, material estrutura: aço inoxidável, tipo assento: fixo","UN",345.0,6.0,2070.0]
["82/2026","Aprovada",null,"FCT - EQUIPAMENTOS PARA RU","BENS",153052.0,"2026-01-15","2026-06-15",151.0,"FCT- FACULDADE DE CIÊNCIAS E TECNOLOGIA","871/2025","Médio",23.0,"2026-06-15","Material",3920.0,"Equipamentos não autopropulsionado para movimentação  de  materiais",4584.0,"Carrinho Transporte",620947.0,"altura: 80, aplicação: transporte de materiais, capacidade: 80, características adicionais: puxador duplo, comprimento: 80, largura: 70, material: aço inox aisi 201, quantidade rodas: 04 rodizios de 2 pol com trava, tipo: 2 prateleiras","UN",1099.1,1.0,1099.1]
["82/2026","Aprovada",null,"FCT - EQUIPAMENTOS PARA RU","BENS",153052.0,"2026-01-15","2026-06-15",151.0,"FCT- FACULDADE DE CIÊNCIAS E TECNOLOGIA","871/2025","Médio",24.0,"2026-06-15","Material",3920.0,"Equipamentos não autopropulsionado para movimentação  de  materiais",4584.0,"Carrinho Transporte",613994.0,"altura: 100, comprimento: 70, largura: 50, material: aço inoxidável aisi 304, quantidade rodas: 2 rodízios fixos e 2 giratórios, tipo: plataforma","UN",1320.0,1.0,1320.0]
["82/2026","Aprovada",null,"FCT - EQUIPAMENTOS PARA RU","BENS",153052.0,"2026-01-15","2026-06-15",151.0,"FCT- FACULDADE DE CIÊNCIAS E TECNOLOGIA","871/2025","Médio",25.0,"2026-06-15","Material",4110.0,"Equipamento para refrigeração",270.0,"Refrigerador Alimentos",630711.0,"capacidade: 810, características adicionais: revestimento externo aço inoxidável escovado, cor: inox, quantidade portas: 4, tensão alimentação: 220","UN",6974.85,1.0,6974.85]
["82/2026","Aprovada",null,"FCT - EQUIPAMENTOS PARA RU","BENS",153052.0,"2026-01-15","2026-06-15",151.0,"FCT- FACULDADE DE CIÊNCIAS E TECNOLOGIA","871/2025","Médio",26.0,"2026-06-15","Material",4110.0,"Equipamento para refrigeração",14072.0,"Freezer Vertical",623599.0,"altura: 209,9, aplicação: cozinha industrial, capacidade: 1.045, características adicionais: refrigeração por ar forçado, cor: inox, funções: degelo automático, com indicador de temperatura, largura: 122,6, profundidade: 84,2, quantidade de portas: 4, temperatura operação: -20º a -12º, tipo porta: cegas com resistência, voltagem: 220","UN",16618.2,1.0,16618.2]
["82/2026","Aprovada",null,"FCT - EQUIPAMENTOS PARA RU","BENS",153052.0,"2026-01-15","2026-06-15",151.0,"FCT- FACULDADE DE CIÊNCIAS E TECNOLOGIA","871/2025","Médio",27.0,"2026-06-15","Material",4430.0,"Fornalhas, fornos e estufas industriais",7765.0,"Forno Industrial",615725.0,"altura: 1872, capacidade: 90, capacidade produção: 20 gns 1/1 trolley -  20 gns inserção longitudinal, características adicionais: espaçamento entre trilhos: 62 mm, comprimento: 877, largura: 913, material: chapa aço inoxidável, potência motor: 34,1, tensão alimentação: 220/380, tipo: elétrico combinado, tipo câmera: inserção longitudinal 1/1, 1/2, 2/3, 1/3, 2/8 gn","UN",20003.5,1.0,20003.5]
["82/2026","Aprovada",null,"FCT - EQUIPAMENTOS PARA RU","BENS",153052.0,"2026-01-15","2026-06-15",151.0,"FCT- FACULDADE DE CIÊNCIAS E TECNOLOGIA","871/2025","Médio",28.0,"2026-06-15","Material",4110.0,"Equipamento para refrigeração",12405.0,"Câmara Frigorífica",442518.0,"características adicionais: 17 pares de suportes reguláveis/controlador de tem, material: aço inoxidável aisi 304, material isolamento térmico: poliuretano injetado, quantidade de portas: 02, sistema refrigeração: circulação de ar forçado, tipo: pass-thru vertical","UN",7780.0,1.0,7780.0]
["82/2026","Aprovada",null,"FCT - EQUIPAMENTOS PARA RU","BENS",153052.0,"2026-01-15","2026-06-15",151.0,"FCT- FACULDADE DE CIÊNCIAS E TECNOLOGIA","871/2025","Médio",29.0,"2026-06-15","Material",4110.0,"Equipamento para refrigeração",12405.0,"Câmara Frigorífica",474507.0,"características adicionais: dimensões aproximadas: 3275x1275x2170mm, material: aço inoxidável aisi 304, material isolamento térmico: poliuretano injetado, quantidade de portas: 02, sistema refrigeração: circulação de ar forçado, tipo: pass-thru vertical","UN",13986.0,1.0,13986.0]
["82/2026","Aprovada",null,"FCT - EQUIPAMENTOS PARA RU","BENS",153052.0,"2026-01-15","2026-06-15",151.0,"FCT- FACULDADE DE CIÊNCIAS E TECNOLOGIA","871/2025","Médio",30.0,"2026-06-15","Material",7330.0,"Utensílios e ferramentas manuais de cozinha",1058.0,"Caldeirão",304601.0,"capacidade: 100, características adicionais: a gás, vapor autogerado, material: aço inox aisi 304, tamanho: grande","UN",10389.0,1.0,10389.0]
["82/2026","Aprovada",null,"FCT - EQUIPAMENTOS PARA RU","BENS",153052.0,"2026-01-15","2026-06-15",151.0,"FCT- FACULDADE DE CIÊNCIAS E TECNOLOGIA","871/2025","Médio",31.0,"2026-06-15","Material",7310.0,"Equipamentos para cozinhar, assar e servir alimentos",1070.0,"Fogão Industrial",451453.0,"aplicação: cozinhar e assar alimentos, características adicionais: 1 queimador dupla chama, grelhas em ferro fundido, funcionamento: gás, material: aço inoxidável, quantidade bocas: 2, tipo acendimento: manual","UN",641.33,3.0,1923.99]
["82/2026","Aprovada",null,"FCT - EQUIPAMENTOS PARA RU","BENS",153052.0,"2026-01-15","2026-06-15",151.0,"FCT- FACULDADE DE CIÊNCIAS E TECNOLOGIA","871/2025","Médio",32.0,"2026-06-15","Material",7310.0,"Equipamentos para cozinhar, assar e servir alimentos",1070.0,"Fogão Industrial",451453.0,"aplicação: cozinhar e assar alimentos, características adicionais: 1 queimador dupla chama, grelhas em ferro fundido, funcionamento: gás, material: aço inoxidável, quantidade bocas: 2, tipo acendimento: manual","UN",641.33,1.0,641.33]
["82/2026","Aprovada",null,"FCT - EQUIPAMENTOS PARA RU","BENS",153052.0,"2026-01-15","2026-06-15",151.0,"FCT- FACULDADE DE CIÊNCIAS E TECNOLOGIA","871/2025","Médio",33.0,"2026-06-15","Material",7195.0,"Mobiliários diversos e acessórios",9611.0,"Mesa",487700.0,"altura: 0,85, comprimento: 1,00, largura: 0,70, material: aço inoxidável","UN",538.45,3.0,1615.35]
["82/2026","Aprovada",null,"FCT - EQUIPAMENTOS PARA RU","BENS",153052.0,"2026-01-15","2026-06-15",151.0,"FCT- FACULDADE DE CIÊNCIAS E TECNOLOGIA","871/2025","Médio",34.0,"2026-06-15","Material",7195.0,"Mobiliários diversos e acessórios",345.0,"Mesa Metálica Apoio",207677.0,"acabamento superficial: pintura eletrostática a pó, altura: 745, cor: amarela, diâmetro: 695, diâmetro tubo base: 7/8, espessura chapa tampo: 0,90, espessura chapa tubo base: 0,90, formato: quadrado, lado: 590, material: tubos e chapas de aço, peso: 5,35, tratamento superficial: anticorrosivo","UN",1516.0,1.0,1516.0]
["82/2026","Aprovada",null,"FCT - EQUIPAMENTOS PARA RU","BENS",153052.0,"2026-01-15","2026-06-15",151.0,"FCT- FACULDADE DE CIÊNCIAS E TECNOLOGIA","871/2025","Médio",35.0,"2026-06-15","Material",7330.0,"Utensílios e ferramentas manuais de cozinha",1130.0,"Descascador Legumes",404473.0,"capacidade: 8, características adicionais: tampa com abertura, pés antiderrapantes, material: aço inoxidável, potência motor: 0,50","UN",3285.71,1.0,3285.71]
["82/2026","Aprovada",null,"FCT - EQUIPAMENTOS PARA RU","BENS",153052.0,"2026-01-15","2026-06-15",151.0,"FCT- FACULDADE DE CIÊNCIAS E TECNOLOGIA","871/2025","Médio",36.0,"2026-06-15","Material",4110.0,"Equipamento para refrigeração",783.0,"Freezer",439305.0,"capacidade: 500, características adicionais: dupla ação (congelamento e refrig.) pintura epoxi, cor: branca, quantidade portas: 2, sistema degelo: frost free, tensão alimentação: 110/220, tipo: horizontal, tipo portas: sólida","UN",3150.75,2.0,6301.5]
["82/2026","Aprovada",null,"FCT - EQUIPAMENTOS PARA RU","BENS",153052.0,"2026-01-15","2026-06-15",151.0,"FCT- FACULDADE DE CIÊNCIAS E TECNOLOGIA","871/2025","Médio",37.0,"2026-06-15","Material",7320.0,"Equipamentos e aparelhos de cozinha",1125.0,"Processador Alimentos",219088.0,"altura: 450, comprimento: 520, cor: branca, função disco: ralador/fatiador e desfiador, largura: 300, material corpo: alumínio fundido, material externo: aço inoxidável, material tampa: fibra vidro, peso: 27, potência: 1/2, quantidade disco: 5, tensão: 110/220","UN",3784.95,1.0,3784.95]
["82/2026","Aprovada",null,"FCT - EQUIPAMENTOS PARA RU","BENS",153052.0,"2026-01-15","2026-06-15",151.0,"FCT- FACULDADE DE CIÊNCIAS E TECNOLOGIA","871/2025","Médio",38.0,"2026-06-15","Material",7320.0,"Equipamentos e aparelhos de cozinha",9844.0,"Moedor De Carne Industrial",445211.0,"capacidade moagem: 700, material bandeja: aço inoxidável, material corpo: aço inoxidável, potência motor: 3","UN",3553.25,1.0,3553.25]
["82/2026","Aprovada",null,"FCT - EQUIPAMENTOS PARA RU","BENS",153052.0,"2026-01-15","2026-06-15",151.0,"FCT- FACULDADE DE CIÊNCIAS E TECNOLOGIA","871/2025","Médio",39.0,"2026-06-15","Material",7110.0,"Mobiliário para escritório",13726.0,"Mesa Apoio",474140.0,"acabamento estrutura:  lisa (polida), altura: 0,75, características adicionais: rodízios com freio em aço inox, comprimento: 1,50, largura: 0,50, material estrutura: aço inoxidável, material tampo: superfície sólida mineral","UN",1365.0,1.0,1365.0]
["82/2026","Aprovada",null,"FCT - EQUIPAMENTOS PARA RU","BENS",153052.0,"2026-01-15","2026-06-15",151.0,"FCT- FACULDADE DE CIÊNCIAS E TECNOLOGIA","871/2025","Médio",40.0,"2026-06-15","Material",4110.0,"Equipamento para refrigeração",3492.0,"Bebedouro Água Garrafão",389150.0,"capacidade: 1,4, características adicionais: aparador de excesso de água removível, material: plástico e aço carbono, tipo: eletrônico de coluna, voltagem: 110/220","UN",682.73,2.0,1365.46]
["82/2026","Aprovada",null,"FCT - EQUIPAMENTOS PARA RU","BENS",153052.0,"2026-01-15","2026-06-15",151.0,"FCT- FACULDADE DE CIÊNCIAS E TECNOLOGIA","871/2025","Médio",41.0,"2026-06-15","Material",7310.0,"Equipamentos para cozinhar, assar e servir alimentos",1070.0,"Fogão Industrial",465552.0,"altura: 80, aplicação: cozinhar e assar alimentos, características adicionais: chapa bifeteira, 3 bocas simples, 3 bocas duplas,, comprimento: 200, funcionamento: gás, largura: 116, material: ferro fundido, quantidade bocas: 6, tipo acendimento: automático","UN",2127.0,2.0,4254.0]
["144/2026","Aprovada",null,"DCOM - ECNPJ ","SERVICOS",153052.0,"2025-11-20","2026-02-02",74.0,"DCOM - DIRETORIA DE COMPRAS","843/2025","Médio",1.0,"2026-09-16","Serviço",167.0,"Serviços de emissão de certificados digitais",null,null,27243.0,"Emissão de outros tipos de certificados com token",null,200.0,7.0,1400.0]
["144/2026","Aprovada",null,"DCOM - ECNPJ ","SERVICOS",153052.0,"2025-11-20","2026-02-02",74.0,"DCOM - DIRETORIA DE COMPRAS","843/2025","Médio",2.0,"2026-09-16","Serviço",167.0,"Serviços de emissão de certificados digitais",null,null,27162.0,"Emissão de certificado digital a1 para pessoa jurídica",null,200.0,1.0,200.0]
["83/2026","Aprovada",null,"DTEL - MATERIAL E EQUIPAMENTOS PARA CONFECÇÃO DE CRACHÁS","BENS",153052.0,"2025-11-20","2026-04-01",132.0,"DTEL - DIRETORIA DE TELECOMUNICAÇÕES","882/2025","Médio",1.0,"2026-04-01","Material",3590.0,"Equipamentos diversos para serviços profissionais e  comerciais",16887.0,"Equipamentos Diversos Para Serviços Profissionais",483593.0,"características adicionais 2: conexão através de cabo de rede padrão tcp/ip, padrão: rfid usb mifare desfire ev1 mifare plus, tipo 1: leitor e gravador de cartões, uso 1: função criptografar / descriptografar","UN",494.02,2.0,988.04]
["83/2026","Aprovada",null,"DTEL - MATERIAL E EQUIPAMENTOS PARA CONFECÇÃO DE CRACHÁS","BENS",153052.0,"2025-11-20","2026-04-01",132.0,"DTEL - DIRETORIA DE TELECOMUNICAÇÕES","882/2025","Médio",2.0,"2026-04-01","Material",7020.0,"Impressoras",8309.0,"Impressora - Cartão / Crachá",392350.0,"capacidade: mínima de 125 cartões/hora colorido frente e verso, capacidade memória: 16, características adicionais: software p/criação de banco de dados e modelos pad, frequência: 50/60, interface: windows xp/2000/2003/xp/7, mac e linux, material cartão: pvc e pvc composto, resolução mínima: 300, tamanho: iso cr-80 e iso - 7810, voltagem: 110/220","UN",13800.0,3.0,41400.0]
["83/2026","Aprovada",null,"DTEL - MATERIAL E EQUIPAMENTOS PARA CONFECÇÃO DE CRACHÁS","BENS",153052.0,"2025-11-20","2026-04-01",132.0,"DTEL - DIRETORIA DE TELECOMUNICAÇÕES","1027/2025","Baixo",1.0,"2026-04-01","Material",7510.0,"Artigos para escritório",18462.0,"Canteador",391498.0,"aplicação: acabamento crachá, características adicionais: corte de 5mm/90°, comprimento: 120, largura: 200, material: metal","UN",350.0,4.0,1400.0]
["83/2026","Aprovada",null,"DTEL - MATERIAL E EQUIPAMENTOS PARA CONFECÇÃO DE CRACHÁS","BENS",153052.0,"2025-11-20","2026-04-01",132.0,"DTEL - DIRETORIA DE TELECOMUNICAÇÕES","1027/2025","Baixo",2.0,"2026-04-01","Material",8455.0,"Distintivos e insígnias",10833.0,"Cartão Identificação",244928.0,"comprimento: 86, cor: branca, espessura: 0,75, largura: 54, material: pvc","UN",4.02,15000.0,60300.0]
["83/2026","Aprovada",null,"DTEL - MATERIAL E EQUIPAMENTOS PARA CONFECÇÃO DE CRACHÁS","BENS",153052.0,"2025-11-20","2026-04-01",132.0,"DTEL - DIRETORIA DE TELECOMUNICAÇÕES","1027/2025","Baixo",6.0,"2026-04-01","Material",8455.0,"Distintivos e insígnias",11167.0,"Prendedor De Crachá",474051.0,"características adicionais: conforme modelo do órgão, comprimento: 85, largura: 20, material: 100% poliéster, tipo: cordão","UN",18.0,200.0,3600.0]
["83/2026","Aprovada",null,"DTEL - MATERIAL E EQUIPAMENTOS PARA CONFECÇÃO DE CRACHÁS","BENS",153052.0,"2025-11-20","2026-04-01",132.0,"DTEL - DIRETORIA DE TELECOMUNICAÇÕES","1027/2025","Baixo",7.0,"2026-04-01","Material",8455.0,"Distintivos e insígnias",11167.0,"Prendedor De Crachá",474051.0,"características adicionais: conforme modelo do órgão, comprimento: 85, largura: 20, material: 100% poliéster, tipo: cordão","UN",18.0,500.0,9000.0]
["83/2026","Aprovada",null,"DTEL - MATERIAL E EQUIPAMENTOS PARA CONFECÇÃO DE CRACHÁS","BENS",153052.0,"2025-11-20","2026-04-01",132.0,"DTEL - DIRETORIA DE TELECOMUNICAÇÕES","1027/2025","Baixo",8.0,"2026-04-01","Material",8455.0,"Distintivos e insígnias",11167.0,"Prendedor De Crachá",309257.0,"características adicionais: com prendedor metálico tipo jacaré e mecanismo  re, comprimento: 80, cor: azul marinho, cor letras: branca, lado impressão: dos dois lados, largura: 1,00, material: poliéster antialérgico, tipo: fita, tipo impressão: com gravação do logotipo e nome do órgão","UN",5.1,15000.0,76500.0]
["83/2026","Aprovada",null,"DTEL - MATERIAL E EQUIPAMENTOS PARA CONFECÇÃO DE CRACHÁS","BENS",153052.0,"2025-11-20","2026-04-01",132.0,"DTEL - DIRETORIA DE TELECOMUNICAÇÕES","1027/2025","Baixo",9.0,"2026-04-01","Material",8455.0,"Distintivos e insígnias",3691.0,"Protetor Crachá",419177.0,"altura: 86, largura: 54, material: plástico rígido transparente, tipo: vertical","UN",2.73,15000.0,40950.0]
["96/2026","Aprovada",null,"SEINFRA - Contratação de serviços de coleta de entulhos classe A e B","SERVICOS",153052.0,"2025-12-02","2026-06-01",181.0,"SEINFRA - SECRETARIA DE INFRAESTRUTURA","722/2025","Alto",1.0,"2026-01-01","Serviço",853.0,"Serviços De Limpeza",null,null,14265.0,"Coleta de Lixo - Residencial / Comercial / Industrial",null,136000.0,1.0,136000.0]
["91/2026","Aprovada",null,"LABROROCHA - MATERIAIS DIVERSOS DE COLETA E MICROBIOLOGIA","BENS",153052.0,"2025-11-20","2026-03-02",102.0,"LABROROCHA - LABORATÓRIO RÔMULO ROCHA - FF","604/2025","Baixo",1.0,"2026-03-01","Material",6640.0,"EQUIPAMENTOS E ARTIGOS DE LABORATÓRIO",30273.0,"COLETOR DE RESÍDUOS DE SERVIÇO DE SAÚDE",null,null,null,30000.0,1.0,30000.0]
["91/2026","Aprovada",null,"LABROROCHA - MATERIAIS DIVERSOS DE COLETA E MICROBIOLOGIA","BENS",153052.0,"2025-11-20","2026-03-02",102.0,"LABROROCHA - LABORATÓRIO RÔMULO ROCHA - FF","604/2025","Baixo",2.0,"2026-03-01","Material",6640.0,"Equipamentos E Artigos De Laboratório",13114.0,"Tubo Laboratório",null,null,null,20000.0,1.0,20000.0]
["91/2026","Aprovada",null,"LABROROCHA - MATERIAIS DIVERSOS DE COLETA E MICROBIOLOGIA","BENS",153052.0,"2025-11-20","2026-03-02",102.0,"LABROROCHA - LABORATÓRIO RÔMULO ROCHA - FF","604/2025","Baixo",3.0,"2026-03-01","Material",8415.0,"Vestuário para fins especiais",8518.0,"Jaleco",null,null,null,30000.0,1.0,30000.0]
["91/2026","Aprovada",null,"LABROROCHA - MATERIAIS DIVERSOS DE COLETA E MICROBIOLOGIA","BENS",153052.0,"2025-11-20","2026-03-02",102.0,"LABROROCHA - LABORATÓRIO RÔMULO ROCHA - FF","604/2025","Baixo",4.0,"2026-03-01","Material",4240.0,"Equipamento para segurança e salvamento",30247.0,"Luva p/ procedimento de saúde não cirúrgico c/ anvisa",null,null,null,30000.0,1.0,30000.0]
["91/2026","Aprovada",null,"LABROROCHA - MATERIAIS DIVERSOS DE COLETA E MICROBIOLOGIA","BENS",153052.0,"2025-11-20","2026-03-02",102.0,"LABROROCHA - LABORATÓRIO RÔMULO ROCHA - FF","604/2025","Baixo",5.0,"2026-03-01","Material",6840.0,"PESTICIDAS E DESINFETANTES",14487.0,"DESINFETANTE",458768.0,"COMPOSIÇÃO: À BASE DE PHMB, DIDECILDIMETILAMÔNIO, FORMA FÍSICA: EM LENÇO UMIDECIDO, PRINCÍPIO ATIVO: CLORETO ALQUIL DIMETIL BENZIL AMÔNIO","L",100.0,60.0,6000.0]
["91/2026","Aprovada",null,"LABROROCHA - MATERIAIS DIVERSOS DE COLETA E MICROBIOLOGIA","BENS",153052.0,"2025-11-20","2026-03-02",102.0,"LABROROCHA - LABORATÓRIO RÔMULO ROCHA - FF","604/2025","Baixo",6.0,"2026-03-01","Material",3590.0,"EQUIPAMENTOS DIVERSOS PARA SERVIÇOS PROFISSIONAIS E  COMERCIAIS",18189.0,"ÁLCOOL ETÍLICO",null,null,null,24000.0,1.0,24000.0]
["91/2026","Aprovada",null,"LABROROCHA - MATERIAIS DIVERSOS DE COLETA E MICROBIOLOGIA","BENS",153052.0,"2025-11-20","2026-03-02",102.0,"LABROROCHA - LABORATÓRIO RÔMULO ROCHA - FF","604/2025","Baixo",7.0,"2026-03-01","Material",6820.0,"Corantes",{"$nulls":5},30000.0,1.0,30000.0]
["91/2026","Aprovada",null,"LABROROCHA - MATERIAIS DIVERSOS DE COLETA E MICROBIOLOGIA","BENS",153052.0,"2025-11-20","2026-03-02",102.0,"LABROROCHA - LABORATÓRIO RÔMULO ROCHA - FF","604/2025","Baixo",8.0,"2026-03-01","Material",6550.0,"SUBSTÂNCIAS PARA DIAGNÓSTICO \"IN VITRO\",  REAGENTES,  CONJUNTOS E JOGOS PARA TESTE",11521.0,"REAGENTE PARA DIAGNÓSTICO CLÍNICO 4",null,null,null,60000.0,1.0,60000.0]
["91/2026","Aprovada",null,"LABROROCHA - MATERIAIS DIVERSOS DE COLETA E MICROBIOLOGIA","BENS",153052.0,"2025-11-20","2026-03-02",102.0,"LABROROCHA - LABORATÓRIO RÔMULO ROCHA - FF","604/2025","Baixo",9.0,"2026-03-01","Material",6640.0,"Equipamentos e artigos de laboratório",18913.0,"Meio de cultura",null,null,null,20000.0,1.0,20000.0]
["149/2026","Aprovada",null,"CIDARQ - SERVIÇOS DE INSTALAÇÃO DE PELÍCULA DE PROTEÇÃO","SERVICOS",153052.0,"2026-02-02","2026-08-31",210.0,"CIDARQ - CENTRO DE INFORMAÇÃO DOCUMENTO E ARQUIVOS","832/2025","Médio",1.0,"2026-08-31","Serviço",546.0,"Serviços De Instalação",null,null,5584.0,"Instalação de Película de Proteção",null,2432.61,5.0,12163.05]
["39/2026","Aprovada",null,"EQUIPAMENTOS DE REDE E OUTROS DE TIC EM GERAL ? TIC","CONTRATACOES_TIC",153052.0,"2026-04-15","2026-07-24",100.0,"FD - FACULDADE DE DIREITO","339/2025","Médio",1.0,"2026-04-14","Material",5836.0,"EQUIPAMENTOS PARA GRAVAÇÃO E REPRODUÇÃO DE VÍDEO",14650.0,"CÂMERA VIDEOCONFERÊNCIA",626394.0,"CARACTERÍSTICAS ADICIONAIS: PTZ, COMPRESSÃO DE VÍDEO H.265/MJPEG, RESOLUÇÃO: 1080, TIPO LENTE: ZOOM DIGITAL 16X, VELOCIDADE TRANSMISSÃO VÍDEO: 32KBPS ~ 20480KBPS","UN",10000.0,1.0,10000.0]
["39/2026","Aprovada",null,"EQUIPAMENTOS DE REDE E OUTROS DE TIC EM GERAL ? TIC","CONTRATACOES_TIC",153052.0,"2026-04-15","2026-07-24",100.0,"INF - INSTITUTO DE INFORMÁTICA","357/2025","Médio",1.0,"2026-06-30","Material",7050.0,"Equipamentos de rede de tic - local e remota",5522.0,"Switch",618769.0,"alimentação: 110/220, características adicionais: 50 cm de cabo de empilhamento, quantidade portas: 24, tipo: switch gerenciável, tipo portas: sfp+, velocidade porta: 10 gb","UN",80000.0,2.0,160000.0]
["39/2026","Aprovada",null,"EQUIPAMENTOS DE REDE E OUTROS DE TIC EM GERAL ? TIC","CONTRATACOES_TIC",153052.0,"2026-04-15","2026-07-24",100.0,"FCT- FACULDADE DE CIÊNCIAS E TECNOLOGIA","377/2025","Médio",1.0,"2026-06-15","Material",7050.0,"Equipamentos de rede de tic - local e remota",15766.0,"Equipamento Wireless",486317.0,"aplicação: conexão sem fio de equipamentos em rede, características adicionais: rack 19","firewall integrado, velocidade: 100/1000, padrão: 802.11 a/b/g/n/ac, quantidade portas: 8, tensão alimentação: 110/220, tipo: controladora de access point\"","UN",1700.0,4.0,6800.0]
["39/2026","Aprovada",null,"EQUIPAMENTOS DE REDE E OUTROS DE TIC EM GERAL ? TIC","CONTRATACOES_TIC",153052.0,"2026-04-15","2026-07-24",100.0,"PPG Direito e Políticas Públicas - FD-TAXAS","599/2025","Baixo",1.0,"2026-07-31","Material",7040.0,"Equipamentos De Entrada De Dados",13836.0,"Equipamento Videoconferência",385176.0,"capacidade memória: 5 posições na câmara, capacidade zoom: 10, características adicionais: compatível padrão vídeo ntsc, componentes: padrões itu-th.261/h.263/h.264, freqüência: 60, função: transmissão de som e imagem, resolução imagem: 30 e 60 quadros/segundo, resolução vídeo: 352x288 pixels em 4 cif/704x576/sif 352x240, tensão operação: 110/220, tipo áudio: padrões g.711, g.722, g.722.1 e g.728, velocidade mínima: 168 kbps e 768 kpps","UN",25800.0,1.0,25800.0]
["39/2026","Aprovada",null,"EQUIPAMENTOS DE REDE E OUTROS DE TIC EM GERAL ? TIC","CONTRATACOES_TIC",153052.0,"2026-04-15","2026-07-24",100.0,"SIN - SECRETARIA DE INCLUSÃO","752/2025","Alto",1.0,"2026-01-20","Material",7050.0,"Equipamentos de rede de tic - local e remota",5522.0,"Switch",609690.0,"alimentação: 100 a 240, aplicação: conectar servidores e equipamentos em rede, características adicionais: com portas poe, alimentação elétrica com chaveamen, quantidade portas: 48, tipo: switch gerenciável, tipo portas: 10/100/1000 base t, rj45.4, ethernet mini-gbic, velocidade porta: 1000 mbps, 1/10 gbps","UN",10260.0,1.0,10260.0]
["39/2026","Aprovada",null,"EQUIPAMENTOS DE REDE E OUTROS DE TIC EM GERAL ? TIC","CONTRATACOES_TIC",153052.0,"2026-04-15","2026-07-24",100.0,"BC - BIBLIOTECA CENTRAL","759/2025","Médio",1.0,"2026-07-01","Material",7040.0,"Equipamentos de entrada de dados",238.0,"Scanner",606300.0,"aplicação: digitalização de livros, formato: a3, interface: usb, resolução ótica: 280, tensão alimentação: bivolt, tipo: planetário, tipo alimentador papel: manual, voltagem: bivolt","UN",3700.0,3.0,11100.0]
["39/2026","Aprovada",null,"EQUIPAMENTOS DE REDE E OUTROS DE TIC EM GERAL ? TIC","CONTRATACOES_TIC",153052.0,"2026-04-15","2026-07-24",100.0,"RADIO","786/2025","Alto",1.0,"2026-12-22","Material",7050.0,"Equipamentos De Rede De Tic - Local E Remota",2079.0,"Ponto De Acesso",625350.0,"características adicionais: múltiplos ssids; autenticação em wpa3, porta uplin, frequencia nominal: 2.4 e 5.0, padrão: ieee 802.11 ax/ac/n/g/b/a, tipo: wi-fi 6, dual band simultâneo, velocidade wireless: 5ghz: 1000 mbps e  2.4ghz :500","UN",2000.0,5.0,10000.0]
["39/2026","Aprovada",null,"EQUIPAMENTOS DE REDE E OUTROS DE TIC EM GERAL ? TIC","CONTRATACOES_TIC",153052.0,"2026-04-15","2026-07-24",100.0,"RADIO","787/2025","Alto",1.0,"2026-12-22","Material",7080.0,"Peças, acessórios e ferramentas para redes de tic",237.0,"Roteador",267353.0,"características adicionais: com duas portas wan, conectores: rj-45, memória cache: 32, memória ram: 96, protocolo lan: multiprotocolo, protocolo wan: ppp, hdlc, ip, smds, frame relay, recurso adicional: software disponível, tensão alimentação: 110/220, tipo linha: lp, tipo uso: escritório, velocidade: 2.048, velocidade roteamento: 2.048","UN",6000.0,2.0,12000.0]
["39/2026","Aprovada",null,"EQUIPAMENTOS DE REDE E OUTROS DE TIC EM GERAL ? TIC","CONTRATACOES_TIC",153052.0,"2026-04-15","2026-07-24",100.0,"CIDARQ - CENTRO DE INFORMAÇÃO DOCUMENTO E ARQUIVOS","809/2025","Baixo",1.0,"2026-05-30","Material",5836.0,"Equipamentos para gravação e reprodução de vídeo",14650.0,"Câmera Videoconferência",626394.0,"características adicionais: ptz, compressão de vídeo h.265/mjpeg, resolução: 1080, tipo lente: zoom digital 16x, velocidade transmissão vídeo: 32kbps ~ 20480kbps","UN",380.0,5.0,1900.0]
["39/2026","Aprovada",null,"EQUIPAMENTOS DE REDE E OUTROS DE TIC EM GERAL ? TIC","CONTRATACOES_TIC",153052.0,"2026-04-15","2026-07-24",100.0,"CIDARQ - CENTRO DE INFORMAÇÃO DOCUMENTO E ARQUIVOS","812/2025","Alto",1.0,"2026-02-28","Material",7040.0,"Equipamentos de entrada de dados",238.0,"Scanner",606300.0,"aplicação: digitalização de livros, formato: a3, interface: usb, resolução ótica: 280, tensão alimentação: bivolt, tipo: planetário, tipo alimentador papel: manual, voltagem: bivolt","UN",6000.0,1.0,6000.0]
["39/2026","Aprovada",null,"EQUIPAMENTOS DE REDE E OUTROS DE TIC EM GERAL ? TIC","CONTRATACOES_TIC",153052.0,"2026-04-15","2026-07-24",100.0,"CIDARQ - CENTRO DE INFORMAÇÃO DOCUMENTO E ARQUIVOS","829/2025","Médio",1.0,"2026-07-31","Material",7040.0,"EQUIPAMENTOS DE ENTRADA DE DADOS",297.0,"LEITORA MICROFILME",null,null,null,2000.0,1.0,2000.0]
["39/2026","Aprovada",null,"EQUIPAMENTOS DE REDE E OUTROS DE TIC EM GERAL ? TIC","CONTRATACOES_TIC",153052.0,"2026-04-15","2026-07-24",100.0,"PROPESSOAS - PRO-REITORIA DE GESTÃO DE PESSOAS","836/2025","Médio",2.0,"2026-03-31","Material",5836.0,"EQUIPAMENTOS PARA GRAVAÇÃO E REPRODUÇÃO DE VÍDEO",14650.0,"CÂMERA VIDEOCONFERÊNCIA",619778.0,"CARACTERÍSTICAS ADICIONAIS: PTZ, MICROFONE E AUTOFALANTES EMBUTIDOS, RESOLUÇÃO: 3840 X 2160, TIPO LENTE: FOCO AUTOMÁTICO, VELOCIDADE TRANSMISSÃO VÍDEO: 30","UN",1800.0,2.0,3600.0]
["39/2026","Aprovada",null,"EQUIPAMENTOS DE REDE E OUTROS DE TIC EM GERAL ? TIC","CONTRATACOES_TIC",153052.0,"2026-04-15","2026-07-24",100.0,"BC - BIBLIOTECA CENTRAL","855/2025","Médio",1.0,"2026-04-30","Material",7040.0,"Equipamentos De Entrada De Dados",19474.0,"Leitor De Livro Digital",602923.0,"capacidade armazenamento: 8, formato imagem: jpg, bmp, gif, png, formato texto: txt, html, pdf, dpub, djvu, epub, tiff, rtf, cbz,, formato áudio: mp3, wav. e outros formatos, material: abs - acrilonitrila/butadieno/estireno, resolução: 1024 x 768, tamanho tela: 6","UN",7000.0,4.0,28000.0]
["39/2026","Aprovada",null,"EQUIPAMENTOS DE REDE E OUTROS DE TIC EM GERAL ? TIC","CONTRATACOES_TIC",153052.0,"2026-04-15","2026-07-24",100.0,"CIAR- CENTRO INTEGRADO DE APRENDIZAGEM EM REDE","862/2025","Médio",1.0,"2026-06-30","Material",7050.0,"Equipamentos de rede de tic - local e remota",5522.0,"Switch",609690.0,"alimentação: 100 a 240, aplicação: conectar servidores e equipamentos em rede, características adicionais: com portas poe, alimentação elétrica com chaveamen, quantidade portas: 48, tipo: switch gerenciável, tipo portas: 10/100/1000 base t, rj45.4, ethernet mini-gbic, velocidade porta: 1000 mbps, 1/10 gbps","UN",12000.0,1.0,12000.0]
["39/2026","Aprovada",null,"EQUIPAMENTOS DE REDE E OUTROS DE TIC EM GERAL ? TIC","CONTRATACOES_TIC",153052.0,"2026-04-15","2026-07-24",100.0,"DAC - DIRETORIA DE ACESSIBILIDADE","854/2025","Médio",1.0,"2026-06-30","Material",7060.0,"Peças e acessórios para computadores",13510.0,"Teclado Microcomputador",463605.0,"tipo: linha braille, tipo conector: usb/bluetooth","UN",25294.5,2.0,50589.0]
["39/2026","Aprovada",null,"EQUIPAMENTOS DE REDE E OUTROS DE TIC EM GERAL ? TIC","CONTRATACOES_TIC",153052.0,"2026-04-15","2026-07-24",100.0,"SEINFRA - SECRETARIA DE INFRAESTRUTURA","917/2025","Médio",1.0,"2026-03-02","Material",7060.0,"Peças e acessórios para computadores",14360.0,"Câmara De Vídeo",478208.0,"características adicionais: microfones omnidirecionais integrados, formato: h.264 com svc e uvc 1.5, interface: usb, bluetooth, nfc, resolução: 1920 x 1080, tensão alimentação: 110/220, tipo: digital, tipo zoom: digital 4x","UN",440.0,5.0,2200.0]
["39/2026","Aprovada",null,"EQUIPAMENTOS DE REDE E OUTROS DE TIC EM GERAL ? TIC","CONTRATACOES_TIC",153052.0,"2026-04-15","2026-07-24",100.0,"DLOG - DIRETORIA DE LOGÍSTICA","915/2025","Alto",7.0,"2026-06-01","Material",3610.0,"Equipamento para impressão, duplicação e encadernação",10521.0,"Peça / Acessório - Impressora / Copiadora",473249.0,"aplicação 1: impressora kyocera fsc8650dn, referência 2: wt-860, tipo 2: recipiente de resíduo toner","UN",100.0,25.0,2500.0]
["23/2026","Aprovada",null,"APARELHOS TELEFÔNICOS","BENS",153052.0,"2026-05-11","2026-08-14",95.0,"DCOM - DIRETORIA DE COMPRAS","1034/2025","Médio",1.0,"2026-03-02","Material",5805.0,"Equipamento telefônico e telegráfico",1174.0,"Aparelho Telefônico Sem Fio",360028.0,"alimentação: 110/220, características adicionais: carga bateria de 6 horas/2 volumes campainha, cor: preta, função: flash, redial, mute e viva-voz, potência transmissão: 100","UN",125.0,20.0,2500.0]
["25/2026","Aprovada",null,"DLOG E OUTROS - MATERIAIS DE EXPEDIENTE, PAPELARIA, ARTESANATO E EMBALAGEM","BENS",153052.0,"2026-03-09","2026-06-19",102.0,"CEPAE - CENTRO DE ENSINO E PESQUISA APLICADA À EDUCAÇÃO","166/2025","Médio",24.0,"2026-02-03","Material",8105.0,"Sacos e bolsas",11903.0,"Saco Plástico Lixo",230570.0,"altura: 62, aplicação: coleta de resíduos de serviços de saúde, capacidade: 30, características adicionais: leitoso super resistente, cor: branca, largura: 59","PCT",52.0,1.0,52.0]
["25/2026","Aprovada",null,"DLOG E OUTROS - MATERIAIS DE EXPEDIENTE, PAPELARIA, ARTESANATO E EMBALAGEM","BENS",153052.0,"2026-03-09","2026-06-19",102.0,"ICB - INSTITUTO DE CIÊNCIAS BIOLÓGICAS","187/2025","Médio",3.0,"2026-08-31","Material",8020.0,"Pincel para artistas e pintores",1570.0,"Pincel Arte Plástica",362445.0,"formato: redondo, material cabo: acrílico transparente, material cerdas: pêlo sintético, tamanho: 2","UN",2.7,100.0,270.0]
["25/2026","Aprovada",null,"DLOG E OUTROS - MATERIAIS DE EXPEDIENTE, PAPELARIA, ARTESANATO E EMBALAGEM","BENS",153052.0,"2026-03-09","2026-06-19",102.0,"CEPAE - CENTRO DE ENSINO E PESQUISA APLICADA À EDUCAÇÃO","197/2025","Médio",6.0,"2026-03-02","Material",9330.0,"Artigos de plástico",13850.0,"Plástico Adesivo",355339.0,"aplicação: plastificação de documentos, características adicionais: para plastificação quente, cor: incolor, espessura: 0,05, largura: 230","UN",107.0,10.0,1070.0]
["25/2026","Aprovada",null,"DLOG E OUTROS - MATERIAIS DE EXPEDIENTE, PAPELARIA, ARTESANATO E EMBALAGEM","BENS",153052.0,"2026-03-09","2026-06-19",102.0,"CEPAE - CENTRO DE ENSINO E PESQUISA APLICADA À EDUCAÇÃO","197/2025","Médio",10.0,"2026-03-02","Material",7640.0,"Mapas, cartas e globos geográficos",9134.0,"Mapa",621899.0,"características adicionais: riscavél com canetas para quadro branco e apague, comprimento: 1,20, largura: 0,90, material: papel plastificado, material moldura: madeira, tipo: mapa-múndi, tipo madeira: mdf","UN",30.0,2.0,60.0]
["25/2026","Aprovada",null,"DLOG E OUTROS - MATERIAIS DE EXPEDIENTE, PAPELARIA, ARTESANATO E EMBALAGEM","BENS",153052.0,"2026-03-09","2026-06-19",102.0,"CEPAE - CENTRO DE ENSINO E PESQUISA APLICADA À EDUCAÇÃO","197/2025","Médio",11.0,"2026-03-02","Material",7640.0,"Mapas, cartas e globos geográficos",9134.0,"Mapa",275391.0,"características adicionais: com divisão geopolítica do território brasileiro, comprimento: 1,60, largura: 1,30, tipo: mapa do brasil","UN",33.0,2.0,66.0]
["25/2026","Aprovada",null,"DLOG E OUTROS - MATERIAIS DE EXPEDIENTE, PAPELARIA, ARTESANATO E EMBALAGEM","BENS",153052.0,"2026-03-09","2026-06-19",102.0,"CEPAE - CENTRO DE ENSINO E PESQUISA APLICADA À EDUCAÇÃO","199/2025","Médio",1.0,"2026-03-02","Material",8040.0,"Adesivos",10792.0,"Pistola Aplicadora",614153.0,"aplicação: revestimento embalagens, potência: 147, temperatura trabalho: 205, tipo: pistola cola quente, vazão: 10","UN",50.0,3.0,150.0]
["25/2026","Aprovada",null,"DLOG E OUTROS - MATERIAIS DE EXPEDIENTE, PAPELARIA, ARTESANATO E EMBALAGEM","BENS",153052.0,"2026-03-09","2026-06-19",102.0,"CEPAE - CENTRO DE ENSINO E PESQUISA APLICADA À EDUCAÇÃO","199/2025","Médio",3.0,"2026-03-02","Material",3610.0,"Equipamento para impressão, duplicação e encadernação",15447.0,"Filme Plastificação Documento",342930.0,"características adicionais: com solda, comprimento: 307, cor: preta, espessura: 0,05, largura: 220, material: polaseal","PCT",70.0,5.0,350.0]
["25/2026","Aprovada",null,"DLOG E OUTROS - MATERIAIS DE EXPEDIENTE, PAPELARIA, ARTESANATO E EMBALAGEM","BENS",153052.0,"2026-03-09","2026-06-19",102.0,"CEPAE - CENTRO DE ENSINO E PESQUISA APLICADA À EDUCAÇÃO","199/2025","Médio",5.0,"2026-03-02","Material",8040.0,"Adesivos",13894.0,"Cola",439982.0,"aplicação: pistola quente, características adicionais: com 8 mm de diâmetro e 100 mm de comprimento, composição: silicone, cor: incolor, tipo: bastão","UN",1.0,100.0,100.0]
["25/2026","Aprovada",null,"DLOG E OUTROS - MATERIAIS DE EXPEDIENTE, PAPELARIA, ARTESANATO E EMBALAGEM","BENS",153052.0,"2026-03-09","2026-06-19",102.0,"CEPAE - CENTRO DE ENSINO E PESQUISA APLICADA À EDUCAÇÃO","234/2025","Alto",14.0,"2026-03-02","Material",8105.0,"Sacos e bolsas",11902.0,"Saco",460141.0,"altura: 20, gramatura: 0,20, largura: 10, material: plástico, transmitância: transparente","PCT",50.0,6.0,300.0]
["25/2026","Aprovada",null,"DLOG E OUTROS - MATERIAIS DE EXPEDIENTE, PAPELARIA, ARTESANATO E EMBALAGEM","BENS",153052.0,"2026-03-09","2026-06-19",102.0,"CEPAE - CENTRO DE ENSINO E PESQUISA APLICADA À EDUCAÇÃO","234/2025","Alto",15.0,"2026-03-02","Material",8105.0,"Sacos e bolsas",11902.0,"Saco",460048.0,"altura: 50, capacidade: 7, características adicionais: bobina picotada, largura: 35, material: plástico","PCT",33.0,4.0,132.0]
["25/2026","Aprovada",null,"DLOG E OUTROS - MATERIAIS DE EXPEDIENTE, PAPELARIA, ARTESANATO E EMBALAGEM","BENS",153052.0,"2026-03-09","2026-06-19",102.0,"CEPAE - CENTRO DE ENSINO E PESQUISA APLICADA À EDUCAÇÃO","234/2025","Alto",16.0,"2026-03-02","Material",8105.0,"Sacos e bolsas",11902.0,"Saco",460144.0,"altura: 60, gramatura: 0,20, largura: 40, material: plástico, transmitância: transparente","PCT",35.0,4.0,140.0]
["25/2026","Aprovada",null,"DLOG E OUTROS - MATERIAIS DE EXPEDIENTE, PAPELARIA, ARTESANATO E EMBALAGEM","BENS",153052.0,"2026-03-09","2026-06-19",102.0,"CEPAE - CENTRO DE ENSINO E PESQUISA APLICADA À EDUCAÇÃO","234/2025","Alto",18.0,"2026-03-02","Material",8105.0,"SACOS E BOLSAS",11902.0,"SACO",446812.0,"ALTURA: 150, COR: BRANCA, GRAMATURA: 30, LARGURA: 7, MATERIAL: PAPEL MONO","PCT",20.0,34.0,680.0]
["25/2026","Aprovada",null,"DLOG E OUTROS - MATERIAIS DE EXPEDIENTE, PAPELARIA, ARTESANATO E EMBALAGEM","BENS",153052.0,"2026-03-09","2026-06-19",102.0,"CEPAE - CENTRO DE ENSINO E PESQUISA APLICADA À EDUCAÇÃO","234/2025","Alto",19.0,"2026-03-02","Material",8105.0,"SACOS E BOLSAS",11902.0,"SACO",395773.0,"ALTURA: 120, APLICAÇÃO: ACONDICIONAMENTO CACHORRO QUENTE, LARGURA: 200, MATERIAL: PLÁSTICO, TRANSMITÂNCIA: MONOLÚCIDO","PCT",14.0,17.0,238.0]
["25/2026","Aprovada",null,"DLOG E OUTROS - MATERIAIS DE EXPEDIENTE, PAPELARIA, ARTESANATO E EMBALAGEM","BENS",153052.0,"2026-03-09","2026-06-19",102.0,"CEPAE - CENTRO DE ENSINO E PESQUISA APLICADA À EDUCAÇÃO","234/2025","Alto",20.0,"2026-03-02","Material",8105.0,"Sacos e bolsas",11902.0,"Saco",395470.0,"altura: 5, aplicação: acondicionamento talheres, largura: 23, material: plástico","PCT",12.5,3.0,37.5]
["25/2026","Aprovada",null,"DLOG E OUTROS - MATERIAIS DE EXPEDIENTE, PAPELARIA, ARTESANATO E EMBALAGEM","BENS",153052.0,"2026-03-09","2026-06-19",102.0,"CEPAE - CENTRO DE ENSINO E PESQUISA APLICADA À EDUCAÇÃO","234/2025","Alto",21.0,"2026-03-02","Material",9390.0,"Produtos diversos não metálicos",11352.0,"Pvc - Película / Filme",607582.0,"apresentação: bobina, cor: cristal, espessura: 0,10, largura: 61","RO",26.0,4.0,104.0]
["25/2026","Aprovada",null,"DLOG E OUTROS - MATERIAIS DE EXPEDIENTE, PAPELARIA, ARTESANATO E EMBALAGEM","BENS",153052.0,"2026-03-09","2026-06-19",102.0,"CEPAE - CENTRO DE ENSINO E PESQUISA APLICADA À EDUCAÇÃO","234/2025","Alto",27.0,"2026-03-02","Material",8105.0,"Sacos e bolsas",11903.0,"Saco Plástico Lixo",470833.0,"aplicação: coleta de lixo, capacidade: 100, cor: preta, material: polietileno","PCT",27.0,12.0,324.0]
["25/2026","Aprovada",null,"DLOG E OUTROS - MATERIAIS DE EXPEDIENTE, PAPELARIA, ARTESANATO E EMBALAGEM","BENS",153052.0,"2026-03-09","2026-06-19",102.0,"IPTSP - INSTITUTO DE PATOLOGIA TROPICAL E SAÚDE PÚBLICA","141/2025","Médio",112.0,"2026-07-31","Material",8135.0,"Materiais a granel para acondicionamento e embalagem",1310.0,"Papel Embrulho",292993.0,"aplicação: embalagem, apresentação: bobina, cor: natural, gramatura: 80, largura: 60, modelo: liso, peso: 11, tipo papel: kraft","BOB",100.0,1.0,100.0]
["25/2026","Aprovada",null,"DLOG E OUTROS - MATERIAIS DE EXPEDIENTE, PAPELARIA, ARTESANATO E EMBALAGEM","BENS",153052.0,"2026-03-09","2026-06-19",102.0,"FCT- FACULDADE DE CIÊNCIAS E TECNOLOGIA","276/2025","Médio",1.0,"2026-06-15","Material",7520.0,"Acessórios E Dispositivos Para Escritório",18065.0,"Prancheta Portátil",327226.0,"características adicionais: prendedor de papel metálico, suporte para pendurar, comprimento: 340, largura: 235, material: acrílico polido","UN",15.0,40.0,600.0]
["25/2026","Aprovada",null,"DLOG E OUTROS - MATERIAIS DE EXPEDIENTE, PAPELARIA, ARTESANATO E EMBALAGEM","BENS",153052.0,"2026-03-09","2026-06-19",102.0,"FCT- FACULDADE DE CIÊNCIAS E TECNOLOGIA","276/2025","Médio",2.0,"2026-06-15","Material",8040.0,"Adesivos",13894.0,"Cola",625374.0,"apresentação: pacote contem 1kg, 94 bastoes., composição: base de resinas sinteticas e ceras especiais, tipo: bastao de cola quente silicone","POTE",90.0,1.0,90.0]
["25/2026","Aprovada",null,"DLOG E OUTROS - MATERIAIS DE EXPEDIENTE, PAPELARIA, ARTESANATO E EMBALAGEM","BENS",153052.0,"2026-03-09","2026-06-19",102.0,"FCT- FACULDADE DE CIÊNCIAS E TECNOLOGIA","276/2025","Médio",3.0,"2026-06-15","Material",8040.0,"Adesivos",10792.0,"Pistola Aplicadora",439981.0,"aplicação: colagem, características adicionais: profissional, compatível bastão silicone, potência: 10, tensão alimentação: 110/220","UN",35.0,10.0,350.0]
["25/2026","Aprovada",null,"DLOG E OUTROS - MATERIAIS DE EXPEDIENTE, PAPELARIA, ARTESANATO E EMBALAGEM","BENS",153052.0,"2026-03-09","2026-06-19",102.0,"FCT- FACULDADE DE CIÊNCIAS E TECNOLOGIA","276/2025","Médio",4.0,"2026-06-15","Material",8040.0,"Adesivos",13894.0,"Cola",439777.0,"características adicionais: atóxica, composição: adesivo à base resina epóxi, tipo: bi-componente","FR",800.0,1.0,800.0]
["25/2026","Aprovada",null,"DLOG E OUTROS - MATERIAIS DE EXPEDIENTE, PAPELARIA, ARTESANATO E EMBALAGEM","BENS",153052.0,"2026-03-09","2026-06-19",102.0,"CEPAE - CENTRO DE ENSINO E PESQUISA APLICADA À EDUCAÇÃO","167/2025","Médio",11.0,"2026-03-02","Material",7520.0,"Acessórios e dispositivos para escritório",27.0,"Grampeador",414810.0,"capacidade: 25, material: polietileno, tamanho grampo: 26/6, tipo: mesa","UN",30.0,30.0,900.0]
["25/2026","Aprovada",null,"DLOG E OUTROS - MATERIAIS DE EXPEDIENTE, PAPELARIA, ARTESANATO E EMBALAGEM","BENS",153052.0,"2026-03-09","2026-06-19",102.0,"EECA - ESCOLA DE ENGENHARIA CIVIL E AMBIENTAL","313/2025","Médio",2.0,"2026-09-30","Material",8105.0,"Sacos e bolsas",11902.0,"Saco",338295.0,"altura: 70, capacidade: 50, espessura: 0,80, largura: 50, material: polietileno transparente","KG",30.0,60.0,1800.0]
["25/2026","Aprovada",null,"DLOG E OUTROS - MATERIAIS DE EXPEDIENTE, PAPELARIA, ARTESANATO E EMBALAGEM","BENS",153052.0,"2026-03-09","2026-06-19",102.0,"EECA - ESCOLA DE ENGENHARIA CIVIL E AMBIENTAL","316/2025","Médio",1.0,"2026-09-30","Material",7510.0,"Artigos para escritório",11569.0,"Régua Comum",345747.0,"comprimento: 30, graduação: centímetro/milímetro, material: aço, tipo material: rígido","UN",17.0,8.0,136.0]
["25/2026","Aprovada",null,"DLOG E OUTROS - MATERIAIS DE EXPEDIENTE, PAPELARIA, ARTESANATO E EMBALAGEM","BENS",153052.0,"2026-03-09","2026-06-19",102.0,"EECA - ESCOLA DE ENGENHARIA CIVIL E AMBIENTAL","316/2025","Médio",2.0,"2026-09-30","Material",7510.0,"Artigos para escritório",24.0,"Régua Escritório",368501.0,"comprimento: 60, graduação: centímetro/polegada, material: aço, tipo material: rígido","UN",32.71,5.0,163.55]
["25/2026","Aprovada",null,"DLOG E OUTROS - MATERIAIS DE EXPEDIENTE, PAPELARIA, ARTESANATO E EMBALAGEM","BENS",153052.0,"2026-03-09","2026-06-19",102.0,"EECA - ESCOLA DE ENGENHARIA CIVIL E AMBIENTAL","316/2025","Médio",3.0,"2026-09-30","Material",6675.0,"Instrumentos de desenho, topografia e cartografia",16103.0,"Régua De Escala",363739.0,"aplicação: calibração, características adicionais: graduada, certificado pela rbc, comprimento nominal: 30, material: aço inox escovado","UN",22.63,2.0,45.26]
["25/2026","Aprovada",null,"DLOG E OUTROS - MATERIAIS DE EXPEDIENTE, PAPELARIA, ARTESANATO E EMBALAGEM","BENS",153052.0,"2026-03-09","2026-06-19",102.0,"EECA - ESCOLA DE ENGENHARIA CIVIL E AMBIENTAL","316/2025","Médio",4.0,"2026-09-30","Material",7510.0,"Artigos para escritório",120.0,"Giz Cera",239353.0,"cor: variadas, espessura: fina, material: cera plástica com corante atóxico, tamanho: pequeno","CX",8.25,10.0,82.5]
["25/2026","Aprovada",null,"DLOG E OUTROS - MATERIAIS DE EXPEDIENTE, PAPELARIA, ARTESANATO E EMBALAGEM","BENS",153052.0,"2026-03-09","2026-06-19",102.0,"EECA - ESCOLA DE ENGENHARIA CIVIL E AMBIENTAL","316/2025","Médio",5.0,"2026-09-30","Material",7510.0,"Artigos para escritório",18071.0,"Fita Adesiva",444949.0,"aplicação: sinalização de advertência, características adicionais: formato cores em diagonal, comprimento: 50, cor: preta e amarela, espessura: 0,15, largura: 100, material: plástico, tipo: zebrada","UN",10.67,5.0,53.35]
["25/2026","Aprovada",null,"DLOG E OUTROS - MATERIAIS DE EXPEDIENTE, PAPELARIA, ARTESANATO E EMBALAGEM","BENS",153052.0,"2026-03-09","2026-06-19",102.0,"EECA - ESCOLA DE ENGENHARIA CIVIL E AMBIENTAL","316/2025","Médio",6.0,"2026-09-30","Material",9450.0,"Resíduos nao metálicos, exceto os têxteis",10893.0,"Plástico",292881.0,"aplicação: capa de livro e prancheta de desenho, comprimento: 50, cor: branca, largura: 138, tipo uso: revestimento, tipo material: manta plástica","UN",200.0,4.0,800.0]
["25/2026","Aprovada",null,"DLOG E OUTROS - MATERIAIS DE EXPEDIENTE, PAPELARIA, ARTESANATO E EMBALAGEM","BENS",153052.0,"2026-03-09","2026-06-19",102.0,"FANUT - FACULDADE DE NUTRIÇÃO","324/2025","Médio",28.0,"2026-12-01","Material",8135.0,"Materiais a granel para acondicionamento e embalagem",1344.0,"Filme Embalagem",291049.0,"aplicação: laboratório, comprimento: 125, largura: 38, material: pvc - cloreto de polivinila, tipo filme: esticável, transmitância: transparente","RO",250.0,1.0,250.0]
["25/2026","Aprovada",null,"DLOG E OUTROS - MATERIAIS DE EXPEDIENTE, PAPELARIA, ARTESANATO E EMBALAGEM","BENS",153052.0,"2026-03-09","2026-06-19",102.0,"FANUT - FACULDADE DE NUTRIÇÃO","324/2025","Médio",36.0,"2026-12-01","Material",8135.0,"Materiais a granel para acondicionamento e embalagem",1389.0,"Papel Alumínio",317178.0,"apresentação: rolo, comprimento: 50, largura: 45","RO",90.0,1.0,90.0]
["25/2026","Aprovada",null,"DLOG E OUTROS - MATERIAIS DE EXPEDIENTE, PAPELARIA, ARTESANATO E EMBALAGEM","BENS",153052.0,"2026-03-09","2026-06-19",102.0,"EMC - ESCOLA DE ENGENHARIA ELÉTRICA MECÂNICA E DE COMPUTAÇÃO","390/2025","Médio",20.0,"2026-08-08","Material",7520.0,"Acessórios e dispositivos para escritório",149.0,"Ferragem Pasta",201137.0,"comprimento: 290, formato: retangular, largura: 30, lombada: 40, material: aço carbono","UN",60.0,6.0,360.0]
["25/2026","Aprovada",null,"DLOG E OUTROS - MATERIAIS DE EXPEDIENTE, PAPELARIA, ARTESANATO E EMBALAGEM","BENS",153052.0,"2026-03-09","2026-06-19",102.0,"EMC - ESCOLA DE ENGENHARIA ELÉTRICA MECÂNICA E DE COMPUTAÇÃO","390/2025","Médio",21.0,"2026-08-08","Material",7520.0,"Acessórios e dispositivos para escritório",149.0,"Ferragem Pasta",201137.0,"comprimento: 290, formato: retangular, largura: 30, lombada: 40, material: aço carbono","UN",60.0,6.0,360.0]
["25/2026","Aprovada",null,"DLOG E OUTROS - MATERIAIS DE EXPEDIENTE, PAPELARIA, ARTESANATO E EMBALAGEM","BENS",153052.0,"2026-03-09","2026-06-19",102.0,"GOIAS - REGIONAL GOIAS","701/2025","Alto",34.0,"2026-07-01","Material",7520.0,"Acessórios e dispositivos para escritório",18065.0,"Prancheta Portátil",622665.0,"comprimento: 340, cor: variada, espessura: 3, largura: 450, material: acrílico","UN",15.0,15.0,225.0]
["25/2026","Aprovada",null,"DLOG E OUTROS - MATERIAIS DE EXPEDIENTE, PAPELARIA, ARTESANATO E EMBALAGEM","BENS",153052.0,"2026-03-09","2026-06-19",102.0,"GOIAS - REGIONAL GOIAS","714/2025","Alto",1.0,"2026-07-01","Material",7520.0,"Acessórios e dispositivos para escritório",279.0,"Apagador Quadro Branco",289329.0,"comprimento: 15, largura: 6, material base: feltro, material corpo: plástico","UN",20.0,18.0,360.0]
["25/2026","Aprovada",null,"DLOG E OUTROS - MATERIAIS DE EXPEDIENTE, PAPELARIA, ARTESANATO E EMBALAGEM","BENS",153052.0,"2026-03-09","2026-06-19",102.0,"GOIAS - REGIONAL GOIAS","714/2025","Alto",2.0,"2026-07-01","Material",4020.0,"Cabos de fibra, cordoalhas e barbantes",80.0,"Barbante Algodão",435053.0,"acabamento superficial: crú, cor: branca, quantidade fios: 8","RO",50.0,5.0,250.0]
["25/2026","Aprovada",null,"DLOG E OUTROS - MATERIAIS DE EXPEDIENTE, PAPELARIA, ARTESANATO E EMBALAGEM","BENS",153052.0,"2026-03-09","2026-06-19",102.0,"GOIAS - REGIONAL GOIAS","714/2025","Alto",3.0,"2026-07-01","Material",7510.0,"Artigos para escritório",99.0,"Caneta Esferográfica",405279.0,"características adicionais: atóxica, corpo cilíndrico, cor tinta: preta, material: plástico reciclado, material ponta: esfera de tungstênio, tipo escrita: média","CX",20.0,10.0,200.0]
["25/2026","Aprovada",null,"DLOG E OUTROS - MATERIAIS DE EXPEDIENTE, PAPELARIA, ARTESANATO E EMBALAGEM","BENS",153052.0,"2026-03-09","2026-06-19",102.0,"GOIAS - REGIONAL GOIAS","714/2025","Alto",4.0,"2026-07-01","Material",7510.0,"Artigos para escritório",99.0,"Caneta Esferográfica",462546.0,"cor tinta: azul, material: plástico, material ponta: aço inoxidável com esfera de tungstênio, quantidade cargas: 1, tipo escrita: média","CX",20.0,10.0,200.0]
["25/2026","Aprovada",null,"DLOG E OUTROS - MATERIAIS DE EXPEDIENTE, PAPELARIA, ARTESANATO E EMBALAGEM","BENS",153052.0,"2026-03-09","2026-06-19",102.0,"GOIAS - REGIONAL GOIAS","714/2025","Alto",5.0,"2026-07-01","Material",7510.0,"Artigos para escritório",99.0,"Caneta Esferográfica",407220.0,"características adicionais: sextavado, transparente, cápsula sustentação latão, cor tinta: vermelha, material: plástico, material ponta: latão com esfera de tungstênio, quantidade cargas: 1, tipo escrita: fina","CX",20.0,10.0,200.0]
["25/2026","Aprovada",null,"DLOG E OUTROS - MATERIAIS DE EXPEDIENTE, PAPELARIA, ARTESANATO E EMBALAGEM","BENS",153052.0,"2026-03-09","2026-06-19",102.0,"GOIAS - REGIONAL GOIAS","714/2025","Alto",12.0,"2026-07-01","Material",7510.0,"Artigos para escritório",18071.0,"Fita Adesiva",626170.0,"aplicação: esterilização, características adicionais: com camada impermeabilizante de resina acrílica, comprimento: 30, largura: 19, material: papel crepado, tipo: fita adesiva autoclave","UN",15.0,40.0,600.0]
["25/2026","Aprovada",null,"DLOG E OUTROS - MATERIAIS DE EXPEDIENTE, PAPELARIA, ARTESANATO E EMBALAGEM","BENS",153052.0,"2026-03-09","2026-06-19",102.0,"GOIAS - REGIONAL GOIAS","714/2025","Alto",13.0,"2026-07-01","Material",7510.0,"Artigos para escritório",18071.0,"Fita Adesiva",481050.0,"comprimento: 40, largura: 45, material: polipropileno","UN",15.0,40.0,600.0]
["25/2026","Aprovada",null,"DLOG E OUTROS - MATERIAIS DE EXPEDIENTE, PAPELARIA, ARTESANATO E EMBALAGEM","BENS",153052.0,"2026-03-09","2026-06-19",102.0,"GOIAS - REGIONAL GOIAS","714/2025","Alto",15.0,"2026-07-01","Material",7510.0,"Artigos para escritório",17.0,"Mina Grafite",203344.0,"comprimento: 60, diâmetro: 0,70, dureza: hb, material: grafita","UN",4.2,30.0,126.0]
["25/2026","Aprovada",null,"DLOG E OUTROS - MATERIAIS DE EXPEDIENTE, PAPELARIA, ARTESANATO E EMBALAGEM","BENS",153052.0,"2026-03-09","2026-06-19",102.0,"BC - BIBLIOTECA CENTRAL","733/2025","Alto",2.0,"2026-07-01","Material",8040.0,"Adesivos",13894.0,"Cola",243393.0,"aplicação: colagem de blocos / gráfica, composição: polímero de acetato de polivinila e aditivos, cor: branca","BD",130.0,50.0,6500.0]
["25/2026","Aprovada",null,"DLOG E OUTROS - MATERIAIS DE EXPEDIENTE, PAPELARIA, ARTESANATO E EMBALAGEM","BENS",153052.0,"2026-03-09","2026-06-19",102.0,"BC - BIBLIOTECA CENTRAL","733/2025","Alto",3.0,"2026-07-01","Material",7490.0,"Máquinas diversas para escritório",306.0,"Carimbo Datador",418816.0,"características adicionais: personalizado, auto-entintado, funcionamento: semi automático, material base: borracha, número dígitos: 9, tipo impressão: alfanumérica","UN",50.0,52.0,2600.0]
["25/2026","Aprovada",null,"DLOG E OUTROS - MATERIAIS DE EXPEDIENTE, PAPELARIA, ARTESANATO E EMBALAGEM","BENS",153052.0,"2026-03-09","2026-06-19",102.0,"BC - BIBLIOTECA CENTRAL","733/2025","Alto",4.0,"2026-07-01","Material",7510.0,"Artigos para escritório",21.0,"Etiqueta Adesiva",358557.0,"altura: 25,4, aplicação: impressora laser e jato tinta, características adicionais 1: 33 etiquetas por folha, cor: branca, formato: retangular, material: papel, largura i,: 63,5","CX",80.0,30.0,2400.0]
["25/2026","Aprovada",null,"DLOG E OUTROS - MATERIAIS DE EXPEDIENTE, PAPELARIA, ARTESANATO E EMBALAGEM","BENS",153052.0,"2026-03-09","2026-06-19",102.0,"BC - BIBLIOTECA CENTRAL","733/2025","Alto",5.0,"2026-07-01","Material",7510.0,"Artigos para escritório",21.0,"Etiqueta Adesiva",388456.0,"aplicação: impressora laser e jato tinta, comprimento: 104,50, cor: branca, largura 1: 32,83, material: papel","CX",80.0,30.0,2400.0]
["25/2026","Aprovada",null,"DLOG E OUTROS - MATERIAIS DE EXPEDIENTE, PAPELARIA, ARTESANATO E EMBALAGEM","BENS",153052.0,"2026-03-09","2026-06-19",102.0,"GOIAS - REGIONAL GOIAS","714/2025","Alto",20.0,"2026-07-01","Material",7510.0,"Artigos para escritório",25.0,"Papel Almaço",609982.0,"comprimento: 315, cor: branca, largura: 215, material: celulose vegetal, tipo: com pauta e margem","PCT",60.0,15.0,900.0]
["25/2026","Aprovada",null,"DLOG E OUTROS - MATERIAIS DE EXPEDIENTE, PAPELARIA, ARTESANATO E EMBALAGEM","BENS",153052.0,"2026-03-09","2026-06-19",102.0,"GOIAS - REGIONAL GOIAS","714/2025","Alto",23.0,"2026-07-01","Material",9310.0,"Papéis e papelões",19746.0,"Papel Para Impressão Formatado",461889.0,"característica adicional: alvura superior, cor: branco, gramatura: 75, tamanho (c x l): 297 x 210, tipo: sulfite/apergaminhado/ofício","EMB",50.0,40.0,2000.0]
["25/2026","Aprovada",null,"DLOG E OUTROS - MATERIAIS DE EXPEDIENTE, PAPELARIA, ARTESANATO E EMBALAGEM","BENS",153052.0,"2026-03-09","2026-06-19",102.0,"GOIAS - REGIONAL GOIAS","714/2025","Alto",26.0,"2026-07-01","Material",7510.0,"Artigos para escritório",10736.0,"Pincel Quadro Branco / Magnético",435077.0,"características adicionais: cilíndrico, cor: verde, material: plástico reciclado, material ponta: feltro, tipo carga: descartável","CX",50.0,3.0,150.0]
["25/2026","Aprovada",null,"DLOG E OUTROS - MATERIAIS DE EXPEDIENTE, PAPELARIA, ARTESANATO E EMBALAGEM","BENS",153052.0,"2026-03-09","2026-06-19",102.0,"GOIAS - REGIONAL GOIAS","714/2025","Alto",27.0,"2026-07-01","Material",7510.0,"Artigos para escritório",10736.0,"Pincel Quadro Branco / Magnético",392075.0,"características adicionais: espessura escrita 2,3mm, cor: azul, material: plástico, material ponta: acrílico, tipo carga: recarregável","UN",20.0,36.0,720.0]
["25/2026","Aprovada",null,"DLOG E OUTROS - MATERIAIS DE EXPEDIENTE, PAPELARIA, ARTESANATO E EMBALAGEM","BENS",153052.0,"2026-03-09","2026-06-19",102.0,"GOIAS - REGIONAL GOIAS","714/2025","Alto",28.0,"2026-07-01","Material",7510.0,"Artigos para escritório",10736.0,"Pincel Quadro Branco / Magnético",392076.0,"características adicionais: espessura escrita 2,3mm, cor: preta, material: plástico, material ponta: acrílico, tipo carga: recarregável","UN",20.0,36.0,720.0]
["25/2026","Aprovada",null,"DLOG E OUTROS - MATERIAIS DE EXPEDIENTE, PAPELARIA, ARTESANATO E EMBALAGEM","BENS",153052.0,"2026-03-09","2026-06-19",102.0,"GOIAS - REGIONAL GOIAS","714/2025","Alto",29.0,"2026-07-01","Material",7510.0,"Artigos para escritório",10736.0,"Pincel Quadro Branco / Magnético",392077.0,"características adicionais: espessura escrita 2,3mm, cor: vermelha, material: plástico, material ponta: acrílico, tipo carga: recarregável","UN",20.0,36.0,720.0]
["25/2026","Aprovada",null,"DLOG E OUTROS - MATERIAIS DE EXPEDIENTE, PAPELARIA, ARTESANATO E EMBALAGEM","BENS",153052.0,"2026-03-09","2026-06-19",102.0,"GOIAS - REGIONAL GOIAS","714/2025","Alto",30.0,"2026-07-01","Material",7510.0,"Artigos para escritório",10736.0,"Pincel Quadro Branco / Magnético",447943.0,"características adicionais: ponta de 2,5mm de diâmetro/tampa anti-asfixiante, cor: azul, material: plástico, material ponta: feltro, tipo carga: descartável","CX",50.0,15.0,750.0]
["25/2026","Aprovada",null,"DLOG E OUTROS - MATERIAIS DE EXPEDIENTE, PAPELARIA, ARTESANATO E EMBALAGEM","BENS",153052.0,"2026-03-09","2026-06-19",102.0,"GOIAS - REGIONAL GOIAS","714/2025","Alto",31.0,"2026-07-01","Material",7510.0,"Artigos para escritório",10736.0,"Pincel Quadro Branco / Magnético",447944.0,"características adicionais: ponta de 2,5mm de diâmetro/tampa anti-asfixiante, cor: preta, material: plástico, material ponta: feltro, tipo carga: descartável","CX",50.0,15.0,750.0]
["25/2026","Aprovada",null,"DLOG E OUTROS - MATERIAIS DE EXPEDIENTE, PAPELARIA, ARTESANATO E EMBALAGEM","BENS",153052.0,"2026-03-09","2026-06-19",102.0,"GOIAS - REGIONAL GOIAS","714/2025","Alto",32.0,"2026-07-01","Material",7510.0,"Artigos para escritório",10736.0,"Pincel Quadro Branco / Magnético",447945.0,"características adicionais: ponta de 2,5mm de diâmetro/tampa anti-asfixiante, cor: vermelha, material: plástico, material ponta: feltro, tipo carga: descartável","CX",50.0,15.0,750.0]
["25/2026","Aprovada",null,"DLOG E OUTROS - MATERIAIS DE EXPEDIENTE, PAPELARIA, ARTESANATO E EMBALAGEM","BENS",153052.0,"2026-03-09","2026-06-19",102.0,"GOIAS - REGIONAL GOIAS","714/2025","Alto",33.0,"2026-07-01","Material",7510.0,"Artigos para escritório",153.0,"Refil Tinta",392220.0,"aplicação: pincel quadro branco, capacidade: 5,50, cor: azul, material: tinta","UN",8.0,80.0,640.0]
["25/2026","Aprovada",null,"DLOG E OUTROS - MATERIAIS DE EXPEDIENTE, PAPELARIA, ARTESANATO E EMBALAGEM","BENS",153052.0,"2026-03-09","2026-06-19",102.0,"GOIAS - REGIONAL GOIAS","714/2025","Alto",34.0,"2026-07-01","Material",7510.0,"Artigos para escritório",153.0,"Refil Tinta",392222.0,"aplicação: pincel quadro branco, capacidade: 5,50, cor: vermelho, material: tinta","UN",8.0,80.0,640.0]
["25/2026","Aprovada",null,"DLOG E OUTROS - MATERIAIS DE EXPEDIENTE, PAPELARIA, ARTESANATO E EMBALAGEM","BENS",153052.0,"2026-03-09","2026-06-19",102.0,"BC - BIBLIOTECA CENTRAL","757/2025","Médio",3.0,"2026-07-01","Material",7510.0,"Artigos para escritório",4439.0,"Capa Encadernação",399691.0,"cor: cinza, formato: 210 x 297, material: polipropileno","UN",1220.0,20.0,24400.0]
["25/2026","Aprovada",null,"DLOG E OUTROS - MATERIAIS DE EXPEDIENTE, PAPELARIA, ARTESANATO E EMBALAGEM","BENS",153052.0,"2026-03-09","2026-06-19",102.0,"GOIAS - REGIONAL GOIAS","714/2025","Alto",36.0,"2026-07-01","Material",7510.0,"ARTIGOS PARA ESCRITÓRIO",11.0,"CLIPE",628797.0,"APLICAÇÃO: FIXAR PAPÉIS E SIMILARES, FORMATO: TRANÇADO, MATERIAL: ARAME DE AÇO, TAMANHO: 2/0, TRATAMENTO SUPERFICIAL: GALVANIZADO","CX",0.042,3625.0,152.25]
["25/2026","Aprovada",null,"DLOG E OUTROS - MATERIAIS DE EXPEDIENTE, PAPELARIA, ARTESANATO E EMBALAGEM","BENS",153052.0,"2026-03-09","2026-06-19",102.0,"GOIAS - REGIONAL GOIAS","714/2025","Alto",37.0,"2026-07-01","Material",7510.0,"Artigos para escritório",16.0,"Lápis De Cor",609202.0,"características adicionais: 24 cores, cor: diversas, material: madeira","UN",30.0,5.0,150.0]
["25/2026","Aprovada",null,"DLOG E OUTROS - MATERIAIS DE EXPEDIENTE, PAPELARIA, ARTESANATO E EMBALAGEM","BENS",153052.0,"2026-03-09","2026-06-19",102.0,"GOIAS - REGIONAL GOIAS","714/2025","Alto",38.0,"2026-07-01","Material",9310.0,"Papéis e papelões",19746.0,"Papel Para Impressão Formatado",461889.0,"característica adicional: alvura superior, cor: branco, gramatura: 75, tamanho (c x l): 297 x 210, tipo: sulfite/apergaminhado/ofício","FL",25.0,7.0,175.0]
["25/2026","Aprovada",null,"DLOG E OUTROS - MATERIAIS DE EXPEDIENTE, PAPELARIA, ARTESANATO E EMBALAGEM","BENS",153052.0,"2026-03-09","2026-06-19",102.0,"GOIAS - REGIONAL GOIAS","714/2025","Alto",39.0,"2026-07-01","Material",7510.0,"Artigos para escritório",18078.0,"Caneta Hidrográfica",471410.0,"características adicionais: tinta  atóxica à base de àgua, cor carga: variada, espessura escrita: média, material: resina termoplástica, material ponta: poliéster","CX",30.0,5.0,150.0]
["25/2026","Aprovada",null,"DLOG E OUTROS - MATERIAIS DE EXPEDIENTE, PAPELARIA, ARTESANATO E EMBALAGEM","BENS",153052.0,"2026-03-09","2026-06-19",102.0,"GOIAS - REGIONAL GOIAS","714/2025","Alto",40.0,"2026-07-01","Material",7540.0,"Formulários padronizados",75.0,"Papel Cartolina",624250.0,"características adicionais: pacote c/ 100 folhas, comprimento: 50, cor: várias cores, gramatura: 140, largura: 60, material: celulose vegetal","PCT",50.0,25.0,1250.0]
["25/2026","Aprovada",null,"DLOG E OUTROS - MATERIAIS DE EXPEDIENTE, PAPELARIA, ARTESANATO E EMBALAGEM","BENS",153052.0,"2026-03-09","2026-06-19",102.0,"GOIAS - REGIONAL GOIAS","714/2025","Alto",41.0,"2026-07-01","Material",7510.0,"Artigos para escritório",153.0,"Refil Tinta",432575.0,"aplicação: pincel quadro branco, capacidade: 20, cor: preta, material: tinta","FR",45.0,20.0,900.0]
["25/2026","Aprovada",null,"DLOG E OUTROS - MATERIAIS DE EXPEDIENTE, PAPELARIA, ARTESANATO E EMBALAGEM","BENS",153052.0,"2026-03-09","2026-06-19",102.0,"SEINFRA - SECRETARIA DE INFRAESTRUTURA","784/2025","Médio",12.0,"2026-06-01","Material",7510.0,"Artigos para escritório",18071.0,"Fita Adesiva",278969.0,"aplicação: multiuso, comprimento: 50, cor: branca, largura: 25, material: crepe, tipo: monoface","UN",6.5,500.0,3250.0]
["25/2026","Aprovada",null,"DLOG E OUTROS - MATERIAIS DE EXPEDIENTE, PAPELARIA, ARTESANATO E EMBALAGEM","BENS",153052.0,"2026-03-09","2026-06-19",102.0,"SEINFRA - SECRETARIA DE INFRAESTRUTURA","784/2025","Médio",13.0,"2026-06-01","Material",7510.0,"Artigos para escritório",18071.0,"Fita Adesiva",438783.0,"aplicação: multiuso, comprimento: 50, cor: branca, largura: 32, material: crepe, tipo: monoface","UN",9.5,400.0,3800.0]
["25/2026","Aprovada",null,"DLOG E OUTROS - MATERIAIS DE EXPEDIENTE, PAPELARIA, ARTESANATO E EMBALAGEM","BENS",153052.0,"2026-03-09","2026-06-19",102.0,"SEINFRA - SECRETARIA DE INFRAESTRUTURA","784/2025","Médio",14.0,"2026-06-01","Material",7510.0,"Artigos para escritório",18071.0,"Fita Adesiva",278973.0,"aplicação: multiuso, comprimento: 50, cor: branca, largura: 50, material: crepe, tipo: monoface","UN",15.0,600.0,9000.0]
["25/2026","Aprovada",null,"DLOG E OUTROS - MATERIAIS DE EXPEDIENTE, PAPELARIA, ARTESANATO E EMBALAGEM","BENS",153052.0,"2026-03-09","2026-06-19",102.0,"DTEL - DIRETORIA DE TELECOMUNICAÇÕES","881/2025","Baixo",7.0,"2026-10-01","Material",7510.0,"Artigos para escritório",204.0,"Rotulador",447274.0,"caracteres: 12, características adicionais: portátil/etiquetas de plástico, fonte alimentação: pilha, funcionamento: eletrônico, largura fita: 9 e 12","UN",283.8,2.0,567.6]
["25/2026","Aprovada",null,"DLOG E OUTROS - MATERIAIS DE EXPEDIENTE, PAPELARIA, ARTESANATO E EMBALAGEM","BENS",153052.0,"2026-03-09","2026-06-19",102.0,"SEINFRA - SECRETARIA DE INFRAESTRUTURA","726/2025","Médio",86.0,"2026-03-02","Material",7510.0,"Artigos para escritório",18071.0,"Fita Adesiva",449828.0,"aplicação: multiuso, comprimento: 50, cor: cinza, largura: 48, material: polietileno e tecido laminado de algodão, tipo: silver tape","UN",36.0,100.0,3600.0]
["25/2026","Aprovada",null,"DLOG E OUTROS - MATERIAIS DE EXPEDIENTE, PAPELARIA, ARTESANATO E EMBALAGEM","BENS",153052.0,"2026-03-09","2026-06-19",102.0,"SEINFRA - SECRETARIA DE INFRAESTRUTURA","726/2025","Médio",87.0,"2026-03-02","Material",7510.0,"Artigos para escritório",18071.0,"Fita Adesiva",446961.0,"aplicação: multiuso, características adicionais: capacidade de fixação: 5kg a cada 20cm, comprimento: 2, largura: 24, material: adesivo acrílico  alta resistência, tipo: dupla face","UN",46.0,20.0,920.0]
["25/2026","Aprovada",null,"DLOG E OUTROS - MATERIAIS DE EXPEDIENTE, PAPELARIA, ARTESANATO E EMBALAGEM","BENS",153052.0,"2026-03-09","2026-06-19",102.0,"SEINFRA - SECRETARIA DE INFRAESTRUTURA","726/2025","Médio",88.0,"2026-03-02","Material",7510.0,"Artigos para escritório",18071.0,"Fita Adesiva",435166.0,"aplicação: etiquetadora, comprimento: 35, espessura: 0,305, largura: 1,27, material: folhas de alumínio, tipo: identificação","UN",6.0,200.0,1200.0]
["25/2026","Aprovada",null,"DLOG E OUTROS - MATERIAIS DE EXPEDIENTE, PAPELARIA, ARTESANATO E EMBALAGEM","BENS",153052.0,"2026-03-09","2026-06-19",102.0,"DLOG - DIRETORIA DE LOGÍSTICA","945/2025","Alto",4.0,"2026-04-30","Material",9330.0,"Artigos de plástico",10891.0,"Filme Plástico",377793.0,"aplicação: empacotamento, espessura: 20 micras, largura: 60, material: pvc, tipo: poliolefínico","RO",100.0,20.0,2000.0]
["25/2026","Aprovada",null,"DLOG E OUTROS - MATERIAIS DE EXPEDIENTE, PAPELARIA, ARTESANATO E EMBALAGEM","BENS",153052.0,"2026-03-09","2026-06-19",102.0,"PRPI - PRO-REITORIA DE PESQUISA E INOVAÇÃO","947/2025","Alto",3.0,"2026-03-31","Material",7520.0,"Acessórios e dispositivos para escritório",1499.0,"Estilete",606196.0,"características adicionais: com trava giratória, comprimento: 150, espessura: 10,5, material corpo: emborrachado, tipo: profissional","UN",20.0,20.0,400.0]
["25/2026","Aprovada",null,"DLOG E OUTROS - MATERIAIS DE EXPEDIENTE, PAPELARIA, ARTESANATO E EMBALAGEM","BENS",153052.0,"2026-03-09","2026-06-19",102.0,"PRPI - PRO-REITORIA DE PESQUISA E INOVAÇÃO","947/2025","Alto",4.0,"2026-03-31","Material",8135.0,"Materiais a granel para acondicionamento e embalagem",1344.0,"Filme Embalagem",461686.0,"aplicação: embalagem em geral, comprimento: 50, espessura: 100, largura: 100, material: poliéster, tipo filme: película","RO",500.0,1.0,500.0]
["25/2026","Aprovada",null,"DLOG E OUTROS - MATERIAIS DE EXPEDIENTE, PAPELARIA, ARTESANATO E EMBALAGEM","BENS",153052.0,"2026-03-09","2026-06-19",102.0,"PRPI - PRO-REITORIA DE PESQUISA E INOVAÇÃO","947/2025","Alto",6.0,"2026-03-31","Material",7520.0,"Acessórios e dispositivos para escritório",15543.0,"Lâmina Estilete",462322.0,"comprimento: 18, largura: 25,4, material: aço carbono","UN",20.0,20.0,400.0]
["25/2026","Aprovada",null,"DLOG E OUTROS - MATERIAIS DE EXPEDIENTE, PAPELARIA, ARTESANATO E EMBALAGEM","BENS",153052.0,"2026-03-09","2026-06-19",102.0,"PRPI - PRO-REITORIA DE PESQUISA E INOVAÇÃO","947/2025","Alto",11.0,"2026-03-31","Material",7520.0,"Acessórios e dispositivos para escritório",18065.0,"Prancheta Portátil",439975.0,"características adicionais: com pegador metálico, comprimento: 345, cor: cristal, largura: 220, material: acrílico transparente","UN",150.0,10.0,1500.0]
["25/2026","Aprovada",null,"DLOG E OUTROS - MATERIAIS DE EXPEDIENTE, PAPELARIA, ARTESANATO E EMBALAGEM","BENS",153052.0,"2026-03-09","2026-06-19",102.0,"PRPI - PRO-REITORIA DE PESQUISA E INOVAÇÃO","947/2025","Alto",12.0,"2026-03-31","Material",7510.0,"Artigos para escritório",24.0,"Régua Escritório",468297.0,"comprimento: 30, graduação: centímetro/polegada e milímetro/polegada, material: aço, tipo material: rígido","UN",12.0,20.0,240.0]
["25/2026","Aprovada",null,"DLOG E OUTROS - MATERIAIS DE EXPEDIENTE, PAPELARIA, ARTESANATO E EMBALAGEM","BENS",153052.0,"2026-03-09","2026-06-19",102.0,"PRPI - PRO-REITORIA DE PESQUISA E INOVAÇÃO","947/2025","Alto",13.0,"2026-03-31","Material",7520.0,"Acessórios e dispositivos para escritório",249.0,"Tesoura",482941.0,"comprimento: 24,50, material: aço inoxidável, material cabo: resina termoplástica","UN",20.0,10.0,200.0]
["25/2026","Aprovada",null,"DLOG E OUTROS - MATERIAIS DE EXPEDIENTE, PAPELARIA, ARTESANATO E EMBALAGEM","BENS",153052.0,"2026-03-09","2026-06-19",102.0,"PRPI - PRO-REITORIA DE PESQUISA E INOVAÇÃO","947/2025","Alto",14.0,"2026-03-31","Material",8010.0,"Tintas, vernizes e produtos correlatos",185.0,"Tinta Nanquim",228883.0,"cor: branca, material: álcool","UN",20.0,20.0,400.0]
["25/2026","Aprovada",null,"DLOG E OUTROS - MATERIAIS DE EXPEDIENTE, PAPELARIA, ARTESANATO E EMBALAGEM","BENS",153052.0,"2026-03-09","2026-06-19",102.0,"PRPI - PRO-REITORIA DE PESQUISA E INOVAÇÃO","947/2025","Alto",15.0,"2026-03-31","Material",8010.0,"Tintas, vernizes e produtos correlatos",185.0,"Tinta Nanquim",200605.0,"cor: preta, material: álcool","UN",20.0,20.0,400.0]
["25/2026","Aprovada",null,"DLOG E OUTROS - MATERIAIS DE EXPEDIENTE, PAPELARIA, ARTESANATO E EMBALAGEM","BENS",153052.0,"2026-03-09","2026-06-19",102.0,"DLOG - DIRETORIA DE LOGÍSTICA","997/2025","Alto",1.0,"2026-07-30","Material",7520.0,"Acessórios e dispositivos para escritório",279.0,"Apagador Quadro Branco",289329.0,"comprimento: 15, largura: 6, material base: feltro, material corpo: plástico","UN",4.048,550.0,2226.4]
["25/2026","Aprovada",null,"DLOG E OUTROS - MATERIAIS DE EXPEDIENTE, PAPELARIA, ARTESANATO E EMBALAGEM","BENS",153052.0,"2026-03-09","2026-06-19",102.0,"DLOG - DIRETORIA DE LOGÍSTICA","997/2025","Alto",2.0,"2026-07-30","Material",7520.0,"Acessórios e dispositivos para escritório",43.0,"Apagador Quadro Negro",203501.0,"altura: 25, comprimento: 150, largura: 45, material: plástico","UN",4.6,440.0,2024.0]
["25/2026","Aprovada",null,"DLOG E OUTROS - MATERIAIS DE EXPEDIENTE, PAPELARIA, ARTESANATO E EMBALAGEM","BENS",153052.0,"2026-03-09","2026-06-19",102.0,"DLOG - DIRETORIA DE LOGÍSTICA","997/2025","Alto",3.0,"2026-07-30","Material",7520.0,"Acessórios e dispositivos para escritório",46.0,"Apontador Lápis",230828.0,"características adicionais: com depósito, material: metal e plástico, tipo: escolar","UN",0.782,700.0,547.4]
["25/2026","Aprovada",null,"DLOG E OUTROS - MATERIAIS DE EXPEDIENTE, PAPELARIA, ARTESANATO E EMBALAGEM","BENS",153052.0,"2026-03-09","2026-06-19",102.0,"DLOG - DIRETORIA DE LOGÍSTICA","997/2025","Alto",4.0,"2026-07-30","Material",7520.0,"Acessórios e dispositivos para escritório",111.0,"Base Fita Adesiva",202011.0,"cor: preta, material: plástico resistente, tamanho: pequeno","UN",12.65,200.0,2530.0]
["25/2026","Aprovada",null,"DLOG E OUTROS - MATERIAIS DE EXPEDIENTE, PAPELARIA, ARTESANATO E EMBALAGEM","BENS",153052.0,"2026-03-09","2026-06-19",102.0,"DLOG - DIRETORIA DE LOGÍSTICA","997/2025","Alto",5.0,"2026-07-30","Material",7540.0,"Formulários padronizados",346.0,"Bloco Recado",447926.0,"características adicionais: auto-adesivo, removível, post-it, comprimento: 102, cor: amarela, largura: 76, material: papel, quantidade folhas: 100","CX",2.3,900.0,2070.0]
["25/2026","Aprovada",null,"DLOG E OUTROS - MATERIAIS DE EXPEDIENTE, PAPELARIA, ARTESANATO E EMBALAGEM","BENS",153052.0,"2026-03-09","2026-06-19",102.0,"DLOG - DIRETORIA DE LOGÍSTICA","997/2025","Alto",6.0,"2026-07-30","Material",7510.0,"Artigos para escritório",205.0,"Borracha Apagadora Escrita",244441.0,"aplicação: para lápis, características adicionais: capa plástica protetora, comprimento: 40, cor: branca, largura: 20, material: borracha, tipo: macia, material capa: plástico de vinil, cor capa: azul","UN",0.5405,2000.0,1081.0]
["25/2026","Aprovada",null,"DLOG E OUTROS - MATERIAIS DE EXPEDIENTE, PAPELARIA, ARTESANATO E EMBALAGEM","BENS",153052.0,"2026-03-09","2026-06-19",102.0,"DLOG - DIRETORIA DE LOGÍSTICA","997/2025","Alto",7.0,"2026-07-30","Material",7510.0,"Artigos para escritório",196.0,"Caderno",273197.0,"apresentação: capa dura, características adicionais: lombada costurada, comprimento: 195 a 215, gramatura folhas: mínimo 48, largura: 135 a 150, quantidade folhas: 96 a 100, tipo: folhas margeadas e pautadas","UN",4.462,500.0,2231.0]
["25/2026","Aprovada",null,"DLOG E OUTROS - MATERIAIS DE EXPEDIENTE, PAPELARIA, ARTESANATO E EMBALAGEM","BENS",153052.0,"2026-03-09","2026-06-19",102.0,"DLOG - DIRETORIA DE LOGÍSTICA","997/2025","Alto",8.0,"2026-07-30","Material",7510.0,"Artigos para escritório",99.0,"Caneta Esferográfica",301077.0,"características adicionais: sextavada, cor tinta: azul, material: plástico, material ponta: esfera de tungstênio, tipo escrita: grossa","UN",0.552,7000.0,3864.0]
["25/2026","Aprovada",null,"DLOG E OUTROS - MATERIAIS DE EXPEDIENTE, PAPELARIA, ARTESANATO E EMBALAGEM","BENS",153052.0,"2026-03-09","2026-06-19",102.0,"DLOG - DIRETORIA DE LOGÍSTICA","997/2025","Alto",9.0,"2026-07-30","Material",7510.0,"Artigos para escritório",99.0,"Caneta Esferográfica",300829.0,"características adicionais: corpo sextavado, transparente e orifício lateral, cor tinta: preta, material: plástico, material ponta: aço inoxidável com esfera de tungstênio, quantidade cargas: 1, tipo escrita: fina","UN",0.529,5000.0,2645.0]
["25/2026","Aprovada",null,"DLOG E OUTROS - MATERIAIS DE EXPEDIENTE, PAPELARIA, ARTESANATO E EMBALAGEM","BENS",153052.0,"2026-03-09","2026-06-19",102.0,"DLOG - DIRETORIA DE LOGÍSTICA","997/2025","Alto",10.0,"2026-07-30","Material",7510.0,"Artigos para escritório",99.0,"Caneta Esferográfica",300830.0,"características adicionais: corpo sextavado, transparente e orifício lateral, cor tinta: vermelha, material: plástico, material ponta: aço inoxidável com esfera de tungstênio, quantidade cargas: 1, tipo escrita: fina","UN",0.529,3000.0,1587.0]
["25/2026","Aprovada",null,"DLOG E OUTROS - MATERIAIS DE EXPEDIENTE, PAPELARIA, ARTESANATO E EMBALAGEM","BENS",153052.0,"2026-03-09","2026-06-19",102.0,"DLOG - DIRETORIA DE LOGÍSTICA","997/2025","Alto",11.0,"2026-07-30","Material",7510.0,"Artigos para escritório",18078.0,"Caneta Hidrográfica",279533.0,"aplicação: papel, cor carga: variada, espessura escrita: grossa, material: plástico, formato corpo: cilíndrico","CX",17.82,50.0,891.0]
["25/2026","Aprovada",null,"DLOG E OUTROS - MATERIAIS DE EXPEDIENTE, PAPELARIA, ARTESANATO E EMBALAGEM","BENS",153052.0,"2026-03-09","2026-06-19",102.0,"DLOG - DIRETORIA DE LOGÍSTICA","997/2025","Alto",12.0,"2026-07-30","Material",7510.0,"Artigos para escritório",18078.0,"Caneta Hidrográfica",355337.0,"aplicação: cd/dvd, características adicionais: tinta à base de álcool, resistente a água, cor carga: preta, espessura escrita: média, material: plástico, material ponta: porosa","UN",1.794,360.0,645.84]
["25/2026","Aprovada",null,"DLOG E OUTROS - MATERIAIS DE EXPEDIENTE, PAPELARIA, ARTESANATO E EMBALAGEM","BENS",153052.0,"2026-03-09","2026-06-19",102.0,"DLOG - DIRETORIA DE LOGÍSTICA","997/2025","Alto",13.0,"2026-07-30","Material",7510.0,"Artigos para escritório",18075.0,"Caneta Marca-Texto",300527.0,"características adicionais: traço 4 mm, filtro poliester, base d'água, cor: fluorescente amarela, material: plástico, tipo: não recarregável, tipo ponta: chanfrada/polietileno","CX",9.522,250.0,2380.5]
["25/2026","Aprovada",null,"DLOG E OUTROS - MATERIAIS DE EXPEDIENTE, PAPELARIA, ARTESANATO E EMBALAGEM","BENS",153052.0,"2026-03-09","2026-06-19",102.0,"DLOG - DIRETORIA DE LOGÍSTICA","997/2025","Alto",14.0,"2026-07-30","Material",7510.0,"Artigos para escritório",18075.0,"Caneta Marca-Texto",332340.0,"características adicionais: traço 1 a 4 mm e base d'água, cor: fluorescente laranja, material: plástico, tipo: não recarregável, tipo ponta: facetada","CX",9.522,250.0,2380.5]
["25/2026","Aprovada",null,"DLOG E OUTROS - MATERIAIS DE EXPEDIENTE, PAPELARIA, ARTESANATO E EMBALAGEM","BENS",153052.0,"2026-03-09","2026-06-19",102.0,"DLOG - DIRETORIA DE LOGÍSTICA","997/2025","Alto",15.0,"2026-07-30","Material",9310.0,"Papéis e papelões",172.0,"Cartolina",327605.0,"comprimento: 660, cor: variada, gramatura: 150, largura: 500, material: celulose vegetal","PCT",91.8735,50.0,4593.675]
["25/2026","Aprovada",null,"DLOG E OUTROS - MATERIAIS DE EXPEDIENTE, PAPELARIA, ARTESANATO E EMBALAGEM","BENS",153052.0,"2026-03-09","2026-06-19",102.0,"DLOG - DIRETORIA DE LOGÍSTICA","997/2025","Alto",16.0,"2026-07-30","Material",7510.0,"Artigos para escritório",11.0,"Clipe",271776.0,"formato: paralelo, material: metal, tamanho: 2/0","CX",1.955,600.0,1173.0]
["25/2026","Aprovada",null,"DLOG E OUTROS - MATERIAIS DE EXPEDIENTE, PAPELARIA, ARTESANATO E EMBALAGEM","BENS",153052.0,"2026-03-09","2026-06-19",102.0,"DLOG - DIRETORIA DE LOGÍSTICA","997/2025","Alto",17.0,"2026-07-30","Material",7510.0,"Artigos para escritório",11.0,"Clipe",272503.0,"formato: paralelo, material: metal, tamanho: 1/0, tratamento superficial: niquelado","CX",1.955,600.0,1173.0]
["25/2026","Aprovada",null,"DLOG E OUTROS - MATERIAIS DE EXPEDIENTE, PAPELARIA, ARTESANATO E EMBALAGEM","BENS",153052.0,"2026-03-09","2026-06-19",102.0,"DLOG - DIRETORIA DE LOGÍSTICA","997/2025","Alto",18.0,"2026-07-30","Material",8040.0,"Adesivos",13894.0,"Cola",339517.0,"aplicação: papel, características adicionais: lavável e atóxica, composição: base água e glicerina, tipo: bastão","TBO",1.955,300.0,586.5]
["25/2026","Aprovada",null,"DLOG E OUTROS - MATERIAIS DE EXPEDIENTE, PAPELARIA, ARTESANATO E EMBALAGEM","BENS",153052.0,"2026-03-09","2026-06-19",102.0,"DLOG - DIRETORIA DE LOGÍSTICA","997/2025","Alto",19.0,"2026-07-30","Material",8040.0,"Adesivos",13894.0,"Cola",394466.0,"características adicionais: peso 40g/secagem rápida/atóxica, composição: polivinil acetato - pva, tipo: líquida","FR",1.035,1000.0,1035.0]
["25/2026","Aprovada",null,"DLOG E OUTROS - MATERIAIS DE EXPEDIENTE, PAPELARIA, ARTESANATO E EMBALAGEM","BENS",153052.0,"2026-03-09","2026-06-19",102.0,"DLOG - DIRETORIA DE LOGÍSTICA","997/2025","Alto",20.0,"2026-07-30","Material",7520.0,"Acessórios e dispositivos para escritório",1499.0,"Estilete",326848.0,"características adicionais: lâmina aço c/ tratamento superficial galvanizado, espessura: 18, material corpo: plástico, tipo: largo, tipo fixação lâmina: encaixe por pressão","UN",1.472,1200.0,1766.4]
["25/2026","Aprovada",null,"DLOG E OUTROS - MATERIAIS DE EXPEDIENTE, PAPELARIA, ARTESANATO E EMBALAGEM","BENS",153052.0,"2026-03-09","2026-06-19",102.0,"DLOG - DIRETORIA DE LOGÍSTICA","997/2025","Alto",21.0,"2026-07-30","Material",7520.0,"Acessórios e dispositivos para escritório",18066.0,"Extrator Grampo",292448.0,"características adicionais: 150x15 mm, material: aço inoxidável, tipo: espátula, tratamento superficial: cromado, tamanho: 26/6","UN",1.449,500.0,724.5]
["25/2026","Aprovada",null,"DLOG E OUTROS - MATERIAIS DE EXPEDIENTE, PAPELARIA, ARTESANATO E EMBALAGEM","BENS",153052.0,"2026-03-09","2026-06-19",102.0,"DLOG - DIRETORIA DE LOGÍSTICA","997/2025","Alto",22.0,"2026-07-30","Material",8135.0,"Materiais a granel para acondicionamento e embalagem",7556.0,"Fita Adesiva Embalagem",324290.0,"aplicação: empacotamento em geral, comprimento: 50, cor: marrom, largura: 45, material: poliéster","UN",2.875,1000.0,2875.0]
["25/2026","Aprovada",null,"DLOG E OUTROS - MATERIAIS DE EXPEDIENTE, PAPELARIA, ARTESANATO E EMBALAGEM","BENS",153052.0,"2026-03-09","2026-06-19",102.0,"DLOG - DIRETORIA DE LOGÍSTICA","997/2025","Alto",23.0,"2026-07-30","Material",7510.0,"Artigos para escritório",18071.0,"Fita Adesiva",279037.0,"aplicação: multiuso, comprimento: 30, cor: incolor, largura: 12, material: celofane transparente, tipo: monoface","RO",0.8625,900.0,776.25]
["25/2026","Aprovada",null,"DLOG E OUTROS - MATERIAIS DE EXPEDIENTE, PAPELARIA, ARTESANATO E EMBALAGEM","BENS",153052.0,"2026-03-09","2026-06-19",102.0,"DLOG - DIRETORIA DE LOGÍSTICA","997/2025","Alto",24.0,"2026-07-30","Material",7510.0,"Artigos para escritório",18071.0,"Fita Adesiva",350646.0,"aplicação: multiuso, comprimento: 50, cor: branca, largura: 19, material: crepe, tipo: monoface","RO",3.289,1200.0,3946.8]
["25/2026","Aprovada",null,"DLOG E OUTROS - MATERIAIS DE EXPEDIENTE, PAPELARIA, ARTESANATO E EMBALAGEM","BENS",153052.0,"2026-03-09","2026-06-19",102.0,"DLOG - DIRETORIA DE LOGÍSTICA","997/2025","Alto",25.0,"2026-07-30","Material",7510.0,"Artigos para escritório",18071.0,"Fita Adesiva",278969.0,"aplicação: multiuso, comprimento: 50, cor: branca, largura: 25, material: crepe, tipo: monoface","RO",4.3125,800.0,3450.0]
["25/2026","Aprovada",null,"DLOG E OUTROS - MATERIAIS DE EXPEDIENTE, PAPELARIA, ARTESANATO E EMBALAGEM","BENS",153052.0,"2026-03-09","2026-06-19",102.0,"DLOG - DIRETORIA DE LOGÍSTICA","997/2025","Alto",26.0,"2026-07-30","Material",7510.0,"Artigos para escritório",18071.0,"Fita Adesiva",279000.0,"aplicação: multiuso, comprimento: 50, cor: bege, largura: 32, material: crepe, tipo: monoface","UN",8.165,800.0,6532.0]
["25/2026","Aprovada",null,"DLOG E OUTROS - MATERIAIS DE EXPEDIENTE, PAPELARIA, ARTESANATO E EMBALAGEM","BENS",153052.0,"2026-03-09","2026-06-19",102.0,"DLOG - DIRETORIA DE LOGÍSTICA","997/2025","Alto",27.0,"2026-07-30","Material",7510.0,"Artigos para escritório",18071.0,"Fita Adesiva",278973.0,"aplicação: multiuso, comprimento: 50, cor: branca, largura: 50, material: crepe, tipo: monoface","UN",8.165,1000.0,8165.0]
["25/2026","Aprovada",null,"DLOG E OUTROS - MATERIAIS DE EXPEDIENTE, PAPELARIA, ARTESANATO E EMBALAGEM","BENS",153052.0,"2026-03-09","2026-06-19",102.0,"DLOG - DIRETORIA DE LOGÍSTICA","997/2025","Alto",28.0,"2026-07-30","Material",7510.0,"Artigos para escritório",18071.0,"Fita Adesiva",278986.0,"aplicação: multiuso, comprimento: 30, cor: branca, largura: 12, material: papel, tipo: dupla face","RO",4.462,600.0,2677.2]
["25/2026","Aprovada",null,"DLOG E OUTROS - MATERIAIS DE EXPEDIENTE, PAPELARIA, ARTESANATO E EMBALAGEM","BENS",153052.0,"2026-03-09","2026-06-19",102.0,"DLOG - DIRETORIA DE LOGÍSTICA","997/2025","Alto",29.0,"2026-07-30","Material",7510.0,"Artigos para escritório",18071.0,"Fita Adesiva",356367.0,"aplicação: multiuso, comprimento: 45, cor: incolor, largura: 45, material: polipropileno transparente, tipo: monoface","UN",2.6795,1200.0,3215.4]
["25/2026","Aprovada",null,"DLOG E OUTROS - MATERIAIS DE EXPEDIENTE, PAPELARIA, ARTESANATO E EMBALAGEM","BENS",153052.0,"2026-03-09","2026-06-19",102.0,"DLOG - DIRETORIA DE LOGÍSTICA","997/2025","Alto",30.0,"2026-07-30","Material",6310.0,"Sistema de sinalização de tráfego e trânsito",1477.0,"Fita Sinalização",399318.0,"comprimento: 100, cor: preta e amarela, largura: 7, material: plástico","RO",9.2,700.0,6440.0]
["25/2026","Aprovada",null,"DLOG E OUTROS - MATERIAIS DE EXPEDIENTE, PAPELARIA, ARTESANATO E EMBALAGEM","BENS",153052.0,"2026-03-09","2026-06-19",102.0,"DLOG - DIRETORIA DE LOGÍSTICA","997/2025","Alto",31.0,"2026-07-30","Material",7510.0,"Artigos para escritório",120.0,"Giz Cera",432310.0,"cor: variadas, material: cera plástica com corante atóxico","CX",2.967,200.0,593.4]
["25/2026","Aprovada",null,"DLOG E OUTROS - MATERIAIS DE EXPEDIENTE, PAPELARIA, ARTESANATO E EMBALAGEM","BENS",153052.0,"2026-03-09","2026-06-19",102.0,"DLOG - DIRETORIA DE LOGÍSTICA","997/2025","Alto",32.0,"2026-07-30","Material",7510.0,"Artigos para escritório",31.0,"Giz",232818.0,"características adicionais: plastificado/antialérgico e colorido, comprimento: 81, diâmetro: 10, material: sulfato de cálcio, tipo: bastonete","CX",4.5885,1200.0,5506.2]
["25/2026","Aprovada",null,"DLOG E OUTROS - MATERIAIS DE EXPEDIENTE, PAPELARIA, ARTESANATO E EMBALAGEM","BENS",153052.0,"2026-03-09","2026-06-19",102.0,"DLOG - DIRETORIA DE LOGÍSTICA","997/2025","Alto",33.0,"2026-07-30","Material",7510.0,"Artigos para escritório",31.0,"Giz",202612.0,"cor: branca, material: sulfato de cálcio, tipo: bastonete","CX",3.6915,1200.0,4429.8]
["25/2026","Aprovada",null,"DLOG E OUTROS - MATERIAIS DE EXPEDIENTE, PAPELARIA, ARTESANATO E EMBALAGEM","BENS",153052.0,"2026-03-09","2026-06-19",102.0,"DLOG - DIRETORIA DE LOGÍSTICA","997/2025","Alto",34.0,"2026-07-30","Material",7520.0,"Acessórios e dispositivos para escritório",27.0,"Grampeador",485627.0,"capacidade: 20, características adicionais: pintura epóxi, material: metal, tamanho grampo: 24/6 e 26/6, tipo: mesa, tratamento superficial: pintura eletrostática","UN",12.627,500.0,6313.5]
["25/2026","Aprovada",null,"DLOG E OUTROS - MATERIAIS DE EXPEDIENTE, PAPELARIA, ARTESANATO E EMBALAGEM","BENS",153052.0,"2026-03-09","2026-06-19",102.0,"DLOG - DIRETORIA DE LOGÍSTICA","997/2025","Alto",35.0,"2026-07-30","Material",7510.0,"Artigos para escritório",28.0,"Grampo Grampeador",290525.0,"material: aço, tamanho: 26/6, tratamento superficial: niquelado","CX",3.772,250.0,943.0]
["25/2026","Aprovada",null,"DLOG E OUTROS - MATERIAIS DE EXPEDIENTE, PAPELARIA, ARTESANATO E EMBALAGEM","BENS",153052.0,"2026-03-09","2026-06-19",102.0,"DLOG - DIRETORIA DE LOGÍSTICA","997/2025","Alto",36.0,"2026-07-30","Material",7510.0,"Artigos para escritório",16.0,"Lápis De Cor",263333.0,"características adicionais: tamanho grande com 12 cores, cor: diversas, material: madeira","CX",4.669,150.0,700.35]
["25/2026","Aprovada",null,"DLOG E OUTROS - MATERIAIS DE EXPEDIENTE, PAPELARIA, ARTESANATO E EMBALAGEM","BENS",153052.0,"2026-03-09","2026-06-19",102.0,"DLOG - DIRETORIA DE LOGÍSTICA","997/2025","Alto",37.0,"2026-07-30","Material",7510.0,"Artigos para escritório",12.0,"Lápis Preto",280065.0,"diâmetro carga: 2, dureza carga: 2, material carga: grafite, material corpo: madeira","CX",44.85,50.0,2242.5]
["25/2026","Aprovada",null,"DLOG E OUTROS - MATERIAIS DE EXPEDIENTE, PAPELARIA, ARTESANATO E EMBALAGEM","BENS",153052.0,"2026-03-09","2026-06-19",102.0,"DLOG - DIRETORIA DE LOGÍSTICA","997/2025","Alto",38.0,"2026-07-30","Material",7540.0,"Formulários padronizados",200.0,"Livro Ata",396405.0,"características adicionais: capa dura/folhas numeradas/costura reforçada, comprimento: 300, gramatura: 75, largura: 210, material: papel sulfite, quantidade folhas: 50","UN",8.372,300.0,2511.6]
["25/2026","Aprovada",null,"DLOG E OUTROS - MATERIAIS DE EXPEDIENTE, PAPELARIA, ARTESANATO E EMBALAGEM","BENS",153052.0,"2026-03-09","2026-06-19",102.0,"DLOG - DIRETORIA DE LOGÍSTICA","997/2025","Alto",39.0,"2026-07-30","Material",7540.0,"Formulários padronizados",201.0,"Livro Protocolo",248739.0,"características adicionais: com folhas pautadas e numeradas seqüencialmente, comprimento: 216, gramatura folhas: 54, largura: 153, material capa: papelão, quantidade folhas: 104, tipo capa: dura, material: papel off-set","UN",11.4655,150.0,1719.825]
["25/2026","Aprovada",null,"DLOG E OUTROS - MATERIAIS DE EXPEDIENTE, PAPELARIA, ARTESANATO E EMBALAGEM","BENS",153052.0,"2026-03-09","2026-06-19",102.0,"DLOG - DIRETORIA DE LOGÍSTICA","997/2025","Alto",40.0,"2026-07-30","Material",7510.0,"Artigos para escritório",180.0,"Marcador Hidrográfico",200521.0,"comprimento: 100, cor: azul, diâmetro corpo: 19, espessura traço: 5, material: plástico, material ponta: náilon","UN",1.656,3500.0,5796.0]
["25/2026","Aprovada",null,"DLOG E OUTROS - MATERIAIS DE EXPEDIENTE, PAPELARIA, ARTESANATO E EMBALAGEM","BENS",153052.0,"2026-03-09","2026-06-19",102.0,"DLOG - DIRETORIA DE LOGÍSTICA","997/2025","Alto",41.0,"2026-07-30","Material",7510.0,"Artigos para escritório",180.0,"Marcador Hidrográfico",200522.0,"comprimento: 100, cor: preta, diâmetro corpo: 19, espessura traço: 5, material: plástico, material ponta: náilon","UN",1.656,3500.0,5796.0]
["25/2026","Aprovada",null,"DLOG E OUTROS - MATERIAIS DE EXPEDIENTE, PAPELARIA, ARTESANATO E EMBALAGEM","BENS",153052.0,"2026-03-09","2026-06-19",102.0,"DLOG - DIRETORIA DE LOGÍSTICA","997/2025","Alto",42.0,"2026-07-30","Material",7510.0,"Artigos para escritório",180.0,"Marcador Hidrográfico",200523.0,"comprimento: 100, cor: vermelha, diâmetro corpo: 19, espessura traço: 5, material: plástico, material ponta: náilon","UN",1.656,2000.0,3312.0]
["25/2026","Aprovada",null,"DLOG E OUTROS - MATERIAIS DE EXPEDIENTE, PAPELARIA, ARTESANATO E EMBALAGEM","BENS",153052.0,"2026-03-09","2026-06-19",102.0,"DLOG - DIRETORIA DE LOGÍSTICA","997/2025","Alto",43.0,"2026-07-30","Material",7520.0,"Acessórios e dispositivos para escritório",114.0,"Molha-Dedos",245461.0,"características adicionais: não contém glicerina e não mancha, material base: plástico, material carga: creme atóxico, material tampa: plástico, tamanho: 12","UN",1.794,300.0,538.2]
["25/2026","Aprovada",null,"DLOG E OUTROS - MATERIAIS DE EXPEDIENTE, PAPELARIA, ARTESANATO E EMBALAGEM","BENS",153052.0,"2026-03-09","2026-06-19",102.0,"DLOG - DIRETORIA DE LOGÍSTICA","997/2025","Alto",44.0,"2026-07-30","Material",7510.0,"Artigos para escritório",25.0,"Papel Almaço",203525.0,"comprimento: 310, gramatura: 75, material: celulose vegetal, tipo: com pauta e margem","PCT",54.05,450.0,24322.5]
["25/2026","Aprovada",null,"DLOG E OUTROS - MATERIAIS DE EXPEDIENTE, PAPELARIA, ARTESANATO E EMBALAGEM","BENS",153052.0,"2026-03-09","2026-06-19",102.0,"DLOG - DIRETORIA DE LOGÍSTICA","997/2025","Alto",45.0,"2026-07-30","Material",7510.0,"Artigos para escritório",25.0,"Papel Almaço",203523.0,"comprimento: 310, gramatura: 75, material: celulose vegetal, tipo: sem pauta e margem","PCT",54.05,200.0,10810.0]
["25/2026","Aprovada",null,"DLOG E OUTROS - MATERIAIS DE EXPEDIENTE, PAPELARIA, ARTESANATO E EMBALAGEM","BENS",153052.0,"2026-03-09","2026-06-19",102.0,"DLOG - DIRETORIA DE LOGÍSTICA","997/2025","Alto",46.0,"2026-07-30","Material",8135.0,"Materiais a granel para acondicionamento e embalagem",1389.0,"Papel Alumínio",233708.0,"apresentação: rolo, comprimento: 7,50, largura: 45, material: alumínio","RO",7.8775,200.0,1575.5]
["25/2026","Aprovada",null,"DLOG E OUTROS - MATERIAIS DE EXPEDIENTE, PAPELARIA, ARTESANATO E EMBALAGEM","BENS",153052.0,"2026-03-09","2026-06-19",102.0,"DLOG - DIRETORIA DE LOGÍSTICA","997/2025","Alto",47.0,"2026-07-30","Material",7510.0,"Artigos para escritório",74.0,"Papel Auto-Adesivo",278461.0,"acabamento superficial: brilhante, cor: incolor, gramatura: 60, largura: 460, material: plástico, tipo: contact","RO",57.5,300.0,17250.0]
["25/2026","Aprovada",null,"DLOG E OUTROS - MATERIAIS DE EXPEDIENTE, PAPELARIA, ARTESANATO E EMBALAGEM","BENS",153052.0,"2026-03-09","2026-06-19",102.0,"DLOG - DIRETORIA DE LOGÍSTICA","997/2025","Alto",48.0,"2026-07-30","Material",9310.0,"Papéis e papelões",10364.0,"Papel Crepom",417233.0,"comprimento: 2, cor: variada, gramatura: 18, largura: 48, material: celulose vegetal","UN",3.45,300.0,1035.0]
["25/2026","Aprovada",null,"DLOG E OUTROS - MATERIAIS DE EXPEDIENTE, PAPELARIA, ARTESANATO E EMBALAGEM","BENS",153052.0,"2026-03-09","2026-06-19",102.0,"DLOG - DIRETORIA DE LOGÍSTICA","997/2025","Alto",49.0,"2026-07-30","Material",8135.0,"Materiais a granel para acondicionamento e embalagem",1310.0,"Papel Embrulho",357680.0,"aplicação: embalagem, apresentação: bobina, comprimento: 96, cor: parda, gramatura: 75, largura: 66, peso: 12, tipo papel: kraft","FL",0.759,2000.0,1518.0]
["25/2026","Aprovada",null,"DLOG E OUTROS - MATERIAIS DE EXPEDIENTE, PAPELARIA, ARTESANATO E EMBALAGEM","BENS",153052.0,"2026-03-09","2026-06-19",102.0,"DLOG - DIRETORIA DE LOGÍSTICA","997/2025","Alto",50.0,"2026-07-30","Material",9310.0,"Papéis e papelões",50.0,"Papel Vergê",297355.0,"cor: branca, gramatura: 180, material: celulose vegetal, comprimento: 297, largura: 210","CX",17.71,200.0,3542.0]
["25/2026","Aprovada",null,"DLOG E OUTROS - MATERIAIS DE EXPEDIENTE, PAPELARIA, ARTESANATO E EMBALAGEM","BENS",153052.0,"2026-03-09","2026-06-19",102.0,"DLOG - DIRETORIA DE LOGÍSTICA","997/2025","Alto",51.0,"2026-07-30","Material",9310.0,"Papéis e papelões",50.0,"Papel Vergê",233578.0,"cor: branca, gramatura: 90, material: celulose vegetal, comprimento: 297, largura: 210, formato: a4","CX",15.41,200.0,3082.0]
["25/2026","Aprovada",null,"DLOG E OUTROS - MATERIAIS DE EXPEDIENTE, PAPELARIA, ARTESANATO E EMBALAGEM","BENS",153052.0,"2026-03-09","2026-06-19",102.0,"DLOG - DIRETORIA DE LOGÍSTICA","997/2025","Alto",52.0,"2026-07-30","Material",9310.0,"Papéis e papelões",50.0,"Papel Vergê",256620.0,"cor: diversas, dimensões: 210x297, gramatura: 120, material: celulose vegetal, comprimento: 297, largura: 210, formato: a4","CX",23.0,50.0,1150.0]
["25/2026","Aprovada",null,"DLOG E OUTROS - MATERIAIS DE EXPEDIENTE, PAPELARIA, ARTESANATO E EMBALAGEM","BENS",153052.0,"2026-03-09","2026-06-19",102.0,"DLOG - DIRETORIA DE LOGÍSTICA","997/2025","Alto",53.0,"2026-07-30","Material",7510.0,"Artigos para escritório",20.0,"Pasta Arquivo",262646.0,"aplicação: arquivo, lombada: larga, material: papelão prensado, tipo: az, tamanho: ofício","UN",12.0405,200.0,2408.1]
["25/2026","Aprovada",null,"DLOG E OUTROS - MATERIAIS DE EXPEDIENTE, PAPELARIA, ARTESANATO E EMBALAGEM","BENS",153052.0,"2026-03-09","2026-06-19",102.0,"DLOG - DIRETORIA DE LOGÍSTICA","997/2025","Alto",54.0,"2026-07-30","Material",7510.0,"Artigos para escritório",20.0,"Pasta Arquivo",262635.0,"aplicação: arquivo, lombada: estreita, material: papelão, tipo: az, tamanho: ofício","UN",12.0405,200.0,2408.1]
["25/2026","Aprovada",null,"DLOG E OUTROS - MATERIAIS DE EXPEDIENTE, PAPELARIA, ARTESANATO E EMBALAGEM","BENS",153052.0,"2026-03-09","2026-06-19",102.0,"DLOG - DIRETORIA DE LOGÍSTICA","997/2025","Alto",55.0,"2026-07-30","Material",7510.0,"Artigos para escritório",20.0,"Pasta Arquivo",287980.0,"altura: 350, características adicionais: plastificado, vertical, cor: preta, largura: 280, lombada: 90, material: papelão, tipo: classificadora, prendedor interno: ferragem alta, tamanho: ofício","UN",2.5185,200.0,503.7]
["25/2026","Aprovada",null,"DLOG E OUTROS - MATERIAIS DE EXPEDIENTE, PAPELARIA, ARTESANATO E EMBALAGEM","BENS",153052.0,"2026-03-09","2026-06-19",102.0,"DLOG - DIRETORIA DE LOGÍSTICA","997/2025","Alto",56.0,"2026-07-30","Material",7510.0,"Artigos para escritório",20.0,"Pasta Arquivo",455064.0,"altura: 250, características adicionais: com elástico, cor: verde, largura: 350, lombada: 35, material: plástico corrugado flexível","UN",3.22,300.0,966.0]
["25/2026","Aprovada",null,"DLOG E OUTROS - MATERIAIS DE EXPEDIENTE, PAPELARIA, ARTESANATO E EMBALAGEM","BENS",153052.0,"2026-03-09","2026-06-19",102.0,"DLOG - DIRETORIA DE LOGÍSTICA","997/2025","Alto",57.0,"2026-07-30","Material",7510.0,"Artigos para escritório",20.0,"Pasta Arquivo",414855.0,"altura: 348, características adicionais 3: prendedor interno, grampo plástico, cor: amarela, largura: 233, material: plástico transparente, tipo: simples","UN",3.45,500.0,1725.0]
["25/2026","Aprovada",null,"DLOG E OUTROS - MATERIAIS DE EXPEDIENTE, PAPELARIA, ARTESANATO E EMBALAGEM","BENS",153052.0,"2026-03-09","2026-06-19",102.0,"DLOG - DIRETORIA DE LOGÍSTICA","997/2025","Alto",58.0,"2026-07-30","Material",7510.0,"Artigos para escritório",20.0,"Pasta Arquivo",464324.0,"altura: 335, características adicionais 3: conforme modelo do órgão, cor: preta, largura: 245, lombada: 20, material: plástico, tipo: catálogo","UN",11.5,200.0,2300.0]
["25/2026","Aprovada",null,"DLOG E OUTROS - MATERIAIS DE EXPEDIENTE, PAPELARIA, ARTESANATO E EMBALAGEM","BENS",153052.0,"2026-03-09","2026-06-19",102.0,"DLOG - DIRETORIA DE LOGÍSTICA","997/2025","Alto",59.0,"2026-07-30","Material",7510.0,"Artigos para escritório",20.0,"Pasta Arquivo",298492.0,"altura: 330, capacidade: 50 sacos plásticos com espessura de 0,10 mm, características adicionais 1: visor frontal em pvc 9 x 6 cm, tamanho ofício, ca-, cor: preta, largura: 250, material: plástico, tipo: catálogo","UN",12.627,250.0,3156.75]
["25/2026","Aprovada",null,"DLOG E OUTROS - MATERIAIS DE EXPEDIENTE, PAPELARIA, ARTESANATO E EMBALAGEM","BENS",153052.0,"2026-03-09","2026-06-19",102.0,"DLOG - DIRETORIA DE LOGÍSTICA","997/2025","Alto",60.0,"2026-07-30","Material",7510.0,"Artigos para escritório",20.0,"Pasta Arquivo",348071.0,"altura: 335, características adicionais: com elástico, largura: 245, lombada: 40, material: plástico, tipo: com abas","UN",11.5,200.0,2300.0]
["25/2026","Aprovada",null,"DLOG E OUTROS - MATERIAIS DE EXPEDIENTE, PAPELARIA, ARTESANATO E EMBALAGEM","BENS",153052.0,"2026-03-09","2026-06-19",102.0,"DLOG - DIRETORIA DE LOGÍSTICA","997/2025","Alto",61.0,"2026-07-30","Material",7510.0,"Artigos para escritório",20.0,"Pasta Arquivo",417239.0,"altura: 335, características adicionais 1: 12 divisórias, fechamento com elástico, cor: variada, largura: 245, material: plástico, tipo: sanfonada","UN",11.5,300.0,3450.0]
["25/2026","Aprovada",null,"DLOG E OUTROS - MATERIAIS DE EXPEDIENTE, PAPELARIA, ARTESANATO E EMBALAGEM","BENS",153052.0,"2026-03-09","2026-06-19",102.0,"DLOG - DIRETORIA DE LOGÍSTICA","997/2025","Alto",62.0,"2026-07-30","Material",7510.0,"Artigos para escritório",20.0,"Pasta Arquivo",340901.0,"altura: 330, características adicionais 2: espessura de 0,18 mm, cor: incolor, largura: 220, material: polipropileno, tipo:  l","UN",0.6095,3000.0,1828.5]
["25/2026","Aprovada",null,"DLOG E OUTROS - MATERIAIS DE EXPEDIENTE, PAPELARIA, ARTESANATO E EMBALAGEM","BENS",153052.0,"2026-03-09","2026-06-19",102.0,"DLOG - DIRETORIA DE LOGÍSTICA","997/2025","Alto",63.0,"2026-07-30","Material",7510.0,"Artigos para escritório",20.0,"Pasta Arquivo",420279.0,"altura: 340, características adicionais: com elástico, cor: azul, largura: 250, lombada: 55, material: polipropileno, tipo: porta documento","UN",4.462,500.0,2231.0]
["25/2026","Aprovada",null,"DLOG E OUTROS - MATERIAIS DE EXPEDIENTE, PAPELARIA, ARTESANATO E EMBALAGEM","BENS",153052.0,"2026-03-09","2026-06-19",102.0,"DLOG - DIRETORIA DE LOGÍSTICA","997/2025","Alto",64.0,"2026-07-30","Material",7510.0,"Artigos para escritório",108.0,"Pincel Atômico",294703.0,"características adicionais: tinta à base de álcool e espessura escrita 4,5mm, cor tinta: azul, material: plástico, tipo carga: recarregável, tipo ponta: feltro","UN",1.4605,800.0,1168.4]
["25/2026","Aprovada",null,"DLOG E OUTROS - MATERIAIS DE EXPEDIENTE, PAPELARIA, ARTESANATO E EMBALAGEM","BENS",153052.0,"2026-03-09","2026-06-19",102.0,"DLOG - DIRETORIA DE LOGÍSTICA","997/2025","Alto",65.0,"2026-07-30","Material",7510.0,"Artigos para escritório",108.0,"Pincel Atômico",294704.0,"características adicionais: tinta à base de álcool e espessura escrita 4,5mm, cor tinta: preta, material: plástico, tipo carga: recarregável, tipo ponta: feltro","UN",1.4605,800.0,1168.4]
["25/2026","Aprovada",null,"DLOG E OUTROS - MATERIAIS DE EXPEDIENTE, PAPELARIA, ARTESANATO E EMBALAGEM","BENS",153052.0,"2026-03-09","2026-06-19",102.0,"DLOG - DIRETORIA DE LOGÍSTICA","997/2025","Alto",66.0,"2026-07-30","Material",7510.0,"Artigos para escritório",108.0,"Pincel Atômico",294705.0,"características adicionais: tinta à base de álcool e espessura escrita 4,5mm, cor tinta: vermelha, material: plástico, tipo carga: recarregável, tipo ponta: feltro","UN",1.4605,500.0,730.25]
["25/2026","Aprovada",null,"DLOG E OUTROS - MATERIAIS DE EXPEDIENTE, PAPELARIA, ARTESANATO E EMBALAGEM","BENS",153052.0,"2026-03-09","2026-06-19",102.0,"DLOG - DIRETORIA DE LOGÍSTICA","997/2025","Alto",67.0,"2026-07-30","Material",7520.0,"Acessórios e dispositivos para escritório",11034.0,"Porta-Clipe",444438.0,"altura: 60, características adicionais: tampa, imã e abertura circular, cor: fumê, diâmetro: 50, material: acrílico","UN",11.5,200.0,2300.0]
["25/2026","Aprovada",null,"DLOG E OUTROS - MATERIAIS DE EXPEDIENTE, PAPELARIA, ARTESANATO E EMBALAGEM","BENS",153052.0,"2026-03-09","2026-06-19",102.0,"DLOG - DIRETORIA DE LOGÍSTICA","997/2025","Alto",68.0,"2026-07-30","Material",7520.0,"Acessórios e dispositivos para escritório",47.0,"Porta-Lápis/Clipe/Lembrete",202540.0,"cor: fumê, material: acrílico, tipo: simples","UN",9.9475,200.0,1989.5]
["25/2026","Aprovada",null,"DLOG E OUTROS - MATERIAIS DE EXPEDIENTE, PAPELARIA, ARTESANATO E EMBALAGEM","BENS",153052.0,"2026-03-09","2026-06-19",102.0,"DLOG - DIRETORIA DE LOGÍSTICA","997/2025","Alto",69.0,"2026-07-30","Material",7520.0,"Acessórios e dispositivos para escritório",18065.0,"Prancheta Portátil",278851.0,"características adicionais: com prendedor niquelado, comprimento: 233, cor: fumê, espessura: 3, largura: 320, material: acrílico","UN",12.88,500.0,6440.0]
["25/2026","Aprovada",null,"DLOG E OUTROS - MATERIAIS DE EXPEDIENTE, PAPELARIA, ARTESANATO E EMBALAGEM","BENS",153052.0,"2026-03-09","2026-06-19",102.0,"DLOG - DIRETORIA DE LOGÍSTICA","997/2025","Alto",70.0,"2026-07-30","Material",7510.0,"Artigos para escritório",153.0,"Refil Tinta",289592.0,"aplicação: pincel atômico, capacidade: 37, características adicionais: marca e procedência na embalagem, cor: azul, material: tinta","FR",4.3355,100.0,433.55]
["25/2026","Aprovada",null,"DLOG E OUTROS - MATERIAIS DE EXPEDIENTE, PAPELARIA, ARTESANATO E EMBALAGEM","BENS",153052.0,"2026-03-09","2026-06-19",102.0,"DLOG - DIRETORIA DE LOGÍSTICA","997/2025","Alto",71.0,"2026-07-30","Material",7510.0,"Artigos para escritório",153.0,"Refil Tinta",332399.0,"aplicação: pincel atômico, capacidade: 37, características adicionais: marca e procedência na embalagem, cor: preta, material: tinta","FR",4.3355,100.0,433.55]
["25/2026","Aprovada",null,"DLOG E OUTROS - MATERIAIS DE EXPEDIENTE, PAPELARIA, ARTESANATO E EMBALAGEM","BENS",153052.0,"2026-03-09","2026-06-19",102.0,"DLOG - DIRETORIA DE LOGÍSTICA","997/2025","Alto",72.0,"2026-07-30","Material",7510.0,"Artigos para escritório",153.0,"Refil Tinta",289594.0,"aplicação: pincel atômico, capacidade: 37, características adicionais: marca e procedência na embalagem, cor: vermelho, material: tinta","FR",4.3355,100.0,433.55]
["25/2026","Aprovada",null,"DLOG E OUTROS - MATERIAIS DE EXPEDIENTE, PAPELARIA, ARTESANATO E EMBALAGEM","BENS",153052.0,"2026-03-09","2026-06-19",102.0,"DLOG - DIRETORIA DE LOGÍSTICA","997/2025","Alto",73.0,"2026-07-30","Material",7510.0,"Artigos para escritório",11569.0,"Régua Comum",229521.0,"comprimento: 30, graduação: centímetro, material: plástico cristal, tipo material: rígido","UN",0.7475,400.0,299.0]
["25/2026","Aprovada",null,"DLOG E OUTROS - MATERIAIS DE EXPEDIENTE, PAPELARIA, ARTESANATO E EMBALAGEM","BENS",153052.0,"2026-03-09","2026-06-19",102.0,"DLOG - DIRETORIA DE LOGÍSTICA","997/2025","Alto",74.0,"2026-07-30","Material",7510.0,"Artigos para escritório",11569.0,"Régua Comum",228563.0,"características adicionais: não aplicável, comprimento: 40, graduação: centímetro, material: plástico cristal, tipo material: rígido","UN",3.105,300.0,931.5]
["25/2026","Aprovada",null,"DLOG E OUTROS - MATERIAIS DE EXPEDIENTE, PAPELARIA, ARTESANATO E EMBALAGEM","BENS",153052.0,"2026-03-09","2026-06-19",102.0,"DLOG - DIRETORIA DE LOGÍSTICA","997/2025","Alto",75.0,"2026-07-30","Material",7510.0,"Artigos para escritório",24.0,"Régua Escritório",414789.0,"comprimento: 50, cor: incolor, graduação: centímetro/milímetro, material: poliestireno","UN",3.956,200.0,791.2]
["25/2026","Aprovada",null,"DLOG E OUTROS - MATERIAIS DE EXPEDIENTE, PAPELARIA, ARTESANATO E EMBALAGEM","BENS",153052.0,"2026-03-09","2026-06-19",102.0,"DLOG - DIRETORIA DE LOGÍSTICA","997/2025","Alto",76.0,"2026-07-30","Material",7520.0,"Acessórios e dispositivos para escritório",249.0,"Tesoura",283560.0,"comprimento: 21, material: aço inoxidável, material cabo: plástico","UN",6.417,400.0,2566.8]
["25/2026","Aprovada",null,"DLOG E OUTROS - MATERIAIS DE EXPEDIENTE, PAPELARIA, ARTESANATO E EMBALAGEM","BENS",153052.0,"2026-03-09","2026-06-19",102.0,"DLOG - DIRETORIA DE LOGÍSTICA","997/2025","Alto",77.0,"2026-07-30","Material",7520.0,"Acessórios e dispositivos para escritório",249.0,"Tesoura",317713.0,"características adicionais: cor preta/extra corte/uso escolar, comprimento: 5, material: aço inoxidável, material cabo: propileno","UN",2.185,300.0,655.5]
["25/2026","Aprovada",null,"DLOG E OUTROS - MATERIAIS DE EXPEDIENTE, PAPELARIA, ARTESANATO E EMBALAGEM","BENS",153052.0,"2026-03-09","2026-06-19",102.0,"DLOG - DIRETORIA DE LOGÍSTICA","997/2025","Alto",78.0,"2026-07-30","Material",7510.0,"Artigos para escritório",18258.0,"Tinta Para Carimbo",291371.0,"componentes: base d'água, corante, solventes e aditivos, cor: azul, capacidade frasco: 42","FR",3.7375,100.0,373.75]
["25/2026","Aprovada",null,"DLOG E OUTROS - MATERIAIS DE EXPEDIENTE, PAPELARIA, ARTESANATO E EMBALAGEM","BENS",153052.0,"2026-03-09","2026-06-19",102.0,"DLOG - DIRETORIA DE LOGÍSTICA","997/2025","Alto",79.0,"2026-07-30","Material",7510.0,"Artigos para escritório",18258.0,"Tinta Para Carimbo",291372.0,"componentes: base d'água, corante, solventes e aditivos, cor: preta, capacidade frasco: 42","FR",3.7375,50.0,186.875]
["25/2026","Aprovada",null,"DLOG E OUTROS - MATERIAIS DE EXPEDIENTE, PAPELARIA, ARTESANATO E EMBALAGEM","BENS",153052.0,"2026-03-09","2026-06-19",102.0,"DLOG - DIRETORIA DE LOGÍSTICA","997/2025","Alto",80.0,"2026-07-30","Material",7540.0,"Formulários padronizados",79.0,"Papel Flip Chart",393049.0,"cor: branca, dimensões: 640 x 880, gramatura: 75, material: celulose vegetal","BL",34.5,50.0,1725.0]
["25/2026","Aprovada",null,"DLOG E OUTROS - MATERIAIS DE EXPEDIENTE, PAPELARIA, ARTESANATO E EMBALAGEM","BENS",153052.0,"2026-03-09","2026-06-19",102.0,"DLOG - DIRETORIA DE LOGÍSTICA","997/2025","Alto",81.0,"2026-07-30","Material",7510.0,"Artigos para escritório",1590.0,"Caneta Ponta Porosa",224282.0,"quantidade pontas: 2, formato ponta: não aplicável, tipo tinta: não aplicável, cor tinta: preta, tamanho ponta: 0,40 e 0,80, aplicação: escrita em plástico/tecido/madeira e vidro","UN",5.75,400.0,2300.0]
["25/2026","Aprovada",null,"DLOG E OUTROS - MATERIAIS DE EXPEDIENTE, PAPELARIA, ARTESANATO E EMBALAGEM","BENS",153052.0,"2026-03-09","2026-06-19",102.0,"DTEL - DIRETORIA DE TELECOMUNICAÇÕES","1026/2025","Médio",34.0,"2026-10-01","Material",7520.0,"Acessórios e dispositivos para escritório",1499.0,"Estilete",485372.0,"características adicionais: com trava de segurança, espessura: 18, material corpo: emborrachado, tipo: lâmina retrátil","UN",13.46,10.0,134.6]
["25/2026","Aprovada",null,"DLOG E OUTROS - MATERIAIS DE EXPEDIENTE, PAPELARIA, ARTESANATO E EMBALAGEM","BENS",153052.0,"2026-03-09","2026-06-19",102.0,"DTEL - DIRETORIA DE TELECOMUNICAÇÕES","1026/2025","Médio",39.0,"2026-10-01","Material",7510.0,"Artigos para escritório",18071.0,"Fita Adesiva",446961.0,"aplicação: multiuso, características adicionais: capacidade de fixação: 5kg a cada 20cm, comprimento: 2, largura: 24, material: adesivo acrílico  alta resistência, tipo: dupla face","UN",26.66,20.0,533.2]
["25/2026","Aprovada",null,"DLOG E OUTROS - MATERIAIS DE EXPEDIENTE, PAPELARIA, ARTESANATO E EMBALAGEM","BENS",153052.0,"2026-03-09","2026-06-19",102.0,"DTEL - DIRETORIA DE TELECOMUNICAÇÕES","1026/2025","Médio",40.0,"2026-10-01","Material",7510.0,"Artigos para escritório",18071.0,"Fita Adesiva",391988.0,"comprimento: 50, cor: bege, largura: 48, material: crepe, tipo: monoface","UN",17.5,50.0,875.0]
["25/2026","Aprovada",null,"DLOG E OUTROS - MATERIAIS DE EXPEDIENTE, PAPELARIA, ARTESANATO E EMBALAGEM","BENS",153052.0,"2026-03-09","2026-06-19",102.0,"DTEL - DIRETORIA DE TELECOMUNICAÇÕES","1026/2025","Médio",41.0,"2026-10-01","Material",7510.0,"Artigos para escritório",18071.0,"Fita Adesiva",382324.0,"aplicação: rotulador brother m-231, comprimento: 8, cor: branca, largura: 12, material: plástico, tipo: rotuladora","UN",73.86,100.0,7386.0]
["97/2026","Aprovada",null,"SEINFRA - Contratação de serviços de coleta de lâmpadas queimadas","SERVICOS",153052.0,"2026-02-03","2026-08-03",181.0,"SEINFRA - SECRETARIA DE INFRAESTRUTURA","720/2025","Médio",1.0,"2026-08-03","Serviço",853.0,"SERVIÇOS DE LIMPEZA",null,null,14265.0,"COLETA DE LIXO - RESIDENCIAL / COMERCIAL / INDUSTRIAL",null,2.5,17000.0,42500.0]
["57/2026","Aguardando Aprovação",null,"FD - SERVIÇOS DE EDITORAÇÃO, IMPRESSÃO E PUBLICAÇÃO DE LIVROS OU REVISTAS","SERVICOS",153052.0,"2026-05-20","2026-07-24",65.0,"FD - FACULDADE DE DIREITO","338/2025","Baixo",1.0,"2026-07-13","Serviço",891.0,"SERVIÇOS DE REPRODUÇÃO, PUBLICAÇÃO E IMPRESSÃO",null,null,19275.0,"EDIÇÃO / IMPRESSÃO OBRAS PÚBLICAS - LIVRO / REVISTA / PERIÓ-DICO","UN",15000.0,1.0,15000.0]
["55/2026","Devolvida",null,"PPG Biologia da Relação Parasito-Hospedeiro - IPTSP-PROAP - SERVIÇO DE REPARO DE EQUIPAMENTOS","SERVICOS",153052.0,"2026-08-10","2026-10-30",81.0,"PPG Biologia da Relação Parasito-Hospedeiro - IPTSP-PROAP","320/2025","Baixo",1.0,"2026-10-31","Serviço",872.0,"SERVIÇOS DE REPARO DE OUTROS BENS",{"$nulls":5},5000.0,1.0,5000.0]
["41/2026","Aprovada",null,"PERSIANAS","BENS",153052.0,"2026-04-29","2026-07-24",86.0,"INF - INSTITUTO DE INFORMÁTICA","368/2025","Médio",1.0,"2026-06-30","Material",7230.0,"Tapeçarias, cortinas e persianas",760.0,"Persiana",482651.0,"altura: 2,52, aplicação: ambiente profissional, características adicionais: com trilho em alumínio anodizado, cor: branca, espessura lâmina: 0,5, largura lâmina: 89, material: tecido resinado, tipo: vertical","M2",500.0,70.0,35000.0]
["41/2026","Aprovada",null,"PERSIANAS","BENS",153052.0,"2026-04-29","2026-07-24",86.0,"BC - BIBLIOTECA CENTRAL","757/2025","Médio",1.0,"2026-07-01","Material",7230.0,"Tapeçarias, cortinas e persianas",10682.0,"Persiana Tipo Cortina",412483.0,"altura: 1,05, largura: 1,10, material: tecido proteção solar, tipo: rolô","UN",33566.4,1.0,33566.4]
["17/2026","Aprovada",null,"MATERIAIS ÓLEOS E LUBRIFICANTES EM GERAL","BENS",153052.0,"2026-04-20","2026-07-10",81.0,"FCT- FACULDADE DE CIÊNCIAS E TECNOLOGIA","283/2025","Médio",1.0,"2026-06-15","Material",9150.0,"Óleos e graxas para corte, lubrificação e sistemas  hidráulicos",13990.0,"Solução Lubrificante",276351.0,"aspecto físico: líquido azul, composição básica: copolímero semi-cristalino / sol. alcoólica c/ veí, tipo uso: polimento com pasta diamantada, aplicação: metalografia","L",280.0,1.0,280.0]
["17/2026","Aprovada",null,"MATERIAIS ÓLEOS E LUBRIFICANTES EM GERAL","BENS",153052.0,"2026-04-20","2026-07-10",81.0,"FCT- FACULDADE DE CIÊNCIAS E TECNOLOGIA","283/2025","Médio",2.0,"2026-06-15","Material",5350.0,"Materiais abrasivos",4524.0,"Carbureto De Silício",396810.0,"aspecto físico: pó inodoro, preto esverdeado, característica adicional: granulação média (nº 80), fórmula química: sic, número de referência química: cas 409-21-2, peso molecular: 40,10","KG",80.0,10.0,800.0]
["17/2026","Aprovada",null,"MATERIAIS ÓLEOS E LUBRIFICANTES EM GERAL","BENS",153052.0,"2026-04-20","2026-07-10",81.0,"FCT- FACULDADE DE CIÊNCIAS E TECNOLOGIA","283/2025","Médio",3.0,"2026-06-15","Material",5350.0,"Materiais abrasivos",4524.0,"Carbureto De Silício",396810.0,"aspecto físico: pó inodoro, preto esverdeado, característica adicional: granulação média (nº 80), fórmula química: sic, número de referência química: cas 409-21-2, peso molecular: 40,10","KG",100.0,10.0,1000.0]
["17/2026","Aprovada",null,"MATERIAIS ÓLEOS E LUBRIFICANTES EM GERAL","BENS",153052.0,"2026-04-20","2026-07-10",81.0,"FCT- FACULDADE DE CIÊNCIAS E TECNOLOGIA","283/2025","Médio",4.0,"2026-06-15","Material",5350.0,"Materiais abrasivos",4524.0,"Carbureto De Silício",396810.0,"aspecto físico: pó inodoro, preto esverdeado, característica adicional: granulação média (nº 80), fórmula química: sic, número de referência química: cas 409-21-2, peso molecular: 40,10","KG",260.0,10.0,2600.0]
["17/2026","Aprovada",null,"MATERIAIS ÓLEOS E LUBRIFICANTES EM GERAL","BENS",153052.0,"2026-04-20","2026-07-10",81.0,"EMC - ESCOLA DE ENGENHARIA ELÉTRICA MECÂNICA E DE COMPUTAÇÃO","390/2025","Médio",17.0,"2026-08-08","Material",9150.0,"Óleos e graxas para corte, lubrificação e sistemas  hidráulicos",7652.0,"Fluído Para Aplicação Específica",615342.0,"aplicação: geração fumaça inerte, característica adicionais: atóxico e não inflamável, composição: água desmineralizada, aromatizantes, corantes e al","FR",10.866,5.0,54.33]
["17/2026","Aprovada",null,"MATERIAIS ÓLEOS E LUBRIFICANTES EM GERAL","BENS",153052.0,"2026-04-20","2026-07-10",81.0,"EMC - ESCOLA DE ENGENHARIA ELÉTRICA MECÂNICA E DE COMPUTAÇÃO","390/2025","Médio",18.0,"2026-08-08","Material",9150.0,"Óleos e graxas para corte, lubrificação e sistemas  hidráulicos",7652.0,"Fluído Para Aplicação Específica",615342.0,"aplicação: geração fumaça inerte, característica adicionais: atóxico e não inflamável, composição: água desmineralizada, aromatizantes, corantes e al","FR",90.0,2.0,180.0]
["17/2026","Aprovada",null,"MATERIAIS ÓLEOS E LUBRIFICANTES EM GERAL","BENS",153052.0,"2026-04-20","2026-07-10",81.0,"EMC - ESCOLA DE ENGENHARIA ELÉTRICA MECÂNICA E DE COMPUTAÇÃO","392/2025","Médio",3.0,"2026-07-15","Material",9150.0,"ÓLEOS E GRAXAS PARA CORTE, LUBRIFICAÇÃO E SISTEMAS  HIDRÁULICOS",609.0,"GRAXA",479064.0,"CONSISTÊNCIA NLGI: 1, TIPO ADITIVOS: ANTICORROSIVO, TIPO BASE: ÓLEO MINERAL, TIPO ESPESSANTE: VASELINA RÍGIDA À BASE DE PETROLATO","FR",26.9,6.0,161.4]
["64/2026","Aprovada",null,"BC E OUTROS - MATERIAIS PARA CONSERVAÇÃO DE LIVROS ","BENS",153052.0,"2026-02-02","2026-07-01",149.0,"CC - CENTRO CULTURAL","709/2025","Médio",1.0,"2026-06-08","Material",8040.0,"Adesivos",13894.0,"Cola",620758.0,"aplicação: conservação, apresentação: pote 226 g, composição: adesivo com ph neutro feito de amido de trigo alta, tipo: pó","FR",713.0,1.0,713.0]
["64/2026","Aprovada",null,"BC E OUTROS - MATERIAIS PARA CONSERVAÇÃO DE LIVROS ","BENS",153052.0,"2026-02-02","2026-07-01",149.0,"CC - CENTRO CULTURAL","709/2025","Médio",2.0,"2026-06-08","Material",8040.0,"Adesivos",13894.0,"Cola",315126.0,"aplicação: acrílico, composição: 95% monômero de metacrilato de metila xaroposo cas, cor: incolor, tipo: líquido viscoso","FR",116.8,1.0,116.8]
["64/2026","Aprovada",null,"BC E OUTROS - MATERIAIS PARA CONSERVAÇÃO DE LIVROS ","BENS",153052.0,"2026-02-02","2026-07-01",149.0,"CC - CENTRO CULTURAL","709/2025","Médio",3.0,"2026-06-08","Material",7610.0,"Livros e folhetos",13926.0,"Fita Recuperação Obra Arte",414794.0,"aplicação: tratamento emergencial em obras raras, comprimento: 25, largura: 2, material: fibra algodão, tipo: adesiva","UN",380.0,2.0,760.0]
["64/2026","Aprovada",null,"BC E OUTROS - MATERIAIS PARA CONSERVAÇÃO DE LIVROS ","BENS",153052.0,"2026-02-02","2026-07-01",149.0,"CC - CENTRO CULTURAL","709/2025","Médio",4.0,"2026-06-08","Material",7610.0,"Livros e folhetos",13926.0,"Fita Recuperação Obra Arte",363081.0,"acidez: neutra, aplicação: tratamento emergencial em obras raras, comprimento: 15,24, largura: 1,27, material: papel sem polpa de madeira, material revestimento: adesivo solúvel em água, tipo: adesiva, transmitância: opaca","UN",300.0,2.0,600.0]
["64/2026","Aprovada",null,"BC E OUTROS - MATERIAIS PARA CONSERVAÇÃO DE LIVROS ","BENS",153052.0,"2026-02-02","2026-07-01",149.0,"BC - BIBLIOTECA CENTRAL","733/2025","Alto",7.0,"2026-07-01","Material",3455.0,"Ferramentas de cortar para máquinas ferramenta",17945.0,"Lâmina",466020.0,"aplicação: máquina corte de tecido, diâmetro: 12, material: aço","UN",20.0,10.0,200.0]
["64/2026","Aprovada",null,"BC E OUTROS - MATERIAIS PARA CONSERVAÇÃO DE LIVROS ","BENS",153052.0,"2026-02-02","2026-07-01",149.0,"PRPI - PRO-REITORIA DE PESQUISA E INOVAÇÃO","947/2025","Alto",8.0,"2026-03-31","Material",9310.0,"Papéis e papelões",17521.0,"Papel Ingres",468943.0,"aplicação: restauração documento, comprimento: 14, cor: amarelo ouro, largura: 14","FL",7.0,500.0,3500.0]
["64/2026","Aprovada",null,"BC E OUTROS - MATERIAIS PARA CONSERVAÇÃO DE LIVROS ","BENS",153052.0,"2026-02-02","2026-07-01",149.0,"PRPI - PRO-REITORIA DE PESQUISA E INOVAÇÃO","947/2025","Alto",9.0,"2026-03-31","Material",9310.0,"Papéis e papelões",10386.0,"Papel Japonês",474462.0,"aplicação: restauração  livros, comprimento: 60, cor: transparente, gramatura: 10, largura: 45, material: 95% de fibras gampi, tipo: gampi silk tissue","UN",200.0,5.0,1000.0]
["64/2026","Aprovada",null,"BC E OUTROS - MATERIAIS PARA CONSERVAÇÃO DE LIVROS ","BENS",153052.0,"2026-02-02","2026-07-01",149.0,"PRPI - PRO-REITORIA DE PESQUISA E INOVAÇÃO","947/2025","Alto",10.0,"2026-03-31","Material",9310.0,"Papéis e papelões",19830.0,"Papel Resinado",619090.0,"comprimento: 150, cor: off white, gramatura: 40, largura: 90, tipo: glassine","UN",60.0,5.0,300.0]
["132/2026","Aprovada",null,"AQUISIÇÃO DE MOBILIÁRIOS DOMÉSTICOS","BENS",153052.0,"2026-01-02","2026-07-02",181.0,"FEN - FACULDADE DE ENFERMAGEM","96/2025","Alto",1.0,"2026-07-26","Material",7110.0,"Mobiliário para escritório",{"$nulls":5},30000.0,1.0,30000.0]
["132/2026","Aprovada",null,"AQUISIÇÃO DE MOBILIÁRIOS DOMÉSTICOS","BENS",153052.0,"2026-01-02","2026-07-02",181.0,"FEN - FACULDADE DE ENFERMAGEM","100/2025","Alto",1.0,"2026-08-27","Material",7125.0,"Armários e estantes",{"$nulls":5},7500.0,1.0,7500.0]
["132/2026","Aprovada",null,"AQUISIÇÃO DE MOBILIÁRIOS DOMÉSTICOS","BENS",153052.0,"2026-01-02","2026-07-02",181.0,"FEN - FACULDADE DE ENFERMAGEM","101/2025","Alto",1.0,"2026-09-01","Material",7195.0,"Mobiliários diversos e acessórios",{"$nulls":5},3000.0,1.0,3000.0]
["132/2026","Aprovada",null,"AQUISIÇÃO DE MOBILIÁRIOS DOMÉSTICOS","BENS",153052.0,"2026-01-02","2026-07-02",181.0,"ICB - INSTITUTO DE CIÊNCIAS BIOLÓGICAS","188/2025","Alto",2.0,"2026-08-31","Material",7110.0,"Mobiliário para escritório",313.0,"Cadeira Escritório",373525.0,"apoio braço: com braços fixos, cor: preta, material assento: polipropileno / espuma poliuretano injetada, material encosto: polipropileno / espuma poliuretano injetada, material estrutura: alumínio, material revestimento assento e encosto: courvin, tipo base: giratória com 5 rodízios duplos, tipo encosto: médio, tipo sistema regulagem vertical: a gás","UN",350.0,37.0,12950.0]
["132/2026","Aprovada",null,"AQUISIÇÃO DE MOBILIÁRIOS DOMÉSTICOS","BENS",153052.0,"2026-01-02","2026-07-02",181.0,"ICB - INSTITUTO DE CIÊNCIAS BIOLÓGICAS","188/2025","Alto",3.0,"2026-08-31","Material",7195.0,"Mobiliários diversos e acessórios",13678.0,"Cadeira Fixa",336644.0,"acabamento estrutura: pintura eletrostática, características adicionais: sem braço, cor: preta, material assento: espuma alta densidade, material encosto: espuma alta densidade, material estrutura: aço tubular, material revestimento assento e encosto: tecido","UN",140.0,42.0,5880.0]
["132/2026","Aprovada",null,"AQUISIÇÃO DE MOBILIÁRIOS DOMÉSTICOS","BENS",153052.0,"2026-01-02","2026-07-02",181.0,"ICB - INSTITUTO DE CIÊNCIAS BIOLÓGICAS","188/2025","Alto",4.0,"2026-08-31","Material",7110.0,"Mobiliário para escritório",321.0,"Mesa Escritório",207257.0,"altura: 0,74, cor estrutura: preta, cor tampo: preta, largura: 1,50, material estrutura: tubo metálico, material tampo: aglomerado, profundidade: 0,75, quantidade gavetas: 3, revestimento tampo: laminado fenólico melamínico, acabamento escrutura: pintado, tipo gavetas: com chave","UN",471.9,2.0,943.8]
["132/2026","Aprovada",null,"AQUISIÇÃO DE MOBILIÁRIOS DOMÉSTICOS","BENS",153052.0,"2026-01-02","2026-07-02",181.0,"CEPAE - CENTRO DE ENSINO E PESQUISA APLICADA À EDUCAÇÃO","201/2025","Médio",3.0,"2026-03-02","Material",7125.0,"Armários e estantes",14006.0,"Armário Arquivo",612595.0,"altura: 2,51, largura: 1,86, material: madeira mdf, material base: madeira mdf, prateleiras internas: 5, profundidade: 0,45, quantidade portas: 2, tipo porta: correr","UN",1099.0,2.0,2198.0]
["132/2026","Aprovada",null,"AQUISIÇÃO DE MOBILIÁRIOS DOMÉSTICOS","BENS",153052.0,"2026-01-02","2026-07-02",181.0,"FAFIL- FACULDADE DE FILOSOFIA","319/2025","Médio",1.0,"2026-09-30","Material",7125.0,"Armários E Estantes",218.0,"Estante",622155.0,"acabamento superficial: esmalte sintetico, altura: 200, largura: 120, material: aço, profundidade: 40, quantidade prateleiras: 6","UN",1000.0,4.0,4000.0]
["132/2026","Aprovada",null,"AQUISIÇÃO DE MOBILIÁRIOS DOMÉSTICOS","BENS",153052.0,"2026-01-02","2026-07-02",181.0,"FCT- FACULDADE DE CIÊNCIAS E TECNOLOGIA","378/2025","Médio",1.0,"2026-06-15","Material",7110.0,"Mobiliário para escritório",9611.0,"Mesa",487700.0,"altura: 0,85, comprimento: 1,00, largura: 0,70, material: aço inoxidável","UN",1350.0,1.0,1350.0]
["132/2026","Aprovada",null,"AQUISIÇÃO DE MOBILIÁRIOS DOMÉSTICOS","BENS",153052.0,"2026-01-02","2026-07-02",181.0,"FCT- FACULDADE DE CIÊNCIAS E TECNOLOGIA","378/2025","Médio",2.0,"2026-06-15","Material",7110.0,"Mobiliário para escritório",6073.0,"Descanso Pés",611424.0,"acabamento estrutura: madeira mdf, características adicionais: base antiderrapante, comprimento: 26, largura: 39, material bandeja: madeira, material estrutura: madeira, profundidade: 26, tipo: ajustável, tratamento superficial: pintado","UN",90.0,1.0,90.0]
["132/2026","Aprovada",null,"AQUISIÇÃO DE MOBILIÁRIOS DOMÉSTICOS","BENS",153052.0,"2026-01-02","2026-07-02",181.0,"PPG Direito e Políticas Públicas - FD-TAXAS","599/2025","Baixo",8.0,"2026-07-31","Material",7105.0,"Mobiliário doméstico",312.0,"Banqueta",612562.0,"altura: 109, comprimento: 45, largura: 46, material base assento: polipropileno, material base encosto: polipropileno, material estrutura: aço, tipo assento: fixo","UN",280.0,4.0,1120.0]
["132/2026","Aprovada",null,"AQUISIÇÃO DE MOBILIÁRIOS DOMÉSTICOS","BENS",153052.0,"2026-01-02","2026-07-02",181.0,"PPG Direito e Políticas Públicas - FD-TAXAS","599/2025","Baixo",9.0,"2026-07-31","Material",7105.0,"Mobiliário doméstico",18637.0,"Pufe",621485.0,"altura: 45, cor: preta, formato: quadrado, largura: 41, material estrutura: madeira, profundidade: 41, revestimento externo: couro sintético, revestimento interno: espuma de poliuretano","UN",220.0,15.0,3300.0]
["132/2026","Aprovada",null,"AQUISIÇÃO DE MOBILIÁRIOS DOMÉSTICOS","BENS",153052.0,"2026-01-02","2026-07-02",181.0,"PPG Educação - FE-TAXAS","627/2025","Alto",1.0,"2026-08-31","Material",7105.0,"Mobiliário Doméstico",12177.0,"Sofá",627153.0,"altura: 87, características adicionais: confforme modelo, cor: preta, largura: 180, material estrutura: madeira de reflorestamento, profundidade: 77, quantidade assentos: 3, revestimento: corino","UN",4000.0,1.0,4000.0]
["132/2026","Aprovada",null,"AQUISIÇÃO DE MOBILIÁRIOS DOMÉSTICOS","BENS",153052.0,"2026-01-02","2026-07-02",181.0,"BC - BIBLIOTECA CENTRAL","757/2025","Médio",6.0,"2026-07-01","Material",7105.0,"Mobiliário doméstico",18637.0,"Pufe",462069.0,"altura: 100, cor: amarelo, formato: redondo, largura: 90, material estrutura: couro sintético, profundidade: 90, revestimento externo: couro sintético, revestimento interno: flocos de isopor","UN",300.0,30.0,9000.0]
["132/2026","Aprovada",null,"AQUISIÇÃO DE MOBILIÁRIOS DOMÉSTICOS","BENS",153052.0,"2026-01-02","2026-07-02",181.0,"BC - BIBLIOTECA CENTRAL","757/2025","Médio",7.0,"2026-07-01","Material",7105.0,"Mobiliário doméstico",18637.0,"Pufe",430464.0,"altura: 42, características adicionais: com pés, formato: quadrado, largura: 32, material estrutura: couro sintético, profundidade: 32, revestimento externo: courino, revestimento interno: flocos de isopor","UN",55.0,15.0,825.0]
["132/2026","Aprovada",null,"AQUISIÇÃO DE MOBILIÁRIOS DOMÉSTICOS","BENS",153052.0,"2026-01-02","2026-07-02",181.0,"GOIAS - REGIONAL GOIAS","979/2025","Médio",4.0,"2026-07-01","Material",7105.0,"Mobiliário doméstico",331.0,"Cadeira",305422.0,"características adicionais: assento/encosto contínuos, altura regulável e rodí, cor: vinho, material: ferro, revestimento: courvim, tipo: com braço, tipo espaldar: alto","UN",500.0,12.0,6000.0]
["132/2026","Aprovada",null,"AQUISIÇÃO DE MOBILIÁRIOS DOMÉSTICOS","BENS",153052.0,"2026-01-02","2026-07-02",181.0,"GOIAS - REGIONAL GOIAS","979/2025","Médio",5.0,"2026-07-01","Material",7105.0,"Mobiliário doméstico",12177.0,"Sofá",607722.0,"altura: 0,88, cor: palha, largura: 300, material estofamento: espuma d33, fibra siliconada, material estrutura: madeira mdf, profundidade: 0,97, quantidade assentos: 2, quantidade módulos: 2, revestimento: tecido 93% algodão, 7% linho","UN",1500.0,1.0,1500.0]
["132/2026","Aprovada",null,"AQUISIÇÃO DE MOBILIÁRIOS DOMÉSTICOS","BENS",153052.0,"2026-01-02","2026-07-02",181.0,"GOIAS - REGIONAL GOIAS","980/2025","Médio",6.0,"2026-07-01","Material",7105.0,"Mobiliário doméstico",315.0,"Cama",207053.0,"comprimento: 1,98, largura: 0,88, material: metal, modelo: com cabeceira, tipo: solteiro, tratamento superficial: laqueado","UN",500.0,11.0,5500.0]
["132/2026","Aprovada",null,"AQUISIÇÃO DE MOBILIÁRIOS DOMÉSTICOS","BENS",153052.0,"2026-01-02","2026-07-02",181.0,"GOIAS - REGIONAL GOIAS","980/2025","Médio",7.0,"2026-07-01","Material",7105.0,"Mobiliário doméstico",316.0,"Cama Conjugada",620621.0,"altura: 160, características adicionais: com escada móvel, desmontável, tipo encaixe, 3 deg, comprimento: 2,00, cor: carvalho berlim, largura: 87, material: aço, quantidade leitos: 2, tipo: beliche","UN",900.0,11.0,9900.0]
["66/2026","Aprovada",null,"EQUIPAMENTO PARA IMPRESSÃO, DUPLICAÇÃO E ENCADERNAÇÃO","BENS",153052.0,"2026-02-10","2026-08-10",181.0,"FAV - FACULDADE DE ARTES VISUAIS","334/2025","Médio",22.0,"2026-12-01","Material",3610.0,"Equipamento para impressão, duplicação e encadernação",10521.0,"Peça / Acessório - Impressora / Copiadora",473615.0,"aplicação 1: impressora brother mfc-8712dw, referência 2: dr-3302, tipo 2: cilindro fotocondutor","UN",650.0,1.0,650.0]
["66/2026","Aprovada",null,"EQUIPAMENTO PARA IMPRESSÃO, DUPLICAÇÃO E ENCADERNAÇÃO","BENS",153052.0,"2026-02-10","2026-08-10",181.0,"EMC - ESCOLA DE ENGENHARIA ELÉTRICA MECÂNICA E DE COMPUTAÇÃO","394/2025","Médio",4.0,"2026-08-10","Material",3610.0,"Equipamento para impressão, duplicação e encadernação",15048.0,"Prensa Fotolitrográfica",479384.0,"aplicação: gravação de materiais cilíndricos e cônicos, características adicionais: dupla, display digital com timer e temperatura, av, dimensões: 36 x 22 x 44 cm, material: metal, tensão: 220 v","UN",1500.0,1.0,1500.0]
["66/2026","Aprovada",null,"EQUIPAMENTO PARA IMPRESSÃO, DUPLICAÇÃO E ENCADERNAÇÃO","BENS",153052.0,"2026-02-10","2026-08-10",181.0,"EMC - ESCOLA DE ENGENHARIA ELÉTRICA MECÂNICA E DE COMPUTAÇÃO","394/2025","Médio",14.0,"2026-08-10","Material",3610.0,"Equipamento para impressão, duplicação e encadernação",9314.0,"Maquina Manual De Encadernar",415278.0,"altura: 26, capacidade folhas: 270, características adicionais: com margeador e lixeira/garras duplo anel(wire-0), comprimento: 39, largura: 39, material: ferro, tipo: mesa, tratamento superficial: pintura em epóxi","UN",650.0,1.0,650.0]
["67/2026","Aprovada",null,"LABROROCHA - Aquisição de fita reativa","BENS",153052.0,"2025-12-10","2026-05-11",152.0,"LABROROCHA - LABORATÓRIO RÔMULO ROCHA - FF","610/2025","Baixo",1.0,"2026-05-02","Material",6550.0,"SUBSTÂNCIAS PARA DIAGNÓSTICO \"IN VITRO\",  REAGENTES,  CONJUNTOS E JOGOS PARA TESTE",18984.0,"REAGENTE PARA DIAGNÓSTICO CLÍNICO 5",339560.0,"TIPO: UROANÁLISE, CARACTERÍSTICAS ADICIONAIS: 10 PARÂMETROS, APRESENTAÇÃO: TIRA","UN",127.0,100.0,12700.0]
["67/2026","Aprovada",null,"LABROROCHA - Aquisição de fita reativa","BENS",153052.0,"2025-12-10","2026-05-11",152.0,"LABROROCHA - LABORATÓRIO RÔMULO ROCHA - FF","610/2025","Baixo",2.0,"2026-05-02","Material",6550.0,"SUBSTÂNCIAS PARA DIAGNÓSTICO \"IN VITRO\",  REAGENTES,  CONJUNTOS E JOGOS PARA TESTE",18984.0,"REAGENTE PARA DIAGNÓSTICO CLÍNICO 5",442739.0,"TIPO: UROANÁLISE, CARACTERÍSTICAS ADICIONAIS: CALIBRADOR, APRESENTAÇÃO: TIRA","UN",300.0,1.0,300.0]
["68/2026","Aprovada",null,"LABROROCHA - Reagentes dosagens bioquímicas ","BENS",153052.0,"2026-06-01","2026-12-01",183.0,"LABROROCHA - LABORATÓRIO RÔMULO ROCHA - FF","603/2025","Baixo",1.0,"2026-11-01","Material",6550.0,"SUBSTÂNCIAS PARA DIAGNÓSTICO \"IN VITRO\",  REAGENTES,  CONJUNTOS E JOGOS PARA TESTE",13627.0,"REAGENTE",null,null,null,150000.0,1.0,150000.0]
["68/2026","Aprovada",null,"LABROROCHA - Reagentes dosagens bioquímicas ","BENS",153052.0,"2026-06-01","2026-12-01",183.0,"LABROROCHA - LABORATÓRIO RÔMULO ROCHA - FF","603/2025","Baixo",2.0,"2026-11-01","Material",6515.0,"INSTRUMENTOS, EQUIPAMENTOS E SUPRIMENTOS MÉDICOS  E  CIRÚRGICOS",5649.0,"CONJUNTO COLETA COMPONENTES SANGUE",null,null,null,150000.0,1.0,150000.0]
["68/2026","Aprovada",null,"LABROROCHA - Reagentes dosagens bioquímicas ","BENS",153052.0,"2026-06-01","2026-12-01",183.0,"LABROROCHA - LABORATÓRIO RÔMULO ROCHA - FF","603/2025","Baixo",3.0,"2026-11-01","Material",6810.0,"PRODUTOS QUÍMICOS",2146.0,"ÁGAR",null,null,null,120000.0,1.0,120000.0]
["87/2026","Aprovada",null,"REDE DE DESCANSO E SUPORTE","BENS",153052.0,"2026-08-31","2026-08-31",0.0,"PPG Educação - FE-TAXAS","655/2025","Alto",1.0,"2026-08-31","Material",8305.0,"Tecidos",11502.0,"Rede De Dormir",326199.0,"material: 100% algodão, tipo: solteiro","UN",150.0,3.0,450.0]
["87/2026","Aprovada",null,"REDE DE DESCANSO E SUPORTE","BENS",153052.0,"2026-08-31","2026-08-31",0.0,"PPG Educação - FE-TAXAS","655/2025","Alto",2.0,"2026-08-31","Material",5325.0,"DISPOSITIVOS PARA FIXAÇÃO",18356.0,"SUPORTE",null,null,null,1050.0,1.0,1050.0]
["171/2026","Aprovada",null,"DLOG - Serviço de comunicação do WhatsApp Business","SERVICOS",153052.0,"2026-01-02","2026-06-02",151.0,"DLOG - DIRETORIA DE LOGÍSTICA","1004/2025","Médio",1.0,"2026-12-14","Serviço",843.0,"Serviços De Fornecimento De Informações On-Line",null,null,16535.0,"Comunicação - Assinatura / Valor Adicionado",null,400.0,12.0,4800.0]
["21/2026","Aprovada",null,"SUPRIMENTOS DE INFORMÁTICA EM GERAL - NÃO TIC","CONTRATACOES_TIC",153052.0,"2026-04-20","2026-08-07",109.0,"SECOM - SECRETARIA DE COMUNICAÇÃO","154/2025","Alto",1.0,"2026-05-30","Material",6140.0,"Baterias Recarregáveis",3475.0,"Bateria Recarregável",487706.0,"aplicação: máquina fotográfica, capacidade nominal: 1900, modelo: en-el15, sistema eletroquímico: li-on, tensão nominal: 7.2","UN",550.0,2.0,1100.0]
["21/2026","Aprovada",null,"SUPRIMENTOS DE INFORMÁTICA EM GERAL - NÃO TIC","CONTRATACOES_TIC",153052.0,"2026-04-20","2026-08-07",109.0,"CEPAE - CENTRO DE ENSINO E PESQUISA APLICADA À EDUCAÇÃO","167/2025","Médio",1.0,"2026-03-02","Material",7090.0,"Suprimentos de informática - tic",13853.0,"Cartucho Toner Impressora Hp",396448.0,"cor: preta, referência cartucho 2: ce320a, tipo cartucho: original","UN",150.0,6.0,900.0]
["21/2026","Aprovada",null,"SUPRIMENTOS DE INFORMÁTICA EM GERAL - NÃO TIC","CONTRATACOES_TIC",153052.0,"2026-04-20","2026-08-07",109.0,"CEPAE - CENTRO DE ENSINO E PESQUISA APLICADA À EDUCAÇÃO","167/2025","Médio",2.0,"2026-03-02","Material",7090.0,"Suprimentos de informática - tic",13853.0,"Cartucho Toner Impressora Hp",396446.0,"cor: ciano, referência cartucho 2: ce321a, tipo cartucho: original","UN",150.0,6.0,900.0]
["21/2026","Aprovada",null,"SUPRIMENTOS DE INFORMÁTICA EM GERAL - NÃO TIC","CONTRATACOES_TIC",153052.0,"2026-04-20","2026-08-07",109.0,"CEPAE - CENTRO DE ENSINO E PESQUISA APLICADA À EDUCAÇÃO","167/2025","Médio",3.0,"2026-03-02","Material",7090.0,"Suprimentos de informática - tic",13853.0,"Cartucho Toner Impressora Hp",396447.0,"cor: magenta, referência cartucho 2: ce323a, tipo cartucho: original","UN",150.0,6.0,900.0]
["21/2026","Aprovada",null,"SUPRIMENTOS DE INFORMÁTICA EM GERAL - NÃO TIC","CONTRATACOES_TIC",153052.0,"2026-04-20","2026-08-07",109.0,"CEPAE - CENTRO DE ENSINO E PESQUISA APLICADA À EDUCAÇÃO","167/2025","Médio",4.0,"2026-03-02","Material",7090.0,"Suprimentos de informática - tic",13853.0,"Cartucho Toner Impressora Hp",396445.0,"cor: amarela, referência cartucho 2: ce322a, tipo cartucho: original","UN",150.0,6.0,900.0]
["21/2026","Aprovada",null,"SUPRIMENTOS DE INFORMÁTICA EM GERAL - NÃO TIC","CONTRATACOES_TIC",153052.0,"2026-04-20","2026-08-07",109.0,"CEPAE - CENTRO DE ENSINO E PESQUISA APLICADA À EDUCAÇÃO","167/2025","Médio",9.0,"2026-03-02","Material",6145.0,"Fios e cabos elétricos",14943.0,"Cabo Áudio E Vídeo",463216.0,"aplicação: equipamentos eletrônicos, comprimento: 10, conectores: hdmi macho, material cobertura: pvc emborrachado, material condutor: cobre, material conector: ouro 24 quilates, material isolamento condutor: pvc","UN",55.0,40.0,2200.0]
["21/2026","Aprovada",null,"SUPRIMENTOS DE INFORMÁTICA EM GERAL - NÃO TIC","CONTRATACOES_TIC",153052.0,"2026-04-20","2026-08-07",109.0,"CEPAE - CENTRO DE ENSINO E PESQUISA APLICADA À EDUCAÇÃO","199/2025","Médio",2.0,"2026-03-02","Material",7090.0,"Suprimentos de informática - tic",13828.0,"Cartucho Toner Impressora Lexmark",456288.0,"cor tinta: preta, referência cartucho 3: 56f4u00, tipo cartucho: original","UN",1000.0,1.0,1000.0]
["21/2026","Aprovada",null,"SUPRIMENTOS DE INFORMÁTICA EM GERAL - NÃO TIC","CONTRATACOES_TIC",153052.0,"2026-04-20","2026-08-07",109.0,"CEPAE - CENTRO DE ENSINO E PESQUISA APLICADA À EDUCAÇÃO","201/2025","Médio",2.0,"2026-03-02","Material",7060.0,"Peças e acessórios para computadores",13510.0,"Teclado Microcomputador",451817.0,"conectividade: com fio, tipo: padrão, tipo conector: usb","UN",22.0,2.0,44.0]
["21/2026","Aprovada",null,"SUPRIMENTOS DE INFORMÁTICA EM GERAL - NÃO TIC","CONTRATACOES_TIC",153052.0,"2026-04-20","2026-08-07",109.0,"EMAC - ESCOLA DE MÚSICA E ARTES CÊNICAS","263/2025","Médio",1.0,"2026-08-01","Material",7060.0,"Peças e acessórios para computadores",14650.0,"Câmera Videoconferência",479217.0,"características adicionais: webcam usb com microfone embutido, resolução: 1080 x 1920, tipo lente: foco automático, velocidade transmissão vídeo: 60","UN",996.99,7.0,6978.93]
["21/2026","Aprovada",null,"SUPRIMENTOS DE INFORMÁTICA EM GERAL - NÃO TIC","CONTRATACOES_TIC",153052.0,"2026-04-20","2026-08-07",109.0,"FCT- FACULDADE DE CIÊNCIAS E TECNOLOGIA","276/2025","Médio",5.0,"2026-06-15","Material",7290.0,"Utensílios comerciais e domésticos diversos",12399.0,"Suporte",430274.0,"aplicação: apoio para notebook, formato: retangular, material: aco cromado, tipo: ajustável","UN",230.0,1.0,230.0]
["21/2026","Aprovada",null,"SUPRIMENTOS DE INFORMÁTICA EM GERAL - NÃO TIC","CONTRATACOES_TIC",153052.0,"2026-04-20","2026-08-07",109.0,"FCT- FACULDADE DE CIÊNCIAS E TECNOLOGIA","284/2025","Médio",1.0,"2026-06-15","Material",5935.0,"CONECTORES ELÉTRICOS",2085.0,"ADAPTADOR",472913.0,"APLICAÇÃO: USO EM VÍDEO, CARACTERÍSTICAS ADICIONAIS: HDMI VERSÃO 2.0, CONEXÃO: HDMI FEMEA X HDMI FEMEA","UN",20.0,10.0,200.0]
["21/2026","Aprovada",null,"SUPRIMENTOS DE INFORMÁTICA EM GERAL - NÃO TIC","CONTRATACOES_TIC",153052.0,"2026-04-20","2026-08-07",109.0,"FCT- FACULDADE DE CIÊNCIAS E TECNOLOGIA","284/2025","Médio",2.0,"2026-06-15","Material",7060.0,"PEÇAS E ACESSÓRIOS PARA COMPUTADORES",15410.0,"ADAPTADOR CONECTOR",435888.0,"APLICAÇÃO: VÍDEO, CARACTERÍSTICAS ADICIONAIS: RESOLUÇÃO ATÉ 1080P/ TAMANHO MIN.CABO 15CM, TIPO CONECTORES: HDMI 19 PINO FÊMEA / DISPLAYPORT 20 PINOS MACHO","UN",30.0,5.0,150.0]
["21/2026","Aprovada",null,"SUPRIMENTOS DE INFORMÁTICA EM GERAL - NÃO TIC","CONTRATACOES_TIC",153052.0,"2026-04-20","2026-08-07",109.0,"FCT- FACULDADE DE CIÊNCIAS E TECNOLOGIA","284/2025","Médio",3.0,"2026-06-15","Material",7060.0,"PEÇAS E ACESSÓRIOS PARA COMPUTADORES",15410.0,"ADAPTADOR CONECTOR",608233.0,"APLICAÇÃO: NOTEBOOKS COM PORTAS USB TIPO-C, CARACTERÍSTICAS ADICIONAIS: SUPORTA HDMI/USB HUB E PORTO DE CARREGAMENTO, NÚMERO CONTATO: 5 EM 1, TIPO CONECTORES: MULTIPORTA COM 4K HDMI USB 3.0, RJ45 ETHERNET","UN",78.0,5.0,390.0]
["21/2026","Aprovada",null,"SUPRIMENTOS DE INFORMÁTICA EM GERAL - NÃO TIC","CONTRATACOES_TIC",153052.0,"2026-04-20","2026-08-07",109.0,"FCT- FACULDADE DE CIÊNCIAS E TECNOLOGIA","284/2025","Médio",4.0,"2026-06-15","Material",7060.0,"PEÇAS E ACESSÓRIOS PARA COMPUTADORES",15410.0,"ADAPTADOR CONECTOR",473397.0,"APLICAÇÃO: INTERNET PARA PC, CARACTERÍSTICAS ADICIONAIS: INTERFACE USB 1.0/1.1/2.0 : WINDOWS 98 OU SUPERIOR, TIPO CONECTORES: ADAPTADOR USB 2.0 PARA RJ45","UN",60.0,5.0,300.0]
["21/2026","Aprovada",null,"SUPRIMENTOS DE INFORMÁTICA EM GERAL - NÃO TIC","CONTRATACOES_TIC",153052.0,"2026-04-20","2026-08-07",109.0,"FCT- FACULDADE DE CIÊNCIAS E TECNOLOGIA","284/2025","Médio",5.0,"2026-06-15","Material",6730.0,"EQUIPAMENTO PARA PROJEÇÃO FOTOGRÁFICA",17170.0,"APRESENTADOR MULTIMÍDIA",475604.0,"CARACTERÍSTICAS ADICIONAIS: USB E SEM FIO, COMPATIBILIDADE: WINDOWS, MAC, PC, NOTEBOOK, DISTÂNCIA MÍNIMA: 10, FONTE ALIMENTAÇÃO: BATERIA, FREQÜÊNCIA: 2,4","UN",130.0,2.0,260.0]
["21/2026","Aprovada",null,"SUPRIMENTOS DE INFORMÁTICA EM GERAL - NÃO TIC","CONTRATACOES_TIC",153052.0,"2026-04-20","2026-08-07",109.0,"EECA - ESCOLA DE ENGENHARIA CIVIL E AMBIENTAL","317/2025","Alto",1.0,"2026-08-31","Material",7060.0,"Peças e acessórios para computadores",5409.0,"Mouse Computador",457752.0,"conectividade: com fio, sensor: laser, tamanho: padrão, tipo conector: usb","UN",46.9,12.0,562.8]
["21/2026","Aprovada",null,"SUPRIMENTOS DE INFORMÁTICA EM GERAL - NÃO TIC","CONTRATACOES_TIC",153052.0,"2026-04-20","2026-08-07",109.0,"EECA - ESCOLA DE ENGENHARIA CIVIL E AMBIENTAL","317/2025","Alto",2.0,"2026-08-31","Material",7060.0,"Peças e acessórios para computadores",13510.0,"Teclado Microcomputador",451819.0,"conectividade: com fio, tipo: multimidia, tipo conector: usb","UN",139.0,5.0,695.0]
["21/2026","Aprovada",null,"SUPRIMENTOS DE INFORMÁTICA EM GERAL - NÃO TIC","CONTRATACOES_TIC",153052.0,"2026-04-20","2026-08-07",109.0,"EECA - ESCOLA DE ENGENHARIA CIVIL E AMBIENTAL","317/2025","Alto",3.0,"2026-08-31","Material",7060.0,"Peças e acessórios para computadores",14943.0,"Cabo Áudio E Vídeo",382957.0,"aplicação: sistema de áudio e vídeo, tipo cabo: hdmi padrão","UN",64.78,3.0,194.34]
["21/2026","Aprovada",null,"SUPRIMENTOS DE INFORMÁTICA EM GERAL - NÃO TIC","CONTRATACOES_TIC",153052.0,"2026-04-20","2026-08-07",109.0,"EECA - ESCOLA DE ENGENHARIA CIVIL E AMBIENTAL","317/2025","Alto",4.0,"2026-08-31","Material",7060.0,"Peças e acessórios para computadores",14943.0,"Cabo Áudio E Vídeo",463303.0,"aplicação: equipamentos de informática, comprimento: 3, conectores: vga macho, material condutor: cobre, material conector: metal inox, material isolamento condutor: emborrachado, tipo cabo: padrão vga","UN",34.89,5.0,174.45]
["21/2026","Aprovada",null,"SUPRIMENTOS DE INFORMÁTICA EM GERAL - NÃO TIC","CONTRATACOES_TIC",153052.0,"2026-04-20","2026-08-07",109.0,"EECA - ESCOLA DE ENGENHARIA CIVIL E AMBIENTAL","317/2025","Alto",6.0,"2026-08-31","Material",5935.0,"Conectores elétricos",2085.0,"Adaptador",445782.0,"aplicação: uso em vídeo, características adicionais: resolução mínima: 1080p, conexão: hdmi macho x vga fêmea","UN",33.9,5.0,169.5]
["21/2026","Aprovada",null,"SUPRIMENTOS DE INFORMÁTICA EM GERAL - NÃO TIC","CONTRATACOES_TIC",153052.0,"2026-04-20","2026-08-07",109.0,"FCT- FACULDADE DE CIÊNCIAS E TECNOLOGIA","291/2025","Médio",2.0,"2026-06-15","Material",7060.0,"Peças e acessórios para computadores",15410.0,"Adaptador Conector",335755.0,"aplicação: conexão notebook, características adicionais: wireless/externo/108 mbps/sem fio, material: latão zincado, tipo conectores: interface usb 2.0","UN",1149.0,1.0,1149.0]
["21/2026","Aprovada",null,"SUPRIMENTOS DE INFORMÁTICA EM GERAL - NÃO TIC","CONTRATACOES_TIC",153052.0,"2026-04-20","2026-08-07",109.0,"FD - FACULDADE DE DIREITO","339/2025","Médio",2.0,"2026-04-14","Material",7060.0,"Peças E Acessórios Para Computadores",15042.0,"Placa Captura Imagem Tv",331932.0,"aplicação: pentium 4/windows xp, características adicionais: placa de captura imagem 08 câmaras/60 frames/segun, memória: 128 mb/64-bit","UN",350.0,2.0,700.0]
["21/2026","Aprovada",null,"SUPRIMENTOS DE INFORMÁTICA EM GERAL - NÃO TIC","CONTRATACOES_TIC",153052.0,"2026-04-20","2026-08-07",109.0,"FAV - FACULDADE DE ARTES VISUAIS","334/2025","Médio",1.0,"2026-12-01","Material",5995.0,"Conjuntos De Cabos, Cordões E Fios Elétricos Para  Equipamentos De Comunicações",4047.0,"Cabo Extensor",448723.0,"aplicação: multimídia, características adicionais: resolução: 480i, 480p, 720p, 1080i e 1080p, comprimento: 15, tipo: flexível, tipo saída: hdmi macho x hdmi macho 19 pinos","UN",200.0,5.0,1000.0]
["21/2026","Aprovada",null,"SUPRIMENTOS DE INFORMÁTICA EM GERAL - NÃO TIC","CONTRATACOES_TIC",153052.0,"2026-04-20","2026-08-07",109.0,"FAV - FACULDADE DE ARTES VISUAIS","334/2025","Médio",2.0,"2026-12-01","Material",7060.0,"Peças e acessórios para computadores",2085.0,"Adaptador",462526.0,"aplicação: equipamentos eletrônicos, conexão: vga macho x hdmi femea","UN",35.0,5.0,175.0]
["21/2026","Aprovada",null,"SUPRIMENTOS DE INFORMÁTICA EM GERAL - NÃO TIC","CONTRATACOES_TIC",153052.0,"2026-04-20","2026-08-07",109.0,"FAV - FACULDADE DE ARTES VISUAIS","334/2025","Médio",3.0,"2026-12-01","Material",7060.0,"Peças e acessórios para computadores",2085.0,"Adaptador",445782.0,"aplicação: uso em vídeo, características adicionais: resolução mínima: 1080p, conexão: hdmi macho x vga fêmea","UN",35.0,5.0,175.0]
["21/2026","Aprovada",null,"SUPRIMENTOS DE INFORMÁTICA EM GERAL - NÃO TIC","CONTRATACOES_TIC",153052.0,"2026-04-20","2026-08-07",109.0,"FAV - FACULDADE DE ARTES VISUAIS","334/2025","Médio",4.0,"2026-12-01","Material",6145.0,"Fios E Cabos Elétricos",14943.0,"Cabo Áudio E Vídeo",610954.0,"aplicação: áudio e vídeo, características adicionais: conector banhado a ouro, comprimento: 2, conectores: p2  macho/fêmea 3,5mm, material condutor: cobre esmaltado, material isolamento condutor: trançado de nylon, referência: ugreen 40675","UN",50.0,2.0,100.0]
["21/2026","Aprovada",null,"SUPRIMENTOS DE INFORMÁTICA EM GERAL - NÃO TIC","CONTRATACOES_TIC",153052.0,"2026-04-20","2026-08-07",109.0,"FAV - FACULDADE DE ARTES VISUAIS","334/2025","Médio",5.0,"2026-12-01","Material",5965.0,"Fones, microfones e alto-falantes",14943.0,"Cabo Áudio E Vídeo",439279.0,"conectores: p2 macho x p2 machdo, material condutor: cobre, material isolamento condutor: pvc, tipo cabo: audio","UN",40.0,10.0,400.0]
["21/2026","Aprovada",null,"SUPRIMENTOS DE INFORMÁTICA EM GERAL - NÃO TIC","CONTRATACOES_TIC",153052.0,"2026-04-20","2026-08-07",109.0,"FAV - FACULDADE DE ARTES VISUAIS","334/2025","Médio",6.0,"2026-12-01","Material",5965.0,"Fones, microfones e alto-falantes",14943.0,"Cabo Áudio E Vídeo",439279.0,"conectores: p2 macho x p2 machdo, material condutor: cobre, material isolamento condutor: pvc, tipo cabo: audio","UN",50.0,2.0,100.0]
["21/2026","Aprovada",null,"SUPRIMENTOS DE INFORMÁTICA EM GERAL - NÃO TIC","CONTRATACOES_TIC",153052.0,"2026-04-20","2026-08-07",109.0,"FAV - FACULDADE DE ARTES VISUAIS","334/2025","Médio",7.0,"2026-12-01","Material",7060.0,"Peças E Acessórios Para Computadores",15410.0,"Adaptador Conector",453465.0,"aplicação: monitor, características adicionais: cabo min. 1,8 m, tipo conectores: mini displayport/hdmi","UN",50.0,2.0,100.0]
["21/2026","Aprovada",null,"SUPRIMENTOS DE INFORMÁTICA EM GERAL - NÃO TIC","CONTRATACOES_TIC",153052.0,"2026-04-20","2026-08-07",109.0,"FAV - FACULDADE DE ARTES VISUAIS","334/2025","Médio",8.0,"2026-12-01","Material",7060.0,"Peças E Acessórios Para Computadores",15410.0,"Adaptador Conector",451860.0,"aplicação: monitor, características adicionais: resolução até 1080p/ tamanho min.cabo 15cm, tipo conectores: dvi fêmea / displayport macho","UN",50.0,2.0,100.0]
["21/2026","Aprovada",null,"SUPRIMENTOS DE INFORMÁTICA EM GERAL - NÃO TIC","CONTRATACOES_TIC",153052.0,"2026-04-20","2026-08-07",109.0,"FAV - FACULDADE DE ARTES VISUAIS","334/2025","Médio",9.0,"2026-12-01","Material",7060.0,"Peças E Acessórios Para Computadores",15410.0,"Adaptador Conector",438638.0,"aplicação: monitor, características adicionais: cabo min. 15 cm, tipo conectores: vga fêmea / displayport","UN",50.0,2.0,100.0]
["21/2026","Aprovada",null,"SUPRIMENTOS DE INFORMÁTICA EM GERAL - NÃO TIC","CONTRATACOES_TIC",153052.0,"2026-04-20","2026-08-07",109.0,"INF - INSTITUTO DE INFORMÁTICA","359/2025","Médio",1.0,"2026-06-30","Material",5895.0,"Equipamentos diversos para comunicações",18514.0,"Transceiver",462024.0,"aplicação: redes de dados, características adicionais: conexão sfp+, velocidade transferência 10gbps, mul, tipo: cabeamento ótico com conector lc","UN",800.0,8.0,6400.0]
["21/2026","Aprovada",null,"SUPRIMENTOS DE INFORMÁTICA EM GERAL - NÃO TIC","CONTRATACOES_TIC",153052.0,"2026-04-20","2026-08-07",109.0,"FAV - FACULDADE DE ARTES VISUAIS","334/2025","Médio",10.0,"2026-12-01","Material",7060.0,"Peças e acessórios para computadores",5409.0,"Mouse Computador",457752.0,"conectividade: com fio, sensor: laser, tamanho: padrão, tipo conector: usb","UN",50.0,20.0,1000.0]
["21/2026","Aprovada",null,"SUPRIMENTOS DE INFORMÁTICA EM GERAL - NÃO TIC","CONTRATACOES_TIC",153052.0,"2026-04-20","2026-08-07",109.0,"FAV - FACULDADE DE ARTES VISUAIS","334/2025","Médio",11.0,"2026-12-01","Material",7060.0,"Peças E Acessórios Para Computadores",13510.0,"Teclado Microcomputador",451817.0,"conectividade: com fio, tipo: padrão, tipo conector: usb","UN",80.0,20.0,1600.0]
["21/2026","Aprovada",null,"SUPRIMENTOS DE INFORMÁTICA EM GERAL - NÃO TIC","CONTRATACOES_TIC",153052.0,"2026-04-20","2026-08-07",109.0,"IF - INSTITUTO DE FÍSICA","352/2025","Médio",1.0,"2026-07-10","Material",7060.0,"Peças E Acessórios Para Computadores",14148.0,"Placa Mãe",486665.0,"aplicação: cpu up to 91w  chipset:intel h110, características adicionais: audio hd 7.1 canais,rede pcie 1 gb 10/100/1000mb/s, componentes: suporte processadores intel core (socket 1200), memória expansão: 32, slots:  1 pci express 3.0 x16, 2 pci express 2.0, tipo conectores: 4 conectores sata 3 6.0gb, tipo portas: 4 portas usb 2.0, 2 portas usb 3.0, 1 porta rj45","UN",650.0,9.0,5850.0]
["21/2026","Aprovada",null,"SUPRIMENTOS DE INFORMÁTICA EM GERAL - NÃO TIC","CONTRATACOES_TIC",153052.0,"2026-04-20","2026-08-07",109.0,"IF - INSTITUTO DE FÍSICA","352/2025","Médio",2.0,"2026-07-10","Material",7060.0,"Peças E Acessórios Para Computadores",14431.0,"Processador",607893.0,"barramento: turbo boost 4.3 ghz, características adicionais: gráfico uhd integrado, modelo: intel core i5-10400, tipo: lga 1200, velocidade processamento: 2.9","UN",1000.0,9.0,9000.0]
["21/2026","Aprovada",null,"SUPRIMENTOS DE INFORMÁTICA EM GERAL - NÃO TIC","CONTRATACOES_TIC",153052.0,"2026-04-20","2026-08-07",109.0,"FAV - FACULDADE DE ARTES VISUAIS","334/2025","Médio",12.0,"2026-12-01","Material",7060.0,"Peças e acessórios para computadores",15410.0,"Adaptador Conector",450018.0,"características adicionais: wirelles, padrão ieee 802.11b/g/n, 2 antenas, tipo conectores: interface usb, velocidade: 300","UN",180.0,3.0,540.0]
["21/2026","Aprovada",null,"SUPRIMENTOS DE INFORMÁTICA EM GERAL - NÃO TIC","CONTRATACOES_TIC",153052.0,"2026-04-20","2026-08-07",109.0,"FAV - FACULDADE DE ARTES VISUAIS","334/2025","Médio",13.0,"2026-12-01","Material",7060.0,"Peças e acessórios para computadores",15410.0,"Adaptador Conector",470246.0,"aplicação: informática, características adicionais: interface usb 2.0 a 3.0, tipo conectores: adaptador usb para rj45, velocidade: 100/1000","UN",80.0,3.0,240.0]
["21/2026","Aprovada",null,"SUPRIMENTOS DE INFORMÁTICA EM GERAL - NÃO TIC","CONTRATACOES_TIC",153052.0,"2026-04-20","2026-08-07",109.0,"IF - INSTITUTO DE FÍSICA","352/2025","Médio",4.0,"2026-07-10","Material",7060.0,"Peças E Acessórios Para Computadores",5409.0,"Mouse Computador",451822.0,"conectividade: com fio, sensor: led, tamanho: padrão, tipo conector: usb","UN",60.0,6.0,360.0]
["21/2026","Aprovada",null,"SUPRIMENTOS DE INFORMÁTICA EM GERAL - NÃO TIC","CONTRATACOES_TIC",153052.0,"2026-04-20","2026-08-07",109.0,"IF - INSTITUTO DE FÍSICA","352/2025","Médio",5.0,"2026-07-10","Material",7060.0,"Peças E Acessórios Para Computadores",15899.0,"Módulo Memória",608236.0,"aplicação: servidor storage, barramento: 1.333, capacidade memória: 8, padrão: 2rx4 pc3l-10600r","UN",89.0,5.0,445.0]
["21/2026","Aprovada",null,"SUPRIMENTOS DE INFORMÁTICA EM GERAL - NÃO TIC","CONTRATACOES_TIC",153052.0,"2026-04-20","2026-08-07",109.0,"IF - INSTITUTO DE FÍSICA","352/2025","Médio",6.0,"2026-07-10","Material",7060.0,"Peças E Acessórios Para Computadores",9597.0,"Memória Ram",624339.0,"aplicação: microcomputadores, capacidade memória: 8, padrão: ddr4; frequencia: 2133mhz; 288-pin dimm","UN",104.0,20.0,2080.0]
["21/2026","Aprovada",null,"SUPRIMENTOS DE INFORMÁTICA EM GERAL - NÃO TIC","CONTRATACOES_TIC",153052.0,"2026-04-20","2026-08-07",109.0,"IF - INSTITUTO DE FÍSICA","352/2025","Médio",7.0,"2026-07-10","Material",7030.0,"Equipamentos De Armazenamento De Dados",244.0,"Unidade Disco",624588.0,"aplicação: microcomputador, capacidade: 500, características adicionais: formato: m.2 2280, interface: nvme pcie 4.0 x 4, tamanho: 22 x 80, tipo: disco ssd","UN",250.0,9.0,2250.0]
["21/2026","Aprovada",null,"SUPRIMENTOS DE INFORMÁTICA EM GERAL - NÃO TIC","CONTRATACOES_TIC",153052.0,"2026-04-20","2026-08-07",109.0,"FAV - FACULDADE DE ARTES VISUAIS","334/2025","Médio",14.0,"2026-12-01","Material",7030.0,"Equipamentos De Armazenamento De Dados",216.0,"Disco Magnético",606881.0,"aplicação: uso externo, características adicionais: compatível com usb 3.1, memória: 1 terabyte, modelo: ssd","UN",600.0,6.0,3600.0]
["21/2026","Aprovada",null,"SUPRIMENTOS DE INFORMÁTICA EM GERAL - NÃO TIC","CONTRATACOES_TIC",153052.0,"2026-04-20","2026-08-07",109.0,"IF - INSTITUTO DE FÍSICA","352/2025","Médio",10.0,"2026-07-10","Material",5995.0,"Conjuntos De Cabos, Cordões E Fios Elétricos Para  Equipamentos De Comunicações",4047.0,"Cabo Extensor",434366.0,"aplicação: áudio e vídeo incl.dolby truehd and dts-hd;master, características adicionais: suporta qq resolução incl.1080p até 4k, comprimento: 3, tipo saída: hdmi tipo a macho x hdmi tipo a macho","RO",89.0,2.0,178.0]
["21/2026","Aprovada",null,"SUPRIMENTOS DE INFORMÁTICA EM GERAL - NÃO TIC","CONTRATACOES_TIC",153052.0,"2026-04-20","2026-08-07",109.0,"IF - INSTITUTO DE FÍSICA","352/2025","Médio",11.0,"2026-07-10","Material",5995.0,"Conjuntos De Cabos, Cordões E Fios Elétricos Para  Equipamentos De Comunicações",4047.0,"Cabo Extensor",447093.0,"aplicação: projetor multimídia, características adicionais: cabo com filtro, comprimento: 10, material condutor: pinos banhados a ouro, padrão: hdmi 2.0, tipo: blindado reforçado, tipo saída: hdmi macho x hdmi macho 19 pinos","RO",40.0,1.0,40.0]
["21/2026","Aprovada",null,"SUPRIMENTOS DE INFORMÁTICA EM GERAL - NÃO TIC","CONTRATACOES_TIC",153052.0,"2026-04-20","2026-08-07",109.0,"FAV - FACULDADE DE ARTES VISUAIS","334/2025","Médio",15.0,"2026-12-01","Material",7090.0,"Suprimentos de informática - tic",240.0,"Mouse Pad",350241.0,"características adicionais: antiderrapante, comprimento: 17,50, espessura: 2, largura: 21,50, material: borracha pvc - cloreto de polivinila","UN",10.0,40.0,400.0]
["21/2026","Aprovada",null,"SUPRIMENTOS DE INFORMÁTICA EM GERAL - NÃO TIC","CONTRATACOES_TIC",153052.0,"2026-04-20","2026-08-07",109.0,"FAV - FACULDADE DE ARTES VISUAIS","334/2025","Médio",17.0,"2026-12-01","Material",7030.0,"Equipamentos De Armazenamento De Dados",216.0,"Disco Magnético",449232.0,"aplicação: informática, interface: sata iii, memória: 480, modelo: ssd, tamanho: 2.5, velocidade transferência: 6.0","UN",300.0,30.0,9000.0]
["21/2026","Aprovada",null,"SUPRIMENTOS DE INFORMÁTICA EM GERAL - NÃO TIC","CONTRATACOES_TIC",153052.0,"2026-04-20","2026-08-07",109.0,"FAV - FACULDADE DE ARTES VISUAIS","334/2025","Médio",19.0,"2026-12-01","Material",7090.0,"SUPRIMENTOS DE INFORMÁTICA - TIC",14426.0,"CARTUCHO TONER IMPRESSORA BROTHER",437144.0,"COR: PRETA, REFERÊNCIA CARTUCHO: TN-3472, TIPO CARTUCHO: ORIGINAL","UN",450.0,4.0,1800.0]
["21/2026","Aprovada",null,"SUPRIMENTOS DE INFORMÁTICA EM GERAL - NÃO TIC","CONTRATACOES_TIC",153052.0,"2026-04-20","2026-08-07",109.0,"FAV - FACULDADE DE ARTES VISUAIS","334/2025","Médio",20.0,"2026-12-01","Material",7090.0,"Suprimentos De Informática - Tic",14426.0,"Cartucho Toner Impressora Brother",438945.0,"cor: preta, referência cartucho: dr 3440, tipo cartucho: original","UN",650.0,2.0,1300.0]
["21/2026","Aprovada",null,"SUPRIMENTOS DE INFORMÁTICA EM GERAL - NÃO TIC","CONTRATACOES_TIC",153052.0,"2026-04-20","2026-08-07",109.0,"FAV - FACULDADE DE ARTES VISUAIS","334/2025","Médio",21.0,"2026-12-01","Material",7090.0,"Suprimentos De Informática - Tic",14426.0,"Cartucho Toner Impressora Brother",428017.0,"cor: preta, referência cartucho: tn-3392, tipo cartucho: original","UN",400.0,1.0,400.0]
["21/2026","Aprovada",null,"SUPRIMENTOS DE INFORMÁTICA EM GERAL - NÃO TIC","CONTRATACOES_TIC",153052.0,"2026-04-20","2026-08-07",109.0,"FAV - FACULDADE DE ARTES VISUAIS","334/2025","Médio",23.0,"2026-12-01","Material",7090.0,"Suprimentos De Informática - Tic",13853.0,"Cartucho Toner Impressora Hp",416903.0,"cor: preta, referência cartucho 2: ce410x, tipo cartucho: original","UN",600.0,2.0,1200.0]
["21/2026","Aprovada",null,"SUPRIMENTOS DE INFORMÁTICA EM GERAL - NÃO TIC","CONTRATACOES_TIC",153052.0,"2026-04-20","2026-08-07",109.0,"FAV - FACULDADE DE ARTES VISUAIS","334/2025","Médio",24.0,"2026-12-01","Material",7090.0,"Suprimentos de informática - tic",13853.0,"Cartucho Toner Impressora Hp",412511.0,"cor: ciano, referência cartucho 2: ce411a, tipo cartucho: original","UN",300.0,2.0,600.0]
["21/2026","Aprovada",null,"SUPRIMENTOS DE INFORMÁTICA EM GERAL - NÃO TIC","CONTRATACOES_TIC",153052.0,"2026-04-20","2026-08-07",109.0,"FAV - FACULDADE DE ARTES VISUAIS","334/2025","Médio",25.0,"2026-12-01","Material",7090.0,"Suprimentos de informática - tic",13853.0,"Cartucho Toner Impressora Hp",412512.0,"cor: amarela, referência cartucho 2: ce412a, tipo cartucho: original","UN",300.0,2.0,600.0]
["21/2026","Aprovada",null,"SUPRIMENTOS DE INFORMÁTICA EM GERAL - NÃO TIC","CONTRATACOES_TIC",153052.0,"2026-04-20","2026-08-07",109.0,"FAV - FACULDADE DE ARTES VISUAIS","334/2025","Médio",26.0,"2026-12-01","Material",7090.0,"Suprimentos de informática - tic",13853.0,"Cartucho Toner Impressora Hp",412513.0,"cor: magenta, referência cartucho 2: ce413a, tipo cartucho: original","UN",300.0,2.0,600.0]
["21/2026","Aprovada",null,"SUPRIMENTOS DE INFORMÁTICA EM GERAL - NÃO TIC","CONTRATACOES_TIC",153052.0,"2026-04-20","2026-08-07",109.0,"EMC - ESCOLA DE ENGENHARIA ELÉTRICA MECÂNICA E DE COMPUTAÇÃO","388/2025","Baixo",1.0,"2026-06-10","Material",6135.0,"BATERIAS NAO RECARREGÁVEIS",10708.0,"PILHA",415869.0,"MODELO: 6F22, SISTEMA ELETROQUÍMICO: NIMH, TAMANHO: GRANDE, TENSÃO NOMINAL: 9","UN",20.0,300.0,6000.0]
["21/2026","Aprovada",null,"SUPRIMENTOS DE INFORMÁTICA EM GERAL - NÃO TIC","CONTRATACOES_TIC",153052.0,"2026-04-20","2026-08-07",109.0,"EMC - ESCOLA DE ENGENHARIA ELÉTRICA MECÂNICA E DE COMPUTAÇÃO","388/2025","Baixo",2.0,"2026-06-10","Material",6135.0,"BATERIAS NAO RECARREGÁVEIS",10708.0,"PILHA",432380.0,"MODELO: AAA, SISTEMA ELETROQUÍMICO: LITHIUM, TAMANHO: PALITO, TENSÃO NOMINAL: 1,5","UN",5.0,300.0,1500.0]
["21/2026","Aprovada",null,"SUPRIMENTOS DE INFORMÁTICA EM GERAL - NÃO TIC","CONTRATACOES_TIC",153052.0,"2026-04-20","2026-08-07",109.0,"EMC - ESCOLA DE ENGENHARIA ELÉTRICA MECÂNICA E DE COMPUTAÇÃO","388/2025","Baixo",3.0,"2026-06-10","Material",6135.0,"BATERIAS NAO RECARREGÁVEIS",10708.0,"PILHA",419859.0,"CARACTERÍSTICAS ADICIONAIS: NÃO RECARREGÁVEL, MODELO: AA, SISTEMA ELETROQUÍMICO: ALCALINA, TAMANHO: PEQUENA, TENSÃO NOMINAL: 1,5","UN",6.0,300.0,1800.0]
["21/2026","Aprovada",null,"SUPRIMENTOS DE INFORMÁTICA EM GERAL - NÃO TIC","CONTRATACOES_TIC",153052.0,"2026-04-20","2026-08-07",109.0,"PPG Direito e Políticas Públicas - FD-TAXAS","599/2025","Baixo",5.0,"2026-07-31","Material",7060.0,"Peças e acessórios para computadores",14650.0,"Câmera Videoconferência",480444.0,"características adicionais: webcam, microfone duplo unidirecional, resolução: 1080, tipo lente: foco automático, velocidade transmissão vídeo: 30","UN",500.0,3.0,1500.0]
["21/2026","Aprovada",null,"SUPRIMENTOS DE INFORMÁTICA EM GERAL - NÃO TIC","CONTRATACOES_TIC",153052.0,"2026-04-20","2026-08-07",109.0,"PPG Assistência e Avaliação em Saúde - FF-TAXAS","597/2025","Médio",2.0,"2026-07-30","Material",7090.0,"Suprimentos de informática - tic",14426.0,"Cartucho Toner Impressora Brother",627627.0,"cor: preta, referência cartucho: tn-3472, tipo cartucho: compatível","UN",200.0,1.0,200.0]
["21/2026","Aprovada",null,"SUPRIMENTOS DE INFORMÁTICA EM GERAL - NÃO TIC","CONTRATACOES_TIC",153052.0,"2026-04-20","2026-08-07",109.0,"PPG Assistência e Avaliação em Saúde - FF-TAXAS","597/2025","Médio",3.0,"2026-07-30","Material",6730.0,"Equipamento para projeção fotográfica",17170.0,"Apresentador Multimídia",344236.0,"características adicionais: usb e sem fio, compatibilidade: pc / notebook, windows 98 / 2000 / xp, distância mínima: 20, fonte alimentação: 2 pilhas aaa, freqüência: 2,4","UN",200.0,2.0,400.0]
["21/2026","Aprovada",null,"SUPRIMENTOS DE INFORMÁTICA EM GERAL - NÃO TIC","CONTRATACOES_TIC",153052.0,"2026-04-20","2026-08-07",109.0,"PPG Assistência e Avaliação em Saúde - FF-TAXAS","597/2025","Médio",4.0,"2026-07-30","Material",6140.0,"Baterias recarregáveis",10710.0,"Pilha Recarregavel",424039.0,"aplicação: equipamentos eletrônicos, capacidade nominal: 1000, modelo: aaa, sistema eletroquímico: níquel metal hidreto (ni-mh), tamanho pilha: palito, tensão nominal: 1,2","EMB",180.0,2.0,360.0]
["21/2026","Aprovada",null,"SUPRIMENTOS DE INFORMÁTICA EM GERAL - NÃO TIC","CONTRATACOES_TIC",153052.0,"2026-04-20","2026-08-07",109.0,"PPG Assistência e Avaliação em Saúde - FF-TAXAS","597/2025","Médio",5.0,"2026-07-30","Material",6130.0,"CONVERSORES ELÉTRICOS ESTÁTICOS",4569.0,"CARREGADOR BATERIA",623361.0,"CAPACIDADE: 04 PILHAS TIPO AA, TENSÃO ALIMENTAÇÃO: 110-220-12, TIPO: AUTOMÁTICO PARA QUATRO BATERIAS","UN",170.0,1.0,170.0]
["21/2026","Aprovada",null,"SUPRIMENTOS DE INFORMÁTICA EM GERAL - NÃO TIC","CONTRATACOES_TIC",153052.0,"2026-04-20","2026-08-07",109.0,"CEPAE - CENTRO DE ENSINO E PESQUISA APLICADA À EDUCAÇÃO","623/2025","Alto",1.0,"2026-02-02","Material",6140.0,"Baterias recarregáveis",3475.0,"Bateria Recarregável",601097.0,"aplicação: equipamentos eletrônicos, capacidade nominal 1: 450, sistema eletroquímico: ni-mh, tensão nominal: 9","UN",22.0,2.0,44.0]
["21/2026","Aprovada",null,"SUPRIMENTOS DE INFORMÁTICA EM GERAL - NÃO TIC","CONTRATACOES_TIC",153052.0,"2026-04-20","2026-08-07",109.0,"CEPAE - CENTRO DE ENSINO E PESQUISA APLICADA À EDUCAÇÃO","623/2025","Alto",4.0,"2026-02-02","Material",6135.0,"Baterias nao recarregáveis",10708.0,"Pilha",419859.0,"características adicionais: não recarregável, modelo: aa, sistema eletroquímico: alcalina, tamanho: pequena, tensão nominal: 1,5","EMB",15.0,3.0,45.0]
["21/2026","Aprovada",null,"SUPRIMENTOS DE INFORMÁTICA EM GERAL - NÃO TIC","CONTRATACOES_TIC",153052.0,"2026-04-20","2026-08-07",109.0,"CEPAE - CENTRO DE ENSINO E PESQUISA APLICADA À EDUCAÇÃO","623/2025","Alto",5.0,"2026-02-02","Material",6135.0,"Baterias nao recarregáveis",3463.0,"Bateria - Computador",238772.0,"aplicação: para setup (bios), modelo: cr-2032, tensão alimentação: 3v, tipo: lithium","UN",10.0,5.0,50.0]
["21/2026","Aprovada",null,"SUPRIMENTOS DE INFORMÁTICA EM GERAL - NÃO TIC","CONTRATACOES_TIC",153052.0,"2026-04-20","2026-08-07",109.0,"FE - FACULDADE DE EDUCAÇÃO","107/2025","Alto",1.0,"2026-06-20","Material",7030.0,"Equipamentos De Armazenamento De Dados",17653.0,"Disco Rígido Removível",602652.0,"capacidade memória: 4, características adicionais: externo, interface: usb 2.0 e 3.0, velocidade: 5.400, velocidade transferência: 4.8","UN",884.54,1.0,884.54]
["21/2026","Aprovada",null,"SUPRIMENTOS DE INFORMÁTICA EM GERAL - NÃO TIC","CONTRATACOES_TIC",153052.0,"2026-04-20","2026-08-07",109.0,"FCT- FACULDADE DE CIÊNCIAS E TECNOLOGIA","675/2025","Médio",1.0,"2026-06-15","Material",6135.0,"Baterias nao recarregáveis",3463.0,"Bateria - Computador",630604.0,"aplicação: backup, capacidade nominal: 48, modelo: m4t28-br12sh, sistema eletroquímico: lítio monofluoreto de carbono (licf), tensão alimentação: 3","UN",22.83,25.0,570.75]
["21/2026","Aprovada",null,"SUPRIMENTOS DE INFORMÁTICA EM GERAL - NÃO TIC","CONTRATACOES_TIC",153052.0,"2026-04-20","2026-08-07",109.0,"FCT- FACULDADE DE CIÊNCIAS E TECNOLOGIA","291/2025","Médio",5.0,"2026-06-15","Material",5935.0,"Conectores elétricos",15410.0,"Adaptador Conector",355247.0,"aplicação: conexão wireless bluetooth 2.0 + edr, material: plástico, tipo conectores: interface usb 1.1 e 2.0","UN",30.0,10.0,300.0]
["21/2026","Aprovada",null,"SUPRIMENTOS DE INFORMÁTICA EM GERAL - NÃO TIC","CONTRATACOES_TIC",153052.0,"2026-04-20","2026-08-07",109.0,"FCT- FACULDADE DE CIÊNCIAS E TECNOLOGIA","291/2025","Médio",6.0,"2026-06-15","Material",7030.0,"Equipamentos de armazenamento de dados",216.0,"Disco Magnético",482667.0,"aplicação: uso externo, características adicionais: compatível com usb 3.1, memória: 2, modelo: ssd","UN",530.0,2.0,1060.0]
["21/2026","Aprovada",null,"SUPRIMENTOS DE INFORMÁTICA EM GERAL - NÃO TIC","CONTRATACOES_TIC",153052.0,"2026-04-20","2026-08-07",109.0,"BC - BIBLIOTECA CENTRAL","699/2025","Médio",1.0,"2026-05-01","Material",7060.0,"Peças e acessórios para computadores",14829.0,"Memória Portátil Microcomputador",423941.0,"aplicação: armazenamento de dados, capacidade memória: 2, interface: conexão usb 3.0, tipo: hard disk externo","UN",800.0,2.0,1600.0]
["21/2026","Aprovada",null,"SUPRIMENTOS DE INFORMÁTICA EM GERAL - NÃO TIC","CONTRATACOES_TIC",153052.0,"2026-04-20","2026-08-07",109.0,"BC - BIBLIOTECA CENTRAL","699/2025","Médio",2.0,"2026-05-01","Material",5836.0,"Equipamentos para gravação e reprodução de vídeo",14650.0,"Câmera Videoconferência",479217.0,"características adicionais: webcam usb com microfone embutido, resolução: 1080 x 1920, tipo lente: foco automático, velocidade transmissão vídeo: 60","UN",80.0,10.0,800.0]
["21/2026","Aprovada",null,"SUPRIMENTOS DE INFORMÁTICA EM GERAL - NÃO TIC","CONTRATACOES_TIC",153052.0,"2026-04-20","2026-08-07",109.0,"BC - BIBLIOTECA CENTRAL","699/2025","Médio",3.0,"2026-05-01","Material",7060.0,"Peças e acessórios para computadores",14829.0,"Memória Portátil Microcomputador",376577.0,"aplicação: armazenamento de dados, capacidade memória: 2, características adicionais: conexão usb 1.1 e usb 2.0, tipo: pen drive","UN",30.0,14.0,420.0]
["21/2026","Aprovada",null,"SUPRIMENTOS DE INFORMÁTICA EM GERAL - NÃO TIC","CONTRATACOES_TIC",153052.0,"2026-04-20","2026-08-07",109.0,"BC - BIBLIOTECA CENTRAL","699/2025","Médio",4.0,"2026-05-01","Material",7060.0,"Peças e acessórios para computadores",5409.0,"Mouse Computador",451822.0,"conectividade: com fio, sensor: led, tamanho: padrão, tipo conector: usb","UN",35.0,10.0,350.0]
["21/2026","Aprovada",null,"SUPRIMENTOS DE INFORMÁTICA EM GERAL - NÃO TIC","CONTRATACOES_TIC",153052.0,"2026-04-20","2026-08-07",109.0,"BC - BIBLIOTECA CENTRAL","699/2025","Médio",5.0,"2026-05-01","Material",7060.0,"Peças e acessórios para computadores",14829.0,"Memória Portátil Microcomputador",467654.0,"capacidade memória: 16, características adicionais: estilo canivete, modelo giratório, tipo: pen drive","UN",24.99,4.0,99.96]
["21/2026","Aprovada",null,"SUPRIMENTOS DE INFORMÁTICA EM GERAL - NÃO TIC","CONTRATACOES_TIC",153052.0,"2026-04-20","2026-08-07",109.0,"GOIAS - REGIONAL GOIAS","714/2025","Alto",11.0,"2026-07-01","Material",5915.0,"Filtros e redes",7472.0,"Filtro Linha",473407.0,"características adicionais: chave liga/desliga, fusível 7a, quantidade saída: 6 tomadas mod.universal, tensão alimentação: 110/220","UN",50.0,20.0,1000.0]
["21/2026","Aprovada",null,"SUPRIMENTOS DE INFORMÁTICA EM GERAL - NÃO TIC","CONTRATACOES_TIC",153052.0,"2026-04-20","2026-08-07",109.0,"BC - BIBLIOTECA CENTRAL","733/2025","Alto",1.0,"2026-07-01","Material",7195.0,"Mobiliários diversos e acessórios",12416.0,"Suporte Para Teclado",335502.0,"apoio pulso: gel, característica adicionais: compatível teclado padrão abnt, material: elastômero, revestimento: tecido e gelatina de silicone","UN",55.0,60.0,3300.0]
["21/2026","Aprovada",null,"SUPRIMENTOS DE INFORMÁTICA EM GERAL - NÃO TIC","CONTRATACOES_TIC",153052.0,"2026-04-20","2026-08-07",109.0,"BC - BIBLIOTECA CENTRAL","733/2025","Alto",6.0,"2026-07-01","Material",6135.0,"Baterias nao recarregáveis",3479.0,"Bateria Não Recarregável",411291.0,"modelo: cr-2032, sistema eletroquímico: lithium, tensão nominal: 3, tipo: button cell","EMB",20.0,12.0,240.0]
["21/2026","Aprovada",null,"SUPRIMENTOS DE INFORMÁTICA EM GERAL - NÃO TIC","CONTRATACOES_TIC",153052.0,"2026-04-20","2026-08-07",109.0,"GOIAS - REGIONAL GOIAS","714/2025","Alto",16.0,"2026-07-01","Material",7060.0,"Peças e acessórios para computadores",5409.0,"Mouse Computador",457752.0,"conectividade: com fio, sensor: laser, tamanho: padrão, tipo conector: usb","UN",19.0,30.0,570.0]
["21/2026","Aprovada",null,"SUPRIMENTOS DE INFORMÁTICA EM GERAL - NÃO TIC","CONTRATACOES_TIC",153052.0,"2026-04-20","2026-08-07",109.0,"GOIAS - REGIONAL GOIAS","714/2025","Alto",17.0,"2026-07-01","Material",7060.0,"Peças e acessórios para computadores",5409.0,"Mouse Computador",451823.0,"conectividade: sem fio, sensor: led, tamanho: padrão, tipo conector: usb","UN",25.0,5.0,125.0]
["21/2026","Aprovada",null,"SUPRIMENTOS DE INFORMÁTICA EM GERAL - NÃO TIC","CONTRATACOES_TIC",153052.0,"2026-04-20","2026-08-07",109.0,"GOIAS - REGIONAL GOIAS","714/2025","Alto",18.0,"2026-07-01","Material",7090.0,"Suprimentos de informática - tic",240.0,"Mouse Pad",394901.0,"características adicionais: com apoio de punho em gel, cor: preta, material: borracha antiderrapante, tipo: ergonômico","UN",25.0,10.0,250.0]
["21/2026","Aprovada",null,"SUPRIMENTOS DE INFORMÁTICA EM GERAL - NÃO TIC","CONTRATACOES_TIC",153052.0,"2026-04-20","2026-08-07",109.0,"GOIAS - REGIONAL GOIAS","714/2025","Alto",19.0,"2026-07-01","Material",7090.0,"SUPRIMENTOS DE INFORMÁTICA - TIC",240.0,"MOUSE PAD",394901.0,"CARACTERÍSTICAS ADICIONAIS: COM APOIO DE PUNHO EM GEL, COR: PRETA, MATERIAL: BORRACHA ANTIDERRAPANTE, TIPO: ERGONÔMICO","UN",25.0,5.0,125.0]
["21/2026","Aprovada",null,"SUPRIMENTOS DE INFORMÁTICA EM GERAL - NÃO TIC","CONTRATACOES_TIC",153052.0,"2026-04-20","2026-08-07",109.0,"GOIAS - REGIONAL GOIAS","714/2025","Alto",24.0,"2026-07-01","Material",6135.0,"Baterias nao recarregáveis",10708.0,"Pilha",419860.0,"características adicionais: não recarregável, modelo: aaa, sistema eletroquímico: alcalina, tamanho: palito, tensão nominal: 1,5","UN",6.0,50.0,300.0]
["21/2026","Aprovada",null,"SUPRIMENTOS DE INFORMÁTICA EM GERAL - NÃO TIC","CONTRATACOES_TIC",153052.0,"2026-04-20","2026-08-07",109.0,"GOIAS - REGIONAL GOIAS","714/2025","Alto",25.0,"2026-07-01","Material",6135.0,"Baterias nao recarregáveis",10708.0,"Pilha",419859.0,"características adicionais: não recarregável, modelo: aa, sistema eletroquímico: alcalina, tamanho: pequena, tensão nominal: 1,5","UN",7.0,50.0,350.0]
["21/2026","Aprovada",null,"SUPRIMENTOS DE INFORMÁTICA EM GERAL - NÃO TIC","CONTRATACOES_TIC",153052.0,"2026-04-20","2026-08-07",109.0,"GOIAS - REGIONAL GOIAS","744/2025","Alto",1.0,"2026-07-01","Material",7060.0,"Peças e acessórios para computadores",15410.0,"Adaptador Conector",620713.0,"aplicação: notebook a monitor, características adicionais: cabo min. 1,8 m, tipo conectores: hdmi macho displayport macho","UN",20.0,15.0,300.0]
["21/2026","Aprovada",null,"SUPRIMENTOS DE INFORMÁTICA EM GERAL - NÃO TIC","CONTRATACOES_TIC",153052.0,"2026-04-20","2026-08-07",109.0,"GOIAS - REGIONAL GOIAS","744/2025","Alto",2.0,"2026-07-01","Material",6145.0,"Fios e cabos elétricos",14943.0,"Cabo Áudio E Vídeo",479549.0,"aplicação: vídeo tv projetores dvds receivers sinais s-vhs, características adicionais: balanceado, blindado e flexível, conectores: macho-macho, material condutor: cobre, tipo cabo: hdmi","UN",30.0,60.0,1800.0]
["21/2026","Aprovada",null,"SUPRIMENTOS DE INFORMÁTICA EM GERAL - NÃO TIC","CONTRATACOES_TIC",153052.0,"2026-04-20","2026-08-07",109.0,"GOIAS - REGIONAL GOIAS","744/2025","Alto",3.0,"2026-07-01","Material",6145.0,"Fios e cabos elétricos",14943.0,"Cabo Áudio E Vídeo",463216.0,"aplicação: equipamentos eletrônicos, comprimento: 10, conectores: hdmi macho, material cobertura: pvc emborrachado, material condutor: cobre, material conector: ouro 24 quilates, material isolamento condutor: pvc","UN",56.0,5.0,280.0]
["21/2026","Aprovada",null,"SUPRIMENTOS DE INFORMÁTICA EM GERAL - NÃO TIC","CONTRATACOES_TIC",153052.0,"2026-04-20","2026-08-07",109.0,"GOIAS - REGIONAL GOIAS","744/2025","Alto",4.0,"2026-07-01","Material",5995.0,"Conjuntos de cabos, cordões e fios elétricos para  equipamentos de comunicações",4047.0,"Cabo Extensor",447093.0,"aplicação: projetor multimídia, características adicionais: cabo com filtro, comprimento: 10, material condutor: pinos banhados a ouro, padrão: hdmi 2.0, tipo: blindado reforçado, tipo saída: hdmi macho x hdmi macho 19 pinos","UN",30.0,5.0,150.0]
["21/2026","Aprovada",null,"SUPRIMENTOS DE INFORMÁTICA EM GERAL - NÃO TIC","CONTRATACOES_TIC",153052.0,"2026-04-20","2026-08-07",109.0,"GOIAS - REGIONAL GOIAS","744/2025","Alto",5.0,"2026-07-01","Material",5995.0,"Conjuntos de cabos, cordões e fios elétricos para  equipamentos de comunicações",4047.0,"Cabo Extensor",607930.0,"aplicação: transmissão de vídeo à distância, comprimento: 60, tipo: extensor hdmi, tipo saída: hdmi fêmea x rj45 fêmea","UN",199.0,20.0,3980.0]
["21/2026","Aprovada",null,"SUPRIMENTOS DE INFORMÁTICA EM GERAL - NÃO TIC","CONTRATACOES_TIC",153052.0,"2026-04-20","2026-08-07",109.0,"GOIAS - REGIONAL GOIAS","744/2025","Alto",8.0,"2026-07-01","Material",7090.0,"Suprimentos de informática - tic",14426.0,"Cartucho Toner Impressora Brother",428017.0,"cor: preta, referência cartucho: tn-3392, tipo cartucho: original","UN",200.0,50.0,10000.0]
["21/2026","Aprovada",null,"SUPRIMENTOS DE INFORMÁTICA EM GERAL - NÃO TIC","CONTRATACOES_TIC",153052.0,"2026-04-20","2026-08-07",109.0,"GOIAS - REGIONAL GOIAS","744/2025","Alto",9.0,"2026-07-01","Material",7090.0,"Suprimentos de informática - tic",13853.0,"Cartucho Toner Impressora Hp",434699.0,"cor: preta, referência cartucho 1: cc364a, tipo cartucho: compatível","UN",200.0,10.0,2000.0]
["21/2026","Aprovada",null,"SUPRIMENTOS DE INFORMÁTICA EM GERAL - NÃO TIC","CONTRATACOES_TIC",153052.0,"2026-04-20","2026-08-07",109.0,"GOIAS - REGIONAL GOIAS","744/2025","Alto",10.0,"2026-07-01","Material",7090.0,"Suprimentos de informática - tic",13853.0,"Cartucho Toner Impressora Hp",434699.0,"cor: preta, referência cartucho 1: cc364a, tipo cartucho: compatível","UN",200.0,15.0,3000.0]
["21/2026","Aprovada",null,"SUPRIMENTOS DE INFORMÁTICA EM GERAL - NÃO TIC","CONTRATACOES_TIC",153052.0,"2026-04-20","2026-08-07",109.0,"GOIAS - REGIONAL GOIAS","744/2025","Alto",11.0,"2026-07-01","Material",7060.0,"Peças e acessórios para computadores",214.0,"Conversor Vídeo",431538.0,"conector entrada: fêmea, conector saída: jack trs, entrada vídeo: hdmi, resolução: 1080i, saída vídeo: vga, tensão alimentação: 220","UN",30.0,30.0,900.0]
["21/2026","Aprovada",null,"SUPRIMENTOS DE INFORMÁTICA EM GERAL - NÃO TIC","CONTRATACOES_TIC",153052.0,"2026-04-20","2026-08-07",109.0,"GOIAS - REGIONAL GOIAS","744/2025","Alto",12.0,"2026-07-01","Material",7060.0,"Peças e acessórios para computadores",9594.0,"Memória Em Cartão Magnético",440337.0,"aplicação: armazenar fotos, imagens e dados, capacidade memória: 64, tipo cartao: compact flash, uso: camera fotográfica digital","UN",140.0,1.0,140.0]
["21/2026","Aprovada",null,"SUPRIMENTOS DE INFORMÁTICA EM GERAL - NÃO TIC","CONTRATACOES_TIC",153052.0,"2026-04-20","2026-08-07",109.0,"GOIAS - REGIONAL GOIAS","744/2025","Alto",13.0,"2026-07-01","Material",5340.0,"Ferragens diversas",15828.0,"Suporte Fixação Projetor",465618.0,"acabamento superficial: pintura eletrostática, altura: 30 a 80, aplicação: fixação projetor multimídia, características adicionais: sistema anti-furto, cor: branca, material: aço carbono, tipo: universal, tratamento superficial: anticorrosivo","UN",104.0,30.0,3120.0]
["21/2026","Aprovada",null,"SUPRIMENTOS DE INFORMÁTICA EM GERAL - NÃO TIC","CONTRATACOES_TIC",153052.0,"2026-04-20","2026-08-07",109.0,"GOIAS - REGIONAL GOIAS","744/2025","Alto",14.0,"2026-07-01","Material",7060.0,"Peças e acessórios para computadores",13510.0,"Teclado Microcomputador",451818.0,"conectividade: sem fio, tipo: padrão, tipo conector: usb","UN",30.0,30.0,900.0]
["21/2026","Aprovada",null,"SUPRIMENTOS DE INFORMÁTICA EM GERAL - NÃO TIC","CONTRATACOES_TIC",153052.0,"2026-04-20","2026-08-07",109.0,"GOIAS - REGIONAL GOIAS","744/2025","Alto",15.0,"2026-07-01","Material",7030.0,"Equipamentos de armazenamento de dados",244.0,"Unidade Disco",479103.0,"capacidade: 500, tamanho: 2,5, tipo: disco ssd, velocidade: 550, padrão: sata 3.0","UN",150.0,120.0,18000.0]
["21/2026","Aprovada",null,"SUPRIMENTOS DE INFORMÁTICA EM GERAL - NÃO TIC","CONTRATACOES_TIC",153052.0,"2026-04-20","2026-08-07",109.0,"GOIAS - REGIONAL GOIAS","744/2025","Alto",16.0,"2026-07-01","Material",7030.0,"Equipamentos de armazenamento de dados",244.0,"Unidade Disco",473248.0,"aplicação: servidor, capacidade: 2, tamanho: 2,5, tipo: rígido, velocidade: 7.2","UN",900.0,10.0,9000.0]
["21/2026","Aprovada",null,"SUPRIMENTOS DE INFORMÁTICA EM GERAL - NÃO TIC","CONTRATACOES_TIC",153052.0,"2026-04-20","2026-08-07",109.0,"GOIAS - REGIONAL GOIAS","744/2025","Alto",18.0,"2026-07-01","Material",6135.0,"Baterias nao recarregáveis",3463.0,"Bateria - Computador",238772.0,"aplicação: para setup (bios), modelo: cr-2032, tensão alimentação: 3v, tipo: lithium","UN",20.0,250.0,5000.0]
["21/2026","Aprovada",null,"SUPRIMENTOS DE INFORMÁTICA EM GERAL - NÃO TIC","CONTRATACOES_TIC",153052.0,"2026-04-20","2026-08-07",109.0,"SIN - SECRETARIA DE INCLUSÃO","749/2025","Alto",1.0,"2026-01-20","Material",7090.0,"Suprimentos de informática - tic",14426.0,"Cartucho Toner Impressora Brother",421094.0,"cor: preta, referência cartucho: tn-3392, tipo cartucho: compatível","CX",46.65,2.0,93.3]
["21/2026","Aprovada",null,"SUPRIMENTOS DE INFORMÁTICA EM GERAL - NÃO TIC","CONTRATACOES_TIC",153052.0,"2026-04-20","2026-08-07",109.0,"SIN - SECRETARIA DE INCLUSÃO","749/2025","Alto",2.0,"2026-01-20","Material",7090.0,"Suprimentos de informática - tic",13819.0,"Cartucho Tinta Impressora Lexmark",427093.0,"cor tinta: preta, referência cartucho: 80c8sk0, tipo cartucho: original","CX",184.41,2.0,368.82]
["21/2026","Aprovada",null,"SUPRIMENTOS DE INFORMÁTICA EM GERAL - NÃO TIC","CONTRATACOES_TIC",153052.0,"2026-04-20","2026-08-07",109.0,"SIN - SECRETARIA DE INCLUSÃO","749/2025","Alto",3.0,"2026-01-20","Material",7090.0,"Suprimentos de informática - tic",14426.0,"Cartucho Toner Impressora Brother",437144.0,"cor: preta, referência cartucho: tn-3472, tipo cartucho: original","CX",121.81,2.0,243.62]
["21/2026","Aprovada",null,"SUPRIMENTOS DE INFORMÁTICA EM GERAL - NÃO TIC","CONTRATACOES_TIC",153052.0,"2026-04-20","2026-08-07",109.0,"SIN - SECRETARIA DE INCLUSÃO","752/2025","Alto",5.0,"2026-01-20","Material",7060.0,"Peças e acessórios para computadores",14249.0,"Caixa Som",625996.0,"aplicação: uso em geral, componentes adicionais: bluetooth, entradas us, p2 e p10, potência: 1,200, voltagem: 220","UN",1448.25,1.0,1448.25]
["21/2026","Aprovada",null,"SUPRIMENTOS DE INFORMÁTICA EM GERAL - NÃO TIC","CONTRATACOES_TIC",153052.0,"2026-04-20","2026-08-07",109.0,"CC - CENTRO CULTURAL","751/2025","Médio",1.0,"2026-04-13","Material",7060.0,"Peças e acessórios para computadores",9594.0,"Memória Em Cartão Magnético",450734.0,"aplicação: armazenar fotos, imagens e dados, capacidade memória: 64, características adicionais: com adaptador, tipo cartao: micro sd, uso: informática","UN",70.0,10.0,700.0]
["21/2026","Aprovada",null,"SUPRIMENTOS DE INFORMÁTICA EM GERAL - NÃO TIC","CONTRATACOES_TIC",153052.0,"2026-04-20","2026-08-07",109.0,"FAV - FACULDADE DE ARTES VISUAIS","334/2025","Médio",27.0,"2026-12-01","Material",7060.0,"Peças e acessórios para computadores",14148.0,"Placa Mãe",627969.0,"aplicação: microcomputador, componentes: chipset amd, fonte alimentação: atx, memória expansão: 128, memória ram: ddr 4, padrão: micro atx, slots: m.2, pci-express, socket: am4, tipo conectores: sata3 6gb/s (suporte para raid), tipo portas: usb, rj-45, hdmi, displayport","UN",1000.0,10.0,10000.0]
["21/2026","Aprovada",null,"SUPRIMENTOS DE INFORMÁTICA EM GERAL - NÃO TIC","CONTRATACOES_TIC",153052.0,"2026-04-20","2026-08-07",109.0,"FAV - FACULDADE DE ARTES VISUAIS","334/2025","Médio",28.0,"2026-12-01","Material",7060.0,"Peças e acessórios para computadores",14256.0,"Pente De Memória",627931.0,"capacidade memória: 16, tipo: ddr5, velocidade barramento: 5.200","UN",400.0,10.0,4000.0]
["21/2026","Aprovada",null,"SUPRIMENTOS DE INFORMÁTICA EM GERAL - NÃO TIC","CONTRATACOES_TIC",153052.0,"2026-04-20","2026-08-07",109.0,"FAV - FACULDADE DE ARTES VISUAIS","334/2025","Médio",29.0,"2026-12-01","Material",7060.0,"Peças e acessórios para computadores",14431.0,"Processador",484063.0,"aplicação: microcomputador, barramento: pci express, características adicionais: ddr 4, memória cache: l2 4mb, l3 16mb, modelo: ryzen 7 5.700g, tipo: amd ryzen 7, velocidade processamento: 3.8","UN",1019.0,10.0,10190.0]
["21/2026","Aprovada",null,"SUPRIMENTOS DE INFORMÁTICA EM GERAL - NÃO TIC","CONTRATACOES_TIC",153052.0,"2026-04-20","2026-08-07",109.0,"FAV - FACULDADE DE ARTES VISUAIS","334/2025","Médio",30.0,"2026-12-01","Material",7060.0,"Peças e acessórios para computadores",14300.0,"Gabinete Para Computador",362833.0,"cor: preta, padrão: atx, tipo: 4 baias","UN",178.0,10.0,1780.0]
["21/2026","Aprovada",null,"SUPRIMENTOS DE INFORMÁTICA EM GERAL - NÃO TIC","CONTRATACOES_TIC",153052.0,"2026-04-20","2026-08-07",109.0,"FAV - FACULDADE DE ARTES VISUAIS","334/2025","Médio",31.0,"2026-12-01","Material",5995.0,"Conjuntos de cabos, cordões e fios elétricos para  equipamentos de comunicações",4047.0,"Cabo Extensor",434365.0,"aplicação: áudio e vídeo incl.dolby truehd and dts-hd;master, características adicionais: suporta qq resolução incl.1080p até 4k, comprimento: 1, tipo saída: hdmi tipo a macho x hdmi tipo a macho","UN",30.0,10.0,300.0]
["21/2026","Aprovada",null,"SUPRIMENTOS DE INFORMÁTICA EM GERAL - NÃO TIC","CONTRATACOES_TIC",153052.0,"2026-04-20","2026-08-07",109.0,"CC - CENTRO CULTURAL","740/2025","Médio",1.0,"2026-05-12","Material",7060.0,"Peças e acessórios para computadores",14697.0,"Câmera Web",474995.0,"captura cores: 30 fps, características adicionais: microfone embutido, compatibilidade: windows 10, conexão: interface usb 2.0, resolução: full hd 1080, tamanho imagem: 1280 x 720 pixels","UN",200.0,10.0,2000.0]
["21/2026","Aprovada",null,"SUPRIMENTOS DE INFORMÁTICA EM GERAL - NÃO TIC","CONTRATACOES_TIC",153052.0,"2026-04-20","2026-08-07",109.0,"FAV - FACULDADE DE ARTES VISUAIS","334/2025","Médio",32.0,"2026-12-01","Material",6135.0,"Baterias nao recarregáveis",3479.0,"Bateria Não Recarregável",411291.0,"modelo: cr-2032, sistema eletroquímico: lithium, tensão nominal: 3, tipo: button cell","EMB",30.0,10.0,300.0]
["21/2026","Aprovada",null,"SUPRIMENTOS DE INFORMÁTICA EM GERAL - NÃO TIC","CONTRATACOES_TIC",153052.0,"2026-04-20","2026-08-07",109.0,"CC - CENTRO CULTURAL","741/2025","Médio",1.0,"2026-04-13","Material",7060.0,"Peças e acessórios para computadores",9594.0,"Memória Em Cartão Magnético",450734.0,"aplicação: armazenar fotos, imagens e dados, capacidade memória: 64, características adicionais: com adaptador, tipo cartao: micro sd, uso: informática","UN",70.0,10.0,700.0]
["21/2026","Aprovada",null,"SUPRIMENTOS DE INFORMÁTICA EM GERAL - NÃO TIC","CONTRATACOES_TIC",153052.0,"2026-04-20","2026-08-07",109.0,"SECOM - SECRETARIA DE COMUNICAÇÃO","765/2025","Alto",1.0,"2026-06-30","Material",7060.0,"Peças e acessórios para computadores",9594.0,"Memória Em Cartão Magnético",465556.0,"aplicação: armazenamento de dados, capacidade memória: 128, tipo cartao: memory card, uso: câmera fotográfica e filmadora","UN",265.04,2.0,530.08]
["21/2026","Aprovada",null,"SUPRIMENTOS DE INFORMÁTICA EM GERAL - NÃO TIC","CONTRATACOES_TIC",153052.0,"2026-04-20","2026-08-07",109.0,"DASS - DIRETORIA DE ASSISTÊNCIA À SAÚDE DO SERVIDOR","791/2025","Médio",1.0,"2026-04-30","Material",7030.0,"Equipamentos de armazenamento de dados",244.0,"Unidade Disco",487697.0,"aplicação: microcomputador, capacidade: 240, tamanho: 2,5, tipo: disco ssd, velocidade: 500, padrão: serial ata-600","UN",280.0,10.0,2800.0]
["21/2026","Aprovada",null,"SUPRIMENTOS DE INFORMÁTICA EM GERAL - NÃO TIC","CONTRATACOES_TIC",153052.0,"2026-04-20","2026-08-07",109.0,"PROPESSOAS - PRO-REITORIA DE GESTÃO DE PESSOAS","839/2025","Médio",1.0,"2026-03-31","Material",7060.0,"Peças e acessórios para computadores",13510.0,"Teclado Microcomputador",451819.0,"conectividade: com fio, tipo: multimidia, tipo conector: usb","UN",63.0,15.0,945.0]
["21/2026","Aprovada",null,"SUPRIMENTOS DE INFORMÁTICA EM GERAL - NÃO TIC","CONTRATACOES_TIC",153052.0,"2026-04-20","2026-08-07",109.0,"PROPESSOAS - PRO-REITORIA DE GESTÃO DE PESSOAS","839/2025","Médio",3.0,"2026-03-31","Material",7060.0,"Peças e acessórios para computadores",5409.0,"Mouse Computador",457752.0,"conectividade: com fio, sensor: laser, tamanho: padrão, tipo conector: usb","UN",45.0,15.0,675.0]
["21/2026","Aprovada",null,"SUPRIMENTOS DE INFORMÁTICA EM GERAL - NÃO TIC","CONTRATACOES_TIC",153052.0,"2026-04-20","2026-08-07",109.0,"PROPESSOAS - PRO-REITORIA DE GESTÃO DE PESSOAS","839/2025","Médio",4.0,"2026-03-31","Material",7090.0,"Suprimentos de informática - tic",14426.0,"Cartucho Toner Impressora Brother",428017.0,"cor: preta, referência cartucho: tn-3392, tipo cartucho: original","UN",35.0,4.0,140.0]
["21/2026","Aprovada",null,"SUPRIMENTOS DE INFORMÁTICA EM GERAL - NÃO TIC","CONTRATACOES_TIC",153052.0,"2026-04-20","2026-08-07",109.0,"PROPESSOAS - PRO-REITORIA DE GESTÃO DE PESSOAS","839/2025","Médio",5.0,"2026-03-31","Material",7090.0,"Suprimentos de informática - tic",14426.0,"Cartucho Toner Impressora Brother",428481.0,"cor: preta, referência cartucho: tn-650, tipo cartucho: original","UN",35.0,4.0,140.0]
["21/2026","Aprovada",null,"SUPRIMENTOS DE INFORMÁTICA EM GERAL - NÃO TIC","CONTRATACOES_TIC",153052.0,"2026-04-20","2026-08-07",109.0,"PROPESSOAS - PRO-REITORIA DE GESTÃO DE PESSOAS","839/2025","Médio",6.0,"2026-03-31","Material",7060.0,"Peças e acessórios para computadores",14697.0,"Câmera Web",474995.0,"captura cores: 30 fps, características adicionais: microfone embutido, compatibilidade: windows 10, conexão: interface usb 2.0, resolução: full hd 1080, tamanho imagem: 1280 x 720 pixels","UN",200.0,10.0,2000.0]
["21/2026","Aprovada",null,"SUPRIMENTOS DE INFORMÁTICA EM GERAL - NÃO TIC","CONTRATACOES_TIC",153052.0,"2026-04-20","2026-08-07",109.0,"PROEC - PRO-REITORIA DE EXTENSÃO E CULTURA","849/2025","Alto",1.0,"2026-04-27","Material",5935.0,"Conectores elétricos",2085.0,"Adaptador",462526.0,"aplicação: equipamentos eletrônicos, conexão: vga macho x hdmi femea","UN",39.55,10.0,395.5]
["21/2026","Aprovada",null,"SUPRIMENTOS DE INFORMÁTICA EM GERAL - NÃO TIC","CONTRATACOES_TIC",153052.0,"2026-04-20","2026-08-07",109.0,"PROEC - PRO-REITORIA DE EXTENSÃO E CULTURA","850/2025","Médio",1.0,"2026-06-22","Material",7290.0,"Utensílios comerciais e domésticos diversos",12399.0,"Suporte",602089.0,"altura: 15, aplicação: apoio para notebook, características adicionais: base antiderrapante, comprimento: 19, formato: retangular, largura: 25,5, material: alumínio, material base: alumínio, tipo: ajustável e desmontável","UN",30.2,4.0,120.8]
["21/2026","Aprovada",null,"SUPRIMENTOS DE INFORMÁTICA EM GERAL - NÃO TIC","CONTRATACOES_TIC",153052.0,"2026-04-20","2026-08-07",109.0,"PROEC - PRO-REITORIA DE EXTENSÃO E CULTURA","853/2025","Alto",1.0,"2026-04-27","Material",7060.0,"Peças e acessórios para computadores",14697.0,"Câmera Web",474995.0,"captura cores: 30 fps, características adicionais: microfone embutido, compatibilidade: windows 10, conexão: interface usb 2.0, resolução: full hd 1080, tamanho imagem: 1280 x 720 pixels","UN",50.0,4.0,200.0]
["21/2026","Aprovada",null,"SUPRIMENTOS DE INFORMÁTICA EM GERAL - NÃO TIC","CONTRATACOES_TIC",153052.0,"2026-04-20","2026-08-07",109.0,"PRAE - PRO-REITORIA DE ASSUNTOS ESTUDANTIS","508/2025","Alto",4.0,"2026-01-15","Material",7060.0,"Peças e acessórios para computadores",5409.0,"Mouse Computador",457752.0,"conectividade: com fio, sensor: laser, tamanho: padrão, tipo conector: usb","UN",40.0,10.0,400.0]
["21/2026","Aprovada",null,"SUPRIMENTOS DE INFORMÁTICA EM GERAL - NÃO TIC","CONTRATACOES_TIC",153052.0,"2026-04-20","2026-08-07",109.0,"PRAE - PRO-REITORIA DE ASSUNTOS ESTUDANTIS","856/2025","Alto",1.0,"2026-01-15","Material",7510.0,"Artigos para escritório",15545.0,"Apoio Punho Teclado",306734.0,"comprimento: 40, cor: preta, largura: 49, material: gelatina silicone, tipo: ergonômico","UN",50.0,3.0,150.0]
["21/2026","Aprovada",null,"SUPRIMENTOS DE INFORMÁTICA EM GERAL - NÃO TIC","CONTRATACOES_TIC",153052.0,"2026-04-20","2026-08-07",109.0,"PRAE - PRO-REITORIA DE ASSUNTOS ESTUDANTIS","856/2025","Alto",2.0,"2026-01-15","Material",5836.0,"Equipamentos para gravação e reprodução de vídeo",14650.0,"Câmera Videoconferência",291791.0,"características adicionais: webcam usb com microfone embutido, resolução: 320 x 240 e 640 x 480, tipo lente: f 2.2/f6.85, velocidade transmissão vídeo: 30, aplicação: sistema de videoconferência","UN",200.0,15.0,3000.0]
["21/2026","Aprovada",null,"SUPRIMENTOS DE INFORMÁTICA EM GERAL - NÃO TIC","CONTRATACOES_TIC",153052.0,"2026-04-20","2026-08-07",109.0,"PRAE - PRO-REITORIA DE ASSUNTOS ESTUDANTIS","856/2025","Alto",3.0,"2026-01-15","Material",7090.0,"Suprimentos de informática - tic",240.0,"Mouse Pad",444576.0,"acabamento superficial: papel mineral, comprimento: 22, largura: 18, material: borracha antiderrapante","UN",25.0,10.0,250.0]
["21/2026","Aprovada",null,"SUPRIMENTOS DE INFORMÁTICA EM GERAL - NÃO TIC","CONTRATACOES_TIC",153052.0,"2026-04-20","2026-08-07",109.0,"SEINFRA - SECRETARIA DE INFRAESTRUTURA","912/2025","Médio",26.0,"2026-04-01","Material",6135.0,"Baterias nao recarregáveis",3479.0,"Bateria Não Recarregável",313931.0,"aplicação: máquina fotográfica, características adicionais: modelo cr2032, tipo: lithium, voltagem: 3","UN",2.5,200.0,500.0]
["21/2026","Aprovada",null,"SUPRIMENTOS DE INFORMÁTICA EM GERAL - NÃO TIC","CONTRATACOES_TIC",153052.0,"2026-04-20","2026-08-07",109.0,"DLOG - DIRETORIA DE LOGÍSTICA","915/2025","Alto",6.0,"2026-06-01","Material",7060.0,"Peças E Acessórios Para Computadores",13510.0,"Teclado Microcomputador",451820.0,"conectividade: sem fio, tipo: multimidia, tipo conector: usb","UN",190.0,6.0,1140.0]
["21/2026","Aprovada",null,"SUPRIMENTOS DE INFORMÁTICA EM GERAL - NÃO TIC","CONTRATACOES_TIC",153052.0,"2026-04-20","2026-08-07",109.0,"CERCOMP - CENTRO DE RECURSOS COMPUTACIONAIS","951/2025","Baixo",1.0,"2026-08-01","Material",7090.0,"Suprimentos de informática - tic",15154.0,"Trava Segurança",405818.0,"aplicação: proteção notebook, características adicionais: com 2 chaves, chave segurança: mecânica inviolável, componentes: cabo de aço de 1,80m e revestido em pvc com laço, material: aço, material fechadura: aço, tipo dispositivo: encaixe da trava direto no notebook, tipo fechadura: mecânica inviolável","UN",90.0,50.0,4500.0]
["21/2026","Aprovada",null,"SUPRIMENTOS DE INFORMÁTICA EM GERAL - NÃO TIC","CONTRATACOES_TIC",153052.0,"2026-04-20","2026-08-07",109.0,"DLOG - DIRETORIA DE LOGÍSTICA","1014/2025","Médio",1.0,"2026-07-30","Material",5915.0,"FILTROS E REDES",7472.0,"FILTRO LINHA",268310.0,"APLICAÇÃO: EQUIPAMENTO INFORMÁTICA / ELÉTRICO, CARACTERÍSTICAS ADICIONAIS: NO MÍNIMO 4 TOMADAS, PORTA FUSÍVEL C/ 1 UNIDADE RE, POTÊNCIA MÁXIMA: 1.500, TENSÃO ALIMENTAÇÃO: 115/220","UN",22.0225,500.0,11011.25]
["21/2026","Aprovada",null,"SUPRIMENTOS DE INFORMÁTICA EM GERAL - NÃO TIC","CONTRATACOES_TIC",153052.0,"2026-04-20","2026-08-07",109.0,"DLOG - DIRETORIA DE LOGÍSTICA","1015/2025","Médio",1.0,"2026-07-30","Material",6135.0,"Baterias nao recarregáveis",3479.0,"Bateria Não Recarregável",368173.0,"aplicação: elétrica, sistema eletroquímico: alcalina, tensão nominal: 9","UN",5.98,1000.0,5980.0]
["21/2026","Aprovada",null,"SUPRIMENTOS DE INFORMÁTICA EM GERAL - NÃO TIC","CONTRATACOES_TIC",153052.0,"2026-04-20","2026-08-07",109.0,"DLOG - DIRETORIA DE LOGÍSTICA","1015/2025","Médio",2.0,"2026-07-30","Material",6135.0,"Baterias nao recarregáveis",10708.0,"Pilha",410947.0,"modelo: a23, sistema eletroquímico: alcalina, tamanho: pequena, tensão nominal: 12","UN",1.7595,400.0,703.8]
["21/2026","Aprovada",null,"SUPRIMENTOS DE INFORMÁTICA EM GERAL - NÃO TIC","CONTRATACOES_TIC",153052.0,"2026-04-20","2026-08-07",109.0,"DLOG - DIRETORIA DE LOGÍSTICA","1015/2025","Médio",3.0,"2026-07-30","Material",6135.0,"Baterias nao recarregáveis",10708.0,"Pilha",241539.0,"características adicionais: não recarregável, modelo: aa, tamanho: pequena, tipo: alcalina, tensão: 1,5","UN",1.311,4000.0,5244.0]
["21/2026","Aprovada",null,"SUPRIMENTOS DE INFORMÁTICA EM GERAL - NÃO TIC","CONTRATACOES_TIC",153052.0,"2026-04-20","2026-08-07",109.0,"DLOG - DIRETORIA DE LOGÍSTICA","1015/2025","Médio",4.0,"2026-07-30","Material",6135.0,"Baterias nao recarregáveis",10708.0,"Pilha",246685.0,"características adicionais: não recarregável, modelo: aaa, tamanho: pequena, tipo: alcalina, tensão: 1,5","EMB",2.461,4000.0,9844.0]
["21/2026","Aprovada",null,"SUPRIMENTOS DE INFORMÁTICA EM GERAL - NÃO TIC","CONTRATACOES_TIC",153052.0,"2026-04-20","2026-08-07",109.0,"DLOG - DIRETORIA DE LOGÍSTICA","1016/2025","Médio",1.0,"2026-07-30","Material",7090.0,"Suprimentos de informática - tic",240.0,"Mouse Pad",296977.0,"acabamento superficial: tecido, aplicação: uso de nouse com prevenção a ler, características adicionais: com apoio para o punho e ergonômico, material: pvc","UN",15.8355,800.0,12668.4]
["21/2026","Aprovada",null,"SUPRIMENTOS DE INFORMÁTICA EM GERAL - NÃO TIC","CONTRATACOES_TIC",153052.0,"2026-04-20","2026-08-07",109.0,"DTEL - DIRETORIA DE TELECOMUNICAÇÕES","1022/2025","Médio",6.0,"2026-05-01","Material",7060.0,"Peças e acessórios para computadores",15410.0,"Adaptador Conector",435888.0,"aplicação: vídeo, características adicionais: resolução até 1080p/ tamanho min.cabo 15cm, tipo conectores: hdmi 19 pino fêmea / displayport 20 pinos macho","UN",32.26,100.0,3226.0]
["21/2026","Aprovada",null,"SUPRIMENTOS DE INFORMÁTICA EM GERAL - NÃO TIC","CONTRATACOES_TIC",153052.0,"2026-04-20","2026-08-07",109.0,"DTEL - DIRETORIA DE TELECOMUNICAÇÕES","1022/2025","Médio",86.0,"2026-05-01","Material",7060.0,"Peças e acessórios para computadores",214.0,"Conversor Vídeo",604338.0,"compatibilidade: pc ou mac, conector entrada: hdmi, conector saída: rj45, entrada vídeo: hdmi, resolução: 3840 x 2160, saída vídeo: hdbt, tensão alimentação: 48","UN",137.3,40.0,5492.0]
["21/2026","Aprovada",null,"SUPRIMENTOS DE INFORMÁTICA EM GERAL - NÃO TIC","CONTRATACOES_TIC",153052.0,"2026-04-20","2026-08-07",109.0,"DTEL - DIRETORIA DE TELECOMUNICAÇÕES","1029/2025","Médio",4.0,"2026-06-01","Material",7030.0,"Equipamentos de armazenamento de dados",216.0,"Disco Magnético",479105.0,"aplicação: informática, memória: 2, modelo: sas, tamanho: 3.5, tipo: rígido, velocidade mínima disco: 7.200, velocidade transferência: 6.0","UN",540.35,30.0,16210.5]
["21/2026","Aprovada",null,"SUPRIMENTOS DE INFORMÁTICA EM GERAL - NÃO TIC","CONTRATACOES_TIC",153052.0,"2026-04-20","2026-08-07",109.0,"DTEL - DIRETORIA DE TELECOMUNICAÇÕES","1029/2025","Médio",5.0,"2026-06-01","Material",7030.0,"Equipamentos de armazenamento de dados",216.0,"Disco Magnético",477105.0,"capacidade mínima cache: 256, interface: sata iii, memória: 8, modelo: st8000dm005, fabricante: seagate, tamanho: 3.5, tipo: rígido, velocidade rotação: 7.200, velocidade transferência: 6.0","UN",1428.03,50.0,71401.5]
["21/2026","Aprovada",null,"SUPRIMENTOS DE INFORMÁTICA EM GERAL - NÃO TIC","CONTRATACOES_TIC",153052.0,"2026-04-20","2026-08-07",109.0,"DTEL - DIRETORIA DE TELECOMUNICAÇÕES","1029/2025","Médio",6.0,"2026-06-01","Material",7030.0,"Equipamentos de armazenamento de dados",216.0,"Disco Magnético",392823.0,"aplicação: armazenamento dados, características adicionais: suporta protocolo de rede cifs, nfs,http,ftp,snmp, interface: usb 2.0, memória: 4, modelo: serial ata (sata ii), velocidade mínima disco: 1.000","UN",774.84,40.0,30993.6]
["21/2026","Aprovada",null,"SUPRIMENTOS DE INFORMÁTICA EM GERAL - NÃO TIC","CONTRATACOES_TIC",153052.0,"2026-04-20","2026-08-07",109.0,"DTEL - DIRETORIA DE TELECOMUNICAÇÕES","1029/2025","Médio",13.0,"2026-06-01","Material",7060.0,"Peças e acessórios para computadores",14256.0,"Pente De Memória",450307.0,"capacidade memória: 16, características adicionais: sdram/rdimm, frequência clock: 2.133, tipo: ddr4","UN",206.08,6.0,1236.48]
["21/2026","Aprovada",null,"SUPRIMENTOS DE INFORMÁTICA EM GERAL - NÃO TIC","CONTRATACOES_TIC",153052.0,"2026-04-20","2026-08-07",109.0,"DTEL - DIRETORIA DE TELECOMUNICAÇÕES","1029/2025","Médio",14.0,"2026-06-01","Material",7060.0,"Peças e acessórios para computadores",14431.0,"Processador",608237.0,"características adicionais: lga 1366, modelo: xeon e5649, tipo: intel, velocidade processamento: 2.93","UN",350.66,2.0,701.32]
["14/2026","Aprovada",null,"MATERIAIS PARA MANUTENÇÃO (PREDIAL, HIDRÁULICO, FERRAGENS)","BENS",153052.0,"2026-04-06","2026-07-17",102.0,"ICB - INSTITUTO DE CIÊNCIAS BIOLÓGICAS","180/2025","Alto",1.0,"2026-08-31","Material",3750.0,"Implementos e ferramentas de jardinagem",614.0,"Serrote Poda",214067.0,"aplicação: jardinagem, comprimento lâmina: 21, formato tubo: redondo, material tubo: aço","UN",300.0,3.0,900.0]
["14/2026","Aprovada",null,"MATERIAIS PARA MANUTENÇÃO (PREDIAL, HIDRÁULICO, FERRAGENS)","BENS",153052.0,"2026-04-06","2026-07-17",102.0,"ICB - INSTITUTO DE CIÊNCIAS BIOLÓGICAS","180/2025","Alto",2.0,"2026-08-31","Material",3750.0,"Implementos e ferramentas de jardinagem",1374.0,"Tesoura Poda",247611.0,"características adicionais: lâminas retas, com trava, material cabo: polipropileno, material lâmina: aço sae 1.070, peso: 230","UN",40.0,17.0,680.0]
["14/2026","Aprovada",null,"MATERIAIS PARA MANUTENÇÃO (PREDIAL, HIDRÁULICO, FERRAGENS)","BENS",153052.0,"2026-04-06","2026-07-17",102.0,"CEPAE - CENTRO DE ENSINO E PESQUISA APLICADA À EDUCAÇÃO","201/2025","Médio",5.0,"2026-03-02","Material",4720.0,"Mangueiras e tubulações flexíveis",616.0,"Mangueira Jardim",311490.0,"características adicionais: c/ suporte fixação, engate rosqueado, bico esguich, comprimento: 60, cor: cristal, diâmetro: 3/4, espessura: 2, material: pvc-trançado em nailon, uso: jardinagem","UN",420.0,2.0,840.0]
["14/2026","Aprovada",null,"MATERIAIS PARA MANUTENÇÃO (PREDIAL, HIDRÁULICO, FERRAGENS)","BENS",153052.0,"2026-04-06","2026-07-17",102.0,"IPTSP - INSTITUTO DE PATOLOGIA TROPICAL E SAÚDE PÚBLICA","141/2025","Médio",30.0,"2026-07-31","Material",8010.0,"Tintas, vernizes e produtos correlatos",185.0,"Tinta Nanquim",200605.0,"cor: preta, material: álcool","FR",3.59,1.0,3.59]
["14/2026","Aprovada",null,"MATERIAIS PARA MANUTENÇÃO (PREDIAL, HIDRÁULICO, FERRAGENS)","BENS",153052.0,"2026-04-06","2026-07-17",102.0,"FCT- FACULDADE DE CIÊNCIAS E TECNOLOGIA","290/2025","Médio",1.0,"2026-06-16","Material",8010.0,"Tintas, vernizes e produtos correlatos",6210.0,"Diluente Tinta",605624.0,"aspecto físico: líquido, características adicionais: galão 5 l., composição: etanol, tolueno, metiletilcetona,2 - butanol,, cor: incolor","LT",80.0,4.0,320.0]
["14/2026","Aprovada",null,"MATERIAIS PARA MANUTENÇÃO (PREDIAL, HIDRÁULICO, FERRAGENS)","BENS",153052.0,"2026-04-06","2026-07-17",102.0,"FCT- FACULDADE DE CIÊNCIAS E TECNOLOGIA","290/2025","Médio",2.0,"2026-06-16","Material",9535.0,"Placas, chapas, fitas e laminados finos de metais não  ferrosos",3359.0,"Barra Chata",623904.0,"bitola: 1 x 1/4, comprimento: 1.000, formato seção: chato, material: cobre","BR",350.0,1.0,350.0]
["14/2026","Aprovada",null,"MATERIAIS PARA MANUTENÇÃO (PREDIAL, HIDRÁULICO, FERRAGENS)","BENS",153052.0,"2026-04-06","2026-07-17",102.0,"FCT- FACULDADE DE CIÊNCIAS E TECNOLOGIA","290/2025","Médio",3.0,"2026-06-16","Material",9535.0,"Placas, chapas, fitas e laminados finos de metais não  ferrosos",3359.0,"Barra Chata",360383.0,"bitola: 3 1/2 x 1/4, comprimento: 6, material: aço carbono sae 1020","BR",350.0,1.0,350.0]
["14/2026","Aprovada",null,"MATERIAIS PARA MANUTENÇÃO (PREDIAL, HIDRÁULICO, FERRAGENS)","BENS",153052.0,"2026-04-06","2026-07-17",102.0,"FCT- FACULDADE DE CIÊNCIAS E TECNOLOGIA","290/2025","Médio",4.0,"2026-06-16","Material",9535.0,"Placas, chapas, fitas e laminados finos de metais não  ferrosos",3359.0,"Barra Chata",371130.0,"bitola: 4 x 1/2, comprimento: 6, material: aço carbono sae 1045","BR",700.0,1.0,700.0]
["14/2026","Aprovada",null,"MATERIAIS PARA MANUTENÇÃO (PREDIAL, HIDRÁULICO, FERRAGENS)","BENS",153052.0,"2026-04-06","2026-07-17",102.0,"FCT- FACULDADE DE CIÊNCIAS E TECNOLOGIA","290/2025","Médio",5.0,"2026-06-16","Material",9510.0,"Barras e vergalhões de ferro e de aço",3359.0,"Barra Chata",472267.0,"bitola: 1 x 1/4, comprimento: 6, formato seção: chato, material: alumínio","BR",700.0,1.0,700.0]
["14/2026","Aprovada",null,"MATERIAIS PARA MANUTENÇÃO (PREDIAL, HIDRÁULICO, FERRAGENS)","BENS",153052.0,"2026-04-06","2026-07-17",102.0,"FCT- FACULDADE DE CIÊNCIAS E TECNOLOGIA","290/2025","Médio",6.0,"2026-06-16","Material",9640.0,"Produtos Semi-Acabados E Produtos Primários De  Ferro  E De Aço",14486.0,"Tarugo",335187.0,"diâmetro: 1/4, formato: redondo, material: latão","BR",550.0,1.0,550.0]
["14/2026","Aprovada",null,"MATERIAIS PARA MANUTENÇÃO (PREDIAL, HIDRÁULICO, FERRAGENS)","BENS",153052.0,"2026-04-06","2026-07-17",102.0,"FCT- FACULDADE DE CIÊNCIAS E TECNOLOGIA","290/2025","Médio",7.0,"2026-06-16","Material",9640.0,"Produtos Semi-Acabados E Produtos Primários De  Ferro  E De Aço",14486.0,"Tarugo",326190.0,"diâmetro: 1 1/2, formato: redondo, material: latão","BR",1100.0,1.0,1100.0]
["14/2026","Aprovada",null,"MATERIAIS PARA MANUTENÇÃO (PREDIAL, HIDRÁULICO, FERRAGENS)","BENS",153052.0,"2026-04-06","2026-07-17",102.0,"FCT- FACULDADE DE CIÊNCIAS E TECNOLOGIA","290/2025","Médio",8.0,"2026-06-16","Material",9515.0,"Placas, chapas, fitas e laminados finos de ferro e de aço",4842.0,"Chapa Metal Ferroso",626260.0,"comprimento: 1, espessura: 5, largura: 80, material: aço carbono","UN",650.0,3.0,1950.0]
["14/2026","Aprovada",null,"MATERIAIS PARA MANUTENÇÃO (PREDIAL, HIDRÁULICO, FERRAGENS)","BENS",153052.0,"2026-04-06","2026-07-17",102.0,"FCT- FACULDADE DE CIÊNCIAS E TECNOLOGIA","290/2025","Médio",9.0,"2026-06-16","Material",9515.0,"Placas, chapas, fitas e laminados finos de ferro e de aço",4844.0,"Chapa Galvanizada",603229.0,"comprimento: 2, espessura: 0,8, largura: 1,20, material: aço galvanizado","UN",300.0,3.0,900.0]
["14/2026","Aprovada",null,"MATERIAIS PARA MANUTENÇÃO (PREDIAL, HIDRÁULICO, FERRAGENS)","BENS",153052.0,"2026-04-06","2026-07-17",102.0,"EECA - ESCOLA DE ENGENHARIA CIVIL E AMBIENTAL","305/2025","Alto",1.0,"2026-10-30","Material",5210.0,"Instrumentos de medição para artífices",968.0,"Trena",217915.0,"características adicionais: estojo anatômico com manivela dobrável, comprimento: 30, largura lâmina: 10, material: aço, revestimento: não aplicável","UN",62.0,1.0,62.0]
["14/2026","Aprovada",null,"MATERIAIS PARA MANUTENÇÃO (PREDIAL, HIDRÁULICO, FERRAGENS)","BENS",153052.0,"2026-04-06","2026-07-17",102.0,"EECA - ESCOLA DE ENGENHARIA CIVIL E AMBIENTAL","305/2025","Alto",3.0,"2026-10-30","Material",5350.0,"Materiais abrasivos",585.0,"Lixa",373785.0,"apresentação: folha, comprimento: 240, largura: 134, material: óxido alumínio, tipo costado: fibra sintética, tipo grão: 240","UN",5.0,70.0,350.0]
["14/2026","Aprovada",null,"MATERIAIS PARA MANUTENÇÃO (PREDIAL, HIDRÁULICO, FERRAGENS)","BENS",153052.0,"2026-04-06","2026-07-17",102.0,"EECA - ESCOLA DE ENGENHARIA CIVIL E AMBIENTAL","305/2025","Alto",4.0,"2026-10-30","Material",5210.0,"INSTRUMENTOS DE MEDIÇÃO PARA ARTÍFICES",968.0,"TRENA",393216.0,"CARACTERÍSTICAS ADICIONAIS: ENROLAMENTO AUTOMÁTICO COM TRAVA, COMPRIMENTO: 5, LARGURA LÂMINA: 19, MATERIAL: AÇO, REVESTIMENTO: BORRACHA","UN",38.0,21.0,798.0]
["14/2026","Aprovada",null,"MATERIAIS PARA MANUTENÇÃO (PREDIAL, HIDRÁULICO, FERRAGENS)","BENS",153052.0,"2026-04-06","2026-07-17",102.0,"EECA - ESCOLA DE ENGENHARIA CIVIL E AMBIENTAL","305/2025","Alto",5.0,"2026-10-30","Material",7240.0,"RECEPIENTES PARA USO DOMÉSTICO E COMERCIAL",764.0,"BALDE",417992.0,"CAPACIDADE: 10, CARACTERÍSTICAS ADICIONAIS: PARA UTILIZAÇÃO EM OBRAS DE CONSTRUÇÃO CIVIL, MATERIAL: METAL","UN",27.0,10.0,270.0]
["14/2026","Aprovada",null,"MATERIAIS PARA MANUTENÇÃO (PREDIAL, HIDRÁULICO, FERRAGENS)","BENS",153052.0,"2026-04-06","2026-07-17",102.0,"EECA - ESCOLA DE ENGENHARIA CIVIL E AMBIENTAL","305/2025","Alto",6.0,"2026-10-30","Material",7920.0,"Vassouras, escovas, rodos, esponjas e esfregões",6950.0,"Escova Limpeza Geral",440011.0,"características adicionais: 4 fileiras, material cerdas: aço, material corpo: madeira","UN",10.0,14.0,140.0]
["14/2026","Aprovada",null,"MATERIAIS PARA MANUTENÇÃO (PREDIAL, HIDRÁULICO, FERRAGENS)","BENS",153052.0,"2026-04-06","2026-07-17",102.0,"EECA - ESCOLA DE ENGENHARIA CIVIL E AMBIENTAL","305/2025","Alto",20.0,"2026-10-30","Material",5210.0,"Instrumentos de medição para artífices",920.0,"Nível Bolha",601642.0,"comprimento: 300, material corpo: liga de aluminio e plástico pp, tipo bolha: 3 bolhas (diagonal, horinzontal  e  vertical).","UN",44.46,6.0,266.76]
["14/2026","Aprovada",null,"MATERIAIS PARA MANUTENÇÃO (PREDIAL, HIDRÁULICO, FERRAGENS)","BENS",153052.0,"2026-04-06","2026-07-17",102.0,"EECA - ESCOLA DE ENGENHARIA CIVIL E AMBIENTAL","307/2025","Alto",2.0,"2026-10-30","Material",5210.0,"Instrumentos de medição para artífices",918.0,"Esquadro",459435.0,"aplicação: marcenaria, comprimento régua: 300, escala graduação: 1 mm, material cabo: alumínio, material régua: aço, tipo: combinado, tipo graduação: dupla, tipo sistema medição: decimal","UN",77.0,9.0,693.0]
["14/2026","Aprovada",null,"MATERIAIS PARA MANUTENÇÃO (PREDIAL, HIDRÁULICO, FERRAGENS)","BENS",153052.0,"2026-04-06","2026-07-17",102.0,"EECA - ESCOLA DE ENGENHARIA CIVIL E AMBIENTAL","310/2025","Médio",1.0,"2026-09-30","Material",5610.0,"MATERIAIS DE ORIGEM MINERAL PARA CONSTRUÇÃO, A GRANEL",4184.0,"CAL HIDRATADA",320920.0,"APLICAÇÃO: CONSTRUÇÃO CIVIL, CARACTERÍSTICAS ADICIONAIS: ALTO TEOR DE CÁLCIO,  POUCO SOLÚVEL, 2 ANOS VALIDA, CLASSIFICAÇÃO: CH3, COMPOSIÇÃO: CA (OH2), COR: BRANCA, ASPECTO FÍSICO: PÓ, PESO MOLECULAR: 74","SC",17.84,10.0,178.4]
["14/2026","Aprovada",null,"MATERIAIS PARA MANUTENÇÃO (PREDIAL, HIDRÁULICO, FERRAGENS)","BENS",153052.0,"2026-04-06","2026-07-17",102.0,"EECA - ESCOLA DE ENGENHARIA CIVIL E AMBIENTAL","310/2025","Médio",2.0,"2026-09-30","Material",5650.0,"Materiais para telhados e revestimento de paredes",813.0,"Telha",358086.0,"acabamento superficial: natural, características adicionais: bica, comprimento: 480, cor: natural, espessura: 15, largura: 170, material: cerâmica, tipo: plan","UN",2.3,200.0,460.0]
["14/2026","Aprovada",null,"MATERIAIS PARA MANUTENÇÃO (PREDIAL, HIDRÁULICO, FERRAGENS)","BENS",153052.0,"2026-04-06","2026-07-17",102.0,"EECA - ESCOLA DE ENGENHARIA CIVIL E AMBIENTAL","310/2025","Médio",3.0,"2026-09-30","Material",5620.0,"Vidros, telhas, tijolos e blocos para construção",811.0,"Tijolo",485707.0,"aplicação: construção civil, comprimento: 19, cor: vermelha, espessura: 4,50, largura: 9, material: barro cozido, tipo: maciço","MIL",1.0,200.0,200.0]
["14/2026","Aprovada",null,"MATERIAIS PARA MANUTENÇÃO (PREDIAL, HIDRÁULICO, FERRAGENS)","BENS",153052.0,"2026-04-06","2026-07-17",102.0,"EECA - ESCOLA DE ENGENHARIA CIVIL E AMBIENTAL","310/2025","Médio",4.0,"2026-09-30","Material",5610.0,"Materiais de origem mineral para construção, a granel",862.0,"Areia",280971.0,"granulometria: média grossa, tipo: normal brasileira","SC",450.0,2.0,900.0]
["14/2026","Aprovada",null,"MATERIAIS PARA MANUTENÇÃO (PREDIAL, HIDRÁULICO, FERRAGENS)","BENS",153052.0,"2026-04-06","2026-07-17",102.0,"EECA - ESCOLA DE ENGENHARIA CIVIL E AMBIENTAL","310/2025","Médio",5.0,"2026-09-30","Material",5610.0,"Materiais de origem mineral para construção, a granel",862.0,"Areia",280970.0,"granulometria: média fina, tipo: normal brasileira","SC",450.0,2.0,900.0]
["14/2026","Aprovada",null,"MATERIAIS PARA MANUTENÇÃO (PREDIAL, HIDRÁULICO, FERRAGENS)","BENS",153052.0,"2026-04-06","2026-07-17",102.0,"EECA - ESCOLA DE ENGENHARIA CIVIL E AMBIENTAL","310/2025","Médio",6.0,"2026-09-30","Material",5610.0,"Materiais de origem mineral para construção, a granel",862.0,"Areia",280969.0,"granulometria: grossa, tipo: normal brasileira","SC",450.0,2.0,900.0]
["14/2026","Aprovada",null,"MATERIAIS PARA MANUTENÇÃO (PREDIAL, HIDRÁULICO, FERRAGENS)","BENS",153052.0,"2026-04-06","2026-07-17",102.0,"EECA - ESCOLA DE ENGENHARIA CIVIL E AMBIENTAL","310/2025","Médio",7.0,"2026-09-30","Material",5610.0,"Materiais de origem mineral para construção, a granel",862.0,"Areia",280968.0,"granulometria: fina, tipo: normal brasileira","SC",450.0,2.0,900.0]
["14/2026","Aprovada",null,"MATERIAIS PARA MANUTENÇÃO (PREDIAL, HIDRÁULICO, FERRAGENS)","BENS",153052.0,"2026-04-06","2026-07-17",102.0,"EECA - ESCOLA DE ENGENHARIA CIVIL E AMBIENTAL","310/2025","Médio",8.0,"2026-09-30","Material",3590.0,"Equipamentos diversos para serviços profissionais e  comerciais",16887.0,"Equipamentos Diversos Para Serviços Profissionais",602971.0,"caracteristicas adicionais 3: tamanho: 10 x 20 centímetros, material: neopreme, tipo: disco espaçador, uso: ensaio de compactação e moldagem corpos de prova","UN",50.0,15.0,750.0]
["14/2026","Aprovada",null,"MATERIAIS PARA MANUTENÇÃO (PREDIAL, HIDRÁULICO, FERRAGENS)","BENS",153052.0,"2026-04-06","2026-07-17",102.0,"EECA - ESCOLA DE ENGENHARIA CIVIL E AMBIENTAL","310/2025","Médio",9.0,"2026-09-30","Material",5610.0,"Materiais de origem mineral para construção, a granel",867.0,"Cimento Portland",327367.0,"material: clinker, tipo: cp ii - e 32","SC",43.99,5.0,219.95]
["14/2026","Aprovada",null,"MATERIAIS PARA MANUTENÇÃO (PREDIAL, HIDRÁULICO, FERRAGENS)","BENS",153052.0,"2026-04-06","2026-07-17",102.0,"EECA - ESCOLA DE ENGENHARIA CIVIL E AMBIENTAL","310/2025","Médio",10.0,"2026-09-30","Material",5610.0,"Materiais de origem mineral para construção, a granel",867.0,"Cimento Portland",454500.0,"material: clinker, tipo: cp ii - f 32","SC",35.47,5.0,177.35]
["14/2026","Aprovada",null,"MATERIAIS PARA MANUTENÇÃO (PREDIAL, HIDRÁULICO, FERRAGENS)","BENS",153052.0,"2026-04-06","2026-07-17",102.0,"EECA - ESCOLA DE ENGENHARIA CIVIL E AMBIENTAL","310/2025","Médio",11.0,"2026-09-30","Material",5610.0,"Materiais de origem mineral para construção, a granel",863.0,"Brita",216956.0,"material: rocha triturada, tamanho: brita 0","SC",7.4,8.0,59.2]
["14/2026","Aprovada",null,"MATERIAIS PARA MANUTENÇÃO (PREDIAL, HIDRÁULICO, FERRAGENS)","BENS",153052.0,"2026-04-06","2026-07-17",102.0,"EECA - ESCOLA DE ENGENHARIA CIVIL E AMBIENTAL","310/2025","Médio",12.0,"2026-09-30","Material",5610.0,"Materiais de origem mineral para construção, a granel",863.0,"Brita",216957.0,"material: rocha triturada, tamanho: brita 1","SC",7.4,8.0,59.2]
["14/2026","Aprovada",null,"MATERIAIS PARA MANUTENÇÃO (PREDIAL, HIDRÁULICO, FERRAGENS)","BENS",153052.0,"2026-04-06","2026-07-17",102.0,"EECA - ESCOLA DE ENGENHARIA CIVIL E AMBIENTAL","310/2025","Médio",13.0,"2026-09-30","Material",5610.0,"Materiais de origem mineral para construção, a granel",862.0,"Areia",271364.0,"granulometria: média, tipo: saibrosa","SC",7.95,8.0,63.6]
["14/2026","Aprovada",null,"MATERIAIS PARA MANUTENÇÃO (PREDIAL, HIDRÁULICO, FERRAGENS)","BENS",153052.0,"2026-04-06","2026-07-17",102.0,"EECA - ESCOLA DE ENGENHARIA CIVIL E AMBIENTAL","310/2025","Médio",14.0,"2026-09-30","Material",5610.0,"Materiais de origem mineral para construção, a granel",862.0,"Areia",348315.0,"granulometria: fina, tipo: artificial","SC",7.95,8.0,63.6]
["14/2026","Aprovada",null,"MATERIAIS PARA MANUTENÇÃO (PREDIAL, HIDRÁULICO, FERRAGENS)","BENS",153052.0,"2026-04-06","2026-07-17",102.0,"EECA - ESCOLA DE ENGENHARIA CIVIL E AMBIENTAL","310/2025","Médio",15.0,"2026-09-30","Material",8020.0,"Pincel para artistas e pintores",1573.0,"Trincha",467560.0,"material cabo: plástico, material cerdas: sintética, tamanho: 4","UN",22.0,4.0,88.0]
["14/2026","Aprovada",null,"MATERIAIS PARA MANUTENÇÃO (PREDIAL, HIDRÁULICO, FERRAGENS)","BENS",153052.0,"2026-04-06","2026-07-17",102.0,"EECA - ESCOLA DE ENGENHARIA CIVIL E AMBIENTAL","310/2025","Médio",16.0,"2026-09-30","Material",8020.0,"Pincel para artistas e pintores",1573.0,"Trincha",467559.0,"material cabo: plástico, material cerdas: sintética, tamanho: 2","UN",11.0,5.0,55.0]
["14/2026","Aprovada",null,"MATERIAIS PARA MANUTENÇÃO (PREDIAL, HIDRÁULICO, FERRAGENS)","BENS",153052.0,"2026-04-06","2026-07-17",102.0,"EECA - ESCOLA DE ENGENHARIA CIVIL E AMBIENTAL","310/2025","Médio",17.0,"2026-09-30","Material",8040.0,"Adesivos",12066.0,"Selante Adesivo",393922.0,"aplicação: selante para vedação de áreas úmidas como boxes de, cor: incolor","BIS",36.59,3.0,109.77]
["14/2026","Aprovada",null,"MATERIAIS PARA MANUTENÇÃO (PREDIAL, HIDRÁULICO, FERRAGENS)","BENS",153052.0,"2026-04-06","2026-07-17",102.0,"FCT- FACULDADE DE CIÊNCIAS E TECNOLOGIA","351/2025","Médio",13.0,"2026-06-15","Material",9905.0,"Cartazes, mostruários e placas de identificação",10839.0,"Placa",459936.0,"acabamento superficial: galvanizado, características adicionais: conforme modelo do órgão, comprimento: 100, cor: branca, espessura: 3, largura: 60, material: aço","UN",25.0,20.0,500.0]
["14/2026","Aprovada",null,"MATERIAIS PARA MANUTENÇÃO (PREDIAL, HIDRÁULICO, FERRAGENS)","BENS",153052.0,"2026-04-06","2026-07-17",102.0,"FCT- FACULDADE DE CIÊNCIAS E TECNOLOGIA","351/2025","Médio",16.0,"2026-06-15","Material",5610.0,"Materiais de origem mineral para construção, a granel",862.0,"Areia",292021.0,"granulometria: média fina, tipo: refratária","SC",350.0,5.0,1750.0]
["14/2026","Aprovada",null,"MATERIAIS PARA MANUTENÇÃO (PREDIAL, HIDRÁULICO, FERRAGENS)","BENS",153052.0,"2026-04-06","2026-07-17",102.0,"FCT- FACULDADE DE CIÊNCIAS E TECNOLOGIA","366/2025","Médio",1.0,"2026-06-15","Material",5345.0,"Discos e pedras abrasivos",14901.0,"Disco Corte",235714.0,"aplicação: máquina de encher ampola, marzocchi, modelo l/14, referência: l/021-145","UN",40.0,10.0,400.0]
["14/2026","Aprovada",null,"MATERIAIS PARA MANUTENÇÃO (PREDIAL, HIDRÁULICO, FERRAGENS)","BENS",153052.0,"2026-04-06","2026-07-17",102.0,"FAV - FACULDADE DE ARTES VISUAIS","387/2025","Médio",1.0,"2026-12-01","Material",4510.0,"Dispositivos e acessórios para instalações hidráulicas",12820.0,"Torneira",429871.0,"acabamento superficial: cromado, aplicação: mesa, caracteristicas adicionais: acionamento hidromecânico com leve pressão manual, diâmetro: 1/2, material corpo: metal, tipo: automática","UN",250.0,10.0,2500.0]
["14/2026","Aprovada",null,"MATERIAIS PARA MANUTENÇÃO (PREDIAL, HIDRÁULICO, FERRAGENS)","BENS",153052.0,"2026-04-06","2026-07-17",102.0,"EMC - ESCOLA DE ENGENHARIA ELÉTRICA MECÂNICA E DE COMPUTAÇÃO","388/2025","Baixo",15.0,"2026-06-10","Material",5315.0,"PREGOS, CHAVETAS E PINOS",10749.0,"PINO PARA TRANSMISSÃO",288736.0,"APLICAÇÃO: ELETRÔNICA, COR: VERMELHA, TIPO: BANANA COM FURO","UN",5.0,200.0,1000.0]
["14/2026","Aprovada",null,"MATERIAIS PARA MANUTENÇÃO (PREDIAL, HIDRÁULICO, FERRAGENS)","BENS",153052.0,"2026-04-06","2026-07-17",102.0,"EMC - ESCOLA DE ENGENHARIA ELÉTRICA MECÂNICA E DE COMPUTAÇÃO","388/2025","Baixo",16.0,"2026-06-10","Material",5315.0,"Pregos, chavetas e pinos",10749.0,"Pino Para Transmissão",288735.0,"aplicação: eletrônica, cor: preta, tipo: banana com furo","UN",5.0,100.0,500.0]
["14/2026","Aprovada",null,"MATERIAIS PARA MANUTENÇÃO (PREDIAL, HIDRÁULICO, FERRAGENS)","BENS",153052.0,"2026-04-06","2026-07-17",102.0,"EMC - ESCOLA DE ENGENHARIA ELÉTRICA MECÂNICA E DE COMPUTAÇÃO","390/2025","Médio",6.0,"2026-08-08","Material",3460.0,"Acessórios para máquinas-ferramentas",1087.0,"Pinça",482780.0,"comprimento total: 77,00, diâmetro externo: 4, material: aço, normas técnicas: nbr iso 2768","UN",67.55,2.0,135.1]
["14/2026","Aprovada",null,"MATERIAIS PARA MANUTENÇÃO (PREDIAL, HIDRÁULICO, FERRAGENS)","BENS",153052.0,"2026-04-06","2026-07-17",102.0,"EMC - ESCOLA DE ENGENHARIA ELÉTRICA MECÂNICA E DE COMPUTAÇÃO","390/2025","Médio",15.0,"2026-08-08","Material",9390.0,"Produtos diversos não metálicos",3064.0,"Esfera",358104.0,"aplicação: ajuste de pesos calibrados, diâmetro: 2,50, material: chumbo","UN",0.6,100.0,60.0]
["14/2026","Aprovada",null,"MATERIAIS PARA MANUTENÇÃO (PREDIAL, HIDRÁULICO, FERRAGENS)","BENS",153052.0,"2026-04-06","2026-07-17",102.0,"EMC - ESCOLA DE ENGENHARIA ELÉTRICA MECÂNICA E DE COMPUTAÇÃO","390/2025","Médio",16.0,"2026-08-08","Material",9390.0,"Produtos diversos não metálicos",3064.0,"Esfera",625572.0,"aplicação: muniçao de caça, características adicionais: granulado de caça esférico nº 5, diâmetro: 3, material: chumbo","UN",0.7,100.0,70.0]
["14/2026","Aprovada",null,"MATERIAIS PARA MANUTENÇÃO (PREDIAL, HIDRÁULICO, FERRAGENS)","BENS",153052.0,"2026-04-06","2026-07-17",102.0,"EMC - ESCOLA DE ENGENHARIA ELÉTRICA MECÂNICA E DE COMPUTAÇÃO","390/2025","Médio",22.0,"2026-08-08","Material",5345.0,"DISCOS E PEDRAS ABRASIVOS",567.0,"DISCO CORTE",603084.0,"CARACTERÍSTICAS ADICIONAIS: DUREZA DE 15 A 35 HRC, DIÂMETRO: 305, DIÂMETRO FURO: 32, MATERIAL: ÓXIDO ALUMÍNIO","UN",40.0,10.0,400.0]
["14/2026","Aprovada",null,"MATERIAIS PARA MANUTENÇÃO (PREDIAL, HIDRÁULICO, FERRAGENS)","BENS",153052.0,"2026-04-06","2026-07-17",102.0,"EMC - ESCOLA DE ENGENHARIA ELÉTRICA MECÂNICA E DE COMPUTAÇÃO","390/2025","Médio",23.0,"2026-08-08","Material",5345.0,"DISCOS E PEDRAS ABRASIVOS",567.0,"DISCO CORTE",603085.0,"CARACTERÍSTICAS ADICIONAIS: DUREZA MAIOR QUE 50 HRC, DIÂMETRO: 305, DIÂMETRO FURO: 32, ESPESSURA: 2, MATERIAL: ÓXIDO ALUMÍNIO","UN",40.0,10.0,400.0]
["14/2026","Aprovada",null,"MATERIAIS PARA MANUTENÇÃO (PREDIAL, HIDRÁULICO, FERRAGENS)","BENS",153052.0,"2026-04-06","2026-07-17",102.0,"EMC - ESCOLA DE ENGENHARIA ELÉTRICA MECÂNICA E DE COMPUTAÇÃO","390/2025","Médio",24.0,"2026-08-08","Material",5345.0,"DISCOS E PEDRAS ABRASIVOS",567.0,"DISCO CORTE",603085.0,"CARACTERÍSTICAS ADICIONAIS: DUREZA MAIOR QUE 50 HRC, DIÂMETRO: 305, DIÂMETRO FURO: 32, ESPESSURA: 2, MATERIAL: ÓXIDO ALUMÍNIO","UN",40.0,10.0,400.0]
["14/2026","Aprovada",null,"MATERIAIS PARA MANUTENÇÃO (PREDIAL, HIDRÁULICO, FERRAGENS)","BENS",153052.0,"2026-04-06","2026-07-17",102.0,"EMC - ESCOLA DE ENGENHARIA ELÉTRICA MECÂNICA E DE COMPUTAÇÃO","390/2025","Médio",34.0,"2026-08-08","Material",3439.0,"SUPRIMENTOS E ACESSÓRIOS PARA SOLDAS DIVERSAS, FRACAS E  FORTES",1147.0,"ARAME SOLDA",416541.0,"CARACTERÍSTICAS ADICIONAIS: AWS A5.18/79, CLASSE ER-70S-6, DIÂMETRO: 1,20, MATERIAL INDICADO: AÇO CARBONO, PROCESSO SOLDAGEM: MIG/MAG","KG",25.0,35.0,875.0]
["14/2026","Aprovada",null,"MATERIAIS PARA MANUTENÇÃO (PREDIAL, HIDRÁULICO, FERRAGENS)","BENS",153052.0,"2026-04-06","2026-07-17",102.0,"EMC - ESCOLA DE ENGENHARIA ELÉTRICA MECÂNICA E DE COMPUTAÇÃO","390/2025","Médio",35.0,"2026-08-08","Material",3439.0,"SUPRIMENTOS E ACESSÓRIOS PARA SOLDAS DIVERSAS, FRACAS E  FORTES",1147.0,"ARAME SOLDA",416542.0,"CARACTERÍSTICAS ADICIONAIS: AWS A5.18/79, CLASSE ER-70S-6, DIÂMETRO: 0.80, MATERIAL INDICADO: AÇO CARBONO, PROCESSO SOLDAGEM: MIG/MAG","KG",25.0,35.0,875.0]
["14/2026","Aprovada",null,"MATERIAIS PARA MANUTENÇÃO (PREDIAL, HIDRÁULICO, FERRAGENS)","BENS",153052.0,"2026-04-06","2026-07-17",102.0,"EMC - ESCOLA DE ENGENHARIA ELÉTRICA MECÂNICA E DE COMPUTAÇÃO","390/2025","Médio",38.0,"2026-08-08","Material",8030.0,"Compostos preservativos e vedantes",2576.0,"Anticorrosivo",349296.0,"apresentação: spray, aspecto físico: líquido, características adicionais: wd 40, inofensivo para camada de ozônio, inibidor","TBO",15.0,3.0,45.0]
["14/2026","Aprovada",null,"MATERIAIS PARA MANUTENÇÃO (PREDIAL, HIDRÁULICO, FERRAGENS)","BENS",153052.0,"2026-04-06","2026-07-17",102.0,"EMC - ESCOLA DE ENGENHARIA ELÉTRICA MECÂNICA E DE COMPUTAÇÃO","390/2025","Médio",40.0,"2026-08-08","Material",9515.0,"Placas, chapas, fitas e laminados finos de ferro e de aço",4817.0,"Chapa Aço",308812.0,"acabamento: xadrez, aplicação: piso embarcação, comprimento: 3, espessura: 4,75, largura: 1,20, material: aço carbono","UN",400.0,3.0,1200.0]
["14/2026","Aprovada",null,"MATERIAIS PARA MANUTENÇÃO (PREDIAL, HIDRÁULICO, FERRAGENS)","BENS",153052.0,"2026-04-06","2026-07-17",102.0,"EMC - ESCOLA DE ENGENHARIA ELÉTRICA MECÂNICA E DE COMPUTAÇÃO","390/2025","Médio",41.0,"2026-08-08","Material",9510.0,"Barras e vergalhões de ferro e de aço",3350.0,"Barra Aço",370919.0,"bitola: 2, formato seção: quadrado, material: aço sae 1045","M",500.0,3.0,1500.0]
["14/2026","Aprovada",null,"MATERIAIS PARA MANUTENÇÃO (PREDIAL, HIDRÁULICO, FERRAGENS)","BENS",153052.0,"2026-04-06","2026-07-17",102.0,"EMC - ESCOLA DE ENGENHARIA ELÉTRICA MECÂNICA E DE COMPUTAÇÃO","390/2025","Médio",42.0,"2026-08-08","Material",9640.0,"Produtos semi-acabados e produtos primários de  ferro  e de aço",14486.0,"Tarugo",432880.0,"comprimento: 1 3/4, formato: quadrado, material: latão","M",300.0,2.0,600.0]
["14/2026","Aprovada",null,"MATERIAIS PARA MANUTENÇÃO (PREDIAL, HIDRÁULICO, FERRAGENS)","BENS",153052.0,"2026-04-06","2026-07-17",102.0,"EMC - ESCOLA DE ENGENHARIA ELÉTRICA MECÂNICA E DE COMPUTAÇÃO","390/2025","Médio",43.0,"2026-08-08","Material",9640.0,"Produtos semi-acabados e produtos primários de  ferro  e de aço",12556.0,"Tarugo De Aço",619426.0,"comprimento: 1, diâmetro: 3, formato: redondo, material: aço inoxidável 304","UN",403.0,2.0,806.0]
["14/2026","Aprovada",null,"MATERIAIS PARA MANUTENÇÃO (PREDIAL, HIDRÁULICO, FERRAGENS)","BENS",153052.0,"2026-04-06","2026-07-17",102.0,"EMC - ESCOLA DE ENGENHARIA ELÉTRICA MECÂNICA E DE COMPUTAÇÃO","390/2025","Médio",44.0,"2026-08-08","Material",9530.0,"Barras e vergalhões de metais não ferrosos",4819.0,"Chapa Alumínio",608576.0,"aplicação: estrutura de embarcações, características adicionais: astm b209 5052 h3, liga 5052, comprimento: 3, espessura: 4,75, largura: 1,20, tipo: lisa","UN",700.0,1.0,700.0]
["14/2026","Aprovada",null,"MATERIAIS PARA MANUTENÇÃO (PREDIAL, HIDRÁULICO, FERRAGENS)","BENS",153052.0,"2026-04-06","2026-07-17",102.0,"EMC - ESCOLA DE ENGENHARIA ELÉTRICA MECÂNICA E DE COMPUTAÇÃO","392/2025","Médio",1.0,"2026-07-15","Material",9535.0,"Placas, chapas, fitas e laminados finos de metais não  ferrosos",15414.0,"Barra Alumínio",243762.0,"bitola: 1 1/2, comprimento: 6, formato seção: redondo, material: alumínio","UN",1680.0,1.0,1680.0]
["14/2026","Aprovada",null,"MATERIAIS PARA MANUTENÇÃO (PREDIAL, HIDRÁULICO, FERRAGENS)","BENS",153052.0,"2026-04-06","2026-07-17",102.0,"EMC - ESCOLA DE ENGENHARIA ELÉTRICA MECÂNICA E DE COMPUTAÇÃO","392/2025","Médio",2.0,"2026-07-15","Material",5210.0,"Instrumentos de medição para artífices",968.0,"Trena",626385.0,"características adicionais: cor metálica, graduação de 1 mm, comprimento: 5, material: aço","UN",30.0,10.0,300.0]
["14/2026","Aprovada",null,"MATERIAIS PARA MANUTENÇÃO (PREDIAL, HIDRÁULICO, FERRAGENS)","BENS",153052.0,"2026-04-06","2026-07-17",102.0,"EMC - ESCOLA DE ENGENHARIA ELÉTRICA MECÂNICA E DE COMPUTAÇÃO","392/2025","Médio",9.0,"2026-07-15","Material",5306.0,"Parafusos com porca",15217.0,"Parafuso Com Bucha E Porca",368684.0,"aplicação: fixação de acessórios e ativos do rack, apresentação: kit (01 porca 01 parafuso), material: aço sae 1070, referência bucha: 19 polegadas, tipo porca: gaiola","UN",300.0,2.0,600.0]
["14/2026","Aprovada",null,"MATERIAIS PARA MANUTENÇÃO (PREDIAL, HIDRÁULICO, FERRAGENS)","BENS",153052.0,"2026-04-06","2026-07-17",102.0,"EMC - ESCOLA DE ENGENHARIA ELÉTRICA MECÂNICA E DE COMPUTAÇÃO","392/2025","Médio",11.0,"2026-07-15","Material",5306.0,"Parafusos com porca",10429.0,"Parafuso Com Porca",625168.0,"comprimento: 1 1/2, diâmetro: 3/16, material: aço carbono, tipo cabeça: francesa, tratamento superficial: zincado","UN",150.0,2.0,300.0]
["14/2026","Aprovada",null,"MATERIAIS PARA MANUTENÇÃO (PREDIAL, HIDRÁULICO, FERRAGENS)","BENS",153052.0,"2026-04-06","2026-07-17",102.0,"EMC - ESCOLA DE ENGENHARIA ELÉTRICA MECÂNICA E DE COMPUTAÇÃO","392/2025","Médio",12.0,"2026-07-15","Material",5330.0,"GAXETAS E OUTROS MATERIAIS PARA VEDAÇÃO",7612.0,"FITA VEDA ROSCA",615103.0,"COMPRIMENTO: 50, LARGURA: 18, MATERIAL: PTFE","UN",10.0,10.0,100.0]
["14/2026","Aprovada",null,"MATERIAIS PARA MANUTENÇÃO (PREDIAL, HIDRÁULICO, FERRAGENS)","BENS",153052.0,"2026-04-06","2026-07-17",102.0,"EMC - ESCOLA DE ENGENHARIA ELÉTRICA MECÂNICA E DE COMPUTAÇÃO","392/2025","Médio",13.0,"2026-07-15","Material",9390.0,"Produtos diversos não metálicos",4848.0,"Chapa Policarbonato",332826.0,"comprimento: 3000, espessura: 3, largura: 2050, transmitância: transparente","UN",1600.0,1.0,1600.0]
["14/2026","Aprovada",null,"MATERIAIS PARA MANUTENÇÃO (PREDIAL, HIDRÁULICO, FERRAGENS)","BENS",153052.0,"2026-04-06","2026-07-17",102.0,"EMC - ESCOLA DE ENGENHARIA ELÉTRICA MECÂNICA E DE COMPUTAÇÃO","392/2025","Médio",14.0,"2026-07-15","Material",5220.0,"Calibres de inspeção e ferramentas de precisão",14545.0,"Guia Linear",608696.0,"características adicionais: acompanha par de suporte pillowblock em alumínio, composição: eixo linear com base de apoio, comprimento trilho: 300, material patim: alumínio, material trilho: aço temperado","UN",600.0,2.0,1200.0]
["14/2026","Aprovada",null,"MATERIAIS PARA MANUTENÇÃO (PREDIAL, HIDRÁULICO, FERRAGENS)","BENS",153052.0,"2026-04-06","2026-07-17",102.0,"EMC - ESCOLA DE ENGENHARIA ELÉTRICA MECÂNICA E DE COMPUTAÇÃO","392/2025","Médio",15.0,"2026-07-15","Material",9535.0,"Placas, chapas, fitas e laminados finos de metais não  ferrosos",15414.0,"Barra Alumínio",603387.0,"bitola: 1, características adicionais: maciça, comprimento: 1, formato seção: redondo, material: aluminio astm 7075","M",68.85,10.0,688.5]
["14/2026","Aprovada",null,"MATERIAIS PARA MANUTENÇÃO (PREDIAL, HIDRÁULICO, FERRAGENS)","BENS",153052.0,"2026-04-06","2026-07-17",102.0,"EMC - ESCOLA DE ENGENHARIA ELÉTRICA MECÂNICA E DE COMPUTAÇÃO","392/2025","Médio",16.0,"2026-07-15","Material",9535.0,"Placas, chapas, fitas e laminados finos de metais não  ferrosos",15414.0,"Barra Alumínio",243762.0,"bitola: 1 1/2, comprimento: 6, formato seção: redondo, material: alumínio","M",107.21,10.0,1072.1]
["14/2026","Aprovada",null,"MATERIAIS PARA MANUTENÇÃO (PREDIAL, HIDRÁULICO, FERRAGENS)","BENS",153052.0,"2026-04-06","2026-07-17",102.0,"EMC - ESCOLA DE ENGENHARIA ELÉTRICA MECÂNICA E DE COMPUTAÇÃO","392/2025","Médio",17.0,"2026-07-15","Material",9535.0,"Placas, chapas, fitas e laminados finos de metais não  ferrosos",15414.0,"Barra Alumínio",243762.0,"bitola: 1 1/2, comprimento: 6, formato seção: redondo, material: alumínio","M",154.92,10.0,1549.2]
["14/2026","Aprovada",null,"MATERIAIS PARA MANUTENÇÃO (PREDIAL, HIDRÁULICO, FERRAGENS)","BENS",153052.0,"2026-04-06","2026-07-17",102.0,"EMC - ESCOLA DE ENGENHARIA ELÉTRICA MECÂNICA E DE COMPUTAÇÃO","392/2025","Médio",18.0,"2026-07-15","Material",9535.0,"Placas, chapas, fitas e laminados finos de metais não  ferrosos",15414.0,"Barra Alumínio",603388.0,"bitola: 5, características adicionais: maciça, comprimento: 1, formato seção: redondo, material: aluminio astm 7075","M",1114.05,6.0,6684.3]
["14/2026","Aprovada",null,"MATERIAIS PARA MANUTENÇÃO (PREDIAL, HIDRÁULICO, FERRAGENS)","BENS",153052.0,"2026-04-06","2026-07-17",102.0,"EMC - ESCOLA DE ENGENHARIA ELÉTRICA MECÂNICA E DE COMPUTAÇÃO","392/2025","Médio",19.0,"2026-07-15","Material",9640.0,"Produtos semi-acabados e produtos primários de  ferro  e de aço",14486.0,"Tarugo",335189.0,"diâmetro: 1, formato: redondo, material: latão","M",757.19,6.0,4543.14]
["14/2026","Aprovada",null,"MATERIAIS PARA MANUTENÇÃO (PREDIAL, HIDRÁULICO, FERRAGENS)","BENS",153052.0,"2026-04-06","2026-07-17",102.0,"EMC - ESCOLA DE ENGENHARIA ELÉTRICA MECÂNICA E DE COMPUTAÇÃO","392/2025","Médio",20.0,"2026-07-15","Material",9640.0,"Produtos semi-acabados e produtos primários de  ferro  e de aço",14486.0,"Tarugo",326190.0,"diâmetro: 1 1/2, formato: redondo, material: latão","M",1090.33,6.0,6541.98]
["14/2026","Aprovada",null,"MATERIAIS PARA MANUTENÇÃO (PREDIAL, HIDRÁULICO, FERRAGENS)","BENS",153052.0,"2026-04-06","2026-07-17",102.0,"EMC - ESCOLA DE ENGENHARIA ELÉTRICA MECÂNICA E DE COMPUTAÇÃO","392/2025","Médio",21.0,"2026-07-15","Material",9640.0,"Produtos semi-acabados e produtos primários de  ferro  e de aço",14486.0,"Tarugo",299006.0,"diâmetro: 2, formato: redondo, material: latão","M",1938.32,6.0,11629.92]
["14/2026","Aprovada",null,"MATERIAIS PARA MANUTENÇÃO (PREDIAL, HIDRÁULICO, FERRAGENS)","BENS",153052.0,"2026-04-06","2026-07-17",102.0,"EMC - ESCOLA DE ENGENHARIA ELÉTRICA MECÂNICA E DE COMPUTAÇÃO","392/2025","Médio",22.0,"2026-07-15","Material",9535.0,"Placas, chapas, fitas e laminados finos de metais não  ferrosos",3359.0,"Barra Chata",472267.0,"bitola: 1 x 1/4, comprimento: 6, formato seção: chato, material: alumínio","M",28.18,10.0,281.8]
["14/2026","Aprovada",null,"MATERIAIS PARA MANUTENÇÃO (PREDIAL, HIDRÁULICO, FERRAGENS)","BENS",153052.0,"2026-04-06","2026-07-17",102.0,"EMC - ESCOLA DE ENGENHARIA ELÉTRICA MECÂNICA E DE COMPUTAÇÃO","392/2025","Médio",23.0,"2026-07-15","Material",9535.0,"Placas, chapas, fitas e laminados finos de metais não  ferrosos",3359.0,"Barra Chata",240680.0,"bitola: 4 x 1/4\", comprimento: 6, formato seção: chato, material: alumínio\"","M",108.49,10.0,1084.9]
["14/2026","Aprovada",null,"MATERIAIS PARA MANUTENÇÃO (PREDIAL, HIDRÁULICO, FERRAGENS)","BENS",153052.0,"2026-04-06","2026-07-17",102.0,"EMC - ESCOLA DE ENGENHARIA ELÉTRICA MECÂNICA E DE COMPUTAÇÃO","392/2025","Médio",24.0,"2026-07-15","Material",9330.0,"Artigos de plástico",3384.0,"Barra De Plástico",603551.0,"comprimento: 1, cor: branca, diâmetro: 20, formato seção: redonda, material: poliacetal","UN",42.7,10.0,427.0]
["14/2026","Aprovada",null,"MATERIAIS PARA MANUTENÇÃO (PREDIAL, HIDRÁULICO, FERRAGENS)","BENS",153052.0,"2026-04-06","2026-07-17",102.0,"EMC - ESCOLA DE ENGENHARIA ELÉTRICA MECÂNICA E DE COMPUTAÇÃO","392/2025","Médio",25.0,"2026-07-15","Material",9330.0,"Artigos de plástico",3384.0,"Barra De Plástico",603550.0,"comprimento: 1, cor: branca, diâmetro: 45, formato seção: redonda, material: poliacetal","UN",108.17,10.0,1081.7]
["14/2026","Aprovada",null,"MATERIAIS PARA MANUTENÇÃO (PREDIAL, HIDRÁULICO, FERRAGENS)","BENS",153052.0,"2026-04-06","2026-07-17",102.0,"EMC - ESCOLA DE ENGENHARIA ELÉTRICA MECÂNICA E DE COMPUTAÇÃO","392/2025","Médio",26.0,"2026-07-15","Material",9330.0,"Artigos de plástico",3384.0,"Barra De Plástico",603548.0,"comprimento: 1, cor: branca, diâmetro: 60, formato seção: redonda, material: poliacetal","UN",167.37,10.0,1673.7]
["14/2026","Aprovada",null,"MATERIAIS PARA MANUTENÇÃO (PREDIAL, HIDRÁULICO, FERRAGENS)","BENS",153052.0,"2026-04-06","2026-07-17",102.0,"EMC - ESCOLA DE ENGENHARIA ELÉTRICA MECÂNICA E DE COMPUTAÇÃO","392/2025","Médio",27.0,"2026-07-15","Material",9330.0,"Artigos de plástico",3384.0,"Barra De Plástico",603551.0,"comprimento: 1, cor: branca, diâmetro: 20, formato seção: redonda, material: poliacetal","UN",727.78,1.0,727.78]
["14/2026","Aprovada",null,"MATERIAIS PARA MANUTENÇÃO (PREDIAL, HIDRÁULICO, FERRAGENS)","BENS",153052.0,"2026-04-06","2026-07-17",102.0,"EMC - ESCOLA DE ENGENHARIA ELÉTRICA MECÂNICA E DE COMPUTAÇÃO","392/2025","Médio",28.0,"2026-07-15","Material",9510.0,"Barras e vergalhões de ferro e de aço",3350.0,"Barra Aço",602359.0,"características adicionais: resistencia a tração: 40kg/mm, alongamento: 29%, comprimento: 200, dimensões: 1 x 30, formato seção: retangular, material: aço aisi 1010, tipo: maciço","M",280.0,10.0,2800.0]
["14/2026","Aprovada",null,"MATERIAIS PARA MANUTENÇÃO (PREDIAL, HIDRÁULICO, FERRAGENS)","BENS",153052.0,"2026-04-06","2026-07-17",102.0,"EMC - ESCOLA DE ENGENHARIA ELÉTRICA MECÂNICA E DE COMPUTAÇÃO","392/2025","Médio",29.0,"2026-07-15","Material",9510.0,"Barras e vergalhões de ferro e de aço",3350.0,"Barra Aço",397694.0,"bitola: 1, características adicionais: trefilado, comprimento: 6, formato seção: redondo, material: aço sae 1045","M",250.0,10.0,2500.0]
["14/2026","Aprovada",null,"MATERIAIS PARA MANUTENÇÃO (PREDIAL, HIDRÁULICO, FERRAGENS)","BENS",153052.0,"2026-04-06","2026-07-17",102.0,"EMC - ESCOLA DE ENGENHARIA ELÉTRICA MECÂNICA E DE COMPUTAÇÃO","392/2025","Médio",30.0,"2026-07-15","Material",9510.0,"BARRAS E VERGALHÕES DE FERRO E DE AÇO",3350.0,"BARRA AÇO",480016.0,"BITOLA: 3/4, COMPRIMENTO: 3, FORMATO SEÇÃO: REDONDO, MATERIAL: AÇO 1020 GALVANIZADO, TIPO: ROSCADA","M",63.0,6.0,378.0]
["14/2026","Aprovada",null,"MATERIAIS PARA MANUTENÇÃO (PREDIAL, HIDRÁULICO, FERRAGENS)","BENS",153052.0,"2026-04-06","2026-07-17",102.0,"EMC - ESCOLA DE ENGENHARIA ELÉTRICA MECÂNICA E DE COMPUTAÇÃO","392/2025","Médio",31.0,"2026-07-15","Material",9510.0,"BARRAS E VERGALHÕES DE FERRO E DE AÇO",3350.0,"BARRA AÇO",603521.0,"APLICAÇÃO: LABORATÓRIO MECÂNICA INDUSTRIAL, BITOLA: 1 X 1/4\", COMPRIMENTO: 6, FORMATO SEÇÃO: CHATO, MATERIAL: AÇO 1020 GALVANIZADO\"","M",104.0,6.0,624.0]
["14/2026","Aprovada",null,"MATERIAIS PARA MANUTENÇÃO (PREDIAL, HIDRÁULICO, FERRAGENS)","BENS",153052.0,"2026-04-06","2026-07-17",102.0,"EMC - ESCOLA DE ENGENHARIA ELÉTRICA MECÂNICA E DE COMPUTAÇÃO","392/2025","Médio",32.0,"2026-07-15","Material",9510.0,"BARRAS E VERGALHÕES DE FERRO E DE AÇO",3350.0,"BARRA AÇO",603521.0,"APLICAÇÃO: LABORATÓRIO MECÂNICA INDUSTRIAL, BITOLA: 1 X 1/4\", COMPRIMENTO: 6, FORMATO SEÇÃO: CHATO, MATERIAL: AÇO 1020 GALVANIZADO\"","UN",150.0,6.0,900.0]
["14/2026","Aprovada",null,"MATERIAIS PARA MANUTENÇÃO (PREDIAL, HIDRÁULICO, FERRAGENS)","BENS",153052.0,"2026-04-06","2026-07-17",102.0,"EMC - ESCOLA DE ENGENHARIA ELÉTRICA MECÂNICA E DE COMPUTAÇÃO","392/2025","Médio",33.0,"2026-07-15","Material",9510.0,"BARRAS E VERGALHÕES DE FERRO E DE AÇO",3350.0,"BARRA AÇO",370849.0,"BITOLA: 2, CARACTERÍSTICAS ADICIONAIS: LAMINADO, FORMATO SEÇÃO: REDONDO, MATERIAL: AÇO SAE 1020","M",540.0,6.0,3240.0]
["14/2026","Aprovada",null,"MATERIAIS PARA MANUTENÇÃO (PREDIAL, HIDRÁULICO, FERRAGENS)","BENS",153052.0,"2026-04-06","2026-07-17",102.0,"EMC - ESCOLA DE ENGENHARIA ELÉTRICA MECÂNICA E DE COMPUTAÇÃO","392/2025","Médio",34.0,"2026-07-15","Material",9510.0,"BARRAS E VERGALHÕES DE FERRO E DE AÇO",3350.0,"BARRA AÇO",370849.0,"BITOLA: 2, CARACTERÍSTICAS ADICIONAIS: LAMINADO, FORMATO SEÇÃO: REDONDO, MATERIAL: AÇO SAE 1020","BR",500.0,6.0,3000.0]
["14/2026","Aprovada",null,"MATERIAIS PARA MANUTENÇÃO (PREDIAL, HIDRÁULICO, FERRAGENS)","BENS",153052.0,"2026-04-06","2026-07-17",102.0,"EMC - ESCOLA DE ENGENHARIA ELÉTRICA MECÂNICA E DE COMPUTAÇÃO","392/2025","Médio",35.0,"2026-07-15","Material",9510.0,"Barras e vergalhões de ferro e de aço",3350.0,"Barra Aço",325277.0,"bitola: 5/8, características adicionais: maciço / trefilado, comprimento: 6, formato seção: redondo, material: aço sae 1020\"","M",36.0,10.0,360.0]
["14/2026","Aprovada",null,"MATERIAIS PARA MANUTENÇÃO (PREDIAL, HIDRÁULICO, FERRAGENS)","BENS",153052.0,"2026-04-06","2026-07-17",102.0,"EMC - ESCOLA DE ENGENHARIA ELÉTRICA MECÂNICA E DE COMPUTAÇÃO","392/2025","Médio",36.0,"2026-07-15","Material",9510.0,"Barras e vergalhões de ferro e de aço",3350.0,"Barra Aço",252723.0,"bitola: 7/8, características adicionais: trefilado, formato seção: quadrado, material: aço 1020","M",100.0,10.0,1000.0]
["14/2026","Aprovada",null,"MATERIAIS PARA MANUTENÇÃO (PREDIAL, HIDRÁULICO, FERRAGENS)","BENS",153052.0,"2026-04-06","2026-07-17",102.0,"EMC - ESCOLA DE ENGENHARIA ELÉTRICA MECÂNICA E DE COMPUTAÇÃO","392/2025","Médio",37.0,"2026-07-15","Material",9535.0,"Placas, chapas, fitas e laminados finos de metais não  ferrosos",3359.0,"Barra Chata",472803.0,"comprimento: 6, espessura: 3/16, formato seção: chato, largura: 1 1/2, material: aço inox aisi 304","M",15.0,50.0,750.0]
["14/2026","Aprovada",null,"MATERIAIS PARA MANUTENÇÃO (PREDIAL, HIDRÁULICO, FERRAGENS)","BENS",153052.0,"2026-04-06","2026-07-17",102.0,"EMC - ESCOLA DE ENGENHARIA ELÉTRICA MECÂNICA E DE COMPUTAÇÃO","392/2025","Médio",38.0,"2026-07-15","Material",9535.0,"Placas, chapas, fitas e laminados finos de metais não  ferrosos",3359.0,"Barra Chata",477154.0,"comprimento: 6, espessura: 1/4, formato seção: chato, largura: 1, material: aço inox aisi 304","M",28.0,50.0,1400.0]
["14/2026","Aprovada",null,"MATERIAIS PARA MANUTENÇÃO (PREDIAL, HIDRÁULICO, FERRAGENS)","BENS",153052.0,"2026-04-06","2026-07-17",102.0,"EMC - ESCOLA DE ENGENHARIA ELÉTRICA MECÂNICA E DE COMPUTAÇÃO","392/2025","Médio",40.0,"2026-07-15","Material",8020.0,"Pincel para artistas e pintores",1573.0,"Trincha",467559.0,"material cabo: plástico, material cerdas: sintética, tamanho: 2","UN",17.91,30.0,537.3]
["14/2026","Aprovada",null,"MATERIAIS PARA MANUTENÇÃO (PREDIAL, HIDRÁULICO, FERRAGENS)","BENS",153052.0,"2026-04-06","2026-07-17",102.0,"EMC - ESCOLA DE ENGENHARIA ELÉTRICA MECÂNICA E DE COMPUTAÇÃO","392/2025","Médio",41.0,"2026-07-15","Material",8010.0,"TINTAS, VERNIZES E PRODUTOS CORRELATOS",6210.0,"DILUENTE TINTA",605624.0,"ASPECTO FÍSICO: LÍQUIDO, CARACTERÍSTICAS ADICIONAIS: GALÃO 5 L., COMPOSIÇÃO: ETANOL, TOLUENO, METILETILCETONA,2 - BUTANOL,, COR: INCOLOR","LT",123.58,3.0,370.74]
["14/2026","Aprovada",null,"MATERIAIS PARA MANUTENÇÃO (PREDIAL, HIDRÁULICO, FERRAGENS)","BENS",153052.0,"2026-04-06","2026-07-17",102.0,"EMC - ESCOLA DE ENGENHARIA ELÉTRICA MECÂNICA E DE COMPUTAÇÃO","392/2025","Médio",42.0,"2026-07-15","Material",5350.0,"Materiais abrasivos",585.0,"Lixa",624419.0,"aplicação: marcenaria, apresentação: folha, dimensões: 22,5 x 27,5, material: óxido alumínio, tipo: lixa madeira, tipo grão: 80","UN",3.99,150.0,598.5]
["14/2026","Aprovada",null,"MATERIAIS PARA MANUTENÇÃO (PREDIAL, HIDRÁULICO, FERRAGENS)","BENS",153052.0,"2026-04-06","2026-07-17",102.0,"EMC - ESCOLA DE ENGENHARIA ELÉTRICA MECÂNICA E DE COMPUTAÇÃO","392/2025","Médio",43.0,"2026-07-15","Material",5350.0,"Materiais abrasivos",585.0,"Lixa",619873.0,"apresentação: cinta, comprimento: 300, largura: 50, material: óxido alumínio, tipo grão: 150","UN",4.29,100.0,429.0]
["14/2026","Aprovada",null,"MATERIAIS PARA MANUTENÇÃO (PREDIAL, HIDRÁULICO, FERRAGENS)","BENS",153052.0,"2026-04-06","2026-07-17",102.0,"EMC - ESCOLA DE ENGENHARIA ELÉTRICA MECÂNICA E DE COMPUTAÇÃO","392/2025","Médio",44.0,"2026-07-15","Material",5350.0,"Materiais abrasivos",585.0,"Lixa",624418.0,"aplicação: marcenaria, apresentação: folha, dimensões: 22,5 x 27,5, material: óxido alumínio, tipo: lixa madeira, tipo grão: 220","UN",4.46,100.0,446.0]
["14/2026","Aprovada",null,"MATERIAIS PARA MANUTENÇÃO (PREDIAL, HIDRÁULICO, FERRAGENS)","BENS",153052.0,"2026-04-06","2026-07-17",102.0,"EMC - ESCOLA DE ENGENHARIA ELÉTRICA MECÂNICA E DE COMPUTAÇÃO","392/2025","Médio",46.0,"2026-07-15","Material",5345.0,"DISCOS E PEDRAS ABRASIVOS",567.0,"DISCO CORTE",453314.0,"APLICAÇÃO: AÇO E LIGAS MATERIAIS FERROSOS EM GERAL, DIÂMETRO: 4 1/2, DIÂMETRO FURO: 7/8, MATERIAL: AÇO","UN",3.61,100.0,361.0]
["14/2026","Aprovada",null,"MATERIAIS PARA MANUTENÇÃO (PREDIAL, HIDRÁULICO, FERRAGENS)","BENS",153052.0,"2026-04-06","2026-07-17",102.0,"EMC - ESCOLA DE ENGENHARIA ELÉTRICA MECÂNICA E DE COMPUTAÇÃO","392/2025","Médio",47.0,"2026-07-15","Material",5345.0,"DISCOS E PEDRAS ABRASIVOS",567.0,"DISCO CORTE",453314.0,"APLICAÇÃO: AÇO E LIGAS MATERIAIS FERROSOS EM GERAL, DIÂMETRO: 4 1/2, DIÂMETRO FURO: 7/8, MATERIAL: AÇO","UN",6.9,100.0,690.0]
["14/2026","Aprovada",null,"MATERIAIS PARA MANUTENÇÃO (PREDIAL, HIDRÁULICO, FERRAGENS)","BENS",153052.0,"2026-04-06","2026-07-17",102.0,"EMC - ESCOLA DE ENGENHARIA ELÉTRICA MECÂNICA E DE COMPUTAÇÃO","394/2025","Médio",5.0,"2026-08-10","Material",5210.0,"Instrumentos de medição para artífices",16203.0,"Trena Eletrônica",460781.0,"alcance: 40, caracteristicas adicionais: medição de distância, cálculo de área, cálculo de, método de medição: a laser, tipo: eletrônica digital, tipo visor: cristal líquido","UN",250.0,1.0,250.0]
["14/2026","Aprovada",null,"MATERIAIS PARA MANUTENÇÃO (PREDIAL, HIDRÁULICO, FERRAGENS)","BENS",153052.0,"2026-04-06","2026-07-17",102.0,"EA - ESCOLA DE AGRONOMIA","672/2025","Médio",1.0,"2026-08-01","Material",5620.0,"VIDROS, TELHAS, TIJOLOS E BLOCOS PARA CONSTRUÇÃO",3601.0,"BLOCO DE CONCRETO",478106.0,"ALTURA: 6, APLICAÇÃO: PAVIMENTAÇÃO, COMPRIMENTO: 25, LARGURA: 25, TIPO: SEXTAVADO","UN",70.0,2100.0,147000.0]
["14/2026","Aprovada",null,"MATERIAIS PARA MANUTENÇÃO (PREDIAL, HIDRÁULICO, FERRAGENS)","BENS",153052.0,"2026-04-06","2026-07-17",102.0,"FCT- FACULDADE DE CIÊNCIAS E TECNOLOGIA","677/2025","Baixo",2.0,"2026-06-15","Material",3750.0,"Implementos e ferramentas de jardinagem",16912.0,"Peças / Componentes - Jardinagem",608085.0,"altura: 10, comprimento: 30, cor: verde, material do corpo: polietileno reciclado, tipo: separador/limitador de grama","UN",44.07,3.0,132.21]
["14/2026","Aprovada",null,"MATERIAIS PARA MANUTENÇÃO (PREDIAL, HIDRÁULICO, FERRAGENS)","BENS",153052.0,"2026-04-06","2026-07-17",102.0,"EECA - ESCOLA DE ENGENHARIA CIVIL E AMBIENTAL","305/2025","Alto",21.0,"2026-10-30","Material",5330.0,"Gaxetas e outros materiais para vedação",7612.0,"Fita Veda Rosca",465553.0,"comprimento: 20, largura: 18, material: teflon","UN",3.35,20.0,67.0]
["14/2026","Aprovada",null,"MATERIAIS PARA MANUTENÇÃO (PREDIAL, HIDRÁULICO, FERRAGENS)","BENS",153052.0,"2026-04-06","2026-07-17",102.0,"EECA - ESCOLA DE ENGENHARIA CIVIL E AMBIENTAL","305/2025","Alto",22.0,"2026-10-30","Material",4820.0,"Válvulas não acionadas por força motriz",11560.0,"Registro Gaveta",349028.0,"aplicação: instalação hidráulica, bitola: 3/4, características adicionais: volante liga latão cromado e canopla ferro cromado, material: latão fundido","UN",38.8,5.0,194.0]
["14/2026","Aprovada",null,"MATERIAIS PARA MANUTENÇÃO (PREDIAL, HIDRÁULICO, FERRAGENS)","BENS",153052.0,"2026-04-06","2026-07-17",102.0,"EECA - ESCOLA DE ENGENHARIA CIVIL E AMBIENTAL","305/2025","Alto",23.0,"2026-10-30","Material",4820.0,"Válvulas não acionadas por força motriz",11560.0,"Registro Gaveta",233449.0,"bitola: 1/2, características adicionais: castelo com rosca para fixação de acabamento, material: bronze fundido, tipo: manual","UN",38.35,5.0,191.75]
["14/2026","Aprovada",null,"MATERIAIS PARA MANUTENÇÃO (PREDIAL, HIDRÁULICO, FERRAGENS)","BENS",153052.0,"2026-04-06","2026-07-17",102.0,"EECA - ESCOLA DE ENGENHARIA CIVIL E AMBIENTAL","305/2025","Alto",24.0,"2026-10-30","Material",4820.0,"Válvulas não acionadas por força motriz",14461.0,"Registro Esfera",356062.0,"aplicação: instalação hidráulica, bitola: 3/4, material: metal, tipo: alavanca, tipo fixação: roscável\"","UN",20.43,5.0,102.15]
["14/2026","Aprovada",null,"MATERIAIS PARA MANUTENÇÃO (PREDIAL, HIDRÁULICO, FERRAGENS)","BENS",153052.0,"2026-04-06","2026-07-17",102.0,"CE - CENTRO DE EVENTOS","706/2025","Médio",1.0,"2026-05-30","Material",5210.0,"Instrumentos de medição para artífices",968.0,"Trena",null,null,null,40.0,1.0,40.0]
["14/2026","Aprovada",null,"MATERIAIS PARA MANUTENÇÃO (PREDIAL, HIDRÁULICO, FERRAGENS)","BENS",153052.0,"2026-04-06","2026-07-17",102.0,"GOIAS - REGIONAL GOIAS","711/2025","Alto",4.0,"2026-07-01","Material",4720.0,"Mangueiras e tubulações flexíveis",616.0,"Mangueira Jardim",616963.0,"características adicionais: esguicho tipo pistola, 1 conector 3/4 de polegada, comprimento: 50, diâmetro: 3/4, material: pvc trançado em fio poliéster","UN",200.0,3.0,600.0]
["14/2026","Aprovada",null,"MATERIAIS PARA MANUTENÇÃO (PREDIAL, HIDRÁULICO, FERRAGENS)","BENS",153052.0,"2026-04-06","2026-07-17",102.0,"GOIAS - REGIONAL GOIAS","711/2025","Alto",5.0,"2026-07-01","Material",5340.0,"Ferragens diversas",9854.0,"Mola Porta",244749.0,"acabamento: pintado, componentes: base fixação, cor: prata, material: ferro fundido, tipo: automática, tipo regulagem: parafuso para controle de velocidade de fechamento","UN",35.0,40.0,1400.0]
["14/2026","Aprovada",null,"MATERIAIS PARA MANUTENÇÃO (PREDIAL, HIDRÁULICO, FERRAGENS)","BENS",153052.0,"2026-04-06","2026-07-17",102.0,"GOIAS - REGIONAL GOIAS","711/2025","Alto",6.0,"2026-07-01","Material",5210.0,"INSTRUMENTOS DE MEDIÇÃO PARA ARTÍFICES",968.0,"TRENA",429114.0,"CARACTERÍSTICAS ADICIONAIS: GRADUAÇÃO: MM/POL; TRAVA E ENROLAMENTO AUTOMÁTICO, COMPRIMENTO: 10, MATERIAL: AÇO FLEXÍVEL, TIPO: COMUM","UN",26.99,6.0,161.94]
["14/2026","Aprovada",null,"MATERIAIS PARA MANUTENÇÃO (PREDIAL, HIDRÁULICO, FERRAGENS)","BENS",153052.0,"2026-04-06","2026-07-17",102.0,"FAV - FACULDADE DE ARTES VISUAIS","334/2025","Médio",36.0,"2026-12-01","Material",6850.0,"Especialidades químicas diversas",8849.0,"Limpador Contato Elétrico/Eletrônico",369251.0,"aplicação: limpeza componentes elétricos, apresentação: aerosol, características adicionais: fácil evaporação, não condutor/inflamável, sem cfc","FR",30.0,6.0,180.0]
["14/2026","Aprovada",null,"MATERIAIS PARA MANUTENÇÃO (PREDIAL, HIDRÁULICO, FERRAGENS)","BENS",153052.0,"2026-04-06","2026-07-17",102.0,"SEINFRA - SECRETARIA DE INFRAESTRUTURA","780/2025","Médio",64.0,"2026-06-01","Material",2610.0,"Pneus e câmaras de ar, exceto os de aeronaves",16145.0,"Pneu Carrinho Mão",399476.0,"características adicionais: com câmara ar, aro desmontável, material: borracha, tamanho: 2,0 x 6","UN",80.0,16.0,1280.0]
["14/2026","Aprovada",null,"MATERIAIS PARA MANUTENÇÃO (PREDIAL, HIDRÁULICO, FERRAGENS)","BENS",153052.0,"2026-04-06","2026-07-17",102.0,"SEINFRA - SECRETARIA DE INFRAESTRUTURA","780/2025","Médio",65.0,"2026-06-01","Material",2610.0,"Pneus e câmaras de ar, exceto os de aeronaves",16145.0,"Pneu Carrinho Mão",407759.0,"material: borracha, tamanho: 3,25 x 8","UN",38.0,25.0,950.0]
["14/2026","Aprovada",null,"MATERIAIS PARA MANUTENÇÃO (PREDIAL, HIDRÁULICO, FERRAGENS)","BENS",153052.0,"2026-04-06","2026-07-17",102.0,"SEINFRA - SECRETARIA DE INFRAESTRUTURA","780/2025","Médio",66.0,"2026-06-01","Material",2510.0,"Componentes de cabine, carroceria e chassis de veículos",11776.0,"Roda Borracha Maciça",451165.0,"características adicionais: eixo 3/4 com rolete, diâmetro: 8","UN",75.0,15.0,1125.0]
["14/2026","Aprovada",null,"MATERIAIS PARA MANUTENÇÃO (PREDIAL, HIDRÁULICO, FERRAGENS)","BENS",153052.0,"2026-04-06","2026-07-17",102.0,"SEINFRA - SECRETARIA DE INFRAESTRUTURA","781/2025","Médio",51.0,"2026-03-02","Material",2610.0,"Pneus e câmaras de ar, exceto os de aeronaves",593.0,"Pneu Trator Rodas Tração",294110.0,"características adicionais: com câmara, dianteiro, tr t2, diâmetro nominal aro: 6, largura seção: 143, largura seção pneu: 12, quantidade lonas: 4, tipo estrutura: carcaça diagonal","UN",750.0,4.0,3000.0]
["14/2026","Aprovada",null,"MATERIAIS PARA MANUTENÇÃO (PREDIAL, HIDRÁULICO, FERRAGENS)","BENS",153052.0,"2026-04-06","2026-07-17",102.0,"SEINFRA - SECRETARIA DE INFRAESTRUTURA","781/2025","Médio",52.0,"2026-03-02","Material",2610.0,"Pneus e câmaras de ar, exceto os de aeronaves",593.0,"Pneu Trator Rodas Tração",352935.0,"características adicionais: traseiro/com câmara/capacidade carga 1330 a 1880 k, diâmetro nominal aro: 34, largura seção pneu: 18,40, quantidade lonas: 12, tipo estrutura: carcaça radial","UN",1400.0,4.0,5600.0]
["14/2026","Aprovada",null,"MATERIAIS PARA MANUTENÇÃO (PREDIAL, HIDRÁULICO, FERRAGENS)","BENS",153052.0,"2026-04-06","2026-07-17",102.0,"SEINFRA - SECRETARIA DE INFRAESTRUTURA","781/2025","Médio",55.0,"2026-03-02","Material",2610.0,"Pneus e câmaras de ar, exceto os de aeronaves",593.0,"Pneu Trator Rodas Tração",294110.0,"características adicionais: com câmara, dianteiro, tr t2, diâmetro nominal aro: 6, largura seção: 143, largura seção pneu: 12, quantidade lonas: 4, tipo estrutura: carcaça diagonal","UN",1400.0,2.0,2800.0]
["14/2026","Aprovada",null,"MATERIAIS PARA MANUTENÇÃO (PREDIAL, HIDRÁULICO, FERRAGENS)","BENS",153052.0,"2026-04-06","2026-07-17",102.0,"SEINFRA - SECRETARIA DE INFRAESTRUTURA","781/2025","Médio",56.0,"2026-03-02","Material",2610.0,"Pneus e câmaras de ar, exceto os de aeronaves",593.0,"Pneu Trator Rodas Tração",294110.0,"características adicionais: com câmara, dianteiro, tr t2, diâmetro nominal aro: 6, largura seção: 143, largura seção pneu: 12, quantidade lonas: 4, tipo estrutura: carcaça diagonal","UN",1400.0,2.0,2800.0]
["14/2026","Aprovada",null,"MATERIAIS PARA MANUTENÇÃO (PREDIAL, HIDRÁULICO, FERRAGENS)","BENS",153052.0,"2026-04-06","2026-07-17",102.0,"SEINFRA - SECRETARIA DE INFRAESTRUTURA","781/2025","Médio",57.0,"2026-03-02","Material",2610.0,"Pneus e câmaras de ar, exceto os de aeronaves",593.0,"Pneu Trator Rodas Tração",294110.0,"características adicionais: com câmara, dianteiro, tr t2, diâmetro nominal aro: 6, largura seção: 143, largura seção pneu: 12, quantidade lonas: 4, tipo estrutura: carcaça diagonal","UN",1700.0,2.0,3400.0]
["14/2026","Aprovada",null,"MATERIAIS PARA MANUTENÇÃO (PREDIAL, HIDRÁULICO, FERRAGENS)","BENS",153052.0,"2026-04-06","2026-07-17",102.0,"SEINFRA - SECRETARIA DE INFRAESTRUTURA","781/2025","Médio",70.0,"2026-03-02","Material",2610.0,"Pneus e câmaras de ar, exceto os de aeronaves",593.0,"Pneu Trator Rodas Tração",615120.0,"aplicação: trator agrícola, características adicionais: sem câmara, diâmetro nominal aro: 16, largura seção pneu: 10,50, material: borracha alta resistência, quantidade lonas: 12, tipo estrutura: carcaça diagonal","UN",5700.0,2.0,11400.0]
["14/2026","Aprovada",null,"MATERIAIS PARA MANUTENÇÃO (PREDIAL, HIDRÁULICO, FERRAGENS)","BENS",153052.0,"2026-04-06","2026-07-17",102.0,"SEINFRA - SECRETARIA DE INFRAESTRUTURA","781/2025","Médio",71.0,"2026-03-02","Material",2610.0,"Pneus e câmaras de ar, exceto os de aeronaves",593.0,"Pneu Trator Rodas Tração",615120.0,"aplicação: trator agrícola, características adicionais: sem câmara, diâmetro nominal aro: 16, largura seção pneu: 10,50, material: borracha alta resistência, quantidade lonas: 12, tipo estrutura: carcaça diagonal","UN",5700.0,2.0,11400.0]
["14/2026","Aprovada",null,"MATERIAIS PARA MANUTENÇÃO (PREDIAL, HIDRÁULICO, FERRAGENS)","BENS",153052.0,"2026-04-06","2026-07-17",102.0,"SEINFRA - SECRETARIA DE INFRAESTRUTURA","781/2025","Médio",72.0,"2026-03-02","Material",2610.0,"Pneus e câmaras de ar, exceto os de aeronaves",593.0,"Pneu Trator Rodas Tração",353022.0,"características adicionais: traseiro/sem câmara, diâmetro nominal aro: 34, largura seção pneu: 18,40, quantidade lonas: 12, tipo estrutura: carcaça radial","UN",6000.0,2.0,12000.0]
["14/2026","Aprovada",null,"MATERIAIS PARA MANUTENÇÃO (PREDIAL, HIDRÁULICO, FERRAGENS)","BENS",153052.0,"2026-04-06","2026-07-17",102.0,"SEINFRA - SECRETARIA DE INFRAESTRUTURA","781/2025","Médio",75.0,"2026-03-02","Material",2610.0,"Pneus e câmaras de ar, exceto os de aeronaves",591.0,"Câmara Ar Pneu",619419.0,"aplicação tipo aro: 16, aplicação tipo pneu: caminhão, características adicionais: dianteiro/traseiro, material: borracha, tamanho: 9.00 x 16","UN",120.0,6.0,720.0]
["14/2026","Aprovada",null,"MATERIAIS PARA MANUTENÇÃO (PREDIAL, HIDRÁULICO, FERRAGENS)","BENS",153052.0,"2026-04-06","2026-07-17",102.0,"SEINFRA - SECRETARIA DE INFRAESTRUTURA","781/2025","Médio",76.0,"2026-03-02","Material",2610.0,"Pneus e câmaras de ar, exceto os de aeronaves",591.0,"Câmara Ar Pneu",619419.0,"aplicação tipo aro: 16, aplicação tipo pneu: caminhão, características adicionais: dianteiro/traseiro, material: borracha, tamanho: 9.00 x 16","UN",140.0,6.0,840.0]
["14/2026","Aprovada",null,"MATERIAIS PARA MANUTENÇÃO (PREDIAL, HIDRÁULICO, FERRAGENS)","BENS",153052.0,"2026-04-06","2026-07-17",102.0,"SEINFRA - SECRETARIA DE INFRAESTRUTURA","781/2025","Médio",77.0,"2026-03-02","Material",2610.0,"Pneus e câmaras de ar, exceto os de aeronaves",591.0,"Câmara Ar Pneu",619419.0,"aplicação tipo aro: 16, aplicação tipo pneu: caminhão, características adicionais: dianteiro/traseiro, material: borracha, tamanho: 9.00 x 16","UN",450.0,6.0,2700.0]
["14/2026","Aprovada",null,"MATERIAIS PARA MANUTENÇÃO (PREDIAL, HIDRÁULICO, FERRAGENS)","BENS",153052.0,"2026-04-06","2026-07-17",102.0,"SEINFRA - SECRETARIA DE INFRAESTRUTURA","781/2025","Médio",78.0,"2026-03-02","Material",2610.0,"Pneus e câmaras de ar, exceto os de aeronaves",591.0,"Câmara Ar Pneu",619419.0,"aplicação tipo aro: 16, aplicação tipo pneu: caminhão, características adicionais: dianteiro/traseiro, material: borracha, tamanho: 9.00 x 16","UN",650.0,6.0,3900.0]
["14/2026","Aprovada",null,"MATERIAIS PARA MANUTENÇÃO (PREDIAL, HIDRÁULICO, FERRAGENS)","BENS",153052.0,"2026-04-06","2026-07-17",102.0,"SEINFRA - SECRETARIA DE INFRAESTRUTURA","781/2025","Médio",79.0,"2026-03-02","Material",2610.0,"Pneus e câmaras de ar, exceto os de aeronaves",593.0,"Pneu Trator Rodas Tração",449170.0,"características adicionais: com câmara, diâmetro nominal aro: 16, largura seção pneu: 7,50, quantidade lonas: 8, tipo estrutura: carcaça diagonal","UN",800.0,6.0,4800.0]
["14/2026","Aprovada",null,"MATERIAIS PARA MANUTENÇÃO (PREDIAL, HIDRÁULICO, FERRAGENS)","BENS",153052.0,"2026-04-06","2026-07-17",102.0,"SEINFRA - SECRETARIA DE INFRAESTRUTURA","781/2025","Médio",80.0,"2026-03-02","Material",2610.0,"Pneus e câmaras de ar, exceto os de aeronaves",593.0,"Pneu Trator Rodas Tração",615120.0,"aplicação: trator agrícola, características adicionais: sem câmara, diâmetro nominal aro: 16, largura seção pneu: 10,50, material: borracha alta resistência, quantidade lonas: 12, tipo estrutura: carcaça diagonal","UN",820.0,6.0,4920.0]
["14/2026","Aprovada",null,"MATERIAIS PARA MANUTENÇÃO (PREDIAL, HIDRÁULICO, FERRAGENS)","BENS",153052.0,"2026-04-06","2026-07-17",102.0,"SEINFRA - SECRETARIA DE INFRAESTRUTURA","781/2025","Médio",81.0,"2026-03-02","Material",2610.0,"Pneus e câmaras de ar, exceto os de aeronaves",593.0,"Pneu Trator Rodas Tração",477888.0,"características adicionais: com câmara, diâmetro nominal aro: 16, largura seção pneu: 6.5, quantidade lonas: 6, tipo estrutura: carcaça diagonal","UN",1400.0,12.0,16800.0]
["14/2026","Aprovada",null,"MATERIAIS PARA MANUTENÇÃO (PREDIAL, HIDRÁULICO, FERRAGENS)","BENS",153052.0,"2026-04-06","2026-07-17",102.0,"PRPI - PRO-REITORIA DE PESQUISA E INOVAÇÃO","947/2025","Alto",16.0,"2026-03-31","Material",5210.0,"Instrumentos de medição para artífices",16203.0,"Trena Eletrônica",361595.0,"alcance: 50, caracteristicas adicionais: desligamento automático após 5 minutos sem uso/cál, método de medição: a laser, quantidade dígitos: 6, tipo: digital, tipo visor: cristal líquido com iluminação","UN",600.0,1.0,600.0]
["69/2026","Aprovada",null,"SEINFRA E OUTROS - EQUIPAMENTOS PARA REFRIGERAÇÃO","BENS",153052.0,"2026-02-02","2026-07-31",179.0,"EMC - ESCOLA DE ENGENHARIA ELÉTRICA MECÂNICA E DE COMPUTAÇÃO","394/2025","Médio",3.0,"2026-08-10","Material",4130.0,"Componentes de equipamentos para refrigeração e ar  condicionado",5501.0,"Compressor Refrigeração",474314.0,"aplicação: câmara de resfriamento, potência: 2, tensão: 220","UN",1300.0,1.0,1300.0]
["71/2026","Aprovada",null,"LABROROCHA - REAGENTES PARA REALIZAÇÃO DE HEMOGRAMA, COM COMODATO","BENS",153052.0,"2026-04-01","2026-10-01",183.0,"LABROROCHA - LABORATÓRIO RÔMULO ROCHA - FF","609/2025","Baixo",1.0,"2026-10-01","Material",6550.0,"SUBSTÂNCIAS PARA DIAGNÓSTICO \"IN VITRO\",  REAGENTES,  CONJUNTOS E JOGOS PARA TESTE",19105.0,"REAGENTE PARA DIAGNÓSTICO CLÍNICO 7",399552.0,"CARACTERÍSTICAS ADICIONAIS: PARA EQUIPAMENTO HEMATOLOGIA - HEMOGRAMA, COMPONENTES ADICIONAIS: HEMOLISANTES, DILUENTES, CALIBRADORES, CONTROLES, OUTROS COMPONENTES: SOLUÇÕES DE LIMPEZA, TIPO: CONJUNTO COMPLETO","TESTE",3.35,20000.0,67000.0]
["72/2026","Aprovada",null,"LABROROCHA - Reagentes para dosagens bioquímicas com comodato","BENS",153052.0,"2025-12-01","2026-06-01",182.0,"LABROROCHA - LABORATÓRIO RÔMULO ROCHA - FF","607/2025","Baixo",1.0,"2026-12-01","Material",6550.0,"Substâncias para diagnóstico \"in vitro\",  reagentes,  conjuntos e jogos para teste",{"$nulls":5},390000.0,1.0,390000.0]
["73/2026","Aprovada",null,"LABROROCHA - Reagentes para dosagens hormonais com comodato","BENS",153052.0,"2025-11-21","2026-05-01",161.0,"LABROROCHA - LABORATÓRIO RÔMULO ROCHA - FF","608/2025","Baixo",1.0,"2026-11-01","Material",6550.0,"Substâncias para diagnóstico \"in vitro\",  reagentes,  conjuntos e jogos para teste",{"$nulls":5},860000.0,1.0,860000.0]
["74/2026","Aprovada",null,"APARELHOS TELEFÔNICOS (INCLUSIVE CELULARES) ","BENS",153052.0,"2025-12-19","2026-03-02",73.0,"FE - FACULDADE DE EDUCAÇÃO","119/2025","Alto",1.0,"2026-06-20","Material",5805.0,"Equipamento Telefônico E Telegráfico",2875.0,"Aparelho Telefônico",449093.0,"alimentação: bivolt, características adicionais: com fio, compatibilidade: power over ethernet, cor: preta, funções básicas: rediscagem/tone/pulse/viva voz/volume/flash/mute, tipo: mesa","UN",600.0,6.0,3600.0]
["74/2026","Aprovada",null,"APARELHOS TELEFÔNICOS (INCLUSIVE CELULARES) ","BENS",153052.0,"2025-12-19","2026-03-02",73.0,"IQ - INSTITUTO DE QUÍMICA","172/2025","Médio",1.0,"2026-07-01","Material",5805.0,"EQUIPAMENTO TELEFÔNICO E TELEGRÁFICO",2875.0,"APARELHO TELEFÔNICO",465497.0,"CARACTERÍSTICAS ADICIONAIS: COM 3 NÍVEIS DE CAMPAINHA., COR: PRETA, FUNÇÕES BÁSICAS: FLASH/REDIAL/REDISCAR/MUTE/MUDO, TIPO: MESA","UN",60.0,10.0,600.0]
["74/2026","Aprovada",null,"APARELHOS TELEFÔNICOS (INCLUSIVE CELULARES) ","BENS",153052.0,"2025-12-19","2026-03-02",73.0,"DAP - DIRETORIA DE ADMINISTRAÇÃO DE PESSOAS","719/2025","Alto",1.0,"2026-12-31","Material",5805.0,"Equipamento telefônico e telegráfico",5691.0,"Conjunto Telefone Móvel",486798.0,"alimentação: 110/220, aplicação: permite que uma chamada externa seja compartilhada, características adicionais: display luminoso, componentes: 2 fone/2 base/2 bateria/2 cabo de linha, funções: identificador de chamadas, agenda para 20 números, padrão: expansivel até 05 ramais, tipo: telefone móvel, digital, com 01 ramal","UN",186.7,6.0,1120.2]
["74/2026","Aprovada",null,"APARELHOS TELEFÔNICOS (INCLUSIVE CELULARES) ","BENS",153052.0,"2025-12-19","2026-03-02",73.0,"PRAE - PRO-REITORIA DE ASSUNTOS ESTUDANTIS","473/2025","Alto",3.0,"2026-01-15","Material",5805.0,"Equipamento telefônico e telegráfico",1244.0,"Aparelho Telefônico Convencional",601363.0,"características adicionais: mesa/parede/rediscagem/decático/multifrequencial, cor: preta, duração flash: 300, função: teclas flash, redial, mute, pause, tone, nível campainha: 2 níveis","UN",60.0,2.0,120.0]
["74/2026","Aprovada",null,"APARELHOS TELEFÔNICOS (INCLUSIVE CELULARES) ","BENS",153052.0,"2025-12-19","2026-03-02",73.0,"SECOM - SECRETARIA DE COMUNICAÇÃO","831/2025","Alto",1.0,"2026-07-28","Material",5805.0,"Equipamento telefônico e telegráfico",1243.0,"Aparelho Telefônico Celular",620957.0,"acessórios: cabo de dados, características adicionais: 128 gb de memória, câmera dupla, display: 6.1, modelo: iphone 15","UN",6499.0,1.0,6499.0]
["74/2026","Aprovada",null,"APARELHOS TELEFÔNICOS (INCLUSIVE CELULARES) ","BENS",153052.0,"2025-12-19","2026-03-02",73.0,"PRAE - PRO-REITORIA DE ASSUNTOS ESTUDANTIS","508/2025","Alto",9.0,"2026-01-15","Material",5805.0,"Equipamento telefônico e telegráfico",1174.0,"Aparelho Telefônico Sem Fio",360028.0,"alimentação: 110/220, características adicionais: carga bateria de 6 horas/2 volumes campainha, cor: preta, função: flash, redial, mute e viva-voz, potência transmissão: 100","UN",200.0,3.0,600.0]
["167/2026","Aprovada",null,"DCOM E CEPAE - FILTRO BEBEDOUROS","BENS",153052.0,"2025-12-01","2026-06-01",182.0,"CEPAE - CENTRO DE ENSINO E PESQUISA APLICADA À EDUCAÇÃO","232/2025","Alto",11.0,"2026-03-02","Material",4330.0,"Centrifugadores, separadores e filtros de pressão e a vácuo",6446.0,"Elemento Filtrante",373471.0,"aplicação: filtro  5hpc 5, capacidade filtragem: 130, características adicionais: carvão ativado com prata, espessura: 5, material: polipropileno, temperatura máxima: 50\"","UN",21.0,2.0,42.0]
["167/2026","Aprovada",null,"DCOM E CEPAE - FILTRO BEBEDOUROS","BENS",153052.0,"2025-12-01","2026-06-01",182.0,"DCOM - DIRETORIA DE COMPRAS","985/2025","Médio",1.0,"2026-03-02","Material",4330.0,"CENTRIFUGADORES, SEPARADORES E FILTROS DE PRESSÃO E A VÁCUO",6446.0,"ELEMENTO FILTRANTE",373471.0,"APLICAÇÃO: FILTRO  5HPC 5, CAPACIDADE FILTRAGEM: 130, CARACTERÍSTICAS ADICIONAIS: CARVÃO ATIVADO COM PRATA, ESPESSURA: 5, MATERIAL: POLIPROPILENO, TEMPERATURA MÁXIMA: 50\"","UN",21.0,100.0,2100.0]
["122/2026","Aprovada",null,"SEINFRA - MATERIAIS ELÉTRICOS","BENS",153052.0,"2026-01-02","2026-07-02",181.0,"SEINFRA - SECRETARIA DE INFRAESTRUTURA","738/2025","Médio",1.0,"2026-07-06","Material",5325.0,"Dispositivos para fixação",578.0,"Abraçadeira",625050.0,"comprimento total: 200, largura: 4,5, material: náilon 6.6","UN",42.19,50.0,2109.5]
["122/2026","Aprovada",null,"SEINFRA - MATERIAIS ELÉTRICOS","BENS",153052.0,"2026-01-02","2026-07-02",181.0,"SEINFRA - SECRETARIA DE INFRAESTRUTURA","738/2025","Médio",2.0,"2026-07-06","Material",5325.0,"Dispositivos para fixação",578.0,"Abraçadeira",447038.0,"aplicação: fixação tubos e canos, cor: cinza, diâmetro amarração: 1, material: pvc - cloreto de polivinila","UN",8.19,1000.0,8190.0]
["122/2026","Aprovada",null,"SEINFRA - MATERIAIS ELÉTRICOS","BENS",153052.0,"2026-01-02","2026-07-02",181.0,"SEINFRA - SECRETARIA DE INFRAESTRUTURA","738/2025","Médio",8.0,"2026-07-06","Material",6150.0,"Equipamentos diversos para geração e distribuição de energia",3395.0,"Barramento",612495.0,"aplicação: sistemas de energia solar, características adicionais: formato tipo pente, corrente nominal: 80, material: cobre, tipo: monofásico","UN",45.0,200.0,9000.0]
["122/2026","Aprovada",null,"SEINFRA - MATERIAIS ELÉTRICOS","BENS",153052.0,"2026-01-02","2026-07-02",181.0,"SEINFRA - SECRETARIA DE INFRAESTRUTURA","738/2025","Médio",9.0,"2026-07-06","Material",6150.0,"Equipamentos diversos para geração e distribuição de energia",3395.0,"Barramento",600646.0,"aplicação: instalação elétrica, características adicionais: barra com 10 bornes, corrente nominal: 450, tipo: terra/neutro","UN",29.89,100.0,2989.0]
["122/2026","Aprovada",null,"SEINFRA - MATERIAIS ELÉTRICOS","BENS",153052.0,"2026-01-02","2026-07-02",181.0,"SEINFRA - SECRETARIA DE INFRAESTRUTURA","738/2025","Médio",10.0,"2026-07-06","Material",6150.0,"Equipamentos diversos para geração e distribuição de energia",3395.0,"Barramento",600646.0,"aplicação: instalação elétrica, características adicionais: barra com 10 bornes, corrente nominal: 450, tipo: terra/neutro","UN",29.89,100.0,2989.0]
["122/2026","Aprovada",null,"SEINFRA - MATERIAIS ELÉTRICOS","BENS",153052.0,"2026-01-02","2026-07-02",181.0,"SEINFRA - SECRETARIA DE INFRAESTRUTURA","738/2025","Médio",11.0,"2026-07-06","Material",6150.0,"Equipamentos diversos para geração e distribuição de energia",3395.0,"Barramento",300050.0,"aplicação: instalação elétrica, bitola: 3/16(espessura) x 3/8(largura), modelo: tn16sdin, tipo: trifásico, uso: disjuntor din 100a","UN",333.57,3.0,1000.71]
["122/2026","Aprovada",null,"SEINFRA - MATERIAIS ELÉTRICOS","BENS",153052.0,"2026-01-02","2026-07-02",181.0,"SEINFRA - SECRETARIA DE INFRAESTRUTURA","738/2025","Médio",12.0,"2026-07-06","Material",6150.0,"Equipamentos diversos para geração e distribuição de energia",3395.0,"Barramento",300050.0,"aplicação: instalação elétrica, bitola: 3/16(espessura) x 3/8(largura), modelo: tn16sdin, tipo: trifásico, uso: disjuntor din 100a","UN",54.29,40.0,2171.6]
["122/2026","Aprovada",null,"SEINFRA - MATERIAIS ELÉTRICOS","BENS",153052.0,"2026-01-02","2026-07-02",181.0,"SEINFRA - SECRETARIA DE INFRAESTRUTURA","738/2025","Médio",13.0,"2026-07-06","Material",6150.0,"Equipamentos diversos para geração e distribuição de energia",3395.0,"Barramento",292392.0,"aplicação: proteção circuito elétrico, características adicionais: 12 módulos, modelo: 5st2-903-ot, tipo: trifásico, uso: disjuntor","UN",78.33,60.0,4699.8]
["122/2026","Aprovada",null,"SEINFRA - MATERIAIS ELÉTRICOS","BENS",153052.0,"2026-01-02","2026-07-02",181.0,"SEINFRA - SECRETARIA DE INFRAESTRUTURA","738/2025","Médio",14.0,"2026-07-06","Material",6150.0,"Equipamentos diversos para geração e distribuição de energia",3395.0,"Barramento",610453.0,"aplicação: proteção circuito elétrico, características adicionais: 8 ligações, 500 v, corrente nominal: 80, modelo: pino brf 3 x 4, tipo: trifásico, uso: disjuntor","UN",68.82,60.0,4129.2]
["122/2026","Aprovada",null,"SEINFRA - MATERIAIS ELÉTRICOS","BENS",153052.0,"2026-01-02","2026-07-02",181.0,"SEINFRA - SECRETARIA DE INFRAESTRUTURA","738/2025","Médio",15.0,"2026-07-06","Material",6150.0,"Equipamentos diversos para geração e distribuição de energia",3395.0,"Barramento",260829.0,"aplicação: proteção circuito elétrico, bitola: 3/4 x 1/8, comprimento: 2,5, uso: disjuntor din 146a","UN",306.84,3.0,920.52]
["122/2026","Aprovada",null,"SEINFRA - MATERIAIS ELÉTRICOS","BENS",153052.0,"2026-01-02","2026-07-02",181.0,"SEINFRA - SECRETARIA DE INFRAESTRUTURA","738/2025","Médio",36.0,"2026-07-06","Material",5935.0,"Conectores elétricos",14963.0,"Conexão Eletroduto",236178.0,"acabamento superficial: pintura epóxi-poliester, aplicação: box eletroduto, bitola: 1, características adicionais: com rosca, material: alumínio silício, tipo: reto","UN",1.53,8700.0,13311.0]
["122/2026","Aprovada",null,"SEINFRA - MATERIAIS ELÉTRICOS","BENS",153052.0,"2026-01-02","2026-07-02",181.0,"SEINFRA - SECRETARIA DE INFRAESTRUTURA","738/2025","Médio",37.0,"2026-07-06","Material",5935.0,"Conectores elétricos",14963.0,"Conexão Eletroduto",236178.0,"acabamento superficial: pintura epóxi-poliester, aplicação: box eletroduto, bitola: 1, características adicionais: com rosca, material: alumínio silício, tipo: reto","UN",3.35,50.0,167.5]
["122/2026","Aprovada",null,"SEINFRA - MATERIAIS ELÉTRICOS","BENS",153052.0,"2026-01-02","2026-07-02",181.0,"SEINFRA - SECRETARIA DE INFRAESTRUTURA","738/2025","Médio",38.0,"2026-07-06","Material",5930.0,"Chaves elétricas",14517.0,"Contator",434156.0,"aplicação: ar condicionado, corrente térmica nominal: 32, frequência: 60, modelo: cwm32 (weg), número e tipo de contatos principais: 4na, número pólos: 4, sistema fixação: em trilho din, tensão nominal bobina: 220","UN",345.4,100.0,34540.0]
["122/2026","Aprovada",null,"SEINFRA - MATERIAIS ELÉTRICOS","BENS",153052.0,"2026-01-02","2026-07-02",181.0,"SEINFRA - SECRETARIA DE INFRAESTRUTURA","738/2025","Médio",39.0,"2026-07-06","Material",5930.0,"Chaves elétricas",14517.0,"Contator",248140.0,"corrente trabalho: 32, frequência: 60, tensão nominal bobina: 220, tipo: 2na + 2nf / tripolar","UN",188.76,150.0,28314.0]
["122/2026","Aprovada",null,"SEINFRA - MATERIAIS ELÉTRICOS","BENS",153052.0,"2026-01-02","2026-07-02",181.0,"SEINFRA - SECRETARIA DE INFRAESTRUTURA","738/2025","Médio",41.0,"2026-07-06","Material",5925.0,"Disjuntores",4.0,"Disjuntor Baixa Tensão",337817.0,"corrente nominal: 16, curva de disparo: c, número de fases: monofásico, referência: sistema n","UN",8.37,300.0,2511.0]
["122/2026","Aprovada",null,"SEINFRA - MATERIAIS ELÉTRICOS","BENS",153052.0,"2026-01-02","2026-07-02",181.0,"SEINFRA - SECRETARIA DE INFRAESTRUTURA","738/2025","Médio",42.0,"2026-07-06","Material",5925.0,"Disjuntores",4.0,"Disjuntor Baixa Tensão",337818.0,"corrente nominal: 20, curva de disparo: c, número de fases: monofásico, referência: sistema n","UN",8.37,300.0,2511.0]
["122/2026","Aprovada",null,"SEINFRA - MATERIAIS ELÉTRICOS","BENS",153052.0,"2026-01-02","2026-07-02",181.0,"SEINFRA - SECRETARIA DE INFRAESTRUTURA","738/2025","Médio",43.0,"2026-07-06","Material",5925.0,"Disjuntores",4.0,"Disjuntor Baixa Tensão",337895.0,"corrente nominal: 20, curva de disparo: c, número de fases: trifásico, referência: sistema n","UN",58.83,20.0,1176.6]
["122/2026","Aprovada",null,"SEINFRA - MATERIAIS ELÉTRICOS","BENS",153052.0,"2026-01-02","2026-07-02",181.0,"SEINFRA - SECRETARIA DE INFRAESTRUTURA","738/2025","Médio",44.0,"2026-07-06","Material",5925.0,"Disjuntores",4.0,"Disjuntor Baixa Tensão",337819.0,"corrente nominal: 25, curva de disparo: c, número de fases: monofásico, referência: sistema n","UN",8.37,300.0,2511.0]
["122/2026","Aprovada",null,"SEINFRA - MATERIAIS ELÉTRICOS","BENS",153052.0,"2026-01-02","2026-07-02",181.0,"SEINFRA - SECRETARIA DE INFRAESTRUTURA","738/2025","Médio",45.0,"2026-07-06","Material",5925.0,"Disjuntores",4.0,"Disjuntor Baixa Tensão",337899.0,"corrente nominal: 25, curva de disparo: c, número de fases: trifásico, referência: sistema n","UN",58.83,20.0,1176.6]
["122/2026","Aprovada",null,"SEINFRA - MATERIAIS ELÉTRICOS","BENS",153052.0,"2026-01-02","2026-07-02",181.0,"SEINFRA - SECRETARIA DE INFRAESTRUTURA","738/2025","Médio",46.0,"2026-07-06","Material",5925.0,"Disjuntores",4.0,"Disjuntor Baixa Tensão",337857.0,"corrente nominal: 32, curva de disparo: c, número de fases: monofásico, referência: sistema n","UN",8.37,200.0,1674.0]
["122/2026","Aprovada",null,"SEINFRA - MATERIAIS ELÉTRICOS","BENS",153052.0,"2026-01-02","2026-07-02",181.0,"SEINFRA - SECRETARIA DE INFRAESTRUTURA","738/2025","Médio",47.0,"2026-07-06","Material",5925.0,"Disjuntores",4.0,"Disjuntor Baixa Tensão",337902.0,"corrente nominal: 32, curva de disparo: c, número de fases: trifásico, referência: sistema n","UN",58.83,40.0,2353.2]
["122/2026","Aprovada",null,"SEINFRA - MATERIAIS ELÉTRICOS","BENS",153052.0,"2026-01-02","2026-07-02",181.0,"SEINFRA - SECRETARIA DE INFRAESTRUTURA","738/2025","Médio",48.0,"2026-07-06","Material",5925.0,"Disjuntores",4.0,"Disjuntor Baixa Tensão",337858.0,"corrente nominal: 40, curva de disparo: c, número de fases: monofásico, referência: sistema n","UN",12.42,100.0,1242.0]
["122/2026","Aprovada",null,"SEINFRA - MATERIAIS ELÉTRICOS","BENS",153052.0,"2026-01-02","2026-07-02",181.0,"SEINFRA - SECRETARIA DE INFRAESTRUTURA","738/2025","Médio",49.0,"2026-07-06","Material",5925.0,"Disjuntores",4.0,"Disjuntor Baixa Tensão",337907.0,"corrente nominal: 40, curva de disparo: c, número de fases: trifásico, referência: sistema n","UN",58.83,50.0,2941.5]
["122/2026","Aprovada",null,"SEINFRA - MATERIAIS ELÉTRICOS","BENS",153052.0,"2026-01-02","2026-07-02",181.0,"SEINFRA - SECRETARIA DE INFRAESTRUTURA","738/2025","Médio",50.0,"2026-07-06","Material",5925.0,"Disjuntores",4.0,"Disjuntor Baixa Tensão",337859.0,"corrente nominal: 50, curva de disparo: c, número de fases: monofásico, referência: sistema n","UN",12.42,100.0,1242.0]
["122/2026","Aprovada",null,"SEINFRA - MATERIAIS ELÉTRICOS","BENS",153052.0,"2026-01-02","2026-07-02",181.0,"SEINFRA - SECRETARIA DE INFRAESTRUTURA","738/2025","Médio",51.0,"2026-07-06","Material",5925.0,"Disjuntores",4.0,"Disjuntor Baixa Tensão",368385.0,"aplicação: proteção quadro elétrico, corrente nominal: 50, curva de disparo: c, número de fases: trifásico, referência: sistema w","UN",58.83,50.0,2941.5]
["122/2026","Aprovada",null,"SEINFRA - MATERIAIS ELÉTRICOS","BENS",153052.0,"2026-01-02","2026-07-02",181.0,"SEINFRA - SECRETARIA DE INFRAESTRUTURA","738/2025","Médio",52.0,"2026-07-06","Material",5925.0,"Disjuntores",4.0,"Disjuntor Baixa Tensão",337910.0,"corrente nominal: 63, curva de disparo: c, número de fases: trifásico, referência: sistema n","UN",70.27,20.0,1405.4]
["122/2026","Aprovada",null,"SEINFRA - MATERIAIS ELÉTRICOS","BENS",153052.0,"2026-01-02","2026-07-02",181.0,"SEINFRA - SECRETARIA DE INFRAESTRUTURA","738/2025","Médio",53.0,"2026-07-06","Material",5925.0,"Disjuntores",4.0,"Disjuntor Baixa Tensão",458533.0,"aplicação: instalações elétricas, características adicionais: tripolar, caixa moldada, tensão de isolamento 800v, corrente nominal: 150, curva de disparo: c, freqüência nominal: 50/60, funcionamento: termomagnético, padrão: din, tensão nominal: 690, tipo: steck, sdls150","UN",320.92,10.0,3209.2]
["122/2026","Aprovada",null,"SEINFRA - MATERIAIS ELÉTRICOS","BENS",153052.0,"2026-01-02","2026-07-02",181.0,"SEINFRA - SECRETARIA DE INFRAESTRUTURA","738/2025","Médio",54.0,"2026-07-06","Material",5925.0,"Disjuntores",4.0,"Disjuntor Baixa Tensão",262311.0,"características adicionais: construção monobloco, corrente nominal: 80, freqüência nominal: 60, funcionamento: termomagnético, tensão máxima operação: 380, modelo: caixa moldada, número pólos: 3, capacidade interrupção simétrica: 10/380, normas técnicas: nbr 5361 e 8176","UN",285.3,10.0,2853.0]
["122/2026","Aprovada",null,"SEINFRA - MATERIAIS ELÉTRICOS","BENS",153052.0,"2026-01-02","2026-07-02",181.0,"SEINFRA - SECRETARIA DE INFRAESTRUTURA","738/2025","Médio",55.0,"2026-07-06","Material",5925.0,"Disjuntores",4.0,"Disjuntor Baixa Tensão",484202.0,"aplicação: instalações elétricas, corrente nominal: 100, curva de disparo: c, funcionamento: termomagnético, número de fases: tripolar, padrão: din, tensão máxima operação: 127/220","UN",285.3,40.0,11412.0]
["122/2026","Aprovada",null,"SEINFRA - MATERIAIS ELÉTRICOS","BENS",153052.0,"2026-01-02","2026-07-02",181.0,"SEINFRA - SECRETARIA DE INFRAESTRUTURA","738/2025","Médio",56.0,"2026-07-06","Material",5930.0,"Chaves elétricas",472.0,"Interruptor",452719.0,"acabamento: com placa e parafuso, aplicação: caixa 4 x 2 pol, corrente nominal: 10, formato: retangular, material: termoplástico auto-extinguível, posição relativa: embutir, quantidade seções: 1, tensão nominal: 250, tipo: paralelo_(three-way), tipo acionamento: tecla simples vertical","UN",8.92,100.0,892.0]
["122/2026","Aprovada",null,"SEINFRA - MATERIAIS ELÉTRICOS","BENS",153052.0,"2026-01-02","2026-07-02",181.0,"SEINFRA - SECRETARIA DE INFRAESTRUTURA","738/2025","Médio",57.0,"2026-07-06","Material",5930.0,"Chaves elétricas",472.0,"Interruptor",617244.0,"acabamento: com placa e parafuso, aplicação: caixa 4 x 2 pol, corrente nominal: 10, formato: retangular, material: termoplástico auto-extinguível, posição relativa: embutir, quantidade seções: 2, tensão nominal: 250, tipo: paralelo_(three-way), tipo acionamento: tecla simples vertical","UN",22.56,100.0,2256.0]
["122/2026","Aprovada",null,"SEINFRA - MATERIAIS ELÉTRICOS","BENS",153052.0,"2026-01-02","2026-07-02",181.0,"SEINFRA - SECRETARIA DE INFRAESTRUTURA","738/2025","Médio",82.0,"2026-07-06","Material",5945.0,"Relés e solenóides",18829.0,"Relé Falta De Fase E Terra",485344.0,"aplicação: quadro elétrico, características adicionais: sensibilidade: 3 a 15%; tensao de isolacao: 600v, frequência nominal: 60, número de fases: trifásico, tensão alimentação: 208/480, tipo construtivo: eletrônico","UN",111.31,150.0,16696.5]
["122/2026","Aprovada",null,"SEINFRA - MATERIAIS ELÉTRICOS","BENS",153052.0,"2026-01-02","2026-07-02",181.0,"SEINFRA - SECRETARIA DE INFRAESTRUTURA","738/2025","Médio",83.0,"2026-07-06","Material",6250.0,"Lustres, suportes para lâmpadas e elementos de partida",833.0,"Soquete Lâmpada",402151.0,"características adicionais: sem rabicho, corrente nominal: 2, material: polipropileno, tensão máxima operação: 250, tipo: push-in antivibratório, tipo base: g13 de engate rápido, tipo bulbo: t8, tipo lâmpada: fluorescente tubular","UN",3.77,1000.0,3770.0]
["122/2026","Aprovada",null,"SEINFRA - MATERIAIS ELÉTRICOS","BENS",153052.0,"2026-01-02","2026-07-02",181.0,"SEINFRA - SECRETARIA DE INFRAESTRUTURA","738/2025","Médio",84.0,"2026-07-06","Material",6250.0,"Lustres, suportes para lâmpadas e elementos de partida",833.0,"Soquete Lâmpada",307381.0,"aplicação: lâmpada incandescente, características adicionais: bocal, base e-27, material: porcelana","UN",2.23,200.0,446.0]
["122/2026","Aprovada",null,"SEINFRA - MATERIAIS ELÉTRICOS","BENS",153052.0,"2026-01-02","2026-07-02",181.0,"SEINFRA - SECRETARIA DE INFRAESTRUTURA","738/2025","Médio",85.0,"2026-07-06","Material",6250.0,"Lustres, suportes para lâmpadas e elementos de partida",833.0,"Soquete Lâmpada",307381.0,"aplicação: lâmpada incandescente, características adicionais: bocal, base e-27, material: porcelana","UN",10.04,50.0,502.0]
["122/2026","Aprovada",null,"SEINFRA - MATERIAIS ELÉTRICOS","BENS",153052.0,"2026-01-02","2026-07-02",181.0,"SEINFRA - SECRETARIA DE INFRAESTRUTURA","738/2025","Médio",86.0,"2026-07-06","Material",5940.0,"Bornes, terminais e lâminas terminais",14958.0,"Terminal Elétrico",368617.0,"aplicação: cabo elétrico flexível, fixação: por compressão, material: cobre eletrolítico, seção nominal condutor: 70","UN",5.62,100.0,562.0]
["122/2026","Aprovada",null,"SEINFRA - MATERIAIS ELÉTRICOS","BENS",153052.0,"2026-01-02","2026-07-02",181.0,"SEINFRA - SECRETARIA DE INFRAESTRUTURA","738/2025","Médio",87.0,"2026-07-06","Material",5940.0,"Bornes, terminais e lâminas terminais",14958.0,"Terminal Elétrico",368617.0,"aplicação: cabo elétrico flexível, fixação: por compressão, material: cobre eletrolítico, seção nominal condutor: 70","UN",6.92,100.0,692.0]
["122/2026","Aprovada",null,"SEINFRA - MATERIAIS ELÉTRICOS","BENS",153052.0,"2026-01-02","2026-07-02",181.0,"SEINFRA - SECRETARIA DE INFRAESTRUTURA","738/2025","Médio",88.0,"2026-07-06","Material",5940.0,"Bornes, terminais e lâminas terminais",14958.0,"Terminal Elétrico",334469.0,"aplicação: condutor de 120 mm², diametro furo: 10,5, fixação: por compressão, formato corpo: fechado, material: cobre eletrolítico, revestimento: estanhado","UN",25.07,100.0,2507.0]
["122/2026","Aprovada",null,"SEINFRA - MATERIAIS ELÉTRICOS","BENS",153052.0,"2026-01-02","2026-07-02",181.0,"SEINFRA - SECRETARIA DE INFRAESTRUTURA","738/2025","Médio",89.0,"2026-07-06","Material",5940.0,"Bornes, terminais e lâminas terminais",14958.0,"Terminal Elétrico",344104.0,"diametro furo: 6,5, fixação: aperto mecânico, material: cobre, seção nominal condutor: 35","UN",1.4,300.0,420.0]
["122/2026","Aprovada",null,"SEINFRA - MATERIAIS ELÉTRICOS","BENS",153052.0,"2026-01-02","2026-07-02",181.0,"SEINFRA - SECRETARIA DE INFRAESTRUTURA","738/2025","Médio",90.0,"2026-07-06","Material",5940.0,"Bornes, terminais e lâminas terminais",14958.0,"Terminal Elétrico",618586.0,"aplicação: ligação elétrica, características adicionais: 1 furo para fixação para parafuso m12, fixação: por compressão, material: cobre, revestimento: estanhado, seção nominal condutor: 240","UN",25.07,50.0,1253.5]
["122/2026","Aprovada",null,"SEINFRA - MATERIAIS ELÉTRICOS","BENS",153052.0,"2026-01-02","2026-07-02",181.0,"SEINFRA - SECRETARIA DE INFRAESTRUTURA","738/2025","Médio",91.0,"2026-07-06","Material",5940.0,"Bornes, terminais e lâminas terminais",14958.0,"Terminal Elétrico",443559.0,"aplicação: terminação de condutores de cobre a barramentos, diâmetro nominal do parafuso: 10, formato corpo: fechado com encaixe, material: cobre, terminal: contrátil, tipo: mecânico","UN",2.3,200.0,460.0]
["122/2026","Aprovada",null,"SEINFRA - MATERIAIS ELÉTRICOS","BENS",153052.0,"2026-01-02","2026-07-02",181.0,"SEINFRA - SECRETARIA DE INFRAESTRUTURA","738/2025","Médio",92.0,"2026-07-06","Material",5940.0,"Bornes, terminais e lâminas terminais",14958.0,"Terminal Elétrico",443559.0,"aplicação: terminação de condutores de cobre a barramentos, diâmetro nominal do parafuso: 10, formato corpo: fechado com encaixe, material: cobre, terminal: contrátil, tipo: mecânico","UN",2.6,200.0,520.0]
["122/2026","Aprovada",null,"SEINFRA - MATERIAIS ELÉTRICOS","BENS",153052.0,"2026-01-02","2026-07-02",181.0,"SEINFRA - SECRETARIA DE INFRAESTRUTURA","738/2025","Médio",93.0,"2026-07-06","Material",5940.0,"Bornes, terminais e lâminas terminais",14958.0,"Terminal Elétrico",443559.0,"aplicação: terminação de condutores de cobre a barramentos, diâmetro nominal do parafuso: 10, formato corpo: fechado com encaixe, material: cobre, terminal: contrátil, tipo: mecânico","UN",9.74,100.0,974.0]
["122/2026","Aprovada",null,"SEINFRA - MATERIAIS ELÉTRICOS","BENS",153052.0,"2026-01-02","2026-07-02",181.0,"SEINFRA - SECRETARIA DE INFRAESTRUTURA","738/2025","Médio",94.0,"2026-07-06","Material",5940.0,"Bornes, terminais e lâminas terminais",14958.0,"Terminal Elétrico",443559.0,"aplicação: terminação de condutores de cobre a barramentos, diâmetro nominal do parafuso: 10, formato corpo: fechado com encaixe, material: cobre, terminal: contrátil, tipo: mecânico","UN",4.51,100.0,451.0]
["122/2026","Aprovada",null,"SEINFRA - MATERIAIS ELÉTRICOS","BENS",153052.0,"2026-01-02","2026-07-02",181.0,"SEINFRA - SECRETARIA DE INFRAESTRUTURA","738/2025","Médio",95.0,"2026-07-06","Material",5935.0,"Conectores elétricos",484.0,"Tomada",403135.0,"aplicação: caixa 4 x 2 pol, características adicionais: com espelho, corrente nominal: 20, formato contato: pino cilíndrico, modelo: dupla, normas técnicas: nbr14136 e iec60.884, tensão nominal: 250, número pólos: 2 p + t","UN",26.89,1500.0,40335.0]
["122/2026","Aprovada",null,"SEINFRA - MATERIAIS ELÉTRICOS","BENS",153052.0,"2026-01-02","2026-07-02",181.0,"SEINFRA - SECRETARIA DE INFRAESTRUTURA","738/2025","Médio",96.0,"2026-07-06","Material",5935.0,"Conectores elétricos",484.0,"Tomada",460969.0,"aplicação: instalação elétrica, características adicionais: sistema x, 2 pinos + terra, cor corpo: branca, corrente nominal: 10, material: termoplástico, modelo: dupla, normas técnicas: nbr 14136, tensão nominal: 250, tipo: externa","UN",16.56,2000.0,33120.0]
["122/2026","Aprovada",null,"SEINFRA - MATERIAIS ELÉTRICOS","BENS",153052.0,"2026-01-02","2026-07-02",181.0,"SEINFRA - SECRETARIA DE INFRAESTRUTURA","738/2025","Médio",97.0,"2026-07-06","Material",5935.0,"Conectores elétricos",484.0,"Tomada",403136.0,"aplicação: caixa 4 x 2 pol, características adicionais: com espelho, corrente nominal: 20, formato contato: pino cilíndrico, modelo: simples, normas técnicas: nbr14136 e iec60.884, tensão nominal: 250, número pólos: 2 p + t","UN",14.79,800.0,11832.0]
["122/2026","Aprovada",null,"SEINFRA - MATERIAIS ELÉTRICOS","BENS",153052.0,"2026-01-02","2026-07-02",181.0,"SEINFRA - SECRETARIA DE INFRAESTRUTURA","738/2025","Médio",98.0,"2026-07-06","Material",5935.0,"Conectores elétricos",484.0,"Tomada",243708.0,"características adicionais: com espelho 4 x 2\", cor corpo: preta, corrente nominal: 10, formato contato: universal, modelo: simples, normas técnicas: nbr 6.147/80, tensão nominal: 250, tipo: embutir, formato corpo: redondo, posição contato: + 1 contato t, número pólos: 2 p + t, número contato: 2\"","UN",8.54,800.0,6832.0]
["122/2026","Aprovada",null,"SEINFRA - MATERIAIS ELÉTRICOS","BENS",153052.0,"2026-01-02","2026-07-02",181.0,"SEINFRA - SECRETARIA DE INFRAESTRUTURA","738/2025","Médio",99.0,"2026-07-06","Material",5805.0,"Equipamento telefônico e telegráfico",17485.0,"Chave Conectora/Desconectora",261749.0,"comprimento: 18, material corpo: plástico, material ponta: aço","UN",21.7,10.0,217.0]
["122/2026","Aprovada",null,"SEINFRA - MATERIAIS ELÉTRICOS","BENS",153052.0,"2026-01-02","2026-07-02",181.0,"SEINFRA - SECRETARIA DE INFRAESTRUTURA","738/2025","Médio",104.0,"2026-07-06","Material",5935.0,"Conectores elétricos",18833.0,"Conector Derivação",336376.0,"características adicionais: com separador, bimetálico, corpo e porca fabricado, código: ksu25, seção nominal condutor: 25, tipo construtivo: parafuso fendido","UN",3.9,100.0,390.0]
["122/2026","Aprovada",null,"SEINFRA - MATERIAIS ELÉTRICOS","BENS",153052.0,"2026-01-02","2026-07-02",181.0,"SEINFRA - SECRETARIA DE INFRAESTRUTURA","738/2025","Médio",105.0,"2026-07-06","Material",5935.0,"Conectores elétricos",18833.0,"Conector Derivação",336376.0,"características adicionais: com separador, bimetálico, corpo e porca fabricado, código: ksu25, seção nominal condutor: 25, tipo construtivo: parafuso fendido","UN",19.07,100.0,1907.0]
["122/2026","Aprovada",null,"SEINFRA - MATERIAIS ELÉTRICOS","BENS",153052.0,"2026-01-02","2026-07-02",181.0,"SEINFRA - SECRETARIA DE INFRAESTRUTURA","738/2025","Médio",106.0,"2026-07-06","Material",5935.0,"Conectores elétricos",18833.0,"Conector Derivação",375062.0,"fixação dos condutores: por porca, material: liga cobre estanhado, seção nominal condutor: 16, tipo construtivo: parafuso fendido","UN",6.46,100.0,646.0]
["122/2026","Aprovada",null,"SEINFRA - MATERIAIS ELÉTRICOS","BENS",153052.0,"2026-01-02","2026-07-02",181.0,"SEINFRA - SECRETARIA DE INFRAESTRUTURA","738/2025","Médio",107.0,"2026-07-06","Material",5935.0,"Conectores elétricos",18833.0,"Conector Derivação",375062.0,"fixação dos condutores: por porca, material: liga cobre estanhado, seção nominal condutor: 16, tipo construtivo: parafuso fendido","UN",8.52,100.0,852.0]
["122/2026","Aprovada",null,"SEINFRA - MATERIAIS ELÉTRICOS","BENS",153052.0,"2026-01-02","2026-07-02",181.0,"SEINFRA - SECRETARIA DE INFRAESTRUTURA","738/2025","Médio",108.0,"2026-07-06","Material",5930.0,"Chaves elétricas",14517.0,"Contator",426985.0,"corrente trabalho: 80, frequência: 60, modelo: 3rt1045 (siemens), número e tipo de contatos auxiliares: 2na + 2nf, número pólos: 3, tamanho: s3, tensão nominal bobina: 220, tensão trabalho: 380","UN",568.5,50.0,28425.0]
["122/2026","Aprovada",null,"SEINFRA - MATERIAIS ELÉTRICOS","BENS",153052.0,"2026-01-02","2026-07-02",181.0,"SEINFRA - SECRETARIA DE INFRAESTRUTURA","738/2025","Médio",122.0,"2026-07-06","Material",6110.0,"Equipamentos de controle elétrico",11360.0,"Quadro Distribuição",394320.0,"barramento: neutro e terra, material: chapa de aço, posição relativa: sobrepor, quantidade de disjuntores: 12","UN",134.6,100.0,13460.0]
["122/2026","Aprovada",null,"SEINFRA - MATERIAIS ELÉTRICOS","BENS",153052.0,"2026-01-02","2026-07-02",181.0,"SEINFRA - SECRETARIA DE INFRAESTRUTURA","738/2025","Médio",123.0,"2026-07-06","Material",6110.0,"Equipamentos de controle elétrico",11360.0,"Quadro Distribuição",403123.0,"acessórios: dispositivo dr, barramento: neutro e terra, características adicionais: uso interno, cor: cinza, grau proteção: ip 54, material: aço com tratamento anti-corrosivo, normas técnicas: nbriec 60439-3, posição relativa: sobrepor, quantidade de disjuntores: 24 din, quantidade fases: 3, revestimento: pintura a pó,polyester e epoxi","UN",249.38,100.0,24938.0]
["122/2026","Aprovada",null,"SEINFRA - MATERIAIS ELÉTRICOS","BENS",153052.0,"2026-01-02","2026-07-02",181.0,"SEINFRA - SECRETARIA DE INFRAESTRUTURA","738/2025","Médio",124.0,"2026-07-06","Material",6110.0,"Equipamentos de controle elétrico",11360.0,"Quadro Distribuição",446477.0,"barramento: barramento em cobre, características adicionais: para disjuntores din, de sobrepor, cor: branca, material: pvc, quantidade de disjuntores: 36","UN",540.47,100.0,54047.0]
["122/2026","Aprovada",null,"SEINFRA - MATERIAIS ELÉTRICOS","BENS",153052.0,"2026-01-02","2026-07-02",181.0,"SEINFRA - SECRETARIA DE INFRAESTRUTURA","738/2025","Médio",128.0,"2026-07-06","Material",5940.0,"Bornes, terminais e lâminas terminais",14958.0,"Terminal Elétrico",379931.0,"aplicação: cabo elétrico, componentes: luva, fixação: por compressão, material: cobre, revestimento: estanhado, seção nominal condutor: 16, tipo: olhal","UN",1.66,300.0,498.0]
["122/2026","Aprovada",null,"SEINFRA - MATERIAIS ELÉTRICOS","BENS",153052.0,"2026-01-02","2026-07-02",181.0,"SEINFRA - SECRETARIA DE INFRAESTRUTURA","914/2025","Médio",9.0,"2026-03-02","Material",6110.0,"Equipamentos de controle elétrico",18723.0,"Módulo Comando",345108.0,"aplicação: central ar condicionado, referência fabricante: brd 01768, tipo: controle rcm","UN",27.76,100.0,2776.0]
["122/2026","Aprovada",null,"SEINFRA - MATERIAIS ELÉTRICOS","BENS",153052.0,"2026-01-02","2026-07-02",181.0,"SEINFRA - SECRETARIA DE INFRAESTRUTURA","914/2025","Médio",17.0,"2026-03-02","Material",8010.0,"Tintas, vernizes e produtos correlatos",12735.0,"Tinta Artística",423287.0,"aplicação: artesanatos, roupas/tecidos, arranjos flores secas, composição: a base de resina acrílica, cor: branca, tipo acabamento: fosco","UN",35.0,30.0,1050.0]
["122/2026","Aprovada",null,"SEINFRA - MATERIAIS ELÉTRICOS","BENS",153052.0,"2026-01-02","2026-07-02",181.0,"SEINFRA - SECRETARIA DE INFRAESTRUTURA","914/2025","Médio",18.0,"2026-03-02","Material",8010.0,"Tintas, vernizes e produtos correlatos",12735.0,"Tinta Artística",326449.0,"aplicação: metal, apresentação: spray, características adicionais: acetona com pigmentos metálicos, jato direto, composição: a base de resina acrílica, cor: preto fosco, tipo: secagem rápida","UN",35.0,15.0,525.0]
["122/2026","Aprovada",null,"SEINFRA - MATERIAIS ELÉTRICOS","BENS",153052.0,"2026-01-02","2026-07-02",181.0,"SEINFRA - SECRETARIA DE INFRAESTRUTURA","943/2025","Médio",1.0,"2026-06-01","Material",5920.0,"FUSÍVEIS INTERRUPTORES, ISOLANTES E PROTETORES",19217.0,"DETECTOR AUSENCIA TENSÃO",474815.0,"APLICAÇÃO: MEDIÇÃO REDE DE MÉDIA TENSÃO, FAIXA TENSÃO: 90 A 1.000, NORMAS TÉCNICAS: CATEGORIA DE SEGURANÇA: CAT IV 1000V, TIPO: POR CONTATO, USO: DETECÇÃO DE SEQUÊNCIA DE FASE","UN",449.99,2.0,899.98]
["123/2026","Aprovada",null,"SEINFRA E DTEL- BATERIAIS","BENS",153052.0,"2026-01-02","2026-07-02",181.0,"SEINFRA - SECRETARIA DE INFRAESTRUTURA","781/2025","Médio",53.0,"2026-03-02","Material",6140.0,"Baterias recarregáveis",3467.0,"Bateria Automotiva",372360.0,"capacidade nominal: 30, sistema eletroquímico: chumbo-ácido, tensão nominal: 12, tipo: selada","UN",950.0,2.0,1900.0]
["123/2026","Aprovada",null,"SEINFRA E DTEL- BATERIAIS","BENS",153052.0,"2026-01-02","2026-07-02",181.0,"SEINFRA - SECRETARIA DE INFRAESTRUTURA","781/2025","Médio",73.0,"2026-03-02","Material",6140.0,"Baterias recarregáveis",3467.0,"Bateria Automotiva",348675.0,"altura: 200, aplicação: trator cbt 2105, capacidade nominal: 100, comprimento: 330, largura: 160, sistema eletroquímico: chumbo-ácido, tensão nominal: 12","UN",1700.0,6.0,10200.0]
["123/2026","Aprovada",null,"SEINFRA E DTEL- BATERIAIS","BENS",153052.0,"2026-01-02","2026-07-02",181.0,"SEINFRA - SECRETARIA DE INFRAESTRUTURA","914/2025","Médio",1.0,"2026-03-02","Material",6140.0,"Baterias recarregáveis",3475.0,"Bateria Recarregável",484238.0,"capacidade nominal: 5, sistema eletroquímico: chumbo-ácido, tensão nominal: 12, tipo: selada","UN",80.0,70.0,5600.0]
["123/2026","Aprovada",null,"SEINFRA E DTEL- BATERIAIS","BENS",153052.0,"2026-01-02","2026-07-02",181.0,"SEINFRA - SECRETARIA DE INFRAESTRUTURA","914/2025","Médio",2.0,"2026-03-02","Material",6140.0,"Baterias recarregáveis",3475.0,"Bateria Recarregável",365164.0,"aplicação: no break, capacidade nominal: 7, dimensões: 150 x 65 x 100, sistema eletroquímico: chumbo-ácido, tensão nominal: 12, tipo: selada","UN",130.0,500.0,65000.0]
["123/2026","Aprovada",null,"SEINFRA E DTEL- BATERIAIS","BENS",153052.0,"2026-01-02","2026-07-02",181.0,"SEINFRA - SECRETARIA DE INFRAESTRUTURA","914/2025","Médio",3.0,"2026-03-02","Material",6140.0,"Baterias recarregáveis",3475.0,"Bateria Recarregável",380861.0,"aplicação: no break, capacidade nominal: 12, características adicionais: instalação em qualquer posição, componentes adicionais: válvulas de segurança, faixa temperatura de trabalho: -15°c a 45, sistema eletroquímico: chumbo-ácido, tensão nominal: 12, tipo: selada","UN",68.5,5.0,342.5]
["123/2026","Aprovada",null,"SEINFRA E DTEL- BATERIAIS","BENS",153052.0,"2026-01-02","2026-07-02",181.0,"SEINFRA - SECRETARIA DE INFRAESTRUTURA","914/2025","Médio",4.0,"2026-03-02","Material",6140.0,"Baterias recarregáveis",3475.0,"Bateria Recarregável",406815.0,"aplicação: no break, capacidade nominal: 17, modelo: gp12170 (csb), sistema eletroquímico: chumbo-ácido, tensão nominal: 12, tipo: selada","UN",249.0,200.0,49800.0]
["123/2026","Aprovada",null,"SEINFRA E DTEL- BATERIAIS","BENS",153052.0,"2026-01-02","2026-07-02",181.0,"SEINFRA - SECRETARIA DE INFRAESTRUTURA","914/2025","Médio",5.0,"2026-03-02","Material",6140.0,"Baterias recarregáveis",3475.0,"Bateria Recarregável",625301.0,"capacidade nominal: 26, características adicionais: vaso em abs, corrente máxima de descarga: 390a, dimensões: (axlxc) 125 x 175 x 166, duração carga: 20, faixa temperatura de trabalho: -15 a 50, modelo: terminal t12, peso: 8, resistência nominal: 14, tensão nominal: 12, tipo: selada","UN",484.0,64.0,30976.0]
["123/2026","Aprovada",null,"SEINFRA E DTEL- BATERIAIS","BENS",153052.0,"2026-01-02","2026-07-02",181.0,"DTEL - DIRETORIA DE TELECOMUNICAÇÕES","1022/2025","Médio",9.0,"2026-05-01","Material",6140.0,"Baterias recarregáveis",3475.0,"Bateria Recarregável",362984.0,"capacidade nominal: 7, sistema eletroquímico: chumbo-ácido, tensão nominal: 12, tipo: selada","UN",100.0,10.0,1000.0]
["123/2026","Aprovada",null,"SEINFRA E DTEL- BATERIAIS","BENS",153052.0,"2026-01-02","2026-07-02",181.0,"DTEL - DIRETORIA DE TELECOMUNICAÇÕES","1026/2025","Médio",64.0,"2026-10-01","Material",6135.0,"Baterias nao recarregáveis",10708.0,"Pilha",419859.0,"características adicionais: não recarregável, modelo: aa, sistema eletroquímico: alcalina, tamanho: pequena, tensão nominal: 1,5","UN",5.06,100.0,506.0]
["123/2026","Aprovada",null,"SEINFRA E DTEL- BATERIAIS","BENS",153052.0,"2026-01-02","2026-07-02",181.0,"DTEL - DIRETORIA DE TELECOMUNICAÇÕES","1026/2025","Médio",65.0,"2026-10-01","Material",6135.0,"Baterias nao recarregáveis",10708.0,"Pilha",403984.0,"características adicionais: não contém mercúrio e cádmio, modelo: aaa, sistema eletroquímico: alcalina, tamanho: palito, tensão nominal: 1,5","UN",5.71,200.0,1142.0]
["123/2026","Aprovada",null,"SEINFRA E DTEL- BATERIAIS","BENS",153052.0,"2026-01-02","2026-07-02",181.0,"DTEL - DIRETORIA DE TELECOMUNICAÇÕES","1026/2025","Médio",66.0,"2026-10-01","Material",6135.0,"Baterias nao recarregáveis",10708.0,"Pilha",415869.0,"modelo: 6f22, sistema eletroquímico: nimh, tamanho: grande, tensão nominal: 9","UN",14.78,100.0,1478.0]
["123/2026","Aprovada",null,"SEINFRA E DTEL- BATERIAIS","BENS",153052.0,"2026-01-02","2026-07-02",181.0,"DTEL - DIRETORIA DE TELECOMUNICAÇÕES","1028/2025","Médio",3.0,"2026-08-01","Material",6140.0,"Baterias recarregáveis",3475.0,"Bateria Recarregável",362984.0,"capacidade nominal: 7, sistema eletroquímico: chumbo-ácido, tensão nominal: 12, tipo: selada","UN",93.12,60.0,5587.2]
["123/2026","Aprovada",null,"SEINFRA E DTEL- BATERIAIS","BENS",153052.0,"2026-01-02","2026-07-02",181.0,"DTEL - DIRETORIA DE TELECOMUNICAÇÕES","1028/2025","Médio",4.0,"2026-08-01","Material",6140.0,"Baterias recarregáveis",3475.0,"Bateria Recarregável",362984.0,"capacidade nominal: 7, sistema eletroquímico: chumbo-ácido, tensão nominal: 12, tipo: selada","UN",100.24,140.0,14033.6]
["124/2026","Aprovada",null,"CENTRO DE EVENTOS - LOCAÇÃO DE COBERTURA DESMONTÁVEL E GERADOR ELÉTRICO ","SERVICOS",153052.0,"2026-01-02","2026-07-02",181.0,"CE - CENTRO DE EVENTOS","707/2025","Médio",1.0,"2026-03-01","Serviço",732.0,"Serviços De Leasing Ou Aluguel Relacionados A Outros Bens",null,null,21164.0,"Locação Cobertura Desmontável",null,1000.0,100.0,100000.0]
["124/2026","Aprovada",null,"CENTRO DE EVENTOS - LOCAÇÃO DE COBERTURA DESMONTÁVEL E GERADOR ELÉTRICO ","SERVICOS",153052.0,"2026-01-02","2026-07-02",181.0,"CE - CENTRO DE EVENTOS","707/2025","Médio",2.0,"2026-03-01","Serviço",731.0,"Serviços De Leasing Ou Aluguel Veículos A Motor, Ferroviárioembarcações, Aeronaves, De Equipamento De Transporte, S/Oper",null,null,21679.0,"Locação Gerador Elétrico /Grupos Geradores",null,4500.0,150.0,675000.0]
["98/2026","Aprovada",null,"PNEUS, CARRINHOS E CÂMARAS","BENS",153052.0,"2026-02-02","2026-08-03",182.0,"DLOG - DIRETORIA DE LOGÍSTICA","955/2025","Alto",2.0,"2026-12-31","Material",2610.0,"Pneus e câmaras de ar, exceto os de aeronaves",16145.0,"Pneu Carrinho Mão",335134.0,"características adicionais: com câmara ar, aro reforçado, material: borracha, tamanho: 3,50 x 8","UN",89.9,12.0,1078.8]
["125/2026","Aprovada",null,"CENTRO DE EVENTOS - SERVIÇOS ESSENCIAIS DE APOIO A EVENTOS","SERVICOS",153052.0,"2026-01-02","2026-07-02",181.0,"CE - CENTRO DE EVENTOS","702/2025","Alto",1.0,"2026-07-01","Serviço",859.0,"Outros serviços de suporte",{"$nulls":5},1200000.0,1.0,1200000.0]
["126/2026","Aprovada",null,"PRPI - MARAVALHA","BENS",153052.0,"2025-12-02","2026-06-02",182.0,"PRPI - PRO-REITORIA DE PESQUISA E INOVAÇÃO","950/2025","Alto",1.0,"2026-02-28","Material",5510.0,"Tábuas e artigos correlatos à base de madeira",4709.0,"Cavaco Madeira",440966.0,"apresentação: maravalhas com 25 x 37 x 19 cm, características adicionais: irradiada através de raios gama: 7,5 a 10 kgy, tipo: pinus","UN",144.0,1000.0,144000.0]
["99/2026","Aprovada",null,"PRAE - MATERIAL E EQUIPAMENTOS ODONTOLÓGICO E HOSPITALAR","BENS",153052.0,"2026-01-02","2026-07-02",181.0,"PRAE - PRO-REITORIA DE ASSUNTOS ESTUDANTIS","802/2025","Alto",1.0,"2026-01-15","Material",6520.0,"Instrumentos, equipamentos e suprimentos dentários",1233.0,"Acessórios Moldagem Uso Odontológico",414474.0,"apresentação: embalagem c/ mínimo de 10 unidades, indicação: p/ cartucho de materiais de impressão, tipo: ponteira p/ silicone","UN",45.0,20.0,900.0]
["99/2026","Aprovada",null,"PRAE - MATERIAL E EQUIPAMENTOS ODONTOLÓGICO E HOSPITALAR","BENS",153052.0,"2026-01-02","2026-07-02",181.0,"PRAE - PRO-REITORIA DE ASSUNTOS ESTUDANTIS","802/2025","Alto",2.0,"2026-01-15","Material",6520.0,"Instrumentos, equipamentos e suprimentos dentários",19231.0,"Adesivo Dental",391133.0,"componentes: adesivo + primer, tipo: fotopolimerizável","UN",150.0,20.0,3000.0]
["99/2026","Aprovada",null,"PRAE - MATERIAL E EQUIPAMENTOS ODONTOLÓGICO E HOSPITALAR","BENS",153052.0,"2026-01-02","2026-07-02",181.0,"PRAE - PRO-REITORIA DE ASSUNTOS ESTUDANTIS","802/2025","Alto",3.0,"2026-01-15","Material",6505.0,"DROGAS E MEDICAMENTOS",17787.0,"ARTICAÍNA",297697.0,"COMPOSIÇÃO: ASSOCIADA COM EPINEFRINA, CONCENTRAÇÃO: 4% + 1/100.000, FORMA FARMACÊUTICA: SOLUÇÃO INJETÁVEL","TBTE",4.0,750.0,3000.0]
["99/2026","Aprovada",null,"PRAE - MATERIAL E EQUIPAMENTOS ODONTOLÓGICO E HOSPITALAR","BENS",153052.0,"2026-01-02","2026-07-02",181.0,"PRAE - PRO-REITORIA DE ASSUNTOS ESTUDANTIS","802/2025","Alto",4.0,"2026-01-15","Material",6520.0,"Instrumentos, equipamentos e suprimentos dentários",3905.0,"Broca Alta Rotação",403387.0,"característica adicional: picotada, formato: tronco cônica, material: carbide, numeração americana 1: ref. 701, tipo corte: cirúrgica, tipo haste: haste longa","UN",31.0,30.0,930.0]
["99/2026","Aprovada",null,"PRAE - MATERIAL E EQUIPAMENTOS ODONTOLÓGICO E HOSPITALAR","BENS",153052.0,"2026-01-02","2026-07-02",181.0,"PRAE - PRO-REITORIA DE ASSUNTOS ESTUDANTIS","802/2025","Alto",5.0,"2026-01-15","Material",6520.0,"Instrumentos, equipamentos e suprimentos dentários",3905.0,"Broca Alta Rotação",403171.0,"formato: esférica, material: carbide, numeração americana 1: ref. 1, tipo corte: corte médio, tipo haste: haste regular","UN",18.0,20.0,360.0]
["99/2026","Aprovada",null,"PRAE - MATERIAL E EQUIPAMENTOS ODONTOLÓGICO E HOSPITALAR","BENS",153052.0,"2026-01-02","2026-07-02",181.0,"PRAE - PRO-REITORIA DE ASSUNTOS ESTUDANTIS","802/2025","Alto",6.0,"2026-01-15","Material",6520.0,"Instrumentos, equipamentos e suprimentos dentários",3905.0,"Broca Alta Rotação",403389.0,"característica adicional: picotada, formato: tronco cônica, material: carbide, numeração americana 1: ref. 702, tipo corte: cirúrgica, tipo haste: haste longa","UN",31.0,10.0,310.0]
["99/2026","Aprovada",null,"PRAE - MATERIAL E EQUIPAMENTOS ODONTOLÓGICO E HOSPITALAR","BENS",153052.0,"2026-01-02","2026-07-02",181.0,"PRAE - PRO-REITORIA DE ASSUNTOS ESTUDANTIS","802/2025","Alto",7.0,"2026-01-15","Material",6520.0,"Instrumentos, equipamentos e suprimentos dentários",3905.0,"Broca Alta Rotação",403391.0,"característica adicional: picotada, formato: tronco cônica, material: carbide, numeração americana 1: ref. 703, tipo corte: cirúrgica, tipo haste: haste longa","UN",31.0,30.0,930.0]
["99/2026","Aprovada",null,"PRAE - MATERIAL E EQUIPAMENTOS ODONTOLÓGICO E HOSPITALAR","BENS",153052.0,"2026-01-02","2026-07-02",181.0,"PRAE - PRO-REITORIA DE ASSUNTOS ESTUDANTIS","802/2025","Alto",8.0,"2026-01-15","Material",6520.0,"Instrumentos, equipamentos e suprimentos dentários",3888.0,"Broca Baixa Rotação",403859.0,"formato: esférica, material: aço comum, referência: ref. 2, tipo: contra ângulo, tipo corte: corte médio, tipo haste: haste regular","UN",20.0,20.0,400.0]
["99/2026","Aprovada",null,"PRAE - MATERIAL E EQUIPAMENTOS ODONTOLÓGICO E HOSPITALAR","BENS",153052.0,"2026-01-02","2026-07-02",181.0,"PRAE - PRO-REITORIA DE ASSUNTOS ESTUDANTIS","802/2025","Alto",9.0,"2026-01-15","Material",6520.0,"Instrumentos, equipamentos e suprimentos dentários",3888.0,"Broca Baixa Rotação",403862.0,"formato: esférica, material: aço comum, referência: ref. 4, tipo: contra ângulo, tipo corte: corte médio, tipo haste: haste regular","UN",20.58,20.0,411.6]
["99/2026","Aprovada",null,"PRAE - MATERIAL E EQUIPAMENTOS ODONTOLÓGICO E HOSPITALAR","BENS",153052.0,"2026-01-02","2026-07-02",181.0,"PRAE - PRO-REITORIA DE ASSUNTOS ESTUDANTIS","802/2025","Alto",10.0,"2026-01-15","Material",6520.0,"Instrumentos, equipamentos e suprimentos dentários",3888.0,"Broca Baixa Rotação",403864.0,"formato: esférica, material: aço comum, referência: ref. 6, tipo: contra ângulo, tipo corte: corte médio, tipo haste: haste regular","UN",20.58,20.0,411.6]
["99/2026","Aprovada",null,"PRAE - MATERIAL E EQUIPAMENTOS ODONTOLÓGICO E HOSPITALAR","BENS",153052.0,"2026-01-02","2026-07-02",181.0,"PRAE - PRO-REITORIA DE ASSUNTOS ESTUDANTIS","802/2025","Alto",11.0,"2026-01-15","Material",6520.0,"Instrumentos, equipamentos e suprimentos dentários",5007.0,"Cimento Odontológico",436890.0,"aspecto físico: pó, composição: óxido de zinco, tipo: endodôntico","UN",70.0,10.0,700.0]
["99/2026","Aprovada",null,"PRAE - MATERIAL E EQUIPAMENTOS ODONTOLÓGICO E HOSPITALAR","BENS",153052.0,"2026-01-02","2026-07-02",181.0,"PRAE - PRO-REITORIA DE ASSUNTOS ESTUDANTIS","802/2025","Alto",12.0,"2026-01-15","Material",6520.0,"INSTRUMENTOS, EQUIPAMENTOS E SUPRIMENTOS DENTÁRIOS",8879.0,"CONE ENDODÔNTICO",441916.0,"APRESENTAÇÃO: ESTOJO COM DIFERENTES CALIBRES, CALIBRE: ESPECÍFICO P/ TÉCNICA INSTRUMENTAÇÃO ROTÁTORIA, COMPRIMENTO: CERCA DE 28, MATERIAL: PAPEL, TIPO: ABSORVENTE","EMB",38.0,20.0,760.0]
["99/2026","Aprovada",null,"PRAE - MATERIAL E EQUIPAMENTOS ODONTOLÓGICO E HOSPITALAR","BENS",153052.0,"2026-01-02","2026-07-02",181.0,"PRAE - PRO-REITORIA DE ASSUNTOS ESTUDANTIS","802/2025","Alto",13.0,"2026-01-15","Material",6520.0,"INSTRUMENTOS, EQUIPAMENTOS E SUPRIMENTOS DENTÁRIOS",8879.0,"CONE ENDODÔNTICO",419439.0,"APRESENTAÇÃO: ESTOJO C/ 60 PONTAS, CALIBRE: ESPECÍFICO P/ TÉCNICA INSTRUMENTAÇÃO ROTÁTORIA, CARACTERÍSTICA ADICIONAL: SORTIDA, COMPRIMENTO: 28, MATERIAL: GUTA-PERCHA, TIPO: PRINCIPAL","EMB",79.0,10.0,790.0]
["99/2026","Aprovada",null,"PRAE - MATERIAL E EQUIPAMENTOS ODONTOLÓGICO E HOSPITALAR","BENS",153052.0,"2026-01-02","2026-07-02",181.0,"PRAE - PRO-REITORIA DE ASSUNTOS ESTUDANTIS","802/2025","Alto",14.0,"2026-01-15","Material",6520.0,"Instrumentos, equipamentos e suprimentos dentários",5692.0,"Conjunto Acadêmico Uso Odontológico",422198.0,"acessórios: óleo lubrificante, apresentação: estojo, conjunto completo, característica peças de baixa rotação: transmissão 1:1, c/ refrigeração externa, características adicionais: 3 furos, botão de pressão(pb), cabeça padrão, componente: alta rotação, rolamento cerâmica, 400.000 rpm, componentes 1: micromotor, contra ângulo, peça reta, tipo encaixe: conexão borden (2 furos)","UN",2426.06,4.0,9704.24]
["99/2026","Aprovada",null,"PRAE - MATERIAL E EQUIPAMENTOS ODONTOLÓGICO E HOSPITALAR","BENS",153052.0,"2026-01-02","2026-07-02",181.0,"PRAE - PRO-REITORIA DE ASSUNTOS ESTUDANTIS","802/2025","Alto",15.0,"2026-01-15","Material",6840.0,"Pesticidas e desinfetantes",14235.0,"Detergente Enzimático",374477.0,"composição: a base de amilase, protease e carboidrase","L",78.0,30.0,2340.0]
["99/2026","Aprovada",null,"PRAE - MATERIAL E EQUIPAMENTOS ODONTOLÓGICO E HOSPITALAR","BENS",153052.0,"2026-01-02","2026-07-02",181.0,"PRAE - PRO-REITORIA DE ASSUNTOS ESTUDANTIS","802/2025","Alto",16.0,"2026-01-15","Material",6520.0,"Instrumentos, equipamentos e suprimentos dentários",3211.0,"Disco - Uso Odontologia",438118.0,"diâmetro: cerca de 1/2, material: poliéster + óxido de  alumínio, tipo: lixa, tipo do encaixe: encaixe de ilhós p/ mandril de  pressão, tipo face: monoface, tipo uso: descartável","UN",164.0,20.0,3280.0]
["99/2026","Aprovada",null,"PRAE - MATERIAL E EQUIPAMENTOS ODONTOLÓGICO E HOSPITALAR","BENS",153052.0,"2026-01-02","2026-07-02",181.0,"PRAE - PRO-REITORIA DE ASSUNTOS ESTUDANTIS","802/2025","Alto",17.0,"2026-01-15","Material",6520.0,"Instrumentos, equipamentos e suprimentos dentários",3211.0,"Disco - Uso Odontologia",439767.0,"apresentação: com mandril, diâmetro: cerca de 3/8, granulação: granulação média, material: polisiloxano impregnado c/ diamante, tipo: p/ acabamento e polimento de cerâmica, tipo do encaixe: encaixe p/ mandril c/ parafuso","UN",174.0,7.0,1218.0]
["99/2026","Aprovada",null,"PRAE - MATERIAL E EQUIPAMENTOS ODONTOLÓGICO E HOSPITALAR","BENS",153052.0,"2026-01-02","2026-07-02",181.0,"PRAE - PRO-REITORIA DE ASSUNTOS ESTUDANTIS","802/2025","Alto",18.0,"2026-01-15","Material",6515.0,"Instrumentos, equipamentos e suprimentos médicos  e  cirúrgicos",18351.0,"Embalagem P/ Esterilização",442386.0,"apresentação: rolo, componentes: c/ indicador químico, componentes adicionais: termosselante, composição: c/ filme polímero multilaminado, gramatura / espessura: cerca de 60, material: papel grau cirúrgico, tamanho: cerca de 30, tipo uso: uso único","UN",120.0,50.0,6000.0]
["99/2026","Aprovada",null,"PRAE - MATERIAL E EQUIPAMENTOS ODONTOLÓGICO E HOSPITALAR","BENS",153052.0,"2026-01-02","2026-07-02",181.0,"PRAE - PRO-REITORIA DE ASSUNTOS ESTUDANTIS","802/2025","Alto",19.0,"2026-01-15","Material",6515.0,"Instrumentos, equipamentos e suprimentos médicos  e  cirúrgicos",18351.0,"Embalagem P/ Esterilização",443439.0,"apresentação: rolo, componentes: c/ indicador químico, componentes adicionais: termosselante, composição: c/ filme polímero multilaminado, gramatura / espessura: cerca de 60, material: papel grau cirúrgico, tamanho: cerca de 5, tipo uso: uso único","UN",500.0,50.0,25000.0]
["99/2026","Aprovada",null,"PRAE - MATERIAL E EQUIPAMENTOS ODONTOLÓGICO E HOSPITALAR","BENS",153052.0,"2026-01-02","2026-07-02",181.0,"PRAE - PRO-REITORIA DE ASSUNTOS ESTUDANTIS","802/2025","Alto",20.0,"2026-01-15","Material",6520.0,"Instrumentos, equipamentos e suprimentos dentários",6951.0,"Escova De Robson Uso Odontológico",404892.0,"cor: branca, tipo ponta: cônica, uso: contra-ângulo","UN",3.5,200.0,700.0]
["99/2026","Aprovada",null,"PRAE - MATERIAL E EQUIPAMENTOS ODONTOLÓGICO E HOSPITALAR","BENS",153052.0,"2026-01-02","2026-07-02",181.0,"PRAE - PRO-REITORIA DE ASSUNTOS ESTUDANTIS","802/2025","Alto",21.0,"2026-01-15","Material",6520.0,"Instrumentos, equipamentos e suprimentos dentários",6951.0,"Escova De Robson Uso Odontológico",404894.0,"cor: branca, tipo ponta: taça, uso: contra-ângulo","UN",5.5,200.0,1100.0]
["99/2026","Aprovada",null,"PRAE - MATERIAL E EQUIPAMENTOS ODONTOLÓGICO E HOSPITALAR","BENS",153052.0,"2026-01-02","2026-07-02",181.0,"PRAE - PRO-REITORIA DE ASSUNTOS ESTUDANTIS","802/2025","Alto",22.0,"2026-01-15","Material",6525.0,"Equipamentos e suprimentos de raios-x de uso  médico,  dentário e veterinário",9665.0,"Filme Radiológico",427192.0,"dimensões: 27 x 54, tipo: odontológico","CX",185.0,20.0,3700.0]
["99/2026","Aprovada",null,"PRAE - MATERIAL E EQUIPAMENTOS ODONTOLÓGICO E HOSPITALAR","BENS",153052.0,"2026-01-02","2026-07-02",181.0,"PRAE - PRO-REITORIA DE ASSUNTOS ESTUDANTIS","802/2025","Alto",23.0,"2026-01-15","Material",6515.0,"Instrumentos, equipamentos e suprimentos médicos  e  cirúrgicos",30040.0,"Fio De Sutura Agulhado",487429.0,"apresentação: embalagem individual, comprimento agulha: cerca de 30, comprimento fio: cerca de 45, diâmetro fio: 4-0, esterilidade: estéril, material fio: nylon / poliamida preto, modelo agulha: cortante reversa / invertida, modelo fio: monofilamentar, tipo agulha: agulha 3/8 círculo","UN",54.0,20.0,1080.0]
["99/2026","Aprovada",null,"PRAE - MATERIAL E EQUIPAMENTOS ODONTOLÓGICO E HOSPITALAR","BENS",153052.0,"2026-01-02","2026-07-02",181.0,"PRAE - PRO-REITORIA DE ASSUNTOS ESTUDANTIS","802/2025","Alto",24.0,"2026-01-15","Material",8520.0,"Sabonetes, artigos para barbear e dentifrícios",7511.0,"Fio Dental",342052.0,"características adicionais: com cera mineral, aromatizado, comprimento: 500, material: poliamida","UN",19.0,50.0,950.0]
["99/2026","Aprovada",null,"PRAE - MATERIAL E EQUIPAMENTOS ODONTOLÓGICO E HOSPITALAR","BENS",153052.0,"2026-01-02","2026-07-02",181.0,"PRAE - PRO-REITORIA DE ASSUNTOS ESTUDANTIS","802/2025","Alto",25.0,"2026-01-15","Material",6550.0,"Substâncias para diagnóstico \"in vitro\",  reagentes,  conjuntos e jogos para teste",18997.0,"Indicador Biológico",436058.0,"aplicação: para esterilização a vapor, apresentação: autocontido, ampola com meio de cultura, características adicionais: resposta em 24 horas, espécie: bacillus stearothermophillus, tipo: segunda geração","UN",65.0,50.0,3250.0]
["99/2026","Aprovada",null,"PRAE - MATERIAL E EQUIPAMENTOS ODONTOLÓGICO E HOSPITALAR","BENS",153052.0,"2026-01-02","2026-07-02",181.0,"PRAE - PRO-REITORIA DE ASSUNTOS ESTUDANTIS","802/2025","Alto",26.0,"2026-01-15","Material",6550.0,"Substâncias para diagnóstico \"in vitro\",  reagentes,  conjuntos e jogos para teste",18996.0,"Indicador Químico",376428.0,"apresentação: pacote pronto para teste, uso único, características adicionais: para esterilização a vapor, classe: classe v, componentes adicionais: indicador químico externo para controle exposição, tipo: integrador","UN",23.0,20.0,460.0]
["99/2026","Aprovada",null,"PRAE - MATERIAL E EQUIPAMENTOS ODONTOLÓGICO E HOSPITALAR","BENS",153052.0,"2026-01-02","2026-07-02",181.0,"PRAE - PRO-REITORIA DE ASSUNTOS ESTUDANTIS","802/2025","Alto",27.0,"2026-01-15","Material",6520.0,"Instrumentos, equipamentos e suprimentos dentários",8833.0,"Lima Uso Odontológico",419496.0,"aplicação: digital, apresentação: conjunto completo, componentes: c/ cursor, comprimento: 31, material: aço inoxidável, modelo: tipo kerr flexível, tamanho: 1ª série/15 a 40","CX",30.0,20.0,600.0]
["99/2026","Aprovada",null,"PRAE - MATERIAL E EQUIPAMENTOS ODONTOLÓGICO E HOSPITALAR","BENS",153052.0,"2026-01-02","2026-07-02",181.0,"PRAE - PRO-REITORIA DE ASSUNTOS ESTUDANTIS","802/2025","Alto",28.0,"2026-01-15","Material",6520.0,"Instrumentos, equipamentos e suprimentos dentários",8833.0,"Lima Uso Odontológico",430418.0,"aplicação: digital, apresentação: conjunto completo, componentes: c/ cursor, comprimento: 21, material: aço inoxidável, modelo: tipo kerr, tamanho: 1ª série/15 a 40","CX",30.0,20.0,600.0]
["99/2026","Aprovada",null,"PRAE - MATERIAL E EQUIPAMENTOS ODONTOLÓGICO E HOSPITALAR","BENS",153052.0,"2026-01-02","2026-07-02",181.0,"PRAE - PRO-REITORIA DE ASSUNTOS ESTUDANTIS","802/2025","Alto",29.0,"2026-01-15","Material",6505.0,"Drogas e medicamentos",17807.0,"Lidocaína Cloridrato",269851.0,"composição: associada com epinefrina, dosagem: 2% + 1:100.000, apresentação: injetável","TBTE",5.0,2000.0,10000.0]
["99/2026","Aprovada",null,"PRAE - MATERIAL E EQUIPAMENTOS ODONTOLÓGICO E HOSPITALAR","BENS",153052.0,"2026-01-02","2026-07-02",181.0,"PRAE - PRO-REITORIA DE ASSUNTOS ESTUDANTIS","802/2025","Alto",30.0,"2026-01-15","Material",6520.0,"Instrumentos, equipamentos e suprimentos dentários",8833.0,"Lima Uso Odontológico",418523.0,"aplicação: digital, apresentação: conjunto completo, componentes: c/ cursor, comprimento: 25, material: aço inoxidável, modelo: tipo kerr, tamanho: 1ª série/15 a 40","CX",30.0,30.0,900.0]
["99/2026","Aprovada",null,"PRAE - MATERIAL E EQUIPAMENTOS ODONTOLÓGICO E HOSPITALAR","BENS",153052.0,"2026-01-02","2026-07-02",181.0,"PRAE - PRO-REITORIA DE ASSUNTOS ESTUDANTIS","802/2025","Alto",31.0,"2026-01-15","Material",6520.0,"Instrumentos, equipamentos e suprimentos dentários",8833.0,"Lima Uso Odontológico",438252.0,"aplicação: uso em motor de baixa rotação, componentes: c/ cursor, material: níquel / titânio, modelo: endodôntica, sistema rotatório","CX",365.9,20.0,7318.0]
["99/2026","Aprovada",null,"PRAE - MATERIAL E EQUIPAMENTOS ODONTOLÓGICO E HOSPITALAR","BENS",153052.0,"2026-01-02","2026-07-02",181.0,"PRAE - PRO-REITORIA DE ASSUNTOS ESTUDANTIS","802/2025","Alto",32.0,"2026-01-15","Material",6532.0,"Vestuário hospitalar e cirúrgico e itens correlatos de  finalidades especiais",30248.0,"Luva Cirúrgica",620091.0,"apresentação: em par, cor: c/ cor, embalagem: embalagem individual, esterilidade: estéril, uso único, formato: anatômico, material: borracha natural - látex, pó: sem pó, superfície: superfície texturizada, tamanho: nº 8,0","UN",30.0,100.0,3000.0]
["99/2026","Aprovada",null,"PRAE - MATERIAL E EQUIPAMENTOS ODONTOLÓGICO E HOSPITALAR","BENS",153052.0,"2026-01-02","2026-07-02",181.0,"PRAE - PRO-REITORIA DE ASSUNTOS ESTUDANTIS","802/2025","Alto",33.0,"2026-01-15","Material",6532.0,"Vestuário hospitalar e cirúrgico e itens correlatos de  finalidades especiais",30247.0,"Luva P/ Procedimento De Saúde Não Cirúrgico C/ Anvisa",619857.0,"cor: c/ cor, embalagem: par em embalagem individual, esterilidade: estéril, uso único, formato: ambidestra, material: borracha natural - látex, pó: com pó bioabsorvível, superfície: superfície lisa, tamanho: pequeno - p","EMB",30.0,100.0,3000.0]
["99/2026","Aprovada",null,"PRAE - MATERIAL E EQUIPAMENTOS ODONTOLÓGICO E HOSPITALAR","BENS",153052.0,"2026-01-02","2026-07-02",181.0,"PRAE - PRO-REITORIA DE ASSUNTOS ESTUDANTIS","802/2025","Alto",34.0,"2026-01-15","Material",6532.0,"Vestuário hospitalar e cirúrgico e itens correlatos de  finalidades especiais",30247.0,"Luva P/ Procedimento De Saúde Não Cirúrgico C/ Anvisa",619854.0,"cor: c/ cor, esterilidade: não estéril, uso único, formato: ambidestra, material: borracha natural - látex, pó: sem pó, superfície: superfície texturizada, tamanho: médio - m","EMB",30.0,50.0,1500.0]
["99/2026","Aprovada",null,"PRAE - MATERIAL E EQUIPAMENTOS ODONTOLÓGICO E HOSPITALAR","BENS",153052.0,"2026-01-02","2026-07-02",181.0,"PRAE - PRO-REITORIA DE ASSUNTOS ESTUDANTIS","802/2025","Alto",35.0,"2026-01-15","Material",6532.0,"Vestuário hospitalar e cirúrgico e itens correlatos de  finalidades especiais",30247.0,"Luva P/ Procedimento De Saúde Não Cirúrgico C/ Anvisa",619861.0,"cor: transparente, embalagem: unidade em embalagem individual, esterilidade: estéril, uso único, formato: ambidestra, material: plástico, pó: sem pó, superfície: superfície lisa, tamanho: tamanho único","EMB",9.0,10.0,90.0]
["99/2026","Aprovada",null,"PRAE - MATERIAL E EQUIPAMENTOS ODONTOLÓGICO E HOSPITALAR","BENS",153052.0,"2026-01-02","2026-07-02",181.0,"PRAE - PRO-REITORIA DE ASSUNTOS ESTUDANTIS","802/2025","Alto",36.0,"2026-01-15","Material",6520.0,"Instrumentos, equipamentos e suprimentos dentários",6205.0,"Mandril Odontológico",453406.0,"compatibilidade: para peça reta, material: aço inoxidável, modelo: adaptador de pontas de alta rotação","UN",40.0,30.0,1200.0]
["99/2026","Aprovada",null,"PRAE - MATERIAL E EQUIPAMENTOS ODONTOLÓGICO E HOSPITALAR","BENS",153052.0,"2026-01-02","2026-07-02",181.0,"PRAE - PRO-REITORIA DE ASSUNTOS ESTUDANTIS","802/2025","Alto",37.0,"2026-01-15","Material",6532.0,"Vestuário hospitalar e cirúrgico e itens correlatos de  finalidades especiais",30029.0,"Máscara Cirúrgica",485315.0,"componente adicional: visor p/ proteção ocular, cor: c/ cor, eficiência: efp maior que 98% e bfe maior que 95%, esterilidade: descartável, filtro: elemento filtrante interno, formato: retangular, c/ pregas horizontais, material: não tecido 100% polipropileno, modelo: ajustável, clipe nasal, quantidade camadas: mínimo 3 camadas, tamanho: adulto","UN",0.15,5000.0,750.0]
["99/2026","Aprovada",null,"PRAE - MATERIAL E EQUIPAMENTOS ODONTOLÓGICO E HOSPITALAR","BENS",153052.0,"2026-01-02","2026-07-02",181.0,"PRAE - PRO-REITORIA DE ASSUNTOS ESTUDANTIS","802/2025","Alto",38.0,"2026-01-15","Material",6505.0,"Drogas e medicamentos",16486.0,"Mepivacaína Cloridrato",269888.0,"apresentação: associada com epinefrina, dosagem: 2% + 1:100.000","TBTE",4.0,750.0,3000.0]
["99/2026","Aprovada",null,"PRAE - MATERIAL E EQUIPAMENTOS ODONTOLÓGICO E HOSPITALAR","BENS",153052.0,"2026-01-02","2026-07-02",181.0,"PRAE - PRO-REITORIA DE ASSUNTOS ESTUDANTIS","802/2025","Alto",39.0,"2026-01-15","Material",6520.0,"Instrumentos, equipamentos e suprimentos dentários",10491.0,"Pasta Moldagem",454436.0,"apresentação *: conjunto completo, características adicionais: laboratorial, dura, cerca de 85 shore a\", material básico: silicone de condensação, tipo: base + catalisador\"","POTE",540.0,10.0,5400.0]
["99/2026","Aprovada",null,"PRAE - MATERIAL E EQUIPAMENTOS ODONTOLÓGICO E HOSPITALAR","BENS",153052.0,"2026-01-02","2026-07-02",181.0,"PRAE - PRO-REITORIA DE ASSUNTOS ESTUDANTIS","802/2025","Alto",40.0,"2026-01-15","Material",6520.0,"Instrumentos, equipamentos e suprimentos dentários",10491.0,"Pasta Moldagem",428720.0,"apresentação *: conjunto completo, material básico: silicone de condensação, tipo: denso + fluido + catalisador","UN",540.0,20.0,10800.0]
["99/2026","Aprovada",null,"PRAE - MATERIAL E EQUIPAMENTOS ODONTOLÓGICO E HOSPITALAR","BENS",153052.0,"2026-01-02","2026-07-02",181.0,"PRAE - PRO-REITORIA DE ASSUNTOS ESTUDANTIS","802/2025","Alto",41.0,"2026-01-15","Material",6520.0,"Instrumentos, equipamentos e suprimentos dentários",11676.0,"Resina Composta",407163.0,"aspecto físico: pastosa, tamanho partículas: nanoparticuladas, tipo: fotopolimerizável","UN",250.0,60.0,15000.0]
["99/2026","Aprovada",null,"PRAE - MATERIAL E EQUIPAMENTOS ODONTOLÓGICO E HOSPITALAR","BENS",153052.0,"2026-01-02","2026-07-02",181.0,"PRAE - PRO-REITORIA DE ASSUNTOS ESTUDANTIS","802/2025","Alto",42.0,"2026-01-15","Material",6520.0,"Instrumentos, equipamentos e suprimentos dentários",12307.0,"Sugador",406292.0,"apresentação: pacote c/ 40 unidades, características adicionais: c/ arame, material: pvc, tipo: saliva, tipo uso: estéril, descartável","UN",47.6,20.0,952.0]
["99/2026","Aprovada",null,"PRAE - MATERIAL E EQUIPAMENTOS ODONTOLÓGICO E HOSPITALAR","BENS",153052.0,"2026-01-02","2026-07-02",181.0,"PRAE - PRO-REITORIA DE ASSUNTOS ESTUDANTIS","802/2025","Alto",43.0,"2026-01-15","Material",6532.0,"Vestuário hospitalar e cirúrgico e itens correlatos de  finalidades especiais",437.0,"Touca Hospitalar",428622.0,"característica adicional 01: hipoalergênica, atóxica, inodora, unissex, cor*: sem cor, gramatura*: cerca de 60, material*: não tecido 100% polipropileno, modelo: com elástico em toda volta, tamanho*: único, tipo uso*: descartável","EMB",16.0,50.0,800.0]
["99/2026","Aprovada",null,"PRAE - MATERIAL E EQUIPAMENTOS ODONTOLÓGICO E HOSPITALAR","BENS",153052.0,"2026-01-02","2026-07-02",181.0,"PRAE - PRO-REITORIA DE ASSUNTOS ESTUDANTIS","802/2025","Alto",44.0,"2026-01-15","Material",6520.0,"Instrumentos, equipamentos e suprimentos dentários",10740.0,"Pino - Uso Odontológico",385429.0,"aplicação: núcleo intra-radicular, características adicionais: dupla conicidade e radiopaco, componentes: 5 pinos dc 5,0 e broca dc, diâmetro: 0,5, material: fibra de vidro, tipo: intra-radicular","CJ",45.0,20.0,900.0]
["99/2026","Aprovada",null,"PRAE - MATERIAL E EQUIPAMENTOS ODONTOLÓGICO E HOSPITALAR","BENS",153052.0,"2026-01-02","2026-07-02",181.0,"PRAE - PRO-REITORIA DE ASSUNTOS ESTUDANTIS","959/2025","Alto",8.0,"2026-01-15","Material",4510.0,"Dispositivos E Acessórios Para Instalações Hidráulicas",3319.0,"Banheira",268746.0,"altura: 0,90, aplicação: tosa em canil, características adicionais: alto padrão de acabamento,saboneteira em aço inox,, comprimento: 1,20, largura: 0,70, material: aço inoxidável","UN",1000.0,1.0,1000.0]
["100/2026","Aprovada",null,"SEINFRA - Pagamento de taxas - Crea","SERVICOS",153052.0,"2026-01-02","2026-06-02",151.0,"SEINFRA - SECRETARIA DE INFRAESTRUTURA","717/2025","Alto",1.0,"2026-01-01","Serviço",979.0,"Outros Serviços Diversos/Miscelânea",null,null,16195.0,"Recolhimento de Taxa / Imposto / Multa",null,6956.64,1.0,6956.64]
["102/2026","Aprovada",null,"SEINFRA - Obra construção de abrigo para resíduos comuns e recicláveis","SERVICOS",153052.0,"2026-01-02","2026-06-02",151.0,"SEINFRA - SECRETARIA DE INFRAESTRUTURA","724/2025","Alto",1.0,"2026-01-01","Serviço",545.0,"TIPOS ESPECIAIS DE SERVIÇOS DE CONSTRUÇÃO",null,null,1627.0,"MANUTENÇÃO / REFORMA PREDIAL",null,100000.0,1.0,100000.0]
["101/2026","Aprovada",null,"SEINFRA - Pagamento de taxas - CAU","SERVICOS",153052.0,"2026-01-02","2026-06-02",151.0,"SEINFRA - SECRETARIA DE INFRAESTRUTURA","23/2025","Alto",1.0,"2026-01-02","Serviço",979.0,"Outros Serviços Diversos/Miscelânea",null,null,16195.0,"Recolhimento de Taxa / Imposto / Multa",null,5575.5,1.0,5575.5]
["103/2026","Aprovada",null,"SEINFRA- Materias de refrigeração para manutenção","BENS",153052.0,"2026-01-02","2026-06-02",151.0,"SEINFRA - SECRETARIA DE INFRAESTRUTURA","726/2025","Médio",1.0,"2026-03-02","Material",6830.0,"Gases comprimidos e liquefeitos",14435.0,"Gás Refrigerante",232267.0,"aplicação: sistema de ar condicionado central, apresentação: botijão, tipo: r-22","UN",1100.0,50.0,55000.0]
["103/2026","Aprovada",null,"SEINFRA- Materias de refrigeração para manutenção","BENS",153052.0,"2026-01-02","2026-06-02",151.0,"SEINFRA - SECRETARIA DE INFRAESTRUTURA","726/2025","Médio",2.0,"2026-03-02","Material",6830.0,"Gases comprimidos e liquefeitos",14435.0,"Gás Refrigerante",613141.0,"aplicação: sistemas de refrigeração, apresentação: cilindro, tipo: r32","UN",589.0,50.0,29450.0]
["103/2026","Aprovada",null,"SEINFRA- Materias de refrigeração para manutenção","BENS",153052.0,"2026-01-02","2026-06-02",151.0,"SEINFRA - SECRETARIA DE INFRAESTRUTURA","726/2025","Médio",3.0,"2026-03-02","Material",6830.0,"Gases comprimidos e liquefeitos",14435.0,"Gás Refrigerante",400047.0,"aplicação: sistema de ar condicionado central, elemento básico: diclorotrifluoretano, tipo: r410a","UN",940.0,100.0,94000.0]
["103/2026","Aprovada",null,"SEINFRA- Materias de refrigeração para manutenção","BENS",153052.0,"2026-01-02","2026-06-02",151.0,"SEINFRA - SECRETARIA DE INFRAESTRUTURA","726/2025","Médio",4.0,"2026-03-02","Material",6830.0,"Gases comprimidos e liquefeitos",14435.0,"Gás Refrigerante",289396.0,"aplicação: sistema de ar condicionado central, tipo: 134a","UN",876.0,5.0,4380.0]
["103/2026","Aprovada",null,"SEINFRA- Materias de refrigeração para manutenção","BENS",153052.0,"2026-01-02","2026-06-02",151.0,"SEINFRA - SECRETARIA DE INFRAESTRUTURA","726/2025","Médio",5.0,"2026-03-02","Material",6830.0,"Gases comprimidos e liquefeitos",14435.0,"Gás Refrigerante",474272.0,"aplicação: sistemas de refrigeração, apresentação: lata, tipo: r-600a","UN",77.9,10.0,779.0]
["103/2026","Aprovada",null,"SEINFRA- Materias de refrigeração para manutenção","BENS",153052.0,"2026-01-02","2026-06-02",151.0,"SEINFRA - SECRETARIA DE INFRAESTRUTURA","726/2025","Médio",6.0,"2026-03-02","Material",6830.0,"Gases comprimidos e liquefeitos",14435.0,"Gás Refrigerante",393671.0,"aplicação: sistema de ar condicionado, apresentação: cilindro, tipo: hcfc-141b","UN",4899.0,10.0,48990.0]
["103/2026","Aprovada",null,"SEINFRA- Materias de refrigeração para manutenção","BENS",153052.0,"2026-01-02","2026-06-02",151.0,"SEINFRA - SECRETARIA DE INFRAESTRUTURA","726/2025","Médio",7.0,"2026-03-02","Material",8120.0,"Cilindros comerciais e industriais para gases",1178.0,"Cilindro Gás",441073.0,"características adicionais: cilindro descartável para maçarico portátil, material: descartável, tipo gás: metil acetileno propadieno, volume: 400","UN",59.0,50.0,2950.0]
["103/2026","Aprovada",null,"SEINFRA- Materias de refrigeração para manutenção","BENS",153052.0,"2026-01-02","2026-06-02",151.0,"SEINFRA - SECRETARIA DE INFRAESTRUTURA","726/2025","Médio",8.0,"2026-03-02","Material",6830.0,"Gases comprimidos e liquefeitos",14435.0,"Gás Refrigerante",295474.0,"aplicação: sistema de refrigeração industrial, apresentação: cilindro descartável, elemento básico: suva, tipo: r hp62 (404 a), peso: 10,89","UN",589.0,5.0,2945.0]
["103/2026","Aprovada",null,"SEINFRA- Materias de refrigeração para manutenção","BENS",153052.0,"2026-01-02","2026-06-02",151.0,"SEINFRA - SECRETARIA DE INFRAESTRUTURA","726/2025","Médio",9.0,"2026-03-02","Material",6850.0,"Especialidades químicas diversas",12234.0,"Lubrificante Mineral",482855.0,"aplicação: lubrificação de peças, características adicionais: anticorrosivo, composição: óleo mineral","UN",47.0,30.0,1410.0]
["103/2026","Aprovada",null,"SEINFRA- Materias de refrigeração para manutenção","BENS",153052.0,"2026-01-02","2026-06-02",151.0,"SEINFRA - SECRETARIA DE INFRAESTRUTURA","726/2025","Médio",10.0,"2026-03-02","Material",4710.0,"Canos e tubos",808.0,"Tubo Cobre",289275.0,"aplicação: refrigeração, diâmetro externo: 1/4, diâmetro nominal: 1/4, tipo: flexível sem costura","UN",156.0,30.0,4680.0]
["103/2026","Aprovada",null,"SEINFRA- Materias de refrigeração para manutenção","BENS",153052.0,"2026-01-02","2026-06-02",151.0,"SEINFRA - SECRETARIA DE INFRAESTRUTURA","726/2025","Médio",11.0,"2026-03-02","Material",4710.0,"Canos e tubos",808.0,"Tubo Cobre",338624.0,"aplicação: ar condicionado, diâmetro nominal: 3/8, tipo: flexível sem costura","UN",272.0,30.0,8160.0]
["103/2026","Aprovada",null,"SEINFRA- Materias de refrigeração para manutenção","BENS",153052.0,"2026-01-02","2026-06-02",151.0,"SEINFRA - SECRETARIA DE INFRAESTRUTURA","726/2025","Médio",12.0,"2026-03-02","Material",4710.0,"Canos e tubos",808.0,"Tubo Cobre",338625.0,"aplicação: ar condicionado, diâmetro nominal: 5/8, tipo: flexível sem costura","UN",420.0,20.0,8400.0]
["103/2026","Aprovada",null,"SEINFRA- Materias de refrigeração para manutenção","BENS",153052.0,"2026-01-02","2026-06-02",151.0,"SEINFRA - SECRETARIA DE INFRAESTRUTURA","726/2025","Médio",13.0,"2026-03-02","Material",4710.0,"Canos e tubos",808.0,"Tubo Cobre",344031.0,"aplicação: ar condicionado, diâmetro nominal: 1/2, tipo: flexível sem costura","UN",329.0,20.0,6580.0]
["103/2026","Aprovada",null,"SEINFRA- Materias de refrigeração para manutenção","BENS",153052.0,"2026-01-02","2026-06-02",151.0,"SEINFRA - SECRETARIA DE INFRAESTRUTURA","726/2025","Médio",20.0,"2026-03-02","Material",6145.0,"Fios e cabos elétricos",4009.0,"Cabo Elétrico Flexível",343152.0,"formação condutor: 3 x 1,5, material do condutor: cobre, material isolamento: pvc anti-chama, tensão isolamento: 750, tipo: pp multipolar","UN",564.0,10.0,5640.0]
["103/2026","Aprovada",null,"SEINFRA- Materias de refrigeração para manutenção","BENS",153052.0,"2026-01-02","2026-06-02",151.0,"SEINFRA - SECRETARIA DE INFRAESTRUTURA","726/2025","Médio",21.0,"2026-03-02","Material",6145.0,"Fios e cabos elétricos",4009.0,"Cabo Elétrico Flexível",328986.0,"formação do cabo: 3 x 2,5, material do condutor: cobre eletrolítico, tensão isolamento: 750, tipo: pp multipolar","UN",879.0,10.0,8790.0]
["103/2026","Aprovada",null,"SEINFRA- Materias de refrigeração para manutenção","BENS",153052.0,"2026-01-02","2026-06-02",151.0,"SEINFRA - SECRETARIA DE INFRAESTRUTURA","726/2025","Médio",22.0,"2026-03-02","Material",6145.0,"Fios e cabos elétricos",4009.0,"Cabo Elétrico Flexível",324953.0,"formação do cabo: 4 x 2,5, material do condutor: cobre, tensão isolamento: 750, tipo: pp, têmpera condutor: mole","UN",749.0,30.0,22470.0]
["103/2026","Aprovada",null,"SEINFRA- Materias de refrigeração para manutenção","BENS",153052.0,"2026-01-02","2026-06-02",151.0,"SEINFRA - SECRETARIA DE INFRAESTRUTURA","726/2025","Médio",23.0,"2026-03-02","Material",6145.0,"Fios e cabos elétricos",4009.0,"Cabo Elétrico Flexível",458319.0,"formação condutor: 5 x 2,5, material do condutor: cobre, tipo: pp","UN",665.0,5.0,3325.0]
["103/2026","Aprovada",null,"SEINFRA- Materias de refrigeração para manutenção","BENS",153052.0,"2026-01-02","2026-06-02",151.0,"SEINFRA - SECRETARIA DE INFRAESTRUTURA","726/2025","Médio",24.0,"2026-03-02","Material",6145.0,"Fios e cabos elétricos",18604.0,"Cabo Elétrico Isolado",616155.0,"classe de encordoamento: 2, cor do isolamento: preta, material condutor: cobre eletrolítico, material isolamento: pvc bwf antichama, normas técnicas: nbr nm 247-3; nm 280, seção nominal: 1,5, tensão isolamento: 450/750, têmpera condutor: mole","RO",149.0,5.0,745.0]
["103/2026","Aprovada",null,"SEINFRA- Materias de refrigeração para manutenção","BENS",153052.0,"2026-01-02","2026-06-02",151.0,"SEINFRA - SECRETARIA DE INFRAESTRUTURA","726/2025","Médio",25.0,"2026-03-02","Material",4130.0,"Componentes de equipamentos para refrigeração e ar  condicionado",5501.0,"Compressor Refrigeração",467569.0,"aplicação: ar condicionado, capacidade refrigeração: 9.000, freqüência: 60, tensão: 220, tipo: rotativo","UN",544.0,10.0,5440.0]
["103/2026","Aprovada",null,"SEINFRA- Materias de refrigeração para manutenção","BENS",153052.0,"2026-01-02","2026-06-02",151.0,"SEINFRA - SECRETARIA DE INFRAESTRUTURA","726/2025","Médio",26.0,"2026-03-02","Material",4130.0,"Componentes de equipamentos para refrigeração e ar  condicionado",5501.0,"Compressor Refrigeração",467569.0,"aplicação: ar condicionado, capacidade refrigeração: 9.000, freqüência: 60, tensão: 220, tipo: rotativo","UN",663.0,5.0,3315.0]
["103/2026","Aprovada",null,"SEINFRA- Materias de refrigeração para manutenção","BENS",153052.0,"2026-01-02","2026-06-02",151.0,"SEINFRA - SECRETARIA DE INFRAESTRUTURA","726/2025","Médio",27.0,"2026-03-02","Material",4130.0,"Componentes de equipamentos para refrigeração e ar  condicionado",5501.0,"Compressor Refrigeração",264708.0,"aplicação: ar condicionado, capacidade refrigeração: 12000 btu, freqüência: 60, tensão: 220, tipo: hermético rotativo, modelo: ak5512es","UN",642.0,20.0,12840.0]
["103/2026","Aprovada",null,"SEINFRA- Materias de refrigeração para manutenção","BENS",153052.0,"2026-01-02","2026-06-02",151.0,"SEINFRA - SECRETARIA DE INFRAESTRUTURA","726/2025","Médio",28.0,"2026-03-02","Material",4130.0,"Componentes de equipamentos para refrigeração e ar  condicionado",5501.0,"Compressor Refrigeração",364826.0,"aplicação: ar condicionado, capacidade refrigeração: 12.000, tensão: 220, tipo: hermético rotativo","UN",429.0,10.0,4290.0]
["103/2026","Aprovada",null,"SEINFRA- Materias de refrigeração para manutenção","BENS",153052.0,"2026-01-02","2026-06-02",151.0,"SEINFRA - SECRETARIA DE INFRAESTRUTURA","726/2025","Médio",29.0,"2026-03-02","Material",4130.0,"Componentes de equipamentos para refrigeração e ar  condicionado",5501.0,"Compressor Refrigeração",478344.0,"aplicação: ar condicionado, capacidade refrigeração: 18.000, freqüência: 50/60, tensão: 208/230, tipo: rotativo","UN",846.0,30.0,25380.0]
["103/2026","Aprovada",null,"SEINFRA- Materias de refrigeração para manutenção","BENS",153052.0,"2026-01-02","2026-06-02",151.0,"SEINFRA - SECRETARIA DE INFRAESTRUTURA","726/2025","Médio",30.0,"2026-03-02","Material",4130.0,"Componentes de equipamentos para refrigeração e ar  condicionado",5501.0,"Compressor Refrigeração",310245.0,"aplicação: ar condicionado, capacidade refrigeração: 18.000, tensão: 220, tipo: hermético rotativo","UN",861.0,5.0,4305.0]
["103/2026","Aprovada",null,"SEINFRA- Materias de refrigeração para manutenção","BENS",153052.0,"2026-01-02","2026-06-02",151.0,"SEINFRA - SECRETARIA DE INFRAESTRUTURA","726/2025","Médio",31.0,"2026-03-02","Material",4130.0,"Componentes de equipamentos para refrigeração e ar  condicionado",5501.0,"Compressor Refrigeração",310245.0,"aplicação: ar condicionado, capacidade refrigeração: 18.000, tensão: 220, tipo: hermético rotativo","UN",1017.0,20.0,20340.0]
["103/2026","Aprovada",null,"SEINFRA- Materias de refrigeração para manutenção","BENS",153052.0,"2026-01-02","2026-06-02",151.0,"SEINFRA - SECRETARIA DE INFRAESTRUTURA","726/2025","Médio",32.0,"2026-03-02","Material",4130.0,"Componentes de equipamentos para refrigeração e ar  condicionado",5501.0,"Compressor Refrigeração",376455.0,"capacidade refrigeração: 24.000, tensão: 220, tipo: rotativo","UN",949.0,5.0,4745.0]
["103/2026","Aprovada",null,"SEINFRA- Materias de refrigeração para manutenção","BENS",153052.0,"2026-01-02","2026-06-02",151.0,"SEINFRA - SECRETARIA DE INFRAESTRUTURA","726/2025","Médio",33.0,"2026-03-02","Material",4130.0,"Componentes de equipamentos para refrigeração e ar  condicionado",5501.0,"Compressor Refrigeração",240693.0,"aplicação: ar condicionado, capacidade refrigeração: 30000 btu, tensão: 220/240, tipo: hermético rotativo","UN",1470.0,10.0,14700.0]
["103/2026","Aprovada",null,"SEINFRA- Materias de refrigeração para manutenção","BENS",153052.0,"2026-01-02","2026-06-02",151.0,"SEINFRA - SECRETARIA DE INFRAESTRUTURA","726/2025","Médio",34.0,"2026-03-02","Material",4130.0,"Componentes de equipamentos para refrigeração e ar  condicionado",5501.0,"Compressor Refrigeração",240693.0,"aplicação: ar condicionado, capacidade refrigeração: 30000 btu, tensão: 220/240, tipo: hermético rotativo","UN",1470.0,5.0,7350.0]
["103/2026","Aprovada",null,"SEINFRA- Materias de refrigeração para manutenção","BENS",153052.0,"2026-01-02","2026-06-02",151.0,"SEINFRA - SECRETARIA DE INFRAESTRUTURA","726/2025","Médio",35.0,"2026-03-02","Material",4130.0,"Componentes de equipamentos para refrigeração e ar  condicionado",5501.0,"Compressor Refrigeração",243684.0,"aplicação: ar condicionado, capacidade refrigeração: 60.000, potência: 5, tensão: 380, tipo: hermético alternativo","UN",2370.0,10.0,23700.0]
["103/2026","Aprovada",null,"SEINFRA- Materias de refrigeração para manutenção","BENS",153052.0,"2026-01-02","2026-06-02",151.0,"SEINFRA - SECRETARIA DE INFRAESTRUTURA","726/2025","Médio",36.0,"2026-03-02","Material",4130.0,"Componentes de equipamentos para refrigeração e ar  condicionado",5501.0,"Compressor Refrigeração",386391.0,"aplicação: ar condicionado, capacidade refrigeração: 15, características adicionais: gás r-22, tensão: 220/380, tipo: scroll","UN",21616.0,4.0,86464.0]
["103/2026","Aprovada",null,"SEINFRA- Materias de refrigeração para manutenção","BENS",153052.0,"2026-01-02","2026-06-02",151.0,"SEINFRA - SECRETARIA DE INFRAESTRUTURA","726/2025","Médio",37.0,"2026-03-02","Material",4130.0,"Componentes de equipamentos para refrigeração e ar  condicionado",5501.0,"Compressor Refrigeração",386390.0,"aplicação: ar condicionado, capacidade refrigeração: 10, características adicionais: gás r-22, tensão: 220/380, tipo: scroll","UN",16631.0,2.0,33262.0]
["103/2026","Aprovada",null,"SEINFRA- Materias de refrigeração para manutenção","BENS",153052.0,"2026-01-02","2026-06-02",151.0,"SEINFRA - SECRETARIA DE INFRAESTRUTURA","726/2025","Médio",38.0,"2026-03-02","Material",4130.0,"Componentes de equipamentos para refrigeração e ar  condicionado",5501.0,"Compressor Refrigeração",484686.0,"aplicação: refrigerador, capacidade refrigeração: 20, características adicionais: scroll, referência: 3f-r22/r134a/r407c, modelo sy240a3cbm, tensão: 220","UN",40486.0,1.0,40486.0]
["103/2026","Aprovada",null,"SEINFRA- Materias de refrigeração para manutenção","BENS",153052.0,"2026-01-02","2026-06-02",151.0,"SEINFRA - SECRETARIA DE INFRAESTRUTURA","726/2025","Médio",39.0,"2026-03-02","Material",4130.0,"Componentes de equipamentos para refrigeração e ar  condicionado",16936.0,"Peças E Acessórios Aparelho Ar Condicionado",459876.0,"aplicação: ar condicionado split, características adicionais: evaporadora do condicionador de ar, tipo: placa de comando","UN",160.0,30.0,4800.0]
["103/2026","Aprovada",null,"SEINFRA- Materias de refrigeração para manutenção","BENS",153052.0,"2026-01-02","2026-06-02",151.0,"SEINFRA - SECRETARIA DE INFRAESTRUTURA","726/2025","Médio",40.0,"2026-03-02","Material",5910.0,"Capacitores",14774.0,"Capacitor",483533.0,"capacitância: 1,5, material: mica metalizada, tensão: 450 v, tipo: duplo(fase e partida)","UN",10.0,30.0,300.0]
["103/2026","Aprovada",null,"SEINFRA- Materias de refrigeração para manutenção","BENS",153052.0,"2026-01-02","2026-06-02",151.0,"SEINFRA - SECRETARIA DE INFRAESTRUTURA","726/2025","Médio",41.0,"2026-03-02","Material",5910.0,"Capacitores",14774.0,"Capacitor",296556.0,"aplicação: equipamentos eletrônicos em geral, capacitância: 2, tensão: 250, tipo: eletrolítico","UN",8.0,50.0,400.0]
["103/2026","Aprovada",null,"SEINFRA- Materias de refrigeração para manutenção","BENS",153052.0,"2026-01-02","2026-06-02",151.0,"SEINFRA - SECRETARIA DE INFRAESTRUTURA","726/2025","Médio",42.0,"2026-03-02","Material",5910.0,"Capacitores",4462.0,"Capacitor De Potencia - Tensao Nominal Ate 440 V",615944.0,"capacitância: 2,5, frequencia nominal: 50 / 60, proteção: 10.000 afc, tipo: permanente, tolerância de capacitância: +/- 5 %, voltagem: 440","UN",9.0,100.0,900.0]
["103/2026","Aprovada",null,"SEINFRA- Materias de refrigeração para manutenção","BENS",153052.0,"2026-01-02","2026-06-02",151.0,"SEINFRA - SECRETARIA DE INFRAESTRUTURA","726/2025","Médio",43.0,"2026-03-02","Material",5910.0,"Capacitores",19176.0,"Capacitor Fixo Eletrolítico Aluminío",481808.0,"aplicação: eletrônicos, capacitância nominal: 4, temperatura trabalho: 85, tensão nominal: 250, tolerância: +- 5","UN",15.0,30.0,450.0]
["103/2026","Aprovada",null,"SEINFRA- Materias de refrigeração para manutenção","BENS",153052.0,"2026-01-02","2026-06-02",151.0,"SEINFRA - SECRETARIA DE INFRAESTRUTURA","726/2025","Médio",44.0,"2026-03-02","Material",5910.0,"Capacitores",14774.0,"Capacitor",326401.0,"aplicação: refrigeração, capacitância: 5, tipo: fase, tensão nominal: 380","UN",16.0,100.0,1600.0]
["103/2026","Aprovada",null,"SEINFRA- Materias de refrigeração para manutenção","BENS",153052.0,"2026-01-02","2026-06-02",151.0,"SEINFRA - SECRETARIA DE INFRAESTRUTURA","726/2025","Médio",45.0,"2026-03-02","Material",5910.0,"Capacitores",14774.0,"Capacitor",483534.0,"capacitância: 6, material: alumínio eletrolítico, tensão: 450 v, tipo: duplo(fase e partida)","UN",16.0,20.0,320.0]
["103/2026","Aprovada",null,"SEINFRA- Materias de refrigeração para manutenção","BENS",153052.0,"2026-01-02","2026-06-02",151.0,"SEINFRA - SECRETARIA DE INFRAESTRUTURA","726/2025","Médio",46.0,"2026-03-02","Material",5910.0,"Capacitores",14774.0,"Capacitor",325378.0,"capacitância: 10, características adicionais: precisão = +/-10% microfarad, frequência nominal: 50/60, tensão nominal: 250","UN",13.0,20.0,260.0]
["103/2026","Aprovada",null,"SEINFRA- Materias de refrigeração para manutenção","BENS",153052.0,"2026-01-02","2026-06-02",151.0,"SEINFRA - SECRETARIA DE INFRAESTRUTURA","726/2025","Médio",47.0,"2026-03-02","Material",5910.0,"Capacitores",14774.0,"Capacitor",392407.0,"aplicação: manutenção de aparelho de ar condicionado, capacitância: 15 uf, tensão nominal: 220","UN",14.0,20.0,280.0]
["103/2026","Aprovada",null,"SEINFRA- Materias de refrigeração para manutenção","BENS",153052.0,"2026-01-02","2026-06-02",151.0,"SEINFRA - SECRETARIA DE INFRAESTRUTURA","726/2025","Médio",48.0,"2026-03-02","Material",5910.0,"Capacitores",14774.0,"Capacitor",275090.0,"aplicação: ar condicionado, capacitância: 20, tensão: 380 vac, tipo: fase, características adicionais: 12.000 a 15.000 btu, frequência: 50/60","UN",15.0,20.0,300.0]
["103/2026","Aprovada",null,"SEINFRA- Materias de refrigeração para manutenção","BENS",153052.0,"2026-01-02","2026-06-02",151.0,"SEINFRA - SECRETARIA DE INFRAESTRUTURA","726/2025","Médio",49.0,"2026-03-02","Material",5910.0,"Capacitores",14774.0,"Capacitor",275093.0,"aplicação: ar condicionado, capacitância: 25, tensão: 380 vac, tipo: fase, características adicionais: 18.000 a 30.000 btu, frequência: 50/60","UN",20.0,30.0,600.0]
["103/2026","Aprovada",null,"SEINFRA- Materias de refrigeração para manutenção","BENS",153052.0,"2026-01-02","2026-06-02",151.0,"SEINFRA - SECRETARIA DE INFRAESTRUTURA","726/2025","Médio",50.0,"2026-03-02","Material",5910.0,"Capacitores",14774.0,"Capacitor",484462.0,"capacitância: 25+2,5, material: alumínio eletrolítico, tensão: 450 v, tipo: duplo(fase e partida)","UN",25.0,50.0,1250.0]
["103/2026","Aprovada",null,"SEINFRA- Materias de refrigeração para manutenção","BENS",153052.0,"2026-01-02","2026-06-02",151.0,"SEINFRA - SECRETARIA DE INFRAESTRUTURA","726/2025","Médio",51.0,"2026-03-02","Material",5910.0,"Capacitores",14774.0,"Capacitor",343200.0,"aplicação: ar condicionado, capacitância: 30, tensão nominal: 220","UN",25.0,100.0,2500.0]
["103/2026","Aprovada",null,"SEINFRA- Materias de refrigeração para manutenção","BENS",153052.0,"2026-01-02","2026-06-02",151.0,"SEINFRA - SECRETARIA DE INFRAESTRUTURA","726/2025","Médio",52.0,"2026-03-02","Material",5910.0,"Capacitores",19176.0,"Capacitor Fixo Eletrolítico Aluminío",422287.0,"aplicação: ar condicionado, capacitância nominal: 30 + 5, tensão nominal: 380, tipo: duplo (fase e partida)","UN",15.0,30.0,450.0]
["103/2026","Aprovada",null,"SEINFRA- Materias de refrigeração para manutenção","BENS",153052.0,"2026-01-02","2026-06-02",151.0,"SEINFRA - SECRETARIA DE INFRAESTRUTURA","726/2025","Médio",53.0,"2026-03-02","Material",5910.0,"Capacitores",19176.0,"Capacitor Fixo Eletrolítico Aluminío",422287.0,"aplicação: ar condicionado, capacitância nominal: 30 + 5, tensão nominal: 380, tipo: duplo (fase e partida)","UN",33.0,50.0,1650.0]
["103/2026","Aprovada",null,"SEINFRA- Materias de refrigeração para manutenção","BENS",153052.0,"2026-01-02","2026-06-02",151.0,"SEINFRA - SECRETARIA DE INFRAESTRUTURA","726/2025","Médio",54.0,"2026-03-02","Material",5910.0,"Capacitores",14774.0,"Capacitor",357573.0,"capacitância: 35, tensão nominal: 440","UN",35.0,100.0,3500.0]
["103/2026","Aprovada",null,"SEINFRA- Materias de refrigeração para manutenção","BENS",153052.0,"2026-01-02","2026-06-02",151.0,"SEINFRA - SECRETARIA DE INFRAESTRUTURA","726/2025","Médio",55.0,"2026-03-02","Material",5910.0,"Capacitores",14774.0,"Capacitor",350467.0,"aplicação: ar condicionado, capacitância: 40, tipo: fase, tensão nominal: 220","UN",35.0,100.0,3500.0]
["103/2026","Aprovada",null,"SEINFRA- Materias de refrigeração para manutenção","BENS",153052.0,"2026-01-02","2026-06-02",151.0,"SEINFRA - SECRETARIA DE INFRAESTRUTURA","726/2025","Médio",56.0,"2026-03-02","Material",5910.0,"Capacitores",14774.0,"Capacitor",357571.0,"capacitância: 45, tensão nominal: 440","UN",23.0,100.0,2300.0]
["103/2026","Aprovada",null,"SEINFRA- Materias de refrigeração para manutenção","BENS",153052.0,"2026-01-02","2026-06-02",151.0,"SEINFRA - SECRETARIA DE INFRAESTRUTURA","726/2025","Médio",57.0,"2026-03-02","Material",5910.0,"Capacitores",14774.0,"Capacitor",334342.0,"aplicação: ar condicionado, capacitância: 45 + 5, material: alumínio, tipo: duplo(fase e partida), características adicionais: 18.000 a 30.000 btu, número de fases: trifásico, frequência nominal: 50/60, tensão nominal: 380, referência: ru 05706035","UN",30.0,50.0,1500.0]
["103/2026","Aprovada",null,"SEINFRA- Materias de refrigeração para manutenção","BENS",153052.0,"2026-01-02","2026-06-02",151.0,"SEINFRA - SECRETARIA DE INFRAESTRUTURA","726/2025","Médio",58.0,"2026-03-02","Material",5910.0,"Capacitores",19201.0,"Capacitor Fixo Polipropileno Metalizado",383433.0,"aplicação: motores de capacitor permanente, capacitância nominal: 50, frequência nominal: 50/60, tensão nominal: 380","UN",27.0,100.0,2700.0]
["103/2026","Aprovada",null,"SEINFRA- Materias de refrigeração para manutenção","BENS",153052.0,"2026-01-02","2026-06-02",151.0,"SEINFRA - SECRETARIA DE INFRAESTRUTURA","726/2025","Médio",59.0,"2026-03-02","Material",5910.0,"Capacitores",14774.0,"Capacitor",483532.0,"capacitância: 55, material: alumínio eletrolítico, tensão: 450 v, tipo: duplo(fase e partida)","UN",26.0,50.0,1300.0]
["103/2026","Aprovada",null,"SEINFRA- Materias de refrigeração para manutenção","BENS",153052.0,"2026-01-02","2026-06-02",151.0,"SEINFRA - SECRETARIA DE INFRAESTRUTURA","726/2025","Médio",60.0,"2026-03-02","Material",5910.0,"Capacitores",14774.0,"Capacitor",483532.0,"capacitância: 55, material: alumínio eletrolítico, tensão: 450 v, tipo: duplo(fase e partida)","UN",25.0,50.0,1250.0]
["103/2026","Aprovada",null,"SEINFRA- Materias de refrigeração para manutenção","BENS",153052.0,"2026-01-02","2026-06-02",151.0,"SEINFRA - SECRETARIA DE INFRAESTRUTURA","726/2025","Médio",62.0,"2026-03-02","Material",5930.0,"Chaves elétricas",14517.0,"Contator",478408.0,"aplicação: instalações elétricas, características adicionais: com parafuso, corrente trabalho: 9, frequência: 50/60, referência: cwm9-10-30 d23, tensão trabalho: 220, tipo: trifásico","UN",105.0,100.0,10500.0]
["103/2026","Aprovada",null,"SEINFRA- Materias de refrigeração para manutenção","BENS",153052.0,"2026-01-02","2026-06-02",151.0,"SEINFRA - SECRETARIA DE INFRAESTRUTURA","726/2025","Médio",63.0,"2026-03-02","Material",5930.0,"Chaves elétricas",14517.0,"Contator",354798.0,"aplicação: compressor tipo scroll, corrente trabalho: 18, frequência: 60, modelo: cwm18.10 (weg), número e tipo de contatos principais: 1na, tensão nominal bobina: 220, tipo: trifásico","UN",100.0,100.0,10000.0]
["103/2026","Aprovada",null,"SEINFRA- Materias de refrigeração para manutenção","BENS",153052.0,"2026-01-02","2026-06-02",151.0,"SEINFRA - SECRETARIA DE INFRAESTRUTURA","726/2025","Médio",64.0,"2026-03-02","Material",5930.0,"Chaves elétricas",14517.0,"Contator",441011.0,"características adicionais: afundamento de tensão de 0,5p.u; duração ate 1min, corrente trabalho: 32, modelo1: 3tf4422-0a (siemens), número e tipo de contatos principais: 2na + 2nf, tensão trabalho: 220, tipo: trifásico","UN",200.0,150.0,30000.0]
["103/2026","Aprovada",null,"SEINFRA- Materias de refrigeração para manutenção","BENS",153052.0,"2026-01-02","2026-06-02",151.0,"SEINFRA - SECRETARIA DE INFRAESTRUTURA","726/2025","Médio",65.0,"2026-03-02","Material",5930.0,"Chaves elétricas",14517.0,"Contator",426363.0,"corrente trabalho: 40, frequência: 60, modelo: 3rt1035-1an10, número e tipo de contatos auxiliares: 2na + 2nf, número pólos: 3, tamanho: s2, tensão nominal bobina: 220, tensão trabalho: 380","UN",138.0,30.0,4140.0]
["103/2026","Aprovada",null,"SEINFRA- Materias de refrigeração para manutenção","BENS",153052.0,"2026-01-02","2026-06-02",151.0,"SEINFRA - SECRETARIA DE INFRAESTRUTURA","726/2025","Médio",66.0,"2026-03-02","Material",5945.0,"Relés e solenóides",19127.0,"Relé Proteção De Potência",345203.0,"características adicionais: montagem trilho din, corrente nominal: 30, número contato: 2 reversíveis, potência nominal: 1,7, referência: 66.82.024.0007 (finder), tensão alimentação: 24, tipo conexão: terminais faston 250","UN",68.89,100.0,6889.0]
["103/2026","Aprovada",null,"SEINFRA- Materias de refrigeração para manutenção","BENS",153052.0,"2026-01-02","2026-06-02",151.0,"SEINFRA - SECRETARIA DE INFRAESTRUTURA","726/2025","Médio",67.0,"2026-03-02","Material",4820.0,"Válvulas não acionadas por força motriz",13245.0,"Válvula",265512.0,"bitola: 1/4, material: latão, tipo: schrader, tipo fixação: roscável (2 lados), tipo rosca: npt","UN",12.0,100.0,1200.0]
["103/2026","Aprovada",null,"SEINFRA- Materias de refrigeração para manutenção","BENS",153052.0,"2026-01-02","2026-06-02",151.0,"SEINFRA - SECRETARIA DE INFRAESTRUTURA","726/2025","Médio",70.0,"2026-03-02","Material",4130.0,"Componentes de equipamentos para refrigeração e ar  condicionado",16936.0,"Peças E Acessórios Aparelho Ar Condicionado",607642.0,"aplicação: ar condicionado split, diâmetro: 1/4, tipo: válvula serviços","UN",4.67,50.0,233.5]
["103/2026","Aprovada",null,"SEINFRA- Materias de refrigeração para manutenção","BENS",153052.0,"2026-01-02","2026-06-02",151.0,"SEINFRA - SECRETARIA DE INFRAESTRUTURA","726/2025","Médio",71.0,"2026-03-02","Material",5310.0,"Porcas e arruelas",11026.0,"Porca",346276.0,"características adicionais: para tubo de cobre, diâmetro furo: 1/2, espessura: 1/32, material: latão, tipo: flange","UN",5.3,50.0,265.0]
["103/2026","Aprovada",null,"SEINFRA- Materias de refrigeração para manutenção","BENS",153052.0,"2026-01-02","2026-06-02",151.0,"SEINFRA - SECRETARIA DE INFRAESTRUTURA","726/2025","Médio",72.0,"2026-03-02","Material",5310.0,"Porcas e arruelas",11026.0,"Porca",346278.0,"características adicionais: para tubo de cobre, diâmetro furo: 5/8, espessura: 1/32, material: latão, tipo: flange","UN",6.3,20.0,126.0]
["103/2026","Aprovada",null,"SEINFRA- Materias de refrigeração para manutenção","BENS",153052.0,"2026-01-02","2026-06-02",151.0,"SEINFRA - SECRETARIA DE INFRAESTRUTURA","726/2025","Médio",73.0,"2026-03-02","Material",4130.0,"Componentes de equipamentos para refrigeração e ar  condicionado",17582.0,"Filtro Secador",275064.0,"aplicação: ar condicionado, características adicionais: 1 capilar, gás refrigerante r 22, tipo: r22 com correção de acidez do gás","UN",8.91,50.0,445.5]
["103/2026","Aprovada",null,"SEINFRA- Materias de refrigeração para manutenção","BENS",153052.0,"2026-01-02","2026-06-02",151.0,"SEINFRA - SECRETARIA DE INFRAESTRUTURA","726/2025","Médio",74.0,"2026-03-02","Material",4130.0,"Componentes de equipamentos para refrigeração e ar  condicionado",5501.0,"Compressor Refrigeração",236679.0,"aplicação: bebedouro, potência: 1/10 hp, tensão: 110/127","UN",440.0,5.0,2200.0]
["103/2026","Aprovada",null,"SEINFRA- Materias de refrigeração para manutenção","BENS",153052.0,"2026-01-02","2026-06-02",151.0,"SEINFRA - SECRETARIA DE INFRAESTRUTURA","726/2025","Médio",75.0,"2026-03-02","Material",4130.0,"Componentes de equipamentos para refrigeração e ar  condicionado",5501.0,"Compressor Refrigeração",483795.0,"aplicação: refrigerador, potência: 1/12, tensão: 127, tipo: alternativo","UN",374.97,5.0,1874.85]
["103/2026","Aprovada",null,"SEINFRA- Materias de refrigeração para manutenção","BENS",153052.0,"2026-01-02","2026-06-02",151.0,"SEINFRA - SECRETARIA DE INFRAESTRUTURA","726/2025","Médio",76.0,"2026-03-02","Material",5930.0,"Chaves elétricas",14517.0,"Contator",376263.0,"aplicação: motor elétrico, corrente trabalho: 18, modelo1: 3rt10 15-1bb41 (siemens), número e tipo de contatos principais: 1na, tensão trabalho: 24","UN",120.0,50.0,6000.0]
["103/2026","Aprovada",null,"SEINFRA- Materias de refrigeração para manutenção","BENS",153052.0,"2026-01-02","2026-06-02",151.0,"SEINFRA - SECRETARIA DE INFRAESTRUTURA","726/2025","Médio",77.0,"2026-03-02","Material",5930.0,"Chaves elétricas",14517.0,"Contator",623606.0,"aplicação: sistema elétrico, categoria: ac-3, corrente trabalho: 25, dimensões máximas: (a x l x p)    72,5 x 35 x 84,5, frequência: 60, grau proteção: ip20, modelo1: cwm25, normas técnicas: iec 60947, número e tipo de contatos principais: 3na, número pólos: 3, potência nominal: 11, referência: cwm25 - 11 - 30, sistema fixação: em trilho din, temperatura trabalho: < 55, tensão isolamento: 1000, tensão nominal bobina: 220, tensão trabalho: 440","UN",150.0,200.0,30000.0]
["103/2026","Aprovada",null,"SEINFRA- Materias de refrigeração para manutenção","BENS",153052.0,"2026-01-02","2026-06-02",151.0,"SEINFRA - SECRETARIA DE INFRAESTRUTURA","726/2025","Médio",78.0,"2026-03-02","Material",6685.0,"Instrumentos para medição e controle de pressão,temperatura e umidade",5815.0,"Controlador Eletrônico De Temperatura",621409.0,"aplicação: acionamento elétrico, faixa temperatura: -50 a 105, modelo: digital, tensão: 115/230","UN",177.0,10.0,1770.0]
["103/2026","Aprovada",null,"SEINFRA- Materias de refrigeração para manutenção","BENS",153052.0,"2026-01-02","2026-06-02",151.0,"SEINFRA - SECRETARIA DE INFRAESTRUTURA","726/2025","Médio",79.0,"2026-03-02","Material",5930.0,"Chaves elétricas",14517.0,"Contator",614587.0,"aplicação: partida e proteção de motores, características adicionais: tipo de terminal: parafuso, corrente trabalho: 50, grau proteção: ip10, ip20, número e tipo de contatos principais: 1na + 1nf, tensão trabalho: 220, tipo: trifásico","UN",495.0,10.0,4950.0]
["103/2026","Aprovada",null,"SEINFRA- Materias de refrigeração para manutenção","BENS",153052.0,"2026-01-02","2026-06-02",151.0,"SEINFRA - SECRETARIA DE INFRAESTRUTURA","726/2025","Médio",80.0,"2026-03-02","Material",4130.0,"Componentes de equipamentos para refrigeração e ar  condicionado",15179.0,"Motor Ventilador Aparelho Refrigeração",454862.0,"características adicionais: cooler do evaporador, modelo: 412-de-1200; série: 16098109, tensão: 220, tipo aparelho: geladeira nova ética","UN",89.28,20.0,1785.6]
["103/2026","Aprovada",null,"SEINFRA- Materias de refrigeração para manutenção","BENS",153052.0,"2026-01-02","2026-06-02",151.0,"SEINFRA - SECRETARIA DE INFRAESTRUTURA","726/2025","Médio",81.0,"2026-03-02","Material",4710.0,"Canos e tubos",659.0,"Tubo Pvc Soldável",396865.0,"aplicação: hidráulica, comprimento: 6, cor: marrom, diâmetro nominal: 25, material: pvc rígido","UN",19.9,30.0,597.0]
["103/2026","Aprovada",null,"SEINFRA- Materias de refrigeração para manutenção","BENS",153052.0,"2026-01-02","2026-06-02",151.0,"SEINFRA - SECRETARIA DE INFRAESTRUTURA","726/2025","Médio",82.0,"2026-03-02","Material",4730.0,"Acessórios e ferragens especiais para  mangueiras, canos  e tubos",13546.0,"Conexão Hidráulica",626048.0,"bitola i: 25 mm x 3/4, características adicionais 1: rosca lr, material: pvc, normas técnicas: nbr 5648 cl. 15, tipo: joelho 90°","UN",1.38,60.0,82.8]
["103/2026","Aprovada",null,"SEINFRA- Materias de refrigeração para manutenção","BENS",153052.0,"2026-01-02","2026-06-02",151.0,"SEINFRA - SECRETARIA DE INFRAESTRUTURA","726/2025","Médio",83.0,"2026-03-02","Material",4730.0,"Acessórios e ferragens especiais para  mangueiras, canos  e tubos",13546.0,"Conexão Hidráulica",452724.0,"bitola: 25, material: ppr, tipo: joelho 45°, tipo fixação: soldável","UN",1.58,50.0,79.0]
["103/2026","Aprovada",null,"SEINFRA- Materias de refrigeração para manutenção","BENS",153052.0,"2026-01-02","2026-06-02",151.0,"SEINFRA - SECRETARIA DE INFRAESTRUTURA","726/2025","Médio",84.0,"2026-03-02","Material",4730.0,"Acessórios e ferragens especiais para  mangueiras, canos  e tubos",13546.0,"Conexão Hidráulica",374260.0,"aplicação: instalações prediais água fria, bitola: 25, material: pvc, tipo: curva 90°, tipo fixação: soldável","UN",2.96,30.0,88.8]
["103/2026","Aprovada",null,"SEINFRA- Materias de refrigeração para manutenção","BENS",153052.0,"2026-01-02","2026-06-02",151.0,"SEINFRA - SECRETARIA DE INFRAESTRUTURA","726/2025","Médio",85.0,"2026-03-02","Material",4130.0,"Componentes de equipamentos para refrigeração e ar  condicionado",16936.0,"Peças E Acessórios Aparelho Ar Condicionado",484501.0,"aplicação: ar condicionado, características adicionais: aparelho de ar de 24000 btus e 30000 btus, tipo: bomba dreno","UN",229.0,10.0,2290.0]
["103/2026","Aprovada",null,"SEINFRA- Materias de refrigeração para manutenção","BENS",153052.0,"2026-01-02","2026-06-02",151.0,"SEINFRA - SECRETARIA DE INFRAESTRUTURA","726/2025","Médio",89.0,"2026-03-02","Material",5330.0,"Gaxetas e outros materiais para vedação",7612.0,"Fita Veda Rosca",319589.0,"comprimento: 50, largura: 18, material: teflon","UN",14.0,100.0,1400.0]
["103/2026","Aprovada",null,"SEINFRA- Materias de refrigeração para manutenção","BENS",153052.0,"2026-01-02","2026-06-02",151.0,"SEINFRA - SECRETARIA DE INFRAESTRUTURA","726/2025","Médio",90.0,"2026-03-02","Material",5310.0,"Porcas e arruelas",11026.0,"Porca",627619.0,"características adicionais: para tubo de cobre, diâmetro furo: 1/4, material: latão, tipo: flange","UN",3.35,50.0,167.5]
["103/2026","Aprovada",null,"SEINFRA- Materias de refrigeração para manutenção","BENS",153052.0,"2026-01-02","2026-06-02",151.0,"SEINFRA - SECRETARIA DE INFRAESTRUTURA","726/2025","Médio",91.0,"2026-03-02","Material",4130.0,"Componentes de equipamentos para refrigeração e ar  condicionado",5501.0,"Compressor Refrigeração",273987.0,"aplicação: refrigerador, características adicionais: para refrigerante r404a, potência: 1/4, tensão: 220, tipo: hermético, modelo: akl19js","UN",420.0,70.0,29400.0]
["103/2026","Aprovada",null,"SEINFRA- Materias de refrigeração para manutenção","BENS",153052.0,"2026-01-02","2026-06-02",151.0,"SEINFRA - SECRETARIA DE INFRAESTRUTURA","726/2025","Médio",92.0,"2026-03-02","Material",4130.0,"Componentes de equipamentos para refrigeração e ar  condicionado",5501.0,"Compressor Refrigeração",240682.0,"aplicação: refrigerador, potência: 1/3 hp, tensão: 220/240, tipo: hermético alternativo","UN",420.0,50.0,21000.0]
["103/2026","Aprovada",null,"SEINFRA- Materias de refrigeração para manutenção","BENS",153052.0,"2026-01-02","2026-06-02",151.0,"SEINFRA - SECRETARIA DE INFRAESTRUTURA","726/2025","Médio",93.0,"2026-03-02","Material",4130.0,"Componentes de equipamentos para refrigeração e ar  condicionado",5501.0,"Compressor Refrigeração",246814.0,"aplicação: refrigerador, características adicionais: 60 hz; monofásico, potência: 1/8 hp, tensão: 220","UN",440.0,5.0,2200.0]
["103/2026","Aprovada",null,"SEINFRA- Materias de refrigeração para manutenção","BENS",153052.0,"2026-01-02","2026-06-02",151.0,"SEINFRA - SECRETARIA DE INFRAESTRUTURA","726/2025","Médio",94.0,"2026-03-02","Material",4130.0,"Componentes de equipamentos para refrigeração e ar  condicionado",5501.0,"Compressor Refrigeração",290134.0,"aplicação: bebedouro r 134 a, potência: 1/5, tensão: 220, tipo: hermético, modelo: az","UN",330.0,50.0,16500.0]
["103/2026","Aprovada",null,"SEINFRA- Materias de refrigeração para manutenção","BENS",153052.0,"2026-01-02","2026-06-02",151.0,"SEINFRA - SECRETARIA DE INFRAESTRUTURA","726/2025","Médio",95.0,"2026-03-02","Material",4130.0,"Componentes de equipamentos para refrigeração e ar  condicionado",5501.0,"Compressor Refrigeração",290132.0,"aplicação: bebedouro r 134 a, capacidade refrigeração: 3,5, características adicionais: tipo tp, potência: 1/6, tensão: 220, tipo: hermético","UN",461.0,30.0,13830.0]
["103/2026","Aprovada",null,"SEINFRA- Materias de refrigeração para manutenção","BENS",153052.0,"2026-01-02","2026-06-02",151.0,"SEINFRA - SECRETARIA DE INFRAESTRUTURA","726/2025","Médio",96.0,"2026-03-02","Material",4510.0,"Dispositivos e acessórios para instalações hidráulicas",11383.0,"Engate Hidráulico",247042.0,"aplicação: instalações prediais água fria, bitola: 1/2, comprimento: 60, material: pvc flexível","UN",15.0,150.0,2250.0]
["103/2026","Aprovada",null,"SEINFRA- Materias de refrigeração para manutenção","BENS",153052.0,"2026-01-02","2026-06-02",151.0,"SEINFRA - SECRETARIA DE INFRAESTRUTURA","726/2025","Médio",98.0,"2026-03-02","Material",4720.0,"Mangueiras e tubulações flexíveis",13821.0,"Mangueira",339263.0,"aparência visual: incolor, diâmetro externo: 8 mm, diâmetro interno: 4, material: silicone","M",19.9,100.0,1990.0]
["103/2026","Aprovada",null,"SEINFRA- Materias de refrigeração para manutenção","BENS",153052.0,"2026-01-02","2026-06-02",151.0,"SEINFRA - SECRETARIA DE INFRAESTRUTURA","726/2025","Médio",99.0,"2026-03-02","Material",4720.0,"Mangueiras e tubulações flexíveis",13821.0,"Mangueira",419622.0,"aparência visual: incolor, diâmetro externo: 10, diâmetro interno: 6, material: silicone","M",18.79,100.0,1879.0]
["103/2026","Aprovada",null,"SEINFRA- Materias de refrigeração para manutenção","BENS",153052.0,"2026-01-02","2026-06-02",151.0,"SEINFRA - SECRETARIA DE INFRAESTRUTURA","726/2025","Médio",100.0,"2026-03-02","Material",4720.0,"Mangueiras e tubulações flexíveis",13821.0,"Mangueira",297581.0,"aparência visual: transparente, diâmetro externo: 12,80, diâmetro interno: 8, material: silicone","M",23.45,100.0,2345.0]
["103/2026","Aprovada",null,"SEINFRA- Materias de refrigeração para manutenção","BENS",153052.0,"2026-01-02","2026-06-02",151.0,"SEINFRA - SECRETARIA DE INFRAESTRUTURA","726/2025","Médio",101.0,"2026-03-02","Material",4720.0,"Mangueiras e tubulações flexíveis",615.0,"Mangueira Hidráulica",368816.0,"aplicação: bebedouro de garrafão, características adicionais: flexivel, inodora, atóxica, diâmetro interno: 3/8, material: silicone","M",3.5,100.0,350.0]
["103/2026","Aprovada",null,"SEINFRA- Materias de refrigeração para manutenção","BENS",153052.0,"2026-01-02","2026-06-02",151.0,"SEINFRA - SECRETARIA DE INFRAESTRUTURA","726/2025","Médio",102.0,"2026-03-02","Material",4610.0,"Equipamentos para purificação de água",7451.0,"Filtro Purificação Água",625289.0,"características adicionais: conforme modelo, material: polipropileno e carvão ativado com prata coloidal, pressão máxima: 29 a 392, referência: refil pa200 ? código 1090a, tamanho: 168 x 76 x 76, vazão: 60","UN",78.0,20.0,1560.0]
["103/2026","Aprovada",null,"SEINFRA- Materias de refrigeração para manutenção","BENS",153052.0,"2026-01-02","2026-06-02",151.0,"SEINFRA - SECRETARIA DE INFRAESTRUTURA","726/2025","Médio",103.0,"2026-03-02","Material",4610.0,"Equipamentos para purificação de água",7464.0,"Filtro De Água",384570.0,"características adicionais: elemento filtrante com prata, carvão ativado, celu, diâmetro conexão entrada: 1/2, diâmetro conexão saída: 1/2, material: polipropileno, vazão: 360","UN",37.52,20.0,750.4]
["103/2026","Aprovada",null,"SEINFRA- Materias de refrigeração para manutenção","BENS",153052.0,"2026-01-02","2026-06-02",151.0,"SEINFRA - SECRETARIA DE INFRAESTRUTURA","726/2025","Médio",104.0,"2026-03-02","Material",8020.0,"Pincel para artistas e pintores",1573.0,"Trincha",466026.0,"características adicionais: base cerdas em metal, material cabo: plástico, material cerdas: pêlo crina de cavalo, tamanho: 3, tipo cabo: curto","UN",14.99,50.0,749.5]
["103/2026","Aprovada",null,"SEINFRA- Materias de refrigeração para manutenção","BENS",153052.0,"2026-01-02","2026-06-02",151.0,"SEINFRA - SECRETARIA DE INFRAESTRUTURA","726/2025","Médio",105.0,"2026-03-02","Material",5940.0,"BORNES, TERMINAIS E LÂMINAS TERMINAIS",14958.0,"TERMINAL ELÉTRICO",397719.0,"COR DA ISOLAÇÃO: AMARELA, MATERIAL: LATÃO ESTANHADO, MATERIAL ISOLAMENTO: PVC, REFERÊNCIA FABRICANTE: F-1039-1 (AXT), SEÇÃO NOMINAL CONDUTOR: 4 A 6, TIPO: FÊMEA E PRÉ-ISOLADO","UN",20.97,30.0,629.1]
["103/2026","Aprovada",null,"SEINFRA- Materias de refrigeração para manutenção","BENS",153052.0,"2026-01-02","2026-06-02",151.0,"SEINFRA - SECRETARIA DE INFRAESTRUTURA","726/2025","Médio",106.0,"2026-03-02","Material",5940.0,"Bornes, terminais e lâminas terminais",14958.0,"Terminal Elétrico",397718.0,"cor da isolação: azul, material: latão estanhado, material isolamento: pvc, referência fabricante: f-1038-1 (axt), seção nominal condutor: 1 a 2,5, tipo: fêmea e pré-isolado","UN",33.0,30.0,990.0]
["103/2026","Aprovada",null,"SEINFRA- Materias de refrigeração para manutenção","BENS",153052.0,"2026-01-02","2026-06-02",151.0,"SEINFRA - SECRETARIA DE INFRAESTRUTURA","726/2025","Médio",107.0,"2026-03-02","Material",4510.0,"Dispositivos e acessórios para instalações hidráulicas",12820.0,"Torneira",473496.0,"acabamento superficial: cromado, aplicação: bebedouro industrial modelo pre200e, caracteristicas adicionais: com protetor de boca,comprimento mínimo 10cm,, diâmetro: 1/2, material corpo: metal cromado, tipo: pressão","UN",37.96,50.0,1898.0]
["103/2026","Aprovada",null,"SEINFRA- Materias de refrigeração para manutenção","BENS",153052.0,"2026-01-02","2026-06-02",151.0,"SEINFRA - SECRETARIA DE INFRAESTRUTURA","726/2025","Médio",108.0,"2026-03-02","Material",4130.0,"Componentes de equipamentos para refrigeração e ar  condicionado",13939.0,"Conjunto Manifold",458708.0,"aplicação: amostradores de ar, características adicionais: bomba a vácuo e manifold, componentes: mangueira, conexões","CJ",134.0,20.0,2680.0]
["103/2026","Aprovada",null,"SEINFRA- Materias de refrigeração para manutenção","BENS",153052.0,"2026-01-02","2026-06-02",151.0,"SEINFRA - SECRETARIA DE INFRAESTRUTURA","726/2025","Médio",109.0,"2026-03-02","Material",4130.0,"Componentes de equipamentos para refrigeração e ar  condicionado",13939.0,"Conjunto Manifold",325850.0,"aplicação: manutenção central de ar condicionado, características adicionais: escala baixa 0 a 30 mmhg, 0 a 250 psig (manovacuô, componentes: 2 vias, 3 mangueiras 900mm para r12/r22/r502 e cor","CJ",76.5,20.0,1530.0]
["104/2026","Aprovada",null,"SEINFRA - Materiais básicos de alvenaria para manutenção","BENS",153052.0,"2026-01-02","2026-07-02",181.0,"SEINFRA - SECRETARIA DE INFRAESTRUTURA","761/2025","Médio",23.0,"2026-06-01","Material",8040.0,"Adesivos",13894.0,"Cola",307419.0,"aplicação: espuma/carpete/forração/laminad/fórmica, características adicionais: tipo adesivo amazonas am 01/especial, composição: resina sintética e natural/aditivo/acetato etila/, cor: incolor, tipo: pastosa","UN",130.0,70.0,9100.0]
["104/2026","Aprovada",null,"SEINFRA - Materiais básicos de alvenaria para manutenção","BENS",153052.0,"2026-01-02","2026-07-02",181.0,"SEINFRA - SECRETARIA DE INFRAESTRUTURA","780/2025","Médio",1.0,"2026-06-01","Material",8040.0,"Adesivos",13894.0,"Cola",282967.0,"aplicação: papel, composição: polivinil acetato - pva, cor: branca, tipo: pastosa","FR",28.0,75.0,2100.0]
["104/2026","Aprovada",null,"SEINFRA - Materiais básicos de alvenaria para manutenção","BENS",153052.0,"2026-01-02","2026-07-02",181.0,"SEINFRA - SECRETARIA DE INFRAESTRUTURA","780/2025","Médio",2.0,"2026-06-01","Material",9150.0,"Óleos e graxas para corte, lubrificação e sistemas  hidráulicos",14780.0,"Desengripante",602645.0,"aplicação: uso geral, apresentação: spray, composição: base sintética biodegradável","FR",12.0,200.0,2400.0]
["104/2026","Aprovada",null,"SEINFRA - Materiais básicos de alvenaria para manutenção","BENS",153052.0,"2026-01-02","2026-07-02",181.0,"SEINFRA - SECRETARIA DE INFRAESTRUTURA","780/2025","Médio",3.0,"2026-06-01","Material",8030.0,"Compostos preservativos e vedantes",9425.0,"Massa Plástica",605486.0,"aplicação: colagem de cubas, granitos, mármore, características adicionais: com catalisador, composição básica: resina poliéster, minerais e aditivos","LT",20.0,250.0,5000.0]
["104/2026","Aprovada",null,"SEINFRA - Materiais básicos de alvenaria para manutenção","BENS",153052.0,"2026-01-02","2026-07-02",181.0,"SEINFRA - SECRETARIA DE INFRAESTRUTURA","780/2025","Médio",4.0,"2026-06-01","Material",5330.0,"Gaxetas e outros materiais para vedação",9424.0,"Massa Calafetar",225732.0,"aplicação: calafetação de juntas ou fendas de grandes dimen-, características adicionais: boa aderência, não seca/ não se torna quebradiço,, comprimento: 770, consistência: massa, cor: cinza, largura: 6, peso específico: 1,50, quantidade filete: 320, temperatura conservação: 15 e 25, tipo base: resinas e borrachas sintéticas, tipo resistência: água, uso: indústria geladeira/refrigerador/automobilística","EMB",10.5,50.0,525.0]
["104/2026","Aprovada",null,"SEINFRA - Materiais básicos de alvenaria para manutenção","BENS",153052.0,"2026-01-02","2026-07-02",181.0,"SEINFRA - SECRETARIA DE INFRAESTRUTURA","780/2025","Médio",5.0,"2026-06-01","Material",8040.0,"Adesivos",17252.0,"Adesivo Veda-Calha",454850.0,"aplicação: calhas, telhas, rufos, pingadeira, aspecto físico: fita, características adicionais: manta impermeabilização aluminizada, largura: 90","BIS",19.0,500.0,9500.0]
["104/2026","Aprovada",null,"SEINFRA - Materiais básicos de alvenaria para manutenção","BENS",153052.0,"2026-01-02","2026-07-02",181.0,"SEINFRA - SECRETARIA DE INFRAESTRUTURA","780/2025","Médio",6.0,"2026-06-01","Material",8040.0,"Adesivos",2107.0,"Adesivo Uso Geral",485295.0,"aplicação: ligante, apresentação: líquido pastoso, características adicionais: solúvel em água, composição: polímeros acrílicos, cargas minerais, agentes anti","BIS",21.0,500.0,10500.0]
["104/2026","Aprovada",null,"SEINFRA - Materiais básicos de alvenaria para manutenção","BENS",153052.0,"2026-01-02","2026-07-02",181.0,"SEINFRA - SECRETARIA DE INFRAESTRUTURA","780/2025","Médio",7.0,"2026-06-01","Material",9999.0,"Itens diversos",7049.0,"Espuma",389890.0,"aplicação: vedação superfícies lisas e porosas, aspecto físico: spray, características adicionais: expansiva, material: poliuretano","UN",25.0,300.0,7500.0]
["104/2026","Aprovada",null,"SEINFRA - Materiais básicos de alvenaria para manutenção","BENS",153052.0,"2026-01-02","2026-07-02",181.0,"SEINFRA - SECRETARIA DE INFRAESTRUTURA","780/2025","Médio",8.0,"2026-06-01","Material",5610.0,"Materiais de origem mineral para construção, a granel",862.0,"Areia",216953.0,"granulometria: fina, tipo: lavada","M3",130.0,50.0,6500.0]
["104/2026","Aprovada",null,"SEINFRA - Materiais básicos de alvenaria para manutenção","BENS",153052.0,"2026-01-02","2026-07-02",181.0,"SEINFRA - SECRETARIA DE INFRAESTRUTURA","780/2025","Médio",9.0,"2026-06-01","Material",5610.0,"Materiais de origem mineral para construção, a granel",862.0,"Areia",216955.0,"granulometria: grossa, tipo: lavada","M3",195.0,100.0,19500.0]
["104/2026","Aprovada",null,"SEINFRA - Materiais básicos de alvenaria para manutenção","BENS",153052.0,"2026-01-02","2026-07-02",181.0,"SEINFRA - SECRETARIA DE INFRAESTRUTURA","780/2025","Médio",10.0,"2026-06-01","Material",5610.0,"Materiais de origem mineral para construção, a granel",862.0,"Areia",216954.0,"granulometria: média, tipo: lavada","M3",127.0,50.0,6350.0]
["104/2026","Aprovada",null,"SEINFRA - Materiais básicos de alvenaria para manutenção","BENS",153052.0,"2026-01-02","2026-07-02",181.0,"SEINFRA - SECRETARIA DE INFRAESTRUTURA","780/2025","Médio",11.0,"2026-06-01","Material",5610.0,"Materiais de origem mineral para construção, a granel",14331.0,"Argamassa",616923.0,"características adicionais: resistencia a compressao minima de 10 mpa, composição: cimento, agregados minerais, pigmentos inorgânicos, cor: branca, tipo: colante flexível","UN",18.5,200.0,3700.0]
["104/2026","Aprovada",null,"SEINFRA - Materiais básicos de alvenaria para manutenção","BENS",153052.0,"2026-01-02","2026-07-02",181.0,"SEINFRA - SECRETARIA DE INFRAESTRUTURA","780/2025","Médio",12.0,"2026-06-01","Material",5610.0,"Materiais de origem mineral para construção, a granel",14331.0,"Argamassa",616923.0,"características adicionais: resistencia a compressao minima de 10 mpa, composição: cimento, agregados minerais, pigmentos inorgânicos, cor: branca, tipo: colante flexível","UN",27.9,300.0,8370.0]
["104/2026","Aprovada",null,"SEINFRA - Materiais básicos de alvenaria para manutenção","BENS",153052.0,"2026-01-02","2026-07-02",181.0,"SEINFRA - SECRETARIA DE INFRAESTRUTURA","780/2025","Médio",13.0,"2026-06-01","Material",5610.0,"Materiais de origem mineral para construção, a granel",863.0,"Brita",216957.0,"material: rocha triturada, tamanho: brita 1","M3",190.0,40.0,7600.0]
["104/2026","Aprovada",null,"SEINFRA - Materiais básicos de alvenaria para manutenção","BENS",153052.0,"2026-01-02","2026-07-02",181.0,"SEINFRA - SECRETARIA DE INFRAESTRUTURA","780/2025","Médio",14.0,"2026-06-01","Material",5610.0,"Materiais de origem mineral para construção, a granel",863.0,"Brita",216956.0,"material: rocha triturada, tamanho: brita 0","M3",150.0,100.0,15000.0]
["104/2026","Aprovada",null,"SEINFRA - Materiais básicos de alvenaria para manutenção","BENS",153052.0,"2026-01-02","2026-07-02",181.0,"SEINFRA - SECRETARIA DE INFRAESTRUTURA","780/2025","Médio",15.0,"2026-06-01","Material",5610.0,"Materiais de origem mineral para construção, a granel",867.0,"Cimento Portland",237928.0,"material: clinker, tipo: cp ii","SC",42.0,1300.0,54600.0]
["104/2026","Aprovada",null,"SEINFRA - Materiais básicos de alvenaria para manutenção","BENS",153052.0,"2026-01-02","2026-07-02",181.0,"SEINFRA - SECRETARIA DE INFRAESTRUTURA","780/2025","Médio",16.0,"2026-06-01","Material",5680.0,"Materiais diversos para construção",855.0,"Mourão Concreto",296274.0,"aplicação: cerca arame, características adicionais: armado, reforçado, c/ gravata, 24 furos, base 15 x, comprimento total: 2,80, tipo seção: quadrada","UN",110.0,300.0,33000.0]
["104/2026","Aprovada",null,"SEINFRA - Materiais básicos de alvenaria para manutenção","BENS",153052.0,"2026-01-02","2026-07-02",181.0,"SEINFRA - SECRETARIA DE INFRAESTRUTURA","780/2025","Médio",17.0,"2026-06-01","Material",5610.0,"Materiais de origem mineral para construção, a granel",14331.0,"Argamassa",347373.0,"características adicionais: densidade aparente 1,1 a 1,5g/cm³ e cert. inmetro, composição: cimento, agregados minerais, pigmentos inorgânicos, cor: cinza, normas técnicas: nbr 14.992, tipo: rejunte flexível","PCT",6.4,80.0,512.0]
["104/2026","Aprovada",null,"SEINFRA - Materiais básicos de alvenaria para manutenção","BENS",153052.0,"2026-01-02","2026-07-02",181.0,"SEINFRA - SECRETARIA DE INFRAESTRUTURA","780/2025","Médio",18.0,"2026-06-01","Material",5620.0,"Vidros, telhas, tijolos e blocos para construção",811.0,"Tijolo",246732.0,"aplicação: construção civil, comprimento: 19, cor: vermelha, espessura: 5, largura: 9, material: barro cozido, tipo: maciço","UN",1.0,20000.0,20000.0]
["104/2026","Aprovada",null,"SEINFRA - Materiais básicos de alvenaria para manutenção","BENS",153052.0,"2026-01-02","2026-07-02",181.0,"SEINFRA - SECRETARIA DE INFRAESTRUTURA","780/2025","Médio",19.0,"2026-06-01","Material",5620.0,"Vidros, telhas, tijolos e blocos para construção",811.0,"Tijolo",450663.0,"aplicação: construção civil, comprimento: 19, espessura: 9, largura: 9, material: cerâmica, quantidade furos: 4, tipo: furado","UN",1.8,14000.0,25200.0]
["104/2026","Aprovada",null,"SEINFRA - Materiais básicos de alvenaria para manutenção","BENS",153052.0,"2026-01-02","2026-07-02",181.0,"SEINFRA - SECRETARIA DE INFRAESTRUTURA","780/2025","Médio",20.0,"2026-06-01","Material",5650.0,"Materiais para telhados e revestimento de paredes",813.0,"Telha",603798.0,"acabamento superficial: sem amianto, com tecnologia crfs (cimento reforçad, comprimento: 4,60, espessura: 8, largura: 1, material: fibrocimento, tipo: calhetão 90","UN",1380.0,50.0,69000.0]
["104/2026","Aprovada",null,"SEINFRA - Materiais básicos de alvenaria para manutenção","BENS",153052.0,"2026-01-02","2026-07-02",181.0,"SEINFRA - SECRETARIA DE INFRAESTRUTURA","780/2025","Médio",21.0,"2026-06-01","Material",5650.0,"Materiais para telhados e revestimento de paredes",813.0,"Telha",603798.0,"acabamento superficial: sem amianto, com tecnologia crfs (cimento reforçad, comprimento: 4,60, espessura: 8, largura: 1, material: fibrocimento, tipo: calhetão 90","UN",1450.0,40.0,58000.0]
["104/2026","Aprovada",null,"SEINFRA - Materiais básicos de alvenaria para manutenção","BENS",153052.0,"2026-01-02","2026-07-02",181.0,"SEINFRA - SECRETARIA DE INFRAESTRUTURA","780/2025","Médio",22.0,"2026-06-01","Material",5650.0,"Materiais para telhados e revestimento de paredes",813.0,"Telha",603798.0,"acabamento superficial: sem amianto, com tecnologia crfs (cimento reforçad, comprimento: 4,60, espessura: 8, largura: 1, material: fibrocimento, tipo: calhetão 90","UN",1680.0,30.0,50400.0]
["104/2026","Aprovada",null,"SEINFRA - Materiais básicos de alvenaria para manutenção","BENS",153052.0,"2026-01-02","2026-07-02",181.0,"SEINFRA - SECRETARIA DE INFRAESTRUTURA","780/2025","Médio",23.0,"2026-06-01","Material",5650.0,"Materiais para telhados e revestimento de paredes",813.0,"Telha",271894.0,"comprimento: 670, espessura: 8, largura: 90, material: fibrocimento, tipo: canaleta","UN",1180.0,40.0,47200.0]
["104/2026","Aprovada",null,"SEINFRA - Materiais básicos de alvenaria para manutenção","BENS",153052.0,"2026-01-02","2026-07-02",181.0,"SEINFRA - SECRETARIA DE INFRAESTRUTURA","780/2025","Médio",24.0,"2026-06-01","Material",8030.0,"Compostos preservativos e vedantes",8295.0,"Impermeabilizante",447134.0,"aplicação: construção civil, concreto e lajes, aspecto físico: líquido, composição básica: emulsão acrílica/carga mineral, cor: incolor, densidade: 0,0 a 0,94, tipo: resina acrilica","UN",1400.0,100.0,140000.0]
["104/2026","Aprovada",null,"SEINFRA - Materiais básicos de alvenaria para manutenção","BENS",153052.0,"2026-01-02","2026-07-02",181.0,"SEINFRA - SECRETARIA DE INFRAESTRUTURA","780/2025","Médio",25.0,"2026-06-01","Material",5660.0,"Cercas, grades e portões",901.0,"Arame Farpado",217669.0,"carga ruptura: 350, diâmetro: 1,60, material: aço, torção: contínua, tratamento superficial: galvanizado, bitola: 16, comprimento: 250, peso: 10,60, distância entre farpas: 125","M",1.2,1500.0,1800.0]
["104/2026","Aprovada",null,"SEINFRA - Materiais básicos de alvenaria para manutenção","BENS",153052.0,"2026-01-02","2026-07-02",181.0,"SEINFRA - SECRETARIA DE INFRAESTRUTURA","780/2025","Médio",26.0,"2026-06-01","Material",5335.0,"Telas metálicas",580.0,"Tela Metálica",337945.0,"bitola fio: 12, diâmetro fio: 2, largura: 2,10, material: arame galvanizado, tipo abertura malha: losangular","KG",20.0,300.0,6000.0]
["104/2026","Aprovada",null,"SEINFRA - Materiais básicos de alvenaria para manutenção","BENS",153052.0,"2026-01-02","2026-07-02",181.0,"SEINFRA - SECRETARIA DE INFRAESTRUTURA","780/2025","Médio",27.0,"2026-06-01","Material",5335.0,"Telas metálicas",580.0,"Tela Metálica",337945.0,"bitola fio: 12, diâmetro fio: 2, largura: 2,10, material: arame galvanizado, tipo abertura malha: losangular","KG",18.0,50.0,900.0]
["104/2026","Aprovada",null,"SEINFRA - Materiais básicos de alvenaria para manutenção","BENS",153052.0,"2026-01-02","2026-07-02",181.0,"SEINFRA - SECRETARIA DE INFRAESTRUTURA","780/2025","Médio",28.0,"2026-06-01","Material",9505.0,"Arames de ferro e de aço, não utilizáveis em eletricidade",2969.0,"Arame Galvanizado",265078.0,"material: metal, tipo: nº 14","UN",19.0,50.0,950.0]
["104/2026","Aprovada",null,"SEINFRA - Materiais básicos de alvenaria para manutenção","BENS",153052.0,"2026-01-02","2026-07-02",181.0,"SEINFRA - SECRETARIA DE INFRAESTRUTURA","780/2025","Médio",29.0,"2026-06-01","Material",9505.0,"Arames de ferro e de aço, não utilizáveis em eletricidade",2969.0,"Arame Galvanizado",265080.0,"material: metal, tipo: nº 20","KG",26.0,60.0,1560.0]
["104/2026","Aprovada",null,"SEINFRA - Materiais básicos de alvenaria para manutenção","BENS",153052.0,"2026-01-02","2026-07-02",181.0,"SEINFRA - SECRETARIA DE INFRAESTRUTURA","780/2025","Médio",30.0,"2026-06-01","Material",9505.0,"Arames de ferro e de aço, não utilizáveis em eletricidade",2956.0,"Arame",233211.0,"bitola: 18, características adicionais: recozido, material: ferro, aplicação: construção civil","KG",17.0,80.0,1360.0]
["104/2026","Aprovada",null,"SEINFRA - Materiais básicos de alvenaria para manutenção","BENS",153052.0,"2026-01-02","2026-07-02",181.0,"SEINFRA - SECRETARIA DE INFRAESTRUTURA","780/2025","Médio",31.0,"2026-06-01","Material",5335.0,"Telas metálicas",580.0,"Tela Metálica",340180.0,"altura: 1,80, comprimento: 25, material: arame galvanizado, tamanho abertura malha: 21/2, tipo abertura malha: losangular","RO",800.0,100.0,80000.0]
["104/2026","Aprovada",null,"SEINFRA - Materiais básicos de alvenaria para manutenção","BENS",153052.0,"2026-01-02","2026-07-02",181.0,"SEINFRA - SECRETARIA DE INFRAESTRUTURA","780/2025","Médio",32.0,"2026-06-01","Material",9510.0,"Barras e vergalhões de ferro e de aço",13390.0,"Vergalhão",372603.0,"bitola: 10, comprimento: 12, material: aço, tipo: ca-50","UN",60.0,50.0,3000.0]
["104/2026","Aprovada",null,"SEINFRA - Materiais básicos de alvenaria para manutenção","BENS",153052.0,"2026-01-02","2026-07-02",181.0,"SEINFRA - SECRETARIA DE INFRAESTRUTURA","780/2025","Médio",33.0,"2026-06-01","Material",9510.0,"Barras e vergalhões de ferro e de aço",13391.0,"Vergalhão Armação Concreto",286717.0,"comprimento: 12, material: ferro, tipo: ca-50, aplicação: construção civil, diâmetro: 5","UN",60.0,200.0,12000.0]
["104/2026","Aprovada",null,"SEINFRA - Materiais básicos de alvenaria para manutenção","BENS",153052.0,"2026-01-02","2026-07-02",181.0,"SEINFRA - SECRETARIA DE INFRAESTRUTURA","780/2025","Médio",34.0,"2026-06-01","Material",9510.0,"Barras e vergalhões de ferro e de aço",13391.0,"Vergalhão Armação Concreto",255769.0,"comprimento: 12, material: ferro, tipo: ca-50, aplicação: armação vigas/pilares e lajes, diâmetro: 6,30","UN",60.0,200.0,12000.0]
["104/2026","Aprovada",null,"SEINFRA - Materiais básicos de alvenaria para manutenção","BENS",153052.0,"2026-01-02","2026-07-02",181.0,"SEINFRA - SECRETARIA DE INFRAESTRUTURA","780/2025","Médio",35.0,"2026-06-01","Material",9510.0,"Barras e vergalhões de ferro e de aço",13391.0,"Vergalhão Armação Concreto",255769.0,"comprimento: 12, material: ferro, tipo: ca-50, aplicação: armação vigas/pilares e lajes, diâmetro: 6,30","UN",60.0,130.0,7800.0]
["104/2026","Aprovada",null,"SEINFRA - Materiais básicos de alvenaria para manutenção","BENS",153052.0,"2026-01-02","2026-07-02",181.0,"SEINFRA - SECRETARIA DE INFRAESTRUTURA","780/2025","Médio",36.0,"2026-06-01","Material",9510.0,"Barras e vergalhões de ferro e de aço",13391.0,"Vergalhão Armação Concreto",255769.0,"comprimento: 12, material: ferro, tipo: ca-50, aplicação: armação vigas/pilares e lajes, diâmetro: 6,30","UN",110.0,20.0,2200.0]
["104/2026","Aprovada",null,"SEINFRA - Materiais básicos de alvenaria para manutenção","BENS",153052.0,"2026-01-02","2026-07-02",181.0,"SEINFRA - SECRETARIA DE INFRAESTRUTURA","780/2025","Médio",37.0,"2026-06-01","Material",9510.0,"Barras e vergalhões de ferro e de aço",13391.0,"Vergalhão Armação Concreto",300465.0,"comprimento: 12, material: ferro, tipo: ca-50, aplicação: construção civil, diâmetro: 16","UN",140.0,10.0,1400.0]
["104/2026","Aprovada",null,"SEINFRA - Materiais básicos de alvenaria para manutenção","BENS",153052.0,"2026-01-02","2026-07-02",181.0,"SEINFRA - SECRETARIA DE INFRAESTRUTURA","780/2025","Médio",38.0,"2026-06-01","Material",8305.0,"Tecidos",14236.0,"Lona Plástica",607702.0,"aplicação: cobertura e proteção, características adicionais: dupla face, comprimento: 50, cor: preta e branca, espessura: 200, largura: 8, material: polietileno","RO",210.0,10.0,2100.0]
["104/2026","Aprovada",null,"SEINFRA - Materiais básicos de alvenaria para manutenção","BENS",153052.0,"2026-01-02","2026-07-02",181.0,"SEINFRA - SECRETARIA DE INFRAESTRUTURA","780/2025","Médio",39.0,"2026-06-01","Material",4720.0,"Mangueiras e tubulações flexíveis",615.0,"Mangueira Hidráulica",375372.0,"aplicação: medida de nível, características adicionais: resistente a riscos, flexivel, transparente, diâmetro interno: 9,50, espessura parede: 2, material: pvc, tipo: cristal","RO",95.0,7.0,665.0]
["104/2026","Aprovada",null,"SEINFRA - Materiais básicos de alvenaria para manutenção","BENS",153052.0,"2026-01-02","2026-07-02",181.0,"SEINFRA - SECRETARIA DE INFRAESTRUTURA","780/2025","Médio",41.0,"2026-06-01","Material",8040.0,"Adesivos",10792.0,"Pistola Aplicadora",351023.0,"aplicação: silicone, características adicionais: ferro/acionada por alavanca manual","UN",20.0,60.0,1200.0]
["104/2026","Aprovada",null,"SEINFRA - Materiais básicos de alvenaria para manutenção","BENS",153052.0,"2026-01-02","2026-07-02",181.0,"SEINFRA - SECRETARIA DE INFRAESTRUTURA","780/2025","Médio",42.0,"2026-06-01","Material",8020.0,"Pincel para artistas e pintores",1567.0,"Broxa Pintura",342279.0,"aplicação: pintura e caiação, características adicionais: cabo anatômico, comprimento: 180, formato: retangular, largura: 80, material base: polipropileno reciclado, material cerdas: pet bicolor","UN",12.0,70.0,840.0]
["104/2026","Aprovada",null,"SEINFRA - Materiais básicos de alvenaria para manutenção","BENS",153052.0,"2026-01-02","2026-07-02",181.0,"SEINFRA - SECRETARIA DE INFRAESTRUTURA","780/2025","Médio",43.0,"2026-06-01","Material",8020.0,"Pincel para artistas e pintores",1567.0,"Broxa Pintura",328973.0,"aplicação: caiação e pisos, bitola: 185 x 80, cor cabo: preta, formato: retangular, material base: plástico, material cabo: plástico, material cerdas: sintético e fibras naturais, tamanho: grande","UN",12.0,110.0,1320.0]
["104/2026","Aprovada",null,"SEINFRA - Materiais básicos de alvenaria para manutenção","BENS",153052.0,"2026-01-02","2026-07-02",181.0,"SEINFRA - SECRETARIA DE INFRAESTRUTURA","780/2025","Médio",51.0,"2026-06-01","Material",5345.0,"Discos e pedras abrasivos",568.0,"Disco Diamantado",213522.0,"aplicação: mármore, diâmetro: 105, diâmetro furo: 20, material: diamante, tipo: segmentado","UN",8.19,150.0,1228.5]
["104/2026","Aprovada",null,"SEINFRA - Materiais básicos de alvenaria para manutenção","BENS",153052.0,"2026-01-02","2026-07-02",181.0,"SEINFRA - SECRETARIA DE INFRAESTRUTURA","780/2025","Médio",52.0,"2026-06-01","Material",5345.0,"DISCOS E PEDRAS ABRASIVOS",567.0,"DISCO CORTE",240508.0,"APLICAÇÃO: CONSTRUÇÃO CIVIL, DIÂMETRO: 110, DIÂMETRO FURO: 19,10, MATERIAL: AÇO, ALTURA: (3/8) 9,52, ACABAMENTO: DIAMANTADO, TIPO: TURBO\"","UN",13.32,60.0,799.2]
["104/2026","Aprovada",null,"SEINFRA - Materiais básicos de alvenaria para manutenção","BENS",153052.0,"2026-01-02","2026-07-02",181.0,"SEINFRA - SECRETARIA DE INFRAESTRUTURA","780/2025","Médio",53.0,"2026-06-01","Material",5345.0,"Discos e pedras abrasivos",567.0,"Disco Corte",624356.0,"aplicação: corte de madeira, diâmetro: 250, diâmetro furo: 30, espessura: 3,2, material: óxido alumínio, quantidade dentes: 80","UN",48.0,10.0,480.0]
["104/2026","Aprovada",null,"SEINFRA - Materiais básicos de alvenaria para manutenção","BENS",153052.0,"2026-01-02","2026-07-02",181.0,"SEINFRA - SECRETARIA DE INFRAESTRUTURA","780/2025","Médio",56.0,"2026-06-01","Material",5340.0,"Ferragens diversas",16474.0,"Suporte Fixação Serra Copo",255531.0,"características adicionais: com broca piloto, comprimento: 67, diâmetro: 36, diâmetro rosca: 5/8, formato: haste hexagonal, material: aço, tipo: a2, uso: serra copo de 32 a 152 mm","UN",60.0,15.0,900.0]
["104/2026","Aprovada",null,"SEINFRA - Materiais básicos de alvenaria para manutenção","BENS",153052.0,"2026-01-02","2026-07-02",181.0,"SEINFRA - SECRETARIA DE INFRAESTRUTURA","780/2025","Médio",57.0,"2026-06-01","Material",5340.0,"Ferragens diversas",16474.0,"Suporte Fixação Serra Copo",269840.0,"características adicionais: com broca piloto, comprimento: 59, diâmetro: 19, diâmetro rosca: 1/2, formato: haste hexagonal, material: aço, tipo: a2, uso: serra copo de 14 a 300 mm","UN",70.0,15.0,1050.0]
["104/2026","Aprovada",null,"SEINFRA - Materiais básicos de alvenaria para manutenção","BENS",153052.0,"2026-01-02","2026-07-02",181.0,"SEINFRA - SECRETARIA DE INFRAESTRUTURA","780/2025","Médio",58.0,"2026-06-01","Material",5340.0,"Ferragens diversas",16474.0,"Suporte Fixação Serra Copo",269840.0,"características adicionais: com broca piloto, comprimento: 59, diâmetro: 19, diâmetro rosca: 1/2, formato: haste hexagonal, material: aço, tipo: a2, uso: serra copo de 14 a 300 mm","UN",80.0,15.0,1200.0]
["104/2026","Aprovada",null,"SEINFRA - Materiais básicos de alvenaria para manutenção","BENS",153052.0,"2026-01-02","2026-07-02",181.0,"SEINFRA - SECRETARIA DE INFRAESTRUTURA","780/2025","Médio",81.0,"2026-06-01","Material",3455.0,"Ferramentas de cortar para máquinas ferramenta",9243.0,"Lâmina Serra",304602.0,"aplicação: serra corta gesso, material: aço carbono, referência: 940-23","UN",7.8,210.0,1638.0]
["104/2026","Aprovada",null,"SEINFRA - Materiais básicos de alvenaria para manutenção","BENS",153052.0,"2026-01-02","2026-07-02",181.0,"SEINFRA - SECRETARIA DE INFRAESTRUTURA","780/2025","Médio",95.0,"2026-06-01","Material",5305.0,"Parafusos sem porca",14522.0,"Parafuso",340989.0,"aplicação: concreto, características adicionais: com bucha s8, material: latão","C",50.0,80.0,4000.0]
["104/2026","Aprovada",null,"SEINFRA - Materiais básicos de alvenaria para manutenção","BENS",153052.0,"2026-01-02","2026-07-02",181.0,"SEINFRA - SECRETARIA DE INFRAESTRUTURA","780/2025","Médio",96.0,"2026-06-01","Material",5365.0,"Anéis, buchas e espaçadores",634.0,"Bucha Parafuso",245014.0,"material: náilon, comprimento: 6, espessura: 10","C",60.0,80.0,4800.0]
["104/2026","Aprovada",null,"SEINFRA - Materiais básicos de alvenaria para manutenção","BENS",153052.0,"2026-01-02","2026-07-02",181.0,"SEINFRA - SECRETARIA DE INFRAESTRUTURA","780/2025","Médio",97.0,"2026-06-01","Material",5365.0,"Anéis, buchas e espaçadores",634.0,"Bucha Parafuso",254871.0,"material: náilon, tamanho: s-12","C",68.0,20.0,1360.0]
["104/2026","Aprovada",null,"SEINFRA - Materiais básicos de alvenaria para manutenção","BENS",153052.0,"2026-01-02","2026-07-02",181.0,"SEINFRA - SECRETARIA DE INFRAESTRUTURA","780/2025","Médio",98.0,"2026-06-01","Material",5365.0,"Anéis, buchas e espaçadores",634.0,"Bucha Parafuso",249217.0,"material: náilon, tamanho: s-6","C",40.0,90.0,3600.0]
["104/2026","Aprovada",null,"SEINFRA - Materiais básicos de alvenaria para manutenção","BENS",153052.0,"2026-01-02","2026-07-02",181.0,"SEINFRA - SECRETARIA DE INFRAESTRUTURA","780/2025","Médio",99.0,"2026-06-01","Material",5305.0,"Parafusos sem porca",14522.0,"Parafuso",483504.0,"aplicação: fixar chapa de gesso em perfil drywall, características adicionais: ponta agulha (gn55)., comprimento: 55, material: aço fosfatizado, tipo: cabeça trombeta","CX",80.0,8.0,640.0]
["104/2026","Aprovada",null,"SEINFRA - Materiais básicos de alvenaria para manutenção","BENS",153052.0,"2026-01-02","2026-07-02",181.0,"SEINFRA - SECRETARIA DE INFRAESTRUTURA","780/2025","Médio",100.0,"2026-06-01","Material",5305.0,"PARAFUSOS SEM PORCA",14522.0,"PARAFUSO",483504.0,"APLICAÇÃO: FIXAR CHAPA DE GESSO EM PERFIL DRYWALL, CARACTERÍSTICAS ADICIONAIS: PONTA AGULHA (GN55)., COMPRIMENTO: 55, MATERIAL: AÇO FOSFATIZADO, TIPO: CABEÇA TROMBETA","CX",90.0,8.0,720.0]
["104/2026","Aprovada",null,"SEINFRA - Materiais básicos de alvenaria para manutenção","BENS",153052.0,"2026-01-02","2026-07-02",181.0,"SEINFRA - SECRETARIA DE INFRAESTRUTURA","780/2025","Médio",101.0,"2026-06-01","Material",5305.0,"Parafusos sem porca",550.0,"Parafuso Auto-Atarraxante",397112.0,"aplicação: carpintaria, características adicionais: fixer/rosca auto cortante tipo chipboard, comprimento: 45, diâmetro corpo: 4, material: aço carbono, tipo cabeça: chata, tipo fenda: phillips, tratamento superficial: bicromatizado","C",35.0,50.0,1750.0]
["104/2026","Aprovada",null,"SEINFRA - Materiais básicos de alvenaria para manutenção","BENS",153052.0,"2026-01-02","2026-07-02",181.0,"SEINFRA - SECRETARIA DE INFRAESTRUTURA","780/2025","Médio",102.0,"2026-06-01","Material",5305.0,"Parafusos sem porca",550.0,"Parafuso Auto-Atarraxante",397112.0,"aplicação: carpintaria, características adicionais: fixer/rosca auto cortante tipo chipboard, comprimento: 45, diâmetro corpo: 4, material: aço carbono, tipo cabeça: chata, tipo fenda: phillips, tratamento superficial: bicromatizado","C",45.0,30.0,1350.0]
["104/2026","Aprovada",null,"SEINFRA - Materiais básicos de alvenaria para manutenção","BENS",153052.0,"2026-01-02","2026-07-02",181.0,"SEINFRA - SECRETARIA DE INFRAESTRUTURA","780/2025","Médio",103.0,"2026-06-01","Material",5305.0,"Parafusos sem porca",550.0,"Parafuso Auto-Atarraxante",397112.0,"aplicação: carpintaria, características adicionais: fixer/rosca auto cortante tipo chipboard, comprimento: 45, diâmetro corpo: 4, material: aço carbono, tipo cabeça: chata, tipo fenda: phillips, tratamento superficial: bicromatizado","C",60.0,15.0,900.0]
["104/2026","Aprovada",null,"SEINFRA - Materiais básicos de alvenaria para manutenção","BENS",153052.0,"2026-01-02","2026-07-02",181.0,"SEINFRA - SECRETARIA DE INFRAESTRUTURA","780/2025","Médio",104.0,"2026-06-01","Material",5305.0,"Parafusos sem porca",550.0,"Parafuso Auto-Atarraxante",397112.0,"aplicação: carpintaria, características adicionais: fixer/rosca auto cortante tipo chipboard, comprimento: 45, diâmetro corpo: 4, material: aço carbono, tipo cabeça: chata, tipo fenda: phillips, tratamento superficial: bicromatizado","C",28.0,60.0,1680.0]
["104/2026","Aprovada",null,"SEINFRA - Materiais básicos de alvenaria para manutenção","BENS",153052.0,"2026-01-02","2026-07-02",181.0,"SEINFRA - SECRETARIA DE INFRAESTRUTURA","780/2025","Médio",105.0,"2026-06-01","Material",5305.0,"Parafusos sem porca",550.0,"Parafuso Auto-Atarraxante",442781.0,"características adicionais: fixer/rosca auto cortante tipo chipboard, comprimento: 50, diâmetro corpo: 4, material: aço carbono, tipo cabeça: flangeada, tipo fenda: phillips, tratamento superficial: bicromatizado","C",32.0,40.0,1280.0]
["104/2026","Aprovada",null,"SEINFRA - Materiais básicos de alvenaria para manutenção","BENS",153052.0,"2026-01-02","2026-07-02",181.0,"SEINFRA - SECRETARIA DE INFRAESTRUTURA","780/2025","Médio",106.0,"2026-06-01","Material",5305.0,"Parafusos sem porca",550.0,"Parafuso Auto-Atarraxante",397112.0,"aplicação: carpintaria, características adicionais: fixer/rosca auto cortante tipo chipboard, comprimento: 45, diâmetro corpo: 4, material: aço carbono, tipo cabeça: chata, tipo fenda: phillips, tratamento superficial: bicromatizado","C",34.0,25.0,850.0]
["104/2026","Aprovada",null,"SEINFRA - Materiais básicos de alvenaria para manutenção","BENS",153052.0,"2026-01-02","2026-07-02",181.0,"SEINFRA - SECRETARIA DE INFRAESTRUTURA","780/2025","Médio",107.0,"2026-06-01","Material",5305.0,"Parafusos sem porca",550.0,"Parafuso Auto-Atarraxante",442789.0,"características adicionais: fixer/rosca auto cortante tipo chipboard, comprimento: 50, diâmetro corpo: 4,5, material: aço carbono, tipo cabeça: chata, tipo fenda: phillips, tratamento superficial: bicromatizado","C",37.0,20.0,740.0]
["104/2026","Aprovada",null,"SEINFRA - Materiais básicos de alvenaria para manutenção","BENS",153052.0,"2026-01-02","2026-07-02",181.0,"SEINFRA - SECRETARIA DE INFRAESTRUTURA","780/2025","Médio",108.0,"2026-06-01","Material",5305.0,"Parafusos sem porca",550.0,"Parafuso Auto-Atarraxante",397112.0,"aplicação: carpintaria, características adicionais: fixer/rosca auto cortante tipo chipboard, comprimento: 45, diâmetro corpo: 4, material: aço carbono, tipo cabeça: chata, tipo fenda: phillips, tratamento superficial: bicromatizado","UN",0.55,500.0,275.0]
["104/2026","Aprovada",null,"SEINFRA - Materiais básicos de alvenaria para manutenção","BENS",153052.0,"2026-01-02","2026-07-02",181.0,"SEINFRA - SECRETARIA DE INFRAESTRUTURA","780/2025","Médio",109.0,"2026-06-01","Material",5305.0,"Parafusos sem porca",550.0,"Parafuso Auto-Atarraxante",397112.0,"aplicação: carpintaria, características adicionais: fixer/rosca auto cortante tipo chipboard, comprimento: 45, diâmetro corpo: 4, material: aço carbono, tipo cabeça: chata, tipo fenda: phillips, tratamento superficial: bicromatizado","UN",0.55,500.0,275.0]
["104/2026","Aprovada",null,"SEINFRA - Materiais básicos de alvenaria para manutenção","BENS",153052.0,"2026-01-02","2026-07-02",181.0,"SEINFRA - SECRETARIA DE INFRAESTRUTURA","780/2025","Médio",110.0,"2026-06-01","Material",5640.0,"Painel de papelão,papel empregado em construção e materiais de isolamento térmico",18888.0,"Acabamento",617705.0,"altura: 8, características adicionais: formato em u\", comprimento: 6, cor: branco, largura: 30, material: pvc\"","UN",50.0,100.0,5000.0]
["104/2026","Aprovada",null,"SEINFRA - Materiais básicos de alvenaria para manutenção","BENS",153052.0,"2026-01-02","2026-07-02",181.0,"SEINFRA - SECRETARIA DE INFRAESTRUTURA","780/2025","Médio",111.0,"2026-06-01","Material",9515.0,"Placas, chapas, fitas e laminados finos de ferro e de aço",4842.0,"Chapa Metal Ferroso",304433.0,"aplicação: rufo, largura: 25, material: chapa 26, tipo: lisa, tratamento superficial: galvanizado","UN",60.0,100.0,6000.0]
["104/2026","Aprovada",null,"SEINFRA - Materiais básicos de alvenaria para manutenção","BENS",153052.0,"2026-01-02","2026-07-02",181.0,"SEINFRA - SECRETARIA DE INFRAESTRUTURA","780/2025","Médio",112.0,"2026-06-01","Material",9515.0,"Placas, chapas, fitas e laminados finos de ferro e de aço",4842.0,"Chapa Metal Ferroso",283836.0,"aplicação: serralheria, comprimento: 2,20, espessura: chapa 26, largura: 1,00, material: ferro, tipo: lisa, tratamento superficial: galvanizado","UN",60.0,100.0,6000.0]
["104/2026","Aprovada",null,"SEINFRA - Materiais básicos de alvenaria para manutenção","BENS",153052.0,"2026-01-02","2026-07-02",181.0,"SEINFRA - SECRETARIA DE INFRAESTRUTURA","780/2025","Médio",113.0,"2026-06-01","Material",9515.0,"Placas, chapas, fitas e laminados finos de ferro e de aço",4842.0,"Chapa Metal Ferroso",283836.0,"aplicação: serralheria, comprimento: 2,20, espessura: chapa 26, largura: 1,00, material: ferro, tipo: lisa, tratamento superficial: galvanizado","UN",60.0,100.0,6000.0]
["104/2026","Aprovada",null,"SEINFRA - Materiais básicos de alvenaria para manutenção","BENS",153052.0,"2026-01-02","2026-07-02",181.0,"SEINFRA - SECRETARIA DE INFRAESTRUTURA","780/2025","Médio",114.0,"2026-06-01","Material",9515.0,"Placas, chapas, fitas e laminados finos de ferro e de aço",4842.0,"Chapa Metal Ferroso",283836.0,"aplicação: serralheria, comprimento: 2,20, espessura: chapa 26, largura: 1,00, material: ferro, tipo: lisa, tratamento superficial: galvanizado","UN",60.0,100.0,6000.0]
["104/2026","Aprovada",null,"SEINFRA - Materiais básicos de alvenaria para manutenção","BENS",153052.0,"2026-01-02","2026-07-02",181.0,"SEINFRA - SECRETARIA DE INFRAESTRUTURA","780/2025","Médio",115.0,"2026-06-01","Material",9515.0,"Placas, chapas, fitas e laminados finos de ferro e de aço",4842.0,"Chapa Metal Ferroso",283836.0,"aplicação: serralheria, comprimento: 2,20, espessura: chapa 26, largura: 1,00, material: ferro, tipo: lisa, tratamento superficial: galvanizado","UN",60.0,100.0,6000.0]
["104/2026","Aprovada",null,"SEINFRA - Materiais básicos de alvenaria para manutenção","BENS",153052.0,"2026-01-02","2026-07-02",181.0,"SEINFRA - SECRETARIA DE INFRAESTRUTURA","780/2025","Médio",116.0,"2026-06-01","Material",5640.0,"Painel de papelão,papel empregado em construção e materiais de isolamento térmico",7778.0,"Forro Teto",611483.0,"aplicação: forro teto, características adicionais: emenda para forro pvc, comprimento: 6 m, material: pvc, tipo: h","UN",35.0,50.0,1750.0]
["104/2026","Aprovada",null,"SEINFRA - Materiais básicos de alvenaria para manutenção","BENS",153052.0,"2026-01-02","2026-07-02",181.0,"SEINFRA - SECRETARIA DE INFRAESTRUTURA","780/2025","Médio",117.0,"2026-06-01","Material",5640.0,"Painel de papelão,papel empregado em construção e materiais de isolamento térmico",7778.0,"Forro Teto",251354.0,"comprimento: 6.000, cor: branco gelo, largura: 100, material: pvc, tipo: frisado","UN",15.0,200.0,3000.0]
["104/2026","Aprovada",null,"SEINFRA - Materiais básicos de alvenaria para manutenção","BENS",153052.0,"2026-01-02","2026-07-02",181.0,"SEINFRA - SECRETARIA DE INFRAESTRUTURA","780/2025","Médio",118.0,"2026-06-01","Material",5345.0,"Discos e pedras abrasivos",569.0,"Disco Desbaste",610037.0,"aplicação: retificar corpos de prova de concreto, característica adicionais: compativel com a retifica de marca secmix, diâmetro: 175, diâmetro furo: 20, material: diamantado","UN",115.0,100.0,11500.0]
["104/2026","Aprovada",null,"SEINFRA - Materiais básicos de alvenaria para manutenção","BENS",153052.0,"2026-01-02","2026-07-02",181.0,"SEINFRA - SECRETARIA DE INFRAESTRUTURA","780/2025","Médio",119.0,"2026-06-01","Material",8030.0,"Compostos preservativos e vedantes",8295.0,"Impermeabilizante",329703.0,"aplicação: junta de dilatação, composição básica: base poliuretano, cor: cinza","UN",20.0,30.0,600.0]
["104/2026","Aprovada",null,"SEINFRA - Materiais básicos de alvenaria para manutenção","BENS",153052.0,"2026-01-02","2026-07-02",181.0,"SEINFRA - SECRETARIA DE INFRAESTRUTURA","780/2025","Médio",120.0,"2026-06-01","Material",8030.0,"Compostos preservativos e vedantes",8295.0,"Impermeabilizante",329703.0,"aplicação: junta de dilatação, composição básica: base poliuretano, cor: cinza","UN",20.0,30.0,600.0]
["104/2026","Aprovada",null,"SEINFRA - Materiais básicos de alvenaria para manutenção","BENS",153052.0,"2026-01-02","2026-07-02",181.0,"SEINFRA - SECRETARIA DE INFRAESTRUTURA","780/2025","Médio",121.0,"2026-06-01","Material",5610.0,"Materiais de origem mineral para construção, a granel",868.0,"Pedrisco",601214.0,"aplicação: pavimentação, material: rocha fragmentada","UN",20.0,30.0,600.0]
["104/2026","Aprovada",null,"SEINFRA - Materiais básicos de alvenaria para manutenção","BENS",153052.0,"2026-01-02","2026-07-02",181.0,"SEINFRA - SECRETARIA DE INFRAESTRUTURA","780/2025","Médio",122.0,"2026-06-01","Material",8010.0,"Tintas, vernizes e produtos correlatos",11211.0,"Solução Asfáltica",238555.0,"aplicação: pintura de imprimação em impermeabilização, prote-, composição: a base de asfalto modificado, oxidado e solvente","UN",250.0,300.0,75000.0]
["104/2026","Aprovada",null,"SEINFRA - Materiais básicos de alvenaria para manutenção","BENS",153052.0,"2026-01-02","2026-07-02",181.0,"SEINFRA - SECRETARIA DE INFRAESTRUTURA","780/2025","Médio",123.0,"2026-06-01","Material",7230.0,"Tapeçarias, cortinas e persianas",11739.0,"Revestimento De Parede",238673.0,"material: fibra de polipropileno, tipo: acústico","UN",55.0,50.0,2750.0]
["104/2026","Aprovada",null,"SEINFRA - Materiais básicos de alvenaria para manutenção","BENS",153052.0,"2026-01-02","2026-07-02",181.0,"SEINFRA - SECRETARIA DE INFRAESTRUTURA","780/2025","Médio",124.0,"2026-06-01","Material",8030.0,"Compostos preservativos e vedantes",8295.0,"Impermeabilizante",224655.0,"aplicação: concreto e argamassa, composição básica: sais metálicos e silicatos, densidade: 1, função: proteção contra umidade","UN",40.0,30.0,1200.0]
["104/2026","Aprovada",null,"SEINFRA - Materiais básicos de alvenaria para manutenção","BENS",153052.0,"2026-01-02","2026-07-02",181.0,"SEINFRA - SECRETARIA DE INFRAESTRUTURA","780/2025","Médio",125.0,"2026-06-01","Material",8030.0,"Compostos preservativos e vedantes",9119.0,"Manta Asfáltica",273508.0,"acabamento: lâmina de alumínio, aplicação: impermeabilização e revestimento, apresentação: rolo, composição: asfalto modificado com polímeros elastoméricos, espessura: 3, largura: 20","UN",65.0,100.0,6500.0]
["104/2026","Aprovada",null,"SEINFRA - Materiais básicos de alvenaria para manutenção","BENS",153052.0,"2026-01-02","2026-07-02",181.0,"SEINFRA - SECRETARIA DE INFRAESTRUTURA","780/2025","Médio",126.0,"2026-06-01","Material",8030.0,"Compostos preservativos e vedantes",9119.0,"Manta Asfáltica",273508.0,"acabamento: lâmina de alumínio, aplicação: impermeabilização e revestimento, apresentação: rolo, composição: asfalto modificado com polímeros elastoméricos, espessura: 3, largura: 20","UN",70.0,150.0,10500.0]
["104/2026","Aprovada",null,"SEINFRA - Materiais básicos de alvenaria para manutenção","BENS",153052.0,"2026-01-02","2026-07-02",181.0,"SEINFRA - SECRETARIA DE INFRAESTRUTURA","780/2025","Médio",127.0,"2026-06-01","Material",8030.0,"Compostos preservativos e vedantes",11212.0,"Primer",394533.0,"aplicação: manta asfáltica, componente básico: asfalto modificado, plastificantes, solventes orgâ, finalidade: aderência entre superfície de concreto e a  manta","UN",200.0,100.0,20000.0]
["104/2026","Aprovada",null,"SEINFRA - Materiais básicos de alvenaria para manutenção","BENS",153052.0,"2026-01-02","2026-07-02",181.0,"SEINFRA - SECRETARIA DE INFRAESTRUTURA","780/2025","Médio",128.0,"2026-06-01","Material",9390.0,"Produtos diversos não metálicos",670.0,"Tela",357138.0,"aplicação: trinca de lajes/paredes e junta de dilatação, características adicionais: auto-adesiva, antimofo e com bandagem central, material: poliéster","UN",20.0,150.0,3000.0]
["104/2026","Aprovada",null,"SEINFRA - Materiais básicos de alvenaria para manutenção","BENS",153052.0,"2026-01-02","2026-07-02",181.0,"SEINFRA - SECRETARIA DE INFRAESTRUTURA","780/2025","Médio",129.0,"2026-06-01","Material",5620.0,"Vidros, telhas, tijolos e blocos para construção",3601.0,"Bloco De Concreto",478106.0,"altura: 6, aplicação: pavimentação, comprimento: 25, largura: 25, tipo: sextavado","UN",8.05,5000.0,40250.0]
["104/2026","Aprovada",null,"SEINFRA - Materiais básicos de alvenaria para manutenção","BENS",153052.0,"2026-01-02","2026-07-02",181.0,"SEINFRA - SECRETARIA DE INFRAESTRUTURA","780/2025","Médio",130.0,"2026-06-01","Material",5620.0,"Vidros, telhas, tijolos e blocos para construção",3601.0,"Bloco De Concreto",451499.0,"altura: 8, aplicação: calçamento, características adicionais: traço 1:3:1, comprimento: 25, largura: 25, tipo: sextavado","UN",9.0,5000.0,45000.0]
["104/2026","Aprovada",null,"SEINFRA - Materiais básicos de alvenaria para manutenção","BENS",153052.0,"2026-01-02","2026-07-02",181.0,"SEINFRA - SECRETARIA DE INFRAESTRUTURA","780/2025","Médio",131.0,"2026-06-01","Material",5620.0,"Vidros, telhas, tijolos e blocos para construção",3601.0,"Bloco De Concreto",478106.0,"altura: 6, aplicação: pavimentação, comprimento: 25, largura: 25, tipo: sextavado","UN",0.29,200.0,58.0]
["104/2026","Aprovada",null,"SEINFRA - Materiais básicos de alvenaria para manutenção","BENS",153052.0,"2026-01-02","2026-07-02",181.0,"SEINFRA - SECRETARIA DE INFRAESTRUTURA","780/2025","Médio",132.0,"2026-06-01","Material",9330.0,"Artigos de plástico",17317.0,"Espaçador",479115.0,"aplicação: construção civil, diâmetro: 25, material: plástico, tipo: circular","UN",0.24,300.0,72.0]
["104/2026","Aprovada",null,"SEINFRA - Materiais básicos de alvenaria para manutenção","BENS",153052.0,"2026-01-02","2026-07-02",181.0,"SEINFRA - SECRETARIA DE INFRAESTRUTURA","780/2025","Médio",133.0,"2026-06-01","Material",5680.0,"Materiais diversos para construção",16397.0,"Adesivo Estrutural",254278.0,"apresentação: bicomponente, aspecto físico: pastoso, composição: resina epóxi, cor: cinza-claro","KG",109.0,30.0,3270.0]
["104/2026","Aprovada",null,"SEINFRA - Materiais básicos de alvenaria para manutenção","BENS",153052.0,"2026-01-02","2026-07-02",181.0,"SEINFRA - SECRETARIA DE INFRAESTRUTURA","780/2025","Médio",134.0,"2026-06-01","Material",5680.0,"Materiais diversos para construção",816.0,"Betume",377921.0,"aplicação: pavimentação, composição: material betuminoso, tipo: asfalto, viscosidade cinemática: cm-30","EMB",46.9,800.0,37520.0]
["104/2026","Aprovada",null,"SEINFRA - Materiais básicos de alvenaria para manutenção","BENS",153052.0,"2026-01-02","2026-07-02",181.0,"SEINFRA - SECRETARIA DE INFRAESTRUTURA","780/2025","Médio",135.0,"2026-06-01","Material",5345.0,"Discos e pedras abrasivos",567.0,"Disco Corte",610036.0,"aplicação: concretos e asfalto, diâmetro: 450, diâmetro furo: 25,40, material: diamantado, velocidade máxima: 4250","UN",30.0,100.0,3000.0]
["104/2026","Aprovada",null,"SEINFRA - Materiais básicos de alvenaria para manutenção","BENS",153052.0,"2026-01-02","2026-07-02",181.0,"SEINFRA - SECRETARIA DE INFRAESTRUTURA","780/2025","Médio",139.0,"2026-06-01","Material",7930.0,"Compostos e preparados para limpeza e polimento",17562.0,"Solução Limpadora",392302.0,"aplicação: limpeza, aspecto físico: líquido, características adicionais: álcool isopropílico","L",20.0,20.0,400.0]
["104/2026","Aprovada",null,"SEINFRA - Materiais básicos de alvenaria para manutenção","BENS",153052.0,"2026-01-02","2026-07-02",181.0,"SEINFRA - SECRETARIA DE INFRAESTRUTURA","780/2025","Médio",140.0,"2026-06-01","Material",9330.0,"Artigos de plástico",17317.0,"Espaçador",617062.0,"aplicação: nivelamento de piso, características adicionais: retangular; com espessura de 2mm, material: polipropileno, tipo: cunha com espaçador","UN",100.0,4.0,400.0]
["104/2026","Aprovada",null,"SEINFRA - Materiais básicos de alvenaria para manutenção","BENS",153052.0,"2026-01-02","2026-07-02",181.0,"SEINFRA - SECRETARIA DE INFRAESTRUTURA","780/2025","Médio",141.0,"2026-06-01","Material",9330.0,"Artigos de plástico",17317.0,"Espaçador",617062.0,"aplicação: nivelamento de piso, características adicionais: retangular; com espessura de 2mm, material: polipropileno, tipo: cunha com espaçador","UN",100.0,4.0,400.0]
["104/2026","Aprovada",null,"SEINFRA - Materiais básicos de alvenaria para manutenção","BENS",153052.0,"2026-01-02","2026-07-02",181.0,"SEINFRA - SECRETARIA DE INFRAESTRUTURA","780/2025","Médio",143.0,"2026-06-01","Material",7510.0,"Artigos para escritório",18768.0,"Lápis",316333.0,"cor: preta, tipo: carpinteiro","UN",2.5,20.0,50.0]
["104/2026","Aprovada",null,"SEINFRA - Materiais básicos de alvenaria para manutenção","BENS",153052.0,"2026-01-02","2026-07-02",181.0,"SEINFRA - SECRETARIA DE INFRAESTRUTURA","780/2025","Médio",144.0,"2026-06-01","Material",9999.0,"Itens diversos",8634.0,"Cunha",447131.0,"aplicação: revestimento porcelanato, dimensões: 23, material: plástico","UN",25.0,10.0,250.0]
["104/2026","Aprovada",null,"SEINFRA - Materiais básicos de alvenaria para manutenção","BENS",153052.0,"2026-01-02","2026-07-02",181.0,"SEINFRA - SECRETARIA DE INFRAESTRUTURA","799/2025","Médio",7.0,"2026-06-01","Material",8040.0,"Adesivos",2107.0,"Adesivo Uso Geral",252370.0,"aplicação: couro/madeira/borracha/fibras/plásticos, apresentação: líquido, características adicionais: aplicação manual, composição: à base de borracha, resinas sintéticas/solventes, material: a base de policloroprene, aparência visual: líquido amarelado, viscosidade: 25c, mpa.s aproximadamente 4.800","UN",42.9,100.0,4290.0]
["104/2026","Aprovada",null,"SEINFRA - Materiais básicos de alvenaria para manutenção","BENS",153052.0,"2026-01-02","2026-07-02",181.0,"SEINFRA - SECRETARIA DE INFRAESTRUTURA","909/2025","Médio",15.0,"2026-03-02","Material",8040.0,"Adesivos",10792.0,"Pistola Aplicadora",350286.0,"aplicação: colagem, características adicionais: industrial e compatível bastão silicone 7089q, potência: 150, temperatura trabalho: 195, tensão alimentação: 220, vazão: 1,60","UN",130.0,3.0,390.0]
["104/2026","Aprovada",null,"SEINFRA - Materiais básicos de alvenaria para manutenção","BENS",153052.0,"2026-01-02","2026-07-02",181.0,"SEINFRA - SECRETARIA DE INFRAESTRUTURA","913/2025","Médio",12.0,"2026-04-01","Material",8040.0,"Adesivos",12066.0,"Selante Adesivo",380751.0,"aplicação: vedação superfícies lisas e porosas, aspecto físico: pastoso, características adicionais: vulcaniza a temperatura ambiente, componente: monocomponente de cura neutra, cor: preto, material: à base de borracha de silicone","UN",9.97,100.0,997.0]
["104/2026","Aprovada",null,"SEINFRA - Materiais básicos de alvenaria para manutenção","BENS",153052.0,"2026-01-02","2026-07-02",181.0,"SEINFRA - SECRETARIA DE INFRAESTRUTURA","913/2025","Médio",14.0,"2026-04-01","Material",8040.0,"Adesivos",13894.0,"Cola",284808.0,"aplicação: pistola quente, características adicionais: com 11 mm de diâmetro e 30 cm de comprimento, composição: silicone, tipo: bastão","UN",6.0,100.0,600.0]
["104/2026","Aprovada",null,"SEINFRA - Materiais básicos de alvenaria para manutenção","BENS",153052.0,"2026-01-02","2026-07-02",181.0,"SEINFRA - SECRETARIA DE INFRAESTRUTURA","913/2025","Médio",15.0,"2026-04-01","Material",8040.0,"Adesivos",2104.0,"Adesivo Colagem",460844.0,"aplicação: plásticos, vidros e cerâmicas, componentes: base de acrílico, cura uv, tipo: alto desempenho","UN",15.0,50.0,750.0]
["105/2026","Aprovada",null,"SEINFRA - Contratação de coleta de resíduos recicláveis","SERVICOS",153052.0,"2026-01-02","2026-07-02",181.0,"SEINFRA - SECRETARIA DE INFRAESTRUTURA","727/2025","Alto",1.0,"2026-01-01","Serviço",942.0,"Serviços De Eliminação De Rejeitos",null,null,24708.0,"Tratamento de Resíduos",null,7.5,20000.0,150000.0]
["106/2026","Aprovada",null,"SEINFRA - SERVIÇOS DE ENERGIA ELETRICA","SERVICOS",153052.0,"2026-01-02","2026-02-02",31.0,"SEINFRA - SECRETARIA DE INFRAESTRUTURA","728/2025","Alto",1.0,"2026-01-01","Serviço",691.0,"Serviços De Distribuição De Eletricidade E Distribuição De  Gás Através De Tubulação",null,null,4120.0,"Energia Elétrica - Fornecimento Mercado Regulado",null,1.2E7,1.0,1.2E7]
["107/2026","Aprovada",null,"SEINFRA - Serviços de bobcat e caminhão para transporte de entulhos","SERVICOS",153052.0,"2026-01-02","2026-06-02",151.0,"SEINFRA - SECRETARIA DE INFRAESTRUTURA","732/2025","Alto",1.0,"2026-01-01","Serviço",732.0,"Serviços De Leasing Ou Aluguel Relacionados A Outros Bens",null,null,25089.0,"Locação de Veículos - Leves / Pesados / Com Motorista",null,1037.4,1350.0,1400490.0]
["116/2026","Aprovada",null,"SEINFRA, PRPI E CC- DESINSETIZAÇÃO / DESRATIZAÇÃO / DEDETIZAÇÃO E OUTROS SERVIÇOS SEMELHANTES","SERVICOS",153052.0,"2026-01-02","2026-07-02",181.0,"CC - CENTRO CULTURAL","763/2025","Alto",1.0,"2026-04-20","Serviço",949.0,"Outros Serviços De Proteção Ambiental N.C.P",null,null,21741.0,"Desinfestação Por Atmosfera Anóxia",null,150000.0,1.0,150000.0]
["116/2026","Aprovada",null,"SEINFRA, PRPI E CC- DESINSETIZAÇÃO / DESRATIZAÇÃO / DEDETIZAÇÃO E OUTROS SERVIÇOS SEMELHANTES","SERVICOS",153052.0,"2026-01-02","2026-07-02",181.0,"SEINFRA - SECRETARIA DE INFRAESTRUTURA","725/2025","Alto",1.0,"2026-01-01","Serviço",943.0,"Serviços De Saneamento E Serviços Similares",null,null,3417.0,"Desinsetização / Desratização / Dedetização",null,375606.11,1.0,375606.11]
["116/2026","Aprovada",null,"SEINFRA, PRPI E CC- DESINSETIZAÇÃO / DESRATIZAÇÃO / DEDETIZAÇÃO E OUTROS SERVIÇOS SEMELHANTES","SERVICOS",153052.0,"2026-01-02","2026-07-02",181.0,"PRPI - PRO-REITORIA DE PESQUISA E INOVAÇÃO","989/2025","Alto",1.0,"2026-05-31","Serviço",943.0,"SERVIÇOS DE SANEAMENTO E SERVIÇOS SIMILARES",null,null,3417.0,"DESINSETIZAÇÃO / DESRATIZAÇÃO / DEDETIZAÇÃO",null,10000.0,2.0,20000.0]
["116/2026","Aprovada",null,"SEINFRA, PRPI E CC- DESINSETIZAÇÃO / DESRATIZAÇÃO / DEDETIZAÇÃO E OUTROS SERVIÇOS SEMELHANTES","SERVICOS",153052.0,"2026-01-02","2026-07-02",181.0,"PRPI - PRO-REITORIA DE PESQUISA E INOVAÇÃO","991/2025","Alto",1.0,"2026-05-31","Serviço",839.0,"Outros Serviços De Negócios, Técnicos E Profissionais",null,null,25399.0,"Serviço de Tratamento Fitossanitário / Fumigação / Impregnação química",null,10000.0,1.0,10000.0]
["115/2026","Aprovada",null,"SEINFRA E OUTROS - Acessórios de TIC para manutenção de equipamentos","BENS",153052.0,"2026-01-02","2026-07-02",181.0,"EMC - ESCOLA DE ENGENHARIA ELÉTRICA MECÂNICA E DE COMPUTAÇÃO","392/2025","Médio",7.0,"2026-07-15","Material",7070.0,"PEÇAS E ACESSÓRIOS PARA IMPRESSORAS",5732.0,"CONJUNTO MANUTENÇÃO IMPRESSORA / COPIADORA",440049.0,"CARACTERÍSTICAS ADICIONAIS: ESPESSURA: 1,75 MM, COMPONENTES: FILAMENTO PLA, TIPO: ORIGINAL, TIPO IMPRESSORA: 3D","UN",120.0,5.0,600.0]
["115/2026","Aprovada",null,"SEINFRA E OUTROS - Acessórios de TIC para manutenção de equipamentos","BENS",153052.0,"2026-01-02","2026-07-02",181.0,"EMC - ESCOLA DE ENGENHARIA ELÉTRICA MECÂNICA E DE COMPUTAÇÃO","392/2025","Médio",8.0,"2026-07-15","Material",7070.0,"PEÇAS E ACESSÓRIOS PARA IMPRESSORAS",5732.0,"CONJUNTO MANUTENÇÃO IMPRESSORA / COPIADORA",440048.0,"CARACTERÍSTICAS ADICIONAIS: ESPESSURA: 1,75 MM, COMPONENTES: FILAMENTO ABS, TIPO: ORIGINAL, TIPO IMPRESSORA: 3D","UN",95.0,5.0,475.0]
["115/2026","Aprovada",null,"SEINFRA E OUTROS - Acessórios de TIC para manutenção de equipamentos","BENS",153052.0,"2026-01-02","2026-07-02",181.0,"GOIAS - REGIONAL GOIAS","696/2025","Alto",2.0,"2026-07-01","Material",7070.0,"PEÇAS E ACESSÓRIOS PARA IMPRESSORAS",5732.0,"CONJUNTO MANUTENÇÃO IMPRESSORA / COPIADORA",440049.0,"CARACTERÍSTICAS ADICIONAIS: ESPESSURA: 1,75 MM, COMPONENTES: FILAMENTO PLA, TIPO: ORIGINAL, TIPO IMPRESSORA: 3D","UN",2189.99,6.0,13139.94]
["115/2026","Aprovada",null,"SEINFRA E OUTROS - Acessórios de TIC para manutenção de equipamentos","BENS",153052.0,"2026-01-02","2026-07-02",181.0,"CIAR- CENTRO INTEGRADO DE APRENDIZAGEM EM REDE","860/2025","Alto",1.0,"2026-04-30","Material",7060.0,"Peças E Acessórios Para Computadores",9594.0,"Memória Em Cartão Magnético",453635.0,"aplicação: armazenar fotos, imagens e dados, capacidade memória: 128, características adicionais: com adaptador, tipo cartao: micro sd, uso: informática","UN",170.0,3.0,510.0]
["115/2026","Aprovada",null,"SEINFRA E OUTROS - Acessórios de TIC para manutenção de equipamentos","BENS",153052.0,"2026-01-02","2026-07-02",181.0,"CIAR- CENTRO INTEGRADO DE APRENDIZAGEM EM REDE","860/2025","Alto",2.0,"2026-04-30","Material",7060.0,"Peças e acessórios para computadores",9594.0,"Memória Em Cartão Magnético",375563.0,"aplicação: armazenar fotos, imagens e dados, capacidade memória: 1, tipo cartao: micro sd","UN",600.0,3.0,1800.0]
["115/2026","Aprovada",null,"SEINFRA E OUTROS - Acessórios de TIC para manutenção de equipamentos","BENS",153052.0,"2026-01-02","2026-07-02",181.0,"CIAR- CENTRO INTEGRADO DE APRENDIZAGEM EM REDE","861/2025","Alto",1.0,"2026-04-30","Material",7060.0,"Peças e acessórios para computadores",14256.0,"Pente De Memória",625148.0,"capacidade memória: 32, tipo: ddr5, velocidade barramento: 4.800","UN",2000.0,6.0,12000.0]
["115/2026","Aprovada",null,"SEINFRA E OUTROS - Acessórios de TIC para manutenção de equipamentos","BENS",153052.0,"2026-01-02","2026-07-02",181.0,"SEINFRA - SECRETARIA DE INFRAESTRUTURA","912/2025","Médio",1.0,"2026-04-01","Material",7030.0,"Equipamentos de armazenamento de dados",17653.0,"Disco Rígido Removível",602375.0,"capacidade memória: 2, características adicionais: buffer/cache: 128mb, dimensões: 3,5, interface: sata 6,0gb/s, velocidade: 7.200","UN",380.0,10.0,3800.0]
["115/2026","Aprovada",null,"SEINFRA E OUTROS - Acessórios de TIC para manutenção de equipamentos","BENS",153052.0,"2026-01-02","2026-07-02",181.0,"SEINFRA - SECRETARIA DE INFRAESTRUTURA","912/2025","Médio",2.0,"2026-04-01","Material",7060.0,"Peças e acessórios para computadores",14300.0,"Gabinete Para Computador",486616.0,"características adicionais: com fonte de alimentação de 200w, material: aço, padrão: atx, tipo: torre com no mínimo 2 baias","UN",129.0,20.0,2580.0]
["115/2026","Aprovada",null,"SEINFRA E OUTROS - Acessórios de TIC para manutenção de equipamentos","BENS",153052.0,"2026-01-02","2026-07-02",181.0,"SEINFRA - SECRETARIA DE INFRAESTRUTURA","912/2025","Médio",3.0,"2026-04-01","Material",7060.0,"Peças e acessórios para computadores",9597.0,"Memória Ram",448628.0,"aplicação: microcomputadores, capacidade memória: 4, padrão: ddr4, frequência 2400 mhz 240-pin","UN",66.0,30.0,1980.0]
["115/2026","Aprovada",null,"SEINFRA E OUTROS - Acessórios de TIC para manutenção de equipamentos","BENS",153052.0,"2026-01-02","2026-07-02",181.0,"SEINFRA - SECRETARIA DE INFRAESTRUTURA","912/2025","Médio",4.0,"2026-04-01","Material",7060.0,"Peças e acessórios para computadores",14256.0,"Pente De Memória",461343.0,"aplicação: notebook, capacidade memória: 4, padrão: so-dimm, tipo: ddr3 204 pinos, velocidade barramento: 1.333","UN",94.0,30.0,2820.0]
["115/2026","Aprovada",null,"SEINFRA E OUTROS - Acessórios de TIC para manutenção de equipamentos","BENS",153052.0,"2026-01-02","2026-07-02",181.0,"SEINFRA - SECRETARIA DE INFRAESTRUTURA","912/2025","Médio",5.0,"2026-04-01","Material",7060.0,"Peças e acessórios para computadores",9597.0,"Memória Ram",473420.0,"aplicação: microcomputadores, capacidade memória: 8, padrão: ddr3, frequência 1333 mhz 240-pin","UN",53.99,30.0,1619.7]
["115/2026","Aprovada",null,"SEINFRA E OUTROS - Acessórios de TIC para manutenção de equipamentos","BENS",153052.0,"2026-01-02","2026-07-02",181.0,"SEINFRA - SECRETARIA DE INFRAESTRUTURA","912/2025","Médio",6.0,"2026-04-01","Material",7060.0,"Peças e acessórios para computadores",14256.0,"Pente De Memória",434678.0,"capacidade memória: 8, padrão: sdram, tipo: ddr3, velocidade barramento: 1.600","UN",50.9,30.0,1527.0]
["115/2026","Aprovada",null,"SEINFRA E OUTROS - Acessórios de TIC para manutenção de equipamentos","BENS",153052.0,"2026-01-02","2026-07-02",181.0,"SEINFRA - SECRETARIA DE INFRAESTRUTURA","912/2025","Médio",7.0,"2026-04-01","Material",7060.0,"Peças e acessórios para computadores",14256.0,"Pente De Memória",449555.0,"capacidade memória: 8, frequência clock: 2.400, tipo: ddr4","UN",185.0,100.0,18500.0]
["115/2026","Aprovada",null,"SEINFRA E OUTROS - Acessórios de TIC para manutenção de equipamentos","BENS",153052.0,"2026-01-02","2026-07-02",181.0,"SEINFRA - SECRETARIA DE INFRAESTRUTURA","912/2025","Médio",8.0,"2026-04-01","Material",7060.0,"Peças e acessórios para computadores",9597.0,"Memória Ram",604331.0,"aplicação: microcomputadores, capacidade memória: 8, padrão: ddr4, frequência 2400 mhz 240-pin","UN",99.99,100.0,9999.0]
["115/2026","Aprovada",null,"SEINFRA E OUTROS - Acessórios de TIC para manutenção de equipamentos","BENS",153052.0,"2026-01-02","2026-07-02",181.0,"SEINFRA - SECRETARIA DE INFRAESTRUTURA","912/2025","Médio",9.0,"2026-04-01","Material",7080.0,"Peças, acessórios e ferramentas para redes de tic",231.0,"Placa Rede",462602.0,"alimentação: da interface, aplicação: conexão de servidores à rede, características adicionais: wake-on-lan, interface: pci de 32 bits, padrão: pci-express, velocidade transferência: 10/100/1000","UN",63.99,20.0,1279.8]
["115/2026","Aprovada",null,"SEINFRA E OUTROS - Acessórios de TIC para manutenção de equipamentos","BENS",153052.0,"2026-01-02","2026-07-02",181.0,"SEINFRA - SECRETARIA DE INFRAESTRUTURA","912/2025","Médio",10.0,"2026-04-01","Material",7080.0,"Peças, acessórios e ferramentas para redes de tic",231.0,"Placa Rede",460432.0,"aplicação: conexão sem fio de equipamento em rede, características adicionais: 02 antenas tp-link - tl-wn881nd, modo transferência: wireless, padrão: pci-express, velocidade transferência: 300","UN",89.9,20.0,1798.0]
["115/2026","Aprovada",null,"SEINFRA E OUTROS - Acessórios de TIC para manutenção de equipamentos","BENS",153052.0,"2026-01-02","2026-07-02",181.0,"SEINFRA - SECRETARIA DE INFRAESTRUTURA","912/2025","Médio",11.0,"2026-04-01","Material",7060.0,"Peças e acessórios para computadores",14148.0,"Placa Mãe",464975.0,"aplicação: cpu up to 91w  chipset:intel h110, características adicionais: audio hd 7.1 canais,rede pcie 1 gb 10/100/1000mb/s, componentes: suporte processadores intel core (socket 1151), memória expansão: 32, slots:  1 pci express 3.0 x16, 2 pci express 2.0, tipo conectores: 4 conectores sata 3 6.0gb, tipo portas: 4 portas usb 2.0, 2 portas usb 3.0, 1 porta rj45","UN",438.0,30.0,13140.0]
["115/2026","Aprovada",null,"SEINFRA E OUTROS - Acessórios de TIC para manutenção de equipamentos","BENS",153052.0,"2026-01-02","2026-07-02",181.0,"SEINFRA - SECRETARIA DE INFRAESTRUTURA","912/2025","Médio",12.0,"2026-04-01","Material",7060.0,"Peças e acessórios para computadores",15145.0,"Placa Controladora",437480.0,"componentes: fonte alimentação externa e conexão usb, conectores: 54 pinos de entradas e saídas digitais, padrão interface: arduino mega 2560, processador: atmega2560","UN",469.0,50.0,23450.0]
["115/2026","Aprovada",null,"SEINFRA E OUTROS - Acessórios de TIC para manutenção de equipamentos","BENS",153052.0,"2026-01-02","2026-07-02",181.0,"SEINFRA - SECRETARIA DE INFRAESTRUTURA","912/2025","Médio",13.0,"2026-04-01","Material",7060.0,"Peças e acessórios para computadores",14431.0,"Processador",465030.0,"barramento: 8 gt/s, características adicionais: 6 núcleos de processamento, socket 1151, modelo: core i5-8400, tipo: intel, velocidade processamento: 4","UN",543.0,30.0,16290.0]
["115/2026","Aprovada",null,"SEINFRA E OUTROS - Acessórios de TIC para manutenção de equipamentos","BENS",153052.0,"2026-01-02","2026-07-02",181.0,"SEINFRA - SECRETARIA DE INFRAESTRUTURA","912/2025","Médio",14.0,"2026-04-01","Material",7060.0,"Peças e acessórios para computadores",14431.0,"Processador",485389.0,"aplicação: microcomputador, barramento: 4.40 ghz turbo boost, características adicionais: lga 1200, 65w, 14 nm, modelo: core i5-11400, tipo: intel uhd graph, velocidade processamento: 2.6","UN",1097.0,50.0,54850.0]
["115/2026","Aprovada",null,"SEINFRA E OUTROS - Acessórios de TIC para manutenção de equipamentos","BENS",153052.0,"2026-01-02","2026-07-02",181.0,"SEINFRA - SECRETARIA DE INFRAESTRUTURA","912/2025","Médio",15.0,"2026-04-01","Material",7030.0,"Equipamentos de armazenamento de dados",216.0,"Disco Magnético",449232.0,"aplicação: informática, interface: sata iii, memória: 480, modelo: ssd, tamanho: 2.5, velocidade transferência: 6.0","UN",270.0,200.0,54000.0]
["115/2026","Aprovada",null,"SEINFRA E OUTROS - Acessórios de TIC para manutenção de equipamentos","BENS",153052.0,"2026-01-02","2026-07-02",181.0,"SEINFRA - SECRETARIA DE INFRAESTRUTURA","912/2025","Médio",16.0,"2026-04-01","Material",7030.0,"Equipamentos de armazenamento de dados",216.0,"Disco Magnético",612467.0,"aplicação: microcomputador, características adicionais: leitura: 500 mb/s e gravação 450mb/s,, interface: sata 3.0, memória: 960, modelo: kingston a400, tamanho: 2.5, tipo: ssd","UN",430.0,200.0,86000.0]
["115/2026","Aprovada",null,"SEINFRA E OUTROS - Acessórios de TIC para manutenção de equipamentos","BENS",153052.0,"2026-01-02","2026-07-02",181.0,"SEINFRA - SECRETARIA DE INFRAESTRUTURA","912/2025","Médio",17.0,"2026-04-01","Material",7030.0,"Equipamentos de armazenamento de dados",17653.0,"Disco Rígido Removível",394802.0,"capacidade memória: 1, interface: serial ata (sata), velocidade: 7.200","UN",429.99,30.0,12899.7]
["115/2026","Aprovada",null,"SEINFRA E OUTROS - Acessórios de TIC para manutenção de equipamentos","BENS",153052.0,"2026-01-02","2026-07-02",181.0,"SEINFRA - SECRETARIA DE INFRAESTRUTURA","912/2025","Médio",18.0,"2026-04-01","Material",7060.0,"Peças e acessórios para computadores",14360.0,"Câmara De Vídeo",478208.0,"características adicionais: microfones omnidirecionais integrados, formato: h.264 com svc e uvc 1.5, interface: usb, bluetooth, nfc, resolução: 1920 x 1080, tensão alimentação: 110/220, tipo: digital, tipo zoom: digital 4x","UN",440.0,20.0,8800.0]
["115/2026","Aprovada",null,"SEINFRA E OUTROS - Acessórios de TIC para manutenção de equipamentos","BENS",153052.0,"2026-01-02","2026-07-02",181.0,"SEINFRA - SECRETARIA DE INFRAESTRUTURA","912/2025","Médio",19.0,"2026-04-01","Material",7060.0,"Peças e acessórios para computadores",15410.0,"Adaptador Conector",428910.0,"aplicação: notebook e pendrive, tipo conectores: interface usb 3.0","UN",61.99,30.0,1859.7]
["115/2026","Aprovada",null,"SEINFRA E OUTROS - Acessórios de TIC para manutenção de equipamentos","BENS",153052.0,"2026-01-02","2026-07-02",181.0,"SEINFRA - SECRETARIA DE INFRAESTRUTURA","912/2025","Médio",20.0,"2026-04-01","Material",7060.0,"Peças e acessórios para computadores",235.0,"Placa Controladora Vídeo",478024.0,"barramento: pci expres 4.0 - hdmi 2.1, modelo: nvidia geforce rtx 3070, padrão: ddr6, padrão imagem: vga-dvi-hdmi, resolução imagem: 7680 x 4320, tamanho memória: 8","UN",2599.99,20.0,51999.8]
["115/2026","Aprovada",null,"SEINFRA E OUTROS - Acessórios de TIC para manutenção de equipamentos","BENS",153052.0,"2026-01-02","2026-07-02",181.0,"SEINFRA - SECRETARIA DE INFRAESTRUTURA","912/2025","Médio",23.0,"2026-04-01","Material",7060.0,"Peças e acessórios para computadores",14148.0,"Placa Mãe",607894.0,"aplicação: socket lga1700, componentes: chipset intel h610, memória expansão: 64, slots: 1 x slot pcie 4.0 x16 1 x slot pcie 3.0 x, tipo: ddr4, tipo portas: 1x porta d-sub, 1x porta hdmi; 4 x sata port;","UN",559.9,50.0,27995.0]
["115/2026","Aprovada",null,"SEINFRA E OUTROS - Acessórios de TIC para manutenção de equipamentos","BENS",153052.0,"2026-01-02","2026-07-02",181.0,"SEINFRA - SECRETARIA DE INFRAESTRUTURA","912/2025","Médio",24.0,"2026-04-01","Material",7060.0,"Peças e acessórios para computadores",14431.0,"Processador",607891.0,"barramento: turbo boost 4.3 ghz, características adicionais: gráfico uhd integrado, memória cache: 18, modelo: intel core i5-12400, tipo: lga 1700, velocidade processamento: 2.5","UN",899.99,50.0,44999.5]
["115/2026","Aprovada",null,"SEINFRA E OUTROS - Acessórios de TIC para manutenção de equipamentos","BENS",153052.0,"2026-01-02","2026-07-02",181.0,"SEINFRA - SECRETARIA DE INFRAESTRUTURA","912/2025","Médio",25.0,"2026-04-01","Material",5640.0,"Painel de papelão,papel empregado em construção e materiais de isolamento térmico",8497.0,"Isolante Térmico",320490.0,"aplicação: processador, aspecto físico: pasta, características adicionais: condutividade térmica 9.24w/m.ºc/temperatura 0-200, formato: seringa de 5 gramas, material: prata","UN",47.9,50.0,2395.0]
["115/2026","Aprovada",null,"SEINFRA E OUTROS - Acessórios de TIC para manutenção de equipamentos","BENS",153052.0,"2026-01-02","2026-07-02",181.0,"SEINFRA - SECRETARIA DE INFRAESTRUTURA","912/2025","Médio",27.0,"2026-04-01","Material",3439.0,"Suprimentos e acessórios para soldas diversas, fracas e  fortes",1137.0,"Fluxo Solda",467332.0,"aplicação: placas circuito impresso, aspecto físico: pastoso, prazo validade: indeterminado","UN",75.9,10.0,759.0]
["115/2026","Aprovada",null,"SEINFRA E OUTROS - Acessórios de TIC para manutenção de equipamentos","BENS",153052.0,"2026-01-02","2026-07-02",181.0,"SEINFRA - SECRETARIA DE INFRAESTRUTURA","912/2025","Médio",30.0,"2026-04-01","Material",6640.0,"Equipamentos e artigos de laboratório",7059.0,"Microscópio",627732.0,"adicional: c/ saída usb, aumento: zoom até 1500x, componentes: c/ câmera de vídeo integrada e tela de lcd, tipo: portátil, tipo de análise: digital","UN",1048.0,3.0,3144.0]
["115/2026","Aprovada",null,"SEINFRA E OUTROS - Acessórios de TIC para manutenção de equipamentos","BENS",153052.0,"2026-01-02","2026-07-02",181.0,"SEINFRA - SECRETARIA DE INFRAESTRUTURA","912/2025","Médio",31.0,"2026-04-01","Material",7060.0,"Peças e acessórios para computadores",214.0,"Conversor Vídeo",431538.0,"conector entrada: fêmea, conector saída: jack trs, entrada vídeo: hdmi, resolução: 1080i, saída vídeo: vga, tensão alimentação: 220","UN",30.8,20.0,616.0]
["115/2026","Aprovada",null,"SEINFRA E OUTROS - Acessórios de TIC para manutenção de equipamentos","BENS",153052.0,"2026-01-02","2026-07-02",181.0,"SEINFRA - SECRETARIA DE INFRAESTRUTURA","912/2025","Médio",32.0,"2026-04-01","Material",3439.0,"Suprimentos e acessórios para soldas diversas, fracas e  fortes",7401.0,"Ferro De Soldar",601269.0,"aplicação: serviços de manutenção, características adicionais: com suporte para descanso, formato ponta: cônica, material cabo: plástico, potência: 34, temperatura máxima: 450, tensão: 127, tipo ponta: removível","UN",50.97,25.0,1274.25]
["115/2026","Aprovada",null,"SEINFRA E OUTROS - Acessórios de TIC para manutenção de equipamentos","BENS",153052.0,"2026-01-02","2026-07-02",181.0,"SEINFRA - SECRETARIA DE INFRAESTRUTURA","912/2025","Médio",33.0,"2026-04-01","Material",7920.0,"Vassouras, escovas, rodos, esponjas e esfregões",7042.0,"Esponja Limpeza",369937.0,"abrasividade: média, aplicação: ferro de solda, formato: retangular, material: fibra sintética","UN",28.98,20.0,579.6]
["115/2026","Aprovada",null,"SEINFRA E OUTROS - Acessórios de TIC para manutenção de equipamentos","BENS",153052.0,"2026-01-02","2026-07-02",181.0,"SEINFRA - SECRETARIA DE INFRAESTRUTURA","912/2025","Médio",34.0,"2026-04-01","Material",4140.0,"Ventiladores, circuladores de ar e ventoinhas",704.0,"Exaustor",474422.0,"altura: 275, aplicação: dissipar fumaça e impureza no processo de soldagem, características adicionais: estrutura metálica direcionavel, base de borracha, comprimento: 217, largura: 217, potência motor: 30, tipo: de bancada","UN",395.0,6.0,2370.0]
["115/2026","Aprovada",null,"SEINFRA E OUTROS - Acessórios de TIC para manutenção de equipamentos","BENS",153052.0,"2026-01-02","2026-07-02",181.0,"SEINFRA - SECRETARIA DE INFRAESTRUTURA","912/2025","Médio",35.0,"2026-04-01","Material",7060.0,"Peças e acessórios para computadores",13510.0,"Teclado Microcomputador",460248.0,"conectividade: com fio, tipo: ampliado, tipo conector: usb","UN",62.9,30.0,1887.0]
["115/2026","Aprovada",null,"SEINFRA E OUTROS - Acessórios de TIC para manutenção de equipamentos","BENS",153052.0,"2026-01-02","2026-07-02",181.0,"SEINFRA - SECRETARIA DE INFRAESTRUTURA","912/2025","Médio",36.0,"2026-04-01","Material",7060.0,"Peças e acessórios para computadores",5409.0,"Mouse Computador",603262.0,"conectividade: sem fio, sensor: led, tamanho: padrão, tipo conector: bluetooth, conector usb-c lightihing","UN",106.0,30.0,3180.0]
["115/2026","Aprovada",null,"SEINFRA E OUTROS - Acessórios de TIC para manutenção de equipamentos","BENS",153052.0,"2026-01-02","2026-07-02",181.0,"SEINFRA - SECRETARIA DE INFRAESTRUTURA","912/2025","Médio",37.0,"2026-04-01","Material",7060.0,"Peças e acessórios para computadores",15410.0,"Adaptador Conector",270104.0,"aplicação: adaptação de teclado/ mouse porta ps/2 p/ usb, características adicionais: adaptar p/ conecção teclado e mouse ps2 para usb, tipo conectores: ps/2 / usb/ ps/2, padrão: compatível com usb 1.1 e 2.0, suportando interface","UN",78.8,50.0,3940.0]
["115/2026","Aprovada",null,"SEINFRA E OUTROS - Acessórios de TIC para manutenção de equipamentos","BENS",153052.0,"2026-01-02","2026-07-02",181.0,"SEINFRA - SECRETARIA DE INFRAESTRUTURA","912/2025","Médio",38.0,"2026-04-01","Material",7060.0,"Peças e acessórios para computadores",15879.0,"Memória Flash",256587.0,"aplicação: tranferência e backup de arquivos, capacidade: 128, características adicionais: sem necessidade de bateria,fonte interna com led,, interface: usb plug & play, tipo: usb flash, velocidade gravação: 4, velocidade leitura: 7,2","UN",78.35,30.0,2350.5]
["115/2026","Aprovada",null,"SEINFRA E OUTROS - Acessórios de TIC para manutenção de equipamentos","BENS",153052.0,"2026-01-02","2026-07-02",181.0,"DTEL - DIRETORIA DE TELECOMUNICAÇÕES","1027/2025","Baixo",3.0,"2026-04-01","Material",7070.0,"Peças e acessórios para impressoras",8578.0,"Conjunto Limpeza Impressora / Copiadora",448424.0,"características adicionais: compatível com impressora de cartao pvc dupla face, referência impressora: fargo, tipo: roletes/cotonetes e cartões de limpeza","UN",509.33,10.0,5093.3]
["115/2026","Aprovada",null,"SEINFRA E OUTROS - Acessórios de TIC para manutenção de equipamentos","BENS",153052.0,"2026-01-02","2026-07-02",181.0,"DTEL - DIRETORIA DE TELECOMUNICAÇÕES","1027/2025","Baixo",4.0,"2026-04-01","Material",7070.0,"Peças e acessórios para impressoras",219.0,"Fita Impressora",246101.0,"características adicionais: impressão por termotransferência de resina premium, comprimento: 92, cor: preta, largura: 60, material: resina, referência: 81734, tipo impressora: fargo, padrão impressora: 4250, rendimento: 1.000 impressões","UN",160.0,5.0,800.0]
["115/2026","Aprovada",null,"SEINFRA E OUTROS - Acessórios de TIC para manutenção de equipamentos","BENS",153052.0,"2026-01-02","2026-07-02",181.0,"DTEL - DIRETORIA DE TELECOMUNICAÇÕES","1027/2025","Baixo",5.0,"2026-04-01","Material",7070.0,"Peças e acessórios para impressoras",219.0,"Fita Impressora",479977.0,"características adicionais: part number 45000, material: resina, referência: ymcko dtc 1000/1250e, tipo impressora: fargo","UN",420.0,80.0,33600.0]
["117/2026","Aprovada",null,"SEINFRA- Contratação de serviços de projeto e execução da rede de média tensão da EA/UFG","SERVICOS",153052.0,"2026-01-02","2026-07-02",181.0,"SEINFRA - SECRETARIA DE INFRAESTRUTURA","735/2025","Médio",1.0,"2026-06-05","Serviço",871.0,"Serviços De Manutenção E Reparo De Produtos Fabricados De Metal,Maquinaria E Equipamentos",null,null,2879.0,"Manutenção de Linhas de Distribuição de Energia Elétrica",null,350000.0,1.0,350000.0]
["118/2026","Aprovada",null,"SEINFRA- Serviço de fornecimento de água/esgoto","SERVICOS",153052.0,"2025-12-02","2026-01-02",31.0,"SEINFRA - SECRETARIA DE INFRAESTRUTURA","731/2025","Alto",1.0,"2026-01-02","Serviço",692.0,"Serviços De Distribuição De Água Através De Tubulação",null,null,22845.0,"Fornecimento de Água e Coleta de Esgoto Sanitário",null,3500000.0,1.0,3500000.0]
["119/2026","Aprovada",null,"SEINFRA- Serviço de Coleta massa verde","SERVICOS",153052.0,"2026-01-02","2026-07-02",181.0,"SEINFRA - SECRETARIA DE INFRAESTRUTURA","734/2025","Alto",1.0,"2026-01-02","Serviço",861.0,"Serviços Relativos À Agricultura, Caça, Reflorestamento E Pesca",null,null,15130.0,"Poda, Corte, Arrancamento de Árvores - Áreas Pública / Particular",null,5.0,20000.0,100000.0]
["120/2026","Aprovada",null,"SEINFRA -  Serviço de execução da reforma elétrica e lógica da SEINFRA","SERVICOS",153052.0,"2026-01-02","2026-07-02",181.0,"SEINFRA - SECRETARIA DE INFRAESTRUTURA","736/2025","Médio",1.0,"2026-06-06","Serviço",546.0,"Serviços De Instalação",null,null,5606.0,"Instalação / Manutenção Elétrica - Predial, Industrial",null,600000.0,1.0,600000.0]
["113/2026","Aprovada",null,"MATERIAIS E EQUIPAMENTOS ERGONÔMICOS E FISIOTERAPÊUTICOS, MODELOS ANATÔMICOS","BENS",153052.0,"2026-02-02","2026-08-03",182.0,"FM - FACULDADE DE MEDICINA","591/2025","Alto",1.0,"2026-04-01","Material",6910.0,"ACESSÓRIOS PARA TREINAMENTO",9837.0,"MODELO ANATÔMICO PARA FINS DIDÁTICOS",null,null,null,18000.0,1.0,18000.0]
["113/2026","Aprovada",null,"MATERIAIS E EQUIPAMENTOS ERGONÔMICOS E FISIOTERAPÊUTICOS, MODELOS ANATÔMICOS","BENS",153052.0,"2026-02-02","2026-08-03",182.0,"PRAE - PRO-REITORIA DE ASSUNTOS ESTUDANTIS","509/2025","Alto",1.0,"2026-01-15","Material",4510.0,"Dispositivos e acessórios para instalações hidráulicas",3319.0,"Banheira",268746.0,"altura: 0,90, aplicação: tosa em canil, características adicionais: alto padrão de acabamento,saboneteira em aço inox,, comprimento: 1,20, largura: 0,70, material: aço inoxidável","UN",1000.0,1.0,1000.0]
["113/2026","Aprovada",null,"MATERIAIS E EQUIPAMENTOS ERGONÔMICOS E FISIOTERAPÊUTICOS, MODELOS ANATÔMICOS","BENS",153052.0,"2026-02-02","2026-08-03",182.0,"PRAE - PRO-REITORIA DE ASSUNTOS ESTUDANTIS","509/2025","Alto",5.0,"2026-01-15","Material",6530.0,"MOBILIÁRIO, EQUIPAMENTOS, UTENSÍLIOS E  SUPRIMENTOS  HOSPITALARES",6789.0,"MATERIAL FISIOTERAPIA",615614.0,"APLICAÇÃO: EXERCÍCIO FORTALECIMENTO MUSCULAR E MASSAGEM, CARACTERÍSTICAS ADICIONAIS: TEXTURIZADO, DIMENSÃO: CERCA DE 15 X 60, ESTERILIDADE: REUTILIZÁVEL, MATERIAL: EVA, TIPO: ROLO CILÍNDRICO","UN",200.0,3.0,600.0]
["113/2026","Aprovada",null,"MATERIAIS E EQUIPAMENTOS ERGONÔMICOS E FISIOTERAPÊUTICOS, MODELOS ANATÔMICOS","BENS",153052.0,"2026-02-02","2026-08-03",182.0,"DASS - DIRETORIA DE ASSISTÊNCIA À SAÚDE DO SERVIDOR","789/2025","Médio",1.0,"2026-04-30","Material",7195.0,"Mobiliários diversos e acessórios",6073.0,"Descanso Pés",459718.0,"características adicionais: base antiderrapante, comprimento: 31,5, largura: 48, material bandeja: plástico, material estrutura: plástico, tipo: ajustável","UN",100.0,50.0,5000.0]
["108/2026","Aprovada",null,"SEINFRA - Materiais para serviços de serralheria","BENS",153052.0,"2026-01-02","2026-07-02",181.0,"SEINFRA - SECRETARIA DE INFRAESTRUTURA","778/2025","Médio",1.0,"2026-06-01","Material",5345.0,"Discos e pedras abrasivos",17002.0,"Discos E Pedras Abrasivos",453499.0,"aplicação: remoção de pintura, junta, adesivos, ferrugem, cor: preta, diâmetro: 12,70, material: fibras sintéticas, tamanho: 115 x 22, uso: esmerilhadeira","UN",6.0,1000.0,6000.0]
["108/2026","Aprovada",null,"SEINFRA - Materiais para serviços de serralheria","BENS",153052.0,"2026-01-02","2026-07-02",181.0,"SEINFRA - SECRETARIA DE INFRAESTRUTURA","778/2025","Médio",2.0,"2026-06-01","Material",5345.0,"Discos e pedras abrasivos",567.0,"Disco Corte",608431.0,"aplicação: corte de mdf, diâmetro: 250, diâmetro furo: 30, espessura: 3,2, material: aço carbono, quantidade dentes: 80","UN",8.0,1000.0,8000.0]
["108/2026","Aprovada",null,"SEINFRA - Materiais para serviços de serralheria","BENS",153052.0,"2026-01-02","2026-07-02",181.0,"SEINFRA - SECRETARIA DE INFRAESTRUTURA","778/2025","Médio",3.0,"2026-06-01","Material",5345.0,"Discos e pedras abrasivos",567.0,"Disco Corte",608431.0,"aplicação: corte de mdf, diâmetro: 250, diâmetro furo: 30, espessura: 3,2, material: aço carbono, quantidade dentes: 80","UN",7.0,50.0,350.0]
["108/2026","Aprovada",null,"SEINFRA - Materiais para serviços de serralheria","BENS",153052.0,"2026-01-02","2026-07-02",181.0,"SEINFRA - SECRETARIA DE INFRAESTRUTURA","778/2025","Médio",4.0,"2026-06-01","Material",5345.0,"Discos e pedras abrasivos",567.0,"Disco Corte",608431.0,"aplicação: corte de mdf, diâmetro: 250, diâmetro furo: 30, espessura: 3,2, material: aço carbono, quantidade dentes: 80","UN",6.0,70.0,420.0]
["108/2026","Aprovada",null,"SEINFRA - Materiais para serviços de serralheria","BENS",153052.0,"2026-01-02","2026-07-02",181.0,"SEINFRA - SECRETARIA DE INFRAESTRUTURA","778/2025","Médio",5.0,"2026-06-01","Material",3439.0,"Suprimentos e acessórios para soldas diversas, fracas e  fortes",1157.0,"Eletrodo Solda",613700.0,"características adicionais: redondo, diâmetro: 2,50, forma: vareta, material indicado: latão, normas técnicas: aws a5.15/82, classe e-cusn-c","UN",95.9,150.0,14385.0]
["108/2026","Aprovada",null,"SEINFRA - Materiais para serviços de serralheria","BENS",153052.0,"2026-01-02","2026-07-02",181.0,"SEINFRA - SECRETARIA DE INFRAESTRUTURA","778/2025","Médio",6.0,"2026-06-01","Material",3439.0,"Suprimentos e acessórios para soldas diversas, fracas e  fortes",11039.0,"Porta-Eletrodo",255833.0,"aplicação: soldagem elétrica, corrente: 500, material: liga especial de bronze","UN",60.0,8.0,480.0]
["108/2026","Aprovada",null,"SEINFRA - Materiais para serviços de serralheria","BENS",153052.0,"2026-01-02","2026-07-02",181.0,"SEINFRA - SECRETARIA DE INFRAESTRUTURA","778/2025","Médio",7.0,"2026-06-01","Material",5110.0,"Ferramentas manuais de corte, não acionadas por força motriz",8620.0,"Lâmina Serra Manual",287975.0,"comprimento: 300, espessura: 1,25, largura: 25, material: aço rápido, passo: 2,10, quantidade dentes: 12 dentes por polegada","UN",9.0,500.0,4500.0]
["108/2026","Aprovada",null,"SEINFRA - Materiais para serviços de serralheria","BENS",153052.0,"2026-01-02","2026-07-02",181.0,"SEINFRA - SECRETARIA DE INFRAESTRUTURA","778/2025","Médio",10.0,"2026-06-01","Material",5340.0,"Ferragens diversas",554.0,"Cadeado",266217.0,"cor: amarela, material: latão maciço, material haste: aço temperado, altura haste: 20, quantidade chaves: 02","UN",15.0,60.0,900.0]
["108/2026","Aprovada",null,"SEINFRA - Materiais para serviços de serralheria","BENS",153052.0,"2026-01-02","2026-07-02",181.0,"SEINFRA - SECRETARIA DE INFRAESTRUTURA","778/2025","Médio",11.0,"2026-06-01","Material",5340.0,"Ferragens diversas",554.0,"Cadeado",265620.0,"altura: 50, cor: amarela, largura: 30, material: latão maciço, material haste: aço inoxidável","UN",18.0,50.0,900.0]
["108/2026","Aprovada",null,"SEINFRA - Materiais para serviços de serralheria","BENS",153052.0,"2026-01-02","2026-07-02",181.0,"SEINFRA - SECRETARIA DE INFRAESTRUTURA","778/2025","Médio",12.0,"2026-06-01","Material",5340.0,"Ferragens diversas",554.0,"Cadeado",256537.0,"altura: 40, largura: 20, material: latão maciço, material haste: aço cementado, altura haste: 11, diâmetro haste: 11","UN",25.0,40.0,1000.0]
["108/2026","Aprovada",null,"SEINFRA - Materiais para serviços de serralheria","BENS",153052.0,"2026-01-02","2026-07-02",181.0,"SEINFRA - SECRETARIA DE INFRAESTRUTURA","778/2025","Médio",13.0,"2026-06-01","Material",4010.0,"Correntes e cabos de aço",5903.0,"Corrente De Aço",616569.0,"aplicação: suporte de placas indicativas, capacidade de carga: 150, comprimento: 100, dimensão relativa dos elos: 10 x 33","UN",18.9,60.0,1134.0]
["108/2026","Aprovada",null,"SEINFRA - Materiais para serviços de serralheria","BENS",153052.0,"2026-01-02","2026-07-02",181.0,"SEINFRA - SECRETARIA DE INFRAESTRUTURA","778/2025","Médio",14.0,"2026-06-01","Material",5325.0,"Dispositivos para fixação",4966.0,"Chumbador Especial",610833.0,"aplicação: fixação de máquinas, equipamentos, estruturas, diâmetro rosca: 1/4, material: aço galvanizado, tipo: parabolt","UN",1.6,300.0,480.0]
["108/2026","Aprovada",null,"SEINFRA - Materiais para serviços de serralheria","BENS",153052.0,"2026-01-02","2026-07-02",181.0,"SEINFRA - SECRETARIA DE INFRAESTRUTURA","778/2025","Médio",15.0,"2026-06-01","Material",5325.0,"Dispositivos para fixação",4966.0,"Chumbador Especial",622771.0,"aplicação: fixação em concreto, diâmetro rosca: 3/8, material: aço galvanizado, tipo: cba","UN",1.8,300.0,540.0]
["108/2026","Aprovada",null,"SEINFRA - Materiais para serviços de serralheria","BENS",153052.0,"2026-01-02","2026-07-02",181.0,"SEINFRA - SECRETARIA DE INFRAESTRUTURA","778/2025","Médio",16.0,"2026-06-01","Material",5305.0,"Parafusos sem porca",16194.0,"Prolongador Parafuso",348507.0,"aplicação: fincapino/tirantes, barra roscada, comprimento: longo, diâmetro: 1/2, material: aço galvanizado","UN",30.0,30.0,900.0]
["108/2026","Aprovada",null,"SEINFRA - Materiais para serviços de serralheria","BENS",153052.0,"2026-01-02","2026-07-02",181.0,"SEINFRA - SECRETARIA DE INFRAESTRUTURA","778/2025","Médio",17.0,"2026-06-01","Material",5305.0,"Parafusos sem porca",16194.0,"Prolongador Parafuso",348507.0,"aplicação: fincapino/tirantes, barra roscada, comprimento: longo, diâmetro: 1/2, material: aço galvanizado","UN",25.9,20.0,518.0]
["108/2026","Aprovada",null,"SEINFRA - Materiais para serviços de serralheria","BENS",153052.0,"2026-01-02","2026-07-02",181.0,"SEINFRA - SECRETARIA DE INFRAESTRUTURA","778/2025","Médio",18.0,"2026-06-01","Material",2995.0,"Acessórios diversos de motores de aeronaves",15473.0,"Arruela Lisa",292071.0,"aplicação: fixar parafuso, referência fabril: 3/16","UN",0.05,2500.0,125.0]
["108/2026","Aprovada",null,"SEINFRA - Materiais para serviços de serralheria","BENS",153052.0,"2026-01-02","2026-07-02",181.0,"SEINFRA - SECRETARIA DE INFRAESTRUTURA","778/2025","Médio",19.0,"2026-06-01","Material",2995.0,"Acessórios diversos de motores de aeronaves",15473.0,"Arruela Lisa",392394.0,"aplicação: fixar parafuso, referência fabril: 1/4","UN",0.09,2500.0,225.0]
["108/2026","Aprovada",null,"SEINFRA - Materiais para serviços de serralheria","BENS",153052.0,"2026-01-02","2026-07-02",181.0,"SEINFRA - SECRETARIA DE INFRAESTRUTURA","778/2025","Médio",20.0,"2026-06-01","Material",2995.0,"Acessórios diversos de motores de aeronaves",15473.0,"Arruela Lisa",392394.0,"aplicação: fixar parafuso, referência fabril: 1/4","UN",0.11,1500.0,165.0]
["108/2026","Aprovada",null,"SEINFRA - Materiais para serviços de serralheria","BENS",153052.0,"2026-01-02","2026-07-02",181.0,"SEINFRA - SECRETARIA DE INFRAESTRUTURA","778/2025","Médio",21.0,"2026-06-01","Material",2995.0,"Acessórios diversos de motores de aeronaves",15473.0,"Arruela Lisa",392394.0,"aplicação: fixar parafuso, referência fabril: 1/4","UN",0.15,2500.0,375.0]
["108/2026","Aprovada",null,"SEINFRA - Materiais para serviços de serralheria","BENS",153052.0,"2026-01-02","2026-07-02",181.0,"SEINFRA - SECRETARIA DE INFRAESTRUTURA","778/2025","Médio",25.0,"2026-06-01","Material",5310.0,"Porcas e arruelas",11026.0,"Porca",390738.0,"características adicionais: 20 fios por polegada, diâmetro furo: 1/4, material: aço inoxidável, tipo: sextavada, tipo rosca: unc","UN",0.1,2500.0,250.0]
["108/2026","Aprovada",null,"SEINFRA - Materiais para serviços de serralheria","BENS",153052.0,"2026-01-02","2026-07-02",181.0,"SEINFRA - SECRETARIA DE INFRAESTRUTURA","778/2025","Médio",26.0,"2026-06-01","Material",5310.0,"Porcas e arruelas",11026.0,"Porca",358977.0,"diâmetro furo: 5/16, material: aço carbono, tipo: sextavada","UN",0.15,1500.0,225.0]
["108/2026","Aprovada",null,"SEINFRA - Materiais para serviços de serralheria","BENS",153052.0,"2026-01-02","2026-07-02",181.0,"SEINFRA - SECRETARIA DE INFRAESTRUTURA","778/2025","Médio",27.0,"2026-06-01","Material",5310.0,"Porcas e arruelas",11026.0,"Porca",390733.0,"características adicionais: 16 fios por polegada, diâmetro furo: 3/8, material: aço inoxidável, tipo: sextavada, tipo rosca: unc","UN",0.2,2500.0,500.0]
["108/2026","Aprovada",null,"SEINFRA - Materiais para serviços de serralheria","BENS",153052.0,"2026-01-02","2026-07-02",181.0,"SEINFRA - SECRETARIA DE INFRAESTRUTURA","778/2025","Médio",28.0,"2026-06-01","Material",5120.0,"Ferramentas manuais sem corte, não acionadas  por  força  motriz",15387.0,"Escova",325332.0,"diâmetro: 3/4, diâmetro haste: 6,0, material: aço latonado, tipo: rotativa / pincel","UN",12.0,35.0,420.0]
["108/2026","Aprovada",null,"SEINFRA - Materiais para serviços de serralheria","BENS",153052.0,"2026-01-02","2026-07-02",181.0,"SEINFRA - SECRETARIA DE INFRAESTRUTURA","778/2025","Médio",29.0,"2026-06-01","Material",5110.0,"Ferramentas manuais de corte, não acionadas por força motriz",8831.0,"Lima Manual",620282.0,"características adicionais: diamantada, comprimento: 8, formato: chata, tipo: murça","UN",19.0,30.0,570.0]
["108/2026","Aprovada",null,"SEINFRA - Materiais para serviços de serralheria","BENS",153052.0,"2026-01-02","2026-07-02",181.0,"SEINFRA - SECRETARIA DE INFRAESTRUTURA","778/2025","Médio",30.0,"2026-06-01","Material",9520.0,"Perfis estruturais de ferro e aço",4432.0,"Cantoneira Metal Ferroso",375360.0,"espessura: 1/8, largura abas iguais: 1, material: ferro, tipo: abas iguais","BR",36.0,300.0,10800.0]
["108/2026","Aprovada",null,"SEINFRA - Materiais para serviços de serralheria","BENS",153052.0,"2026-01-02","2026-07-02",181.0,"SEINFRA - SECRETARIA DE INFRAESTRUTURA","778/2025","Médio",31.0,"2026-06-01","Material",9520.0,"Perfis estruturais de ferro e aço",4432.0,"Cantoneira Metal Ferroso",358789.0,"comprimento: 6, espessura: 3/16, largura abas iguais: 1, material: ferro, tipo: abas iguais","BR",54.0,40.0,2160.0]
["108/2026","Aprovada",null,"SEINFRA - Materiais para serviços de serralheria","BENS",153052.0,"2026-01-02","2026-07-02",181.0,"SEINFRA - SECRETARIA DE INFRAESTRUTURA","778/2025","Médio",32.0,"2026-06-01","Material",9520.0,"Perfis estruturais de ferro e aço",4432.0,"Cantoneira Metal Ferroso",380427.0,"comprimento: 6, espessura: 1/8, largura abas iguais: 1 1/2, material: aço carbono sae 1020, tipo: abas iguais","BR",62.0,100.0,6200.0]
["108/2026","Aprovada",null,"SEINFRA - Materiais para serviços de serralheria","BENS",153052.0,"2026-01-02","2026-07-02",181.0,"SEINFRA - SECRETARIA DE INFRAESTRUTURA","778/2025","Médio",33.0,"2026-06-01","Material",9520.0,"Perfis estruturais de ferro e aço",4432.0,"Cantoneira Metal Ferroso",375359.0,"espessura: 3/16, largura abas iguais: 1 1/2, material: ferro, tipo: abas iguais","BR",80.0,50.0,4000.0]
["108/2026","Aprovada",null,"SEINFRA - Materiais para serviços de serralheria","BENS",153052.0,"2026-01-02","2026-07-02",181.0,"SEINFRA - SECRETARIA DE INFRAESTRUTURA","778/2025","Médio",34.0,"2026-06-01","Material",9520.0,"Perfis estruturais de ferro e aço",4432.0,"Cantoneira Metal Ferroso",380428.0,"comprimento: 6, espessura: 1/8, largura abas iguais: 7/8, material: aço carbono sae 1020, tipo: abas iguais","BR",31.0,300.0,9300.0]
["108/2026","Aprovada",null,"SEINFRA - Materiais para serviços de serralheria","BENS",153052.0,"2026-01-02","2026-07-02",181.0,"SEINFRA - SECRETARIA DE INFRAESTRUTURA","778/2025","Médio",35.0,"2026-06-01","Material",9520.0,"Perfis estruturais de ferro e aço",4432.0,"Cantoneira Metal Ferroso",375361.0,"espessura: 1/8, largura abas iguais: 3/4, material: ferro, tipo: abas iguais","BR",43.0,150.0,6450.0]
["108/2026","Aprovada",null,"SEINFRA - Materiais para serviços de serralheria","BENS",153052.0,"2026-01-02","2026-07-02",181.0,"SEINFRA - SECRETARIA DE INFRAESTRUTURA","778/2025","Médio",36.0,"2026-06-01","Material",9520.0,"Perfis estruturais de ferro e aço",4432.0,"Cantoneira Metal Ferroso",368341.0,"comprimento: 6, espessura: 1/8, largura abas iguais: 5/8, material: aço carbono sae 1008/1010, tipo: abas iguais","BR",25.0,50.0,1250.0]
["108/2026","Aprovada",null,"SEINFRA - Materiais para serviços de serralheria","BENS",153052.0,"2026-01-02","2026-07-02",181.0,"SEINFRA - SECRETARIA DE INFRAESTRUTURA","778/2025","Médio",37.0,"2026-06-01","Material",9510.0,"Barras e vergalhões de ferro e de aço",3350.0,"Barra Aço",264773.0,"bitola: 1 1/4 x 1/8, características adicionais: laminado, comprimento: 6, formato seção: chato, material: aço 1020","BR",26.8,120.0,3216.0]
["108/2026","Aprovada",null,"SEINFRA - Materiais para serviços de serralheria","BENS",153052.0,"2026-01-02","2026-07-02",181.0,"SEINFRA - SECRETARIA DE INFRAESTRUTURA","778/2025","Médio",38.0,"2026-06-01","Material",9510.0,"Barras e vergalhões de ferro e de aço",3350.0,"Barra Aço",264773.0,"bitola: 1 1/4 x 1/8, características adicionais: laminado, comprimento: 6, formato seção: chato, material: aço 1020","BR",35.1,70.0,2457.0]
["108/2026","Aprovada",null,"SEINFRA - Materiais para serviços de serralheria","BENS",153052.0,"2026-01-02","2026-07-02",181.0,"SEINFRA - SECRETARIA DE INFRAESTRUTURA","778/2025","Médio",39.0,"2026-06-01","Material",9510.0,"Barras e vergalhões de ferro e de aço",3350.0,"Barra Aço",240052.0,"bitola: 1 1/2 x 3/16\", comprimento: 6 m, formato seção: chato\"","BR",65.0,60.0,3900.0]
["108/2026","Aprovada",null,"SEINFRA - Materiais para serviços de serralheria","BENS",153052.0,"2026-01-02","2026-07-02",181.0,"SEINFRA - SECRETARIA DE INFRAESTRUTURA","778/2025","Médio",40.0,"2026-06-01","Material",9510.0,"Barras e vergalhões de ferro e de aço",3350.0,"Barra Aço",240044.0,"bitola: 1/2 x 1/8\", comprimento: 6 m, formato seção: chato\"","BR",10.0,250.0,2500.0]
["108/2026","Aprovada",null,"SEINFRA - Materiais para serviços de serralheria","BENS",153052.0,"2026-01-02","2026-07-02",181.0,"SEINFRA - SECRETARIA DE INFRAESTRUTURA","778/2025","Médio",41.0,"2026-06-01","Material",9510.0,"Barras e vergalhões de ferro e de aço",3350.0,"Barra Aço",240044.0,"bitola: 1/2 x 1/8\", comprimento: 6 m, formato seção: chato\"","BR",44.0,150.0,6600.0]
["108/2026","Aprovada",null,"SEINFRA - Materiais para serviços de serralheria","BENS",153052.0,"2026-01-02","2026-07-02",181.0,"SEINFRA - SECRETARIA DE INFRAESTRUTURA","778/2025","Médio",42.0,"2026-06-01","Material",9510.0,"Barras e vergalhões de ferro e de aço",3350.0,"Barra Aço",240047.0,"bitola: 1 x 1/8\", comprimento: 6 m, formato seção: chato\"","BR",34.0,250.0,8500.0]
["108/2026","Aprovada",null,"SEINFRA - Materiais para serviços de serralheria","BENS",153052.0,"2026-01-02","2026-07-02",181.0,"SEINFRA - SECRETARIA DE INFRAESTRUTURA","778/2025","Médio",43.0,"2026-06-01","Material",9510.0,"Barras e vergalhões de ferro e de aço",3350.0,"Barra Aço",240046.0,"bitola: 7/8 x 1/8\", comprimento: 6 m, formato seção: chato\"","BR",25.0,60.0,1500.0]
["108/2026","Aprovada",null,"SEINFRA - Materiais para serviços de serralheria","BENS",153052.0,"2026-01-02","2026-07-02",181.0,"SEINFRA - SECRETARIA DE INFRAESTRUTURA","778/2025","Médio",44.0,"2026-06-01","Material",9510.0,"Barras e vergalhões de ferro e de aço",3350.0,"Barra Aço",240046.0,"bitola: 7/8 x 1/8\", comprimento: 6 m, formato seção: chato\"","BR",13.0,50.0,650.0]
["108/2026","Aprovada",null,"SEINFRA - Materiais para serviços de serralheria","BENS",153052.0,"2026-01-02","2026-07-02",181.0,"SEINFRA - SECRETARIA DE INFRAESTRUTURA","778/2025","Médio",45.0,"2026-06-01","Material",5340.0,"Ferragens diversas",557.0,"Dobradiça Porta",473176.0,"material: latão, altura: 3, largura: 2 1/2","UN",0.78,100.0,78.0]
["108/2026","Aprovada",null,"SEINFRA - Materiais para serviços de serralheria","BENS",153052.0,"2026-01-02","2026-07-02",181.0,"SEINFRA - SECRETARIA DE INFRAESTRUTURA","778/2025","Médio",46.0,"2026-06-01","Material",5340.0,"Ferragens diversas",557.0,"Dobradiça Porta",336860.0,"material: metal, tratamento superficial: cromado, altura: 3 1/2, largura: 3","UN",320.0,200.0,64000.0]
["108/2026","Aprovada",null,"SEINFRA - Materiais para serviços de serralheria","BENS",153052.0,"2026-01-02","2026-07-02",181.0,"SEINFRA - SECRETARIA DE INFRAESTRUTURA","778/2025","Médio",47.0,"2026-06-01","Material",5340.0,"Ferragens diversas",557.0,"Dobradiça Porta",326495.0,"material: latão, tratamento superficial: cromado, altura: 2.1/2, largura: 4, quantidade parafusos: 6","UN",78.0,200.0,15600.0]
["108/2026","Aprovada",null,"SEINFRA - Materiais para serviços de serralheria","BENS",153052.0,"2026-01-02","2026-07-02",181.0,"SEINFRA - SECRETARIA DE INFRAESTRUTURA","778/2025","Médio",48.0,"2026-06-01","Material",5110.0,"Ferramentas manuais de corte, não acionadas por força motriz",8831.0,"Lima Manual",606038.0,"características adicionais: cabo plástico emborrachado, aço carbono, picado du, comprimento: 200, formato: redonda, tipo: grosa","UN",18.0,15.0,270.0]
["108/2026","Aprovada",null,"SEINFRA - Materiais para serviços de serralheria","BENS",153052.0,"2026-01-02","2026-07-02",181.0,"SEINFRA - SECRETARIA DE INFRAESTRUTURA","778/2025","Médio",49.0,"2026-06-01","Material",5120.0,"Ferramentas manuais sem corte, não acionadas  por  força  motriz",10518.0,"Pe - De - Cabra ( Ferramenta )",442124.0,"acabamento: pintura eletrostática, material: aço, tamanho: 600 x 110 x 34, tipo: simples","UN",22.0,10.0,220.0]
["108/2026","Aprovada",null,"SEINFRA - Materiais para serviços de serralheria","BENS",153052.0,"2026-01-02","2026-07-02",181.0,"SEINFRA - SECRETARIA DE INFRAESTRUTURA","778/2025","Médio",50.0,"2026-06-01","Material",5120.0,"Ferramentas manuais sem corte, não acionadas  por  força  motriz",14429.0,"Chave Ajustável",602158.0,"material: aço cromo vanádio, tamanho: 8, tipo: inglesa","UN",38.0,12.0,456.0]
["108/2026","Aprovada",null,"SEINFRA - Materiais para serviços de serralheria","BENS",153052.0,"2026-01-02","2026-07-02",181.0,"SEINFRA - SECRETARIA DE INFRAESTRUTURA","778/2025","Médio",51.0,"2026-06-01","Material",5120.0,"Ferramentas manuais sem corte, não acionadas  por  força  motriz",14429.0,"Chave Ajustável",602158.0,"material: aço cromo vanádio, tamanho: 8, tipo: inglesa","UN",70.0,12.0,840.0]
["108/2026","Aprovada",null,"SEINFRA - Materiais para serviços de serralheria","BENS",153052.0,"2026-01-02","2026-07-02",181.0,"SEINFRA - SECRETARIA DE INFRAESTRUTURA","778/2025","Médio",52.0,"2026-06-01","Material",5120.0,"Ferramentas manuais sem corte, não acionadas  por  força  motriz",14429.0,"Chave Ajustável",602157.0,"material: aço cromo vanádio, tamanho: 12, tipo: inglesa","UN",110.0,12.0,1320.0]
["108/2026","Aprovada",null,"SEINFRA - Materiais para serviços de serralheria","BENS",153052.0,"2026-01-02","2026-07-02",181.0,"SEINFRA - SECRETARIA DE INFRAESTRUTURA","778/2025","Médio",53.0,"2026-06-01","Material",3460.0,"Acessórios para máquinas-ferramentas",15163.0,"Bico Ar Comprimido",600815.0,"aplicação: calibrador de pneus, material: aço, tipo acionamento: manual","UN",15.0,10.0,150.0]
["108/2026","Aprovada",null,"SEINFRA - Materiais para serviços de serralheria","BENS",153052.0,"2026-01-02","2026-07-02",181.0,"SEINFRA - SECRETARIA DE INFRAESTRUTURA","778/2025","Médio",54.0,"2026-06-01","Material",4910.0,"Equipamento especializado para oficina de manutenção e  reparo de veículos motorizados",4261.0,"Calibrador",482910.0,"alimentação: 90 - 240 vac 50/60 hz, aplicação: pneus automotivo, capacidade: presssão:145 psi (10,0 bar) bp 58 psi (4,0 bar), faixa medição: pressão: 03~145 psi (0,2~10,0 bar), material: plástico rígido, tipo: digital","UN",38.0,6.0,228.0]
["108/2026","Aprovada",null,"SEINFRA - Materiais para serviços de serralheria","BENS",153052.0,"2026-01-02","2026-07-02",181.0,"SEINFRA - SECRETARIA DE INFRAESTRUTURA","778/2025","Médio",55.0,"2026-06-01","Material",5120.0,"Ferramentas manuais sem corte, não acionadas  por  força  motriz",14637.0,"Jogo Chave",379270.0,"características adicionais: pontas abauladas, componentes: 1.5, 2, 2.5, 3, 4, 5, 6 mm, material: aço cromo vanádio, quantidade peças: 7, tipo: allen","UN",110.0,20.0,2200.0]
["108/2026","Aprovada",null,"SEINFRA - Materiais para serviços de serralheria","BENS",153052.0,"2026-01-02","2026-07-02",181.0,"SEINFRA - SECRETARIA DE INFRAESTRUTURA","778/2025","Médio",56.0,"2026-06-01","Material",5340.0,"Ferragens diversas",13880.0,"Dobradiça",324113.0,"aplicação: porta, material: aço, tamanho: 3/4, tipo: cachimbo, tipo pino: solto","UN",11.66,50.0,583.0]
["108/2026","Aprovada",null,"SEINFRA - Materiais para serviços de serralheria","BENS",153052.0,"2026-01-02","2026-07-02",181.0,"SEINFRA - SECRETARIA DE INFRAESTRUTURA","778/2025","Médio",57.0,"2026-06-01","Material",5340.0,"Ferragens diversas",13880.0,"Dobradiça",307208.0,"aplicação: porta, material: ferro, tamanho: 1/2, tipo: cachimbo, tipo pino: fixo, tipo tambor: curto","UN",11.66,100.0,1166.0]
["108/2026","Aprovada",null,"SEINFRA - Materiais para serviços de serralheria","BENS",153052.0,"2026-01-02","2026-07-02",181.0,"SEINFRA - SECRETARIA DE INFRAESTRUTURA","778/2025","Médio",58.0,"2026-06-01","Material",5340.0,"Ferragens diversas",13880.0,"Dobradiça",318040.0,"aplicação: portão, características adicionais: torneado, formato seção: redondo, material: ferro, tamanho: 5/8, tipo: cachimbo","UN",11.66,100.0,1166.0]
["108/2026","Aprovada",null,"SEINFRA - Materiais para serviços de serralheria","BENS",153052.0,"2026-01-02","2026-07-02",181.0,"SEINFRA - SECRETARIA DE INFRAESTRUTURA","778/2025","Médio",59.0,"2026-06-01","Material",9510.0,"Barras e vergalhões de ferro e de aço",3349.0,"Barra Metal Ferroso",344606.0,"características adicionais: liso, comprimento: 6, diâmetro: 1/2, formato seção: redondo, material: ferro","UN",53.0,200.0,10600.0]
["108/2026","Aprovada",null,"SEINFRA - Materiais para serviços de serralheria","BENS",153052.0,"2026-01-02","2026-07-02",181.0,"SEINFRA - SECRETARIA DE INFRAESTRUTURA","778/2025","Médio",60.0,"2026-06-01","Material",9510.0,"Barras e vergalhões de ferro e de aço",3349.0,"Barra Metal Ferroso",342800.0,"diâmetro: 1/4, formato seção: redondo, material: ferro","UN",9.0,20.0,180.0]
["108/2026","Aprovada",null,"SEINFRA - Materiais para serviços de serralheria","BENS",153052.0,"2026-01-02","2026-07-02",181.0,"SEINFRA - SECRETARIA DE INFRAESTRUTURA","778/2025","Médio",61.0,"2026-06-01","Material",9510.0,"Barras e vergalhões de ferro e de aço",3349.0,"Barra Metal Ferroso",360608.0,"comprimento: 6, diâmetro: 3/8, formato seção: redondo, material: ferro","UN",53.0,200.0,10600.0]
["108/2026","Aprovada",null,"SEINFRA - Materiais para serviços de serralheria","BENS",153052.0,"2026-01-02","2026-07-02",181.0,"SEINFRA - SECRETARIA DE INFRAESTRUTURA","778/2025","Médio",62.0,"2026-06-01","Material",9510.0,"Barras e vergalhões de ferro e de aço",3349.0,"Barra Metal Ferroso",372657.0,"características adicionais: liso, comprimento: 6, diâmetro: 5/16, formato seção: redondo, material: ferro","UN",25.0,100.0,2500.0]
["108/2026","Aprovada",null,"SEINFRA - Materiais para serviços de serralheria","BENS",153052.0,"2026-01-02","2026-07-02",181.0,"SEINFRA - SECRETARIA DE INFRAESTRUTURA","778/2025","Médio",63.0,"2026-06-01","Material",4710.0,"Canos e tubos",14495.0,"Tubo Metalon",255730.0,"aplicação: estruturas metálicas em geral/portas e portões, espessura chapa: 18, formato: quadrangular, seção: 15 x 15","BR",15.5,100.0,1550.0]
["108/2026","Aprovada",null,"SEINFRA - Materiais para serviços de serralheria","BENS",153052.0,"2026-01-02","2026-07-02",181.0,"SEINFRA - SECRETARIA DE INFRAESTRUTURA","778/2025","Médio",64.0,"2026-06-01","Material",4710.0,"Canos e tubos",14495.0,"Tubo Metalon",360617.0,"aplicação: estruturas metálicas em geral/portas e portões, comprimento: 6, espessura chapa: 18, formato: quadrangular, seção: 20 x 20","BR",18.6,300.0,5580.0]
["108/2026","Aprovada",null,"SEINFRA - Materiais para serviços de serralheria","BENS",153052.0,"2026-01-02","2026-07-02",181.0,"SEINFRA - SECRETARIA DE INFRAESTRUTURA","778/2025","Médio",65.0,"2026-06-01","Material",4710.0,"Canos e tubos",14495.0,"Tubo Metalon",265208.0,"aplicação: material hidráulico, comprimento: 6, espessura chapa: 18, seção: 25 x 25","BR",32.0,150.0,4800.0]
["108/2026","Aprovada",null,"SEINFRA - Materiais para serviços de serralheria","BENS",153052.0,"2026-01-02","2026-07-02",181.0,"SEINFRA - SECRETARIA DE INFRAESTRUTURA","778/2025","Médio",66.0,"2026-06-01","Material",4710.0,"Canos e tubos",14495.0,"Tubo Metalon",360616.0,"aplicação: estruturas metálicas em geral/portas e portões, comprimento: 6, espessura chapa: 18, formato: quadrangular, seção: 30 x 30","BR",43.0,300.0,12900.0]
["108/2026","Aprovada",null,"SEINFRA - Materiais para serviços de serralheria","BENS",153052.0,"2026-01-02","2026-07-02",181.0,"SEINFRA - SECRETARIA DE INFRAESTRUTURA","778/2025","Médio",67.0,"2026-06-01","Material",4710.0,"Canos e tubos",14495.0,"Tubo Metalon",364633.0,"aplicação: estruturas metálicas em geral/portas e portões, comprimento: 6, espessura chapa: 18, formato: quadrangular, seção: 40 x 40","BR",60.0,60.0,3600.0]
["108/2026","Aprovada",null,"SEINFRA - Materiais para serviços de serralheria","BENS",153052.0,"2026-01-02","2026-07-02",181.0,"SEINFRA - SECRETARIA DE INFRAESTRUTURA","778/2025","Médio",68.0,"2026-06-01","Material",4710.0,"Canos e tubos",14495.0,"Tubo Metalon",360619.0,"aplicação: estruturas metálicas em geral/portas e portões, comprimento: 6, espessura chapa: 18, formato: retangular, seção: 20 x 30","BR",35.0,250.0,8750.0]
["108/2026","Aprovada",null,"SEINFRA - Materiais para serviços de serralheria","BENS",153052.0,"2026-01-02","2026-07-02",181.0,"SEINFRA - SECRETARIA DE INFRAESTRUTURA","778/2025","Médio",69.0,"2026-06-01","Material",4710.0,"Canos e tubos",14495.0,"Tubo Metalon",265205.0,"aplicação: material hidráulico, comprimento: 6, espessura chapa: 18, seção: 30 x 40","BR",47.0,300.0,14100.0]
["108/2026","Aprovada",null,"SEINFRA - Materiais para serviços de serralheria","BENS",153052.0,"2026-01-02","2026-07-02",181.0,"SEINFRA - SECRETARIA DE INFRAESTRUTURA","778/2025","Médio",70.0,"2026-06-01","Material",4710.0,"Canos e tubos",14495.0,"Tubo Metalon",273435.0,"aplicação: material hidráulico, comprimento: 6, espessura chapa: 18, formato: retangular, seção: 30 x 50","BR",52.0,300.0,15600.0]
["108/2026","Aprovada",null,"SEINFRA - Materiais para serviços de serralheria","BENS",153052.0,"2026-01-02","2026-07-02",181.0,"SEINFRA - SECRETARIA DE INFRAESTRUTURA","778/2025","Médio",71.0,"2026-06-01","Material",4710.0,"Canos e tubos",14495.0,"Tubo Metalon",273435.0,"aplicação: material hidráulico, comprimento: 6, espessura chapa: 18, formato: retangular, seção: 30 x 50","BR",64.0,50.0,3200.0]
["108/2026","Aprovada",null,"SEINFRA - Materiais para serviços de serralheria","BENS",153052.0,"2026-01-02","2026-07-02",181.0,"SEINFRA - SECRETARIA DE INFRAESTRUTURA","778/2025","Médio",72.0,"2026-06-01","Material",9520.0,"Perfis estruturais de ferro e aço",10656.0,"Perfilado Aço",462365.0,"aplicação: parede divisória tipo drywall, comprimento barra: 3, espessura chapa: 0,50, formato: u, largura:  20, tipo: perfil guia","UN",110.0,30.0,3300.0]
["108/2026","Aprovada",null,"SEINFRA - Materiais para serviços de serralheria","BENS",153052.0,"2026-01-02","2026-07-02",181.0,"SEINFRA - SECRETARIA DE INFRAESTRUTURA","778/2025","Médio",73.0,"2026-06-01","Material",9520.0,"Perfis estruturais de ferro e aço",10656.0,"Perfilado Aço",263469.0,"altura: 15, aplicação: parede divisória, comprimento barra: 3, espessura chapa: 0,5, formato: u, largura: 36, tratamento superficial: pintura eletrostática em epóxi","UN",140.0,40.0,5600.0]
["108/2026","Aprovada",null,"SEINFRA - Materiais para serviços de serralheria","BENS",153052.0,"2026-01-02","2026-07-02",181.0,"SEINFRA - SECRETARIA DE INFRAESTRUTURA","778/2025","Médio",74.0,"2026-06-01","Material",9330.0,"Artigos de plástico",3066.0,"Tampa Plástica",240300.0,"altura: 18, aplicação: tubo metalon, cor: preta, dimensões externas: 40 x 40, dimensões internas: 35 x 35, formato: quadrado","UN",0.2,500.0,100.0]
["108/2026","Aprovada",null,"SEINFRA - Materiais para serviços de serralheria","BENS",153052.0,"2026-01-02","2026-07-02",181.0,"SEINFRA - SECRETARIA DE INFRAESTRUTURA","778/2025","Médio",75.0,"2026-06-01","Material",9330.0,"ARTIGOS DE PLÁSTICO",3066.0,"TAMPA PLÁSTICA",240300.0,"ALTURA: 18, APLICAÇÃO: TUBO METALON, COR: PRETA, DIMENSÕES EXTERNAS: 40 X 40, DIMENSÕES INTERNAS: 35 X 35, FORMATO: QUADRADO","UN",0.25,800.0,200.0]
["108/2026","Aprovada",null,"SEINFRA - Materiais para serviços de serralheria","BENS",153052.0,"2026-01-02","2026-07-02",181.0,"SEINFRA - SECRETARIA DE INFRAESTRUTURA","778/2025","Médio",76.0,"2026-06-01","Material",9330.0,"Artigos de plástico",3066.0,"Tampa Plástica",240300.0,"altura: 18, aplicação: tubo metalon, cor: preta, dimensões externas: 40 x 40, dimensões internas: 35 x 35, formato: quadrado","UN",0.3,1000.0,300.0]
["108/2026","Aprovada",null,"SEINFRA - Materiais para serviços de serralheria","BENS",153052.0,"2026-01-02","2026-07-02",181.0,"SEINFRA - SECRETARIA DE INFRAESTRUTURA","778/2025","Médio",77.0,"2026-06-01","Material",9330.0,"ARTIGOS DE PLÁSTICO",3066.0,"TAMPA PLÁSTICA",240300.0,"ALTURA: 18, APLICAÇÃO: TUBO METALON, COR: PRETA, DIMENSÕES EXTERNAS: 40 X 40, DIMENSÕES INTERNAS: 35 X 35, FORMATO: QUADRADO","UN",0.3,700.0,210.0]
["108/2026","Aprovada",null,"SEINFRA - Materiais para serviços de serralheria","BENS",153052.0,"2026-01-02","2026-07-02",181.0,"SEINFRA - SECRETARIA DE INFRAESTRUTURA","778/2025","Médio",78.0,"2026-06-01","Material",9330.0,"Artigos de plástico",3066.0,"Tampa Plástica",240300.0,"altura: 18, aplicação: tubo metalon, cor: preta, dimensões externas: 40 x 40, dimensões internas: 35 x 35, formato: quadrado","UN",0.4,700.0,280.0]
["108/2026","Aprovada",null,"SEINFRA - Materiais para serviços de serralheria","BENS",153052.0,"2026-01-02","2026-07-02",181.0,"SEINFRA - SECRETARIA DE INFRAESTRUTURA","778/2025","Médio",79.0,"2026-06-01","Material",9330.0,"Artigos de plástico",3066.0,"Tampa Plástica",240300.0,"altura: 18, aplicação: tubo metalon, cor: preta, dimensões externas: 40 x 40, dimensões internas: 35 x 35, formato: quadrado","UN",0.55,700.0,385.0]
["108/2026","Aprovada",null,"SEINFRA - Materiais para serviços de serralheria","BENS",153052.0,"2026-01-02","2026-07-02",181.0,"SEINFRA - SECRETARIA DE INFRAESTRUTURA","778/2025","Médio",80.0,"2026-06-01","Material",9330.0,"Artigos de plástico",3066.0,"Tampa Plástica",240300.0,"altura: 18, aplicação: tubo metalon, cor: preta, dimensões externas: 40 x 40, dimensões internas: 35 x 35, formato: quadrado","UN",1.7,300.0,510.0]
["108/2026","Aprovada",null,"SEINFRA - Materiais para serviços de serralheria","BENS",153052.0,"2026-01-02","2026-07-02",181.0,"SEINFRA - SECRETARIA DE INFRAESTRUTURA","778/2025","Médio",81.0,"2026-06-01","Material",9330.0,"Artigos de plástico",3066.0,"Tampa Plástica",240300.0,"altura: 18, aplicação: tubo metalon, cor: preta, dimensões externas: 40 x 40, dimensões internas: 35 x 35, formato: quadrado","UN",0.45,700.0,315.0]
["108/2026","Aprovada",null,"SEINFRA - Materiais para serviços de serralheria","BENS",153052.0,"2026-01-02","2026-07-02",181.0,"SEINFRA - SECRETARIA DE INFRAESTRUTURA","778/2025","Médio",82.0,"2026-06-01","Material",5340.0,"FERRAGENS DIVERSAS",566.0,"FECHADURA",629034.0,"APLICAÇÃO: PORTA, COMPONENTES: KIT PARAFUSO PARA FIXAÇÃO, 2 PARAFUSOS LATERAIS, MATERIAL CAIXA: AÇO, MATERIAL LINGUETA: ZAMAC, TIPO: SOBREPOR","UN",60.0,40.0,2400.0]
["108/2026","Aprovada",null,"SEINFRA - Materiais para serviços de serralheria","BENS",153052.0,"2026-01-02","2026-07-02",181.0,"SEINFRA - SECRETARIA DE INFRAESTRUTURA","778/2025","Médio",83.0,"2026-06-01","Material",5340.0,"Ferragens diversas",566.0,"Fechadura",354740.0,"acabamento superficial: cromado, aplicação: porta, características adicionais: maçaneta tipo alavanca, componentes: 2 chaves em latão niquelado, material caixa: aço, tipo: interna/externa","UN",51.0,30.0,1530.0]
["108/2026","Aprovada",null,"SEINFRA - Materiais para serviços de serralheria","BENS",153052.0,"2026-01-02","2026-07-02",181.0,"SEINFRA - SECRETARIA DE INFRAESTRUTURA","778/2025","Médio",84.0,"2026-06-01","Material",5340.0,"Ferragens diversas",563.0,"Porta-Cadeado",621839.0,"características adicionais: acompanha 5 parafusos para fixação, comprimento: 3, material: aço, tratamento superficial: zincado","UN",17.0,100.0,1700.0]
["108/2026","Aprovada",null,"SEINFRA - Materiais para serviços de serralheria","BENS",153052.0,"2026-01-02","2026-07-02",181.0,"SEINFRA - SECRETARIA DE INFRAESTRUTURA","778/2025","Médio",85.0,"2026-06-01","Material",5340.0,"Ferragens diversas",563.0,"Porta-Cadeado",621839.0,"características adicionais: acompanha 5 parafusos para fixação, comprimento: 3, material: aço, tratamento superficial: zincado","UN",8.9,100.0,890.0]
["108/2026","Aprovada",null,"SEINFRA - Materiais para serviços de serralheria","BENS",153052.0,"2026-01-02","2026-07-02",181.0,"SEINFRA - SECRETARIA DE INFRAESTRUTURA","778/2025","Médio",86.0,"2026-06-01","Material",5340.0,"FERRAGENS DIVERSAS",563.0,"PORTA-CADEADO",621839.0,"CARACTERÍSTICAS ADICIONAIS: ACOMPANHA 5 PARAFUSOS PARA FIXAÇÃO, COMPRIMENTO: 3, MATERIAL: AÇO, TRATAMENTO SUPERFICIAL: ZINCADO","UN",15.0,100.0,1500.0]
["108/2026","Aprovada",null,"SEINFRA - Materiais para serviços de serralheria","BENS",153052.0,"2026-01-02","2026-07-02",181.0,"SEINFRA - SECRETARIA DE INFRAESTRUTURA","778/2025","Médio",87.0,"2026-06-01","Material",5340.0,"Ferragens diversas",11805.0,"Roldana",371182.0,"diâmetro: 85, material: ferro, modelo: canal v, uso: portão corrediço","UN",29.0,60.0,1740.0]
["108/2026","Aprovada",null,"SEINFRA - Materiais para serviços de serralheria","BENS",153052.0,"2026-01-02","2026-07-02",181.0,"SEINFRA - SECRETARIA DE INFRAESTRUTURA","778/2025","Médio",88.0,"2026-06-01","Material",5340.0,"Ferragens diversas",11805.0,"Roldana",318202.0,"comprimento: 2, material: ferro, modelo: canal v, profundidade: 2, uso: porta de correr","UN",27.5,50.0,1375.0]
["108/2026","Aprovada",null,"SEINFRA - Materiais para serviços de serralheria","BENS",153052.0,"2026-01-02","2026-07-02",181.0,"SEINFRA - SECRETARIA DE INFRAESTRUTURA","778/2025","Médio",89.0,"2026-06-01","Material",5340.0,"Ferragens diversas",11805.0,"Roldana",318202.0,"comprimento: 2, material: ferro, modelo: canal v, profundidade: 2, uso: porta de correr","UN",22.0,50.0,1100.0]
["108/2026","Aprovada",null,"SEINFRA - Materiais para serviços de serralheria","BENS",153052.0,"2026-01-02","2026-07-02",181.0,"SEINFRA - SECRETARIA DE INFRAESTRUTURA","778/2025","Médio",90.0,"2026-06-01","Material",5340.0,"Ferragens diversas",11805.0,"Roldana",318202.0,"comprimento: 2, material: ferro, modelo: canal v, profundidade: 2, uso: porta de correr","UN",30.0,50.0,1500.0]
["108/2026","Aprovada",null,"SEINFRA - Materiais para serviços de serralheria","BENS",153052.0,"2026-01-02","2026-07-02",181.0,"SEINFRA - SECRETARIA DE INFRAESTRUTURA","778/2025","Médio",91.0,"2026-06-01","Material",9510.0,"Barras e vergalhões de ferro e de aço",3349.0,"Barra Metal Ferroso",327042.0,"características adicionais: bitola 3/8, comprimento: 6, formato seção: quadrado, material: ferro","UN",45.0,300.0,13500.0]
["108/2026","Aprovada",null,"SEINFRA - Materiais para serviços de serralheria","BENS",153052.0,"2026-01-02","2026-07-02",181.0,"SEINFRA - SECRETARIA DE INFRAESTRUTURA","778/2025","Médio",92.0,"2026-06-01","Material",5335.0,"Telas metálicas",580.0,"Tela Metálica",327590.0,"altura: 3, cor: verde, diâmetro fio: nº 12, material: aço galvanizado, revestimento: pvc, tamanho abertura malha: 2 1/2, tipo tela: alambrado","UN",60.0,50.0,3000.0]
["108/2026","Aprovada",null,"SEINFRA - Materiais para serviços de serralheria","BENS",153052.0,"2026-01-02","2026-07-02",181.0,"SEINFRA - SECRETARIA DE INFRAESTRUTURA","778/2025","Médio",93.0,"2026-06-01","Material",4710.0,"Canos e tubos",656.0,"Tubo Aço Carbono Com Costura",375879.0,"características adicionais: tipo preto, extremidade lisa biselada para solda, comprimento: 6, diâmetro externo: 48,30, diâmetro nominal: 1 1/2, espessura paredes: 3,75, peso: 24,72","UN",75.0,50.0,3750.0]
["108/2026","Aprovada",null,"SEINFRA - Materiais para serviços de serralheria","BENS",153052.0,"2026-01-02","2026-07-02",181.0,"SEINFRA - SECRETARIA DE INFRAESTRUTURA","778/2025","Médio",94.0,"2026-06-01","Material",4710.0,"Canos e tubos",656.0,"Tubo Aço Carbono Com Costura",613698.0,"características adicionais: tipo preto, comprimento: 6, diâmetro nominal: 1 1/4, espessura paredes: 2","UN",65.0,40.0,2600.0]
["108/2026","Aprovada",null,"SEINFRA - Materiais para serviços de serralheria","BENS",153052.0,"2026-01-02","2026-07-02",181.0,"SEINFRA - SECRETARIA DE INFRAESTRUTURA","778/2025","Médio",95.0,"2026-06-01","Material",4710.0,"Canos e tubos",656.0,"Tubo Aço Carbono Com Costura",340349.0,"características adicionais: astm a-53 e extremidade soldável, comprimento: 6, diâmetro nominal: 1, espessura paredes: 3,38","UN",59.0,50.0,2950.0]
["108/2026","Aprovada",null,"SEINFRA - Materiais para serviços de serralheria","BENS",153052.0,"2026-01-02","2026-07-02",181.0,"SEINFRA - SECRETARIA DE INFRAESTRUTURA","778/2025","Médio",96.0,"2026-06-01","Material",4710.0,"CANOS E TUBOS",656.0,"TUBO AÇO CARBONO COM COSTURA",613697.0,"CARACTERÍSTICAS ADICIONAIS: TIPO PRETO, COMPRIMENTO: 6, DIÂMETRO NOMINAL: 2 1/2, ESPESSURA PAREDES: 2,25","UN",68.0,30.0,2040.0]
["108/2026","Aprovada",null,"SEINFRA - Materiais para serviços de serralheria","BENS",153052.0,"2026-01-02","2026-07-02",181.0,"SEINFRA - SECRETARIA DE INFRAESTRUTURA","778/2025","Médio",97.0,"2026-06-01","Material",4710.0,"Canos e tubos",656.0,"Tubo Aço Carbono Com Costura",480734.0,"características adicionais: tipo preto, comprimento: 6, diâmetro nominal: 2, espessura paredes: 3","UN",90.0,70.0,6300.0]
["108/2026","Aprovada",null,"SEINFRA - Materiais para serviços de serralheria","BENS",153052.0,"2026-01-02","2026-07-02",181.0,"SEINFRA - SECRETARIA DE INFRAESTRUTURA","778/2025","Médio",98.0,"2026-06-01","Material",4710.0,"Canos e tubos",656.0,"Tubo Aço Carbono Com Costura",613696.0,"características adicionais: tipo preto, comprimento: 6, diâmetro nominal: 3, espessura paredes: 2,25","UN",150.0,10.0,1500.0]
["108/2026","Aprovada",null,"SEINFRA - Materiais para serviços de serralheria","BENS",153052.0,"2026-01-02","2026-07-02",181.0,"SEINFRA - SECRETARIA DE INFRAESTRUTURA","778/2025","Médio",99.0,"2026-06-01","Material",4710.0,"Canos e tubos",656.0,"Tubo Aço Carbono Com Costura",366143.0,"comprimento: 6, diâmetro nominal: 6, tratamento superficial: galvanizado","UN",55.0,50.0,2750.0]
["108/2026","Aprovada",null,"SEINFRA - Materiais para serviços de serralheria","BENS",153052.0,"2026-01-02","2026-07-02",181.0,"SEINFRA - SECRETARIA DE INFRAESTRUTURA","778/2025","Médio",100.0,"2026-06-01","Material",4020.0,"Cabos de fibra, cordoalhas e barbantes",5854.0,"Corda",229632.0,"aplicação: amarrações e içamentos de cargas em geral, cor: branca, diâmetro: 8, material: polipropileno, ponto ruptura: 515, tipo: trançada (16 pernas)","RO",150.0,2.0,300.0]
["108/2026","Aprovada",null,"SEINFRA - Materiais para serviços de serralheria","BENS",153052.0,"2026-01-02","2026-07-02",181.0,"SEINFRA - SECRETARIA DE INFRAESTRUTURA","778/2025","Médio",101.0,"2026-06-01","Material",5180.0,"Jogos e conjuntos de ferramentas manuais",14636.0,"Conjunto Ferramentas",453210.0,"aplicação: manutenção em geral, características adicionais: 17 cossinetes, 1 porta cossinete, 2 vira macho, 17, componentes: kit de macho e tarrachas com 40 peças","UN",50.0,10.0,500.0]
["108/2026","Aprovada",null,"SEINFRA - Materiais para serviços de serralheria","BENS",153052.0,"2026-01-02","2026-07-02",181.0,"SEINFRA - SECRETARIA DE INFRAESTRUTURA","778/2025","Médio",102.0,"2026-06-01","Material",6230.0,"Equipamentos de iluminação elétrica manual e portátil",8712.0,"Lanterna Elétrica",482718.0,"acessórios: carregador bivolt, cabo usb, aplicação: detecção de vazamentos em sistemas de ar condicion, luminosidade: 150, material: plástico/borracha, tipo: portátil, recarregável, tipo lâmpada: led cob ultravioleta","UN",90.0,5.0,450.0]
["108/2026","Aprovada",null,"SEINFRA - Materiais para serviços de serralheria","BENS",153052.0,"2026-01-02","2026-07-02",181.0,"SEINFRA - SECRETARIA DE INFRAESTRUTURA","778/2025","Médio",103.0,"2026-06-01","Material",5315.0,"Pregos, chavetas e pinos",15324.0,"Grampo",606032.0,"abertura útil: 1.200, aplicação: carpintaria, marcenaria e mecânica em colagem, uni, características adicionais: tipo sargento, material: ferro nodular, tamanho: 1.330, tipo: t\"\"","UN",30.0,3.0,90.0]
["114/2026","Aprovada",null,"FM - ANUIDADE ABEM","SERVICOS",153052.0,"2026-01-02","2026-01-30",28.0,"FM - FACULDADE DE MEDICINA","596/2025","Médio",1.0,"2026-04-01","Serviço",711.0,"SERVIÇOS DE INTERMEDIAÇÃO FINANCEIRA,EXCETO SERVIÇO BANCÁRIODE INVESTIMENTO,SERVIÇOS DE SEGUROS E DE PENSÕES",{"$nulls":5},7000.0,1.0,7000.0]
["28/2026","Aprovada",null,"MATERIAIS QUÍMICOS, SUBSTÂNCIAS PARA DIAGNÓSTICO, MEIOS DE CULTURA E TESTES - ICB, IPTSP, IQ","BENS",153052.0,"2026-02-09","2026-05-22",102.0,"ICB - INSTITUTO DE CIÊNCIAS BIOLÓGICAS","156/2025","Alto",16.0,"2026-08-31","Material",6550.0,"Substâncias para diagnóstico \"in vitro\",  reagentes,  conjuntos e jogos para teste",10183.0,"Óleo De Imersão",334384.0,"aspecto físico: líquido límpido, transparente, densidade: densidade 1,02 g/cm³, uso: para microscopia","FR",35.0,1.0,35.0]
["28/2026","Aprovada",null,"MATERIAIS QUÍMICOS, SUBSTÂNCIAS PARA DIAGNÓSTICO, MEIOS DE CULTURA E TESTES - ICB, IPTSP, IQ","BENS",153052.0,"2026-02-09","2026-05-22",102.0,"ICB - INSTITUTO DE CIÊNCIAS BIOLÓGICAS","156/2025","Alto",29.0,"2026-08-31","Material",6550.0,"Substâncias para diagnóstico \"in vitro\",  reagentes,  conjuntos e jogos para teste",13893.0,"Corante",456314.0,"aspecto físico: pó, característica adicional*: ci 45430:2, tipo: vermelho eritrosina","FR",120.0,1.0,120.0]
["28/2026","Aprovada",null,"MATERIAIS QUÍMICOS, SUBSTÂNCIAS PARA DIAGNÓSTICO, MEIOS DE CULTURA E TESTES - ICB, IPTSP, IQ","BENS",153052.0,"2026-02-09","2026-05-22",102.0,"ICB - INSTITUTO DE CIÊNCIAS BIOLÓGICAS","156/2025","Alto",30.0,"2026-08-31","Material",6550.0,"Substâncias para diagnóstico \"in vitro\",  reagentes,  conjuntos e jogos para teste",13893.0,"Corante",381056.0,"aspecto físico*: pó, característica adicional*: ci 22120, tipo*: vermelho do congo","FR",40.0,1.0,40.0]
["28/2026","Aprovada",null,"MATERIAIS QUÍMICOS, SUBSTÂNCIAS PARA DIAGNÓSTICO, MEIOS DE CULTURA E TESTES - ICB, IPTSP, IQ","BENS",153052.0,"2026-02-09","2026-05-22",102.0,"ICB - INSTITUTO DE CIÊNCIAS BIOLÓGICAS","156/2025","Alto",31.0,"2026-08-31","Material",6550.0,"Substâncias para diagnóstico \"in vitro\",  reagentes,  conjuntos e jogos para teste",13893.0,"Corante",327370.0,"aspecto físico: pó, características adicionais: ci 13025, tipo: alaranjado de metila","FR",30.0,1.0,30.0]
["28/2026","Aprovada",null,"MATERIAIS QUÍMICOS, SUBSTÂNCIAS PARA DIAGNÓSTICO, MEIOS DE CULTURA E TESTES - ICB, IPTSP, IQ","BENS",153052.0,"2026-02-09","2026-05-22",102.0,"ICB - INSTITUTO DE CIÊNCIAS BIOLÓGICAS","156/2025","Alto",32.0,"2026-08-31","Material",6550.0,"Substâncias para diagnóstico \"in vitro\",  reagentes,  conjuntos e jogos para teste",13893.0,"Corante",331361.0,"aspecto físico: pó, características adicionais: ci 52015, tipo: azul de metileno","FR",40.0,1.0,40.0]
["28/2026","Aprovada",null,"MATERIAIS QUÍMICOS, SUBSTÂNCIAS PARA DIAGNÓSTICO, MEIOS DE CULTURA E TESTES - ICB, IPTSP, IQ","BENS",153052.0,"2026-02-09","2026-05-22",102.0,"ICB - INSTITUTO DE CIÊNCIAS BIOLÓGICAS","156/2025","Alto",33.0,"2026-08-31","Material",6550.0,"Substâncias para diagnóstico \"in vitro\",  reagentes,  conjuntos e jogos para teste",13893.0,"Corante",327615.0,"aspecto físico: pó, tipo: púrpura de bromocresol","FR",150.0,1.0,150.0]
["28/2026","Aprovada",null,"MATERIAIS QUÍMICOS, SUBSTÂNCIAS PARA DIAGNÓSTICO, MEIOS DE CULTURA E TESTES - ICB, IPTSP, IQ","BENS",153052.0,"2026-02-09","2026-05-22",102.0,"ICB - INSTITUTO DE CIÊNCIAS BIOLÓGICAS","156/2025","Alto",56.0,"2026-08-31","Material",6550.0,"Substâncias para diagnóstico \"in vitro\",  reagentes,  conjuntos e jogos para teste",13893.0,"Corante",327536.0,"aspecto físico: líquido, características adicionais: frascos separados contendo, componentes adicionais: 0,1% de fenotiazinas, composição: 0,1% de ciclohexadienos,0,1% de azobenzosulfônicos, tipo: conjunto corante hematológico panótico rápido","CJ",75.0,1.0,75.0]
["28/2026","Aprovada",null,"MATERIAIS QUÍMICOS, SUBSTÂNCIAS PARA DIAGNÓSTICO, MEIOS DE CULTURA E TESTES - ICB, IPTSP, IQ","BENS",153052.0,"2026-02-09","2026-05-22",102.0,"ICB - INSTITUTO DE CIÊNCIAS BIOLÓGICAS","164/2025","Alto",1.0,"2026-08-31","Material",6810.0,"Produtos químicos",85.0,"Acetato De Etila",380787.0,"aspecto físico: líquido incolor, límpido, inflamável, característica adicional: reagente p.a. acs, composição química: ch3co2c2h5, número de referência química: cas 141-78-6, peso molecular: 88,11, pureza mínima: pureza mínima de 99,5%","L",120.0,1.0,120.0]
["28/2026","Aprovada",null,"MATERIAIS QUÍMICOS, SUBSTÂNCIAS PARA DIAGNÓSTICO, MEIOS DE CULTURA E TESTES - ICB, IPTSP, IQ","BENS",153052.0,"2026-02-09","2026-05-22",102.0,"ICB - INSTITUTO DE CIÊNCIAS BIOLÓGICAS","164/2025","Alto",2.0,"2026-08-31","Material",6810.0,"PRODUTOS QUÍMICOS",12256.0,"ACETATO DE BUTILA",391821.0,"ASPECTO FÍSICO: LÍQUIDO INCOLOR, CARACTERÍSTICA ADICIONAL: REAGENTE P/ HPLC, FÓRMULA QUÍMICA: C6H12O2, GRAU DE PUREZA: PUREZA MÍNIMA DE 99,7%, NÚMERO DE REFERÊNCIA QUÍMICA: CAS 123-86-4, PESO MOLECULAR: 116,16","L",67.02,30.0,2010.6]
["28/2026","Aprovada",null,"MATERIAIS QUÍMICOS, SUBSTÂNCIAS PARA DIAGNÓSTICO, MEIOS DE CULTURA E TESTES - ICB, IPTSP, IQ","BENS",153052.0,"2026-02-09","2026-05-22",102.0,"ICB - INSTITUTO DE CIÊNCIAS BIOLÓGICAS","164/2025","Alto",3.0,"2026-08-31","Material",6810.0,"Produtos químicos",12256.0,"Acetato De Butila",391820.0,"aspecto físico: líquido incolor, característica adicional: reagente p.a., fórmula química: c6h12o2, grau de pureza: pureza mínima de 99%, número de referência química: cas 123-86-4, peso molecular: 116,16","L",90.0,5.0,450.0]
["28/2026","Aprovada",null,"MATERIAIS QUÍMICOS, SUBSTÂNCIAS PARA DIAGNÓSTICO, MEIOS DE CULTURA E TESTES - ICB, IPTSP, IQ","BENS",153052.0,"2026-02-09","2026-05-22",102.0,"ICB - INSTITUTO DE CIÊNCIAS BIOLÓGICAS","164/2025","Alto",4.0,"2026-08-31","Material",6810.0,"PRODUTOS QUÍMICOS",848.0,"ACETONA",380786.0,"ASPECTO FÍSICO: LÍQUIDO LÍMPIDO TRANSPARENTE, CARACTERÍSTICA ADICIONAL: REAGENTE P.A. ACS, FÓRMULA QUÍMICA: C3H6O, GRAU DE PUREZA: PUREZA MÍNIMA DE 99,5%, MASSA MOLECULAR: 58,08, NÚMERO DE REFERÊNCIA QUÍMICA: CAS 67-64-1","L",65.0,6.0,390.0]
["28/2026","Aprovada",null,"MATERIAIS QUÍMICOS, SUBSTÂNCIAS PARA DIAGNÓSTICO, MEIOS DE CULTURA E TESTES - ICB, IPTSP, IQ","BENS",153052.0,"2026-02-09","2026-05-22",102.0,"ICB - INSTITUTO DE CIÊNCIAS BIOLÓGICAS","164/2025","Alto",5.0,"2026-08-31","Material",6810.0,"Produtos químicos",709.0,"Ácido Acético",412648.0,"aspecto físico: líquido límpido transparente, característica adicional: glacial,reagente p.a./ acs, fórmula química: c2h4o2, grau de pureza: pureza mínima de 99,5%, número de referência química: cas 64-19-7, peso molecular: 60,05","L",56.11,72.0,4039.92]
["28/2026","Aprovada",null,"MATERIAIS QUÍMICOS, SUBSTÂNCIAS PARA DIAGNÓSTICO, MEIOS DE CULTURA E TESTES - ICB, IPTSP, IQ","BENS",153052.0,"2026-02-09","2026-05-22",102.0,"ICB - INSTITUTO DE CIÊNCIAS BIOLÓGICAS","164/2025","Alto",6.0,"2026-08-31","Material",6810.0,"Produtos químicos",709.0,"Ácido Acético",345906.0,"aspecto físico: líquido límpido transparente, característica adicional: glacial,reagente p.a.-acs-iso, fórmula química: c2h4o2, grau de pureza: pureza mínima de 99,7%, número de referência química: cas 64-19-7, peso molecular: 60,05","L",50.0,2.0,100.0]
["28/2026","Aprovada",null,"MATERIAIS QUÍMICOS, SUBSTÂNCIAS PARA DIAGNÓSTICO, MEIOS DE CULTURA E TESTES - ICB, IPTSP, IQ","BENS",153052.0,"2026-02-09","2026-05-22",102.0,"ICB - INSTITUTO DE CIÊNCIAS BIOLÓGICAS","164/2025","Alto",7.0,"2026-08-31","Material",6810.0,"Produtos químicos",788.0,"Ácido Clorídrico",437099.0,"apresentação: solução aquosa, concentração: 1 n","L",25.0,6.0,150.0]
["28/2026","Aprovada",null,"MATERIAIS QUÍMICOS, SUBSTÂNCIAS PARA DIAGNÓSTICO, MEIOS DE CULTURA E TESTES - ICB, IPTSP, IQ","BENS",153052.0,"2026-02-09","2026-05-22",102.0,"ICB - INSTITUTO DE CIÊNCIAS BIOLÓGICAS","164/2025","Alto",8.0,"2026-08-31","Material",6810.0,"Produtos químicos",1952.0,"Ácido Indol-3-Butírico",352901.0,"aspecto físico: cristal incolor à levemente esbranquiçado, inodoro, característica adicional: reagente, fórmula química: c12h13no2, número de referência química: cas 133-32-4, peso molecular: 203,24, teor de pureza: pureza mínima de 99%","G",8.0,5.0,40.0]
["28/2026","Aprovada",null,"MATERIAIS QUÍMICOS, SUBSTÂNCIAS PARA DIAGNÓSTICO, MEIOS DE CULTURA E TESTES - ICB, IPTSP, IQ","BENS",153052.0,"2026-02-09","2026-05-22",102.0,"ICB - INSTITUTO DE CIÊNCIAS BIOLÓGICAS","164/2025","Alto",9.0,"2026-08-31","Material",6810.0,"Produtos químicos",2001.0,"Ácido Molíbdico",361165.0,"aspecto físico: pó fino, branco à levemente amarelado, inodoro, característica adicional: reagente, fórmula química: h2moo4, grau de pureza: teor mínimo de 85% em (moo3- molibdato), número de referência química: cas 7782-91-4, peso molecular: 1163,9","G",1.5,100.0,150.0]
["28/2026","Aprovada",null,"MATERIAIS QUÍMICOS, SUBSTÂNCIAS PARA DIAGNÓSTICO, MEIOS DE CULTURA E TESTES - ICB, IPTSP, IQ","BENS",153052.0,"2026-02-09","2026-05-22",102.0,"ICB - INSTITUTO DE CIÊNCIAS BIOLÓGICAS","164/2025","Alto",10.0,"2026-08-31","Material",6810.0,"Produtos químicos",713.0,"Ácido Nítrico",382564.0,"aspecto físico: líquido límpido,incolor à amarelado,odor sufocante, fórmula química: hno3, número de referência química: cas 7697-37-2, peso molecular: 63,01, teor: teor mínimo na faixa entre 68 e 70%","L",80.0,6.0,480.0]
["28/2026","Aprovada",null,"MATERIAIS QUÍMICOS, SUBSTÂNCIAS PARA DIAGNÓSTICO, MEIOS DE CULTURA E TESTES - ICB, IPTSP, IQ","BENS",153052.0,"2026-02-09","2026-05-22",102.0,"ICB - INSTITUTO DE CIÊNCIAS BIOLÓGICAS","164/2025","Alto",11.0,"2026-08-31","Material",6810.0,"Produtos químicos",2018.0,"Ácido Perclórico",366457.0,"aspecto físico: líquido incolor ou levemente amarelado, característica adicional: reagente p.a., fórmula química: hclo4, grau de pureza: concentração mínima de 70%, número de referência química: cas 7601-90-3, peso molecular: 100,46","L",1038.0,1.0,1038.0]
["28/2026","Aprovada",null,"MATERIAIS QUÍMICOS, SUBSTÂNCIAS PARA DIAGNÓSTICO, MEIOS DE CULTURA E TESTES - ICB, IPTSP, IQ","BENS",153052.0,"2026-02-09","2026-05-22",102.0,"ICB - INSTITUTO DE CIÊNCIAS BIOLÓGICAS","164/2025","Alto",12.0,"2026-08-31","Material",6810.0,"Produtos químicos",709.0,"Ácido Acético",412648.0,"aspecto físico: líquido límpido transparente, característica adicional: glacial,reagente p.a./ acs, fórmula química: c2h4o2, grau de pureza: pureza mínima de 99,5%, número de referência química: cas 64-19-7, peso molecular: 60,05","L",50.0,3.0,150.0]
["28/2026","Aprovada",null,"MATERIAIS QUÍMICOS, SUBSTÂNCIAS PARA DIAGNÓSTICO, MEIOS DE CULTURA E TESTES - ICB, IPTSP, IQ","BENS",153052.0,"2026-02-09","2026-05-22",102.0,"ICB - INSTITUTO DE CIÊNCIAS BIOLÓGICAS","164/2025","Alto",13.0,"2026-08-31","Material",6810.0,"Produtos químicos",13541.0,"Cloreto De Manganês",454847.0,"aspecto físico: pó, característica adicional: reagente p.a., fórmula química: mncl2.4h2o (tetrahidratado), grau de pureza: pureza mínima de 99%, número de referência química: cas 13446-34-9, peso molecular: 197,91","G",0.4,250.0,100.0]
["28/2026","Aprovada",null,"MATERIAIS QUÍMICOS, SUBSTÂNCIAS PARA DIAGNÓSTICO, MEIOS DE CULTURA E TESTES - ICB, IPTSP, IQ","BENS",153052.0,"2026-02-09","2026-05-22",102.0,"ICB - INSTITUTO DE CIÊNCIAS BIOLÓGICAS","164/2025","Alto",14.0,"2026-08-31","Material",6810.0,"Produtos químicos",15466.0,"Clorofórmio",380869.0,"aspecto físico: líquido claro, incolor, odor forte característico, característica adicional: reagente p.a. acs, fórmula química: chcl3, grau de pureza: pureza mínima de 99%, número de referência química: cas 67-66-3, peso molecular: 119,38","L",70.57,3.0,211.71]
["28/2026","Aprovada",null,"MATERIAIS QUÍMICOS, SUBSTÂNCIAS PARA DIAGNÓSTICO, MEIOS DE CULTURA E TESTES - ICB, IPTSP, IQ","BENS",153052.0,"2026-02-09","2026-05-22",102.0,"ICB - INSTITUTO DE CIÊNCIAS BIOLÓGICAS","164/2025","Alto",15.0,"2026-08-31","Material",6550.0,"Substâncias para diagnóstico \"in vitro\",  reagentes,  conjuntos e jogos para teste",13893.0,"Corante",327377.0,"aspecto físico: pó, características adicionais: ci 45380, tipo: eosina amarelada y","FR",35.0,1.0,35.0]
["28/2026","Aprovada",null,"MATERIAIS QUÍMICOS, SUBSTÂNCIAS PARA DIAGNÓSTICO, MEIOS DE CULTURA E TESTES - ICB, IPTSP, IQ","BENS",153052.0,"2026-02-09","2026-05-22",102.0,"ICB - INSTITUTO DE CIÊNCIAS BIOLÓGICAS","164/2025","Alto",16.0,"2026-08-31","Material",6810.0,"Produtos químicos",13873.0,"Éter De Petróleo",352740.0,"aspecto físico: líquido incolor, límpido, com odor de gasolina, característica adicional: reagente p.a., faixa de destilação: destilados entre 30° e 60°c, fórmula química: mistura de hidrocarbonetos derivados do petróleo, número de referência química: cas 8032-32-4, teor de pureza: pureza mínima de 99,5%","L",100.0,2.0,200.0]
["28/2026","Aprovada",null,"MATERIAIS QUÍMICOS, SUBSTÂNCIAS PARA DIAGNÓSTICO, MEIOS DE CULTURA E TESTES - ICB, IPTSP, IQ","BENS",153052.0,"2026-02-09","2026-05-22",102.0,"ICB - INSTITUTO DE CIÊNCIAS BIOLÓGICAS","164/2025","Alto",17.0,"2026-08-31","Material",6810.0,"Produtos químicos",7739.0,"Formaldeído (Formol)",357876.0,"aspecto físico: líquido incolor, límpido, caracteristica adicional: reagente p.a., fórmula química: h2co, grau de pureza: concentração mínima de 35%, número de referência química: cas 50-00-0, peso molecular: 30,03","L",30.0,6.0,180.0]
["28/2026","Aprovada",null,"MATERIAIS QUÍMICOS, SUBSTÂNCIAS PARA DIAGNÓSTICO, MEIOS DE CULTURA E TESTES - ICB, IPTSP, IQ","BENS",153052.0,"2026-02-09","2026-05-22",102.0,"ICB - INSTITUTO DE CIÊNCIAS BIOLÓGICAS","164/2025","Alto",18.0,"2026-08-31","Material",6810.0,"Produtos químicos",7739.0,"Formaldeído (Formol)",362990.0,"aspecto físico: líquido incolor, límpido, fórmula química: h2co, grau de pureza: concentração entre 37 e 40%, número de referência química: cas 50-00-0, peso molecular: 30,03","L",37.0,77.0,2849.0]
["28/2026","Aprovada",null,"MATERIAIS QUÍMICOS, SUBSTÂNCIAS PARA DIAGNÓSTICO, MEIOS DE CULTURA E TESTES - ICB, IPTSP, IQ","BENS",153052.0,"2026-02-09","2026-05-22",102.0,"ICB - INSTITUTO DE CIÊNCIAS BIOLÓGICAS","164/2025","Alto",19.0,"2026-08-31","Material",6810.0,"Produtos químicos",18415.0,"Fosfato De Potássio",402641.0,"aspecto físico: pó branco cristalino, inodoro, característica adicional: reagente acs, fórmula química: k2hpo4 (dibásico anidro), número de referência química: cas 7758-11-4, peso molecular: 174,18, teor de pureza: pureza mínima de 98%","KG",130.0,4.0,520.0]
["28/2026","Aprovada",null,"MATERIAIS QUÍMICOS, SUBSTÂNCIAS PARA DIAGNÓSTICO, MEIOS DE CULTURA E TESTES - ICB, IPTSP, IQ","BENS",153052.0,"2026-02-09","2026-05-22",102.0,"ICB - INSTITUTO DE CIÊNCIAS BIOLÓGICAS","164/2025","Alto",20.0,"2026-08-31","Material",6810.0,"Produtos químicos",18415.0,"Fosfato De Potássio",352749.0,"aspecto físico: pó branco cristalino, inodoro, característica adicional: reagente p.a., fórmula química: kh2po4 (monobásico anidro), número de referência química: cas 7778-77-0, peso molecular: 136,09, teor de pureza: pureza mínima de 99%","G",0.16,500.0,80.0]
["28/2026","Aprovada",null,"MATERIAIS QUÍMICOS, SUBSTÂNCIAS PARA DIAGNÓSTICO, MEIOS DE CULTURA E TESTES - ICB, IPTSP, IQ","BENS",153052.0,"2026-02-09","2026-05-22",102.0,"ICB - INSTITUTO DE CIÊNCIAS BIOLÓGICAS","164/2025","Alto",21.0,"2026-08-31","Material",6810.0,"Produtos químicos",18415.0,"Fosfato De Potássio",445252.0,"aspecto físico: pó branco cristalino, inodoro, características adicionais: reagente p.a., acs e iso, fórmula química: kh2po4 (monobásico anidro), número de referência química: cas 7778-77-0, peso molecular: 136,09, teor de pureza: pureza mínima de 99,5%","KG",110.0,4.0,440.0]
["28/2026","Aprovada",null,"MATERIAIS QUÍMICOS, SUBSTÂNCIAS PARA DIAGNÓSTICO, MEIOS DE CULTURA E TESTES - ICB, IPTSP, IQ","BENS",153052.0,"2026-02-09","2026-05-22",102.0,"ICB - INSTITUTO DE CIÊNCIAS BIOLÓGICAS","164/2025","Alto",22.0,"2026-08-31","Material",6810.0,"Produtos químicos",8239.0,"Hidróxido De Sódio",378590.0,"aspecto físico: em lentilhas ou micro pérolas esbranquiçadas, característica adicional: reagente p.a. acs, fórmula química: naoh, grau de pureza: pureza mínima de 99%, número de referência química: cas 1310-73-2, peso molecular: 40","KG",75.0,1.0,75.0]
["28/2026","Aprovada",null,"MATERIAIS QUÍMICOS, SUBSTÂNCIAS PARA DIAGNÓSTICO, MEIOS DE CULTURA E TESTES - ICB, IPTSP, IQ","BENS",153052.0,"2026-02-09","2026-05-22",102.0,"ICB - INSTITUTO DE CIÊNCIAS BIOLÓGICAS","164/2025","Alto",23.0,"2026-08-31","Material",6550.0,"Substâncias para diagnóstico \"in vitro\",  reagentes,  conjuntos e jogos para teste",18984.0,"Reagente Para Diagnóstico Clínico 5",376048.0,"características adicionais: confecção de lâminas histológicas, composição básica: resina de hidroximetilmetacrilato, outros componentes: reagente ativador e endurecedor, tipo: conjunto completo","UN",2755.45,2.0,5510.9]
["28/2026","Aprovada",null,"MATERIAIS QUÍMICOS, SUBSTÂNCIAS PARA DIAGNÓSTICO, MEIOS DE CULTURA E TESTES - ICB, IPTSP, IQ","BENS",153052.0,"2026-02-09","2026-05-22",102.0,"ICB - INSTITUTO DE CIÊNCIAS BIOLÓGICAS","164/2025","Alto",24.0,"2026-08-31","Material",6810.0,"Produtos químicos",794.0,"Nitrato De Potássio",357897.0,"aspecto físico: cristal branco, inodoro, característica adicional: reagente p.a., fórmula química: kno3, grau de pureza: pureza mínima de 99%, número de referência química: cas 7757-79-1, peso molecular: 101,10","KG",80.0,1.0,80.0]
["28/2026","Aprovada",null,"MATERIAIS QUÍMICOS, SUBSTÂNCIAS PARA DIAGNÓSTICO, MEIOS DE CULTURA E TESTES - ICB, IPTSP, IQ","BENS",153052.0,"2026-02-09","2026-05-22",102.0,"ICB - INSTITUTO DE CIÊNCIAS BIOLÓGICAS","164/2025","Alto",25.0,"2026-08-31","Material",6810.0,"PRODUTOS QUÍMICOS",10681.0,"PERÓXIDO DE HIDROGÊNIO",412697.0,"ASPECTO FÍSICO: LÍQUIDO INCOLOR, INSTÁVEL, CORROSIVO, CARACTERÍSTICA ADICIONAL: REAGENTE P.A., COMPOSIÇÃO BÁSICA: H202, NÚMERO DE REFERÊNCIA QUÍMICA: CAS 7722-84-1, PESO MOLECULAR: 34,01, PUREZA MÍNIMA: TEOR DE 35%","L",30.0,24.0,720.0]
["28/2026","Aprovada",null,"MATERIAIS QUÍMICOS, SUBSTÂNCIAS PARA DIAGNÓSTICO, MEIOS DE CULTURA E TESTES - ICB, IPTSP, IQ","BENS",153052.0,"2026-02-09","2026-05-22",102.0,"ICB - INSTITUTO DE CIÊNCIAS BIOLÓGICAS","164/2025","Alto",26.0,"2026-08-31","Material",6550.0,"Substâncias para diagnóstico \"in vitro\",  reagentes,  conjuntos e jogos para teste",18984.0,"Reagente Para Diagnóstico Clínico 5",331752.0,"apresentação: teste, método: colorimétrico de ponto final, tipo: conjunto completo para automação, tipo de análise: quantitativo de hemoglobina total","FR",30.0,1.0,30.0]
["28/2026","Aprovada",null,"MATERIAIS QUÍMICOS, SUBSTÂNCIAS PARA DIAGNÓSTICO, MEIOS DE CULTURA E TESTES - ICB, IPTSP, IQ","BENS",153052.0,"2026-02-09","2026-05-22",102.0,"ICB - INSTITUTO DE CIÊNCIAS BIOLÓGICAS","164/2025","Alto",27.0,"2026-08-31","Material",6550.0,"Substâncias para diagnóstico \"in vitro\",  reagentes,  conjuntos e jogos para teste",18984.0,"Reagente Para Diagnóstico Clínico 5",411173.0,"tipo: solução padrão hemoglobina humana","FR",31.0,1.0,31.0]
["28/2026","Aprovada",null,"MATERIAIS QUÍMICOS, SUBSTÂNCIAS PARA DIAGNÓSTICO, MEIOS DE CULTURA E TESTES - ICB, IPTSP, IQ","BENS",153052.0,"2026-02-09","2026-05-22",102.0,"ICB - INSTITUTO DE CIÊNCIAS BIOLÓGICAS","164/2025","Alto",28.0,"2026-08-31","Material",8030.0,"Compostos preservativos e vedantes",12061.0,"Sílica Gel",317830.0,"aplicação: desumidificar e desidratar gases, aspecto físico: granulado, características adicionais: indicador de umidade, composição: sio2, cor: azul, tamanho grão: 4 a 8","FR",65.0,10.0,650.0]
["28/2026","Aprovada",null,"MATERIAIS QUÍMICOS, SUBSTÂNCIAS PARA DIAGNÓSTICO, MEIOS DE CULTURA E TESTES - ICB, IPTSP, IQ","BENS",153052.0,"2026-02-09","2026-05-22",102.0,"ICB - INSTITUTO DE CIÊNCIAS BIOLÓGICAS","164/2025","Alto",29.0,"2026-08-31","Material",6550.0,"Substâncias para diagnóstico \"in vitro\",  reagentes,  conjuntos e jogos para teste",12240.0,"Solução Padrão",454041.0,"tipo: tampão (ph 4)","FR",40.0,1.0,40.0]
["28/2026","Aprovada",null,"MATERIAIS QUÍMICOS, SUBSTÂNCIAS PARA DIAGNÓSTICO, MEIOS DE CULTURA E TESTES - ICB, IPTSP, IQ","BENS",153052.0,"2026-02-09","2026-05-22",102.0,"ICB - INSTITUTO DE CIÊNCIAS BIOLÓGICAS","164/2025","Alto",30.0,"2026-08-31","Material",6550.0,"Substâncias para diagnóstico \"in vitro\",  reagentes,  conjuntos e jogos para teste",12240.0,"Solução Padrão",454040.0,"tipo: tampão (ph 7)","FR",40.0,1.0,40.0]
["28/2026","Aprovada",null,"MATERIAIS QUÍMICOS, SUBSTÂNCIAS PARA DIAGNÓSTICO, MEIOS DE CULTURA E TESTES - ICB, IPTSP, IQ","BENS",153052.0,"2026-02-09","2026-05-22",102.0,"ICB - INSTITUTO DE CIÊNCIAS BIOLÓGICAS","164/2025","Alto",31.0,"2026-08-31","Material",6810.0,"Produtos químicos",12321.0,"Sulfato De Amônio",357056.0,"aspecto físico: finos cristais ou grânulos brancos, odor de amônia, característica adicional: reagente p.a., composição: (nh4)2s04, grau de pureza: pureza mínima de 99%, número de referência química: cas 7783-20-2, peso molecular: 132,14","G",0.08,500.0,40.0]
["28/2026","Aprovada",null,"MATERIAIS QUÍMICOS, SUBSTÂNCIAS PARA DIAGNÓSTICO, MEIOS DE CULTURA E TESTES - ICB, IPTSP, IQ","BENS",153052.0,"2026-02-09","2026-05-22",102.0,"ICB - INSTITUTO DE CIÊNCIAS BIOLÓGICAS","164/2025","Alto",32.0,"2026-08-31","Material",6810.0,"Produtos químicos",13489.0,"Xileno",346185.0,"aspecto físico: líquido límpido, incolor, inflamável, característica adicional: reagente p.a., fórmula química: c6h4(ch3)2 - mistura de isômeros orto, para e meta, grau de pureza: pureza mínima de 98%, número de referência química: cas 1330-20-7, peso molecular: 106,17","L",70.0,22.0,1540.0]
["28/2026","Aprovada",null,"MATERIAIS QUÍMICOS, SUBSTÂNCIAS PARA DIAGNÓSTICO, MEIOS DE CULTURA E TESTES - ICB, IPTSP, IQ","BENS",153052.0,"2026-02-09","2026-05-22",102.0,"ICB - INSTITUTO DE CIÊNCIAS BIOLÓGICAS","181/2025","Alto",1.0,"2026-08-31","Material",6550.0,"Substâncias para diagnóstico \"in vitro\",  reagentes,  conjuntos e jogos para teste",2146.0,"Ágar",387015.0,"aspecto físico: pó, tipo: ágar bacteriológico","FR",250.0,1.0,250.0]
["28/2026","Aprovada",null,"MATERIAIS QUÍMICOS, SUBSTÂNCIAS PARA DIAGNÓSTICO, MEIOS DE CULTURA E TESTES - ICB, IPTSP, IQ","BENS",153052.0,"2026-02-09","2026-05-22",102.0,"ICB - INSTITUTO DE CIÊNCIAS BIOLÓGICAS","181/2025","Alto",2.0,"2026-08-31","Material",6550.0,"Substâncias para diagnóstico \"in vitro\",  reagentes,  conjuntos e jogos para teste",17880.0,"Soro",280350.0,"tipo: anti-a, composição: monoclonal","FR",200.0,1.0,200.0]
["28/2026","Aprovada",null,"MATERIAIS QUÍMICOS, SUBSTÂNCIAS PARA DIAGNÓSTICO, MEIOS DE CULTURA E TESTES - ICB, IPTSP, IQ","BENS",153052.0,"2026-02-09","2026-05-22",102.0,"ICB - INSTITUTO DE CIÊNCIAS BIOLÓGICAS","181/2025","Alto",3.0,"2026-08-31","Material",6550.0,"Substâncias para diagnóstico \"in vitro\",  reagentes,  conjuntos e jogos para teste",17880.0,"Soro",280351.0,"tipo: anti-b, composição: monoclonal","FR",200.0,1.0,200.0]
["28/2026","Aprovada",null,"MATERIAIS QUÍMICOS, SUBSTÂNCIAS PARA DIAGNÓSTICO, MEIOS DE CULTURA E TESTES - ICB, IPTSP, IQ","BENS",153052.0,"2026-02-09","2026-05-22",102.0,"ICB - INSTITUTO DE CIÊNCIAS BIOLÓGICAS","181/2025","Alto",4.0,"2026-08-31","Material",6550.0,"Substâncias para diagnóstico \"in vitro\",  reagentes,  conjuntos e jogos para teste",17880.0,"Soro",280353.0,"tipo: anti-d, composição: monoclonal","FR",200.0,1.0,200.0]
["28/2026","Aprovada",null,"MATERIAIS QUÍMICOS, SUBSTÂNCIAS PARA DIAGNÓSTICO, MEIOS DE CULTURA E TESTES - ICB, IPTSP, IQ","BENS",153052.0,"2026-02-09","2026-05-22",102.0,"ICB - INSTITUTO DE CIÊNCIAS BIOLÓGICAS","182/2025","Alto",1.0,"2026-08-31","Material",6505.0,"Drogas e medicamentos",2259.0,"Álcool Etílico",269941.0,"teor alcoólico: 70%_(70°gl), tipo: hidratado, apresentação: líquido","FR",12.0,40.0,480.0]
["28/2026","Aprovada",null,"MATERIAIS QUÍMICOS, SUBSTÂNCIAS PARA DIAGNÓSTICO, MEIOS DE CULTURA E TESTES - ICB, IPTSP, IQ","BENS",153052.0,"2026-02-09","2026-05-22",102.0,"ICB - INSTITUTO DE CIÊNCIAS BIOLÓGICAS","182/2025","Alto",2.0,"2026-08-31","Material",6810.0,"Produtos químicos",18189.0,"Álcool Etílico",433509.0,"aspecto físico: líquido límpido, incolor, volátil, característica adicional: anidro, absoluto, reagente acs iso, fórmula química: c2h5oh, grau de pureza: mínimo de 99,5% p/p inpm, número de referência química: cas 64-17-5, peso molecular: 46,07, teor alcoólico: mínimo de 99,5 °gl (99,5% v/v) a 20 °c","L",29.62,240.0,7108.8]
["28/2026","Aprovada",null,"MATERIAIS QUÍMICOS, SUBSTÂNCIAS PARA DIAGNÓSTICO, MEIOS DE CULTURA E TESTES - ICB, IPTSP, IQ","BENS",153052.0,"2026-02-09","2026-05-22",102.0,"IQ - INSTITUTO DE QUÍMICA","177/2025","Alto",1.0,"2026-08-01","Material",6810.0,"PRODUTOS QUÍMICOS",713.0,"ÁCIDO NÍTRICO",356173.0,"ASPECTO FÍSICO: LÍQUIDO LÍMPIDO,INCOLOR À AMARELADO,ODOR SUFOCANTE, CARACTERÍSTICA ADICIONAL: REAGENTE P.A., FÓRMULA QUÍMICA: HNO3, GRAU DE PUREZA: TEOR MÍNIMO DE 65%, NÚMERO DE REFERÊNCIA QUÍMICA: CAS 7697-37-2, PESO MOLECULAR: 63,01","L",80.0,6.0,480.0]
["28/2026","Aprovada",null,"MATERIAIS QUÍMICOS, SUBSTÂNCIAS PARA DIAGNÓSTICO, MEIOS DE CULTURA E TESTES - ICB, IPTSP, IQ","BENS",153052.0,"2026-02-09","2026-05-22",102.0,"IQ - INSTITUTO DE QUÍMICA","177/2025","Alto",2.0,"2026-08-01","Material",6810.0,"PRODUTOS QUÍMICOS",5111.0,"CLORETO DE HIDROXILAMÔNIO",428497.0,"ASPECTO FÍSICO: CRISTAL INCOLOR A LEVEMENTE AMARELADO,HIGROSCÓPICO, CARACTERÍSTICA ADICIONAL: REAGENTE ACS, COMPOSIÇÃO QUÍMICA: NH2OH.HCL, GRAU DE PUREZA: PUREZA MÍNIMA DE 98%, NÚMERO DE REFERÊNCIA QUÍMICA: CAS 5470-11-1, PESO MOLECULAR: 69,49","G",0.31,400.0,124.0]
["28/2026","Aprovada",null,"MATERIAIS QUÍMICOS, SUBSTÂNCIAS PARA DIAGNÓSTICO, MEIOS DE CULTURA E TESTES - ICB, IPTSP, IQ","BENS",153052.0,"2026-02-09","2026-05-22",102.0,"IQ - INSTITUTO DE QUÍMICA","177/2025","Alto",3.0,"2026-08-01","Material",6810.0,"PRODUTOS QUÍMICOS",8235.0,"HIDRÓXIDO DE AMÔNIO",347756.0,"ASPECTO FÍSICO: LÍQUIDO LÍMPIDO, INCOLOR, VOLÁTIL, DE ODOR ACRE, CARACTERÍSTICA ADICIONAL: EM SOLUÇÃO AQUOSA, REAGENTE P.A., FÓRMULA QUÍMICA: NH4OH, GRAU DE PUREZA: TEOR DE NH3 ENTRE 28 E 30%, NÚMERO DE REFERÊNCIA QUÍMICA: CAS 1336-21-6, PESO MOLECULAR: 35,05","L",26.0,6.0,156.0]
["28/2026","Aprovada",null,"MATERIAIS QUÍMICOS, SUBSTÂNCIAS PARA DIAGNÓSTICO, MEIOS DE CULTURA E TESTES - ICB, IPTSP, IQ","BENS",153052.0,"2026-02-09","2026-05-22",102.0,"IQ - INSTITUTO DE QUÍMICA","177/2025","Alto",4.0,"2026-08-01","Material",6810.0,"PRODUTOS QUÍMICOS",8207.0,"HEXANO",456556.0,"ASPECTO FÍSICO*: LÍQUIDO, FÓRMULA QUÍMICA*: C6H14 (N-HEXANO), GRAU DE PUREZA*: PUREZA MÍNIMA DE 97%, MASSA MOLAR: 86,18, NÚMERO DE REFERÊNCIA QUÍMICA*: CAS 110-54-3","L",36.0,3.0,108.0]
["28/2026","Aprovada",null,"MATERIAIS QUÍMICOS, SUBSTÂNCIAS PARA DIAGNÓSTICO, MEIOS DE CULTURA E TESTES - ICB, IPTSP, IQ","BENS",153052.0,"2026-02-09","2026-05-22",102.0,"IQ - INSTITUTO DE QUÍMICA","177/2025","Alto",5.0,"2026-08-01","Material",6810.0,"PRODUTOS QUÍMICOS",6539.0,"MAGNÉSIO",398904.0,"ASPECTO FÍSICO: EM FITA, CARACTERÍSTICA ADICIONAL: DIMENSÕES 0,2 MM X 3 MM, FÓRMULA QUÍMICA: MG, GRAU DE PUREZA: PUREZA MÍNIMA DE 99,5%, NÚMERO DE REFERÊNCIA QUÍMICA: CAS 7439-95-4, PESO MOLECULAR: 24,31","G",7.4,100.0,740.0]
["28/2026","Aprovada",null,"MATERIAIS QUÍMICOS, SUBSTÂNCIAS PARA DIAGNÓSTICO, MEIOS DE CULTURA E TESTES - ICB, IPTSP, IQ","BENS",153052.0,"2026-02-09","2026-05-22",102.0,"IQ - INSTITUTO DE QUÍMICA","177/2025","Alto",6.0,"2026-08-01","Material",6810.0,"PRODUTOS QUÍMICOS",17899.0,"SULFETO DE SÓDIO",382558.0,"ASPECTO FÍSICO: CRISTAL OU FLOCO,BRANCO À AMARELADO, ODOR PODRE, CARACTERÍSTICA ADICIONAL: REAGENTE P.A., FÓRMULA QUÍMICA: NA2S.9H2O (NONAHIDRATADO), GRAU DE PUREZA: PUREZA MÍNIMA DE 98%, NÚMERO DE REFERÊNCIA QUÍMICA: CAS 1313-84-4, PESO MOLECULAR: 240,18","G",3.9,250.0,975.0]
["28/2026","Aprovada",null,"MATERIAIS QUÍMICOS, SUBSTÂNCIAS PARA DIAGNÓSTICO, MEIOS DE CULTURA E TESTES - ICB, IPTSP, IQ","BENS",153052.0,"2026-02-09","2026-05-22",102.0,"IQ - INSTITUTO DE QUÍMICA","177/2025","Alto",7.0,"2026-08-01","Material",6810.0,"PRODUTOS QUÍMICOS",18114.0,"PARACETAMOL (ACETAMINOFENO)",376749.0,"ASPECTO FÍSICO: PÓ BRANCO CRISTALINO, LEVE SABOR AMARGO, FÓRMULA QUÍMICA: C8H9NO2, GRAU DE PUREZA: PUREZA MÍNIMA DE 99,6%, NÚMERO DE REFERÊNCIA QUÍMICA: PADRÃO DE REFERÊNCIA ANALÍTICO, CAS 103-90-2, PESO MOLECULAR: 151,16","G",1.66,20.0,33.2]
["28/2026","Aprovada",null,"MATERIAIS QUÍMICOS, SUBSTÂNCIAS PARA DIAGNÓSTICO, MEIOS DE CULTURA E TESTES - ICB, IPTSP, IQ","BENS",153052.0,"2026-02-09","2026-05-22",102.0,"IQ - INSTITUTO DE QUÍMICA","177/2025","Alto",8.0,"2026-08-01","Material",6810.0,"PRODUTOS QUÍMICOS",17936.0,"DIPIRONA SÓDICA",375486.0,"ASPECTO FÍSICO: PÓ CRISTALINO ESBRANQUIÇADO, FÓRMULA QUÍMICA: C13H16N3NASO4, GRAU DE PUREZA: PUREZA MÍNIMA DE 98%, NÚMERO DE REFERÊNCIA QUÍMICA: CAS 68-89-3, PESO MOLECULAR: 333,34","G",0.35,25.0,8.75]
["28/2026","Aprovada",null,"MATERIAIS QUÍMICOS, SUBSTÂNCIAS PARA DIAGNÓSTICO, MEIOS DE CULTURA E TESTES - ICB, IPTSP, IQ","BENS",153052.0,"2026-02-09","2026-05-22",102.0,"IQ - INSTITUTO DE QUÍMICA","177/2025","Alto",9.0,"2026-08-01","Material",6810.0,"PRODUTOS QUÍMICOS",1871.0,"ÓXIDO DE FERRO",451538.0,"ASPECTO FÍSICO: PÓ, FÓRMULA QUÍMICA: FEO (II), GRAU DE PUREZA: PUREZA MÍNIMA DE 99,7%, NÚMERO DE REFERÊNCIA QUÍMICA: CAS 1345-25-1, PESO MOLECULAR: 71,84","G",1.0,500.0,500.0]
["28/2026","Aprovada",null,"MATERIAIS QUÍMICOS, SUBSTÂNCIAS PARA DIAGNÓSTICO, MEIOS DE CULTURA E TESTES - ICB, IPTSP, IQ","BENS",153052.0,"2026-02-09","2026-05-22",102.0,"IQ - INSTITUTO DE QUÍMICA","177/2025","Alto",10.0,"2026-08-01","Material",6810.0,"PRODUTOS QUÍMICOS",6442.0,"CLORETO DE COBRE",437237.0,"ASPECTO FÍSICO: PÓ, CARACTERÍSTICA ADICIONAL: REAGENTE P.A. ACS, FÓRMULA QUÍMICA: CUCL2 X 2H2O (CLORETO DE COBRE II DIHIDRATADO), NÚMERO DE REFERÊNCIA QUÍMICA: CAS 10125-13-0, PESO MOLECULAR: 170,48, PUREZA MÍNIMA: PUREZA MÍNIMA DE 99%","G",0.41,250.0,102.5]
["28/2026","Aprovada",null,"MATERIAIS QUÍMICOS, SUBSTÂNCIAS PARA DIAGNÓSTICO, MEIOS DE CULTURA E TESTES - ICB, IPTSP, IQ","BENS",153052.0,"2026-02-09","2026-05-22",102.0,"ICB - INSTITUTO DE CIÊNCIAS BIOLÓGICAS","187/2025","Médio",1.0,"2026-08-31","Material",6505.0,"Drogas e medicamentos",8487.0,"Isoflurano",268469.0,"apresentação: anestésico inalatório","FR",500.0,44.0,22000.0]
["28/2026","Aprovada",null,"MATERIAIS QUÍMICOS, SUBSTÂNCIAS PARA DIAGNÓSTICO, MEIOS DE CULTURA E TESTES - ICB, IPTSP, IQ","BENS",153052.0,"2026-02-09","2026-05-22",102.0,"IQ - INSTITUTO DE QUÍMICA","177/2025","Alto",11.0,"2026-08-01","Material",6810.0,"PRODUTOS QUÍMICOS",17568.0,"SILICATO DE SÓDIO",413680.0,"ASPECTO FÍSICO: GRÂNULOS BRANCOS A INCOLORES, COMPOSIÇÃO QUÍMICA: NA2SIO3·5H2O (PENTA-HIDRATADO), GRAU DE PUREZA: PUREZA MÍNIMA DE 95%, NÚMERO DE REFERÊNCIA QUÍMICA: CAS 10213-79-3, PESO MOLECULAR: 212,15","G",37.5,250.0,9375.0]
["28/2026","Aprovada",null,"MATERIAIS QUÍMICOS, SUBSTÂNCIAS PARA DIAGNÓSTICO, MEIOS DE CULTURA E TESTES - ICB, IPTSP, IQ","BENS",153052.0,"2026-02-09","2026-05-22",102.0,"IQ - INSTITUTO DE QUÍMICA","177/2025","Alto",12.0,"2026-08-01","Material",6810.0,"PRODUTOS QUÍMICOS",2263.0,"ÁLCOOL PROPÍLICO",382615.0,"ASPECTO FÍSICO: LÍQUIDO LÍMPIDO, INCOLOR, ODOR CARACTERÍSTICO, FÓRMULA QUÍMICA: (CH3)2CHOH (ISOPROPÍLICO OU ISO-PROPANOL), GRAU DE PUREZA: PUREZA MÍNIMA DE 99,5%, NÚMERO DE REFERÊNCIA QUÍMICA: CAS 67-63-0, PESO MOLECULAR*: 60,10","L",30.7,3.0,92.1]
["28/2026","Aprovada",null,"MATERIAIS QUÍMICOS, SUBSTÂNCIAS PARA DIAGNÓSTICO, MEIOS DE CULTURA E TESTES - ICB, IPTSP, IQ","BENS",153052.0,"2026-02-09","2026-05-22",102.0,"IQ - INSTITUTO DE QUÍMICA","177/2025","Alto",13.0,"2026-08-01","Material",6810.0,"PRODUTOS QUÍMICOS",5273.0,"DIMETILGLIOXIMA",412072.0,"ASPECTO FÍSICO: PÓ ESBRANQUIÇADO, CARACTERÍSTICA ADICIONAL: REAGENTE P.A. ACS, FÓRMULA QUÍMICA: C4H8N2O2, GRAU DE PUREZA: PUREZA MÍNIMA DE 99%, NÚMERO DE REFERÊNCIA QUÍMICA: CAS 95-45-4, PESO MOLECULAR: 116,12","G",1.11,250.0,277.5]
["28/2026","Aprovada",null,"MATERIAIS QUÍMICOS, SUBSTÂNCIAS PARA DIAGNÓSTICO, MEIOS DE CULTURA E TESTES - ICB, IPTSP, IQ","BENS",153052.0,"2026-02-09","2026-05-22",102.0,"IQ - INSTITUTO DE QUÍMICA","177/2025","Alto",14.0,"2026-08-01","Material",6810.0,"PRODUTOS QUÍMICOS",14762.0,"CLORETO DE COBALTO II",400499.0,"ASPECTO FÍSICO: CRISTAL ROSA A VERMELHO, ODOR LEVE PENETRANTE, CARACTERÍSTICA ADICIONAL: REAGENTE P.A. ACS, FÓRMULA QUÍMICA: COCL2.6H2O, NÚMERO DE REFERÊNCIA QUÍMICA: CAS 7791-13-1, PESO MOLECULAR: 237,93, TEOR DE PUREZA: PUREZA MÍNIMA DE 99%","G",0.6,500.0,300.0]
["28/2026","Aprovada",null,"MATERIAIS QUÍMICOS, SUBSTÂNCIAS PARA DIAGNÓSTICO, MEIOS DE CULTURA E TESTES - ICB, IPTSP, IQ","BENS",153052.0,"2026-02-09","2026-05-22",102.0,"IQ - INSTITUTO DE QUÍMICA","177/2025","Alto",15.0,"2026-08-01","Material",6810.0,"PRODUTOS QUÍMICOS",18843.0,"BENZOFENONA",412802.0,"ASPECTO FÍSICO: FLOCOS OU CRISTAIS BRANCOS, ODOR DE ROSAS, CARACTERÍSTICA ADICIONAL: REAGENTE P.A, COMPOSIÇÃO QUÍMICA: C13H100, NÚMERO DE REFERÊNCIA QUÍMICA: CAS 119-61-9, PESO MOLECULAR: 182,22, PUREZA MÍNIMA: PUREZA MÍNIMA DE 99%","G",0.325,750.0,243.75]
["28/2026","Aprovada",null,"MATERIAIS QUÍMICOS, SUBSTÂNCIAS PARA DIAGNÓSTICO, MEIOS DE CULTURA E TESTES - ICB, IPTSP, IQ","BENS",153052.0,"2026-02-09","2026-05-22",102.0,"IQ - INSTITUTO DE QUÍMICA","177/2025","Alto",16.0,"2026-08-01","Material",6810.0,"Produtos químicos",6442.0,"Cloreto De Cobre",437235.0,"aspecto físico: pó, fórmula química: cucl (cloreto de cobre i anidro), número de referência química: cas 7758-89-6, peso molecular: 99,01, pureza mínima: pureza mínima de 99%","G",0.85,250.0,212.5]
["28/2026","Aprovada",null,"MATERIAIS QUÍMICOS, SUBSTÂNCIAS PARA DIAGNÓSTICO, MEIOS DE CULTURA E TESTES - ICB, IPTSP, IQ","BENS",153052.0,"2026-02-09","2026-05-22",102.0,"IQ - INSTITUTO DE QUÍMICA","177/2025","Alto",17.0,"2026-08-01","Material",6810.0,"Produtos químicos",773.0,"Cloreto De Ferro",359890.0,"aspecto físico: cristal límpido, verde claro, inodoro, características adicionais: reagente p.a., composição: fecl2.4h20  tetrahidratado, número de referência química: cas 13478-10-9, peso molecular: 198,81, pureza mínima: pureza mínima de 99%","G",1.49,250.0,372.5]
["28/2026","Aprovada",null,"MATERIAIS QUÍMICOS, SUBSTÂNCIAS PARA DIAGNÓSTICO, MEIOS DE CULTURA E TESTES - ICB, IPTSP, IQ","BENS",153052.0,"2026-02-09","2026-05-22",102.0,"IQ - INSTITUTO DE QUÍMICA","177/2025","Alto",18.0,"2026-08-01","Material",6810.0,"PRODUTOS QUÍMICOS",5101.0,"CLORETO DE AMÔNIO",352801.0,"ASPECTO FÍSICO: PÓ BRANCO, CRISTALINO, INODORO, CARACTERÍSTICA ADICIONAL: REAGENTE P.A., FÓRMULA QUÍMICA: NH4CL, NÚMERO DE REFERÊNCIA QUÍMICA: CAS 12125-02-9, PESO MOLECULAR: 53,49, TEOR DE PUREZA: PUREZA MÍNIMA DE 99,5%","KG",26.0,4.0,104.0]
["28/2026","Aprovada",null,"MATERIAIS QUÍMICOS, SUBSTÂNCIAS PARA DIAGNÓSTICO, MEIOS DE CULTURA E TESTES - ICB, IPTSP, IQ","BENS",153052.0,"2026-02-09","2026-05-22",102.0,"IQ - INSTITUTO DE QUÍMICA","177/2025","Alto",19.0,"2026-08-01","Material",6810.0,"PRODUTOS QUÍMICOS",15830.0,"CLORETO DE LÍTIO",352960.0,"ASPECTO FÍSICO: PÓ BRANCO, INODORO, CARACTERÍSTICA ADICIONAL: REAGENTE P.A, COMPOSIÇÃO QUÍMICA: LICL, NÚMERO DE REFERÊNCIA QUÍMICA: CAS 7447-41-8, PESO MOLECULAR: 42,39, TEOR DE PUREZA: PUREZA MÍNIMA DE 99%","G",2.64,500.0,1320.0]
["28/2026","Aprovada",null,"MATERIAIS QUÍMICOS, SUBSTÂNCIAS PARA DIAGNÓSTICO, MEIOS DE CULTURA E TESTES - ICB, IPTSP, IQ","BENS",153052.0,"2026-02-09","2026-05-22",102.0,"IQ - INSTITUTO DE QUÍMICA","177/2025","Alto",20.0,"2026-08-01","Material",6810.0,"Produtos químicos",15453.0,"Cromato De Bário",431488.0,"aspecto físico: pó, fórmula química: bacro4, número de referência química: cas 10294-40-3, peso molecular*: 253,32, pureza mínima*: pureza mínima de 98%","KG",2.64,1.0,2.64]
["28/2026","Aprovada",null,"MATERIAIS QUÍMICOS, SUBSTÂNCIAS PARA DIAGNÓSTICO, MEIOS DE CULTURA E TESTES - ICB, IPTSP, IQ","BENS",153052.0,"2026-02-09","2026-05-22",102.0,"IPTSP - INSTITUTO DE PATOLOGIA TROPICAL E SAÚDE PÚBLICA","141/2025","Médio",1.0,"2026-07-31","Material",6550.0,"SUBSTÂNCIAS PARA DIAGNÓSTICO \"IN VITRO\",  REAGENTES,  CONJUNTOS E JOGOS PARA TESTE",18913.0,"MEIO DE CULTURA",326288.0,"APRESENTAÇÃO: PÓ, TIPO: ÁGAR BATATA DEXTROSADO","FR",302.9,3.0,908.7]
["28/2026","Aprovada",null,"MATERIAIS QUÍMICOS, SUBSTÂNCIAS PARA DIAGNÓSTICO, MEIOS DE CULTURA E TESTES - ICB, IPTSP, IQ","BENS",153052.0,"2026-02-09","2026-05-22",102.0,"IPTSP - INSTITUTO DE PATOLOGIA TROPICAL E SAÚDE PÚBLICA","141/2025","Médio",2.0,"2026-07-31","Material",6550.0,"SUBSTÂNCIAS PARA DIAGNÓSTICO \"IN VITRO\",  REAGENTES,  CONJUNTOS E JOGOS PARA TESTE",18913.0,"MEIO DE CULTURA",326866.0,"APRESENTAÇÃO: PÓ, TIPO: ÁGAR MICOSEL","FR",1475.63,2.0,2951.26]
["28/2026","Aprovada",null,"MATERIAIS QUÍMICOS, SUBSTÂNCIAS PARA DIAGNÓSTICO, MEIOS DE CULTURA E TESTES - ICB, IPTSP, IQ","BENS",153052.0,"2026-02-09","2026-05-22",102.0,"IPTSP - INSTITUTO DE PATOLOGIA TROPICAL E SAÚDE PÚBLICA","141/2025","Médio",3.0,"2026-07-31","Material",6550.0,"SUBSTÂNCIAS PARA DIAGNÓSTICO \"IN VITRO\",  REAGENTES,  CONJUNTOS E JOGOS PARA TESTE",18913.0,"MEIO DE CULTURA",326278.0,"APRESENTAÇÃO: PÓ, TIPO: ÁGAR NUTRIENTE","FR",320.0,4.0,1280.0]
["28/2026","Aprovada",null,"MATERIAIS QUÍMICOS, SUBSTÂNCIAS PARA DIAGNÓSTICO, MEIOS DE CULTURA E TESTES - ICB, IPTSP, IQ","BENS",153052.0,"2026-02-09","2026-05-22",102.0,"IPTSP - INSTITUTO DE PATOLOGIA TROPICAL E SAÚDE PÚBLICA","141/2025","Médio",4.0,"2026-07-31","Material",6550.0,"SUBSTÂNCIAS PARA DIAGNÓSTICO \"IN VITRO\",  REAGENTES,  CONJUNTOS E JOGOS PARA TESTE",18913.0,"MEIO DE CULTURA",326657.0,"ADITIVOS: COM CLORANFENICOL, APRESENTAÇÃO: PÓ, TIPO: ÁGAR SABOURAUD","FR",373.54,4.0,1494.16]
["28/2026","Aprovada",null,"MATERIAIS QUÍMICOS, SUBSTÂNCIAS PARA DIAGNÓSTICO, MEIOS DE CULTURA E TESTES - ICB, IPTSP, IQ","BENS",153052.0,"2026-02-09","2026-05-22",102.0,"IPTSP - INSTITUTO DE PATOLOGIA TROPICAL E SAÚDE PÚBLICA","141/2025","Médio",5.0,"2026-07-31","Material",6550.0,"Substâncias para diagnóstico \"in vitro\",  reagentes,  conjuntos e jogos para teste",8561.0,"Meio De Cultura,",417419.0,"apresentação: pó, tipo: ágar czapek","FR",463.21,1.0,463.21]
["28/2026","Aprovada",null,"MATERIAIS QUÍMICOS, SUBSTÂNCIAS PARA DIAGNÓSTICO, MEIOS DE CULTURA E TESTES - ICB, IPTSP, IQ","BENS",153052.0,"2026-02-09","2026-05-22",102.0,"IPTSP - INSTITUTO DE PATOLOGIA TROPICAL E SAÚDE PÚBLICA","141/2025","Médio",6.0,"2026-07-31","Material",6550.0,"Substâncias para diagnóstico \"in vitro\",  reagentes,  conjuntos e jogos para teste",2146.0,"Ágar",397085.0,"aspecto físico: pó, característica adicional: puro, tipo: ágar ágar","FR",396.0,2.0,792.0]
["28/2026","Aprovada",null,"MATERIAIS QUÍMICOS, SUBSTÂNCIAS PARA DIAGNÓSTICO, MEIOS DE CULTURA E TESTES - ICB, IPTSP, IQ","BENS",153052.0,"2026-02-09","2026-05-22",102.0,"IPTSP - INSTITUTO DE PATOLOGIA TROPICAL E SAÚDE PÚBLICA","141/2025","Médio",7.0,"2026-07-31","Material",6550.0,"Substâncias para diagnóstico \"in vitro\",  reagentes,  conjuntos e jogos para teste",18984.0,"Reagente Para Diagnóstico Clínico 5",382447.0,"características adicionais: solução a 22%, tipo: albumina bovina","FR",120.0,1.0,120.0]
["28/2026","Aprovada",null,"MATERIAIS QUÍMICOS, SUBSTÂNCIAS PARA DIAGNÓSTICO, MEIOS DE CULTURA E TESTES - ICB, IPTSP, IQ","BENS",153052.0,"2026-02-09","2026-05-22",102.0,"IPTSP - INSTITUTO DE PATOLOGIA TROPICAL E SAÚDE PÚBLICA","141/2025","Médio",8.0,"2026-07-31","Material",6550.0,"Substâncias para diagnóstico \"in vitro\",  reagentes,  conjuntos e jogos para teste",18947.0,"Suplemento Para Meio De Cultura",329579.0,"aspecto físico: pó, tipo: extrato de levedura","FR",583.63,1.0,583.63]
["28/2026","Aprovada",null,"MATERIAIS QUÍMICOS, SUBSTÂNCIAS PARA DIAGNÓSTICO, MEIOS DE CULTURA E TESTES - ICB, IPTSP, IQ","BENS",153052.0,"2026-02-09","2026-05-22",102.0,"IPTSP - INSTITUTO DE PATOLOGIA TROPICAL E SAÚDE PÚBLICA","141/2025","Médio",9.0,"2026-07-31","Material",6550.0,"Substâncias para diagnóstico \"in vitro\",  reagentes,  conjuntos e jogos para teste",18947.0,"Suplemento Para Meio De Cultura",390194.0,"aspecto físico: líquido, concentração: 10.000 ui + 10, tipo: penicilina g + estreptomicina","FR",158.43,1.0,158.43]
["28/2026","Aprovada",null,"MATERIAIS QUÍMICOS, SUBSTÂNCIAS PARA DIAGNÓSTICO, MEIOS DE CULTURA E TESTES - ICB, IPTSP, IQ","BENS",153052.0,"2026-02-09","2026-05-22",102.0,"IPTSP - INSTITUTO DE PATOLOGIA TROPICAL E SAÚDE PÚBLICA","141/2025","Médio",10.0,"2026-07-31","Material",6810.0,"Produtos químicos",848.0,"Acetona",380786.0,"aspecto físico: líquido límpido transparente, característica adicional: reagente p.a. acs, fórmula química: c3h6o, grau de pureza: pureza mínima de 99,5%, massa molecular: 58,08, número de referência química: cas 67-64-1","L",33.9,1.0,33.9]
["28/2026","Aprovada",null,"MATERIAIS QUÍMICOS, SUBSTÂNCIAS PARA DIAGNÓSTICO, MEIOS DE CULTURA E TESTES - ICB, IPTSP, IQ","BENS",153052.0,"2026-02-09","2026-05-22",102.0,"IQ - INSTITUTO DE QUÍMICA","177/2025","Alto",21.0,"2026-08-01","Material",6810.0,"PRODUTOS QUÍMICOS",14814.0,"DICROMATO DE AMÔNIO",370012.0,"ASPECTO FÍSICO: PÓ CRISTALINO VERMELHO ALARANJADO, BRILHANTE, FÓRMULA QUÍMICA: (NH4)2 CR2O7, GRAU DE PUREZA: PUREZA MÍNIMA DE 99%, NÚMERO DE REFERÊNCIA QUÍMICA: CAS 7789-09-5, PESO MOLECULAR: 252,06","G",1.0,500.0,500.0]
["28/2026","Aprovada",null,"MATERIAIS QUÍMICOS, SUBSTÂNCIAS PARA DIAGNÓSTICO, MEIOS DE CULTURA E TESTES - ICB, IPTSP, IQ","BENS",153052.0,"2026-02-09","2026-05-22",102.0,"IPTSP - INSTITUTO DE PATOLOGIA TROPICAL E SAÚDE PÚBLICA","141/2025","Médio",11.0,"2026-07-31","Material",6505.0,"DROGAS E MEDICAMENTOS",2259.0,"ÁLCOOL ETÍLICO",269941.0,"TEOR ALCOÓLICO: 70%_(70°GL), TIPO: HIDRATADO, APRESENTAÇÃO: LÍQUIDO","L",6.79,29.0,196.91]
["28/2026","Aprovada",null,"MATERIAIS QUÍMICOS, SUBSTÂNCIAS PARA DIAGNÓSTICO, MEIOS DE CULTURA E TESTES - ICB, IPTSP, IQ","BENS",153052.0,"2026-02-09","2026-05-22",102.0,"IPTSP - INSTITUTO DE PATOLOGIA TROPICAL E SAÚDE PÚBLICA","141/2025","Médio",12.0,"2026-07-31","Material",6810.0,"PRODUTOS QUÍMICOS",18189.0,"ÁLCOOL ETÍLICO",444849.0,"ASPECTO FÍSICO: LÍQUIDO, FÓRMULA QUÍMICA: C2H6O, GRAU DE PUREZA: PUREZA MÍNIMA DE 96%, NÚMERO DE REFERÊNCIA QUÍMICA: CAS 64-17-5, PESO MOLECULAR: 46,07","L",12.4,10.0,124.0]
["28/2026","Aprovada",null,"MATERIAIS QUÍMICOS, SUBSTÂNCIAS PARA DIAGNÓSTICO, MEIOS DE CULTURA E TESTES - ICB, IPTSP, IQ","BENS",153052.0,"2026-02-09","2026-05-22",102.0,"IQ - INSTITUTO DE QUÍMICA","177/2025","Alto",22.0,"2026-08-01","Material",6810.0,"PRODUTOS QUÍMICOS",16139.0,"IODETO DE POTÁSSIO",403671.0,"ASPECTO FÍSICO: PÓ CRISTALINO INCOLOR A BRANCO, INODORO, FÓRMULA QUÍMICA: KI, NÚMERO DE REFERÊNCIA QUÍMICA: CAS 7681-11-0, PESO MOLECULAR: 166,00, TEOR DE PUREZA: PUREZA MÍNIMA DE 99,0%","G",0.77,2000.0,1540.0]
["28/2026","Aprovada",null,"MATERIAIS QUÍMICOS, SUBSTÂNCIAS PARA DIAGNÓSTICO, MEIOS DE CULTURA E TESTES - ICB, IPTSP, IQ","BENS",153052.0,"2026-02-09","2026-05-22",102.0,"IPTSP - INSTITUTO DE PATOLOGIA TROPICAL E SAÚDE PÚBLICA","141/2025","Médio",13.0,"2026-07-31","Material",6810.0,"Produtos químicos",18189.0,"Álcool Etílico",403723.0,"aspecto físico: líquido límpido, incolor, volátil, característica adicional: anidro, absoluto, fórmula química: c2h5oh, grau de pureza: mínimo de 99,2 °inpm (99,2% p/p), número de referência química: cas 64-17-5, peso molecular: 46,07, teor alcoólico: mínimo de 99,5 °gl (99,5% v/v a 20 °c)","L",14.5,8.0,116.0]
["28/2026","Aprovada",null,"MATERIAIS QUÍMICOS, SUBSTÂNCIAS PARA DIAGNÓSTICO, MEIOS DE CULTURA E TESTES - ICB, IPTSP, IQ","BENS",153052.0,"2026-02-09","2026-05-22",102.0,"IPTSP - INSTITUTO DE PATOLOGIA TROPICAL E SAÚDE PÚBLICA","141/2025","Médio",14.0,"2026-07-31","Material",6810.0,"Produtos químicos",18189.0,"Álcool Etílico",346633.0,"aspecto físico: líquido límpido, incolor, volátil, característica adicional: anidro, absoluto, fórmula química: c2h5oh, grau de pureza: mínimo de 99,7% p/p inpm, número de referência química: cas 64-17-5, peso molecular: 46,07, teor alcoólico: mínimo de 99,5°gl","L",16.5,1.0,16.5]
["28/2026","Aprovada",null,"MATERIAIS QUÍMICOS, SUBSTÂNCIAS PARA DIAGNÓSTICO, MEIOS DE CULTURA E TESTES - ICB, IPTSP, IQ","BENS",153052.0,"2026-02-09","2026-05-22",102.0,"IPTSP - INSTITUTO DE PATOLOGIA TROPICAL E SAÚDE PÚBLICA","141/2025","Médio",15.0,"2026-07-31","Material",6550.0,"Substâncias para diagnóstico \"in vitro\",  reagentes,  conjuntos e jogos para teste",13893.0,"Corante",397452.0,"aspecto físico*: líquido, tipo*: azul de lactofenol","FR",121.0,1.0,121.0]
["28/2026","Aprovada",null,"MATERIAIS QUÍMICOS, SUBSTÂNCIAS PARA DIAGNÓSTICO, MEIOS DE CULTURA E TESTES - ICB, IPTSP, IQ","BENS",153052.0,"2026-02-09","2026-05-22",102.0,"IQ - INSTITUTO DE QUÍMICA","177/2025","Alto",23.0,"2026-08-01","Material",9150.0,"Óleos e graxas para corte, lubrificação e sistemas  hidráulicos",8097.0,"Graxa - Silicone",272208.0,"aplicação: vidraria laboratório, aspecto físico: pastosa, composição: polímero de metil siloxano, consistência: baixa, cor: branca, uso: lubrificante","FR",26.86,2.0,53.72]
["28/2026","Aprovada",null,"MATERIAIS QUÍMICOS, SUBSTÂNCIAS PARA DIAGNÓSTICO, MEIOS DE CULTURA E TESTES - ICB, IPTSP, IQ","BENS",153052.0,"2026-02-09","2026-05-22",102.0,"IPTSP - INSTITUTO DE PATOLOGIA TROPICAL E SAÚDE PÚBLICA","141/2025","Médio",16.0,"2026-07-31","Material",8040.0,"ADESIVOS",3262.0,"BÁLSAMO DO CANADÁ",244472.0,"ASPECTO FÍSICO: LÍQUIDO VISCOSO, COR: AMARELO-CLARA, DENSIDADE: 0,99, ORIGEM: RESINA EXTRAÍDA DA MADEIRA","FR",272.0,3.0,816.0]
["28/2026","Aprovada",null,"MATERIAIS QUÍMICOS, SUBSTÂNCIAS PARA DIAGNÓSTICO, MEIOS DE CULTURA E TESTES - ICB, IPTSP, IQ","BENS",153052.0,"2026-02-09","2026-05-22",102.0,"IQ - INSTITUTO DE QUÍMICA","177/2025","Alto",24.0,"2026-08-01","Material",6810.0,"PRODUTOS QUÍMICOS",6539.0,"MAGNÉSIO",390355.0,"ASPECTO FÍSICO: PÓ FINO, COR CINZA, CARACTERÍSTICA ADICIONAL: DIÂMETRO DA PARTÍCULA ENTRE 0,06 E 0,3MM, FÓRMULA QUÍMICA: MG, GRAU DE PUREZA: PUREZA MÍNIMA DE 98,5%, NÚMERO DE REFERÊNCIA QUÍMICA: CAS 7439-95-4, PESO MOLECULAR: 24,31","G",0.25,500.0,125.0]
["28/2026","Aprovada",null,"MATERIAIS QUÍMICOS, SUBSTÂNCIAS PARA DIAGNÓSTICO, MEIOS DE CULTURA E TESTES - ICB, IPTSP, IQ","BENS",153052.0,"2026-02-09","2026-05-22",102.0,"IPTSP - INSTITUTO DE PATOLOGIA TROPICAL E SAÚDE PÚBLICA","141/2025","Médio",17.0,"2026-07-31","Material",6550.0,"Substâncias para diagnóstico \"in vitro\",  reagentes,  conjuntos e jogos para teste",17555.0,"Padrão Referência 1",405785.0,"tipo*: escala de mcfarland, apresentação*: líquido, concentração*: 0,5, característica adicional*: tubo 13x100mm","UN",68.0,4.0,272.0]
["28/2026","Aprovada",null,"MATERIAIS QUÍMICOS, SUBSTÂNCIAS PARA DIAGNÓSTICO, MEIOS DE CULTURA E TESTES - ICB, IPTSP, IQ","BENS",153052.0,"2026-02-09","2026-05-22",102.0,"IQ - INSTITUTO DE QUÍMICA","177/2025","Alto",25.0,"2026-08-01","Material",6810.0,"PRODUTOS QUÍMICOS",10091.0,"NÍQUEL",438782.0,"ASPECTO FÍSICO: PÓ, FÓRMULA QUÍMICA: NI, GRAU DE PUREZA: PUREZA MÍNIMA DE 99,9%, NÚMERO DE REFERÊNCIA QUÍMICA*: CAS 7440-02-0, PESO MOLECULAR: 58,69","G",1.0,250.0,250.0]
["28/2026","Aprovada",null,"MATERIAIS QUÍMICOS, SUBSTÂNCIAS PARA DIAGNÓSTICO, MEIOS DE CULTURA E TESTES - ICB, IPTSP, IQ","BENS",153052.0,"2026-02-09","2026-05-22",102.0,"IQ - INSTITUTO DE QUÍMICA","177/2025","Alto",26.0,"2026-08-01","Material",6810.0,"PRODUTOS QUÍMICOS",14128.0,"NAFTALENO",412712.0,"ASPECTO FÍSICO: PARTÍCULAS SÓLIDAS BRANCAS, CARACTERÍSTICA ADICIONAL: REAGENTE P.A., FÓRMULA QUÍMICA: C10H8, GRAU DE PUREZA: PUREZA MÍNIMA DE 98%, NÚMERO DE REFERÊNCIA QUÍMICA: CAS 91-20-3, PESO MOLECULAR: 128,17","G",0.8,1000.0,800.0]
["28/2026","Aprovada",null,"MATERIAIS QUÍMICOS, SUBSTÂNCIAS PARA DIAGNÓSTICO, MEIOS DE CULTURA E TESTES - ICB, IPTSP, IQ","BENS",153052.0,"2026-02-09","2026-05-22",102.0,"IQ - INSTITUTO DE QUÍMICA","177/2025","Alto",27.0,"2026-08-01","Material",6810.0,"PRODUTOS QUÍMICOS",1867.0,"NITRATO DE COBRE II",347395.0,"ASPECTO FÍSICO: PÓ OU CRISTAL AZUL, CARACTERÍSTICA ADICIONAL: REAGENTE P.A., FÓRMULA QUÍMICA: CU(NO3)2.3H2O, GRAU DE PUREZA: PUREZA MÍNIMA DE 99%, NÚMERO DE REFERÊNCIA QUÍMICA: CAS 10031-43-3, PESO MOLECULAR: 241,60","G",1.0,250.0,250.0]
["28/2026","Aprovada",null,"MATERIAIS QUÍMICOS, SUBSTÂNCIAS PARA DIAGNÓSTICO, MEIOS DE CULTURA E TESTES - ICB, IPTSP, IQ","BENS",153052.0,"2026-02-09","2026-05-22",102.0,"IQ - INSTITUTO DE QUÍMICA","177/2025","Alto",28.0,"2026-08-01","Material",6810.0,"Produtos químicos",18299.0,"Nitrato De Níquel",413221.0,"aspecto físico: cristal verde higroscópico, característica adicional: reagente p.a., fórmula química: ni(no3)2.6h2o (hexahidratado), grau de pureza: mínimo de 98%, número de referência química: cas 13478-00-7, peso molecular: 290,81","G",0.2,250.0,50.0]
["28/2026","Aprovada",null,"MATERIAIS QUÍMICOS, SUBSTÂNCIAS PARA DIAGNÓSTICO, MEIOS DE CULTURA E TESTES - ICB, IPTSP, IQ","BENS",153052.0,"2026-02-09","2026-05-22",102.0,"IQ - INSTITUTO DE QUÍMICA","177/2025","Alto",29.0,"2026-08-01","Material",6810.0,"Produtos químicos",18410.0,"P-Nitroanilina",359332.0,"aspecto físico: pó amarelo, odor fraco de amina, fórmula química: no2c6h4nh2, grau de pureza: pureza mínima de 99%, número de referência química: cas 100-01-6, peso molecular: 138,13","G",5.46,250.0,1365.0]
["28/2026","Aprovada",null,"MATERIAIS QUÍMICOS, SUBSTÂNCIAS PARA DIAGNÓSTICO, MEIOS DE CULTURA E TESTES - ICB, IPTSP, IQ","BENS",153052.0,"2026-02-09","2026-05-22",102.0,"IQ - INSTITUTO DE QUÍMICA","177/2025","Alto",30.0,"2026-08-01","Material",6850.0,"Especialidades químicas diversas",8217.0,"Liga De Raney",353658.0,"aspecto físico: pó catalítico, fino, cinza, característica adicional: reagente analítico, teor de pureza: teor mínimo de 48% de niquel e 48% de alumínio","FR",345.0,2.0,690.0]
["28/2026","Aprovada",null,"MATERIAIS QUÍMICOS, SUBSTÂNCIAS PARA DIAGNÓSTICO, MEIOS DE CULTURA E TESTES - ICB, IPTSP, IQ","BENS",153052.0,"2026-02-09","2026-05-22",102.0,"IQ - INSTITUTO DE QUÍMICA","177/2025","Alto",31.0,"2026-08-01","Material",8030.0,"Compostos preservativos e vedantes",12061.0,"Sílica Gel",288984.0,"aspecto físico: pó, características adicionais: partícula 70-230 mesh, poro 60, composição: sio2, cor: branca, uso: colunas cromatográficas","KG",312.5,2.0,625.0]
["28/2026","Aprovada",null,"MATERIAIS QUÍMICOS, SUBSTÂNCIAS PARA DIAGNÓSTICO, MEIOS DE CULTURA E TESTES - ICB, IPTSP, IQ","BENS",153052.0,"2026-02-09","2026-05-22",102.0,"IQ - INSTITUTO DE QUÍMICA","177/2025","Alto",32.0,"2026-08-01","Material",8030.0,"COMPOSTOS PRESERVATIVOS E VEDANTES",12061.0,"SÍLICA GEL",432763.0,"ASPECTO FÍSICO: PÓ, CARACTERÍSTICAS ADICIONAIS: SILICA-GEL 60 GF254 MESH, SEM INDICADOR DE FLUORES, COMPOSIÇÃO: SIO2, COR: BRANCA, MASSA MOLECULAR: 60,8, USO: CROMATOGRAFIA CAMADA FINA","FR",473.65,4.0,1894.6]
["28/2026","Aprovada",null,"MATERIAIS QUÍMICOS, SUBSTÂNCIAS PARA DIAGNÓSTICO, MEIOS DE CULTURA E TESTES - ICB, IPTSP, IQ","BENS",153052.0,"2026-02-09","2026-05-22",102.0,"IQ - INSTITUTO DE QUÍMICA","177/2025","Alto",33.0,"2026-08-01","Material",8030.0,"COMPOSTOS PRESERVATIVOS E VEDANTES",12061.0,"SÍLICA GEL",432761.0,"ASPECTO FÍSICO: PÓ, CARACTERÍSTICAS ADICIONAIS: SILICA-GEL 60 GF254 MESH, COM INDICADOR DE FLUORES, COMPOSIÇÃO: SIO2, COR: BRANCA, MASSA MOLECULAR: 60,8, USO: CROMATOGRAFIA CAMADA FINA","FR",575.94,2.0,1151.88]
["28/2026","Aprovada",null,"MATERIAIS QUÍMICOS, SUBSTÂNCIAS PARA DIAGNÓSTICO, MEIOS DE CULTURA E TESTES - ICB, IPTSP, IQ","BENS",153052.0,"2026-02-09","2026-05-22",102.0,"IQ - INSTITUTO DE QUÍMICA","177/2025","Alto",34.0,"2026-08-01","Material",6810.0,"Produtos químicos",17568.0,"Silicato De Sódio",416261.0,"aspecto físico: pó, cristais ou grânulos brancos, composição química: na2sio3 (anidro), grau de pureza: teor mínimo de 45% de sio2 e de 50% de na2o, número de referência química: cas 6834-92-0, peso molecular: 122,06","G",1.0,250.0,250.0]
["28/2026","Aprovada",null,"MATERIAIS QUÍMICOS, SUBSTÂNCIAS PARA DIAGNÓSTICO, MEIOS DE CULTURA E TESTES - ICB, IPTSP, IQ","BENS",153052.0,"2026-02-09","2026-05-22",102.0,"IQ - INSTITUTO DE QUÍMICA","177/2025","Alto",35.0,"2026-08-01","Material",6810.0,"PRODUTOS QUÍMICOS",17568.0,"SILICATO DE SÓDIO",358604.0,"ASPECTO FÍSICO: GRÂNULOS BRANCOS, COMPOSIÇÃO QUÍMICA: NA2SIO3.9H2O, GRAU DE PUREZA: PUREZA MÍNIMA DE 98%, NÚMERO DE REFERÊNCIA QUÍMICA: CAS 13517-24-3, PESO MOLECULAR: 284,20","G",1.0,250.0,250.0]
["28/2026","Aprovada",null,"MATERIAIS QUÍMICOS, SUBSTÂNCIAS PARA DIAGNÓSTICO, MEIOS DE CULTURA E TESTES - ICB, IPTSP, IQ","BENS",153052.0,"2026-02-09","2026-05-22",102.0,"IQ - INSTITUTO DE QUÍMICA","177/2025","Alto",36.0,"2026-08-01","Material",6810.0,"PRODUTOS QUÍMICOS",13496.0,"ZINCO",437512.0,"ASPECTO FÍSICO: PÓ, CARACTERÍSTICAS ADICIONAIS: REAGENTE ACS, FÓRMULA QUÍMICA: ZN, GRAU DE PUREZA: PUREZA MÍNIMA DE 99,5%, NÚMERO DE REFERÊNCIA QUÍMICA: CAS 7440-66-6, PESO MOLECULAR: 65,38","G",1.0,250.0,250.0]
["28/2026","Aprovada",null,"MATERIAIS QUÍMICOS, SUBSTÂNCIAS PARA DIAGNÓSTICO, MEIOS DE CULTURA E TESTES - ICB, IPTSP, IQ","BENS",153052.0,"2026-02-09","2026-05-22",102.0,"IQ - INSTITUTO DE QUÍMICA","177/2025","Alto",38.0,"2026-08-01","Material",6810.0,"PRODUTOS QUÍMICOS",6165.0,"4-DIMETILAMINOBENZALDEÍDO",353061.0,"ASPECTO FÍSICO: CRISTAL LEVEMENTE AMARELADO, CARACTERÍSTICA ADICIONAL: REAGENTE P.A., FÓRMULA QUÍMICA: C9H11NO, NÚMERO DE REFERÊNCIA QUÍMICA: CAS 100-10-7, PESO MOLECULAR: 149,19, TEOR DE PUREZA: PUREZA MÍNIMA DE 99%","G",1.1,100.0,110.0]
["28/2026","Aprovada",null,"MATERIAIS QUÍMICOS, SUBSTÂNCIAS PARA DIAGNÓSTICO, MEIOS DE CULTURA E TESTES - ICB, IPTSP, IQ","BENS",153052.0,"2026-02-09","2026-05-22",102.0,"IPTSP - INSTITUTO DE PATOLOGIA TROPICAL E SAÚDE PÚBLICA","141/2025","Médio",18.0,"2026-07-31","Material",6810.0,"Produtos químicos",18538.0,"Fosfato De Sódio",347723.0,"aspecto físico: pó fino de cristais brancos, inodoro, higroscópico, característica adicional: reagente p.a., fórmula química: na2hpo4 (dibásico anidro), grau de pureza: pureza mínima de 99%, massa molecular: 141,96, número de referência química: cas 7558-79-4","G",0.08,1000.0,80.0]
["28/2026","Aprovada",null,"MATERIAIS QUÍMICOS, SUBSTÂNCIAS PARA DIAGNÓSTICO, MEIOS DE CULTURA E TESTES - ICB, IPTSP, IQ","BENS",153052.0,"2026-02-09","2026-05-22",102.0,"IPTSP - INSTITUTO DE PATOLOGIA TROPICAL E SAÚDE PÚBLICA","141/2025","Médio",19.0,"2026-07-31","Material",6810.0,"Produtos químicos",18153.0,"Cloreto De Sódio",366473.0,"aspecto físico: pó cristalino branco ou cristais incolores, característica adicional: reagente p.a. acs iso, composição química: nacl anidro, número de referência química: cas 7647-14-5, peso molecular: 58,45, pureza mínima: pureza mínima de 99,5%","G",0.04,500.0,20.0]
["28/2026","Aprovada",null,"MATERIAIS QUÍMICOS, SUBSTÂNCIAS PARA DIAGNÓSTICO, MEIOS DE CULTURA E TESTES - ICB, IPTSP, IQ","BENS",153052.0,"2026-02-09","2026-05-22",102.0,"IPTSP - INSTITUTO DE PATOLOGIA TROPICAL E SAÚDE PÚBLICA","141/2025","Médio",20.0,"2026-07-31","Material",6810.0,"Produtos químicos",18658.0,"Dextrose",402718.0,"aspecto físico: cristal incolor ou pó branco cristalino, inodoro, característica adicional: padrão de referência analítico, fórmula química: c6h12o6 (composto anidro), grau de pureza: pureza mínima de 99,9%, número de referência química: cas 50-99-7, peso molecular: 180,16","G",0.06,1000.0,60.0]
["28/2026","Aprovada",null,"MATERIAIS QUÍMICOS, SUBSTÂNCIAS PARA DIAGNÓSTICO, MEIOS DE CULTURA E TESTES - ICB, IPTSP, IQ","BENS",153052.0,"2026-02-09","2026-05-22",102.0,"IPTSP - INSTITUTO DE PATOLOGIA TROPICAL E SAÚDE PÚBLICA","141/2025","Médio",21.0,"2026-07-31","Material",6810.0,"Produtos químicos",787.0,"Hidróxido De Potássio",347797.0,"aspecto físico: escama ou lentilha branca, inodora, higroscópica, característica adicional: reagente p.a., fórmula química: koh, grau de pureza: teor mínimo de 85%, número de referência química: cas 1310-58-3, peso molecular: 56,11","G",0.12,500.0,60.0]
["28/2026","Aprovada",null,"MATERIAIS QUÍMICOS, SUBSTÂNCIAS PARA DIAGNÓSTICO, MEIOS DE CULTURA E TESTES - ICB, IPTSP, IQ","BENS",153052.0,"2026-02-09","2026-05-22",102.0,"IPTSP - INSTITUTO DE PATOLOGIA TROPICAL E SAÚDE PÚBLICA","141/2025","Médio",22.0,"2026-07-31","Material",6810.0,"Produtos químicos",790.0,"Hipoclorito De Sódio",343298.0,"aspecto físico: líquido amarelo esverdeado, características adicionais: produto concentrado, não estabilizado, concentração: teor mínimo de 10 % de cloro ativo","L",7.8,10.0,78.0]
["28/2026","Aprovada",null,"MATERIAIS QUÍMICOS, SUBSTÂNCIAS PARA DIAGNÓSTICO, MEIOS DE CULTURA E TESTES - ICB, IPTSP, IQ","BENS",153052.0,"2026-02-09","2026-05-22",102.0,"IPTSP - INSTITUTO DE PATOLOGIA TROPICAL E SAÚDE PÚBLICA","141/2025","Médio",23.0,"2026-07-31","Material",6810.0,"PRODUTOS QUÍMICOS",16421.0,"PARAFORMALDEÍDO",375421.0,"ASPECTO FÍSICO: PÓ BRANCO, ODOR FORTE E PUNGENTE, FÓRMULA QUÍMICA: (CH2O)N  (P-FORMALDEÍDO), GRAU DE PUREZA: PUREZA MÍNIMA DE 95%, NÚMERO DE REFERÊNCIA QUÍMICA: CAS 30525-89-4, PESO MOLECULAR: 30,03","G",0.28,1000.0,280.0]
["28/2026","Aprovada",null,"MATERIAIS QUÍMICOS, SUBSTÂNCIAS PARA DIAGNÓSTICO, MEIOS DE CULTURA E TESTES - ICB, IPTSP, IQ","BENS",153052.0,"2026-02-09","2026-05-22",102.0,"IPTSP - INSTITUTO DE PATOLOGIA TROPICAL E SAÚDE PÚBLICA","141/2025","Médio",24.0,"2026-07-31","Material",6505.0,"Drogas e medicamentos",460.0,"Peróxido De Hidrogênio (Água Oxigenada)",277319.0,"tipo: 10 volumes","FR",40.42,1.0,40.42]
["28/2026","Aprovada",null,"MATERIAIS QUÍMICOS, SUBSTÂNCIAS PARA DIAGNÓSTICO, MEIOS DE CULTURA E TESTES - ICB, IPTSP, IQ","BENS",153052.0,"2026-02-09","2026-05-22",102.0,"IPTSP - INSTITUTO DE PATOLOGIA TROPICAL E SAÚDE PÚBLICA","141/2025","Médio",25.0,"2026-07-31","Material",6550.0,"SUBSTÂNCIAS PARA DIAGNÓSTICO \"IN VITRO\",  REAGENTES,  CONJUNTOS E JOGOS PARA TESTE",18947.0,"SUPLEMENTO PARA MEIO DE CULTURA",330642.0,"ASPECTO FÍSICO: LIOFILIZADO, TIPO: PLASMA DE COELHO","FR",9.75,5.0,48.75]
["28/2026","Aprovada",null,"MATERIAIS QUÍMICOS, SUBSTÂNCIAS PARA DIAGNÓSTICO, MEIOS DE CULTURA E TESTES - ICB, IPTSP, IQ","BENS",153052.0,"2026-02-09","2026-05-22",102.0,"IPTSP - INSTITUTO DE PATOLOGIA TROPICAL E SAÚDE PÚBLICA","141/2025","Médio",26.0,"2026-07-31","Material",6550.0,"Substâncias para diagnóstico \"in vitro\",  reagentes,  conjuntos e jogos para teste",18984.0,"Reagente Para Diagnóstico Clínico 5",356174.0,"apresentação: líquido, tipo: reagente de kovacs","FR",293.0,1.0,293.0]
["28/2026","Aprovada",null,"MATERIAIS QUÍMICOS, SUBSTÂNCIAS PARA DIAGNÓSTICO, MEIOS DE CULTURA E TESTES - ICB, IPTSP, IQ","BENS",153052.0,"2026-02-09","2026-05-22",102.0,"IPTSP - INSTITUTO DE PATOLOGIA TROPICAL E SAÚDE PÚBLICA","141/2025","Médio",27.0,"2026-07-31","Material",6505.0,"Drogas e medicamentos",17821.0,"Iodopovidona (Pvpi)",398705.0,"concentração: a 10% ( teor de iodo 1% ), forma farmaceutica: solução degermante","FR",106.48,1.0,106.48]
["28/2026","Aprovada",null,"MATERIAIS QUÍMICOS, SUBSTÂNCIAS PARA DIAGNÓSTICO, MEIOS DE CULTURA E TESTES - ICB, IPTSP, IQ","BENS",153052.0,"2026-02-09","2026-05-22",102.0,"IPTSP - INSTITUTO DE PATOLOGIA TROPICAL E SAÚDE PÚBLICA","141/2025","Médio",28.0,"2026-07-31","Material",6550.0,"SUBSTÂNCIAS PARA DIAGNÓSTICO \"IN VITRO\",  REAGENTES,  CONJUNTOS E JOGOS PARA TESTE",13893.0,"CORANTE",327534.0,"ASPECTO FÍSICO: LÍQUIDO, CARACTERÍSTICAS ADICIONAIS: FRASCOS SEPARADOS CONTENDO, COMPOSIÇÃO: CRISTALVIOLETA,LUGOL,ETANOL-ACETONA,FUCSINA BÁSICA, TIPO: CONJUNTO REAGENTE PARA COLORAÇÃO DE GRAM","L",100.0,8.0,800.0]
["28/2026","Aprovada",null,"MATERIAIS QUÍMICOS, SUBSTÂNCIAS PARA DIAGNÓSTICO, MEIOS DE CULTURA E TESTES - ICB, IPTSP, IQ","BENS",153052.0,"2026-02-09","2026-05-22",102.0,"IPTSP - INSTITUTO DE PATOLOGIA TROPICAL E SAÚDE PÚBLICA","141/2025","Médio",29.0,"2026-07-31","Material",6810.0,"Produtos químicos",12327.0,"Sulfato De Cobre Ii",345770.0,"aspecto físico: fino cristal azul, característica adicional: reagente p.a., composição química: cuso4.5h2o, grau de pureza: pureza mínima de 99%, número de referência química: cas 7758-99-8, peso da molécula: 249,68","G",0.19,1000.0,190.0]
["28/2026","Aprovada",null,"MATERIAIS QUÍMICOS, SUBSTÂNCIAS PARA DIAGNÓSTICO, MEIOS DE CULTURA E TESTES - ICB, IPTSP, IQ","BENS",153052.0,"2026-02-09","2026-05-22",102.0,"IPTSP - INSTITUTO DE PATOLOGIA TROPICAL E SAÚDE PÚBLICA","141/2025","Médio",31.0,"2026-07-31","Material",6810.0,"Produtos químicos",13489.0,"Xileno",346185.0,"aspecto físico: líquido límpido, incolor, inflamável, característica adicional: reagente p.a., fórmula química: c6h4(ch3)2 - mistura de isômeros orto, para e meta, grau de pureza: pureza mínima de 98%, número de referência química: cas 1330-20-7, peso molecular: 106,17","L",44.45,2.0,88.9]
["28/2026","Aprovada",null,"MATERIAIS QUÍMICOS, SUBSTÂNCIAS PARA DIAGNÓSTICO, MEIOS DE CULTURA E TESTES - ICB, IPTSP, IQ","BENS",153052.0,"2026-02-09","2026-05-22",102.0,"IPTSP - INSTITUTO DE PATOLOGIA TROPICAL E SAÚDE PÚBLICA","141/2025","Médio",73.0,"2026-07-31","Material",6550.0,"Substâncias para diagnóstico \"in vitro\",  reagentes,  conjuntos e jogos para teste",10183.0,"Óleo De Imersão",357684.0,"aspecto físico: líquido límpido, transparente, densidade: 1,515, uso: para microscopia","FR",31.68,2.0,63.36]
["28/2026","Aprovada",null,"MATERIAIS QUÍMICOS, SUBSTÂNCIAS PARA DIAGNÓSTICO, MEIOS DE CULTURA E TESTES - ICB, IPTSP, IQ","BENS",153052.0,"2026-02-09","2026-05-22",102.0,"IPTSP - INSTITUTO DE PATOLOGIA TROPICAL E SAÚDE PÚBLICA","141/2025","Médio",81.0,"2026-07-31","Material",6550.0,"Substâncias para diagnóstico \"in vitro\",  reagentes,  conjuntos e jogos para teste",17880.0,"Soro",280350.0,"tipo: anti-a, composição: monoclonal","FR",54.6,4.0,218.4]
["28/2026","Aprovada",null,"MATERIAIS QUÍMICOS, SUBSTÂNCIAS PARA DIAGNÓSTICO, MEIOS DE CULTURA E TESTES - ICB, IPTSP, IQ","BENS",153052.0,"2026-02-09","2026-05-22",102.0,"IPTSP - INSTITUTO DE PATOLOGIA TROPICAL E SAÚDE PÚBLICA","141/2025","Médio",82.0,"2026-07-31","Material",6550.0,"Substâncias para diagnóstico \"in vitro\",  reagentes,  conjuntos e jogos para teste",17880.0,"Soro",280351.0,"tipo: anti-b, composição: monoclonal","FR",71.25,4.0,285.0]
["28/2026","Aprovada",null,"MATERIAIS QUÍMICOS, SUBSTÂNCIAS PARA DIAGNÓSTICO, MEIOS DE CULTURA E TESTES - ICB, IPTSP, IQ","BENS",153052.0,"2026-02-09","2026-05-22",102.0,"IPTSP - INSTITUTO DE PATOLOGIA TROPICAL E SAÚDE PÚBLICA","141/2025","Médio",83.0,"2026-07-31","Material",6550.0,"Substâncias para diagnóstico \"in vitro\",  reagentes,  conjuntos e jogos para teste",17880.0,"Soro",280353.0,"tipo: anti-d, composição: monoclonal","FR",139.65,4.0,558.6]
["28/2026","Aprovada",null,"MATERIAIS QUÍMICOS, SUBSTÂNCIAS PARA DIAGNÓSTICO, MEIOS DE CULTURA E TESTES - ICB, IPTSP, IQ","BENS",153052.0,"2026-02-09","2026-05-22",102.0,"IPTSP - INSTITUTO DE PATOLOGIA TROPICAL E SAÚDE PÚBLICA","141/2025","Médio",84.0,"2026-07-31","Material",6550.0,"Substâncias para diagnóstico \"in vitro\",  reagentes,  conjuntos e jogos para teste",19105.0,"Reagente Para Diagnóstico Clínico 7",352088.0,"apresentação: tira, tipo de análise: qualitativo de oxidase bacteriana","TESTE",28.12,3.0,84.36]
["28/2026","Aprovada",null,"MATERIAIS QUÍMICOS, SUBSTÂNCIAS PARA DIAGNÓSTICO, MEIOS DE CULTURA E TESTES - ICB, IPTSP, IQ","BENS",153052.0,"2026-02-09","2026-05-22",102.0,"IPTSP - INSTITUTO DE PATOLOGIA TROPICAL E SAÚDE PÚBLICA","141/2025","Médio",85.0,"2026-07-31","Material",6550.0,"Substâncias para diagnóstico \"in vitro\",  reagentes,  conjuntos e jogos para teste",18913.0,"Meio De Cultura",326882.0,"apresentação: pó, tipo: caldo bhi","FR",594.42,1.0,594.42]
["28/2026","Aprovada",null,"MATERIAIS QUÍMICOS, SUBSTÂNCIAS PARA DIAGNÓSTICO, MEIOS DE CULTURA E TESTES - ICB, IPTSP, IQ","BENS",153052.0,"2026-02-09","2026-05-22",102.0,"IPTSP - INSTITUTO DE PATOLOGIA TROPICAL E SAÚDE PÚBLICA","141/2025","Médio",97.0,"2026-07-31","Material",6550.0,"Substâncias para diagnóstico \"in vitro\",  reagentes,  conjuntos e jogos para teste",18913.0,"Meio De Cultura",336524.0,"apresentação: pó, tipo: ágar dnase","FR",1261.13,1.0,1261.13]
["28/2026","Aprovada",null,"MATERIAIS QUÍMICOS, SUBSTÂNCIAS PARA DIAGNÓSTICO, MEIOS DE CULTURA E TESTES - ICB, IPTSP, IQ","BENS",153052.0,"2026-02-09","2026-05-22",102.0,"IPTSP - INSTITUTO DE PATOLOGIA TROPICAL E SAÚDE PÚBLICA","141/2025","Médio",98.0,"2026-07-31","Material",6550.0,"Substâncias para diagnóstico \"in vitro\",  reagentes,  conjuntos e jogos para teste",18913.0,"Meio De Cultura",336291.0,"apresentação: pó, tipo: caldo nitrato","FR",1067.02,1.0,1067.02]
["28/2026","Aprovada",null,"MATERIAIS QUÍMICOS, SUBSTÂNCIAS PARA DIAGNÓSTICO, MEIOS DE CULTURA E TESTES - ICB, IPTSP, IQ","BENS",153052.0,"2026-02-09","2026-05-22",102.0,"IPTSP - INSTITUTO DE PATOLOGIA TROPICAL E SAÚDE PÚBLICA","141/2025","Médio",106.0,"2026-07-31","Material",6550.0,"Substâncias para diagnóstico \"in vitro\",  reagentes,  conjuntos e jogos para teste",18996.0,"Indicador Químico",332343.0,"apresentação: fita adesiva, características adicionais: para esterilização a vapor, classe: classe i, tipo uso: externo","UN",6.97,5.0,34.85]
["28/2026","Aprovada",null,"MATERIAIS QUÍMICOS, SUBSTÂNCIAS PARA DIAGNÓSTICO, MEIOS DE CULTURA E TESTES - ICB, IPTSP, IQ","BENS",153052.0,"2026-02-09","2026-05-22",102.0,"IPTSP - INSTITUTO DE PATOLOGIA TROPICAL E SAÚDE PÚBLICA","141/2025","Médio",107.0,"2026-07-31","Material",6550.0,"Substâncias para diagnóstico \"in vitro\",  reagentes,  conjuntos e jogos para teste",18996.0,"Indicador Químico",332346.0,"apresentação: tira de papel, características adicionais: para esterilização a vapor, classe: classe v, tipo: integrador, tipo uso: interno","UN",100.0,1.0,100.0]
["28/2026","Aprovada",null,"MATERIAIS QUÍMICOS, SUBSTÂNCIAS PARA DIAGNÓSTICO, MEIOS DE CULTURA E TESTES - ICB, IPTSP, IQ","BENS",153052.0,"2026-02-09","2026-05-22",102.0,"ICB - INSTITUTO DE CIÊNCIAS BIOLÓGICAS","164/2025","Alto",33.0,"2026-08-31","Material",6505.0,"Drogas e medicamentos",2259.0,"Álcool Etílico",445578.0,"forma farmacêutica: solução injetável, teor alcoólico: absoluto, mínimo de 95%","GL",100.0,10.0,1000.0]
["28/2026","Aprovada",null,"MATERIAIS QUÍMICOS, SUBSTÂNCIAS PARA DIAGNÓSTICO, MEIOS DE CULTURA E TESTES - ICB, IPTSP, IQ","BENS",153052.0,"2026-02-09","2026-05-22",102.0,"IPTSP - INSTITUTO DE PATOLOGIA TROPICAL E SAÚDE PÚBLICA","141/2025","Médio",115.0,"2026-07-31","Material",6810.0,"Produtos químicos",796.0,"Parafina",390606.0,"apresentação: em pastilha, aspecto físico: sólido branco, ponto fusão: 56 a 58","KG",112.45,2.0,224.9]
["28/2026","Aprovada",null,"MATERIAIS QUÍMICOS, SUBSTÂNCIAS PARA DIAGNÓSTICO, MEIOS DE CULTURA E TESTES - ICB, IPTSP, IQ","BENS",153052.0,"2026-02-09","2026-05-22",102.0,"IPTSP - INSTITUTO DE PATOLOGIA TROPICAL E SAÚDE PÚBLICA","141/2025","Médio",116.0,"2026-07-31","Material",6550.0,"Substâncias para diagnóstico \"in vitro\",  reagentes,  conjuntos e jogos para teste",19105.0,"Reagente Para Diagnóstico Clínico 7",352088.0,"apresentação: tira, tipo de análise: qualitativo de oxidase bacteriana","UN",28.12,3.0,84.36]
["28/2026","Aprovada",null,"MATERIAIS QUÍMICOS, SUBSTÂNCIAS PARA DIAGNÓSTICO, MEIOS DE CULTURA E TESTES - ICB, IPTSP, IQ","BENS",153052.0,"2026-02-09","2026-05-22",102.0,"IPTSP - INSTITUTO DE PATOLOGIA TROPICAL E SAÚDE PÚBLICA","141/2025","Médio",117.0,"2026-07-31","Material",6550.0,"Substâncias para diagnóstico \"in vitro\",  reagentes,  conjuntos e jogos para teste",11521.0,"Reagente Para Diagnóstico Clínico 4",373479.0,"apresentação: teste, método: elisa, tipo: conjunto completo, tipo de análise: qualitativo de anti trypanossoma cruzy igg","UN",165.0,4.0,660.0]
["28/2026","Aprovada",null,"MATERIAIS QUÍMICOS, SUBSTÂNCIAS PARA DIAGNÓSTICO, MEIOS DE CULTURA E TESTES - ICB, IPTSP, IQ","BENS",153052.0,"2026-02-09","2026-05-22",102.0,"IPTSP - INSTITUTO DE PATOLOGIA TROPICAL E SAÚDE PÚBLICA","141/2025","Médio",118.0,"2026-07-31","Material",6550.0,"Substâncias para diagnóstico \"in vitro\",  reagentes,  conjuntos e jogos para teste",19027.0,"Reagente Para Diagnóstico Clínico 6",392396.0,"apresentação: teste, características adicionais: quarta geração, método: elisa, tipo: conjunto completo, tipo de análise: qualitativo de hiv i e ii","UN",448.0,4.0,1792.0]
["28/2026","Aprovada",null,"MATERIAIS QUÍMICOS, SUBSTÂNCIAS PARA DIAGNÓSTICO, MEIOS DE CULTURA E TESTES - ICB, IPTSP, IQ","BENS",153052.0,"2026-02-09","2026-05-22",102.0,"IPTSP - INSTITUTO DE PATOLOGIA TROPICAL E SAÚDE PÚBLICA","141/2025","Médio",119.0,"2026-07-31","Material",6550.0,"Substâncias para diagnóstico \"in vitro\",  reagentes,  conjuntos e jogos para teste",19027.0,"Reagente Para Diagnóstico Clínico 6",379334.0,"apresentação: teste, método: imunofluorescência indireta, tipo: conjunto completo, tipo de análise: qualitativo de anticorpos anti-treponema pallidum","UN",450.0,4.0,1800.0]
["28/2026","Aprovada",null,"MATERIAIS QUÍMICOS, SUBSTÂNCIAS PARA DIAGNÓSTICO, MEIOS DE CULTURA E TESTES - ICB, IPTSP, IQ","BENS",153052.0,"2026-02-09","2026-05-22",102.0,"IPTSP - INSTITUTO DE PATOLOGIA TROPICAL E SAÚDE PÚBLICA","141/2025","Médio",121.0,"2026-07-31","Material",6550.0,"Substâncias para diagnóstico \"in vitro\",  reagentes,  conjuntos e jogos para teste",18915.0,"Meio De Cultura - Célula E Tecido",417208.0,"aditivos: com l-glutamina e fenol vermelho, apresentação: pó, características adicionais: sem nahco3 e sem hepes, tipo: meio mem eagle","G",3.79,100.0,379.0]
["28/2026","Aprovada",null,"MATERIAIS QUÍMICOS, SUBSTÂNCIAS PARA DIAGNÓSTICO, MEIOS DE CULTURA E TESTES - ICB, IPTSP, IQ","BENS",153052.0,"2026-02-09","2026-05-22",102.0,"IPTSP - INSTITUTO DE PATOLOGIA TROPICAL E SAÚDE PÚBLICA","141/2025","Médio",123.0,"2026-07-31","Material",6550.0,"Substâncias para diagnóstico \"in vitro\",  reagentes,  conjuntos e jogos para teste",18947.0,"Suplemento Para Meio De Cultura",341263.0,"aspecto físico: cristais liofilizados, concentração: > 98%, tipo: albumina de soro bovino (bsa)","FR",559.63,2.0,1119.26]
["28/2026","Aprovada",null,"MATERIAIS QUÍMICOS, SUBSTÂNCIAS PARA DIAGNÓSTICO, MEIOS DE CULTURA E TESTES - ICB, IPTSP, IQ","BENS",153052.0,"2026-02-09","2026-05-22",102.0,"IQ - INSTITUTO DE QUÍMICA","177/2025","Alto",39.0,"2026-08-01","Material",6810.0,"PRODUTOS QUÍMICOS",2255.0,"ÁLCOOL POLIVINÍLICO (PVA)",413240.0,"ASPECTO FÍSICO: PÓ BRANCO, FÓRMULA QUÍMICA: (C2H4O).N, NÚMERO DE REFERÊNCIA QUÍMICA: CAS 9002-89-5, TEOR DE PUREZA: MÍNIMO DE 98%","G",0.116,500.0,58.0]
["28/2026","Aprovada",null,"MATERIAIS QUÍMICOS, SUBSTÂNCIAS PARA DIAGNÓSTICO, MEIOS DE CULTURA E TESTES - ICB, IPTSP, IQ","BENS",153052.0,"2026-02-09","2026-05-22",102.0,"IQ - INSTITUTO DE QUÍMICA","177/2025","Alto",40.0,"2026-08-01","Material",6810.0,"PRODUTOS QUÍMICOS",8003.0,"GLICINA",412747.0,"ASPECTO FÍSICO: CRISTAL BRANCO, INODORO, CARACTERÍSTICA ADICIONAL: REAGENTE P.A., FÓRMULA QUÍMICA: C2H5NO2, GRAU DE PUREZA: PUREZA MÍNIMA DE 98,5%, NÚMERO DE REFERÊNCIA QUÍMICA: CAS 56-40-6, PESO MOLECULAR: 75,07","G",0.157,500.0,78.5]
["28/2026","Aprovada",null,"MATERIAIS QUÍMICOS, SUBSTÂNCIAS PARA DIAGNÓSTICO, MEIOS DE CULTURA E TESTES - ICB, IPTSP, IQ","BENS",153052.0,"2026-02-09","2026-05-22",102.0,"IQ - INSTITUTO DE QUÍMICA","177/2025","Alto",41.0,"2026-08-01","Material",6810.0,"PRODUTOS QUÍMICOS",15121.0,"1,10-FENANTROLINA (ORTO-FENANTROLINA)",359568.0,"ASPECTO FÍSICO: PÓ ESBRANQUIÇADO, CRISTALINO, ODOR FRACO, CARACTERÍSTICA ADICIONAL: REAGENTE P.A., FÓRMULA QUÍMICA: C12H8N2.H20 (MONOHIDRATADA), GRAU DE PUREZA: PUREZA MÍNIMA DE 99%, NÚMERO DE REFERÊNCIA QUÍMICA: CAS 5144-89-8, PESO MOLECULAR: 198,22","G",10.46,50.0,523.0]
["28/2026","Aprovada",null,"MATERIAIS QUÍMICOS, SUBSTÂNCIAS PARA DIAGNÓSTICO, MEIOS DE CULTURA E TESTES - ICB, IPTSP, IQ","BENS",153052.0,"2026-02-09","2026-05-22",102.0,"IQ - INSTITUTO DE QUÍMICA","177/2025","Alto",42.0,"2026-08-01","Material",6810.0,"PRODUTOS QUÍMICOS",1835.0,"ACETOFENONA",370646.0,"ASPECTO FÍSICO: LÍQUIDO LÍMPIDO, INCOLOR, ODOR FLORAL FORTE, FÓRMULA QUÍMICA: C8H8O, GRAU DE PUREZA: PUREZA MÍNIMA DE 98%, NÚMERO DE REFERÊNCIA QUÍMICA: CAS 98-86-2, PESO MOLECULAR: 120,15","ML",0.5428,500.0,271.4]
["28/2026","Aprovada",null,"MATERIAIS QUÍMICOS, SUBSTÂNCIAS PARA DIAGNÓSTICO, MEIOS DE CULTURA E TESTES - ICB, IPTSP, IQ","BENS",153052.0,"2026-02-09","2026-05-22",102.0,"IQ - INSTITUTO DE QUÍMICA","177/2025","Alto",43.0,"2026-08-01","Material",6810.0,"PRODUTOS QUÍMICOS",5101.0,"CLORETO DE AMÔNIO",352801.0,"ASPECTO FÍSICO: PÓ BRANCO, CRISTALINO, INODORO, CARACTERÍSTICA ADICIONAL: REAGENTE P.A., FÓRMULA QUÍMICA: NH4CL, NÚMERO DE REFERÊNCIA QUÍMICA: CAS 12125-02-9, PESO MOLECULAR: 53,49, TEOR DE PUREZA: PUREZA MÍNIMA DE 99,5%","KG",31.2125,4.0,124.85]
["28/2026","Aprovada",null,"MATERIAIS QUÍMICOS, SUBSTÂNCIAS PARA DIAGNÓSTICO, MEIOS DE CULTURA E TESTES - ICB, IPTSP, IQ","BENS",153052.0,"2026-02-09","2026-05-22",102.0,"IPTSP - INSTITUTO DE PATOLOGIA TROPICAL E SAÚDE PÚBLICA","141/2025","Médio",128.0,"2026-07-31","Material",6550.0,"Substâncias para diagnóstico \"in vitro\",  reagentes,  conjuntos e jogos para teste",18947.0,"Suplemento Para Meio De Cultura",329544.0,"aspecto físico: líquido, tipo: soro fetal bovino","FR",527.0,1.0,527.0]
["28/2026","Aprovada",null,"MATERIAIS QUÍMICOS, SUBSTÂNCIAS PARA DIAGNÓSTICO, MEIOS DE CULTURA E TESTES - ICB, IPTSP, IQ","BENS",153052.0,"2026-02-09","2026-05-22",102.0,"IPTSP - INSTITUTO DE PATOLOGIA TROPICAL E SAÚDE PÚBLICA","141/2025","Médio",129.0,"2026-07-31","Material",6550.0,"Substâncias para diagnóstico \"in vitro\",  reagentes,  conjuntos e jogos para teste",18984.0,"Reagente Para Diagnóstico Clínico 5",381946.0,"características adicionais: solução a 10%, tipo: cloreto férrico","FR",15.0,1.0,15.0]
["28/2026","Aprovada",null,"MATERIAIS QUÍMICOS, SUBSTÂNCIAS PARA DIAGNÓSTICO, MEIOS DE CULTURA E TESTES - ICB, IPTSP, IQ","BENS",153052.0,"2026-02-09","2026-05-22",102.0,"IQ - INSTITUTO DE QUÍMICA","177/2025","Alto",44.0,"2026-08-01","Material",6810.0,"Produtos químicos",773.0,"Cloreto De Ferro",359890.0,"aspecto físico: cristal límpido, verde claro, inodoro, características adicionais: reagente p.a., composição: fecl2.4h20  tetrahidratado, número de referência química: cas 13478-10-9, peso molecular: 198,81, pureza mínima: pureza mínima de 99%","G",1.3726,250.0,343.15]
["28/2026","Aprovada",null,"MATERIAIS QUÍMICOS, SUBSTÂNCIAS PARA DIAGNÓSTICO, MEIOS DE CULTURA E TESTES - ICB, IPTSP, IQ","BENS",153052.0,"2026-02-09","2026-05-22",102.0,"IQ - INSTITUTO DE QUÍMICA","177/2025","Alto",45.0,"2026-08-01","Material",6810.0,"PRODUTOS QUÍMICOS",18843.0,"BENZOFENONA",355927.0,"ASPECTO FÍSICO: FLOCOS OU CRISTAIS BRANCOS, ODOR DE ROSAS, COMPOSIÇÃO QUÍMICA: C13H100, NÚMERO DE REFERÊNCIA QUÍMICA: CAS 119-61-9, PESO MOLECULAR: 182,22, PUREZA MÍNIMA: PUREZA MÍNIMA DE 99%","G",0.305,500.0,152.5]
["28/2026","Aprovada",null,"MATERIAIS QUÍMICOS, SUBSTÂNCIAS PARA DIAGNÓSTICO, MEIOS DE CULTURA E TESTES - ICB, IPTSP, IQ","BENS",153052.0,"2026-02-09","2026-05-22",102.0,"IQ - INSTITUTO DE QUÍMICA","177/2025","Alto",46.0,"2026-08-01","Material",6810.0,"PRODUTOS QUÍMICOS",15830.0,"CLORETO DE LÍTIO",352959.0,"ASPECTO FÍSICO: PÓ BRANCO, INODORO, CARACTERÍSTICA ADICIONAL: REAGENTE P.A. ACS, COMPOSIÇÃO QUÍMICA: LICL, NÚMERO DE REFERÊNCIA QUÍMICA: CAS 7447-41-8, PESO MOLECULAR: 42,39, TEOR DE PUREZA: PUREZA MÍNIMA DE 99%","G",2.04,250.0,510.0]
["28/2026","Aprovada",null,"MATERIAIS QUÍMICOS, SUBSTÂNCIAS PARA DIAGNÓSTICO, MEIOS DE CULTURA E TESTES - ICB, IPTSP, IQ","BENS",153052.0,"2026-02-09","2026-05-22",102.0,"IQ - INSTITUTO DE QUÍMICA","177/2025","Alto",47.0,"2026-08-01","Material",6810.0,"PRODUTOS QUÍMICOS",15453.0,"CROMATO DE BÁRIO",431488.0,"ASPECTO FÍSICO: PÓ, FÓRMULA QUÍMICA: BACRO4, NÚMERO DE REFERÊNCIA QUÍMICA: CAS 10294-40-3, PESO MOLECULAR*: 253,32, PUREZA MÍNIMA*: PUREZA MÍNIMA DE 98%","KG",1896.0,1.0,1896.0]
["28/2026","Aprovada",null,"MATERIAIS QUÍMICOS, SUBSTÂNCIAS PARA DIAGNÓSTICO, MEIOS DE CULTURA E TESTES - ICB, IPTSP, IQ","BENS",153052.0,"2026-02-09","2026-05-22",102.0,"IQ - INSTITUTO DE QUÍMICA","177/2025","Alto",48.0,"2026-08-01","Material",6810.0,"Produtos químicos",14814.0,"Dicromato De Amônio",370012.0,"aspecto físico: pó cristalino vermelho alaranjado, brilhante, fórmula química: (nh4)2 cr2o7, grau de pureza: pureza mínima de 99%, número de referência química: cas 7789-09-5, peso molecular: 252,06","G",0.79,250.0,197.5]
["28/2026","Aprovada",null,"MATERIAIS QUÍMICOS, SUBSTÂNCIAS PARA DIAGNÓSTICO, MEIOS DE CULTURA E TESTES - ICB, IPTSP, IQ","BENS",153052.0,"2026-02-09","2026-05-22",102.0,"IQ - INSTITUTO DE QUÍMICA","177/2025","Alto",49.0,"2026-08-01","Material",6810.0,"PRODUTOS QUÍMICOS",16139.0,"IODETO DE POTÁSSIO",353071.0,"ASPECTO FÍSICO: PÓ BRANCO, CRISTALINO, INODORO, CARACTERÍSTICA ADICIONAL: REAGENTE P.A., FÓRMULA QUÍMICA: KI, NÚMERO DE REFERÊNCIA QUÍMICA: CAS 7681-11-0, PESO MOLECULAR: 166,01, TEOR DE PUREZA: PUREZA MÍNIMA DE 99%","G",0.85,1500.0,1275.0]
["28/2026","Aprovada",null,"MATERIAIS QUÍMICOS, SUBSTÂNCIAS PARA DIAGNÓSTICO, MEIOS DE CULTURA E TESTES - ICB, IPTSP, IQ","BENS",153052.0,"2026-02-09","2026-05-22",102.0,"IQ - INSTITUTO DE QUÍMICA","177/2025","Alto",50.0,"2026-08-01","Material",6810.0,"PRODUTOS QUÍMICOS",10091.0,"NÍQUEL",438782.0,"ASPECTO FÍSICO: PÓ, FÓRMULA QUÍMICA: NI, GRAU DE PUREZA: PUREZA MÍNIMA DE 99,9%, NÚMERO DE REFERÊNCIA QUÍMICA*: CAS 7440-02-0, PESO MOLECULAR: 58,69","G",1.12,200.0,224.0]
["28/2026","Aprovada",null,"MATERIAIS QUÍMICOS, SUBSTÂNCIAS PARA DIAGNÓSTICO, MEIOS DE CULTURA E TESTES - ICB, IPTSP, IQ","BENS",153052.0,"2026-02-09","2026-05-22",102.0,"IQ - INSTITUTO DE QUÍMICA","177/2025","Alto",51.0,"2026-08-01","Material",6810.0,"PRODUTOS QUÍMICOS",14128.0,"NAFTALENO",412712.0,"ASPECTO FÍSICO: PARTÍCULAS SÓLIDAS BRANCAS, CARACTERÍSTICA ADICIONAL: REAGENTE P.A., FÓRMULA QUÍMICA: C10H8, GRAU DE PUREZA: PUREZA MÍNIMA DE 98%, NÚMERO DE REFERÊNCIA QUÍMICA: CAS 91-20-3, PESO MOLECULAR: 128,17","G",2.2,500.0,1100.0]
["28/2026","Aprovada",null,"MATERIAIS QUÍMICOS, SUBSTÂNCIAS PARA DIAGNÓSTICO, MEIOS DE CULTURA E TESTES - ICB, IPTSP, IQ","BENS",153052.0,"2026-02-09","2026-05-22",102.0,"IQ - INSTITUTO DE QUÍMICA","177/2025","Alto",52.0,"2026-08-01","Material",6810.0,"PRODUTOS QUÍMICOS",1867.0,"NITRATO DE COBRE II",347395.0,"ASPECTO FÍSICO: PÓ OU CRISTAL AZUL, CARACTERÍSTICA ADICIONAL: REAGENTE P.A., FÓRMULA QUÍMICA: CU(NO3)2.3H2O, GRAU DE PUREZA: PUREZA MÍNIMA DE 99%, NÚMERO DE REFERÊNCIA QUÍMICA: CAS 10031-43-3, PESO MOLECULAR: 241,60","G",0.197,250.0,49.25]
["28/2026","Aprovada",null,"MATERIAIS QUÍMICOS, SUBSTÂNCIAS PARA DIAGNÓSTICO, MEIOS DE CULTURA E TESTES - ICB, IPTSP, IQ","BENS",153052.0,"2026-02-09","2026-05-22",102.0,"IQ - INSTITUTO DE QUÍMICA","177/2025","Alto",53.0,"2026-08-01","Material",6810.0,"PRODUTOS QUÍMICOS",18299.0,"NITRATO DE NÍQUEL",413221.0,"ASPECTO FÍSICO: CRISTAL VERDE HIGROSCÓPICO, CARACTERÍSTICA ADICIONAL: REAGENTE P.A., FÓRMULA QUÍMICA: NI(NO3)2.6H2O (HEXAHIDRATADO), GRAU DE PUREZA: MÍNIMO DE 98%, NÚMERO DE REFERÊNCIA QUÍMICA: CAS 13478-00-7, PESO MOLECULAR: 290,81","G",0.21,250.0,52.5]
["28/2026","Aprovada",null,"MATERIAIS QUÍMICOS, SUBSTÂNCIAS PARA DIAGNÓSTICO, MEIOS DE CULTURA E TESTES - ICB, IPTSP, IQ","BENS",153052.0,"2026-02-09","2026-05-22",102.0,"IQ - INSTITUTO DE QUÍMICA","177/2025","Alto",54.0,"2026-08-01","Material",6810.0,"PRODUTOS QUÍMICOS",18410.0,"P-NITROANILINA",359332.0,"ASPECTO FÍSICO: PÓ AMARELO, ODOR FRACO DE AMINA, FÓRMULA QUÍMICA: NO2C6H4NH2, GRAU DE PUREZA: PUREZA MÍNIMA DE 99%, NÚMERO DE REFERÊNCIA QUÍMICA: CAS 100-01-6, PESO MOLECULAR: 138,13","G",4.83,250.0,1207.5]
["28/2026","Aprovada",null,"MATERIAIS QUÍMICOS, SUBSTÂNCIAS PARA DIAGNÓSTICO, MEIOS DE CULTURA E TESTES - ICB, IPTSP, IQ","BENS",153052.0,"2026-02-09","2026-05-22",102.0,"IQ - INSTITUTO DE QUÍMICA","177/2025","Alto",55.0,"2026-08-01","Material",6850.0,"ESPECIALIDADES QUÍMICAS DIVERSAS",8217.0,"LIGA DE RANEY",353658.0,"ASPECTO FÍSICO: PÓ CATALÍTICO, FINO, CINZA, CARACTERÍSTICA ADICIONAL: REAGENTE ANALÍTICO, TEOR DE PUREZA: TEOR MÍNIMO DE 48% DE NIQUEL E 48% DE ALUMÍNIO","FR",326.5,2.0,653.0]
["28/2026","Aprovada",null,"MATERIAIS QUÍMICOS, SUBSTÂNCIAS PARA DIAGNÓSTICO, MEIOS DE CULTURA E TESTES - ICB, IPTSP, IQ","BENS",153052.0,"2026-02-09","2026-05-22",102.0,"IQ - INSTITUTO DE QUÍMICA","177/2025","Alto",56.0,"2026-08-01","Material",6810.0,"Produtos químicos",6442.0,"Cloreto De Cobre",437233.0,"aspecto físico: pó, características adicionais: reagente p.a., fórmula química: cucl (cloreto de cobre i anidro), número de referência química: cas 7758-89-6, peso molecular: 99,01, pureza mínima: pureza mínima de 97%","G",0.85,250.0,212.5]
["28/2026","Aprovada",null,"MATERIAIS QUÍMICOS, SUBSTÂNCIAS PARA DIAGNÓSTICO, MEIOS DE CULTURA E TESTES - ICB, IPTSP, IQ","BENS",153052.0,"2026-02-09","2026-05-22",102.0,"IQ - INSTITUTO DE QUÍMICA","177/2025","Alto",57.0,"2026-08-01","Material",9150.0,"Óleos e graxas para corte, lubrificação e sistemas  hidráulicos",8097.0,"Graxa - Silicone",272208.0,"aplicação: vidraria laboratório, aspecto físico: pastosa, composição: polímero de metil siloxano, consistência: baixa, cor: branca, uso: lubrificante","FR",26.1,2.0,52.2]
["109/2026","Aprovada",null,"SEINFRA - Materiais para serviços de marcenaria","BENS",153052.0,"2026-01-02","2026-06-02",151.0,"SEINFRA - SECRETARIA DE INFRAESTRUTURA","761/2025","Médio",1.0,"2026-06-01","Material",7290.0,"Utensílios comerciais e domésticos diversos",14332.0,"Trilho Gaveta",628646.0,"acabamento superficial: zincado, aplicação: gaveta/arquivo/fichário, cor: prata, material: aço, tamanho: 35, tipo: corrediça telescópica","UN",25.0,60.0,1500.0]
["109/2026","Aprovada",null,"SEINFRA - Materiais para serviços de marcenaria","BENS",153052.0,"2026-01-02","2026-06-02",151.0,"SEINFRA - SECRETARIA DE INFRAESTRUTURA","761/2025","Médio",2.0,"2026-06-01","Material",7290.0,"Utensílios comerciais e domésticos diversos",14332.0,"Trilho Gaveta",454499.0,"aplicação: marcenaria, material: aço inox, tamanho: 40, tipo: corrediça telescópica","UN",40.0,60.0,2400.0]
["109/2026","Aprovada",null,"SEINFRA - Materiais para serviços de marcenaria","BENS",153052.0,"2026-01-02","2026-06-02",151.0,"SEINFRA - SECRETARIA DE INFRAESTRUTURA","761/2025","Médio",3.0,"2026-06-01","Material",7290.0,"Utensílios comerciais e domésticos diversos",14332.0,"Trilho Gaveta",369331.0,"aplicação: gaveta/arquivo/fichário, características adicionais: total abertura, material: aço zincado, tamanho: 45, tipo: corrediça telescópica","UN",50.0,60.0,3000.0]
["109/2026","Aprovada",null,"SEINFRA - Materiais para serviços de marcenaria","BENS",153052.0,"2026-01-02","2026-06-02",151.0,"SEINFRA - SECRETARIA DE INFRAESTRUTURA","761/2025","Médio",4.0,"2026-06-01","Material",7290.0,"Utensílios comerciais e domésticos diversos",14332.0,"Trilho Gaveta",369332.0,"aplicação: gaveta/arquivo/fichário, características adicionais: total abertura, material: aço zincado, tamanho: 50, tipo: corrediça telescópica","UN",52.0,80.0,4160.0]
["109/2026","Aprovada",null,"SEINFRA - Materiais para serviços de marcenaria","BENS",153052.0,"2026-01-02","2026-06-02",151.0,"SEINFRA - SECRETARIA DE INFRAESTRUTURA","761/2025","Médio",5.0,"2026-06-01","Material",7195.0,"Mobiliários diversos e acessórios",17203.0,"Trilho",629079.0,"aplicação: p/ suporte de equipamentos médico hospitalar, características adicionais: largura cerca 35 cm, comprimento: cerca 2,5, material: metálico, tipo: de teto, c/ dois trilhos","UN",56.0,30.0,1680.0]
["109/2026","Aprovada",null,"SEINFRA - Materiais para serviços de marcenaria","BENS",153052.0,"2026-01-02","2026-06-02",151.0,"SEINFRA - SECRETARIA DE INFRAESTRUTURA","761/2025","Médio",6.0,"2026-06-01","Material",7195.0,"Mobiliários diversos e acessórios",17203.0,"Trilho",629079.0,"aplicação: p/ suporte de equipamentos médico hospitalar, características adicionais: largura cerca 35 cm, comprimento: cerca 2,5, material: metálico, tipo: de teto, c/ dois trilhos","UN",56.0,30.0,1680.0]
["109/2026","Aprovada",null,"SEINFRA - Materiais para serviços de marcenaria","BENS",153052.0,"2026-01-02","2026-06-02",151.0,"SEINFRA - SECRETARIA DE INFRAESTRUTURA","761/2025","Médio",7.0,"2026-06-01","Material",5340.0,"Ferragens diversas",7369.0,"Ferragem - Porta / Janela / Tranca",612622.0,"aplicação: guia para portas e janelas correrem no trilho, material: aço/plástico, tipo: roldana","UN",18.0,300.0,5400.0]
["109/2026","Aprovada",null,"SEINFRA - Materiais para serviços de marcenaria","BENS",153052.0,"2026-01-02","2026-06-02",151.0,"SEINFRA - SECRETARIA DE INFRAESTRUTURA","761/2025","Médio",8.0,"2026-06-01","Material",5340.0,"Ferragens diversas",566.0,"Fechadura",340588.0,"acabamento superficial: cromado, aplicação: porta de divisória, material caixa: metal, tipo: tubular","UN",65.0,100.0,6500.0]
["109/2026","Aprovada",null,"SEINFRA - Materiais para serviços de marcenaria","BENS",153052.0,"2026-01-02","2026-06-02",151.0,"SEINFRA - SECRETARIA DE INFRAESTRUTURA","761/2025","Médio",9.0,"2026-06-01","Material",5670.0,"Componentes pré-fabricados para construção",15475.0,"Porta Para Divisória",627156.0,"altura: 2,10, características adicionais: acústica,padrão especial,com fechadura e dobradiça, largura: 0,80, material: gesso acartonado dry wall","UN",195.0,100.0,19500.0]
["109/2026","Aprovada",null,"SEINFRA - Materiais para serviços de marcenaria","BENS",153052.0,"2026-01-02","2026-06-02",151.0,"SEINFRA - SECRETARIA DE INFRAESTRUTURA","761/2025","Médio",10.0,"2026-06-01","Material",9520.0,"Perfis estruturais de ferro e aço",10656.0,"Perfilado Aço",356680.0,"altura: 20, aplicação: parede divisória, comprimento barra: 3, espessura chapa: 3, formato: u, largura: 36, tratamento superficial: pintura eletrostática em epóxi preto","UN",14.0,300.0,4200.0]
["109/2026","Aprovada",null,"SEINFRA - Materiais para serviços de marcenaria","BENS",153052.0,"2026-01-02","2026-06-02",151.0,"SEINFRA - SECRETARIA DE INFRAESTRUTURA","761/2025","Médio",11.0,"2026-06-01","Material",5340.0,"Ferragens diversas",557.0,"Dobradiça Porta",456562.0,"características adicionais: côr cinza, para divisória, material: ferro polido, tratamento superficial: pintura, altura: 3 1/2, largura: 2 1/4","UN",4.0,150.0,600.0]
["109/2026","Aprovada",null,"SEINFRA - Materiais para serviços de marcenaria","BENS",153052.0,"2026-01-02","2026-06-02",151.0,"SEINFRA - SECRETARIA DE INFRAESTRUTURA","761/2025","Médio",12.0,"2026-06-01","Material",9520.0,"Perfis estruturais de ferro e aço",10656.0,"Perfilado Aço",462353.0,"aplicação: parede divisória tipo drywall, comprimento barra: 3, espessura chapa: 0,50, formato: h, largura: 47, tipo: perfil","UN",13.0,300.0,3900.0]
["109/2026","Aprovada",null,"SEINFRA - Materiais para serviços de marcenaria","BENS",153052.0,"2026-01-02","2026-06-02",151.0,"SEINFRA - SECRETARIA DE INFRAESTRUTURA","761/2025","Médio",13.0,"2026-06-01","Material",9520.0,"Perfis estruturais de ferro e aço",10656.0,"Perfilado Aço",462353.0,"aplicação: parede divisória tipo drywall, comprimento barra: 3, espessura chapa: 0,50, formato: h, largura: 47, tipo: perfil","UN",5.0,300.0,1500.0]
["109/2026","Aprovada",null,"SEINFRA - Materiais para serviços de marcenaria","BENS",153052.0,"2026-01-02","2026-06-02",151.0,"SEINFRA - SECRETARIA DE INFRAESTRUTURA","761/2025","Médio",14.0,"2026-06-01","Material",3820.0,"Equipamentos para mineração, perfuração de rochas, terra  e correlatos",14629.0,"Bits De Perfuração",446609.0,"dimensões: 1/4 x 6, material: aço rápido, tipo: quadrado","UN",7.15,50.0,357.5]
["109/2026","Aprovada",null,"SEINFRA - Materiais para serviços de marcenaria","BENS",153052.0,"2026-01-02","2026-06-02",151.0,"SEINFRA - SECRETARIA DE INFRAESTRUTURA","761/2025","Médio",15.0,"2026-06-01","Material",3820.0,"Equipamentos para mineração, perfuração de rochas, terra  e correlatos",14629.0,"Bits De Perfuração",446609.0,"dimensões: 1/4 x 6, material: aço rápido, tipo: quadrado","UN",7.15,50.0,357.5]
["109/2026","Aprovada",null,"SEINFRA - Materiais para serviços de marcenaria","BENS",153052.0,"2026-01-02","2026-06-02",151.0,"SEINFRA - SECRETARIA DE INFRAESTRUTURA","761/2025","Médio",16.0,"2026-06-01","Material",5180.0,"Jogos e conjuntos de ferramentas manuais",14798.0,"Jogo Bits Com Martelete Impacto",445381.0,"características adicionais: estojo com 10 unidades, composição: jogo bits philips, material bits: titânio, tamanho fendas: 2x25","UN",9.5,10.0,95.0]
["109/2026","Aprovada",null,"SEINFRA - Materiais para serviços de marcenaria","BENS",153052.0,"2026-01-02","2026-06-02",151.0,"SEINFRA - SECRETARIA DE INFRAESTRUTURA","761/2025","Médio",22.0,"2026-06-01","Material",5180.0,"Jogos e conjuntos de ferramentas manuais",14636.0,"Conjunto Ferramentas",625256.0,"aplicação: uso em furadeira / parafusadeira, características adicionais: estojo, componentes: 34 pontas phillips, fenda, quadrada e torx, componentes adicionais: 2 soquestes, 1 extensor e 1 estojo, tipo: kit de acessórios com 37 peças","UN",72.0,10.0,720.0]
["109/2026","Aprovada",null,"SEINFRA - Materiais para serviços de marcenaria","BENS",153052.0,"2026-01-02","2026-06-02",151.0,"SEINFRA - SECRETARIA DE INFRAESTRUTURA","761/2025","Médio",24.0,"2026-06-01","Material",5670.0,"Componentes pré-fabricados para construção",815.0,"Divisória",610050.0,"acabamento superficial: laminado melamínico, altura: 260, espessura: 80, largura: 1240, material: mdf, material perfil: lamina de madeira","UN",120.0,300.0,36000.0]
["109/2026","Aprovada",null,"SEINFRA - Materiais para serviços de marcenaria","BENS",153052.0,"2026-01-02","2026-06-02",151.0,"SEINFRA - SECRETARIA DE INFRAESTRUTURA","761/2025","Médio",25.0,"2026-06-01","Material",5530.0,"Compensados e folheados",14744.0,"Placa Madeira",409939.0,"acabamento superficial: revestimento em laminado melamínico, características adicionais: revestido em uma face, comprimento: 2,75, cor: branca, espessura: 6, largura: 1,85, tipo: mdf","UN",142.0,40.0,5680.0]
["109/2026","Aprovada",null,"SEINFRA - Materiais para serviços de marcenaria","BENS",153052.0,"2026-01-02","2026-06-02",151.0,"SEINFRA - SECRETARIA DE INFRAESTRUTURA","761/2025","Médio",26.0,"2026-06-01","Material",5530.0,"Compensados e folheados",14744.0,"Placa Madeira",372526.0,"acabamento superficial: texturizado, comprimento: 2,75, cor: branca, espessura: 15, largura: 1,85, tipo: mdf","UN",215.0,100.0,21500.0]
["109/2026","Aprovada",null,"SEINFRA - Materiais para serviços de marcenaria","BENS",153052.0,"2026-01-02","2026-06-02",151.0,"SEINFRA - SECRETARIA DE INFRAESTRUTURA","761/2025","Médio",27.0,"2026-06-01","Material",5530.0,"Compensados e folheados",14744.0,"Placa Madeira",391668.0,"comprimento: 2,75, cor: branca, espessura: 18, largura: 1,85, tipo: mdf","UN",240.0,40.0,9600.0]
["109/2026","Aprovada",null,"SEINFRA - Materiais para serviços de marcenaria","BENS",153052.0,"2026-01-02","2026-06-02",151.0,"SEINFRA - SECRETARIA DE INFRAESTRUTURA","761/2025","Médio",28.0,"2026-06-01","Material",5520.0,"Esquadrias",7055.0,"Fita Borda",617493.0,"aplicação: acabamento móveis, cor: branca, espessura: 0,6, largura: 60, material: pvc - cloreto de polivinila","UN",46.0,32.0,1472.0]
["109/2026","Aprovada",null,"SEINFRA - Materiais para serviços de marcenaria","BENS",153052.0,"2026-01-02","2026-06-02",151.0,"SEINFRA - SECRETARIA DE INFRAESTRUTURA","761/2025","Médio",29.0,"2026-06-01","Material",5520.0,"Esquadrias",7055.0,"Fita Borda",406322.0,"aplicação: acabamento móveis, cor: branca, espessura: 1, largura: 22, material: pvc - cloreto de polivinila, comprimento: 50","UN",33.0,30.0,990.0]
["109/2026","Aprovada",null,"SEINFRA - Materiais para serviços de marcenaria","BENS",153052.0,"2026-01-02","2026-06-02",151.0,"SEINFRA - SECRETARIA DE INFRAESTRUTURA","761/2025","Médio",30.0,"2026-06-01","Material",5520.0,"ESQUADRIAS",7055.0,"FITA BORDA",346872.0,"APLICAÇÃO: ACABAMENTO MÓVEIS/PORTAS, CARACTERÍSTICAS ADICIONAIS: TEXTURIZADO, ALTA RESISTÊNCIA, COR: BRANCA, ESPESSURA: 0,6, LARGURA: 33, MATERIAL: PVC - CLORETO DE POLIVINILA","UN",19.5,20.0,390.0]
["109/2026","Aprovada",null,"SEINFRA - Materiais para serviços de marcenaria","BENS",153052.0,"2026-01-02","2026-06-02",151.0,"SEINFRA - SECRETARIA DE INFRAESTRUTURA","761/2025","Médio",31.0,"2026-06-01","Material",5520.0,"Esquadrias",7055.0,"Fita Borda",617493.0,"aplicação: acabamento móveis, cor: branca, espessura: 0,6, largura: 60, material: pvc - cloreto de polivinila","UN",34.0,10.0,340.0]
["109/2026","Aprovada",null,"SEINFRA - Materiais para serviços de marcenaria","BENS",153052.0,"2026-01-02","2026-06-02",151.0,"SEINFRA - SECRETARIA DE INFRAESTRUTURA","761/2025","Médio",32.0,"2026-06-01","Material",5530.0,"Compensados e folheados",5396.0,"Compensado Madeira",234242.0,"aplicação: fabricação de peças em madeira, comprimento: 2,20, espessura: 4, largura: 1,60, material: curupixá","UN",90.0,30.0,2700.0]
["109/2026","Aprovada",null,"SEINFRA - Materiais para serviços de marcenaria","BENS",153052.0,"2026-01-02","2026-06-02",151.0,"SEINFRA - SECRETARIA DE INFRAESTRUTURA","761/2025","Médio",33.0,"2026-06-01","Material",5530.0,"Compensados e folheados",5396.0,"Compensado Madeira",272863.0,"aplicação: fabricação de peças e construção civil, comprimento: 2,20, espessura: 6, largura: 1,60, material: sumaúma","UN",105.0,30.0,3150.0]
["109/2026","Aprovada",null,"SEINFRA - Materiais para serviços de marcenaria","BENS",153052.0,"2026-01-02","2026-06-02",151.0,"SEINFRA - SECRETARIA DE INFRAESTRUTURA","761/2025","Médio",34.0,"2026-06-01","Material",5530.0,"Compensados e folheados",5396.0,"Compensado Madeira",270669.0,"aplicação: confecção de móveis, comprimento: 2,20, espessura: 10, largura: 1,60, material: sumaúma","UN",140.0,30.0,4200.0]
["109/2026","Aprovada",null,"SEINFRA - Materiais para serviços de marcenaria","BENS",153052.0,"2026-01-02","2026-06-02",151.0,"SEINFRA - SECRETARIA DE INFRAESTRUTURA","761/2025","Médio",35.0,"2026-06-01","Material",5530.0,"Compensados e folheados",5396.0,"Compensado Madeira",270670.0,"aplicação: confecção de móveis, comprimento: 2,20, espessura: 15, largura: 1,60, material: sumaúma","UN",180.0,30.0,5400.0]
["109/2026","Aprovada",null,"SEINFRA - Materiais para serviços de marcenaria","BENS",153052.0,"2026-01-02","2026-06-02",151.0,"SEINFRA - SECRETARIA DE INFRAESTRUTURA","761/2025","Médio",36.0,"2026-06-01","Material",5530.0,"Compensados e folheados",5396.0,"Compensado Madeira",256711.0,"aplicação: fabricação de peças em madeira, comprimento: 2,20, espessura: 18, largura: 1,60, material: sumaúma","UN",185.0,30.0,5550.0]
["109/2026","Aprovada",null,"SEINFRA - Materiais para serviços de marcenaria","BENS",153052.0,"2026-01-02","2026-06-02",151.0,"SEINFRA - SECRETARIA DE INFRAESTRUTURA","761/2025","Médio",37.0,"2026-06-01","Material",5530.0,"Compensados e folheados",5396.0,"Compensado Madeira",235314.0,"aplicação: fabricação de peças em madeira, comprimento: 2,20, espessura: 20, largura: 1,60, material: sumaúma","UN",195.0,30.0,5850.0]
["109/2026","Aprovada",null,"SEINFRA - Materiais para serviços de marcenaria","BENS",153052.0,"2026-01-02","2026-06-02",151.0,"SEINFRA - SECRETARIA DE INFRAESTRUTURA","761/2025","Médio",38.0,"2026-06-01","Material",5530.0,"Compensados e folheados",14744.0,"Placa Madeira",332048.0,"acabamento superficial: laminado melamínico, comprimento: 2,75, cor: branca, espessura: 9, largura: 1,83, tipo: mdf","UN",190.0,50.0,9500.0]
["109/2026","Aprovada",null,"SEINFRA - Materiais para serviços de marcenaria","BENS",153052.0,"2026-01-02","2026-06-02",151.0,"SEINFRA - SECRETARIA DE INFRAESTRUTURA","761/2025","Médio",39.0,"2026-06-01","Material",5305.0,"Parafusos sem porca",550.0,"Parafuso Auto-Atarraxante",260888.0,"comprimento: 45, diâmetro corpo: 4,80, material: aço inoxidável, tipo cabeça: panela, tipo fenda: reta","C",28.0,60.0,1680.0]
["109/2026","Aprovada",null,"SEINFRA - Materiais para serviços de marcenaria","BENS",153052.0,"2026-01-02","2026-06-02",151.0,"SEINFRA - SECRETARIA DE INFRAESTRUTURA","761/2025","Médio",40.0,"2026-06-01","Material",5305.0,"Parafusos sem porca",550.0,"Parafuso Auto-Atarraxante",442782.0,"características adicionais: fixer/rosca auto cortante tipo chipboard, comprimento: 35, diâmetro corpo: 4, material: aço carbono, tipo cabeça: flangeada, tipo fenda: phillips, tratamento superficial: bicromatizado","C",10.0,50.0,500.0]
["109/2026","Aprovada",null,"SEINFRA - Materiais para serviços de marcenaria","BENS",153052.0,"2026-01-02","2026-06-02",151.0,"SEINFRA - SECRETARIA DE INFRAESTRUTURA","761/2025","Médio",41.0,"2026-06-01","Material",5305.0,"Parafusos sem porca",550.0,"Parafuso Auto-Atarraxante",456440.0,"comprimento: 35, diâmetro corpo: 3,50, material: aço carbono, tipo cabeça: trombeta, tipo fenda: phillips, tratamento superficial: galvanizado","C",15.0,50.0,750.0]
["109/2026","Aprovada",null,"SEINFRA - Materiais para serviços de marcenaria","BENS",153052.0,"2026-01-02","2026-06-02",151.0,"SEINFRA - SECRETARIA DE INFRAESTRUTURA","761/2025","Médio",42.0,"2026-06-01","Material",5305.0,"Parafusos sem porca",550.0,"Parafuso Auto-Atarraxante",456440.0,"comprimento: 35, diâmetro corpo: 3,50, material: aço carbono, tipo cabeça: trombeta, tipo fenda: phillips, tratamento superficial: galvanizado","C",19.0,30.0,570.0]
["109/2026","Aprovada",null,"SEINFRA - Materiais para serviços de marcenaria","BENS",153052.0,"2026-01-02","2026-06-02",151.0,"SEINFRA - SECRETARIA DE INFRAESTRUTURA","761/2025","Médio",43.0,"2026-06-01","Material",5340.0,"Ferragens diversas",13880.0,"Dobradiça",442977.0,"acabamento: niquelado, aplicação: porta, material: ferro, tamanho: 4, tipo: vai-vem","UN",17.0,40.0,680.0]
["109/2026","Aprovada",null,"SEINFRA - Materiais para serviços de marcenaria","BENS",153052.0,"2026-01-02","2026-06-02",151.0,"SEINFRA - SECRETARIA DE INFRAESTRUTURA","761/2025","Médio",44.0,"2026-06-01","Material",5340.0,"Ferragens diversas",13880.0,"Dobradiça",442976.0,"acabamento: niquelado, aplicação: porta, material: ferro, tamanho: 3, tipo: vai-vem","UN",18.0,60.0,1080.0]
["109/2026","Aprovada",null,"SEINFRA - Materiais para serviços de marcenaria","BENS",153052.0,"2026-01-02","2026-06-02",151.0,"SEINFRA - SECRETARIA DE INFRAESTRUTURA","761/2025","Médio",45.0,"2026-06-01","Material",5520.0,"Esquadrias",11071.0,"Porta",382685.0,"acabamento superficial: base pintura, altura: 2,10, características adicionais: semi-oca, emcabeçada, espessura: 3,5, largura: 80, material: madeira, padrão madeira: cedro, tipo: lisa","UN",100.0,50.0,5000.0]
["109/2026","Aprovada",null,"SEINFRA - Materiais para serviços de marcenaria","BENS",153052.0,"2026-01-02","2026-06-02",151.0,"SEINFRA - SECRETARIA DE INFRAESTRUTURA","761/2025","Médio",46.0,"2026-06-01","Material",5520.0,"Esquadrias",11071.0,"Porta",382687.0,"acabamento superficial: base pintura, altura: 2,10, características adicionais: semi-oca, emcabeçada, espessura: 3,5, largura: 90, material: madeira, padrão madeira: cedro, tipo: lisa","UN",118.0,30.0,3540.0]
["109/2026","Aprovada",null,"SEINFRA - Materiais para serviços de marcenaria","BENS",153052.0,"2026-01-02","2026-06-02",151.0,"SEINFRA - SECRETARIA DE INFRAESTRUTURA","761/2025","Médio",47.0,"2026-06-01","Material",5520.0,"ESQUADRIAS",11071.0,"PORTA",382687.0,"ACABAMENTO SUPERFICIAL: BASE PINTURA, ALTURA: 2,10, CARACTERÍSTICAS ADICIONAIS: SEMI-OCA, EMCABEÇADA, ESPESSURA: 3,5, LARGURA: 90, MATERIAL: MADEIRA, PADRÃO MADEIRA: CEDRO, TIPO: LISA","UN",150.0,30.0,4500.0]
["109/2026","Aprovada",null,"SEINFRA - Materiais para serviços de marcenaria","BENS",153052.0,"2026-01-02","2026-06-02",151.0,"SEINFRA - SECRETARIA DE INFRAESTRUTURA","761/2025","Médio",48.0,"2026-06-01","Material",5340.0,"Ferragens diversas",566.0,"Fechadura",622699.0,"acabamento superficial: cromado, aplicação: gaveta, características adicionais: cilindro 31 mm, material caixa: aço, tipo: externa","UN",40.0,120.0,4800.0]
["109/2026","Aprovada",null,"SEINFRA - Materiais para serviços de marcenaria","BENS",153052.0,"2026-01-02","2026-06-02",151.0,"SEINFRA - SECRETARIA DE INFRAESTRUTURA","761/2025","Médio",49.0,"2026-06-01","Material",5340.0,"Ferragens diversas",557.0,"Dobradiça Porta",615238.0,"aplicação: porta de madeira, características adicionais: pino solto, material: aço, tratamento superficial: cromado","UN",12.0,300.0,3600.0]
["109/2026","Aprovada",null,"SEINFRA - Materiais para serviços de marcenaria","BENS",153052.0,"2026-01-02","2026-06-02",151.0,"SEINFRA - SECRETARIA DE INFRAESTRUTURA","761/2025","Médio",50.0,"2026-06-01","Material",5340.0,"Ferragens diversas",7374.0,"Ferragem Armário / Gaveta",604199.0,"aplicação: gaveta, características adicionais: barra 600 mm, chaves metálicas, formato: retangular, material: metal cromado, tipo: fechadura","UN",9.0,50.0,450.0]
["109/2026","Aprovada",null,"SEINFRA - Materiais para serviços de marcenaria","BENS",153052.0,"2026-01-02","2026-06-02",151.0,"SEINFRA - SECRETARIA DE INFRAESTRUTURA","761/2025","Médio",51.0,"2026-06-01","Material",5340.0,"Ferragens diversas",7374.0,"Ferragem Armário / Gaveta",604199.0,"aplicação: gaveta, características adicionais: barra 600 mm, chaves metálicas, formato: retangular, material: metal cromado, tipo: fechadura","UN",12.0,50.0,600.0]
["109/2026","Aprovada",null,"SEINFRA - Materiais para serviços de marcenaria","BENS",153052.0,"2026-01-02","2026-06-02",151.0,"SEINFRA - SECRETARIA DE INFRAESTRUTURA","761/2025","Médio",52.0,"2026-06-01","Material",5620.0,"Vidros, telhas, tijolos e blocos para construção",4839.0,"Chapa De Vidro",610895.0,"características adicionais: transparente aramado, comprimento: 220, espessura: 4, largura: 170, material: vidro","UN",330.0,30.0,9900.0]
["109/2026","Aprovada",null,"SEINFRA - Materiais para serviços de marcenaria","BENS",153052.0,"2026-01-02","2026-06-02",151.0,"SEINFRA - SECRETARIA DE INFRAESTRUTURA","761/2025","Médio",53.0,"2026-06-01","Material",5620.0,"Vidros, telhas, tijolos e blocos para construção",4839.0,"Chapa De Vidro",611616.0,"características adicionais: vidro fantasia / canelado, comprimento: 2,20, espessura: 3, largura: 1,70","UN",295.0,30.0,8850.0]
["109/2026","Aprovada",null,"SEINFRA - Materiais para serviços de marcenaria","BENS",153052.0,"2026-01-02","2026-06-02",151.0,"SEINFRA - SECRETARIA DE INFRAESTRUTURA","761/2025","Médio",54.0,"2026-06-01","Material",9390.0,"Produtos diversos não metálicos",670.0,"Tela",476884.0,"aplicação: estudos granulométricos, características adicionais: abertura 80µ, cor: branca, largura: 1,20, material: nylon","RO",12.5,50.0,625.0]
["109/2026","Aprovada",null,"SEINFRA - Materiais para serviços de marcenaria","BENS",153052.0,"2026-01-02","2026-06-02",151.0,"SEINFRA - SECRETARIA DE INFRAESTRUTURA","761/2025","Médio",55.0,"2026-06-01","Material",5510.0,"Tábuas e artigos correlatos à base de madeira",12463.0,"Tábua Madeira",625169.0,"comprimento: 6, espessura: 2,50, espécie: roxinho, largura: 30","DM3",23.72,500.0,11860.0]
["109/2026","Aprovada",null,"SEINFRA - Materiais para serviços de marcenaria","BENS",153052.0,"2026-01-02","2026-06-02",151.0,"SEINFRA - SECRETARIA DE INFRAESTRUTURA","784/2025","Médio",28.0,"2026-06-01","Material",5340.0,"Ferragens diversas",13916.0,"Presilha",483590.0,"aplicação: fixar estrutura em forros (drywall), formato: perfil tipo canaleta, material: aço galvanizado, tipo: presilha reguladora","UN",1.96,300.0,588.0]
["110/2026","Aprovada",null,"SEINFRA E OUTROS - Materiais e ferramentas para manutenção de equipamentos","BENS",153052.0,"2026-01-02","2026-07-02",181.0,"FCT- FACULDADE DE CIÊNCIAS E TECNOLOGIA","289/2025","Médio",1.0,"2026-06-15","Material",5180.0,"Jogos e conjuntos de ferramentas manuais",10273.0,"Pá",449366.0,"aplicação: jardinagem, características adicionais: pá manual pra jardinagem, material: aço, material cabo: madeira","UN",10.0,10.0,100.0]
["110/2026","Aprovada",null,"SEINFRA E OUTROS - Materiais e ferramentas para manutenção de equipamentos","BENS",153052.0,"2026-01-02","2026-07-02",181.0,"FD - FACULDADE DE DIREITO","349/2025","Alto",4.0,"2026-04-30","Material",3590.0,"Equipamentos diversos para serviços profissionais e  comerciais",14727.0,"Jogo Chaves Fenda",607971.0,"aplicação: manutenção equipamentos eletrônicos, bitola ponta fenda: 02 = (1/8x3, 3/16x4), bitola ponta philips: 03 = (3/16x4, 1/4x6, 1/8x6), características adicionais: isolação de 1000v ca, material cabo: plástico resistente, material haste: aço cromo vanádio, quantidade peças: 5, tipo cabo: isolado, tipo ponta: fenda e philips","JG",200.0,1.0,200.0]
["110/2026","Aprovada",null,"SEINFRA E OUTROS - Materiais e ferramentas para manutenção de equipamentos","BENS",153052.0,"2026-01-02","2026-07-02",181.0,"FD - FACULDADE DE DIREITO","349/2025","Alto",5.0,"2026-04-30","Material",5180.0,"JOGOS E CONJUNTOS DE FERRAMENTAS MANUAIS",14636.0,"CONJUNTO FERRAMENTAS",625256.0,"APLICAÇÃO: USO EM FURADEIRA / PARAFUSADEIRA, CARACTERÍSTICAS ADICIONAIS: ESTOJO, COMPONENTES: 34 PONTAS PHILLIPS, FENDA, QUADRADA E TORX, COMPONENTES ADICIONAIS: 2 SOQUESTES, 1 EXTENSOR E 1 ESTOJO, TIPO: KIT DE ACESSÓRIOS COM 37 PEÇAS","UN",300.0,1.0,300.0]
["110/2026","Aprovada",null,"SEINFRA E OUTROS - Materiais e ferramentas para manutenção de equipamentos","BENS",153052.0,"2026-01-02","2026-07-02",181.0,"FAV - FACULDADE DE ARTES VISUAIS","311/2025","Médio",4.0,"2026-12-01","Material",5180.0,"Jogos e conjuntos de ferramentas manuais",14636.0,"Conjunto Ferramentas",604418.0,"aplicação: manutenção em geral, componentes: 186 peças de cromo vanadium e aço carbono, componentes adicionais: maleta dobravel com 4 bandejas, tipo: kit de ferramentas uso geral com 186 peças","UN",900.0,2.0,1800.0]
["110/2026","Aprovada",null,"SEINFRA E OUTROS - Materiais e ferramentas para manutenção de equipamentos","BENS",153052.0,"2026-01-02","2026-07-02",181.0,"FAV - FACULDADE DE ARTES VISUAIS","311/2025","Médio",5.0,"2026-12-01","Material",5180.0,"Jogos e conjuntos de ferramentas manuais",14636.0,"Conjunto Ferramentas",602596.0,"aplicação: ferramentas para computador, características adicionais: maleta termoplástica, componentes: 38 pecas","UN",90.0,3.0,270.0]
["110/2026","Aprovada",null,"SEINFRA E OUTROS - Materiais e ferramentas para manutenção de equipamentos","BENS",153052.0,"2026-01-02","2026-07-02",181.0,"GOIAS - REGIONAL GOIAS","696/2025","Alto",1.0,"2026-07-01","Material",5180.0,"Jogos e conjuntos de ferramentas manuais",14636.0,"Conjunto Ferramentas",612600.0,"aplicação: diversas da contrução civil, marcenaria e metal me, características adicionais: velocidade variável, rotação reversível e, componentes: furadeira, parafusadeira, 2 baterias, carregador e","UN",810.0,1.0,810.0]
["110/2026","Aprovada",null,"SEINFRA E OUTROS - Materiais e ferramentas para manutenção de equipamentos","BENS",153052.0,"2026-01-02","2026-07-02",181.0,"GOIAS - REGIONAL GOIAS","696/2025","Alto",3.0,"2026-07-01","Material",3590.0,"Equipamentos diversos para serviços profissionais e  comerciais",16887.0,"Equipamentos Diversos Para Serviços Profissionais",446371.0,"características adicionais: controle de velocidade e acessórios, material: aço e polipropileno, tipo: micro retífica, uso: restauração, confecção de peças e acabamento, voltagem: 220","UN",750.0,5.0,3750.0]
["110/2026","Aprovada",null,"SEINFRA E OUTROS - Materiais e ferramentas para manutenção de equipamentos","BENS",153052.0,"2026-01-02","2026-07-02",181.0,"GOIAS - REGIONAL GOIAS","711/2025","Alto",3.0,"2026-07-01","Material",5180.0,"Jogos e conjuntos de ferramentas manuais",14636.0,"Conjunto Ferramentas",608436.0,"aplicação: manutenção em geral, componentes: 1 alicate universal 8","1 alicate de corte 6\"","1 a, componentes adicionais: maleta  metálica com 5 bandejas, tipo: kit ferramentas com 39 peças\"","UN",91.0,1.0,91.0]
["110/2026","Aprovada",null,"SEINFRA E OUTROS - Materiais e ferramentas para manutenção de equipamentos","BENS",153052.0,"2026-01-02","2026-07-02",181.0,"SEINFRA - SECRETARIA DE INFRAESTRUTURA","909/2025","Médio",2.0,"2026-03-02","Material",4320.0,"Bombas manuais e mecânicas",13770.0,"Regulador Pressão",414356.0,"aplicação: cilindro de nitrogênio, características adicionais: duplo estágio/rosqueamento universal/válvula segur, material corpo: latão forjado, modelo: de ponteiro, pressão máxima entrada: 3.000, pressão máxima saída: 400, tipo conexão saída: rosca 1/4 nptf, tipo equipamento: 2 manômetros\"","UN",349.0,4.0,1396.0]
["110/2026","Aprovada",null,"SEINFRA E OUTROS - Materiais e ferramentas para manutenção de equipamentos","BENS",153052.0,"2026-01-02","2026-07-02",181.0,"SEINFRA - SECRETARIA DE INFRAESTRUTURA","909/2025","Médio",3.0,"2026-03-02","Material",4320.0,"Bombas manuais e mecânicas",13770.0,"Regulador Pressão",362251.0,"aplicação: cilindro gás acetileno, material corpo: latão forjado, pressão máxima entrada: 25, pressão máxima saída: 1,5, tipo equipamento: manômetro, vazão: 5","UN",310.0,5.0,1550.0]
["110/2026","Aprovada",null,"SEINFRA E OUTROS - Materiais e ferramentas para manutenção de equipamentos","BENS",153052.0,"2026-01-02","2026-07-02",181.0,"SEINFRA - SECRETARIA DE INFRAESTRUTURA","909/2025","Médio",4.0,"2026-03-02","Material",3433.0,"Equipamento para solda a gás, corte por aquecimento e de  metalização",1022.0,"Maçarico Solda",218124.0,"aplicação: solda em aço, capacidade cilindro: 1, características adicionais: mangueira, temperatura chama: até 3.100, tipo chama: neutra, tipo gás: acetileno","UN",251.0,2.0,502.0]
["110/2026","Aprovada",null,"SEINFRA E OUTROS - Materiais e ferramentas para manutenção de equipamentos","BENS",153052.0,"2026-01-02","2026-07-02",181.0,"SEINFRA - SECRETARIA DE INFRAESTRUTURA","909/2025","Médio",6.0,"2026-03-02","Material",4130.0,"Componentes de equipamentos para refrigeração e ar  condicionado",16936.0,"Peças E Acessórios Aparelho Ar Condicionado",484501.0,"aplicação: ar condicionado, características adicionais: aparelho de ar de 24000 btus e 30000 btus, tipo: bomba dreno","UN",207.0,10.0,2070.0]
["110/2026","Aprovada",null,"SEINFRA E OUTROS - Materiais e ferramentas para manutenção de equipamentos","BENS",153052.0,"2026-01-02","2026-07-02",181.0,"SEINFRA - SECRETARIA DE INFRAESTRUTURA","909/2025","Médio",7.0,"2026-03-02","Material",4130.0,"Componentes de equipamentos para refrigeração e ar  condicionado",13939.0,"Conjunto Manifold",618285.0,"aplicação: sistemas de ar condicionado e refrigeracao, características adicionais: resolucao de pressao: 1kpa/cmhg, componentes: manifold digital, conexao macho expandido, 1/4\";UN\"",250.0,10.0,2500.0]
["110/2026","Aprovada",null,"SEINFRA E OUTROS - Materiais e ferramentas para manutenção de equipamentos","BENS",153052.0,"2026-01-02","2026-07-02",181.0,"SEINFRA - SECRETARIA DE INFRAESTRUTURA","909/2025","Médio",8.0,"2026-03-02","Material",4130.0,"Componentes de equipamentos para refrigeração e ar  condicionado",13939.0,"Conjunto Manifold",450770.0,"aplicação: gases r22 - r134a - r404a - r407c, componentes: conjunto de válvulas e 2 manômetros","UN",250.0,10.0,2500.0]
["110/2026","Aprovada",null,"SEINFRA E OUTROS - Materiais e ferramentas para manutenção de equipamentos","BENS",153052.0,"2026-01-02","2026-07-02",181.0,"SEINFRA - SECRETARIA DE INFRAESTRUTURA","909/2025","Médio",10.0,"2026-03-02","Material",4720.0,"Mangueiras e tubulações flexíveis",13821.0,"Mangueira",463980.0,"aparência visual: verde/vermelha, aplicação: serralheria, características adicionais: solda dupla grade r, comprimento: 5, diâmetro interno: 5/16, material: borracha","UN",119.0,7.0,833.0]
["110/2026","Aprovada",null,"SEINFRA E OUTROS - Materiais e ferramentas para manutenção de equipamentos","BENS",153052.0,"2026-01-02","2026-07-02",181.0,"SEINFRA - SECRETARIA DE INFRAESTRUTURA","909/2025","Médio",12.0,"2026-03-02","Material",3433.0,"Equipamento para solda a gás, corte por aquecimento e de  metalização",1022.0,"Maçarico Solda",218130.0,"aplicação: solda em latão, capacidade cilindro: 1, características adicionais: bico solda, temperatura chama: até 3.100, tipo chama: neutra, tipo gás: acetileno","UN",254.79,5.0,1273.95]
["110/2026","Aprovada",null,"SEINFRA E OUTROS - Materiais e ferramentas para manutenção de equipamentos","BENS",153052.0,"2026-01-02","2026-07-02",181.0,"SEINFRA - SECRETARIA DE INFRAESTRUTURA","909/2025","Médio",22.0,"2026-03-02","Material",4110.0,"Equipamento para refrigeração",12668.0,"Termômetro",300759.0,"características adicionais: com 5 sensores, faixa medição temperatura: -50°c a +105, material: plástico, tipo: digital, resolução: 0,1","UN",619.62,2.0,1239.24]
["110/2026","Aprovada",null,"SEINFRA E OUTROS - Materiais e ferramentas para manutenção de equipamentos","BENS",153052.0,"2026-01-02","2026-07-02",181.0,"SEINFRA - SECRETARIA DE INFRAESTRUTURA","909/2025","Médio",24.0,"2026-03-02","Material",3650.0,"Máquinas para indústrias de produtos químicos  e  farmacêuticos",14901.0,"Disco Corte",235714.0,"aplicação: máquina de encher ampola, marzocchi, modelo l/14, referência: l/021-145","UN",37.91,20.0,758.2]
["110/2026","Aprovada",null,"SEINFRA E OUTROS - Materiais e ferramentas para manutenção de equipamentos","BENS",153052.0,"2026-01-02","2026-07-02",181.0,"SEINFRA - SECRETARIA DE INFRAESTRUTURA","913/2025","Médio",1.0,"2026-04-01","Material",5325.0,"Dispositivos para fixação",4966.0,"Chumbador Especial",622771.0,"aplicação: fixação em concreto, diâmetro rosca: 3/8, material: aço galvanizado, tipo: cba","UN",1.8,500.0,900.0]
["110/2026","Aprovada",null,"SEINFRA E OUTROS - Materiais e ferramentas para manutenção de equipamentos","BENS",153052.0,"2026-01-02","2026-07-02",181.0,"SEINFRA - SECRETARIA DE INFRAESTRUTURA","913/2025","Médio",2.0,"2026-04-01","Material",9535.0,"Placas, chapas, fitas e laminados finos de metais não  ferrosos",3359.0,"Barra Chata",624074.0,"comprimento: 6, espessura: 3/8, formato seção: chato, largura: 1, material: aço","UN",30.0,20.0,600.0]
["110/2026","Aprovada",null,"SEINFRA E OUTROS - Materiais e ferramentas para manutenção de equipamentos","BENS",153052.0,"2026-01-02","2026-07-02",181.0,"SEINFRA - SECRETARIA DE INFRAESTRUTURA","913/2025","Médio",3.0,"2026-04-01","Material",9535.0,"Placas, chapas, fitas e laminados finos de metais não  ferrosos",3359.0,"Barra Chata",477156.0,"comprimento: 6, espessura: 1/2, formato seção: chato, largura: 2, material: aço inox aisi 304","UN",25.0,20.0,500.0]
["110/2026","Aprovada",null,"SEINFRA E OUTROS - Materiais e ferramentas para manutenção de equipamentos","BENS",153052.0,"2026-01-02","2026-07-02",181.0,"SEINFRA - SECRETARIA DE INFRAESTRUTURA","913/2025","Médio",4.0,"2026-04-01","Material",5345.0,"Discos e pedras abrasivos",567.0,"Disco Corte",482967.0,"aplicação: aço e ligas materiais ferrosos em geral, diâmetro: 4 1/2, diâmetro furo: 7/8, espessura: 1/8, material: óxido alumínio","UN",6.0,500.0,3000.0]
["110/2026","Aprovada",null,"SEINFRA E OUTROS - Materiais e ferramentas para manutenção de equipamentos","BENS",153052.0,"2026-01-02","2026-07-02",181.0,"SEINFRA - SECRETARIA DE INFRAESTRUTURA","913/2025","Médio",5.0,"2026-04-01","Material",5345.0,"Discos e pedras abrasivos",581.0,"Disco Abrasivo",481666.0,"diâmetro: 4.1/2, diâmetro furo: 7/8, espessura grão: grana 80, material: metal","UN",7.0,200.0,1400.0]
["110/2026","Aprovada",null,"SEINFRA E OUTROS - Materiais e ferramentas para manutenção de equipamentos","BENS",153052.0,"2026-01-02","2026-07-02",181.0,"SEINFRA - SECRETARIA DE INFRAESTRUTURA","913/2025","Médio",6.0,"2026-04-01","Material",3439.0,"Suprimentos e acessórios para soldas diversas, fracas e  fortes",1157.0,"Eletrodo Solda",431110.0,"diâmetro: 2,50, material indicado: aço baixo e médio teor carbono, normas técnicas: aws a5.1/81, classe e-6013","UN",95.9,100.0,9590.0]
["110/2026","Aprovada",null,"SEINFRA E OUTROS - Materiais e ferramentas para manutenção de equipamentos","BENS",153052.0,"2026-01-02","2026-07-02",181.0,"SEINFRA - SECRETARIA DE INFRAESTRUTURA","913/2025","Médio",8.0,"2026-04-01","Material",3110.0,"Rolamentos antifricção não montados",11797.0,"Rolamento De Esfera",396857.0,"características adicionais: rígido de uma carreira de esferas, uma blindagem, referência fabricante: 608 zz, tipo uso: máquinas em geral","UN",7.9,100.0,790.0]
["110/2026","Aprovada",null,"SEINFRA E OUTROS - Materiais e ferramentas para manutenção de equipamentos","BENS",153052.0,"2026-01-02","2026-07-02",181.0,"SEINFRA - SECRETARIA DE INFRAESTRUTURA","913/2025","Médio",9.0,"2026-04-01","Material",5330.0,"Gaxetas e outros materiais para vedação",3817.0,"Borracha Vedação",295251.0,"altura: 13, aplicação: autoclave baumer, modelo 365-p, largura: 13, material: silicone, uso: porta de autoclave","UN",167.9,20.0,3358.0]
["110/2026","Aprovada",null,"SEINFRA E OUTROS - Materiais e ferramentas para manutenção de equipamentos","BENS",153052.0,"2026-01-02","2026-07-02",181.0,"SEINFRA - SECRETARIA DE INFRAESTRUTURA","913/2025","Médio",10.0,"2026-04-01","Material",6850.0,"Especialidades químicas diversas",12234.0,"Lubrificante Mineral",482855.0,"aplicação: lubrificação de peças, características adicionais: anticorrosivo, composição: óleo mineral","UN",32.9,50.0,1645.0]
["110/2026","Aprovada",null,"SEINFRA E OUTROS - Materiais e ferramentas para manutenção de equipamentos","BENS",153052.0,"2026-01-02","2026-07-02",181.0,"SEINFRA - SECRETARIA DE INFRAESTRUTURA","913/2025","Médio",13.0,"2026-04-01","Material",6850.0,"Especialidades químicas diversas",8849.0,"Limpador Contato Elétrico/Eletrônico",369251.0,"aplicação: limpeza componentes elétricos, apresentação: aerosol, características adicionais: fácil evaporação, não condutor/inflamável, sem cfc","UN",8.5,100.0,850.0]
["110/2026","Aprovada",null,"SEINFRA E OUTROS - Materiais e ferramentas para manutenção de equipamentos","BENS",153052.0,"2026-01-02","2026-07-02",181.0,"SEINFRA - SECRETARIA DE INFRAESTRUTURA","913/2025","Médio",16.0,"2026-04-01","Material",9150.0,"Óleos e graxas para corte, lubrificação e sistemas  hidráulicos",14780.0,"Desengripante",602645.0,"aplicação: uso geral, apresentação: spray, composição: base sintética biodegradável","UN",15.0,50.0,750.0]
["110/2026","Aprovada",null,"SEINFRA E OUTROS - Materiais e ferramentas para manutenção de equipamentos","BENS",153052.0,"2026-01-02","2026-07-02",181.0,"SEINFRA - SECRETARIA DE INFRAESTRUTURA","913/2025","Médio",17.0,"2026-04-01","Material",7920.0,"Vassouras, escovas, rodos, esponjas e esfregões",7174.0,"Estopa",227348.0,"material: fio algodão crú/fio aldogão alvejado/, aplicação: limpeza detritos e restos de óleo","UN",4.5,20.0,90.0]
["110/2026","Aprovada",null,"SEINFRA E OUTROS - Materiais e ferramentas para manutenção de equipamentos","BENS",153052.0,"2026-01-02","2026-07-02",181.0,"SEINFRA - SECRETARIA DE INFRAESTRUTURA","913/2025","Médio",18.0,"2026-04-01","Material",9999.0,"Itens diversos",7049.0,"Espuma",389890.0,"aplicação: vedação superfícies lisas e porosas, aspecto físico: spray, características adicionais: expansiva, material: poliuretano","UN",25.0,40.0,1000.0]
["110/2026","Aprovada",null,"SEINFRA E OUTROS - Materiais e ferramentas para manutenção de equipamentos","BENS",153052.0,"2026-01-02","2026-07-02",181.0,"SEINFRA - SECRETARIA DE INFRAESTRUTURA","913/2025","Médio",19.0,"2026-04-01","Material",8010.0,"Tintas, vernizes e produtos correlatos",12735.0,"Tinta Artística",360218.0,"aplicação: artesanatos, roupas/tecidos, arranjos flores secas, apresentação: conjunto 6 frascos 15 ml, bico aplicador, composição: a base de resina acrílica, cor: vermelho, verde, azul, perolado, ouro e prata, tipo: glitter, tipo acabamento: translúcido","UN",27.0,200.0,5400.0]
["110/2026","Aprovada",null,"SEINFRA E OUTROS - Materiais e ferramentas para manutenção de equipamentos","BENS",153052.0,"2026-01-02","2026-07-02",181.0,"SEINFRA - SECRETARIA DE INFRAESTRUTURA","913/2025","Médio",20.0,"2026-04-01","Material",8010.0,"Tintas, vernizes e produtos correlatos",12735.0,"Tinta Artística",326449.0,"aplicação: metal, apresentação: spray, características adicionais: acetona com pigmentos metálicos, jato direto, composição: a base de resina acrílica, cor: preto fosco, tipo: secagem rápida","UN",27.0,200.0,5400.0]
["110/2026","Aprovada",null,"SEINFRA E OUTROS - Materiais e ferramentas para manutenção de equipamentos","BENS",153052.0,"2026-01-02","2026-07-02",181.0,"SEINFRA - SECRETARIA DE INFRAESTRUTURA","913/2025","Médio",21.0,"2026-04-01","Material",8020.0,"Pincel para artistas e pintores",1573.0,"Trincha",602368.0,"material cabo: anatomico, material cerdas: cerdas de porco., tamanho: 1/2 - 1\" - 2\".\"","UN",15.0,100.0,1500.0]
["110/2026","Aprovada",null,"SEINFRA E OUTROS - Materiais e ferramentas para manutenção de equipamentos","BENS",153052.0,"2026-01-02","2026-07-02",181.0,"SEINFRA - SECRETARIA DE INFRAESTRUTURA","913/2025","Médio",22.0,"2026-04-01","Material",8010.0,"Tintas, vernizes e produtos correlatos",6210.0,"Diluente Tinta",619549.0,"aspecto físico: líquido, composição: etanol, acetona, cor: incolor","LT",100.0,20.0,2000.0]
["110/2026","Aprovada",null,"SEINFRA E OUTROS - Materiais e ferramentas para manutenção de equipamentos","BENS",153052.0,"2026-01-02","2026-07-02",181.0,"SEINFRA - SECRETARIA DE INFRAESTRUTURA","913/2025","Médio",23.0,"2026-04-01","Material",8010.0,"Tintas, vernizes e produtos correlatos",1502.0,"Zarcão",389532.0,"cor: laranja, tempo secagem: rápida","UN",100.0,20.0,2000.0]
["110/2026","Aprovada",null,"SEINFRA E OUTROS - Materiais e ferramentas para manutenção de equipamentos","BENS",153052.0,"2026-01-02","2026-07-02",181.0,"SEINFRA - SECRETARIA DE INFRAESTRUTURA","913/2025","Médio",24.0,"2026-04-01","Material",3439.0,"Suprimentos e acessórios para soldas diversas, fracas e  fortes",1137.0,"Fluxo Solda",219162.0,"aplicação: metais ferrosos, aspecto físico: pastoso, composto básico: cloreto zinco e cloreto amônia, densidade: não conhecido, prazo validade: 12 meses","UN",10.0,30.0,300.0]
["110/2026","Aprovada",null,"SEINFRA E OUTROS - Materiais e ferramentas para manutenção de equipamentos","BENS",153052.0,"2026-01-02","2026-07-02",181.0,"SEINFRA - SECRETARIA DE INFRAESTRUTURA","913/2025","Médio",25.0,"2026-04-01","Material",3439.0,"Suprimentos e acessórios para soldas diversas, fracas e  fortes",1137.0,"Fluxo Solda",219142.0,"aplicação: cabos terminais, aspecto físico: líquido, composto básico: material inorgânico, densidade: 0,810, prazo validade: 12 meses (fechado) e 6 meses (aberto)","UN",20.0,20.0,400.0]
["110/2026","Aprovada",null,"SEINFRA E OUTROS - Materiais e ferramentas para manutenção de equipamentos","BENS",153052.0,"2026-01-02","2026-07-02",181.0,"SEINFRA - SECRETARIA DE INFRAESTRUTURA","913/2025","Médio",26.0,"2026-04-01","Material",3030.0,"Correame, correias de transmissão, correias dos ventiladorese acessórios",5892.0,"Correia Transmissão",250903.0,"aplicação: equipamento ar condicionado central, material: borracha, tipo: b 40","UN",16.9,20.0,338.0]
["110/2026","Aprovada",null,"SEINFRA E OUTROS - Materiais e ferramentas para manutenção de equipamentos","BENS",153052.0,"2026-01-02","2026-07-02",181.0,"PROPESSOAS - PRO-REITORIA DE GESTÃO DE PESSOAS","1021/2025","Médio",1.0,"2026-03-31","Material",7060.0,"Peças e acessórios para computadores",14829.0,"Memória Portátil Microcomputador",443472.0,"capacidade memória: 64, características adicionais: capa/corpo plástico customizado/conf. modelo órgão, interface: usb 3.0, tipo: pen drive, velocidade leitura: 150","UN",30.0,10.0,300.0]
["111/2026","Aprovada",null,"SEINFRA - Tintas e componentes para pintura predial","BENS",153052.0,"2026-01-02","2026-07-02",181.0,"SEINFRA - SECRETARIA DE INFRAESTRUTURA","784/2025","Médio",1.0,"2026-06-01","Material",5350.0,"Materiais abrasivos",585.0,"Lixa",311547.0,"apresentação: folha, tipo: lixa ferro, tipo grão: 100","UN",1.15,300.0,345.0]
["111/2026","Aprovada",null,"SEINFRA - Tintas e componentes para pintura predial","BENS",153052.0,"2026-01-02","2026-07-02",181.0,"SEINFRA - SECRETARIA DE INFRAESTRUTURA","784/2025","Médio",2.0,"2026-06-01","Material",5350.0,"Materiais abrasivos",585.0,"Lixa",313006.0,"apresentação: folha, comprimento: 23, largura: 28, tipo: lixa ferro, tipo grão: 120","UN",1.3,300.0,390.0]
["111/2026","Aprovada",null,"SEINFRA - Tintas e componentes para pintura predial","BENS",153052.0,"2026-01-02","2026-07-02",181.0,"SEINFRA - SECRETARIA DE INFRAESTRUTURA","784/2025","Médio",3.0,"2026-06-01","Material",5350.0,"Materiais abrasivos",585.0,"Lixa",333204.0,"aplicação: parede, apresentação: folha, material: óxido alumínio, tipo: lixa massa, tipo grão: 100","UN",1.4,600.0,840.0]
["111/2026","Aprovada",null,"SEINFRA - Tintas e componentes para pintura predial","BENS",153052.0,"2026-01-02","2026-07-02",181.0,"SEINFRA - SECRETARIA DE INFRAESTRUTURA","784/2025","Médio",4.0,"2026-06-01","Material",5350.0,"Materiais abrasivos",585.0,"Lixa",213815.0,"apresentação: folha, comprimento: 275, diâmetro: não aplicável, largura: 225, material: óxido alumínio, tipo: lixa massa, tipo grão: 100, espessura: não aplicável","UN",1.15,600.0,690.0]
["111/2026","Aprovada",null,"SEINFRA - Tintas e componentes para pintura predial","BENS",153052.0,"2026-01-02","2026-07-02",181.0,"SEINFRA - SECRETARIA DE INFRAESTRUTURA","784/2025","Médio",5.0,"2026-06-01","Material",5350.0,"Materiais abrasivos",585.0,"Lixa",213815.0,"apresentação: folha, comprimento: 275, diâmetro: não aplicável, largura: 225, material: óxido alumínio, tipo: lixa massa, tipo grão: 100, espessura: não aplicável","UN",1.3,800.0,1040.0]
["111/2026","Aprovada",null,"SEINFRA - Tintas e componentes para pintura predial","BENS",153052.0,"2026-01-02","2026-07-02",181.0,"SEINFRA - SECRETARIA DE INFRAESTRUTURA","784/2025","Médio",6.0,"2026-06-01","Material",5350.0,"Materiais abrasivos",585.0,"Lixa",213815.0,"apresentação: folha, comprimento: 275, diâmetro: não aplicável, largura: 225, material: óxido alumínio, tipo: lixa massa, tipo grão: 100, espessura: não aplicável","UN",1.35,600.0,810.0]
["111/2026","Aprovada",null,"SEINFRA - Tintas e componentes para pintura predial","BENS",153052.0,"2026-01-02","2026-07-02",181.0,"SEINFRA - SECRETARIA DE INFRAESTRUTURA","784/2025","Médio",7.0,"2026-06-01","Material",5350.0,"Materiais abrasivos",585.0,"Lixa",213815.0,"apresentação: folha, comprimento: 275, diâmetro: não aplicável, largura: 225, material: óxido alumínio, tipo: lixa massa, tipo grão: 100, espessura: não aplicável","UN",1.2,400.0,480.0]
["111/2026","Aprovada",null,"SEINFRA - Tintas e componentes para pintura predial","BENS",153052.0,"2026-01-02","2026-07-02",181.0,"SEINFRA - SECRETARIA DE INFRAESTRUTURA","784/2025","Médio",8.0,"2026-06-01","Material",5350.0,"Materiais abrasivos",585.0,"Lixa",397070.0,"aplicação: automotivo, material: papel, tipo: lixa d'água, tipo grão: 80","UN",1.5,800.0,1200.0]
["111/2026","Aprovada",null,"SEINFRA - Tintas e componentes para pintura predial","BENS",153052.0,"2026-01-02","2026-07-02",181.0,"SEINFRA - SECRETARIA DE INFRAESTRUTURA","784/2025","Médio",9.0,"2026-06-01","Material",5350.0,"Materiais abrasivos",585.0,"Lixa",329586.0,"apresentação: folha, comprimento: 275, largura: 225, material: papel, tipo: lixa madeira, tipo grão: 100","UN",2.2,500.0,1100.0]
["111/2026","Aprovada",null,"SEINFRA - Tintas e componentes para pintura predial","BENS",153052.0,"2026-01-02","2026-07-02",181.0,"SEINFRA - SECRETARIA DE INFRAESTRUTURA","784/2025","Médio",10.0,"2026-06-01","Material",5350.0,"Materiais abrasivos",585.0,"Lixa",290512.0,"comprimento: 275, largura: 225, material: papel, tipo: lixa madeira, tipo grão: 160","UN",2.1,200.0,420.0]
["111/2026","Aprovada",null,"SEINFRA - Tintas e componentes para pintura predial","BENS",153052.0,"2026-01-02","2026-07-02",181.0,"SEINFRA - SECRETARIA DE INFRAESTRUTURA","784/2025","Médio",11.0,"2026-06-01","Material",5350.0,"Materiais abrasivos",585.0,"Lixa",297157.0,"apresentação: folha, material: papel, tipo: lixa massa, tipo grão: 280","UN",2.1,100.0,210.0]
["111/2026","Aprovada",null,"SEINFRA - Tintas e componentes para pintura predial","BENS",153052.0,"2026-01-02","2026-07-02",181.0,"SEINFRA - SECRETARIA DE INFRAESTRUTURA","784/2025","Médio",15.0,"2026-06-01","Material",8010.0,"Tintas, vernizes e produtos correlatos",1480.0,"Corante Tinta",223236.0,"aspecto físico: líquido, cor: verde, tipo uso: tinta látex/pva/acrílica/base água/argamassa/cera","UN",4.73,40.0,189.2]
["111/2026","Aprovada",null,"SEINFRA - Tintas e componentes para pintura predial","BENS",153052.0,"2026-01-02","2026-07-02",181.0,"SEINFRA - SECRETARIA DE INFRAESTRUTURA","784/2025","Médio",16.0,"2026-06-01","Material",8010.0,"Tintas, vernizes e produtos correlatos",1480.0,"Corante Tinta",375308.0,"aspecto físico: líquido, cor: violeta, tipo uso: tinta látex/pva/acrílica/base água/argamassa/cera","UN",4.73,30.0,141.9]
["111/2026","Aprovada",null,"SEINFRA - Tintas e componentes para pintura predial","BENS",153052.0,"2026-01-02","2026-07-02",181.0,"SEINFRA - SECRETARIA DE INFRAESTRUTURA","784/2025","Médio",17.0,"2026-06-01","Material",8010.0,"Tintas, vernizes e produtos correlatos",1480.0,"Corante Tinta",223238.0,"aspecto físico: líquido, cor: preta, tipo uso: tinta látex/pva/acrílica/base água/argamassa/cera","UN",4.73,300.0,1419.0]
["111/2026","Aprovada",null,"SEINFRA - Tintas e componentes para pintura predial","BENS",153052.0,"2026-01-02","2026-07-02",181.0,"SEINFRA - SECRETARIA DE INFRAESTRUTURA","784/2025","Médio",18.0,"2026-06-01","Material",8010.0,"Tintas, vernizes e produtos correlatos",1480.0,"Corante Tinta",223234.0,"aspecto físico: líquido, cor: azul, tipo uso: tinta látex/pva/acrílica/base água/argamassa/cera","UN",4.73,200.0,946.0]
["111/2026","Aprovada",null,"SEINFRA - Tintas e componentes para pintura predial","BENS",153052.0,"2026-01-02","2026-07-02",181.0,"SEINFRA - SECRETARIA DE INFRAESTRUTURA","784/2025","Médio",19.0,"2026-06-01","Material",8010.0,"Tintas, vernizes e produtos correlatos",1480.0,"Corante Tinta",223234.0,"aspecto físico: líquido, cor: azul, tipo uso: tinta látex/pva/acrílica/base água/argamassa/cera","UN",4.73,150.0,709.5]
["111/2026","Aprovada",null,"SEINFRA - Tintas e componentes para pintura predial","BENS",153052.0,"2026-01-02","2026-07-02",181.0,"SEINFRA - SECRETARIA DE INFRAESTRUTURA","784/2025","Médio",20.0,"2026-06-01","Material",8010.0,"Tintas, vernizes e produtos correlatos",1480.0,"Corante Tinta",223240.0,"aspecto físico: líquido, cor: amarela, tipo uso: tinta látex/pva/acrílica/base água/argamassa/cera","UN",4.73,200.0,946.0]
["111/2026","Aprovada",null,"SEINFRA - Tintas e componentes para pintura predial","BENS",153052.0,"2026-01-02","2026-07-02",181.0,"SEINFRA - SECRETARIA DE INFRAESTRUTURA","784/2025","Médio",21.0,"2026-06-01","Material",8010.0,"Tintas, vernizes e produtos correlatos",1480.0,"Corante Tinta",224039.0,"aplicação: colorir tintas láxter/acrílica e base d'água, aspecto físico: líquido, componentes: pigmentos/dispersantes/conservantes e água, cor: marrom, tipo uso: tinta látex/pva/acrílica/base água/argamassa/cera, rendimento: 1","UN",4.73,200.0,946.0]
["111/2026","Aprovada",null,"SEINFRA - Tintas e componentes para pintura predial","BENS",153052.0,"2026-01-02","2026-07-02",181.0,"SEINFRA - SECRETARIA DE INFRAESTRUTURA","784/2025","Médio",22.0,"2026-06-01","Material",8010.0,"Tintas, vernizes e produtos correlatos",1480.0,"Corante Tinta",223242.0,"aspecto físico: líquido, cor: vermelha, tipo uso: tinta látex/pva/acrílica/base água/argamassa/cera","UN",4.73,100.0,473.0]
["111/2026","Aprovada",null,"SEINFRA - Tintas e componentes para pintura predial","BENS",153052.0,"2026-01-02","2026-07-02",181.0,"SEINFRA - SECRETARIA DE INFRAESTRUTURA","784/2025","Médio",23.0,"2026-06-01","Material",9505.0,"Arames de ferro e de aço, não utilizáveis em eletricidade",2969.0,"Arame Galvanizado",396480.0,"cor: verde, diâmetro fio: 1,65, material: metal, revestimento: pvc, tipo: nº 16","UN",290.0,14.0,4060.0]
["111/2026","Aprovada",null,"SEINFRA - Tintas e componentes para pintura predial","BENS",153052.0,"2026-01-02","2026-07-02",181.0,"SEINFRA - SECRETARIA DE INFRAESTRUTURA","784/2025","Médio",24.0,"2026-06-01","Material",5365.0,"Anéis, buchas e espaçadores",634.0,"Bucha Parafuso",318018.0,"material: plástico, tamanho: s-6","UN",30.0,30.0,900.0]
["111/2026","Aprovada",null,"SEINFRA - Tintas e componentes para pintura predial","BENS",153052.0,"2026-01-02","2026-07-02",181.0,"SEINFRA - SECRETARIA DE INFRAESTRUTURA","784/2025","Médio",26.0,"2026-06-01","Material",5330.0,"Gaxetas e outros materiais para vedação",602.0,"Junta Fita Vedação",425672.0,"aplicação: placa de gesso e cimentícia, largura: 45, material: fibra vidro","UN",27.9,30.0,837.0]
["111/2026","Aprovada",null,"SEINFRA - Tintas e componentes para pintura predial","BENS",153052.0,"2026-01-02","2026-07-02",181.0,"SEINFRA - SECRETARIA DE INFRAESTRUTURA","784/2025","Médio",27.0,"2026-06-01","Material",5680.0,"Materiais diversos para construção",7990.0,"Gesso",604867.0,"aplicação: construção civil, aspecto físico: pó, cor: branco, origem: mineral, tipo: gesso cola","UN",35.0,70.0,2450.0]
["111/2026","Aprovada",null,"SEINFRA - Tintas e componentes para pintura predial","BENS",153052.0,"2026-01-02","2026-07-02",181.0,"SEINFRA - SECRETARIA DE INFRAESTRUTURA","784/2025","Médio",29.0,"2026-06-01","Material",9520.0,"Perfis estruturais de ferro e aço",10656.0,"Perfilado Aço",462353.0,"aplicação: parede divisória tipo drywall, comprimento barra: 3, espessura chapa: 0,50, formato: h, largura: 47, tipo: perfil","UN",17.9,80.0,1432.0]
["111/2026","Aprovada",null,"SEINFRA - Tintas e componentes para pintura predial","BENS",153052.0,"2026-01-02","2026-07-02",181.0,"SEINFRA - SECRETARIA DE INFRAESTRUTURA","784/2025","Médio",30.0,"2026-06-01","Material",9520.0,"Perfis estruturais de ferro e aço",10656.0,"Perfilado Aço",462355.0,"aplicação: parede divisória tipo drywall, comprimento barra: 3, espessura chapa: 0,50, formato: u, largura: 48, tipo: perfil guia","UN",35.0,80.0,2800.0]
["111/2026","Aprovada",null,"SEINFRA - Tintas e componentes para pintura predial","BENS",153052.0,"2026-01-02","2026-07-02",181.0,"SEINFRA - SECRETARIA DE INFRAESTRUTURA","784/2025","Médio",31.0,"2026-06-01","Material",9520.0,"Perfis estruturais de ferro e aço",10656.0,"Perfilado Aço",462354.0,"aplicação: parede divisória tipo drywall, comprimento barra: 3, espessura chapa: 0,50, formato: u, largura: 70, tipo: perfil guia","UN",26.9,40.0,1076.0]
["111/2026","Aprovada",null,"SEINFRA - Tintas e componentes para pintura predial","BENS",153052.0,"2026-01-02","2026-07-02",181.0,"SEINFRA - SECRETARIA DE INFRAESTRUTURA","784/2025","Médio",32.0,"2026-06-01","Material",7230.0,"TAPEÇARIAS, CORTINAS E PERSIANAS",759.0,"FORRO GESSO",351167.0,"APLICAÇÃO: FORRO, APRESENTAÇÃO: PLACA LISA, COMPRIMENTO: 60, ESPESSURA: 12, LARGURA: 60, MATERIAL: SULFATO DE CÁLCIO","UN",17.0,30.0,510.0]
["111/2026","Aprovada",null,"SEINFRA - Tintas e componentes para pintura predial","BENS",153052.0,"2026-01-02","2026-07-02",181.0,"SEINFRA - SECRETARIA DE INFRAESTRUTURA","784/2025","Médio",33.0,"2026-06-01","Material",5640.0,"Painel de papelão,papel empregado em construção e materiais de isolamento térmico",7991.0,"Placa De Gesso Acartonado",483471.0,"aplicação: forro remóvivel, comprimento: 2,400, espessura: 12,5, largura: 1,200","UN",65.0,140.0,9100.0]
["111/2026","Aprovada",null,"SEINFRA - Tintas e componentes para pintura predial","BENS",153052.0,"2026-01-02","2026-07-02",181.0,"SEINFRA - SECRETARIA DE INFRAESTRUTURA","784/2025","Médio",34.0,"2026-06-01","Material",4020.0,"Cabos de fibra, cordoalhas e barbantes",3324.0,"Barbante",451744.0,"cor: natural, diâmetro: 3, material: sisal","KG",25.0,40.0,1000.0]
["111/2026","Aprovada",null,"SEINFRA - Tintas e componentes para pintura predial","BENS",153052.0,"2026-01-02","2026-07-02",181.0,"SEINFRA - SECRETARIA DE INFRAESTRUTURA","784/2025","Médio",35.0,"2026-06-01","Material",9520.0,"Perfis estruturais de ferro e aço",10650.0,"Perfil Metal Ferroso",483478.0,"características adicionais: tabica aberta, formato seção: z, largura: 40, material: aço galvanizado","UN",19.99,300.0,5997.0]
["111/2026","Aprovada",null,"SEINFRA - Tintas e componentes para pintura predial","BENS",153052.0,"2026-01-02","2026-07-02",181.0,"SEINFRA - SECRETARIA DE INFRAESTRUTURA","784/2025","Médio",36.0,"2026-06-01","Material",4010.0,"Correntes e cabos de aço",12783.0,"Tirante",611184.0,"aplicação: emblistadora n921, material: aço, tipo: haste tensora","UN",1.9,300.0,570.0]
["111/2026","Aprovada",null,"SEINFRA - Tintas e componentes para pintura predial","BENS",153052.0,"2026-01-02","2026-07-02",181.0,"SEINFRA - SECRETARIA DE INFRAESTRUTURA","784/2025","Médio",37.0,"2026-06-01","Material",8020.0,"Pincel para artistas e pintores",4034.0,"Cabo Rolo De Pintura",610996.0,"material: alumínio, tamanho: 3, tipo: telescópico","UN",45.0,30.0,1350.0]
["111/2026","Aprovada",null,"SEINFRA - Tintas e componentes para pintura predial","BENS",153052.0,"2026-01-02","2026-07-02",181.0,"SEINFRA - SECRETARIA DE INFRAESTRUTURA","784/2025","Médio",38.0,"2026-06-01","Material",8020.0,"Pincel para artistas e pintores",4034.0,"Cabo Rolo De Pintura",610997.0,"material: alumínio, tamanho: 5, tipo: telescópico","UN",145.0,25.0,3625.0]
["111/2026","Aprovada",null,"SEINFRA - Tintas e componentes para pintura predial","BENS",153052.0,"2026-01-02","2026-07-02",181.0,"SEINFRA - SECRETARIA DE INFRAESTRUTURA","784/2025","Médio",39.0,"2026-06-01","Material",5120.0,"Ferramentas manuais sem corte, não acionadas  por  força  motriz",6084.0,"Desempenadeira Manual",448856.0,"aplicação: serviços de obras, características adicionais: lisa, comprimento: 29, largura: 12, material: aço","UN",35.0,40.0,1400.0]
["111/2026","Aprovada",null,"SEINFRA - Tintas e componentes para pintura predial","BENS",153052.0,"2026-01-02","2026-07-02",181.0,"SEINFRA - SECRETARIA DE INFRAESTRUTURA","784/2025","Médio",40.0,"2026-06-01","Material",5120.0,"Ferramentas manuais sem corte, não acionadas  por  força  motriz",6084.0,"Desempenadeira Manual",485348.0,"comprimento: 25, largura: 16, material: madeira","UN",165.0,11.0,1815.0]
["111/2026","Aprovada",null,"SEINFRA - Tintas e componentes para pintura predial","BENS",153052.0,"2026-01-02","2026-07-02",181.0,"SEINFRA - SECRETARIA DE INFRAESTRUTURA","784/2025","Médio",41.0,"2026-06-01","Material",7340.0,"Cutelaria e talheres",14036.0,"Espátula",431340.0,"comprimento: 6, comprimento cabo: 5, cor: laranja, largura: 3 1/2, material: aço inoxidável, material cabo: polipropileno","UN",18.0,50.0,900.0]
["111/2026","Aprovada",null,"SEINFRA - Tintas e componentes para pintura predial","BENS",153052.0,"2026-01-02","2026-07-02",181.0,"SEINFRA - SECRETARIA DE INFRAESTRUTURA","784/2025","Médio",42.0,"2026-06-01","Material",5120.0,"Ferramentas manuais sem corte, não acionadas  por  força  motriz",1569.0,"Espátula",449205.0,"aplicação: massa e raspagem, material cabo: plástico, material lâmina: aço galvanizado, comprimento: 130, largura: 12","UN",20.0,40.0,800.0]
["111/2026","Aprovada",null,"SEINFRA - Tintas e componentes para pintura predial","BENS",153052.0,"2026-01-02","2026-07-02",181.0,"SEINFRA - SECRETARIA DE INFRAESTRUTURA","784/2025","Médio",43.0,"2026-06-01","Material",7360.0,"Jogos, conjuntos  e  equipamentos para preparar e servir alimentos",7160.0,"Espátula",328792.0,"aplicação: servir patê, comprimento: 15, comprimento cabo: 9, material: aço inoxidável, material cabo: polipropileno","UN",10.0,50.0,500.0]
["111/2026","Aprovada",null,"SEINFRA - Tintas e componentes para pintura predial","BENS",153052.0,"2026-01-02","2026-07-02",181.0,"SEINFRA - SECRETARIA DE INFRAESTRUTURA","784/2025","Médio",44.0,"2026-06-01","Material",7920.0,"Vassouras, escovas, rodos, esponjas e esfregões",10319.0,"Palha Aço",241726.0,"abrasividade: alta, aplicação: limpeza em geral, material: aço carbono","UN",2.41,400.0,964.0]
["111/2026","Aprovada",null,"SEINFRA - Tintas e componentes para pintura predial","BENS",153052.0,"2026-01-02","2026-07-02",181.0,"SEINFRA - SECRETARIA DE INFRAESTRUTURA","784/2025","Médio",45.0,"2026-06-01","Material",8020.0,"Pincel para artistas e pintores",1572.0,"Rolo Pintura Predial",320067.0,"características adicionais: altura da lã 25 mm, comprimento: 23, material: lã de carneiro, material tubo: plástico, aplicação: superfície lisa/látex e acrílica, material cabo: plástico resistente","UN",29.0,300.0,8700.0]
["111/2026","Aprovada",null,"SEINFRA - Tintas e componentes para pintura predial","BENS",153052.0,"2026-01-02","2026-07-02",181.0,"SEINFRA - SECRETARIA DE INFRAESTRUTURA","784/2025","Médio",46.0,"2026-06-01","Material",8020.0,"Pincel para artistas e pintores",1572.0,"Rolo Pintura Predial",229043.0,"comprimento: 15, material: espuma, material tubo: não aplicável, aplicação: não aplicável","UN",8.78,200.0,1756.0]
["111/2026","Aprovada",null,"SEINFRA - Tintas e componentes para pintura predial","BENS",153052.0,"2026-01-02","2026-07-02",181.0,"SEINFRA - SECRETARIA DE INFRAESTRUTURA","784/2025","Médio",47.0,"2026-06-01","Material",8020.0,"Pincel para artistas e pintores",1572.0,"Rolo Pintura Predial",233931.0,"características adicionais: com cabo, comprimento: 9, material: espuma poliéster, aplicação: parede / madeira / estrutura metálica","UN",3.56,300.0,1068.0]
["111/2026","Aprovada",null,"SEINFRA - Tintas e componentes para pintura predial","BENS",153052.0,"2026-01-02","2026-07-02",181.0,"SEINFRA - SECRETARIA DE INFRAESTRUTURA","784/2025","Médio",48.0,"2026-06-01","Material",8020.0,"Pincel para artistas e pintores",1572.0,"Rolo Pintura Predial",229114.0,"características adicionais: com suporte, comprimento: 15, material: esponja sintética, material tubo: não aplicável, aplicação: superfície lisa/rugosa/acrílica e látex, material cabo: plástico resistente","UN",16.6,200.0,3320.0]
["111/2026","Aprovada",null,"SEINFRA - Tintas e componentes para pintura predial","BENS",153052.0,"2026-01-02","2026-07-02",181.0,"SEINFRA - SECRETARIA DE INFRAESTRUTURA","784/2025","Médio",49.0,"2026-06-01","Material",8020.0,"Pincel para artistas e pintores",1572.0,"Rolo Pintura Predial",229113.0,"características adicionais: com suporte, comprimento: 9, material: esponja sintética, material tubo: não aplicável, aplicação: superfície lisa/rugosa/acrílica e látex, material cabo: plástico resistente","UN",11.89,300.0,3567.0]
["111/2026","Aprovada",null,"SEINFRA - Tintas e componentes para pintura predial","BENS",153052.0,"2026-01-02","2026-07-02",181.0,"SEINFRA - SECRETARIA DE INFRAESTRUTURA","784/2025","Médio",50.0,"2026-06-01","Material",8020.0,"Pincel para artistas e pintores",1572.0,"Rolo Pintura Predial",243420.0,"características adicionais: com cabo, comprimento: 10, material: espuma poliéster, aplicação: parede / madeira / estrutura metálica","UN",23.0,40.0,920.0]
["111/2026","Aprovada",null,"SEINFRA - Tintas e componentes para pintura predial","BENS",153052.0,"2026-01-02","2026-07-02",181.0,"SEINFRA - SECRETARIA DE INFRAESTRUTURA","784/2025","Médio",51.0,"2026-06-01","Material",8020.0,"Pincel para artistas e pintores",1572.0,"Rolo Pintura Predial",318808.0,"comprimento: 23, material: náilon","UN",33.0,60.0,1980.0]
["111/2026","Aprovada",null,"SEINFRA - Tintas e componentes para pintura predial","BENS",153052.0,"2026-01-02","2026-07-02",181.0,"SEINFRA - SECRETARIA DE INFRAESTRUTURA","784/2025","Médio",52.0,"2026-06-01","Material",8020.0,"Pincel para artistas e pintores",1572.0,"Rolo Pintura Predial",242432.0,"características adicionais: com cabo, comprimento: 5, material: espuma poliéster, material tubo: plástico, material cabo: plástico resistente","UN",16.0,40.0,640.0]
["111/2026","Aprovada",null,"SEINFRA - Tintas e componentes para pintura predial","BENS",153052.0,"2026-01-02","2026-07-02",181.0,"SEINFRA - SECRETARIA DE INFRAESTRUTURA","784/2025","Médio",53.0,"2026-06-01","Material",5110.0,"Ferramentas manuais de corte, não acionadas por força motriz",821.0,"Serrote Profissional",483220.0,"material cabo: plástico, material lâmina: aço alto carbono, quantidade dentes: 9 por polegada, tamanho: 6, tipo: travado, tratamento superficial: temperado e lixado","UN",25.0,25.0,625.0]
["111/2026","Aprovada",null,"SEINFRA - Tintas e componentes para pintura predial","BENS",153052.0,"2026-01-02","2026-07-02",181.0,"SEINFRA - SECRETARIA DE INFRAESTRUTURA","784/2025","Médio",54.0,"2026-06-01","Material",8020.0,"Pincel para artistas e pintores",1572.0,"Rolo Pintura Predial",358300.0,"características adicionais: com cabo gaiola/garfo aço galvanizado, comprimento: 23, material: lã de carneiro","UN",10.5,150.0,1575.0]
["111/2026","Aprovada",null,"SEINFRA - Tintas e componentes para pintura predial","BENS",153052.0,"2026-01-02","2026-07-02",181.0,"SEINFRA - SECRETARIA DE INFRAESTRUTURA","784/2025","Médio",55.0,"2026-06-01","Material",8020.0,"Pincel para artistas e pintores",1573.0,"Trincha",467559.0,"material cabo: plástico, material cerdas: sintética, tamanho: 2","UN",16.5,150.0,2475.0]
["111/2026","Aprovada",null,"SEINFRA - Tintas e componentes para pintura predial","BENS",153052.0,"2026-01-02","2026-07-02",181.0,"SEINFRA - SECRETARIA DE INFRAESTRUTURA","784/2025","Médio",56.0,"2026-06-01","Material",8020.0,"Pincel para artistas e pintores",1573.0,"Trincha",250992.0,"material cabo: madeira laqueada, material cerdas: gris dupla, tamanho: 1, tipo cabo: anatômico","UN",16.0,100.0,1600.0]
["111/2026","Aprovada",null,"SEINFRA - Tintas e componentes para pintura predial","BENS",153052.0,"2026-01-02","2026-07-02",181.0,"SEINFRA - SECRETARIA DE INFRAESTRUTURA","784/2025","Médio",57.0,"2026-06-01","Material",8020.0,"Pincel para artistas e pintores",1573.0,"Trincha",376146.0,"material cabo: madeira laqueada, material cerdas: gris dupla, tamanho: 1/2, tipo cabo: anatômico","UN",13.0,100.0,1300.0]
["111/2026","Aprovada",null,"SEINFRA - Tintas e componentes para pintura predial","BENS",153052.0,"2026-01-02","2026-07-02",181.0,"SEINFRA - SECRETARIA DE INFRAESTRUTURA","784/2025","Médio",58.0,"2026-06-01","Material",8020.0,"Pincel para artistas e pintores",1573.0,"Trincha",239398.0,"material cabo: madeira envernizada, material cerdas: gris dupla, tamanho: 2, tipo cabo: anatômico","UN",16.6,200.0,3320.0]
["111/2026","Aprovada",null,"SEINFRA - Tintas e componentes para pintura predial","BENS",153052.0,"2026-01-02","2026-07-02",181.0,"SEINFRA - SECRETARIA DE INFRAESTRUTURA","784/2025","Médio",59.0,"2026-06-01","Material",8020.0,"Pincel para artistas e pintores",1572.0,"Rolo Pintura Predial",231857.0,"altura: 10, material: lã de carneiro, material tubo: plástico, aplicação: superfície lisa/rugosa/acrílica e látex","UN",12.0,200.0,2400.0]
["111/2026","Aprovada",null,"SEINFRA - Tintas e componentes para pintura predial","BENS",153052.0,"2026-01-02","2026-07-02",181.0,"SEINFRA - SECRETARIA DE INFRAESTRUTURA","784/2025","Médio",60.0,"2026-06-01","Material",8010.0,"Tintas, vernizes e produtos correlatos",1508.0,"Massa Corrida",311036.0,"composição básica: emulsão vinílica, cargas minerais, hidrocarbonetos, solubilidade: água, aplicação: reformas em geral","UN",78.0,150.0,11700.0]
["111/2026","Aprovada",null,"SEINFRA - Tintas e componentes para pintura predial","BENS",153052.0,"2026-01-02","2026-07-02",181.0,"SEINFRA - SECRETARIA DE INFRAESTRUTURA","784/2025","Médio",61.0,"2026-06-01","Material",8010.0,"Tintas, vernizes e produtos correlatos",1508.0,"Massa Corrida",223504.0,"composição básica: pva - policloreto de vinila, solubilidade: água, tempo secagem: 3, método aplicação: com espátula e desempenadeira, aplicação: imperfeição superfície interna para pintura","UN",60.0,300.0,18000.0]
["111/2026","Aprovada",null,"SEINFRA - Tintas e componentes para pintura predial","BENS",153052.0,"2026-01-02","2026-07-02",181.0,"SEINFRA - SECRETARIA DE INFRAESTRUTURA","784/2025","Médio",62.0,"2026-06-01","Material",6850.0,"Especialidades químicas diversas",4697.0,"Catalisador",464805.0,"aplicação: tinta esmalte sintético, aspecto físico: líquido, características adicionais: secagem rápida, cor: incolor","UN",30.0,350.0,10500.0]
["111/2026","Aprovada",null,"SEINFRA - Tintas e componentes para pintura predial","BENS",153052.0,"2026-01-02","2026-07-02",181.0,"SEINFRA - SECRETARIA DE INFRAESTRUTURA","784/2025","Médio",63.0,"2026-06-01","Material",8010.0,"Tintas, vernizes e produtos correlatos",1469.0,"Aguarrás",429924.0,"aplicação: solvente de tinta, características adicionais: origem mineral, sem benzeno, álcool ou querozene, composição: 100% destilado de petróleo","UN",92.64,350.0,32424.0]
["111/2026","Aprovada",null,"SEINFRA - Tintas e componentes para pintura predial","BENS",153052.0,"2026-01-02","2026-07-02",181.0,"SEINFRA - SECRETARIA DE INFRAESTRUTURA","784/2025","Médio",64.0,"2026-06-01","Material",7920.0,"Vassouras, escovas, rodos, esponjas e esfregões",7174.0,"Estopa",243579.0,"cor: branca, material: fio algodão, aplicação: polimento e limpeza especial","UN",20.0,400.0,8000.0]
["111/2026","Aprovada",null,"SEINFRA - Tintas e componentes para pintura predial","BENS",153052.0,"2026-01-02","2026-07-02",181.0,"SEINFRA - SECRETARIA DE INFRAESTRUTURA","784/2025","Médio",65.0,"2026-06-01","Material",8010.0,"Tintas, vernizes e produtos correlatos",6210.0,"Diluente Tinta",266776.0,"aspecto físico: líquido, composição: xileno, álcool etílico, acetato de butila, cor: incolor, aplicação: dissolvente tintas e limpeza superfícies","UN",66.0,350.0,23100.0]
["111/2026","Aprovada",null,"SEINFRA - Tintas e componentes para pintura predial","BENS",153052.0,"2026-01-02","2026-07-02",181.0,"SEINFRA - SECRETARIA DE INFRAESTRUTURA","784/2025","Médio",66.0,"2026-06-01","Material",6850.0,"Especialidades químicas diversas",12065.0,"Silicone",419705.0,"apresentação: líquido límpido, incolor, composição química: polidimetilsiloxano, referência fabril: cas 70131-67-8, tipo: terminado em hidroxila (oh)","UN",384.9,100.0,38490.0]
["111/2026","Aprovada",null,"SEINFRA - Tintas e componentes para pintura predial","BENS",153052.0,"2026-01-02","2026-07-02",181.0,"SEINFRA - SECRETARIA DE INFRAESTRUTURA","784/2025","Médio",67.0,"2026-06-01","Material",8010.0,"Tintas, vernizes e produtos correlatos",1501.0,"Tinta Acrílica",349930.0,"aspecto físico: líquido viscoso, componentes: resina acrílica elastomérica, cor: branca, tipo acabamento: acetinado","UN",420.0,400.0,168000.0]
["111/2026","Aprovada",null,"SEINFRA - Tintas e componentes para pintura predial","BENS",153052.0,"2026-01-02","2026-07-02",181.0,"SEINFRA - SECRETARIA DE INFRAESTRUTURA","784/2025","Médio",68.0,"2026-06-01","Material",8010.0,"Tintas, vernizes e produtos correlatos",1501.0,"Tinta Acrílica",349930.0,"aspecto físico: líquido viscoso, componentes: resina acrílica elastomérica, cor: branca, tipo acabamento: acetinado","UN",420.0,50.0,21000.0]
["111/2026","Aprovada",null,"SEINFRA - Tintas e componentes para pintura predial","BENS",153052.0,"2026-01-02","2026-07-02",181.0,"SEINFRA - SECRETARIA DE INFRAESTRUTURA","784/2025","Médio",69.0,"2026-06-01","Material",8010.0,"Tintas, vernizes e produtos correlatos",1501.0,"Tinta Acrílica",350862.0,"aspecto físico: líquido viscoso, características adicionais: rendimento 30 1 40 m2 gl/lt, componentes: água, resina acrílica, pigmentos orgânicos e inor-, cor: branco gelo, tipo acabamento: fosco","UN",350.0,300.0,105000.0]
["111/2026","Aprovada",null,"SEINFRA - Tintas e componentes para pintura predial","BENS",153052.0,"2026-01-02","2026-07-02",181.0,"SEINFRA - SECRETARIA DE INFRAESTRUTURA","784/2025","Médio",70.0,"2026-06-01","Material",8010.0,"Tintas, vernizes e produtos correlatos",12745.0,"Tinta Pintura Predial",226409.0,"aspecto físico: líquido, composição básica: água e emulsão acrílica, cor: branco neve, tipo acabamento: fosco, diluente indicado: água potável, método aplicação: rolo e pincel, superfície aplicação: repintura, aplicação: externa","LT",350.0,400.0,140000.0]
["111/2026","Aprovada",null,"SEINFRA - Tintas e componentes para pintura predial","BENS",153052.0,"2026-01-02","2026-07-02",181.0,"SEINFRA - SECRETARIA DE INFRAESTRUTURA","784/2025","Médio",71.0,"2026-06-01","Material",8010.0,"Tintas, vernizes e produtos correlatos",12733.0,"Tinta Base Água",293547.0,"aspecto físico: líquido, composição básica: água e emulsão acrílica, cor: amarelo ouro, tipo acabamento: fosco, aplicação: interna e externa, superfície aplicação: piso, método aplicação: rolo / pincel","LT",210.0,50.0,10500.0]
["111/2026","Aprovada",null,"SEINFRA - Tintas e componentes para pintura predial","BENS",153052.0,"2026-01-02","2026-07-02",181.0,"SEINFRA - SECRETARIA DE INFRAESTRUTURA","784/2025","Médio",72.0,"2026-06-01","Material",8010.0,"Tintas, vernizes e produtos correlatos",1501.0,"Tinta Acrílica",307480.0,"aspecto físico: líquido viscoso, características adicionais: rendimento 25 a 35 m2 por demão/pintura externa/in, componentes: resina a base de dispersão aquosa de copolímero,, cor: concreto, tipo acabamento: fosco, prazo validade: 24, aplicação: pisos em geral, método aplicação: rolo/pincel e pistola","LT",210.0,80.0,16800.0]
["111/2026","Aprovada",null,"SEINFRA - Tintas e componentes para pintura predial","BENS",153052.0,"2026-01-02","2026-07-02",181.0,"SEINFRA - SECRETARIA DE INFRAESTRUTURA","784/2025","Médio",73.0,"2026-06-01","Material",8010.0,"Tintas, vernizes e produtos correlatos",1501.0,"Tinta Acrílica",236142.0,"aspecto físico: líquido viscoso colorido, componentes: água/resina acrílica/pigmentos orgânicos e inorgân, cor: grafite, prazo validade: 36, aplicação: pisos em geral","LT",210.0,60.0,12600.0]
["111/2026","Aprovada",null,"SEINFRA - Tintas e componentes para pintura predial","BENS",153052.0,"2026-01-02","2026-07-02",181.0,"SEINFRA - SECRETARIA DE INFRAESTRUTURA","784/2025","Médio",74.0,"2026-06-01","Material",8010.0,"Tintas, vernizes e produtos correlatos",1501.0,"Tinta Acrílica",281803.0,"aspecto físico: líquido viscoso colorido, componentes: tinta acrílica, água, resina acrílica, pigmentos, cor: cinza chumbo, prazo validade: 36, aplicação: pisos em geral","GL",210.0,80.0,16800.0]
["111/2026","Aprovada",null,"SEINFRA - Tintas e componentes para pintura predial","BENS",153052.0,"2026-01-02","2026-07-02",181.0,"SEINFRA - SECRETARIA DE INFRAESTRUTURA","784/2025","Médio",75.0,"2026-06-01","Material",8010.0,"Tintas, vernizes e produtos correlatos",1509.0,"Selador",605690.0,"aplicação: adesão de primers em superfícies plástica, aspecto físico: líquido, composição: resinas, hidrocarbonetos aromáticos e aditivos esp, método aplicação: catálise e / ou diluição, tipo: selador para plástico","GL",363.96,30.0,10918.8]
["111/2026","Aprovada",null,"SEINFRA - Tintas e componentes para pintura predial","BENS",153052.0,"2026-01-02","2026-07-02",181.0,"SEINFRA - SECRETARIA DE INFRAESTRUTURA","784/2025","Médio",76.0,"2026-06-01","Material",8010.0,"Tintas, vernizes e produtos correlatos",1501.0,"Tinta Acrílica",239585.0,"aspecto físico: líquido viscoso colorido, componentes: água/resina acrílica/pigmentos orgânicos e inorgân, cor: amarela, prazo validade: 36, aplicação: pisos em geral","GL",150.0,40.0,6000.0]
["111/2026","Aprovada",null,"SEINFRA - Tintas e componentes para pintura predial","BENS",153052.0,"2026-01-02","2026-07-02",181.0,"SEINFRA - SECRETARIA DE INFRAESTRUTURA","784/2025","Médio",77.0,"2026-06-01","Material",8010.0,"Tintas, vernizes e produtos correlatos",1501.0,"Tinta Acrílica",262306.0,"aspecto físico: líquido viscoso, componentes: água/resina acrílica/pigmentos orgânicos e inorgân, cor: branca, prazo validade: 36, aplicação: pisos em geral","GL",150.0,30.0,4500.0]
["111/2026","Aprovada",null,"SEINFRA - Tintas e componentes para pintura predial","BENS",153052.0,"2026-01-02","2026-07-02",181.0,"SEINFRA - SECRETARIA DE INFRAESTRUTURA","784/2025","Médio",78.0,"2026-06-01","Material",8010.0,"Tintas, vernizes e produtos correlatos",1501.0,"Tinta Acrílica",235810.0,"aspecto físico: líquido viscoso colorido, componentes: água/resina acrílica/pigmentos orgânicos e inorgân, cor: preta, prazo validade: 36, aplicação: pisos em geral","GL",150.0,30.0,4500.0]
["111/2026","Aprovada",null,"SEINFRA - Tintas e componentes para pintura predial","BENS",153052.0,"2026-01-02","2026-07-02",181.0,"SEINFRA - SECRETARIA DE INFRAESTRUTURA","784/2025","Médio",79.0,"2026-06-01","Material",8010.0,"Tintas, vernizes e produtos correlatos",1501.0,"Tinta Acrílica",235811.0,"aspecto físico: líquido viscoso colorido, componentes: água/resina acrílica/pigmentos orgânicos e inorgân, cor: vermelha, prazo validade: 36, aplicação: pisos em geral","GL",150.0,30.0,4500.0]
["111/2026","Aprovada",null,"SEINFRA - Tintas e componentes para pintura predial","BENS",153052.0,"2026-01-02","2026-07-02",181.0,"SEINFRA - SECRETARIA DE INFRAESTRUTURA","784/2025","Médio",80.0,"2026-06-01","Material",8010.0,"Tintas, vernizes e produtos correlatos",13399.0,"Verniz",340068.0,"acabamento: brilhante, aplicação: pistola em superfície metálica, características adicionais: secagem rápida, cor: incolor","GL",109.0,50.0,5450.0]
["111/2026","Aprovada",null,"SEINFRA - Tintas e componentes para pintura predial","BENS",153052.0,"2026-01-02","2026-07-02",181.0,"SEINFRA - SECRETARIA DE INFRAESTRUTURA","784/2025","Médio",81.0,"2026-06-01","Material",8010.0,"Tintas, vernizes e produtos correlatos",1501.0,"Tinta Acrílica",453736.0,"aspecto físico: líquido viscoso, componentes: resina a base de dispersão aquosa de copolímero,, cor: branco gelo, tipo acabamento: semi-brilho","LT",451.0,300.0,135300.0]
["111/2026","Aprovada",null,"SEINFRA - Tintas e componentes para pintura predial","BENS",153052.0,"2026-01-02","2026-07-02",181.0,"SEINFRA - SECRETARIA DE INFRAESTRUTURA","784/2025","Médio",82.0,"2026-06-01","Material",8010.0,"Tintas, vernizes e produtos correlatos",1501.0,"Tinta Acrílica",253839.0,"aspecto físico: líquido viscoso, componentes: emulsão acrílica modificada, pigmentos ativos e, cor: branco neve, tipo acabamento: semi-brilho, prazo validade: 24, rendimento: 40 a 45, aplicação: superfícies lisas, concreto, gesso, amianto, rebo-","LT",451.0,200.0,90200.0]
["111/2026","Aprovada",null,"SEINFRA - Tintas e componentes para pintura predial","BENS",153052.0,"2026-01-02","2026-07-02",181.0,"SEINFRA - SECRETARIA DE INFRAESTRUTURA","784/2025","Médio",83.0,"2026-06-01","Material",8010.0,"Tintas, vernizes e produtos correlatos",12749.0,"Tinta Industrial",352293.0,"aplicação: interna e externa, cor: amarelo ouro, superfície aplicação: piso / parede / azulejo, tipo: epoxi-resina, tipo acabamento: brilhante","GL",240.0,30.0,7200.0]
["111/2026","Aprovada",null,"SEINFRA - Tintas e componentes para pintura predial","BENS",153052.0,"2026-01-02","2026-07-02",181.0,"SEINFRA - SECRETARIA DE INFRAESTRUTURA","784/2025","Médio",84.0,"2026-06-01","Material",8010.0,"Tintas, vernizes e produtos correlatos",1501.0,"Tinta Acrílica",453735.0,"aspecto físico: líquido viscoso, componentes: resina a base de dispersão aquosa de copolímero,, cor: azul moderno, tipo acabamento: semi-brilho","GL",240.0,30.0,7200.0]
["111/2026","Aprovada",null,"SEINFRA - Tintas e componentes para pintura predial","BENS",153052.0,"2026-01-02","2026-07-02",181.0,"SEINFRA - SECRETARIA DE INFRAESTRUTURA","784/2025","Médio",85.0,"2026-06-01","Material",8010.0,"TINTAS, VERNIZES E PRODUTOS CORRELATOS",1501.0,"TINTA ACRÍLICA",453735.0,"ASPECTO FÍSICO: LÍQUIDO VISCOSO, COMPONENTES: RESINA A BASE DE DISPERSÃO AQUOSA DE COPOLÍMERO,, COR: AZUL MODERNO, TIPO ACABAMENTO: SEMI-BRILHO","GL",240.0,25.0,6000.0]
["111/2026","Aprovada",null,"SEINFRA - Tintas e componentes para pintura predial","BENS",153052.0,"2026-01-02","2026-07-02",181.0,"SEINFRA - SECRETARIA DE INFRAESTRUTURA","784/2025","Médio",86.0,"2026-06-01","Material",8010.0,"TINTAS, VERNIZES E PRODUTOS CORRELATOS",12749.0,"TINTA INDUSTRIAL",616754.0,"APLICAÇÃO: INTERNA E EXTERNA, APRESENTAÇÃO: BICOMPONENTE, CARACTERÍSTICAS ADICIONAIS: CATALISÁVEL, COR: BRANCO, SUPERFÍCIE APLICAÇÃO: PISO / PAREDE / AZULEJO, TIPO: EPÓXI, TIPO ACABAMENTO: BRILHANTE","GL",99.0,90.0,8910.0]
["111/2026","Aprovada",null,"SEINFRA - Tintas e componentes para pintura predial","BENS",153052.0,"2026-01-02","2026-07-02",181.0,"SEINFRA - SECRETARIA DE INFRAESTRUTURA","784/2025","Médio",87.0,"2026-06-01","Material",8010.0,"Tintas, vernizes e produtos correlatos",12746.0,"Tinta Esmalte",313459.0,"características adicionais: bicomponente, cor: alúminio, material: tinta à base de resinas alquídicas/pigmentos, tipo acabamento: brilhante, tipo: sintética","GL",120.0,90.0,10800.0]
["111/2026","Aprovada",null,"SEINFRA - Tintas e componentes para pintura predial","BENS",153052.0,"2026-01-02","2026-07-02",181.0,"SEINFRA - SECRETARIA DE INFRAESTRUTURA","784/2025","Médio",88.0,"2026-06-01","Material",8010.0,"Tintas, vernizes e produtos correlatos",12737.0,"Tinta Demarcação Sinalização",242293.0,"aplicação: pintura de asfalto e sinalização de rodovias, base: esmalte sintético, características adicionais: resistente à abrasão e intempéries, cor: amarela, método aplicação: rolo, pincel e pistola, tipo: brilhante","GL",120.0,150.0,18000.0]
["111/2026","Aprovada",null,"SEINFRA - Tintas e componentes para pintura predial","BENS",153052.0,"2026-01-02","2026-07-02",181.0,"SEINFRA - SECRETARIA DE INFRAESTRUTURA","784/2025","Médio",89.0,"2026-06-01","Material",8010.0,"Tintas, vernizes e produtos correlatos",12746.0,"Tinta Esmalte",292445.0,"cor: marrom conhaque, tipo acabamento: sintético, superfície aplicação: metal, método aplicação: rolo e pincel","GL",100.0,20.0,2000.0]
["111/2026","Aprovada",null,"SEINFRA - Tintas e componentes para pintura predial","BENS",153052.0,"2026-01-02","2026-07-02",181.0,"SEINFRA - SECRETARIA DE INFRAESTRUTURA","784/2025","Médio",90.0,"2026-06-01","Material",8010.0,"Tintas, vernizes e produtos correlatos",12746.0,"Tinta Esmalte",226205.0,"aplicação: interna e externa, cor: marfim, tipo acabamento: brilhante, superfície aplicação: alvenaria, diluente indicado: aguarrás, método aplicação: rolo/pincel e pistola","GL",100.0,70.0,7000.0]
["111/2026","Aprovada",null,"SEINFRA - Tintas e componentes para pintura predial","BENS",153052.0,"2026-01-02","2026-07-02",181.0,"SEINFRA - SECRETARIA DE INFRAESTRUTURA","784/2025","Médio",91.0,"2026-06-01","Material",8010.0,"Tintas, vernizes e produtos correlatos",12746.0,"Tinta Esmalte",313467.0,"cor: platina brilhante, tipo acabamento: sintético","GL",110.0,150.0,16500.0]
["111/2026","Aprovada",null,"SEINFRA - Tintas e componentes para pintura predial","BENS",153052.0,"2026-01-02","2026-07-02",181.0,"SEINFRA - SECRETARIA DE INFRAESTRUTURA","784/2025","Médio",92.0,"2026-06-01","Material",8010.0,"Tintas, vernizes e produtos correlatos",12737.0,"Tinta Demarcação Sinalização",242292.0,"aplicação: pintura de asfalto e sinalização de rodovias, base: esmalte sintético, características adicionais: resistente à abrasão e intempéries, cor: branca, método aplicação: rolo, pincel e pistola, tipo: brilhante","GL",120.0,160.0,19200.0]
["111/2026","Aprovada",null,"SEINFRA - Tintas e componentes para pintura predial","BENS",153052.0,"2026-01-02","2026-07-02",181.0,"SEINFRA - SECRETARIA DE INFRAESTRUTURA","784/2025","Médio",93.0,"2026-06-01","Material",8010.0,"Tintas, vernizes e produtos correlatos",12746.0,"Tinta Esmalte",229199.0,"aplicação: interna e externa, cor: verde folha, tipo acabamento: brilhante, superfície aplicação: metal e madeira, diluente indicado: aguarrás, método aplicação: rolo/pincel e pistola","GL",110.0,150.0,16500.0]
["111/2026","Aprovada",null,"SEINFRA - Tintas e componentes para pintura predial","BENS",153052.0,"2026-01-02","2026-07-02",181.0,"SEINFRA - SECRETARIA DE INFRAESTRUTURA","784/2025","Médio",94.0,"2026-06-01","Material",8010.0,"TINTAS, VERNIZES E PRODUTOS CORRELATOS",12746.0,"TINTA ESMALTE",337000.0,"CARACTERÍSTICAS ADICIONAIS: TIPO SINTÉTICO, COR: AREIA, MATERIAL: A BASE DE SILICONE, TIPO ACABAMENTO: BRILHANTE","GL",100.0,60.0,6000.0]
["111/2026","Aprovada",null,"SEINFRA - Tintas e componentes para pintura predial","BENS",153052.0,"2026-01-02","2026-07-02",181.0,"SEINFRA - SECRETARIA DE INFRAESTRUTURA","784/2025","Médio",95.0,"2026-06-01","Material",8010.0,"Tintas, vernizes e produtos correlatos",12746.0,"Tinta Esmalte",337001.0,"características adicionais: tipo sintético, cor: branco gelo, material: a base de silicone, tipo acabamento: brilhante","GL",110.0,90.0,9900.0]
["111/2026","Aprovada",null,"SEINFRA - Tintas e componentes para pintura predial","BENS",153052.0,"2026-01-02","2026-07-02",181.0,"SEINFRA - SECRETARIA DE INFRAESTRUTURA","784/2025","Médio",96.0,"2026-06-01","Material",8010.0,"Tintas, vernizes e produtos correlatos",12746.0,"Tinta Esmalte",291611.0,"cor: branco neve, tipo acabamento: sintético, superfície aplicação: metal, madeira e alvenaria, método aplicação: rolo/pincel e pistola","GL",110.0,90.0,9900.0]
["111/2026","Aprovada",null,"SEINFRA - Tintas e componentes para pintura predial","BENS",153052.0,"2026-01-02","2026-07-02",181.0,"SEINFRA - SECRETARIA DE INFRAESTRUTURA","784/2025","Médio",97.0,"2026-06-01","Material",8010.0,"Tintas, vernizes e produtos correlatos",12746.0,"Tinta Esmalte",234809.0,"aplicação: superfícies madeira e metal/interiores/exteriores., cor: camurça, material: tinta à base de resinas alquídicas/pigmentos, rendimento: 40 a 50 m2/gl/demão, tipo acabamento: alto brilho, diluente indicado: aguarrás, método aplicação: rolo/pincel e pistola, prazo armazenagem: 36","GL",110.0,30.0,3300.0]
["111/2026","Aprovada",null,"SEINFRA - Tintas e componentes para pintura predial","BENS",153052.0,"2026-01-02","2026-07-02",181.0,"SEINFRA - SECRETARIA DE INFRAESTRUTURA","784/2025","Médio",98.0,"2026-06-01","Material",8010.0,"Tintas, vernizes e produtos correlatos",12746.0,"Tinta Esmalte",252400.0,"aplicação: interna, cor: cinza médio, tipo acabamento: brilhante, superfície aplicação: metal, diluente indicado: aguarrás, método aplicação: pistola","GL",110.0,60.0,6600.0]
["111/2026","Aprovada",null,"SEINFRA - Tintas e componentes para pintura predial","BENS",153052.0,"2026-01-02","2026-07-02",181.0,"SEINFRA - SECRETARIA DE INFRAESTRUTURA","784/2025","Médio",99.0,"2026-06-01","Material",8010.0,"Tintas, vernizes e produtos correlatos",12746.0,"Tinta Esmalte",286250.0,"aplicação: superficíes madeira, metal e interiores, características adicionais: bi-componente epóxi, cor: branco gelo, material: tinta a base de resinas epóxi, rendimento: 41 m2/gl/demão, tipo acabamento: fosco, diluente indicado: diluente para epóxi, método aplicação: rolo/pincel e pistola, prazo armazenagem: 36","GL",100.0,70.0,7000.0]
["111/2026","Aprovada",null,"SEINFRA - Tintas e componentes para pintura predial","BENS",153052.0,"2026-01-02","2026-07-02",181.0,"SEINFRA - SECRETARIA DE INFRAESTRUTURA","784/2025","Médio",100.0,"2026-06-01","Material",8010.0,"Tintas, vernizes e produtos correlatos",12746.0,"Tinta Esmalte",291611.0,"cor: branco neve, tipo acabamento: sintético, superfície aplicação: metal, madeira e alvenaria, método aplicação: rolo/pincel e pistola","GL",110.0,60.0,6600.0]
["111/2026","Aprovada",null,"SEINFRA - Tintas e componentes para pintura predial","BENS",153052.0,"2026-01-02","2026-07-02",181.0,"SEINFRA - SECRETARIA DE INFRAESTRUTURA","784/2025","Médio",101.0,"2026-06-01","Material",8010.0,"Tintas, vernizes e produtos correlatos",12746.0,"Tinta Esmalte",339903.0,"características adicionais: tipo sintético, cor: preta, tipo acabamento: fosco","GL",110.0,80.0,8800.0]
["111/2026","Aprovada",null,"SEINFRA - Tintas e componentes para pintura predial","BENS",153052.0,"2026-01-02","2026-07-02",181.0,"SEINFRA - SECRETARIA DE INFRAESTRUTURA","784/2025","Médio",102.0,"2026-06-01","Material",8010.0,"Tintas, vernizes e produtos correlatos",11979.0,"Selador / Fundo Preparador",226898.0,"acabamento: envernizado, aplicação: superfícies internas da madeira., composição: à base de nitrocelulose, cor: incolor, finalidade: melhora rendimento e qualidade acabamento  verniz,","GL",105.0,10.0,1050.0]
["111/2026","Aprovada",null,"SEINFRA - Tintas e componentes para pintura predial","BENS",153052.0,"2026-01-02","2026-07-02",181.0,"SEINFRA - SECRETARIA DE INFRAESTRUTURA","784/2025","Médio",103.0,"2026-06-01","Material",8010.0,"Tintas, vernizes e produtos correlatos",16338.0,"Revestimento Textura",306897.0,"aplicação: interna e externa, características adicionais: resina acrílica, cor: branco gelo, método aplicação: desempenadeira aço e rolo, superfície aplicação: alvenaria, tipo acabamento: textura","LT",149.0,200.0,29800.0]
["111/2026","Aprovada",null,"SEINFRA - Tintas e componentes para pintura predial","BENS",153052.0,"2026-01-02","2026-07-02",181.0,"SEINFRA - SECRETARIA DE INFRAESTRUTURA","784/2025","Médio",104.0,"2026-06-01","Material",8010.0,"Tintas, vernizes e produtos correlatos",16338.0,"Revestimento Textura",322364.0,"aplicação: interna e externa, características adicionais: resina a base de dispersão aquosa de copolímero,, cor: bege palha, método aplicação: desempenadeira aço e rolo, superfície aplicação: alvenaria, tipo: acrílica, tipo acabamento: textura","LT",149.0,70.0,10430.0]
["111/2026","Aprovada",null,"SEINFRA - Tintas e componentes para pintura predial","BENS",153052.0,"2026-01-02","2026-07-02",181.0,"SEINFRA - SECRETARIA DE INFRAESTRUTURA","784/2025","Médio",105.0,"2026-06-01","Material",8010.0,"Tintas, vernizes e produtos correlatos",12746.0,"Tinta Esmalte",407857.0,"aplicação: uso geral: interior e exterior, aspecto físico: líquido e viscoso, características adicionais: spray, cor: vermelha, material: resina acrílica, tipo acabamento: metálico","LT",14.9,100.0,1490.0]
["111/2026","Aprovada",null,"SEINFRA - Tintas e componentes para pintura predial","BENS",153052.0,"2026-01-02","2026-07-02",181.0,"SEINFRA - SECRETARIA DE INFRAESTRUTURA","784/2025","Médio",106.0,"2026-06-01","Material",8010.0,"Tintas, vernizes e produtos correlatos",12746.0,"Tinta Esmalte",481739.0,"aplicação: interna e externa, aspecto físico: líquido e viscoso, características adicionais: spray, cor: alúminio, tipo acabamento: sintético","LT",14.9,100.0,1490.0]
["111/2026","Aprovada",null,"SEINFRA - Tintas e componentes para pintura predial","BENS",153052.0,"2026-01-02","2026-07-02",181.0,"SEINFRA - SECRETARIA DE INFRAESTRUTURA","784/2025","Médio",107.0,"2026-06-01","Material",8010.0,"Tintas, vernizes e produtos correlatos",12735.0,"Tinta Artística",326449.0,"aplicação: metal, apresentação: spray, características adicionais: acetona com pigmentos metálicos, jato direto, composição: a base de resina acrílica, cor: preto fosco, tipo: secagem rápida","FR",14.9,150.0,2235.0]
["111/2026","Aprovada",null,"SEINFRA - Tintas e componentes para pintura predial","BENS",153052.0,"2026-01-02","2026-07-02",181.0,"SEINFRA - SECRETARIA DE INFRAESTRUTURA","784/2025","Médio",108.0,"2026-06-01","Material",8010.0,"Tintas, vernizes e produtos correlatos",12735.0,"Tinta Artística",603437.0,"aplicação: ambientes internos e externos, apresentação: spray, características adicionais: densidade - 0,625, ponto fulgor: menor que - 30°c, composição: composição: resina acrílica, solventes alifáticos,, cor: amarelo ouro, tipo acabamento: brilhante","FR",14.9,100.0,1490.0]
["111/2026","Aprovada",null,"SEINFRA - Tintas e componentes para pintura predial","BENS",153052.0,"2026-01-02","2026-07-02",181.0,"SEINFRA - SECRETARIA DE INFRAESTRUTURA","784/2025","Médio",109.0,"2026-06-01","Material",8010.0,"Tintas, vernizes e produtos correlatos",12735.0,"Tinta Artística",603437.0,"aplicação: ambientes internos e externos, apresentação: spray, características adicionais: densidade - 0,625, ponto fulgor: menor que - 30°c, composição: composição: resina acrílica, solventes alifáticos,, cor: amarelo ouro, tipo acabamento: brilhante","FR",18.9,150.0,2835.0]
["111/2026","Aprovada",null,"SEINFRA - Tintas e componentes para pintura predial","BENS",153052.0,"2026-01-02","2026-07-02",181.0,"SEINFRA - SECRETARIA DE INFRAESTRUTURA","784/2025","Médio",110.0,"2026-06-01","Material",8010.0,"Tintas, vernizes e produtos correlatos",12735.0,"Tinta Artística",237489.0,"aplicação: artesanatos, roupas/tecidos, arranjos flores secas, composição: a base de resina acrílica, cor: azul, tipo: glitter, tipo acabamento: translúcido","FR",14.9,100.0,1490.0]
["111/2026","Aprovada",null,"SEINFRA - Tintas e componentes para pintura predial","BENS",153052.0,"2026-01-02","2026-07-02",181.0,"SEINFRA - SECRETARIA DE INFRAESTRUTURA","784/2025","Médio",111.0,"2026-06-01","Material",8010.0,"Tintas, vernizes e produtos correlatos",12735.0,"Tinta Artística",326440.0,"aplicação: metal, apresentação: spray, características adicionais: acetona com pigmentos metálicos, jato direto, composição: a base de resina acrílica, cor: branca, tipo: secagem rápida","FR",14.9,100.0,1490.0]
["111/2026","Aprovada",null,"SEINFRA - Tintas e componentes para pintura predial","BENS",153052.0,"2026-01-02","2026-07-02",181.0,"SEINFRA - SECRETARIA DE INFRAESTRUTURA","784/2025","Médio",112.0,"2026-06-01","Material",8010.0,"Tintas, vernizes e produtos correlatos",12735.0,"Tinta Artística",326450.0,"aplicação: metal, apresentação: spray, características adicionais: acetona com pigmentos metálicos, jato direto, composição: a base de resina acrílica, cor: cinza, tipo: secagem rápida","FR",14.9,100.0,1490.0]
["111/2026","Aprovada",null,"SEINFRA - Tintas e componentes para pintura predial","BENS",153052.0,"2026-01-02","2026-07-02",181.0,"SEINFRA - SECRETARIA DE INFRAESTRUTURA","784/2025","Médio",113.0,"2026-06-01","Material",8010.0,"Tintas, vernizes e produtos correlatos",12735.0,"Tinta Artística",303610.0,"aplicação: artesanatos, roupas/tecidos, arranjos flores secas, apresentação: spray, composição: a base de resina acrílica, cor: verde, tipo: glitter, tipo acabamento: translúcido","FR",14.9,100.0,1490.0]
["111/2026","Aprovada",null,"SEINFRA - Tintas e componentes para pintura predial","BENS",153052.0,"2026-01-02","2026-07-02",181.0,"SEINFRA - SECRETARIA DE INFRAESTRUTURA","784/2025","Médio",114.0,"2026-06-01","Material",8010.0,"Tintas, vernizes e produtos correlatos",1502.0,"Zarcão",389532.0,"cor: laranja, tempo secagem: rápida","GL",50.0,80.0,4000.0]
["111/2026","Aprovada",null,"SEINFRA - Tintas e componentes para pintura predial","BENS",153052.0,"2026-01-02","2026-07-02",181.0,"SEINFRA - SECRETARIA DE INFRAESTRUTURA","784/2025","Médio",115.0,"2026-06-01","Material",6850.0,"Especialidades químicas diversas",12210.0,"Solução",442121.0,"apresentação: líquido, composição: resinas emulfionadas, aditivos, complexantes orgân, tipo: convertedor de ferrugem","FR",40.0,40.0,1600.0]
["111/2026","Aprovada",null,"SEINFRA - Tintas e componentes para pintura predial","BENS",153052.0,"2026-01-02","2026-07-02",181.0,"SEINFRA - SECRETARIA DE INFRAESTRUTURA","784/2025","Médio",116.0,"2026-06-01","Material",8020.0,"Pincel para artistas e pintores",1572.0,"Rolo Pintura Predial",231857.0,"altura: 10, material: lã de carneiro, material tubo: plástico, aplicação: superfície lisa/rugosa/acrílica e látex","UN",10.0,50.0,500.0]
["111/2026","Aprovada",null,"SEINFRA - Tintas e componentes para pintura predial","BENS",153052.0,"2026-01-02","2026-07-02",181.0,"SEINFRA - SECRETARIA DE INFRAESTRUTURA","784/2025","Médio",117.0,"2026-06-01","Material",8010.0,"Tintas, vernizes e produtos correlatos",12737.0,"Tinta Demarcação Sinalização",262732.0,"aplicação: marcação faixas em piso, asfalto e sinalização, base: água, características adicionais: resistente à abrasão e intempéries, cor: branca, método aplicação: rolo, pincel e pistola","LT",335.0,40.0,13400.0]
["111/2026","Aprovada",null,"SEINFRA - Tintas e componentes para pintura predial","BENS",153052.0,"2026-01-02","2026-07-02",181.0,"SEINFRA - SECRETARIA DE INFRAESTRUTURA","784/2025","Médio",118.0,"2026-06-01","Material",8010.0,"Tintas, vernizes e produtos correlatos",12737.0,"Tinta Demarcação Sinalização",262732.0,"aplicação: marcação faixas em piso, asfalto e sinalização, base: água, características adicionais: resistente à abrasão e intempéries, cor: branca, método aplicação: rolo, pincel e pistola","LT",335.0,25.0,8375.0]
["111/2026","Aprovada",null,"SEINFRA - Tintas e componentes para pintura predial","BENS",153052.0,"2026-01-02","2026-07-02",181.0,"SEINFRA - SECRETARIA DE INFRAESTRUTURA","784/2025","Médio",119.0,"2026-06-01","Material",8010.0,"Tintas, vernizes e produtos correlatos",12737.0,"Tinta Demarcação Sinalização",262732.0,"aplicação: marcação faixas em piso, asfalto e sinalização, base: água, características adicionais: resistente à abrasão e intempéries, cor: branca, método aplicação: rolo, pincel e pistola","LT",500.0,20.0,10000.0]
["111/2026","Aprovada",null,"SEINFRA - Tintas e componentes para pintura predial","BENS",153052.0,"2026-01-02","2026-07-02",181.0,"SEINFRA - SECRETARIA DE INFRAESTRUTURA","784/2025","Médio",120.0,"2026-06-01","Material",8010.0,"Tintas, vernizes e produtos correlatos",12737.0,"Tinta Demarcação Sinalização",262732.0,"aplicação: marcação faixas em piso, asfalto e sinalização, base: água, características adicionais: resistente à abrasão e intempéries, cor: branca, método aplicação: rolo, pincel e pistola","LT",500.0,10.0,5000.0]
["111/2026","Aprovada",null,"SEINFRA - Tintas e componentes para pintura predial","BENS",153052.0,"2026-01-02","2026-07-02",181.0,"SEINFRA - SECRETARIA DE INFRAESTRUTURA","784/2025","Médio",121.0,"2026-06-01","Material",6310.0,"Sistema de sinalização de tráfego e trânsito",12078.0,"Microesfera De Vidro Para Refletorização",607602.0,"aplicação: sinalização viária, tipo: ii a, uso: misturada diretamente na tinta de sinalização","UN",166.0,10.0,1660.0]
["111/2026","Aprovada",null,"SEINFRA - Tintas e componentes para pintura predial","BENS",153052.0,"2026-01-02","2026-07-02",181.0,"SEINFRA - SECRETARIA DE INFRAESTRUTURA","784/2025","Médio",122.0,"2026-06-01","Material",4720.0,"Mangueiras e tubulações flexíveis",595.0,"Mangueira Ar",458445.0,"aplicação: compressor ar, comprimento: 50, diâmetro externo: 12, diâmetro interno: 9,5, material: borracha sintética","M",7.0,30.0,210.0]
["111/2026","Aprovada",null,"SEINFRA - Tintas e componentes para pintura predial","BENS",153052.0,"2026-01-02","2026-07-02",181.0,"SEINFRA - SECRETARIA DE INFRAESTRUTURA","784/2025","Médio",123.0,"2026-06-01","Material",5640.0,"Painel de papelão,papel empregado em construção e materiais de isolamento térmico",7991.0,"Placa De Gesso Acartonado",383810.0,"comprimento: 1,80, cor: branca, espessura: 1,25, largura: 1,20","UN",70.0,50.0,3500.0]
["112/2026","Aprovada",null,"SEINFRA E OUTROS -  Materiais hidráulicos para instalações prediais","BENS",153052.0,"2026-01-02","2026-07-02",181.0,"EECA - ESCOLA DE ENGENHARIA CIVIL E AMBIENTAL","305/2025","Alto",2.0,"2026-10-30","Material",5110.0,"Ferramentas manuais de corte, não acionadas por força motriz",628.0,"Talhadeira",342577.0,"acabamento superficial: pintado, aplicação: pedreiro, características adicionais: com apunhadura, comprimento total: 8, material: aço, peso: 0,90, tipo: chato","UN",49.84,4.0,199.36]
["112/2026","Aprovada",null,"SEINFRA E OUTROS -  Materiais hidráulicos para instalações prediais","BENS",153052.0,"2026-01-02","2026-07-02",181.0,"EECA - ESCOLA DE ENGENHARIA CIVIL E AMBIENTAL","305/2025","Alto",7.0,"2026-10-30","Material",5120.0,"Ferramentas manuais sem corte, não acionadas  por  força  motriz",599.0,"Colher Pedreiro",441609.0,"características adicionais: reta - inteiriça, material: aço carbono, material cabo: madeira envernizada, tamanho: 8","UN",13.6,13.0,176.8]
["112/2026","Aprovada",null,"SEINFRA E OUTROS -  Materiais hidráulicos para instalações prediais","BENS",153052.0,"2026-01-02","2026-07-02",181.0,"EECA - ESCOLA DE ENGENHARIA CIVIL E AMBIENTAL","305/2025","Alto",8.0,"2026-10-30","Material",5120.0,"Ferramentas manuais sem corte, não acionadas  por  força  motriz",13589.0,"Martelo",442123.0,"acabamento corpo: forjado, características adicionais: cabo 90 cm/olho oval de 70 x 45 mm/ peso 3,08 kg, material: aço carbono, material cabo: madeira, tamanho lâmina: 5, tipo: unha","UN",23.06,2.0,46.12]
["112/2026","Aprovada",null,"SEINFRA E OUTROS -  Materiais hidráulicos para instalações prediais","BENS",153052.0,"2026-01-02","2026-07-02",181.0,"EECA - ESCOLA DE ENGENHARIA CIVIL E AMBIENTAL","305/2025","Alto",9.0,"2026-10-30","Material",5110.0,"Ferramentas manuais de corte, não acionadas por força motriz",702.0,"Alicate Universal",445372.0,"comprimento: 8, material: aço cromo vanádio, material cabo: plástico, tipo cabo: isolado 1.ooo volts, tipo corte: lateral","UN",57.35,7.0,401.45]
["112/2026","Aprovada",null,"SEINFRA E OUTROS -  Materiais hidráulicos para instalações prediais","BENS",153052.0,"2026-01-02","2026-07-02",181.0,"EECA - ESCOLA DE ENGENHARIA CIVIL E AMBIENTAL","305/2025","Alto",10.0,"2026-10-30","Material",5120.0,"Ferramentas manuais sem corte, não acionadas  por  força  motriz",13589.0,"Martelo",466175.0,"características adicionais: cabo madeira, invernizado fixação resina epóxi., material: aço carbono, material cabo: madeira, tamanho: 34, tipo: unha","UN",30.0,2.0,60.0]
["112/2026","Aprovada",null,"SEINFRA E OUTROS -  Materiais hidráulicos para instalações prediais","BENS",153052.0,"2026-01-02","2026-07-02",181.0,"EECA - ESCOLA DE ENGENHARIA CIVIL E AMBIENTAL","305/2025","Alto",11.0,"2026-10-30","Material",5120.0,"Ferramentas manuais sem corte, não acionadas  por  força  motriz",14637.0,"Jogo Chave",601810.0,"acabamento superficial: niquelado, características adicionais: cada unidade se refere a um kit., componentes: 6 / 8 / 10 / 11 / 12 / 13/ 14/17 / 19 / 22 mm., material: aço cromo vanádio, quantidade peças: 10, tipo: chave combinada.","JG",125.0,4.0,500.0]
["112/2026","Aprovada",null,"SEINFRA E OUTROS -  Materiais hidráulicos para instalações prediais","BENS",153052.0,"2026-01-02","2026-07-02",181.0,"EECA - ESCOLA DE ENGENHARIA CIVIL E AMBIENTAL","305/2025","Alto",12.0,"2026-10-30","Material",5120.0,"Ferramentas manuais sem corte, não acionadas  por  força  motriz",14637.0,"Jogo Chave",602204.0,"acabamento superficial: cromado, aplicação: serviços gerais - oficina, componentes: 1.5 a 24 mm., material: aço cromo vanádio, tipo: allen","JG",172.0,2.0,344.0]
["112/2026","Aprovada",null,"SEINFRA E OUTROS -  Materiais hidráulicos para instalações prediais","BENS",153052.0,"2026-01-02","2026-07-02",181.0,"EECA - ESCOLA DE ENGENHARIA CIVIL E AMBIENTAL","305/2025","Alto",13.0,"2026-10-30","Material",5120.0,"Ferramentas manuais sem corte, não acionadas  por  força  motriz",13589.0,"Martelo",606034.0,"características adicionais: peso: 450 gramas, material: borracha, material cabo: fibra de vidro, tamanho: 60, tipo: borracha","UN",27.0,2.0,54.0]
["112/2026","Aprovada",null,"SEINFRA E OUTROS -  Materiais hidráulicos para instalações prediais","BENS",153052.0,"2026-01-02","2026-07-02",181.0,"EECA - ESCOLA DE ENGENHARIA CIVIL E AMBIENTAL","305/2025","Alto",14.0,"2026-10-30","Material",5120.0,"FERRAMENTAS MANUAIS SEM CORTE, NÃO ACIONADAS  POR  FORÇA  MOTRIZ",2311.0,"ALICATE DE PRESSÃO",606035.0,"APLICAÇÃO: USO GERAL, COMPRIMENTO: 250, MATERIAL: AÇO CROMO VANÁDIO, MORDENTE INFERIOR: RETO","UN",35.61,7.0,249.27]
["112/2026","Aprovada",null,"SEINFRA E OUTROS -  Materiais hidráulicos para instalações prediais","BENS",153052.0,"2026-01-02","2026-07-02",181.0,"EECA - ESCOLA DE ENGENHARIA CIVIL E AMBIENTAL","305/2025","Alto",15.0,"2026-10-30","Material",5120.0,"Ferramentas manuais sem corte, não acionadas  por  força  motriz",9390.0,"Marreta",610143.0,"características adicionais: forjado em peça inteiriça, material: aço, material cabo: nylon e vinil, tipo: oitavado","UN",65.0,2.0,130.0]
["112/2026","Aprovada",null,"SEINFRA E OUTROS -  Materiais hidráulicos para instalações prediais","BENS",153052.0,"2026-01-02","2026-07-02",181.0,"EECA - ESCOLA DE ENGENHARIA CIVIL E AMBIENTAL","305/2025","Alto",16.0,"2026-10-30","Material",5120.0,"Ferramentas manuais sem corte, não acionadas  por  força  motriz",9390.0,"Marreta",363623.0,"material: borracha, material cabo: madeira, peso: 1.000","UN",18.85,1.0,18.85]
["112/2026","Aprovada",null,"SEINFRA E OUTROS -  Materiais hidráulicos para instalações prediais","BENS",153052.0,"2026-01-02","2026-07-02",181.0,"EECA - ESCOLA DE ENGENHARIA CIVIL E AMBIENTAL","305/2025","Alto",17.0,"2026-10-30","Material",5110.0,"Ferramentas manuais de corte, não acionadas por força motriz",6595.0,"Enxada",438645.0,"comprimento cabo: 150, largura: 296, material: aço carbono, material cabo: madeira","UN",39.45,4.0,157.8]
["112/2026","Aprovada",null,"SEINFRA E OUTROS -  Materiais hidráulicos para instalações prediais","BENS",153052.0,"2026-01-02","2026-07-02",181.0,"EECA - ESCOLA DE ENGENHARIA CIVIL E AMBIENTAL","305/2025","Alto",18.0,"2026-10-30","Material",5120.0,"Ferramentas manuais sem corte, não acionadas  por  força  motriz",1569.0,"Espátula",441431.0,"características adicionais: pintura, material cabo: madeira, material lâmina: aço inoxidável, tamanho: 10","UN",9.16,5.0,45.8]
["112/2026","Aprovada",null,"SEINFRA E OUTROS -  Materiais hidráulicos para instalações prediais","BENS",153052.0,"2026-01-02","2026-07-02",181.0,"EECA - ESCOLA DE ENGENHARIA CIVIL E AMBIENTAL","305/2025","Alto",19.0,"2026-10-30","Material",5120.0,"Ferramentas manuais sem corte, não acionadas  por  força  motriz",10273.0,"Pá",483247.0,"aplicação: construção civil, comprimento cabo: 1,30, formato: de bico, material: aço, material cabo: madeira, tamanho: 270","UN",34.24,6.0,205.44]
["112/2026","Aprovada",null,"SEINFRA E OUTROS -  Materiais hidráulicos para instalações prediais","BENS",153052.0,"2026-01-02","2026-07-02",181.0,"FD - FACULDADE DE DIREITO","349/2025","Alto",1.0,"2026-04-30","Material",5120.0,"FERRAMENTAS MANUAIS SEM CORTE, NÃO ACIONADAS  POR  FORÇA  MOTRIZ",2313.0,"ALICATE PARA CLIMPAR",624151.0,"COMPRIMENTO: 150, MATERIAL: AÇO CROMO VANÁDIO, MATERIAL CABO: PLÁSTICO, TIPO CORTE: PUNCH DOWN INSERÇÃO FEMEA, USO: CONECTAR E CORTAR OS FIOS NOS MÓDULOS RJ11 E RJ45.","UN",70.0,2.0,140.0]
["112/2026","Aprovada",null,"SEINFRA E OUTROS -  Materiais hidráulicos para instalações prediais","BENS",153052.0,"2026-01-02","2026-07-02",181.0,"FD - FACULDADE DE DIREITO","349/2025","Alto",2.0,"2026-04-30","Material",5110.0,"Ferramentas Manuais De Corte, Não Acionadas Por Força Motriz",691.0,"Alicate Bico Meia Cana Reto Com Corte",470167.0,"comprimento: 152, material: forjado em aço cromo vanádio, material cabo: plástico, tipo corte: corte temperado por indução, tipo longo polido","UN",60.0,2.0,120.0]
["112/2026","Aprovada",null,"SEINFRA E OUTROS -  Materiais hidráulicos para instalações prediais","BENS",153052.0,"2026-01-02","2026-07-02",181.0,"FD - FACULDADE DE DIREITO","349/2025","Alto",3.0,"2026-04-30","Material",5140.0,"Caixas Para Ferramentas E Ferragens",601.0,"Maleta Ferramentas",607834.0,"altura: 18, características adicionais: com bandeja interna, comprimento: 44, largura: 23, material: plástico rígido, tipo caixa: maleta","UN",300.0,1.0,300.0]
["112/2026","Aprovada",null,"SEINFRA E OUTROS -  Materiais hidráulicos para instalações prediais","BENS",153052.0,"2026-01-02","2026-07-02",181.0,"FD - FACULDADE DE DIREITO","349/2025","Alto",6.0,"2026-04-30","Material",5130.0,"Ferramentas manuais acionadas por força motriz",7868.0,"Furadeira",607094.0,"acessórios: 1 bateria, carregador e maleta, características adicionais: com velocidade variável, tamanho mandril: 1/2, tensão alimentação: bivolt, tipo: furadeira e parafusadeira, velocidade: baixa: 0/460 rpm. alta 0/1800","UN",600.0,1.0,600.0]
["112/2026","Aprovada",null,"SEINFRA E OUTROS -  Materiais hidráulicos para instalações prediais","BENS",153052.0,"2026-01-02","2026-07-02",181.0,"EMC - ESCOLA DE ENGENHARIA ELÉTRICA MECÂNICA E DE COMPUTAÇÃO","328/2025","Baixo",35.0,"2026-06-01","Material",5120.0,"FERRAMENTAS MANUAIS SEM CORTE, NÃO ACIONADAS  POR  FORÇA  MOTRIZ",4881.0,"CHAVE FENDA",377218.0,"BITOLA: 1/8 X 10, CARACTERÍSTICAS ADICIONAIS: ISOLAÇÃO 1000V, COMPRIMENTO HASTE: 100, MATERIAL CABO: ELASTÔMERO, MATERIAL HASTE: CROMO VANÁDIO TEMPERADO, TIPO PONTA: CHATA","UN",30.9,5.0,154.5]
["112/2026","Aprovada",null,"SEINFRA E OUTROS -  Materiais hidráulicos para instalações prediais","BENS",153052.0,"2026-01-02","2026-07-02",181.0,"EMC - ESCOLA DE ENGENHARIA ELÉTRICA MECÂNICA E DE COMPUTAÇÃO","328/2025","Baixo",36.0,"2026-06-01","Material",5120.0,"FERRAMENTAS MANUAIS SEM CORTE, NÃO ACIONADAS  POR  FORÇA  MOTRIZ",4881.0,"CHAVE FENDA",377227.0,"BITOLA: 3/16 X 10, CARACTERÍSTICAS ADICIONAIS: ISOLAÇÃO 1000V, COMPRIMENTO HASTE: 100, MATERIAL CABO: ELASTÔMERO, MATERIAL HASTE: CROMO VANÁDIO TEMPERADO, TIPO PONTA: PHILIPS","UN",37.7,5.0,188.5]
["112/2026","Aprovada",null,"SEINFRA E OUTROS -  Materiais hidráulicos para instalações prediais","BENS",153052.0,"2026-01-02","2026-07-02",181.0,"EMC - ESCOLA DE ENGENHARIA ELÉTRICA MECÂNICA E DE COMPUTAÇÃO","328/2025","Baixo",37.0,"2026-06-01","Material",5120.0,"FERRAMENTAS MANUAIS SEM CORTE, NÃO ACIONADAS  POR  FORÇA  MOTRIZ",4881.0,"CHAVE FENDA",297808.0,"BITOLA: 4,5, COMPRIMENTO HASTE: 80, MATERIAL CABO: POLIPROPILENO, MATERIAL HASTE: AÇO CROMO VANÁDIO, TIPO PONTA: PHILIPS","UN",37.7,5.0,188.5]
["112/2026","Aprovada",null,"SEINFRA E OUTROS -  Materiais hidráulicos para instalações prediais","BENS",153052.0,"2026-01-02","2026-07-02",181.0,"EMC - ESCOLA DE ENGENHARIA ELÉTRICA MECÂNICA E DE COMPUTAÇÃO","328/2025","Baixo",38.0,"2026-06-01","Material",5120.0,"FERRAMENTAS MANUAIS SEM CORTE, NÃO ACIONADAS  POR  FORÇA  MOTRIZ",4881.0,"CHAVE FENDA",228262.0,"BITOLA: 5, CARACTERÍSTICAS ADICIONAIS: PONTA IMANTADA, COMPRIMENTO HASTE: 125, MATERIAL CABO: POLIPROPILENO, MATERIAL HASTE: CROMO VANÁDIO TEMPERADO, TIPO PONTA: CHATA","UN",66.0,5.0,330.0]
["112/2026","Aprovada",null,"SEINFRA E OUTROS -  Materiais hidráulicos para instalações prediais","BENS",153052.0,"2026-01-02","2026-07-02",181.0,"EMC - ESCOLA DE ENGENHARIA ELÉTRICA MECÂNICA E DE COMPUTAÇÃO","328/2025","Baixo",39.0,"2026-06-01","Material",5120.0,"FERRAMENTAS MANUAIS SEM CORTE, NÃO ACIONADAS  POR  FORÇA  MOTRIZ",4881.0,"CHAVE FENDA",228263.0,"BITOLA: 6, CARACTERÍSTICAS ADICIONAIS: PONTA IMANTADA, COMPRIMENTO HASTE: 150, MATERIAL CABO: POLIPROPILENO, MATERIAL HASTE: CROMO VANÁDIO TEMPERADO, TIPO PONTA: CHATA","UN",43.5,5.0,217.5]
["112/2026","Aprovada",null,"SEINFRA E OUTROS -  Materiais hidráulicos para instalações prediais","BENS",153052.0,"2026-01-02","2026-07-02",181.0,"EMC - ESCOLA DE ENGENHARIA ELÉTRICA MECÂNICA E DE COMPUTAÇÃO","328/2025","Baixo",40.0,"2026-06-01","Material",5120.0,"FERRAMENTAS MANUAIS SEM CORTE, NÃO ACIONADAS  POR  FORÇA  MOTRIZ",4881.0,"CHAVE FENDA",297808.0,"BITOLA: 4,5, COMPRIMENTO HASTE: 80, MATERIAL CABO: POLIPROPILENO, MATERIAL HASTE: AÇO CROMO VANÁDIO, TIPO PONTA: PHILIPS","UN",48.2,5.0,241.0]
["112/2026","Aprovada",null,"SEINFRA E OUTROS -  Materiais hidráulicos para instalações prediais","BENS",153052.0,"2026-01-02","2026-07-02",181.0,"EMC - ESCOLA DE ENGENHARIA ELÉTRICA MECÂNICA E DE COMPUTAÇÃO","328/2025","Baixo",41.0,"2026-06-01","Material",5120.0,"FERRAMENTAS MANUAIS SEM CORTE, NÃO ACIONADAS  POR  FORÇA  MOTRIZ",4881.0,"CHAVE FENDA",228266.0,"BITOLA: 5, CARACTERÍSTICAS ADICIONAIS: PONTA IMANTADA COM SUPORTE Y\", COMPRIMENTO HASTE: 100, MATERIAL CABO: POLIPROPILENO, MATERIAL HASTE: CROMO VANÁDIO TEMPERADO, TIPO PONTA: PHILIPS\"","UN",64.99,5.0,324.95]
["112/2026","Aprovada",null,"SEINFRA E OUTROS -  Materiais hidráulicos para instalações prediais","BENS",153052.0,"2026-01-02","2026-07-02",181.0,"EMC - ESCOLA DE ENGENHARIA ELÉTRICA MECÂNICA E DE COMPUTAÇÃO","328/2025","Baixo",42.0,"2026-06-01","Material",5110.0,"FERRAMENTAS MANUAIS DE CORTE, NÃO ACIONADAS POR FORÇA MOTRIZ",2305.0,"ALICATE BICO",405093.0,"ACABAMENTO SUPERFICIAL: FOSFATIZADO, APLICAÇÃO: REDE TELEFÔNICA, CARACTERÍSTICAS ADICIONAIS: TRATAMENTO TÉRMICO POR INDUÇÃO NO CORTE, COMPRIMENTO: 56, MATERIAL: AÇO CROMO VANÁDIO, TIPO: RETO, TIPO CABO: ISOLADO 1.000 VOLTS","UN",233.5,5.0,1167.5]
["112/2026","Aprovada",null,"SEINFRA E OUTROS -  Materiais hidráulicos para instalações prediais","BENS",153052.0,"2026-01-02","2026-07-02",181.0,"EMC - ESCOLA DE ENGENHARIA ELÉTRICA MECÂNICA E DE COMPUTAÇÃO","328/2025","Baixo",43.0,"2026-06-01","Material",5110.0,"FERRAMENTAS MANUAIS DE CORTE, NÃO ACIONADAS POR FORÇA MOTRIZ",702.0,"ALICATE UNIVERSAL",445372.0,"COMPRIMENTO: 8, MATERIAL: AÇO CROMO VANÁDIO, MATERIAL CABO: PLÁSTICO, TIPO CABO: ISOLADO 1.OOO VOLTS, TIPO CORTE: LATERAL","UN",202.0,5.0,1010.0]
["112/2026","Aprovada",null,"SEINFRA E OUTROS -  Materiais hidráulicos para instalações prediais","BENS",153052.0,"2026-01-02","2026-07-02",181.0,"EMC - ESCOLA DE ENGENHARIA ELÉTRICA MECÂNICA E DE COMPUTAÇÃO","328/2025","Baixo",44.0,"2026-06-01","Material",5110.0,"FERRAMENTAS MANUAIS DE CORTE, NÃO ACIONADAS POR FORÇA MOTRIZ",2308.0,"ALICATE DE CORTE",384228.0,"COMPRIMENTO: 8, MATERIAL: AÇO CROMO VANÁDIO, TIPO CABO: ISOLADO 1.OOO VOLTS, TIPO CORTE: LATERAL","UN",191.51,5.0,957.55]
["112/2026","Aprovada",null,"SEINFRA E OUTROS -  Materiais hidráulicos para instalações prediais","BENS",153052.0,"2026-01-02","2026-07-02",181.0,"SEINFRA - SECRETARIA DE INFRAESTRUTURA","738/2025","Médio",3.0,"2026-07-06","Material",5110.0,"Ferramentas manuais de corte, não acionadas por força motriz",2308.0,"Alicate De Corte",601900.0,"características adicionais: corte de cabos de cobre e aluminio até 240mm², comprimento: 275, material: aço, tipo corte: tesoura catraca","UN",200.0,4.0,800.0]
["112/2026","Aprovada",null,"SEINFRA E OUTROS -  Materiais hidráulicos para instalações prediais","BENS",153052.0,"2026-01-02","2026-07-02",181.0,"SEINFRA - SECRETARIA DE INFRAESTRUTURA","738/2025","Médio",4.0,"2026-07-06","Material",5120.0,"Ferramentas manuais sem corte, não acionadas  por  força  motriz",2313.0,"Alicate Para Climpar",458478.0,"características adicionais: crimpar terminais e luvas até 16mm2, material: aço cromo vanádio, material cabo: plástico, tipo corte: reto","UN",206.02,2.0,412.04]
["112/2026","Aprovada",null,"SEINFRA E OUTROS -  Materiais hidráulicos para instalações prediais","BENS",153052.0,"2026-01-02","2026-07-02",181.0,"SEINFRA - SECRETARIA DE INFRAESTRUTURA","738/2025","Médio",5.0,"2026-07-06","Material",5120.0,"Ferramentas manuais sem corte, não acionadas  por  força  motriz",2313.0,"Alicate Para Climpar",458478.0,"características adicionais: crimpar terminais e luvas até 16mm2, material: aço cromo vanádio, material cabo: plástico, tipo corte: reto","UN",23.77,10.0,237.7]
["112/2026","Aprovada",null,"SEINFRA E OUTROS -  Materiais hidráulicos para instalações prediais","BENS",153052.0,"2026-01-02","2026-07-02",181.0,"SEINFRA - SECRETARIA DE INFRAESTRUTURA","738/2025","Médio",6.0,"2026-07-06","Material",5110.0,"Ferramentas manuais de corte, não acionadas por força motriz",702.0,"Alicate Universal",402035.0,"características adicionais: cabeça e articulações lixadas, corpo fosfotizado, comprimento: 8, material: aço carbono forjado e temperado, material cabo: plástico, tipo cabo: isolado 1.ooo volts, tipo corte: reto","UN",129.9,2.0,259.8]
["112/2026","Aprovada",null,"SEINFRA E OUTROS -  Materiais hidráulicos para instalações prediais","BENS",153052.0,"2026-01-02","2026-07-02",181.0,"SEINFRA - SECRETARIA DE INFRAESTRUTURA","738/2025","Médio",7.0,"2026-07-06","Material",5110.0,"Ferramentas manuais de corte, não acionadas por força motriz",702.0,"Alicate Universal",445372.0,"comprimento: 8, material: aço cromo vanádio, material cabo: plástico, tipo cabo: isolado 1.ooo volts, tipo corte: lateral","UN",14.08,14.0,197.12]
["112/2026","Aprovada",null,"SEINFRA E OUTROS -  Materiais hidráulicos para instalações prediais","BENS",153052.0,"2026-01-02","2026-07-02",181.0,"SEINFRA - SECRETARIA DE INFRAESTRUTURA","738/2025","Médio",27.0,"2026-07-06","Material",5120.0,"Ferramentas manuais sem corte, não acionadas  por  força  motriz",4881.0,"Chave Fenda",307763.0,"acabamento superficial haste: cromado, bitola: 5/16 x 8\", comprimento haste: 120, material cabo: polipropileno, material haste: aço cromo vanádio, tipo ponta: chata\"","UN",10.0,14.0,140.0]
["112/2026","Aprovada",null,"SEINFRA E OUTROS -  Materiais hidráulicos para instalações prediais","BENS",153052.0,"2026-01-02","2026-07-02",181.0,"SEINFRA - SECRETARIA DE INFRAESTRUTURA","738/2025","Médio",28.0,"2026-07-06","Material",5120.0,"Ferramentas manuais sem corte, não acionadas  por  força  motriz",4881.0,"Chave Fenda",342878.0,"acabamento superficial haste: niquelado e cromado, bitola: 8, características adicionais: ponta fosfatizada, comprimento haste: 150, material cabo: polipropileno, material haste: aço cromo vanádio, tipo: manual, tipo ponta: chata","UN",31.5,14.0,441.0]
["112/2026","Aprovada",null,"SEINFRA E OUTROS -  Materiais hidráulicos para instalações prediais","BENS",153052.0,"2026-01-02","2026-07-02",181.0,"SEINFRA - SECRETARIA DE INFRAESTRUTURA","738/2025","Médio",29.0,"2026-07-06","Material",5120.0,"Ferramentas manuais sem corte, não acionadas  por  força  motriz",4881.0,"Chave Fenda",483508.0,"bitola: 1/4 x 8\", características adicionais: haste niquelada e cromada, material cabo: polipropileno, material haste: aço cromo vanádio, tipo ponta: philips\"","UN",10.19,14.0,142.66]
["112/2026","Aprovada",null,"SEINFRA E OUTROS -  Materiais hidráulicos para instalações prediais","BENS",153052.0,"2026-01-02","2026-07-02",181.0,"SEINFRA - SECRETARIA DE INFRAESTRUTURA","738/2025","Médio",30.0,"2026-07-06","Material",5120.0,"Ferramentas manuais sem corte, não acionadas  por  força  motriz",4881.0,"Chave Fenda",337128.0,"acabamento superficial haste: niquelado e cromado, bitola: 1/8, características adicionais: ponta fosfatizada, comprimento haste: 4, material cabo: polipropileno, material haste: aço cromo vanádio, tipo ponta: philips\"","UN",15.02,14.0,210.28]
["112/2026","Aprovada",null,"SEINFRA E OUTROS -  Materiais hidráulicos para instalações prediais","BENS",153052.0,"2026-01-02","2026-07-02",181.0,"SEINFRA - SECRETARIA DE INFRAESTRUTURA","738/2025","Médio",31.0,"2026-07-06","Material",5120.0,"Ferramentas manuais sem corte, não acionadas  por  força  motriz",4881.0,"Chave Fenda",360123.0,"acabamento superficial haste: niquelado e cromado, bitola: 3/16 x 4\", características adicionais: ponta fosfatizada, comprimento haste: 190, material cabo: polipropileno, material haste: aço vanádio 50crv4 / 73mov52, tipo ponta: cruzada\"","UN",17.65,14.0,247.1]
["112/2026","Aprovada",null,"SEINFRA E OUTROS -  Materiais hidráulicos para instalações prediais","BENS",153052.0,"2026-01-02","2026-07-02",181.0,"SEINFRA - SECRETARIA DE INFRAESTRUTURA","738/2025","Médio",32.0,"2026-07-06","Material",5120.0,"Ferramentas manuais sem corte, não acionadas  por  força  motriz",4881.0,"Chave Fenda",360123.0,"acabamento superficial haste: niquelado e cromado, bitola: 3/16 x 4\", características adicionais: ponta fosfatizada, comprimento haste: 190, material cabo: polipropileno, material haste: aço vanádio 50crv4 / 73mov52, tipo ponta: cruzada\"","UN",13.21,14.0,184.94]
["112/2026","Aprovada",null,"SEINFRA E OUTROS -  Materiais hidráulicos para instalações prediais","BENS",153052.0,"2026-01-02","2026-07-02",181.0,"SEINFRA - SECRETARIA DE INFRAESTRUTURA","738/2025","Médio",33.0,"2026-07-06","Material",5120.0,"Ferramentas manuais sem corte, não acionadas  por  força  motriz",4881.0,"Chave Fenda",360123.0,"acabamento superficial haste: niquelado e cromado, bitola: 3/16 x 4\", características adicionais: ponta fosfatizada, comprimento haste: 190, material cabo: polipropileno, material haste: aço vanádio 50crv4 / 73mov52, tipo ponta: cruzada\"","UN",17.93,14.0,251.02]
["112/2026","Aprovada",null,"SEINFRA E OUTROS -  Materiais hidráulicos para instalações prediais","BENS",153052.0,"2026-01-02","2026-07-02",181.0,"SEINFRA - SECRETARIA DE INFRAESTRUTURA","738/2025","Médio",34.0,"2026-07-06","Material",5120.0,"Ferramentas manuais sem corte, não acionadas  por  força  motriz",4881.0,"Chave Fenda",228262.0,"bitola: 5, características adicionais: ponta imantada, comprimento haste: 125, material cabo: polipropileno, material haste: cromo vanádio temperado, tipo ponta: chata","UN",21.71,14.0,303.94]
["112/2026","Aprovada",null,"SEINFRA E OUTROS -  Materiais hidráulicos para instalações prediais","BENS",153052.0,"2026-01-02","2026-07-02",181.0,"SEINFRA - SECRETARIA DE INFRAESTRUTURA","738/2025","Médio",35.0,"2026-07-06","Material",5120.0,"Ferramentas manuais sem corte, não acionadas  por  força  motriz",4881.0,"Chave Fenda",228263.0,"bitola: 6, características adicionais: ponta imantada, comprimento haste: 150, material cabo: polipropileno, material haste: cromo vanádio temperado, tipo ponta: chata","UN",22.6,14.0,316.4]
["112/2026","Aprovada",null,"SEINFRA E OUTROS -  Materiais hidráulicos para instalações prediais","BENS",153052.0,"2026-01-02","2026-07-02",181.0,"SEINFRA - SECRETARIA DE INFRAESTRUTURA","738/2025","Médio",100.0,"2026-07-06","Material",5120.0,"Ferramentas manuais sem corte, não acionadas  por  força  motriz",4890.0,"Chave Allen",602103.0,"características adicionais: longa, formato: hexagonal, material: aço din 17200-50crv4, medida referência: 10, tratamento superficial: fosfatizado","UN",249.36,6.0,1496.16]
["112/2026","Aprovada",null,"SEINFRA E OUTROS -  Materiais hidráulicos para instalações prediais","BENS",153052.0,"2026-01-02","2026-07-02",181.0,"SEINFRA - SECRETARIA DE INFRAESTRUTURA","738/2025","Médio",101.0,"2026-07-06","Material",5120.0,"Ferramentas manuais sem corte, não acionadas  por  força  motriz",4890.0,"Chave Allen",602105.0,"características adicionais: longa, formato: hexagonal, material: aço din 17200-50crv4, medida referência: 12, tratamento superficial: fosfatizado","UN",321.62,6.0,1929.72]
["112/2026","Aprovada",null,"SEINFRA E OUTROS -  Materiais hidráulicos para instalações prediais","BENS",153052.0,"2026-01-02","2026-07-02",181.0,"SEINFRA - SECRETARIA DE INFRAESTRUTURA","738/2025","Médio",102.0,"2026-07-06","Material",5120.0,"Ferramentas manuais sem corte, não acionadas  por  força  motriz",4890.0,"Chave Allen",602095.0,"características adicionais: longa, comprimento: 138, formato: hexagonal, material: aço din 17200-50crv4, medida referência: 4","UN",200.11,6.0,1200.66]
["112/2026","Aprovada",null,"SEINFRA E OUTROS -  Materiais hidráulicos para instalações prediais","BENS",153052.0,"2026-01-02","2026-07-02",181.0,"SEINFRA - SECRETARIA DE INFRAESTRUTURA","738/2025","Médio",103.0,"2026-07-06","Material",5120.0,"Ferramentas manuais sem corte, não acionadas  por  força  motriz",4890.0,"Chave Allen",602101.0,"características adicionais: longa, comprimento: 200, formato: hexagonal, material: aço din 17200-50crv4, medida referência: 8, tratamento superficial: fosfatizado","UN",226.89,6.0,1361.34]
["112/2026","Aprovada",null,"SEINFRA E OUTROS -  Materiais hidráulicos para instalações prediais","BENS",153052.0,"2026-01-02","2026-07-02",181.0,"SEINFRA - SECRETARIA DE INFRAESTRUTURA","761/2025","Médio",17.0,"2026-06-01","Material",5120.0,"Ferramentas manuais sem corte, não acionadas  por  força  motriz",1269.0,"Soquete Com Encaixe Para Ferramenta",451289.0,"características adicionais: espiga quadrada de ¾, material: aço cromo vanádio, tamanho: 1 1/4, tipo: sextavado, tratamento superficial: niquelado e cromado\"","UN",8.0,15.0,120.0]
["112/2026","Aprovada",null,"SEINFRA E OUTROS -  Materiais hidráulicos para instalações prediais","BENS",153052.0,"2026-01-02","2026-07-02",181.0,"SEINFRA - SECRETARIA DE INFRAESTRUTURA","761/2025","Médio",18.0,"2026-06-01","Material",5120.0,"Ferramentas manuais sem corte, não acionadas  por  força  motriz",1269.0,"Soquete Com Encaixe Para Ferramenta",451289.0,"características adicionais: espiga quadrada de ¾, material: aço cromo vanádio, tamanho: 1 1/4, tipo: sextavado, tratamento superficial: niquelado e cromado\"","UN",14.0,15.0,210.0]
["112/2026","Aprovada",null,"SEINFRA E OUTROS -  Materiais hidráulicos para instalações prediais","BENS",153052.0,"2026-01-02","2026-07-02",181.0,"SEINFRA - SECRETARIA DE INFRAESTRUTURA","761/2025","Médio",19.0,"2026-06-01","Material",5120.0,"Ferramentas manuais sem corte, não acionadas  por  força  motriz",1269.0,"Soquete Com Encaixe Para Ferramenta",451289.0,"características adicionais: espiga quadrada de ¾, material: aço cromo vanádio, tamanho: 1 1/4, tipo: sextavado, tratamento superficial: niquelado e cromado\"","UN",11.0,15.0,165.0]
["112/2026","Aprovada",null,"SEINFRA E OUTROS -  Materiais hidráulicos para instalações prediais","BENS",153052.0,"2026-01-02","2026-07-02",181.0,"SEINFRA - SECRETARIA DE INFRAESTRUTURA","761/2025","Médio",20.0,"2026-06-01","Material",5120.0,"Ferramentas manuais sem corte, não acionadas  por  força  motriz",1269.0,"Soquete Com Encaixe Para Ferramenta",451289.0,"características adicionais: espiga quadrada de ¾, material: aço cromo vanádio, tamanho: 1 1/4, tipo: sextavado, tratamento superficial: niquelado e cromado\"","UN",8.9,15.0,133.5]
["112/2026","Aprovada",null,"SEINFRA E OUTROS -  Materiais hidráulicos para instalações prediais","BENS",153052.0,"2026-01-02","2026-07-02",181.0,"SEINFRA - SECRETARIA DE INFRAESTRUTURA","761/2025","Médio",21.0,"2026-06-01","Material",5120.0,"Ferramentas manuais sem corte, não acionadas  por  força  motriz",1269.0,"Soquete Com Encaixe Para Ferramenta",451289.0,"características adicionais: espiga quadrada de ¾, material: aço cromo vanádio, tamanho: 1 1/4, tipo: sextavado, tratamento superficial: niquelado e cromado\"","UN",16.0,15.0,240.0]
["112/2026","Aprovada",null,"SEINFRA E OUTROS -  Materiais hidráulicos para instalações prediais","BENS",153052.0,"2026-01-02","2026-07-02",181.0,"SEINFRA - SECRETARIA DE INFRAESTRUTURA","761/2025","Médio",56.0,"2026-06-01","Material",5110.0,"Ferramentas manuais de corte, não acionadas por força motriz",12044.0,"Serra Tico-Tico Manual",258260.0,"capacidade corte alumínio: 20, capacidade corte aço: 10, capacidade corte madeira: 100, características adicionais: com sistema pendular, potência: 650, rotação: 3.000, tensão: 220/230","UN",17.0,5.0,85.0]
["112/2026","Aprovada",null,"SEINFRA E OUTROS -  Materiais hidráulicos para instalações prediais","BENS",153052.0,"2026-01-02","2026-07-02",181.0,"SEINFRA - SECRETARIA DE INFRAESTRUTURA","761/2025","Médio",57.0,"2026-06-01","Material",5110.0,"Ferramentas manuais de corte, não acionadas por força motriz",12044.0,"Serra Tico-Tico Manual",258260.0,"capacidade corte alumínio: 20, capacidade corte aço: 10, capacidade corte madeira: 100, características adicionais: com sistema pendular, potência: 650, rotação: 3.000, tensão: 220/230","UN",15.5,5.0,77.5]
["112/2026","Aprovada",null,"SEINFRA E OUTROS -  Materiais hidráulicos para instalações prediais","BENS",153052.0,"2026-01-02","2026-07-02",181.0,"SEINFRA - SECRETARIA DE INFRAESTRUTURA","761/2025","Médio",58.0,"2026-06-01","Material",5110.0,"Ferramentas manuais de corte, não acionadas por força motriz",12044.0,"Serra Tico-Tico Manual",258260.0,"capacidade corte alumínio: 20, capacidade corte aço: 10, capacidade corte madeira: 100, características adicionais: com sistema pendular, potência: 650, rotação: 3.000, tensão: 220/230","UN",20.0,5.0,100.0]
["112/2026","Aprovada",null,"SEINFRA E OUTROS -  Materiais hidráulicos para instalações prediais","BENS",153052.0,"2026-01-02","2026-07-02",181.0,"SEINFRA - SECRETARIA DE INFRAESTRUTURA","761/2025","Médio",60.0,"2026-06-01","Material",5110.0,"Ferramentas manuais de corte, não acionadas por força motriz",5923.0,"Cortador De Vidro",293631.0,"componentes: reservatório para querosene, comprimento: 19, diâmetro: 3/8, formato base: trapézio, material ponta: diamante, tipo: caneta","UN",44.9,5.0,224.5]
["112/2026","Aprovada",null,"SEINFRA E OUTROS -  Materiais hidráulicos para instalações prediais","BENS",153052.0,"2026-01-02","2026-07-02",181.0,"SEINFRA - SECRETARIA DE INFRAESTRUTURA","780/2025","Médio",40.0,"2026-06-01","Material",5120.0,"Ferramentas manuais sem corte, não acionadas  por  força  motriz",2234.0,"Alavanca",466612.0,"características adicionais: ponta chata e aguda, comprimento: 1,50, diâmetro: 25, material: aço forjado","UN",120.0,10.0,1200.0]
["112/2026","Aprovada",null,"SEINFRA E OUTROS -  Materiais hidráulicos para instalações prediais","BENS",153052.0,"2026-01-02","2026-07-02",181.0,"SEINFRA - SECRETARIA DE INFRAESTRUTURA","780/2025","Médio",44.0,"2026-06-01","Material",5120.0,"Ferramentas manuais sem corte, não acionadas  por  força  motriz",4026.0,"Cabo Ferramenta",265484.0,"comprimento cabo: 1,50, material cabo: madeira","UN",15.0,90.0,1350.0]
["112/2026","Aprovada",null,"SEINFRA E OUTROS -  Materiais hidráulicos para instalações prediais","BENS",153052.0,"2026-01-02","2026-07-02",181.0,"SEINFRA - SECRETARIA DE INFRAESTRUTURA","780/2025","Médio",45.0,"2026-06-01","Material",5120.0,"Ferramentas manuais sem corte, não acionadas  por  força  motriz",4711.0,"Cavadeira Tipo Alavanca",483249.0,"altura: 250, largura: 105, material: aço carbono, material cabo: madeira","UN",48.0,20.0,960.0]
["112/2026","Aprovada",null,"SEINFRA E OUTROS -  Materiais hidráulicos para instalações prediais","BENS",153052.0,"2026-01-02","2026-07-02",181.0,"SEINFRA - SECRETARIA DE INFRAESTRUTURA","780/2025","Médio",46.0,"2026-06-01","Material",5120.0,"Ferramentas manuais sem corte, não acionadas  por  força  motriz",4711.0,"Cavadeira Tipo Alavanca",483249.0,"altura: 250, largura: 105, material: aço carbono, material cabo: madeira","UN",100.0,10.0,1000.0]
["112/2026","Aprovada",null,"SEINFRA E OUTROS -  Materiais hidráulicos para instalações prediais","BENS",153052.0,"2026-01-02","2026-07-02",181.0,"SEINFRA - SECRETARIA DE INFRAESTRUTURA","780/2025","Médio",47.0,"2026-06-01","Material",5120.0,"Ferramentas manuais sem corte, não acionadas  por  força  motriz",4711.0,"Cavadeira Tipo Alavanca",483249.0,"altura: 250, largura: 105, material: aço carbono, material cabo: madeira","UN",130.0,10.0,1300.0]
["112/2026","Aprovada",null,"SEINFRA E OUTROS -  Materiais hidráulicos para instalações prediais","BENS",153052.0,"2026-01-02","2026-07-02",181.0,"SEINFRA - SECRETARIA DE INFRAESTRUTURA","780/2025","Médio",48.0,"2026-06-01","Material",5120.0,"Ferramentas manuais sem corte, não acionadas  por  força  motriz",599.0,"Colher Pedreiro",483242.0,"características adicionais: haste e lâmina inteiriça, material: aço temperado e revenido, material cabo: madeira nobre, tamanho: 9","UN",48.0,30.0,1440.0]
["112/2026","Aprovada",null,"SEINFRA E OUTROS -  Materiais hidráulicos para instalações prediais","BENS",153052.0,"2026-01-02","2026-07-02",181.0,"SEINFRA - SECRETARIA DE INFRAESTRUTURA","780/2025","Médio",49.0,"2026-06-01","Material",5120.0,"Ferramentas manuais sem corte, não acionadas  por  força  motriz",6084.0,"Desempenadeira Manual",448856.0,"aplicação: serviços de obras, características adicionais: lisa, comprimento: 29, largura: 12, material: aço","UN",42.5,20.0,850.0]
["112/2026","Aprovada",null,"SEINFRA E OUTROS -  Materiais hidráulicos para instalações prediais","BENS",153052.0,"2026-01-02","2026-07-02",181.0,"SEINFRA - SECRETARIA DE INFRAESTRUTURA","780/2025","Médio",50.0,"2026-06-01","Material",5120.0,"Ferramentas manuais sem corte, não acionadas  por  força  motriz",6084.0,"Desempenadeira Manual",448856.0,"aplicação: serviços de obras, características adicionais: lisa, comprimento: 29, largura: 12, material: aço","UN",22.0,70.0,1540.0]
["112/2026","Aprovada",null,"SEINFRA E OUTROS -  Materiais hidráulicos para instalações prediais","BENS",153052.0,"2026-01-02","2026-07-02",181.0,"SEINFRA - SECRETARIA DE INFRAESTRUTURA","780/2025","Médio",54.0,"2026-06-01","Material",5110.0,"FERRAMENTAS MANUAIS DE CORTE, NÃO ACIONADAS POR FORÇA MOTRIZ",6595.0,"ENXADA",436575.0,"COMPRIMENTO CABO: 180, LARGURA: 30, MATERIAL: AÇO ALTO CARBONO 1070, MATERIAL CABO: MADEIRA","UN",13.0,30.0,390.0]
["112/2026","Aprovada",null,"SEINFRA E OUTROS -  Materiais hidráulicos para instalações prediais","BENS",153052.0,"2026-01-02","2026-07-02",181.0,"SEINFRA - SECRETARIA DE INFRAESTRUTURA","780/2025","Médio",60.0,"2026-06-01","Material",5120.0,"Ferramentas manuais sem corte, não acionadas  por  força  motriz",9390.0,"Marreta",239334.0,"material: ferro, material cabo: madeira, peso: 1.000","UN",38.0,20.0,760.0]
["112/2026","Aprovada",null,"SEINFRA E OUTROS -  Materiais hidráulicos para instalações prediais","BENS",153052.0,"2026-01-02","2026-07-02",181.0,"SEINFRA - SECRETARIA DE INFRAESTRUTURA","780/2025","Médio",61.0,"2026-06-01","Material",5120.0,"Ferramentas manuais sem corte, não acionadas  por  força  motriz",9390.0,"Marreta",237421.0,"material: ferro, material cabo: madeira, peso: 500","UN",34.0,20.0,680.0]
["112/2026","Aprovada",null,"SEINFRA E OUTROS -  Materiais hidráulicos para instalações prediais","BENS",153052.0,"2026-01-02","2026-07-02",181.0,"SEINFRA - SECRETARIA DE INFRAESTRUTURA","780/2025","Médio",62.0,"2026-06-01","Material",5120.0,"Ferramentas manuais sem corte, não acionadas  por  força  motriz",13589.0,"Martelo",237399.0,"material: ferro, material cabo: madeira, tamanho: 25, tipo: unha","UN",38.0,15.0,570.0]
["112/2026","Aprovada",null,"SEINFRA E OUTROS -  Materiais hidráulicos para instalações prediais","BENS",153052.0,"2026-01-02","2026-07-02",181.0,"SEINFRA - SECRETARIA DE INFRAESTRUTURA","780/2025","Médio",68.0,"2026-06-01","Material",5120.0,"Ferramentas manuais sem corte, não acionadas  por  força  motriz",11571.0,"Régua Pedreiro",313933.0,"comprimento: 2, material: alumínio","UN",75.0,30.0,2250.0]
["112/2026","Aprovada",null,"SEINFRA E OUTROS -  Materiais hidráulicos para instalações prediais","BENS",153052.0,"2026-01-02","2026-07-02",181.0,"SEINFRA - SECRETARIA DE INFRAESTRUTURA","780/2025","Médio",69.0,"2026-06-01","Material",5110.0,"Ferramentas manuais de corte, não acionadas por força motriz",12036.0,"Serra Copo",438806.0,"características adicionais: suporte fixação completo, brocas piloto e extensão, diâmetro: 19, material: diamantada","UN",23.0,15.0,345.0]
["112/2026","Aprovada",null,"SEINFRA E OUTROS -  Materiais hidráulicos para instalações prediais","BENS",153052.0,"2026-01-02","2026-07-02",181.0,"SEINFRA - SECRETARIA DE INFRAESTRUTURA","780/2025","Médio",70.0,"2026-06-01","Material",5110.0,"Ferramentas manuais de corte, não acionadas por força motriz",12036.0,"Serra Copo",438811.0,"características adicionais: suporte fixação completo, brocas piloto e extensão, diâmetro: 20, material: diamantada","UN",24.0,15.0,360.0]
["112/2026","Aprovada",null,"SEINFRA E OUTROS -  Materiais hidráulicos para instalações prediais","BENS",153052.0,"2026-01-02","2026-07-02",181.0,"SEINFRA - SECRETARIA DE INFRAESTRUTURA","780/2025","Médio",71.0,"2026-06-01","Material",5110.0,"Ferramentas manuais de corte, não acionadas por força motriz",12036.0,"Serra Copo",268312.0,"diâmetro: 25, material: aço rápido","UN",25.0,25.0,625.0]
["112/2026","Aprovada",null,"SEINFRA E OUTROS -  Materiais hidráulicos para instalações prediais","BENS",153052.0,"2026-01-02","2026-07-02",181.0,"SEINFRA - SECRETARIA DE INFRAESTRUTURA","780/2025","Médio",72.0,"2026-06-01","Material",5110.0,"Ferramentas manuais de corte, não acionadas por força motriz",12036.0,"Serra Copo",438814.0,"características adicionais: suporte fixação completo, brocas piloto e extensão, diâmetro: 30, material: diamantada","UN",26.0,15.0,390.0]
["112/2026","Aprovada",null,"SEINFRA E OUTROS -  Materiais hidráulicos para instalações prediais","BENS",153052.0,"2026-01-02","2026-07-02",181.0,"SEINFRA - SECRETARIA DE INFRAESTRUTURA","780/2025","Médio",73.0,"2026-06-01","Material",5110.0,"Ferramentas manuais de corte, não acionadas por força motriz",12036.0,"Serra Copo",265440.0,"diâmetro: 32, material: aço rápido","UN",27.0,15.0,405.0]
["112/2026","Aprovada",null,"SEINFRA E OUTROS -  Materiais hidráulicos para instalações prediais","BENS",153052.0,"2026-01-02","2026-07-02",181.0,"SEINFRA - SECRETARIA DE INFRAESTRUTURA","780/2025","Médio",74.0,"2026-06-01","Material",5110.0,"Ferramentas manuais de corte, não acionadas por força motriz",12036.0,"Serra Copo",249308.0,"diâmetro: 35, material: aço rápido","UN",29.0,25.0,725.0]
["112/2026","Aprovada",null,"SEINFRA E OUTROS -  Materiais hidráulicos para instalações prediais","BENS",153052.0,"2026-01-02","2026-07-02",181.0,"SEINFRA - SECRETARIA DE INFRAESTRUTURA","780/2025","Médio",75.0,"2026-06-01","Material",5110.0,"Ferramentas manuais de corte, não acionadas por força motriz",12036.0,"Serra Copo",440436.0,"diâmetro: 40, material: aço rápido bimetal","UN",32.0,15.0,480.0]
["112/2026","Aprovada",null,"SEINFRA E OUTROS -  Materiais hidráulicos para instalações prediais","BENS",153052.0,"2026-01-02","2026-07-02",181.0,"SEINFRA - SECRETARIA DE INFRAESTRUTURA","780/2025","Médio",76.0,"2026-06-01","Material",5110.0,"Ferramentas manuais de corte, não acionadas por força motriz",12036.0,"Serra Copo",440437.0,"diâmetro: 50, material: aço rápido bimetal","UN",38.0,10.0,380.0]
["112/2026","Aprovada",null,"SEINFRA E OUTROS -  Materiais hidráulicos para instalações prediais","BENS",153052.0,"2026-01-02","2026-07-02",181.0,"SEINFRA - SECRETARIA DE INFRAESTRUTURA","780/2025","Médio",77.0,"2026-06-01","Material",5110.0,"Ferramentas manuais de corte, não acionadas por força motriz",12036.0,"Serra Copo",249304.0,"diâmetro: 54, material: aço rápido","UN",38.0,10.0,380.0]
["112/2026","Aprovada",null,"SEINFRA E OUTROS -  Materiais hidráulicos para instalações prediais","BENS",153052.0,"2026-01-02","2026-07-02",181.0,"SEINFRA - SECRETARIA DE INFRAESTRUTURA","780/2025","Médio",78.0,"2026-06-01","Material",5110.0,"Ferramentas manuais de corte, não acionadas por força motriz",12036.0,"Serra Copo",438809.0,"características adicionais: suporte fixação completo, brocas piloto e extensão, diâmetro: 55, material: diamantada","UN",38.0,15.0,570.0]
["112/2026","Aprovada",null,"SEINFRA E OUTROS -  Materiais hidráulicos para instalações prediais","BENS",153052.0,"2026-01-02","2026-07-02",181.0,"SEINFRA - SECRETARIA DE INFRAESTRUTURA","780/2025","Médio",79.0,"2026-06-01","Material",5110.0,"Ferramentas manuais de corte, não acionadas por força motriz",12036.0,"Serra Copo",293367.0,"características adicionais: com suporte fixação, diâmetro: 59, material: aço rápido","UN",39.0,15.0,585.0]
["112/2026","Aprovada",null,"SEINFRA E OUTROS -  Materiais hidráulicos para instalações prediais","BENS",153052.0,"2026-01-02","2026-07-02",181.0,"SEINFRA - SECRETARIA DE INFRAESTRUTURA","780/2025","Médio",80.0,"2026-06-01","Material",5110.0,"Ferramentas manuais de corte, não acionadas por força motriz",12036.0,"Serra Copo",441628.0,"características adicionais: haste 3/8 pol com 150mm/guia para centralizar furo, diâmetro: 65, material: diamantada","UN",53.0,15.0,795.0]
["112/2026","Aprovada",null,"SEINFRA E OUTROS -  Materiais hidráulicos para instalações prediais","BENS",153052.0,"2026-01-02","2026-07-02",181.0,"SEINFRA - SECRETARIA DE INFRAESTRUTURA","780/2025","Médio",82.0,"2026-06-01","Material",5110.0,"Ferramentas manuais de corte, não acionadas por força motriz",12036.0,"Serra Copo",615187.0,"características adicionais: kit, diâmetro: 19 a 35, material: aço rápido bimetal","UN",290.0,10.0,2900.0]
["112/2026","Aprovada",null,"SEINFRA E OUTROS -  Materiais hidráulicos para instalações prediais","BENS",153052.0,"2026-01-02","2026-07-02",181.0,"SEINFRA - SECRETARIA DE INFRAESTRUTURA","780/2025","Médio",83.0,"2026-06-01","Material",5110.0,"Ferramentas manuais de corte, não acionadas por força motriz",12036.0,"Serra Copo",446792.0,"características adicionais: haste 3/8 pol com 150mm/guia para centralizar furo, diâmetro: 75, material: diamantada","UN",290.0,20.0,5800.0]
["112/2026","Aprovada",null,"SEINFRA E OUTROS -  Materiais hidráulicos para instalações prediais","BENS",153052.0,"2026-01-02","2026-07-02",181.0,"SEINFRA - SECRETARIA DE INFRAESTRUTURA","780/2025","Médio",84.0,"2026-06-01","Material",5110.0,"Ferramentas manuais de corte, não acionadas por força motriz",12036.0,"Serra Copo",438811.0,"características adicionais: suporte fixação completo, brocas piloto e extensão, diâmetro: 20, material: diamantada","UN",48.0,20.0,960.0]
["112/2026","Aprovada",null,"SEINFRA E OUTROS -  Materiais hidráulicos para instalações prediais","BENS",153052.0,"2026-01-02","2026-07-02",181.0,"SEINFRA - SECRETARIA DE INFRAESTRUTURA","780/2025","Médio",85.0,"2026-06-01","Material",5110.0,"Ferramentas manuais de corte, não acionadas por força motriz",12036.0,"Serra Copo",438815.0,"características adicionais: suporte fixação completo, brocas piloto e extensão, diâmetro: 35, material: diamantada","UN",68.0,35.0,2380.0]
["112/2026","Aprovada",null,"SEINFRA E OUTROS -  Materiais hidráulicos para instalações prediais","BENS",153052.0,"2026-01-02","2026-07-02",181.0,"SEINFRA - SECRETARIA DE INFRAESTRUTURA","780/2025","Médio",86.0,"2026-06-01","Material",5110.0,"Ferramentas manuais de corte, não acionadas por força motriz",12036.0,"Serra Copo",438812.0,"características adicionais: suporte fixação completo, brocas piloto e extensão, diâmetro: 40, material: diamantada","UN",85.0,25.0,2125.0]
["112/2026","Aprovada",null,"SEINFRA E OUTROS -  Materiais hidráulicos para instalações prediais","BENS",153052.0,"2026-01-02","2026-07-02",181.0,"SEINFRA - SECRETARIA DE INFRAESTRUTURA","780/2025","Médio",87.0,"2026-06-01","Material",5110.0,"Ferramentas manuais de corte, não acionadas por força motriz",12036.0,"Serra Copo",438808.0,"características adicionais: suporte fixação completo, brocas piloto e extensão, diâmetro: 45, material: diamantada","UN",90.0,15.0,1350.0]
["112/2026","Aprovada",null,"SEINFRA E OUTROS -  Materiais hidráulicos para instalações prediais","BENS",153052.0,"2026-01-02","2026-07-02",181.0,"SEINFRA - SECRETARIA DE INFRAESTRUTURA","780/2025","Médio",88.0,"2026-06-01","Material",5110.0,"Ferramentas manuais de corte, não acionadas por força motriz",12036.0,"Serra Copo",438813.0,"características adicionais: suporte fixação completo, brocas piloto e extensão, diâmetro: 50, material: diamantada","UN",120.0,25.0,3000.0]
["112/2026","Aprovada",null,"SEINFRA E OUTROS -  Materiais hidráulicos para instalações prediais","BENS",153052.0,"2026-01-02","2026-07-02",181.0,"SEINFRA - SECRETARIA DE INFRAESTRUTURA","780/2025","Médio",89.0,"2026-06-01","Material",5110.0,"Ferramentas manuais de corte, não acionadas por força motriz",12036.0,"Serra Copo",438809.0,"características adicionais: suporte fixação completo, brocas piloto e extensão, diâmetro: 55, material: diamantada","UN",120.0,24.0,2880.0]
["112/2026","Aprovada",null,"SEINFRA E OUTROS -  Materiais hidráulicos para instalações prediais","BENS",153052.0,"2026-01-02","2026-07-02",181.0,"SEINFRA - SECRETARIA DE INFRAESTRUTURA","780/2025","Médio",90.0,"2026-06-01","Material",5110.0,"Ferramentas manuais de corte, não acionadas por força motriz",12036.0,"Serra Copo",441628.0,"características adicionais: haste 3/8 pol com 150mm/guia para centralizar furo, diâmetro: 65, material: diamantada","UN",123.0,24.0,2952.0]
["112/2026","Aprovada",null,"SEINFRA E OUTROS -  Materiais hidráulicos para instalações prediais","BENS",153052.0,"2026-01-02","2026-07-02",181.0,"SEINFRA - SECRETARIA DE INFRAESTRUTURA","780/2025","Médio",91.0,"2026-06-01","Material",5110.0,"Ferramentas manuais de corte, não acionadas por força motriz",12036.0,"Serra Copo",446792.0,"características adicionais: haste 3/8 pol com 150mm/guia para centralizar furo, diâmetro: 75, material: diamantada","UN",190.0,14.0,2660.0]
["112/2026","Aprovada",null,"SEINFRA E OUTROS -  Materiais hidráulicos para instalações prediais","BENS",153052.0,"2026-01-02","2026-07-02",181.0,"SEINFRA - SECRETARIA DE INFRAESTRUTURA","780/2025","Médio",92.0,"2026-06-01","Material",5110.0,"Ferramentas manuais de corte, não acionadas por força motriz",12036.0,"Serra Copo",446792.0,"características adicionais: haste 3/8 pol com 150mm/guia para centralizar furo, diâmetro: 75, material: diamantada","UN",25.0,20.0,500.0]
["112/2026","Aprovada",null,"SEINFRA E OUTROS -  Materiais hidráulicos para instalações prediais","BENS",153052.0,"2026-01-02","2026-07-02",181.0,"SEINFRA - SECRETARIA DE INFRAESTRUTURA","780/2025","Médio",93.0,"2026-06-01","Material",5110.0,"Ferramentas manuais de corte, não acionadas por força motriz",12036.0,"Serra Copo",446792.0,"características adicionais: haste 3/8 pol com 150mm/guia para centralizar furo, diâmetro: 75, material: diamantada","UN",48.0,20.0,960.0]
["112/2026","Aprovada",null,"SEINFRA E OUTROS -  Materiais hidráulicos para instalações prediais","BENS",153052.0,"2026-01-02","2026-07-02",181.0,"SEINFRA - SECRETARIA DE INFRAESTRUTURA","780/2025","Médio",94.0,"2026-06-01","Material",5110.0,"Ferramentas manuais de corte, não acionadas por força motriz",16073.0,"Torquês",391934.0,"características adicionais: cabo pintado, largura corte 30 mm, comprimento: 330, material corpo: aço forjado e cromo vanádio, tipo: corta casco, tipo acabamento: mandíbulas polidas","UN",32.0,15.0,480.0]
["112/2026","Aprovada",null,"SEINFRA E OUTROS -  Materiais hidráulicos para instalações prediais","BENS",153052.0,"2026-01-02","2026-07-02",181.0,"SEINFRA - SECRETARIA DE INFRAESTRUTURA","780/2025","Médio",137.0,"2026-06-01","Material",5110.0,"Ferramentas manuais de corte, não acionadas por força motriz",2308.0,"Alicate De Corte",624133.0,"características adicionais: isolamento até 1000v, corte de cabos diversos, comprimento: 280, material: aço, material cabo: polímero, tipo cabo: isolado, tipo corte: progressivo","UN",260.0,1.0,260.0]
["112/2026","Aprovada",null,"SEINFRA E OUTROS -  Materiais hidráulicos para instalações prediais","BENS",153052.0,"2026-01-02","2026-07-02",181.0,"SEINFRA - SECRETARIA DE INFRAESTRUTURA","799/2025","Médio",1.0,"2026-06-01","Material",4510.0,"Dispositivos e acessórios para instalações hidráulicas",16221.0,"Acabamento Para Válvula Hidráulica",464599.0,"aplicação: válvula descarga pne, características adicionais: limitador de fluxo/volume, material: aço inoxidável","UN",519.9,10.0,5199.0]
["112/2026","Aprovada",null,"SEINFRA E OUTROS -  Materiais hidráulicos para instalações prediais","BENS",153052.0,"2026-01-02","2026-07-02",181.0,"SEINFRA - SECRETARIA DE INFRAESTRUTURA","799/2025","Médio",2.0,"2026-06-01","Material",4510.0,"Dispositivos e acessórios para instalações hidráulicas",16221.0,"Acabamento Para Válvula Hidráulica",406263.0,"aplicação: válvula descarga hydra max 2550 deca, material: metal cromado, referência: 4900.990","UN",74.9,300.0,22470.0]
["112/2026","Aprovada",null,"SEINFRA E OUTROS -  Materiais hidráulicos para instalações prediais","BENS",153052.0,"2026-01-02","2026-07-02",181.0,"SEINFRA - SECRETARIA DE INFRAESTRUTURA","799/2025","Médio",3.0,"2026-06-01","Material",4510.0,"Dispositivos e acessórios para instalações hidráulicas",16221.0,"Acabamento Para Válvula Hidráulica",396511.0,"aplicação: válvula descarga docol, características adicionais: sistema de antivandalismo, material: metal cromado, referência: 01505006","UN",82.39,300.0,24717.0]
["112/2026","Aprovada",null,"SEINFRA E OUTROS -  Materiais hidráulicos para instalações prediais","BENS",153052.0,"2026-01-02","2026-07-02",181.0,"SEINFRA - SECRETARIA DE INFRAESTRUTURA","799/2025","Médio",4.0,"2026-06-01","Material",4730.0,"Acessórios e ferragens especiais para  mangueiras, canos  e tubos",13546.0,"Conexão Hidráulica",265182.0,"aplicação: instalação hidráulica, bitola lado soldável: 20, cor: marrom, material: pvc - cloreto de polivinila, normas técnicas: nbr 5.648, tipo: adaptador com flanges, tipo fixação: soldável e roscável, bitola lado roscável: 1/2","UN",0.99,50.0,49.5]
["112/2026","Aprovada",null,"SEINFRA E OUTROS -  Materiais hidráulicos para instalações prediais","BENS",153052.0,"2026-01-02","2026-07-02",181.0,"SEINFRA - SECRETARIA DE INFRAESTRUTURA","799/2025","Médio",5.0,"2026-06-01","Material",4730.0,"Acessórios e ferragens especiais para  mangueiras, canos  e tubos",13546.0,"Conexão Hidráulica",231227.0,"aplicação: rede hidráulica e esgoto, bitola lado soldável: 25, características adicionais: não aplicável, cor: marrom, material: pvc - cloreto de polivinila, tipo: adaptador, tipo fixação: soldável e roscável, bitola lado roscável: 3/4","UN",0.54,150.0,81.0]
["112/2026","Aprovada",null,"SEINFRA E OUTROS -  Materiais hidráulicos para instalações prediais","BENS",153052.0,"2026-01-02","2026-07-02",181.0,"SEINFRA - SECRETARIA DE INFRAESTRUTURA","799/2025","Médio",6.0,"2026-06-01","Material",4730.0,"Acessórios e ferragens especiais para  mangueiras, canos  e tubos",13546.0,"Conexão Hidráulica",265179.0,"aplicação: instalação hidráulica, bitola lado soldável: 50, cor: marrom, material: pvc - cloreto de polivinila, normas técnicas: nbr 5.648, tipo: adaptador curto, tipo fixação: soldável e roscável, bitola lado roscável: 1 1/2","UN",6.0,100.0,600.0]
["112/2026","Aprovada",null,"SEINFRA E OUTROS -  Materiais hidráulicos para instalações prediais","BENS",153052.0,"2026-01-02","2026-07-02",181.0,"SEINFRA - SECRETARIA DE INFRAESTRUTURA","799/2025","Médio",8.0,"2026-06-01","Material",5330.0,"Gaxetas e outros materiais para vedação",552.0,"Anel Vedação",367406.0,"características adicionais: vaso sanitário, material: massa emborrachada","UN",14.0,100.0,1400.0]
["112/2026","Aprovada",null,"SEINFRA E OUTROS -  Materiais hidráulicos para instalações prediais","BENS",153052.0,"2026-01-02","2026-07-02",181.0,"SEINFRA - SECRETARIA DE INFRAESTRUTURA","799/2025","Médio",9.0,"2026-06-01","Material",5120.0,"FERRAMENTAS MANUAIS SEM CORTE, NÃO ACIONADAS  POR  FORÇA  MOTRIZ",14823.0,"ALICATE BOMBA D'ÁGUA",616094.0,"ABERTURA DA BOCA: 10, AJUSTE: MANDÍBULAS PARALELAS, CARACTERÍSTICAS ADICIONAIS: MORDENTES COM ESTRIAS PROFUNDAS, MATERIAL: AÇO VANÁDIO, TRATAMENTO SUPERFICIAL: CROMADO","UN",78.02,15.0,1170.3]
["112/2026","Aprovada",null,"SEINFRA E OUTROS -  Materiais hidráulicos para instalações prediais","BENS",153052.0,"2026-01-02","2026-07-02",181.0,"SEINFRA - SECRETARIA DE INFRAESTRUTURA","799/2025","Médio",10.0,"2026-06-01","Material",4510.0,"Dispositivos e acessórios para instalações hidráulicas",17358.0,"Assento Vaso Sanitário",463371.0,"características adicionais: almofadado/ovalado/infantil, cor: colorido, material: polipropileno","UN",38.0,100.0,3800.0]
["112/2026","Aprovada",null,"SEINFRA E OUTROS -  Materiais hidráulicos para instalações prediais","BENS",153052.0,"2026-01-02","2026-07-02",181.0,"SEINFRA - SECRETARIA DE INFRAESTRUTURA","799/2025","Médio",11.0,"2026-06-01","Material",4510.0,"Dispositivos e acessórios para instalações hidráulicas",17358.0,"Assento Vaso Sanitário",258317.0,"cor: branca, material: plástico","UN",45.0,800.0,36000.0]
["112/2026","Aprovada",null,"SEINFRA E OUTROS -  Materiais hidráulicos para instalações prediais","BENS",153052.0,"2026-01-02","2026-07-02",181.0,"SEINFRA - SECRETARIA DE INFRAESTRUTURA","799/2025","Médio",12.0,"2026-06-01","Material",4510.0,"Dispositivos e acessórios para instalações hidráulicas",13322.0,"Vaso Sanitário",233166.0,"características adicionais: acoplado com descarga, cor: branca, material: cerâmica","UN",289.0,40.0,11560.0]
["112/2026","Aprovada",null,"SEINFRA E OUTROS -  Materiais hidráulicos para instalações prediais","BENS",153052.0,"2026-01-02","2026-07-02",181.0,"SEINFRA - SECRETARIA DE INFRAESTRUTURA","799/2025","Médio",13.0,"2026-06-01","Material",4820.0,"Válvulas não acionadas por força motriz",11563.0,"Registro Pressão",233457.0,"características adicionais: castelo com rosca para fixação de acabamento, diâmetro: 1/2, material: bronze fundido, tipo: manual","UN",32.0,10.0,320.0]
["112/2026","Aprovada",null,"SEINFRA E OUTROS -  Materiais hidráulicos para instalações prediais","BENS",153052.0,"2026-01-02","2026-07-02",181.0,"SEINFRA - SECRETARIA DE INFRAESTRUTURA","799/2025","Médio",14.0,"2026-06-01","Material",4820.0,"Válvulas não acionadas por força motriz",11563.0,"Registro Pressão",233458.0,"características adicionais: castelo com rosca para fixação de acabamento, diâmetro: 3/4, material: bronze fundido, tipo: manual","UN",24.0,30.0,720.0]
["112/2026","Aprovada",null,"SEINFRA E OUTROS -  Materiais hidráulicos para instalações prediais","BENS",153052.0,"2026-01-02","2026-07-02",181.0,"SEINFRA - SECRETARIA DE INFRAESTRUTURA","799/2025","Médio",15.0,"2026-06-01","Material",4510.0,"Dispositivos e acessórios para instalações hidráulicas",16403.0,"Válvula Descarga",429944.0,"aplicação: vaso sanitário, bitola: 1 1/2, material: latão, tipo: duplo acionamento, tipo uso: acionamento manual, tratamento superficial: cromado","UN",80.0,100.0,8000.0]
["112/2026","Aprovada",null,"SEINFRA E OUTROS -  Materiais hidráulicos para instalações prediais","BENS",153052.0,"2026-01-02","2026-07-02",181.0,"SEINFRA - SECRETARIA DE INFRAESTRUTURA","799/2025","Médio",16.0,"2026-06-01","Material",4510.0,"Dispositivos e acessórios para instalações hidráulicas",16403.0,"Válvula Descarga",429944.0,"aplicação: vaso sanitário, bitola: 1 1/2, material: latão, tipo: duplo acionamento, tipo uso: acionamento manual, tratamento superficial: cromado","UN",142.0,100.0,14200.0]
["112/2026","Aprovada",null,"SEINFRA E OUTROS -  Materiais hidráulicos para instalações prediais","BENS",153052.0,"2026-01-02","2026-07-02",181.0,"SEINFRA - SECRETARIA DE INFRAESTRUTURA","799/2025","Médio",17.0,"2026-06-01","Material",4730.0,"ACESSÓRIOS E FERRAGENS ESPECIAIS PARA  MANGUEIRAS, CANOS  E TUBOS",665.0,"BUCHA INSTALAÇÃO PREDIAL ÁGUA FRIA",240446.0,"DIÂMETRO NOMINAL: 40 X 25, MATERIAL: PVC - CLORETO DE POLIVINILA, TIPO: REDUÇÃO LONGA, TIPO EXTREMIDADES: BOLSA SOLDÁVEL","UN",3.9,60.0,234.0]
["112/2026","Aprovada",null,"SEINFRA E OUTROS -  Materiais hidráulicos para instalações prediais","BENS",153052.0,"2026-01-02","2026-07-02",181.0,"SEINFRA - SECRETARIA DE INFRAESTRUTURA","799/2025","Médio",18.0,"2026-06-01","Material",5133.0,"Brocas, alargadores, escariadores, manuais e para uso em  máquinas",3879.0,"Broca",483685.0,"comprimento: 66, diâmetro: 10, material: metal duro, normas técnicas: din 6539, tamanho: curta, tipo haste: paralela","UN",64.1,35.0,2243.5]
["112/2026","Aprovada",null,"SEINFRA E OUTROS -  Materiais hidráulicos para instalações prediais","BENS",153052.0,"2026-01-02","2026-07-02",181.0,"SEINFRA - SECRETARIA DE INFRAESTRUTURA","799/2025","Médio",19.0,"2026-06-01","Material",5133.0,"Brocas, alargadores, escariadores, manuais e para uso em  máquinas",3879.0,"Broca",477933.0,"comprimento: 102, diâmetro: 12, material: metal duro, tamanho: curta, tipo haste: paralela","UN",64.1,35.0,2243.5]
["112/2026","Aprovada",null,"SEINFRA E OUTROS -  Materiais hidráulicos para instalações prediais","BENS",153052.0,"2026-01-02","2026-07-02",181.0,"SEINFRA - SECRETARIA DE INFRAESTRUTURA","799/2025","Médio",20.0,"2026-06-01","Material",5133.0,"Brocas, alargadores, escariadores, manuais e para uso em  máquinas",3879.0,"Broca",477884.0,"aplicação: material ferroso em geral, comprimento: 66, diâmetro: 6, material: metal duro, normas técnicas: din 6539, tamanho: curta, tipo haste: paralela","UN",64.1,35.0,2243.5]
["112/2026","Aprovada",null,"SEINFRA E OUTROS -  Materiais hidráulicos para instalações prediais","BENS",153052.0,"2026-01-02","2026-07-02",181.0,"SEINFRA - SECRETARIA DE INFRAESTRUTURA","799/2025","Médio",21.0,"2026-06-01","Material",5133.0,"Brocas, alargadores, escariadores, manuais e para uso em  máquinas",3879.0,"Broca",477970.0,"comprimento: 79, diâmetro: 8, material: metal duro, tipo haste: cilíndrica","UN",64.1,35.0,2243.5]
["112/2026","Aprovada",null,"SEINFRA E OUTROS -  Materiais hidráulicos para instalações prediais","BENS",153052.0,"2026-01-02","2026-07-02",181.0,"SEINFRA - SECRETARIA DE INFRAESTRUTURA","799/2025","Médio",22.0,"2026-06-01","Material",4730.0,"Acessórios e ferragens especiais para  mangueiras, canos  e tubos",13546.0,"Conexão Hidráulica",242808.0,"aplicação: instalações prediais água fria, bitola: 25 x 20 mm, material: pvc - cloreto de polivinila, tipo: bucha redução curta, tipo fixação: soldável","UN",0.45,40.0,18.0]
["112/2026","Aprovada",null,"SEINFRA E OUTROS -  Materiais hidráulicos para instalações prediais","BENS",153052.0,"2026-01-02","2026-07-02",181.0,"SEINFRA - SECRETARIA DE INFRAESTRUTURA","799/2025","Médio",23.0,"2026-06-01","Material",4730.0,"Acessórios e ferragens especiais para  mangueiras, canos  e tubos",13546.0,"Conexão Hidráulica",244917.0,"aplicação: instalações prediais água fria, bitola: 32 x 25 mm, material: pvc - cloreto de polivinila, tipo: bucha redução curta, tipo fixação: soldável","UN",1.0,300.0,300.0]
["112/2026","Aprovada",null,"SEINFRA E OUTROS -  Materiais hidráulicos para instalações prediais","BENS",153052.0,"2026-01-02","2026-07-02",181.0,"SEINFRA - SECRETARIA DE INFRAESTRUTURA","799/2025","Médio",24.0,"2026-06-01","Material",4730.0,"Acessórios e ferragens especiais para  mangueiras, canos  e tubos",13546.0,"Conexão Hidráulica",244919.0,"aplicação: instalações prediais água fria, bitola: 40 x 32 mm, material: pvc - cloreto de polivinila, tipo: bucha redução curta, tipo fixação: soldável","UN",1.95,100.0,195.0]
["112/2026","Aprovada",null,"SEINFRA E OUTROS -  Materiais hidráulicos para instalações prediais","BENS",153052.0,"2026-01-02","2026-07-02",181.0,"SEINFRA - SECRETARIA DE INFRAESTRUTURA","799/2025","Médio",25.0,"2026-06-01","Material",4730.0,"Acessórios e ferragens especiais para  mangueiras, canos  e tubos",13546.0,"Conexão Hidráulica",244918.0,"aplicação: instalações prediais água fria, bitola: 50 x 40 mm, material: pvc - cloreto de polivinila, tipo: bucha redução curta, tipo fixação: soldável","UN",3.1,50.0,155.0]
["112/2026","Aprovada",null,"SEINFRA E OUTROS -  Materiais hidráulicos para instalações prediais","BENS",153052.0,"2026-01-02","2026-07-02",181.0,"SEINFRA - SECRETARIA DE INFRAESTRUTURA","799/2025","Médio",26.0,"2026-06-01","Material",4730.0,"Acessórios e ferragens especiais para  mangueiras, canos  e tubos",13546.0,"Conexão Hidráulica",246608.0,"aplicação: instalações prediais água fria, bitola: 60 x 50 mm, material: pvc - cloreto de polivinila, tipo: bucha redução curta, tipo fixação: soldável","UN",5.4,100.0,540.0]
["112/2026","Aprovada",null,"SEINFRA E OUTROS -  Materiais hidráulicos para instalações prediais","BENS",153052.0,"2026-01-02","2026-07-02",181.0,"SEINFRA - SECRETARIA DE INFRAESTRUTURA","799/2025","Médio",27.0,"2026-06-01","Material",4730.0,"Acessórios e ferragens especiais para  mangueiras, canos  e tubos",13546.0,"Conexão Hidráulica",389653.0,"aplicação: instalações esgoto, bitola: 50 x 40, material: pvc - cloreto de polivinila, tipo: bucha redução longa, tipo fixação: encaixe","UN",3.85,100.0,385.0]
["112/2026","Aprovada",null,"SEINFRA E OUTROS -  Materiais hidráulicos para instalações prediais","BENS",153052.0,"2026-01-02","2026-07-02",181.0,"SEINFRA - SECRETARIA DE INFRAESTRUTURA","799/2025","Médio",28.0,"2026-06-01","Material",4730.0,"Acessórios e ferragens especiais para  mangueiras, canos  e tubos",665.0,"Bucha Instalação Predial Água Fria",242397.0,"diâmetro nominal: 75 x 50, material: pvc - cloreto de polivinila, tipo: redução longa, tipo extremidades: bolsa soldável","UN",20.95,70.0,1466.5]
["112/2026","Aprovada",null,"SEINFRA E OUTROS -  Materiais hidráulicos para instalações prediais","BENS",153052.0,"2026-01-02","2026-07-02",181.0,"SEINFRA - SECRETARIA DE INFRAESTRUTURA","799/2025","Médio",29.0,"2026-06-01","Material",4730.0,"Acessórios e ferragens especiais para  mangueiras, canos  e tubos",665.0,"Bucha Instalação Predial Água Fria",242398.0,"diâmetro nominal: 50 x 25, material: pvc - cloreto de polivinila, tipo: redução longa, tipo extremidades: bolsa soldável","UN",3.5,300.0,1050.0]
["112/2026","Aprovada",null,"SEINFRA E OUTROS -  Materiais hidráulicos para instalações prediais","BENS",153052.0,"2026-01-02","2026-07-02",181.0,"SEINFRA - SECRETARIA DE INFRAESTRUTURA","799/2025","Médio",30.0,"2026-06-01","Material",4730.0,"Acessórios e ferragens especiais para  mangueiras, canos  e tubos",665.0,"Bucha Instalação Predial Água Fria",242398.0,"diâmetro nominal: 50 x 25, material: pvc - cloreto de polivinila, tipo: redução longa, tipo extremidades: bolsa soldável","UN",6.0,300.0,1800.0]
["112/2026","Aprovada",null,"SEINFRA E OUTROS -  Materiais hidráulicos para instalações prediais","BENS",153052.0,"2026-01-02","2026-07-02",181.0,"SEINFRA - SECRETARIA DE INFRAESTRUTURA","799/2025","Médio",31.0,"2026-06-01","Material",4730.0,"Acessórios e ferragens especiais para  mangueiras, canos  e tubos",665.0,"Bucha Instalação Predial Água Fria",374478.0,"características adicionais: redução longa/bolsa soldável, diâmetro nominal: 50 x 32, material: pvc - cloreto de polivinila","UN",5.0,50.0,250.0]
["112/2026","Aprovada",null,"SEINFRA E OUTROS -  Materiais hidráulicos para instalações prediais","BENS",153052.0,"2026-01-02","2026-07-02",181.0,"SEINFRA - SECRETARIA DE INFRAESTRUTURA","799/2025","Médio",32.0,"2026-06-01","Material",5365.0,"Anéis, buchas e espaçadores",3945.0,"Bucha Redução",345229.0,"bitola: 1 1/2 x 1, características adicionais: rosqueável, cor: branca, material: pvc","UN",2.8,40.0,112.0]
["112/2026","Aprovada",null,"SEINFRA E OUTROS -  Materiais hidráulicos para instalações prediais","BENS",153052.0,"2026-01-02","2026-07-02",181.0,"SEINFRA - SECRETARIA DE INFRAESTRUTURA","799/2025","Médio",33.0,"2026-06-01","Material",5365.0,"ANÉIS, BUCHAS E ESPAÇADORES",3945.0,"BUCHA REDUÇÃO",333260.0,"BITOLA: 2 X 1.1/2, CARACTERÍSTICAS ADICIONAIS: SOLDÁVEL, COR: BRANCA, MATERIAL: PVC RÍGIDO\"","UN",4.0,30.0,120.0]
["112/2026","Aprovada",null,"SEINFRA E OUTROS -  Materiais hidráulicos para instalações prediais","BENS",153052.0,"2026-01-02","2026-07-02",181.0,"SEINFRA - SECRETARIA DE INFRAESTRUTURA","799/2025","Médio",34.0,"2026-06-01","Material",5365.0,"Anéis, buchas e espaçadores",3945.0,"Bucha Redução",343951.0,"bitola: 3/4 x 1/2, características adicionais: com rosca, cor: branca, material: pvc rígido","UN",1.95,60.0,117.0]
["112/2026","Aprovada",null,"SEINFRA E OUTROS -  Materiais hidráulicos para instalações prediais","BENS",153052.0,"2026-01-02","2026-07-02",181.0,"SEINFRA - SECRETARIA DE INFRAESTRUTURA","799/2025","Médio",35.0,"2026-06-01","Material",5330.0,"Gaxetas e outros materiais para vedação",13333.0,"Vedante Torneira",304551.0,"bitola: 1/2, material: plástico","UN",0.5,400.0,200.0]
["112/2026","Aprovada",null,"SEINFRA E OUTROS -  Materiais hidráulicos para instalações prediais","BENS",153052.0,"2026-01-02","2026-07-02",181.0,"SEINFRA - SECRETARIA DE INFRAESTRUTURA","799/2025","Médio",36.0,"2026-06-01","Material",4730.0,"Acessórios e ferragens especiais para  mangueiras, canos  e tubos",4147.0,"Caixa Sifonada",404299.0,"características adicionais: grelha cromada, diâmetro: 150, diâmetro saída tubo: 75, formato grelha: quadrado, material: pvc - cloreto de polivinila","UN",70.0,30.0,2100.0]
["112/2026","Aprovada",null,"SEINFRA E OUTROS -  Materiais hidráulicos para instalações prediais","BENS",153052.0,"2026-01-02","2026-07-02",181.0,"SEINFRA - SECRETARIA DE INFRAESTRUTURA","799/2025","Médio",37.0,"2026-06-01","Material",4730.0,"Acessórios e ferragens especiais para  mangueiras, canos  e tubos",12519.0,"Grelha Ralo",335075.0,"aplicação: instalações hidráulicas, bitola: 100, características adicionais: com caixilho e fecho, material: aço inoxidável, tipo: quadrado","UN",8.9,50.0,445.0]
["112/2026","Aprovada",null,"SEINFRA E OUTROS -  Materiais hidráulicos para instalações prediais","BENS",153052.0,"2026-01-02","2026-07-02",181.0,"SEINFRA - SECRETARIA DE INFRAESTRUTURA","799/2025","Médio",38.0,"2026-06-01","Material",4730.0,"Acessórios e ferragens especiais para  mangueiras, canos  e tubos",12519.0,"Grelha Ralo",399027.0,"aplicação: instalações sanitárias, bitola: 150 x 150, características adicionais: com caixilho, material: aço inoxidável, tipo: quadrado","UN",30.5,200.0,6100.0]
["112/2026","Aprovada",null,"SEINFRA E OUTROS -  Materiais hidráulicos para instalações prediais","BENS",153052.0,"2026-01-02","2026-07-02",181.0,"SEINFRA - SECRETARIA DE INFRAESTRUTURA","799/2025","Médio",39.0,"2026-06-01","Material",4730.0,"Acessórios e ferragens especiais para  mangueiras, canos  e tubos",12519.0,"Grelha Ralo",335074.0,"aplicação: instalações hidráulicas, bitola: 100, características adicionais: com caixilho e fecho, material: aço inoxidável, tipo: redondo","UN",8.75,20.0,175.0]
["112/2026","Aprovada",null,"SEINFRA E OUTROS -  Materiais hidráulicos para instalações prediais","BENS",153052.0,"2026-01-02","2026-07-02",181.0,"SEINFRA - SECRETARIA DE INFRAESTRUTURA","799/2025","Médio",40.0,"2026-06-01","Material",4730.0,"Acessórios e ferragens especiais para  mangueiras, canos  e tubos",12519.0,"Grelha Ralo",350605.0,"aplicação: instalações hidráulicas, bitola: 15, material: aço inoxidável, tipo: redondo","UN",22.1,70.0,1547.0]
["112/2026","Aprovada",null,"SEINFRA E OUTROS -  Materiais hidráulicos para instalações prediais","BENS",153052.0,"2026-01-02","2026-07-02",181.0,"SEINFRA - SECRETARIA DE INFRAESTRUTURA","799/2025","Médio",41.0,"2026-06-01","Material",4730.0,"Acessórios e ferragens especiais para  mangueiras, canos  e tubos",13546.0,"Conexão Hidráulica",380960.0,"aplicação: instalações esgoto, bitola: 100, cor: branca, material: pvc rígido, tipo: cap, tipo fixação: soldável","UN",10.55,100.0,1055.0]
["112/2026","Aprovada",null,"SEINFRA E OUTROS -  Materiais hidráulicos para instalações prediais","BENS",153052.0,"2026-01-02","2026-07-02",181.0,"SEINFRA - SECRETARIA DE INFRAESTRUTURA","799/2025","Médio",42.0,"2026-06-01","Material",4730.0,"Acessórios e ferragens especiais para  mangueiras, canos  e tubos",13546.0,"Conexão Hidráulica",389645.0,"aplicação: instalações esgoto, características adicionais 1: diâmetro nominal 75mm / anel de vedação, material: pvc - cloreto de polivinila, tipo: cap, tipo fixação: encaixe","UN",7.5,100.0,750.0]
["112/2026","Aprovada",null,"SEINFRA E OUTROS -  Materiais hidráulicos para instalações prediais","BENS",153052.0,"2026-01-02","2026-07-02",181.0,"SEINFRA - SECRETARIA DE INFRAESTRUTURA","799/2025","Médio",43.0,"2026-06-01","Material",4730.0,"Acessórios e ferragens especiais para  mangueiras, canos  e tubos",13546.0,"Conexão Hidráulica",483191.0,"aplicação: instalação sanitária, bitola: 20, cor: marrom, material: pvc - cloreto de polivinila, tipo: cap, tipo fixação: soldável","UN",1.4,200.0,280.0]
["112/2026","Aprovada",null,"SEINFRA E OUTROS -  Materiais hidráulicos para instalações prediais","BENS",153052.0,"2026-01-02","2026-07-02",181.0,"SEINFRA - SECRETARIA DE INFRAESTRUTURA","799/2025","Médio",44.0,"2026-06-01","Material",4730.0,"Acessórios e ferragens especiais para  mangueiras, canos  e tubos",13546.0,"Conexão Hidráulica",483194.0,"aplicação: instalação sanitária, bitola: 32, cor: marrom, material: pvc - cloreto de polivinila, tipo: cap, tipo fixação: soldável","UN",1.8,100.0,180.0]
["112/2026","Aprovada",null,"SEINFRA E OUTROS -  Materiais hidráulicos para instalações prediais","BENS",153052.0,"2026-01-02","2026-07-02",181.0,"SEINFRA - SECRETARIA DE INFRAESTRUTURA","799/2025","Médio",45.0,"2026-06-01","Material",4730.0,"Acessórios e ferragens especiais para  mangueiras, canos  e tubos",13546.0,"Conexão Hidráulica",483193.0,"aplicação: instalação sanitária, bitola: 50, cor: marrom, material: pvc - cloreto de polivinila, tipo: cap, tipo fixação: soldável","UN",9.0,100.0,900.0]
["112/2026","Aprovada",null,"SEINFRA E OUTROS -  Materiais hidráulicos para instalações prediais","BENS",153052.0,"2026-01-02","2026-07-02",181.0,"SEINFRA - SECRETARIA DE INFRAESTRUTURA","799/2025","Médio",46.0,"2026-06-01","Material",4730.0,"Acessórios e ferragens especiais para  mangueiras, canos  e tubos",13546.0,"Conexão Hidráulica",483195.0,"aplicação: instalação sanitária, bitola i: 60, cor: marrom, material: pvc - cloreto de polivinila, tipo: cap, tipo fixação: soldável","UN",19.0,30.0,570.0]
["112/2026","Aprovada",null,"SEINFRA E OUTROS -  Materiais hidráulicos para instalações prediais","BENS",153052.0,"2026-01-02","2026-07-02",181.0,"SEINFRA - SECRETARIA DE INFRAESTRUTURA","799/2025","Médio",47.0,"2026-06-01","Material",4730.0,"Acessórios e ferragens especiais para  mangueiras, canos  e tubos",13546.0,"Conexão Hidráulica",389639.0,"aplicação: instalações esgoto, características adicionais 1: diâmetro nominal 50mm / anel de vedação, material: pvc - cloreto de polivinila, tipo: cap, tipo fixação: encaixe","UN",8.6,150.0,1290.0]
["112/2026","Aprovada",null,"SEINFRA E OUTROS -  Materiais hidráulicos para instalações prediais","BENS",153052.0,"2026-01-02","2026-07-02",181.0,"SEINFRA - SECRETARIA DE INFRAESTRUTURA","799/2025","Médio",48.0,"2026-06-01","Material",5120.0,"Ferramentas manuais sem corte, não acionadas  por  força  motriz",14637.0,"Jogo Chave",602695.0,"características adicionais: certificação para uso em 1000 volts. com maleta de, material: aço cromo vanádio, quantidade peças: fenda: 05 + phillips: 02, tamanho: fenda (1/8x2 3/4, 1/8x4, 5/32x4, 7/32x5, 9/32x6;, tipo: jogo de chave fenda e philips","UN",50.0,20.0,1000.0]
["112/2026","Aprovada",null,"SEINFRA E OUTROS -  Materiais hidráulicos para instalações prediais","BENS",153052.0,"2026-01-02","2026-07-02",181.0,"SEINFRA - SECRETARIA DE INFRAESTRUTURA","799/2025","Médio",49.0,"2026-06-01","Material",5120.0,"Ferramentas manuais sem corte, não acionadas  por  força  motriz",14429.0,"Chave Ajustável",386810.0,"acabamento superficial: cromado, material: aço, tamanho: 14, tipo: grifo","UN",55.0,10.0,550.0]
["112/2026","Aprovada",null,"SEINFRA E OUTROS -  Materiais hidráulicos para instalações prediais","BENS",153052.0,"2026-01-02","2026-07-02",181.0,"SEINFRA - SECRETARIA DE INFRAESTRUTURA","799/2025","Médio",50.0,"2026-06-01","Material",5120.0,"Ferramentas manuais sem corte, não acionadas  por  força  motriz",4873.0,"Chave Combinada",621135.0,"acabamento: cromado, bitola: 9/16, características adicionais: inclinação:: boca 15º/estrela 10º, parede fina, material: aço cromo vanádio, tipo: boca/unit drive","UN",13.0,15.0,195.0]
["112/2026","Aprovada",null,"SEINFRA E OUTROS -  Materiais hidráulicos para instalações prediais","BENS",153052.0,"2026-01-02","2026-07-02",181.0,"SEINFRA - SECRETARIA DE INFRAESTRUTURA","799/2025","Médio",51.0,"2026-06-01","Material",5120.0,"Ferramentas manuais sem corte, não acionadas  por  força  motriz",4873.0,"Chave Combinada",621135.0,"acabamento: cromado, bitola: 9/16, características adicionais: inclinação:: boca 15º/estrela 10º, parede fina, material: aço cromo vanádio, tipo: boca/unit drive","UN",13.0,15.0,195.0]
["112/2026","Aprovada",null,"SEINFRA E OUTROS -  Materiais hidráulicos para instalações prediais","BENS",153052.0,"2026-01-02","2026-07-02",181.0,"SEINFRA - SECRETARIA DE INFRAESTRUTURA","799/2025","Médio",52.0,"2026-06-01","Material",5120.0,"Ferramentas manuais sem corte, não acionadas  por  força  motriz",4873.0,"Chave Combinada",621135.0,"acabamento: cromado, bitola: 9/16, características adicionais: inclinação:: boca 15º/estrela 10º, parede fina, material: aço cromo vanádio, tipo: boca/unit drive","UN",37.0,15.0,555.0]
["112/2026","Aprovada",null,"SEINFRA E OUTROS -  Materiais hidráulicos para instalações prediais","BENS",153052.0,"2026-01-02","2026-07-02",181.0,"SEINFRA - SECRETARIA DE INFRAESTRUTURA","799/2025","Médio",53.0,"2026-06-01","Material",5180.0,"Jogos e conjuntos de ferramentas manuais",14636.0,"Conjunto Ferramentas",453214.0,"aplicação: molas helicoidal, bomba hidráulica, coluna direção, características adicionais: capacidade compressão entre 2 a 4 toneladas, componentes: encolhedor de mola hidráulico","UN",78.0,5.0,390.0]
["112/2026","Aprovada",null,"SEINFRA E OUTROS -  Materiais hidráulicos para instalações prediais","BENS",153052.0,"2026-01-02","2026-07-02",181.0,"SEINFRA - SECRETARIA DE INFRAESTRUTURA","799/2025","Médio",54.0,"2026-06-01","Material",4730.0,"Acessórios e ferragens especiais para  mangueiras, canos  e tubos",13546.0,"Conexão Hidráulica",252545.0,"aplicação: instalação sanitária, bitola: 150 mm, material: pvc - cloreto de polivinila, tipo: cap, tipo fixação: soldável","UN",15.6,20.0,312.0]
["112/2026","Aprovada",null,"SEINFRA E OUTROS -  Materiais hidráulicos para instalações prediais","BENS",153052.0,"2026-01-02","2026-07-02",181.0,"SEINFRA - SECRETARIA DE INFRAESTRUTURA","799/2025","Médio",55.0,"2026-06-01","Material",4730.0,"Acessórios e ferragens especiais para  mangueiras, canos  e tubos",13546.0,"Conexão Hidráulica",252545.0,"aplicação: instalação sanitária, bitola: 150 mm, material: pvc - cloreto de polivinila, tipo: cap, tipo fixação: soldável","UN",23.2,50.0,1160.0]
["112/2026","Aprovada",null,"SEINFRA E OUTROS -  Materiais hidráulicos para instalações prediais","BENS",153052.0,"2026-01-02","2026-07-02",181.0,"SEINFRA - SECRETARIA DE INFRAESTRUTURA","799/2025","Médio",56.0,"2026-06-01","Material",4730.0,"Acessórios e ferragens especiais para  mangueiras, canos  e tubos",13546.0,"Conexão Hidráulica",251461.0,"aplicação: instalação sanitária, bitola: 150 mm, material: pvc - cloreto de polivinila, tipo: joelho 90°, tipo fixação: soldável","UN",24.45,50.0,1222.5]
["112/2026","Aprovada",null,"SEINFRA E OUTROS -  Materiais hidráulicos para instalações prediais","BENS",153052.0,"2026-01-02","2026-07-02",181.0,"SEINFRA - SECRETARIA DE INFRAESTRUTURA","799/2025","Médio",57.0,"2026-06-01","Material",4510.0,"Dispositivos e acessórios para instalações hidráulicas",6002.0,"Cuba",360100.0,"aplicação: instalações hidráulicas, dimensões: 560 x 340 x 170, formato: retangular, material: aço inoxidável, tipo: embutir","UN",150.0,50.0,7500.0]
["112/2026","Aprovada",null,"SEINFRA E OUTROS -  Materiais hidráulicos para instalações prediais","BENS",153052.0,"2026-01-02","2026-07-02",181.0,"SEINFRA - SECRETARIA DE INFRAESTRUTURA","799/2025","Médio",58.0,"2026-06-01","Material",4010.0,"Correntes e cabos de aço",4010.0,"Cabo Aço",392035.0,"aplicação: rede esgoto, bitola: 10, características adicionais: para máquina desentupidora riko rk-25, comprimento: 12, tipo: espiralado","UN",110.0,4.0,440.0]
["112/2026","Aprovada",null,"SEINFRA E OUTROS -  Materiais hidráulicos para instalações prediais","BENS",153052.0,"2026-01-02","2026-07-02",181.0,"SEINFRA - SECRETARIA DE INFRAESTRUTURA","799/2025","Médio",59.0,"2026-06-01","Material",4510.0,"Dispositivos e acessórios para instalações hidráulicas",6092.0,"Desentupidor Vaso Sanitário",241711.0,"altura: 10, comprimento cabo: 50, cor: preta, diâmetro: 16, material: borracha flexível, material cabo: madeira","UN",46.0,20.0,920.0]
["112/2026","Aprovada",null,"SEINFRA E OUTROS -  Materiais hidráulicos para instalações prediais","BENS",153052.0,"2026-01-02","2026-07-02",181.0,"SEINFRA - SECRETARIA DE INFRAESTRUTURA","799/2025","Médio",60.0,"2026-06-01","Material",4510.0,"Dispositivos e acessórios para instalações hidráulicas",6002.0,"Cuba",328439.0,"aplicação: banheiro, cor: branco gelo, dimensões: 490 x 365, formato: oval, material: louça, profundidade: 160, tipo: embutir","UN",110.0,50.0,5500.0]
["112/2026","Aprovada",null,"SEINFRA E OUTROS -  Materiais hidráulicos para instalações prediais","BENS",153052.0,"2026-01-02","2026-07-02",181.0,"SEINFRA - SECRETARIA DE INFRAESTRUTURA","799/2025","Médio",61.0,"2026-06-01","Material",7240.0,"Recepientes para uso doméstico e comercial",16554.0,"Dispenser Papel Higiênico",600953.0,"altura: 28, características adicionais: modelo redondo para rolo até 600m,com chave, cor: branco, largura: 27, material base: plástico abs, material tampa: plastico abs, profundidade: 13, tipo: de parede","UN",56.0,800.0,44800.0]
["112/2026","Aprovada",null,"SEINFRA E OUTROS -  Materiais hidráulicos para instalações prediais","BENS",153052.0,"2026-01-02","2026-07-02",181.0,"SEINFRA - SECRETARIA DE INFRAESTRUTURA","799/2025","Médio",62.0,"2026-06-01","Material",7240.0,"Recepientes para uso doméstico e comercial",3255.0,"Dispenser Higienizador",404651.0,"aplicação: mãos, capacidade: 800, características adicionais: visor frontal para álcool gel ou sabonete líquido, cor: branca, material: plástico abs, tipo fixação: parede","UN",31.8,400.0,12720.0]
["112/2026","Aprovada",null,"SEINFRA E OUTROS -  Materiais hidráulicos para instalações prediais","BENS",153052.0,"2026-01-02","2026-07-02",181.0,"SEINFRA - SECRETARIA DE INFRAESTRUTURA","799/2025","Médio",63.0,"2026-06-01","Material",7240.0,"Recepientes para uso doméstico e comercial",2826.0,"Dispenser Papel Toalha",614553.0,"cor: branca, dimensões: 345 x 290 x 200, material: plástico abs, tipo: semiautomático","UN",55.0,400.0,22000.0]
["112/2026","Aprovada",null,"SEINFRA E OUTROS -  Materiais hidráulicos para instalações prediais","BENS",153052.0,"2026-01-02","2026-07-02",181.0,"SEINFRA - SECRETARIA DE INFRAESTRUTURA","799/2025","Médio",64.0,"2026-06-01","Material",4510.0,"Dispositivos e acessórios para instalações hidráulicas",11383.0,"Engate Hidráulico",384012.0,"bitola: 1/2, características adicionais: malha trnçada, comprimento: 40, material: aço inoxidável","UN",13.85,400.0,5540.0]
["112/2026","Aprovada",null,"SEINFRA E OUTROS -  Materiais hidráulicos para instalações prediais","BENS",153052.0,"2026-01-02","2026-07-02",181.0,"SEINFRA - SECRETARIA DE INFRAESTRUTURA","799/2025","Médio",65.0,"2026-06-01","Material",4510.0,"Dispositivos e acessórios para instalações hidráulicas",3714.0,"Espude Vaso Sanitário",395408.0,"bitola: 40, características adicionais: sem parafuso, material: borracha","UN",2.45,400.0,980.0]
["112/2026","Aprovada",null,"SEINFRA E OUTROS -  Materiais hidráulicos para instalações prediais","BENS",153052.0,"2026-01-02","2026-07-02",181.0,"SEINFRA - SECRETARIA DE INFRAESTRUTURA","799/2025","Médio",66.0,"2026-06-01","Material",5330.0,"Gaxetas e outros materiais para vedação",7612.0,"Fita Veda Rosca",615103.0,"comprimento: 50, largura: 18, material: ptfe","UN",6.0,700.0,4200.0]
["112/2026","Aprovada",null,"SEINFRA E OUTROS -  Materiais hidráulicos para instalações prediais","BENS",153052.0,"2026-01-02","2026-07-02",181.0,"SEINFRA - SECRETARIA DE INFRAESTRUTURA","799/2025","Médio",67.0,"2026-06-01","Material",4510.0,"Dispositivos e acessórios para instalações hidráulicas",17465.0,"Braço Chuveiro",353339.0,"bitola: 1/2, comprimento: 40, material: pvc","UN",25.0,70.0,1750.0]
["112/2026","Aprovada",null,"SEINFRA E OUTROS -  Materiais hidráulicos para instalações prediais","BENS",153052.0,"2026-01-02","2026-07-02",181.0,"SEINFRA - SECRETARIA DE INFRAESTRUTURA","799/2025","Médio",68.0,"2026-06-01","Material",4730.0,"Acessórios e ferragens especiais para  mangueiras, canos  e tubos",13546.0,"Conexão Hidráulica",242793.0,"aplicação: instalações prediais água fria, bitola: 20 mm, material: pvc - cloreto de polivinila, tipo: joelho 45°, tipo fixação: soldável","UN",1.0,100.0,100.0]
["112/2026","Aprovada",null,"SEINFRA E OUTROS -  Materiais hidráulicos para instalações prediais","BENS",153052.0,"2026-01-02","2026-07-02",181.0,"SEINFRA - SECRETARIA DE INFRAESTRUTURA","799/2025","Médio",69.0,"2026-06-01","Material",4730.0,"Acessórios e ferragens especiais para  mangueiras, canos  e tubos",13546.0,"Conexão Hidráulica",242984.0,"aplicação: instalações prediais água fria, bitola: 25 mm, material: pvc - cloreto de polivinila, tipo: joelho 45°, tipo fixação: soldável","UN",1.55,100.0,155.0]
["112/2026","Aprovada",null,"SEINFRA E OUTROS -  Materiais hidráulicos para instalações prediais","BENS",153052.0,"2026-01-02","2026-07-02",181.0,"SEINFRA - SECRETARIA DE INFRAESTRUTURA","799/2025","Médio",70.0,"2026-06-01","Material",4730.0,"Acessórios e ferragens especiais para  mangueiras, canos  e tubos",13546.0,"Conexão Hidráulica",243109.0,"aplicação: instalações prediais água fria, bitola: 32 mm, material: pvc - cloreto de polivinila, tipo: joelho 45°, tipo fixação: soldável","UN",1.95,100.0,195.0]
["112/2026","Aprovada",null,"SEINFRA E OUTROS -  Materiais hidráulicos para instalações prediais","BENS",153052.0,"2026-01-02","2026-07-02",181.0,"SEINFRA - SECRETARIA DE INFRAESTRUTURA","799/2025","Médio",71.0,"2026-06-01","Material",4730.0,"Acessórios e ferragens especiais para  mangueiras, canos  e tubos",13546.0,"Conexão Hidráulica",298456.0,"aplicação: instalação sanitária, bitola: 40, características adicionais: com anel plástico, material: pvc - cloreto de polivinila, tipo: joelho 45°, tipo fixação: soldável","UN",5.95,100.0,595.0]
["112/2026","Aprovada",null,"SEINFRA E OUTROS -  Materiais hidráulicos para instalações prediais","BENS",153052.0,"2026-01-02","2026-07-02",181.0,"SEINFRA - SECRETARIA DE INFRAESTRUTURA","799/2025","Médio",72.0,"2026-06-01","Material",4730.0,"Acessórios e ferragens especiais para  mangueiras, canos  e tubos",13546.0,"Conexão Hidráulica",298457.0,"aplicação: instalação sanitária, bitola: 50, características adicionais: com anel plástico, material: pvc - cloreto de polivinila, tipo: joelho 45°, tipo fixação: soldável","UN",9.9,100.0,990.0]
["112/2026","Aprovada",null,"SEINFRA E OUTROS -  Materiais hidráulicos para instalações prediais","BENS",153052.0,"2026-01-02","2026-07-02",181.0,"SEINFRA - SECRETARIA DE INFRAESTRUTURA","799/2025","Médio",73.0,"2026-06-01","Material",4730.0,"Acessórios e ferragens especiais para  mangueiras, canos  e tubos",13546.0,"Conexão Hidráulica",265055.0,"aplicação: instalações prediais água fria, bitola: 60 mm, material: pvc - cloreto de polivinila, tipo: joelho 45°, tipo fixação: soldável","UN",26.8,100.0,2680.0]
["112/2026","Aprovada",null,"SEINFRA E OUTROS -  Materiais hidráulicos para instalações prediais","BENS",153052.0,"2026-01-02","2026-07-02",181.0,"SEINFRA - SECRETARIA DE INFRAESTRUTURA","799/2025","Médio",74.0,"2026-06-01","Material",4730.0,"Acessórios e ferragens especiais para  mangueiras, canos  e tubos",13546.0,"Conexão Hidráulica",231224.0,"aplicação: rede hidráulica e esgoto, bitola lado soldável: 32, características adicionais: não aplicável, cor: marrom, material: pvc - cloreto de polivinila, tipo: joelho 90°, tipo fixação: soldável, bitola lado roscável: não aplicável","UN",1.95,400.0,780.0]
["112/2026","Aprovada",null,"SEINFRA E OUTROS -  Materiais hidráulicos para instalações prediais","BENS",153052.0,"2026-01-02","2026-07-02",181.0,"SEINFRA - SECRETARIA DE INFRAESTRUTURA","799/2025","Médio",75.0,"2026-06-01","Material",4730.0,"Acessórios e ferragens especiais para  mangueiras, canos  e tubos",13546.0,"Conexão Hidráulica",258341.0,"aplicação: engenharia, bitola lado soldável: 20, material: pvc - cloreto de polivinila, tipo: joelho 90°, tipo fixação: soldável","UN",1.0,50.0,50.0]
["112/2026","Aprovada",null,"SEINFRA E OUTROS -  Materiais hidráulicos para instalações prediais","BENS",153052.0,"2026-01-02","2026-07-02",181.0,"SEINFRA - SECRETARIA DE INFRAESTRUTURA","799/2025","Médio",76.0,"2026-06-01","Material",4730.0,"Acessórios e ferragens especiais para  mangueiras, canos  e tubos",13546.0,"Conexão Hidráulica",231222.0,"aplicação: rede hidráulica e esgoto, bitola lado soldável: 25, características adicionais: não aplicável, cor: marrom, material: pvc - cloreto de polivinila, tipo: joelho 90°, tipo fixação: soldável, bitola lado roscável: não aplicável","UN",0.75,1000.0,750.0]
["112/2026","Aprovada",null,"SEINFRA E OUTROS -  Materiais hidráulicos para instalações prediais","BENS",153052.0,"2026-01-02","2026-07-02",181.0,"SEINFRA - SECRETARIA DE INFRAESTRUTURA","799/2025","Médio",77.0,"2026-06-01","Material",4730.0,"Acessórios e ferragens especiais para  mangueiras, canos  e tubos",13546.0,"Conexão Hidráulica",398760.0,"aplicação: instalação hidráulica, bitola lado soldável: 40, cor: marrom, material: pvc - cloreto de polivinila, normas técnicas: nbr 5648, tipo: joelho 90°, tipo fixação: soldável","UN",5.95,100.0,595.0]
["112/2026","Aprovada",null,"SEINFRA E OUTROS -  Materiais hidráulicos para instalações prediais","BENS",153052.0,"2026-01-02","2026-07-02",181.0,"SEINFRA - SECRETARIA DE INFRAESTRUTURA","799/2025","Médio",78.0,"2026-06-01","Material",4730.0,"Acessórios e ferragens especiais para  mangueiras, canos  e tubos",13546.0,"Conexão Hidráulica",398761.0,"aplicação: instalação hidráulica, bitola lado soldável: 50, cor: marrom, material: pvc - cloreto de polivinila, normas técnicas: nbr 5648, tipo: joelho 90°, tipo fixação: soldável","UN",7.15,200.0,1430.0]
["112/2026","Aprovada",null,"SEINFRA E OUTROS -  Materiais hidráulicos para instalações prediais","BENS",153052.0,"2026-01-02","2026-07-02",181.0,"SEINFRA - SECRETARIA DE INFRAESTRUTURA","799/2025","Médio",79.0,"2026-06-01","Material",4730.0,"Acessórios e ferragens especiais para  mangueiras, canos  e tubos",13546.0,"Conexão Hidráulica",242983.0,"aplicação: instalações prediais água fria, bitola: 60 mm, material: pvc - cloreto de polivinila, tipo: joelho 90°, tipo fixação: soldável","UN",25.0,100.0,2500.0]
["112/2026","Aprovada",null,"SEINFRA E OUTROS -  Materiais hidráulicos para instalações prediais","BENS",153052.0,"2026-01-02","2026-07-02",181.0,"SEINFRA - SECRETARIA DE INFRAESTRUTURA","799/2025","Médio",80.0,"2026-06-01","Material",4730.0,"Acessórios e ferragens especiais para  mangueiras, canos  e tubos",13546.0,"Conexão Hidráulica",286230.0,"aplicação: instalações prediais água fria, bitola lado soldável: 20, características adicionais: com bucha de latão, material: pvc - cloreto de polivinila, tipo: joelho de redução 90°, tipo fixação: soldável e roscável, bitola lado roscável: 1/2","UN",3.7,100.0,370.0]
["112/2026","Aprovada",null,"SEINFRA E OUTROS -  Materiais hidráulicos para instalações prediais","BENS",153052.0,"2026-01-02","2026-07-02",181.0,"SEINFRA - SECRETARIA DE INFRAESTRUTURA","799/2025","Médio",81.0,"2026-06-01","Material",4730.0,"Acessórios e ferragens especiais para  mangueiras, canos  e tubos",13546.0,"Conexão Hidráulica",265135.0,"aplicação: instalações prediais água fria, bitola lado soldável: 25, características adicionais: com bucha de latão, material: pvc - cloreto de polivinila, tipo: joelho de redução 90°, tipo fixação: soldável e roscável, bitola lado roscável: 1/2","UN",3.75,400.0,1500.0]
["112/2026","Aprovada",null,"SEINFRA E OUTROS -  Materiais hidráulicos para instalações prediais","BENS",153052.0,"2026-01-02","2026-07-02",181.0,"SEINFRA - SECRETARIA DE INFRAESTRUTURA","799/2025","Médio",82.0,"2026-06-01","Material",4730.0,"Acessórios e ferragens especiais para  mangueiras, canos  e tubos",13546.0,"Conexão Hidráulica",248819.0,"aplicação: instalações prediais água fria, bitola lado soldável: 25, características adicionais: com bucha de latão, material: pvc - cloreto de polivinila, tipo: joelho 90°, tipo fixação: soldável e roscável, bitola lado roscável: 3/4","UN",8.0,100.0,800.0]
["112/2026","Aprovada",null,"SEINFRA E OUTROS -  Materiais hidráulicos para instalações prediais","BENS",153052.0,"2026-01-02","2026-07-02",181.0,"SEINFRA - SECRETARIA DE INFRAESTRUTURA","799/2025","Médio",83.0,"2026-06-01","Material",4730.0,"Acessórios e ferragens especiais para  mangueiras, canos  e tubos",13546.0,"Conexão Hidráulica",245060.0,"aplicação: instalações prediais água fria, bitola lado soldável: 32, características adicionais: com bucha de latão, material: pvc - cloreto de polivinila, tipo: joelho de redução 90°, tipo fixação: soldável e roscável, bitola lado roscável: 3/4","UN",7.75,100.0,775.0]
["112/2026","Aprovada",null,"SEINFRA E OUTROS -  Materiais hidráulicos para instalações prediais","BENS",153052.0,"2026-01-02","2026-07-02",181.0,"SEINFRA - SECRETARIA DE INFRAESTRUTURA","799/2025","Médio",84.0,"2026-06-01","Material",4730.0,"Acessórios e ferragens especiais para  mangueiras, canos  e tubos",13546.0,"Conexão Hidráulica",245060.0,"aplicação: instalações prediais água fria, bitola lado soldável: 32, características adicionais: com bucha de latão, material: pvc - cloreto de polivinila, tipo: joelho de redução 90°, tipo fixação: soldável e roscável, bitola lado roscável: 3/4","UN",9.7,100.0,970.0]
["112/2026","Aprovada",null,"SEINFRA E OUTROS -  Materiais hidráulicos para instalações prediais","BENS",153052.0,"2026-01-02","2026-07-02",181.0,"SEINFRA - SECRETARIA DE INFRAESTRUTURA","799/2025","Médio",85.0,"2026-06-01","Material",4730.0,"Acessórios e ferragens especiais para  mangueiras, canos  e tubos",13546.0,"Conexão Hidráulica",233979.0,"aplicação: rede hidráulica e esgoto, bitola: 40, material: pvc - cloreto de polivinila, tipo: joelho 45°, tipo fixação: soldável","UN",1.9,150.0,285.0]
["112/2026","Aprovada",null,"SEINFRA E OUTROS -  Materiais hidráulicos para instalações prediais","BENS",153052.0,"2026-01-02","2026-07-02",181.0,"SEINFRA - SECRETARIA DE INFRAESTRUTURA","799/2025","Médio",86.0,"2026-06-01","Material",4730.0,"Acessórios e ferragens especiais para  mangueiras, canos  e tubos",13546.0,"Conexão Hidráulica",236708.0,"aplicação: rede hidráulica e esgoto, bitola: 75 mm, material: pvc - cloreto de polivinila, tipo: joelho 45°, tipo fixação: soldável","UN",6.46,100.0,646.0]
["112/2026","Aprovada",null,"SEINFRA E OUTROS -  Materiais hidráulicos para instalações prediais","BENS",153052.0,"2026-01-02","2026-07-02",181.0,"SEINFRA - SECRETARIA DE INFRAESTRUTURA","799/2025","Médio",87.0,"2026-06-01","Material",4730.0,"ACESSÓRIOS E FERRAGENS ESPECIAIS PARA  MANGUEIRAS, CANOS  E TUBOS",13546.0,"CONEXÃO HIDRÁULICA",304351.0,"APLICAÇÃO: REDE HIDRÁULICA E ESGOTO, BITOLA: 100 MM, CARACTERÍSTICAS ADICIONAIS: SEM ANEL, MATERIAL: PVC - CLORETO DE POLIVINILA, TIPO: JOELHO 90°, TIPO FIXAÇÃO: SOLDÁVEL","UN",8.9,100.0,890.0]
["112/2026","Aprovada",null,"SEINFRA E OUTROS -  Materiais hidráulicos para instalações prediais","BENS",153052.0,"2026-01-02","2026-07-02",181.0,"SEINFRA - SECRETARIA DE INFRAESTRUTURA","799/2025","Médio",88.0,"2026-06-01","Material",4730.0,"Acessórios e ferragens especiais para  mangueiras, canos  e tubos",13546.0,"Conexão Hidráulica",233983.0,"aplicação: rede hidráulica e esgoto, bitola: 50, material: pvc - cloreto de polivinila, tipo: joelho 90°, tipo fixação: soldável","UN",2.3,200.0,460.0]
["112/2026","Aprovada",null,"SEINFRA E OUTROS -  Materiais hidráulicos para instalações prediais","BENS",153052.0,"2026-01-02","2026-07-02",181.0,"SEINFRA - SECRETARIA DE INFRAESTRUTURA","799/2025","Médio",89.0,"2026-06-01","Material",4730.0,"Acessórios e ferragens especiais para  mangueiras, canos  e tubos",13546.0,"Conexão Hidráulica",304344.0,"aplicação: rede hidráulica e esgoto, bitola: 100 mm, material: pvc - cloreto de polivinila, tipo: joelho 45°, tipo fixação: soldável","UN",7.85,150.0,1177.5]
["112/2026","Aprovada",null,"SEINFRA E OUTROS -  Materiais hidráulicos para instalações prediais","BENS",153052.0,"2026-01-02","2026-07-02",181.0,"SEINFRA - SECRETARIA DE INFRAESTRUTURA","799/2025","Médio",90.0,"2026-06-01","Material",4730.0,"Acessórios e ferragens especiais para  mangueiras, canos  e tubos",13546.0,"Conexão Hidráulica",236706.0,"aplicação: rede hidráulica e esgoto, bitola: 50 mm, material: pvc - cloreto de polivinila, tipo: joelho 45°, tipo fixação: soldável","UN",6.5,100.0,650.0]
["112/2026","Aprovada",null,"SEINFRA E OUTROS -  Materiais hidráulicos para instalações prediais","BENS",153052.0,"2026-01-02","2026-07-02",181.0,"SEINFRA - SECRETARIA DE INFRAESTRUTURA","799/2025","Médio",91.0,"2026-06-01","Material",4730.0,"Acessórios e ferragens especiais para  mangueiras, canos  e tubos",13546.0,"Conexão Hidráulica",240483.0,"aplicação: rede hidráulica e esgoto, bitola: 40 x 40mm, bitola lado soldável: 40 mm, material: pvc - cloreto de polivinila, tipo: joelho 90°, tipo fixação: soldável","UN",1.9,200.0,380.0]
["112/2026","Aprovada",null,"SEINFRA E OUTROS -  Materiais hidráulicos para instalações prediais","BENS",153052.0,"2026-01-02","2026-07-02",181.0,"SEINFRA - SECRETARIA DE INFRAESTRUTURA","799/2025","Médio",92.0,"2026-06-01","Material",4730.0,"Acessórios e ferragens especiais para  mangueiras, canos  e tubos",13546.0,"Conexão Hidráulica",253695.0,"aplicação: rede hidráulica e esgôto, bitola: 75 mm, material: pvc - cloreto de polivinila, tipo: joelho 90°, tipo fixação: soldável","UN",8.75,100.0,875.0]
["112/2026","Aprovada",null,"SEINFRA E OUTROS -  Materiais hidráulicos para instalações prediais","BENS",153052.0,"2026-01-02","2026-07-02",181.0,"SEINFRA - SECRETARIA DE INFRAESTRUTURA","799/2025","Médio",93.0,"2026-06-01","Material",4730.0,"Acessórios e ferragens especiais para  mangueiras, canos  e tubos",13546.0,"Conexão Hidráulica",253695.0,"aplicação: rede hidráulica e esgôto, bitola: 75 mm, material: pvc - cloreto de polivinila, tipo: joelho 90°, tipo fixação: soldável","UN",37.6,30.0,1128.0]
["112/2026","Aprovada",null,"SEINFRA E OUTROS -  Materiais hidráulicos para instalações prediais","BENS",153052.0,"2026-01-02","2026-07-02",181.0,"SEINFRA - SECRETARIA DE INFRAESTRUTURA","799/2025","Médio",94.0,"2026-06-01","Material",4730.0,"Acessórios e ferragens especiais para  mangueiras, canos  e tubos",13546.0,"Conexão Hidráulica",342479.0,"aplicação: instalação sanitária, bitola: 100, material: pvc - cloreto de polivinila, tipo: luva de correr","UN",22.99,100.0,2299.0]
["112/2026","Aprovada",null,"SEINFRA E OUTROS -  Materiais hidráulicos para instalações prediais","BENS",153052.0,"2026-01-02","2026-07-02",181.0,"SEINFRA - SECRETARIA DE INFRAESTRUTURA","799/2025","Médio",95.0,"2026-06-01","Material",4730.0,"Acessórios e ferragens especiais para  mangueiras, canos  e tubos",13546.0,"Conexão Hidráulica",389648.0,"aplicação: instalações esgoto, bitola: 40, características adicionais: anel de borracha para vedação nas extremidades, material: pvc - cloreto de polivinila, tipo: luva de correr, tipo fixação: encaixe","UN",9.12,200.0,1824.0]
["112/2026","Aprovada",null,"SEINFRA E OUTROS -  Materiais hidráulicos para instalações prediais","BENS",153052.0,"2026-01-02","2026-07-02",181.0,"SEINFRA - SECRETARIA DE INFRAESTRUTURA","799/2025","Médio",96.0,"2026-06-01","Material",4730.0,"Acessórios e ferragens especiais para  mangueiras, canos  e tubos",13546.0,"Conexão Hidráulica",389649.0,"aplicação: instalações prediais água fria, bitola: 50, características adicionais: anel de borracha para vedação nas extremidades, material: pvc - cloreto de polivinila, tipo: luva de correr, tipo fixação: encaixe","UN",8.25,160.0,1320.0]
["112/2026","Aprovada",null,"SEINFRA E OUTROS -  Materiais hidráulicos para instalações prediais","BENS",153052.0,"2026-01-02","2026-07-02",181.0,"SEINFRA - SECRETARIA DE INFRAESTRUTURA","799/2025","Médio",97.0,"2026-06-01","Material",4730.0,"Acessórios e ferragens especiais para  mangueiras, canos  e tubos",13546.0,"Conexão Hidráulica",389650.0,"aplicação: instalações esgoto, bitola: 75, características adicionais: anel de borracha para vedação nas extremidades, material: pvc - cloreto de polivinila, tipo: luva de correr, tipo fixação: encaixe","UN",12.75,100.0,1275.0]
["112/2026","Aprovada",null,"SEINFRA E OUTROS -  Materiais hidráulicos para instalações prediais","BENS",153052.0,"2026-01-02","2026-07-02",181.0,"SEINFRA - SECRETARIA DE INFRAESTRUTURA","799/2025","Médio",98.0,"2026-06-01","Material",4730.0,"Acessórios e ferragens especiais para  mangueiras, canos  e tubos",13546.0,"Conexão Hidráulica",389650.0,"aplicação: instalações esgoto, bitola: 75, características adicionais: anel de borracha para vedação nas extremidades, material: pvc - cloreto de polivinila, tipo: luva de correr, tipo fixação: encaixe","UN",3.9,50.0,195.0]
["112/2026","Aprovada",null,"SEINFRA E OUTROS -  Materiais hidráulicos para instalações prediais","BENS",153052.0,"2026-01-02","2026-07-02",181.0,"SEINFRA - SECRETARIA DE INFRAESTRUTURA","799/2025","Médio",99.0,"2026-06-01","Material",4730.0,"Acessórios e ferragens especiais para  mangueiras, canos  e tubos",13546.0,"Conexão Hidráulica",293931.0,"aplicação: rede hidráulica e esgoto, bitola lado soldável: 40, material: pvc - cloreto de polivinila, tipo: luva, tipo fixação: soldável","UN",1.75,200.0,350.0]
["112/2026","Aprovada",null,"SEINFRA E OUTROS -  Materiais hidráulicos para instalações prediais","BENS",153052.0,"2026-01-02","2026-07-02",181.0,"SEINFRA - SECRETARIA DE INFRAESTRUTURA","799/2025","Médio",100.0,"2026-06-01","Material",4730.0,"Acessórios e ferragens especiais para  mangueiras, canos  e tubos",13546.0,"Conexão Hidráulica",353504.0,"aplicação: instalações esgoto, bitola: 100, material: pvc, tipo: luva simples, tipo fixação: soldável","UN",6.59,100.0,659.0]
["112/2026","Aprovada",null,"SEINFRA E OUTROS -  Materiais hidráulicos para instalações prediais","BENS",153052.0,"2026-01-02","2026-07-02",181.0,"SEINFRA - SECRETARIA DE INFRAESTRUTURA","799/2025","Médio",101.0,"2026-06-01","Material",4730.0,"Acessórios e ferragens especiais para  mangueiras, canos  e tubos",13546.0,"Conexão Hidráulica",265031.0,"bitola lado soldável: 50, material: pvc rígido, tipo: luva, tipo fixação: soldável","UN",6.05,200.0,1210.0]
["112/2026","Aprovada",null,"SEINFRA E OUTROS -  Materiais hidráulicos para instalações prediais","BENS",153052.0,"2026-01-02","2026-07-02",181.0,"SEINFRA - SECRETARIA DE INFRAESTRUTURA","799/2025","Médio",102.0,"2026-06-01","Material",4730.0,"Acessórios e ferragens especiais para  mangueiras, canos  e tubos",13546.0,"Conexão Hidráulica",353518.0,"aplicação: instalações esgoto, bitola: 75, material: pvc, tipo: luva simples, tipo fixação: soldável","UN",6.85,100.0,685.0]
["112/2026","Aprovada",null,"SEINFRA E OUTROS -  Materiais hidráulicos para instalações prediais","BENS",153052.0,"2026-01-02","2026-07-02",181.0,"SEINFRA - SECRETARIA DE INFRAESTRUTURA","799/2025","Médio",103.0,"2026-06-01","Material",4730.0,"Acessórios e ferragens especiais para  mangueiras, canos  e tubos",13546.0,"Conexão Hidráulica",266254.0,"aplicação: instalações prediais água fria, bitola: 20 mm, características adicionais: com anel de borracha para vedação nas extremidades, material: pvc rígido, tipo: luva de correr, tipo fixação: soldável","UN",10.05,100.0,1005.0]
["112/2026","Aprovada",null,"SEINFRA E OUTROS -  Materiais hidráulicos para instalações prediais","BENS",153052.0,"2026-01-02","2026-07-02",181.0,"SEINFRA - SECRETARIA DE INFRAESTRUTURA","799/2025","Médio",104.0,"2026-06-01","Material",4730.0,"ACESSÓRIOS E FERRAGENS ESPECIAIS PARA  MANGUEIRAS, CANOS  E TUBOS",13546.0,"CONEXÃO HIDRÁULICA",373365.0,"APLICAÇÃO: INSTALAÇÕES PREDIAIS ÁGUA FRIA, BITOLA: 25, MATERIAL: PVC - CLORETO DE POLIVINILA, TIPO: LUVA DE CORRER, TIPO FIXAÇÃO: ANEL BORRACHA","UN",15.0,700.0,10500.0]
["112/2026","Aprovada",null,"SEINFRA E OUTROS -  Materiais hidráulicos para instalações prediais","BENS",153052.0,"2026-01-02","2026-07-02",181.0,"SEINFRA - SECRETARIA DE INFRAESTRUTURA","799/2025","Médio",105.0,"2026-06-01","Material",4730.0,"Acessórios e ferragens especiais para  mangueiras, canos  e tubos",13546.0,"Conexão Hidráulica",373367.0,"aplicação: instalações prediais água fria, bitola: 32, material: pvc - cloreto de polivinila, tipo: luva de correr, tipo fixação: anel borracha","UN",10.05,200.0,2010.0]
["112/2026","Aprovada",null,"SEINFRA E OUTROS -  Materiais hidráulicos para instalações prediais","BENS",153052.0,"2026-01-02","2026-07-02",181.0,"SEINFRA - SECRETARIA DE INFRAESTRUTURA","799/2025","Médio",106.0,"2026-06-01","Material",4730.0,"Acessórios e ferragens especiais para  mangueiras, canos  e tubos",13546.0,"Conexão Hidráulica",377772.0,"aplicação: instalações prediais água fria, bitola: 40, material: pvc - cloreto de polivinila, tipo: luva de correr, tipo fixação: anel borracha","UN",5.25,100.0,525.0]
["112/2026","Aprovada",null,"SEINFRA E OUTROS -  Materiais hidráulicos para instalações prediais","BENS",153052.0,"2026-01-02","2026-07-02",181.0,"SEINFRA - SECRETARIA DE INFRAESTRUTURA","799/2025","Médio",107.0,"2026-06-01","Material",4730.0,"Acessórios e ferragens especiais para  mangueiras, canos  e tubos",13546.0,"Conexão Hidráulica",373366.0,"aplicação: instalações prediais água fria, bitola: 50, material: pvc - cloreto de polivinila, tipo: luva de correr, tipo fixação: anel borracha","UN",10.88,100.0,1088.0]
["112/2026","Aprovada",null,"SEINFRA E OUTROS -  Materiais hidráulicos para instalações prediais","BENS",153052.0,"2026-01-02","2026-07-02",181.0,"SEINFRA - SECRETARIA DE INFRAESTRUTURA","799/2025","Médio",108.0,"2026-06-01","Material",4730.0,"Acessórios e ferragens especiais para  mangueiras, canos  e tubos",13546.0,"Conexão Hidráulica",374300.0,"aplicação: instalações prediais água fria, bitola ii: 60, material: pvc - cloreto de polivinila, tipo: luva de correr, tipo fixação: anel borracha","UN",12.7,100.0,1270.0]
["112/2026","Aprovada",null,"SEINFRA E OUTROS -  Materiais hidráulicos para instalações prediais","BENS",153052.0,"2026-01-02","2026-07-02",181.0,"SEINFRA - SECRETARIA DE INFRAESTRUTURA","799/2025","Médio",109.0,"2026-06-01","Material",4730.0,"Acessórios e ferragens especiais para  mangueiras, canos  e tubos",13546.0,"Conexão Hidráulica",367665.0,"aplicação: instalações prediais água fria, bitola: 75 x 60, material: pvc - cloreto de polivinila, tipo: luva de redução, tipo fixação: soldável","UN",13.76,50.0,688.0]
["112/2026","Aprovada",null,"SEINFRA E OUTROS -  Materiais hidráulicos para instalações prediais","BENS",153052.0,"2026-01-02","2026-07-02",181.0,"SEINFRA - SECRETARIA DE INFRAESTRUTURA","799/2025","Médio",110.0,"2026-06-01","Material",4730.0,"Acessórios e ferragens especiais para  mangueiras, canos  e tubos",13546.0,"Conexão Hidráulica",245133.0,"aplicação: instalações prediais água fria, bitola: 20 mm, material: pvc - cloreto de polivinila, tipo: luva, tipo fixação: soldável","UN",0.66,100.0,66.0]
["112/2026","Aprovada",null,"SEINFRA E OUTROS -  Materiais hidráulicos para instalações prediais","BENS",153052.0,"2026-01-02","2026-07-02",181.0,"SEINFRA - SECRETARIA DE INFRAESTRUTURA","799/2025","Médio",111.0,"2026-06-01","Material",4730.0,"Acessórios e ferragens especiais para  mangueiras, canos  e tubos",13546.0,"Conexão Hidráulica",233999.0,"aplicação: rede hidráulica e esgoto, bitola: 25, material: pvc - cloreto de polivinila, tipo: luva, tipo fixação: soldável","UN",0.75,800.0,600.0]
["112/2026","Aprovada",null,"SEINFRA E OUTROS -  Materiais hidráulicos para instalações prediais","BENS",153052.0,"2026-01-02","2026-07-02",181.0,"SEINFRA - SECRETARIA DE INFRAESTRUTURA","799/2025","Médio",112.0,"2026-06-01","Material",4730.0,"Acessórios e ferragens especiais para  mangueiras, canos  e tubos",13546.0,"Conexão Hidráulica",242876.0,"aplicação: instalações prediais água fria, bitola: 32 mm, material: pvc - cloreto de polivinila, tipo: luva, tipo fixação: soldável","UN",1.84,300.0,552.0]
["112/2026","Aprovada",null,"SEINFRA E OUTROS -  Materiais hidráulicos para instalações prediais","BENS",153052.0,"2026-01-02","2026-07-02",181.0,"SEINFRA - SECRETARIA DE INFRAESTRUTURA","799/2025","Médio",113.0,"2026-06-01","Material",4730.0,"Acessórios e ferragens especiais para  mangueiras, canos  e tubos",13546.0,"Conexão Hidráulica",270388.0,"aplicação: rede hidráulica e esgoto, bitola lado soldável: 40, cor: marrom, material: pvc - cloreto de polivinila, tipo: luva, tipo fixação: soldável","UN",4.93,100.0,493.0]
["112/2026","Aprovada",null,"SEINFRA E OUTROS -  Materiais hidráulicos para instalações prediais","BENS",153052.0,"2026-01-02","2026-07-02",181.0,"SEINFRA - SECRETARIA DE INFRAESTRUTURA","799/2025","Médio",114.0,"2026-06-01","Material",4730.0,"Acessórios e ferragens especiais para  mangueiras, canos  e tubos",13546.0,"Conexão Hidráulica",270389.0,"aplicação: rede hidráulica e esgoto, bitola lado soldável: 50, cor: marrom, material: pvc - cloreto de polivinila, tipo: luva, tipo fixação: soldável","UN",19.45,150.0,2917.5]
["112/2026","Aprovada",null,"SEINFRA E OUTROS -  Materiais hidráulicos para instalações prediais","BENS",153052.0,"2026-01-02","2026-07-02",181.0,"SEINFRA - SECRETARIA DE INFRAESTRUTURA","799/2025","Médio",115.0,"2026-06-01","Material",4730.0,"Acessórios e ferragens especiais para  mangueiras, canos  e tubos",13546.0,"Conexão Hidráulica",265032.0,"bitola lado soldável: 60, material: pvc rígido, tipo: luva, tipo fixação: soldável","UN",12.28,100.0,1228.0]
["112/2026","Aprovada",null,"SEINFRA E OUTROS -  Materiais hidráulicos para instalações prediais","BENS",153052.0,"2026-01-02","2026-07-02",181.0,"SEINFRA - SECRETARIA DE INFRAESTRUTURA","799/2025","Médio",116.0,"2026-06-01","Material",4730.0,"Acessórios e ferragens especiais para  mangueiras, canos  e tubos",13546.0,"Conexão Hidráulica",260149.0,"aplicação: instalações prediais água fria, bitola: 20 mm x 1/2, características adicionais: com bucha de latão, material: pvc - cloreto de polivinila, tipo: luva, tipo fixação: soldável\"","UN",3.16,100.0,316.0]
["112/2026","Aprovada",null,"SEINFRA E OUTROS -  Materiais hidráulicos para instalações prediais","BENS",153052.0,"2026-01-02","2026-07-02",181.0,"SEINFRA - SECRETARIA DE INFRAESTRUTURA","799/2025","Médio",117.0,"2026-06-01","Material",4730.0,"Acessórios e ferragens especiais para  mangueiras, canos  e tubos",13546.0,"Conexão Hidráulica",242470.0,"aplicação: instalações prediais água fria, bitola lado soldável: 25, características adicionais: com bucha de latão, material: pvc - cloreto de polivinila, tipo: luva de redução, tipo fixação: soldável e roscável, bitola lado roscável: 1/2","UN",5.6,200.0,1120.0]
["112/2026","Aprovada",null,"SEINFRA E OUTROS -  Materiais hidráulicos para instalações prediais","BENS",153052.0,"2026-01-02","2026-07-02",181.0,"SEINFRA - SECRETARIA DE INFRAESTRUTURA","799/2025","Médio",118.0,"2026-06-01","Material",4730.0,"Acessórios e ferragens especiais para  mangueiras, canos  e tubos",13546.0,"Conexão Hidráulica",265027.0,"bitola lado soldável: 32, material: pvc - cloreto de polivinila, tipo: luva, tipo fixação: soldável","UN",24.2,150.0,3630.0]
["112/2026","Aprovada",null,"SEINFRA E OUTROS -  Materiais hidráulicos para instalações prediais","BENS",153052.0,"2026-01-02","2026-07-02",181.0,"SEINFRA - SECRETARIA DE INFRAESTRUTURA","799/2025","Médio",119.0,"2026-06-01","Material",4730.0,"Acessórios e ferragens especiais para  mangueiras, canos  e tubos",13546.0,"Conexão Hidráulica",260148.0,"aplicação: instalações prediais água fria, bitola: 25 mm x 3/4, características adicionais: com bucha de latão, material: pvc - cloreto de polivinila, tipo: luva, tipo fixação: soldável\"","UN",9.0,200.0,1800.0]
["112/2026","Aprovada",null,"SEINFRA E OUTROS -  Materiais hidráulicos para instalações prediais","BENS",153052.0,"2026-01-02","2026-07-02",181.0,"SEINFRA - SECRETARIA DE INFRAESTRUTURA","799/2025","Médio",120.0,"2026-06-01","Material",4730.0,"Acessórios e ferragens especiais para  mangueiras, canos  e tubos",13546.0,"Conexão Hidráulica",262457.0,"aplicação: instalações prediais água fria, bitola: 1/2, material: pvc - cloreto de polivinila, tipo: nípel, tipo fixação: roscável\"","UN",0.99,100.0,99.0]
["112/2026","Aprovada",null,"SEINFRA E OUTROS -  Materiais hidráulicos para instalações prediais","BENS",153052.0,"2026-01-02","2026-07-02",181.0,"SEINFRA - SECRETARIA DE INFRAESTRUTURA","799/2025","Médio",121.0,"2026-06-01","Material",4730.0,"Acessórios e ferragens especiais para  mangueiras, canos  e tubos",13546.0,"Conexão Hidráulica",319881.0,"aplicação: instalações prediais água fria, bitola: 3/4, material: pvc - cloreto de polivinila, tipo: nípel, tipo fixação: roscável\"","UN",2.0,100.0,200.0]
["112/2026","Aprovada",null,"SEINFRA E OUTROS -  Materiais hidráulicos para instalações prediais","BENS",153052.0,"2026-01-02","2026-07-02",181.0,"SEINFRA - SECRETARIA DE INFRAESTRUTURA","799/2025","Médio",122.0,"2026-06-01","Material",4510.0,"Dispositivos e acessórios para instalações hidráulicas",3714.0,"Espude Vaso Sanitário",395408.0,"bitola: 40, características adicionais: sem parafuso, material: borracha","UN",10.42,300.0,3126.0]
["112/2026","Aprovada",null,"SEINFRA E OUTROS -  Materiais hidráulicos para instalações prediais","BENS",153052.0,"2026-01-02","2026-07-02",181.0,"SEINFRA - SECRETARIA DE INFRAESTRUTURA","799/2025","Médio",123.0,"2026-06-01","Material",4510.0,"Dispositivos e acessórios para instalações hidráulicas",3714.0,"Espude Vaso Sanitário",395408.0,"bitola: 40, características adicionais: sem parafuso, material: borracha","UN",11.0,300.0,3300.0]
["112/2026","Aprovada",null,"SEINFRA E OUTROS -  Materiais hidráulicos para instalações prediais","BENS",153052.0,"2026-01-02","2026-07-02",181.0,"SEINFRA - SECRETARIA DE INFRAESTRUTURA","799/2025","Médio",124.0,"2026-06-01","Material",4730.0,"Acessórios e ferragens especiais para  mangueiras, canos  e tubos",13546.0,"Conexão Hidráulica",239035.0,"aplicação: instalações prediais água fria, bitola: 1/2, material: pvc - cloreto de polivinila, tipo: plug, tipo fixação: roscável\"","UN",1.43,60.0,85.8]
["112/2026","Aprovada",null,"SEINFRA E OUTROS -  Materiais hidráulicos para instalações prediais","BENS",153052.0,"2026-01-02","2026-07-02",181.0,"SEINFRA - SECRETARIA DE INFRAESTRUTURA","799/2025","Médio",125.0,"2026-06-01","Material",4730.0,"Acessórios e ferragens especiais para  mangueiras, canos  e tubos",13546.0,"Conexão Hidráulica",239035.0,"aplicação: instalações prediais água fria, bitola: 1/2, material: pvc - cloreto de polivinila, tipo: plug, tipo fixação: roscável\"","UN",0.85,300.0,255.0]
["112/2026","Aprovada",null,"SEINFRA E OUTROS -  Materiais hidráulicos para instalações prediais","BENS",153052.0,"2026-01-02","2026-07-02",181.0,"SEINFRA - SECRETARIA DE INFRAESTRUTURA","799/2025","Médio",126.0,"2026-06-01","Material",4730.0,"Acessórios e ferragens especiais para  mangueiras, canos  e tubos",13546.0,"Conexão Hidráulica",239036.0,"aplicação: instalações prediais água fria, bitola: 3/4, material: pvc - cloreto de polivinila, tipo: plug, tipo fixação: roscável\"","UN",1.07,300.0,321.0]
["112/2026","Aprovada",null,"SEINFRA E OUTROS -  Materiais hidráulicos para instalações prediais","BENS",153052.0,"2026-01-02","2026-07-02",181.0,"SEINFRA - SECRETARIA DE INFRAESTRUTURA","799/2025","Médio",127.0,"2026-06-01","Material",4820.0,"Válvulas não acionadas por força motriz",14461.0,"Registro Esfera",432658.0,"aplicação: instalação hidráulica, bitola: 25 mm, material: pvc, tipo: borboleta, tipo fixação: roscável","UN",17.48,700.0,12236.0]
["112/2026","Aprovada",null,"SEINFRA E OUTROS -  Materiais hidráulicos para instalações prediais","BENS",153052.0,"2026-01-02","2026-07-02",181.0,"SEINFRA - SECRETARIA DE INFRAESTRUTURA","799/2025","Médio",128.0,"2026-06-01","Material",4820.0,"Válvulas não acionadas por força motriz",14461.0,"Registro Esfera",257682.0,"aplicação: instalação hidráulica, bitola: 32, material: pvc, tipo: manual, tipo fixação: soldável","UN",24.09,300.0,7227.0]
["112/2026","Aprovada",null,"SEINFRA E OUTROS -  Materiais hidráulicos para instalações prediais","BENS",153052.0,"2026-01-02","2026-07-02",181.0,"SEINFRA - SECRETARIA DE INFRAESTRUTURA","799/2025","Médio",129.0,"2026-06-01","Material",4820.0,"Válvulas não acionadas por força motriz",14461.0,"Registro Esfera",257680.0,"aplicação: instalação hidráulica, bitola: 40, material: pvc, tipo: manual, tipo fixação: soldável","UN",30.0,300.0,9000.0]
["112/2026","Aprovada",null,"SEINFRA E OUTROS -  Materiais hidráulicos para instalações prediais","BENS",153052.0,"2026-01-02","2026-07-02",181.0,"SEINFRA - SECRETARIA DE INFRAESTRUTURA","799/2025","Médio",130.0,"2026-06-01","Material",4820.0,"Válvulas não acionadas por força motriz",14461.0,"Registro Esfera",257681.0,"aplicação: instalação hidráulica, bitola: 50, material: pvc, tipo: manual, tipo fixação: soldável","UN",35.0,300.0,10500.0]
["112/2026","Aprovada",null,"SEINFRA E OUTROS -  Materiais hidráulicos para instalações prediais","BENS",153052.0,"2026-01-02","2026-07-02",181.0,"SEINFRA - SECRETARIA DE INFRAESTRUTURA","799/2025","Médio",131.0,"2026-06-01","Material",4820.0,"Válvulas não acionadas por força motriz",14461.0,"Registro Esfera",257683.0,"aplicação: instalação hidráulica, bitola: 60, material: pvc, tipo: manual, tipo fixação: soldável","UN",29.0,100.0,2900.0]
["112/2026","Aprovada",null,"SEINFRA E OUTROS -  Materiais hidráulicos para instalações prediais","BENS",153052.0,"2026-01-02","2026-07-02",181.0,"SEINFRA - SECRETARIA DE INFRAESTRUTURA","799/2025","Médio",132.0,"2026-06-01","Material",4820.0,"Válvulas não acionadas por força motriz",14461.0,"Registro Esfera",615143.0,"aplicação: instalação hidráulica, bitola: 20 mm, características adicionais: tipo: passeio; fixação: pead, material: pvc, tipo: borboleta, tipo fixação: engate rápido","UN",10.19,100.0,1019.0]
["112/2026","Aprovada",null,"SEINFRA E OUTROS -  Materiais hidráulicos para instalações prediais","BENS",153052.0,"2026-01-02","2026-07-02",181.0,"SEINFRA - SECRETARIA DE INFRAESTRUTURA","799/2025","Médio",133.0,"2026-06-01","Material",4510.0,"Dispositivos e acessórios para instalações hidráulicas",11649.0,"Reparo Válvula Hidráulica",406079.0,"aplicação: válvula descarga hydra luxo, bitola: 1 1/2, material: plástico, referência: 4686 924, tipo reparo: subconjunto completo","UN",43.89,500.0,21945.0]
["112/2026","Aprovada",null,"SEINFRA E OUTROS -  Materiais hidráulicos para instalações prediais","BENS",153052.0,"2026-01-02","2026-07-02",181.0,"SEINFRA - SECRETARIA DE INFRAESTRUTURA","799/2025","Médio",134.0,"2026-06-01","Material",4510.0,"Dispositivos e acessórios para instalações hidráulicas",11649.0,"Reparo Válvula Hidráulica",474992.0,"aplicação: válvula hydra, modelo 4336.021, bitola: 1 1/2 x 1 1/4, componentes: haste acionadora, material: latão e elastomero","UN",39.6,500.0,19800.0]
["112/2026","Aprovada",null,"SEINFRA E OUTROS -  Materiais hidráulicos para instalações prediais","BENS",153052.0,"2026-01-02","2026-07-02",181.0,"SEINFRA - SECRETARIA DE INFRAESTRUTURA","799/2025","Médio",135.0,"2026-06-01","Material",4510.0,"Dispositivos e acessórios para instalações hidráulicas",12056.0,"Sifão",330196.0,"bitola: 1 1/4 x 1 1/2, cor: branca, material: pvc - cloreto de polivinila, tipo corpo: flexível, tipo: horizontal, tipo haste: articulada, diâmetro saída: 40","UN",32.89,800.0,26312.0]
["112/2026","Aprovada",null,"SEINFRA E OUTROS -  Materiais hidráulicos para instalações prediais","BENS",153052.0,"2026-01-02","2026-07-02",181.0,"SEINFRA - SECRETARIA DE INFRAESTRUTURA","799/2025","Médio",136.0,"2026-06-01","Material",8030.0,"Compostos preservativos e vedantes",11212.0,"Primer",291914.0,"aplicação: metais não ferrosos/vidro/fibra de vidro/azulejos/, componente básico: catalizador bicomponente, cor: branco fosco, finalidade: acabamento superfície não ferrosas","FR",36.08,60.0,2164.8]
["112/2026","Aprovada",null,"SEINFRA E OUTROS -  Materiais hidráulicos para instalações prediais","BENS",153052.0,"2026-01-02","2026-07-02",181.0,"SEINFRA - SECRETARIA DE INFRAESTRUTURA","799/2025","Médio",137.0,"2026-06-01","Material",4730.0,"Acessórios e ferragens especiais para  mangueiras, canos  e tubos",13546.0,"Conexão Hidráulica",271557.0,"aplicação: instalações prediais água fria, bitola: 100, material: pvc - cloreto de polivinila, tipo: tê, tipo fixação: soldável","UN",60.5,50.0,3025.0]
["112/2026","Aprovada",null,"SEINFRA E OUTROS -  Materiais hidráulicos para instalações prediais","BENS",153052.0,"2026-01-02","2026-07-02",181.0,"SEINFRA - SECRETARIA DE INFRAESTRUTURA","799/2025","Médio",138.0,"2026-06-01","Material",4730.0,"Acessórios e ferragens especiais para  mangueiras, canos  e tubos",13546.0,"Conexão Hidráulica",253289.0,"bitola: 40 x 40mm, material: pvc - cloreto de polivinila, tipo: tê, tipo fixação: soldável","UN",6.81,100.0,681.0]
["112/2026","Aprovada",null,"SEINFRA E OUTROS -  Materiais hidráulicos para instalações prediais","BENS",153052.0,"2026-01-02","2026-07-02",181.0,"SEINFRA - SECRETARIA DE INFRAESTRUTURA","799/2025","Médio",139.0,"2026-06-01","Material",4730.0,"Acessórios e ferragens especiais para  mangueiras, canos  e tubos",13546.0,"Conexão Hidráulica",351411.0,"aplicação: instalações prediais água fria, bitola lado soldável: 50, material: pvc - cloreto de polivinila, normas técnicas: nbr 5648, tipo: tê, tipo fixação: soldável","UN",6.44,100.0,644.0]
["112/2026","Aprovada",null,"SEINFRA E OUTROS -  Materiais hidráulicos para instalações prediais","BENS",153052.0,"2026-01-02","2026-07-02",181.0,"SEINFRA - SECRETARIA DE INFRAESTRUTURA","799/2025","Médio",140.0,"2026-06-01","Material",4730.0,"Acessórios e ferragens especiais para  mangueiras, canos  e tubos",13546.0,"Conexão Hidráulica",263722.0,"aplicação: instalações prediais água fria, bitola: 75 mm, material: pvc - cloreto de polivinila, tipo: tê, tipo fixação: soldável","UN",47.42,100.0,4742.0]
["112/2026","Aprovada",null,"SEINFRA E OUTROS -  Materiais hidráulicos para instalações prediais","BENS",153052.0,"2026-01-02","2026-07-02",181.0,"SEINFRA - SECRETARIA DE INFRAESTRUTURA","799/2025","Médio",141.0,"2026-06-01","Material",4730.0,"Acessórios e ferragens especiais para  mangueiras, canos  e tubos",13546.0,"Conexão Hidráulica",266141.0,"aplicação: instalação hidráulica, bitola lado soldável: 20, características adicionais: com bucha de latão, cor: azul, material: pvc rígido, normas técnicas: nbr 5.648, tipo: tê, tipo fixação: soldável e roscável, bitola lado roscável: 1/2","UN",9.67,50.0,483.5]
["112/2026","Aprovada",null,"SEINFRA E OUTROS -  Materiais hidráulicos para instalações prediais","BENS",153052.0,"2026-01-02","2026-07-02",181.0,"SEINFRA - SECRETARIA DE INFRAESTRUTURA","799/2025","Médio",142.0,"2026-06-01","Material",4730.0,"Acessórios e ferragens especiais para  mangueiras, canos  e tubos",13546.0,"Conexão Hidráulica",265274.0,"aplicação: instalação hidráulica, bitola: 25 mm x 1/2, características adicionais: com bucha de latão, cor: azul, material: pvc rígido, normas técnicas: nbr 5.648, tipo: tê, tipo fixação: soldável e roscável\"","UN",11.54,100.0,1154.0]
["112/2026","Aprovada",null,"SEINFRA E OUTROS -  Materiais hidráulicos para instalações prediais","BENS",153052.0,"2026-01-02","2026-07-02",181.0,"SEINFRA - SECRETARIA DE INFRAESTRUTURA","799/2025","Médio",143.0,"2026-06-01","Material",4730.0,"Acessórios e ferragens especiais para  mangueiras, canos  e tubos",13546.0,"Conexão Hidráulica",266261.0,"aplicação: instalações prediais água fria, bitola: 25 mm x 3/4, características adicionais: com bucha de latão, cor: azul, material: pvc rígido, normas técnicas: nbr 5.648, tipo: tê, tipo fixação: soldável e roscável\"","UN",11.46,100.0,1146.0]
["112/2026","Aprovada",null,"SEINFRA E OUTROS -  Materiais hidráulicos para instalações prediais","BENS",153052.0,"2026-01-02","2026-07-02",181.0,"SEINFRA - SECRETARIA DE INFRAESTRUTURA","799/2025","Médio",144.0,"2026-06-01","Material",4730.0,"Acessórios e ferragens especiais para  mangueiras, canos  e tubos",13546.0,"Conexão Hidráulica",369392.0,"aplicação: instalação hidráulica, bitola lado soldável: 32, características adicionais: com bucha de latão, material: pvc - cloreto de polivinila, tipo: tê, tipo fixação: soldável e roscável, bitola lado roscável: 3/4","UN",13.52,100.0,1352.0]
["112/2026","Aprovada",null,"SEINFRA E OUTROS -  Materiais hidráulicos para instalações prediais","BENS",153052.0,"2026-01-02","2026-07-02",181.0,"SEINFRA - SECRETARIA DE INFRAESTRUTURA","799/2025","Médio",145.0,"2026-06-01","Material",4730.0,"Acessórios e ferragens especiais para  mangueiras, canos  e tubos",13546.0,"Conexão Hidráulica",374822.0,"aplicação: instalações prediais água fria, bitola lado soldável: 20, material: pvc - cloreto de polivinila, normas técnicas: nbr 5648, tipo: tê, tipo fixação: soldável","UN",3.29,50.0,164.5]
["112/2026","Aprovada",null,"SEINFRA E OUTROS -  Materiais hidráulicos para instalações prediais","BENS",153052.0,"2026-01-02","2026-07-02",181.0,"SEINFRA - SECRETARIA DE INFRAESTRUTURA","799/2025","Médio",146.0,"2026-06-01","Material",4730.0,"Acessórios e ferragens especiais para  mangueiras, canos  e tubos",13546.0,"Conexão Hidráulica",264979.0,"aplicação: instalações prediais água fria, bitola: 25, cor: marrom, material: pvc - cloreto de polivinila, tipo: tê, tipo fixação: soldável","UN",4.17,200.0,834.0]
["112/2026","Aprovada",null,"SEINFRA E OUTROS -  Materiais hidráulicos para instalações prediais","BENS",153052.0,"2026-01-02","2026-07-02",181.0,"SEINFRA - SECRETARIA DE INFRAESTRUTURA","799/2025","Médio",147.0,"2026-06-01","Material",4730.0,"Acessórios e ferragens especiais para  mangueiras, canos  e tubos",13546.0,"Conexão Hidráulica",351416.0,"aplicação: instalações prediais água fria, bitola lado soldável: 32, material: pvc - cloreto de polivinila, normas técnicas: nbr 5648, tipo: tê, tipo fixação: soldável","UN",4.28,100.0,428.0]
["112/2026","Aprovada",null,"SEINFRA E OUTROS -  Materiais hidráulicos para instalações prediais","BENS",153052.0,"2026-01-02","2026-07-02",181.0,"SEINFRA - SECRETARIA DE INFRAESTRUTURA","799/2025","Médio",148.0,"2026-06-01","Material",4730.0,"Acessórios e ferragens especiais para  mangueiras, canos  e tubos",13546.0,"Conexão Hidráulica",351410.0,"aplicação: instalações prediais água fria, bitola lado soldável: 40, material: pvc - cloreto de polivinila, normas técnicas: nbr 5648, tipo: tê, tipo fixação: soldável","UN",7.59,100.0,759.0]
["112/2026","Aprovada",null,"SEINFRA E OUTROS -  Materiais hidráulicos para instalações prediais","BENS",153052.0,"2026-01-02","2026-07-02",181.0,"SEINFRA - SECRETARIA DE INFRAESTRUTURA","799/2025","Médio",149.0,"2026-06-01","Material",4730.0,"Acessórios e ferragens especiais para  mangueiras, canos  e tubos",13546.0,"Conexão Hidráulica",351411.0,"aplicação: instalações prediais água fria, bitola lado soldável: 50, material: pvc - cloreto de polivinila, normas técnicas: nbr 5648, tipo: tê, tipo fixação: soldável","UN",6.6,50.0,330.0]
["112/2026","Aprovada",null,"SEINFRA E OUTROS -  Materiais hidráulicos para instalações prediais","BENS",153052.0,"2026-01-02","2026-07-02",181.0,"SEINFRA - SECRETARIA DE INFRAESTRUTURA","799/2025","Médio",150.0,"2026-06-01","Material",4730.0,"Acessórios e ferragens especiais para  mangueiras, canos  e tubos",13546.0,"Conexão Hidráulica",390469.0,"aplicação: instalações prediais água fria, bitola i: 60, material: pvc - cloreto de polivinila, tipo: tê, tipo fixação: soldável","UN",35.3,50.0,1765.0]
["112/2026","Aprovada",null,"SEINFRA E OUTROS -  Materiais hidráulicos para instalações prediais","BENS",153052.0,"2026-01-02","2026-07-02",181.0,"SEINFRA - SECRETARIA DE INFRAESTRUTURA","799/2025","Médio",151.0,"2026-06-01","Material",4510.0,"Dispositivos e acessórios para instalações hidráulicas",12820.0,"Torneira",613637.0,"acabamento superficial: cromado, aplicação: cozinha, caracteristicas adicionais: misturador, diâmetro: 1/2, material corpo: liga de cobre, tipo: bancada","UN",37.37,400.0,14948.0]
["112/2026","Aprovada",null,"SEINFRA E OUTROS -  Materiais hidráulicos para instalações prediais","BENS",153052.0,"2026-01-02","2026-07-02",181.0,"SEINFRA - SECRETARIA DE INFRAESTRUTURA","799/2025","Médio",152.0,"2026-06-01","Material",4510.0,"Dispositivos e acessórios para instalações hidráulicas",12820.0,"Torneira",396905.0,"aplicação: caixa dágua, caracteristicas adicionais: balão pvc, diâmetro: 1, material corpo: metal, tipo: bóia caixa-d'água","UN",83.6,100.0,8360.0]
["112/2026","Aprovada",null,"SEINFRA E OUTROS -  Materiais hidráulicos para instalações prediais","BENS",153052.0,"2026-01-02","2026-07-02",181.0,"SEINFRA - SECRETARIA DE INFRAESTRUTURA","799/2025","Médio",153.0,"2026-06-01","Material",4510.0,"Dispositivos e acessórios para instalações hidráulicas",12820.0,"Torneira",337550.0,"cor: branca, diâmetro: 3/4, material corpo: pvc rígido, tipo: longa","UN",24.74,200.0,4948.0]
["112/2026","Aprovada",null,"SEINFRA E OUTROS -  Materiais hidráulicos para instalações prediais","BENS",153052.0,"2026-01-02","2026-07-02",181.0,"SEINFRA - SECRETARIA DE INFRAESTRUTURA","799/2025","Médio",154.0,"2026-06-01","Material",4510.0,"Dispositivos e acessórios para instalações hidráulicas",12820.0,"Torneira",320220.0,"cor: branca, diâmetro: 1/2, material corpo: pvc, tipo: cozinha, comprimento: 18","UN",25.7,200.0,5140.0]
["112/2026","Aprovada",null,"SEINFRA E OUTROS -  Materiais hidráulicos para instalações prediais","BENS",153052.0,"2026-01-02","2026-07-02",181.0,"SEINFRA - SECRETARIA DE INFRAESTRUTURA","799/2025","Médio",155.0,"2026-06-01","Material",4510.0,"Dispositivos e acessórios para instalações hidráulicas",12820.0,"Torneira",305809.0,"acabamento superficial: cromado, caracteristicas adicionais: adaptador para mangueira e fechamento rápido, diâmetro: 1/2, material corpo: metal, tipo: jardim","UN",25.0,200.0,5000.0]
["112/2026","Aprovada",null,"SEINFRA E OUTROS -  Materiais hidráulicos para instalações prediais","BENS",153052.0,"2026-01-02","2026-07-02",181.0,"SEINFRA - SECRETARIA DE INFRAESTRUTURA","799/2025","Médio",156.0,"2026-06-01","Material",4510.0,"Dispositivos e acessórios para instalações hidráulicas",12820.0,"Torneira",617293.0,"acabamento superficial: cromado, aplicação: parede, caracteristicas adicionais: acionamento manual/fechamento automático e arejado, diâmetro: 1/2, material corpo: latão, tipo: automática, tratamento superficial: cromado","UN",104.34,800.0,83472.0]
["112/2026","Aprovada",null,"SEINFRA E OUTROS -  Materiais hidráulicos para instalações prediais","BENS",153052.0,"2026-01-02","2026-07-02",181.0,"SEINFRA - SECRETARIA DE INFRAESTRUTURA","799/2025","Médio",157.0,"2026-06-01","Material",4510.0,"Dispositivos e acessórios para instalações hidráulicas",12820.0,"Torneira",240514.0,"diâmetro: 1/2, material corpo: pvc, tipo: jardim","UN",3.96,400.0,1584.0]
["112/2026","Aprovada",null,"SEINFRA E OUTROS -  Materiais hidráulicos para instalações prediais","BENS",153052.0,"2026-01-02","2026-07-02",181.0,"SEINFRA - SECRETARIA DE INFRAESTRUTURA","799/2025","Médio",158.0,"2026-06-01","Material",4510.0,"Dispositivos e acessórios para instalações hidráulicas",12820.0,"Torneira",401652.0,"aplicação: cozinha, caracteristicas adicionais: com bica móvel longa e bico arejador, diâmetro: 3/4, material corpo: metal cromado, tipo: parede","UN",38.01,100.0,3801.0]
["112/2026","Aprovada",null,"SEINFRA E OUTROS -  Materiais hidráulicos para instalações prediais","BENS",153052.0,"2026-01-02","2026-07-02",181.0,"SEINFRA - SECRETARIA DE INFRAESTRUTURA","799/2025","Médio",159.0,"2026-06-01","Material",4710.0,"Canos e tubos",13115.0,"Tubo Hidráulico",323203.0,"aplicação: esgoto, cor: branca, diâmetro: 150, material: pvc rígido, normas técnicas: abnt eb-608, tipo: ponta e bolsa com virola","UN",105.0,100.0,10500.0]
["112/2026","Aprovada",null,"SEINFRA E OUTROS -  Materiais hidráulicos para instalações prediais","BENS",153052.0,"2026-01-02","2026-07-02",181.0,"SEINFRA - SECRETARIA DE INFRAESTRUTURA","799/2025","Médio",160.0,"2026-06-01","Material",4710.0,"Canos e tubos",13115.0,"Tubo Hidráulico",323203.0,"aplicação: esgoto, cor: branca, diâmetro: 150, material: pvc rígido, normas técnicas: abnt eb-608, tipo: ponta e bolsa com virola","UN",111.61,20.0,2232.2]
["112/2026","Aprovada",null,"SEINFRA E OUTROS -  Materiais hidráulicos para instalações prediais","BENS",153052.0,"2026-01-02","2026-07-02",181.0,"SEINFRA - SECRETARIA DE INFRAESTRUTURA","799/2025","Médio",161.0,"2026-06-01","Material",4710.0,"Canos e tubos",13115.0,"Tubo Hidráulico",627256.0,"aplicação: esgoto, diâmetro: 75, material: pvc","UN",75.0,100.0,7500.0]
["112/2026","Aprovada",null,"SEINFRA E OUTROS -  Materiais hidráulicos para instalações prediais","BENS",153052.0,"2026-01-02","2026-07-02",181.0,"SEINFRA - SECRETARIA DE INFRAESTRUTURA","799/2025","Médio",162.0,"2026-06-01","Material",4710.0,"Canos e tubos",13115.0,"Tubo Hidráulico",265266.0,"aplicação: esgoto, diâmetro: 40, material: pvc rígido, tipo: classe a","UN",46.09,200.0,9218.0]
["112/2026","Aprovada",null,"SEINFRA E OUTROS -  Materiais hidráulicos para instalações prediais","BENS",153052.0,"2026-01-02","2026-07-02",181.0,"SEINFRA - SECRETARIA DE INFRAESTRUTURA","799/2025","Médio",163.0,"2026-06-01","Material",4710.0,"Canos e tubos",13115.0,"Tubo Hidráulico",628534.0,"aplicação: esgoto, diâmetro: 50, material: pvc","UN",68.0,100.0,6800.0]
["112/2026","Aprovada",null,"SEINFRA E OUTROS -  Materiais hidráulicos para instalações prediais","BENS",153052.0,"2026-01-02","2026-07-02",181.0,"SEINFRA - SECRETARIA DE INFRAESTRUTURA","799/2025","Médio",164.0,"2026-06-01","Material",4710.0,"Canos e tubos",15330.0,"Tubo Descarga",480511.0,"características adicionais: c/ curva e bolsa de ligação entre descarga e vaso, comprimento: 80, diâmetro: 38, material: pvc, pressão: 7,50, tipo: soldável, uso: válvula de descarga de embutir","UN",11.0,500.0,5500.0]
["112/2026","Aprovada",null,"SEINFRA E OUTROS -  Materiais hidráulicos para instalações prediais","BENS",153052.0,"2026-01-02","2026-07-02",181.0,"SEINFRA - SECRETARIA DE INFRAESTRUTURA","799/2025","Médio",165.0,"2026-06-01","Material",4710.0,"Canos e tubos",659.0,"Tubo Pvc Soldável",396867.0,"aplicação: hidráulica, comprimento: 6, cor: marrom, diâmetro nominal: 20, material: pvc rígido","UN",18.0,50.0,900.0]
["112/2026","Aprovada",null,"SEINFRA E OUTROS -  Materiais hidráulicos para instalações prediais","BENS",153052.0,"2026-01-02","2026-07-02",181.0,"SEINFRA - SECRETARIA DE INFRAESTRUTURA","799/2025","Médio",166.0,"2026-06-01","Material",4710.0,"Canos e tubos",659.0,"Tubo Pvc Soldável",396865.0,"aplicação: hidráulica, comprimento: 6, cor: marrom, diâmetro nominal: 25, material: pvc rígido","UN",28.0,800.0,22400.0]
["112/2026","Aprovada",null,"SEINFRA E OUTROS -  Materiais hidráulicos para instalações prediais","BENS",153052.0,"2026-01-02","2026-07-02",181.0,"SEINFRA - SECRETARIA DE INFRAESTRUTURA","799/2025","Médio",167.0,"2026-06-01","Material",4710.0,"Canos e tubos",659.0,"Tubo Pvc Soldável",330323.0,"aplicação: hidráulica, comprimento: 3, cor: marrom, diâmetro nominal: 1, espessura paredes: 32","UN",36.0,300.0,10800.0]
["112/2026","Aprovada",null,"SEINFRA E OUTROS -  Materiais hidráulicos para instalações prediais","BENS",153052.0,"2026-01-02","2026-07-02",181.0,"SEINFRA - SECRETARIA DE INFRAESTRUTURA","799/2025","Médio",168.0,"2026-06-01","Material",4710.0,"Canos e tubos",659.0,"Tubo Pvc Soldável",366642.0,"aplicação: rede hidráulica e esgoto, características adicionais: ponta e bolsa soldável, comprimento: 3, cor: branca, diâmetro nominal: 40, material: pvc rígido, tipo: reforçado","UN",70.0,150.0,10500.0]
["112/2026","Aprovada",null,"SEINFRA E OUTROS -  Materiais hidráulicos para instalações prediais","BENS",153052.0,"2026-01-02","2026-07-02",181.0,"SEINFRA - SECRETARIA DE INFRAESTRUTURA","799/2025","Médio",169.0,"2026-06-01","Material",4710.0,"Canos e tubos",659.0,"Tubo Pvc Soldável",301811.0,"aplicação: irrigação, características adicionais: ponta e bolsa soldável, comprimento: 6, cor: azul, diâmetro nominal: 50, material: pvc rígido, pressão: 80 mca","UN",97.0,300.0,29100.0]
["112/2026","Aprovada",null,"SEINFRA E OUTROS -  Materiais hidráulicos para instalações prediais","BENS",153052.0,"2026-01-02","2026-07-02",181.0,"SEINFRA - SECRETARIA DE INFRAESTRUTURA","799/2025","Médio",170.0,"2026-06-01","Material",4710.0,"Canos e tubos",659.0,"Tubo Pvc Soldável",214735.0,"aplicação: hidráulica, comprimento: 6, comprimento bolsa: 60, cor: marrom, diâmetro nominal: 60, espessura paredes: 3,30, pressão: 7,50 kgf/cm2 a 20°c","UN",170.0,100.0,17000.0]
["112/2026","Aprovada",null,"SEINFRA E OUTROS -  Materiais hidráulicos para instalações prediais","BENS",153052.0,"2026-01-02","2026-07-02",181.0,"SEINFRA - SECRETARIA DE INFRAESTRUTURA","799/2025","Médio",171.0,"2026-06-01","Material",4710.0,"Canos e tubos",659.0,"Tubo Pvc Soldável",214736.0,"aplicação: hidráulica, comprimento: 6, comprimento bolsa: 70, cor: marrom, diâmetro nominal: 75, espessura paredes: 4,20, pressão: 7,50 kgf/cm2 a 20°c","UN",185.0,50.0,9250.0]
["112/2026","Aprovada",null,"SEINFRA E OUTROS -  Materiais hidráulicos para instalações prediais","BENS",153052.0,"2026-01-02","2026-07-02",181.0,"SEINFRA - SECRETARIA DE INFRAESTRUTURA","799/2025","Médio",172.0,"2026-06-01","Material",4710.0,"Canos e tubos",659.0,"Tubo Pvc Soldável",214737.0,"aplicação: hidráulica, comprimento: 6, comprimento bolsa: 79, cor: marrom, diâmetro nominal: 85, espessura paredes: 4,70, pressão: 7,50 kgf/cm2 a 20°c","UN",350.0,50.0,17500.0]
["112/2026","Aprovada",null,"SEINFRA E OUTROS -  Materiais hidráulicos para instalações prediais","BENS",153052.0,"2026-01-02","2026-07-02",181.0,"SEINFRA - SECRETARIA DE INFRAESTRUTURA","799/2025","Médio",173.0,"2026-06-01","Material",4510.0,"Dispositivos e acessórios para instalações hidráulicas",14144.0,"Válvula Escoamento",319963.0,"aplicação: lavatório, características adicionais: tampão, anel vedação borracha, flange fixação pvc, componentes: com ladrão para lavatório, cor: branca, diâmetro: 1, material: pvc","UN",5.0,400.0,2000.0]
["112/2026","Aprovada",null,"SEINFRA E OUTROS -  Materiais hidráulicos para instalações prediais","BENS",153052.0,"2026-01-02","2026-07-02",181.0,"SEINFRA - SECRETARIA DE INFRAESTRUTURA","799/2025","Médio",174.0,"2026-06-01","Material",4510.0,"Dispositivos e acessórios para instalações hidráulicas",16403.0,"Válvula Descarga",264981.0,"aplicação: mictório, bitola: 1/2, material: metal, tipo: roscável, tratamento superficial: cromado","UN",75.0,500.0,37500.0]
["112/2026","Aprovada",null,"SEINFRA E OUTROS -  Materiais hidráulicos para instalações prediais","BENS",153052.0,"2026-01-02","2026-07-02",181.0,"SEINFRA - SECRETARIA DE INFRAESTRUTURA","799/2025","Médio",175.0,"2026-06-01","Material",5140.0,"Caixas para ferramentas e ferragens",697.0,"Bolsa Ferramenta",621541.0,"altura: 240, características adicionais: 22 divisões/bolsos,12 interna e 10 externa, comprimento: 430, cor: preta e amarela, largura: 300, material: lona, material armação: metal, material fundo: plástico reforçado, tipo: impermeável","UN",300.0,40.0,12000.0]
["112/2026","Aprovada",null,"SEINFRA E OUTROS -  Materiais hidráulicos para instalações prediais","BENS",153052.0,"2026-01-02","2026-07-02",181.0,"SEINFRA - SECRETARIA DE INFRAESTRUTURA","799/2025","Médio",176.0,"2026-06-01","Material",4510.0,"Dispositivos e acessórios para instalações hidráulicas",14144.0,"Válvula Escoamento",395444.0,"aplicação: pia, características adicionais: acompanha cesta de limpeza com acabamento cromado, componentes: anel vedação de borracha/flange fixação de metal, diâmetro: 3 1/2 x 1 1/2, material: metal cromado","UN",19.0,600.0,11400.0]
["112/2026","Aprovada",null,"SEINFRA E OUTROS -  Materiais hidráulicos para instalações prediais","BENS",153052.0,"2026-01-02","2026-07-02",181.0,"SEINFRA - SECRETARIA DE INFRAESTRUTURA","799/2025","Médio",177.0,"2026-06-01","Material",5330.0,"Gaxetas e outros materiais para vedação",13333.0,"Vedante Torneira",242664.0,"bitola: 3/4, material: pvc","UN",0.4,400.0,160.0]
["112/2026","Aprovada",null,"SEINFRA E OUTROS -  Materiais hidráulicos para instalações prediais","BENS",153052.0,"2026-01-02","2026-07-02",181.0,"SEINFRA - SECRETARIA DE INFRAESTRUTURA","909/2025","Médio",5.0,"2026-03-02","Material",5110.0,"Ferramentas manuais de corte, não acionadas por força motriz",5930.0,"Cortador Manual Tubo",607560.0,"capacidade do corte mínimo: 64, caracteristicas adicionais: sistema de destravamento lateral, material: alumínio/aço, material da lâmina: aço, material do cabo: plástico injetado, tipo: alicate","UN",15.0,20.0,300.0]
["112/2026","Aprovada",null,"SEINFRA E OUTROS -  Materiais hidráulicos para instalações prediais","BENS",153052.0,"2026-01-02","2026-07-02",181.0,"SEINFRA - SECRETARIA DE INFRAESTRUTURA","909/2025","Médio",9.0,"2026-03-02","Material",5140.0,"Caixas para ferramentas e ferragens",601.0,"Maleta Ferramentas",439942.0,"altura: 210, características adicionais: com a alça, fecho de fivelas, pés de apoio, comprimento: 400, largura: 140, material: couro","UN",204.0,30.0,6120.0]
["112/2026","Aprovada",null,"SEINFRA E OUTROS -  Materiais hidráulicos para instalações prediais","BENS",153052.0,"2026-01-02","2026-07-02",181.0,"SEINFRA - SECRETARIA DE INFRAESTRUTURA","909/2025","Médio",16.0,"2026-03-02","Material",5120.0,"Ferramentas manuais sem corte, não acionadas  por  força  motriz",14429.0,"Chave Ajustável",377430.0,"material: aço cromo vanádio, tamanho: 6","UN",30.0,30.0,900.0]
["112/2026","Aprovada",null,"SEINFRA E OUTROS -  Materiais hidráulicos para instalações prediais","BENS",153052.0,"2026-01-02","2026-07-02",181.0,"SEINFRA - SECRETARIA DE INFRAESTRUTURA","909/2025","Médio",17.0,"2026-03-02","Material",5120.0,"Ferramentas manuais sem corte, não acionadas  por  força  motriz",14429.0,"Chave Ajustável",375979.0,"material: aço, tamanho: 8","UN",30.0,30.0,900.0]
["112/2026","Aprovada",null,"SEINFRA E OUTROS -  Materiais hidráulicos para instalações prediais","BENS",153052.0,"2026-01-02","2026-07-02",181.0,"SEINFRA - SECRETARIA DE INFRAESTRUTURA","909/2025","Médio",18.0,"2026-03-02","Material",5120.0,"Ferramentas manuais sem corte, não acionadas  por  força  motriz",14429.0,"Chave Ajustável",602156.0,"material: aço cromo vanádio, tamanho: 10, tipo: inglesa","UN",40.0,30.0,1200.0]
["112/2026","Aprovada",null,"SEINFRA E OUTROS -  Materiais hidráulicos para instalações prediais","BENS",153052.0,"2026-01-02","2026-07-02",181.0,"SEINFRA - SECRETARIA DE INFRAESTRUTURA","909/2025","Médio",19.0,"2026-03-02","Material",5120.0,"Ferramentas manuais sem corte, não acionadas  por  força  motriz",14429.0,"Chave Ajustável",602157.0,"material: aço cromo vanádio, tamanho: 12, tipo: inglesa","UN",40.0,30.0,1200.0]
["112/2026","Aprovada",null,"SEINFRA E OUTROS -  Materiais hidráulicos para instalações prediais","BENS",153052.0,"2026-01-02","2026-07-02",181.0,"SEINFRA - SECRETARIA DE INFRAESTRUTURA","909/2025","Médio",20.0,"2026-03-02","Material",5120.0,"Ferramentas manuais sem corte, não acionadas  por  força  motriz",4870.0,"Chave Canhão Tubular",298335.0,"dimensões: 11mm x 1/2, material: aço din 17350 - 31crv3, tratamento superficial: niquelado","UN",25.0,20.0,500.0]
["112/2026","Aprovada",null,"SEINFRA E OUTROS -  Materiais hidráulicos para instalações prediais","BENS",153052.0,"2026-01-02","2026-07-02",181.0,"SEINFRA - SECRETARIA DE INFRAESTRUTURA","909/2025","Médio",23.0,"2026-03-02","Material",5120.0,"Ferramentas manuais sem corte, não acionadas  por  força  motriz",14637.0,"Jogo Chave",379274.0,"componentes: 6, 7, 8, 10, 11, 12, 13, 14, 17, 19 mm, material: aço cromo vanádio, quantidade peças: 10, tipo: combinada","JG",78.78,20.0,1575.6]
["112/2026","Aprovada",null,"SEINFRA E OUTROS -  Materiais hidráulicos para instalações prediais","BENS",153052.0,"2026-01-02","2026-07-02",181.0,"SEINFRA - SECRETARIA DE INFRAESTRUTURA","909/2025","Médio",27.0,"2026-03-02","Material",5120.0,"Ferramentas manuais sem corte, não acionadas  por  força  motriz",1053.0,"Torno Bancada",220497.0,"abertura útil: 2 3/4, altura morsa com giratório: 105, altura morsa fixa: 90, características adicionais: mordentes intercambiáveis/base giratória opcional, comprimento morsa com giratório: 220, comprimento morsa fixa: 220, largura mordente: 2 3/4, largura morsa com giratório: 155, largura morsa fixa: 100, peso morsa com giratório: 3,20, peso morsa fixa: 2,60, tamanho: 2, tipo: morsa com giratória","UN",1333.29,1.0,1333.29]
["112/2026","Aprovada",null,"SEINFRA E OUTROS -  Materiais hidráulicos para instalações prediais","BENS",153052.0,"2026-01-02","2026-07-02",181.0,"SEINFRA - SECRETARIA DE INFRAESTRUTURA","909/2025","Médio",28.0,"2026-03-02","Material",5120.0,"Ferramentas manuais sem corte, não acionadas  por  força  motriz",14637.0,"Jogo Chave",433267.0,"componentes: 4 chaves fenda simples e 4 chave fenda philips, material: aço forjado, quantidade peças: 8, tamanho: variado (mini e extra-longo)","UN",60.9,20.0,1218.0]
["112/2026","Aprovada",null,"SEINFRA E OUTROS -  Materiais hidráulicos para instalações prediais","BENS",153052.0,"2026-01-02","2026-07-02",181.0,"DTEL - DIRETORIA DE TELECOMUNICAÇÕES","1026/2025","Médio",1.0,"2026-10-01","Material",5110.0,"Ferramentas manuais de corte, não acionadas por força motriz",691.0,"Alicate Bico Meia Cana Reto Com Corte",354432.0,"comprimento: 5, material: forjado em aço cromo vanádio, material cabo: plástico, tipo corte: corte lateral","UN",144.93,10.0,1449.3]
["112/2026","Aprovada",null,"SEINFRA E OUTROS -  Materiais hidráulicos para instalações prediais","BENS",153052.0,"2026-01-02","2026-07-02",181.0,"DTEL - DIRETORIA DE TELECOMUNICAÇÕES","1026/2025","Médio",2.0,"2026-10-01","Material",5110.0,"Ferramentas manuais de corte, não acionadas por força motriz",2308.0,"Alicate De Corte",468615.0,"comprimento: 8, material: aço cromo vanádio, material cabo: aço cromo vanádio plastificado, tipo cabo: isolado, tipo corte: diagonal","UN",330.2,10.0,3302.0]
["112/2026","Aprovada",null,"SEINFRA E OUTROS -  Materiais hidráulicos para instalações prediais","BENS",153052.0,"2026-01-02","2026-07-02",181.0,"DTEL - DIRETORIA DE TELECOMUNICAÇÕES","1026/2025","Médio",3.0,"2026-10-01","Material",5120.0,"Ferramentas manuais sem corte, não acionadas  por  força  motriz",2313.0,"Alicate Para Climpar",291168.0,"características adicionais: lâmina de corte de fio e decapagem, material: metal, tipo cabo: isolado, aplicação: conectores rj11, rj12 e rj45","UN",106.52,10.0,1065.2]
["112/2026","Aprovada",null,"SEINFRA E OUTROS -  Materiais hidráulicos para instalações prediais","BENS",153052.0,"2026-01-02","2026-07-02",181.0,"DTEL - DIRETORIA DE TELECOMUNICAÇÕES","1026/2025","Médio",4.0,"2026-10-01","Material",5110.0,"Ferramentas manuais de corte, não acionadas por força motriz",702.0,"Alicate Universal",320769.0,"características adicionais: conforme nbr 9699, comprimento: 200, material: aço vanádio - 31crv3, tipo cabo: isolado 1.ooo volts, tipo corte: corte temperado por indução, peso: 410, aplicação: corte arames duros e corda de piano","UN",47.88,10.0,478.8]
["112/2026","Aprovada",null,"SEINFRA E OUTROS -  Materiais hidráulicos para instalações prediais","BENS",153052.0,"2026-01-02","2026-07-02",181.0,"DTEL - DIRETORIA DE TELECOMUNICAÇÕES","1026/2025","Médio",5.0,"2026-10-01","Material",5110.0,"Ferramentas manuais de corte, não acionadas por força motriz",695.0,"Arco Serra",311040.0,"características adicionais: profundidade de corte de 90 mm, lâmina serra: standard 12 polegadas, material cabo: polipropileno, tipo: regulável, tratamento superficial: niquelado, tamanho: 12","UN",36.49,4.0,145.96]
["112/2026","Aprovada",null,"SEINFRA E OUTROS -  Materiais hidráulicos para instalações prediais","BENS",153052.0,"2026-01-02","2026-07-02",181.0,"DTEL - DIRETORIA DE TELECOMUNICAÇÕES","1026/2025","Médio",8.0,"2026-10-01","Material",5140.0,"Caixas para ferramentas e ferragens",697.0,"Bolsa Ferramenta",432052.0,"altura: 300, características adicionais: 22 divisões/bolsos,12 interna e 10 externa, comprimento: 450, cor: preta e amarela, largura: 200, material: lona, material armação: metal, material fundo: plástico reforçado, tipo: impermeável","UN",344.64,4.0,1378.56]
["112/2026","Aprovada",null,"SEINFRA E OUTROS -  Materiais hidráulicos para instalações prediais","BENS",153052.0,"2026-01-02","2026-07-02",181.0,"DTEL - DIRETORIA DE TELECOMUNICAÇÕES","1026/2025","Médio",19.0,"2026-10-01","Material",5120.0,"Ferramentas manuais sem corte, não acionadas  por  força  motriz",4881.0,"Chave Fenda",299419.0,"bitola: 1/8 x 3, material cabo: polipropileno, material haste: carbono temperado, tipo ponta: philips","UN",8.11,10.0,81.1]
["112/2026","Aprovada",null,"SEINFRA E OUTROS -  Materiais hidráulicos para instalações prediais","BENS",153052.0,"2026-01-02","2026-07-02",181.0,"DTEL - DIRETORIA DE TELECOMUNICAÇÕES","1026/2025","Médio",20.0,"2026-10-01","Material",5120.0,"Ferramentas manuais sem corte, não acionadas  por  força  motriz",4881.0,"Chave Fenda",418619.0,"bitola: 3/16 x 3, características adicionais: haste niquelada e cromada, ponta fosfatizada, comprimento haste: 160, material cabo: polipropileno, material haste: aço vanádio, tipo ponta: philips","UN",11.97,10.0,119.7]
["112/2026","Aprovada",null,"SEINFRA E OUTROS -  Materiais hidráulicos para instalações prediais","BENS",153052.0,"2026-01-02","2026-07-02",181.0,"DTEL - DIRETORIA DE TELECOMUNICAÇÕES","1026/2025","Médio",21.0,"2026-10-01","Material",5120.0,"Ferramentas manuais sem corte, não acionadas  por  força  motriz",4881.0,"Chave Fenda",263673.0,"acabamento superficial haste: cromado, bitola: 5/16 x 6\", comprimento haste: 120, material cabo: polipropileno, material haste: aço cromo vanádio, tipo: manual, tipo ponta: chata\"","UN",12.42,10.0,124.2]
["112/2026","Aprovada",null,"SEINFRA E OUTROS -  Materiais hidráulicos para instalações prediais","BENS",153052.0,"2026-01-02","2026-07-02",181.0,"DTEL - DIRETORIA DE TELECOMUNICAÇÕES","1026/2025","Médio",22.0,"2026-10-01","Material",5120.0,"Ferramentas manuais sem corte, não acionadas  por  força  motriz",4881.0,"Chave Fenda",279027.0,"acabamento superficial haste: niquelado e cromado, bitola: 1/4 x 6\", material cabo: polipropileno, material haste: aço cromo vanádio, tipo ponta: chata\"","UN",15.13,10.0,151.3]
["112/2026","Aprovada",null,"SEINFRA E OUTROS -  Materiais hidráulicos para instalações prediais","BENS",153052.0,"2026-01-02","2026-07-02",181.0,"DTEL - DIRETORIA DE TELECOMUNICAÇÕES","1026/2025","Médio",23.0,"2026-10-01","Material",5120.0,"Ferramentas manuais sem corte, não acionadas  por  força  motriz",4881.0,"Chave Fenda",331035.0,"acabamento superficial haste: niquelada e cromada, bitola: 1/8 x 3, características adicionais: ponta fosfatizada, comprimento haste: máximo de 130, material cabo: polipropileno, material haste: aço cromo vanádio, tipo ponta: cruzada phillips","UN",18.27,10.0,182.7]
["112/2026","Aprovada",null,"SEINFRA E OUTROS -  Materiais hidráulicos para instalações prediais","BENS",153052.0,"2026-01-02","2026-07-02",181.0,"DTEL - DIRETORIA DE TELECOMUNICAÇÕES","1026/2025","Médio",24.0,"2026-10-01","Material",5120.0,"Ferramentas manuais sem corte, não acionadas  por  força  motriz",4881.0,"Chave Fenda",307763.0,"acabamento superficial haste: cromado, bitola: 5/16 x 8\", comprimento haste: 120, material cabo: polipropileno, material haste: aço cromo vanádio, tipo ponta: chata\"","UN",18.52,10.0,185.2]
["112/2026","Aprovada",null,"SEINFRA E OUTROS -  Materiais hidráulicos para instalações prediais","BENS",153052.0,"2026-01-02","2026-07-02",181.0,"DTEL - DIRETORIA DE TELECOMUNICAÇÕES","1026/2025","Médio",25.0,"2026-10-01","Material",5120.0,"Ferramentas manuais sem corte, não acionadas  por  força  motriz",4881.0,"Chave Fenda",483509.0,"bitola: 5/16 x 6\", características adicionais: haste niquelada e cromada, material cabo: polipropileno, material haste: aço cromo vanádio, tipo ponta: philips\"","UN",18.54,10.0,185.4]
["112/2026","Aprovada",null,"SEINFRA E OUTROS -  Materiais hidráulicos para instalações prediais","BENS",153052.0,"2026-01-02","2026-07-02",181.0,"DTEL - DIRETORIA DE TELECOMUNICAÇÕES","1026/2025","Médio",26.0,"2026-10-01","Material",5120.0,"Ferramentas manuais sem corte, não acionadas  por  força  motriz",4881.0,"Chave Fenda",322783.0,"bitola: 3/16 x 3, material haste: aço cromo vanádio trefilado","UN",25.94,10.0,259.4]
["112/2026","Aprovada",null,"SEINFRA E OUTROS -  Materiais hidráulicos para instalações prediais","BENS",153052.0,"2026-01-02","2026-07-02",181.0,"DTEL - DIRETORIA DE TELECOMUNICAÇÕES","1026/2025","Médio",27.0,"2026-10-01","Material",5120.0,"Ferramentas manuais sem corte, não acionadas  por  força  motriz",4881.0,"Chave Fenda",246214.0,"bitola: 5/16 x 8\", comprimento haste: 200, material cabo: polipropileno, material haste: aço cromo vanádio, tipo ponta: philips\"","UN",19.69,10.0,196.9]
["112/2026","Aprovada",null,"SEINFRA E OUTROS -  Materiais hidráulicos para instalações prediais","BENS",153052.0,"2026-01-02","2026-07-02",181.0,"DTEL - DIRETORIA DE TELECOMUNICAÇÕES","1026/2025","Médio",30.0,"2026-10-01","Material",5110.0,"Ferramentas manuais de corte, não acionadas por força motriz",5930.0,"Cortador Manual Tubo",607560.0,"capacidade do corte mínimo: 64, caracteristicas adicionais: sistema de destravamento lateral, material: alumínio/aço, material da lâmina: aço, material do cabo: plástico injetado, tipo: alicate","UN",97.5,5.0,487.5]
["112/2026","Aprovada",null,"SEINFRA E OUTROS -  Materiais hidráulicos para instalações prediais","BENS",153052.0,"2026-01-02","2026-07-02",181.0,"DTEL - DIRETORIA DE TELECOMUNICAÇÕES","1026/2025","Médio",31.0,"2026-10-01","Material",5120.0,"Ferramentas manuais sem corte, não acionadas  por  força  motriz",6089.0,"Desenrolador Fio",395050.0,"características adicionais: para bloco bli, comprimento: 13, diametro cabo: 1, material cabo: alumínio, material ponta: alumínio, revestimento cabo: termo-contrátil","UN",29.58,10.0,295.8]
["112/2026","Aprovada",null,"SEINFRA E OUTROS -  Materiais hidráulicos para instalações prediais","BENS",153052.0,"2026-01-02","2026-07-02",181.0,"DTEL - DIRETORIA DE TELECOMUNICAÇÕES","1026/2025","Médio",47.0,"2026-10-01","Material",5120.0,"Ferramentas manuais sem corte, não acionadas  por  força  motriz",14637.0,"Jogo Chave",468765.0,"aplicação: consertos em geral, componentes: t10, t15, t20, t25, t27, t30, t40, t45, t50, cor: preta, material: aço cromo vanádio, modelo: l\", quantidade peças: 9, tipo: allen\"","UN",62.63,2.0,125.26]
["112/2026","Aprovada",null,"SEINFRA E OUTROS -  Materiais hidráulicos para instalações prediais","BENS",153052.0,"2026-01-02","2026-07-02",181.0,"DTEL - DIRETORIA DE TELECOMUNICAÇÕES","1026/2025","Médio",48.0,"2026-10-01","Material",5120.0,"Ferramentas manuais sem corte, não acionadas  por  força  motriz",14637.0,"Jogo Chave",472291.0,"acessórios: estojo, aplicação: consertos em geral, componentes: 6,0-7,0; 8,0-9,0; 10,0-11,0; 12,0-13,0; 14,0-15,, material: aço cromo vanádio, modelo: chave de boca, quantidade peças: 10, tipo: fixa","UN",137.94,2.0,275.88]
["112/2026","Aprovada",null,"SEINFRA E OUTROS -  Materiais hidráulicos para instalações prediais","BENS",153052.0,"2026-01-02","2026-07-02",181.0,"DTEL - DIRETORIA DE TELECOMUNICAÇÕES","1026/2025","Médio",49.0,"2026-10-01","Material",5120.0,"Ferramentas manuais sem corte, não acionadas  por  força  motriz",14637.0,"Jogo Chave",264066.0,"aplicação: manutenção equipamento mecânico, características adicionais: modelo l\", componentes: chaves medidas 5, 6, 8, 10, 12, 14, 16, e 18mm, material: aço cromo vanádio, quantidade peças: 8, tamanho: curto, tipo: multidentada\"","UN",348.51,2.0,697.02]
["112/2026","Aprovada",null,"SEINFRA E OUTROS -  Materiais hidráulicos para instalações prediais","BENS",153052.0,"2026-01-02","2026-07-02",181.0,"DTEL - DIRETORIA DE TELECOMUNICAÇÕES","1026/2025","Médio",50.0,"2026-10-01","Material",5110.0,"Ferramentas manuais de corte, não acionadas por força motriz",8620.0,"Lâmina Serra Manual",358275.0,"aplicação: arco de serra, características adicionais: flexível, resistente, comprimento: 300, espessura: 0,65, largura: 13, material: aço rápido, quantidade dentes: 24 dentes por polegada","UN",9.2,30.0,276.0]
["112/2026","Aprovada",null,"SEINFRA E OUTROS -  Materiais hidráulicos para instalações prediais","BENS",153052.0,"2026-01-02","2026-07-02",181.0,"DTEL - DIRETORIA DE TELECOMUNICAÇÕES","1026/2025","Médio",71.0,"2026-10-01","Material",5110.0,"Ferramentas manuais de corte, não acionadas por força motriz",12036.0,"Serra Copo",380443.0,"características adicionais: com haste diamantada, diâmetro: 3/4, material: aço rápido bimetal","UN",18.7,3.0,56.1]
["112/2026","Aprovada",null,"SEINFRA E OUTROS -  Materiais hidráulicos para instalações prediais","BENS",153052.0,"2026-01-02","2026-07-02",181.0,"DTEL - DIRETORIA DE TELECOMUNICAÇÕES","1026/2025","Médio",72.0,"2026-10-01","Material",5110.0,"Ferramentas manuais de corte, não acionadas por força motriz",12036.0,"Serra Copo",380445.0,"características adicionais: com haste diamantada, diâmetro: 1 1/4, material: aço rápido bimetal","UN",34.82,6.0,208.92]
["112/2026","Aprovada",null,"SEINFRA E OUTROS -  Materiais hidráulicos para instalações prediais","BENS",153052.0,"2026-01-02","2026-07-02",181.0,"DTEL - DIRETORIA DE TELECOMUNICAÇÕES","1026/2025","Médio",73.0,"2026-10-01","Material",5110.0,"Ferramentas manuais de corte, não acionadas por força motriz",12036.0,"Serra Copo",380446.0,"características adicionais: com haste diamantada, diâmetro: 1, material: aço rápido bimetal","UN",49.71,3.0,149.13]
["112/2026","Aprovada",null,"SEINFRA E OUTROS -  Materiais hidráulicos para instalações prediais","BENS",153052.0,"2026-01-02","2026-07-02",181.0,"DTEL - DIRETORIA DE TELECOMUNICAÇÕES","1026/2025","Médio",74.0,"2026-10-01","Material",5110.0,"Ferramentas manuais de corte, não acionadas por força motriz",821.0,"Serrote Profissional",483220.0,"material cabo: plástico, material lâmina: aço alto carbono, quantidade dentes: 9 por polegada, tamanho: 6, tipo: travado, tratamento superficial: temperado e lixado","UN",79.19,3.0,237.57]
["121/2026","Aprovada",null,"SEINFRA E OUTROS - EQUIPAMENTOS ILUMINAÇÃO E LÂMPADAS ELÉTRICAS","BENS",153052.0,"2026-01-02","2026-07-02",181.0,"CE - CENTRO DE EVENTOS","705/2025","Alto",1.0,"2026-03-01","Serviço",873.0,"Serviços De Instalação(À Exceção Da Construção)",null,null,13757.0,"Instalação / Manutenção / Operação / Locação  -  Equipamentode Luz / Imagem / Som",null,5000.0,1.0,5000.0]
["121/2026","Aprovada",null,"SEINFRA E OUTROS - EQUIPAMENTOS ILUMINAÇÃO E LÂMPADAS ELÉTRICAS","BENS",153052.0,"2026-01-02","2026-07-02",181.0,"CE - CENTRO DE EVENTOS","705/2025","Alto",1.0,"2026-03-01","Material",6240.0,"Lâmpadas elétricas",{"$nulls":5},1300.0,1.0,1300.0]
["121/2026","Aprovada",null,"SEINFRA E OUTROS - EQUIPAMENTOS ILUMINAÇÃO E LÂMPADAS ELÉTRICAS","BENS",153052.0,"2026-01-02","2026-07-02",181.0,"CE - CENTRO DE EVENTOS","705/2025","Alto",2.0,"2026-03-01","Material",6250.0,"Lustres, suportes para lâmpadas e elementos de partida",{"$nulls":5},1500.0,1.0,1500.0]
["121/2026","Aprovada",null,"SEINFRA E OUTROS - EQUIPAMENTOS ILUMINAÇÃO E LÂMPADAS ELÉTRICAS","BENS",153052.0,"2026-01-02","2026-07-02",181.0,"CE - CENTRO DE EVENTOS","705/2025","Alto",3.0,"2026-03-01","Material",6210.0,"Aparelhos de iluminação elétrica de uso interno e externo",{"$nulls":5},2500.0,1.0,2500.0]
["121/2026","Aprovada",null,"SEINFRA E OUTROS - EQUIPAMENTOS ILUMINAÇÃO E LÂMPADAS ELÉTRICAS","BENS",153052.0,"2026-01-02","2026-07-02",181.0,"CE - CENTRO DE EVENTOS","705/2025","Alto",4.0,"2026-03-01","Material",6210.0,"APARELHOS DE ILUMINAÇÃO ELÉTRICA DE USO INTERNO E EXTERNO",{"$nulls":5},5000.0,1.0,5000.0]
["121/2026","Aprovada",null,"SEINFRA E OUTROS - EQUIPAMENTOS ILUMINAÇÃO E LÂMPADAS ELÉTRICAS","BENS",153052.0,"2026-01-02","2026-07-02",181.0,"CE - CENTRO DE EVENTOS","705/2025","Alto",5.0,"2026-03-01","Material",6250.0,"LUSTRES, SUPORTES PARA LÂMPADAS E ELEMENTOS DE PARTIDA",{"$nulls":5},3000.0,1.0,3000.0]
["121/2026","Aprovada",null,"SEINFRA E OUTROS - EQUIPAMENTOS ILUMINAÇÃO E LÂMPADAS ELÉTRICAS","BENS",153052.0,"2026-01-02","2026-07-02",181.0,"CE - CENTRO DE EVENTOS","705/2025","Alto",6.0,"2026-03-01","Material",6210.0,"Aparelhos de iluminação elétrica de uso interno e externo",{"$nulls":5},2400.0,1.0,2400.0]
["121/2026","Aprovada",null,"SEINFRA E OUTROS - EQUIPAMENTOS ILUMINAÇÃO E LÂMPADAS ELÉTRICAS","BENS",153052.0,"2026-01-02","2026-07-02",181.0,"CE - CENTRO DE EVENTOS","705/2025","Alto",7.0,"2026-03-01","Material",6250.0,"Lustres, suportes para lâmpadas e elementos de partida",{"$nulls":5},500.0,1.0,500.0]
["121/2026","Aprovada",null,"SEINFRA E OUTROS - EQUIPAMENTOS ILUMINAÇÃO E LÂMPADAS ELÉTRICAS","BENS",153052.0,"2026-01-02","2026-07-02",181.0,"CE - CENTRO DE EVENTOS","705/2025","Alto",8.0,"2026-03-01","Material",6210.0,"Aparelhos de iluminação elétrica de uso interno e externo",{"$nulls":5},14500.0,1.0,14500.0]
["121/2026","Aprovada",null,"SEINFRA E OUTROS - EQUIPAMENTOS ILUMINAÇÃO E LÂMPADAS ELÉTRICAS","BENS",153052.0,"2026-01-02","2026-07-02",181.0,"CC - CENTRO CULTURAL","723/2025","Alto",1.0,"2026-04-13","Material",6240.0,"Lâmpadas elétricas",413.0,"Lâmpada Halógena",290594.0,"potência nominal: 1.000, tensão nominal: 240, tipo base: soquete bipino gx 9,5, tipo bulbo: t19","UN",260.0,20.0,5200.0]
["121/2026","Aprovada",null,"SEINFRA E OUTROS - EQUIPAMENTOS ILUMINAÇÃO E LÂMPADAS ELÉTRICAS","BENS",153052.0,"2026-01-02","2026-07-02",181.0,"CC - CENTRO CULTURAL","723/2025","Alto",2.0,"2026-04-13","Material",6240.0,"LÂMPADAS ELÉTRICAS",413.0,"LÂMPADA HALÓGENA",335209.0,"APLICAÇÃO: EQUIPAMENTO PROJEÇÃO, POTÊNCIA NOMINAL: 750, REFERÊNCIA: HPL, TENSÃO NOMINAL: 230, TIPO BULBO: PALITO","UN",280.0,20.0,5600.0]
["121/2026","Aprovada",null,"SEINFRA E OUTROS - EQUIPAMENTOS ILUMINAÇÃO E LÂMPADAS ELÉTRICAS","BENS",153052.0,"2026-01-02","2026-07-02",181.0,"CC - CENTRO CULTURAL","723/2025","Alto",3.0,"2026-04-13","Material",6240.0,"Lâmpadas elétricas",413.0,"Lâmpada Halógena",312017.0,"abertura facho: 24, potência nominal: 50, referência: ar 70, tensão nominal: 12","UN",58.0,30.0,1740.0]
["121/2026","Aprovada",null,"SEINFRA E OUTROS - EQUIPAMENTOS ILUMINAÇÃO E LÂMPADAS ELÉTRICAS","BENS",153052.0,"2026-01-02","2026-07-02",181.0,"CC - CENTRO CULTURAL","723/2025","Alto",4.0,"2026-04-13","Material",6240.0,"Lâmpadas elétricas",19095.0,"Lâmpada Led",441460.0,"modelo: ar111, potência nominal: 10, temperatura de cor: 2700, tensão nominal: bivolt, tipo base: gu10","UN",46.0,100.0,4600.0]
["121/2026","Aprovada",null,"SEINFRA E OUTROS - EQUIPAMENTOS ILUMINAÇÃO E LÂMPADAS ELÉTRICAS","BENS",153052.0,"2026-01-02","2026-07-02",181.0,"SEINFRA - SECRETARIA DE INFRAESTRUTURA","738/2025","Médio",59.0,"2026-07-06","Material",6240.0,"Lâmpadas elétricas",19095.0,"Lâmpada Led",600036.0,"aplicação: iluminação, cor: branca, fluxo luminoso: mín. 1850, formato: tubular t8, modelo: led, potência nominal: 18, tensão nominal: bivolt, tipo base: g13, vida média: 25.000","UN",9.58,10000.0,95800.0]
["121/2026","Aprovada",null,"SEINFRA E OUTROS - EQUIPAMENTOS ILUMINAÇÃO E LÂMPADAS ELÉTRICAS","BENS",153052.0,"2026-01-02","2026-07-02",181.0,"SEINFRA - SECRETARIA DE INFRAESTRUTURA","738/2025","Médio",60.0,"2026-07-06","Material",6240.0,"Lâmpadas elétricas",19095.0,"Lâmpada Led",468578.0,"modelo: led, potência nominal: 40, temperatura de cor: 3500 a 6500, tensão nominal: bivolt, tipo base: e-27","UN",8.0,700.0,5600.0]
["121/2026","Aprovada",null,"SEINFRA E OUTROS - EQUIPAMENTOS ILUMINAÇÃO E LÂMPADAS ELÉTRICAS","BENS",153052.0,"2026-01-02","2026-07-02",181.0,"SEINFRA - SECRETARIA DE INFRAESTRUTURA","738/2025","Médio",61.0,"2026-07-06","Material",6240.0,"Lâmpadas elétricas",19095.0,"Lâmpada Led",469643.0,"aplicação: iluminação, cor: branca, fluxo luminoso: 900, formato: tubular t8, modelo: led, potência nominal: 9, tensão nominal: bivolt, tipo base: g13, vida média: 25.000","UN",6.68,3000.0,20040.0]
["121/2026","Aprovada",null,"SEINFRA E OUTROS - EQUIPAMENTOS ILUMINAÇÃO E LÂMPADAS ELÉTRICAS","BENS",153052.0,"2026-01-02","2026-07-02",181.0,"SEINFRA - SECRETARIA DE INFRAESTRUTURA","738/2025","Médio",62.0,"2026-07-06","Material",6240.0,"Lâmpadas elétricas",19095.0,"Lâmpada Led",424921.0,"abertura facho: 30°, aplicação: luminária, potência nominal: 11, temperatura de cor: 6400, tensão nominal: bivolt, tipo: super led (alta potência), tipo base: e-27, tipo bulbo: par-30","UN",18.15,700.0,12705.0]
["121/2026","Aprovada",null,"SEINFRA E OUTROS - EQUIPAMENTOS ILUMINAÇÃO E LÂMPADAS ELÉTRICAS","BENS",153052.0,"2026-01-02","2026-07-02",181.0,"SEINFRA - SECRETARIA DE INFRAESTRUTURA","738/2025","Médio",63.0,"2026-07-06","Material",6240.0,"Lâmpadas elétricas",19095.0,"Lâmpada Led",435130.0,"frequência nominal: 60, potência nominal: 12, tensão nominal: bivolt, tipo base: e-27, tipo bulbo: a60 global leitoso","UN",5.0,1000.0,5000.0]
["121/2026","Aprovada",null,"SEINFRA E OUTROS - EQUIPAMENTOS ILUMINAÇÃO E LÂMPADAS ELÉTRICAS","BENS",153052.0,"2026-01-02","2026-07-02",181.0,"SEINFRA - SECRETARIA DE INFRAESTRUTURA","738/2025","Médio",64.0,"2026-07-06","Material",6240.0,"LÂMPADAS ELÉTRICAS",19095.0,"LÂMPADA LED",435089.0,"FREQUÊNCIA NOMINAL: 60, POTÊNCIA NOMINAL: 9, TENSÃO NOMINAL: BIVOLT, TIPO BASE: E-27, TIPO BULBO: A60 GLOBAL LEITOSO","UN",5.0,1000.0,5000.0]
["121/2026","Aprovada",null,"SEINFRA E OUTROS - EQUIPAMENTOS ILUMINAÇÃO E LÂMPADAS ELÉTRICAS","BENS",153052.0,"2026-01-02","2026-07-02",181.0,"SEINFRA - SECRETARIA DE INFRAESTRUTURA","738/2025","Médio",65.0,"2026-07-06","Material",6210.0,"Aparelhos de iluminação elétrica de uso interno e externo",6792.0,"Luminária",426453.0,"aplicação: edificações, componentes: chave teste, cor: branca, formato: retangular, material corpo: plástico abs alto impacto, potência nominal lâmpada: 2, quantidade lâmpadas: 30, tensão nominal: bivolt automático 127/220, tipo: emergência, tipo lâmpada: led","UN",12.56,200.0,2512.0]
["121/2026","Aprovada",null,"SEINFRA E OUTROS - EQUIPAMENTOS ILUMINAÇÃO E LÂMPADAS ELÉTRICAS","BENS",153052.0,"2026-01-02","2026-07-02",181.0,"SEINFRA - SECRETARIA DE INFRAESTRUTURA","738/2025","Médio",66.0,"2026-07-06","Material",6210.0,"Aparelhos de iluminação elétrica de uso interno e externo",6792.0,"Luminária",469186.0,"aplicação: sistema de iluminação de emergência predial, cor: branca, formato: retangular, grau proteção: ip20, material corpo: plástico abs, modelo: bateria recarregavel, posição relativa: sobrepor, quantidade lâmpadas: 60, tensão nominal: bivolt, tipo: emergência, tipo lâmpada: led","UN",76.0,200.0,15200.0]
["121/2026","Aprovada",null,"SEINFRA E OUTROS - EQUIPAMENTOS ILUMINAÇÃO E LÂMPADAS ELÉTRICAS","BENS",153052.0,"2026-01-02","2026-07-02",181.0,"SEINFRA - SECRETARIA DE INFRAESTRUTURA","738/2025","Médio",67.0,"2026-07-06","Material",6210.0,"Aparelhos de iluminação elétrica de uso interno e externo",6792.0,"Luminária",452683.0,"componentes: luminária com 2 lâmpadas, dimensões: 1545 x 115 x 60, formato: retangular, potência nominal lâmpada: 18, quantidade lâmpadas: 2, tensão nominal: bivolt, tipo: sobrepor, tipo lâmpada: led","UN",175.87,100.0,17587.0]
["121/2026","Aprovada",null,"SEINFRA E OUTROS - EQUIPAMENTOS ILUMINAÇÃO E LÂMPADAS ELÉTRICAS","BENS",153052.0,"2026-01-02","2026-07-02",181.0,"SEINFRA - SECRETARIA DE INFRAESTRUTURA","738/2025","Médio",68.0,"2026-07-06","Material",6210.0,"Aparelhos de iluminação elétrica de uso interno e externo",6792.0,"Luminária",452684.0,"componentes: luminária com 2 lâmpadas, dimensões: 840 x 115 x 60, formato: retangular, potência nominal lâmpada: 9, quantidade lâmpadas: 2, tensão nominal: bivolt, tipo: sobrepor, tipo lâmpada: led","UN",158.51,50.0,7925.5]
["121/2026","Aprovada",null,"SEINFRA E OUTROS - EQUIPAMENTOS ILUMINAÇÃO E LÂMPADAS ELÉTRICAS","BENS",153052.0,"2026-01-02","2026-07-02",181.0,"SEINFRA - SECRETARIA DE INFRAESTRUTURA","738/2025","Médio",81.0,"2026-07-06","Material",6210.0,"Aparelhos de iluminação elétrica de uso interno e externo",9465.0,"Peça / Acessório Iluminação",446583.0,"aplicação: calha, material: ferro, tipo: suporte, tratamento superficial: galvanizado a fogo","UN",4.51,60.0,270.6]
["121/2026","Aprovada",null,"SEINFRA E OUTROS - EQUIPAMENTOS ILUMINAÇÃO E LÂMPADAS ELÉTRICAS","BENS",153052.0,"2026-01-02","2026-07-02",181.0,"SEINFRA - SECRETARIA DE INFRAESTRUTURA","738/2025","Médio",120.0,"2026-07-06","Material",6210.0,"Aparelhos de iluminação elétrica de uso interno e externo",6792.0,"Luminária",454085.0,"características adicionais: cabeça movel com 180º de inclinaçao, formato: tubular, material corpo: plástico abs alto impacto, modelo: bateria recarregavel, tipo: emergência, tipo lâmpada: lâmpada led 300 lumes","UN",71.86,200.0,14372.0]
["121/2026","Aprovada",null,"SEINFRA E OUTROS - EQUIPAMENTOS ILUMINAÇÃO E LÂMPADAS ELÉTRICAS","BENS",153052.0,"2026-01-02","2026-07-02",181.0,"SEINFRA - SECRETARIA DE INFRAESTRUTURA","738/2025","Médio",125.0,"2026-07-06","Material",6210.0,"Aparelhos de iluminação elétrica de uso interno e externo",15806.0,"Refletor",458576.0,"material corpo: alumínio, potência lâmpada: 100, tensão alimentação: bivolt, tipo lâmpada: led","UN",379.03,1000.0,379030.0]
["121/2026","Aprovada",null,"SEINFRA E OUTROS - EQUIPAMENTOS ILUMINAÇÃO E LÂMPADAS ELÉTRICAS","BENS",153052.0,"2026-01-02","2026-07-02",181.0,"SEINFRA - SECRETARIA DE INFRAESTRUTURA","738/2025","Médio",126.0,"2026-07-06","Material",6210.0,"Aparelhos de iluminação elétrica de uso interno e externo",15806.0,"Refletor",453345.0,"material corpo: alumínio, potência lâmpada: 200, temperatura de cor: 64.000, tensão alimentação: bivolt, tipo lâmpada: led, ângulo de abertura da lente: 120°","UN",379.03,500.0,189515.0]
["121/2026","Aprovada",null,"SEINFRA E OUTROS - EQUIPAMENTOS ILUMINAÇÃO E LÂMPADAS ELÉTRICAS","BENS",153052.0,"2026-01-02","2026-07-02",181.0,"SEINFRA - SECRETARIA DE INFRAESTRUTURA","738/2025","Médio",127.0,"2026-07-06","Material",6210.0,"Aparelhos de iluminação elétrica de uso interno e externo",15806.0,"Refletor",458575.0,"material corpo: alumínio, potência lâmpada: 50, tensão alimentação: bivolt, tipo lâmpada: led","UN",29.33,1000.0,29330.0]
["121/2026","Aprovada",null,"SEINFRA E OUTROS - EQUIPAMENTOS ILUMINAÇÃO E LÂMPADAS ELÉTRICAS","BENS",153052.0,"2026-01-02","2026-07-02",181.0,"SEINFRA - SECRETARIA DE INFRAESTRUTURA","738/2025","Médio",129.0,"2026-07-06","Material",6210.0,"Aparelhos de iluminação elétrica de uso interno e externo",12983.0,"Trilho Eletrificado",602034.0,"aplicação: instalações elétricas, comprimento barra: 2, material: alumínio, tipo: din","UN",35.15,20.0,703.0]
["121/2026","Aprovada",null,"SEINFRA E OUTROS - EQUIPAMENTOS ILUMINAÇÃO E LÂMPADAS ELÉTRICAS","BENS",153052.0,"2026-01-02","2026-07-02",181.0,"SEINFRA - SECRETARIA DE INFRAESTRUTURA","914/2025","Médio",6.0,"2026-03-02","Material",6240.0,"Lâmpadas elétricas",413.0,"Lâmpada Halógena",272289.0,"aplicação: microscópio nikon, potência nominal: 20, tensão nominal: 6, referência fabricante: osram 64250","UN",129.0,50.0,6450.0]
["121/2026","Aprovada",null,"SEINFRA E OUTROS - EQUIPAMENTOS ILUMINAÇÃO E LÂMPADAS ELÉTRICAS","BENS",153052.0,"2026-01-02","2026-07-02",181.0,"SEINFRA - SECRETARIA DE INFRAESTRUTURA","914/2025","Médio",7.0,"2026-03-02","Material",6240.0,"Lâmpadas elétricas",413.0,"Lâmpada Halógena",372300.0,"aplicação: microscópio, potência nominal: 30, tensão nominal: 6","UN",99.0,100.0,9900.0]
["121/2026","Aprovada",null,"SEINFRA E OUTROS - EQUIPAMENTOS ILUMINAÇÃO E LÂMPADAS ELÉTRICAS","BENS",153052.0,"2026-01-02","2026-07-02",181.0,"SEINFRA - SECRETARIA DE INFRAESTRUTURA","914/2025","Médio",10.0,"2026-03-02","Material",6240.0,"Lâmpadas elétricas",14423.0,"Lâmpada Projetor Multimídia",428352.0,"aplicação 1: projetor epson powerlite w12, características adicionais: com bulbo e suporte plástico, fluxo luminoso: 2800, modelo da lâmpada: elplp67, potência nominal: 200, tipo: uhe","UN",397.0,70.0,27790.0]
["121/2026","Aprovada",null,"SEINFRA E OUTROS - EQUIPAMENTOS ILUMINAÇÃO E LÂMPADAS ELÉTRICAS","BENS",153052.0,"2026-01-02","2026-07-02",181.0,"SEINFRA - SECRETARIA DE INFRAESTRUTURA","914/2025","Médio",11.0,"2026-03-02","Material",6240.0,"Lâmpadas elétricas",14423.0,"Lâmpada Projetor Multimídia",415447.0,"aplicação 1: projetor sanyo plc-sw10, modelo da lâmpada: poa-lmp31, potência nominal: 130, tipo: uhp, vida média: 1.000","UN",289.0,70.0,20230.0]
["121/2026","Aprovada",null,"SEINFRA E OUTROS - EQUIPAMENTOS ILUMINAÇÃO E LÂMPADAS ELÉTRICAS","BENS",153052.0,"2026-01-02","2026-07-02",181.0,"SEINFRA - SECRETARIA DE INFRAESTRUTURA","914/2025","Médio",12.0,"2026-03-02","Material",6240.0,"Lâmpadas elétricas",538.0,"Lâmpada Incandescente",302173.0,"acabamento bulbo: claro, aplicação: luminária/geladeira/fogão, características adicionais: vida média 750 horas, comprimento nominal: 72, diâmetro máximo: 45, potência nominal: 40, tensão nominal: 220, tipo base: e-27, tipo bulbo: bolinha","UN",15.2,30.0,456.0]
["121/2026","Aprovada",null,"SEINFRA E OUTROS - EQUIPAMENTOS ILUMINAÇÃO E LÂMPADAS ELÉTRICAS","BENS",153052.0,"2026-01-02","2026-07-02",181.0,"SEINFRA - SECRETARIA DE INFRAESTRUTURA","914/2025","Médio",13.0,"2026-03-02","Material",6240.0,"Lâmpadas elétricas",538.0,"Lâmpada Incandescente",302173.0,"acabamento bulbo: claro, aplicação: luminária/geladeira/fogão, características adicionais: vida média 750 horas, comprimento nominal: 72, diâmetro máximo: 45, potência nominal: 40, tensão nominal: 220, tipo base: e-27, tipo bulbo: bolinha","UN",15.4,20.0,308.0]
["121/2026","Aprovada",null,"SEINFRA E OUTROS - EQUIPAMENTOS ILUMINAÇÃO E LÂMPADAS ELÉTRICAS","BENS",153052.0,"2026-01-02","2026-07-02",181.0,"SEINFRA - SECRETARIA DE INFRAESTRUTURA","914/2025","Médio",22.0,"2026-03-02","Material",6240.0,"Lâmpadas elétricas",14423.0,"Lâmpada Projetor Multimídia",605800.0,"aplicação 2: projetor epson powerlite x39, modelo da lâmpada: elplp96, potência nominal: 210, referência fabricante: v13h010l96, vida média: 6.000","UN",469.0,10.0,4690.0]
["121/2026","Aprovada",null,"SEINFRA E OUTROS - EQUIPAMENTOS ILUMINAÇÃO E LÂMPADAS ELÉTRICAS","BENS",153052.0,"2026-01-02","2026-07-02",181.0,"SEINFRA - SECRETARIA DE INFRAESTRUTURA","914/2025","Médio",23.0,"2026-03-02","Material",6240.0,"Lâmpadas elétricas",14423.0,"Lâmpada Projetor Multimídia",458434.0,"aplicação 1: projetor epson powerlite s27, modelo da lâmpada: elplp88, potência nominal: 200","UN",365.0,10.0,3650.0]
["121/2026","Aprovada",null,"SEINFRA E OUTROS - EQUIPAMENTOS ILUMINAÇÃO E LÂMPADAS ELÉTRICAS","BENS",153052.0,"2026-01-02","2026-07-02",181.0,"PRPI - PRO-REITORIA DE PESQUISA E INOVAÇÃO","947/2025","Alto",7.0,"2026-03-31","Material",6240.0,"Lâmpadas elétricas",413.0,"Lâmpada Halógena",604855.0,"aplicação: iluminação de ambientes, cor: branca, potência nominal: 120, tensão nominal: 220, tipo bulbo: par 38","UN",50.0,50.0,2500.0]